{"text_format":"1","workbook":"xlsx","n_sheets":12,"sheets":["КС3 №3 май-2"," кс-2 №3","кс-6 (2)","КС3 №5 июнь-2","кс-2 №5 июнь-2","кс-6а","корректир. КС3№2 если отдельно","КС3 №3 май-2 если в одной","корректир. кс-2 №2 МАЙ ","!!! для кс","В ПЕЧАТЬ-без кр.строк","В ПЕЧАТЬ - с кр. строками"],"not_rendered":{"charts":0,"images":0,"macros":1,"external_links":13,"defined_names":1181,"comments":5,"pivot_tables":0},"unopened":[],"bounds":{"document_bytes":16777216,"sheet_cells":100000,"rows_first":2000,"rows_last":500,"rows_between":2000,"halvings":0,"cell_chars":16384,"cell_head_chars":4096},"cells_cut":0,"cells_raw":0,"read":"whole","date_system":"1900"}

{"sheet":"КС3 №3 май-2","index":0,"n_rows":99,"n_cols":16,"rows_kept":99,"cut":false,"hidden":true,"merged":[[23,6,23,7],[6,2,6,5],[8,2,8,5],[10,2,10,5],[12,2,12,5],[13,2,13,5],[37,14,37,15],[29,1,29,3],[29,9,29,13],[30,1,30,3],[30,9,30,10],[31,1,31,3],[32,1,32,3],[43,4,43,6],[33,1,33,3],[34,1,34,3],[35,1,35,3],[36,1,36,3],[37,1,37,3],[38,1,38,3],[39,1,39,3],[40,1,40,3],[41,4,41,6],[42,4,42,6],[97,3,97,4],[78,5,78,6],[85,2,85,4],[85,5,85,6],[86,2,86,4],[86,5,86,6],[87,3,87,4],[94,2,94,4],[94,5,94,6],[95,2,95,4],[95,5,95,6],[96,5,96,6]]}
[null,null,null,null,null,null,null,"Уницированная форма № КС - 3"]
[null,null,null,null,null,null,null,"Утверждена постановлением Госкомстата России"]
[null,null,null,null,null,null,null,"от 11.11.99г. № 100"]
[]
[null,null,null,null,null,null,null,"Код"]
[null,null,null,null,null,null,"Форма по ОКУД","0322001"]
["Инвестор"]
[]
["Заказчик",null,"АО «МЕТРОВАГОНМАШ»; 141009, Московская обл., г. о. Мытищи, г. Мытищи,  ул. Колонцова, 4, 8 (498) 687-45-55",null,null,null,"по ОКПО",5804803]
[]
["Генподрядчик",null,"ООО «КиКГЕОСТРОЙ»; 109004, г. Москва, ул. Земляной Вал, д.65, кв.59; +7 (495) 915-24-71",null,null,null,"по ОКПО",16673706]
[]
["Объект:",null,"Строительство 2КЛ-0,4 кВ от ТП-10/0,4 кВ № 11223 до стены фасада здания в направлении нового ВРЩ-0,4 кВ, в т.ч. ПИР: г.Москва, ул. 5-я Парковая, д.51"]
["Стройка :",null,"Цех №8, расположенный по адресу: Московская область, г.о. Мытищи, ул.Колонцова, д.4"]
[null,null,null," ",null,null,"Доп. соглашение."]
[null,null,null,null,null,"Вид деятельности","по ОКДП"]
[null,null,null,null,null,"Договор подряда   ","номер","МВМ/19-07"]
[null,null,null,null,null,null,"дата","2023-07-19"]
[null,null,null,null,null,"Дополнительное соглашение","номер","6"]
[null,null,null,null,null,null,"дата","2024-05-15"]
[null,null,null,null,null,null,"Вид операции"]
[null,null,null,null,null,null," "]
[]
[null,null,null,null,"Номер документа   ","Дата составления   ","Отчетный период"]
[null,null,null,null,null,null,"с","по"]
[null,null,null,null,3,"2024-05-23","2024-05-03",{"$f":"F26","v":"2024-05-23"}]
[]
[null,null,null,null,"СПРАВКА"]
[null,null,null,null,"О СТОИМОСТИ ВЫПОЛНЕННЫХ РАБОТ И ЗАТРАТ"]
["Номер","Наименование пусковых комплексов, объектов,",null,null,"  Код","    Стоимость выполненных работ и затрат,руб.",null,null,null,"Договор №МВМ/19-07"]
["   по","видов работ, оборудования, затрат",null,null,null,"    с начала",null,"в том числе",null,"сумма с ндс",null,{"$f":"'кс-6а'!I828","v":513480752.87847006}]
["порядку",null,null,null,null,"  проведения","с начала года","за отчетный",null,null,"без НДС","с НДС","КС-3 №                   ","КС-2 №                         ","проверка"]
[null,null,null,null,null,"      работ",null,"период",null,"март 24г",{"$f":"ROUND((L33/1.2),2)","v":135026539.44},{"$f":"'[11]кс-2 №1корр'!X580","v":162031847.33000001},1,1]
[1,2,null,null,3,4,5,6,null,"май-1 24г",{"$f":"'[11]кс-2 №2 МАЙ корр ЛВ 06.05.24'!AD581/1.2","v":32271379.583333336},{"$f":"'[11]кс-2 №2 МАЙ корр ЛВ 06.05.24'!AD581","v":38725655.5},2,2]
[null,"Всего работ и затрат, включаемых в стоимость работ в том числе:",null,null,"х",{"$f":"F36","v":308461367.96953332},{"$f":"G36","v":308461367.96953332},{"$f":"H36","v":141163448.94619998},null,"май-2 24г",{"$f":"L35/1.2","v":141163448.94619998},{"$f":"' кс-2 №3'!AB828","v":169396138.73543996},3,3,{"$f":"H44","v":169396138.73619998},{"$f":"L35-O35","v":-7.6001882553100586E-4}]
["1","СМР",null,null,null,{"$f":"G36","v":308461367.96953332},{"$f":"K33+K34+H36","v":308461367.96953332},{"$f":"K35","v":141163448.94619998}]
["2","СМР",null,null,null,{"$f":"G37","v":0},0,{"$f":"SUM(I37:Q37)","v":0}]
["3","Оборудование",null,null,null,0,0,{"$f":"SUM(I38:Q38)","v":0}]
["4","Оборудование ТБ"]
["4","ПНР"]
["5","Прочие затраты",null,null,null,0,0,{"$f":"SUM(I41:Q41)","v":0}]
[null,null,null,null,"Итого:",null,null,{"$f":"H35","v":141163448.94619998}]
[null,null,null,null,"Налог на добавленную стоимость 20%:",null,null,{"$f":"ROUND(H42*0.2,2)","v":28232689.789999999}]
[null,null,null,null,"Всего,с учетом налогов:",null,null,{"$f":"H42+H43","v":169396138.73619998}]
[]
["08",null,null,"НДС 18%",null,{"$error":"#REF!"},{"$error":"#REF!"},68388.36]
[null,null,null,"Оборудование с НДС 18%",null,null,{"$error":"#REF!"},437891.54]
[null,null,null,"Авторский надзор 2,65%",null,null,0,0]
[null,null,null,"НДС 18%",null,null,0,0]
[null,null,null,"Авторский надзор 2,65% с НДС 18%",null,null,0,0]
["02",null,null,"НДС 18%",null,0,0,0]
[]
["03",null,null,"Поставка продукции",null,0,0,0]
[null,null,null,"в т.ч. оборудование",null,0,0,0]
[]
["04",null,null,"НДС 18%",null,0,0,0]
[]
["03",null,null,"Прочие",null,401728.83,401728.83,401728.83]
[]
["04",null,null,"НДС 18%",null,72311.19,72311.19,72311.19]
[]
[]
[]
[null,null,null,"Охрана",null,null,0,0]
[null,null,null,"НДС 18%",null,null,0,0]
[null,null,null,"Охрана с НДС 18%",null,null,0,0]
[null,null,null,"Прочие от СМР",null,null,0,0]
[null,null,null,"НДС 18%",null,null,0,0]
[null,null,null,"Прочие с НДС 18%",null,null,0,0]
[null,null,null,"Страхование 0,8%",null,null,0,0]
[null,null,null,"НДС 18%",null,null,0,0]
[null,null,null,"Страхование 0,8% с НДС 18%",null,null,0,0]
[null,null,null,"Согласование и услуги 0,15%",null,null,0,0]
[null,null,null,"НДС 18%",null,null,0,0]
[null,null,null,"Согласование и услуги 0,15% с НДС",null,null,0,0]
["25",null,null,"Всего с НДС 18%:",null,null,{"$error":"#REF!"}]
[null,null,null,null,null,null,"Итого",379935.31]
[null,null,null,null,null,null,"      Сумма НДС",68388.36]
[null,null,null,null,null,"                  Всего с учетом НДС",null,448323.67]
[]
[null,null,null,null,"Зачет аванса 50%",null,null,{"$f":"H44/2","v":84698069.368099988}]
[null,null,null,null,"К оплате, с учетом авансового платежа 50%",null,null,{"$f":"H81","v":84698069.368099988}]
[null,null,null,null,"В т.ч. НДС 20%",null,null,{"$f":"H82/120*20","v":14116344.894683331},null,null,{"$f":"SUM(K33:K82)","v":308461367.96953332},{"$f":"SUM(L33:L82)","v":370153641.56543994},null,null,{"$f":"F35-K83","v":0}]
[]
[null,null,null,null,null,null,null,null,null,"остаток по Договору",null,{"$f":"L31-L83","v":143327111.31303012}]
["Заказчик",null,"Генеральный директор\nАО «МЕТРОВАГОНМАШ» ",null,null,null,null,"А.Б. Степнов"]
[null,null,"должность",null,null,"подпись",null,"расшифровка подписи"]
[]
[]
[]
[null,"М.П."]
[]
[]
[]
[]
["Генподрядчик",null,"Генеральный директор\nООО «КиКГЕОСТРОЙ»",null,null,null,null,"Ю.Ф. Кесслер"]
[null,null,null,"должность",null,"подпись",null,"расшифровка подписи"]
[null,null,null,"        "]
[null,"М.П."]

{"sheet":" кс-2 №3","index":1,"n_rows":835,"n_cols":74,"rows_kept":835,"cut":false,"hidden":true,"merged":[[4,13,4,15],[4,19,4,21],[4,25,4,27],[5,13,5,15],[5,19,5,21],[5,25,5,27],[1,13,1,15],[2,13,2,15],[2,19,2,21],[2,25,2,27],[3,13,3,15],[3,19,3,21],[3,25,3,27],[8,13,8,15],[8,19,8,21],[8,25,8,27],[9,13,9,15],[9,19,9,21],[9,25,9,27],[6,13,6,15],[6,19,6,21],[6,25,6,27],[7,13,7,15],[7,19,7,21],[7,25,7,27],[12,13,12,15],[12,19,12,21],[12,25,12,27],[13,13,13,15],[13,19,13,21],[13,25,13,27],[10,13,10,15],[10,19,10,21],[10,25,10,27],[11,13,11,15],[11,19,11,21],[11,25,11,27],[16,13,16,15],[16,19,16,21],[16,25,16,27],[17,13,17,15],[17,19,17,21],[17,25,17,27],[14,13,14,15],[14,19,14,21],[14,25,14,27],[15,13,15,15],[15,19,15,21],[15,25,15,27],[24,10,24,15],[24,16,24,21],[24,22,24,27],[25,10,25,15],[25,16,25,21],[25,22,25,27],[18,13,18,15],[18,19,18,21],[18,25,18,27],[20,12,21,12],[20,13,21,13],[20,14,20,15],[27,59,27,64],[27,65,27,70],[28,4,28,5],[28,6,28,7],[28,11,28,12],[28,13,28,14],[28,17,28,18],[28,55,28,56],[28,60,28,61],[28,62,28,63],[28,66,28,67],[28,68,28,69],[28,49,28,50],[28,53,28,54],[28,43,28,44],[28,47,28,48],[28,19,28,20],[28,23,28,24],[28,25,28,26],[28,29,28,30],[28,31,28,32],[28,35,28,36],[26,10,26,15],[26,16,26,21],[26,22,26,27],[832,30,832,35],[833,1,833,13],[836,41,836,42],[834,4,834,5],[834,11,834,12],[834,17,834,18],[834,23,834,24],[834,29,834,30],[28,37,28,38],[28,41,28,42],[836,47,836,48],[836,53,836,54],[836,60,836,61],[836,66,836,67],[830,2,830,7],[830,18,830,23],[830,24,830,29],[830,30,830,35],[831,1,831,13],[836,4,836,5],[836,11,836,12],[836,17,836,18],[836,23,836,24],[836,29,836,30],[836,35,836,36],[834,35,834,36],[834,41,834,42],[834,47,834,48],[834,53,834,54],[834,60,834,61],[834,66,834,67],[832,2,832,7],[832,18,832,23],[832,24,832,29]]}
[]
["Инвестор",null,null,null,null,null,null,null,null,null,null,null,null,"Код",null,null,null,null,null,"Код",null,null,null,null,null,"Код"]
[null,"(организация, адрес, телефон, факс)",null,null,null,null,null,null,null,null,null,null,"Форма по ОКУД","0322005",null,null,null,null,"Форма по ОКУД","0322005",null,null,null,null,"Форма по ОКУД","0322005"]
["Заказчик (Генподрядчик)","АО «МЕТРОВАГОНМАШ», 141009, Московская обл., г. о. Мытищи, г. Мытищи,  ул. Колонцова, 4, 8 (498) 687-45-55"]
[null,"(организация, адрес, телефон, факс)",null,null,null,null,null,null,null,null,null,null,"по ОКПО",null,null,null,null,null,"по ОКПО",null,null,null,null,null,"по ОКПО"]
["Подрядчик (Субподрядчик)","ООО «КиКГЕОСТРОЙ», 109004, г. Москва, ул. Земляной Вал, д.65, кв.59; +7 (495) 915-24-71"]
[null,"(организация, адрес, телефон, факс)",null,null,null,null,null,null,null,null,null,null,"по ОКПО","05804803",null,null,null,null,"по ОКПО","05804803",null,null,null,null,"по ОКПО","05804803"]
["Стройка","Цех №8, расположенный по адресу: Московская область, г.о. Мытищи, ул.Колонцова, д.4"]
[null,"(наименование, адрес)",null,null,null,null,null,null,null,null,null,null,"по ОКПО","16673706",null,null,null,null,"по ОКПО","16673706",null,null,null,null,"по ОКПО","16673706"]
["Объект","Ремонт цеха №8, расположенного по адресу: Московская область, г.о. Мытищи, ул.Колонцова, д.4"]
[null,"(наименование)"]
[]
[]
[null,null,null,null,null,null,null,null,null,null,null,null,"Вид деятельности по ОКДП",null,null,null,null,null,"Вид деятельности по ОКДП",null,null,null,null,null,"Вид деятельности по ОКДП"]
[null,null,null,null,null,null,null,null,null,null,null,"Договор подряда (контракт)","номер","МВМ/19-07",null,null,null,"Договор подряда (контракт)","номер","МВМ/19-07",null,null,null,"Договор подряда (контракт)","номер","МВМ/19-07"]
[null,null,null,null,null,null,null,null,null,null,null,null,"дата","19.07.2023",null,null,null,null,"дата","19.07.2023",null,null,null,null,"дата","19.07.2023"]
[null,null,null,null,null,null,null,null,null,null,null,"Дополнительное соглашение","номер","4",null,null,null,"Дополнительное соглашение","номер","4",null,null,null,"Дополнительное соглашение","номер","6"]
[null,null,null,null,null,null,null,null,null,null,null,null,"дата","08.02.2024",null,null,null,null,"дата","08.02.2024",null,null,null,null,"дата","15.05.2024"]
[null,null,null,null,null,null,null,null,null,null,null,null,"Вид операции",null,null,null,null,null,"Вид операции",null,null,null,null,null,"Вид операции"]
[]
[null,null,null,null,null,null,null,null,null,null,null,null,"Номер документа","Дата составления","Отчетный период",null,null,null,"Номер документа","Дата составления","Отчетный период",null,null,null,"Номер документа","Дата составления","Отчетный период"]
[null,null,null,null,null,null,null,null,null,null,null,null,null,null,"с","по",null,null,null,null,"с","по",null,null,null,null,"с","по"]
[null,null,null,null,null,null,null,null,null,null,null,null,"1",{"$f":"P23","v":"2024-03-20"},"2023-07-19","2024-03-20",null,null,2,{"$f":"V23","v":"2024-05-02"},"2024-03-21","2024-05-02",null,null,"3",{"$f":"AB23","v":"2024-05-23"},"2024-05-03","2024-05-23"]
[]
[null,null,null,null,null,null,null,null,null,null,"АКТ",null,null,null,null,null,"АКТ",null,null,null,null,null,"АКТ"]
[null,null,null,null,null,null,null,null,null,null,"О ПРИЕМКЕ ВЫПОЛНЕННЫХ РАБОТ ",null,null,null,null,null,"О ПРИЕМКЕ ВЫПОЛНЕННЫХ РАБОТ ",null,null,null,null,null,"О ПРИЕМКЕ ВЫПОЛНЕННЫХ РАБОТ "]
[null,null,null,null,null,null,null,null,null,null,"за МАРТ 2024 г.",null,null,null,null,null,"за МАЙ 2024 г.",null,null,null,null,null,"за  МАЙ 2024 г."]
[null,null,null,null,null,null,null,null,null,null,"кс-3 №1 от 20.03.24г.",null,null,null,null,null,"кс-3 №2 от 02.05.24г.",null,null,null,null,null,"кс-3 №3 от 23.05.24г.",null,null,null,null,null,"кс-3 №",null,null,null,null,null,"кс-3 №",null,null,null,null,null,"кс-3 №",null,null,null,null,null,"кс-3 №",null,null,null,null,null,"кс-3 №",null,null,null,null,null,null,"Выполнено ВСЕГО",null,null,null,null,null,"ОСТАТОК"]
[null,null,null,null,"Стоимость работ, руб. с НДС",null,"Стоимость материалов, руб. с НДС",null,null,null,null,"Стоимость работ, руб. с НДС",null,"Стоимость материалов, руб. с НДС",null,null,null,"Стоимость работ, руб. с НДС",null,"Стоимость материалов, руб. с НДС",null,null,null,"Стоимость работ, руб. с НДС",null,"Стоимость материалов, руб. с НДС",null,null,null,"Стоимость работ, руб. с НДС",null,"Стоимость материалов, руб. с НДС",null,null,null,"Стоимость работ, руб. с НДС",null,"Стоимость материалов, руб. с НДС",null,null,null,"Стоимость работ, руб. с НДС",null,"Стоимость материалов, руб. с НДС",null,null,null,"Стоимость работ, руб. с НДС",null,"Стоимость материалов, руб. с НДС",null,null,null,"Стоимость работ, руб. с НДС",null,"Стоимость материалов, руб. с НДС",null,null,null,null,"Стоимость работ, руб. с НДС",null,"Стоимость материалов, руб. с НДС",null,null,null,"Стоимость работ, руб. с НДС",null,"Стоимость материалов, руб. с НДС"]
["№","Наименовение","Ед.изм","Кол-во","за ед.","Итого","за ед.","Итого","Итого, руб. с НДС",null,"Кол-во","за ед.","Итого","за ед.","Итого","Итого, руб. с НДС","Кол-во","за ед.","Итого","за ед.","Итого","Итого, руб. с НДС","Кол-во","за ед.","Итого","за ед.","Итого","Итого, руб. с НДС","Кол-во","за ед.","Итого","за ед.","Итого","Итого, руб. с НДС","Кол-во","за ед.","Итого","за ед.","Итого","Итого, руб. с НДС","Кол-во","за ед.","Итого","за ед.","Итого","Итого, руб. с НДС","Кол-во","за ед.","Итого","за ед.","Итого","Итого, руб. с НДС","Кол-во","за ед.","Итого","за ед.","Итого","Итого, руб. с НДС",null,"Кол-во","за ед.","Итого","за ед.","Итого","Итого, руб. с НДС","Кол-во","за ед.","Итого","за ед.","Итого","Итого, руб. с НДС"]
[1,"Основные объекты строительства, реконструкции, капитального ремонта, в том числе:"]
["1.1","130-23-АС3 Архитектурно-строительные решения",null,null,null,{"$f":"F34+F35+F36+F37+F39+F40+F42+F43+F44+F45+F46+F47+F48+F49+F51+F52+F53+F54+F55+F56+F57+F58+F59+F60+F61+F62+F63+F64+F65+F66+F67+F68+F69+F70+F71+F72+F74+F75+F76+F77+F79+F80+F81+F82+F83+F84+F85+F86+F87+F88+F89+F90+F91+F92+F93","v":23834068.015500002},null,{"$f":"H34+H35+H36+H37+H39+H40+H42+H43+H44+H45+H46+H47+H48+H49+H51+H52+H53+H54+H55+H56+H57+H58+H59+H60+H61+H62+H63+H64+H65+H66+H67+H68+H69+H70+H71+H72+H74+H75+H76+H77+H79+H80+H81+H82+H83+H84+H85+H86+H87+H88+H89+H90+H91+H92+H93","v":21868543.3015},{"$f":"I34+I35+I36+I37+I39+I40+I42+I43+I44+I45+I46+I47+I48+I49+I51+I52+I53+I54+I55+I56+I57+I58+I59+I60+I61+I62+I63+I64+I65+I66+I67+I68+I69+I70+I71+I72+I74+I75+I76+I77+I79+I80+I81+I82+I83+I84+I85+I86+I87+I88+I89+I90+I91+I92+I93","v":45702611.317000002},null,null,null,{"$f":"M34+M35+M36+M37+M39+M40+M42+M43+M44+M45+M46+M47+M48+M49+M51+M52+M53+M54+M55+M56+M57+M58+M59+M60+M61+M62+M63+M64+M65+M66+M67+M68+M69+M70+M71+M72+M74+M75+M76+M77+M79+M80+M81+M82+M83+M84+M85+M86+M87+M88+M89+M90+M91+M92+M93","v":6476170},null,{"$f":"O34+O35+O36+O37+O39+O40+O42+O43+O44+O45+O46+O47+O48+O49+O51+O52+O53+O54+O55+O56+O57+O58+O59+O60+O61+O62+O63+O64+O65+O66+O67+O68+O69+O70+O71+O72+O74+O75+O76+O77+O79+O80+O81+O82+O83+O84+O85+O86+O87+O88+O89+O90+O91+O92+O93","v":6962719.6450000005},{"$f":"P34+P35+P36+P37+P39+P40+P42+P43+P44+P45+P46+P47+P48+P49+P51+P52+P53+P54+P55+P56+P57+P58+P59+P60+P61+P62+P63+P64+P65+P66+P67+P68+P69+P70+P71+P72+P74+P75+P76+P77+P79+P80+P81+P82+P83+P84+P85+P86+P87+P88+P89+P90+P91+P92+P93","v":13438889.645},null,null,{"$f":"S34+S35+S36+S37+S39+S40+S42+S43+S44+S45+S46+S47+S48+S49+S51+S52+S53+S54+S55+S56+S57+S58+S59+S60+S61+S62+S63+S64+S65+S66+S67+S68+S69+S70+S71+S72+S74+S75+S76+S77+S79+S80+S81+S82+S83+S84+S85+S86+S87+S88+S89+S90+S91+S92+S93","v":1864348.8},null,{"$f":"U34+U35+U36+U37+U39+U40+U42+U43+U44+U45+U46+U47+U48+U49+U51+U52+U53+U54+U55+U56+U57+U58+U59+U60+U61+U62+U63+U64+U65+U66+U67+U68+U69+U70+U71+U72+U74+U75+U76+U77+U79+U80+U81+U82+U83+U84+U85+U86+U87+U88+U89+U90+U91+U92+U93","v":1794786.96},{"$f":"V34+V35+V36+V37+V39+V40+V42+V43+V44+V45+V46+V47+V48+V49+V51+V52+V53+V54+V55+V56+V57+V58+V59+V60+V61+V62+V63+V64+V65+V66+V67+V68+V69+V70+V71+V72+V74+V75+V76+V77+V79+V80+V81+V82+V83+V84+V85+V86+V87+V88+V89+V90+V91+V92+V93","v":3659135.76},null,null,{"$f":"Y34+Y35+Y36+Y37+Y39+Y40+Y42+Y43+Y44+Y45+Y46+Y47+Y48+Y49+Y51+Y52+Y53+Y54+Y55+Y56+Y57+Y58+Y59+Y60+Y61+Y62+Y63+Y64+Y65+Y66+Y67+Y68+Y69+Y70+Y71+Y72+Y74+Y75+Y76+Y77+Y79+Y80+Y81+Y82+Y83+Y84+Y85+Y86+Y87+Y88+Y89+Y90+Y91+Y92+Y93","v":10720245.656000001},null,{"$f":"AA34+AA35+AA36+AA37+AA39+AA40+AA42+AA43+AA44+AA45+AA46+AA47+AA48+AA49+AA51+AA52+AA53+AA54+AA55+AA56+AA57+AA58+AA59+AA60+AA61+AA62+AA63+AA64+AA65+AA66+AA67+AA68+AA69+AA70+AA71+AA72+AA74+AA75+AA76+AA77+AA79+AA80+AA81+AA82+AA83+AA84+AA85+AA86+AA87+AA88+AA89+AA90+AA91+AA92+AA93","v":8589710.3900000006},{"$f":"AB34+AB35+AB36+AB37+AB39+AB40+AB42+AB43+AB44+AB45+AB46+AB47+AB48+AB49+AB51+AB52+AB53+AB54+AB55+AB56+AB57+AB58+AB59+AB60+AB61+AB62+AB63+AB64+AB65+AB66+AB67+AB68+AB69+AB70+AB71+AB72+AB74+AB75+AB76+AB77+AB79+AB80+AB81+AB82+AB83+AB84+AB85+AB86+AB87+AB88+AB89+AB90+AB91+AB92+AB93","v":19309956.046},null,null,{"$f":"AE34+AE35+AE36+AE37+AE39+AE40+AE42+AE43+AE44+AE45+AE46+AE47+AE48+AE49+AE51+AE52+AE53+AE54+AE55+AE56+AE57+AE58+AE59+AE60+AE61+AE62+AE63+AE64+AE65+AE66+AE67+AE68+AE69+AE70+AE71+AE72+AE74+AE75+AE76+AE77+AE79+AE80+AE81+AE82+AE83+AE84+AE85+AE86+AE87+AE88+AE89+AE90+AE91+AE92+AE93","v":0},null,{"$f":"AG34+AG35+AG36+AG37+AG39+AG40+AG42+AG43+AG44+AG45+AG46+AG47+AG48+AG49+AG51+AG52+AG53+AG54+AG55+AG56+AG57+AG58+AG59+AG60+AG61+AG62+AG63+AG64+AG65+AG66+AG67+AG68+AG69+AG70+AG71+AG72+AG74+AG75+AG76+AG77+AG79+AG80+AG81+AG82+AG83+AG84+AG85+AG86+AG87+AG88+AG89+AG90+AG91+AG92+AG93","v":0},{"$f":"AH34+AH35+AH36+AH37+AH39+AH40+AH42+AH43+AH44+AH45+AH46+AH47+AH48+AH49+AH51+AH52+AH53+AH54+AH55+AH56+AH57+AH58+AH59+AH60+AH61+AH62+AH63+AH64+AH65+AH66+AH67+AH68+AH69+AH70+AH71+AH72+AH74+AH75+AH76+AH77+AH79+AH80+AH81+AH82+AH83+AH84+AH85+AH86+AH87+AH88+AH89+AH90+AH91+AH92+AH93","v":0},null,null,{"$f":"AK34+AK35+AK36+AK37+AK39+AK40+AK42+AK43+AK44+AK45+AK46+AK47+AK48+AK49+AK51+AK52+AK53+AK54+AK55+AK56+AK57+AK58+AK59+AK60+AK61+AK62+AK63+AK64+AK65+AK66+AK67+AK68+AK69+AK70+AK71+AK72+AK74+AK75+AK76+AK77+AK79+AK80+AK81+AK82+AK83+AK84+AK85+AK86+AK87+AK88+AK89+AK90+AK91+AK92+AK93","v":0},null,{"$f":"AM34+AM35+AM36+AM37+AM39+AM40+AM42+AM43+AM44+AM45+AM46+AM47+AM48+AM49+AM51+AM52+AM53+AM54+AM55+AM56+AM57+AM58+AM59+AM60+AM61+AM62+AM63+AM64+AM65+AM66+AM67+AM68+AM69+AM70+AM71+AM72+AM74+AM75+AM76+AM77+AM79+AM80+AM81+AM82+AM83+AM84+AM85+AM86+AM87+AM88+AM89+AM90+AM91+AM92+AM93","v":0},{"$f":"AN34+AN35+AN36+AN37+AN39+AN40+AN42+AN43+AN44+AN45+AN46+AN47+AN48+AN49+AN51+AN52+AN53+AN54+AN55+AN56+AN57+AN58+AN59+AN60+AN61+AN62+AN63+AN64+AN65+AN66+AN67+AN68+AN69+AN70+AN71+AN72+AN74+AN75+AN76+AN77+AN79+AN80+AN81+AN82+AN83+AN84+AN85+AN86+AN87+AN88+AN89+AN90+AN91+AN92+AN93","v":0},null,null,{"$f":"AQ34+AQ35+AQ36+AQ37+AQ39+AQ40+AQ42+AQ43+AQ44+AQ45+AQ46+AQ47+AQ48+AQ49+AQ51+AQ52+AQ53+AQ54+AQ55+AQ56+AQ57+AQ58+AQ59+AQ60+AQ61+AQ62+AQ63+AQ64+AQ65+AQ66+AQ67+AQ68+AQ69+AQ70+AQ71+AQ72+AQ74+AQ75+AQ76+AQ77+AQ79+AQ80+AQ81+AQ82+AQ83+AQ84+AQ85+AQ86+AQ87+AQ88+AQ89+AQ90+AQ91+AQ92+AQ93","v":0},null,{"$f":"AS34+AS35+AS36+AS37+AS39+AS40+AS42+AS43+AS44+AS45+AS46+AS47+AS48+AS49+AS51+AS52+AS53+AS54+AS55+AS56+AS57+AS58+AS59+AS60+AS61+AS62+AS63+AS64+AS65+AS66+AS67+AS68+AS69+AS70+AS71+AS72+AS74+AS75+AS76+AS77+AS79+AS80+AS81+AS82+AS83+AS84+AS85+AS86+AS87+AS88+AS89+AS90+AS91+AS92+AS93","v":0},{"$f":"AT34+AT35+AT36+AT37+AT39+AT40+AT42+AT43+AT44+AT45+AT46+AT47+AT48+AT49+AT51+AT52+AT53+AT54+AT55+AT56+AT57+AT58+AT59+AT60+AT61+AT62+AT63+AT64+AT65+AT66+AT67+AT68+AT69+AT70+AT71+AT72+AT74+AT75+AT76+AT77+AT79+AT80+AT81+AT82+AT83+AT84+AT85+AT86+AT87+AT88+AT89+AT90+AT91+AT92+AT93","v":0},null,null,{"$f":"AW34+AW35+AW36+AW37+AW39+AW40+AW42+AW43+AW44+AW45+AW46+AW47+AW48+AW49+AW51+AW52+AW53+AW54+AW55+AW56+AW57+AW58+AW59+AW60+AW61+AW62+AW63+AW64+AW65+AW66+AW67+AW68+AW69+AW70+AW71+AW72+AW74+AW75+AW76+AW77+AW79+AW80+AW81+AW82+AW83+AW84+AW85+AW86+AW87+AW88+AW89+AW90+AW91+AW92+AW93","v":0},null,{"$f":"AY34+AY35+AY36+AY37+AY39+AY40+AY42+AY43+AY44+AY45+AY46+AY47+AY48+AY49+AY51+AY52+AY53+AY54+AY55+AY56+AY57+AY58+AY59+AY60+AY61+AY62+AY63+AY64+AY65+AY66+AY67+AY68+AY69+AY70+AY71+AY72+AY74+AY75+AY76+AY77+AY79+AY80+AY81+AY82+AY83+AY84+AY85+AY86+AY87+AY88+AY89+AY90+AY91+AY92+AY93","v":0},{"$f":"AZ34+AZ35+AZ36+AZ37+AZ39+AZ40+AZ42+AZ43+AZ44+AZ45+AZ46+AZ47+AZ48+AZ49+AZ51+AZ52+AZ53+AZ54+AZ55+AZ56+AZ57+AZ58+AZ59+AZ60+AZ61+AZ62+AZ63+AZ64+AZ65+AZ66+AZ67+AZ68+AZ69+AZ70+AZ71+AZ72+AZ74+AZ75+AZ76+AZ77+AZ79+AZ80+AZ81+AZ82+AZ83+AZ84+AZ85+AZ86+AZ87+AZ88+AZ89+AZ90+AZ91+AZ92+AZ93","v":0},null,null,{"$f":"BC34+BC35+BC36+BC37+BC39+BC40+BC42+BC43+BC44+BC45+BC46+BC47+BC48+BC49+BC51+BC52+BC53+BC54+BC55+BC56+BC57+BC58+BC59+BC60+BC61+BC62+BC63+BC64+BC65+BC66+BC67+BC68+BC69+BC70+BC71+BC72+BC74+BC75+BC76+BC77+BC79+BC80+BC81+BC82+BC83+BC84+BC85+BC86+BC87+BC88+BC89+BC90+BC91+BC92+BC93","v":0},null,{"$f":"BE34+BE35+BE36+BE37+BE39+BE40+BE42+BE43+BE44+BE45+BE46+BE47+BE48+BE49+BE51+BE52+BE53+BE54+BE55+BE56+BE57+BE58+BE59+BE60+BE61+BE62+BE63+BE64+BE65+BE66+BE67+BE68+BE69+BE70+BE71+BE72+BE74+BE75+BE76+BE77+BE79+BE80+BE81+BE82+BE83+BE84+BE85+BE86+BE87+BE88+BE89+BE90+BE91+BE92+BE93","v":0},{"$f":"BF34+BF35+BF36+BF37+BF39+BF40+BF42+BF43+BF44+BF45+BF46+BF47+BF48+BF49+BF51+BF52+BF53+BF54+BF55+BF56+BF57+BF58+BF59+BF60+BF61+BF62+BF63+BF64+BF65+BF66+BF67+BF68+BF69+BF70+BF71+BF72+BF74+BF75+BF76+BF77+BF79+BF80+BF81+BF82+BF83+BF84+BF85+BF86+BF87+BF88+BF89+BF90+BF91+BF92+BF93","v":0},null,null,null,{"$f":"BJ34+BJ35+BJ36+BJ37+BJ39+BJ40+BJ42+BJ43+BJ44+BJ45+BJ46+BJ47+BJ48+BJ49+BJ51+BJ52+BJ53+BJ54+BJ55+BJ56+BJ57+BJ58+BJ59+BJ60+BJ61+BJ62+BJ63+BJ64+BJ65+BJ66+BJ67+BJ68+BJ69+BJ70+BJ71+BJ72+BJ74+BJ75+BJ76+BJ77+BJ79+BJ80+BJ81+BJ82+BJ83+BJ84+BJ85+BJ86+BJ87+BJ88+BJ89+BJ90+BJ91+BJ92+BJ93","v":19060764.456},null,{"$f":"BL34+BL35+BL36+BL37+BL39+BL40+BL42+BL43+BL44+BL45+BL46+BL47+BL48+BL49+BL51+BL52+BL53+BL54+BL55+BL56+BL57+BL58+BL59+BL60+BL61+BL62+BL63+BL64+BL65+BL66+BL67+BL68+BL69+BL70+BL71+BL72+BL74+BL75+BL76+BL77+BL79+BL80+BL81+BL82+BL83+BL84+BL85+BL86+BL87+BL88+BL89+BL90+BL91+BL92+BL93","v":17347216.994999997},{"$f":"BM34+BM35+BM36+BM37+BM39+BM40+BM42+BM43+BM44+BM45+BM46+BM47+BM48+BM49+BM51+BM52+BM53+BM54+BM55+BM56+BM57+BM58+BM59+BM60+BM61+BM62+BM63+BM64+BM65+BM66+BM67+BM68+BM69+BM70+BM71+BM72+BM74+BM75+BM76+BM77+BM79+BM80+BM81+BM82+BM83+BM84+BM85+BM86+BM87+BM88+BM89+BM90+BM91+BM92+BM93","v":36407981.451000005},null,null,{"$f":"BP34+BP35+BP36+BP37+BP39+BP40+BP42+BP43+BP44+BP45+BP46+BP47+BP48+BP49+BP51+BP52+BP53+BP54+BP55+BP56+BP57+BP58+BP59+BP60+BP61+BP62+BP63+BP64+BP65+BP66+BP67+BP68+BP69+BP70+BP71+BP72+BP74+BP75+BP76+BP77+BP79+BP80+BP81+BP82+BP83+BP84+BP85+BP86+BP87+BP88+BP89+BP90+BP91+BP92+BP93","v":4773303.5594999995},null,{"$f":"BR34+BR35+BR36+BR37+BR39+BR40+BR42+BR43+BR44+BR45+BR46+BR47+BR48+BR49+BR51+BR52+BR53+BR54+BR55+BR56+BR57+BR58+BR59+BR60+BR61+BR62+BR63+BR64+BR65+BR66+BR67+BR68+BR69+BR70+BR71+BR72+BR74+BR75+BR76+BR77+BR79+BR80+BR81+BR82+BR83+BR84+BR85+BR86+BR87+BR88+BR89+BR90+BR91+BR92+BR93","v":4521326.3064999999},{"$f":"BS34+BS35+BS36+BS37+BS39+BS40+BS42+BS43+BS44+BS45+BS46+BS47+BS48+BS49+BS51+BS52+BS53+BS54+BS55+BS56+BS57+BS58+BS59+BS60+BS61+BS62+BS63+BS64+BS65+BS66+BS67+BS68+BS69+BS70+BS71+BS72+BS74+BS75+BS76+BS77+BS79+BS80+BS81+BS82+BS83+BS84+BS85+BS86+BS87+BS88+BS89+BS90+BS91+BS92+BS93","v":9294629.8660000004}]
["1.1.1","Демонтажные работы",null,null,null,null,null,null,null,null,null,null,null,null,null,null,null,null,null,null,null,null,null,null,null,null,null,null,null,null,null,null,null,null,null,null,null,null,null,null,null,null,null,null,null,null,null,null,null,null,null,null,null,null,null,null,null,null,null,{"$f":"K33+Q33+W33+AC33+AI33+AO33+AU33+BA33","v":0},null,null,null,null,null,{"$f":"D33-BH33","v":0}]
["1.1.1.1","Частичный демонтаж крестовых связей","тн",0.44,49415,{"$f":"D34*E34","v":21742.6},0,null,{"$f":"E34*D34+G34*D34","v":21742.6},null,0.44,49415,{"$f":"K34*L34","v":21742.6},0,null,{"$f":"L34*K34+N34*K34","v":21742.6},null,49415,{"$f":"Q34*R34","v":0},0,null,{"$f":"R34*Q34+T34*Q34","v":0},null,49415,{"$f":"W34*X34","v":0},0,null,{"$f":"X34*W34+Z34*W34","v":0},null,49415,{"$f":"AC34*AD34","v":0},0,null,{"$f":"AD34*AC34+AF34*AC34","v":0},null,49415,{"$f":"AI34*AJ34","v":0},0,null,{"$f":"AJ34*AI34+AL34*AI34","v":0},null,49415,{"$f":"AO34*AP34","v":0},0,null,{"$f":"AP34*AO34+AR34*AO34","v":0},null,49415,{"$f":"AU34*AV34","v":0},0,null,{"$f":"AV34*AU34+AX34*AU34","v":0},null,49415,{"$f":"BA34*BB34","v":0},0,null,{"$f":"BB34*BA34+BD34*BA34","v":0},null,{"$f":"K34+Q34+W34+AC34+AI34+AO34+AU34+BA34","v":0.44},49415,{"$f":"BH34*BI34","v":21742.6},0,null,{"$f":"BI34*BH34+BK34*BH34","v":21742.6},{"$f":"D34-BH34","v":0},49415,{"$f":"BN34*BO34","v":0},0,null,{"$f":"BO34*BN34+BQ34*BN34","v":0}]
["1.1.1.2","Демонтаж сэндвич панелей","м2",389.4,990,{"$f":"D35*E35","v":385506},0,null,{"$f":"E35*D35+G35*D35","v":385506},null,389.4,990,{"$f":"K35*L35","v":385506},0,null,{"$f":"L35*K35+N35*K35","v":385506},null,990,{"$f":"Q35*R35","v":0},0,null,{"$f":"R35*Q35+T35*Q35","v":0},null,990,{"$f":"W35*X35","v":0},0,null,{"$f":"X35*W35+Z35*W35","v":0},null,990,{"$f":"AC35*AD35","v":0},0,null,{"$f":"AD35*AC35+AF35*AC35","v":0},null,990,{"$f":"AI35*AJ35","v":0},0,null,{"$f":"AJ35*AI35+AL35*AI35","v":0},null,990,{"$f":"AO35*AP35","v":0},0,null,{"$f":"AP35*AO35+AR35*AO35","v":0},null,990,{"$f":"AU35*AV35","v":0},0,null,{"$f":"AV35*AU35+AX35*AU35","v":0},null,990,{"$f":"BA35*BB35","v":0},0,null,{"$f":"BB35*BA35+BD35*BA35","v":0},null,389.4,990,{"$f":"BH35*BI35","v":385506},0,null,{"$f":"BI35*BH35+BK35*BH35","v":385506},0,990,{"$f":"BN35*BO35","v":0},0,null,{"$f":"BO35*BN35+BQ35*BN35","v":0}]
["1.1.2","Устройство фахверка","тн",0.34,95478,{"$f":"D36*E36","v":32462.520000000004},229000,{"$f":"D36*G36","v":77860},{"$f":"E36*D36+G36*D36","v":110322.52},null,null,95478,{"$f":"K36*L36","v":0},229000,{"$f":"K36*N36","v":0},{"$f":"L36*K36+N36*K36","v":0},null,95478,{"$f":"Q36*R36","v":0},229000,{"$f":"Q36*T36","v":0},{"$f":"R36*Q36+T36*Q36","v":0},null,95478,{"$f":"W36*X36","v":0},229000,{"$f":"W36*Z36","v":0},{"$f":"X36*W36+Z36*W36","v":0},null,95478,{"$f":"AC36*AD36","v":0},229000,{"$f":"AC36*AF36","v":0},{"$f":"AD36*AC36+AF36*AC36","v":0},null,95478,{"$f":"AI36*AJ36","v":0},229000,{"$f":"AI36*AL36","v":0},{"$f":"AJ36*AI36+AL36*AI36","v":0},null,95478,{"$f":"AO36*AP36","v":0},229000,{"$f":"AO36*AR36","v":0},{"$f":"AP36*AO36+AR36*AO36","v":0},null,95478,{"$f":"AU36*AV36","v":0},229000,{"$f":"AU36*AX36","v":0},{"$f":"AV36*AU36+AX36*AU36","v":0},null,95478,{"$f":"BA36*BB36","v":0},229000,{"$f":"BA36*BD36","v":0},{"$f":"BB36*BA36+BD36*BA36","v":0},null,0,95478,{"$f":"BH36*BI36","v":0},229000,{"$f":"BH36*BK36","v":0},{"$f":"BI36*BH36+BK36*BH36","v":0},0.34,95478,{"$f":"BN36*BO36","v":32462.520000000004},229000,{"$f":"BN36*BQ36","v":77860},{"$f":"BO36*BN36+BQ36*BN36","v":110322.52}]
["1.1.3","Устройство сэндвич панелей","м2",389.4,2711,{"$f":"D37*E37","v":1055663.3999999999},6573,{"$f":"D37*G37","v":2559526.1999999997},{"$f":"E37*D37+G37*D37","v":3615189.5999999996},null,389.4,2711,{"$f":"K37*L37","v":1055663.3999999999},6573,{"$f":"K37*N37","v":2559526.1999999997},{"$f":"L37*K37+N37*K37","v":3615189.5999999996},null,2711,{"$f":"Q37*R37","v":0},6573,{"$f":"Q37*T37","v":0},{"$f":"R37*Q37+T37*Q37","v":0},null,2711,{"$f":"W37*X37","v":0},6573,{"$f":"W37*Z37","v":0},{"$f":"X37*W37+Z37*W37","v":0},null,2711,{"$f":"AC37*AD37","v":0},6573,{"$f":"AC37*AF37","v":0},{"$f":"AD37*AC37+AF37*AC37","v":0},null,2711,{"$f":"AI37*AJ37","v":0},6573,{"$f":"AI37*AL37","v":0},{"$f":"AJ37*AI37+AL37*AI37","v":0},null,2711,{"$f":"AO37*AP37","v":0},6573,{"$f":"AO37*AR37","v":0},{"$f":"AP37*AO37+AR37*AO37","v":0},null,2711,{"$f":"AU37*AV37","v":0},6573,{"$f":"AU37*AX37","v":0},{"$f":"AV37*AU37+AX37*AU37","v":0},null,2711,{"$f":"BA37*BB37","v":0},6573,{"$f":"BA37*BD37","v":0},{"$f":"BB37*BA37+BD37*BA37","v":0},null,389.4,2711,{"$f":"BH37*BI37","v":1055663.3999999999},6573,{"$f":"BH37*BK37","v":2559526.1999999997},{"$f":"BI37*BH37+BK37*BH37","v":3615189.5999999996},0,2711,{"$f":"BN37*BO37","v":0},6573,{"$f":"BN37*BQ37","v":0},{"$f":"BO37*BN37+BQ37*BN37","v":0}]
["1.1.4","Устройство перегородок",null,null,0,null,0,null,null,null,null,0,null,0,null,null,null,0,null,0,null,null,null,0,null,0,null,null,null,0,null,0,null,null,null,0,null,0,null,null,null,0,null,0,null,null,null,0,null,0,null,null,null,0,null,0,null,null,null,0,0,null,0,null,null,0,0,null,0]
["1.1.4.1","Перегородки гипсокартонные типа С112 комплексной системы КНАУФ толщиной 100 мм с облицовкой 2мя листами ГКЛ (толщиной 12,5мм) со звукоизолирующим слоем из минераловатных плит Лайт Баттс толщиной 50 мм","м2",536,4955,{"$f":"D39*E39","v":2655880},4501,{"$f":"D39*G39","v":2412536},{"$f":"E39*D39+G39*D39","v":5068416},null,428.8,4955,{"$f":"K39*L39","v":2124704},4501,{"$f":"K39*N39","v":1930028.8},{"$f":"L39*K39+N39*K39","v":4054732.7999999998},96.96,4955,{"$f":"Q39*R39","v":480436.8},4501,{"$f":"Q39*T39","v":436416.95999999996},{"$f":"R39*Q39+T39*Q39","v":916853.76000000001},null,4955,{"$f":"W39*X39","v":0},4501,{"$f":"W39*Z39","v":0},{"$f":"X39*W39+Z39*W39","v":0},null,4955,{"$f":"AC39*AD39","v":0},4501,{"$f":"AC39*AF39","v":0},{"$f":"AD39*AC39+AF39*AC39","v":0},null,4955,{"$f":"AI39*AJ39","v":0},4501,{"$f":"AI39*AL39","v":0},{"$f":"AJ39*AI39+AL39*AI39","v":0},null,4955,{"$f":"AO39*AP39","v":0},4501,{"$f":"AO39*AR39","v":0},{"$f":"AP39*AO39+AR39*AO39","v":0},null,4955,{"$f":"AU39*AV39","v":0},4501,{"$f":"AU39*AX39","v":0},{"$f":"AV39*AU39+AX39*AU39","v":0},null,4955,{"$f":"BA39*BB39","v":0},4501,{"$f":"BA39*BD39","v":0},{"$f":"BB39*BA39+BD39*BA39","v":0},null,525.76,4955,{"$f":"BH39*BI39","v":2605140.7999999998},4501,{"$f":"BH39*BK39","v":2366445.7599999998},{"$f":"BI39*BH39+BK39*BH39","v":4971586.5599999996},10.240000000000009,4955,{"$f":"BN39*BO39","v":50739.200000000048},4501,{"$f":"BN39*BQ39","v":46090.240000000042},{"$f":"BO39*BN39+BQ39*BN39","v":96829.44000000009}]
["1.1.4.2","Устройство отверстий под воздуховоды","шт",2,8577.8799999999992,{"$f":"D40*E40","v":17155.759999999998},4657.25,{"$f":"D40*G40","v":9314.5},{"$f":"E40*D40+G40*D40","v":26470.26},null,null,8577.8799999999992,{"$f":"K40*L40","v":0},4657.25,{"$f":"K40*N40","v":0},{"$f":"L40*K40+N40*K40","v":0},null,8577.8799999999992,{"$f":"Q40*R40","v":0},4657.25,{"$f":"Q40*T40","v":0},{"$f":"R40*Q40+T40*Q40","v":0},null,8577.8799999999992,{"$f":"W40*X40","v":0},4657.25,{"$f":"W40*Z40","v":0},{"$f":"X40*W40+Z40*W40","v":0},null,8577.8799999999992,{"$f":"AC40*AD40","v":0},4657.25,{"$f":"AC40*AF40","v":0},{"$f":"AD40*AC40+AF40*AC40","v":0},null,8577.8799999999992,{"$f":"AI40*AJ40","v":0},4657.25,{"$f":"AI40*AL40","v":0},{"$f":"AJ40*AI40+AL40*AI40","v":0},null,8577.8799999999992,{"$f":"AO40*AP40","v":0},4657.25,{"$f":"AO40*AR40","v":0},{"$f":"AP40*AO40+AR40*AO40","v":0},null,8577.8799999999992,{"$f":"AU40*AV40","v":0},4657.25,{"$f":"AU40*AX40","v":0},{"$f":"AV40*AU40+AX40*AU40","v":0},null,8577.8799999999992,{"$f":"BA40*BB40","v":0},4657.25,{"$f":"BA40*BD40","v":0},{"$f":"BB40*BA40+BD40*BA40","v":0},null,0,8577.8799999999992,{"$f":"BH40*BI40","v":0},4657.25,{"$f":"BH40*BK40","v":0},{"$f":"BI40*BH40+BK40*BH40","v":0},2,8577.8799999999992,{"$f":"BN40*BO40","v":17155.759999999998},4657.25,{"$f":"BN40*BQ40","v":9314.5},{"$f":"BO40*BN40+BQ40*BN40","v":26470.26}]
["1.1.5","Отделка потолков помещений",null,null,0,null,0,null,null,null,null,0,null,0,null,null,null,0,null,0,null,null,null,null,null,null,null,null,null,0,null,0,null,null,null,0,null,0,null,null,null,0,null,0,null,null,null,0,null,0,null,null,null,0,null,0,null,null,null,0,0,null,0,null,null,0,0,null,0]
["1.1.5.1","Подвесной потолок системы \"Армстронг\"","м2",301.39999999999998,3957.07,{"$f":"D42*E42","v":1192660.898},0,null,{"$f":"E42*D42+G42*D42","v":1192660.898},null,null,3957.07,{"$f":"K42*L42","v":0},0,null,{"$f":"L42*K42+N42*K42","v":0},null,3957.07,{"$f":"Q42*R42","v":0},0,null,{"$f":"R42*Q42+T42*Q42","v":0},301.39999999999998,3957.07,{"$f":"W42*X42","v":1192660.898},0,null,{"$f":"X42*W42+Z42*W42","v":1192660.898},null,3957.07,{"$f":"AC42*AD42","v":0},0,null,{"$f":"AD42*AC42+AF42*AC42","v":0},null,3957.07,{"$f":"AI42*AJ42","v":0},0,null,{"$f":"AJ42*AI42+AL42*AI42","v":0},null,3957.07,{"$f":"AO42*AP42","v":0},0,null,{"$f":"AP42*AO42+AR42*AO42","v":0},null,3957.07,{"$f":"AU42*AV42","v":0},0,null,{"$f":"AV42*AU42+AX42*AU42","v":0},null,3957.07,{"$f":"BA42*BB42","v":0},0,null,{"$f":"BB42*BA42+BD42*BA42","v":0},null,301.39999999999998,3957.07,{"$f":"BH42*BI42","v":1192660.898},0,null,{"$f":"BI42*BH42+BK42*BH42","v":1192660.898},0,3957.07,{"$f":"BN42*BO42","v":0},0,null,{"$f":"BO42*BN42+BQ42*BN42","v":0}]
["1.1.5.2","Подвесной потолок системы с шумоглушением","м2",168.8,1131.76,191041.08800000002,3051.39,{"$f":"D43*G43","v":515074.63200000004},706115.72000000009,null,null,1131.76,0,3051.39,{"$f":"K43*N43","v":0},0,null,1131.76,0,3051.39,{"$f":"Q43*T43","v":0},0,168.8,1131.76,191041.08800000002,3051.39,{"$f":"W43*Z43","v":515074.63200000004},706115.72000000009,null,1131.76,0,3051.39,{"$f":"AC43*AF43","v":0},0,null,1131.76,0,3051.39,{"$f":"AI43*AL43","v":0},0,null,1131.76,0,3051.39,{"$f":"AO43*AR43","v":0},0,null,1131.76,0,3051.39,{"$f":"AU43*AX43","v":0},0,null,1131.76,0,3051.39,{"$f":"BA43*BD43","v":0},0,null,168.8,1131.76,191041.08800000002,3051.39,{"$f":"BH43*BK43","v":515074.63200000004},706115.72000000009,0,1131.76,0,3051.39,{"$f":"BN43*BQ43","v":0},0]
["1.1.5.3","Реечный алюминиевый потолок","м2",111.8,7888.98,881987.96399999992,0,null,881987.96399999992,null,null,7888.98,0,0,null,0,null,7888.98,0,0,null,0,111.8,7888.98,881987.96399999992,0,null,881987.96399999992,null,7888.98,0,0,null,0,null,7888.98,0,0,null,0,null,7888.98,0,0,null,0,null,7888.98,0,0,null,0,null,7888.98,0,0,null,0,null,111.8,7888.98,881987.96399999992,0,null,881987.96399999992,0,7888.98,0,0,null,0]
["1.1.5.4","Затирка бетонной поверхности перекрытия перед устройством потолка","м2",206.75,1134.79,234617.83249999999,719.09,{"$f":"D45*G45","v":148671.85750000001},383289.69,null,null,1134.79,0,719.09,{"$f":"K45*N45","v":0},0,null,1134.79,0,719.09,{"$f":"Q45*T45","v":0},0,null,1134.79,0,719.09,{"$f":"W45*Z45","v":0},0,null,1134.79,0,719.09,{"$f":"AC45*AF45","v":0},0,null,1134.79,0,719.09,{"$f":"AI45*AL45","v":0},0,null,1134.79,0,719.09,{"$f":"AO45*AR45","v":0},0,null,1134.79,0,719.09,{"$f":"AU45*AX45","v":0},0,null,1134.79,0,719.09,{"$f":"BA45*BD45","v":0},0,null,0,1134.79,0,719.09,{"$f":"BH45*BK45","v":0},0,206.75,1134.79,234617.83249999999,719.09,{"$f":"BN45*BQ45","v":148671.85750000001},383289.69]
["1.1.5.5","Устроиство базового слоя шпаклевки","м2",69.400000000000006,888.18,61639.692000000003,462.8,{"$f":"D46*G46","v":32118.320000000003},93758.012000000002,null,null,888.18,0,462.8,{"$f":"K46*N46","v":0},0,null,888.18,0,462.8,{"$f":"Q46*T46","v":0},0,null,888.18,0,462.8,{"$f":"W46*Z46","v":0},0,null,888.18,0,462.8,{"$f":"AC46*AF46","v":0},0,null,888.18,0,462.8,{"$f":"AI46*AL46","v":0},0,null,888.18,0,462.8,{"$f":"AO46*AR46","v":0},0,null,888.18,0,462.8,{"$f":"AU46*AX46","v":0},0,null,888.18,0,462.8,{"$f":"BA46*BD46","v":0},0,null,0,888.18,0,462.8,{"$f":"BH46*BK46","v":0},0,69.400000000000006,888.18,61639.692000000003,462.8,{"$f":"BN46*BQ46","v":32118.320000000003},93758.012000000002]
["1.1.5.6","Устроиство финишного слоя шпаклевки","м2",69.400000000000006,1277.25,88641.150000000009,397.79,{"$f":"D47*G47","v":27606.626000000004},116247.77600000001,null,null,1277.25,0,397.79,{"$f":"K47*N47","v":0},0,null,1277.25,0,397.79,{"$f":"Q47*T47","v":0},0,null,1277.25,0,397.79,{"$f":"W47*Z47","v":0},0,null,1277.25,0,397.79,{"$f":"AC47*AF47","v":0},0,null,1277.25,0,397.79,{"$f":"AI47*AL47","v":0},0,null,1277.25,0,397.79,{"$f":"AO47*AR47","v":0},0,null,1277.25,0,397.79,{"$f":"AU47*AX47","v":0},0,null,1277.25,0,397.79,{"$f":"BA47*BD47","v":0},0,null,0,1277.25,0,397.79,{"$f":"BH47*BK47","v":0},0,69.400000000000006,1277.25,88641.150000000009,397.79,{"$f":"BN47*BQ47","v":27606.626000000004},116247.77600000001]
["1.1.5.7","Окраска потолка силикатной краской за 2 раза ","м2",69.400000000000006,635.48,{"$f":"D48*E48","v":44102.312000000005},740.97,{"$f":"D48*G48","v":51423.318000000007},95525.63,null,null,635.48,{"$f":"K48*L48","v":0},740.97,{"$f":"K48*N48","v":0},0,null,635.48,{"$f":"Q48*R48","v":0},740.97,{"$f":"Q48*T48","v":0},0,null,635.48,{"$f":"W48*X48","v":0},740.97,{"$f":"W48*Z48","v":0},0,null,635.48,{"$f":"AC48*AD48","v":0},740.97,{"$f":"AC48*AF48","v":0},0,null,635.48,{"$f":"AI48*AJ48","v":0},740.97,{"$f":"AI48*AL48","v":0},0,null,635.48,{"$f":"AO48*AP48","v":0},740.97,{"$f":"AO48*AR48","v":0},0,null,635.48,{"$f":"AU48*AV48","v":0},740.97,{"$f":"AU48*AX48","v":0},0,null,635.48,{"$f":"BA48*BB48","v":0},740.97,{"$f":"BA48*BD48","v":0},0,null,0,635.48,{"$f":"BH48*BI48","v":0},740.97,{"$f":"BH48*BK48","v":0},0,69.400000000000006,635.48,{"$f":"BN48*BO48","v":44102.312000000005},740.97,{"$f":"BN48*BQ48","v":51423.318000000007},95525.63]
["1.1.5.8","Грунтовка поверхностей перед окрашиванием ","м2",69.400000000000006,75.650000000000006,{"$f":"D49*E49","v":5250.1100000000006},42.3,{"$f":"D49*G49","v":2935.62},8185.7300000000005,null,null,75.650000000000006,{"$f":"K49*L49","v":0},42.3,{"$f":"K49*N49","v":0},0,null,75.650000000000006,{"$f":"Q49*R49","v":0},42.3,{"$f":"Q49*T49","v":0},0,null,75.650000000000006,{"$f":"W49*X49","v":0},42.3,{"$f":"W49*Z49","v":0},0,null,75.650000000000006,{"$f":"AC49*AD49","v":0},42.3,{"$f":"AC49*AF49","v":0},0,null,75.650000000000006,{"$f":"AI49*AJ49","v":0},42.3,{"$f":"AI49*AL49","v":0},0,null,75.650000000000006,{"$f":"AO49*AP49","v":0},42.3,{"$f":"AO49*AR49","v":0},0,null,75.650000000000006,{"$f":"AU49*AV49","v":0},42.3,{"$f":"AU49*AX49","v":0},0,null,75.650000000000006,{"$f":"BA49*BB49","v":0},42.3,{"$f":"BA49*BD49","v":0},0,null,0,75.650000000000006,{"$f":"BH49*BI49","v":0},42.3,{"$f":"BH49*BK49","v":0},0,69.400000000000006,75.650000000000006,{"$f":"BN49*BO49","v":5250.1100000000006},42.3,{"$f":"BN49*BQ49","v":2935.62},8185.7300000000005]
["1.1.6","Полы помещений",null,null,0,null,0,null,null,null,null,0,null,0,null,null,null,0,null,0,null,null,null,0,null,0,null,null,null,0,null,0,null,null,null,0,null,0,null,null,null,0,null,0,null,null,null,0,null,0,null,null,null,0,null,0,null,null,null,0,0,null,0,null,null,0,0,null,0]
["1.1.6.1","Очистка поверхности от грязи и мусора","м2",352.5,378,{"$f":"D51*E51","v":133245},72.930000000000007,{"$f":"D51*G51","v":25707.825000000001},{"$f":"E51*D51+G51*D51","v":158952.82500000001},null,352.5,378,{"$f":"K51*L51","v":133245},72.930000000000007,{"$f":"K51*N51","v":25707.825000000001},{"$f":"L51*K51+N51*K51","v":158952.82500000001},null,378,{"$f":"Q51*R51","v":0},72.930000000000007,{"$f":"Q51*T51","v":0},{"$f":"R51*Q51+T51*Q51","v":0},null,378,{"$f":"W51*X51","v":0},72.930000000000007,{"$f":"W51*Z51","v":0},{"$f":"X51*W51+Z51*W51","v":0},null,378,{"$f":"AC51*AD51","v":0},72.930000000000007,{"$f":"AC51*AF51","v":0},{"$f":"AD51*AC51+AF51*AC51","v":0},null,378,{"$f":"AI51*AJ51","v":0},72.930000000000007,{"$f":"AI51*AL51","v":0},{"$f":"AJ51*AI51+AL51*AI51","v":0},null,378,{"$f":"AO51*AP51","v":0},72.930000000000007,{"$f":"AO51*AR51","v":0},{"$f":"AP51*AO51+AR51*AO51","v":0},null,378,{"$f":"AU51*AV51","v":0},72.930000000000007,{"$f":"AU51*AX51","v":0},{"$f":"AV51*AU51+AX51*AU51","v":0},null,378,{"$f":"BA51*BB51","v":0},72.930000000000007,{"$f":"BA51*BD51","v":0},{"$f":"BB51*BA51+BD51*BA51","v":0},null,352.5,378,{"$f":"BH51*BI51","v":133245},72.930000000000007,{"$f":"BH51*BK51","v":25707.825000000001},{"$f":"BI51*BH51+BK51*BH51","v":158952.82500000001},0,378,{"$f":"BN51*BO51","v":0},72.930000000000007,{"$f":"BN51*BQ51","v":0},{"$f":"BO51*BN51+BQ51*BN51","v":0}]
["1.1.6.2","Устройство пола из бетона кл. В25 толщиной до 100 мм","м3",7.87,13208,103946.96,14998,118034.26,221981.22,null,7.87,13208,103946.96,14998,118034.26,221981.22,null,13208,0,14998,0,0,null,13208,0,14998,0,0,null,13208,0,14998,0,0,null,13208,0,14998,0,0,null,13208,0,14998,0,0,null,13208,0,14998,0,0,null,13208,0,14998,0,0,null,7.87,13208,103946.96,14998,118034.26,221981.22,0,13208,0,14998,0,0]
["1.1.6.3","Керамогранитная плитка","м2",187.8,4772,896181.60000000009,2131,400201.80000000005,1296383.4000000001,null,null,4772,0,2131,0,0,null,4772,0,2131,0,0,187.8,4772,896181.60000000009,2131,400201.80000000005,1296383.4000000001,null,4772,0,2131,0,0,null,4772,0,2131,0,0,null,4772,0,2131,0,0,null,4772,0,2131,0,0,null,4772,0,2131,0,0,null,187.8,4772,896181.60000000009,2131,400201.80000000005,1296383.4000000001,0,4772,0,2131,0,0]
["1.1.6.4","Напольная керамическая плитка","м2",332.1,2629,873090.9,3034,1007591.4,1880682.3,null,null,2629,0,3034,0,0,null,2629,0,3034,0,0,null,2629,0,3034,0,0,null,2629,0,3034,0,0,null,2629,0,3034,0,0,null,2629,0,3034,0,0,null,2629,0,3034,0,0,null,2629,0,3034,0,0,null,0,2629,0,3034,0,0,332.1,2629,873090.9,3034,1007591.4,1880682.3]
["1.1.6.5","Коммерческий линолеум (33-34 кл.)","м2",121.8,708.11,86247.797999999995,2641.52,321737.136,407984.93400000001,null,null,708.11,0,2641.52,0,0,null,708.11,0,2641.52,0,0,121.8,708.11,86247.797999999995,2641.52,321737.136,407984.93400000001,null,708.11,0,2641.52,0,0,null,708.11,0,2641.52,0,0,null,708.11,0,2641.52,0,0,null,708.11,0,2641.52,0,0,null,708.11,0,2641.52,0,0,null,121.8,708.11,86247.797999999995,2641.52,321737.136,407984.93400000001,0,708.11,0,2641.52,0,0]
["1.1.6.6","Гидроизоляция Гидроизол","м2",141.30000000000001,680.87,96206.931000000011,1083.74,153132.462,249339.39300000001,null,null,680.87,0,1083.74,0,0,null,680.87,0,1083.74,0,0,141.30000000000001,680.87,96206.931000000011,1083.74,153132.462,249339.39300000001,null,680.87,0,1083.74,0,0,null,680.87,0,1083.74,0,0,null,680.87,0,1083.74,0,0,null,680.87,0,1083.74,0,0,null,680.87,0,1083.74,0,0,null,141.30000000000001,680.87,96206.931000000011,1083.74,153132.462,249339.39300000001,0,680.87,0,1083.74,0,0]
["1.1.6.7","Наливной пол толщиной до 50мм","м2",355.6,3576,1271625.6000000001,1630,579628,1851253.6,null,null,3576,0,1630,0,0,null,3576,0,1630,0,0,355.6,3576,1271625.6000000001,1630,579628,1851253.6,null,3576,0,1630,0,0,null,3576,0,1630,0,0,null,3576,0,1630,0,0,null,3576,0,1630,0,0,null,3576,0,1630,0,0,null,355.6,3576,1271625.6000000001,1630,579628,1851253.6,0,3576,0,1630,0,0]
["1.1.6.8","Керамогранитная плитка с шероховатой поверхностью","м2",2,4149,8298,2131,4262,12560,null,null,4149,0,2131,0,0,null,4149,0,2131,0,0,null,4149,0,2131,0,0,null,4149,0,2131,0,0,null,4149,0,2131,0,0,null,4149,0,2131,0,0,null,4149,0,2131,0,0,null,4149,0,2131,0,0,null,0,4149,0,2131,0,0,2,4149,8298,2131,4262,12560]
["1.1.6.9","Наливной пол толщиной до 45мм армированный сеткой d4 В500 100х100","м2",141.30000000000001,3470,490311.00000000006,1590,224667.00000000003,714978.00000000012,null,null,3470,0,1590,0,0,null,3470,0,1590,0,0,null,3470,0,1590,0,0,null,3470,0,1590,0,0,null,3470,0,1590,0,0,null,3470,0,1590,0,0,null,3470,0,1590,0,0,null,3470,0,1590,0,0,null,0,3470,0,1590,0,0,141.30000000000001,3470,490311.00000000006,1590,224667.00000000003,714978.00000000012]
["1.1.6.10","Грунтовка поверхностей перед финишным покрытием","м2",1140.5999999999999,75.650000000000006,86286.39,42.3,48247.37999999999,134533.76999999999,null,null,75.650000000000006,0,42.3,0,0,null,75.650000000000006,0,42.3,0,0,null,75.650000000000006,0,42.3,0,0,null,75.650000000000006,0,42.3,0,0,null,75.650000000000006,0,42.3,0,0,null,75.650000000000006,0,42.3,0,0,null,75.650000000000006,0,42.3,0,0,null,75.650000000000006,0,42.3,0,0,null,0,75.650000000000006,0,42.3,0,0,1140.5999999999999,75.650000000000006,86286.39,42.3,48247.37999999999,134533.76999999999]
["1.1.7","Отделка стен помещений","м2",1194.52,4448,5313224.96,3702,4422113.04,9735338,null,98.58,4448,438483.83999999997,3702,364943.16,803427,null,4448,0,3702,0,0,1095.94,4448,4874741.12,3702,4057169.8800000004,8931911,null,4448,0,3702,0,0,null,4448,0,3702,0,0,null,4448,0,3702,0,0,null,4448,0,3702,0,0,null,4448,0,3702,0,0,null,1194.52,4448,5313224.96,3702,4422113.04,9735338,0,4448,0,3702,0,0]
["1.1.8","Установка потивопожарных окон","шт",11,34209,376299,89433,983763,1360062,null,null,34209,0,89433,0,0,null,34209,0,89433,0,0,11,34209,376299,89433,983763,1360062,null,34209,0,89433,0,0,null,34209,0,89433,0,0,null,34209,0,89433,0,0,null,34209,0,89433,0,0,null,34209,0,89433,0,0,null,11,34209,376299,89433,983763,1360062,0,34209,0,89433,0,0]
["1.1.9","Установка внутренних окон","шт",6,18204,109224,79865,479190,588414,null,null,18204,0,79865,0,0,null,18204,0,79865,0,0,6,18204,109224,79865,479190,588414,null,18204,0,79865,0,0,null,18204,0,79865,0,0,null,18204,0,79865,0,0,null,18204,0,79865,0,0,null,18204,0,79865,0,0,null,6,18204,109224,79865,479190,588414,0,18204,0,79865,0,0]
["1.1.10","Установка потивопожарных дверей","шт",42,14176,595392,34900,1465800,2061192,null,null,14176,0,34900,0,0,null,14176,0,34900,0,0,5,14176,70880,34900,174500,245380,null,14176,0,34900,0,0,null,14176,0,34900,0,0,null,14176,0,34900,0,0,null,14176,0,34900,0,0,null,14176,0,34900,0,0,null,5,14176,70880,34900,174500,245380,37,14176,524512,34900,1291300,1815812]
["1.1.11","Лестничная клетка","шт",1,504288.43,504288.43,855301.2,855301.2,1359589.63,null,null,504288.43,0,855301.2,0,0,null,504288.43,0,855301.2,0,0,0.9,504288.43,453859.587,855301.2,769771.08,1223630.6669999999,null,504288.43,0,855301.2,0,0,null,504288.43,0,855301.2,0,0,null,504288.43,0,855301.2,0,0,null,504288.43,0,855301.2,0,0,null,504288.43,0,855301.2,0,0,null,0.9,504288.43,453859.587,855301.2,769771.08,1223630.6669999999,9.9999999999999978E-2,504288.43,50428.842999999986,855301.2,85530.119999999981,135958.96299999996]
["1.1.12","Устройство перекрытия","м3",41.2,44343.5,1826952.2000000002,47372,1951726.4000000001,3778678.6000000006,null,41.2,44343.5,1826952.2000000002,47372,1951726.4000000001,3778678.6000000006,null,44343.5,0,47372,0,0,null,44343.5,0,47372,0,0,null,44343.5,0,47372,0,0,null,44343.5,0,47372,0,0,null,44343.5,0,47372,0,0,null,44343.5,0,47372,0,0,null,44343.5,0,47372,0,0,null,41.2,44343.5,1826952.2000000002,47372,1951726.4000000001,3778678.6000000006,0,44343.5,0,47372,0,0]
["1.1.13","Пол АБК","м2",387,3576,1383912,3510,1358370,2742282,null,null,3576,0,3510,0,0,387,3576,1383912,3510,1358370,2742282,null,3576,0,3510,0,0,null,3576,0,3510,0,0,null,3576,0,3510,0,0,null,3576,0,3510,0,0,null,3576,0,3510,0,0,null,3576,0,3510,0,0,null,387,3576,1383912,3510,1358370,2742282,0,3576,0,3510,0,0]
["1.1.14","Прорезка проёмов дверных и оконных","шт",15,25728.400000000001,385926,850.2,12753,398679,null,15,25728.400000000001,385926,850.2,12753,398679,null,25728.400000000001,0,850.2,0,0,null,25728.400000000001,0,850.2,0,0,null,25728.400000000001,0,850.2,0,0,null,25728.400000000001,0,850.2,0,0,null,25728.400000000001,0,850.2,0,0,null,25728.400000000001,0,850.2,0,0,null,25728.400000000001,0,850.2,0,0,null,15,25728.400000000001,385926,850.2,12753,398679,0,25728.400000000001,0,850.2,0,0]
["1.1.15","Устройство отверстия на кровле в осях В/32-34","шт",1,89509.68,89509.68,73184.800000000003,73184.800000000003,162694.47999999998,null,null,89509.68,0,73184.800000000003,0,0,null,89509.68,0,73184.800000000003,0,0,null,89509.68,0,73184.800000000003,0,0,null,89509.68,0,73184.800000000003,0,0,null,89509.68,0,73184.800000000003,0,0,null,89509.68,0,73184.800000000003,0,0,null,89509.68,0,73184.800000000003,0,0,null,89509.68,0,73184.800000000003,0,0,null,0,89509.68,0,73184.800000000003,0,0,1,89509.68,89509.68,73184.800000000003,73184.800000000003,162694.47999999998]
["1.1.16","Проходка воздуховодов сквозь кровлю АБК","шт",12,11909.97,142919.63999999998,4538.7299999999996,54464.759999999995,197384.39999999997,null,null,11909.97,0,4538.7299999999996,0,0,null,11909.97,0,4538.7299999999996,0,0,null,11909.97,0,4538.7299999999996,0,0,null,11909.97,0,4538.7299999999996,0,0,null,11909.97,0,4538.7299999999996,0,0,null,11909.97,0,4538.7299999999996,0,0,null,11909.97,0,4538.7299999999996,0,0,null,11909.97,0,4538.7299999999996,0,0,null,0,11909.97,0,4538.7299999999996,0,0,12,11909.97,142919.63999999998,4538.7299999999996,54464.759999999995,197384.39999999997]
["1.1.17","Устройство мк отверстий диам. 400 мм в покрытии здания","шт",5,43829.72,219148.6,26306.28,131531.4,350680,null,null,43829.72,0,26306.28,0,0,null,43829.72,0,26306.28,0,0,null,43829.72,0,26306.28,0,0,null,43829.72,0,26306.28,0,0,null,43829.72,0,26306.28,0,0,null,43829.72,0,26306.28,0,0,null,43829.72,0,26306.28,0,0,null,43829.72,0,26306.28,0,0,null,0,43829.72,0,26306.28,0,0,5,43829.72,219148.6,26306.28,131531.4,350680]
["1.1.18","Устройство дверного проёма в стене цеха (пож.выход)","шт",1,219290.07,219290.07,155542.39999999999,155542.39999999999,374832.47,null,null,219290.07,0,155542.39999999999,0,0,null,219290.07,0,155542.39999999999,0,0,1,219290.07,219290.07,155542.39999999999,155542.39999999999,374832.47,null,219290.07,0,155542.39999999999,0,0,null,219290.07,0,155542.39999999999,0,0,null,219290.07,0,155542.39999999999,0,0,null,219290.07,0,155542.39999999999,0,0,null,219290.07,0,155542.39999999999,0,0,null,1,219290.07,219290.07,155542.39999999999,155542.39999999999,374832.47,0,219290.07,0,155542.39999999999,0,0]
["1.1.19","Дополнительные работы",null,null,0,null,0,null,null,null,null,0,null,0,null,null,null,0,null,0,null,null,null,0,null,0,null,null,null,0,null,0,null,null,null,0,null,0,null,null,null,0,null,0,null,null,null,0,null,0,null,null,null,0,null,0,null,null,null,0,0,null,0,null,null,0,0,null,0]
["1.1.19.1","Обшивка стен Гипсокартон ГКЛ толщиной 12,5 мм в 2 слоя","м2",76,2955,{"$f":"D74*E74","v":224580},3501,{"$f":"D74*G74","v":266076},{"$f":"E74*D74+G74*D74","v":490656},null,null,2955,{"$f":"K74*L74","v":0},3501,{"$f":"K74*N74","v":0},{"$f":"L74*K74+N74*K74","v":0},null,2955,{"$f":"Q74*R74","v":0},3501,{"$f":"Q74*T74","v":0},{"$f":"R74*Q74+T74*Q74","v":0},null,2955,{"$f":"W74*X74","v":0},3501,{"$f":"W74*Z74","v":0},{"$f":"X74*W74+Z74*W74","v":0},null,2955,{"$f":"AC74*AD74","v":0},3501,{"$f":"AC74*AF74","v":0},{"$f":"AD74*AC74+AF74*AC74","v":0},null,2955,{"$f":"AI74*AJ74","v":0},3501,{"$f":"AI74*AL74","v":0},{"$f":"AJ74*AI74+AL74*AI74","v":0},null,2955,{"$f":"AO74*AP74","v":0},3501,{"$f":"AO74*AR74","v":0},{"$f":"AP74*AO74+AR74*AO74","v":0},null,2955,{"$f":"AU74*AV74","v":0},3501,{"$f":"AU74*AX74","v":0},{"$f":"AV74*AU74+AX74*AU74","v":0},null,2955,{"$f":"BA74*BB74","v":0},3501,{"$f":"BA74*BD74","v":0},{"$f":"BB74*BA74+BD74*BA74","v":0},null,0,2955,{"$f":"BH74*BI74","v":0},3501,{"$f":"BH74*BK74","v":0},{"$f":"BI74*BH74+BK74*BH74","v":0},76,2955,{"$f":"BN74*BO74","v":224580},3501,{"$f":"BN74*BQ74","v":266076},{"$f":"BO74*BN74+BQ74*BN74","v":490656}]
["1.1.19.2","Перенос дверных проёмов","шт",4,42024.27,{"$f":"D75*E75","v":168097.08},15381.6,{"$f":"D75*G75","v":61526.400000000001},{"$f":"E75*D75+G75*D75","v":229623.47999999998},null,null,42024.27,{"$f":"K75*L75","v":0},15381.6,{"$f":"K75*N75","v":0},{"$f":"L75*K75+N75*K75","v":0},null,42024.27,{"$f":"Q75*R75","v":0},15381.6,{"$f":"Q75*T75","v":0},{"$f":"R75*Q75+T75*Q75","v":0},null,42024.27,{"$f":"W75*X75","v":0},15381.6,{"$f":"W75*Z75","v":0},{"$f":"X75*W75+Z75*W75","v":0},null,42024.27,{"$f":"AC75*AD75","v":0},15381.6,{"$f":"AC75*AF75","v":0},{"$f":"AD75*AC75+AF75*AC75","v":0},null,42024.27,{"$f":"AI75*AJ75","v":0},15381.6,{"$f":"AI75*AL75","v":0},{"$f":"AJ75*AI75+AL75*AI75","v":0},null,42024.27,{"$f":"AO75*AP75","v":0},15381.6,{"$f":"AO75*AR75","v":0},{"$f":"AP75*AO75+AR75*AO75","v":0},null,42024.27,{"$f":"AU75*AV75","v":0},15381.6,{"$f":"AU75*AX75","v":0},{"$f":"AV75*AU75+AX75*AU75","v":0},null,42024.27,{"$f":"BA75*BB75","v":0},15381.6,{"$f":"BA75*BD75","v":0},{"$f":"BB75*BA75+BD75*BA75","v":0},null,0,42024.27,{"$f":"BH75*BI75","v":0},15381.6,{"$f":"BH75*BK75","v":0},{"$f":"BI75*BH75+BK75*BH75","v":0},4,42024.27,{"$f":"BN75*BO75","v":168097.08},15381.6,{"$f":"BN75*BQ75","v":61526.400000000001},{"$f":"BO75*BN75+BQ75*BN75","v":229623.47999999998}]
["1.1.19.3","Обрамление оконных проёмов","шт",11,10938.3,{"$f":"D76*E76","v":120321.29999999999},8970,{"$f":"D76*G76","v":98670},{"$f":"E76*D76+G76*D76","v":218991.3},null,null,10938.3,{"$f":"K76*L76","v":0},8970,{"$f":"K76*N76","v":0},{"$f":"L76*K76+N76*K76","v":0},null,10938.3,{"$f":"Q76*R76","v":0},8970,{"$f":"Q76*T76","v":0},{"$f":"R76*Q76+T76*Q76","v":0},null,10938.3,{"$f":"W76*X76","v":0},8970,{"$f":"W76*Z76","v":0},{"$f":"X76*W76+Z76*W76","v":0},null,10938.3,{"$f":"AC76*AD76","v":0},8970,{"$f":"AC76*AF76","v":0},{"$f":"AD76*AC76+AF76*AC76","v":0},null,10938.3,{"$f":"AI76*AJ76","v":0},8970,{"$f":"AI76*AL76","v":0},{"$f":"AJ76*AI76+AL76*AI76","v":0},null,10938.3,{"$f":"AO76*AP76","v":0},8970,{"$f":"AO76*AR76","v":0},{"$f":"AP76*AO76+AR76*AO76","v":0},null,10938.3,{"$f":"AU76*AV76","v":0},8970,{"$f":"AU76*AX76","v":0},{"$f":"AV76*AU76+AX76*AU76","v":0},null,10938.3,{"$f":"BA76*BB76","v":0},8970,{"$f":"BA76*BD76","v":0},{"$f":"BB76*BA76+BD76*BA76","v":0},null,0,10938.3,{"$f":"BH76*BI76","v":0},8970,{"$f":"BH76*BK76","v":0},{"$f":"BI76*BH76+BK76*BH76","v":0},11,10938.3,{"$f":"BN76*BO76","v":120321.29999999999},8970,{"$f":"BN76*BQ76","v":98670},{"$f":"BO76*BN76+BQ76*BN76","v":218991.3}]
["1.1.19.4","Демонтаж и монтаж временных ворот","шт",1,73821.119999999995,{"$f":"D77*E77","v":73821.119999999995},4750.2,{"$f":"D77*G77","v":4750.2},{"$f":"E77*D77+G77*D77","v":78571.319999999992},null,null,73821.119999999995,{"$f":"K77*L77","v":0},4750.2,{"$f":"K77*N77","v":0},{"$f":"L77*K77+N77*K77","v":0},null,73821.119999999995,{"$f":"Q77*R77","v":0},4750.2,{"$f":"Q77*T77","v":0},{"$f":"R77*Q77+T77*Q77","v":0},null,73821.119999999995,{"$f":"W77*X77","v":0},4750.2,{"$f":"W77*Z77","v":0},{"$f":"X77*W77+Z77*W77","v":0},null,73821.119999999995,{"$f":"AC77*AD77","v":0},4750.2,{"$f":"AC77*AF77","v":0},{"$f":"AD77*AC77+AF77*AC77","v":0},null,73821.119999999995,{"$f":"AI77*AJ77","v":0},4750.2,{"$f":"AI77*AL77","v":0},{"$f":"AJ77*AI77+AL77*AI77","v":0},null,73821.119999999995,{"$f":"AO77*AP77","v":0},4750.2,{"$f":"AO77*AR77","v":0},{"$f":"AP77*AO77+AR77*AO77","v":0},null,73821.119999999995,{"$f":"AU77*AV77","v":0},4750.2,{"$f":"AU77*AX77","v":0},{"$f":"AV77*AU77+AX77*AU77","v":0},null,73821.119999999995,{"$f":"BA77*BB77","v":0},4750.2,{"$f":"BA77*BD77","v":0},{"$f":"BB77*BA77+BD77*BA77","v":0},null,0,73821.119999999995,{"$f":"BH77*BI77","v":0},4750.2,{"$f":"BH77*BK77","v":0},{"$f":"BI77*BH77+BK77*BH77","v":0},1,73821.119999999995,{"$f":"BN77*BO77","v":73821.119999999995},4750.2,{"$f":"BN77*BQ77","v":4750.2},{"$f":"BO77*BN77+BQ77*BN77","v":78571.319999999992}]
["1.1.20","Монтаж фасоных элементов"," "," ",0,null,0,null,null,null,null,0,null,0,null,null,null,0,null,0,null,null,null,0,null,0,null,null,null,0,null,0,null,null,null,0,null,0,null,null,null,0,null,0,null,null,null,0,null,0,null,null,null,0,null,0,null,null,null,0,0,null,0,null,null,null,0,null,0]
["1.1.20.1","Монтаж фасоного элемента Дз-1","м.п.",7.45,600,{"$f":"D79*E79","v":4470},1345.5,{"$f":"D79*G79","v":10023.975},{"$f":"E79*D79+G79*D79","v":14493.975},null,null,600,{"$f":"K79*L79","v":0},1345.5,{"$f":"K79*N79","v":0},{"$f":"L79*K79+N79*K79","v":0},null,600,{"$f":"Q79*R79","v":0},1345.5,{"$f":"Q79*T79","v":0},{"$f":"R79*Q79+T79*Q79","v":0},null,600,{"$f":"W79*X79","v":0},1345.5,{"$f":"W79*Z79","v":0},{"$f":"X79*W79+Z79*W79","v":0},null,600,{"$f":"AC79*AD79","v":0},1345.5,{"$f":"AC79*AF79","v":0},{"$f":"AD79*AC79+AF79*AC79","v":0},null,600,{"$f":"AI79*AJ79","v":0},1345.5,{"$f":"AI79*AL79","v":0},{"$f":"AJ79*AI79+AL79*AI79","v":0},null,600,{"$f":"AO79*AP79","v":0},1345.5,{"$f":"AO79*AR79","v":0},{"$f":"AP79*AO79+AR79*AO79","v":0},null,600,{"$f":"AU79*AV79","v":0},1345.5,{"$f":"AU79*AX79","v":0},{"$f":"AV79*AU79+AX79*AU79","v":0},null,600,{"$f":"BA79*BB79","v":0},1345.5,{"$f":"BA79*BD79","v":0},{"$f":"BB79*BA79+BD79*BA79","v":0},null,0,600,{"$f":"BH79*BI79","v":0},1345.5,{"$f":"BH79*BK79","v":0},{"$f":"BI79*BH79+BK79*BH79","v":0},7.45,600,{"$f":"BN79*BO79","v":4470},1345.5,{"$f":"BN79*BQ79","v":10023.975},{"$f":"BO79*BN79+BQ79*BN79","v":14493.975}]
["1.1.20.2","Монтаж фасоного элемента Дз-2","м.п.",15,600,9000,678.6,10179,19179,null,null,600,0,678.6,0,0,null,600,0,678.6,0,0,null,600,0,678.6,0,0,null,600,0,678.6,0,0,null,600,0,678.6,0,0,null,600,0,678.6,0,0,null,600,0,678.6,0,0,null,600,0,678.6,0,0,null,0,600,0,678.6,0,0,15,600,9000,678.6,10179,19179]
["1.1.20.3","Монтаж фасоного элемента Дз-3","м.п.",64,600,38400,508.3,32531.200000000001,70931.199999999997,null,null,600,0,508.3,0,0,null,600,0,508.3,0,0,null,600,0,508.3,0,0,null,600,0,508.3,0,0,null,600,0,508.3,0,0,null,600,0,508.3,0,0,null,600,0,508.3,0,0,null,600,0,508.3,0,0,null,0,600,0,508.3,0,0,64,600,38400,508.3,32531.200000000001,70931.199999999997]
["1.1.20.4","Монтаж фасоного элемента Дз-4","м.п.",64,600,38400,491.4,31449.599999999999,69849.600000000006,null,null,600,0,491.4,0,0,null,600,0,491.4,0,0,null,600,0,491.4,0,0,null,600,0,491.4,0,0,null,600,0,491.4,0,0,null,600,0,491.4,0,0,null,600,0,491.4,0,0,null,600,0,491.4,0,0,null,0,600,0,491.4,0,0,64,600,38400,491.4,31449.599999999999,69849.600000000006]
["1.1.20.5","Монтаж фасоного элемента Дз-5","м.п.",64,600,38400,565.5,36192,74592,null,null,600,0,565.5,0,0,null,600,0,565.5,0,0,null,600,0,565.5,0,0,null,600,0,565.5,0,0,null,600,0,565.5,0,0,null,600,0,565.5,0,0,null,600,0,565.5,0,0,null,600,0,565.5,0,0,null,0,600,0,565.5,0,0,64,600,38400,565.5,36192,74592]
["1.1.20.6","Монтаж колонн (усиление перегородок)","шт",7,36465,255255,8931,62517,317772,null,null,36465,0,8931,0,0,null,36465,0,8931,0,0,null,36465,0,8931,0,0,null,36465,0,8931,0,0,null,36465,0,8931,0,0,null,36465,0,8931,0,0,null,36465,0,8931,0,0,null,36465,0,8931,0,0,null,0,36465,0,8931,0,0,7,36465,255255,8931,62517,317772]
["1.1.20.7","Демонтаж ГКЛ 2 слоя","м2",36,1166,41976,0,null,41976,null,null,1166,0,0,null,0,null,1166,0,0,null,0,null,1166,0,0,null,0,null,1166,0,0,null,0,null,1166,0,0,null,0,null,1166,0,0,null,0,null,1166,0,0,null,0,null,1166,0,0,null,0,null,0,1166,0,0,null,0,36,1166,41976,0,null,41976]
["1.1.20.8","Монтаж профильной трубы 40х40","м.п.",12,904,10848,453,{"$f":"D86*G86","v":5436},16284,null,null,904,0,453,{"$f":"K86*N86","v":0},0,null,904,0,453,{"$f":"Q86*T86","v":0},0,null,904,0,453,{"$f":"W86*Z86","v":0},0,null,904,0,453,{"$f":"AC86*AF86","v":0},0,null,904,0,453,{"$f":"AI86*AL86","v":0},0,null,904,0,453,{"$f":"AO86*AR86","v":0},0,null,904,0,453,{"$f":"AU86*AX86","v":0},0,null,904,0,453,{"$f":"BA86*BD86","v":0},0,null,0,904,0,453,{"$f":"BH86*BK86","v":0},0,12,904,10848,453,{"$f":"BN86*BQ86","v":5436},16284]
["1.1.20.9","Монтаж ГКЛ 2 слоя","м2",36,1690,60840,1625,58500,119340,null,null,1690,0,1625,0,0,null,1690,0,1625,0,0,null,1690,0,1625,0,0,null,1690,0,1625,0,0,null,1690,0,1625,0,0,null,1690,0,1625,0,0,null,1690,0,1625,0,0,null,1690,0,1625,0,0,null,0,1690,0,1625,0,0,36,1690,60840,1625,58500,119340]
["1.1.20.10","Увеличение дверных проёмов","шт",12,7585,91020,1716,20592,111612,null,null,7585,0,1716,0,0,null,7585,0,1716,0,0,null,7585,0,1716,0,0,null,7585,0,1716,0,0,null,7585,0,1716,0,0,null,7585,0,1716,0,0,null,7585,0,1716,0,0,null,7585,0,1716,0,0,null,0,7585,0,1716,0,0,12,7585,91020,1716,20592,111612]
["1.1.20.11","Наливной пол толщиной до 50мм","м2",125.1,1286,160878.6,2430,303993,464871.6,null,null,1286,0,2430,0,0,null,1286,0,2430,0,0,null,1286,0,2430,0,0,null,1286,0,2430,0,0,null,1286,0,2430,0,0,null,1286,0,2430,0,0,null,1286,0,2430,0,0,null,1286,0,2430,0,0,null,0,1286,0,2430,0,0,125.1,1286,160878.6,2430,303993,464871.6]
["1.1.20.12","Усиление площадки лестничного марша","шт",4,36465,145860,7524,30096,175956,null,null,36465,0,7524,0,0,null,36465,0,7524,0,0,null,36465,0,7524,0,0,null,36465,0,7524,0,0,null,36465,0,7524,0,0,null,36465,0,7524,0,0,null,36465,0,7524,0,0,null,36465,0,7524,0,0,null,0,36465,0,7524,0,0,4,36465,145860,7524,30096,175956]
["1.1.20.13","Устройство стен из газобетонных блоков","м3",1.87,6809,12732.83,13857,25912.59,38645.42,null,null,6809,0,13857,0,0,null,6809,0,13857,0,0,null,6809,0,13857,0,0,null,6809,0,13857,0,0,null,6809,0,13857,0,0,null,6809,0,13857,0,0,null,6809,0,13857,0,0,null,6809,0,13857,0,0,null,0,6809,0,13857,0,0,1.87,6809,12732.83,13857,25912.59,38645.42]
["1.1.20.14","Облицовка ступеней плиткой на лестнечной клетке","шт",24,3710,89040,2543,61032,150072,null,null,3710,0,2543,0,0,null,3710,0,2543,0,0,null,3710,0,2543,0,0,null,3710,0,2543,0,0,null,3710,0,2543,0,0,null,3710,0,2543,0,0,null,3710,0,2543,0,0,null,3710,0,2543,0,0,null,0,3710,0,2543,0,0,24,3710,89040,2543,61032,150072]
["1.1.20.15","Штукатурка откосов Ролл ворот в цеху","м.п.",150,1135,170250,567,85050,255300,null,null,1135,0,567,0,0,null,1135,0,567,0,0,null,1135,0,567,0,0,null,1135,0,567,0,0,null,1135,0,567,0,0,null,1135,0,567,0,0,null,1135,0,567,0,0,null,1135,0,567,0,0,null,0,1135,0,567,0,0,150,1135,170250,567,85050,255300]
["1.2","130-23-АС1 Архитектурно-строительные решения",null,null,null,{"$f":"F96+F97+F99+F101+F102+F105+F106+F108","v":9370353.4800000004},null,{"$f":"H96+H97+H99+H101+H102+H105+H106+H108","v":19579106},{"$f":"I96+I97+I99+I101+I102+I105+I106+I108","v":28949459.48},null,null,null,{"$f":"M96+M97+M99+M101+M102+M105+M106+M108","v":4084784.62},null,{"$f":"O96+O97+O99+O101+O102+O105+O106+O108","v":10885660},{"$f":"P96+P97+P99+P101+P102+P105+P106+P108","v":14970444.620000001},null,null,{"$f":"S96+S97+S99+S101+S102+S105+S106+S108","v":813300},null,{"$f":"U96+U97+U99+U101+U102+U105+U106+U108","v":2211900},{"$f":"V96+V97+V99+V101+V102+V105+V106+V108","v":3025200},null,null,{"$f":"Y96+Y97+Y99+Y101+Y102+Y105+Y106+Y108","v":3109117.4},null,{"$f":"AA96+AA97+AA99+AA101+AA102+AA105+AA106+AA108","v":4828757},{"$f":"AB96+AB97+AB99+AB101+AB102+AB105+AB106+AB108","v":7937874.4000000004},null,null,{"$f":"AE96+AE97+AE99+AE101+AE102+AE105+AE106+AE108","v":0},null,{"$f":"AG96+AG97+AG99+AG101+AG102+AG105+AG106+AG108","v":0},{"$f":"AH96+AH97+AH99+AH101+AH102+AH105+AH106+AH108","v":0},null,null,{"$f":"AK96+AK97+AK99+AK101+AK102+AK105+AK106+AK108","v":0},null,{"$f":"AM96+AM97+AM99+AM101+AM102+AM105+AM106+AM108","v":0},{"$f":"AN96+AN97+AN99+AN101+AN102+AN105+AN106+AN108","v":0},null,null,{"$f":"AQ96+AQ97+AQ99+AQ101+AQ102+AQ105+AQ106+AQ108","v":0},null,{"$f":"AS96+AS97+AS99+AS101+AS102+AS105+AS106+AS108","v":0},{"$f":"AT96+AT97+AT99+AT101+AT102+AT105+AT106+AT108","v":0},null,null,{"$f":"AW96+AW97+AW99+AW101+AW102+AW105+AW106+AW108","v":0},null,{"$f":"AY96+AY97+AY99+AY101+AY102+AY105+AY106+AY108","v":0},{"$f":"AZ96+AZ97+AZ99+AZ101+AZ102+AZ105+AZ106+AZ108","v":0},null,null,{"$f":"BC96+BC97+BC99+BC101+BC102+BC105+BC106+BC108","v":0},null,{"$f":"BE96+BE97+BE99+BE101+BE102+BE105+BE106+BE108","v":0},{"$f":"BF96+BF97+BF99+BF101+BF102+BF105+BF106+BF108","v":0},null,0,null,{"$f":"BJ96+BJ97+BJ99+BJ101+BJ102+BJ105+BJ106+BJ108","v":8007202.0199999996},null,{"$f":"BL96+BL97+BL99+BL101+BL102+BL105+BL106+BL108","v":17926317},{"$f":"BM96+BM97+BM99+BM101+BM102+BM105+BM106+BM108","v":25933519.02},0,null,{"$f":"BP96+BP97+BP99+BP101+BP102+BP105+BP106+BP108","v":1363151.46},null,{"$f":"BR96+BR97+BR99+BR101+BR102+BR105+BR106+BR108","v":1652789},{"$f":"BS96+BS97+BS99+BS101+BS102+BS105+BS106+BS108","v":3015940.46}]
["1.2.1","Металлоконструкции огрунтованные КМ",null,null,null,null,null,null,null,null,null,null,null,null,null,null,null,null,null,null,null,null,null,null,null,null,null,null,null,null,null,null,null,null,null,null,null,null,null,null,null,null,null,null,null,null,null,null,null,null,null,null,null,null,null,null,null,null,null,0,null,null,null,null,null,0]
["1.2.1.1","Монтаж фахверковых стоек массой до 1,0 т.","т.",10.5,95478,{"$f":"D96*E96","v":1002519},229000,{"$f":"D96*G96","v":2404500},{"$f":"E96*D96+G96*D96","v":3407019},null,6.95,95478,{"$f":"K96*L96","v":663572.1},229000,{"$f":"K96*N96","v":1591550},{"$f":"L96*K96+N96*K96","v":2255122.1},null,95478,{"$f":"Q96*R96","v":0},229000,{"$f":"Q96*T96","v":0},{"$f":"R96*Q96+T96*Q96","v":0},{"$f":"D96-K96","v":3.55},95478,{"$f":"W96*X96","v":338946.89999999997},229000,{"$f":"W96*Z96","v":812950},{"$f":"X96*W96+Z96*W96","v":1151896.8999999999},null,95478,{"$f":"AC96*AD96","v":0},229000,{"$f":"AC96*AF96","v":0},{"$f":"AD96*AC96+AF96*AC96","v":0},null,95478,{"$f":"AI96*AJ96","v":0},229000,{"$f":"AI96*AL96","v":0},{"$f":"AJ96*AI96+AL96*AI96","v":0},null,95478,{"$f":"AO96*AP96","v":0},229000,{"$f":"AO96*AR96","v":0},{"$f":"AP96*AO96+AR96*AO96","v":0},null,95478,{"$f":"AU96*AV96","v":0},229000,{"$f":"AU96*AX96","v":0},{"$f":"AV96*AU96+AX96*AU96","v":0},null,95478,{"$f":"BA96*BB96","v":0},229000,{"$f":"BA96*BD96","v":0},{"$f":"BB96*BA96+BD96*BA96","v":0},null,10.5,95478,{"$f":"BH96*BI96","v":1002519},229000,{"$f":"BH96*BK96","v":2404500},{"$f":"BI96*BH96+BK96*BH96","v":3407019},0,95478,{"$f":"BN96*BO96","v":0},229000,{"$f":"BN96*BQ96","v":0},{"$f":"BO96*BN96+BQ96*BN96","v":0}]
["1.2.1.2","Монтаж распорок, ригелей, в том числе: \nПрофили стальные гнутые замкнутые квадратные 100х4","т.",0.66,95478,{"$f":"D97*E97","v":63015.48},229000,{"$f":"D97*G97","v":151140},{"$f":"E97*D97+G97*D97","v":214155.48},null,0.34,95478,{"$f":"K97*L97","v":32462.520000000004},229000,{"$f":"K97*N97","v":77860},{"$f":"L97*K97+N97*K97","v":110322.52},null,95478,{"$f":"Q97*R97","v":0},229000,{"$f":"Q97*T97","v":0},{"$f":"R97*Q97+T97*Q97","v":0},null,95478,{"$f":"W97*X97","v":0},229000,{"$f":"W97*Z97","v":0},{"$f":"X97*W97+Z97*W97","v":0},null,95478,{"$f":"AC97*AD97","v":0},229000,{"$f":"AC97*AF97","v":0},{"$f":"AD97*AC97+AF97*AC97","v":0},null,95478,{"$f":"AI97*AJ97","v":0},229000,{"$f":"AI97*AL97","v":0},{"$f":"AJ97*AI97+AL97*AI97","v":0},null,95478,{"$f":"AO97*AP97","v":0},229000,{"$f":"AO97*AR97","v":0},{"$f":"AP97*AO97+AR97*AO97","v":0},null,95478,{"$f":"AU97*AV97","v":0},229000,{"$f":"AU97*AX97","v":0},{"$f":"AV97*AU97+AX97*AU97","v":0},null,95478,{"$f":"BA97*BB97","v":0},229000,{"$f":"BA97*BD97","v":0},{"$f":"BB97*BA97+BD97*BA97","v":0},null,0.34,95478,{"$f":"BH97*BI97","v":32462.520000000004},229000,{"$f":"BH97*BK97","v":77860},{"$f":"BI97*BH97+BK97*BH97","v":110322.52},0.32,95478,{"$f":"BN97*BO97","v":30552.959999999999},229000,{"$f":"BN97*BQ97","v":73280},{"$f":"BO97*BN97+BQ97*BN97","v":103832.95999999999}]
["1.2.2","Окраска металлоконструкций",null,null,null,null,null,null,null,null,null,null,null,null,null,null,null,null,null,null,null,null,null,null,null,null,null,null,null,null,null,null,null,null,null,null,null,null,null,null,null,null,null,null,null,null,null,null,null,null,null,null,null,null,null,null,null,null,null,{"$f":"K98+Q98+W98+AC98+AI98+AO98+AU98+BA98","v":0},null,null,null,null,null,{"$f":"D98-BH98","v":0}]
["1.2.2.1","Устройство огнезащитной краски по металлу ","м2",384.2,4150,{"$f":"D99*E99","v":1594430},665,{"$f":"D99*G99","v":255493},{"$f":"E99*D99+G99*D99","v":1849923},null,null,4150,{"$f":"K99*L99","v":0},665,{"$f":"K99*N99","v":0},{"$f":"L99*K99+N99*K99","v":0},null,4150,{"$f":"Q99*R99","v":0},665,{"$f":"Q99*T99","v":0},{"$f":"R99*Q99+T99*Q99","v":0},300,4150,{"$f":"W99*X99","v":1245000},665,{"$f":"W99*Z99","v":199500},{"$f":"X99*W99+Z99*W99","v":1444500},null,4150,{"$f":"AC99*AD99","v":0},665,{"$f":"AC99*AF99","v":0},{"$f":"AD99*AC99+AF99*AC99","v":0},null,4150,{"$f":"AI99*AJ99","v":0},665,{"$f":"AI99*AL99","v":0},{"$f":"AJ99*AI99+AL99*AI99","v":0},null,4150,{"$f":"AO99*AP99","v":0},665,{"$f":"AO99*AR99","v":0},{"$f":"AP99*AO99+AR99*AO99","v":0},null,4150,{"$f":"AU99*AV99","v":0},665,{"$f":"AU99*AX99","v":0},{"$f":"AV99*AU99+AX99*AU99","v":0},null,4150,{"$f":"BA99*BB99","v":0},665,{"$f":"BA99*BD99","v":0},{"$f":"BB99*BA99+BD99*BA99","v":0},null,300,4150,{"$f":"BH99*BI99","v":1245000},665,{"$f":"BH99*BK99","v":199500},{"$f":"BI99*BH99+BK99*BH99","v":1444500},84.199999999999989,4150,{"$f":"BN99*BO99","v":349429.99999999994},665,{"$f":"BN99*BQ99","v":55992.999999999993},{"$f":"BO99*BN99+BQ99*BN99","v":405422.99999999994}]
["1.2.3","Крепление металлоконструкций",null,null,null,null,null,null,null,null,null,null,null,null,null,null,null,null,null,null,null,null,null,null,null,null,null,null,null,null,null,null,null,null,null,null,null,null,null,null,null,null,null,null,null,null,null,null,null,null,null,null,null,null,null,null,null,null,null,0,null,null,null,null,null,0]
["1.2.3.1","Сверление отверстий в железобетонных конструкциях ","шт.",811,393,{"$f":"D101*E101","v":318723},0,null,{"$f":"E101*D101+G101*D101","v":318723},null,null,393,{"$f":"K101*L101","v":0},0,null,{"$f":"L101*K101+N101*K101","v":0},null,393,{"$f":"Q101*R101","v":0},0,null,{"$f":"R101*Q101+T101*Q101","v":0},100,393,{"$f":"W101*X101","v":39300},0,null,{"$f":"X101*W101+Z101*W101","v":39300},null,393,{"$f":"AC101*AD101","v":0},0,null,{"$f":"AD101*AC101+AF101*AC101","v":0},null,393,{"$f":"AI101*AJ101","v":0},0,null,{"$f":"AJ101*AI101+AL101*AI101","v":0},null,393,{"$f":"AO101*AP101","v":0},0,null,{"$f":"AP101*AO101+AR101*AO101","v":0},null,393,{"$f":"AU101*AV101","v":0},0,null,{"$f":"AV101*AU101+AX101*AU101","v":0},null,393,{"$f":"BA101*BB101","v":0},0,null,{"$f":"BB101*BA101+BD101*BA101","v":0},null,100,393,{"$f":"BH101*BI101","v":39300},0,null,{"$f":"BI101*BH101+BK101*BH101","v":39300},711,393,{"$f":"BN101*BO101","v":279423},0,null,{"$f":"BO101*BN101+BQ101*BN101","v":279423}]
["1.2.3.2","Устройство высокопрочных анкеров, закладных","компл.",1,260741,{"$f":"D102*E102","v":260741},259614,{"$f":"D102*G102","v":259614},520355,null,null,260741,{"$f":"K102*L102","v":0},259614,{"$f":"K102*N102","v":0},0,null,260741,{"$f":"Q102*R102","v":0},259614,{"$f":"Q102*T102","v":0},0,0.5,260741,{"$f":"W102*X102","v":130370.5},259614,{"$f":"W102*Z102","v":129807},260177.5,null,260741,{"$f":"AC102*AD102","v":0},259614,{"$f":"AC102*AF102","v":0},0,null,260741,{"$f":"AI102*AJ102","v":0},259614,{"$f":"AI102*AL102","v":0},0,null,260741,{"$f":"AO102*AP102","v":0},259614,{"$f":"AO102*AR102","v":0},0,null,260741,{"$f":"AU102*AV102","v":0},259614,{"$f":"AU102*AX102","v":0},0,null,260741,{"$f":"BA102*BB102","v":0},259614,{"$f":"BA102*BD102","v":0},0,null,0.5,260741,{"$f":"BH102*BI102","v":130370.5},259614,{"$f":"BH102*BK102","v":129807},260177.5,0.5,260741,{"$f":"BN102*BO102","v":130370.5},259614,{"$f":"BN102*BQ102","v":129807},260177.5]
["1.2.4","Демонтаж металлоконструкций",null,null,null,null,null,null,null,null,null,null,null,null,null,null,null,null,null,null,null,null,null,null,null,null,null,null,null,null,null,null,null,null,null,null,null,null,null,null,null,null,null,null,null,null,null,null,null,null,null,null,null,null,null,null,null,null,null,0,null,null,null,null,null,0]
["1.2.5","Устройство перегородки",null,null,null,null,null,null,null,null,null,null,null,null,null,null,null,null,null,null,null,null,null,null,null,null,null,null,null,null,null,null,null,null,null,null,null,null,null,null,null,null,null,null,null,null,null,null,null,null,null,null,null,null,null,null,null,null,null,0,null,null,null,null,null,0]
["1.2.5.1","Стеновые сэндвич-панели 100-1000-Г-Г","м2",2215,2711,{"$f":"D105*E105","v":6004865},7373,{"$f":"D105*G105","v":16331195},{"$f":"E105*D105+G105*D105","v":22336060},null,1250,2711,{"$f":"K105*L105","v":3388750},7373,{"$f":"K105*N105","v":9216250},{"$f":"L105*K105+N105*K105","v":12605000},300,2711,{"$f":"Q105*R105","v":813300},7373,{"$f":"Q105*T105","v":2211900},{"$f":"R105*Q105+T105*Q105","v":3025200},500,2711,{"$f":"W105*X105","v":1355500},7373,{"$f":"W105*Z105","v":3686500},{"$f":"X105*W105+Z105*W105","v":5042000},null,2711,{"$f":"AC105*AD105","v":0},7373,{"$f":"AC105*AF105","v":0},{"$f":"AD105*AC105+AF105*AC105","v":0},null,2711,{"$f":"AI105*AJ105","v":0},7373,{"$f":"AI105*AL105","v":0},{"$f":"AJ105*AI105+AL105*AI105","v":0},null,2711,{"$f":"AO105*AP105","v":0},7373,{"$f":"AO105*AR105","v":0},{"$f":"AP105*AO105+AR105*AO105","v":0},null,2711,{"$f":"AU105*AV105","v":0},7373,{"$f":"AU105*AX105","v":0},{"$f":"AV105*AU105+AX105*AU105","v":0},null,2711,{"$f":"BA105*BB105","v":0},7373,{"$f":"BA105*BD105","v":0},{"$f":"BB105*BA105+BD105*BA105","v":0},null,2050,2711,{"$f":"BH105*BI105","v":5557550},7373,{"$f":"BH105*BK105","v":15114650},{"$f":"BI105*BH105+BK105*BH105","v":20672200},165,2711,{"$f":"BN105*BO105","v":447315},7373,{"$f":"BN105*BQ105","v":1216545},{"$f":"BO105*BN105+BQ105*BN105","v":1663860}]
["1.2.5.2","Устройство противопожарной перегородки «Knauf» С112 с двухслойной обшивкой с каждой стороны","м2",4,5055,{"$f":"D106*E106","v":20220},4601,{"$f":"D106*G106","v":18404},{"$f":"E106*D106+G106*D106","v":38624},null,null,5055,{"$f":"K106*L106","v":0},4601,{"$f":"K106*N106","v":0},{"$f":"L106*K106+N106*K106","v":0},null,5055,{"$f":"Q106*R106","v":0},4601,{"$f":"Q106*T106","v":0},{"$f":"R106*Q106+T106*Q106","v":0},null,5055,{"$f":"W106*X106","v":0},4601,{"$f":"W106*Z106","v":0},{"$f":"X106*W106+Z106*W106","v":0},null,5055,{"$f":"AC106*AD106","v":0},4601,{"$f":"AC106*AF106","v":0},{"$f":"AD106*AC106+AF106*AC106","v":0},null,5055,{"$f":"AI106*AJ106","v":0},4601,{"$f":"AI106*AL106","v":0},{"$f":"AJ106*AI106+AL106*AI106","v":0},null,5055,{"$f":"AO106*AP106","v":0},4601,{"$f":"AO106*AR106","v":0},{"$f":"AP106*AO106+AR106*AO106","v":0},null,5055,{"$f":"AU106*AV106","v":0},4601,{"$f":"AU106*AX106","v":0},{"$f":"AV106*AU106+AX106*AU106","v":0},null,5055,{"$f":"BA106*BB106","v":0},4601,{"$f":"BA106*BD106","v":0},{"$f":"BB106*BA106+BD106*BA106","v":0},null,0,5055,{"$f":"BH106*BI106","v":0},4601,{"$f":"BH106*BK106","v":0},{"$f":"BI106*BH106+BK106*BH106","v":0},4,5055,{"$f":"BN106*BO106","v":20220},4601,{"$f":"BN106*BQ106","v":18404},{"$f":"BO106*BN106+BQ106*BN106","v":38624}]
["1.2.6","Устройство бетонного плинтуса",null,null,null,null,null,null,null,null,null,null,null,null,null,null,null,null,null,null,null,null,null,null,null,null,null,null,null,null,null,null,null,null,null,null,null,null,null,null,null,null,null,null,null,null,null,null,null,null,null,null,null,null,null,null,null,null,null,0,null,null,null,null,null,0]
["1.2.6.1","Устройство плинтуса из фасонного элемента ","м/п",378,280,{"$f":"D108*E108","v":105840},420,{"$f":"D108*G108","v":158760},{"$f":"E108*D108+G108*D108","v":264600},null,null,280,{"$f":"K108*L108","v":0},420,{"$f":"K108*N108","v":0},{"$f":"L108*K108+N108*K108","v":0},null,280,{"$f":"Q108*R108","v":0},420,{"$f":"Q108*T108","v":0},{"$f":"R108*Q108+T108*Q108","v":0},null,280,{"$f":"W108*X108","v":0},420,{"$f":"W108*Z108","v":0},{"$f":"X108*W108+Z108*W108","v":0},null,280,{"$f":"AC108*AD108","v":0},420,{"$f":"AC108*AF108","v":0},{"$f":"AD108*AC108+AF108*AC108","v":0},null,280,{"$f":"AI108*AJ108","v":0},420,{"$f":"AI108*AL108","v":0},{"$f":"AJ108*AI108+AL108*AI108","v":0},null,280,{"$f":"AO108*AP108","v":0},420,{"$f":"AO108*AR108","v":0},{"$f":"AP108*AO108+AR108*AO108","v":0},null,280,{"$f":"AU108*AV108","v":0},420,{"$f":"AU108*AX108","v":0},{"$f":"AV108*AU108+AX108*AU108","v":0},null,280,{"$f":"BA108*BB108","v":0},420,{"$f":"BA108*BD108","v":0},{"$f":"BB108*BA108+BD108*BA108","v":0},null,0,280,{"$f":"BH108*BI108","v":0},420,{"$f":"BH108*BK108","v":0},{"$f":"BI108*BH108+BK108*BH108","v":0},378,280,{"$f":"BN108*BO108","v":105840},420,{"$f":"BN108*BQ108","v":158760},{"$f":"BO108*BN108+BQ108*BN108","v":264600}]
["1.3","130-23-ВК Внутренние трубопроводы",null,null,null,{"$f":"SUM(F110:F113)","v":3943362},null,{"$f":"SUM(H110:H113)","v":7445174},{"$f":"SUM(I110:I113)","v":11388536},null,null,null,{"$f":"SUM(M110:M113)","v":0},null,{"$f":"SUM(O110:O113)","v":0},{"$f":"SUM(P110:P113)","v":0},null,null,{"$f":"SUM(S110:S113)","v":175081.5},null,{"$f":"SUM(U110:U113)","v":369598.5},{"$f":"SUM(V110:V113)","v":544680},null,null,{"$f":"SUM(Y110:Y113)","v":2979608.1},null,{"$f":"SUM(AA110:AA113)","v":5586540.6999999993},{"$f":"SUM(AB110:AB113)","v":8566148.8000000007},null,null,{"$f":"SUM(AE110:AE113)","v":0},null,{"$f":"SUM(AG110:AG113)","v":0},{"$f":"SUM(AH110:AH113)","v":0},null,null,{"$f":"SUM(AK110:AK113)","v":0},null,{"$f":"SUM(AM110:AM113)","v":0},{"$f":"SUM(AN110:AN113)","v":0},null,null,{"$f":"SUM(AQ110:AQ113)","v":0},null,{"$f":"SUM(AS110:AS113)","v":0},{"$f":"SUM(AT110:AT113)","v":0},null,null,{"$f":"SUM(AW110:AW113)","v":0},null,{"$f":"SUM(AY110:AY113)","v":0},{"$f":"SUM(AZ110:AZ113)","v":0},null,null,{"$f":"SUM(BC110:BC113)","v":0},null,{"$f":"SUM(BE110:BE113)","v":0},{"$f":"SUM(BF110:BF113)","v":0},null,0,null,{"$f":"SUM(BJ110:BJ113)","v":3154689.6},null,{"$f":"SUM(BL110:BL113)","v":5956139.1999999993},{"$f":"SUM(BM110:BM113)","v":9110828.8000000007},0,null,{"$f":"SUM(BP110:BP113)","v":788672.39999999979},null,{"$f":"SUM(BR110:BR113)","v":1489034.7999999996},{"$f":"SUM(BS110:BS113)","v":2277707.1999999993}]
["1.3.1","Хозяйственно-питьевой водопровод В1.","сис",1,910581,{"$f":"D110*E110","v":910581},979867,{"$f":"D110*G110","v":979867},{"$f":"E110*D110+G110*D110","v":1890448},null,null,910581,{"$f":"K110*L110","v":0},979867,{"$f":"K110*N110","v":0},{"$f":"L110*K110+N110*K110","v":0},null,910581,{"$f":"Q110*R110","v":0},979867,{"$f":"Q110*T110","v":0},{"$f":"R110*Q110+T110*Q110","v":0},0.8,910581,{"$f":"W110*X110","v":728464.8},979867,{"$f":"W110*Z110","v":783893.60000000009},{"$f":"X110*W110+Z110*W110","v":1512358.4000000001},null,910581,{"$f":"AC110*AD110","v":0},979867,{"$f":"AC110*AF110","v":0},{"$f":"AD110*AC110+AF110*AC110","v":0},null,910581,{"$f":"AI110*AJ110","v":0},979867,{"$f":"AI110*AL110","v":0},{"$f":"AJ110*AI110+AL110*AI110","v":0},null,910581,{"$f":"AO110*AP110","v":0},979867,{"$f":"AO110*AR110","v":0},{"$f":"AP110*AO110+AR110*AO110","v":0},null,910581,{"$f":"AU110*AV110","v":0},979867,{"$f":"AU110*AX110","v":0},{"$f":"AV110*AU110+AX110*AU110","v":0},null,910581,{"$f":"BA110*BB110","v":0},979867,{"$f":"BA110*BD110","v":0},{"$f":"BB110*BA110+BD110*BA110","v":0},null,0.8,910581,{"$f":"BH110*BI110","v":728464.8},979867,{"$f":"BH110*BK110","v":783893.60000000009},{"$f":"BI110*BH110+BK110*BH110","v":1512358.4000000001},0.19999999999999996,910581,{"$f":"BN110*BO110","v":182116.19999999995},979867,{"$f":"BN110*BQ110","v":195973.39999999997},{"$f":"BO110*BN110+BQ110*BN110","v":378089.59999999992}]
["1.3.2","Горячее водоснабжение (Т3, Т4)","сис",1,1137342,{"$f":"D111*E111","v":1137342},1607675,{"$f":"D111*G111","v":1607675},{"$f":"E111*D111+G111*D111","v":2745017},null,null,1137342,{"$f":"K111*L111","v":0},1607675,{"$f":"K111*N111","v":0},{"$f":"L111*K111+N111*K111","v":0},null,1137342,{"$f":"Q111*R111","v":0},1607675,{"$f":"Q111*T111","v":0},{"$f":"R111*Q111+T111*Q111","v":0},0.8,1137342,{"$f":"W111*X111","v":909873.60000000009},1607675,{"$f":"W111*Z111","v":1286140},{"$f":"X111*W111+Z111*W111","v":2196013.6},null,1137342,{"$f":"AC111*AD111","v":0},1607675,{"$f":"AC111*AF111","v":0},{"$f":"AD111*AC111+AF111*AC111","v":0},null,1137342,{"$f":"AI111*AJ111","v":0},1607675,{"$f":"AI111*AL111","v":0},{"$f":"AJ111*AI111+AL111*AI111","v":0},null,1137342,{"$f":"AO111*AP111","v":0},1607675,{"$f":"AO111*AR111","v":0},{"$f":"AP111*AO111+AR111*AO111","v":0},null,1137342,{"$f":"AU111*AV111","v":0},1607675,{"$f":"AU111*AX111","v":0},{"$f":"AV111*AU111+AX111*AU111","v":0},null,1137342,{"$f":"BA111*BB111","v":0},1607675,{"$f":"BA111*BD111","v":0},{"$f":"BB111*BA111+BD111*BA111","v":0},null,0.8,1137342,{"$f":"BH111*BI111","v":909873.60000000009},1607675,{"$f":"BH111*BK111","v":1286140},{"$f":"BI111*BH111+BK111*BH111","v":2196013.6},0.19999999999999996,1137342,{"$f":"BN111*BO111","v":227468.39999999994},1607675,{"$f":"BN111*BQ111","v":321534.99999999994},{"$f":"BO111*BN111+BQ111*BN111","v":549003.39999999991}]
["1.3.3","Противопожарный водопровод, В2","сис",1,1545276,{"$f":"D112*E112","v":1545276},4118435,{"$f":"D112*G112","v":4118435},{"$f":"E112*D112+G112*D112","v":5663711},null,null,1545276,{"$f":"K112*L112","v":0},4118435,{"$f":"K112*N112","v":0},{"$f":"L112*K112+N112*K112","v":0},null,1545276,{"$f":"Q112*R112","v":0},4118435,{"$f":"Q112*T112","v":0},{"$f":"R112*Q112+T112*Q112","v":0},0.8,1545276,{"$f":"W112*X112","v":1236220.8},4118435,{"$f":"W112*Z112","v":3294748},{"$f":"X112*W112+Z112*W112","v":4530968.8},null,1545276,{"$f":"AC112*AD112","v":0},4118435,{"$f":"AC112*AF112","v":0},{"$f":"AD112*AC112+AF112*AC112","v":0},null,1545276,{"$f":"AI112*AJ112","v":0},4118435,{"$f":"AI112*AL112","v":0},{"$f":"AJ112*AI112+AL112*AI112","v":0},null,1545276,{"$f":"AO112*AP112","v":0},4118435,{"$f":"AO112*AR112","v":0},{"$f":"AP112*AO112+AR112*AO112","v":0},null,1545276,{"$f":"AU112*AV112","v":0},4118435,{"$f":"AU112*AX112","v":0},{"$f":"AV112*AU112+AX112*AU112","v":0},null,1545276,{"$f":"BA112*BB112","v":0},4118435,{"$f":"BA112*BD112","v":0},{"$f":"BB112*BA112+BD112*BA112","v":0},null,0.8,1545276,{"$f":"BH112*BI112","v":1236220.8},4118435,{"$f":"BH112*BK112","v":3294748},{"$f":"BI112*BH112+BK112*BH112","v":4530968.8},0.19999999999999996,1545276,{"$f":"BN112*BO112","v":309055.19999999995},4118435,{"$f":"BN112*BQ112","v":823686.99999999977},{"$f":"BO112*BN112+BQ112*BN112","v":1132742.1999999997}]
["1.3.4","Бытовая канализация К1","сис",1,350163,{"$f":"D113*E113","v":350163},739197,{"$f":"D113*G113","v":739197},{"$f":"E113*D113+G113*D113","v":1089360},null,null,350163,{"$f":"K113*L113","v":0},739197,{"$f":"K113*N113","v":0},{"$f":"L113*K113+N113*K113","v":0},0.5,350163,{"$f":"Q113*R113","v":175081.5},739197,{"$f":"Q113*T113","v":369598.5},{"$f":"R113*Q113+T113*Q113","v":544680},0.3,350163,{"$f":"W113*X113","v":105048.9},739197,{"$f":"W113*Z113","v":221759.1},{"$f":"X113*W113+Z113*W113","v":326808},null,350163,{"$f":"AC113*AD113","v":0},739197,{"$f":"AC113*AF113","v":0},{"$f":"AD113*AC113+AF113*AC113","v":0},null,350163,{"$f":"AI113*AJ113","v":0},739197,{"$f":"AI113*AL113","v":0},{"$f":"AJ113*AI113+AL113*AI113","v":0},null,350163,{"$f":"AO113*AP113","v":0},739197,{"$f":"AO113*AR113","v":0},{"$f":"AP113*AO113+AR113*AO113","v":0},null,350163,{"$f":"AU113*AV113","v":0},739197,{"$f":"AU113*AX113","v":0},{"$f":"AV113*AU113+AX113*AU113","v":0},null,350163,{"$f":"BA113*BB113","v":0},739197,{"$f":"BA113*BD113","v":0},{"$f":"BB113*BA113+BD113*BA113","v":0},null,0.8,350163,{"$f":"BH113*BI113","v":280130.40000000002},739197,{"$f":"BH113*BK113","v":591357.6},{"$f":"BI113*BH113+BK113*BH113","v":871488},0.19999999999999996,350163,{"$f":"BN113*BO113","v":70032.599999999991},739197,{"$f":"BN113*BQ113","v":147839.39999999997},{"$f":"BO113*BN113+BQ113*BN113","v":217871.99999999994}]
["1.4","130-23-ПС Пожарная сигнализация",null,null,null,null,null,null,null,null,null,null,null,null,null,null,null,null,null,null,null,null,null,null,{"$f":"Y115+Y116+Y117+Y118+Y119+Y120+Y121+Y122+Y123+Y124+SUM(Y125:Y131)+Y132+Y133+Y134+Y135+Y136+Y137+Y138+Y139+Y140+Y141+Y142+Y143+Y144+Y145+Y146+Y147+Y148+Y149+Y150+Y151+Y152+Y153+Y154+SUM(Y155:Y166)+Y167+Y168+Y169+Y170+Y171+Y172+Y173+Y174+Y175+Y176+Y177+Y178+Y179+Y180+Y181+SUM(Y183:Y197)","v":460596},null,{"$f":"AA115+AA116+AA117+AA118+AA119+AA120+AA121+AA122+AA123+AA124+SUM(AA125:AA131)+AA132+AA133+AA134+AA135+AA136+AA137+AA138+AA139+AA140+AA141+AA142+AA143+AA144+AA145+AA146+AA147+AA148+AA149+AA150+AA151+AA152+AA153+AA154+SUM(AA155:AA166)+AA167+AA168+AA169+AA170+AA171+AA172+AA173+AA174+AA175+AA176+AA177+AA178+AA179+AA180+AA181+SUM(AA183:AA197)","v":1030533.9600000001},{"$f":"AB115+AB116+AB117+AB118+AB119+AB120+AB121+AB122+AB123+AB124+SUM(AB125:AB131)+AB132+AB133+AB134+AB135+AB136+AB137+AB138+AB139+AB140+AB141+AB142+AB143+AB144+AB145+AB146+AB147+AB148+AB149+AB150+AB151+AB152+AB153+AB154+SUM(AB155:AB166)+AB167+AB168+AB169+AB170+AB171+AB172+AB173+AB174+AB175+AB176+AB177+AB178+AB179+AB180+AB181+SUM(AB183:AB197)","v":1491129.96},null,null,{"$f":"AE115+AE116+AE117+AE118+AE119+AE120+AE121+AE122+AE123+AE124+SUM(AE125:AE131)+AE132+AE133+AE134+AE135+AE136+AE137+AE138+AE139+AE140+AE141+AE142+AE143+AE144+AE145+AE146+AE147+AE148+AE149+AE150+AE151+AE152+AE153+AE154+SUM(AE155:AE166)+AE167+AE168+AE169+AE170+AE171+AE172+AE173+AE174+AE175+AE176+AE177+AE178+AE179+AE180+AE181+SUM(AE183:AE197)","v":0},null,{"$f":"AG115+AG116+AG117+AG118+AG119+AG120+AG121+AG122+AG123+AG124+SUM(AG125:AG131)+AG132+AG133+AG134+AG135+AG136+AG137+AG138+AG139+AG140+AG141+AG142+AG143+AG144+AG145+AG146+AG147+AG148+AG149+AG150+AG151+AG152+AG153+AG154+SUM(AG155:AG166)+AG167+AG168+AG169+AG170+AG171+AG172+AG173+AG174+AG175+AG176+AG177+AG178+AG179+AG180+AG181+SUM(AG183:AG197)","v":0},{"$f":"AH115+AH116+AH117+AH118+AH119+AH120+AH121+AH122+AH123+AH124+SUM(AH125:AH131)+AH132+AH133+AH134+AH135+AH136+AH137+AH138+AH139+AH140+AH141+AH142+AH143+AH144+AH145+AH146+AH147+AH148+AH149+AH150+AH151+AH152+AH153+AH154+SUM(AH155:AH166)+AH167+AH168+AH169+AH170+AH171+AH172+AH173+AH174+AH175+AH176+AH177+AH178+AH179+AH180+AH181+SUM(AH183:AH197)","v":0},null,null,{"$f":"AK115+AK116+AK117+AK118+AK119+AK120+AK121+AK122+AK123+AK124+SUM(AK125:AK131)+AK132+AK133+AK134+AK135+AK136+AK137+AK138+AK139+AK140+AK141+AK142+AK143+AK144+AK145+AK146+AK147+AK148+AK149+AK150+AK151+AK152+AK153+AK154+SUM(AK155:AK166)+AK167+AK168+AK169+AK170+AK171+AK172+AK173+AK174+AK175+AK176+AK177+AK178+AK179+AK180+AK181+SUM(AK183:AK197)","v":0},null,{"$f":"AM115+AM116+AM117+AM118+AM119+AM120+AM121+AM122+AM123+AM124+SUM(AM125:AM131)+AM132+AM133+AM134+AM135+AM136+AM137+AM138+AM139+AM140+AM141+AM142+AM143+AM144+AM145+AM146+AM147+AM148+AM149+AM150+AM151+AM152+AM153+AM154+SUM(AM155:AM166)+AM167+AM168+AM169+AM170+AM171+AM172+AM173+AM174+AM175+AM176+AM177+AM178+AM179+AM180+AM181+SUM(AM183:AM197)","v":0},{"$f":"AN115+AN116+AN117+AN118+AN119+AN120+AN121+AN122+AN123+AN124+SUM(AN125:AN131)+AN132+AN133+AN134+AN135+AN136+AN137+AN138+AN139+AN140+AN141+AN142+AN143+AN144+AN145+AN146+AN147+AN148+AN149+AN150+AN151+AN152+AN153+AN154+SUM(AN155:AN166)+AN167+AN168+AN169+AN170+AN171+AN172+AN173+AN174+AN175+AN176+AN177+AN178+AN179+AN180+AN181+SUM(AN183:AN197)","v":0},null,null,{"$f":"AQ115+AQ116+AQ117+AQ118+AQ119+AQ120+AQ121+AQ122+AQ123+AQ124+SUM(AQ125:AQ131)+AQ132+AQ133+AQ134+AQ135+AQ136+AQ137+AQ138+AQ139+AQ140+AQ141+AQ142+AQ143+AQ144+AQ145+AQ146+AQ147+AQ148+AQ149+AQ150+AQ151+AQ152+AQ153+AQ154+SUM(AQ155:AQ166)+AQ167+AQ168+AQ169+AQ170+AQ171+AQ172+AQ173+AQ174+AQ175+AQ176+AQ177+AQ178+AQ179+AQ180+AQ181+SUM(AQ183:AQ197)","v":0},null,{"$f":"AS115+AS116+AS117+AS118+AS119+AS120+AS121+AS122+AS123+AS124+SUM(AS125:AS131)+AS132+AS133+AS134+AS135+AS136+AS137+AS138+AS139+AS140+AS141+AS142+AS143+AS144+AS145+AS146+AS147+AS148+AS149+AS150+AS151+AS152+AS153+AS154+SUM(AS155:AS166)+AS167+AS168+AS169+AS170+AS171+AS172+AS173+AS174+AS175+AS176+AS177+AS178+AS179+AS180+AS181+SUM(AS183:AS197)","v":0},{"$f":"AT115+AT116+AT117+AT118+AT119+AT120+AT121+AT122+AT123+AT124+SUM(AT125:AT131)+AT132+AT133+AT134+AT135+AT136+AT137+AT138+AT139+AT140+AT141+AT142+AT143+AT144+AT145+AT146+AT147+AT148+AT149+AT150+AT151+AT152+AT153+AT154+SUM(AT155:AT166)+AT167+AT168+AT169+AT170+AT171+AT172+AT173+AT174+AT175+AT176+AT177+AT178+AT179+AT180+AT181+SUM(AT183:AT197)","v":0},null,null,{"$f":"AW115+AW116+AW117+AW118+AW119+AW120+AW121+AW122+AW123+AW124+SUM(AW125:AW131)+AW132+AW133+AW134+AW135+AW136+AW137+AW138+AW139+AW140+AW141+AW142+AW143+AW144+AW145+AW146+AW147+AW148+AW149+AW150+AW151+AW152+AW153+AW154+SUM(AW155:AW166)+AW167+AW168+AW169+AW170+AW171+AW172+AW173+AW174+AW175+AW176+AW177+AW178+AW179+AW180+AW181+SUM(AW183:AW197)","v":0},null,{"$f":"AY115+AY116+AY117+AY118+AY119+AY120+AY121+AY122+AY123+AY124+SUM(AY125:AY131)+AY132+AY133+AY134+AY135+AY136+AY137+AY138+AY139+AY140+AY141+AY142+AY143+AY144+AY145+AY146+AY147+AY148+AY149+AY150+AY151+AY152+AY153+AY154+SUM(AY155:AY166)+AY167+AY168+AY169+AY170+AY171+AY172+AY173+AY174+AY175+AY176+AY177+AY178+AY179+AY180+AY181+SUM(AY183:AY197)","v":0},{"$f":"AZ115+AZ116+AZ117+AZ118+AZ119+AZ120+AZ121+AZ122+AZ123+AZ124+SUM(AZ125:AZ131)+AZ132+AZ133+AZ134+AZ135+AZ136+AZ137+AZ138+AZ139+AZ140+AZ141+AZ142+AZ143+AZ144+AZ145+AZ146+AZ147+AZ148+AZ149+AZ150+AZ151+AZ152+AZ153+AZ154+SUM(AZ155:AZ166)+AZ167+AZ168+AZ169+AZ170+AZ171+AZ172+AZ173+AZ174+AZ175+AZ176+AZ177+AZ178+AZ179+AZ180+AZ181+SUM(AZ183:AZ197)","v":0},null,null,{"$f":"BC115+BC116+BC117+BC118+BC119+BC120+BC121+BC122+BC123+BC124+SUM(BC125:BC131)+BC132+BC133+BC134+BC135+BC136+BC137+BC138+BC139+BC140+BC141+BC142+BC143+BC144+BC145+BC146+BC147+BC148+BC149+BC150+BC151+BC152+BC153+BC154+SUM(BC155:BC166)+BC167+BC168+BC169+BC170+BC171+BC172+BC173+BC174+BC175+BC176+BC177+BC178+BC179+BC180+BC181+SUM(BC183:BC197)","v":0},null,{"$f":"BE115+BE116+BE117+BE118+BE119+BE120+BE121+BE122+BE123+BE124+SUM(BE125:BE131)+BE132+BE133+BE134+BE135+BE136+BE137+BE138+BE139+BE140+BE141+BE142+BE143+BE144+BE145+BE146+BE147+BE148+BE149+BE150+BE151+BE152+BE153+BE154+SUM(BE155:BE166)+BE167+BE168+BE169+BE170+BE171+BE172+BE173+BE174+BE175+BE176+BE177+BE178+BE179+BE180+BE181+SUM(BE183:BE197)","v":0},{"$f":"BF115+BF116+BF117+BF118+BF119+BF120+BF121+BF122+BF123+BF124+SUM(BF125:BF131)+BF132+BF133+BF134+BF135+BF136+BF137+BF138+BF139+BF140+BF141+BF142+BF143+BF144+BF145+BF146+BF147+BF148+BF149+BF150+BF151+BF152+BF153+BF154+SUM(BF155:BF166)+BF167+BF168+BF169+BF170+BF171+BF172+BF173+BF174+BF175+BF176+BF177+BF178+BF179+BF180+BF181+SUM(BF183:BF197)","v":0},null,0,null,{"$f":"BJ115+BJ116+BJ117+BJ118+BJ119+BJ120+BJ121+BJ122+BJ123+BJ124+SUM(BJ125:BJ131)+BJ132+BJ133+BJ134+BJ135+BJ136+BJ137+BJ138+BJ139+BJ140+BJ141+BJ142+BJ143+BJ144+BJ145+BJ146+BJ147+BJ148+BJ149+BJ150+BJ151+BJ152+BJ153+BJ154+SUM(BJ155:BJ166)+BJ167+BJ168+BJ169+BJ170+BJ171+BJ172+BJ173+BJ174+BJ175+BJ176+BJ177+BJ178+BJ179+BJ180+BJ181+SUM(BJ183:BJ197)","v":460596},null,{"$f":"BL115+BL116+BL117+BL118+BL119+BL120+BL121+BL122+BL123+BL124+SUM(BL125:BL131)+BL132+BL133+BL134+BL135+BL136+BL137+BL138+BL139+BL140+BL141+BL142+BL143+BL144+BL145+BL146+BL147+BL148+BL149+BL150+BL151+BL152+BL153+BL154+SUM(BL155:BL166)+BL167+BL168+BL169+BL170+BL171+BL172+BL173+BL174+BL175+BL176+BL177+BL178+BL179+BL180+BL181+SUM(BL183:BL197)","v":1030533.9600000001},{"$f":"BM115+BM116+BM117+BM118+BM119+BM120+BM121+BM122+BM123+BM124+SUM(BM125:BM131)+BM132+BM133+BM134+BM135+BM136+BM137+BM138+BM139+BM140+BM141+BM142+BM143+BM144+BM145+BM146+BM147+BM148+BM149+BM150+BM151+BM152+BM153+BM154+SUM(BM155:BM166)+BM167+BM168+BM169+BM170+BM171+BM172+BM173+BM174+BM175+BM176+BM177+BM178+BM179+BM180+BM181+SUM(BM183:BM197)","v":1491129.96},0,null,{"$f":"BP115+BP116+BP117+BP118+BP119+BP120+BP121+BP122+BP123+BP124+SUM(BP125:BP131)+BP132+BP133+BP134+BP135+BP136+BP137+BP138+BP139+BP140+BP141+BP142+BP143+BP144+BP145+BP146+BP147+BP148+BP149+BP150+BP151+BP152+BP153+BP154+SUM(BP155:BP166)+BP167+BP168+BP169+BP170+BP171+BP172+BP173+BP174+BP175+BP176+BP177+BP178+BP179+BP180+BP181+SUM(BP183:BP197)","v":5107329.5},null,{"$f":"BR115+BR116+BR117+BR118+BR119+BR120+BR121+BR122+BR123+BR124+SUM(BR125:BR131)+BR132+BR133+BR134+BR135+BR136+BR137+BR138+BR139+BR140+BR141+BR142+BR143+BR144+BR145+BR146+BR147+BR148+BR149+BR150+BR151+BR152+BR153+BR154+SUM(BR155:BR166)+BR167+BR168+BR169+BR170+BR171+BR172+BR173+BR174+BR175+BR176+BR177+BR178+BR179+BR180+BR181+SUM(BR183:BR197)","v":5115565.1399999997},{"$f":"BS115+BS116+BS117+BS118+BS119+BS120+BS121+BS122+BS123+BS124+SUM(BS125:BS131)+BS132+BS133+BS134+BS135+BS136+BS137+BS138+BS139+BS140+BS141+BS142+BS143+BS144+BS145+BS146+BS147+BS148+BS149+BS150+BS151+BS152+BS153+BS154+SUM(BS155:BS166)+BS167+BS168+BS169+BS170+BS171+BS172+BS173+BS174+BS175+BS176+BS177+BS178+BS179+BS180+BS181+SUM(BS183:BS197)","v":10222894.640000001}]
["1.4.1","Сервер \"Орион Про\"","компл.",1,50304,{"$f":"D115*E115","v":50304},0,null,{"$f":"E115*D115+G115*D115","v":50304},null,null,50304,{"$f":"K115*L115","v":0},0,null,{"$f":"L115*K115+N115*K115","v":0},null,50304,{"$f":"Q115*R115","v":0},0,null,{"$f":"R115*Q115+T115*Q115","v":0},null,50304,{"$f":"W115*X115","v":0},0,null,{"$f":"X115*W115+Z115*W115","v":0},null,50304,{"$f":"AC115*AD115","v":0},0,null,{"$f":"AD115*AC115+AF115*AC115","v":0},null,50304,{"$f":"AI115*AJ115","v":0},0,null,{"$f":"AJ115*AI115+AL115*AI115","v":0},null,50304,{"$f":"AO115*AP115","v":0},0,null,{"$f":"AP115*AO115+AR115*AO115","v":0},null,50304,{"$f":"AU115*AV115","v":0},0,null,{"$f":"AV115*AU115+AX115*AU115","v":0},null,50304,{"$f":"BA115*BB115","v":0},0,null,{"$f":"BB115*BA115+BD115*BA115","v":0},null,0,50304,{"$f":"BH115*BI115","v":0},0,null,{"$f":"BI115*BH115+BK115*BH115","v":0},1,50304,{"$f":"BN115*BO115","v":50304},0,null,{"$f":"BO115*BN115+BQ115*BN115","v":50304}]
["1.4.2","Шкаф пожарной сигнализации","шт.",4,5502,22008,36625.68,{"$f":"D116*G116","v":146502.72},168510.72,null,null,5502,0,36625.68,{"$f":"K116*N116","v":0},0,null,5502,0,36625.68,{"$f":"Q116*T116","v":0},0,3,5502,16506,36625.68,{"$f":"W116*Z116","v":109877.04000000001},126383.04000000001,null,5502,0,36625.68,{"$f":"AC116*AF116","v":0},0,null,5502,0,36625.68,{"$f":"AI116*AL116","v":0},0,null,5502,0,36625.68,{"$f":"AO116*AR116","v":0},0,null,5502,0,36625.68,{"$f":"AU116*AX116","v":0},0,null,5502,0,36625.68,{"$f":"BA116*BD116","v":0},0,null,3,5502,16506,36625.68,{"$f":"BH116*BK116","v":109877.04000000001},126383.04000000001,1,5502,5502,36625.68,{"$f":"BN116*BQ116","v":36625.68},42127.68]
["1.4.3","Монтажный комплект","шт.",4,2358,9432,1456,5824,15256,null,null,2358,0,1456,0,0,null,2358,0,1456,0,0,null,2358,0,1456,0,0,null,2358,0,1456,0,0,null,2358,0,1456,0,0,null,2358,0,1456,0,0,null,2358,0,1456,0,0,null,2358,0,1456,0,0,null,0,2358,0,1456,0,0,4,2358,9432,1456,5824,15256]
["1.4.5","Прибор приемно-контрольный и управления пожарный","шт.",1,5502,5502,42033.68,42033.68,47535.68,null,null,5502,0,42033.68,0,0,null,5502,0,42033.68,0,0,null,5502,0,42033.68,0,0,null,5502,0,42033.68,0,0,null,5502,0,42033.68,0,0,null,5502,0,42033.68,0,0,null,5502,0,42033.68,0,0,null,5502,0,42033.68,0,0,null,0,5502,0,42033.68,0,0,1,5502,5502,42033.68,42033.68,47535.68]
["1.4.6","Аккумулятор 12 В, 17 А/ч","шт.",10,524,5240,7368.4,73684,78924,null,null,524,0,7368.4,0,0,null,524,0,7368.4,0,0,null,524,0,7368.4,0,0,null,524,0,7368.4,0,0,null,524,0,7368.4,0,0,null,524,0,7368.4,0,0,null,524,0,7368.4,0,0,null,524,0,7368.4,0,0,null,0,524,0,7368.4,0,0,10,524,5240,7368.4,73684,78924]
["1.4.7","Пульт контроля и управления","шт.",1,3406,3406,14788.18,14788.18,18194.18,null,null,3406,0,14788.18,0,0,null,3406,0,14788.18,0,0,null,3406,0,14788.18,0,0,null,3406,0,14788.18,0,0,null,3406,0,14788.18,0,0,null,3406,0,14788.18,0,0,null,3406,0,14788.18,0,0,null,3406,0,14788.18,0,0,null,0,3406,0,14788.18,0,0,1,3406,3406,14788.18,14788.18,18194.18]
["1.4.8","Контроллер двухпроводной линиии связи","шт.",11,3406,37466,6507.85,71586.350000000006,109052.35,null,null,3406,0,6507.85,0,0,null,3406,0,6507.85,0,0,null,3406,0,6507.85,0,0,null,3406,0,6507.85,0,0,null,3406,0,6507.85,0,0,null,3406,0,6507.85,0,0,null,3406,0,6507.85,0,0,null,3406,0,6507.85,0,0,null,0,3406,0,6507.85,0,0,11,3406,37466,6507.85,71586.350000000006,109052.35]
["1.4.9","Блок контрольно-пусковой","шт.",4,3406,13624,5933.93,23735.72,37359.72,null,null,3406,0,5933.93,0,0,null,3406,0,5933.93,0,0,null,3406,0,5933.93,0,0,null,3406,0,5933.93,0,0,null,3406,0,5933.93,0,0,null,3406,0,5933.93,0,0,null,3406,0,5933.93,0,0,null,3406,0,5933.93,0,0,null,0,3406,0,5933.93,0,0,4,3406,13624,5933.93,23735.72,37359.72]
["1.4.10","Извещатель пожарный дымовой оптико-электронный аналого-адресный","шт.",137,1572,215364,2472.34,338710.58,554074.58000000007,null,null,1572,0,2472.34,0,0,null,1572,0,2472.34,0,0,50,1572,78600,2472.34,123617,202217,null,1572,0,2472.34,0,0,null,1572,0,2472.34,0,0,null,1572,0,2472.34,0,0,null,1572,0,2472.34,0,0,null,1572,0,2472.34,0,0,null,50,1572,78600,2472.34,123617,202217,87,1572,136764,2472.34,215093.58000000002,351857.58]
["1.4.11","Извещатель пожарный линейный однопозиционный адресный","шт.",24,4454,106896,37518,900432,1007328,null,null,4454,0,37518,0,0,null,4454,0,37518,0,0,10,4454,44540,37518,375180,419720,null,4454,0,37518,0,0,null,4454,0,37518,0,0,null,4454,0,37518,0,0,null,4454,0,37518,0,0,null,4454,0,37518,0,0,null,10,4454,44540,37518,375180,419720,14,4454,62356,37518,525252,587608]
["1.4.13","Извещатель пожарный ручной адресный","шт.",15,1572,23580,1458.34,21875.1,45455.1,null,null,1572,0,1458.34,0,0,null,1572,0,1458.34,0,0,5,1572,7860,1458.34,7291.7,15151.7,null,1572,0,1458.34,0,0,null,1572,0,1458.34,0,0,null,1572,0,1458.34,0,0,null,1572,0,1458.34,0,0,null,1572,0,1458.34,0,0,null,5,1572,7860,1458.34,7291.7,15151.7,10,1572,15720,1458.34,14583.4,30303.4]
["1.4.14","Аккумулятор 12 В, 40 А/ч","шт.",4,524,2096,8196.4,32785.599999999999,34881.599999999999,null,null,524,0,8196.4,0,0,null,524,0,8196.4,0,0,null,524,0,8196.4,0,0,null,524,0,8196.4,0,0,null,524,0,8196.4,0,0,null,524,0,8196.4,0,0,null,524,0,8196.4,0,0,null,524,0,8196.4,0,0,null,0,524,0,8196.4,0,0,4,524,2096,8196.4,32785.599999999999,34881.599999999999]
["1.4.15","Источник питания резервированный","шт.",4,3930,15720,16396.07,65584.28,81304.28,null,null,3930,0,16396.07,0,0,null,3930,0,16396.07,0,0,null,3930,0,16396.07,0,0,null,3930,0,16396.07,0,0,null,3930,0,16396.07,0,0,null,3930,0,16396.07,0,0,null,3930,0,16396.07,0,0,null,3930,0,16396.07,0,0,null,0,3930,0,16396.07,0,0,4,3930,15720,16396.07,65584.28,81304.28]
["1.4.16","Аккумулятор 12 В, 7 А/ч","шт.",4,524,2096,3129.1,12516.4,14612.4,null,null,524,0,3129.1,0,0,null,524,0,3129.1,0,0,null,524,0,3129.1,0,0,null,524,0,3129.1,0,0,null,524,0,3129.1,0,0,null,524,0,3129.1,0,0,null,524,0,3129.1,0,0,null,524,0,3129.1,0,0,null,0,524,0,3129.1,0,0,4,524,2096,3129.1,12516.4,14612.4]
["1.4.17","Блок контроля и индикации","шт.",2,3930,7860,11731.38,23462.76,31322.76,null,null,3930,0,11731.38,0,0,null,3930,0,11731.38,0,0,null,3930,0,11731.38,0,0,null,3930,0,11731.38,0,0,null,3930,0,11731.38,0,0,null,3930,0,11731.38,0,0,null,3930,0,11731.38,0,0,null,3930,0,11731.38,0,0,null,0,3930,0,11731.38,0,0,2,3930,7860,11731.38,23462.76,31322.76]
["1.4.18","Блок разветвительно-изолирующий","шт.",4,1310,5240,833.51,3334.04,8574.0400000000009,null,null,1310,0,833.51,0,0,null,1310,0,833.51,0,0,null,1310,0,833.51,0,0,null,1310,0,833.51,0,0,null,1310,0,833.51,0,0,null,1310,0,833.51,0,0,null,1310,0,833.51,0,0,null,1310,0,833.51,0,0,null,0,1310,0,833.51,0,0,4,1310,5240,833.51,3334.04,8574.0400000000009]
["1.4.19","Преобразователь интерфейсов","шт.",4,4192,16768,15047.76,60191.040000000001,76959.040000000008,null,null,4192,0,15047.76,0,0,null,4192,0,15047.76,0,0,null,4192,0,15047.76,0,0,null,4192,0,15047.76,0,0,null,4192,0,15047.76,0,0,null,4192,0,15047.76,0,0,null,4192,0,15047.76,0,0,null,4192,0,15047.76,0,0,null,0,4192,0,15047.76,0,0,4,4192,16768,15047.76,60191.040000000001,76959.040000000008]
["1.4.20","Патч-корд волоконно-оптический LC/UPC-LC/UPC 50 м","шт.",4,393,1572,3672.55,14690.2,16262.2,null,null,393,0,3672.55,0,0,null,393,0,3672.55,0,0,null,393,0,3672.55,0,0,null,393,0,3672.55,0,0,null,393,0,3672.55,0,0,null,393,0,3672.55,0,0,null,393,0,3672.55,0,0,null,393,0,3672.55,0,0,null,0,393,0,3672.55,0,0,4,393,1572,3672.55,14690.2,16262.2]
["1.4.21","Патч-корд волоконно-оптический LC/UPC-LC/UPC 1 м","шт.",4,393,1572,1027,4108,5680,null,null,393,0,1027,0,0,null,393,0,1027,0,0,null,393,0,1027,0,0,null,393,0,1027,0,0,null,393,0,1027,0,0,null,393,0,1027,0,0,null,393,0,1027,0,0,null,393,0,1027,0,0,null,0,393,0,1027,0,0,4,393,1572,1027,4108,5680]
["1.4.22","Устройство коммутационное","шт.",24,3406,81744,1774.5,42588,124332,null,null,3406,0,1774.5,0,0,null,3406,0,1774.5,0,0,null,3406,0,1774.5,0,0,null,3406,0,1774.5,0,0,null,3406,0,1774.5,0,0,null,3406,0,1774.5,0,0,null,3406,0,1774.5,0,0,null,3406,0,1774.5,0,0,null,0,3406,0,1774.5,0,0,24,3406,81744,1774.5,42588,124332]
["1.4.23","Оповещатель охранно-пожарный световой (табло) ЛЮКС-24 \"Выход\"","шт.",10,1572,15720,478.4,4784,20504,null,null,1572,0,478.4,0,0,null,1572,0,478.4,0,0,null,1572,0,478.4,0,0,null,1572,0,478.4,0,0,null,1572,0,478.4,0,0,null,1572,0,478.4,0,0,null,1572,0,478.4,0,0,null,1572,0,478.4,0,0,null,0,1572,0,478.4,0,0,10,1572,15720,478.4,4784,20504]
["1.4.24","Оповещатель охранно-пожарный световой (табло) ЛЮКС-24 \"Стрелка влево\"","шт.",9,1572,14148,478.4,4305.5999999999995,18453.599999999999,null,null,1572,0,478.4,0,0,null,1572,0,478.4,0,0,null,1572,0,478.4,0,0,null,1572,0,478.4,0,0,null,1572,0,478.4,0,0,null,1572,0,478.4,0,0,null,1572,0,478.4,0,0,null,1572,0,478.4,0,0,null,0,1572,0,478.4,0,0,9,1572,14148,478.4,4305.5999999999995,18453.599999999999]
["1.4.25","Оповещатель охранно-пожарный световой (табло) ЛЮКС-24 \"Стрелка вправо\"","шт.",9,1572,14148,478.4,4305.5999999999995,18453.599999999999,null,null,1572,0,478.4,0,0,null,1572,0,478.4,0,0,null,1572,0,478.4,0,0,null,1572,0,478.4,0,0,null,1572,0,478.4,0,0,null,1572,0,478.4,0,0,null,1572,0,478.4,0,0,null,1572,0,478.4,0,0,null,0,1572,0,478.4,0,0,9,1572,14148,478.4,4305.5999999999995,18453.599999999999]
["1.4.26","Оповещатель охранно-пожарный звуковой Маяк-24-ЗМ2","шт.",54,1572,84888,351,18954,103842,null,null,1572,0,351,0,0,null,1572,0,351,0,0,null,1572,0,351,0,0,null,1572,0,351,0,0,null,1572,0,351,0,0,null,1572,0,351,0,0,null,1572,0,351,0,0,null,1572,0,351,0,0,null,0,1572,0,351,0,0,54,1572,84888,351,18954,103842]
["1.4.27","Комбинированный оповещатель со стробовспышкой Г-24КПР","шт.",30,1572,47160,708.55,21256.5,68416.5,null,null,1572,0,708.55,0,0,null,1572,0,708.55,0,0,null,1572,0,708.55,0,0,null,1572,0,708.55,0,0,null,1572,0,708.55,0,0,null,1572,0,708.55,0,0,null,1572,0,708.55,0,0,null,1572,0,708.55,0,0,null,0,1572,0,708.55,0,0,30,1572,47160,708.55,21256.5,68416.5]
["1.4.28","Оповещатель охранно-пожарный комбинированный свето-звуковой Маяк-24-КПМ2","шт.",39,1572,61308,852.8,33259.199999999997,94567.2,null,null,1572,0,852.8,0,0,null,1572,0,852.8,0,0,null,1572,0,852.8,0,0,null,1572,0,852.8,0,0,null,1572,0,852.8,0,0,null,1572,0,852.8,0,0,null,1572,0,852.8,0,0,null,1572,0,852.8,0,0,null,0,1572,0,852.8,0,0,39,1572,61308,852.8,33259.199999999997,94567.2]
["1.4.29","Полка 19\" перфорированная консольная 1U","шт.",1,2620,2620,1900.6,1900.6,4520.6000000000004,null,null,2620,0,1900.6,0,0,null,2620,0,1900.6,0,0,null,2620,0,1900.6,0,0,null,2620,0,1900.6,0,0,null,2620,0,1900.6,0,0,null,2620,0,1900.6,0,0,null,2620,0,1900.6,0,0,null,2620,0,1900.6,0,0,null,0,2620,0,1900.6,0,0,1,2620,2620,1900.6,1900.6,4520.6000000000004]
["1.4.30","Модуль подключения нагрузки","шт.",87,131,11397,93.29,8116.2300000000005,19513.23,null,null,131,0,93.29,0,0,null,131,0,93.29,0,0,null,131,0,93.29,0,0,null,131,0,93.29,0,0,null,131,0,93.29,0,0,null,131,0,93.29,0,0,null,131,0,93.29,0,0,null,131,0,93.29,0,0,null,0,131,0,93.29,0,0,87,131,11397,93.29,8116.2300000000005,19513.23]
["1.4.31","Блок сигнально-пусковой адресный","шт.",96,4192,402432,4800.12,460811.52000000002,863243.52,null,null,4192,0,4800.12,0,0,null,4192,0,4800.12,0,0,40,4192,167680,4800.12,192004.8,359684.8,null,4192,0,4800.12,0,0,null,4192,0,4800.12,0,0,null,4192,0,4800.12,0,0,null,4192,0,4800.12,0,0,null,4192,0,4800.12,0,0,null,40,4192,167680,4800.12,192004.8,359684.8,56,4192,234752,4800.12,268806.71999999997,503558.72]
["1.4.32","Кнопка \"ТЕСТ\"","шт.",96,1572,150912,1625,156000,306912,null,null,1572,0,1625,0,0,null,1572,0,1625,0,0,40,1572,62880,1625,65000,127880,null,1572,0,1625,0,0,null,1572,0,1625,0,0,null,1572,0,1625,0,0,null,1572,0,1625,0,0,null,1572,0,1625,0,0,null,40,1572,62880,1625,65000,127880,56,1572,88032,1625,91000,179032]
["1.4.33","Шкаф контрольно пусковой ШКП-10RS (М)","шт.",1,5895,5895,40714.129999999997,40714.129999999997,46609.13,null,null,5895,0,40714.129999999997,0,0,null,5895,0,40714.129999999997,0,0,null,5895,0,40714.129999999997,0,0,null,5895,0,40714.129999999997,0,0,null,5895,0,40714.129999999997,0,0,null,5895,0,40714.129999999997,0,0,null,5895,0,40714.129999999997,0,0,null,5895,0,40714.129999999997,0,0,null,0,5895,0,40714.129999999997,0,0,1,5895,5895,40714.129999999997,40714.129999999997,46609.13]
["1.4.34","Шкаф контрольно пусковой ШКП-18RS (М)","шт.",1,5895,5895,42423.73,42423.73,48318.73,null,null,5895,0,42423.73,0,0,null,5895,0,42423.73,0,0,null,5895,0,42423.73,0,0,null,5895,0,42423.73,0,0,null,5895,0,42423.73,0,0,null,5895,0,42423.73,0,0,null,5895,0,42423.73,0,0,null,5895,0,42423.73,0,0,null,0,5895,0,42423.73,0,0,1,5895,5895,42423.73,42423.73,48318.73]
["1.4.35","Преобразователь интерфейса","шт.",1,3406,3406,4581.25,4581.25,7987.25,null,null,3406,0,4581.25,0,0,null,3406,0,4581.25,0,0,null,3406,0,4581.25,0,0,null,3406,0,4581.25,0,0,null,3406,0,4581.25,0,0,null,3406,0,4581.25,0,0,null,3406,0,4581.25,0,0,null,3406,0,4581.25,0,0,null,0,3406,0,4581.25,0,0,1,3406,3406,4581.25,4581.25,7987.25]
["1.4.36","Коммутатор сетевой гигабитный 6 портовый","шт.",1,3406,3406,11700,11700,15106,null,null,3406,0,11700,0,0,null,3406,0,11700,0,0,null,3406,0,11700,0,0,null,3406,0,11700,0,0,null,3406,0,11700,0,0,null,3406,0,11700,0,0,null,3406,0,11700,0,0,null,3406,0,11700,0,0,null,0,3406,0,11700,0,0,1,3406,3406,11700,11700,15106]
["1.4.37","Блок питания","шт.",1,3930,3930,3325.4,3325.4,7255.4,null,null,3930,0,3325.4,0,0,null,3930,0,3325.4,0,0,null,3930,0,3325.4,0,0,null,3930,0,3325.4,0,0,null,3930,0,3325.4,0,0,null,3930,0,3325.4,0,0,null,3930,0,3325.4,0,0,null,3930,0,3325.4,0,0,null,0,3930,0,3325.4,0,0,1,3930,3930,3325.4,3325.4,7255.4]
["1.4.38","Лоток перфорированный 100х50х3000","м",585,497.8,{"$f":"D150*E150","v":291213},699.4,{"$f":"D150*G150","v":409149},700362,null,null,497.8,{"$f":"K150*L150","v":0},699.4,{"$f":"K150*N150","v":0},0,null,497.8,{"$f":"Q150*R150","v":0},699.4,{"$f":"Q150*T150","v":0},0,null,497.8,{"$f":"W150*X150","v":0},699.4,{"$f":"W150*Z150","v":0},0,null,497.8,{"$f":"AC150*AD150","v":0},699.4,{"$f":"AC150*AF150","v":0},0,null,497.8,{"$f":"AI150*AJ150","v":0},699.4,{"$f":"AI150*AL150","v":0},0,null,497.8,{"$f":"AO150*AP150","v":0},699.4,{"$f":"AO150*AR150","v":0},0,null,497.8,{"$f":"AU150*AV150","v":0},699.4,{"$f":"AU150*AX150","v":0},0,null,497.8,{"$f":"BA150*BB150","v":0},699.4,{"$f":"BA150*BD150","v":0},0,null,0,497.8,{"$f":"BH150*BI150","v":0},699.4,{"$f":"BH150*BK150","v":0},0,585,497.8,{"$f":"BN150*BO150","v":291213},699.4,{"$f":"BN150*BQ150","v":409149},700362]
["1.4.39","Перегородка для лотка","м",585,131,{"$f":"D151*E151","v":76635},380.64,{"$f":"D151*G151","v":222674.4},299309.40000000002,null,null,131,{"$f":"K151*L151","v":0},380.64,{"$f":"K151*N151","v":0},0,null,131,{"$f":"Q151*R151","v":0},380.64,{"$f":"Q151*T151","v":0},0,null,131,{"$f":"W151*X151","v":0},380.64,{"$f":"W151*Z151","v":0},0,null,131,{"$f":"AC151*AD151","v":0},380.64,{"$f":"AC151*AF151","v":0},0,null,131,{"$f":"AI151*AJ151","v":0},380.64,{"$f":"AI151*AL151","v":0},0,null,131,{"$f":"AO151*AP151","v":0},380.64,{"$f":"AO151*AR151","v":0},0,null,131,{"$f":"AU151*AV151","v":0},380.64,{"$f":"AU151*AX151","v":0},0,null,131,{"$f":"BA151*BB151","v":0},380.64,{"$f":"BA151*BD151","v":0},0,null,0,131,{"$f":"BH151*BI151","v":0},380.64,{"$f":"BH151*BK151","v":0},0,585,131,{"$f":"BN151*BO151","v":76635},380.64,{"$f":"BN151*BQ151","v":222674.4},299309.40000000002]
["1.4.40","Крышка с заземлением на лоток основание 100 L3000","м",585,157.19999999999999,{"$f":"D152*E152","v":91962},271.99,{"$f":"D152*G152","v":159114.15},251076.15,null,null,157.19999999999999,{"$f":"K152*L152","v":0},271.99,{"$f":"K152*N152","v":0},0,null,157.19999999999999,{"$f":"Q152*R152","v":0},271.99,{"$f":"Q152*T152","v":0},0,null,157.19999999999999,{"$f":"W152*X152","v":0},271.99,{"$f":"W152*Z152","v":0},0,null,157.19999999999999,{"$f":"AC152*AD152","v":0},271.99,{"$f":"AC152*AF152","v":0},0,null,157.19999999999999,{"$f":"AI152*AJ152","v":0},271.99,{"$f":"AI152*AL152","v":0},0,null,157.19999999999999,{"$f":"AO152*AP152","v":0},271.99,{"$f":"AO152*AR152","v":0},0,null,157.19999999999999,{"$f":"AU152*AV152","v":0},271.99,{"$f":"AU152*AX152","v":0},0,null,157.19999999999999,{"$f":"BA152*BB152","v":0},271.99,{"$f":"BA152*BD152","v":0},0,null,0,157.19999999999999,{"$f":"BH152*BI152","v":0},271.99,{"$f":"BH152*BK152","v":0},0,585,157.19999999999999,{"$f":"BN152*BO152","v":91962},271.99,{"$f":"BN152*BQ152","v":159114.15},251076.15]
["1.4.41","Угол CPO 90 горизонтальный 90° 100х50","шт.",10,1572,{"$f":"D153*E153","v":15720},2107.04,{"$f":"D153*G153","v":21070.400000000001},36790.400000000001,null,null,1572,{"$f":"K153*L153","v":0},2107.04,{"$f":"K153*N153","v":0},0,null,1572,{"$f":"Q153*R153","v":0},2107.04,{"$f":"Q153*T153","v":0},0,null,1572,{"$f":"W153*X153","v":0},2107.04,{"$f":"W153*Z153","v":0},0,null,1572,{"$f":"AC153*AD153","v":0},2107.04,{"$f":"AC153*AF153","v":0},0,null,1572,{"$f":"AI153*AJ153","v":0},2107.04,{"$f":"AI153*AL153","v":0},0,null,1572,{"$f":"AO153*AP153","v":0},2107.04,{"$f":"AO153*AR153","v":0},0,null,1572,{"$f":"AU153*AV153","v":0},2107.04,{"$f":"AU153*AX153","v":0},0,null,1572,{"$f":"BA153*BB153","v":0},2107.04,{"$f":"BA153*BD153","v":0},0,null,0,1572,{"$f":"BH153*BI153","v":0},2107.04,{"$f":"BH153*BK153","v":0},0,10,1572,{"$f":"BN153*BO153","v":15720},2107.04,{"$f":"BN153*BQ153","v":21070.400000000001},36790.400000000001]
["1.4.42","Угол CS 90 вертикальный внутренний 90° 100х50","шт.",12,1572,{"$f":"D154*E154","v":18864},2459.6,{"$f":"D154*G154","v":29515.199999999997},48379.199999999997,null,null,1572,{"$f":"K154*L154","v":0},2459.6,{"$f":"K154*N154","v":0},0,null,1572,{"$f":"Q154*R154","v":0},2459.6,{"$f":"Q154*T154","v":0},0,null,1572,{"$f":"W154*X154","v":0},2459.6,{"$f":"W154*Z154","v":0},0,null,1572,{"$f":"AC154*AD154","v":0},2459.6,{"$f":"AC154*AF154","v":0},0,null,1572,{"$f":"AI154*AJ154","v":0},2459.6,{"$f":"AI154*AL154","v":0},0,null,1572,{"$f":"AO154*AP154","v":0},2459.6,{"$f":"AO154*AR154","v":0},0,null,1572,{"$f":"AU154*AV154","v":0},2459.6,{"$f":"AU154*AX154","v":0},0,null,1572,{"$f":"BA154*BB154","v":0},2459.6,{"$f":"BA154*BD154","v":0},0,null,0,1572,{"$f":"BH154*BI154","v":0},2459.6,{"$f":"BH154*BK154","v":0},0,12,1572,{"$f":"BN154*BO154","v":18864},2459.6,{"$f":"BN154*BQ154","v":29515.199999999997},48379.199999999997]
["1.4.43","Лоток 50х50 L=3000 перфорированный","м.",150,838.4,125760,487.5,73125,198885,null,null,838.4,0,487.5,0,0,null,838.4,0,487.5,0,0,null,838.4,0,487.5,0,0,null,838.4,0,487.5,0,0,null,838.4,0,487.5,0,0,null,838.4,0,487.5,0,0,null,838.4,0,487.5,0,0,null,838.4,0,487.5,0,0,null,0,838.4,0,487.5,0,0,150,838.4,125760,487.5,73125,198885]
["1.4.44","Крышка с заземлением на лоток основание 50 L3000","м.",150,157.19999999999999,23580,223.15,33472.5,57052.5,null,null,157.19999999999999,0,223.15,0,0,null,157.19999999999999,0,223.15,0,0,null,157.19999999999999,0,223.15,0,0,null,157.19999999999999,0,223.15,0,0,null,157.19999999999999,0,223.15,0,0,null,157.19999999999999,0,223.15,0,0,null,157.19999999999999,0,223.15,0,0,null,157.19999999999999,0,223.15,0,0,null,0,157.19999999999999,0,223.15,0,0,150,157.19999999999999,23580,223.15,33472.5,57052.5]
["1.4.45","Крышка S5 CPO90 90х100 угла горизонтального","шт.",10,157.19999999999999,1572,1091.22,10912.2,12484.2,null,null,157.19999999999999,0,1091.22,0,0,null,157.19999999999999,0,1091.22,0,0,null,157.19999999999999,0,1091.22,0,0,null,157.19999999999999,0,1091.22,0,0,null,157.19999999999999,0,1091.22,0,0,null,157.19999999999999,0,1091.22,0,0,null,157.19999999999999,0,1091.22,0,0,null,157.19999999999999,0,1091.22,0,0,null,0,157.19999999999999,0,1091.22,0,0,10,157.19999999999999,1572,1091.22,10912.2,12484.2]
["1.4.46","Крышка S5 CS90 90x100 угла вертикального внутреннего","шт.",12,157.19999999999999,1886.3999999999999,837.23,10046.76,11933.16,null,null,157.19999999999999,0,837.23,0,0,null,157.19999999999999,0,837.23,0,0,null,157.19999999999999,0,837.23,0,0,null,157.19999999999999,0,837.23,0,0,null,157.19999999999999,0,837.23,0,0,null,157.19999999999999,0,837.23,0,0,null,157.19999999999999,0,837.23,0,0,null,157.19999999999999,0,837.23,0,0,null,0,157.19999999999999,0,837.23,0,0,12,157.19999999999999,1886.3999999999999,837.23,10046.76,11933.16]
["1.4.47","Ответвитель S5 DL 100x50 горизонтальный","шт.",5,1572,7860,2626.01,13130.050000000001,20990.050000000003,null,null,1572,0,2626.01,0,0,null,1572,0,2626.01,0,0,null,1572,0,2626.01,0,0,null,1572,0,2626.01,0,0,null,1572,0,2626.01,0,0,null,1572,0,2626.01,0,0,null,1572,0,2626.01,0,0,null,1572,0,2626.01,0,0,null,0,1572,0,2626.01,0,0,5,1572,7860,2626.01,13130.050000000001,20990.050000000003]
["1.4.48","Крышка S5 DL 100х50 ответвителя горизонтального","шт.",5,157.19999999999999,786,1305.8499999999999,6529.25,7315.25,null,null,157.19999999999999,0,1305.8499999999999,0,0,null,157.19999999999999,0,1305.8499999999999,0,0,null,157.19999999999999,0,1305.8499999999999,0,0,null,157.19999999999999,0,1305.8499999999999,0,0,null,157.19999999999999,0,1305.8499999999999,0,0,null,157.19999999999999,0,1305.8499999999999,0,0,null,157.19999999999999,0,1305.8499999999999,0,0,null,157.19999999999999,0,1305.8499999999999,0,0,null,0,157.19999999999999,0,1305.8499999999999,0,0,5,157.19999999999999,786,1305.8499999999999,6529.25,7315.25]
["1.4.49","Угол S5 CD90 90x50x50 вертикальный внешний","шт.",16,1572,25152,2555.81,40892.959999999999,66044.959999999992,null,null,1572,0,2555.81,0,0,null,1572,0,2555.81,0,0,null,1572,0,2555.81,0,0,null,1572,0,2555.81,0,0,null,1572,0,2555.81,0,0,null,1572,0,2555.81,0,0,null,1572,0,2555.81,0,0,null,1572,0,2555.81,0,0,null,0,1572,0,2555.81,0,0,16,1572,25152,2555.81,40892.959999999999,66044.959999999992]
["1.4.50","Крышка S5 CD90 90x50 угла вертикального внешнего","шт.",16,157.19999999999999,2515.1999999999998,829.61,13273.76,15788.96,null,null,157.19999999999999,0,829.61,0,0,null,157.19999999999999,0,829.61,0,0,null,157.19999999999999,0,829.61,0,0,null,157.19999999999999,0,829.61,0,0,null,157.19999999999999,0,829.61,0,0,null,157.19999999999999,0,829.61,0,0,null,157.19999999999999,0,829.61,0,0,null,157.19999999999999,0,829.61,0,0,null,{"$f":"K162+Q162+W162+AC162+AI162+AO162+AU162+BA162","v":0},157.19999999999999,0,829.61,0,0,{"$f":"D162-BH162","v":16},157.19999999999999,2515.1999999999998,829.61,13273.76,15788.96]
["1.4.51","Ответвитель S5 DL 50x50 горизонтальный","шт.",16,1572,25152,2373.29,37972.639999999999,63124.639999999999,null,null,1572,0,2373.29,0,0,null,1572,0,2373.29,0,0,null,1572,0,2373.29,0,0,null,1572,0,2373.29,0,0,null,1572,0,2373.29,0,0,null,1572,0,2373.29,0,0,null,1572,0,2373.29,0,0,null,1572,0,2373.29,0,0,null,0,1572,0,2373.29,0,0,16,1572,25152,2373.29,37972.639999999999,63124.639999999999]
["1.4.52","Крышка S5 DL 50х50 ответвителя горизонтального","шт.",16,157.19999999999999,2515.1999999999998,1109.56,17752.96,20268.16,null,null,157.19999999999999,0,1109.56,0,0,null,157.19999999999999,0,1109.56,0,0,null,157.19999999999999,0,1109.56,0,0,null,157.19999999999999,0,1109.56,0,0,null,157.19999999999999,0,1109.56,0,0,null,157.19999999999999,0,1109.56,0,0,null,157.19999999999999,0,1109.56,0,0,null,157.19999999999999,0,1109.56,0,0,null,0,157.19999999999999,0,1109.56,0,0,16,157.19999999999999,2515.1999999999998,1109.56,17752.96,20268.16]
["1.4.53","Кронштейн индивидуального изготовления L=1250","шт.",210,540.77,113561.7,2018.64,423914.4,537476.1,null,null,540.77,0,2018.64,0,0,null,540.77,0,2018.64,0,0,null,540.77,0,2018.64,0,0,null,540.77,0,2018.64,0,0,null,540.77,0,2018.64,0,0,null,540.77,0,2018.64,0,0,null,540.77,0,2018.64,0,0,null,540.77,0,2018.64,0,0,null,0,540.77,0,2018.64,0,0,210,540.77,113561.7,2018.64,423914.4,537476.1]
["1.4.54","Кронштейн юстировочный для монтажа линейного извещателя","шт.",24,1572,37728,1560,37440,75168,null,null,1572,0,1560,0,0,null,1572,0,1560,0,0,null,1572,0,1560,0,0,null,1572,0,1560,0,0,null,1572,0,1560,0,0,null,1572,0,1560,0,0,null,1572,0,1560,0,0,null,1572,0,1560,0,0,null,0,1572,0,1560,0,0,24,1572,37728,1560,37440,75168]
["1.4.55","Стандартный анкер с болтом М8","шт.",800,32.75,26200,107.93,86344,112544,null,null,32.75,0,107.93,0,0,null,32.75,0,107.93,0,0,null,32.75,0,107.93,0,0,null,32.75,0,107.93,0,0,null,32.75,0,107.93,0,0,null,32.75,0,107.93,0,0,null,32.75,0,107.93,0,0,null,32.75,0,107.93,0,0,null,0,32.75,0,107.93,0,0,800,32.75,26200,107.93,86344,112544]
["1.4.56","Винт для электрического соединения М5х8","шт.",100,19.649999999999999,1964.9999999999998,13.26,1326,3291,null,null,19.649999999999999,0,13.26,0,0,null,19.649999999999999,0,13.26,0,0,null,19.649999999999999,0,13.26,0,0,null,19.649999999999999,0,13.26,0,0,null,19.649999999999999,0,13.26,0,0,null,19.649999999999999,0,13.26,0,0,null,19.649999999999999,0,13.26,0,0,null,19.649999999999999,0,13.26,0,0,null,0,19.649999999999999,0,13.26,0,0,100,19.649999999999999,1964.9999999999998,13.26,1326,3291]
["1.4.57","Коробка огнестойкая 100х100х50мм","шт.",175,1048,183400,1383.16,242053,425453,null,null,1048,0,1383.16,0,0,null,1048,0,1383.16,0,0,null,1048,0,1383.16,0,0,null,1048,0,1383.16,0,0,null,1048,0,1383.16,0,0,null,1048,0,1383.16,0,0,null,1048,0,1383.16,0,0,null,1048,0,1383.16,0,0,null,0,1048,0,1383.16,0,0,175,1048,183400,1383.16,242053,425453]
["1.4.58","Кабель огнестойкий КПСЭнг(А)-FRHF 1х2х1,0","м",6400,162.44,1039616,53.35,341440,1381056,null,null,162.44,0,53.35,0,0,null,162.44,0,53.35,0,0,null,162.44,0,53.35,0,0,null,162.44,0,53.35,0,0,null,162.44,0,53.35,0,0,null,162.44,0,53.35,0,0,null,162.44,0,53.35,0,0,null,162.44,0,53.35,0,0,null,0,162.44,0,53.35,0,0,6400,162.44,1039616,53.35,341440,1381056]
["1.4.59","Кабель огнестойкий КПСЭнг(А)-FRHF 1х2х1,5","м",2500,162.44,406100,107.82,269550,675650,null,null,162.44,0,107.82,0,0,null,162.44,0,107.82,0,0,null,162.44,0,107.82,0,0,null,162.44,0,107.82,0,0,null,162.44,0,107.82,0,0,null,162.44,0,107.82,0,0,null,162.44,0,107.82,0,0,null,162.44,0,107.82,0,0,null,0,162.44,0,107.82,0,0,2500,162.44,406100,107.82,269550,675650]
["1.4.60","Кабель огнестойкий КПСЭнг(А)-FRHF 2х2х0,75","м",400,162.44,64976,101.09,40436,105412,null,null,162.44,0,101.09,0,0,null,162.44,0,101.09,0,0,null,162.44,0,101.09,0,0,null,162.44,0,101.09,0,0,null,162.44,0,101.09,0,0,null,162.44,0,101.09,0,0,null,162.44,0,101.09,0,0,null,162.44,0,101.09,0,0,null,0,162.44,0,101.09,0,0,400,162.44,64976,101.09,40436,105412]
["1.4.61","Кабель огнестойкий КПСЭнг(А)-FRHF 2х2х0,5","м",750,162.44,121830,111.72,83790,205620,null,null,162.44,0,111.72,0,0,null,162.44,0,111.72,0,0,null,162.44,0,111.72,0,0,null,162.44,0,111.72,0,0,null,162.44,0,111.72,0,0,null,162.44,0,111.72,0,0,null,162.44,0,111.72,0,0,null,162.44,0,111.72,0,0,null,0,162.44,0,111.72,0,0,750,162.44,121830,111.72,83790,205620]
["1.4.62","Кабель силовой огнестойкий ППГ нг(А)-FRHF 3х1.5","м",1300,162.44,211172,131.97999999999999,171574,382746,null,null,162.44,0,131.97999999999999,0,0,null,162.44,0,131.97999999999999,0,0,null,162.44,0,131.97999999999999,0,0,null,162.44,0,131.97999999999999,0,0,null,162.44,0,131.97999999999999,0,0,null,162.44,0,131.97999999999999,0,0,null,162.44,0,131.97999999999999,0,0,null,162.44,0,131.97999999999999,0,0,null,0,162.44,0,131.97999999999999,0,0,1300,162.44,211172,131.97999999999999,171574,382746]
["1.4.63","Труба гофрированная ПВХ легкая серая D20","м",4000,45.85,183400,28.08,112320,295720,null,null,45.85,0,28.08,0,0,null,45.85,0,28.08,0,0,null,45.85,0,28.08,0,0,null,45.85,0,28.08,0,0,null,45.85,0,28.08,0,0,null,45.85,0,28.08,0,0,null,45.85,0,28.08,0,0,null,45.85,0,28.08,0,0,null,0,45.85,0,28.08,0,0,4000,45.85,183400,28.08,112320,295720]
["1.4.64","Скоба металлическая однолапковая Д20","шт.",8000,6.55,52400,3.38,27040,79440,null,null,6.55,0,3.38,0,0,null,6.55,0,3.38,0,0,null,6.55,0,3.38,0,0,null,6.55,0,3.38,0,0,null,6.55,0,3.38,0,0,null,6.55,0,3.38,0,0,null,6.55,0,3.38,0,0,null,6.55,0,3.38,0,0,null,0,6.55,0,3.38,0,0,8000,6.55,52400,3.38,27040,79440]
["1.4.65","Металлический дюбель для газобетона 6х32","шт.",8000,6.55,52400,19.34,154720,207120,null,null,6.55,0,19.34,0,0,null,6.55,0,19.34,0,0,null,6.55,0,19.34,0,0,null,6.55,0,19.34,0,0,null,6.55,0,19.34,0,0,null,6.55,0,19.34,0,0,null,6.55,0,19.34,0,0,null,6.55,0,19.34,0,0,null,0,6.55,0,19.34,0,0,8000,6.55,52400,19.34,154720,207120]
["1.4.66","Саморез с пресс-шайбой 4.2х32","шт.",8000,6.55,52400,2.37,18960,71360,null,null,6.55,0,2.37,0,0,null,6.55,0,2.37,0,0,null,6.55,0,2.37,0,0,null,6.55,0,2.37,0,0,null,6.55,0,2.37,0,0,null,6.55,0,2.37,0,0,null,6.55,0,2.37,0,0,null,6.55,0,2.37,0,0,null,0,6.55,0,2.37,0,0,8000,6.55,52400,2.37,18960,71360]
["1.4.67","Аксессуары (расходные материалы, крепеж)","компл.",1,0,null,53352,53352,{"$f":"E179*D179+G179*D179","v":53352},null,null,0,null,53352,0,{"$f":"L179*K179+N179*K179","v":0},null,0,null,53352,0,{"$f":"R179*Q179+T179*Q179","v":0},null,0,0,53352,0,{"$f":"X179*W179+Z179*W179","v":0},null,0,null,53352,0,{"$f":"AD179*AC179+AF179*AC179","v":0},null,0,null,53352,0,{"$f":"AJ179*AI179+AL179*AI179","v":0},null,0,null,53352,0,{"$f":"AP179*AO179+AR179*AO179","v":0},null,0,null,53352,0,{"$f":"AV179*AU179+AX179*AU179","v":0},null,0,null,53352,0,{"$f":"BB179*BA179+BD179*BA179","v":0},null,0,0,null,53352,0,{"$f":"BI179*BH179+BK179*BH179","v":0},1,0,null,53352,53352,{"$f":"BO179*BN179+BQ179*BN179","v":53352}]
["1.4.68","Пуско-наладочные работы, приемо-сдаточные работы","компл.",1,515458.8,{"$f":"D180*E180","v":515458.8},0,null,515458.8,null,null,515458.8,{"$f":"K180*L180","v":0},0,null,0,null,515458.8,{"$f":"Q180*R180","v":0},0,null,0,null,515458.8,{"$f":"W180*X180","v":0},0,null,0,null,515458.8,{"$f":"AC180*AD180","v":0},0,null,0,null,515458.8,{"$f":"AI180*AJ180","v":0},0,null,0,null,515458.8,{"$f":"AO180*AP180","v":0},0,null,0,null,515458.8,{"$f":"AU180*AV180","v":0},0,null,0,null,515458.8,{"$f":"BA180*BB180","v":0},0,null,0,null,0,515458.8,{"$f":"BH180*BI180","v":0},0,null,0,1,515458.8,{"$f":"BN180*BO180","v":515458.8},0,null,515458.8]
["1.4.69","Аренда вышки 28 м","ч",152,0,null,0,null,null,null,null,0,null,0,null,null,null,0,null,0,null,null,null,0,null,0,null,null,null,0,null,0,null,null,null,0,null,0,null,null,null,0,null,0,null,null,null,0,null,0,null,null,null,0,null,0,null,null,null,0,0,null,0,null,null,152,0,null,0]
["1.4.70","Автоматизация управления воротами",null,null,0,null,0,null,null,null,null,0,null,0,null,null,null,0,null,0,null,null,null,0,null,0,null,null,null,0,null,0,null,null,null,0,null,0,null,null,null,0,null,0,null,null,null,0,null,0,null,null,null,0,null,0,null,null,null,0,0,null,0,null,null,0,0,null,0]
["1.4.70.1","Пульт контроля и управления","шт.",1,3406,{"$f":"D183*E183","v":3406},14788.18,{"$f":"D183*G183","v":14788.18},{"$f":"E183*D183+G183*D183","v":18194.18},null,null,3406,{"$f":"K183*L183","v":0},14788.18,{"$f":"K183*N183","v":0},{"$f":"L183*K183+N183*K183","v":0},null,3406,{"$f":"Q183*R183","v":0},14788.18,{"$f":"Q183*T183","v":0},{"$f":"R183*Q183+T183*Q183","v":0},1,3406,{"$f":"W183*X183","v":3406},14788.18,{"$f":"W183*Z183","v":14788.18},{"$f":"X183*W183+Z183*W183","v":18194.18},null,3406,{"$f":"AC183*AD183","v":0},14788.18,{"$f":"AC183*AF183","v":0},{"$f":"AD183*AC183+AF183*AC183","v":0},null,3406,{"$f":"AI183*AJ183","v":0},14788.18,{"$f":"AI183*AL183","v":0},{"$f":"AJ183*AI183+AL183*AI183","v":0},null,3406,{"$f":"AO183*AP183","v":0},14788.18,{"$f":"AO183*AR183","v":0},{"$f":"AP183*AO183+AR183*AO183","v":0},null,3406,{"$f":"AU183*AV183","v":0},14788.18,{"$f":"AU183*AX183","v":0},{"$f":"AV183*AU183+AX183*AU183","v":0},null,3406,{"$f":"BA183*BB183","v":0},14788.18,{"$f":"BA183*BD183","v":0},{"$f":"BB183*BA183+BD183*BA183","v":0},null,1,3406,{"$f":"BH183*BI183","v":3406},14788.18,{"$f":"BH183*BK183","v":14788.18},{"$f":"BI183*BH183+BK183*BH183","v":18194.18},0,3406,{"$f":"BN183*BO183","v":0},14788.18,{"$f":"BN183*BQ183","v":0},{"$f":"BO183*BN183+BQ183*BN183","v":0}]
["1.4.70.2","Прибор приемно-контрольный охранно-пожарный","шт.",2,3406,6812,4655.04,9310.08,16122.08,null,null,3406,0,4655.04,0,0,null,3406,0,4655.04,0,0,2,3406,6812,4655.04,9310.08,16122.08,null,3406,0,4655.04,0,0,null,3406,0,4655.04,0,0,null,3406,0,4655.04,0,0,null,3406,0,4655.04,0,0,null,3406,0,4655.04,0,0,null,2,3406,6812,4655.04,9310.08,16122.08,0,3406,0,4655.04,0,0]
["1.4.70.3","Щит с монтажной панелью 600х600х250 ЩМПг-60.60.25 IP54","шт.",2,6550,13100,19718.400000000001,39436.800000000003,52536.800000000003,null,null,6550,0,19718.400000000001,0,0,null,6550,0,19718.400000000001,0,0,2,6550,13100,19718.400000000001,39436.800000000003,52536.800000000003,null,6550,0,19718.400000000001,0,0,null,6550,0,19718.400000000001,0,0,null,6550,0,19718.400000000001,0,0,null,6550,0,19718.400000000001,0,0,null,6550,0,19718.400000000001,0,0,null,2,6550,13100,19718.400000000001,39436.800000000003,52536.800000000003,0,6550,0,19718.400000000001,0,0]
["1.4.70.4","Источник питания резервированный","шт.",2,3930,7860,10308.48,20616.96,28476.959999999999,null,null,3930,0,10308.48,0,0,null,3930,0,10308.48,0,0,null,3930,0,10308.48,0,0,null,3930,0,10308.48,0,0,null,3930,0,10308.48,0,0,null,3930,0,10308.48,0,0,null,3930,0,10308.48,0,0,null,3930,0,10308.48,0,0,null,0,3930,0,10308.48,0,0,2,3930,7860,10308.48,20616.96,28476.959999999999]
["1.4.70.5","Аккумулятор 12 В, 17 А/ч","шт.",2,524,1048,7368.4,14736.8,15784.8,null,null,524,0,7368.4,0,0,null,524,0,7368.4,0,0,null,524,0,7368.4,0,0,null,524,0,7368.4,0,0,null,524,0,7368.4,0,0,null,524,0,7368.4,0,0,null,524,0,7368.4,0,0,null,524,0,7368.4,0,0,null,0,524,0,7368.4,0,0,2,524,1048,7368.4,14736.8,15784.8]
["1.4.70.6","Светофор двухцветный светодиодный ","шт.",4,5502,22008,19958.64,79834.559999999998,101842.56,null,null,5502,0,19958.64,0,0,null,5502,0,19958.64,0,0,4,5502,22008,19958.64,79834.559999999998,101842.56,null,5502,0,19958.64,0,0,null,5502,0,19958.64,0,0,null,5502,0,19958.64,0,0,null,5502,0,19958.64,0,0,null,5502,0,19958.64,0,0,null,4,5502,22008,19958.64,79834.559999999998,101842.56,0,5502,0,19958.64,0,0]
["1.4.70.7","Устройство коммутационное","шт.",6,3406,20436,1774.5,10647,31083,null,null,3406,0,1774.5,0,0,null,3406,0,1774.5,0,0,6,3406,20436,1774.5,10647,31083,null,3406,0,1774.5,0,0,null,3406,0,1774.5,0,0,null,3406,0,1774.5,0,0,null,3406,0,1774.5,0,0,null,3406,0,1774.5,0,0,null,6,3406,20436,1774.5,10647,31083,0,3406,0,1774.5,0,0]
["1.4.70.8","Извещатель охранный точечный магнитоконтактный","шт.",6,2358,14148,496.08,2976.48,17124.48,null,null,2358,0,496.08,0,0,null,2358,0,496.08,0,0,6,2358,14148,496.08,2976.48,17124.48,null,2358,0,496.08,0,0,null,2358,0,496.08,0,0,null,2358,0,496.08,0,0,null,2358,0,496.08,0,0,null,2358,0,496.08,0,0,null,6,2358,14148,496.08,2976.48,17124.48,0,2358,0,496.08,0,0]
["1.4.70.9","Кабель силовой ППГнг(А)-FRHF 3х1.5","м",80,162.44,12995.2,131.97999999999999,10558.4,23553.599999999999,null,null,162.44,0,131.97999999999999,0,0,null,162.44,0,131.97999999999999,0,0,null,162.44,0,131.97999999999999,0,0,null,162.44,0,131.97999999999999,0,0,null,162.44,0,131.97999999999999,0,0,null,162.44,0,131.97999999999999,0,0,null,162.44,0,131.97999999999999,0,0,null,162.44,0,131.97999999999999,0,0,null,0,162.44,0,131.97999999999999,0,0,80,162.44,12995.2,131.97999999999999,10558.4,23553.599999999999]
["1.4.70.10","Кабель огнестойкий КПСЭнг(А)-FRHF 2х2х0,75","м",350,162.44,56854,101.09,35381.5,92235.5,null,null,162.44,0,101.09,0,0,null,162.44,0,101.09,0,0,null,162.44,0,101.09,0,0,null,162.44,0,101.09,0,0,null,162.44,0,101.09,0,0,null,162.44,0,101.09,0,0,null,162.44,0,101.09,0,0,null,162.44,0,101.09,0,0,null,0,162.44,0,101.09,0,0,350,162.44,56854,101.09,35381.5,92235.5]
["1.4.70.11","Кабель огнестойкий КПСЭнг(А)-FRHF 1х2х1,0","м",250,162.44,40610,53.35,13337.5,53947.5,null,null,162.44,0,53.35,0,0,null,162.44,0,53.35,0,0,null,162.44,0,53.35,0,0,null,162.44,0,53.35,0,0,null,162.44,0,53.35,0,0,null,162.44,0,53.35,0,0,null,162.44,0,53.35,0,0,null,162.44,0,53.35,0,0,null,0,162.44,0,53.35,0,0,250,162.44,40610,53.35,13337.5,53947.5]
["1.4.70.12","Коробка ответвительная с кабельными вводами IP55, 100х100х50","шт.",10,655,6550,142.58000000000001,1425.8000000000002,7975.8,null,null,655,0,142.58000000000001,0,0,null,655,0,142.58000000000001,0,0,4,655,2620,142.58000000000001,570.32000000000005,3190.32,null,655,0,142.58000000000001,0,0,null,655,0,142.58000000000001,0,0,null,655,0,142.58000000000001,0,0,null,655,0,142.58000000000001,0,0,null,655,0,142.58000000000001,0,0,null,4,655,2620,142.58000000000001,570.32000000000005,3190.32,6,655,3930,142.58000000000001,855.48,4785.4799999999996]
["1.4.70.13","Труба гофрированная ПВХ легкая серая D20","м",300,45.85,13755,28.08,8424,22179,null,null,45.85,0,28.08,0,0,null,45.85,0,28.08,0,0,null,45.85,0,28.08,0,0,null,45.85,0,28.08,0,0,null,45.85,0,28.08,0,0,null,45.85,0,28.08,0,0,null,45.85,0,28.08,0,0,null,45.85,0,28.08,0,0,null,0,45.85,0,28.08,0,0,300,45.85,13755,28.08,8424,22179]
["1.4.70.14","Аксессуары (расходные материалы, крепеж)","компл",1,0,null,6864,6864,6864,null,null,0,null,6864,0,0,null,0,null,6864,0,0,null,0,null,6864,0,0,null,0,null,6864,0,0,null,0,null,6864,0,0,null,0,null,6864,0,0,null,0,null,6864,0,0,null,0,null,6864,0,0,null,0,0,null,6864,0,0,1,0,null,6864,6864,6864]
["1.4.70.15","Пуско-наладочные работы","компл",1,119808,{"$f":"D197*E197","v":119808},0,null,119808,null,null,119808,{"$f":"K197*L197","v":0},0,null,0,null,119808,{"$f":"Q197*R197","v":0},0,null,0,null,119808,{"$f":"W197*X197","v":0},0,null,0,null,119808,{"$f":"AC197*AD197","v":0},0,null,0,null,119808,{"$f":"AI197*AJ197","v":0},0,null,0,null,119808,{"$f":"AO197*AP197","v":0},0,null,0,null,119808,{"$f":"AU197*AV197","v":0},0,null,0,null,119808,{"$f":"BA197*BB197","v":0},0,null,0,null,0,119808,{"$f":"BH197*BI197","v":0},0,null,0,1,119808,{"$f":"BN197*BO197","v":119808},0,null,119808]
["1.5","130-23-ОВ2 Отопление и вентиляция",null,null,null,null,null,null,null,null,null,null,null,null,null,null,null,null,null,null,null,null,null,null,{"$f":"Y199+Y200+Y201+Y202+Y203+Y204+Y205+Y207+Y206+Y209+Y210+Y211","v":4846329.1500000004},null,{"$f":"AA199+AA200+AA201+AA202+AA203+AA204+AA205+AA207+AA206+AA209+AA210+AA211","v":12462392.6},{"$f":"AB199+AB200+AB201+AB202+AB203+AB204+AB205+AB207+AB206+AB209+AB210+AB211","v":17308721.75},null,null,{"$f":"AE199+AE200+AE201+AE202+AE203+AE204+AE205+AE207+AE206+AE209+AE210+AE211","v":0},null,{"$f":"AG199+AG200+AG201+AG202+AG203+AG204+AG205+AG207+AG206+AG209+AG210+AG211","v":0},{"$f":"AH199+AH200+AH201+AH202+AH203+AH204+AH205+AH207+AH206+AH209+AH210+AH211","v":0},null,null,{"$f":"AK199+AK200+AK201+AK202+AK203+AK204+AK205+AK207+AK206+AK209+AK210+AK211","v":0},null,{"$f":"AM199+AM200+AM201+AM202+AM203+AM204+AM205+AM207+AM206+AM209+AM210+AM211","v":0},{"$f":"AN199+AN200+AN201+AN202+AN203+AN204+AN205+AN207+AN206+AN209+AN210+AN211","v":0},null,null,{"$f":"AQ199+AQ200+AQ201+AQ202+AQ203+AQ204+AQ205+AQ207+AQ206+AQ209+AQ210+AQ211","v":0},null,{"$f":"AS199+AS200+AS201+AS202+AS203+AS204+AS205+AS207+AS206+AS209+AS210+AS211","v":0},{"$f":"AT199+AT200+AT201+AT202+AT203+AT204+AT205+AT207+AT206+AT209+AT210+AT211","v":0},null,null,{"$f":"AW199+AW200+AW201+AW202+AW203+AW204+AW205+AW207+AW206+AW209+AW210+AW211","v":0},null,{"$f":"AY199+AY200+AY201+AY202+AY203+AY204+AY205+AY207+AY206+AY209+AY210+AY211","v":0},{"$f":"AZ199+AZ200+AZ201+AZ202+AZ203+AZ204+AZ205+AZ207+AZ206+AZ209+AZ210+AZ211","v":0},null,null,{"$f":"BC199+BC200+BC201+BC202+BC203+BC204+BC205+BC207+BC206+BC209+BC210+BC211","v":0},null,{"$f":"BE199+BE200+BE201+BE202+BE203+BE204+BE205+BE207+BE206+BE209+BE210+BE211","v":0},{"$f":"BF199+BF200+BF201+BF202+BF203+BF204+BF205+BF207+BF206+BF209+BF210+BF211","v":0},null,0,null,{"$f":"BJ199+BJ200+BJ201+BJ202+BJ203+BJ204+BJ205+BJ207+BJ206+BJ209+BJ210+BJ211","v":22678133.120000001},null,{"$f":"BL199+BL200+BL201+BL202+BL203+BL204+BL205+BL207+BL206+BL209+BL210+BL211","v":57776503.399999999},{"$f":"BM199+BM200+BM201+BM202+BM203+BM204+BM205+BM207+BM206+BM209+BM210+BM211","v":80454636.519999996},0,null,{"$f":"BP199+BP200+BP201+BP202+BP203+BP204+BP205+BP207+BP206+BP209+BP210+BP211","v":2380922.0220000003},null,{"$f":"BR199+BR200+BR201+BR202+BR203+BR204+BR205+BR207+BR206+BR209+BR210+BR211","v":2491522.6},{"$f":"BS199+BS200+BS201+BS202+BS203+BS204+BS205+BS207+BS206+BS209+BS210+BS211","v":4872444.6220000004}]
["1.5.1","Монтаж приточной системы","к-т",6,125450,{"$f":"D199*E199","v":752700},982545,{"$f":"D199*G199","v":5895270},{"$f":"E199*D199+G199*D199","v":6647970},null,6,125450,{"$f":"K199*L199","v":752700},982545,{"$f":"K199*N199","v":5895270},{"$f":"L199*K199+N199*K199","v":6647970},null,125450,{"$f":"Q199*R199","v":0},982545,{"$f":"Q199*T199","v":0},{"$f":"R199*Q199+T199*Q199","v":0},null,125450,{"$f":"W199*X199","v":0},982545,{"$f":"W199*Z199","v":0},{"$f":"X199*W199+Z199*W199","v":0},null,125450,{"$f":"AC199*AD199","v":0},982545,{"$f":"AC199*AF199","v":0},{"$f":"AD199*AC199+AF199*AC199","v":0},null,125450,{"$f":"AI199*AJ199","v":0},982545,{"$f":"AI199*AL199","v":0},{"$f":"AJ199*AI199+AL199*AI199","v":0},null,125450,{"$f":"AO199*AP199","v":0},982545,{"$f":"AO199*AR199","v":0},{"$f":"AP199*AO199+AR199*AO199","v":0},null,125450,{"$f":"AU199*AV199","v":0},982545,{"$f":"AU199*AX199","v":0},{"$f":"AV199*AU199+AX199*AU199","v":0},null,125450,{"$f":"BA199*BB199","v":0},982545,{"$f":"BA199*BD199","v":0},{"$f":"BB199*BA199+BD199*BA199","v":0},null,6,125450,{"$f":"BH199*BI199","v":752700},982545,{"$f":"BH199*BK199","v":5895270},{"$f":"BI199*BH199+BK199*BH199","v":6647970},0,125450,{"$f":"BN199*BO199","v":0},982545,{"$f":"BN199*BQ199","v":0},{"$f":"BO199*BN199+BQ199*BN199","v":0}]
["1.5.2","Монтаж вытяжных и приточно-вытяжных систем","к-т",7,29545,206815,469586,3287102,3493917,null,null,29545,0,469586,0,0,4,29545,118180,469586,1878344,1996524,3,29545,88635,469586,1408758,1497393,null,29545,0,469586,0,0,null,29545,0,469586,0,0,null,29545,0,469586,0,0,null,29545,0,469586,0,0,null,29545,0,469586,0,0,null,7,29545,206815,469586,3287102,3493917,0,29545,0,469586,0,0]
["1.5.3","Монтаж комплектов автоматики","к-т",13,102635.07,1334255.9100000001,309219.34000000003,4019851.4200000004,5354107.33,null,null,102635.07,0,309219.34000000003,0,0,null,102635.07,0,309219.34000000003,0,0,12,102635.07,1231620.8400000001,309219.34000000003,3710632.08,4942252.92,null,102635.07,0,309219.34000000003,0,0,null,102635.07,0,309219.34000000003,0,0,null,102635.07,0,309219.34000000003,0,0,null,102635.07,0,309219.34000000003,0,0,null,102635.07,0,309219.34000000003,0,0,null,12,102635.07,1231620.8400000001,309219.34000000003,3710632.08,4942252.92,1,102635.07,102635.07,309219.34000000003,309219.34000000003,411854.41000000003]
["1.5.4","Монтаж воздухораспределителей","шт",80,4332.6000000000004,346608,10463.969999999999,837117.6,1183725.6000000001,null,null,4332.6000000000004,0,10463.969999999999,0,0,null,4332.6000000000004,0,10463.969999999999,0,0,54,4332.6000000000004,233960.40000000002,10463.969999999999,565054.38,799014.78,null,4332.6000000000004,0,10463.969999999999,0,0,null,4332.6000000000004,0,10463.969999999999,0,0,null,4332.6000000000004,0,10463.969999999999,0,0,null,4332.6000000000004,0,10463.969999999999,0,0,null,4332.6000000000004,0,10463.969999999999,0,0,null,54,4332.6000000000004,233960.40000000002,10463.969999999999,565054.38,799014.78,26,4332.6000000000004,112647.6,10463.969999999999,272063.21999999997,384710.81999999995]
["1.5.5","Прокладка воздуховодов из оцинкованой стали","м2",3033.8,2655.59,8056528.9420000007,1958,5940180.4000000004,13996709.342,null,1499,2655.59,3980729.41,1958,2935042,6915771.4100000001,1300,2655.59,3452267,1958,2545400,5997667,136,2655.59,361160.24,1958,266288,627448.24,null,2655.59,0,1958,0,0,null,2655.59,0,1958,0,0,null,2655.59,0,1958,0,0,null,2655.59,0,1958,0,0,null,2655.59,0,1958,0,0,null,2935,2655.59,7794156.6500000004,1958,5746730,13540886.65,98.800000000000182,2655.59,262372.29200000048,1958,193450.40000000034,455822.69200000085]
["1.5.6","Монтаж клапанов огнезадерживающих","шт",8,11973.06,95784.48,32008.28,256066.24,351850.72,null,null,11973.06,0,32008.28,0,0,null,11973.06,0,32008.28,0,0,8,11973.06,95784.48,32008.28,256066.24,351850.72,null,11973.06,0,32008.28,0,0,null,11973.06,0,32008.28,0,0,null,11973.06,0,32008.28,0,0,null,11973.06,0,32008.28,0,0,null,11973.06,0,32008.28,0,0,null,8,11973.06,95784.48,32008.28,256066.24,351850.72,0,11973.06,0,32008.28,0,0]
["1.5.7","Монтаж фильтрационных агрегатов","к-т",12,637410.63,7648927.5600000005,2625837.9,31510054.799999997,39158982.359999999,null,10,637410.63,6374106.2999999998,2625837.9,26258379,32632485.300000001,2,637410.63,1274821.26,2625837.9,5251675.8,6526497.0599999996,null,637410.63,0,2625837.9,0,0,null,637410.63,0,2625837.9,0,0,null,637410.63,0,2625837.9,0,0,null,637410.63,0,2625837.9,0,0,null,637410.63,0,2625837.9,0,0,null,637410.63,0,2625837.9,0,0,null,12,637410.63,7648927.5600000005,2625837.9,31510054.799999997,39158982.359999999,0,637410.63,0,2625837.9,0,0]
["1.5.8","Монтаж воздушно-тепловых завес","к-т",14,46198.46,646778.43999999994,372209.5,5210933,5857711.4399999995,null,null,46198.46,0,372209.5,0,0,null,46198.46,0,372209.5,0,0,14,46198.46,646778.43999999994,372209.5,5210933,5857711.4399999995,null,46198.46,0,372209.5,0,0,null,46198.46,0,372209.5,0,0,null,46198.46,0,372209.5,0,0,null,46198.46,0,372209.5,0,0,null,46198.46,0,372209.5,0,0,null,14,46198.46,646778.43999999994,372209.5,5210933,5857711.4399999995,0,46198.46,0,372209.5,0,0]
["1.5.9","Прокладка воздуховодов из оцинкованой стали","м2",690.2,3758,2593771.6,1100,759220,3352991.6,null,null,3758,0,1100,0,0,500,3758,1879000,1100,550000,2429000,{"$f":"D207-Q207","v":190.20000000000005},3758,714771.60000000021,1100,209220.00000000006,923991.60000000033,null,3758,0,1100,0,0,null,3758,0,1100,0,0,null,3758,0,1100,0,0,null,3758,0,1100,0,0,null,3758,0,1100,0,0,null,690.2,3758,2593771.6,1100,759220,3352991.6,0,3758,0,1100,0,0]
["1.5.10","Теплоснабжение",null,null,0,null,0,null,null,null,null,0,null,0,null,null,null,0,null,0,null,null,null,0,null,0,null,null,null,0,null,0,null,null,null,0,null,0,null,null,null,0,null,0,null,null,null,0,null,0,null,null,null,0,null,0,null,null,null,0,0,null,0,null,null,0,0,null,0]
["1.5.11","Прокладка трубопроводов теплоснабжения","п.м.",248,2887.52,{"$f":"D209*E209","v":716104.96},4676.7299999999996,{"$f":"D209*G209","v":1159829.0399999998},{"$f":"E209*D209+G209*D209","v":1875933.9999999998},null,null,2887.52,{"$f":"K209*L209","v":0},4676.7299999999996,{"$f":"K209*N209","v":0},{"$f":"L209*K209+N209*K209","v":0},null,2887.52,{"$f":"Q209*R209","v":0},4676.7299999999996,{"$f":"Q209*T209","v":0},{"$f":"R209*Q209+T209*Q209","v":0},null,2887.52,{"$f":"W209*X209","v":0},4676.7299999999996,{"$f":"W209*Z209","v":0},{"$f":"X209*W209+Z209*W209","v":0},null,2887.52,{"$f":"AC209*AD209","v":0},4676.7299999999996,{"$f":"AC209*AF209","v":0},{"$f":"AD209*AC209+AF209*AC209","v":0},null,2887.52,{"$f":"AI209*AJ209","v":0},4676.7299999999996,{"$f":"AI209*AL209","v":0},{"$f":"AJ209*AI209+AL209*AI209","v":0},null,2887.52,{"$f":"AO209*AP209","v":0},4676.7299999999996,{"$f":"AO209*AR209","v":0},{"$f":"AP209*AO209+AR209*AO209","v":0},null,2887.52,{"$f":"AU209*AV209","v":0},4676.7299999999996,{"$f":"AU209*AX209","v":0},{"$f":"AV209*AU209+AX209*AU209","v":0},null,2887.52,{"$f":"BA209*BB209","v":0},4676.7299999999996,{"$f":"BA209*BD209","v":0},{"$f":"BB209*BA209+BD209*BA209","v":0},null,0,2887.52,{"$f":"BH209*BI209","v":0},4676.7299999999996,{"$f":"BH209*BK209","v":0},{"$f":"BI209*BH209+BK209*BH209","v":0},248,2887.52,{"$f":"BN209*BO209","v":716104.96},4676.7299999999996,{"$f":"BN209*BQ209","v":1159829.0399999998},{"$f":"BO209*BN209+BQ209*BN209","v":1875933.9999999998}]
["1.5.12","Прокладка кабелей системы автоматизации вентиляции","к-т",1,1432280.25,{"$f":"D210*E210","v":1432280.25},1392401.5,{"$f":"D210*G210","v":1392401.5},{"$f":"E210*D210+G210*D210","v":2824681.75},null,null,1432280.25,{"$f":"K210*L210","v":0},1392401.5,{"$f":"K210*N210","v":0},{"$f":"L210*K210+N210*K210","v":0},null,1432280.25,{"$f":"Q210*R210","v":0},1392401.5,{"$f":"Q210*T210","v":0},{"$f":"R210*Q210+T210*Q210","v":0},0.6,1432280.25,{"$f":"W210*X210","v":859368.15},1392401.5,{"$f":"W210*Z210","v":835440.9},{"$f":"X210*W210+Z210*W210","v":1694809.05},null,1432280.25,{"$f":"AC210*AD210","v":0},1392401.5,{"$f":"AC210*AF210","v":0},{"$f":"AD210*AC210+AF210*AC210","v":0},null,1432280.25,{"$f":"AI210*AJ210","v":0},1392401.5,{"$f":"AI210*AL210","v":0},{"$f":"AJ210*AI210+AL210*AI210","v":0},null,1432280.25,{"$f":"AO210*AP210","v":0},1392401.5,{"$f":"AO210*AR210","v":0},{"$f":"AP210*AO210+AR210*AO210","v":0},null,1432280.25,{"$f":"AU210*AV210","v":0},1392401.5,{"$f":"AU210*AX210","v":0},{"$f":"AV210*AU210+AX210*AU210","v":0},null,1432280.25,{"$f":"BA210*BB210","v":0},1392401.5,{"$f":"BA210*BD210","v":0},{"$f":"BB210*BA210+BD210*BA210","v":0},null,0.6,1432280.25,{"$f":"BH210*BI210","v":859368.15},1392401.5,{"$f":"BH210*BK210","v":835440.9},{"$f":"BI210*BH210+BK210*BH210","v":1694809.05},0.4,1432280.25,{"$f":"BN210*BO210","v":572912.1},1392401.5,{"$f":"BN210*BQ210","v":556960.6},{"$f":"BO210*BN210+BQ210*BN210","v":1129872.7}]
["1.5.13","Пуско-наладочные работы ","к-т",1,1228500,{"$f":"D211*E211","v":1228500},0,null,{"$f":"E211*D211+G211*D211","v":1228500},null,null,1228500,{"$f":"K211*L211","v":0},0,null,{"$f":"L211*K211+N211*K211","v":0},null,1228500,{"$f":"Q211*R211","v":0},0,null,{"$f":"R211*Q211+T211*Q211","v":0},0.5,1228500,{"$f":"W211*X211","v":614250},0,{"$f":"W211*Z211","v":0},{"$f":"X211*W211+Z211*W211","v":614250},null,1228500,{"$f":"AC211*AD211","v":0},0,null,{"$f":"AD211*AC211+AF211*AC211","v":0},null,1228500,{"$f":"AI211*AJ211","v":0},0,null,{"$f":"AJ211*AI211+AL211*AI211","v":0},null,1228500,{"$f":"AO211*AP211","v":0},0,null,{"$f":"AP211*AO211+AR211*AO211","v":0},null,1228500,{"$f":"AU211*AV211","v":0},0,null,{"$f":"AV211*AU211+AX211*AU211","v":0},null,1228500,{"$f":"BA211*BB211","v":0},0,null,{"$f":"BB211*BA211+BD211*BA211","v":0},null,0.5,1228500,{"$f":"BH211*BI211","v":614250},0,null,{"$f":"BI211*BH211+BK211*BH211","v":614250},0.5,1228500,{"$f":"BN211*BO211","v":614250},0,null,{"$f":"BO211*BN211+BQ211*BN211","v":614250}]
["1.6","130-23-ОВ1 Отопление, вентиляция и кондиционирование",null,null,null,null,null,null,null,null,null,null,null,null,null,null,null,null,null,null,null,null,null,null,{"$f":"Y213+Y214+Y215+Y217+Y219+Y220+Y221+Y222+Y223+Y224+Y225+Y226+Y228+Y229+Y230+Y231+Y232+Y233","v":2217283.08},null,{"$f":"AA213+AA214+AA215+AA217+AA219+AA220+AA221+AA222+AA223+AA224+AA225+AA226+AA228+AA229+AA230+AA231+AA232+AA233","v":2810695.9099999997},{"$f":"AB213+AB214+AB215+AB217+AB219+AB220+AB221+AB222+AB223+AB224+AB225+AB226+AB228+AB229+AB230+AB231+AB232+AB233","v":5027978.99},null,null,{"$f":"AE213+AE214+AE215+AE217+AE219+AE220+AE221+AE222+AE223+AE224+AE225+AE226+AE228+AE229+AE230+AE231+AE232+AE233","v":0},null,{"$f":"AG213+AG214+AG215+AG217+AG219+AG220+AG221+AG222+AG223+AG224+AG225+AG226+AG228+AG229+AG230+AG231+AG232+AG233","v":0},{"$f":"AH213+AH214+AH215+AH217+AH219+AH220+AH221+AH222+AH223+AH224+AH225+AH226+AH228+AH229+AH230+AH231+AH232+AH233","v":0},null,null,{"$f":"AK213+AK214+AK215+AK217+AK219+AK220+AK221+AK222+AK223+AK224+AK225+AK226+AK228+AK229+AK230+AK231+AK232+AK233","v":0},null,{"$f":"AM213+AM214+AM215+AM217+AM219+AM220+AM221+AM222+AM223+AM224+AM225+AM226+AM228+AM229+AM230+AM231+AM232+AM233","v":0},{"$f":"AN213+AN214+AN215+AN217+AN219+AN220+AN221+AN222+AN223+AN224+AN225+AN226+AN228+AN229+AN230+AN231+AN232+AN233","v":0},null,null,{"$f":"AQ213+AQ214+AQ215+AQ217+AQ219+AQ220+AQ221+AQ222+AQ223+AQ224+AQ225+AQ226+AQ228+AQ229+AQ230+AQ231+AQ232+AQ233","v":0},null,{"$f":"AS213+AS214+AS215+AS217+AS219+AS220+AS221+AS222+AS223+AS224+AS225+AS226+AS228+AS229+AS230+AS231+AS232+AS233","v":0},{"$f":"AT213+AT214+AT215+AT217+AT219+AT220+AT221+AT222+AT223+AT224+AT225+AT226+AT228+AT229+AT230+AT231+AT232+AT233","v":0},null,null,{"$f":"AW213+AW214+AW215+AW217+AW219+AW220+AW221+AW222+AW223+AW224+AW225+AW226+AW228+AW229+AW230+AW231+AW232+AW233","v":0},null,{"$f":"AY213+AY214+AY215+AY217+AY219+AY220+AY221+AY222+AY223+AY224+AY225+AY226+AY228+AY229+AY230+AY231+AY232+AY233","v":0},{"$f":"AZ213+AZ214+AZ215+AZ217+AZ219+AZ220+AZ221+AZ222+AZ223+AZ224+AZ225+AZ226+AZ228+AZ229+AZ230+AZ231+AZ232+AZ233","v":0},null,null,{"$f":"BC213+BC214+BC215+BC217+BC219+BC220+BC221+BC222+BC223+BC224+BC225+BC226+BC228+BC229+BC230+BC231+BC232+BC233","v":0},null,{"$f":"BE213+BE214+BE215+BE217+BE219+BE220+BE221+BE222+BE223+BE224+BE225+BE226+BE228+BE229+BE230+BE231+BE232+BE233","v":0},{"$f":"BF213+BF214+BF215+BF217+BF219+BF220+BF221+BF222+BF223+BF224+BF225+BF226+BF228+BF229+BF230+BF231+BF232+BF233","v":0},null,0,null,{"$f":"BJ213+BJ214+BJ215+BJ217+BJ219+BJ220+BJ221+BJ222+BJ223+BJ224+BJ225+BJ226+BJ228+BJ229+BJ230+BJ231+BJ232+BJ233","v":2217283.08},null,{"$f":"BL213+BL214+BL215+BL217+BL219+BL220+BL221+BL222+BL223+BL224+BL225+BL226+BL228+BL229+BL230+BL231+BL232+BL233","v":2810695.9099999997},{"$f":"BM213+BM214+BM215+BM217+BM219+BM220+BM221+BM222+BM223+BM224+BM225+BM226+BM228+BM229+BM230+BM231+BM232+BM233","v":5027978.99},0,null,{"$f":"BP213+BP214+BP215+BP217+BP219+BP220+BP221+BP222+BP223+BP224+BP225+BP226+BP228+BP229+BP230+BP231+BP232+BP233","v":2941632.0700000003},null,{"$f":"BR213+BR214+BR215+BR217+BR219+BR220+BR221+BR222+BR223+BR224+BR225+BR226+BR228+BR229+BR230+BR231+BR232+BR233","v":3391752.97},{"$f":"BS213+BS214+BS215+BS217+BS219+BS220+BS221+BS222+BS223+BS224+BS225+BS226+BS228+BS229+BS230+BS231+BS232+BS233","v":6333385.04}]
["1.6.1","Монтаж отопительных приборов в комплекте с запорно-регулирующей арматурой","шт.",58,7205,{"$f":"D213*E213","v":417890},17301.59,{"$f":"D213*G213","v":1003492.22},{"$f":"E213*D213+G213*D213","v":1421382.22},null,null,7205,{"$f":"K213*L213","v":0},17301.59,{"$f":"K213*N213","v":0},{"$f":"L213*K213+N213*K213","v":0},null,7205,{"$f":"Q213*R213","v":0},17301.59,{"$f":"Q213*T213","v":0},{"$f":"R213*Q213+T213*Q213","v":0},50,7205,{"$f":"W213*X213","v":360250},17301.59,{"$f":"W213*Z213","v":865079.5},{"$f":"X213*W213+Z213*W213","v":1225329.5},null,7205,{"$f":"AC213*AD213","v":0},17301.59,{"$f":"AC213*AF213","v":0},{"$f":"AD213*AC213+AF213*AC213","v":0},null,7205,{"$f":"AI213*AJ213","v":0},17301.59,{"$f":"AI213*AL213","v":0},{"$f":"AJ213*AI213+AL213*AI213","v":0},null,7205,{"$f":"AO213*AP213","v":0},17301.59,{"$f":"AO213*AR213","v":0},{"$f":"AP213*AO213+AR213*AO213","v":0},null,7205,{"$f":"AU213*AV213","v":0},17301.59,{"$f":"AU213*AX213","v":0},{"$f":"AV213*AU213+AX213*AU213","v":0},null,7205,{"$f":"BA213*BB213","v":0},17301.59,{"$f":"BA213*BD213","v":0},{"$f":"BB213*BA213+BD213*BA213","v":0},null,50,7205,{"$f":"BH213*BI213","v":360250},17301.59,{"$f":"BH213*BK213","v":865079.5},{"$f":"BI213*BH213+BK213*BH213","v":1225329.5},8,7205,{"$f":"BN213*BO213","v":57640},17301.59,{"$f":"BN213*BQ213","v":138412.72},{"$f":"BO213*BN213+BQ213*BN213","v":196052.72}]
["1.6.2","Прокладка трубопроводов отопления в изоляции","п.м.",1059,1451.67,{"$f":"D214*E214","v":1537318.53},811.65,{"$f":"D214*G214","v":859537.35},{"$f":"E214*D214+G214*D214","v":2396855.88},null,null,1451.67,{"$f":"K214*L214","v":0},811.65,{"$f":"K214*N214","v":0},{"$f":"L214*K214+N214*K214","v":0},null,1451.67,{"$f":"Q214*R214","v":0},811.65,{"$f":"Q214*T214","v":0},{"$f":"R214*Q214+T214*Q214","v":0},700,1451.67,{"$f":"W214*X214","v":1016169},811.65,{"$f":"W214*Z214","v":568155},{"$f":"X214*W214+Z214*W214","v":1584324},null,1451.67,{"$f":"AC214*AD214","v":0},811.65,{"$f":"AC214*AF214","v":0},{"$f":"AD214*AC214+AF214*AC214","v":0},null,1451.67,{"$f":"AI214*AJ214","v":0},811.65,{"$f":"AI214*AL214","v":0},{"$f":"AJ214*AI214+AL214*AI214","v":0},null,1451.67,{"$f":"AO214*AP214","v":0},811.65,{"$f":"AO214*AR214","v":0},{"$f":"AP214*AO214+AR214*AO214","v":0},null,1451.67,{"$f":"AU214*AV214","v":0},811.65,{"$f":"AU214*AX214","v":0},{"$f":"AV214*AU214+AX214*AU214","v":0},null,1451.67,{"$f":"BA214*BB214","v":0},811.65,{"$f":"BA214*BD214","v":0},{"$f":"BB214*BA214+BD214*BA214","v":0},null,700,1451.67,{"$f":"BH214*BI214","v":1016169},811.65,{"$f":"BH214*BK214","v":568155},{"$f":"BI214*BH214+BK214*BH214","v":1584324},359,1451.67,{"$f":"BN214*BO214","v":521149.53},811.65,{"$f":"BN214*BQ214","v":291382.34999999998},{"$f":"BO214*BN214+BQ214*BN214","v":812531.88}]
["1.6.3","Насос циркуляционный ","шт",1,39090,{"$f":"D215*E215","v":39090},204170,{"$f":"D215*G215","v":204170},{"$f":"E215*D215+G215*D215","v":243260},null,null,39090,{"$f":"K215*L215","v":0},204170,{"$f":"K215*N215","v":0},{"$f":"L215*K215+N215*K215","v":0},null,39090,{"$f":"Q215*R215","v":0},204170,{"$f":"Q215*T215","v":0},{"$f":"R215*Q215+T215*Q215","v":0},null,39090,{"$f":"W215*X215","v":0},204170,{"$f":"W215*Z215","v":0},{"$f":"X215*W215+Z215*W215","v":0},null,39090,{"$f":"AC215*AD215","v":0},204170,{"$f":"AC215*AF215","v":0},{"$f":"AD215*AC215+AF215*AC215","v":0},null,39090,{"$f":"AI215*AJ215","v":0},204170,{"$f":"AI215*AL215","v":0},{"$f":"AJ215*AI215+AL215*AI215","v":0},null,39090,{"$f":"AO215*AP215","v":0},204170,{"$f":"AO215*AR215","v":0},{"$f":"AP215*AO215+AR215*AO215","v":0},null,39090,{"$f":"AU215*AV215","v":0},204170,{"$f":"AU215*AX215","v":0},{"$f":"AV215*AU215+AX215*AU215","v":0},null,39090,{"$f":"BA215*BB215","v":0},204170,{"$f":"BA215*BD215","v":0},{"$f":"BB215*BA215+BD215*BA215","v":0},null,0,39090,{"$f":"BH215*BI215","v":0},204170,{"$f":"BH215*BK215","v":0},{"$f":"BI215*BH215+BK215*BH215","v":0},1,39090,{"$f":"BN215*BO215","v":39090},204170,{"$f":"BN215*BQ215","v":204170},{"$f":"BO215*BN215+BQ215*BN215","v":243260}]
["1.6.4","Теплоснабжение установки П1",null,null,0,null,0,null,null,null,null,0,null,0,null,null,null,0,null,0,null,null,null,0,null,0,null,null,null,0,null,0,null,null,null,0,null,0,null,null,null,0,null,0,null,null,null,0,null,0,null,null,null,0,null,0,null,null,null,0,0,null,0,null,null,0,0,null,0]
["1.6.4.1","Прокладка трубопроводов теплоснабжения в изоляции","п.м.",390,1239.46,{"$f":"D217*E217","v":483389.4},505.48,{"$f":"D217*G217","v":197137.2},{"$f":"E217*D217+G217*D217","v":680526.60000000009},null,null,1239.46,{"$f":"K217*L217","v":0},505.48,{"$f":"K217*N217","v":0},{"$f":"L217*K217+N217*K217","v":0},null,1239.46,{"$f":"Q217*R217","v":0},505.48,{"$f":"Q217*T217","v":0},{"$f":"R217*Q217+T217*Q217","v":0},200,1239.46,{"$f":"W217*X217","v":247892},505.48,{"$f":"W217*Z217","v":101096},{"$f":"X217*W217+Z217*W217","v":348988},null,1239.46,{"$f":"AC217*AD217","v":0},505.48,{"$f":"AC217*AF217","v":0},{"$f":"AD217*AC217+AF217*AC217","v":0},null,1239.46,{"$f":"AI217*AJ217","v":0},505.48,{"$f":"AI217*AL217","v":0},{"$f":"AJ217*AI217+AL217*AI217","v":0},null,1239.46,{"$f":"AO217*AP217","v":0},505.48,{"$f":"AO217*AR217","v":0},{"$f":"AP217*AO217+AR217*AO217","v":0},null,1239.46,{"$f":"AU217*AV217","v":0},505.48,{"$f":"AU217*AX217","v":0},{"$f":"AV217*AU217+AX217*AU217","v":0},null,1239.46,{"$f":"BA217*BB217","v":0},505.48,{"$f":"BA217*BD217","v":0},{"$f":"BB217*BA217+BD217*BA217","v":0},null,200,1239.46,{"$f":"BH217*BI217","v":247892},505.48,{"$f":"BH217*BK217","v":101096},{"$f":"BI217*BH217+BK217*BH217","v":348988},190,1239.46,{"$f":"BN217*BO217","v":235497.4},505.48,{"$f":"BN217*BQ217","v":96041.2},{"$f":"BO217*BN217+BQ217*BN217","v":331538.59999999998}]
["1.6.5","Вентиляция",null,null,0,null,0,null,null,null,null,0,null,0,null,null,null,0,null,0,null,null,null,0,null,0,null,null,null,0,null,0,null,null,null,0,null,0,null,null,null,0,null,0,null,null,null,0,null,0,null,null,null,0,null,0,null,null,null,0,0,null,0,null,null,0,0,null,0]
["1.6.5.1","Монтаж приточной системы","к-т",1,88935.9,{"$f":"D219*E219","v":88935.9},212371.01,{"$f":"D219*G219","v":212371.01},{"$f":"E219*D219+G219*D219","v":301306.91000000003},null,null,88935.9,{"$f":"K219*L219","v":0},212371.01,{"$f":"K219*N219","v":0},{"$f":"L219*K219+N219*K219","v":0},null,88935.9,{"$f":"Q219*R219","v":0},212371.01,{"$f":"Q219*T219","v":0},{"$f":"R219*Q219+T219*Q219","v":0},1,88935.9,{"$f":"W219*X219","v":88935.9},212371.01,{"$f":"W219*Z219","v":212371.01},{"$f":"X219*W219+Z219*W219","v":301306.91000000003},null,88935.9,{"$f":"AC219*AD219","v":0},212371.01,{"$f":"AC219*AF219","v":0},{"$f":"AD219*AC219+AF219*AC219","v":0},null,88935.9,{"$f":"AI219*AJ219","v":0},212371.01,{"$f":"AI219*AL219","v":0},{"$f":"AJ219*AI219+AL219*AI219","v":0},null,88935.9,{"$f":"AO219*AP219","v":0},212371.01,{"$f":"AO219*AR219","v":0},{"$f":"AP219*AO219+AR219*AO219","v":0},null,88935.9,{"$f":"AU219*AV219","v":0},212371.01,{"$f":"AU219*AX219","v":0},{"$f":"AV219*AU219+AX219*AU219","v":0},null,88935.9,{"$f":"BA219*BB219","v":0},212371.01,{"$f":"BA219*BD219","v":0},{"$f":"BB219*BA219+BD219*BA219","v":0},null,1,88935.9,{"$f":"BH219*BI219","v":88935.9},212371.01,{"$f":"BH219*BK219","v":212371.01},{"$f":"BI219*BH219+BK219*BH219","v":301306.91000000003},0,88935.9,{"$f":"BN219*BO219","v":0},212371.01,{"$f":"BN219*BQ219","v":0},{"$f":"BO219*BN219+BQ219*BN219","v":0}]
["1.6.5.2","Монтаж узла терморегулирования","к-т",1,27333.15,27333.15,92996.28,92996.28,120329.43,null,null,27333.15,0,92996.28,0,0,null,27333.15,0,92996.28,0,0,null,27333.15,0,92996.28,0,0,null,27333.15,0,92996.28,0,0,null,27333.15,0,92996.28,0,0,null,27333.15,0,92996.28,0,0,null,27333.15,0,92996.28,0,0,null,27333.15,0,92996.28,0,0,null,0,27333.15,0,92996.28,0,0,1,27333.15,27333.15,92996.28,92996.28,120329.43]
["1.6.5.3","Монтаж вытяжных систем","к-т",6,8541.7199999999993,51250.319999999992,15825.33,94951.98,146202.29999999999,null,null,8541.7199999999993,0,15825.33,0,0,null,8541.7199999999993,0,15825.33,0,0,5,8541.7199999999993,42708.6,15825.33,79126.649999999994,121835.25,null,8541.7199999999993,0,15825.33,0,0,null,8541.7199999999993,0,15825.33,0,0,null,8541.7199999999993,0,15825.33,0,0,null,8541.7199999999993,0,15825.33,0,0,null,8541.7199999999993,0,15825.33,0,0,null,5,8541.7199999999993,42708.6,15825.33,79126.649999999994,121835.25,1,8541.7199999999993,8541.7199999999993,15825.33,15825.33,24367.05]
["1.6.5.4","Монтаж воздухораспределителей, дроссель-клапанов, зонтов","шт",125,896.04,112005,784.68,98085,210090,null,null,896.04,0,784.68,0,0,null,896.04,0,784.68,0,0,100,896.04,89604,784.68,78468,168072,null,896.04,0,784.68,0,0,null,896.04,0,784.68,0,0,null,896.04,0,784.68,0,0,null,896.04,0,784.68,0,0,null,896.04,0,784.68,0,0,null,100,896.04,89604,784.68,78468,168072,25,896.04,22401,784.68,19617,42018]
["1.6.5.5","Прокладка воздуховодов из оцинкованой стали","м2",294.5,1375.5,405084.75,1858.42,547304.69000000006,952389.44000000006,null,null,1375.5,0,1858.42,0,0,null,1375.5,0,1858.42,0,0,152,1375.5,209076,1858.42,282479.84000000003,491555.84000000003,null,1375.5,0,1858.42,0,0,null,1375.5,0,1858.42,0,0,null,1375.5,0,1858.42,0,0,null,1375.5,0,1858.42,0,0,null,1375.5,0,1858.42,0,0,null,152,1375.5,209076,1858.42,282479.84000000003,491555.84000000003,142.5,1375.5,196008.75,1858.42,264824.85000000003,460833.60000000003]
["1.6.5.6","Монтаж противодымных систем ПД1, ДУ1","к-т",2,100586.39,201172.78,266448.07,532896.14,734068.92,null,null,100586.39,0,266448.07,0,0,null,100586.39,0,266448.07,0,0,null,100586.39,0,266448.07,0,0,null,100586.39,0,266448.07,0,0,null,100586.39,0,266448.07,0,0,null,100586.39,0,266448.07,0,0,null,100586.39,0,266448.07,0,0,null,100586.39,0,266448.07,0,0,null,0,100586.39,0,266448.07,0,0,2,100586.39,201172.78,266448.07,532896.14,734068.92]
["1.6.5.7","Монтаж клапанов противопожарных","шт",24,8489.24,203741.76,18251.23,438029.52,641771.28,null,null,8489.24,0,18251.23,0,0,null,8489.24,0,18251.23,0,0,null,8489.24,0,18251.23,0,0,null,8489.24,0,18251.23,0,0,null,8489.24,0,18251.23,0,0,null,8489.24,0,18251.23,0,0,null,8489.24,0,18251.23,0,0,null,8489.24,0,18251.23,0,0,null,0,8489.24,0,18251.23,0,0,24,8489.24,203741.76,18251.23,438029.52,641771.28]
["1.6.5.8","Прокладка воздуховодов из чёрной и оцинкованой стали","м2",294,2456.77,722290.38,4354.87,1280331.78,2002622.1600000001,null,null,2456.77,0,4354.87,0,0,null,2456.77,0,4354.87,0,0,null,2456.77,0,4354.87,0,0,null,2456.77,0,4354.87,0,0,null,2456.77,0,4354.87,0,0,null,2456.77,0,4354.87,0,0,null,2456.77,0,4354.87,0,0,null,2456.77,0,4354.87,0,0,null,{"$f":"K226+Q226+W226+AC226+AI226+AO226+AU226+BA226","v":0},2456.77,0,4354.87,0,0,{"$f":"D226-BH226","v":294},2456.77,722290.38,4354.87,1280331.78,2002622.1600000001]
["1.6.6","Кондиционирование воздуха",null,null,0,null,0,null,null,null,null,0,null,0,null,null,null,0,null,0,null,null,null,0,null,0,null,null,null,0,null,0,null,null,null,0,null,0,null,null,null,0,null,0,null,null,null,0,null,0,null,null,null,0,null,0,null,null,null,0,0,null,0,null,null,0,0,null,0]
["1.6.6.1","Монтаж наружных блоков сиситем кондиционирования воздуха","к-т",1,61132.46,{"$f":"D228*E228","v":61132.46},389269.57,{"$f":"D228*G228","v":389269.57},{"$f":"E228*D228+G228*D228","v":450402.03},null,null,61132.46,{"$f":"K228*L228","v":0},389269.57,{"$f":"K228*N228","v":0},{"$f":"L228*K228+N228*K228","v":0},null,61132.46,{"$f":"Q228*R228","v":0},389269.57,{"$f":"Q228*T228","v":0},{"$f":"R228*Q228+T228*Q228","v":0},1,61132.46,{"$f":"W228*X228","v":61132.46},389269.57,{"$f":"W228*Z228","v":389269.57},{"$f":"X228*W228+Z228*W228","v":450402.03},null,61132.46,{"$f":"AC228*AD228","v":0},389269.57,{"$f":"AC228*AF228","v":0},{"$f":"AD228*AC228+AF228*AC228","v":0},null,61132.46,{"$f":"AI228*AJ228","v":0},389269.57,{"$f":"AI228*AL228","v":0},{"$f":"AJ228*AI228+AL228*AI228","v":0},null,61132.46,{"$f":"AO228*AP228","v":0},389269.57,{"$f":"AO228*AR228","v":0},{"$f":"AP228*AO228+AR228*AO228","v":0},null,61132.46,{"$f":"AU228*AV228","v":0},389269.57,{"$f":"AU228*AX228","v":0},{"$f":"AV228*AU228+AX228*AU228","v":0},null,61132.46,{"$f":"BA228*BB228","v":0},389269.57,{"$f":"BA228*BD228","v":0},{"$f":"BB228*BA228+BD228*BA228","v":0},null,1,61132.46,{"$f":"BH228*BI228","v":61132.46},389269.57,{"$f":"BH228*BK228","v":389269.57},{"$f":"BI228*BH228+BK228*BH228","v":450402.03},0,61132.46,{"$f":"BN228*BO228","v":0},389269.57,{"$f":"BN228*BQ228","v":0},{"$f":"BO228*BN228+BQ228*BN228","v":0}]
["1.6.6.2","Монтаж внутренних блоков сиситем кондиционирования воздуха","к-т",3,18340,55020,52353.599999999999,{"$f":"D229*G229","v":157060.79999999999},212080.8,null,null,18340,0,52353.599999999999,{"$f":"K229*N229","v":0},0,null,18340,0,52353.599999999999,{"$f":"Q229*T229","v":0},0,3,18340,55020,52353.599999999999,{"$f":"W229*Z229","v":157060.79999999999},212080.8,null,18340,0,52353.599999999999,{"$f":"AC229*AF229","v":0},0,null,18340,0,52353.599999999999,{"$f":"AI229*AL229","v":0},0,null,18340,0,52353.599999999999,{"$f":"AO229*AR229","v":0},0,null,18340,0,52353.599999999999,{"$f":"AU229*AX229","v":0},0,null,18340,0,52353.599999999999,{"$f":"BA229*BD229","v":0},0,null,3,18340,55020,52353.599999999999,{"$f":"BH229*BK229","v":157060.79999999999},212080.8,0,18340,0,52353.599999999999,{"$f":"BN229*BQ229","v":0},0]
["1.6.6.3","Прокладка медных трубопроводов с изоляцией","пм",74,557.78,41275.72,815.66,{"$f":"D230*G230","v":60358.84},101634.56,null,null,557.78,0,815.66,{"$f":"K230*N230","v":0},0,null,557.78,0,815.66,{"$f":"Q230*T230","v":0},0,54,557.78,30120.12,815.66,{"$f":"W230*Z230","v":44045.64},74165.759999999995,null,557.78,0,815.66,{"$f":"AC230*AF230","v":0},0,null,557.78,0,815.66,{"$f":"AI230*AL230","v":0},0,null,557.78,0,815.66,{"$f":"AO230*AR230","v":0},0,null,557.78,0,815.66,{"$f":"AU230*AX230","v":0},0,null,557.78,0,815.66,{"$f":"BA230*BD230","v":0},0,null,54,557.78,30120.12,815.66,{"$f":"BH230*BK230","v":44045.64},74165.759999999995,20,557.78,11155.599999999999,815.66,{"$f":"BN230*BQ230","v":16313.199999999999},27468.799999999996]
["1.6.6.4","Прокладка дренажных трубопроводов","пм",16,655,10480,152.1,{"$f":"D231*G231","v":2433.6},12913.6,null,null,655,0,152.1,{"$f":"K231*N231","v":0},0,null,655,0,152.1,{"$f":"Q231*T231","v":0},0,10,655,6550,152.1,{"$f":"W231*Z231","v":1521},8071,null,655,0,152.1,{"$f":"AC231*AF231","v":0},0,null,655,0,152.1,{"$f":"AI231*AL231","v":0},0,null,655,0,152.1,{"$f":"AO231*AR231","v":0},0,null,655,0,152.1,{"$f":"AU231*AX231","v":0},0,null,655,0,152.1,{"$f":"BA231*BD231","v":0},0,null,10,655,6550,152.1,{"$f":"BH231*BK231","v":1521},8071,6,655,3930,152.1,{"$f":"BN231*BQ231","v":912.59999999999991},4842.6000000000004]
["1.6.6.5","Установка дренажных насосов","шт",3,3275,9825,10674.3,{"$f":"D232*G232","v":32022.899999999998},41847.899999999994,null,null,3275,0,10674.3,{"$f":"K232*N232","v":0},0,null,3275,0,10674.3,{"$f":"Q232*T232","v":0},0,3,3275,9825,10674.3,{"$f":"W232*Z232","v":32022.899999999998},41847.899999999994,null,3275,0,10674.3,{"$f":"AC232*AF232","v":0},0,null,3275,0,10674.3,{"$f":"AI232*AL232","v":0},0,null,3275,0,10674.3,{"$f":"AO232*AR232","v":0},0,null,3275,0,10674.3,{"$f":"AU232*AX232","v":0},0,null,3275,0,10674.3,{"$f":"BA232*BD232","v":0},0,null,3,3275,9825,10674.3,{"$f":"BH232*BK232","v":32022.899999999998},41847.899999999994,0,3275,0,10674.3,{"$f":"BN232*BQ232","v":0},0]
["1.6.6.6","Пуско-наладочные работы ","к-т",1,691680,691680,0,null,691680,null,null,691680,0,0,null,0,null,691680,0,0,null,0,null,691680,0,0,null,0,null,691680,0,0,null,0,null,691680,0,0,null,0,null,691680,0,0,null,0,null,691680,0,0,null,0,null,691680,0,0,null,0,null,0,691680,0,0,null,0,1,691680,691680,0,null,691680]
["1.7","130-23-СКС Структурированная кабельная сеть",null,null,null,null,null,null,null,null,null,null,null,null,null,null,null,null,null,null,null,null,null,null,{"$f":"Y235+Y236+Y237+Y238+Y239+Y240+Y241+Y242+Y243+Y244+Y245+Y246+Y247+Y248+Y249+Y250+Y251+Y252+Y253+Y254+Y255+Y256+Y257+Y258+Y259+Y260+Y261+Y262+Y263+Y264+Y265+Y266+Y267+Y268+Y269+Y270+Y271+Y272+Y273+Y274+Y275+Y276+Y277+Y278+Y279+Y280+Y281+Y282+Y283+Y284+Y285+Y286+Y288+Y287","v":330120},null,{"$f":"AA235+AA236+AA237+AA238+AA239+AA240+AA241+AA242+AA243+AA244+AA245+AA246+AA247+AA248+AA249+AA250+AA251+AA252+AA253+AA254+AA255+AA256+AA257+AA258+AA259+AA260+AA261+AA262+AA263+AA264+AA265+AA266+AA267+AA268+AA269+AA270+AA271+AA272+AA273+AA274+AA275+AA276+AA277+AA278+AA279+AA280+AA281+AA282+AA283+AA284+AA285+AA286+AA288+AA287","v":234293},{"$f":"AB235+AB236+AB237+AB238+AB239+AB240+AB241+AB242+AB243+AB244+AB245+AB246+AB247+AB248+AB249+AB250+AB251+AB252+AB253+AB254+AB255+AB256+AB257+AB258+AB259+AB260+AB261+AB262+AB263+AB264+AB265+AB266+AB267+AB268+AB269+AB270+AB271+AB272+AB273+AB274+AB275+AB276+AB277+AB278+AB279+AB280+AB281+AB282+AB283+AB284+AB285+AB286+AB288+AB287","v":564413},null,null,{"$f":"AE235+AE236+AE237+AE238+AE239+AE240+AE241+AE242+AE243+AE244+AE245+AE246+AE247+AE248+AE249+AE250+AE251+AE252+AE253+AE254+AE255+AE256+AE257+AE258+AE259+AE260+AE261+AE262+AE263+AE264+AE265+AE266+AE267+AE268+AE269+AE270+AE271+AE272+AE273+AE274+AE275+AE276+AE277+AE278+AE279+AE280+AE281+AE282+AE283+AE284+AE285+AE286+AE288+AE287","v":0},null,{"$f":"AG235+AG236+AG237+AG238+AG239+AG240+AG241+AG242+AG243+AG244+AG245+AG246+AG247+AG248+AG249+AG250+AG251+AG252+AG253+AG254+AG255+AG256+AG257+AG258+AG259+AG260+AG261+AG262+AG263+AG264+AG265+AG266+AG267+AG268+AG269+AG270+AG271+AG272+AG273+AG274+AG275+AG276+AG277+AG278+AG279+AG280+AG281+AG282+AG283+AG284+AG285+AG286+AG288+AG287","v":0},{"$f":"AH235+AH236+AH237+AH238+AH239+AH240+AH241+AH242+AH243+AH244+AH245+AH246+AH247+AH248+AH249+AH250+AH251+AH252+AH253+AH254+AH255+AH256+AH257+AH258+AH259+AH260+AH261+AH262+AH263+AH264+AH265+AH266+AH267+AH268+AH269+AH270+AH271+AH272+AH273+AH274+AH275+AH276+AH277+AH278+AH279+AH280+AH281+AH282+AH283+AH284+AH285+AH286+AH288+AH287","v":0},null,null,{"$f":"AK235+AK236+AK237+AK238+AK239+AK240+AK241+AK242+AK243+AK244+AK245+AK246+AK247+AK248+AK249+AK250+AK251+AK252+AK253+AK254+AK255+AK256+AK257+AK258+AK259+AK260+AK261+AK262+AK263+AK264+AK265+AK266+AK267+AK268+AK269+AK270+AK271+AK272+AK273+AK274+AK275+AK276+AK277+AK278+AK279+AK280+AK281+AK282+AK283+AK284+AK285+AK286+AK288+AK287","v":0},null,{"$f":"AM235+AM236+AM237+AM238+AM239+AM240+AM241+AM242+AM243+AM244+AM245+AM246+AM247+AM248+AM249+AM250+AM251+AM252+AM253+AM254+AM255+AM256+AM257+AM258+AM259+AM260+AM261+AM262+AM263+AM264+AM265+AM266+AM267+AM268+AM269+AM270+AM271+AM272+AM273+AM274+AM275+AM276+AM277+AM278+AM279+AM280+AM281+AM282+AM283+AM284+AM285+AM286+AM288+AM287","v":0},{"$f":"AN235+AN236+AN237+AN238+AN239+AN240+AN241+AN242+AN243+AN244+AN245+AN246+AN247+AN248+AN249+AN250+AN251+AN252+AN253+AN254+AN255+AN256+AN257+AN258+AN259+AN260+AN261+AN262+AN263+AN264+AN265+AN266+AN267+AN268+AN269+AN270+AN271+AN272+AN273+AN274+AN275+AN276+AN277+AN278+AN279+AN280+AN281+AN282+AN283+AN284+AN285+AN286+AN288+AN287","v":0},null,null,{"$f":"AQ235+AQ236+AQ237+AQ238+AQ239+AQ240+AQ241+AQ242+AQ243+AQ244+AQ245+AQ246+AQ247+AQ248+AQ249+AQ250+AQ251+AQ252+AQ253+AQ254+AQ255+AQ256+AQ257+AQ258+AQ259+AQ260+AQ261+AQ262+AQ263+AQ264+AQ265+AQ266+AQ267+AQ268+AQ269+AQ270+AQ271+AQ272+AQ273+AQ274+AQ275+AQ276+AQ277+AQ278+AQ279+AQ280+AQ281+AQ282+AQ283+AQ284+AQ285+AQ286+AQ288+AQ287","v":0},null,{"$f":"AS235+AS236+AS237+AS238+AS239+AS240+AS241+AS242+AS243+AS244+AS245+AS246+AS247+AS248+AS249+AS250+AS251+AS252+AS253+AS254+AS255+AS256+AS257+AS258+AS259+AS260+AS261+AS262+AS263+AS264+AS265+AS266+AS267+AS268+AS269+AS270+AS271+AS272+AS273+AS274+AS275+AS276+AS277+AS278+AS279+AS280+AS281+AS282+AS283+AS284+AS285+AS286+AS288+AS287","v":0},{"$f":"AT235+AT236+AT237+AT238+AT239+AT240+AT241+AT242+AT243+AT244+AT245+AT246+AT247+AT248+AT249+AT250+AT251+AT252+AT253+AT254+AT255+AT256+AT257+AT258+AT259+AT260+AT261+AT262+AT263+AT264+AT265+AT266+AT267+AT268+AT269+AT270+AT271+AT272+AT273+AT274+AT275+AT276+AT277+AT278+AT279+AT280+AT281+AT282+AT283+AT284+AT285+AT286+AT288+AT287","v":0},null,null,{"$f":"AW235+AW236+AW237+AW238+AW239+AW240+AW241+AW242+AW243+AW244+AW245+AW246+AW247+AW248+AW249+AW250+AW251+AW252+AW253+AW254+AW255+AW256+AW257+AW258+AW259+AW260+AW261+AW262+AW263+AW264+AW265+AW266+AW267+AW268+AW269+AW270+AW271+AW272+AW273+AW274+AW275+AW276+AW277+AW278+AW279+AW280+AW281+AW282+AW283+AW284+AW285+AW286+AW288+AW287","v":0},null,{"$f":"AY235+AY236+AY237+AY238+AY239+AY240+AY241+AY242+AY243+AY244+AY245+AY246+AY247+AY248+AY249+AY250+AY251+AY252+AY253+AY254+AY255+AY256+AY257+AY258+AY259+AY260+AY261+AY262+AY263+AY264+AY265+AY266+AY267+AY268+AY269+AY270+AY271+AY272+AY273+AY274+AY275+AY276+AY277+AY278+AY279+AY280+AY281+AY282+AY283+AY284+AY285+AY286+AY288+AY287","v":0},{"$f":"AZ235+AZ236+AZ237+AZ238+AZ239+AZ240+AZ241+AZ242+AZ243+AZ244+AZ245+AZ246+AZ247+AZ248+AZ249+AZ250+AZ251+AZ252+AZ253+AZ254+AZ255+AZ256+AZ257+AZ258+AZ259+AZ260+AZ261+AZ262+AZ263+AZ264+AZ265+AZ266+AZ267+AZ268+AZ269+AZ270+AZ271+AZ272+AZ273+AZ274+AZ275+AZ276+AZ277+AZ278+AZ279+AZ280+AZ281+AZ282+AZ283+AZ284+AZ285+AZ286+AZ288+AZ287","v":0},null,null,{"$f":"BC235+BC236+BC237+BC238+BC239+BC240+BC241+BC242+BC243+BC244+BC245+BC246+BC247+BC248+BC249+BC250+BC251+BC252+BC253+BC254+BC255+BC256+BC257+BC258+BC259+BC260+BC261+BC262+BC263+BC264+BC265+BC266+BC267+BC268+BC269+BC270+BC271+BC272+BC273+BC274+BC275+BC276+BC277+BC278+BC279+BC280+BC281+BC282+BC283+BC284+BC285+BC286+BC288+BC287","v":0},null,{"$f":"BE235+BE236+BE237+BE238+BE239+BE240+BE241+BE242+BE243+BE244+BE245+BE246+BE247+BE248+BE249+BE250+BE251+BE252+BE253+BE254+BE255+BE256+BE257+BE258+BE259+BE260+BE261+BE262+BE263+BE264+BE265+BE266+BE267+BE268+BE269+BE270+BE271+BE272+BE273+BE274+BE275+BE276+BE277+BE278+BE279+BE280+BE281+BE282+BE283+BE284+BE285+BE286+BE288+BE287","v":0},{"$f":"BF235+BF236+BF237+BF238+BF239+BF240+BF241+BF242+BF243+BF244+BF245+BF246+BF247+BF248+BF249+BF250+BF251+BF252+BF253+BF254+BF255+BF256+BF257+BF258+BF259+BF260+BF261+BF262+BF263+BF264+BF265+BF266+BF267+BF268+BF269+BF270+BF271+BF272+BF273+BF274+BF275+BF276+BF277+BF278+BF279+BF280+BF281+BF282+BF283+BF284+BF285+BF286+BF288+BF287","v":0},null,0,null,{"$f":"BJ235+BJ236+BJ237+BJ238+BJ239+BJ240+BJ241+BJ242+BJ243+BJ244+BJ245+BJ246+BJ247+BJ248+BJ249+BJ250+BJ251+BJ252+BJ253+BJ254+BJ255+BJ256+BJ257+BJ258+BJ259+BJ260+BJ261+BJ262+BJ263+BJ264+BJ265+BJ266+BJ267+BJ268+BJ269+BJ270+BJ271+BJ272+BJ273+BJ274+BJ275+BJ276+BJ277+BJ278+BJ279+BJ280+BJ281+BJ282+BJ283+BJ284+BJ285+BJ286+BJ288+BJ287","v":352128},null,{"$f":"BL235+BL236+BL237+BL238+BL239+BL240+BL241+BL242+BL243+BL244+BL245+BL246+BL247+BL248+BL249+BL250+BL251+BL252+BL253+BL254+BL255+BL256+BL257+BL258+BL259+BL260+BL261+BL262+BL263+BL264+BL265+BL266+BL267+BL268+BL269+BL270+BL271+BL272+BL273+BL274+BL275+BL276+BL277+BL278+BL279+BL280+BL281+BL282+BL283+BL284+BL285+BL286+BL288+BL287","v":404743.8},{"$f":"BM235+BM236+BM237+BM238+BM239+BM240+BM241+BM242+BM243+BM244+BM245+BM246+BM247+BM248+BM249+BM250+BM251+BM252+BM253+BM254+BM255+BM256+BM257+BM258+BM259+BM260+BM261+BM262+BM263+BM264+BM265+BM266+BM267+BM268+BM269+BM270+BM271+BM272+BM273+BM274+BM275+BM276+BM277+BM278+BM279+BM280+BM281+BM282+BM283+BM284+BM285+BM286+BM288+BM287","v":756871.8},0,null,{"$f":"BP235+BP236+BP237+BP238+BP239+BP240+BP241+BP242+BP243+BP244+BP245+BP246+BP247+BP248+BP249+BP250+BP251+BP252+BP253+BP254+BP255+BP256+BP257+BP258+BP259+BP260+BP261+BP262+BP263+BP264+BP265+BP266+BP267+BP268+BP269+BP270+BP271+BP272+BP273+BP274+BP275+BP276+BP277+BP278+BP279+BP280+BP281+BP282+BP283+BP284+BP285+BP286+BP288+BP287","v":1967282.55},null,{"$f":"BR235+BR236+BR237+BR238+BR239+BR240+BR241+BR242+BR243+BR244+BR245+BR246+BR247+BR248+BR249+BR250+BR251+BR252+BR253+BR254+BR255+BR256+BR257+BR258+BR259+BR260+BR261+BR262+BR263+BR264+BR265+BR266+BR267+BR268+BR269+BR270+BR271+BR272+BR273+BR274+BR275+BR276+BR277+BR278+BR279+BR280+BR281+BR282+BR283+BR284+BR285+BR286+BR288+BR287","v":2718509.1000000006},{"$f":"BS235+BS236+BS237+BS238+BS239+BS240+BS241+BS242+BS243+BS244+BS245+BS246+BS247+BS248+BS249+BS250+BS251+BS252+BS253+BS254+BS255+BS256+BS257+BS258+BS259+BS260+BS261+BS262+BS263+BS264+BS265+BS266+BS267+BS268+BS269+BS270+BS271+BS272+BS273+BS274+BS275+BS276+BS277+BS278+BS279+BS280+BS281+BS282+BS283+BS284+BS285+BS286+BS288+BS287","v":4685791.6499999994}]
["1.7.1","Шкаф настенный 19\", 18U, 600х901x600 мм, стеклянная дверь с перфорацией, цвет черный. IP20","компл.",4,5502,{"$f":"D235*E235","v":22008},29661,{"$f":"D235*G235","v":118644},{"$f":"E235*D235+G235*D235","v":140652},null,null,5502,{"$f":"K235*L235","v":0},29661,{"$f":"K235*N235","v":0},{"$f":"L235*K235+N235*K235","v":0},4,5502,{"$f":"Q235*R235","v":22008},42612.7,{"$f":"Q235*T235","v":170450.8},{"$f":"R235*Q235+T235*Q235","v":192458.8},null,5502,{"$f":"W235*X235","v":0},29661,{"$f":"W235*Z235","v":0},{"$f":"X235*W235+Z235*W235","v":0},null,5502,{"$f":"AC235*AD235","v":0},29661,{"$f":"AC235*AF235","v":0},{"$f":"AD235*AC235+AF235*AC235","v":0},null,5502,{"$f":"AI235*AJ235","v":0},29661,{"$f":"AI235*AL235","v":0},{"$f":"AJ235*AI235+AL235*AI235","v":0},null,5502,{"$f":"AO235*AP235","v":0},29661,{"$f":"AO235*AR235","v":0},{"$f":"AP235*AO235+AR235*AO235","v":0},null,5502,{"$f":"AU235*AV235","v":0},29661,{"$f":"AU235*AX235","v":0},{"$f":"AV235*AU235+AX235*AU235","v":0},null,5502,{"$f":"BA235*BB235","v":0},29661,{"$f":"BA235*BD235","v":0},{"$f":"BB235*BA235+BD235*BA235","v":0},null,4,5502,{"$f":"BH235*BI235","v":22008},42612.7,{"$f":"BH235*BK235","v":170450.8},{"$f":"BI235*BH235+BK235*BH235","v":192458.8},0,5502,{"$f":"BN235*BO235","v":0},29661,{"$f":"BN235*BQ235","v":0},{"$f":"BO235*BN235+BQ235*BN235","v":0}]
["1.7.2","Панель с щеточным кабельным вводом в пол/потолок, 65х293 мм, цвет черный","шт.",4,1310,5240,591.67999999999995,2366.7199999999998,7606.7199999999993,null,null,1310,0,591.67999999999995,0,0,null,1310,0,591.67999999999995,0,0,null,1310,0,591.67999999999995,0,0,null,1310,0,591.67999999999995,0,0,null,1310,0,591.67999999999995,0,0,null,1310,0,591.67999999999995,0,0,null,1310,0,591.67999999999995,0,0,null,1310,0,591.67999999999995,0,0,null,0,1310,0,591.67999999999995,0,0,4,1310,5240,591.67999999999995,2366.7199999999998,7606.7199999999993]
["1.7.3","Оптический кросс-бокс стационарный 19\", 1U, 32 порта, адаптеры SC/2xLC. ","компл.",8,3930,31440,4232.8,33862.400000000001,65302.400000000001,null,null,3930,0,4232.8,0,0,null,3930,0,4232.8,0,0,null,3930,0,4232.8,0,0,null,3930,0,4232.8,0,0,null,3930,0,4232.8,0,0,null,3930,0,4232.8,0,0,null,3930,0,4232.8,0,0,null,3930,0,4232.8,0,0,null,0,3930,0,4232.8,0,0,8,3930,31440,4232.8,33862.400000000001,65302.400000000001]
["1.7.4","Пигтейл с коннектором LC/UPC, 9/125 (SM), LSZH, 1,5 м","шт.",192,32.75,6288,128.69999999999999,24710.399999999998,30998.399999999998,null,null,32.75,0,128.69999999999999,0,0,null,32.75,0,128.69999999999999,0,0,null,32.75,0,128.69999999999999,0,0,null,32.75,0,128.69999999999999,0,0,null,32.75,0,128.69999999999999,0,0,null,32.75,0,128.69999999999999,0,0,null,32.75,0,128.69999999999999,0,0,null,32.75,0,128.69999999999999,0,0,null,0,32.75,0,128.69999999999999,0,0,192,32.75,6288,128.69999999999999,24710.399999999998,30998.399999999998]
["1.7.5","Оптический адаптер (проходной соединитель) LC-LC duplex, SM","шт.",96,32.75,3144,93.6,8985.5999999999985,12129.599999999999,null,null,32.75,0,93.6,0,0,null,32.75,0,93.6,0,0,null,32.75,0,93.6,0,0,null,32.75,0,93.6,0,0,null,32.75,0,93.6,0,0,null,32.75,0,93.6,0,0,null,32.75,0,93.6,0,0,null,32.75,0,93.6,0,0,null,0,32.75,0,93.6,0,0,96,32.75,3144,93.6,8985.5999999999985,12129.599999999999]
["1.7.6","Патч-панель 19\", 1U, 24 порта RJ-45, категория 5e, Dual IDC, RоHS, цвет черный","шт.",10,4716,47160,7410,74100,121260,null,null,4716,0,7410,0,0,null,4716,0,7410,0,0,null,4716,0,7410,0,0,null,4716,0,7410,0,0,null,4716,0,7410,0,0,null,4716,0,7410,0,0,null,4716,0,7410,0,0,null,4716,0,7410,0,0,null,0,4716,0,7410,0,0,10,4716,47160,7410,74100,121260]
["1.7.7","Коммутатор управляемый, уровень L3, 48 портов 1 Гбит/с, 4 порта SFP+, питание по Ethernet (PoE)","шт.",3,3275,9825,0,null,9825,null,null,3275,0,0,null,0,null,3275,0,0,null,0,null,3275,0,0,null,0,null,3275,0,0,null,0,null,3275,0,0,null,0,null,3275,0,0,null,0,null,3275,0,0,null,0,null,3275,0,0,null,0,null,0,3275,0,0,null,0,3,3275,9825,0,null,9825]
["1.7.8","Коммутатор управляемый, уровень L2/3, 24 10/100/1000, 2 SFP, РоЕ ES-24-250W","шт.",2,3275,6550,123106,{"$f":"D242*G242","v":246212},252762,null,null,3275,0,123106,{"$f":"K242*N242","v":0},0,null,3275,0,123106,{"$f":"Q242*T242","v":0},0,null,3275,0,123106,{"$f":"W242*Z242","v":0},0,null,3275,0,123106,{"$f":"AC242*AF242","v":0},0,null,3275,0,123106,{"$f":"AI242*AL242","v":0},0,null,3275,0,123106,{"$f":"AO242*AR242","v":0},0,null,3275,0,123106,{"$f":"AU242*AX242","v":0},0,null,3275,0,123106,{"$f":"BA242*BD242","v":0},0,null,0,3275,0,123106,{"$f":"BH242*BK242","v":0},0,2,3275,6550,123106,{"$f":"BN242*BQ242","v":246212},252762]
["1.7.9","Источник бесперебойного питания однофазный вход/выход, 2200 ВА/1980 Вт","шт.",1,3930,3930,null,null,3930,null,null,3930,0,null,null,0,null,3930,0,null,null,0,null,3930,0,null,null,0,null,3930,0,null,null,0,null,3930,0,null,null,0,null,3930,0,null,null,0,null,3930,0,null,null,0,null,3930,0,null,null,0,null,0,3930,0,null,null,0,1,3930,3930,null,null,3930]
["1.7.10","Источник бесперебойного питания однофазный вход/выход, 1000 ВА/800 Вт","шт.",5,3930,19650,38230.400000000001,{"$f":"D244*G244","v":191152},210802,null,null,3930,0,38230.400000000001,{"$f":"K244*N244","v":0},0,null,3930,0,38230.400000000001,{"$f":"Q244*T244","v":0},0,null,3930,0,38230.400000000001,{"$f":"W244*Z244","v":0},0,null,3930,0,38230.400000000001,{"$f":"AC244*AF244","v":0},0,null,3930,0,38230.400000000001,{"$f":"AI244*AL244","v":0},0,null,3930,0,38230.400000000001,{"$f":"AO244*AR244","v":0},0,null,3930,0,38230.400000000001,{"$f":"AU244*AX244","v":0},0,null,3930,0,38230.400000000001,{"$f":"BA244*BD244","v":0},0,null,0,3930,0,38230.400000000001,{"$f":"BH244*BK244","v":0},0,5,3930,19650,38230.400000000001,{"$f":"BN244*BQ244","v":191152},210802]
["1.7.11","Карта мониторинга Спутник/12","шт.",5,2358,11790,35100,175500,187290,null,null,2358,0,35100,0,0,null,2358,0,35100,0,0,null,2358,0,35100,0,0,null,2358,0,35100,0,0,null,2358,0,35100,0,0,null,2358,0,35100,0,0,null,2358,0,35100,0,0,null,2358,0,35100,0,0,null,0,2358,0,35100,0,0,5,2358,11790,35100,175500,187290]
["1.7.12","Кабельный органайзер пластиковый с крышкой, глубина 53 мм, 19\", 1U","шт.",27,1965,53055,902.2,24359.4,77414.399999999994,null,null,1965,0,902.2,0,0,null,1965,0,902.2,0,0,null,1965,0,902.2,0,0,null,1965,0,902.2,0,0,null,1965,0,902.2,0,0,null,1965,0,902.2,0,0,null,1965,0,902.2,0,0,null,1965,0,902.2,0,0,null,0,1965,0,902.2,0,0,27,1965,53055,902.2,24359.4,77414.399999999994]
["1.7.13","Блок розеток горизонтальный 8 розеток C13, с LED выключателем, 1U, IP20,","шт.",6,3275,19650,3539.15,21234.9,40884.9,null,null,3275,0,3539.15,0,0,null,3275,0,3539.15,0,0,null,3275,0,3539.15,0,0,null,3275,0,3539.15,0,0,null,3275,0,3539.15,0,0,null,3275,0,3539.15,0,0,null,3275,0,3539.15,0,0,null,3275,0,3539.15,0,0,null,0,3275,0,3539.15,0,0,6,3275,19650,3539.15,21234.9,40884.9]
["1.7.14","Розетка компьютерная RJ-45 8P8C серии \"Viva\", установка в кабель-каналы, кат. 5е 45x25мм","шт.",48,393,18864,541.01,25968.48,44832.479999999996,null,null,393,0,541.01,0,0,null,393,0,541.01,0,0,null,393,0,541.01,0,0,null,393,0,541.01,0,0,null,393,0,541.01,0,0,null,393,0,541.01,0,0,null,393,0,541.01,0,0,null,393,0,541.01,0,0,null,0,393,0,541.01,0,0,48,393,18864,541.01,25968.48,44832.479999999996]
["1.7.15","Розетка компьютерная RJ-45 настенная, IP66, с откидной крышкой ","шт.",3,393,1179,7013.5,21040.5,22219.5,null,null,393,0,7013.5,0,0,null,393,0,7013.5,0,0,null,393,0,7013.5,0,0,null,393,0,7013.5,0,0,null,393,0,7013.5,0,0,null,393,0,7013.5,0,0,null,393,0,7013.5,0,0,null,393,0,7013.5,0,0,null,0,393,0,7013.5,0,0,3,393,1179,7013.5,21040.5,22219.5]
["1.7.16","Корпус настенной розетки компьютерной для 1 вставки ","шт.",5,262,1310,153.4,767,2077,null,null,262,0,153.4,0,0,null,262,0,153.4,0,0,null,262,0,153.4,0,0,null,262,0,153.4,0,0,null,262,0,153.4,0,0,null,262,0,153.4,0,0,null,262,0,153.4,0,0,null,262,0,153.4,0,0,null,0,262,0,153.4,0,0,5,262,1310,153.4,767,2077]
["1.7.17","Вставка RJ-45 (8P8C), кат. 5e, 110 IDC, монтаж инструментом NE-TOOL, белая","шт.",5,131,655,273,1365,2020,null,null,131,0,273,0,0,null,131,0,273,0,0,null,131,0,273,0,0,null,131,0,273,0,0,null,131,0,273,0,0,null,131,0,273,0,0,null,131,0,273,0,0,null,131,0,273,0,0,null,0,131,0,273,0,0,5,131,655,273,1365,2020]
["1.7.18","Розетка силовая с заземлением для накладного монтажа, Iном 16А, Uном 250 В, IP20","шт.",6,393,2358,365.12,2190.7200000000003,4548.72,null,null,393,0,365.12,0,0,null,393,0,365.12,0,0,null,393,0,365.12,0,0,null,393,0,365.12,0,0,null,393,0,365.12,0,0,null,393,0,365.12,0,0,null,393,0,365.12,0,0,null,393,0,365.12,0,0,null,0,393,0,365.12,0,0,6,393,2358,365.12,2190.7200000000003,4548.72]
["1.7.19","Точка доступа (радиомодуль беспроводной), мощность передатчика до 20 дБм, ","шт.",5,1572,7860,0,null,7860,null,null,1572,0,0,null,0,null,1572,0,0,null,0,null,1572,0,0,null,0,null,1572,0,0,null,0,null,1572,0,0,null,0,null,1572,0,0,null,0,null,1572,0,0,null,0,null,1572,0,0,null,0,null,0,1572,0,0,null,0,5,1572,7860,0,null,7860]
["1.7.20","Шнур (патч-корд) оптический, SM 9/125 мкм, дуплекс, LC-LC, 3 м","шт.",8,65.5,524,557.70000000000005,{"$f":"D254*G254","v":4461.6000000000004},4985.6000000000004,null,null,65.5,0,557.70000000000005,{"$f":"K254*N254","v":0},0,null,65.5,0,557.70000000000005,{"$f":"Q254*T254","v":0},0,null,65.5,0,557.70000000000005,{"$f":"W254*Z254","v":0},0,null,65.5,0,557.70000000000005,{"$f":"AC254*AF254","v":0},0,null,65.5,0,557.70000000000005,{"$f":"AI254*AL254","v":0},0,null,65.5,0,557.70000000000005,{"$f":"AO254*AR254","v":0},0,null,65.5,0,557.70000000000005,{"$f":"AU254*AX254","v":0},0,null,65.5,0,557.70000000000005,{"$f":"BA254*BD254","v":0},0,null,0,65.5,0,557.70000000000005,{"$f":"BH254*BK254","v":0},0,8,65.5,524,557.70000000000005,{"$f":"BN254*BQ254","v":4461.6000000000004},4985.6000000000004]
["1.7.21","Патч-корд U/UTP cat. 5e, внешняя оболочка LSZH, 4 пары, RJ45-RJ45, длина 1 м, серый","шт.",57,65.5,3733.5,370.5,21118.5,24852,null,null,65.5,0,370.5,0,0,null,65.5,0,370.5,0,0,null,65.5,0,370.5,0,0,null,65.5,0,370.5,0,0,null,65.5,0,370.5,0,0,null,65.5,0,370.5,0,0,null,65.5,0,370.5,0,0,null,65.5,0,370.5,0,0,null,0,65.5,0,370.5,0,0,57,65.5,3733.5,370.5,21118.5,24852]
["1.7.22","Патч-корд U/UTP cat. 5e, внешняя оболочка LSZH, 4 пары, RJ45-RJ45, длина 3 м, серый","шт.",163,65.5,10676.5,767,125021,135697.5,null,null,65.5,0,767,0,0,null,65.5,0,767,0,0,null,65.5,0,767,0,0,null,65.5,0,767,0,0,null,65.5,0,767,0,0,null,65.5,0,767,0,0,null,65.5,0,767,0,0,null,65.5,0,767,0,0,null,0,65.5,0,767,0,0,163,65.5,10676.5,767,125021,135697.5]
["1.7.23","Шнур (патч-корд) оптический, SM 9/125 мкм, дуплекс, LC-ST, 3 м","шт.",2,65.5,131,557.70000000000005,1115.4000000000001,1246.4000000000001,null,null,65.5,0,557.70000000000005,0,0,null,65.5,0,557.70000000000005,0,0,null,65.5,0,557.70000000000005,0,0,null,65.5,0,557.70000000000005,0,0,null,65.5,0,557.70000000000005,0,0,null,65.5,0,557.70000000000005,0,0,null,65.5,0,557.70000000000005,0,0,null,65.5,0,557.70000000000005,0,0,null,0,65.5,0,557.70000000000005,0,0,2,65.5,131,557.70000000000005,1115.4000000000001,1246.4000000000001]
["1.7.24","Кабельный короб 80x40  с крышкой на защелке, с направляющими для разделителей, ПВХ, белый, L=2м","м",152,393,59736,600.6,91291.199999999997,151027.20000000001,null,null,393,0,600.6,0,0,null,393,0,600.6,0,0,null,393,0,600.6,0,0,null,393,0,600.6,0,0,null,393,0,600.6,0,0,null,393,0,600.6,0,0,null,393,0,600.6,0,0,null,393,0,600.6,0,0,null,0,393,0,600.6,0,0,152,393,59736,600.6,91291.199999999997,151027.20000000001]
["1.7.25","Разделитель  (перегородка) пространства короба на секции, L=2","м",152,262,39824,143,21736,61560,null,null,262,0,143,0,0,null,262,0,143,0,0,null,262,0,143,0,0,null,262,0,143,0,0,null,262,0,143,0,0,null,262,0,143,0,0,null,262,0,143,0,0,null,262,0,143,0,0,null,0,262,0,143,0,0,152,262,39824,143,21736,61560]
["1.7.26","Угол внутренний изменяемый 80x40 изменяемый (70-120°) , белый","шт.",21,65.5,1375.5,671.67,14105.07,15480.57,null,null,65.5,0,671.67,0,0,null,65.5,0,671.67,0,0,null,65.5,0,671.67,0,0,null,65.5,0,671.67,0,0,null,65.5,0,671.67,0,0,null,65.5,0,671.67,0,0,null,65.5,0,671.67,0,0,null,65.5,0,671.67,0,0,null,0,65.5,0,671.67,0,0,21,65.5,1375.5,671.67,14105.07,15480.57]
["1.7.27","Угол внешний 80x40мм  изменяемый (70-120°), белый ","шт.",5,65.5,327.5,717.18,3585.8999999999996,3913.3999999999996,null,null,65.5,0,717.18,0,0,null,65.5,0,717.18,0,0,null,65.5,0,717.18,0,0,null,65.5,0,717.18,0,0,null,65.5,0,717.18,0,0,null,65.5,0,717.18,0,0,null,65.5,0,717.18,0,0,null,65.5,0,717.18,0,0,null,0,65.5,0,717.18,0,0,5,65.5,327.5,717.18,3585.8999999999996,3913.3999999999996]
["1.7.28","Рамка-суппорт 2-модульная для электроустановочных изделий \"Viva\", 45х50 мм, белый","шт.",136,131,17816,132.91,18075.759999999998,35891.759999999995,null,null,131,0,132.91,0,0,null,131,0,132.91,0,0,null,131,0,132.91,0,0,null,131,0,132.91,0,0,null,131,0,132.91,0,0,null,131,0,132.91,0,0,null,131,0,132.91,0,0,null,131,0,132.91,0,0,null,0,131,0,132.91,0,0,136,131,17816,132.91,18075.759999999998,35891.759999999995]
["1.7.29","Накладка  на стык профиля 80х40, белый","шт.",34,32.75,1113.5,49.83,1694.22,2807.7200000000003,null,null,32.75,0,49.83,0,0,null,32.75,0,49.83,0,0,null,32.75,0,49.83,0,0,null,32.75,0,49.83,0,0,null,32.75,0,49.83,0,0,null,32.75,0,49.83,0,0,null,32.75,0,49.83,0,0,null,32.75,0,49.83,0,0,null,0,32.75,0,49.83,0,0,34,32.75,1113.5,49.83,1694.22,2807.7200000000003]
["1.7.30","Накладка на стык крышки 80х40, белый","шт.",34,32.75,1113.5,101.84,3462.56,4576.0599999999995,null,null,32.75,0,101.84,0,0,null,32.75,0,101.84,0,0,null,32.75,0,101.84,0,0,null,32.75,0,101.84,0,0,null,32.75,0,101.84,0,0,null,32.75,0,101.84,0,0,null,32.75,0,101.84,0,0,null,32.75,0,101.84,0,0,null,0,32.75,0,101.84,0,0,34,32.75,1113.5,101.84,3462.56,4576.0599999999995]
["1.7.31","Тройник /отвод 80х40, белый","шт.",8,65.5,524,367.25,2938,3462,null,null,65.5,0,367.25,0,0,null,65.5,0,367.25,0,0,null,65.5,0,367.25,0,0,null,65.5,0,367.25,0,0,null,65.5,0,367.25,0,0,null,65.5,0,367.25,0,0,null,65.5,0,367.25,0,0,null,65.5,0,367.25,0,0,null,0,65.5,0,367.25,0,0,8,65.5,524,367.25,2938,3462]
["1.7.32","Заглушка 80x40, белый","шт.",16,39,624,168,2688,3312,null,null,39,0,168,0,0,null,39,0,168,0,0,null,39,0,168,0,0,null,39,0,168,0,0,null,39,0,168,0,0,null,39,0,168,0,0,null,39,0,168,0,0,null,39,0,168,0,0,null,0,39,0,168,0,0,16,39,624,168,2688,3312]
["1.7.33","Саморез 3.5х50мм с дюбелем F6 ","шт.",100,13.1,1310,14.95,1495,2805,null,null,13.1,0,14.95,0,0,null,13.1,0,14.95,0,0,null,13.1,0,14.95,0,0,null,13.1,0,14.95,0,0,null,13.1,0,14.95,0,0,null,13.1,0,14.95,0,0,null,13.1,0,14.95,0,0,null,13.1,0,14.95,0,0,null,0,13.1,0,14.95,0,0,100,13.1,1310,14.95,1495,2805]
["1.7.34","Лоток 50х300 L=3000 перфорированный","м",324,497.8,161287.20000000001,912.18,295546.32,456833.52,null,null,497.8,0,912.18,0,0,null,497.8,0,912.18,0,0,null,497.8,0,912.18,0,0,null,497.8,0,912.18,0,0,null,497.8,0,912.18,0,0,null,497.8,0,912.18,0,0,null,497.8,0,912.18,0,0,null,497.8,0,912.18,0,0,null,0,497.8,0,912.18,0,0,324,497.8,161287.20000000001,912.18,295546.32,456833.52]
["1.7.35","Лоток 50х100 L=3000 перфорированный","м",666,497.8,331534.8,699.4,465800.39999999997,797335.2,null,null,497.8,0,699.4,0,0,null,497.8,0,699.4,0,0,null,497.8,0,699.4,0,0,null,497.8,0,699.4,0,0,null,497.8,0,699.4,0,0,null,497.8,0,699.4,0,0,null,497.8,0,699.4,0,0,null,497.8,0,699.4,0,0,null,0,497.8,0,699.4,0,0,666,497.8,331534.8,699.4,465800.39999999997,797335.2]
["1.7.36","Перегородка SEP для лотка, высота 50 мм, L=3 м","м",24,131,3144,367.64,8823.36,11967.36,null,null,131,0,367.64,0,0,null,131,0,367.64,0,0,null,131,0,367.64,0,0,null,131,0,367.64,0,0,null,131,0,367.64,0,0,null,131,0,367.64,0,0,null,131,0,367.64,0,0,null,131,0,367.64,0,0,null,0,131,0,367.64,0,0,24,131,3144,367.64,8823.36,11967.36]
["1.7.37","Крышка на лоток с заземлением, основание 100 мм, L=3 м, толщина 0,6 мм","м",50,157.19999999999999,7859.9999999999991,271.99,13599.5,21459.5,null,null,157.19999999999999,0,271.99,0,0,null,157.19999999999999,0,271.99,0,0,null,157.19999999999999,0,271.99,0,0,null,157.19999999999999,0,271.99,0,0,null,157.19999999999999,0,271.99,0,0,null,157.19999999999999,0,271.99,0,0,null,157.19999999999999,0,271.99,0,0,null,157.19999999999999,0,271.99,0,0,null,0,157.19999999999999,0,271.99,0,0,50,157.19999999999999,7859.9999999999991,271.99,13599.5,21459.5]
["1.7.38","Угол вертикальный внутренний 90° 300х50мм,  в комплекте с крепежными элементами","шт.",5,1572,7860,2977,14885,22745,null,null,1572,0,2977,0,0,null,1572,0,2977,0,0,null,1572,0,2977,0,0,null,1572,0,2977,0,0,null,1572,0,2977,0,0,null,1572,0,2977,0,0,null,1572,0,2977,0,0,null,1572,0,2977,0,0,null,0,1572,0,2977,0,0,5,1572,7860,2977,14885,22745]
["1.7.39","Угол горизонтальный 90° 100х50 мм в комплекте с крепежными элементами","шт.",3,1572,4716,2107.04,6321.12,11037.119999999999,null,null,1572,0,2107.04,0,0,null,1572,0,2107.04,0,0,null,1572,0,2107.04,0,0,null,1572,0,2107.04,0,0,null,1572,0,2107.04,0,0,null,1572,0,2107.04,0,0,null,1572,0,2107.04,0,0,null,1572,0,2107.04,0,0,null,0,1572,0,2107.04,0,0,3,1572,4716,2107.04,6321.12,11037.119999999999]
["1.7.40","Ответвитель T-образный горизонтальный 300х50,   в комплекте с крепежными элементами","шт.",7,1572,11004,4028.7,28200.899999999998,39204.899999999994,null,null,1572,0,4028.7,0,0,null,1572,0,4028.7,0,0,null,1572,0,4028.7,0,0,null,1572,0,4028.7,0,0,null,1572,0,4028.7,0,0,null,1572,0,4028.7,0,0,null,1572,0,4028.7,0,0,null,1572,0,4028.7,0,0,null,0,1572,0,4028.7,0,0,7,1572,11004,4028.7,28200.899999999998,39204.899999999994]
["1.7.41","Легкая консоль потолочная для лотков с основанием 300 мм. Крепление к потолку/стене (С-образный кронштейн)","шт.",120,353.7,42444,868.83,104259.6,146703.6,null,null,353.7,0,868.83,0,0,null,353.7,0,868.83,0,0,null,353.7,0,868.83,0,0,null,353.7,0,868.83,0,0,null,353.7,0,868.83,0,0,null,353.7,0,868.83,0,0,null,353.7,0,868.83,0,0,null,353.7,0,868.83,0,0,null,0,353.7,0,868.83,0,0,120,353.7,42444,868.83,104259.6,146703.6]
["1.7.42","Легкая консоль для лотков с основанием 100 мм. Крепление к стене","шт.",600,353.7,212220,171.08,102648.00000000001,314868,null,null,353.7,0,171.08,0,0,null,353.7,0,171.08,0,0,null,353.7,0,171.08,0,0,null,353.7,0,171.08,0,0,null,353.7,0,171.08,0,0,null,353.7,0,171.08,0,0,null,353.7,0,171.08,0,0,null,353.7,0,171.08,0,0,null,0,353.7,0,171.08,0,0,600,353.7,212220,171.08,102648.00000000001,314868]
["1.7.43","Стандартный анкер с болтом М8","шт.",625,32.75,20468.75,107.93,67456.25,87925,null,null,32.75,0,107.93,0,0,null,32.75,0,107.93,0,0,null,32.75,0,107.93,0,0,null,32.75,0,107.93,0,0,null,32.75,0,107.93,0,0,null,32.75,0,107.93,0,0,null,32.75,0,107.93,0,0,null,32.75,0,107.93,0,0,null,0,32.75,0,107.93,0,0,625,32.75,20468.75,107.93,67456.25,87925]
["1.7.44","Винт для соединения крышек лотков","шт.",50,19.649999999999999,982.49999999999989,13.26,663,1645.5,null,null,19.649999999999999,0,13.26,0,0,null,19.649999999999999,0,13.26,0,0,null,19.649999999999999,0,13.26,0,0,null,19.649999999999999,0,13.26,0,0,null,19.649999999999999,0,13.26,0,0,null,19.649999999999999,0,13.26,0,0,null,19.649999999999999,0,13.26,0,0,null,19.649999999999999,0,13.26,0,0,null,0,19.649999999999999,0,13.26,0,0,50,19.649999999999999,982.49999999999989,13.26,663,1645.5]
["1.7.45","Кабель волоконно-оптический 9/125 одномодовый, 16 волокон, для внутренней прокладки, LSZH","м",1660,220.08,365332.80000000005,172.91,287030.59999999998,652363.4,null,null,220.08,0,172.91,0,0,null,220.08,0,172.91,0,0,700,220.08,154056,172.91,121037,275093,null,220.08,0,172.91,0,0,null,220.08,0,172.91,0,0,null,220.08,0,172.91,0,0,null,220.08,0,172.91,0,0,null,220.08,0,172.91,0,0,null,700,220.08,154056,172.91,121037,275093,960,220.08,211276.80000000002,172.91,165993.60000000001,377270.4]
["1.7.46","Кабель витая пара неэкранированный U/UTP 4x2x0,51 категория 5е, материал оболочки LSZH (нг(А)-HF)","м",3050,146.72,447496,94.38,287859,735355,null,null,146.72,0,94.38,0,0,null,146.72,0,94.38,0,0,1200,146.72,176064,94.38,113256,289320,null,146.72,0,94.38,0,0,null,146.72,0,94.38,0,0,null,146.72,0,94.38,0,0,null,146.72,0,94.38,0,0,null,146.72,0,94.38,0,0,null,1200,146.72,176064,94.38,113256,289320,1850,146.72,271432,94.38,174603,446035]
["1.7.47","Труба гофрированная ПВХ легкая серая D20","м",150,45.85,6877.5,28.08,4212,11089.5,null,null,45.85,0,28.08,0,0,null,45.85,0,28.08,0,0,null,45.85,0,28.08,0,0,null,45.85,0,28.08,0,0,null,45.85,0,28.08,0,0,null,45.85,0,28.08,0,0,null,45.85,0,28.08,0,0,null,45.85,0,28.08,0,0,null,0,45.85,0,28.08,0,0,150,45.85,6877.5,28.08,4212,11089.5]
["1.7.48","Держатель с защелкой и дюбелем d=20 мм","шт.",100,13.1,1310,31.72,3172,4482,null,null,13.1,0,31.72,0,0,null,13.1,0,31.72,0,0,null,13.1,0,31.72,0,0,null,13.1,0,31.72,0,0,null,13.1,0,31.72,0,0,null,13.1,0,31.72,0,0,null,13.1,0,31.72,0,0,null,13.1,0,31.72,0,0,null,0,13.1,0,31.72,0,0,100,13.1,1310,31.72,3172,4482]
["1.7.49","Кронштейн для крепления точки доступа","шт.",5,4401.6000000000004,22008,7007,35035,57043,null,null,4401.6000000000004,0,7007,0,0,null,4401.6000000000004,0,7007,0,0,null,4401.6000000000004,0,7007,0,0,null,4401.6000000000004,0,7007,0,0,null,4401.6000000000004,0,7007,0,0,null,4401.6000000000004,0,7007,0,0,null,4401.6000000000004,0,7007,0,0,null,4401.6000000000004,0,7007,0,0,null,0,4401.6000000000004,0,7007,0,0,5,4401.6000000000004,22008,7007,35035,57043]
["1.7.50","Универсальная противопожарная пена CP620","шт.",3,0,null,8244.6,24733.800000000003,24733.800000000003,null,null,0,null,8244.6,0,0,null,0,null,8244.6,0,0,null,0,null,8244.6,0,0,null,0,null,8244.6,0,0,null,0,null,8244.6,0,0,null,0,null,8244.6,0,0,null,0,null,8244.6,0,0,null,0,null,8244.6,0,0,null,0,0,null,8244.6,0,0,3,0,null,8244.6,24733.800000000003,24733.800000000003]
["1.7.51","Лента ламинированная для маркирования, черный текст на белом фоне, термотрансферная печать, шир 12 мм, дл 8м Vell-231","шт.",4,0,null,1648.43,6593.72,6593.72,null,null,0,null,1648.43,0,0,null,0,null,1648.43,0,0,null,0,null,1648.43,0,0,null,0,null,1648.43,0,0,null,0,null,1648.43,0,0,null,0,null,1648.43,0,0,null,0,null,1648.43,0,0,null,0,null,1648.43,0,0,null,0,0,null,1648.43,0,0,4,0,null,1648.43,6593.72,6593.72]
["1.7.52","Лента ламинированная для маркирования, черный текст на белом фоне, термотрансферная печать, шир 9 мм Vell-221","шт.",4,0,null,1489.8,5959.2,5959.2,null,null,0,null,1489.8,0,0,null,0,null,1489.8,0,0,null,0,null,1489.8,0,0,null,0,null,1489.8,0,0,null,0,null,1489.8,0,0,null,0,null,1489.8,0,0,null,0,null,1489.8,0,0,null,0,null,1489.8,0,0,null,0,0,null,1489.8,0,0,4,0,null,1489.8,5959.2,5959.2]
["1.7.53","Аксессуары (расходные материалы, крепеж)","компл.",1,0,null,23400,23400,23400,null,null,0,null,23400,0,0,null,0,null,23400,0,0,null,0,null,23400,0,0,null,0,null,23400,0,0,null,0,null,23400,0,0,null,0,null,23400,0,0,null,0,null,23400,0,0,null,0,null,23400,0,0,null,0,0,null,23400,0,0,1,0,null,23400,23400,23400]
["1.7.48","Пуско-наладочные работы","компл.",1,262080,{"$f":"D288*E288","v":262080},0,null,262080,null,null,262080,{"$f":"K288*L288","v":0},0,null,0,null,262080,{"$f":"Q288*R288","v":0},0,null,0,null,262080,{"$f":"W288*X288","v":0},0,null,0,null,262080,{"$f":"AC288*AD288","v":0},0,null,0,null,262080,{"$f":"AI288*AJ288","v":0},0,null,0,null,262080,{"$f":"AO288*AP288","v":0},0,null,0,null,262080,{"$f":"AU288*AV288","v":0},0,null,0,null,262080,{"$f":"BA288*BB288","v":0},0,null,0,null,0,262080,{"$f":"BH288*BI288","v":0},0,null,0,1,262080,{"$f":"BN288*BO288","v":262080},0,null,262080]
["1.8","130-23-СОТ Система охранного телевидения",null,null,null,null,null,null,null,null,null,null,null,null,null,null,null,null,null,null,null,null,null,null,{"$f":"Y290+Y291+Y292+Y293+Y294+Y295+Y296+Y297+Y298+Y299+Y300+Y301+Y302+Y303+Y304+Y305+Y306","v":254064},null,{"$f":"AA290+AA291+AA292+AA293+AA294+AA295+AA296+AA297+AA298+AA299+AA300+AA301+AA302+AA303+AA304+AA305+AA306","v":1467702.6},{"$f":"AB290+AB291+AB292+AB293+AB294+AB295+AB296+AB297+AB298+AB299+AB300+AB301+AB302+AB303+AB304+AB305+AB306","v":1721766.6},null,null,{"$f":"AE290+AE291+AE292+AE293+AE294+AE295+AE296+AE297+AE298+AE299+AE300+AE301+AE302+AE303+AE304+AE305+AE306","v":0},null,{"$f":"AG290+AG291+AG292+AG293+AG294+AG295+AG296+AG297+AG298+AG299+AG300+AG301+AG302+AG303+AG304+AG305+AG306","v":0},{"$f":"AH290+AH291+AH292+AH293+AH294+AH295+AH296+AH297+AH298+AH299+AH300+AH301+AH302+AH303+AH304+AH305+AH306","v":0},null,null,{"$f":"AK290+AK291+AK292+AK293+AK294+AK295+AK296+AK297+AK298+AK299+AK300+AK301+AK302+AK303+AK304+AK305+AK306","v":0},null,{"$f":"AM290+AM291+AM292+AM293+AM294+AM295+AM296+AM297+AM298+AM299+AM300+AM301+AM302+AM303+AM304+AM305+AM306","v":0},{"$f":"AN290+AN291+AN292+AN293+AN294+AN295+AN296+AN297+AN298+AN299+AN300+AN301+AN302+AN303+AN304+AN305+AN306","v":0},null,null,{"$f":"AQ290+AQ291+AQ292+AQ293+AQ294+AQ295+AQ296+AQ297+AQ298+AQ299+AQ300+AQ301+AQ302+AQ303+AQ304+AQ305+AQ306","v":0},null,{"$f":"AS290+AS291+AS292+AS293+AS294+AS295+AS296+AS297+AS298+AS299+AS300+AS301+AS302+AS303+AS304+AS305+AS306","v":0},{"$f":"AT290+AT291+AT292+AT293+AT294+AT295+AT296+AT297+AT298+AT299+AT300+AT301+AT302+AT303+AT304+AT305+AT306","v":0},null,null,{"$f":"AW290+AW291+AW292+AW293+AW294+AW295+AW296+AW297+AW298+AW299+AW300+AW301+AW302+AW303+AW304+AW305+AW306","v":0},null,{"$f":"AY290+AY291+AY292+AY293+AY294+AY295+AY296+AY297+AY298+AY299+AY300+AY301+AY302+AY303+AY304+AY305+AY306","v":0},{"$f":"AZ290+AZ291+AZ292+AZ293+AZ294+AZ295+AZ296+AZ297+AZ298+AZ299+AZ300+AZ301+AZ302+AZ303+AZ304+AZ305+AZ306","v":0},null,null,{"$f":"BC290+BC291+BC292+BC293+BC294+BC295+BC296+BC297+BC298+BC299+BC300+BC301+BC302+BC303+BC304+BC305+BC306","v":0},null,{"$f":"BE290+BE291+BE292+BE293+BE294+BE295+BE296+BE297+BE298+BE299+BE300+BE301+BE302+BE303+BE304+BE305+BE306","v":0},{"$f":"BF290+BF291+BF292+BF293+BF294+BF295+BF296+BF297+BF298+BF299+BF300+BF301+BF302+BF303+BF304+BF305+BF306","v":0},null,0,null,{"$f":"BJ290+BJ291+BJ292+BJ293+BJ294+BJ295+BJ296+BJ297+BJ298+BJ299+BJ300+BJ301+BJ302+BJ303+BJ304+BJ305+BJ306","v":254064},null,{"$f":"BL290+BL291+BL292+BL293+BL294+BL295+BL296+BL297+BL298+BL299+BL300+BL301+BL302+BL303+BL304+BL305+BL306","v":1467702.6},{"$f":"BM290+BM291+BM292+BM293+BM294+BM295+BM296+BM297+BM298+BM299+BM300+BM301+BM302+BM303+BM304+BM305+BM306","v":1721766.6},0,null,{"$f":"BP290+BP291+BP292+BP293+BP294+BP295+BP296+BP297+BP298+BP299+BP300+BP301+BP302+BP303+BP304+BP305+BP306","v":451293.10000000003},null,{"$f":"BR290+BR291+BR292+BR293+BR294+BR295+BR296+BR297+BR298+BR299+BR300+BR301+BR302+BR303+BR304+BR305+BR306","v":549125.05000000005},{"$f":"BS290+BS291+BS292+BS293+BS294+BS295+BS296+BS297+BS298+BS299+BS300+BS301+BS302+BS303+BS304+BS305+BS306","v":1000418.1500000001}]
["1.8.1","IP-камера уличная цилиндрическая. Разрешение 2 Мп, 1/2.8\" Progressive   ","шт.",10,6668,{"$f":"D290*E290","v":66680},39380,{"$f":"D290*G290","v":393800},{"$f":"E290*D290+G290*D290","v":460480},null,null,6668,{"$f":"K290*L290","v":0},39380,{"$f":"K290*N290","v":0},{"$f":"L290*K290+N290*K290","v":0},null,6668,{"$f":"Q290*R290","v":0},39380,{"$f":"Q290*T290","v":0},{"$f":"R290*Q290+T290*Q290","v":0},10,6668,{"$f":"W290*X290","v":66680},39380,{"$f":"W290*Z290","v":393800},{"$f":"X290*W290+Z290*W290","v":460480},null,6668,{"$f":"AC290*AD290","v":0},39380,{"$f":"AC290*AF290","v":0},{"$f":"AD290*AC290+AF290*AC290","v":0},null,6668,{"$f":"AI290*AJ290","v":0},39380,{"$f":"AI290*AL290","v":0},{"$f":"AJ290*AI290+AL290*AI290","v":0},null,6668,{"$f":"AO290*AP290","v":0},39380,{"$f":"AO290*AR290","v":0},{"$f":"AP290*AO290+AR290*AO290","v":0},null,6668,{"$f":"AU290*AV290","v":0},39380,{"$f":"AU290*AX290","v":0},{"$f":"AV290*AU290+AX290*AU290","v":0},null,6668,{"$f":"BA290*BB290","v":0},39380,{"$f":"BA290*BD290","v":0},{"$f":"BB290*BA290+BD290*BA290","v":0},null,{"$f":"K290+Q290+W290+AC290+AI290+AO290+AU290+BA290","v":10},6668,{"$f":"BH290*BI290","v":66680},39380,{"$f":"BH290*BK290","v":393800},{"$f":"BI290*BH290+BK290*BH290","v":460480},{"$f":"D290-BH290","v":0},6668,{"$f":"BN290*BO290","v":0},39380,{"$f":"BN290*BQ290","v":0},{"$f":"BO290*BN290+BQ290*BN290","v":0}]
["1.8.2","IP-камера уличая купольная. Разрешение 2 Мп, 1/2.8\" Progressive Scan CMOS","шт.",24,5668,136032,23220,557280,693312,null,null,5668,0,23220,0,0,null,5668,0,23220,0,0,24,5668,136032,23220,557280,693312,null,5668,0,23220,0,0,null,5668,0,23220,0,0,null,5668,0,23220,0,0,null,5668,0,23220,0,0,null,5668,0,23220,0,0,null,24,5668,136032,23220,557280,693312,0,5668,0,23220,0,0]
["1.8.3","Кронштейн для крепления IP-камер","шт.",28,1965,55020,7007,196196,251216,null,null,1965,0,7007,0,0,null,1965,0,7007,0,0,10,1965,19650,7007,70070,89720,null,1965,0,7007,0,0,null,1965,0,7007,0,0,null,1965,0,7007,0,0,null,1965,0,7007,0,0,null,1965,0,7007,0,0,null,10,1965,19650,7007,70070,89720,18,1965,35370,7007,126126,161496]
["1.8.4","Монтажная коробка для IP-камер ","шт.",34,655,22270,2366,80444,102714,null,null,655,0,2366,0,0,null,655,0,2366,0,0,34,655,22270,2366,80444,102714,null,655,0,2366,0,0,null,655,0,2366,0,0,null,655,0,2366,0,0,null,655,0,2366,0,0,null,655,0,2366,0,0,null,34,655,22270,2366,80444,102714,0,655,0,2366,0,0]
["1.8.5","Коммутатор управляемый, уровень L3, 16 портов PoE 10/100M RJ45","шт.",4,3144,12576,122036.2,488144.8,500720.8,null,null,3144,0,122036.2,0,0,null,3144,0,122036.2,0,0,3,3144,9432,122036.2,366108.6,375540.6,null,3144,0,122036.2,0,0,null,3144,0,122036.2,0,0,null,3144,0,122036.2,0,0,null,3144,0,122036.2,0,0,null,3144,0,122036.2,0,0,null,3,3144,9432,122036.2,366108.6,375540.6,1,3144,3144,122036.2,122036.2,125180.2]
["1.8.6","Шнур (патч-корд) оптический, SM9/125 мкм, дуплекс, LC-LC, 3 м 130202-02793","шт.",4,65.5,262,470.6,1882.4,2144.4,null,null,65.5,0,470.6,0,0,null,65.5,0,470.6,0,0,null,65.5,0,470.6,0,0,null,65.5,0,470.6,0,0,null,65.5,0,470.6,0,0,null,65.5,0,470.6,0,0,null,65.5,0,470.6,0,0,null,65.5,0,470.6,0,0,null,0,65.5,0,470.6,0,0,4,65.5,262,470.6,1882.4,2144.4]
["1.8.7","Муфта вводная dвн=20,4 мм, dнар=20,6 мм, исполнение прямолинейное, вводная резьба 1/2\"","шт.",34,131,4454,122.2,4154.8,8608.7999999999993,null,null,131,0,122.2,0,0,null,131,0,122.2,0,0,null,131,0,122.2,0,0,null,131,0,122.2,0,0,null,131,0,122.2,0,0,null,131,0,122.2,0,0,null,131,0,122.2,0,0,null,131,0,122.2,0,0,null,0,131,0,122.2,0,0,34,131,4454,122.2,4154.8,8608.7999999999993]
["1.8.8","Коннектор RJ-45 кат.5E неэкранированный","шт.",200,32.75,6550,41.6,8320,14870,null,null,32.75,0,41.6,0,0,null,32.75,0,41.6,0,0,null,32.75,0,41.6,0,0,null,32.75,0,41.6,0,0,null,32.75,0,41.6,0,0,null,32.75,0,41.6,0,0,null,32.75,0,41.6,0,0,null,32.75,0,41.6,0,0,null,0,32.75,0,41.6,0,0,200,32.75,6550,41.6,8320,14870]
["1.8.9","Кабель витая пара неэкранированный U/UTP 4x2x0,51 кат. 5е, материал оболочки LSZH (нг(А)-HF)","м",2035,162.44,330565.40000000002,94.38,192063.3,522628.7,null,null,162.44,0,94.38,0,0,null,162.44,0,94.38,0,0,null,162.44,0,94.38,0,0,null,162.44,0,94.38,0,0,null,162.44,0,94.38,0,0,null,162.44,0,94.38,0,0,null,162.44,0,94.38,0,0,null,162.44,0,94.38,0,0,null,0,162.44,0,94.38,0,0,2035,162.44,330565.40000000002,94.38,192063.3,522628.7]
["1.8.10","Универсальная противопожарная пена CP620","шт.",2,1257.5999999999999,2515.1999999999998,8244.6,16489.2,19004.400000000001,null,null,1257.5999999999999,0,8244.6,0,0,null,1257.5999999999999,0,8244.6,0,0,null,1257.5999999999999,0,8244.6,0,0,null,1257.5999999999999,0,8244.6,0,0,null,1257.5999999999999,0,8244.6,0,0,null,1257.5999999999999,0,8244.6,0,0,null,1257.5999999999999,0,8244.6,0,0,null,1257.5999999999999,0,8244.6,0,0,null,0,1257.5999999999999,0,8244.6,0,0,2,1257.5999999999999,2515.1999999999998,8244.6,16489.2,19004.400000000001]
["1.8.11","Стяжка нейлоновая неоткрывающаяся, безгалогенная, 300х3,6 мм GT-300IBC","шт.",100,0,null,7.59,759,759,null,null,0,null,7.59,0,0,null,0,null,7.59,0,0,null,0,0,7.59,0,0,null,0,null,7.59,0,0,null,0,null,7.59,0,0,null,0,null,7.59,0,0,null,0,null,7.59,0,0,null,0,null,7.59,0,0,null,0,0,null,7.59,0,0,100,0,null,7.59,759,759]
["1.8.12","Лента ламинированная для маркирования, черный текст на белом фоне, термотрансферная печать, шир 12 мм Vell-231","шт.",5,0,null,1648.43,8242.15,8242.15,null,null,0,null,1648.43,0,0,null,0,null,1648.43,0,0,null,0,0,1648.43,0,0,null,0,null,1648.43,0,0,null,0,null,1648.43,0,0,null,0,null,1648.43,0,0,null,0,null,1648.43,0,0,null,0,null,1648.43,0,0,null,0,0,null,1648.43,0,0,5,0,null,1648.43,8242.15,8242.15]
["1.8.13","Труба гофрированная ПВХ легкая серая D20","м",250,45.85,{"$f":"D302*E302","v":11462.5},125.84,31460,42922.5,null,null,45.85,{"$f":"K302*L302","v":0},125.84,0,0,null,45.85,{"$f":"Q302*R302","v":0},125.84,0,0,null,45.85,{"$f":"W302*X302","v":0},125.84,0,0,null,45.85,{"$f":"AC302*AD302","v":0},125.84,0,0,null,45.85,{"$f":"AI302*AJ302","v":0},125.84,0,0,null,45.85,{"$f":"AO302*AP302","v":0},125.84,0,0,null,45.85,{"$f":"AU302*AV302","v":0},125.84,0,0,null,45.85,{"$f":"BA302*BB302","v":0},125.84,0,0,null,0,45.85,{"$f":"BH302*BI302","v":0},125.84,0,0,250,45.85,{"$f":"BN302*BO302","v":11462.5},125.84,31460,42922.5]
["1.8.14","Держатель с защелкой и дюбелем d=20 мм","шт.",100,13.1,{"$f":"D303*E303","v":1310},31.72,3172,4482,null,null,13.1,{"$f":"K303*L303","v":0},31.72,0,0,null,13.1,{"$f":"Q303*R303","v":0},31.72,0,0,null,13.1,{"$f":"W303*X303","v":0},31.72,0,0,null,13.1,{"$f":"AC303*AD303","v":0},31.72,0,0,null,13.1,{"$f":"AI303*AJ303","v":0},31.72,0,0,null,13.1,{"$f":"AO303*AP303","v":0},31.72,0,0,null,13.1,{"$f":"AU303*AV303","v":0},31.72,0,0,null,13.1,{"$f":"BA303*BB303","v":0},31.72,0,0,null,0,13.1,{"$f":"BH303*BI303","v":0},31.72,0,0,100,13.1,{"$f":"BN303*BO303","v":1310},31.72,3172,4482]
["1.8.15","Патч-корд U/UTP cat. 5e, внешняя оболочка LSZH, 4 пары, RJ45-RJ45, длина 1 м, серый","шт.",40,65.5,{"$f":"D304*E304","v":2620},370.5,14820,17440,null,null,65.5,{"$f":"K304*L304","v":0},370.5,0,0,null,65.5,{"$f":"Q304*R304","v":0},370.5,0,0,null,65.5,{"$f":"W304*X304","v":0},370.5,0,0,null,65.5,{"$f":"AC304*AD304","v":0},370.5,0,0,null,65.5,{"$f":"AI304*AJ304","v":0},370.5,0,0,null,65.5,{"$f":"AO304*AP304","v":0},370.5,0,0,null,65.5,{"$f":"AU304*AV304","v":0},370.5,0,0,null,65.5,{"$f":"BA304*BB304","v":0},370.5,0,0,null,0,65.5,{"$f":"BH304*BI304","v":0},370.5,0,0,40,65.5,{"$f":"BN304*BO304","v":2620},370.5,14820,17440]
["1.8.16","Аксессуары (расходные материалы, крепеж)","компл.",1,0,null,19600,19600,19600,null,null,0,null,19600,0,0,null,0,null,19600,0,0,null,0,null,19600,0,0,null,0,null,19600,0,0,null,0,null,19600,0,0,null,0,null,19600,0,0,null,0,null,19600,0,0,null,0,null,19600,0,0,null,0,0,null,19600,0,0,1,0,null,19600,19600,19600]
["1.8.17","Пуско-наладочные работы","компл.",1,53040,{"$f":"D306*E306","v":53040},0,null,53040,null,null,53040,{"$f":"K306*L306","v":0},0,null,0,null,53040,{"$f":"Q306*R306","v":0},0,null,0,null,53040,{"$f":"W306*X306","v":0},0,null,0,null,53040,{"$f":"AC306*AD306","v":0},0,null,0,null,53040,{"$f":"AI306*AJ306","v":0},0,null,0,null,53040,{"$f":"AO306*AP306","v":0},0,null,0,null,53040,{"$f":"AU306*AV306","v":0},0,null,0,null,53040,{"$f":"BA306*BB306","v":0},0,null,0,null,0,53040,{"$f":"BH306*BI306","v":0},0,null,0,1,53040,{"$f":"BN306*BO306","v":53040},0,null,53040]
["1.9","130-23-УА1 Устройства автоматики",null,null,null,{"$f":"F308+F309","v":174381.28999999998},null,{"$f":"H308+H309","v":276392.98},{"$f":"I308+I309","v":450774.27},null,null,null,{"$f":"M308+M309","v":0},null,{"$f":"O308+O309","v":0},{"$f":"P308+P309","v":0},null,null,{"$f":"S308+S309","v":0},null,{"$f":"U308+U309","v":0},{"$f":"V308+V309","v":0},null,null,{"$f":"Y308+Y309","v":0},null,{"$f":"AA308+AA309","v":0},{"$f":"AB308+AB309","v":0},null,null,{"$f":"AE308+AE309","v":0},null,{"$f":"AG308+AG309","v":0},{"$f":"AH308+AH309","v":0},null,null,{"$f":"AK308+AK309","v":0},null,{"$f":"AM308+AM309","v":0},{"$f":"AN308+AN309","v":0},null,null,{"$f":"AQ308+AQ309","v":0},null,{"$f":"AS308+AS309","v":0},{"$f":"AT308+AT309","v":0},null,null,{"$f":"AW308+AW309","v":0},null,{"$f":"AY308+AY309","v":0},{"$f":"AZ308+AZ309","v":0},null,null,{"$f":"BC308+BC309","v":0},null,{"$f":"BE308+BE309","v":0},{"$f":"BF308+BF309","v":0},null,0,null,{"$f":"BJ308+BJ309","v":0},null,{"$f":"BL308+BL309","v":0},{"$f":"BM308+BM309","v":0},0,null,{"$f":"BP308+BP309","v":174381.28999999998},null,{"$f":"BR308+BR309","v":276392.98},{"$f":"BS308+BS309","v":450774.27}]
["1.9.1","Монтаж комплектов автоматики","к-т",1,117977.29,{"$f":"D308*E308","v":117977.29},197096.98,{"$f":"D308*G308","v":197096.98},{"$f":"E308*D308+G308*D308","v":315074.27},null,null,117977.29,{"$f":"K308*L308","v":0},197096.98,{"$f":"K308*N308","v":0},{"$f":"L308*K308+N308*K308","v":0},null,117977.29,{"$f":"Q308*R308","v":0},197096.98,{"$f":"Q308*T308","v":0},{"$f":"R308*Q308+T308*Q308","v":0},null,117977.29,{"$f":"W308*X308","v":0},197096.98,{"$f":"W308*Z308","v":0},{"$f":"X308*W308+Z308*W308","v":0},null,117977.29,{"$f":"AC308*AD308","v":0},197096.98,{"$f":"AC308*AF308","v":0},{"$f":"AD308*AC308+AF308*AC308","v":0},null,117977.29,{"$f":"AI308*AJ308","v":0},197096.98,{"$f":"AI308*AL308","v":0},{"$f":"AJ308*AI308+AL308*AI308","v":0},null,117977.29,{"$f":"AO308*AP308","v":0},197096.98,{"$f":"AO308*AR308","v":0},{"$f":"AP308*AO308+AR308*AO308","v":0},null,117977.29,{"$f":"AU308*AV308","v":0},197096.98,{"$f":"AU308*AX308","v":0},{"$f":"AV308*AU308+AX308*AU308","v":0},null,117977.29,{"$f":"BA308*BB308","v":0},197096.98,{"$f":"BA308*BD308","v":0},{"$f":"BB308*BA308+BD308*BA308","v":0},null,0,117977.29,{"$f":"BH308*BI308","v":0},197096.98,{"$f":"BH308*BK308","v":0},{"$f":"BI308*BH308+BK308*BH308","v":0},1,117977.29,{"$f":"BN308*BO308","v":117977.29},197096.98,{"$f":"BN308*BQ308","v":197096.98},{"$f":"BO308*BN308+BQ308*BN308","v":315074.27}]
["1.9.2","Прокладка кабелей системы автоматизации вентиляции","пм",236,239,{"$f":"D309*E309","v":56404},336,{"$f":"D309*G309","v":79296},{"$f":"E309*D309+G309*D309","v":135700},null,null,239,{"$f":"K309*L309","v":0},336,{"$f":"K309*N309","v":0},{"$f":"L309*K309+N309*K309","v":0},null,239,{"$f":"Q309*R309","v":0},336,{"$f":"Q309*T309","v":0},{"$f":"R309*Q309+T309*Q309","v":0},null,239,{"$f":"W309*X309","v":0},336,{"$f":"W309*Z309","v":0},{"$f":"X309*W309+Z309*W309","v":0},null,239,{"$f":"AC309*AD309","v":0},336,{"$f":"AC309*AF309","v":0},{"$f":"AD309*AC309+AF309*AC309","v":0},null,239,{"$f":"AI309*AJ309","v":0},336,{"$f":"AI309*AL309","v":0},{"$f":"AJ309*AI309+AL309*AI309","v":0},null,239,{"$f":"AO309*AP309","v":0},336,{"$f":"AO309*AR309","v":0},{"$f":"AP309*AO309+AR309*AO309","v":0},null,239,{"$f":"AU309*AV309","v":0},336,{"$f":"AU309*AX309","v":0},{"$f":"AV309*AU309+AX309*AU309","v":0},null,239,{"$f":"BA309*BB309","v":0},336,{"$f":"BA309*BD309","v":0},{"$f":"BB309*BA309+BD309*BA309","v":0},null,0,239,{"$f":"BH309*BI309","v":0},336,{"$f":"BH309*BK309","v":0},{"$f":"BI309*BH309+BK309*BH309","v":0},236,239,{"$f":"BN309*BO309","v":56404},336,{"$f":"BN309*BQ309","v":79296},{"$f":"BO309*BN309+BQ309*BN309","v":135700}]
["1.10","130-23-ЭО1 Электрическое освещение",null,null,null,null,null,null,null,null,null,null,null,null,null,null,null,null,null,null,null,null,null,null,{"$f":"Y311+Y312+Y313+Y314+Y315+Y316+Y317+Y318+Y319+Y320+Y321+Y322+Y323+Y324+Y325+Y326+Y327+Y328+Y329+Y330+Y331+Y332","v":875551.6},null,{"$f":"AA311+AA312+AA313+AA314+AA315+AA316+AA317+AA318+AA319+AA320+AA321+AA322+AA323+AA324+AA325+AA326+AA327+AA328+AA329+AA330+AA331+AA332","v":7371497.5999999996},{"$f":"AB311+AB312+AB313+AB314+AB315+AB316+AB317+AB318+AB319+AB320+AB321+AB322+AB323+AB324+AB325+AB326+AB327+AB328+AB329+AB330+AB331+AB332","v":8247049.1999999993},null,null,{"$f":"AE311+AE312+AE313+AE314+AE315+AE316+AE317+AE318+AE319+AE320+AE321+AE322+AE323+AE324+AE325+AE326+AE327+AE328+AE329+AE330+AE331+AE332","v":0},null,{"$f":"AG311+AG312+AG313+AG314+AG315+AG316+AG317+AG318+AG319+AG320+AG321+AG322+AG323+AG324+AG325+AG326+AG327+AG328+AG329+AG330+AG331+AG332","v":0},{"$f":"AH311+AH312+AH313+AH314+AH315+AH316+AH317+AH318+AH319+AH320+AH321+AH322+AH323+AH324+AH325+AH326+AH327+AH328+AH329+AH330+AH331+AH332","v":0},null,null,{"$f":"AK311+AK312+AK313+AK314+AK315+AK316+AK317+AK318+AK319+AK320+AK321+AK322+AK323+AK324+AK325+AK326+AK327+AK328+AK329+AK330+AK331+AK332","v":0},null,{"$f":"AM311+AM312+AM313+AM314+AM315+AM316+AM317+AM318+AM319+AM320+AM321+AM322+AM323+AM324+AM325+AM326+AM327+AM328+AM329+AM330+AM331+AM332","v":0},{"$f":"AN311+AN312+AN313+AN314+AN315+AN316+AN317+AN318+AN319+AN320+AN321+AN322+AN323+AN324+AN325+AN326+AN327+AN328+AN329+AN330+AN331+AN332","v":0},null,null,{"$f":"AQ311+AQ312+AQ313+AQ314+AQ315+AQ316+AQ317+AQ318+AQ319+AQ320+AQ321+AQ322+AQ323+AQ324+AQ325+AQ326+AQ327+AQ328+AQ329+AQ330+AQ331+AQ332","v":0},null,{"$f":"AS311+AS312+AS313+AS314+AS315+AS316+AS317+AS318+AS319+AS320+AS321+AS322+AS323+AS324+AS325+AS326+AS327+AS328+AS329+AS330+AS331+AS332","v":0},{"$f":"AT311+AT312+AT313+AT314+AT315+AT316+AT317+AT318+AT319+AT320+AT321+AT322+AT323+AT324+AT325+AT326+AT327+AT328+AT329+AT330+AT331+AT332","v":0},null,null,{"$f":"AW311+AW312+AW313+AW314+AW315+AW316+AW317+AW318+AW319+AW320+AW321+AW322+AW323+AW324+AW325+AW326+AW327+AW328+AW329+AW330+AW331+AW332","v":0},null,{"$f":"AY311+AY312+AY313+AY314+AY315+AY316+AY317+AY318+AY319+AY320+AY321+AY322+AY323+AY324+AY325+AY326+AY327+AY328+AY329+AY330+AY331+AY332","v":0},{"$f":"AZ311+AZ312+AZ313+AZ314+AZ315+AZ316+AZ317+AZ318+AZ319+AZ320+AZ321+AZ322+AZ323+AZ324+AZ325+AZ326+AZ327+AZ328+AZ329+AZ330+AZ331+AZ332","v":0},null,null,{"$f":"BC311+BC312+BC313+BC314+BC315+BC316+BC317+BC318+BC319+BC320+BC321+BC322+BC323+BC324+BC325+BC326+BC327+BC328+BC329+BC330+BC331+BC332","v":0},null,{"$f":"BE311+BE312+BE313+BE314+BE315+BE316+BE317+BE318+BE319+BE320+BE321+BE322+BE323+BE324+BE325+BE326+BE327+BE328+BE329+BE330+BE331+BE332","v":0},{"$f":"BF311+BF312+BF313+BF314+BF315+BF316+BF317+BF318+BF319+BF320+BF321+BF322+BF323+BF324+BF325+BF326+BF327+BF328+BF329+BF330+BF331+BF332","v":0},null,0,null,{"$f":"BJ311+BJ312+BJ313+BJ314+BJ315+BJ316+BJ317+BJ318+BJ319+BJ320+BJ321+BJ322+BJ323+BJ324+BJ325+BJ326+BJ327+BJ328+BJ329+BJ330+BJ331+BJ332","v":875551.6},null,{"$f":"BL311+BL312+BL313+BL314+BL315+BL316+BL317+BL318+BL319+BL320+BL321+BL322+BL323+BL324+BL325+BL326+BL327+BL328+BL329+BL330+BL331+BL332","v":7371497.5999999996},{"$f":"BM311+BM312+BM313+BM314+BM315+BM316+BM317+BM318+BM319+BM320+BM321+BM322+BM323+BM324+BM325+BM326+BM327+BM328+BM329+BM330+BM331+BM332","v":8247049.1999999993},0,null,{"$f":"BP311+BP312+BP313+BP314+BP315+BP316+BP317+BP318+BP319+BP320+BP321+BP322+BP323+BP324+BP325+BP326+BP327+BP328+BP329+BP330+BP331+BP332","v":842927.60000000009},null,{"$f":"BR311+BR312+BR313+BR314+BR315+BR316+BR317+BR318+BR319+BR320+BR321+BR322+BR323+BR324+BR325+BR326+BR327+BR328+BR329+BR330+BR331+BR332","v":1664707.44},{"$f":"BS311+BS312+BS313+BS314+BS315+BS316+BS317+BS318+BS319+BS320+BS321+BS322+BS323+BS324+BS325+BS326+BS327+BS328+BS329+BS330+BS331+BS332","v":2507635.04}]
["1.10.1","Демонтаж светильников","шт.",217,1414.8,{"$f":"D311*E311","v":307011.59999999998},0,null,{"$f":"E311*D311+G311*D311","v":307011.59999999998},null,null,1414.8,{"$f":"K311*L311","v":0},0,null,{"$f":"L311*K311+N311*K311","v":0},null,1414.8,{"$f":"Q311*R311","v":0},0,null,{"$f":"R311*Q311+T311*Q311","v":0},217,1414.8,{"$f":"W311*X311","v":307011.59999999998},0,null,{"$f":"X311*W311+Z311*W311","v":307011.59999999998},null,1414.8,{"$f":"AC311*AD311","v":0},0,null,{"$f":"AD311*AC311+AF311*AC311","v":0},null,1414.8,{"$f":"AI311*AJ311","v":0},0,null,{"$f":"AJ311*AI311+AL311*AI311","v":0},null,1414.8,{"$f":"AO311*AP311","v":0},0,null,{"$f":"AP311*AO311+AR311*AO311","v":0},null,1414.8,{"$f":"AU311*AV311","v":0},0,null,{"$f":"AV311*AU311+AX311*AU311","v":0},null,1414.8,{"$f":"BA311*BB311","v":0},0,null,{"$f":"BB311*BA311+BD311*BA311","v":0},null,217,1414.8,{"$f":"BH311*BI311","v":307011.59999999998},0,null,{"$f":"BI311*BH311+BK311*BH311","v":307011.59999999998},0,1414.8,{"$f":"BN311*BO311","v":0},0,null,{"$f":"BO311*BN311+BQ311*BN311","v":0}]
["1.10.2","Панель ППУ в комплекте с АВР, навесного исполнения с двумя вводами на 63А","шт.",1,7074,7074,127083.28,{"$f":"D312*G312","v":127083.28},134157.28,null,null,7074,0,127083.28,{"$f":"K312*N312","v":0},0,null,7074,0,127083.28,{"$f":"Q312*T312","v":0},0,null,7074,0,127083.28,{"$f":"W312*Z312","v":0},0,null,7074,0,127083.28,{"$f":"AC312*AF312","v":0},0,null,7074,0,127083.28,{"$f":"AI312*AL312","v":0},0,null,7074,0,127083.28,{"$f":"AO312*AR312","v":0},0,null,7074,0,127083.28,{"$f":"AU312*AX312","v":0},0,null,7074,0,127083.28,{"$f":"BA312*BD312","v":0},0,null,0,7074,0,127083.28,{"$f":"BH312*BK312","v":0},0,1,7074,7074,127083.28,{"$f":"BN312*BQ312","v":127083.28},134157.28]
["1.10.3","Щит управления освещением ЩУО1","шт.",1,6550,6550,194976.78,194976.78,201526.78,null,null,6550,0,194976.78,0,0,null,6550,0,194976.78,0,0,null,6550,0,194976.78,0,0,null,6550,0,194976.78,0,0,null,6550,0,194976.78,0,0,null,6550,0,194976.78,0,0,null,6550,0,194976.78,0,0,null,6550,0,194976.78,0,0,null,0,6550,0,194976.78,0,0,1,6550,6550,194976.78,194976.78,201526.78]
["1.10.4","Кабель силовой с медными жилами огнестойкий с пониженным содержанием галогенов ППГнг(А)-FRHF 5х25","м.",170,310,52700,2669.76,453859.2,506559.2,null,null,310,0,2669.76,0,0,null,310,0,2669.76,0,0,null,310,0,2669.76,0,0,null,310,0,2669.76,0,0,null,310,0,2669.76,0,0,null,310,0,2669.76,0,0,null,310,0,2669.76,0,0,null,310,0,2669.76,0,0,null,0,310,0,2669.76,0,0,170,310,52700,2669.76,453859.2,506559.2]
["1.10.5","Кабель силовой с медными жилами огнестойкий с пониженным содержанием галогенов ППГнг(А)-FRHF 3х1.5","м.",650,182,118300,160,104000,222300,null,null,182,0,160,0,0,null,182,0,160,0,0,null,182,0,160,0,0,null,182,0,160,0,0,null,182,0,160,0,0,null,182,0,160,0,0,null,182,0,160,0,0,null,182,0,160,0,0,null,0,182,0,160,0,0,650,182,118300,160,104000,222300]
["1.10.6","Светодиодный светильник промышленный 180Вт, без БАП","шт.",205,2620,537100,35000,7175000,7712100,null,null,2620,0,35000,0,0,null,2620,0,35000,0,0,205,2620,537100,35000,7175000,7712100,null,2620,0,35000,0,0,null,2620,0,35000,0,0,null,2620,0,35000,0,0,null,2620,0,35000,0,0,null,2620,0,35000,0,0,null,205,2620,537100,35000,7175000,7712100,0,2620,0,35000,0,0]
["1.10.7","Светодиодный светильник промышленный 180Вт, c БАП","шт.",12,2620,31440,16374.8,196497.59999999998,227937.59999999998,null,null,2620,0,16374.8,0,0,null,2620,0,16374.8,0,0,12,2620,31440,16374.8,196497.59999999998,227937.59999999998,null,2620,0,16374.8,0,0,null,2620,0,16374.8,0,0,null,2620,0,16374.8,0,0,null,2620,0,16374.8,0,0,null,2620,0,16374.8,0,0,null,12,2620,31440,16374.8,196497.59999999998,227937.59999999998,0,2620,0,16374.8,0,0]
["1.10.8","Лоток 50х200 L=3000 перфорированный","м.",201,838.4,168518.39999999999,981.52,197285.52,365803.92,null,null,838.4,0,981.52,0,0,null,838.4,0,981.52,0,0,null,838.4,0,981.52,0,0,null,838.4,0,981.52,0,0,null,838.4,0,981.52,0,0,null,838.4,0,981.52,0,0,null,838.4,0,981.52,0,0,null,838.4,0,981.52,0,0,null,0,838.4,0,981.52,0,0,201,838.4,168518.39999999999,981.52,197285.52,365803.92]
["1.10.9","Крышка L=3000 для лотков шириной 200мм","м.",201,157.19999999999999,31597.199999999997,527.80999999999995,106089.80999999998,137687.00999999998,null,null,157.19999999999999,0,527.80999999999995,0,0,null,157.19999999999999,0,527.80999999999995,0,0,null,157.19999999999999,0,527.80999999999995,0,0,null,157.19999999999999,0,527.80999999999995,0,0,null,157.19999999999999,0,527.80999999999995,0,0,null,157.19999999999999,0,527.80999999999995,0,0,null,157.19999999999999,0,527.80999999999995,0,0,null,157.19999999999999,0,527.80999999999995,0,0,null,0,157.19999999999999,0,527.80999999999995,0,0,201,157.19999999999999,31597.199999999997,527.80999999999995,106089.80999999998,137687.00999999998]
["1.10.10","Лоток 50х50 L=3000 перфорированный","м.",174,838.4,145881.60000000001,487.5,84825,230706.6,null,null,838.4,0,487.5,0,0,null,838.4,0,487.5,0,0,null,838.4,0,487.5,0,0,null,838.4,0,487.5,0,0,null,838.4,0,487.5,0,0,null,838.4,0,487.5,0,0,null,838.4,0,487.5,0,0,null,838.4,0,487.5,0,0,null,0,838.4,0,487.5,0,0,174,838.4,145881.60000000001,487.5,84825,230706.6]
["1.10.11","Крышка L=3000 для лотков шириной 50мм","м.",174,157.19999999999999,27352.799999999999,206.6,35948.400000000001,63301.2,null,null,157.19999999999999,0,206.6,0,0,null,157.19999999999999,0,206.6,0,0,null,157.19999999999999,0,206.6,0,0,null,157.19999999999999,0,206.6,0,0,null,157.19999999999999,0,206.6,0,0,null,157.19999999999999,0,206.6,0,0,null,157.19999999999999,0,206.6,0,0,null,157.19999999999999,0,206.6,0,0,null,0,157.19999999999999,0,206.6,0,0,174,157.19999999999999,27352.799999999999,206.6,35948.400000000001,63301.2]
["1.10.12","Консоль ML 2000мм легкая BBL3020","шт.",168,353.7,59421.599999999999,279.49,46954.32,106375.92,null,null,353.7,0,279.49,0,0,null,353.7,0,279.49,0,0,null,353.7,0,279.49,0,0,null,353.7,0,279.49,0,0,null,353.7,0,279.49,0,0,null,353.7,0,279.49,0,0,null,353.7,0,279.49,0,0,null,353.7,0,279.49,0,0,null,0,353.7,0,279.49,0,0,168,353.7,59421.599999999999,279.49,46954.32,106375.92]
["1.10.13","Анкер М8 латунный разрезной","шт.",336,32.75,11004,102.05,34288.799999999996,45292.799999999996,null,null,32.75,0,102.05,0,0,null,32.75,0,102.05,0,0,null,32.75,0,102.05,0,0,null,32.75,0,102.05,0,0,null,32.75,0,102.05,0,0,null,32.75,0,102.05,0,0,null,32.75,0,102.05,0,0,null,32.75,0,102.05,0,0,null,0,32.75,0,102.05,0,0,336,32.75,11004,102.05,34288.799999999996,45292.799999999996]
["1.10.14","Шпилька М8х2000","шт.",90,393,35370,221.68,19951.2,55321.2,null,null,393,0,221.68,0,0,null,393,0,221.68,0,0,null,393,0,221.68,0,0,null,393,0,221.68,0,0,null,393,0,221.68,0,0,null,393,0,221.68,0,0,null,393,0,221.68,0,0,null,393,0,221.68,0,0,null,0,393,0,221.68,0,0,90,393,35370,221.68,19951.2,55321.2]
["1.10.15","Шайба М8","шт.",600,0,0,8.8000000000000007,5280,5280,null,null,0,0,8.8000000000000007,0,0,null,0,0,8.8000000000000007,0,0,null,0,0,8.8000000000000007,0,0,null,0,0,8.8000000000000007,0,0,null,0,0,8.8000000000000007,0,0,null,0,0,8.8000000000000007,0,0,null,0,0,8.8000000000000007,0,0,null,0,0,8.8000000000000007,0,0,null,0,0,0,8.8000000000000007,0,0,600,0,0,8.8000000000000007,5280,5280]
["1.10.16","Гайка М8","шт.",600,0,0,3.98,2388,2388,null,null,0,0,3.98,0,0,null,0,0,3.98,0,0,null,0,0,3.98,0,0,null,0,0,3.98,0,0,null,0,0,3.98,0,0,null,0,0,3.98,0,0,null,0,0,3.98,0,0,null,0,0,3.98,0,0,null,0,0,0,3.98,0,0,600,0,0,3.98,2388,2388]
["1.10.17","С-образный профиль 41х21, L2000, толщ. 2,0 мм","шт.",60,393,23580,2051.09,123065.40000000001,146645.40000000002,null,null,393,0,2051.09,0,0,null,393,0,2051.09,0,0,null,393,0,2051.09,0,0,null,393,0,2051.09,0,0,null,393,0,2051.09,0,0,null,393,0,2051.09,0,0,null,393,0,2051.09,0,0,null,393,0,2051.09,0,0,null,0,393,0,2051.09,0,0,60,393,23580,2051.09,123065.40000000001,146645.40000000002]
["1.10.18","Профиль BPL2130 DBL 21x41x1,5 L=3000 C-образный","шт.",36,393,14148,2175.58,78320.88,92468.88,null,null,393,0,2175.58,0,0,null,393,0,2175.58,0,0,null,393,0,2175.58,0,0,null,393,0,2175.58,0,0,null,393,0,2175.58,0,0,null,393,0,2175.58,0,0,null,393,0,2175.58,0,0,null,393,0,2175.58,0,0,null,0,393,0,2175.58,0,0,36,393,14148,2175.58,78320.88,92468.88]
["1.10.19","Коробка распаечная 80х80х40мм IP44 серая","шт.",205,262,53710,151.35,31026.75,84736.75,null,null,262,0,151.35,0,0,null,262,0,151.35,0,0,null,262,0,151.35,0,0,null,262,0,151.35,0,0,null,262,0,151.35,0,0,null,262,0,151.35,0,0,null,262,0,151.35,0,0,null,262,0,151.35,0,0,null,0,262,0,151.35,0,0,205,262,53710,151.35,31026.75,84736.75]
["1.10.20","Коробка ответвительная с кабельными вводами, из термопласта, 4 полюса","шт.",14,1048,14672,1383.15,19364.100000000002,34036.100000000006,null,null,1048,0,1383.15,0,0,null,1048,0,1383.15,0,0,null,1048,0,1383.15,0,0,null,1048,0,1383.15,0,0,null,1048,0,1383.15,0,0,null,1048,0,1383.15,0,0,null,1048,0,1383.15,0,0,null,1048,0,1383.15,0,0,null,0,1048,0,1383.15,0,0,14,1048,14672,1383.15,19364.100000000002,34036.100000000006]
["1.10.21","Аксессуары (расходные материалы, крепеж)","компл.",1,19600,19600,0,null,19600,null,null,19600,0,0,null,0,null,19600,0,0,null,0,null,19600,0,0,null,0,null,19600,0,0,null,0,null,19600,0,0,null,0,null,19600,0,0,null,0,null,19600,0,0,null,0,null,19600,0,0,null,0,null,0,19600,0,0,null,0,1,19600,19600,0,null,19600]
["1.10.22","Пуско-наладочные работы","компл.",1,53448,53448,0,null,53448,null,null,53448,0,0,null,0,null,53448,0,0,null,0,null,53448,0,0,null,0,null,53448,0,0,null,0,null,53448,0,0,null,0,null,53448,0,0,null,0,null,53448,0,0,null,0,null,53448,0,0,null,0,null,0,53448,0,0,null,0,1,53448,53448,0,null,53448]
["1.11","130-23-АС4 Архитектурно-строительные решения",null,null,null,null,null,null,null,null,null,null,null,null,null,null,null,null,null,null,null,null,null,null,{"$f":"Y334+Y335+Y336+Y337+Y338+Y339+Y340","v":522553.27500000002},null,{"$f":"AA334+AA335+AA336+AA337+AA338+AA339+AA340","v":299749.2},{"$f":"AB334+AB335+AB336+AB337+AB338+AB339+AB340","v":822302.47500000009},null,null,{"$f":"AE334+AE335+AE336+AE337+AE338+AE339+AE340","v":0},null,{"$f":"AG334+AG335+AG336+AG337+AG338+AG339+AG340","v":0},{"$f":"AH334+AH335+AH336+AH337+AH338+AH339+AH340","v":0},null,null,{"$f":"AK334+AK335+AK336+AK337+AK338+AK339+AK340","v":0},null,{"$f":"AM334+AM335+AM336+AM337+AM338+AM339+AM340","v":0},{"$f":"AN334+AN335+AN336+AN337+AN338+AN339+AN340","v":0},null,null,{"$f":"AQ334+AQ335+AQ336+AQ337+AQ338+AQ339+AQ340","v":0},null,{"$f":"AS334+AS335+AS336+AS337+AS338+AS339+AS340","v":0},{"$f":"AT334+AT335+AT336+AT337+AT338+AT339+AT340","v":0},null,null,{"$f":"AW334+AW335+AW336+AW337+AW338+AW339+AW340","v":0},null,{"$f":"AY334+AY335+AY336+AY337+AY338+AY339+AY340","v":0},{"$f":"AZ334+AZ335+AZ336+AZ337+AZ338+AZ339+AZ340","v":0},null,null,{"$f":"BC334+BC335+BC336+BC337+BC338+BC339+BC340","v":0},null,{"$f":"BE334+BE335+BE336+BE337+BE338+BE339+BE340","v":0},{"$f":"BF334+BF335+BF336+BF337+BF338+BF339+BF340","v":0},null,0,null,{"$f":"BJ334+BJ335+BJ336+BJ337+BJ338+BJ339+BJ340","v":2218282.5449999999},null,{"$f":"BL334+BL335+BL336+BL337+BL338+BL339+BL340","v":2662488.4299999997},{"$f":"BM334+BM335+BM336+BM337+BM338+BM339+BM340","v":4880770.9749999996},0,null,{"$f":"BP334+BP335+BP336+BP337+BP338+BP339+BP340","v":927283.8642500001},null,{"$f":"BR334+BR335+BR336+BR337+BR338+BR339+BR340","v":811680.92989000003},{"$f":"BS334+BS335+BS336+BS337+BS338+BS339+BS340","v":1738964.7941400004}]
["1.11.1","Устройство металлического каркаса помещения компрессорной","т.",2.2000000000000002,117100,{"$f":"D334*E334","v":257620.00000000003},208116,{"$f":"D334*G334","v":457855.2},{"$f":"E334*D334+G334*D334","v":715475.20000000007},null,2.1800000000000002,117100,{"$f":"K334*L334","v":255278.00000000003},208116,{"$f":"K334*N334","v":453692.88},{"$f":"L334*K334+N334*K334","v":708970.88},null,117100,{"$f":"Q334*R334","v":0},208116,{"$f":"Q334*T334","v":0},{"$f":"R334*Q334+T334*Q334","v":0},null,117100,{"$f":"W334*X334","v":0},208116,{"$f":"W334*Z334","v":0},{"$f":"X334*W334+Z334*W334","v":0},null,117100,{"$f":"AC334*AD334","v":0},208116,{"$f":"AC334*AF334","v":0},{"$f":"AD334*AC334+AF334*AC334","v":0},null,117100,{"$f":"AI334*AJ334","v":0},208116,{"$f":"AI334*AL334","v":0},{"$f":"AJ334*AI334+AL334*AI334","v":0},null,117100,{"$f":"AO334*AP334","v":0},208116,{"$f":"AO334*AR334","v":0},{"$f":"AP334*AO334+AR334*AO334","v":0},null,117100,{"$f":"AU334*AV334","v":0},208116,{"$f":"AU334*AX334","v":0},{"$f":"AV334*AU334+AX334*AU334","v":0},null,117100,{"$f":"BA334*BB334","v":0},208116,{"$f":"BA334*BD334","v":0},{"$f":"BB334*BA334+BD334*BA334","v":0},null,2.1800000000000002,117100,{"$f":"BH334*BI334","v":255278.00000000003},208116,{"$f":"BH334*BK334","v":453692.88},{"$f":"BI334*BH334+BK334*BH334","v":708970.88},2.0000000000000018E-2,117100,{"$f":"BN334*BO334","v":2342.0000000000023},208116,{"$f":"BN334*BQ334","v":4162.3200000000033},{"$f":"BO334*BN334+BQ334*BN334","v":6504.3200000000052}]
["1.11.2","Устройство стен потолков компрессорной из сэндвич-панелей (монтаж стеновых, кровельных эндвич панелей)","м2",182.5,2711,{"$f":"D335*E335","v":494757.5},7373,{"$f":"D335*G335","v":1345572.5},1840330,null,175.57,2711,{"$f":"K335*L335","v":475970.26999999996},7373,{"$f":"K335*N335","v":1294477.6099999999},1770447.88,null,2711,{"$f":"Q335*R335","v":0},7373,{"$f":"Q335*T335","v":0},0,null,2711,{"$f":"W335*X335","v":0},7373,{"$f":"W335*Z335","v":0},0,null,2711,{"$f":"AC335*AD335","v":0},7373,{"$f":"AC335*AF335","v":0},0,null,2711,{"$f":"AI335*AJ335","v":0},7373,{"$f":"AI335*AL335","v":0},0,null,2711,{"$f":"AO335*AP335","v":0},7373,{"$f":"AO335*AR335","v":0},0,null,2711,{"$f":"AU335*AV335","v":0},7373,{"$f":"AU335*AX335","v":0},0,null,2711,{"$f":"BA335*BB335","v":0},7373,{"$f":"BA335*BD335","v":0},0,null,175.57,2711,{"$f":"BH335*BI335","v":475970.26999999996},7373,{"$f":"BH335*BK335","v":1294477.6099999999},1770447.88,6.9300000000000068,2711,{"$f":"BN335*BO335","v":18787.230000000018},7373,{"$f":"BN335*BQ335","v":51094.89000000005},69882.120000000068]
["1.11.3","Оконный проем в осях А/32-33 на отм. +7,600","шт.",1,160029.6,160029.6,163827.4,163827.4,323857,null,null,160029.6,0,163827.4,0,0,null,160029.6,0,163827.4,0,0,null,160029.6,0,163827.4,0,0,null,160029.6,0,163827.4,0,0,null,160029.6,0,163827.4,0,0,null,160029.6,0,163827.4,0,0,null,160029.6,0,163827.4,0,0,null,160029.6,0,163827.4,0,0,null,0,160029.6,0,163827.4,0,0,1,160029.6,160029.6,163827.4,163827.4,323857]
["1.11.4","Отделка оконного проема","м2",28.8,5549.81,159834.52800000002,5516.65,158879.51999999999,318714.04800000001,null,null,5549.81,0,5516.65,0,0,null,5549.81,0,5516.65,0,0,null,5549.81,0,5516.65,0,0,null,5549.81,0,5516.65,0,0,null,5549.81,0,5516.65,0,0,null,5549.81,0,5516.65,0,0,null,5549.81,0,5516.65,0,0,null,5549.81,0,5516.65,0,0,null,0,5549.81,0,5516.65,0,0,28.8,5549.81,159834.52800000002,5516.65,158879.51999999999,318714.04800000001]
["1.11.5","Фундаментная плита наружной установки под воздухосборник и компрессоры","шт",1,964481,964481,614568.74,614568.74,1579049.74,null,1,964481,964481,614568.74,614568.74,1579049.74,null,964481,0,614568.74,0,0,null,964481,0,614568.74,0,0,null,964481,0,614568.74,0,0,null,964481,0,614568.74,0,0,null,964481,0,614568.74,0,0,null,964481,0,614568.74,0,0,null,964481,0,614568.74,0,0,null,1,964481,964481,614568.74,614568.74,1579049.74,0,964481,0,614568.74,0,0]
["1.11.6","Ограждение","тн",0.33700000000000002,189131.25,63737.231250000004,397529.97,133967.59989000001,197704.83114000002,null,null,189131.25,0,397529.97,0,0,null,189131.25,0,397529.97,0,0,null,189131.25,0,397529.97,0,0,null,189131.25,0,397529.97,0,0,null,189131.25,0,397529.97,0,0,null,189131.25,0,397529.97,0,0,null,189131.25,0,397529.97,0,0,null,189131.25,0,397529.97,0,0,null,0,189131.25,0,397529.97,0,0,0.33700000000000002,189131.25,63737.231250000004,397529.97,133967.59989000001,197704.83114000002]
["1.11.7","Устройство навеса компрессоров","шт.",1,1045106.55,1045106.55,599498.4,599498.4,1644604.9500000002,null,null,1045106.55,0,599498.4,0,0,null,1045106.55,0,599498.4,0,0,0.5,1045106.55,522553.27500000002,599498.4,299749.2,822302.47500000009,null,1045106.55,0,599498.4,0,0,null,1045106.55,0,599498.4,0,0,null,1045106.55,0,599498.4,0,0,null,1045106.55,0,599498.4,0,0,null,1045106.55,0,599498.4,0,0,null,0.5,1045106.55,522553.27500000002,599498.4,299749.2,822302.47500000009,0.5,1045106.55,522553.27500000002,599498.4,299749.2,822302.47500000009]
["1.12","130-23-ЭО2 Электрическое освещение",null,null,null,null,null,null,null,null,null,null,null,null,null,null,null,null,null,null,null,null,null,null,{"$f":"Y342+Y343+Y344+Y345+Y346+Y347+Y348+Y349+Y350+Y351+Y352+Y353+Y354+Y355+Y356+Y357+Y358+Y359+Y360+Y361+Y362+Y363+Y364+Y365+Y366+Y367+Y368+Y369+Y370+Y371+Y372+Y373+Y374+Y375","v":186500},null,{"$f":"AA342+AA343+AA344+AA345+AA346+AA347+AA348+AA349+AA350+AA351+AA352+AA353+AA354+AA355+AA356+AA357+AA358+AA359+AA360+AA361+AA362+AA363+AA364+AA365+AA366+AA367+AA368+AA369+AA370+AA371+AA372+AA373+AA374+AA375","v":796076},{"$f":"AB342+AB343+AB344+AB345+AB346+AB347+AB348+AB349+AB350+AB351+AB352+AB353+AB354+AB355+AB356+AB357+AB358+AB359+AB360+AB361+AB362+AB363+AB364+AB365+AB366+AB367+AB368+AB369+AB370+AB371+AB372+AB373+AB374+AB375","v":982576},null,null,{"$f":"AE342+AE343+AE344+AE345+AE346+AE347+AE348+AE349+AE350+AE351+AE352+AE353+AE354+AE355+AE356+AE357+AE358+AE359+AE360+AE361+AE362+AE363+AE364+AE365+AE366+AE367+AE368+AE369+AE370+AE371+AE372+AE373+AE374+AE375","v":0},null,{"$f":"AG342+AG343+AG344+AG345+AG346+AG347+AG348+AG349+AG350+AG351+AG352+AG353+AG354+AG355+AG356+AG357+AG358+AG359+AG360+AG361+AG362+AG363+AG364+AG365+AG366+AG367+AG368+AG369+AG370+AG371+AG372+AG373+AG374+AG375","v":0},{"$f":"AH342+AH343+AH344+AH345+AH346+AH347+AH348+AH349+AH350+AH351+AH352+AH353+AH354+AH355+AH356+AH357+AH358+AH359+AH360+AH361+AH362+AH363+AH364+AH365+AH366+AH367+AH368+AH369+AH370+AH371+AH372+AH373+AH374+AH375","v":0},null,null,{"$f":"AK342+AK343+AK344+AK345+AK346+AK347+AK348+AK349+AK350+AK351+AK352+AK353+AK354+AK355+AK356+AK357+AK358+AK359+AK360+AK361+AK362+AK363+AK364+AK365+AK366+AK367+AK368+AK369+AK370+AK371+AK372+AK373+AK374+AK375","v":0},null,{"$f":"AM342+AM343+AM344+AM345+AM346+AM347+AM348+AM349+AM350+AM351+AM352+AM353+AM354+AM355+AM356+AM357+AM358+AM359+AM360+AM361+AM362+AM363+AM364+AM365+AM366+AM367+AM368+AM369+AM370+AM371+AM372+AM373+AM374+AM375","v":0},{"$f":"AN342+AN343+AN344+AN345+AN346+AN347+AN348+AN349+AN350+AN351+AN352+AN353+AN354+AN355+AN356+AN357+AN358+AN359+AN360+AN361+AN362+AN363+AN364+AN365+AN366+AN367+AN368+AN369+AN370+AN371+AN372+AN373+AN374+AN375","v":0},null,null,{"$f":"AQ342+AQ343+AQ344+AQ345+AQ346+AQ347+AQ348+AQ349+AQ350+AQ351+AQ352+AQ353+AQ354+AQ355+AQ356+AQ357+AQ358+AQ359+AQ360+AQ361+AQ362+AQ363+AQ364+AQ365+AQ366+AQ367+AQ368+AQ369+AQ370+AQ371+AQ372+AQ373+AQ374+AQ375","v":0},null,{"$f":"AS342+AS343+AS344+AS345+AS346+AS347+AS348+AS349+AS350+AS351+AS352+AS353+AS354+AS355+AS356+AS357+AS358+AS359+AS360+AS361+AS362+AS363+AS364+AS365+AS366+AS367+AS368+AS369+AS370+AS371+AS372+AS373+AS374+AS375","v":0},{"$f":"AT342+AT343+AT344+AT345+AT346+AT347+AT348+AT349+AT350+AT351+AT352+AT353+AT354+AT355+AT356+AT357+AT358+AT359+AT360+AT361+AT362+AT363+AT364+AT365+AT366+AT367+AT368+AT369+AT370+AT371+AT372+AT373+AT374+AT375","v":0},null,null,{"$f":"AW342+AW343+AW344+AW345+AW346+AW347+AW348+AW349+AW350+AW351+AW352+AW353+AW354+AW355+AW356+AW357+AW358+AW359+AW360+AW361+AW362+AW363+AW364+AW365+AW366+AW367+AW368+AW369+AW370+AW371+AW372+AW373+AW374+AW375","v":0},null,{"$f":"AY342+AY343+AY344+AY345+AY346+AY347+AY348+AY349+AY350+AY351+AY352+AY353+AY354+AY355+AY356+AY357+AY358+AY359+AY360+AY361+AY362+AY363+AY364+AY365+AY366+AY367+AY368+AY369+AY370+AY371+AY372+AY373+AY374+AY375","v":0},{"$f":"AZ342+AZ343+AZ344+AZ345+AZ346+AZ347+AZ348+AZ349+AZ350+AZ351+AZ352+AZ353+AZ354+AZ355+AZ356+AZ357+AZ358+AZ359+AZ360+AZ361+AZ362+AZ363+AZ364+AZ365+AZ366+AZ367+AZ368+AZ369+AZ370+AZ371+AZ372+AZ373+AZ374+AZ375","v":0},null,null,{"$f":"BC342+BC343+BC344+BC345+BC346+BC347+BC348+BC349+BC350+BC351+BC352+BC353+BC354+BC355+BC356+BC357+BC358+BC359+BC360+BC361+BC362+BC363+BC364+BC365+BC366+BC367+BC368+BC369+BC370+BC371+BC372+BC373+BC374+BC375","v":0},null,{"$f":"BE342+BE343+BE344+BE345+BE346+BE347+BE348+BE349+BE350+BE351+BE352+BE353+BE354+BE355+BE356+BE357+BE358+BE359+BE360+BE361+BE362+BE363+BE364+BE365+BE366+BE367+BE368+BE369+BE370+BE371+BE372+BE373+BE374+BE375","v":0},{"$f":"BF342+BF343+BF344+BF345+BF346+BF347+BF348+BF349+BF350+BF351+BF352+BF353+BF354+BF355+BF356+BF357+BF358+BF359+BF360+BF361+BF362+BF363+BF364+BF365+BF366+BF367+BF368+BF369+BF370+BF371+BF372+BF373+BF374+BF375","v":0},null,0,null,{"$f":"BJ342+BJ343+BJ344+BJ345+BJ346+BJ347+BJ348+BJ349+BJ350+BJ351+BJ352+BJ353+BJ354+BJ355+BJ356+BJ357+BJ358+BJ359+BJ360+BJ361+BJ362+BJ363+BJ364+BJ365+BJ366+BJ367+BJ368+BJ369+BJ370+BJ371+BJ372+BJ373+BJ374+BJ375","v":186500},null,{"$f":"BL342+BL343+BL344+BL345+BL346+BL347+BL348+BL349+BL350+BL351+BL352+BL353+BL354+BL355+BL356+BL357+BL358+BL359+BL360+BL361+BL362+BL363+BL364+BL365+BL366+BL367+BL368+BL369+BL370+BL371+BL372+BL373+BL374+BL375","v":796076},{"$f":"BM342+BM343+BM344+BM345+BM346+BM347+BM348+BM349+BM350+BM351+BM352+BM353+BM354+BM355+BM356+BM357+BM358+BM359+BM360+BM361+BM362+BM363+BM364+BM365+BM366+BM367+BM368+BM369+BM370+BM371+BM372+BM373+BM374+BM375","v":982576},0,null,{"$f":"BP342+BP343+BP344+BP345+BP346+BP347+BP348+BP349+BP350+BP351+BP352+BP353+BP354+BP355+BP356+BP357+BP358+BP359+BP360+BP361+BP362+BP363+BP364+BP365+BP366+BP367+BP368+BP369+BP370+BP371+BP372+BP373+BP374+BP375","v":855400.71999999986},null,{"$f":"BR342+BR343+BR344+BR345+BR346+BR347+BR348+BR349+BR350+BR351+BR352+BR353+BR354+BR355+BR356+BR357+BR358+BR359+BR360+BR361+BR362+BR363+BR364+BR365+BR366+BR367+BR368+BR369+BR370+BR371+BR372+BR373+BR374+BR375","v":1049560.7900000005},{"$f":"BS342+BS343+BS344+BS345+BS346+BS347+BS348+BS349+BS350+BS351+BS352+BS353+BS354+BS355+BS356+BS357+BS358+BS359+BS360+BS361+BS362+BS363+BS364+BS365+BS366+BS367+BS368+BS369+BS370+BS371+BS372+BS373+BS374+BS375","v":1904961.5099999998}]
["1.12.1","Щит распределительный навесного исполнения","шт.",1,6550,{"$f":"D342*E342","v":6550},55450.2,{"$f":"D342*G342","v":55450.2},{"$f":"E342*D342+G342*D342","v":62000.2},null,null,6550,{"$f":"K342*L342","v":0},55450.2,{"$f":"K342*N342","v":0},{"$f":"L342*K342+N342*K342","v":0},null,6550,{"$f":"Q342*R342","v":0},55450.2,{"$f":"Q342*T342","v":0},{"$f":"R342*Q342+T342*Q342","v":0},null,6550,{"$f":"W342*X342","v":0},55450.2,{"$f":"W342*Z342","v":0},{"$f":"X342*W342+Z342*W342","v":0},null,6550,{"$f":"AC342*AD342","v":0},55450.2,{"$f":"AC342*AF342","v":0},{"$f":"AD342*AC342+AF342*AC342","v":0},null,6550,{"$f":"AI342*AJ342","v":0},55450.2,{"$f":"AI342*AL342","v":0},{"$f":"AJ342*AI342+AL342*AI342","v":0},null,6550,{"$f":"AO342*AP342","v":0},55450.2,{"$f":"AO342*AR342","v":0},{"$f":"AP342*AO342+AR342*AO342","v":0},null,6550,{"$f":"AU342*AV342","v":0},55450.2,{"$f":"AU342*AX342","v":0},{"$f":"AV342*AU342+AX342*AU342","v":0},null,6550,{"$f":"BA342*BB342","v":0},55450.2,{"$f":"BA342*BD342","v":0},{"$f":"BB342*BA342+BD342*BA342","v":0},null,0,6550,{"$f":"BH342*BI342","v":0},55450.2,{"$f":"BH342*BK342","v":0},{"$f":"BI342*BH342+BK342*BH342","v":0},1,6550,{"$f":"BN342*BO342","v":6550},55450.2,{"$f":"BN342*BQ342","v":55450.2},{"$f":"BO342*BN342+BQ342*BN342","v":62000.2}]
["1.12.2","Кабель силовой, не поддерживающий горение, безгалогенный 5х6","м.",30,232,{"$f":"D343*E343","v":6960},611,{"$f":"D343*G343","v":18330},25290,null,null,232,{"$f":"K343*L343","v":0},611,{"$f":"K343*N343","v":0},0,null,232,{"$f":"Q343*R343","v":0},611,{"$f":"Q343*T343","v":0},0,null,232,{"$f":"W343*X343","v":0},611,{"$f":"W343*Z343","v":0},0,null,232,{"$f":"AC343*AD343","v":0},611,{"$f":"AC343*AF343","v":0},0,null,232,{"$f":"AI343*AJ343","v":0},611,{"$f":"AI343*AL343","v":0},0,null,232,{"$f":"AO343*AP343","v":0},611,{"$f":"AO343*AR343","v":0},0,null,232,{"$f":"AU343*AV343","v":0},611,{"$f":"AU343*AX343","v":0},0,null,232,{"$f":"BA343*BB343","v":0},611,{"$f":"BA343*BD343","v":0},0,null,0,232,{"$f":"BH343*BI343","v":0},611,{"$f":"BH343*BK343","v":0},0,30,232,{"$f":"BN343*BO343","v":6960},611,{"$f":"BN343*BQ343","v":18330},25290]
["1.12.3","Кабель силовой ППГнг(А)-HF 3х2.5","м.",450,182,{"$f":"D344*E344","v":81900},184.6,{"$f":"D344*G344","v":83070},164970,null,null,182,{"$f":"K344*L344","v":0},184.6,{"$f":"K344*N344","v":0},0,null,182,{"$f":"Q344*R344","v":0},184.6,{"$f":"Q344*T344","v":0},0,null,182,{"$f":"W344*X344","v":0},184.6,{"$f":"W344*Z344","v":0},0,null,182,{"$f":"AC344*AD344","v":0},184.6,{"$f":"AC344*AF344","v":0},0,null,182,{"$f":"AI344*AJ344","v":0},184.6,{"$f":"AI344*AL344","v":0},0,null,182,{"$f":"AO344*AP344","v":0},184.6,{"$f":"AO344*AR344","v":0},0,null,182,{"$f":"AU344*AV344","v":0},184.6,{"$f":"AU344*AX344","v":0},0,null,182,{"$f":"BA344*BB344","v":0},184.6,{"$f":"BA344*BD344","v":0},0,null,0,182,{"$f":"BH344*BI344","v":0},184.6,{"$f":"BH344*BK344","v":0},0,450,182,{"$f":"BN344*BO344","v":81900},184.6,{"$f":"BN344*BQ344","v":83070},164970]
["1.12.4","Кабель силовой ППГнг(А)-FRHF 3х1.5","м.",260,182,47320,160,41600,88920,null,null,182,0,160,0,0,null,182,0,160,0,0,null,182,0,160,0,0,null,182,0,160,0,0,null,182,0,160,0,0,null,182,0,160,0,0,null,182,0,160,0,0,null,182,0,160,0,0,null,0,182,0,160,0,0,260,182,47320,160,41600,88920]
["1.12.5","Кабель силовой ППГнг(А)-HF 3х1.5","м.",500,182,91000,120.28,60140,151140,null,null,182,0,120.28,0,0,null,182,0,120.28,0,0,null,182,0,120.28,0,0,null,182,0,120.28,0,0,null,182,0,120.28,0,0,null,182,0,120.28,0,0,null,182,0,120.28,0,0,null,182,0,120.28,0,0,null,0,182,0,120.28,0,0,500,182,91000,120.28,60140,151140]
["1.12.6","Светодиодный светильник VARTON A070 2.0 20 Вт 4000 K IP40 с рассеивателем опал","шт.",78,1865,145470,6208.4,484255.19999999995,629725.19999999995,null,null,1865,0,6208.4,0,0,null,1865,0,6208.4,0,0,60,1865,111900,6208.4,372504,484404,null,1865,0,6208.4,0,0,null,1865,0,6208.4,0,0,null,1865,0,6208.4,0,0,null,1865,0,6208.4,0,0,null,1865,0,6208.4,0,0,null,60,1865,111900,6208.4,372504,484404,18,1865,33570,6208.4,111751.2,145321.20000000001]
["1.12.7","Светодиодный светильник 20 Вт 4000 K IP40 с БАП","шт.",15,1865,27975,18060.8,270912,298887,null,null,1865,0,18060.8,0,0,null,1865,0,18060.8,0,0,10,1865,18650,18060.8,180608,199258,null,1865,0,18060.8,0,0,null,1865,0,18060.8,0,0,null,1865,0,18060.8,0,0,null,1865,0,18060.8,0,0,null,1865,0,18060.8,0,0,null,10,1865,18650,18060.8,180608,199258,5,1865,9325,18060.8,90304,99629]
["1.12.8","Светодиодный светильник VARTON DL-01 круглый встраиваемый 190x70 мм 25 W 4000 K IP54","шт.",41,1865,76465,8098.8,332050.8,408515.8,null,null,1865,0,8098.8,0,0,null,1865,0,8098.8,0,0,30,1865,55950,8098.8,242964,298914,null,1865,0,8098.8,0,0,null,1865,0,8098.8,0,0,null,1865,0,8098.8,0,0,null,1865,0,8098.8,0,0,null,1865,0,8098.8,0,0,null,30,1865,55950,8098.8,242964,298914,11,1865,20515,8098.8,89086.8,109601.8]
["1.12.9","Светодиодный светильник VARTON ЖКХ круг 10 W IP65 185х70 мм антивандальный 4000 K","шт.",3,1865,5595,1424.6,4273.7999999999993,9868.7999999999993,null,null,1865,0,1424.6,0,0,null,1865,0,1424.6,0,0,null,1865,0,1424.6,0,0,null,1865,0,1424.6,0,0,null,1865,0,1424.6,0,0,null,1865,0,1424.6,0,0,null,1865,0,1424.6,0,0,null,1865,0,1424.6,0,0,null,0,1865,0,1424.6,0,0,3,1865,5595,1424.6,4273.7999999999993,9868.7999999999993]
["1.12.10","Светильник светодиодный 40 Вт, 4500 Лм, IP65","шт.",5,1865,9325,5863.16,29315.8,38640.800000000003,null,null,1865,0,5863.16,0,0,null,1865,0,5863.16,0,0,null,1865,0,5863.16,0,0,null,1865,0,5863.16,0,0,null,1865,0,5863.16,0,0,null,1865,0,5863.16,0,0,null,1865,0,5863.16,0,0,null,1865,0,5863.16,0,0,null,0,1865,0,5863.16,0,0,5,1865,9325,5863.16,29315.8,38640.800000000003]
["1.12.11","Светильник светодиодный 40 Вт, 4500 Лм, IP65 с БАП 1 ч","шт.",1,1865,1865,8389.2999999999993,8389.2999999999993,10254.299999999999,null,null,1865,0,8389.2999999999993,0,0,null,1865,0,8389.2999999999993,0,0,null,1865,0,8389.2999999999993,0,0,null,1865,0,8389.2999999999993,0,0,null,1865,0,8389.2999999999993,0,0,null,1865,0,8389.2999999999993,0,0,null,1865,0,8389.2999999999993,0,0,null,1865,0,8389.2999999999993,0,0,null,0,1865,0,8389.2999999999993,0,0,1,1865,1865,8389.2999999999993,8389.2999999999993,10254.299999999999]
["1.12.12","Лоток 50х100 L=3000 перфорированный","м.",351,838.4,294278.39999999997,699.4,245489.4,539767.79999999993,null,null,838.4,0,699.4,0,0,null,838.4,0,699.4,0,0,null,838.4,0,699.4,0,0,null,838.4,0,699.4,0,0,null,838.4,0,699.4,0,0,null,838.4,0,699.4,0,0,null,838.4,0,699.4,0,0,null,838.4,0,699.4,0,0,null,0,838.4,0,699.4,0,0,351,838.4,294278.39999999997,699.4,245489.4,539767.79999999993]
["1.12.13","Выключатель однополюсный для открытой установки, одноклавишный, ~220В,10А, IP20","шт.",14,655.01,9170.14,626.61,8772.5400000000009,17942.68,null,null,655.01,0,626.61,0,0,null,655.01,0,626.61,0,0,null,655.01,0,626.61,0,0,null,655.01,0,626.61,0,0,null,655.01,0,626.61,0,0,null,655.01,0,626.61,0,0,null,655.01,0,626.61,0,0,null,655.01,0,626.61,0,0,null,{"$f":"K354+Q354+W354+AC354+AI354+AO354+AU354+BA354","v":0},655.01,0,626.61,0,0,{"$f":"D354-BH354","v":14},655.01,9170.14,626.61,8772.5400000000009,17942.68]
["1.12.14","Выключатель однополюсный для открытой установки, одноклавишный, ~220В,10А, IP54","шт.",9,655.01,5895.09,483.6,4352.4000000000005,10247.490000000002,null,null,655.01,0,483.6,0,0,null,655.01,0,483.6,0,0,null,655.01,0,483.6,0,0,null,655.01,0,483.6,0,0,null,655.01,0,483.6,0,0,null,655.01,0,483.6,0,0,null,655.01,0,483.6,0,0,null,655.01,0,483.6,0,0,null,0,655.01,0,483.6,0,0,9,655.01,5895.09,483.6,4352.4000000000005,10247.490000000002]
["1.12.15","Переключатель проходной ОП Этюд 1-кл. для открытой установки IP20, 10А, 250В ВА10-004В","шт.",10,655,6550,315.89999999999998,3159,9709,null,null,655,0,315.89999999999998,0,0,null,655,0,315.89999999999998,0,0,null,655,0,315.89999999999998,0,0,null,655,0,315.89999999999998,0,0,null,655,0,315.89999999999998,0,0,null,655,0,315.89999999999998,0,0,null,655,0,315.89999999999998,0,0,null,655,0,315.89999999999998,0,0,null,0,655,0,315.89999999999998,0,0,10,655,6550,315.89999999999998,3159,9709]
["1.12.16","Переключатель Aling-conel одноклавишный перекрестный открытая установка серый IP44","шт.",4,655,2620,630.5,2522,5142,null,null,655,0,630.5,0,0,null,655,0,630.5,0,0,null,655,0,630.5,0,0,null,655,0,630.5,0,0,null,655,0,630.5,0,0,null,655,0,630.5,0,0,null,655,0,630.5,0,0,null,655,0,630.5,0,0,null,0,655,0,630.5,0,0,4,655,2620,630.5,2522,5142]
["1.12.17","Розетка силовая Viva 2 модуля белая","шт.",55,655,36025,767,42185,78210,null,null,655,0,767,0,0,null,655,0,767,0,0,null,655,0,767,0,0,null,655,0,767,0,0,null,655,0,767,0,0,null,655,0,767,0,0,null,655,0,767,0,0,null,655,0,767,0,0,null,0,655,0,767,0,0,55,655,36025,767,42185,78210]
["1.12.18","Коробка ответвительная с кабельными вводами IP55, 150х110х70","шт.",100,262,26200,439.4,43940,70140,null,null,262,0,439.4,0,0,null,262,0,439.4,0,0,null,262,0,439.4,0,0,null,262,0,439.4,0,0,null,262,0,439.4,0,0,null,262,0,439.4,0,0,null,262,0,439.4,0,0,null,262,0,439.4,0,0,null,0,262,0,439.4,0,0,100,262,26200,439.4,43940,70140]
["1.12.19","Труба D=25 гибкая  гофрированная не распространяющая горение, с зондом","м.",800,45.85,36680,28.08,22464,59144,null,null,45.85,0,28.08,0,0,null,45.85,0,28.08,0,0,null,45.85,0,28.08,0,0,null,45.85,0,28.08,0,0,null,45.85,0,28.08,0,0,null,45.85,0,28.08,0,0,null,45.85,0,28.08,0,0,null,45.85,0,28.08,0,0,null,0,45.85,0,28.08,0,0,800,45.85,36680,28.08,22464,59144]
["1.12.20","Коробка монтажная","шт.",7,262.01,1834.07,21.53,150.71,1984.78,null,null,262.01,0,21.53,0,0,null,262.01,0,21.53,0,0,null,262.01,0,21.53,0,0,null,262.01,0,21.53,0,0,null,262.01,0,21.53,0,0,null,262.01,0,21.53,0,0,null,262.01,0,21.53,0,0,null,262.01,0,21.53,0,0,null,0,262.01,0,21.53,0,0,7,262.01,1834.07,21.53,150.71,1984.78]
["1.12.21","Профиль BPL2130 DBL 21x41x1,5 L=3000 C-образный","м",5,393,1965,2175.58,10877.9,12842.9,null,null,393,0,2175.58,0,0,null,393,0,2175.58,0,0,null,393,0,2175.58,0,0,null,393,0,2175.58,0,0,null,393,0,2175.58,0,0,null,393,0,2175.58,0,0,null,393,0,2175.58,0,0,null,393,0,2175.58,0,0,null,0,393,0,2175.58,0,0,5,393,1965,2175.58,10877.9,12842.9]
["1.12.22","Шпилька М8х2000","шт.",7,393,2751,194.8,1363.6000000000001,4114.6000000000004,null,null,393,0,194.8,0,0,null,393,0,194.8,0,0,null,393,0,194.8,0,0,null,393,0,194.8,0,0,null,393,0,194.8,0,0,null,393,0,194.8,0,0,null,393,0,194.8,0,0,null,393,0,194.8,0,0,null,0,393,0,194.8,0,0,7,393,2751,194.8,1363.6000000000001,4114.6000000000004]
["1.12.23","Шайба М8","шт.",104,0,null,5.82,605.28,605.28,null,null,0,null,5.82,0,0,null,0,null,5.82,0,0,null,0,null,5.82,0,0,null,0,null,5.82,0,0,null,0,null,5.82,0,0,null,0,null,5.82,0,0,null,0,null,5.82,0,0,null,0,null,5.82,0,0,null,0,0,null,5.82,0,0,104,0,null,5.82,605.28,605.28]
["1.12.24","Гайка М8","шт.",104,0,null,3.98,413.92,413.92,null,null,0,null,3.98,0,0,null,0,null,3.98,0,0,null,0,null,3.98,0,0,null,0,null,3.98,0,0,null,0,null,3.98,0,0,null,0,null,3.98,0,0,null,0,null,3.98,0,0,null,0,null,3.98,0,0,null,0,0,null,3.98,0,0,104,0,null,3.98,413.92,413.92]
["1.12.25","Анкер М8 латунный разрезной","шт.",52,32.74,{"$f":"D366*E366","v":1702.48},102.06,5307.12,7009.6,null,null,32.74,{"$f":"K366*L366","v":0},102.06,0,0,null,32.74,{"$f":"Q366*R366","v":0},102.06,0,0,null,32.74,{"$f":"W366*X366","v":0},102.06,0,0,null,32.74,{"$f":"AC366*AD366","v":0},102.06,0,0,null,32.74,{"$f":"AI366*AJ366","v":0},102.06,0,0,null,32.74,{"$f":"AO366*AP366","v":0},102.06,0,0,null,32.74,{"$f":"AU366*AV366","v":0},102.06,0,0,null,32.74,{"$f":"BA366*BB366","v":0},102.06,0,0,null,0,32.74,{"$f":"BH366*BI366","v":0},102.06,0,0,52,32.74,{"$f":"BN366*BO366","v":1702.48},102.06,5307.12,7009.6]
["1.12.26","Болт М6х12 с шестигранной головкой DIN 933, оцинкованная сталь","шт.",62,0,null,6.49,402.38,402.38,null,null,0,null,6.49,0,0,null,0,null,6.49,0,0,null,0,null,6.49,0,0,null,0,null,6.49,0,0,null,0,null,6.49,0,0,null,0,null,6.49,0,0,null,0,null,6.49,0,0,null,0,null,6.49,0,0,null,0,0,null,6.49,0,0,62,0,null,6.49,402.38,402.38]
["1.12.27","Шайба М6","шт.",62,0,null,2.95,182.9,182.9,null,null,0,null,2.95,0,0,null,0,null,2.95,0,0,null,0,null,2.95,0,0,null,0,null,2.95,0,0,null,0,null,2.95,0,0,null,0,null,2.95,0,0,null,0,null,2.95,0,0,null,0,null,2.95,0,0,null,0,0,null,2.95,0,0,62,0,null,2.95,182.9,182.9]
["1.12.28","Гайка М6","шт.",62,0,null,2,124,124,null,null,0,null,2,0,0,null,0,null,2,0,0,null,0,null,2,0,0,null,0,null,2,0,0,null,0,null,2,0,0,null,0,null,2,0,0,null,0,null,2,0,0,null,0,null,2,0,0,null,0,0,null,2,0,0,62,0,null,2,124,124]
["1.12.29","Коробка распаечная 80х80х40мм IP44 серая","шт.",54,262.01,{"$f":"D370*E370","v":14148.539999999999},151.35,8172.9,22321.439999999999,null,null,262.01,{"$f":"K370*L370","v":0},151.35,0,0,null,262.01,{"$f":"Q370*R370","v":0},151.35,0,0,null,262.01,{"$f":"W370*X370","v":0},151.35,0,0,null,262.01,{"$f":"AC370*AD370","v":0},151.35,0,0,null,262.01,{"$f":"AI370*AJ370","v":0},151.35,0,0,null,262.01,{"$f":"AO370*AP370","v":0},151.35,0,0,null,262.01,{"$f":"AU370*AV370","v":0},151.35,0,0,null,262.01,{"$f":"BA370*BB370","v":0},151.35,0,0,null,0,262.01,{"$f":"BH370*BI370","v":0},151.35,0,0,54,262.01,{"$f":"BN370*BO370","v":14148.539999999999},151.35,8172.9,22321.439999999999]
["1.12.30","Держатель с защелкой и дюбелем d=20 мм","шт.",800,13.1,{"$f":"D371*E371","v":10480},31.71,25368,35848,null,null,13.1,{"$f":"K371*L371","v":0},31.71,0,0,null,13.1,{"$f":"Q371*R371","v":0},31.71,0,0,null,13.1,{"$f":"W371*X371","v":0},31.71,0,0,null,13.1,{"$f":"AC371*AD371","v":0},31.71,0,0,null,13.1,{"$f":"AI371*AJ371","v":0},31.71,0,0,null,13.1,{"$f":"AO371*AP371","v":0},31.71,0,0,null,13.1,{"$f":"AU371*AV371","v":0},31.71,0,0,null,13.1,{"$f":"BA371*BB371","v":0},31.71,0,0,null,0,13.1,{"$f":"BH371*BI371","v":0},31.71,0,0,800,13.1,{"$f":"BN371*BO371","v":10480},31.71,25368,35848]
["1.12.31","Короб 25x30 TA-EN","м.",64,393,{"$f":"D372*E372","v":25152},162.76,10416.64,35568.639999999999,null,null,393,{"$f":"K372*L372","v":0},162.76,0,0,null,393,{"$f":"Q372*R372","v":0},162.76,0,0,null,393,{"$f":"W372*X372","v":0},162.76,0,0,null,393,{"$f":"AC372*AD372","v":0},162.76,0,0,null,393,{"$f":"AI372*AJ372","v":0},162.76,0,0,null,393,{"$f":"AO372*AP372","v":0},162.76,0,0,null,393,{"$f":"AU372*AV372","v":0},162.76,0,0,null,393,{"$f":"BA372*BB372","v":0},162.76,0,0,null,0,393,{"$f":"BH372*BI372","v":0},162.76,0,0,64,393,{"$f":"BN372*BO372","v":25152},162.76,10416.64,35568.639999999999]
["1.12.32","Скоба металлическая однолапковая Д20","шт.",1000,0,null,3.38,3380,3380,null,null,0,null,3.38,0,0,null,0,null,3.38,0,0,null,0,null,3.38,0,0,null,0,null,3.38,0,0,null,0,null,3.38,0,0,null,0,null,3.38,0,0,null,0,null,3.38,0,0,null,0,null,3.38,0,0,null,0,0,null,3.38,0,0,1000,0,null,3.38,3380,3380]
["1.12.33","Аксессуары (расходные материалы, крепеж)","компл.",1,0,null,18200,18200,18200,null,null,0,null,18200,0,0,null,0,null,18200,0,0,null,0,null,18200,0,0,null,0,null,18200,0,0,null,0,null,18200,0,0,null,0,null,18200,0,0,null,0,null,18200,0,0,null,0,null,18200,0,0,null,0,0,null,18200,0,0,1,0,null,18200,18200,18200]
["1.12.34","Пуско-наладочные работы","компл.",1,66024,{"$f":"D375*E375","v":66024},0,null,66024,null,null,66024,{"$f":"K375*L375","v":0},0,null,0,null,66024,{"$f":"Q375*R375","v":0},0,null,0,null,66024,{"$f":"W375*X375","v":0},0,null,0,null,66024,{"$f":"AC375*AD375","v":0},0,null,0,null,66024,{"$f":"AI375*AJ375","v":0},0,null,0,null,66024,{"$f":"AO375*AP375","v":0},0,null,0,null,66024,{"$f":"AU375*AV375","v":0},0,null,0,null,66024,{"$f":"BA375*BB375","v":0},0,null,0,null,0,66024,{"$f":"BH375*BI375","v":0},0,null,0,1,66024,{"$f":"BN375*BO375","v":66024},0,null,66024]
["1.13","130-23-АС2 Полы. Архитектурно-строительные решения",null,null,null,null,null,null,null,null,null,null,null,null,null,null,null,null,null,null,null,null,null,null,{"$f":"Y485+Y377+Y469+Y476+Y380+Y386+Y404+Y409+Y489+Y494+Y497+Y501+Y427+Y430+Y508+Y506+Y436+Y449+Y456+Y460+Y463+Y486+Y487","v":39758590.85689},null,{"$f":"AA485+AA377+AA469+AA476+AA380+AA386+AA404+AA409+AA489+AA494+AA497+AA501+AA427+AA430+AA508+AA506+AA436+AA449+AA456+AA460+AA463+AA486+AA487","v":27713106.178150002},{"$f":"AB485+AB377+AB469+AB476+AB380+AB386+AB404+AB409+AB489+AB494+AB497+AB501+AB427+AB430+AB508+AB506+AB436+AB449+AB456+AB460+AB463+AB486+AB487","v":67471697.035039991},null,null,{"$f":"AE485+AE377+AE469+AE476+AE380+AE386+AE404+AE409+AE489+AE494+AE497+AE501+AE427+AE430+AE508+AE506+AE436+AE449+AE456+AE460+AE463+AE486+AE487","v":0},null,{"$f":"AG485+AG377+AG469+AG476+AG380+AG386+AG404+AG409+AG489+AG494+AG497+AG501+AG427+AG430+AG508+AG506+AG436+AG449+AG456+AG460+AG463+AG486+AG487","v":0},{"$f":"AH485+AH377+AH469+AH476+AH380+AH386+AH404+AH409+AH489+AH494+AH497+AH501+AH427+AH430+AH508+AH506+AH436+AH449+AH456+AH460+AH463+AH486+AH487","v":0},null,null,{"$f":"AK485+AK377+AK469+AK476+AK380+AK386+AK404+AK409+AK489+AK494+AK497+AK501+AK427+AK430+AK508+AK506+AK436+AK449+AK456+AK460+AK463+AK486+AK487","v":0},null,{"$f":"AM485+AM377+AM469+AM476+AM380+AM386+AM404+AM409+AM489+AM494+AM497+AM501+AM427+AM430+AM508+AM506+AM436+AM449+AM456+AM460+AM463+AM486+AM487","v":0},{"$f":"AN485+AN377+AN469+AN476+AN380+AN386+AN404+AN409+AN489+AN494+AN497+AN501+AN427+AN430+AN508+AN506+AN436+AN449+AN456+AN460+AN463+AN486+AN487","v":0},null,null,{"$f":"AQ485+AQ377+AQ469+AQ476+AQ380+AQ386+AQ404+AQ409+AQ489+AQ494+AQ497+AQ501+AQ427+AQ430+AQ508+AQ506+AQ436+AQ449+AQ456+AQ460+AQ463+AQ486+AQ487","v":0},null,{"$f":"AS485+AS377+AS469+AS476+AS380+AS386+AS404+AS409+AS489+AS494+AS497+AS501+AS427+AS430+AS508+AS506+AS436+AS449+AS456+AS460+AS463+AS486+AS487","v":0},{"$f":"AT485+AT377+AT469+AT476+AT380+AT386+AT404+AT409+AT489+AT494+AT497+AT501+AT427+AT430+AT508+AT506+AT436+AT449+AT456+AT460+AT463+AT486+AT487","v":0},null,null,{"$f":"AW485+AW377+AW469+AW476+AW380+AW386+AW404+AW409+AW489+AW494+AW497+AW501+AW427+AW430+AW508+AW506+AW436+AW449+AW456+AW460+AW463+AW486+AW487","v":0},null,{"$f":"AY485+AY377+AY469+AY476+AY380+AY386+AY404+AY409+AY489+AY494+AY497+AY501+AY427+AY430+AY508+AY506+AY436+AY449+AY456+AY460+AY463+AY486+AY487","v":0},{"$f":"AZ485+AZ377+AZ469+AZ476+AZ380+AZ386+AZ404+AZ409+AZ489+AZ494+AZ497+AZ501+AZ427+AZ430+AZ508+AZ506+AZ436+AZ449+AZ456+AZ460+AZ463+AZ486+AZ487","v":0},null,null,{"$f":"BC485+BC377+BC469+BC476+BC380+BC386+BC404+BC409+BC489+BC494+BC497+BC501+BC427+BC430+BC508+BC506+BC436+BC449+BC456+BC460+BC463+BC486+BC487","v":0},null,{"$f":"BE485+BE377+BE469+BE476+BE380+BE386+BE404+BE409+BE489+BE494+BE497+BE501+BE427+BE430+BE508+BE506+BE436+BE449+BE456+BE460+BE463+BE486+BE487","v":0},{"$f":"BF485+BF377+BF469+BF476+BF380+BF386+BF404+BF409+BF489+BF494+BF497+BF501+BF427+BF430+BF508+BF506+BF436+BF449+BF456+BF460+BF463+BF486+BF487","v":0},null,0,null,{"$f":"BJ485+BJ377+BJ469+BJ476+BJ380+BJ386+BJ404+BJ409+BJ489+BJ494+BJ497+BJ501+BJ427+BJ430+BJ508+BJ506+BJ436+BJ449+BJ456+BJ460+BJ463+BJ486+BJ487","v":79092679.966890007},null,{"$f":"BL485+BL377+BL469+BL476+BL380+BL386+BL404+BL409+BL489+BL494+BL497+BL501+BL427+BL430+BL508+BL506+BL436+BL449+BL456+BL460+BL463+BL486+BL487","v":39628810.91815},{"$f":"BM485+BM377+BM469+BM476+BM380+BM386+BM404+BM409+BM489+BM494+BM497+BM501+BM427+BM430+BM508+BM506+BM436+BM449+BM456+BM460+BM463+BM486+BM487","v":118721490.88503999},0,null,{"$f":"BP485+BP377+BP469+BP476+BP380+BP386+BP404+BP409+BP489+BP494+BP497+BP501+BP427+BP430+BP508+BP506+BP436+BP449+BP456+BP460+BP463+BP486+BP487","v":19492565.704089995},null,{"$f":"BR485+BR377+BR469+BR476+BR380+BR386+BR404+BR409+BR489+BR494+BR497+BR501+BR427+BR430+BR508+BR506+BR436+BR449+BR456+BR460+BR463+BR486+BR487","v":11924785.113499999},{"$f":"BS485+BS377+BS469+BS476+BS380+BS386+BS404+BS409+BS489+BS494+BS497+BS501+BS427+BS430+BS508+BS506+BS436+BS449+BS456+BS460+BS463+BS486+BS487","v":31417350.817590002}]
["1.13.1","Модульные здания",null,null,null,{"$f":"F378+F379","v":653913.68999999994},null,{"$f":"H378+H379","v":4997424.9000000004},{"$f":"I378+I379","v":5651338.5899999999},null,null,null,{"$f":"M378+M379","v":0},null,{"$f":"O378+O379","v":0},{"$f":"P378+P379","v":0},null,null,{"$f":"S378+S379","v":653913.68999999994},null,{"$f":"U378+U379","v":4997424.9000000004},{"$f":"V378+V379","v":5651338.5899999999},null,null,{"$f":"Y378+Y379","v":0},null,{"$f":"AA378+AA379","v":0},{"$f":"AB378+AB379","v":0},null,null,{"$f":"AE378+AE379","v":0},null,{"$f":"AG378+AG379","v":0},{"$f":"AH378+AH379","v":0},null,null,{"$f":"AK378+AK379","v":0},null,{"$f":"AM378+AM379","v":0},{"$f":"AN378+AN379","v":0},null,null,{"$f":"AQ378+AQ379","v":0},null,{"$f":"AS378+AS379","v":0},{"$f":"AT378+AT379","v":0},null,null,{"$f":"AW378+AW379","v":0},null,{"$f":"AY378+AY379","v":0},{"$f":"AZ378+AZ379","v":0},null,null,{"$f":"BC378+BC379","v":0},null,{"$f":"BE378+BE379","v":0},{"$f":"BF378+BF379","v":0},null,0,null,{"$f":"BJ378+BJ379","v":653913.68999999994},null,{"$f":"BL378+BL379","v":4997424.9000000004},{"$f":"BM378+BM379","v":5651338.5899999999},0,null,{"$f":"BP378+BP379","v":0},null,{"$f":"BR378+BR379","v":0},{"$f":"BS378+BS379","v":0}]
["1.13.1.1","Модульный офис 2МД5","шт",1,239562,{"$f":"D378*E378","v":239562},1951576.9,{"$f":"D378*G378","v":1951576.9},{"$f":"E378*D378+G378*D378","v":2191138.9},null,null,239562,{"$f":"K378*L378","v":0},1951576.9,{"$f":"K378*N378","v":0},{"$f":"L378*K378+N378*K378","v":0},1,239562,{"$f":"Q378*R378","v":239562},1951576.9,{"$f":"Q378*T378","v":1951576.9},{"$f":"R378*Q378+T378*Q378","v":2191138.9},null,239562,{"$f":"W378*X378","v":0},1951576.9,{"$f":"W378*Z378","v":0},{"$f":"X378*W378+Z378*W378","v":0},null,239562,{"$f":"AC378*AD378","v":0},1951576.9,{"$f":"AC378*AF378","v":0},{"$f":"AD378*AC378+AF378*AC378","v":0},null,239562,{"$f":"AI378*AJ378","v":0},1951576.9,{"$f":"AI378*AL378","v":0},{"$f":"AJ378*AI378+AL378*AI378","v":0},null,239562,{"$f":"AO378*AP378","v":0},1951576.9,{"$f":"AO378*AR378","v":0},{"$f":"AP378*AO378+AR378*AO378","v":0},null,239562,{"$f":"AU378*AV378","v":0},1951576.9,{"$f":"AU378*AX378","v":0},{"$f":"AV378*AU378+AX378*AU378","v":0},null,239562,{"$f":"BA378*BB378","v":0},1951576.9,{"$f":"BA378*BD378","v":0},{"$f":"BB378*BA378+BD378*BA378","v":0},null,1,239562,{"$f":"BH378*BI378","v":239562},1951576.9,{"$f":"BH378*BK378","v":1951576.9},{"$f":"BI378*BH378+BK378*BH378","v":2191138.9},0,239562,{"$f":"BN378*BO378","v":0},1951576.9,{"$f":"BN378*BQ378","v":0},{"$f":"BO378*BN378+BQ378*BN378","v":0}]
["1.13.1.2","Модульный офис 4МД6","шт",1,414351.69,{"$f":"D379*E379","v":414351.69},3045848,{"$f":"D379*G379","v":3045848},{"$f":"E379*D379+G379*D379","v":3460199.69},null,null,414351.69,{"$f":"K379*L379","v":0},3045848,{"$f":"K379*N379","v":0},{"$f":"L379*K379+N379*K379","v":0},1,414351.69,{"$f":"Q379*R379","v":414351.69},3045848,{"$f":"Q379*T379","v":3045848},{"$f":"R379*Q379+T379*Q379","v":3460199.69},null,414351.69,{"$f":"W379*X379","v":0},3045848,{"$f":"W379*Z379","v":0},{"$f":"X379*W379+Z379*W379","v":0},null,414351.69,{"$f":"AC379*AD379","v":0},3045848,{"$f":"AC379*AF379","v":0},{"$f":"AD379*AC379+AF379*AC379","v":0},null,414351.69,{"$f":"AI379*AJ379","v":0},3045848,{"$f":"AI379*AL379","v":0},{"$f":"AJ379*AI379+AL379*AI379","v":0},null,414351.69,{"$f":"AO379*AP379","v":0},3045848,{"$f":"AO379*AR379","v":0},{"$f":"AP379*AO379+AR379*AO379","v":0},null,414351.69,{"$f":"AU379*AV379","v":0},3045848,{"$f":"AU379*AX379","v":0},{"$f":"AV379*AU379+AX379*AU379","v":0},null,414351.69,{"$f":"BA379*BB379","v":0},3045848,{"$f":"BA379*BD379","v":0},{"$f":"BB379*BA379+BD379*BA379","v":0},null,1,414351.69,{"$f":"BH379*BI379","v":414351.69},3045848,{"$f":"BH379*BK379","v":3045848},{"$f":"BI379*BH379+BK379*BH379","v":3460199.69},0,414351.69,{"$f":"BN379*BO379","v":0},3045848,{"$f":"BN379*BQ379","v":0},{"$f":"BO379*BN379+BQ379*BN379","v":0}]
["1.13.2","Заполнение проемов",null,null,null,{"$f":"F381+F382+F383+F384+F385","v":1102583},null,{"$f":"H381+H382+H383+H384+H385","v":6855698.9399999995},{"$f":"I381+I382+I383+I384+I385","v":7958281.9399999995},null,null,null,{"$f":"M381+M382+M383+M384+M385","v":0},null,{"$f":"O381+O382+O383+O384+O385","v":0},{"$f":"P381+P382+P383+P384+P385","v":0},null,null,{"$f":"S381+S382+S383+S384+S385","v":337980},null,{"$f":"U381+U382+U383+U384+U385","v":1736492.94},{"$f":"V381+V382+V383+V384+V385","v":2074472.94},null,null,{"$f":"Y381+Y382+Y383+Y384+Y385","v":734802},null,{"$f":"AA381+AA382+AA383+AA384+AA385","v":5056110},{"$f":"AB381+AB382+AB383+AB384+AB385","v":5790912},null,null,{"$f":"AE381+AE382+AE383+AE384+AE385","v":0},null,{"$f":"AG381+AG382+AG383+AG384+AG385","v":0},{"$f":"AH381+AH382+AH383+AH384+AH385","v":0},null,null,{"$f":"AK381+AK382+AK383+AK384+AK385","v":0},null,{"$f":"AM381+AM382+AM383+AM384+AM385","v":0},{"$f":"AN381+AN382+AN383+AN384+AN385","v":0},null,null,{"$f":"AQ381+AQ382+AQ383+AQ384+AQ385","v":0},null,{"$f":"AS381+AS382+AS383+AS384+AS385","v":0},{"$f":"AT381+AT382+AT383+AT384+AT385","v":0},null,null,{"$f":"AW381+AW382+AW383+AW384+AW385","v":0},null,{"$f":"AY381+AY382+AY383+AY384+AY385","v":0},{"$f":"AZ381+AZ382+AZ383+AZ384+AZ385","v":0},null,null,{"$f":"BC381+BC382+BC383+BC384+BC385","v":0},null,{"$f":"BE381+BE382+BE383+BE384+BE385","v":0},{"$f":"BF381+BF382+BF383+BF384+BF385","v":0},null,0,null,{"$f":"BJ381+BJ382+BJ383+BJ384+BJ385","v":1072782},null,{"$f":"BL381+BL382+BL383+BL384+BL385","v":6792602.9399999995},{"$f":"BM381+BM382+BM383+BM384+BM385","v":7865384.9399999995},0,null,{"$f":"BP381+BP382+BP383+BP384+BP385","v":29801},null,{"$f":"BR381+BR382+BR383+BR384+BR385","v":63096},{"$f":"BS381+BS382+BS383+BS384+BS385","v":92897}]
["1.13.2.1","Дверь противопожарная 2080х1470 EI-60, внутренняя глухая, с доводчиком","шт.",3,34934,{"$f":"D381*E381","v":104802},78870,{"$f":"D381*G381","v":236610},{"$f":"E381*D381+G381*D381","v":341412},null,null,34934,{"$f":"K381*L381","v":0},78870,{"$f":"K381*N381","v":0},{"$f":"L381*K381+N381*K381","v":0},null,34934,{"$f":"Q381*R381","v":0},78870,{"$f":"Q381*T381","v":0},{"$f":"R381*Q381+T381*Q381","v":0},3,34934,{"$f":"W381*X381","v":104802},78870,{"$f":"W381*Z381","v":236610},{"$f":"X381*W381+Z381*W381","v":341412},null,34934,{"$f":"AC381*AD381","v":0},78870,{"$f":"AC381*AF381","v":0},{"$f":"AD381*AC381+AF381*AC381","v":0},null,34934,{"$f":"AI381*AJ381","v":0},78870,{"$f":"AI381*AL381","v":0},{"$f":"AJ381*AI381+AL381*AI381","v":0},null,34934,{"$f":"AO381*AP381","v":0},78870,{"$f":"AO381*AR381","v":0},{"$f":"AP381*AO381+AR381*AO381","v":0},null,34934,{"$f":"AU381*AV381","v":0},78870,{"$f":"AU381*AX381","v":0},{"$f":"AV381*AU381+AX381*AU381","v":0},null,34934,{"$f":"BA381*BB381","v":0},78870,{"$f":"BA381*BD381","v":0},{"$f":"BB381*BA381+BD381*BA381","v":0},null,3,34934,{"$f":"BH381*BI381","v":104802},78870,{"$f":"BH381*BK381","v":236610},{"$f":"BI381*BH381+BK381*BH381","v":341412},0,34934,{"$f":"BN381*BO381","v":0},78870,{"$f":"BN381*BQ381","v":0},{"$f":"BO381*BN381+BQ381*BN381","v":0}]
["1.13.2.2","Дверь противопожарная 2380х980 EI-60 правая, внутренняя глухая, с доводчиком","шт.",1,29801,{"$f":"D382*E382","v":29801},63096,{"$f":"D382*G382","v":63096},92897,null,null,29801,{"$f":"K382*L382","v":0},63096,{"$f":"K382*N382","v":0},0,null,29801,{"$f":"Q382*R382","v":0},63096,{"$f":"Q382*T382","v":0},0,null,29801,{"$f":"W382*X382","v":0},63096,{"$f":"W382*Z382","v":0},0,null,29801,{"$f":"AC382*AD382","v":0},63096,{"$f":"AC382*AF382","v":0},0,null,29801,{"$f":"AI382*AJ382","v":0},63096,{"$f":"AI382*AL382","v":0},0,null,29801,{"$f":"AO382*AP382","v":0},63096,{"$f":"AO382*AR382","v":0},0,null,29801,{"$f":"AU382*AV382","v":0},63096,{"$f":"AU382*AX382","v":0},0,null,29801,{"$f":"BA382*BB382","v":0},63096,{"$f":"BA382*BD382","v":0},0,null,0,29801,{"$f":"BH382*BI382","v":0},63096,{"$f":"BH382*BK382","v":0},0,1,29801,{"$f":"BN382*BO382","v":29801},63096,{"$f":"BN382*BQ382","v":63096},92897]
["1.13.2.3","Ворота откатные противопожарные 8000х4500h EI-30","шт.",1,337980,{"$f":"D383*E383","v":337980},1736492.94,{"$f":"D383*G383","v":1736492.94},2074472.94,null,null,337980,{"$f":"K383*L383","v":0},1736492.94,{"$f":"K383*N383","v":0},0,1,337980,{"$f":"Q383*R383","v":337980},1736492.94,{"$f":"Q383*T383","v":1736492.94},2074472.94,null,337980,{"$f":"W383*X383","v":0},1736492.94,{"$f":"W383*Z383","v":0},0,null,337980,{"$f":"AC383*AD383","v":0},1736492.94,{"$f":"AC383*AF383","v":0},0,null,337980,{"$f":"AI383*AJ383","v":0},1736492.94,{"$f":"AI383*AL383","v":0},0,null,337980,{"$f":"AO383*AP383","v":0},1736492.94,{"$f":"AO383*AR383","v":0},0,null,337980,{"$f":"AU383*AV383","v":0},1736492.94,{"$f":"AU383*AX383","v":0},0,null,337980,{"$f":"BA383*BB383","v":0},1736492.94,{"$f":"BA383*BD383","v":0},0,null,1,337980,{"$f":"BH383*BI383","v":337980},1736492.94,{"$f":"BH383*BK383","v":1736492.94},2074472.94,0,337980,{"$f":"BN383*BO383","v":0},1736492.94,{"$f":"BN383*BQ383","v":0},0]
["1.13.2.4","Ворота секционные промышленные с калиткой и электроприводом 4000х5000h","шт.",2,90000,{"$f":"D384*E384","v":180000},567000,{"$f":"D384*G384","v":1134000},1314000,null,null,90000,{"$f":"K384*L384","v":0},567000,{"$f":"K384*N384","v":0},0,null,90000,{"$f":"Q384*R384","v":0},567000,{"$f":"Q384*T384","v":0},0,2,90000,{"$f":"W384*X384","v":180000},567000,{"$f":"W384*Z384","v":1134000},1314000,null,90000,{"$f":"AC384*AD384","v":0},567000,{"$f":"AC384*AF384","v":0},0,null,90000,{"$f":"AI384*AJ384","v":0},567000,{"$f":"AI384*AL384","v":0},0,null,90000,{"$f":"AO384*AP384","v":0},567000,{"$f":"AO384*AR384","v":0},0,null,90000,{"$f":"AU384*AV384","v":0},567000,{"$f":"AU384*AX384","v":0},0,null,90000,{"$f":"BA384*BB384","v":0},567000,{"$f":"BA384*BD384","v":0},0,null,2,90000,{"$f":"BH384*BI384","v":180000},567000,{"$f":"BH384*BK384","v":1134000},1314000,0,90000,{"$f":"BN384*BO384","v":0},567000,{"$f":"BN384*BQ384","v":0},0]
["1.13.2.5","Ворота секционные промышленные с калиткой и электроприводом 4700х5000h","шт.",5,90000,{"$f":"D385*E385","v":450000},737100,{"$f":"D385*G385","v":3685500},4135500,null,null,90000,{"$f":"K385*L385","v":0},737100,{"$f":"K385*N385","v":0},0,null,90000,{"$f":"Q385*R385","v":0},737100,{"$f":"Q385*T385","v":0},0,5,90000,{"$f":"W385*X385","v":450000},737100,{"$f":"W385*Z385","v":3685500},4135500,null,90000,{"$f":"AC385*AD385","v":0},737100,{"$f":"AC385*AF385","v":0},0,null,90000,{"$f":"AI385*AJ385","v":0},737100,{"$f":"AI385*AL385","v":0},0,null,90000,{"$f":"AO385*AP385","v":0},737100,{"$f":"AO385*AR385","v":0},0,null,90000,{"$f":"AU385*AV385","v":0},737100,{"$f":"AU385*AX385","v":0},0,null,90000,{"$f":"BA385*BB385","v":0},737100,{"$f":"BA385*BD385","v":0},0,null,5,90000,{"$f":"BH385*BI385","v":450000},737100,{"$f":"BH385*BK385","v":3685500},4135500,0,90000,{"$f":"BN385*BO385","v":0},737100,{"$f":"BN385*BQ385","v":0},0]
["1.13.3","Устройство перемычек, обрамление проемов ворот, закладка оконных проемов ",null,null,null,{"$f":"SUM(F387:F403)","v":3427405.8353800001},null,{"$f":"SUM(H387:H403)","v":3148873.3837000001},{"$f":"SUM(I387:I403)","v":6576279.2190800011},null,null,null,{"$f":"SUM(M387:M403)","v":0},null,{"$f":"SUM(O387:O403)","v":0},{"$f":"SUM(P387:P403)","v":0},null,null,{"$f":"SUM(S387:S403)","v":0},null,{"$f":"SUM(U387:U403)","v":0},{"$f":"SUM(V387:V403)","v":0},null,null,{"$f":"SUM(Y387:Y403)","v":1790376.3006899999},null,{"$f":"SUM(AA387:AA403)","v":1369543.0398500001},{"$f":"SUM(AB387:AB403)","v":3159919.3405400002},null,null,{"$f":"SUM(AE387:AE403)","v":0},null,{"$f":"SUM(AG387:AG403)","v":0},{"$f":"SUM(AH387:AH403)","v":0},null,null,{"$f":"SUM(AK387:AK403)","v":0},null,{"$f":"SUM(AM387:AM403)","v":0},{"$f":"SUM(AN387:AN403)","v":0},null,null,{"$f":"SUM(AQ387:AQ403)","v":0},null,{"$f":"SUM(AS387:AS403)","v":0},{"$f":"SUM(AT387:AT403)","v":0},null,null,{"$f":"SUM(AW387:AW403)","v":0},null,{"$f":"SUM(AY387:AY403)","v":0},{"$f":"SUM(AZ387:AZ403)","v":0},null,null,{"$f":"SUM(BC387:BC403)","v":0},null,{"$f":"SUM(BE387:BE403)","v":0},{"$f":"SUM(BF387:BF403)","v":0},null,0,null,{"$f":"SUM(BJ387:BJ403)","v":1790376.3006899999},null,{"$f":"SUM(BL387:BL403)","v":1369543.0398500001},{"$f":"SUM(BM387:BM403)","v":3159919.3405400002},0,null,{"$f":"SUM(BP387:BP403)","v":1637029.5346899999},null,{"$f":"SUM(BR387:BR403)","v":1779330.3438500001},{"$f":"SUM(BS387:BS403)","v":3416359.8785400004}]
["1.13.3.1","Изготовление металлических перемычек: резка металла, обрамление на сварке м/листом по низу двутавровой конструкции) L=6м (7шт.) ","т",3.78,114800,{"$f":"D387*E387","v":433944},91879.3,{"$f":"D387*G387","v":347303.75400000002},{"$f":"E387*D387+G387*D387","v":781247.75399999996},null,null,114800,{"$f":"K387*L387","v":0},91879.3,{"$f":"K387*N387","v":0},{"$f":"L387*K387+N387*K387","v":0},null,114800,{"$f":"Q387*R387","v":0},91879.3,{"$f":"Q387*T387","v":0},{"$f":"R387*Q387+T387*Q387","v":0},{"$f":"D387","v":3.78},114800,{"$f":"W387*X387","v":433944},91879.3,{"$f":"W387*Z387","v":347303.75400000002},{"$f":"X387*W387+Z387*W387","v":781247.75399999996},null,114800,{"$f":"AC387*AD387","v":0},91879.3,{"$f":"AC387*AF387","v":0},{"$f":"AD387*AC387+AF387*AC387","v":0},null,114800,{"$f":"AI387*AJ387","v":0},91879.3,{"$f":"AI387*AL387","v":0},{"$f":"AJ387*AI387+AL387*AI387","v":0},null,114800,{"$f":"AO387*AP387","v":0},91879.3,{"$f":"AO387*AR387","v":0},{"$f":"AP387*AO387+AR387*AO387","v":0},null,114800,{"$f":"AU387*AV387","v":0},91879.3,{"$f":"AU387*AX387","v":0},{"$f":"AV387*AU387+AX387*AU387","v":0},null,114800,{"$f":"BA387*BB387","v":0},91879.3,{"$f":"BA387*BD387","v":0},{"$f":"BB387*BA387+BD387*BA387","v":0},null,3.78,114800,{"$f":"BH387*BI387","v":433944},91879.3,{"$f":"BH387*BK387","v":347303.75400000002},{"$f":"BI387*BH387+BK387*BH387","v":781247.75399999996},0,114800,{"$f":"BN387*BO387","v":0},91879.3,{"$f":"BN387*BQ387","v":0},{"$f":"BO387*BN387+BQ387*BN387","v":0}]
["1.13.3.2","Установка изготовленных перемычек с заполнением кирпичом (с учетом приготовления ц/п раствора вручную в построечных условиях)","проём",7,67567.990000000005,472975.93000000005,11231.08,{"$f":"D388*G388","v":78617.56},551593.49,null,null,67567.990000000005,0,11231.08,{"$f":"K388*N388","v":0},0,null,67567.990000000005,0,11231.08,{"$f":"Q388*T388","v":0},0,4,67567.990000000005,270271.96000000002,11231.08,{"$f":"W388*Z388","v":44924.32},315196.28000000003,null,67567.990000000005,0,11231.08,{"$f":"AC388*AF388","v":0},0,null,67567.990000000005,0,11231.08,{"$f":"AI388*AL388","v":0},0,null,67567.990000000005,0,11231.08,{"$f":"AO388*AR388","v":0},0,null,67567.990000000005,0,11231.08,{"$f":"AU388*AX388","v":0},0,null,67567.990000000005,0,11231.08,{"$f":"BA388*BD388","v":0},0,null,4,67567.990000000005,270271.96000000002,11231.08,{"$f":"BH388*BK388","v":44924.32},315196.28000000003,3,67567.990000000005,202703.97000000003,11231.08,{"$f":"BN388*BQ388","v":33693.24},236397.21000000002]
["1.13.3.3","Заполнение оконных проемов кирпичем (380мм ) (с учетом приготовления ц/п раствора вручную в построечных условиях)","м3",21.8,10218,222752.4,29000,{"$f":"D389*G389","v":632200},854952.4,null,null,10218,0,29000,{"$f":"K389*N389","v":0},0,null,10218,0,29000,{"$f":"Q389*T389","v":0},0,10,10218,102180,29000,{"$f":"W389*Z389","v":290000},392180,null,10218,0,29000,{"$f":"AC389*AF389","v":0},0,null,10218,0,29000,{"$f":"AI389*AL389","v":0},0,null,10218,0,29000,{"$f":"AO389*AR389","v":0},0,null,10218,0,29000,{"$f":"AU389*AX389","v":0},0,null,10218,0,29000,{"$f":"BA389*BD389","v":0},0,null,10,10218,102180,29000,{"$f":"BH389*BK389","v":290000},392180,11.8,10218,120572.40000000001,29000,{"$f":"BN389*BQ389","v":342200},462772.4]
["1.13.3.4","Приготовление раствора вручную в построечных условиях","м3",6.2,3838.72,23800.063999999998,8948.59,{"$f":"D390*G390","v":55481.258000000002},79281.322,null,null,3838.72,0,8948.59,{"$f":"K390*N390","v":0},0,null,3838.72,0,8948.59,{"$f":"Q390*T390","v":0},0,3,3838.72,11516.16,8948.59,{"$f":"W390*Z390","v":26845.77},38361.93,null,3838.72,0,8948.59,{"$f":"AC390*AF390","v":0},0,null,3838.72,0,8948.59,{"$f":"AI390*AL390","v":0},0,null,3838.72,0,8948.59,{"$f":"AO390*AR390","v":0},0,null,3838.72,0,8948.59,{"$f":"AU390*AX390","v":0},0,null,3838.72,0,8948.59,{"$f":"BA390*BD390","v":0},0,null,3,3838.72,11516.16,8948.59,{"$f":"BH390*BK390","v":26845.77},38361.93,3.2,3838.72,12283.904,8948.59,{"$f":"BN390*BQ390","v":28635.488000000001},40919.392]
["1.13.3.5","Изготовление дополнительных перемычек ворот для устройства потолочных откосов проёмов (43,7м)","т",0.95799999999999996,110700,106050.59999999999,120610.65,{"$f":"D391*G391","v":115545.00269999998},221595.60269999999,null,null,110700,0,120610.65,{"$f":"K391*N391","v":0},0,null,110700,0,120610.65,{"$f":"Q391*T391","v":0},0,0.47899999999999998,110700,53025.299999999996,120610.65,{"$f":"W391*Z391","v":57772.501349999991},110797.80134999999,null,110700,0,120610.65,{"$f":"AC391*AF391","v":0},0,null,110700,0,120610.65,{"$f":"AI391*AL391","v":0},0,null,110700,0,120610.65,{"$f":"AO391*AR391","v":0},0,null,110700,0,120610.65,{"$f":"AU391*AX391","v":0},0,null,110700,0,120610.65,{"$f":"BA391*BD391","v":0},0,null,0.47899999999999998,110700,53025.299999999996,120610.65,{"$f":"BH391*BK391","v":57772.501349999991},110797.80134999999,0.47899999999999998,110700,53025.299999999996,120610.65,{"$f":"BN391*BQ391","v":57772.501349999991},110797.80134999999]
["1.13.3.6","Монтаж дополнительных перемычек ворот для устройства потолочных откосов проёмов (43,7м)","т",0.95799999999999996,65155.11,62418.595379999999,0,null,62418.595379999999,null,null,65155.11,0,0,null,0,null,65155.11,0,0,null,0,0.47899999999999998,65155.11,31209.297689999999,0,null,31209.297689999999,null,65155.11,0,0,null,0,null,65155.11,0,0,null,0,null,65155.11,0,0,null,0,null,65155.11,0,0,null,0,null,65155.11,0,0,null,0,null,0.47899999999999998,65155.11,31209.297689999999,0,null,31209.297689999999,0.47899999999999998,65155.11,31209.297689999999,0,null,31209.297689999999]
["1.13.3.7","Антикорозийная защита изготовленных перемычек: грунтование в 1слой ГФ-021, покрытие эмалью ПФ-115 в один слой","м2",103.4,510.72,52808.448000000004,75.099999999999994,{"$f":"D393*G393","v":7765.34},60573.788,null,null,510.72,0,75.099999999999994,{"$f":"K393*N393","v":0},0,null,510.72,0,75.099999999999994,{"$f":"Q393*T393","v":0},0,51.7,510.72,26404.224000000002,75.099999999999994,{"$f":"W393*Z393","v":3882.67},30286.894,null,510.72,0,75.099999999999994,{"$f":"AC393*AF393","v":0},0,null,510.72,0,75.099999999999994,{"$f":"AI393*AL393","v":0},0,null,510.72,0,75.099999999999994,{"$f":"AO393*AR393","v":0},0,null,510.72,0,75.099999999999994,{"$f":"AU393*AX393","v":0},0,null,510.72,0,75.099999999999994,{"$f":"BA393*BD393","v":0},0,null,51.7,510.72,26404.224000000002,75.099999999999994,{"$f":"BH393*BK393","v":3882.67},30286.894,51.7,510.72,26404.224000000002,75.099999999999994,{"$f":"BN393*BQ393","v":3882.67},30286.894]
["1.13.3.8","Утепление верха м/к ворот сэндвич-панелями","м2",14,2711,37954,7373,103222,141176,null,null,2711,0,7373,0,0,null,2711,0,7373,0,0,7,2711,18977,7373,51611,70588,null,2711,0,7373,0,0,null,2711,0,7373,0,0,null,2711,0,7373,0,0,null,2711,0,7373,0,0,null,2711,0,7373,0,0,null,7,2711,18977,7373,51611,70588,7,2711,18977,7373,51611,70588]
["1.13.3.9","Устройство ц/п защитныж стяжек фасонными элементами","м2",29.3,7613.42,223073.20600000001,1499.87,43946.190999999999,267019.397,null,null,7613.42,0,1499.87,0,0,null,7613.42,0,1499.87,0,0,14.65,7613.42,111536.603,1499.87,21973.095499999999,133509.6985,null,7613.42,0,1499.87,0,0,null,7613.42,0,1499.87,0,0,null,7613.42,0,1499.87,0,0,null,7613.42,0,1499.87,0,0,null,7613.42,0,1499.87,0,0,null,14.65,7613.42,111536.603,1499.87,21973.095499999999,133509.6985,14.65,7613.42,111536.603,1499.87,21973.095499999999,133509.6985]
["1.13.3.10","Изготовление на строительной площадке металлоконструкций ","т",5.3,119945,635708.5,191172.64,1013214.9920000001,1648923.4920000001,null,null,119945,0,191172.64,0,0,null,119945,0,191172.64,0,0,2.65,119945,317854.25,191172.64,506607.49600000004,824461.74600000004,null,119945,0,191172.64,0,0,null,119945,0,191172.64,0,0,null,119945,0,191172.64,0,0,null,119945,0,191172.64,0,0,null,119945,0,191172.64,0,0,null,2.65,119945,317854.25,191172.64,506607.49600000004,824461.74600000004,2.65,119945,317854.25,191172.64,506607.49600000004,824461.74600000004]
["1.13.3.11","Монтаж изготовленных металлоконструкций","т",5.3,138792.24,735598.87199999997,1277.6199999999999,6771.3859999999995,742370.25800000003,null,null,138792.24,0,1277.6199999999999,0,0,null,138792.24,0,1277.6199999999999,0,0,2.65,138792.24,367799.43599999999,1277.6199999999999,3385.6929999999998,371185.12900000002,null,138792.24,0,1277.6199999999999,0,0,null,138792.24,0,1277.6199999999999,0,0,null,138792.24,0,1277.6199999999999,0,0,null,138792.24,0,1277.6199999999999,0,0,null,138792.24,0,1277.6199999999999,0,0,null,2.65,138792.24,367799.43599999999,1277.6199999999999,3385.6929999999998,371185.12900000002,2.65,138792.24,367799.43599999999,1277.6199999999999,3385.6929999999998,371185.12900000002]
["1.13.3.12","Покрытие металлоконструкций  грунтовкой ГФ-021 (2 слоя)). Общая толщина не менее 80 мкм","м2",149,306.43,45658.07,45.4,6764.5999999999995,52422.67,null,null,306.43,0,45.4,0,0,null,306.43,0,45.4,0,0,74.5,306.43,22829.035,45.4,3382.2999999999997,26211.334999999999,null,306.43,0,45.4,0,0,null,306.43,0,45.4,0,0,null,306.43,0,45.4,0,0,null,306.43,0,45.4,0,0,null,306.43,0,45.4,0,0,null,74.5,306.43,22829.035,45.4,3382.2999999999997,26211.334999999999,74.5,306.43,22829.035,45.4,3382.2999999999997,26211.334999999999]
["1.13.3.13","Покрытие металлоконструкций  эмалью ПФ-115 (2 слоя). Общая толщина не менее 80 мкм","м2",149,306.43,45658.07,159.12,23708.880000000001,69366.95,null,null,306.43,0,159.12,0,0,null,306.43,0,159.12,0,0,74.5,306.43,22829.035,159.12,11854.44,34683.474999999999,null,306.43,0,159.12,0,0,null,306.43,0,159.12,0,0,null,306.43,0,159.12,0,0,null,306.43,0,159.12,0,0,null,306.43,0,159.12,0,0,null,74.5,306.43,22829.035,159.12,11854.44,34683.474999999999,74.5,306.43,22829.035,159.12,11854.44,34683.474999999999]
["1.13.3.14","Кладка из кирпича ","м3",23.2,10218,237057.6,29000,672800,909857.6,null,null,10218,0,29000,0,0,null,10218,0,29000,0,0,null,10218,0,29000,0,0,null,10218,0,29000,0,0,null,10218,0,29000,0,0,null,10218,0,29000,0,0,null,10218,0,29000,0,0,null,10218,0,29000,0,0,null,0,10218,0,29000,0,0,23.2,10218,237057.6,29000,672800,909857.6]
["1.13.3.15","Армирование кладки сетками 50x50x3","м2",54,411.6,22226.400000000001,152.5,8235,30461.4,null,null,411.6,0,152.5,0,0,null,411.6,0,152.5,0,0,null,411.6,0,152.5,0,0,null,411.6,0,152.5,0,0,null,411.6,0,152.5,0,0,null,411.6,0,152.5,0,0,null,411.6,0,152.5,0,0,null,411.6,0,152.5,0,0,null,0,411.6,0,152.5,0,0,54,411.6,22226.400000000001,152.5,8235,30461.4]
["1.13.3.16","Сверленние отверстий Ø12х150 ","шт.",78,474.58,37017.24,0,null,37017.24,null,null,474.58,0,0,null,0,null,474.58,0,0,null,0,null,474.58,0,0,0,0,null,474.58,0,0,null,0,null,474.58,0,0,null,0,null,474.58,0,0,null,0,null,474.58,0,0,null,0,null,474.58,0,0,null,0,null,0,474.58,0,0,null,0,78,474.58,37017.24,0,null,37017.24]
["1.13.3.17","Установка анкеров на высокопрочный клеевой состав","шт.",78,419.28,32703.839999999997,426.89,{"$f":"D403*G403","v":33297.42},66001.259999999995,null,null,419.28,0,426.89,{"$f":"K403*N403","v":0},0,null,419.28,0,426.89,{"$f":"Q403*T403","v":0},0,null,419.28,0,426.89,{"$f":"W403*Z403","v":0},0,null,419.28,0,426.89,{"$f":"AC403*AF403","v":0},0,null,419.28,0,426.89,{"$f":"AI403*AL403","v":0},0,null,419.28,0,426.89,{"$f":"AO403*AR403","v":0},0,null,419.28,0,426.89,{"$f":"AU403*AX403","v":0},0,null,419.28,0,426.89,{"$f":"BA403*BD403","v":0},0,null,0,419.28,0,426.89,{"$f":"BH403*BK403","v":0},0,78,419.28,32703.839999999997,426.89,{"$f":"BN403*BQ403","v":33297.42},66001.259999999995]
["1.13.4","Подстилающий слой пола вокруг ж/д путей",null,null,null,{"$f":"F405+F406+F407+F408","v":4966812},null,{"$f":"H405+H406+H407+H408","v":4087491.3},{"$f":"I405+I406+I407+I408","v":9054303.3000000007},null,null,null,{"$f":"M405+M406+M407+M408","v":1220800},null,{"$f":"O405+O406+O407+O408","v":1499800},{"$f":"P405+P406+P407+P408","v":2720600},null,null,{"$f":"S405+S406+S407+S408","v":0},null,{"$f":"U405+U406+U407+U408","v":0},{"$f":"V405+V406+V407+V408","v":0},null,null,{"$f":"Y405+Y406+Y407+Y408","v":511995.288},null,{"$f":"AA405+AA406+AA407+AA408","v":508745.53220000002},{"$f":"AB405+AB406+AB407+AB408","v":1020740.8202},null,null,{"$f":"AE405+AE406+AE407+AE408","v":0},null,{"$f":"AG405+AG406+AG407+AG408","v":0},{"$f":"AH405+AH406+AH407+AH408","v":0},null,null,{"$f":"AK405+AK406+AK407+AK408","v":0},null,{"$f":"AM405+AM406+AM407+AM408","v":0},{"$f":"AN405+AN406+AN407+AN408","v":0},null,null,{"$f":"AQ405+AQ406+AQ407+AQ408","v":0},null,{"$f":"AS405+AS406+AS407+AS408","v":0},{"$f":"AT405+AT406+AT407+AT408","v":0},null,null,{"$f":"AW405+AW406+AW407+AW408","v":0},null,{"$f":"AY405+AY406+AY407+AY408","v":0},{"$f":"AZ405+AZ406+AZ407+AZ408","v":0},null,null,{"$f":"BC405+BC406+BC407+BC408","v":0},null,{"$f":"BE405+BE406+BE407+BE408","v":0},{"$f":"BF405+BF406+BF407+BF408","v":0},null,0,null,{"$f":"BJ405+BJ406+BJ407+BJ408","v":1732795.2879999999},null,{"$f":"BL405+BL406+BL407+BL408","v":2008545.5322},{"$f":"BM405+BM406+BM407+BM408","v":3741340.8202},0,null,{"$f":"BP405+BP406+BP407+BP408","v":3234016.7119999998},null,{"$f":"BR405+BR406+BR407+BR408","v":2078945.7678},{"$f":"BS405+BS406+BS407+BS408","v":5312962.4797999999}]
["1.13.4.1","Устройство монолитного железобетонного покрытия пола из бетона кл. В25, W4, F50 толщиной 150 мм","м3",198,12208,{"$f":"D405*E405","v":2417184},14998,{"$f":"D405*G405","v":2969604},{"$f":"E405*D405+G405*D405","v":5386788},null,100,12208,{"$f":"K405*L405","v":1220800},14998,{"$f":"K405*N405","v":1499800},{"$f":"L405*K405+N405*K405","v":2720600},null,12208,{"$f":"Q405*R405","v":0},14998,{"$f":"Q405*T405","v":0},{"$f":"R405*Q405+T405*Q405","v":0},30,12208,{"$f":"W405*X405","v":366240},14998,{"$f":"W405*Z405","v":449940},{"$f":"X405*W405+Z405*W405","v":816180},null,12208,{"$f":"AC405*AD405","v":0},14998,{"$f":"AC405*AF405","v":0},{"$f":"AD405*AC405+AF405*AC405","v":0},null,12208,{"$f":"AI405*AJ405","v":0},14998,{"$f":"AI405*AL405","v":0},{"$f":"AJ405*AI405+AL405*AI405","v":0},null,12208,{"$f":"AO405*AP405","v":0},14998,{"$f":"AO405*AR405","v":0},{"$f":"AP405*AO405+AR405*AO405","v":0},null,12208,{"$f":"AU405*AV405","v":0},14998,{"$f":"AU405*AX405","v":0},{"$f":"AV405*AU405+AX405*AU405","v":0},null,12208,{"$f":"BA405*BB405","v":0},14998,{"$f":"BA405*BD405","v":0},{"$f":"BB405*BA405+BD405*BA405","v":0},null,130,12208,{"$f":"BH405*BI405","v":1587040},14998,{"$f":"BH405*BK405","v":1949740},{"$f":"BI405*BH405+BK405*BH405","v":3536780},68,12208,{"$f":"BN405*BO405","v":830144},14998,{"$f":"BN405*BQ405","v":1019864},{"$f":"BO405*BN405+BQ405*BN405","v":1850008}]
["1.13.4.2","Проливка балласта щебеночного цементным раствором М100 на глубину 50 мм","м2",990,1360.8,{"$f":"D406*E406","v":1347192},549.02,{"$f":"D406*G406","v":543529.79999999993},{"$f":"E406*D406+G406*D406","v":1890721.7999999998},null,null,1360.8,{"$f":"K406*L406","v":0},549.02,{"$f":"K406*N406","v":0},{"$f":"L406*K406+N406*K406","v":0},null,1360.8,{"$f":"Q406*R406","v":0},549.02,{"$f":"Q406*T406","v":0},{"$f":"R406*Q406+T406*Q406","v":0},107.11,1360.8,{"$f":"W406*X406","v":145755.288},549.02,{"$f":"W406*Z406","v":58805.532199999994},{"$f":"X406*W406+Z406*W406","v":204560.82019999999},null,1360.8,{"$f":"AC406*AD406","v":0},549.02,{"$f":"AC406*AF406","v":0},{"$f":"AD406*AC406+AF406*AC406","v":0},null,1360.8,{"$f":"AI406*AJ406","v":0},549.02,{"$f":"AI406*AL406","v":0},{"$f":"AJ406*AI406+AL406*AI406","v":0},null,1360.8,{"$f":"AO406*AP406","v":0},549.02,{"$f":"AO406*AR406","v":0},{"$f":"AP406*AO406+AR406*AO406","v":0},null,1360.8,{"$f":"AU406*AV406","v":0},549.02,{"$f":"AU406*AX406","v":0},{"$f":"AV406*AU406+AX406*AU406","v":0},null,1360.8,{"$f":"BA406*BB406","v":0},549.02,{"$f":"BA406*BD406","v":0},{"$f":"BB406*BA406+BD406*BA406","v":0},null,107.11,1360.8,{"$f":"BH406*BI406","v":145755.288},549.02,{"$f":"BH406*BK406","v":58805.532199999994},{"$f":"BI406*BH406+BK406*BH406","v":204560.82019999999},882.89,1360.8,{"$f":"BN406*BO406","v":1201436.7119999998},549.02,{"$f":"BN406*BQ406","v":484724.26779999997},{"$f":"BO406*BN406+BQ406*BN406","v":1686160.9797999999}]
["1.13.4.3","Профилированная мембрана Planter","м2",1378,324,{"$f":"D407*E407","v":446472},252,{"$f":"D407*G407","v":347256},{"$f":"E407*D407+G407*D407","v":793728},null,null,324,{"$f":"K407*L407","v":0},252,{"$f":"K407*N407","v":0},{"$f":"L407*K407+N407*K407","v":0},null,324,{"$f":"Q407*R407","v":0},252,{"$f":"Q407*T407","v":0},{"$f":"R407*Q407+T407*Q407","v":0},null,324,{"$f":"W407*X407","v":0},252,{"$f":"W407*Z407","v":0},{"$f":"X407*W407+Z407*W407","v":0},null,324,{"$f":"AC407*AD407","v":0},252,{"$f":"AC407*AF407","v":0},{"$f":"AD407*AC407+AF407*AC407","v":0},null,324,{"$f":"AI407*AJ407","v":0},252,{"$f":"AI407*AL407","v":0},{"$f":"AJ407*AI407+AL407*AI407","v":0},null,324,{"$f":"AO407*AP407","v":0},252,{"$f":"AO407*AR407","v":0},{"$f":"AP407*AO407+AR407*AO407","v":0},null,324,{"$f":"AU407*AV407","v":0},252,{"$f":"AU407*AX407","v":0},{"$f":"AV407*AU407+AX407*AU407","v":0},null,324,{"$f":"BA407*BB407","v":0},252,{"$f":"BA407*BD407","v":0},{"$f":"BB407*BA407+BD407*BA407","v":0},null,0,324,{"$f":"BH407*BI407","v":0},252,{"$f":"BH407*BK407","v":0},{"$f":"BI407*BH407+BK407*BH407","v":0},1378,324,{"$f":"BN407*BO407","v":446472},252,{"$f":"BN407*BQ407","v":347256},{"$f":"BO407*BN407+BQ407*BN407","v":793728}]
["1.13.4.4","Шлифовка поверхности покрытия с использованием порошкового упрочнителя","м2",450,1679.92,{"$f":"D408*E408","v":755964},504.67,{"$f":"D408*G408","v":227101.5},{"$f":"E408*D408+G408*D408","v":983065.5},null,null,1679.92,{"$f":"K408*L408","v":0},504.67,{"$f":"K408*N408","v":0},{"$f":"L408*K408+N408*K408","v":0},null,1679.92,{"$f":"Q408*R408","v":0},504.67,{"$f":"Q408*T408","v":0},{"$f":"R408*Q408+T408*Q408","v":0},null,1679.92,{"$f":"W408*X408","v":0},504.67,{"$f":"W408*Z408","v":0},{"$f":"X408*W408+Z408*W408","v":0},null,1679.92,{"$f":"AC408*AD408","v":0},504.67,{"$f":"AC408*AF408","v":0},{"$f":"AD408*AC408+AF408*AC408","v":0},null,1679.92,{"$f":"AI408*AJ408","v":0},504.67,{"$f":"AI408*AL408","v":0},{"$f":"AJ408*AI408+AL408*AI408","v":0},null,1679.92,{"$f":"AO408*AP408","v":0},504.67,{"$f":"AO408*AR408","v":0},{"$f":"AP408*AO408+AR408*AO408","v":0},null,1679.92,{"$f":"AU408*AV408","v":0},504.67,{"$f":"AU408*AX408","v":0},{"$f":"AV408*AU408+AX408*AU408","v":0},null,1679.92,{"$f":"BA408*BB408","v":0},504.67,{"$f":"BA408*BD408","v":0},{"$f":"BB408*BA408+BD408*BA408","v":0},null,0,1679.92,{"$f":"BH408*BI408","v":0},504.67,{"$f":"BH408*BK408","v":0},{"$f":"BI408*BH408+BK408*BH408","v":0},450,1679.92,{"$f":"BN408*BO408","v":755964},504.67,{"$f":"BN408*BQ408","v":227101.5},{"$f":"BO408*BN408+BQ408*BN408","v":983065.5}]
["1.13.5","Локальный ремонт полов сборочного цеха",null,null,null,{"$f":"SUM(F410:F426)","v":579069.04640000011},null,{"$f":"SUM(H410:H426)","v":276280.41680000001},{"$f":"SUM(I410:I426)","v":855349.4632},null,null,null,{"$f":"SUM(M410:M426)","v":0},null,{"$f":"SUM(O410:O426)","v":0},{"$f":"SUM(P410:P426)","v":0},null,null,{"$f":"SUM(S410:S426)","v":0},null,{"$f":"SUM(U410:U426)","v":0},{"$f":"SUM(V410:V426)","v":0},null,null,{"$f":"SUM(Y410:Y426)","v":0},null,{"$f":"SUM(AA410:AA426)","v":0},{"$f":"SUM(AB410:AB426)","v":0},null,null,{"$f":"SUM(AE410:AE426)","v":0},null,{"$f":"SUM(AG410:AG426)","v":0},{"$f":"SUM(AH410:AH426)","v":0},null,null,{"$f":"SUM(AK410:AK426)","v":0},null,{"$f":"SUM(AM410:AM426)","v":0},{"$f":"SUM(AN410:AN426)","v":0},null,null,{"$f":"SUM(AQ410:AQ426)","v":0},null,{"$f":"SUM(AS410:AS426)","v":0},{"$f":"SUM(AT410:AT426)","v":0},null,null,{"$f":"SUM(AW410:AW426)","v":0},null,{"$f":"SUM(AY410:AY426)","v":0},{"$f":"SUM(AZ410:AZ426)","v":0},null,null,{"$f":"SUM(BC410:BC426)","v":0},null,{"$f":"SUM(BE410:BE426)","v":0},{"$f":"SUM(BF410:BF426)","v":0},null,0,null,{"$f":"SUM(BJ410:BJ426)","v":0},null,{"$f":"SUM(BL410:BL426)","v":0},{"$f":"SUM(BM410:BM426)","v":0},0,null,{"$f":"SUM(BP410:BP426)","v":579069.04640000011},null,{"$f":"SUM(BR410:BR426)","v":276280.41680000001},{"$f":"SUM(BS410:BS426)","v":855349.4632}]
["1.13.5.1","Демонтаж металлического обрамления уголком 50х50 мм","п.м.",7.2,3144,{"$f":"D410*E410","v":22636.799999999999},0,null,{"$f":"E410*D410+G410*D410","v":22636.799999999999},null,null,3144,{"$f":"K410*L410","v":0},0,null,{"$f":"L410*K410+N410*K410","v":0},null,3144,{"$f":"Q410*R410","v":0},0,null,{"$f":"R410*Q410+T410*Q410","v":0},null,3144,{"$f":"W410*X410","v":0},0,null,{"$f":"X410*W410+Z410*W410","v":0},null,3144,{"$f":"AC410*AD410","v":0},0,null,{"$f":"AD410*AC410+AF410*AC410","v":0},null,3144,{"$f":"AI410*AJ410","v":0},0,null,{"$f":"AJ410*AI410+AL410*AI410","v":0},null,3144,{"$f":"AO410*AP410","v":0},0,null,{"$f":"AP410*AO410+AR410*AO410","v":0},null,3144,{"$f":"AU410*AV410","v":0},0,null,{"$f":"AV410*AU410+AX410*AU410","v":0},null,3144,{"$f":"BA410*BB410","v":0},0,null,{"$f":"BB410*BA410+BD410*BA410","v":0},null,0,3144,{"$f":"BH410*BI410","v":0},0,null,{"$f":"BI410*BH410+BK410*BH410","v":0},7.2,3144,{"$f":"BN410*BO410","v":22636.799999999999},0,null,{"$f":"BO410*BN410+BQ410*BN410","v":22636.799999999999}]
["1.13.5.2","Армирование сеткой - анкера в боковые стены","кв.м.",2.88,1372.88,3953.8944000000001,150.81,{"$f":"D411*G411","v":434.33279999999996},4388.2272000000003,null,null,1372.88,0,150.81,{"$f":"K411*N411","v":0},0,null,1372.88,0,150.81,{"$f":"Q411*T411","v":0},0,null,1372.88,0,150.81,{"$f":"W411*Z411","v":0},0,null,1372.88,0,150.81,{"$f":"AC411*AF411","v":0},0,null,1372.88,0,150.81,{"$f":"AI411*AL411","v":0},0,null,1372.88,0,150.81,{"$f":"AO411*AR411","v":0},0,null,1372.88,0,150.81,{"$f":"AU411*AX411","v":0},0,null,1372.88,0,150.81,{"$f":"BA411*BD411","v":0},0,null,0,1372.88,0,150.81,{"$f":"BH411*BK411","v":0},0,2.88,1372.88,3953.8944000000001,150.81,{"$f":"BN411*BQ411","v":434.33279999999996},4388.2272000000003]
["1.13.5.3","Подготовка, заливка бетона В25","кв.м.",2.88,2602.9699999999998,7496.5535999999993,0,null,7496.5535999999993,null,null,2602.9699999999998,0,0,null,0,null,2602.9699999999998,0,0,null,0,null,2602.9699999999998,0,0,null,0,null,2602.9699999999998,0,0,null,0,null,2602.9699999999998,0,0,null,0,null,2602.9699999999998,0,0,null,0,null,2602.9699999999998,0,0,null,0,null,2602.9699999999998,0,0,null,0,null,0,2602.9699999999998,0,0,null,0,2.88,2602.9699999999998,7496.5535999999993,0,null,7496.5535999999993]
["1.13.5.4","Шлифовка (5 шагов). Нанесение пропитки Mapei Prosfas","кв.м.",2.88,3246.18,9348.9983999999986,664.3,{"$f":"D413*G413","v":1913.1839999999997},11262.182399999998,null,null,3246.18,0,664.3,{"$f":"K413*N413","v":0},0,null,3246.18,0,664.3,{"$f":"Q413*T413","v":0},0,null,3246.18,0,664.3,{"$f":"W413*Z413","v":0},0,null,3246.18,0,664.3,{"$f":"AC413*AF413","v":0},0,null,3246.18,0,664.3,{"$f":"AI413*AL413","v":0},0,null,3246.18,0,664.3,{"$f":"AO413*AR413","v":0},0,null,3246.18,0,664.3,{"$f":"AU413*AX413","v":0},0,null,3246.18,0,664.3,{"$f":"BA413*BD413","v":0},0,null,0,3246.18,0,664.3,{"$f":"BH413*BK413","v":0},0,2.88,3246.18,9348.9983999999986,664.3,{"$f":"BN413*BQ413","v":1913.1839999999997},11262.182399999998]
["1.13.5.5","Нарезка, демонтаж бетона разрушенных швов, ширина 100 мм","п.м.",90,972.02,87481.8,167.08,15037.2,102519,null,null,972.02,0,167.08,0,0,null,972.02,0,167.08,0,0,null,972.02,0,167.08,0,0,null,972.02,0,167.08,0,0,null,972.02,0,167.08,0,0,null,972.02,0,167.08,0,0,null,972.02,0,167.08,0,0,null,972.02,0,167.08,0,0,null,0,972.02,0,167.08,0,0,90,972.02,87481.8,167.08,15037.2,102519]
["1.13.5.6","Заливка ремонтной смеси М600. Ручная шлифовка (5 шагов). Нанесение пропитки\nMapei Prosfas","п.м.",90,1516.98,136528.20000000001,1164.8,104832,241360.2,null,null,1516.98,0,1164.8,0,0,null,1516.98,0,1164.8,0,0,null,1516.98,0,1164.8,0,0,null,1516.98,0,1164.8,0,0,null,1516.98,0,1164.8,0,0,null,1516.98,0,1164.8,0,0,null,1516.98,0,1164.8,0,0,null,1516.98,0,1164.8,0,0,null,0,1516.98,0,1164.8,0,0,90,1516.98,136528.20000000001,1164.8,104832,241360.2]
["1.13.5.7","Нарезка нового шва на глубину до 40 мм","п.м.",90,505.66,45509.4,83.54,7518.6,53028,null,null,505.66,0,83.54,0,0,null,505.66,0,83.54,0,0,null,505.66,0,83.54,0,0,null,505.66,0,83.54,0,0,null,505.66,0,83.54,0,0,null,505.66,0,83.54,0,0,null,505.66,0,83.54,0,0,null,505.66,0,83.54,0,0,null,0,505.66,0,83.54,0,0,90,505.66,45509.4,83.54,7518.6,53028]
["1.13.5.8","Нанесение эпоксидной грунтовки с быстрым набором прочности","п.м.",90,93.01,8370.9,284.44,25599.599999999999,33970.5,null,null,93.01,0,284.44,0,0,null,93.01,0,284.44,0,0,null,93.01,0,284.44,0,0,null,93.01,0,284.44,0,0,null,93.01,0,284.44,0,0,null,93.01,0,284.44,0,0,null,93.01,0,284.44,0,0,null,93.01,0,284.44,0,0,null,0,93.01,0,284.44,0,0,90,93.01,8370.9,284.44,25599.599999999999,33970.5]
["1.13.5.9","Заполнение шва шнуром Вилатерм","п.м.",90,40.61,3654.9,44.2,3978.0000000000005,7632.9000000000005,null,null,40.61,0,44.2,0,0,null,40.61,0,44.2,0,0,null,40.61,0,44.2,0,0,null,40.61,0,44.2,0,0,null,40.61,0,44.2,0,0,null,40.61,0,44.2,0,0,null,40.61,0,44.2,0,0,null,40.61,0,44.2,0,0,null,{"$f":"K418+Q418+W418+AC418+AI418+AO418+AU418+BA418","v":0},40.61,0,44.2,0,0,{"$f":"D418-BH418","v":90},40.61,3654.9,44.2,3978.0000000000005,7632.9000000000005]
["1.13.5.10","Заполнение шва двухкомпонентным полиуретановым герметиком (Снятие излишек)","п.м.",90,882.94,79464.600000000006,1166.0999999999999,104948.99999999999,184413.59999999998,null,null,882.94,0,1166.0999999999999,0,0,null,882.94,0,1166.0999999999999,0,0,null,882.94,0,1166.0999999999999,0,0,null,882.94,0,1166.0999999999999,0,0,null,882.94,0,1166.0999999999999,0,0,null,882.94,0,1166.0999999999999,0,0,null,882.94,0,1166.0999999999999,0,0,null,882.94,0,1166.0999999999999,0,0,null,0,882.94,0,1166.0999999999999,0,0,90,882.94,79464.600000000006,1166.0999999999999,104948.99999999999,184413.59999999998]
["1.13.5.11","Удаление грязи из трещин","кв.м.",2,1965,3930,0,null,3930,null,null,1965,0,0,null,0,null,1965,0,0,null,0,null,1965,0,0,null,0,null,1965,0,0,null,0,null,1965,0,0,null,0,null,1965,0,0,null,0,null,1965,0,0,null,0,null,1965,0,0,null,0,null,0,1965,0,0,null,0,2,1965,3930,0,null,3930]
["1.13.5.12","Заполнение трещин эпоксидной смолой","кв.м.",2,8515,17030,308.10000000000002,{"$f":"D421*G421","v":616.20000000000005},17646.2,null,null,8515,0,308.10000000000002,{"$f":"K421*N421","v":0},0,null,8515,0,308.10000000000002,{"$f":"Q421*T421","v":0},0,null,8515,0,308.10000000000002,{"$f":"W421*Z421","v":0},0,null,8515,0,308.10000000000002,{"$f":"AC421*AF421","v":0},0,null,8515,0,308.10000000000002,{"$f":"AI421*AL421","v":0},0,null,8515,0,308.10000000000002,{"$f":"AO421*AR421","v":0},0,null,8515,0,308.10000000000002,{"$f":"AU421*AX421","v":0},0,null,8515,0,308.10000000000002,{"$f":"BA421*BD421","v":0},0,null,0,8515,0,308.10000000000002,{"$f":"BH421*BK421","v":0},0,2,8515,17030,308.10000000000002,{"$f":"BN421*BQ421","v":616.20000000000005},17646.2]
["1.13.5.13","Чистка бетона от излишек эпоксидной смолы","кв.м.",2,1965,3930,68.25,136.5,4066.5,null,null,1965,0,68.25,0,0,null,1965,0,68.25,0,0,null,1965,0,68.25,0,0,null,1965,0,68.25,0,0,null,1965,0,68.25,0,0,null,1965,0,68.25,0,0,null,1965,0,68.25,0,0,null,1965,0,68.25,0,0,null,0,1965,0,68.25,0,0,2,1965,3930,68.25,136.5,4066.5]
["1.13.5.14","Удаление шпилек и арматуры. (Вырез квадрата 100х100м, глубиной до 40 мм. Демонтаж шпильки, арматуры, бетона. Заливка ремонтной смемью М600)","шт.",12,6550,78600,218.4,2620.8000000000002,81220.800000000003,null,null,6550,0,218.4,0,0,null,6550,0,218.4,0,0,null,6550,0,218.4,0,0,null,6550,0,218.4,0,0,null,6550,0,218.4,0,0,null,6550,0,218.4,0,0,null,6550,0,218.4,0,0,null,6550,0,218.4,0,0,null,0,6550,0,218.4,0,0,12,6550,78600,218.4,2620.8000000000002,81220.800000000003]
["1.13.5.15","Шлифовка (5 шагов). Нанесение пропитки Mapei Prosfas","шт.",12,4061,48732,45.5,546,49278,null,null,4061,0,45.5,0,0,null,4061,0,45.5,0,0,null,4061,0,45.5,0,0,null,4061,0,45.5,0,0,null,4061,0,45.5,0,0,null,4061,0,45.5,0,0,null,4061,0,45.5,0,0,null,4061,0,45.5,0,0,null,0,4061,0,45.5,0,0,12,4061,48732,45.5,546,49278]
["1.13.5.16","Подготовка. Заливка ремонтной смесью шурф 200 мм, глубина 70 мм","шт",1,9825,9825,8008,8008,17833,null,null,9825,0,8008,0,0,null,9825,0,8008,0,0,null,9825,0,8008,0,0,null,9825,0,8008,0,0,null,9825,0,8008,0,0,null,9825,0,8008,0,0,null,9825,0,8008,0,0,null,9825,0,8008,0,0,null,0,9825,0,8008,0,0,1,9825,9825,8008,8008,17833]
["1.13.5.17","Шлифовка (5 шагов). Нанесение пропитки Mapei Prosfas","шт.",1,12576,12576,91,91,12667,null,null,12576,0,91,0,0,null,12576,0,91,0,0,null,12576,0,91,0,0,null,12576,0,91,0,0,null,12576,0,91,0,0,null,12576,0,91,0,0,null,12576,0,91,0,0,null,12576,0,91,0,0,null,0,12576,0,91,0,0,1,12576,12576,91,91,12667]
["1.13.6","Полы сварочного цеха ",null,null,null,{"$f":"F428+F429","v":17886390},null,{"$f":"H428+H429","v":9790190},{"$f":"I428+I429","v":27676580},null,null,null,{"$f":"M428+M429","v":0},null,{"$f":"O428+O429","v":0},{"$f":"P428+P429","v":0},null,null,{"$f":"S428+S429","v":0},null,{"$f":"U428+U429","v":0},{"$f":"V428+V429","v":0},null,null,{"$f":"Y428+Y429","v":17770700},null,{"$f":"AA428+AA429","v":9754980},{"$f":"AB428+AB429","v":27525680},null,null,{"$f":"AE428+AE429","v":0},null,{"$f":"AG428+AG429","v":0},{"$f":"AH428+AH429","v":0},null,null,{"$f":"AK428+AK429","v":0},null,{"$f":"AM428+AM429","v":0},{"$f":"AN428+AN429","v":0},null,null,{"$f":"AQ428+AQ429","v":0},null,{"$f":"AS428+AS429","v":0},{"$f":"AT428+AT429","v":0},null,null,{"$f":"AW428+AW429","v":0},null,{"$f":"AY428+AY429","v":0},{"$f":"AZ428+AZ429","v":0},null,null,{"$f":"BC428+BC429","v":0},null,{"$f":"BE428+BE429","v":0},{"$f":"BF428+BF429","v":0},null,0,null,{"$f":"BJ428+BJ429","v":17770700},null,{"$f":"BL428+BL429","v":9754980},{"$f":"BM428+BM429","v":27525680},0,null,{"$f":"BP428+BP429","v":115690},null,{"$f":"BR428+BR429","v":35210},{"$f":"BS428+BS429","v":150900}]
["1.13.6.1","Фрезеровка поверхности покрытия со снятием топпинга, шлифовка, полировка, нанесение защитной пропитки,ремонт и герметизация швов, дефектов покрытия","м2",3781,4700,{"$f":"D428*E428","v":17770700},2580,{"$f":"D428*G428","v":9754980},{"$f":"E428*D428+G428*D428","v":27525680},null,null,4700,{"$f":"K428*L428","v":0},2580,{"$f":"K428*N428","v":0},{"$f":"L428*K428+N428*K428","v":0},null,4700,{"$f":"Q428*R428","v":0},2580,{"$f":"Q428*T428","v":0},{"$f":"R428*Q428+T428*Q428","v":0},3781,4700,{"$f":"W428*X428","v":17770700},2580,{"$f":"W428*Z428","v":9754980},{"$f":"X428*W428+Z428*W428","v":27525680},null,4700,{"$f":"AC428*AD428","v":0},2580,{"$f":"AC428*AF428","v":0},{"$f":"AD428*AC428+AF428*AC428","v":0},null,4700,{"$f":"AI428*AJ428","v":0},2580,{"$f":"AI428*AL428","v":0},{"$f":"AJ428*AI428+AL428*AI428","v":0},null,4700,{"$f":"AO428*AP428","v":0},2580,{"$f":"AO428*AR428","v":0},{"$f":"AP428*AO428+AR428*AO428","v":0},null,4700,{"$f":"AU428*AV428","v":0},2580,{"$f":"AU428*AX428","v":0},{"$f":"AV428*AU428+AX428*AU428","v":0},null,4700,{"$f":"BA428*BB428","v":0},2580,{"$f":"BA428*BD428","v":0},{"$f":"BB428*BA428+BD428*BA428","v":0},null,3781,4700,{"$f":"BH428*BI428","v":17770700},2580,{"$f":"BH428*BK428","v":9754980},{"$f":"BI428*BH428+BK428*BH428","v":27525680},0,4700,{"$f":"BN428*BO428","v":0},2580,{"$f":"BN428*BQ428","v":0},{"$f":"BO428*BN428+BQ428*BN428","v":0}]
["1.13.6.2","Нанесение сигнальной расцветки на пол","м2",251.5,460,{"$f":"D429*E429","v":115690},140,{"$f":"D429*G429","v":35210},150900,null,null,460,{"$f":"K429*L429","v":0},140,{"$f":"K429*N429","v":0},0,null,460,{"$f":"Q429*R429","v":0},140,{"$f":"Q429*T429","v":0},0,null,460,{"$f":"W429*X429","v":0},140,{"$f":"W429*Z429","v":0},0,null,460,{"$f":"AC429*AD429","v":0},140,{"$f":"AC429*AF429","v":0},0,null,460,{"$f":"AI429*AJ429","v":0},140,{"$f":"AI429*AL429","v":0},0,null,460,{"$f":"AO429*AP429","v":0},140,{"$f":"AO429*AR429","v":0},0,null,460,{"$f":"AU429*AV429","v":0},140,{"$f":"AU429*AX429","v":0},0,null,460,{"$f":"BA429*BB429","v":0},140,{"$f":"BA429*BD429","v":0},0,null,0,460,{"$f":"BH429*BI429","v":0},140,{"$f":"BH429*BK429","v":0},0,251.5,460,{"$f":"BN429*BO429","v":115690},140,{"$f":"BN429*BQ429","v":35210},150900]
["1.13.7","Фундаменты под домкраты ФМ-1 (24 шт) - 3й путь\nсварочный пролет",null,null,null,{"$f":"SUM(F431:F435)","v":3834412.3430000003},null,{"$f":"SUM(H431:H435)","v":2192577.074},{"$f":"SUM(I431:I435)","v":6026989.4170000004},null,null,null,{"$f":"SUM(M431:M435)","v":0},null,{"$f":"SUM(O431:O435)","v":0},{"$f":"SUM(P431:P435)","v":0},null,null,{"$f":"SUM(S431:S435)","v":0},null,{"$f":"SUM(U431:U435)","v":0},{"$f":"SUM(V431:V435)","v":0},null,null,{"$f":"SUM(Y431:Y435)","v":1939195.7951000002},null,{"$f":"SUM(AA431:AA435)","v":1766173.9790000001},{"$f":"SUM(AB431:AB435)","v":3705369.7741000005},null,null,{"$f":"SUM(AE431:AE435)","v":0},null,{"$f":"SUM(AG431:AG435)","v":0},{"$f":"SUM(AH431:AH435)","v":0},null,null,{"$f":"SUM(AK431:AK435)","v":0},null,{"$f":"SUM(AM431:AM435)","v":0},{"$f":"SUM(AN431:AN435)","v":0},null,null,{"$f":"SUM(AQ431:AQ435)","v":0},null,{"$f":"SUM(AS431:AS435)","v":0},{"$f":"SUM(AT431:AT435)","v":0},null,null,{"$f":"SUM(AW431:AW435)","v":0},null,{"$f":"SUM(AY431:AY435)","v":0},{"$f":"SUM(AZ431:AZ435)","v":0},null,null,{"$f":"SUM(BC431:BC435)","v":0},null,{"$f":"SUM(BE431:BE435)","v":0},{"$f":"SUM(BF431:BF435)","v":0},null,0,null,{"$f":"SUM(BJ431:BJ435)","v":1939195.7951000002},null,{"$f":"SUM(BL431:BL435)","v":1766173.9790000001},{"$f":"SUM(BM431:BM435)","v":3705369.7741000005},0,null,{"$f":"SUM(BP431:BP435)","v":1895216.5478999999},null,{"$f":"SUM(BR431:BR435)","v":426403.09500000003},{"$f":"SUM(BS431:BS435)","v":2321619.6428999999}]
["1.13.7.1","Демонтаж ж/б покрытия пола с погрузкой","м3",88,20171.61,{"$f":"D431*E431","v":1775101.6800000002},0,null,{"$f":"E431*D431+G431*D431","v":1775101.6800000002},null,null,20171.61,{"$f":"K431*L431","v":0},0,null,{"$f":"L431*K431+N431*K431","v":0},null,20171.61,{"$f":"Q431*R431","v":0},0,null,{"$f":"R431*Q431+T431*Q431","v":0},21.5,20171.61,{"$f":"W431*X431","v":433689.61499999999},0,null,{"$f":"X431*W431+Z431*W431","v":433689.61499999999},null,20171.61,{"$f":"AC431*AD431","v":0},0,null,{"$f":"AD431*AC431+AF431*AC431","v":0},null,20171.61,{"$f":"AI431*AJ431","v":0},0,null,{"$f":"AJ431*AI431+AL431*AI431","v":0},null,20171.61,{"$f":"AO431*AP431","v":0},0,null,{"$f":"AP431*AO431+AR431*AO431","v":0},null,20171.61,{"$f":"AU431*AV431","v":0},0,null,{"$f":"AV431*AU431+AX431*AU431","v":0},null,20171.61,{"$f":"BA431*BB431","v":0},0,null,{"$f":"BB431*BA431+BD431*BA431","v":0},null,21.5,20171.61,{"$f":"BH431*BI431","v":433689.61499999999},0,null,{"$f":"BI431*BH431+BK431*BH431","v":433689.61499999999},66.5,20171.61,{"$f":"BN431*BO431","v":1341412.0649999999},0,null,{"$f":"BO431*BN431+BQ431*BN431","v":1341412.0649999999}]
["1.13.7.2","Вывоз и утилизация с К разрыхления 1,47","м3",{"$f":"D431*1.47","v":129.35999999999999},1552.5,{"$f":"D432*E432","v":200831.39999999997},0,null,{"$f":"E432*D432+G432*D432","v":200831.39999999997},null,null,1552.5,{"$f":"K432*L432","v":0},0,null,{"$f":"L432*K432+N432*K432","v":0},null,1552.5,{"$f":"Q432*R432","v":0},0,null,{"$f":"R432*Q432+T432*Q432","v":0},31.6,1552.5,{"$f":"W432*X432","v":49059},0,null,{"$f":"X432*W432+Z432*W432","v":49059},null,1552.5,{"$f":"AC432*AD432","v":0},0,null,{"$f":"AD432*AC432+AF432*AC432","v":0},null,1552.5,{"$f":"AI432*AJ432","v":0},0,null,{"$f":"AJ432*AI432+AL432*AI432","v":0},null,1552.5,{"$f":"AO432*AP432","v":0},0,null,{"$f":"AP432*AO432+AR432*AO432","v":0},null,1552.5,{"$f":"AU432*AV432","v":0},0,null,{"$f":"AV432*AU432+AX432*AU432","v":0},null,1552.5,{"$f":"BA432*BB432","v":0},0,null,{"$f":"BB432*BA432+BD432*BA432","v":0},null,31.6,1552.5,{"$f":"BH432*BI432","v":49059},0,null,{"$f":"BI432*BH432+BK432*BH432","v":49059},97.759999999999991,1552.5,{"$f":"BN432*BO432","v":151772.4},0,null,{"$f":"BO432*BN432+BQ432*BN432","v":151772.4}]
["1.13.7.3","Разработка грунта под котлованы с погрузкой","м3",44,1941.98,{"$f":"D433*E433","v":85447.12},0,null,{"$f":"E433*D433+G433*D433","v":85447.12},null,null,1941.98,{"$f":"K433*L433","v":0},0,null,{"$f":"L433*K433+N433*K433","v":0},null,1941.98,{"$f":"Q433*R433","v":0},0,null,{"$f":"R433*Q433+T433*Q433","v":0},26.27,1941.98,{"$f":"W433*X433","v":51015.814599999998},0,null,{"$f":"X433*W433+Z433*W433","v":51015.814599999998},null,1941.98,{"$f":"AC433*AD433","v":0},0,null,{"$f":"AD433*AC433+AF433*AC433","v":0},null,1941.98,{"$f":"AI433*AJ433","v":0},0,null,{"$f":"AJ433*AI433+AL433*AI433","v":0},null,1941.98,{"$f":"AO433*AP433","v":0},0,null,{"$f":"AP433*AO433+AR433*AO433","v":0},null,1941.98,{"$f":"AU433*AV433","v":0},0,null,{"$f":"AV433*AU433+AX433*AU433","v":0},null,1941.98,{"$f":"BA433*BB433","v":0},0,null,{"$f":"BB433*BA433+BD433*BA433","v":0},null,26.27,1941.98,{"$f":"BH433*BI433","v":51015.814599999998},0,null,{"$f":"BI433*BH433+BK433*BH433","v":51015.814599999998},17.73,1941.98,{"$f":"BN433*BO433","v":34431.305400000005},0,null,{"$f":"BO433*BN433+BQ433*BN433","v":34431.305400000005}]
["1.13.7.4","Вывоз и утилизация с К разрыхления 1,6","м3",{"$f":"D433*1.6","v":70.400000000000006},1552.5,{"$f":"D434*E434","v":109296.00000000001},0,null,{"$f":"E434*D434+G434*D434","v":109296.00000000001},null,null,1552.5,{"$f":"K434*L434","v":0},0,null,{"$f":"L434*K434+N434*K434","v":0},null,1552.5,{"$f":"Q434*R434","v":0},0,null,{"$f":"R434*Q434+T434*Q434","v":0},42.03,1552.5,{"$f":"W434*X434","v":65251.575000000004},0,null,{"$f":"X434*W434+Z434*W434","v":65251.575000000004},null,1552.5,{"$f":"AC434*AD434","v":0},0,null,{"$f":"AD434*AC434+AF434*AC434","v":0},null,1552.5,{"$f":"AI434*AJ434","v":0},0,null,{"$f":"AJ434*AI434+AL434*AI434","v":0},null,1552.5,{"$f":"AO434*AP434","v":0},0,null,{"$f":"AP434*AO434+AR434*AO434","v":0},null,1552.5,{"$f":"AU434*AV434","v":0},0,null,{"$f":"AV434*AU434+AX434*AU434","v":0},null,1552.5,{"$f":"BA434*BB434","v":0},0,null,{"$f":"BB434*BA434+BD434*BA434","v":0},null,42.03,1552.5,{"$f":"BH434*BI434","v":65251.575000000004},0,null,{"$f":"BI434*BH434+BK434*BH434","v":65251.575000000004},28.370000000000005,1552.5,{"$f":"BN434*BO434","v":44044.42500000001},0,null,{"$f":"BO434*BN434+BQ434*BN434","v":44044.42500000001}]
["1.13.7.5","Устройство ж/б фундаментов ФМ-1","м3",88.7,18756.89,{"$f":"D435*E435","v":1663736.1429999999},24719.02,{"$f":"D435*G435","v":2192577.074},{"$f":"E435*D435+G435*D435","v":3856313.2170000002},null,null,18756.89,{"$f":"K435*L435","v":0},24719.02,{"$f":"K435*N435","v":0},{"$f":"L435*K435+N435*K435","v":0},null,18756.89,{"$f":"Q435*R435","v":0},24719.02,{"$f":"Q435*T435","v":0},{"$f":"R435*Q435+T435*Q435","v":0},71.45,18756.89,{"$f":"W435*X435","v":1340179.7905000001},24719.02,{"$f":"W435*Z435","v":1766173.9790000001},{"$f":"X435*W435+Z435*W435","v":3106353.7695000004},null,18756.89,{"$f":"AC435*AD435","v":0},24719.02,{"$f":"AC435*AF435","v":0},{"$f":"AD435*AC435+AF435*AC435","v":0},null,18756.89,{"$f":"AI435*AJ435","v":0},24719.02,{"$f":"AI435*AL435","v":0},{"$f":"AJ435*AI435+AL435*AI435","v":0},null,18756.89,{"$f":"AO435*AP435","v":0},24719.02,{"$f":"AO435*AR435","v":0},{"$f":"AP435*AO435+AR435*AO435","v":0},null,18756.89,{"$f":"AU435*AV435","v":0},24719.02,{"$f":"AU435*AX435","v":0},{"$f":"AV435*AU435+AX435*AU435","v":0},null,18756.89,{"$f":"BA435*BB435","v":0},24719.02,{"$f":"BA435*BD435","v":0},{"$f":"BB435*BA435+BD435*BA435","v":0},null,71.45,18756.89,{"$f":"BH435*BI435","v":1340179.7905000001},24719.02,{"$f":"BH435*BK435","v":1766173.9790000001},{"$f":"BI435*BH435+BK435*BH435","v":3106353.7695000004},17.25,18756.89,{"$f":"BN435*BO435","v":323556.35249999998},24719.02,{"$f":"BN435*BQ435","v":426403.09500000003},{"$f":"BO435*BN435+BQ435*BN435","v":749959.44750000001}]
["1.13.8","Кабельные лотки. Демонтаж существующего пола 400мм, монтаж лотков, крышек.",null,null,null,{"$f":"F437+F438+F439+F440+F441+F442+F443+F444+F445+F446+F447+F448","v":12381402.438000003},null,{"$f":"H437+H438+H439+H440+H441+H442+H443+H444+H445+H446+H447+H448","v":8226306.2271500006},{"$f":"I437+I438+I439+I440+I441+I442+I443+I444+I445+I446+I447+I448","v":20607708.665149998},null,null,null,{"$f":"M437+M438+M439+M440+M441+M442+M443+M444+M445+M446+M447+M448","v":0},null,{"$f":"O437+O438+O439+O440+O441+O442+O443+O444+O445+O446+O447+O448","v":0},{"$f":"P437+P438+P439+P440+P441+P442+P443+P444+P445+P446+P447+P448","v":0},null,null,{"$f":"S437+S438+S439+S440+S441+S442+S443+S444+S445+S446+S447+S448","v":0},null,{"$f":"U437+U438+U439+U440+U441+U442+U443+U444+U445+U446+U447+U448","v":0},{"$f":"V437+V438+V439+V440+V441+V442+V443+V444+V445+V446+V447+V448","v":0},null,null,{"$f":"Y437+Y438+Y439+Y440+Y441+Y442+Y443+Y444+Y445+Y446+Y447+Y448","v":10621349.978600001},null,{"$f":"AA437+AA438+AA439+AA440+AA441+AA442+AA443+AA444+AA445+AA446+AA447+AA448","v":6125890.8271000003},{"$f":"AB437+AB438+AB439+AB440+AB441+AB442+AB443+AB444+AB445+AB446+AB447+AB448","v":16747240.8057},null,null,{"$f":"AE437+AE438+AE439+AE440+AE441+AE442+AE443+AE444+AE445+AE446+AE447+AE448","v":0},null,{"$f":"AG437+AG438+AG439+AG440+AG441+AG442+AG443+AG444+AG445+AG446+AG447+AG448","v":0},{"$f":"AH437+AH438+AH439+AH440+AH441+AH442+AH443+AH444+AH445+AH446+AH447+AH448","v":0},null,null,{"$f":"AK437+AK438+AK439+AK440+AK441+AK442+AK443+AK444+AK445+AK446+AK447+AK448","v":0},null,{"$f":"AM437+AM438+AM439+AM440+AM441+AM442+AM443+AM444+AM445+AM446+AM447+AM448","v":0},{"$f":"AN437+AN438+AN439+AN440+AN441+AN442+AN443+AN444+AN445+AN446+AN447+AN448","v":0},null,null,{"$f":"AQ437+AQ438+AQ439+AQ440+AQ441+AQ442+AQ443+AQ444+AQ445+AQ446+AQ447+AQ448","v":0},null,{"$f":"AS437+AS438+AS439+AS440+AS441+AS442+AS443+AS444+AS445+AS446+AS447+AS448","v":0},{"$f":"AT437+AT438+AT439+AT440+AT441+AT442+AT443+AT444+AT445+AT446+AT447+AT448","v":0},null,null,{"$f":"AW437+AW438+AW439+AW440+AW441+AW442+AW443+AW444+AW445+AW446+AW447+AW448","v":0},null,{"$f":"AY437+AY438+AY439+AY440+AY441+AY442+AY443+AY444+AY445+AY446+AY447+AY448","v":0},{"$f":"AZ437+AZ438+AZ439+AZ440+AZ441+AZ442+AZ443+AZ444+AZ445+AZ446+AZ447+AZ448","v":0},null,null,{"$f":"BC437+BC438+BC439+BC440+BC441+BC442+BC443+BC444+BC445+BC446+BC447+BC448","v":0},null,{"$f":"BE437+BE438+BE439+BE440+BE441+BE442+BE443+BE444+BE445+BE446+BE447+BE448","v":0},{"$f":"BF437+BF438+BF439+BF440+BF441+BF442+BF443+BF444+BF445+BF446+BF447+BF448","v":0},null,0,null,{"$f":"BJ437+BJ438+BJ439+BJ440+BJ441+BJ442+BJ443+BJ444+BJ445+BJ446+BJ447+BJ448","v":10621349.978600001},null,{"$f":"BL437+BL438+BL439+BL440+BL441+BL442+BL443+BL444+BL445+BL446+BL447+BL448","v":6125890.8271000003},{"$f":"BM437+BM438+BM439+BM440+BM441+BM442+BM443+BM444+BM445+BM446+BM447+BM448","v":16747240.8057},0,null,{"$f":"BP437+BP438+BP439+BP440+BP441+BP442+BP443+BP444+BP445+BP446+BP447+BP448","v":1760052.4594000001},null,{"$f":"BR437+BR438+BR439+BR440+BR441+BR442+BR443+BR444+BR445+BR446+BR447+BR448","v":2100415.4000500003},{"$f":"BS437+BS438+BS439+BS440+BS441+BS442+BS443+BS444+BS445+BS446+BS447+BS448","v":3860467.8594500003}]
["1.13.8.1","Демонтаж существующего слоя пола толщиной 400 мм шириной 700мм","м3",81.400000000000006,68196.710000000006,{"$f":"D437*E437","v":5551212.1940000011},0,null,{"$f":"E437*D437+G437*D437","v":5551212.1940000011},null,null,68196.710000000006,{"$f":"K437*L437","v":0},0,null,{"$f":"L437*K437+N437*K437","v":0},null,68196.710000000006,{"$f":"Q437*R437","v":0},0,null,{"$f":"R437*Q437+T437*Q437","v":0},66.510000000000005,68196.710000000006,{"$f":"W437*X437","v":4535763.1821000008},0,null,{"$f":"X437*W437+Z437*W437","v":4535763.1821000008},null,68196.710000000006,{"$f":"AC437*AD437","v":0},0,null,{"$f":"AD437*AC437+AF437*AC437","v":0},null,68196.710000000006,{"$f":"AI437*AJ437","v":0},0,null,{"$f":"AJ437*AI437+AL437*AI437","v":0},null,68196.710000000006,{"$f":"AO437*AP437","v":0},0,null,{"$f":"AP437*AO437+AR437*AO437","v":0},null,68196.710000000006,{"$f":"AU437*AV437","v":0},0,null,{"$f":"AV437*AU437+AX437*AU437","v":0},null,68196.710000000006,{"$f":"BA437*BB437","v":0},0,null,{"$f":"BB437*BA437+BD437*BA437","v":0},null,66.510000000000005,68196.710000000006,{"$f":"BH437*BI437","v":4535763.1821000008},0,null,{"$f":"BI437*BH437+BK437*BH437","v":4535763.1821000008},14.89,68196.710000000006,{"$f":"BN437*BO437","v":1015449.0119000002},0,null,{"$f":"BO437*BN437+BQ437*BN437","v":1015449.0119000002}]
["1.13.8.2","Вывоз и утилизация с К разрыхления 1,47","м3",{"$f":"D437*1.47","v":119.658},1590,{"$f":"D438*E438","v":190256.22},0,null,190256.22,null,null,1590,{"$f":"K438*L438","v":0},0,null,0,null,1590,{"$f":"Q438*R438","v":0},0,null,0,99.77,1590,{"$f":"W438*X438","v":158634.29999999999},0,null,158634.29999999999,null,1590,{"$f":"AC438*AD438","v":0},0,null,0,null,1590,{"$f":"AI438*AJ438","v":0},0,null,0,null,1590,{"$f":"AO438*AP438","v":0},0,null,0,null,1590,{"$f":"AU438*AV438","v":0},0,null,0,null,1590,{"$f":"BA438*BB438","v":0},0,null,0,null,99.77,1590,{"$f":"BH438*BI438","v":158634.29999999999},0,null,158634.29999999999,19.888000000000005,1590,{"$f":"BN438*BO438","v":31621.920000000009},0,null,31621.920000000009]
["1.13.8.3","Доработка грунта вручную до проектной отметки, 10 см","м3",21.4,2772.16,{"$f":"D439*E439","v":59324.223999999995},0,null,59324.223999999995,null,null,2772.16,{"$f":"K439*L439","v":0},0,null,0,null,2772.16,{"$f":"Q439*R439","v":0},0,null,0,8.2899999999999991,2772.16,{"$f":"W439*X439","v":22981.206399999995},0,null,22981.206399999995,null,2772.16,{"$f":"AC439*AD439","v":0},0,null,0,null,2772.16,{"$f":"AI439*AJ439","v":0},0,null,0,null,2772.16,{"$f":"AO439*AP439","v":0},0,null,0,null,2772.16,{"$f":"AU439*AV439","v":0},0,null,0,null,2772.16,{"$f":"BA439*BB439","v":0},0,null,0,null,8.2899999999999991,2772.16,{"$f":"BH439*BI439","v":22981.206399999995},0,null,22981.206399999995,13.11,2772.16,{"$f":"BN439*BO439","v":36343.017599999999},0,null,36343.017599999999]
["1.13.8.4","Вывоз и утилизация с К разрыхления 1,6","м3",{"$f":"D439*1.6","v":34.24},1590,{"$f":"D440*E440","v":54441.600000000006},0,null,54441.600000000006,null,null,1590,{"$f":"K440*L440","v":0},0,null,0,null,1590,{"$f":"Q440*R440","v":0},0,null,0,13.26,1590,{"$f":"W440*X440","v":21083.4},0,null,21083.4,null,1590,{"$f":"AC440*AD440","v":0},0,null,0,null,1590,{"$f":"AI440*AJ440","v":0},0,null,0,null,1590,{"$f":"AO440*AP440","v":0},0,null,0,null,1590,{"$f":"AU440*AV440","v":0},0,null,0,null,1590,{"$f":"BA440*BB440","v":0},0,null,0,null,13.26,1590,{"$f":"BH440*BI440","v":21083.4},0,null,21083.4,20.980000000000004,1590,{"$f":"BN440*BO440","v":33358.200000000004},0,null,33358.200000000004]
["1.13.8.5","Устройство бетонной подготовки из бетона В15 100 мм","м3",21.4,8646,{"$f":"D441*E441","v":185024.4},23400,{"$f":"D441*G441","v":500759.99999999994},685784.39999999991,null,null,8646,{"$f":"K441*L441","v":0},23400,{"$f":"K441*N441","v":0},0,null,8646,{"$f":"Q441*R441","v":0},23400,{"$f":"Q441*T441","v":0},0,19.47,8646,{"$f":"W441*X441","v":168337.62},23400,{"$f":"W441*Z441","v":455598},623935.62,null,8646,{"$f":"AC441*AD441","v":0},23400,{"$f":"AC441*AF441","v":0},0,null,8646,{"$f":"AI441*AJ441","v":0},23400,{"$f":"AI441*AL441","v":0},0,null,8646,{"$f":"AO441*AP441","v":0},23400,{"$f":"AO441*AR441","v":0},0,null,8646,{"$f":"AU441*AV441","v":0},23400,{"$f":"AU441*AX441","v":0},0,null,8646,{"$f":"BA441*BB441","v":0},23400,{"$f":"BA441*BD441","v":0},0,null,19.47,8646,{"$f":"BH441*BI441","v":168337.62},23400,{"$f":"BH441*BK441","v":455598},623935.62,1.9299999999999997,8646,{"$f":"BN441*BO441","v":16686.78},23400,{"$f":"BN441*BQ441","v":45161.999999999993},61848.779999999992]
["1.13.8.6","Монтаж лотков ЛК 300.60.30 0,231м3/ шт. (22,47м3/107шт.)","м3",22.47,61344.43,1378409.3421,70814.53,{"$f":"D442*G442","v":1591202.4890999999},2969611.8311999999,null,null,61344.43,0,70814.53,{"$f":"K442*N442","v":0},0,null,61344.43,0,70814.53,{"$f":"Q442*T442","v":0},0,22.47,61344.43,1378409.3421,70814.53,{"$f":"W442*Z442","v":1591202.4890999999},2969611.8311999999,null,61344.43,0,70814.53,{"$f":"AC442*AF442","v":0},0,null,61344.43,0,70814.53,{"$f":"AI442*AL442","v":0},0,null,61344.43,0,70814.53,{"$f":"AO442*AR442","v":0},0,null,61344.43,0,70814.53,{"$f":"AU442*AX442","v":0},0,null,61344.43,0,70814.53,{"$f":"BA442*BD442","v":0},0,null,22.47,61344.43,1378409.3421,70814.53,{"$f":"BH442*BK442","v":1591202.4890999999},2969611.8311999999,0,61344.43,0,70814.53,{"$f":"BN442*BQ442","v":0},0]
["1.13.8.7","Демонтаж существующего слоя пола толщиной 400 мм шириной 600мм","м3",36,68196.7,2455081.1999999997,0,null,2455081.1999999997,null,null,68196.7,0,0,null,0,null,68196.7,0,0,null,0,36,68196.7,2455081.1999999997,0,null,2455081.1999999997,null,68196.7,0,0,null,0,null,68196.7,0,0,null,0,null,68196.7,0,0,null,0,null,68196.7,0,0,null,0,null,68196.7,0,0,null,0,null,36,68196.7,2455081.1999999997,0,null,2455081.1999999997,0,68196.7,0,0,null,0]
["1.13.8.8","Вывоз и утилизация с К разрыхления 1,47","м3",{"$f":"D443*1.6","v":57.6},1590,91584,0,null,91584,null,null,1590,0,0,null,0,null,1590,0,0,null,0,52.92,1590,84142.8,0,null,84142.8,null,1590,0,0,null,0,null,1590,0,0,null,0,null,1590,0,0,null,0,null,1590,0,0,null,0,null,1590,0,0,null,0,null,52.92,1590,84142.8,0,null,84142.8,4.68,1590,7441.2,0,null,7441.2]
["1.13.8.9","Устройство бетонной подготовки из бетона В15 100 мм","м3",9,8646,77814,23400,{"$f":"D445*G445","v":210600},288414,null,null,8646,0,23400,{"$f":"K445*N445","v":0},0,null,8646,0,23400,{"$f":"Q445*T445","v":0},0,9,8646,77814,23400,{"$f":"W445*Z445","v":210600},288414,null,8646,0,23400,{"$f":"AC445*AF445","v":0},0,null,8646,0,23400,{"$f":"AI445*AL445","v":0},0,null,8646,0,23400,{"$f":"AO445*AR445","v":0},0,null,8646,0,23400,{"$f":"AU445*AX445","v":0},0,null,8646,0,23400,{"$f":"BA445*BD445","v":0},0,null,9,8646,77814,23400,{"$f":"BH445*BK445","v":210600},288414,0,8646,0,23400,{"$f":"BN445*BQ445","v":0},0]
["1.13.8.10","Монтаж лотков ЛК 300.60.30 с устройством закладных","м3",12.6,67036.179999999993,844655.8679999999,70340.38,{"$f":"D446*G446","v":886288.78800000006},1730944.656,null,null,67036.179999999993,0,70340.38,{"$f":"K446*N446","v":0},0,null,67036.179999999993,0,70340.38,{"$f":"Q446*T446","v":0},0,12.6,67036.179999999993,844655.8679999999,70340.38,{"$f":"W446*Z446","v":886288.78800000006},1730944.656,null,67036.179999999993,0,70340.38,{"$f":"AC446*AF446","v":0},0,null,67036.179999999993,0,70340.38,{"$f":"AI446*AL446","v":0},0,null,67036.179999999993,0,70340.38,{"$f":"AO446*AR446","v":0},0,null,67036.179999999993,0,70340.38,{"$f":"AU446*AX446","v":0},0,null,67036.179999999993,0,70340.38,{"$f":"BA446*BD446","v":0},0,null,12.6,67036.179999999993,844655.8679999999,70340.38,{"$f":"BH446*BK446","v":886288.78800000006},1730944.656,0,67036.179999999993,0,70340.38,{"$f":"BN446*BQ446","v":0},0]
["1.13.8.11","Монтаж плит ПТ 75.60.8-3 ","шт",21,4881.92,102520.32000000001,9317.7999999999993,{"$f":"D447*G447","v":195673.8},298194.12,null,null,4881.92,0,9317.7999999999993,{"$f":"K447*N447","v":0},0,null,4881.92,0,9317.7999999999993,{"$f":"Q447*T447","v":0},0,8,4881.92,39055.360000000001,9317.7999999999993,{"$f":"W447*Z447","v":74542.399999999994},113597.75999999999,null,4881.92,0,9317.7999999999993,{"$f":"AC447*AF447","v":0},0,null,4881.92,0,9317.7999999999993,{"$f":"AI447*AL447","v":0},0,null,4881.92,0,9317.7999999999993,{"$f":"AO447*AR447","v":0},0,null,4881.92,0,9317.7999999999993,{"$f":"AU447*AX447","v":0},0,null,4881.92,0,9317.7999999999993,{"$f":"BA447*BD447","v":0},0,null,8,4881.92,39055.360000000001,9317.7999999999993,{"$f":"BH447*BK447","v":74542.399999999994},113597.75999999999,13,4881.92,63464.959999999999,9317.7999999999993,{"$f":"BN447*BQ447","v":121131.4},184596.36]
["1.13.8.12","Монтаж стальных крышек каналов с ручками подъёма 479 шт.","т",18.317,75944.7,1391079.0699,264332.65000000002,{"$f":"D448*G448","v":4841781.1500500003},6232860.2199499998,null,null,75944.7,0,264332.65000000002,{"$f":"K448*N448","v":0},0,null,75944.7,0,264332.65000000002,{"$f":"Q448*T448","v":0},0,11,75944.7,835391.7,264332.65000000002,{"$f":"W448*Z448","v":2907659.1500000004},3743050.8500000006,null,75944.7,0,264332.65000000002,{"$f":"AC448*AF448","v":0},0,null,75944.7,0,264332.65000000002,{"$f":"AI448*AL448","v":0},0,null,75944.7,0,264332.65000000002,{"$f":"AO448*AR448","v":0},0,null,75944.7,0,264332.65000000002,{"$f":"AU448*AX448","v":0},0,null,75944.7,0,264332.65000000002,{"$f":"BA448*BD448","v":0},0,null,11,75944.7,835391.7,264332.65000000002,{"$f":"BH448*BK448","v":2907659.1500000004},3743050.8500000006,7.3170000000000002,75944.7,555687.36990000005,264332.65000000002,{"$f":"BN448*BQ448","v":1934122.0000500001},2489809.3699500002]
["1.13.9","Ремонт примыкания кровли к проходкам труб",null,null,null,{"$f":"SUM(F450:F455)","v":251244.89999999997},null,{"$f":"SUM(H450:H455)","v":149682},{"$f":"SUM(I450:I455)","v":400926.9},null,null,null,{"$f":"SUM(M450:M455)","v":0},null,{"$f":"SUM(O450:O455)","v":0},{"$f":"SUM(P450:P455)","v":0},null,null,{"$f":"SUM(S450:S455)","v":0},null,{"$f":"SUM(U450:U455)","v":0},{"$f":"SUM(V450:V455)","v":0},null,null,{"$f":"SUM(Y450:Y455)","v":0},null,{"$f":"SUM(AA450:AA455)","v":0},{"$f":"SUM(AB450:AB455)","v":0},null,null,{"$f":"SUM(AE450:AE455)","v":0},null,{"$f":"SUM(AG450:AG455)","v":0},{"$f":"SUM(AH450:AH455)","v":0},null,null,{"$f":"SUM(AK450:AK455)","v":0},null,{"$f":"SUM(AM450:AM455)","v":0},{"$f":"SUM(AN450:AN455)","v":0},null,null,{"$f":"SUM(AQ450:AQ455)","v":0},null,{"$f":"SUM(AS450:AS455)","v":0},{"$f":"SUM(AT450:AT455)","v":0},null,null,{"$f":"SUM(AW450:AW455)","v":0},null,{"$f":"SUM(AY450:AY455)","v":0},{"$f":"SUM(AZ450:AZ455)","v":0},null,null,{"$f":"SUM(BC450:BC455)","v":0},null,{"$f":"SUM(BE450:BE455)","v":0},{"$f":"SUM(BF450:BF455)","v":0},null,0,null,{"$f":"SUM(BJ450:BJ455)","v":0},null,{"$f":"SUM(BL450:BL455)","v":0},{"$f":"SUM(BM450:BM455)","v":0},0,null,{"$f":"SUM(BP450:BP455)","v":251244.89999999997},null,{"$f":"SUM(BR450:BR455)","v":149682},{"$f":"SUM(BS450:BS455)","v":400926.9}]
["1.13.9.1","Ремонт примыкания кровли к проходкам труб","шт",7,19650,{"$f":"D450*E450","v":137550},8580,{"$f":"D450*G450","v":60060},{"$f":"E450*D450+G450*D450","v":197610},null,null,19650,{"$f":"K450*L450","v":0},8580,{"$f":"K450*N450","v":0},{"$f":"L450*K450+N450*K450","v":0},null,19650,{"$f":"Q450*R450","v":0},8580,{"$f":"Q450*T450","v":0},{"$f":"R450*Q450+T450*Q450","v":0},null,19650,{"$f":"W450*X450","v":0},8580,{"$f":"W450*Z450","v":0},{"$f":"X450*W450+Z450*W450","v":0},null,19650,{"$f":"AC450*AD450","v":0},8580,{"$f":"AC450*AF450","v":0},{"$f":"AD450*AC450+AF450*AC450","v":0},null,19650,{"$f":"AI450*AJ450","v":0},8580,{"$f":"AI450*AL450","v":0},{"$f":"AJ450*AI450+AL450*AI450","v":0},null,19650,{"$f":"AO450*AP450","v":0},8580,{"$f":"AO450*AR450","v":0},{"$f":"AP450*AO450+AR450*AO450","v":0},null,19650,{"$f":"AU450*AV450","v":0},8580,{"$f":"AU450*AX450","v":0},{"$f":"AV450*AU450+AX450*AU450","v":0},null,19650,{"$f":"BA450*BB450","v":0},8580,{"$f":"BA450*BD450","v":0},{"$f":"BB450*BA450+BD450*BA450","v":0},null,0,19650,{"$f":"BH450*BI450","v":0},8580,{"$f":"BH450*BK450","v":0},{"$f":"BI450*BH450+BK450*BH450","v":0},7,19650,{"$f":"BN450*BO450","v":137550},8580,{"$f":"BN450*BQ450","v":60060},{"$f":"BO450*BN450+BQ450*BN450","v":197610}]
["1.13.9.2","Техноэласт ЭПП","м2",21,1021.8,21457.8,1248,26208,47665.8,null,null,1021.8,0,1248,0,0,null,1021.8,0,1248,0,0,null,1021.8,0,1248,0,0,null,1021.8,0,1248,0,0,null,1021.8,0,1248,0,0,null,1021.8,0,1248,0,0,null,1021.8,0,1248,0,0,null,1021.8,0,1248,0,0,null,0,1021.8,0,1248,0,0,21,1021.8,21457.8,1248,26208,47665.8]
["1.13.9.3","Цементный раствор М150","м3",0.05,8646,432.3,23400,1170,1602.3,null,null,8646,0,23400,0,0,null,8646,0,23400,0,0,null,8646,0,23400,0,0,null,8646,0,23400,0,0,null,8646,0,23400,0,0,null,8646,0,23400,0,0,null,8646,0,23400,0,0,null,8646,0,23400,0,0,null,0,8646,0,23400,0,0,0.05,8646,432.3,23400,1170,1602.3]
["1.13.9.4","Обжимной хомут","шт",14,3615.6,50618.400000000001,1560,21840,72458.399999999994,null,null,3615.6,0,1560,0,0,null,3615.6,0,1560,0,0,null,3615.6,0,1560,0,0,null,3615.6,0,1560,0,0,null,3615.6,0,1560,0,0,null,3615.6,0,1560,0,0,null,3615.6,0,1560,0,0,null,3615.6,0,1560,0,0,null,0,3615.6,0,1560,0,0,14,3615.6,50618.400000000001,1560,21840,72458.399999999994]
["1.13.9.5","Юбка из металла","шт",7,5502,38514,5460,38220,76734,null,null,5502,0,5460,0,0,null,5502,0,5460,0,0,null,5502,0,5460,0,0,null,5502,0,5460,0,0,null,5502,0,5460,0,0,null,5502,0,5460,0,0,null,5502,0,5460,0,0,null,5502,0,5460,0,0,null,0,5502,0,5460,0,0,7,5502,38514,5460,38220,76734]
["1.13.9.6","Герметик","шт",2,1336.2,2672.4,1092,2184,4856.3999999999996,null,null,1336.2,0,1092,0,0,null,1336.2,0,1092,0,0,null,1336.2,0,1092,0,0,null,1336.2,0,1092,0,0,null,1336.2,0,1092,0,0,null,1336.2,0,1092,0,0,null,1336.2,0,1092,0,0,null,1336.2,0,1092,0,0,null,0,1336.2,0,1092,0,0,2,1336.2,2672.4,1092,2184,4856.3999999999996]
["1.13.10","Ремонт примыкания кровли к фонарю",null,null,null,{"$f":"SUM(F457:F459)","v":543912},null,{"$f":"SUM(H457:H459)","v":336960},{"$f":"SUM(I457:I459)","v":880872},null,null,null,{"$f":"SUM(M457:M459)","v":0},null,{"$f":"SUM(O457:O459)","v":0},{"$f":"SUM(P457:P459)","v":0},null,null,{"$f":"SUM(S457:S459)","v":0},null,{"$f":"SUM(U457:U459)","v":0},{"$f":"SUM(V457:V459)","v":0},null,null,{"$f":"SUM(Y457:Y459)","v":0},null,{"$f":"SUM(AA457:AA459)","v":0},{"$f":"SUM(AB457:AB459)","v":0},null,null,{"$f":"SUM(AE457:AE459)","v":0},null,{"$f":"SUM(AG457:AG459)","v":0},{"$f":"SUM(AH457:AH459)","v":0},null,null,{"$f":"SUM(AK457:AK459)","v":0},null,{"$f":"SUM(AM457:AM459)","v":0},{"$f":"SUM(AN457:AN459)","v":0},null,null,{"$f":"SUM(AQ457:AQ459)","v":0},null,{"$f":"SUM(AS457:AS459)","v":0},{"$f":"SUM(AT457:AT459)","v":0},null,null,{"$f":"SUM(AW457:AW459)","v":0},null,{"$f":"SUM(AY457:AY459)","v":0},{"$f":"SUM(AZ457:AZ459)","v":0},null,null,{"$f":"SUM(BC457:BC459)","v":0},null,{"$f":"SUM(BE457:BE459)","v":0},{"$f":"SUM(BF457:BF459)","v":0},null,0,null,{"$f":"SUM(BJ457:BJ459)","v":0},null,{"$f":"SUM(BL457:BL459)","v":0},{"$f":"SUM(BM457:BM459)","v":0},0,null,{"$f":"SUM(BP457:BP459)","v":543912},null,{"$f":"SUM(BR457:BR459)","v":336960},{"$f":"SUM(BS457:BS459)","v":880872}]
["1.13.10.1","Ремонт примыкания кровли к фонарю","п.м.",20,19650,{"$f":"D457*E457","v":393000},8580,{"$f":"D457*G457","v":171600},{"$f":"E457*D457+G457*D457","v":564600},null,null,19650,{"$f":"K457*L457","v":0},8580,{"$f":"K457*N457","v":0},{"$f":"L457*K457+N457*K457","v":0},null,19650,{"$f":"Q457*R457","v":0},8580,{"$f":"Q457*T457","v":0},{"$f":"R457*Q457+T457*Q457","v":0},null,19650,{"$f":"W457*X457","v":0},8580,{"$f":"W457*Z457","v":0},{"$f":"X457*W457+Z457*W457","v":0},null,19650,{"$f":"AC457*AD457","v":0},8580,{"$f":"AC457*AF457","v":0},{"$f":"AD457*AC457+AF457*AC457","v":0},null,19650,{"$f":"AI457*AJ457","v":0},8580,{"$f":"AI457*AL457","v":0},{"$f":"AJ457*AI457+AL457*AI457","v":0},null,19650,{"$f":"AO457*AP457","v":0},8580,{"$f":"AO457*AR457","v":0},{"$f":"AP457*AO457+AR457*AO457","v":0},null,19650,{"$f":"AU457*AV457","v":0},8580,{"$f":"AU457*AX457","v":0},{"$f":"AV457*AU457+AX457*AU457","v":0},null,19650,{"$f":"BA457*BB457","v":0},8580,{"$f":"BA457*BD457","v":0},{"$f":"BB457*BA457+BD457*BA457","v":0},null,0,19650,{"$f":"BH457*BI457","v":0},8580,{"$f":"BH457*BK457","v":0},{"$f":"BI457*BH457+BK457*BH457","v":0},20,19650,{"$f":"BN457*BO457","v":393000},8580,{"$f":"BN457*BQ457","v":171600},{"$f":"BO457*BN457+BQ457*BN457","v":564600}]
["1.13.10.2","Техноэласт ЭПП","м2",40,1021.8,{"$f":"D458*E458","v":40872},1248,{"$f":"D458*G458","v":49920},{"$f":"E458*D458+G458*D458","v":90792},null,null,1021.8,{"$f":"K458*L458","v":0},1248,{"$f":"K458*N458","v":0},{"$f":"L458*K458+N458*K458","v":0},null,1021.8,{"$f":"Q458*R458","v":0},1248,{"$f":"Q458*T458","v":0},{"$f":"R458*Q458+T458*Q458","v":0},null,1021.8,{"$f":"W458*X458","v":0},1248,{"$f":"W458*Z458","v":0},{"$f":"X458*W458+Z458*W458","v":0},null,1021.8,{"$f":"AC458*AD458","v":0},1248,{"$f":"AC458*AF458","v":0},{"$f":"AD458*AC458+AF458*AC458","v":0},null,1021.8,{"$f":"AI458*AJ458","v":0},1248,{"$f":"AI458*AL458","v":0},{"$f":"AJ458*AI458+AL458*AI458","v":0},null,1021.8,{"$f":"AO458*AP458","v":0},1248,{"$f":"AO458*AR458","v":0},{"$f":"AP458*AO458+AR458*AO458","v":0},null,1021.8,{"$f":"AU458*AV458","v":0},1248,{"$f":"AU458*AX458","v":0},{"$f":"AV458*AU458+AX458*AU458","v":0},null,1021.8,{"$f":"BA458*BB458","v":0},1248,{"$f":"BA458*BD458","v":0},{"$f":"BB458*BA458+BD458*BA458","v":0},null,0,1021.8,{"$f":"BH458*BI458","v":0},1248,{"$f":"BH458*BK458","v":0},{"$f":"BI458*BH458+BK458*BH458","v":0},40,1021.8,{"$f":"BN458*BO458","v":40872},1248,{"$f":"BN458*BQ458","v":49920},{"$f":"BO458*BN458+BQ458*BN458","v":90792}]
["1.13.10.3","Прижимная рейка","п.м.",200,550.20000000000005,{"$f":"D459*E459","v":110040.00000000001},577.20000000000005,{"$f":"D459*G459","v":115440.00000000001},{"$f":"E459*D459+G459*D459","v":225480.00000000003},null,null,550.20000000000005,{"$f":"K459*L459","v":0},577.20000000000005,{"$f":"K459*N459","v":0},{"$f":"L459*K459+N459*K459","v":0},null,550.20000000000005,{"$f":"Q459*R459","v":0},577.20000000000005,{"$f":"Q459*T459","v":0},{"$f":"R459*Q459+T459*Q459","v":0},null,550.20000000000005,{"$f":"W459*X459","v":0},577.20000000000005,{"$f":"W459*Z459","v":0},{"$f":"X459*W459+Z459*W459","v":0},null,550.20000000000005,{"$f":"AC459*AD459","v":0},577.20000000000005,{"$f":"AC459*AF459","v":0},{"$f":"AD459*AC459+AF459*AC459","v":0},null,550.20000000000005,{"$f":"AI459*AJ459","v":0},577.20000000000005,{"$f":"AI459*AL459","v":0},{"$f":"AJ459*AI459+AL459*AI459","v":0},null,550.20000000000005,{"$f":"AO459*AP459","v":0},577.20000000000005,{"$f":"AO459*AR459","v":0},{"$f":"AP459*AO459+AR459*AO459","v":0},null,550.20000000000005,{"$f":"AU459*AV459","v":0},577.20000000000005,{"$f":"AU459*AX459","v":0},{"$f":"AV459*AU459+AX459*AU459","v":0},null,550.20000000000005,{"$f":"BA459*BB459","v":0},577.20000000000005,{"$f":"BA459*BD459","v":0},{"$f":"BB459*BA459+BD459*BA459","v":0},null,0,550.20000000000005,{"$f":"BH459*BI459","v":0},577.20000000000005,{"$f":"BH459*BK459","v":0},{"$f":"BI459*BH459+BK459*BH459","v":0},200,550.20000000000005,{"$f":"BN459*BO459","v":110040.00000000001},577.20000000000005,{"$f":"BN459*BQ459","v":115440.00000000001},{"$f":"BO459*BN459+BQ459*BN459","v":225480.00000000003}]
["1.13.11","Ремонт кровли",null,null,null,{"$f":"F461+F462","v":30182.400000000001},null,{"$f":"H461+H462","v":44304},{"$f":"I461+I462","v":74486.399999999994},null,null,null,{"$f":"M461+M462","v":0},null,{"$f":"O461+O462","v":0},{"$f":"P461+P462","v":0},null,null,{"$f":"S461+S462","v":0},null,{"$f":"U461+U462","v":0},{"$f":"V461+V462","v":0},null,null,{"$f":"Y461+Y462","v":0},null,{"$f":"AA461+AA462","v":0},{"$f":"AB461+AB462","v":0},null,null,{"$f":"AE461+AE462","v":0},null,{"$f":"AG461+AG462","v":0},{"$f":"AH461+AH462","v":0},null,null,{"$f":"AK461+AK462","v":0},null,{"$f":"AM461+AM462","v":0},{"$f":"AN461+AN462","v":0},null,null,{"$f":"AQ461+AQ462","v":0},null,{"$f":"AS461+AS462","v":0},{"$f":"AT461+AT462","v":0},null,null,{"$f":"AW461+AW462","v":0},null,{"$f":"AY461+AY462","v":0},{"$f":"AZ461+AZ462","v":0},null,null,{"$f":"BC461+BC462","v":0},null,{"$f":"BE461+BE462","v":0},{"$f":"BF461+BF462","v":0},null,0,null,{"$f":"BJ461+BJ462","v":0},null,{"$f":"BL461+BL462","v":0},{"$f":"BM461+BM462","v":0},0,null,{"$f":"BP461+BP462","v":30182.400000000001},null,{"$f":"BR461+BR462","v":44304},{"$f":"BS461+BS462","v":74486.399999999994}]
["1.13.11.1","Ремонт кровли","м2",4,5502,{"$f":"D461*E461","v":22008},8580,{"$f":"D461*G461","v":34320},{"$f":"E461*D461+G461*D461","v":56328},null,null,5502,{"$f":"K461*L461","v":0},8580,{"$f":"K461*N461","v":0},{"$f":"L461*K461+N461*K461","v":0},null,5502,{"$f":"Q461*R461","v":0},8580,{"$f":"Q461*T461","v":0},{"$f":"R461*Q461+T461*Q461","v":0},null,5502,{"$f":"W461*X461","v":0},8580,{"$f":"W461*Z461","v":0},{"$f":"X461*W461+Z461*W461","v":0},null,5502,{"$f":"AC461*AD461","v":0},8580,{"$f":"AC461*AF461","v":0},{"$f":"AD461*AC461+AF461*AC461","v":0},null,5502,{"$f":"AI461*AJ461","v":0},8580,{"$f":"AI461*AL461","v":0},{"$f":"AJ461*AI461+AL461*AI461","v":0},null,5502,{"$f":"AO461*AP461","v":0},8580,{"$f":"AO461*AR461","v":0},{"$f":"AP461*AO461+AR461*AO461","v":0},null,5502,{"$f":"AU461*AV461","v":0},8580,{"$f":"AU461*AX461","v":0},{"$f":"AV461*AU461+AX461*AU461","v":0},null,5502,{"$f":"BA461*BB461","v":0},8580,{"$f":"BA461*BD461","v":0},{"$f":"BB461*BA461+BD461*BA461","v":0},null,0,5502,{"$f":"BH461*BI461","v":0},8580,{"$f":"BH461*BK461","v":0},{"$f":"BI461*BH461+BK461*BH461","v":0},4,5502,{"$f":"BN461*BO461","v":22008},8580,{"$f":"BN461*BQ461","v":34320},{"$f":"BO461*BN461+BQ461*BN461","v":56328}]
["1.13.11.2","Техноэласт ЭПП","м2",8,1021.8,{"$f":"D462*E462","v":8174.4},1248,{"$f":"D462*G462","v":9984},{"$f":"E462*D462+G462*D462","v":18158.400000000001},null,null,1021.8,{"$f":"K462*L462","v":0},1248,{"$f":"K462*N462","v":0},{"$f":"L462*K462+N462*K462","v":0},null,1021.8,{"$f":"Q462*R462","v":0},1248,{"$f":"Q462*T462","v":0},{"$f":"R462*Q462+T462*Q462","v":0},null,1021.8,{"$f":"W462*X462","v":0},1248,{"$f":"W462*Z462","v":0},{"$f":"X462*W462+Z462*W462","v":0},null,1021.8,{"$f":"AC462*AD462","v":0},1248,{"$f":"AC462*AF462","v":0},{"$f":"AD462*AC462+AF462*AC462","v":0},null,1021.8,{"$f":"AI462*AJ462","v":0},1248,{"$f":"AI462*AL462","v":0},{"$f":"AJ462*AI462+AL462*AI462","v":0},null,1021.8,{"$f":"AO462*AP462","v":0},1248,{"$f":"AO462*AR462","v":0},{"$f":"AP462*AO462+AR462*AO462","v":0},null,1021.8,{"$f":"AU462*AV462","v":0},1248,{"$f":"AU462*AX462","v":0},{"$f":"AV462*AU462+AX462*AU462","v":0},null,1021.8,{"$f":"BA462*BB462","v":0},1248,{"$f":"BA462*BD462","v":0},{"$f":"BB462*BA462+BD462*BA462","v":0},null,0,1021.8,{"$f":"BH462*BI462","v":0},1248,{"$f":"BH462*BK462","v":0},{"$f":"BI462*BH462+BK462*BH462","v":0},8,1021.8,{"$f":"BN462*BO462","v":8174.4},1248,{"$f":"BN462*BQ462","v":9984},{"$f":"BO462*BN462+BQ462*BN462","v":18158.400000000001}]
["1.13.12","Отделка сварочного цеха (стен, колонн, ферм, стен покрытия) ",null,null,null,{"$f":"F464+F465+F466+F467+F468","v":38139180.100000001},null,{"$f":"H464+H465+H466+H467+H468","v":3785039.3},{"$f":"I464+I465+I466+I467+I468","v":41924219.399999999},null,10506.89,null,{"$f":"M464+M465+M466+M467+M468","v":35115829.420000002},null,{"$f":"O464+O465+O466+O467+O468","v":3482948.8999999994},{"$f":"P464+P465+P466+P467+P468","v":38598778.319999993},null,null,{"$f":"S464+S465+S466+S467+S468","v":2005566},null,{"$f":"U464+U465+U466+U467+U468","v":199038},{"$f":"V464+V465+V466+V467+V468","v":2204604},null,null,{"$f":"Y464+Y465+Y466+Y467+Y468","v":1017784.6800000019},null,{"$f":"AA464+AA465+AA466+AA467+AA468","v":103052.40000000015},{"$f":"AB464+AB465+AB466+AB467+AB468","v":1120837.0800000019},null,null,{"$f":"AE464+AE465+AE466+AE467+AE468","v":0},null,{"$f":"AG464+AG465+AG466+AG467+AG468","v":0},{"$f":"AH464+AH465+AH466+AH467+AH468","v":0},null,null,{"$f":"AK464+AK465+AK466+AK467+AK468","v":0},null,{"$f":"AM464+AM465+AM466+AM467+AM468","v":0},{"$f":"AN464+AN465+AN466+AN467+AN468","v":0},null,null,{"$f":"AQ464+AQ465+AQ466+AQ467+AQ468","v":0},null,{"$f":"AS464+AS465+AS466+AS467+AS468","v":0},{"$f":"AT464+AT465+AT466+AT467+AT468","v":0},null,null,{"$f":"AW464+AW465+AW466+AW467+AW468","v":0},null,{"$f":"AY464+AY465+AY466+AY467+AY468","v":0},{"$f":"AZ464+AZ465+AZ466+AZ467+AZ468","v":0},null,null,{"$f":"BC464+BC465+BC466+BC467+BC468","v":0},null,{"$f":"BE464+BE465+BE466+BE467+BE468","v":0},{"$f":"BF464+BF465+BF466+BF467+BF468","v":0},null,10506.89,null,{"$f":"BJ464+BJ465+BJ466+BJ467+BJ468","v":38139180.100000001},null,{"$f":"BL464+BL465+BL466+BL467+BL468","v":3785039.3},{"$f":"BM464+BM465+BM466+BM467+BM468","v":41924219.399999999},null,null,{"$f":"BP464+BP465+BP466+BP467+BP468","v":0},null,{"$f":"BR464+BR465+BR466+BR467+BR468","v":0},{"$f":"BS464+BS465+BS466+BS467+BS468","v":0}]
["1.13.12.1","Зачистка поверхности","м2",11410,750,{"$f":"D464*E464","v":8557500},0,null,{"$f":"E464*D464+G464*D464","v":8557500},null,10506.89,750,{"$f":"K464*L464","v":7880167.5},0,null,{"$f":"L464*K464+N464*K464","v":7880167.5},600,750,{"$f":"Q464*R464","v":450000},0,null,{"$f":"R464*Q464+T464*Q464","v":450000},{"$f":"D464-K464-Q464","v":303.11000000000058},750,{"$f":"W464*X464","v":227332.50000000044},0,null,{"$f":"X464*W464+Z464*W464","v":227332.50000000044},null,750,{"$f":"AC464*AD464","v":0},0,null,{"$f":"AD464*AC464+AF464*AC464","v":0},null,750,{"$f":"AI464*AJ464","v":0},0,null,{"$f":"AJ464*AI464+AL464*AI464","v":0},null,750,{"$f":"AO464*AP464","v":0},0,null,{"$f":"AP464*AO464+AR464*AO464","v":0},null,750,{"$f":"AU464*AV464","v":0},0,null,{"$f":"AV464*AU464+AX464*AU464","v":0},null,750,{"$f":"BA464*BB464","v":0},0,null,{"$f":"BB464*BA464+BD464*BA464","v":0},null,11410,750,{"$f":"BH464*BI464","v":8557500},0,null,{"$f":"BI464*BH464+BK464*BH464","v":8557500},0,750,{"$f":"BN464*BO464","v":0},0,null,{"$f":"BO464*BN464+BQ464*BN464","v":0}]
["1.13.12.2","Грунтовка","м2",11410,89,{"$f":"D465*E465","v":1015490},46,{"$f":"D465*G465","v":524860},1540350,null,10506.89,89,{"$f":"K465*L465","v":935113.21},46,{"$f":"K465*N465","v":483316.93999999994},1418430.15,600,89,{"$f":"Q465*R465","v":53400},46,{"$f":"Q465*T465","v":27600},81000,{"$f":"D465-K465-Q465","v":303.11000000000058},89,{"$f":"W465*X465","v":26976.790000000052},46,{"$f":"W465*Z465","v":13943.060000000027},40919.850000000079,null,89,{"$f":"AC465*AD465","v":0},46,{"$f":"AC465*AF465","v":0},0,null,89,{"$f":"AI465*AJ465","v":0},46,{"$f":"AI465*AL465","v":0},0,null,89,{"$f":"AO465*AP465","v":0},46,{"$f":"AO465*AR465","v":0},0,null,89,{"$f":"AU465*AV465","v":0},46,{"$f":"AU465*AX465","v":0},0,null,89,{"$f":"BA465*BB465","v":0},46,{"$f":"BA465*BD465","v":0},0,null,11410,89,{"$f":"BH465*BI465","v":1015490},46,{"$f":"BH465*BK465","v":524860},1540350,0,89,{"$f":"BN465*BO465","v":0},46,{"$f":"BN465*BQ465","v":0},0]
["1.13.12.3","штукатурка  цементная","м2",11410,1675,{"$f":"D466*E466","v":19111750},0,null,19111750,null,10506.89,1675,{"$f":"K466*L466","v":17599040.75},0,null,17599040.75,600,1675,{"$f":"Q466*R466","v":1005000},0,null,1005000,303.11000000000058,1675,{"$f":"W466*X466","v":507709.25000000099},0,null,507709.25000000099,null,1675,{"$f":"AC466*AD466","v":0},0,null,0,null,1675,{"$f":"AI466*AJ466","v":0},0,null,0,null,1675,{"$f":"AO466*AP466","v":0},0,null,0,null,1675,{"$f":"AU466*AV466","v":0},0,null,0,null,1675,{"$f":"BA466*BB466","v":0},0,null,0,null,11410,1675,{"$f":"BH466*BI466","v":19111750},0,null,19111750,0,1675,{"$f":"BN466*BO466","v":0},0,null,0]
["1.13.12.4","грунтовка ","м2",11410,102.61,{"$f":"D467*E467","v":1170780.1000000001},55.73,{"$f":"D467*G467","v":635879.29999999993},1806659.4,null,10462,102.61,{"$f":"K467*L467","v":1073505.82},55.73,{"$f":"K467*N467","v":583047.26},1656553.08,600,102.61,{"$f":"Q467*R467","v":61566},55.73,{"$f":"Q467*T467","v":33438},95004,348,102.61,{"$f":"W467*X467","v":35708.28},55.73,{"$f":"W467*Z467","v":19394.039999999997},55102.319999999992,null,102.61,{"$f":"AC467*AD467","v":0},55.73,{"$f":"AC467*AF467","v":0},0,null,102.61,{"$f":"AI467*AJ467","v":0},55.73,{"$f":"AI467*AL467","v":0},0,null,102.61,{"$f":"AO467*AP467","v":0},55.73,{"$f":"AO467*AR467","v":0},0,null,102.61,{"$f":"AU467*AV467","v":0},55.73,{"$f":"AU467*AX467","v":0},0,null,102.61,{"$f":"BA467*BB467","v":0},55.73,{"$f":"BA467*BD467","v":0},0,null,11410,102.61,{"$f":"BH467*BI467","v":1170780.1000000001},55.73,{"$f":"BH467*BK467","v":635879.29999999993},1806659.4,0,102.61,{"$f":"BN467*BO467","v":0},55.73,{"$f":"BN467*BQ467","v":0},0]
["1.13.12.5","акриловая краска в 2 слоя","м2",11410,726,{"$f":"D468*E468","v":8283660},230,{"$f":"D468*G468","v":2624300},10907960,null,10506.89,726,{"$f":"K468*L468","v":7628002.1399999997},230,{"$f":"K468*N468","v":2416584.6999999997},10044586.84,600,726,{"$f":"Q468*R468","v":435600},230,{"$f":"Q468*T468","v":138000},573600,303.11000000000058,726,{"$f":"W468*X468","v":220057.86000000042},230,{"$f":"W468*Z468","v":69715.300000000134},289773.16000000056,null,726,{"$f":"AC468*AD468","v":0},230,{"$f":"AC468*AF468","v":0},0,null,726,{"$f":"AI468*AJ468","v":0},230,{"$f":"AI468*AL468","v":0},0,null,726,{"$f":"AO468*AP468","v":0},230,{"$f":"AO468*AR468","v":0},0,null,726,{"$f":"AU468*AV468","v":0},230,{"$f":"AU468*AX468","v":0},0,null,726,{"$f":"BA468*BB468","v":0},230,{"$f":"BA468*BD468","v":0},0,null,11410,726,{"$f":"BH468*BI468","v":8283660},230,{"$f":"BH468*BK468","v":2624300},10907960,0,726,{"$f":"BN468*BO468","v":0},230,{"$f":"BN468*BQ468","v":0},0]
["1.13.13","Демонтаж модульных зданий и монтаж в новом проектном положении",null,null,null,{"$f":"SUM(F470:F475)","v":622926.5},null,{"$f":"SUM(H470:H475)","v":707546.45},{"$f":"SUM(I470:I475)","v":1330472.95},null,null,null,{"$f":"SUM(M470:M475)","v":0},null,{"$f":"SUM(O470:O475)","v":0},{"$f":"SUM(P470:P475)","v":0},null,null,{"$f":"SUM(S470:S475)","v":0},null,{"$f":"SUM(U470:U475)","v":0},{"$f":"SUM(V470:V475)","v":0},null,null,{"$f":"SUM(Y470:Y475)","v":0},null,{"$f":"SUM(AA470:AA475)","v":0},{"$f":"SUM(AB470:AB475)","v":0},null,null,{"$f":"SUM(AE470:AE475)","v":0},null,{"$f":"SUM(AG470:AG475)","v":0},{"$f":"SUM(AH470:AH475)","v":0},null,null,{"$f":"SUM(AK470:AK475)","v":0},null,{"$f":"SUM(AM470:AM475)","v":0},{"$f":"SUM(AN470:AN475)","v":0},null,null,{"$f":"SUM(AQ470:AQ475)","v":0},null,{"$f":"SUM(AS470:AS475)","v":0},{"$f":"SUM(AT470:AT475)","v":0},null,null,{"$f":"SUM(AW470:AW475)","v":0},null,{"$f":"SUM(AY470:AY475)","v":0},{"$f":"SUM(AZ470:AZ475)","v":0},null,null,{"$f":"SUM(BC470:BC475)","v":0},null,{"$f":"SUM(BE470:BE475)","v":0},{"$f":"SUM(BF470:BF475)","v":0},null,0,null,{"$f":"SUM(BJ470:BJ475)","v":0},null,{"$f":"SUM(BL470:BL475)","v":0},{"$f":"SUM(BM470:BM475)","v":0},0,null,{"$f":"SUM(BP470:BP475)","v":622926.5},null,{"$f":"SUM(BR470:BR475)","v":707546.45},{"$f":"SUM(BS470:BS475)","v":1330472.95}]
["1.13.13.1","Демонтаж модульного здания из 2 блок контейнеров","шт",1,58950,{"$f":"D470*E470","v":58950},0,null,{"$f":"E470*D470+G470*D470","v":58950},null,null,58950,{"$f":"K470*L470","v":0},0,null,{"$f":"L470*K470+N470*K470","v":0},null,58950,{"$f":"Q470*R470","v":0},0,null,{"$f":"R470*Q470+T470*Q470","v":0},null,58950,{"$f":"W470*X470","v":0},0,null,{"$f":"X470*W470+Z470*W470","v":0},null,58950,{"$f":"AC470*AD470","v":0},0,null,{"$f":"AD470*AC470+AF470*AC470","v":0},null,58950,{"$f":"AI470*AJ470","v":0},0,null,{"$f":"AJ470*AI470+AL470*AI470","v":0},null,58950,{"$f":"AO470*AP470","v":0},0,null,{"$f":"AP470*AO470+AR470*AO470","v":0},null,58950,{"$f":"AU470*AV470","v":0},0,null,{"$f":"AV470*AU470+AX470*AU470","v":0},null,58950,{"$f":"BA470*BB470","v":0},0,null,{"$f":"BB470*BA470+BD470*BA470","v":0},null,0,58950,{"$f":"BH470*BI470","v":0},0,null,{"$f":"BI470*BH470+BK470*BH470","v":0},1,58950,{"$f":"BN470*BO470","v":58950},0,null,{"$f":"BO470*BN470+BQ470*BN470","v":58950}]
["1.13.13.2","Устройство металлического каркаса под кабины мастеров","т.",2.2999999999999998,118555,272676.5,210411.5,{"$f":"D471*G471","v":483946.44999999995},756622.95,null,null,118555,0,210411.5,{"$f":"K471*N471","v":0},0,null,118555,0,210411.5,{"$f":"Q471*T471","v":0},0,null,118555,0,210411.5,{"$f":"W471*Z471","v":0},0,null,118555,0,210411.5,{"$f":"AC471*AF471","v":0},0,null,118555,0,210411.5,{"$f":"AI471*AL471","v":0},0,null,118555,0,210411.5,{"$f":"AO471*AR471","v":0},0,null,118555,0,210411.5,{"$f":"AU471*AX471","v":0},0,null,118555,0,210411.5,{"$f":"BA471*BD471","v":0},0,null,0,118555,0,210411.5,{"$f":"BH471*BK471","v":0},0,2.2999999999999998,118555,272676.5,210411.5,{"$f":"BN471*BQ471","v":483946.44999999995},756622.95]
["1.13.13.3","Монтаж модульного здания","шт.",2,58950,117900,0,null,117900,null,null,58950,0,0,null,0,null,58950,0,0,null,0,null,58950,0,0,null,0,null,58950,0,0,null,0,null,58950,0,0,null,0,null,58950,0,0,null,0,null,58950,0,0,null,0,null,58950,0,0,null,0,null,0,58950,0,0,null,0,2,58950,117900,0,null,117900]
["1.13.13.4","Устройство металлического ограждения","шт.",1,52400,52400,32500,{"$f":"D473*G473","v":32500},84900,null,null,52400,0,32500,{"$f":"K473*N473","v":0},0,null,52400,0,32500,{"$f":"Q473*T473","v":0},0,null,52400,0,32500,{"$f":"W473*Z473","v":0},0,null,52400,0,32500,{"$f":"AC473*AF473","v":0},0,null,52400,0,32500,{"$f":"AI473*AL473","v":0},0,null,52400,0,32500,{"$f":"AO473*AR473","v":0},0,null,52400,0,32500,{"$f":"AU473*AX473","v":0},0,null,52400,0,32500,{"$f":"BA473*BD473","v":0},0,null,0,52400,0,32500,{"$f":"BH473*BK473","v":0},0,1,52400,52400,32500,{"$f":"BN473*BQ473","v":32500},84900]
["1.13.13.5","Переустройство металлической лестницы с монтажом","шт.",1,62050,62050,0,null,62050,null,null,62050,0,0,null,0,null,62050,0,0,null,0,null,62050,0,0,null,0,null,62050,0,0,null,0,null,62050,0,0,null,0,null,62050,0,0,null,0,null,62050,0,0,null,0,null,62050,0,0,null,0,null,0,62050,0,0,null,0,1,62050,62050,0,null,62050]
["1.13.13.6","Монтаж металлической лестницы","шт.",1,58950,58950,191100,{"$f":"D475*G475","v":191100},250050,null,null,58950,0,191100,{"$f":"K475*N475","v":0},0,null,58950,0,191100,{"$f":"Q475*T475","v":0},0,null,58950,0,191100,{"$f":"W475*Z475","v":0},0,null,58950,0,191100,{"$f":"AC475*AF475","v":0},0,null,58950,0,191100,{"$f":"AI475*AL475","v":0},0,null,58950,0,191100,{"$f":"AO475*AR475","v":0},0,null,58950,0,191100,{"$f":"AU475*AX475","v":0},0,null,58950,0,191100,{"$f":"BA475*BD475","v":0},0,null,0,58950,0,191100,{"$f":"BH475*BK475","v":0},0,1,58950,58950,191100,{"$f":"BN475*BQ475","v":191100},250050]
["1.13.14","Демонтажные работы фасада, ворот",null,null,null,{"$f":"SUM(F477:F484)","v":2146096.6072},null,null,{"$f":"SUM(I477:I484)","v":2146096.6072},null,null,null,{"$f":"SUM(M477:M484)","v":0},null,null,{"$f":"SUM(P477:P484)","v":0},null,null,{"$f":"SUM(S477:S484)","v":0},null,null,{"$f":"SUM(V477:V484)","v":0},null,null,{"$f":"SUM(Y477:Y484)","v":0},null,null,{"$f":"SUM(AB477:AB484)","v":0},null,null,{"$f":"SUM(AE477:AE484)","v":0},null,null,{"$f":"SUM(AH477:AH484)","v":0},null,null,{"$f":"SUM(AK477:AK484)","v":0},null,null,{"$f":"SUM(AN477:AN484)","v":0},null,null,{"$f":"SUM(AQ477:AQ484)","v":0},null,null,{"$f":"SUM(AT477:AT484)","v":0},null,null,{"$f":"SUM(AW477:AW484)","v":0},null,null,{"$f":"SUM(AZ477:AZ484)","v":0},null,null,{"$f":"SUM(BC477:BC484)","v":0},null,null,{"$f":"SUM(BF477:BF484)","v":0},null,0,null,{"$f":"SUM(BJ477:BJ484)","v":0},null,null,{"$f":"SUM(BM477:BM484)","v":0},0,null,{"$f":"SUM(BP477:BP484)","v":2146096.6072},null,null,{"$f":"SUM(BS477:BS484)","v":2146096.6072}]
["1.13.14.1","Демонтаж профилированного покрытия фасада стен по мет. обрешетке","м2",175,1944.56,{"$f":"D477*E477","v":340298},null,null,{"$f":"E477*D477+G477*D477","v":340298},null,null,1944.56,{"$f":"K477*L477","v":0},null,null,{"$f":"L477*K477+N477*K477","v":0},null,1944.56,{"$f":"Q477*R477","v":0},null,null,{"$f":"R477*Q477+T477*Q477","v":0},null,1944.56,{"$f":"W477*X477","v":0},null,null,{"$f":"X477*W477+Z477*W477","v":0},null,1944.56,{"$f":"AC477*AD477","v":0},null,null,{"$f":"AD477*AC477+AF477*AC477","v":0},null,1944.56,{"$f":"AI477*AJ477","v":0},null,null,{"$f":"AJ477*AI477+AL477*AI477","v":0},null,1944.56,{"$f":"AO477*AP477","v":0},null,null,{"$f":"AP477*AO477+AR477*AO477","v":0},null,1944.56,{"$f":"AU477*AV477","v":0},null,null,{"$f":"AV477*AU477+AX477*AU477","v":0},null,1944.56,{"$f":"BA477*BB477","v":0},null,null,{"$f":"BB477*BA477+BD477*BA477","v":0},null,0,1944.56,{"$f":"BH477*BI477","v":0},null,null,{"$f":"BI477*BH477+BK477*BH477","v":0},175,1944.56,{"$f":"BN477*BO477","v":340298},null,null,{"$f":"BO477*BN477+BQ477*BN477","v":340298}]
["1.13.14.2","Демонтаж существующих металлических ворот (3шт.)","т",7.2,79410.95,571758.84,null,null,571758.84,null,null,79410.95,0,null,null,0,null,79410.95,0,null,null,0,null,79410.95,0,null,null,0,null,79410.95,0,null,null,0,null,79410.95,0,null,null,0,null,79410.95,0,null,null,0,null,79410.95,0,null,null,0,null,79410.95,0,null,null,0,null,0,79410.95,0,null,null,0,7.2,79410.95,571758.84,null,null,571758.84]
["1.13.14.3","Резка алмазными дисками стены из кирпича и блоков толщ 380мм","м",210,2661.4,558894,null,null,558894,null,null,2661.4,0,null,null,0,null,2661.4,0,null,null,0,null,2661.4,0,null,null,0,null,2661.4,0,null,null,0,null,2661.4,0,null,null,0,null,2661.4,0,null,null,0,null,2661.4,0,null,null,0,null,2661.4,0,null,null,0,null,0,2661.4,0,null,null,0,210,2661.4,558894,null,null,558894]
["1.13.14.4","Пробивка проемов в кирпичных стенах толщ 380мм ","м3",66.5,6385.96,424666.34,null,null,424666.34,null,null,6385.96,0,null,null,0,null,6385.96,0,null,null,0,null,6385.96,0,null,null,0,null,6385.96,0,null,null,0,null,6385.96,0,null,null,0,null,6385.96,0,null,null,0,null,6385.96,0,null,null,0,null,6385.96,0,null,null,0,null,0,6385.96,0,null,null,0,66.5,6385.96,424666.34,null,null,424666.34]
["1.13.14.5","Демонтаж ж/б перемычек (4шт)","м3",4.5599999999999996,7179.92,32740.435199999996,null,null,32740.435199999996,null,null,7179.92,0,null,null,0,null,7179.92,0,null,null,0,null,7179.92,0,null,null,0,null,7179.92,0,null,null,0,null,7179.92,0,null,null,0,null,7179.92,0,null,null,0,null,7179.92,0,null,null,0,null,7179.92,0,null,null,0,null,0,7179.92,0,null,null,0,4.5599999999999996,7179.92,32740.435199999996,null,null,32740.435199999996]
["1.13.14.6","Демонтаж остекления (мет ок. блоки 6х1.8м - 7 шт)","м2",75.599999999999994,1444.56,109208.73599999999,null,null,109208.73599999999,null,null,1444.56,0,null,null,0,null,1444.56,0,null,null,0,null,1444.56,0,null,null,0,null,1444.56,0,null,null,0,null,1444.56,0,null,null,0,null,1444.56,0,null,null,0,null,1444.56,0,null,null,0,null,1444.56,0,null,null,0,null,{"$f":"K482+Q482+W482+AC482+AI482+AO482+AU482+BA482","v":0},1444.56,0,null,null,0,{"$f":"D482-BH482","v":75.599999999999994},1444.56,109208.73599999999,null,null,109208.73599999999]
["1.13.14.7","Очистка от строительного мусора, боя кирпича, бетона и погрузка вручную при автомобильных перевозках","т",25.8,3325.32,85793.256000000008,null,null,85793.256000000008,null,null,3325.32,0,null,null,0,null,3325.32,0,null,null,0,null,3325.32,0,null,null,0,null,3325.32,0,null,null,0,null,3325.32,0,null,null,0,null,3325.32,0,null,null,0,null,3325.32,0,null,null,0,null,3325.32,0,null,null,0,null,0,3325.32,0,null,null,0,25.8,3325.32,85793.256000000008,null,null,85793.256000000008]
["1.13.14.8","Вывоз и утилизация с К разрыхления 1,47","м3",14.3,1590,22737,null,null,22737,null,null,1590,0,null,null,0,null,1590,0,null,null,0,null,1590,0,null,null,0,null,1590,0,null,null,0,null,1590,0,null,null,0,null,1590,0,null,null,0,null,1590,0,null,null,0,null,1590,0,null,null,0,null,0,1590,0,null,null,0,14.3,1590,22737,null,null,22737]
["1.13.15","Установка автомата газирования воды с подключениям к сетям","шт",2,71500,143000,273585,{"$f":"D485*G485","v":547170},690170,null,null,71500,0,273585,{"$f":"K485*N485","v":0},0,null,71500,0,273585,{"$f":"Q485*T485","v":0},0,null,71500,0,273585,{"$f":"W485*Z485","v":0},0,null,71500,0,273585,{"$f":"AC485*AF485","v":0},0,null,71500,0,273585,{"$f":"AI485*AL485","v":0},0,null,71500,0,273585,{"$f":"AO485*AR485","v":0},0,null,71500,0,273585,{"$f":"AU485*AX485","v":0},0,null,71500,0,273585,{"$f":"BA485*BD485","v":0},0,null,0,71500,0,273585,{"$f":"BH485*BK485","v":0},0,2,71500,143000,273585,{"$f":"BN485*BQ485","v":547170},690170]
["1.13.16","Устройство швов сжатия и расширения","м",368,1821.19,670197.92000000004,79.5,{"$f":"D486*G486","v":29256},699453.92,null,null,1821.19,0,79.5,{"$f":"K486*N486","v":0},0,null,1821.19,0,79.5,{"$f":"Q486*T486","v":0},0,null,1821.19,0,79.5,{"$f":"W486*Z486","v":0},0,null,1821.19,0,79.5,{"$f":"AC486*AF486","v":0},0,null,1821.19,0,79.5,{"$f":"AI486*AL486","v":0},0,null,1821.19,0,79.5,{"$f":"AO486*AR486","v":0},0,null,1821.19,0,79.5,{"$f":"AU486*AX486","v":0},0,null,1821.19,0,79.5,{"$f":"BA486*BD486","v":0},0,null,0,1821.19,0,79.5,{"$f":"BH486*BK486","v":0},0,368,1821.19,670197.92000000004,79.5,{"$f":"BN486*BQ486","v":29256},699453.92]
["1.13.17","Устройство швов сопряжения покрытий","м",558.79999999999995,1649.42,921695.89599999995,null,null,921695.89599999995,null,null,1649.42,0,null,null,0,null,1649.42,0,null,null,0,null,1649.42,0,null,null,0,null,1649.42,0,null,null,0,null,1649.42,0,null,null,0,null,1649.42,0,null,null,0,null,1649.42,0,null,null,0,null,1649.42,0,null,null,0,null,0,1649.42,0,null,null,0,558.79999999999995,1649.42,921695.89599999995,null,null,921695.89599999995]
["1.13.18","Окраска колонн сборочного и сварочного пролетов, окраска кран-балок",null,null,null,null,null,null,null,null,null,null,null,null,null,null,null,null,null,null,null,null,null,null,null,null,null,null,null,null,null,null,null,null,null,null,null,null,null,null,null,null,null,null,null,null,null,null,null,null,null,null,null,null,null,null,null,null,null,0,null,null,null,null,null,0]
["1.13.19","Окраска колонн",null,null,null,{"$f":"SUM(F490:F493)","v":2784517.8},null,{"$f":"SUM(H490:H493)","v":2156704},{"$f":"SUM(I490:I493)","v":4941221.8},null,null,null,{"$f":"SUM(M490:M493)","v":0},null,{"$f":"SUM(O490:O493)","v":0},{"$f":"SUM(P490:P493)","v":0},null,null,{"$f":"SUM(S490:S493)","v":0},null,{"$f":"SUM(U490:U493)","v":0},{"$f":"SUM(V490:V493)","v":0},null,null,{"$f":"SUM(Y490:Y493)","v":617500.5},null,{"$f":"SUM(AA490:AA493)","v":456052},{"$f":"SUM(AB490:AB493)","v":1073552.5},null,null,{"$f":"SUM(AE490:AE493)","v":0},null,{"$f":"SUM(AG490:AG493)","v":0},{"$f":"SUM(AH490:AH493)","v":0},null,null,{"$f":"SUM(AK490:AK493)","v":0},null,{"$f":"SUM(AM490:AM493)","v":0},{"$f":"SUM(AN490:AN493)","v":0},null,null,{"$f":"SUM(AQ490:AQ493)","v":0},null,{"$f":"SUM(AS490:AS493)","v":0},{"$f":"SUM(AT490:AT493)","v":0},null,null,{"$f":"SUM(AW490:AW493)","v":0},null,{"$f":"SUM(AY490:AY493)","v":0},{"$f":"SUM(AZ490:AZ493)","v":0},null,null,{"$f":"SUM(BC490:BC493)","v":0},null,{"$f":"SUM(BE490:BE493)","v":0},{"$f":"SUM(BF490:BF493)","v":0},null,0,null,{"$f":"SUM(BJ490:BJ493)","v":617500.5},null,{"$f":"SUM(BL490:BL493)","v":456052},{"$f":"SUM(BM490:BM493)","v":1073552.5},0,null,{"$f":"SUM(BP490:BP493)","v":2167017.2999999998},null,{"$f":"SUM(BR490:BR493)","v":1700652},{"$f":"SUM(BS490:BS493)","v":3867669.3}]
["1.13.19.1","Обеспыливание поверхности","м2",2120,96,{"$f":"D490*E490","v":203520},null,null,{"$f":"E490*D490+D490*G490","v":203520},null,null,96,{"$f":"K490*L490","v":0},null,null,{"$f":"L490*K490+K490*N490","v":0},null,96,{"$f":"Q490*R490","v":0},null,null,{"$f":"R490*Q490+Q490*T490","v":0},null,96,{"$f":"W490*X490","v":0},null,null,{"$f":"X490*W490+W490*Z490","v":0},null,96,{"$f":"AC490*AD490","v":0},null,null,{"$f":"AD490*AC490+AC490*AF490","v":0},null,96,{"$f":"AI490*AJ490","v":0},null,null,{"$f":"AJ490*AI490+AI490*AL490","v":0},null,96,{"$f":"AO490*AP490","v":0},null,null,{"$f":"AP490*AO490+AO490*AR490","v":0},null,96,{"$f":"AU490*AV490","v":0},null,null,{"$f":"AV490*AU490+AU490*AX490","v":0},null,96,{"$f":"BA490*BB490","v":0},null,null,{"$f":"BB490*BA490+BA490*BD490","v":0},null,0,96,{"$f":"BH490*BI490","v":0},null,null,{"$f":"BI490*BH490+BH490*BK490","v":0},2120,96,{"$f":"BN490*BO490","v":203520},null,null,{"$f":"BO490*BN490+BN490*BQ490","v":203520}]
["1.13.19.2","Грунтовка  ","м2",2120,130.56,{"$f":"D491*E491","v":276787.20000000001},60,{"$f":"D491*G491","v":127200},{"$f":"E491*D491+D491*G491","v":403987.20000000001},null,null,130.56,{"$f":"K491*L491","v":0},60,{"$f":"K491*N491","v":0},{"$f":"L491*K491+K491*N491","v":0},null,130.56,{"$f":"Q491*R491","v":0},60,{"$f":"Q491*T491","v":0},{"$f":"R491*Q491+Q491*T491","v":0},425,130.56,{"$f":"W491*X491","v":55488},60,{"$f":"W491*Z491","v":25500},{"$f":"X491*W491+W491*Z491","v":80988},null,130.56,{"$f":"AC491*AD491","v":0},60,{"$f":"AC491*AF491","v":0},{"$f":"AD491*AC491+AC491*AF491","v":0},null,130.56,{"$f":"AI491*AJ491","v":0},60,{"$f":"AI491*AL491","v":0},{"$f":"AJ491*AI491+AI491*AL491","v":0},null,130.56,{"$f":"AO491*AP491","v":0},60,{"$f":"AO491*AR491","v":0},{"$f":"AP491*AO491+AO491*AR491","v":0},null,130.56,{"$f":"AU491*AV491","v":0},60,{"$f":"AU491*AX491","v":0},{"$f":"AV491*AU491+AU491*AX491","v":0},null,130.56,{"$f":"BA491*BB491","v":0},60,{"$f":"BA491*BD491","v":0},{"$f":"BB491*BA491+BA491*BD491","v":0},null,425,130.56,{"$f":"BH491*BI491","v":55488},60,{"$f":"BH491*BK491","v":25500},{"$f":"BI491*BH491+BH491*BK491","v":80988},1695,130.56,{"$f":"BN491*BO491","v":221299.20000000001},60,{"$f":"BN491*BQ491","v":101700},{"$f":"BO491*BN491+BN491*BQ491","v":322999.2}]
["1.13.19.3","Акриловая краска в 2 слоя цвет оранжевый","м2",2120,929.28,{"$f":"D492*E492","v":1970073.5999999999},920,{"$f":"D492*G492","v":1950400},{"$f":"E492*D492+D492*G492","v":3920473.5999999996},null,null,929.28,{"$f":"K492*L492","v":0},920,{"$f":"K492*N492","v":0},{"$f":"L492*K492+K492*N492","v":0},null,929.28,{"$f":"Q492*R492","v":0},920,{"$f":"Q492*T492","v":0},{"$f":"R492*Q492+Q492*T492","v":0},425,929.28,{"$f":"W492*X492","v":394944},920,{"$f":"W492*Z492","v":391000},{"$f":"X492*W492+W492*Z492","v":785944},null,929.28,{"$f":"AC492*AD492","v":0},920,{"$f":"AC492*AF492","v":0},{"$f":"AD492*AC492+AC492*AF492","v":0},null,929.28,{"$f":"AI492*AJ492","v":0},920,{"$f":"AI492*AL492","v":0},{"$f":"AJ492*AI492+AI492*AL492","v":0},null,929.28,{"$f":"AO492*AP492","v":0},920,{"$f":"AO492*AR492","v":0},{"$f":"AP492*AO492+AO492*AR492","v":0},null,929.28,{"$f":"AU492*AV492","v":0},920,{"$f":"AU492*AX492","v":0},{"$f":"AV492*AU492+AU492*AX492","v":0},null,929.28,{"$f":"BA492*BB492","v":0},920,{"$f":"BA492*BD492","v":0},{"$f":"BB492*BA492+BA492*BD492","v":0},null,425,929.28,{"$f":"BH492*BI492","v":394944},920,{"$f":"BH492*BK492","v":391000},{"$f":"BI492*BH492+BH492*BK492","v":785944},1695,929.28,{"$f":"BN492*BO492","v":1575129.5999999999},920,{"$f":"BN492*BQ492","v":1559400},{"$f":"BO492*BN492+BN492*BQ492","v":3134529.5999999996}]
["1.13.19.4","Укрывные работы","комп",1,334137,{"$f":"D493*E493","v":334137},79104,{"$f":"D493*G493","v":79104},{"$f":"E493*D493+D493*G493","v":413241},null,null,334137,{"$f":"K493*L493","v":0},79104,{"$f":"K493*N493","v":0},{"$f":"L493*K493+K493*N493","v":0},null,334137,{"$f":"Q493*R493","v":0},79104,{"$f":"Q493*T493","v":0},{"$f":"R493*Q493+Q493*T493","v":0},0.5,334137,{"$f":"W493*X493","v":167068.5},79104,{"$f":"W493*Z493","v":39552},{"$f":"X493*W493+W493*Z493","v":206620.5},null,334137,{"$f":"AC493*AD493","v":0},79104,{"$f":"AC493*AF493","v":0},{"$f":"AD493*AC493+AC493*AF493","v":0},null,334137,{"$f":"AI493*AJ493","v":0},79104,{"$f":"AI493*AL493","v":0},{"$f":"AJ493*AI493+AI493*AL493","v":0},null,334137,{"$f":"AO493*AP493","v":0},79104,{"$f":"AO493*AR493","v":0},{"$f":"AP493*AO493+AO493*AR493","v":0},null,334137,{"$f":"AU493*AV493","v":0},79104,{"$f":"AU493*AX493","v":0},{"$f":"AV493*AU493+AU493*AX493","v":0},null,334137,{"$f":"BA493*BB493","v":0},79104,{"$f":"BA493*BD493","v":0},{"$f":"BB493*BA493+BA493*BD493","v":0},null,0.5,334137,{"$f":"BH493*BI493","v":167068.5},79104,{"$f":"BH493*BK493","v":39552},{"$f":"BI493*BH493+BH493*BK493","v":206620.5},0.5,334137,{"$f":"BN493*BO493","v":167068.5},79104,{"$f":"BN493*BQ493","v":39552},{"$f":"BO493*BN493+BN493*BQ493","v":206620.5}]
["1.13.20","Окраска кран-балок",null,null,null,{"$f":"SUM(F495:F496)","v":394092},null,{"$f":"SUM(H495:H496)","v":364900},{"$f":"SUM(I495:I496)","v":758992},null,null,null,{"$f":"SUM(M495:M496)","v":0},null,{"$f":"SUM(O495:O496)","v":0},{"$f":"SUM(P495:P496)","v":0},null,null,{"$f":"SUM(S495:S496)","v":0},null,{"$f":"SUM(U495:U496)","v":0},{"$f":"SUM(V495:V496)","v":0},null,null,{"$f":"SUM(Y495:Y496)","v":394092},null,{"$f":"SUM(AA495:AA496)","v":364900},{"$f":"SUM(AB495:AB496)","v":758992},null,null,{"$f":"SUM(AE495:AE496)","v":0},null,{"$f":"SUM(AG495:AG496)","v":0},{"$f":"SUM(AH495:AH496)","v":0},null,null,{"$f":"SUM(AK495:AK496)","v":0},null,{"$f":"SUM(AM495:AM496)","v":0},{"$f":"SUM(AN495:AN496)","v":0},null,null,{"$f":"SUM(AQ495:AQ496)","v":0},null,{"$f":"SUM(AS495:AS496)","v":0},{"$f":"SUM(AT495:AT496)","v":0},null,null,{"$f":"SUM(AW495:AW496)","v":0},null,{"$f":"SUM(AY495:AY496)","v":0},{"$f":"SUM(AZ495:AZ496)","v":0},null,null,{"$f":"SUM(BC495:BC496)","v":0},null,{"$f":"SUM(BE495:BE496)","v":0},{"$f":"SUM(BF495:BF496)","v":0},null,0,null,{"$f":"SUM(BJ495:BJ496)","v":394092},null,{"$f":"SUM(BL495:BL496)","v":364900},{"$f":"SUM(BM495:BM496)","v":758992},0,null,{"$f":"SUM(BP495:BP496)","v":0},null,{"$f":"SUM(BR495:BR496)","v":0},{"$f":"SUM(BS495:BS496)","v":0}]
["1.13.20.1","Обеспыливание поверхности","м2",410,90,{"$f":"D495*E495","v":36900},null,null,{"$f":"E495*D495+D495*G495","v":36900},null,null,90,{"$f":"K495*L495","v":0},null,null,{"$f":"L495*K495+K495*N495","v":0},null,90,{"$f":"Q495*R495","v":0},null,null,{"$f":"R495*Q495+Q495*T495","v":0},410,90,{"$f":"W495*X495","v":36900},null,null,{"$f":"X495*W495+W495*Z495","v":36900},null,90,{"$f":"AC495*AD495","v":0},null,null,{"$f":"AD495*AC495+AC495*AF495","v":0},null,90,{"$f":"AI495*AJ495","v":0},null,null,{"$f":"AJ495*AI495+AI495*AL495","v":0},null,90,{"$f":"AO495*AP495","v":0},null,null,{"$f":"AP495*AO495+AO495*AR495","v":0},null,90,{"$f":"AU495*AV495","v":0},null,null,{"$f":"AV495*AU495+AU495*AX495","v":0},null,90,{"$f":"BA495*BB495","v":0},null,null,{"$f":"BB495*BA495+BA495*BD495","v":0},null,410,90,{"$f":"BH495*BI495","v":36900},null,null,{"$f":"BI495*BH495+BH495*BK495","v":36900},0,90,{"$f":"BN495*BO495","v":0},null,null,{"$f":"BO495*BN495+BN495*BQ495","v":0}]
["1.13.20.2","Окрашивание эмалью в 2 слоя цвет оранжевый","м2",410,871.2,{"$f":"D496*E496","v":357192},890,{"$f":"D496*G496","v":364900},{"$f":"E496*D496+D496*G496","v":722092},null,null,871.2,{"$f":"K496*L496","v":0},890,{"$f":"K496*N496","v":0},{"$f":"L496*K496+K496*N496","v":0},null,871.2,{"$f":"Q496*R496","v":0},890,{"$f":"Q496*T496","v":0},{"$f":"R496*Q496+Q496*T496","v":0},410,871.2,{"$f":"W496*X496","v":357192},890,{"$f":"W496*Z496","v":364900},{"$f":"X496*W496+W496*Z496","v":722092},null,871.2,{"$f":"AC496*AD496","v":0},890,{"$f":"AC496*AF496","v":0},{"$f":"AD496*AC496+AC496*AF496","v":0},null,871.2,{"$f":"AI496*AJ496","v":0},890,{"$f":"AI496*AL496","v":0},{"$f":"AJ496*AI496+AI496*AL496","v":0},null,871.2,{"$f":"AO496*AP496","v":0},890,{"$f":"AO496*AR496","v":0},{"$f":"AP496*AO496+AO496*AR496","v":0},null,871.2,{"$f":"AU496*AV496","v":0},890,{"$f":"AU496*AX496","v":0},{"$f":"AV496*AU496+AU496*AX496","v":0},null,871.2,{"$f":"BA496*BB496","v":0},890,{"$f":"BA496*BD496","v":0},{"$f":"BB496*BA496+BA496*BD496","v":0},null,410,871.2,{"$f":"BH496*BI496","v":357192},890,{"$f":"BH496*BK496","v":364900},{"$f":"BI496*BH496+BH496*BK496","v":722092},0,871.2,{"$f":"BN496*BO496","v":0},890,{"$f":"BN496*BQ496","v":0},{"$f":"BO496*BN496+BN496*BQ496","v":0}]
["1.13.21","Устройство пандусов подьемных ворот по оси 1",null,null,null,{"$f":"F498+F499+F500","v":843314.54},null,{"$f":"H498+H499+H500","v":209972},{"$f":"I498+I499+I500","v":1053286.54},null,null,null,{"$f":"M498+M499+M500","v":0},null,{"$f":"O498+O499+O500","v":0},{"$f":"P498+P499+P500","v":0},null,null,{"$f":"S498+S499+S500","v":0},null,{"$f":"U498+U499+U500","v":0},{"$f":"V498+V499+V500","v":0},null,null,{"$f":"Y498+Y499+Y500","v":577636.34210000001},null,{"$f":"AA498+AA499+AA500","v":209972},{"$f":"AB498+AB499+AB500","v":787608.34210000001},null,null,{"$f":"AE498+AE499+AE500","v":0},null,{"$f":"AG498+AG499+AG500","v":0},{"$f":"AH498+AH499+AH500","v":0},null,null,{"$f":"AK498+AK499+AK500","v":0},null,{"$f":"AM498+AM499+AM500","v":0},{"$f":"AN498+AN499+AN500","v":0},null,null,{"$f":"AQ498+AQ499+AQ500","v":0},null,{"$f":"AS498+AS499+AS500","v":0},{"$f":"AT498+AT499+AT500","v":0},null,null,{"$f":"AW498+AW499+AW500","v":0},null,{"$f":"AY498+AY499+AY500","v":0},{"$f":"AZ498+AZ499+AZ500","v":0},null,null,{"$f":"BC498+BC499+BC500","v":0},null,{"$f":"BE498+BE499+BE500","v":0},{"$f":"BF498+BF499+BF500","v":0},null,0,null,{"$f":"BJ498+BJ499+BJ500","v":577636.34210000001},null,{"$f":"BL498+BL499+BL500","v":209972},{"$f":"BM498+BM499+BM500","v":787608.34210000001},0,null,{"$f":"BP498+BP499+BP500","v":265678.19789999997},null,{"$f":"BR498+BR499+BR500","v":0},{"$f":"BS498+BS499+BS500","v":265678.19789999997}]
["1.13.21.1","Резка алмазными дисками пола","м/п",60,6500,{"$f":"D498*E498","v":390000},null,null,{"$f":"E498*D498+D498*G498","v":390000},null,null,6500,{"$f":"K498*L498","v":0},null,null,{"$f":"L498*K498+K498*N498","v":0},null,6500,{"$f":"Q498*R498","v":0},null,null,{"$f":"R498*Q498+Q498*T498","v":0},42.06,6500,{"$f":"W498*X498","v":273390},null,null,{"$f":"X498*W498+W498*Z498","v":273390},null,6500,{"$f":"AC498*AD498","v":0},null,null,{"$f":"AD498*AC498+AC498*AF498","v":0},null,6500,{"$f":"AI498*AJ498","v":0},null,null,{"$f":"AJ498*AI498+AI498*AL498","v":0},null,6500,{"$f":"AO498*AP498","v":0},null,null,{"$f":"AP498*AO498+AO498*AR498","v":0},null,6500,{"$f":"AU498*AV498","v":0},null,null,{"$f":"AV498*AU498+AU498*AX498","v":0},null,6500,{"$f":"BA498*BB498","v":0},null,null,{"$f":"BB498*BA498+BA498*BD498","v":0},null,42.06,6500,{"$f":"BH498*BI498","v":273390},null,null,{"$f":"BI498*BH498+BH498*BK498","v":273390},17.939999999999998,6500,{"$f":"BN498*BO498","v":116609.99999999999},null,null,{"$f":"BO498*BN498+BN498*BQ498","v":116609.99999999999}]
["1.13.21.2","Демонтаж ж/б покрытия пола с погрузкой","м3",14,20171.61,{"$f":"D499*E499","v":282402.54000000004},null,null,{"$f":"E499*D499+D499*G499","v":282402.54000000004},null,null,20171.61,{"$f":"K499*L499","v":0},null,null,{"$f":"L499*K499+K499*N499","v":0},null,20171.61,{"$f":"Q499*R499","v":0},null,null,{"$f":"R499*Q499+Q499*T499","v":0},6.61,20171.61,{"$f":"W499*X499","v":133334.34210000001},null,null,{"$f":"X499*W499+W499*Z499","v":133334.34210000001},null,20171.61,{"$f":"AC499*AD499","v":0},null,null,{"$f":"AD499*AC499+AC499*AF499","v":0},null,20171.61,{"$f":"AI499*AJ499","v":0},null,null,{"$f":"AJ499*AI499+AI499*AL499","v":0},null,20171.61,{"$f":"AO499*AP499","v":0},null,null,{"$f":"AP499*AO499+AO499*AR499","v":0},null,20171.61,{"$f":"AU499*AV499","v":0},null,null,{"$f":"AV499*AU499+AU499*AX499","v":0},null,20171.61,{"$f":"BA499*BB499","v":0},null,null,{"$f":"BB499*BA499+BA499*BD499","v":0},null,6.61,20171.61,{"$f":"BH499*BI499","v":133334.34210000001},null,null,{"$f":"BI499*BH499+BH499*BK499","v":133334.34210000001},7.39,20171.61,{"$f":"BN499*BO499","v":149068.1979},null,null,{"$f":"BO499*BN499+BN499*BQ499","v":149068.1979}]
["1.13.21.3","Устройство монолитного железобетонного покрытия пола из бетона кл. В25, W4, F50 толщиной 150 мм","м3",14,12208,{"$f":"D500*E500","v":170912},14998,{"$f":"D500*G500","v":209972},{"$f":"E500*D500+D500*G500","v":380884},null,null,12208,{"$f":"K500*L500","v":0},14998,{"$f":"K500*N500","v":0},{"$f":"L500*K500+K500*N500","v":0},null,12208,{"$f":"Q500*R500","v":0},14998,{"$f":"Q500*T500","v":0},{"$f":"R500*Q500+Q500*T500","v":0},14,12208,{"$f":"W500*X500","v":170912},14998,{"$f":"W500*Z500","v":209972},{"$f":"X500*W500+W500*Z500","v":380884},null,12208,{"$f":"AC500*AD500","v":0},14998,{"$f":"AC500*AF500","v":0},{"$f":"AD500*AC500+AC500*AF500","v":0},null,12208,{"$f":"AI500*AJ500","v":0},14998,{"$f":"AI500*AL500","v":0},{"$f":"AJ500*AI500+AI500*AL500","v":0},null,12208,{"$f":"AO500*AP500","v":0},14998,{"$f":"AO500*AR500","v":0},{"$f":"AP500*AO500+AO500*AR500","v":0},null,12208,{"$f":"AU500*AV500","v":0},14998,{"$f":"AU500*AX500","v":0},{"$f":"AV500*AU500+AU500*AX500","v":0},null,12208,{"$f":"BA500*BB500","v":0},14998,{"$f":"BA500*BD500","v":0},{"$f":"BB500*BA500+BA500*BD500","v":0},null,14,12208,{"$f":"BH500*BI500","v":170912},14998,{"$f":"BH500*BK500","v":209972},{"$f":"BI500*BH500+BH500*BK500","v":380884},0,12208,{"$f":"BN500*BO500","v":0},14998,{"$f":"BN500*BQ500","v":0},{"$f":"BO500*BN500+BN500*BQ500","v":0}]
["1.13.22","Устройство фасадов  ось 33",null,null,null,{"$f":"F502+F503+F504+F505","v":474403.4},null,{"$f":"H502+H503+H504+H505","v":410962.5},{"$f":"I502+I503+I504+I505","v":885365.9},null,null,null,{"$f":"M502+M503+M504+M505","v":0},null,{"$f":"O502+O503+O504+O505","v":0},{"$f":"P502+P503+P504+P505","v":0},null,null,{"$f":"S502+S503+S504+S505","v":0},null,{"$f":"U502+U503+U504+U505","v":0},{"$f":"V502+V503+V504+V505","v":0},null,null,{"$f":"Y502+Y503+Y504+Y505","v":0},null,{"$f":"AA502+AA503+AA504+AA505","v":0},{"$f":"AB502+AB503+AB504+AB505","v":0},null,null,{"$f":"AE502+AE503+AE504+AE505","v":0},null,{"$f":"AG502+AG503+AG504+AG505","v":0},{"$f":"AH502+AH503+AH504+AH505","v":0},null,null,{"$f":"AK502+AK503+AK504+AK505","v":0},null,{"$f":"AM502+AM503+AM504+AM505","v":0},{"$f":"AN502+AN503+AN504+AN505","v":0},null,null,{"$f":"AQ502+AQ503+AQ504+AQ505","v":0},null,{"$f":"AS502+AS503+AS504+AS505","v":0},{"$f":"AT502+AT503+AT504+AT505","v":0},null,null,{"$f":"AW502+AW503+AW504+AW505","v":0},null,{"$f":"AY502+AY503+AY504+AY505","v":0},{"$f":"AZ502+AZ503+AZ504+AZ505","v":0},null,null,{"$f":"BC502+BC503+BC504+BC505","v":0},null,{"$f":"BE502+BE503+BE504+BE505","v":0},{"$f":"BF502+BF503+BF504+BF505","v":0},null,0,null,{"$f":"BJ502+BJ503+BJ504+BJ505","v":0},null,{"$f":"BL502+BL503+BL504+BL505","v":0},{"$f":"BM502+BM503+BM504+BM505","v":0},0,null,{"$f":"BP502+BP503+BP504+BP505","v":474403.4},null,{"$f":"BR502+BR503+BR504+BR505","v":410962.5},{"$f":"BS502+BS503+BS504+BS505","v":885365.9}]
["1.13.22.1","Установка и разборка инвентарных и наружных лесов высотой 14,8м","м2",140,589.5,{"$f":"D502*E502","v":82530},364,{"$f":"D502*G502","v":50960},{"$f":"E502*D502+G502*D502","v":133490},null,null,589.5,{"$f":"K502*L502","v":0},364,{"$f":"K502*N502","v":0},{"$f":"L502*K502+N502*K502","v":0},null,589.5,{"$f":"Q502*R502","v":0},364,{"$f":"Q502*T502","v":0},{"$f":"R502*Q502+T502*Q502","v":0},null,589.5,{"$f":"W502*X502","v":0},364,{"$f":"W502*Z502","v":0},{"$f":"X502*W502+Z502*W502","v":0},null,589.5,{"$f":"AC502*AD502","v":0},364,{"$f":"AC502*AF502","v":0},{"$f":"AD502*AC502+AF502*AC502","v":0},null,589.5,{"$f":"AI502*AJ502","v":0},364,{"$f":"AI502*AL502","v":0},{"$f":"AJ502*AI502+AL502*AI502","v":0},null,589.5,{"$f":"AO502*AP502","v":0},364,{"$f":"AO502*AR502","v":0},{"$f":"AP502*AO502+AR502*AO502","v":0},null,589.5,{"$f":"AU502*AV502","v":0},364,{"$f":"AU502*AX502","v":0},{"$f":"AV502*AU502+AX502*AU502","v":0},null,589.5,{"$f":"BA502*BB502","v":0},364,{"$f":"BA502*BD502","v":0},{"$f":"BB502*BA502+BD502*BA502","v":0},null,0,589.5,{"$f":"BH502*BI502","v":0},364,{"$f":"BH502*BK502","v":0},{"$f":"BI502*BH502+BK502*BH502","v":0},140,589.5,{"$f":"BN502*BO502","v":82530},364,{"$f":"BN502*BQ502","v":50960},{"$f":"BO502*BN502+BQ502*BN502","v":133490}]
["1.13.22.2","Монтаж подсистемы ","м2",125,1506.5,{"$f":"D503*E503","v":188312.5},1049.0999999999999,{"$f":"D503*G503","v":131137.5},{"$f":"E503*D503+G503*D503","v":319450},null,null,1506.5,{"$f":"K503*L503","v":0},1049.0999999999999,{"$f":"K503*N503","v":0},{"$f":"L503*K503+N503*K503","v":0},null,1506.5,{"$f":"Q503*R503","v":0},1049.0999999999999,{"$f":"Q503*T503","v":0},{"$f":"R503*Q503+T503*Q503","v":0},null,1506.5,{"$f":"W503*X503","v":0},1049.0999999999999,{"$f":"W503*Z503","v":0},{"$f":"X503*W503+Z503*W503","v":0},null,1506.5,{"$f":"AC503*AD503","v":0},1049.0999999999999,{"$f":"AC503*AF503","v":0},{"$f":"AD503*AC503+AF503*AC503","v":0},null,1506.5,{"$f":"AI503*AJ503","v":0},1049.0999999999999,{"$f":"AI503*AL503","v":0},{"$f":"AJ503*AI503+AL503*AI503","v":0},null,1506.5,{"$f":"AO503*AP503","v":0},1049.0999999999999,{"$f":"AO503*AR503","v":0},{"$f":"AP503*AO503+AR503*AO503","v":0},null,1506.5,{"$f":"AU503*AV503","v":0},1049.0999999999999,{"$f":"AU503*AX503","v":0},{"$f":"AV503*AU503+AX503*AU503","v":0},null,1506.5,{"$f":"BA503*BB503","v":0},1049.0999999999999,{"$f":"BA503*BD503","v":0},{"$f":"BB503*BA503+BD503*BA503","v":0},null,0,1506.5,{"$f":"BH503*BI503","v":0},1049.0999999999999,{"$f":"BH503*BK503","v":0},{"$f":"BI503*BH503+BK503*BH503","v":0},125,1506.5,{"$f":"BN503*BO503","v":188312.5},1049.0999999999999,{"$f":"BN503*BQ503","v":131137.5},{"$f":"BO503*BN503+BQ503*BN503","v":319450}]
["1.13.22.3","Монтаж проф.листа ","м2",125,1244.5,{"$f":"D504*E504","v":155562.5},1281.8,{"$f":"D504*G504","v":160225},{"$f":"E504*D504+G504*D504","v":315787.5},null,null,1244.5,{"$f":"K504*L504","v":0},1281.8,{"$f":"K504*N504","v":0},{"$f":"L504*K504+N504*K504","v":0},null,1244.5,{"$f":"Q504*R504","v":0},1281.8,{"$f":"Q504*T504","v":0},{"$f":"R504*Q504+T504*Q504","v":0},null,1244.5,{"$f":"W504*X504","v":0},1281.8,{"$f":"W504*Z504","v":0},{"$f":"X504*W504+Z504*W504","v":0},null,1244.5,{"$f":"AC504*AD504","v":0},1281.8,{"$f":"AC504*AF504","v":0},{"$f":"AD504*AC504+AF504*AC504","v":0},null,1244.5,{"$f":"AI504*AJ504","v":0},1281.8,{"$f":"AI504*AL504","v":0},{"$f":"AJ504*AI504+AL504*AI504","v":0},null,1244.5,{"$f":"AO504*AP504","v":0},1281.8,{"$f":"AO504*AR504","v":0},{"$f":"AP504*AO504+AR504*AO504","v":0},null,1244.5,{"$f":"AU504*AV504","v":0},1281.8,{"$f":"AU504*AX504","v":0},{"$f":"AV504*AU504+AX504*AU504","v":0},null,1244.5,{"$f":"BA504*BB504","v":0},1281.8,{"$f":"BA504*BD504","v":0},{"$f":"BB504*BA504+BD504*BA504","v":0},null,0,1244.5,{"$f":"BH504*BI504","v":0},1281.8,{"$f":"BH504*BK504","v":0},{"$f":"BI504*BH504+BK504*BH504","v":0},125,1244.5,{"$f":"BN504*BO504","v":155562.5},1281.8,{"$f":"BN504*BQ504","v":160225},{"$f":"BO504*BN504+BQ504*BN504","v":315787.5}]
["1.13.22.4","Монтаж фасоных элементов","м/п",80,599.98,{"$f":"D505*E505","v":47998.400000000001},858,{"$f":"D505*G505","v":68640},{"$f":"E505*D505+G505*D505","v":116638.39999999999},null,null,599.98,{"$f":"K505*L505","v":0},858,{"$f":"K505*N505","v":0},{"$f":"L505*K505+N505*K505","v":0},null,599.98,{"$f":"Q505*R505","v":0},858,{"$f":"Q505*T505","v":0},{"$f":"R505*Q505+T505*Q505","v":0},null,599.98,{"$f":"W505*X505","v":0},858,{"$f":"W505*Z505","v":0},{"$f":"X505*W505+Z505*W505","v":0},null,599.98,{"$f":"AC505*AD505","v":0},858,{"$f":"AC505*AF505","v":0},{"$f":"AD505*AC505+AF505*AC505","v":0},null,599.98,{"$f":"AI505*AJ505","v":0},858,{"$f":"AI505*AL505","v":0},{"$f":"AJ505*AI505+AL505*AI505","v":0},null,599.98,{"$f":"AO505*AP505","v":0},858,{"$f":"AO505*AR505","v":0},{"$f":"AP505*AO505+AR505*AO505","v":0},null,599.98,{"$f":"AU505*AV505","v":0},858,{"$f":"AU505*AX505","v":0},{"$f":"AV505*AU505+AX505*AU505","v":0},null,599.98,{"$f":"BA505*BB505","v":0},858,{"$f":"BA505*BD505","v":0},{"$f":"BB505*BA505+BD505*BA505","v":0},null,0,599.98,{"$f":"BH505*BI505","v":0},858,{"$f":"BH505*BK505","v":0},{"$f":"BI505*BH505+BK505*BH505","v":0},80,599.98,{"$f":"BN505*BO505","v":47998.400000000001},858,{"$f":"BN505*BQ505","v":68640},{"$f":"BO505*BN505+BQ505*BN505","v":116638.39999999999}]
["1.13.23","Смотровая канава 2 путь",null,null,0,{"$f":"SUM(F507)","v":2238411.8319999999},0,{"$f":"SUM(H507)","v":2257227.372},{"$f":"SUM(I507)","v":4495639.2039999999},null,null,0,{"$f":"SUM(M507)","v":0},0,{"$f":"SUM(O507)","v":0},{"$f":"SUM(P507)","v":0},null,0,{"$f":"SUM(S507)","v":0},0,{"$f":"SUM(U507)","v":0},{"$f":"SUM(V507)","v":0},null,0,{"$f":"SUM(Y507)","v":1019777.6},0,{"$f":"SUM(AA507)","v":1028349.6000000001},{"$f":"SUM(AB507)","v":2048127.2000000002},null,0,{"$f":"SUM(AE507)","v":0},0,{"$f":"SUM(AG507)","v":0},{"$f":"SUM(AH507)","v":0},null,0,{"$f":"SUM(AK507)","v":0},0,{"$f":"SUM(AM507)","v":0},{"$f":"SUM(AN507)","v":0},null,0,{"$f":"SUM(AQ507)","v":0},0,{"$f":"SUM(AS507)","v":0},{"$f":"SUM(AT507)","v":0},null,0,{"$f":"SUM(AW507)","v":0},0,{"$f":"SUM(AY507)","v":0},{"$f":"SUM(AZ507)","v":0},null,0,{"$f":"SUM(BC507)","v":0},0,{"$f":"SUM(BE507)","v":0},{"$f":"SUM(BF507)","v":0},null,0,0,{"$f":"SUM(BJ507)","v":1019777.6},0,{"$f":"SUM(BL507)","v":1028349.6000000001},{"$f":"SUM(BM507)","v":2048127.2000000002},0,0,{"$f":"SUM(BP507)","v":1218634.2319999998},0,{"$f":"SUM(BR507)","v":1228877.7720000001},{"$f":"SUM(BS507)","v":2447512.0039999997}]
["1.13.23.1","Устройство смотровой канавы","м3",87.8,25494.44,{"$f":"D507*E507","v":2238411.8319999999},25708.74,{"$f":"D507*G507","v":2257227.372},{"$f":"E507*D507+G507*D507","v":4495639.2039999999},null,null,25494.44,{"$f":"K507*L507","v":0},25708.74,{"$f":"K507*N507","v":0},{"$f":"L507*K507+N507*K507","v":0},null,25494.44,{"$f":"Q507*R507","v":0},25708.74,{"$f":"Q507*T507","v":0},{"$f":"R507*Q507+T507*Q507","v":0},40,25494.44,{"$f":"W507*X507","v":1019777.6},25708.74,{"$f":"W507*Z507","v":1028349.6000000001},{"$f":"X507*W507+Z507*W507","v":2048127.2000000002},null,25494.44,{"$f":"AC507*AD507","v":0},25708.74,{"$f":"AC507*AF507","v":0},{"$f":"AD507*AC507+AF507*AC507","v":0},null,25494.44,{"$f":"AI507*AJ507","v":0},25708.74,{"$f":"AI507*AL507","v":0},{"$f":"AJ507*AI507+AL507*AI507","v":0},null,25494.44,{"$f":"AO507*AP507","v":0},25708.74,{"$f":"AO507*AR507","v":0},{"$f":"AP507*AO507+AR507*AO507","v":0},null,25494.44,{"$f":"AU507*AV507","v":0},25708.74,{"$f":"AU507*AX507","v":0},{"$f":"AV507*AU507+AX507*AU507","v":0},null,25494.44,{"$f":"BA507*BB507","v":0},25708.74,{"$f":"BA507*BD507","v":0},{"$f":"BB507*BA507+BD507*BA507","v":0},null,40,25494.44,{"$f":"BH507*BI507","v":1019777.6},25708.74,{"$f":"BH507*BK507","v":1028349.6000000001},{"$f":"BI507*BH507+BK507*BH507","v":2048127.2000000002},47.8,25494.44,{"$f":"BN507*BO507","v":1218634.2319999998},25708.74,{"$f":"BN507*BQ507","v":1228877.7720000001},{"$f":"BO507*BN507+BQ507*BN507","v":2447512.0039999997}]
["1.13.24","Фундаменты под домкраты ФМ-2 (8 шт) - 2й путь\nсборочный пролет Смотровая канава",null,null,null,{"$f":"SUM(F509:F513)","v":3550081.4229999995},null,{"$f":"SUM(H509:H513)","v":979030.16799999995},{"$f":"SUM(I509:I513)","v":4529111.591},null,null,null,{"$f":"SUM(M509:M513)","v":0},null,{"$f":"SUM(O509:O513)","v":0},{"$f":"SUM(P509:P513)","v":0},null,null,{"$f":"SUM(S509:S513)","v":0},null,{"$f":"SUM(U509:U513)","v":0},{"$f":"SUM(V509:V513)","v":0},null,null,{"$f":"SUM(Y509:Y513)","v":2763380.3723999998},null,{"$f":"SUM(AA509:AA513)","v":969336.79999999993},{"$f":"SUM(AB509:AB513)","v":3732717.1723999996},null,null,{"$f":"SUM(AE509:AE513)","v":0},null,{"$f":"SUM(AG509:AG513)","v":0},{"$f":"SUM(AH509:AH513)","v":0},null,null,{"$f":"SUM(AK509:AK513)","v":0},null,{"$f":"SUM(AM509:AM513)","v":0},{"$f":"SUM(AN509:AN513)","v":0},null,null,{"$f":"SUM(AQ509:AQ513)","v":0},null,{"$f":"SUM(AS509:AS513)","v":0},{"$f":"SUM(AT509:AT513)","v":0},null,null,{"$f":"SUM(AW509:AW513)","v":0},null,{"$f":"SUM(AY509:AY513)","v":0},{"$f":"SUM(AZ509:AZ513)","v":0},null,null,{"$f":"SUM(BC509:BC513)","v":0},null,{"$f":"SUM(BE509:BE513)","v":0},{"$f":"SUM(BF509:BF513)","v":0},null,0,null,{"$f":"SUM(BJ509:BJ513)","v":2763380.3723999998},null,{"$f":"SUM(BL509:BL513)","v":969336.79999999993},{"$f":"SUM(BM509:BM513)","v":3732717.1723999996},0,null,{"$f":"SUM(BP509:BP513)","v":786701.05060000008},null,{"$f":"SUM(BR509:BR513)","v":9693.367999999964},{"$f":"SUM(BS509:BS513)","v":796394.41860000009}]
["1.13.24.1","Демонтаж ж/б покрытия пола с погрузкой","м3",52.8,20171.61,{"$f":"D509*E509","v":1065061.0079999999},0,null,{"$f":"E509*D509+G509*D509","v":1065061.0079999999},null,null,20171.61,{"$f":"K509*L509","v":0},0,null,{"$f":"L509*K509+N509*K509","v":0},null,20171.61,{"$f":"Q509*R509","v":0},0,null,{"$f":"R509*Q509+T509*Q509","v":0},26.4,20171.61,{"$f":"W509*X509","v":532530.50399999996},0,null,{"$f":"X509*W509+Z509*W509","v":532530.50399999996},null,20171.61,{"$f":"AC509*AD509","v":0},0,null,{"$f":"AD509*AC509+AF509*AC509","v":0},null,20171.61,{"$f":"AI509*AJ509","v":0},0,null,{"$f":"AJ509*AI509+AL509*AI509","v":0},null,20171.61,{"$f":"AO509*AP509","v":0},0,null,{"$f":"AP509*AO509+AR509*AO509","v":0},null,20171.61,{"$f":"AU509*AV509","v":0},0,null,{"$f":"AV509*AU509+AX509*AU509","v":0},null,20171.61,{"$f":"BA509*BB509","v":0},0,null,{"$f":"BB509*BA509+BD509*BA509","v":0},null,26.4,20171.61,{"$f":"BH509*BI509","v":532530.50399999996},0,null,{"$f":"BI509*BH509+BK509*BH509","v":532530.50399999996},26.4,20171.61,{"$f":"BN509*BO509","v":532530.50399999996},0,null,{"$f":"BO509*BN509+BQ509*BN509","v":532530.50399999996}]
["1.13.24.2","Вывоз и утилизация с К разрыхления 1,47","м3",{"$f":"D509*1.47","v":77.616},1590,{"$f":"D510*E510","v":123409.44},0,null,{"$f":"E510*D510+G510*D510","v":123409.44},null,null,1590,{"$f":"K510*L510","v":0},0,null,{"$f":"L510*K510+N510*K510","v":0},null,1590,{"$f":"Q510*R510","v":0},0,null,{"$f":"R510*Q510+T510*Q510","v":0},38.81,1590,{"$f":"W510*X510","v":61707.9},0,null,{"$f":"X510*W510+Z510*W510","v":61707.9},null,1590,{"$f":"AC510*AD510","v":0},0,null,{"$f":"AD510*AC510+AF510*AC510","v":0},null,1590,{"$f":"AI510*AJ510","v":0},0,null,{"$f":"AJ510*AI510+AL510*AI510","v":0},null,1590,{"$f":"AO510*AP510","v":0},0,null,{"$f":"AP510*AO510+AR510*AO510","v":0},null,1590,{"$f":"AU510*AV510","v":0},0,null,{"$f":"AV510*AU510+AX510*AU510","v":0},null,1590,{"$f":"BA510*BB510","v":0},0,null,{"$f":"BB510*BA510+BD510*BA510","v":0},null,38.81,1590,{"$f":"BH510*BI510","v":61707.9},0,null,{"$f":"BI510*BH510+BK510*BH510","v":61707.9},38.805999999999997,1590,{"$f":"BN510*BO510","v":61701.539999999994},0,null,{"$f":"BO510*BN510+BQ510*BN510","v":61701.539999999994}]
["1.13.24.3","Разработка грунта под котлованы с погрузкой","м3",357.7,2045.87,{"$f":"D511*E511","v":731807.69899999991},0,null,{"$f":"E511*D511+G511*D511","v":731807.69899999991},null,null,2045.87,{"$f":"K511*L511","v":0},0,null,{"$f":"L511*K511+N511*K511","v":0},null,2045.87,{"$f":"Q511*R511","v":0},0,null,{"$f":"R511*Q511+T511*Q511","v":0},317.32,2045.87,{"$f":"W511*X511","v":649195.4683999999},0,null,{"$f":"X511*W511+Z511*W511","v":649195.4683999999},null,2045.87,{"$f":"AC511*AD511","v":0},0,null,{"$f":"AD511*AC511+AF511*AC511","v":0},null,2045.87,{"$f":"AI511*AJ511","v":0},0,null,{"$f":"AJ511*AI511+AL511*AI511","v":0},null,2045.87,{"$f":"AO511*AP511","v":0},0,null,{"$f":"AP511*AO511+AR511*AO511","v":0},null,2045.87,{"$f":"AU511*AV511","v":0},0,null,{"$f":"AV511*AU511+AX511*AU511","v":0},null,2045.87,{"$f":"BA511*BB511","v":0},0,null,{"$f":"BB511*BA511+BD511*BA511","v":0},null,317.32,2045.87,{"$f":"BH511*BI511","v":649195.4683999999},0,null,{"$f":"BI511*BH511+BK511*BH511","v":649195.4683999999},40.379999999999995,2045.87,{"$f":"BN511*BO511","v":82612.230599999981},0,null,{"$f":"BO511*BN511+BQ511*BN511","v":82612.230599999981}]
["1.13.24.4","Вывоз и утилизация с К разрыхления 1,6","м3",{"$f":"D511*1.6","v":572.32000000000005},1590,{"$f":"D512*E512","v":909988.8},0,null,{"$f":"E512*D512+G512*D512","v":909988.8},null,null,1590,{"$f":"K512*L512","v":0},0,null,{"$f":"L512*K512+N512*K512","v":0},null,1590,{"$f":"Q512*R512","v":0},0,null,{"$f":"R512*Q512+T512*Q512","v":0},507.71,1590,{"$f":"W512*X512","v":807258.9},0,null,{"$f":"X512*W512+Z512*W512","v":807258.9},null,1590,{"$f":"AC512*AD512","v":0},0,null,{"$f":"AD512*AC512+AF512*AC512","v":0},null,1590,{"$f":"AI512*AJ512","v":0},0,null,{"$f":"AJ512*AI512+AL512*AI512","v":0},null,1590,{"$f":"AO512*AP512","v":0},0,null,{"$f":"AP512*AO512+AR512*AO512","v":0},null,1590,{"$f":"AU512*AV512","v":0},0,null,{"$f":"AV512*AU512+AX512*AU512","v":0},null,1590,{"$f":"BA512*BB512","v":0},0,null,{"$f":"BB512*BA512+BD512*BA512","v":0},null,507.71,1590,{"$f":"BH512*BI512","v":807258.9},0,null,{"$f":"BI512*BH512+BK512*BH512","v":807258.9},64.61000000000007,1590,{"$f":"BN512*BO512","v":102729.90000000011},0,null,{"$f":"BO512*BN512+BQ512*BN512","v":102729.90000000011}]
["1.13.24.5","Устройство ж/б фундаментов ФМ-2","м3",40.4,17817.189999999999,{"$f":"D513*E513","v":719814.47599999991},24233.42,{"$f":"D513*G513","v":979030.16799999995},{"$f":"E513*D513+G513*D513","v":1698844.6439999999},null,null,17817.189999999999,{"$f":"K513*L513","v":0},24233.42,{"$f":"K513*N513","v":0},{"$f":"L513*K513+N513*K513","v":0},null,17817.189999999999,{"$f":"Q513*R513","v":0},24233.42,{"$f":"Q513*T513","v":0},{"$f":"R513*Q513+T513*Q513","v":0},40,17817.189999999999,{"$f":"W513*X513","v":712687.6},24233.42,{"$f":"W513*Z513","v":969336.79999999993},{"$f":"X513*W513+Z513*W513","v":1682024.4},null,17817.189999999999,{"$f":"AC513*AD513","v":0},24233.42,{"$f":"AC513*AF513","v":0},{"$f":"AD513*AC513+AF513*AC513","v":0},null,17817.189999999999,{"$f":"AI513*AJ513","v":0},24233.42,{"$f":"AI513*AL513","v":0},{"$f":"AJ513*AI513+AL513*AI513","v":0},null,17817.189999999999,{"$f":"AO513*AP513","v":0},24233.42,{"$f":"AO513*AR513","v":0},{"$f":"AP513*AO513+AR513*AO513","v":0},null,17817.189999999999,{"$f":"AU513*AV513","v":0},24233.42,{"$f":"AU513*AX513","v":0},{"$f":"AV513*AU513+AX513*AU513","v":0},null,17817.189999999999,{"$f":"BA513*BB513","v":0},24233.42,{"$f":"BA513*BD513","v":0},{"$f":"BB513*BA513+BD513*BA513","v":0},null,40,17817.189999999999,{"$f":"BH513*BI513","v":712687.6},24233.42,{"$f":"BH513*BK513","v":969336.79999999993},{"$f":"BI513*BH513+BK513*BH513","v":1682024.4},0.39999999999999858,17817.189999999999,{"$f":"BN513*BO513","v":7126.8759999999738},24233.42,{"$f":"BN513*BQ513","v":9693.367999999964},{"$f":"BO513*BN513+BQ513*BN513","v":16820.243999999937}]
["1.14","130-23-ЭМ1 Силовое электрооборудование",null,null,null,{"$f":"SUM(F515:F519)+SUM(F520:F530)+SUM(F531:F536)+F537","v":327505.40000000002},null,{"$f":"SUM(H515:H519)+SUM(H520:H530)+SUM(H531:H536)+H537","v":463326.41},{"$f":"SUM(I515:I519)+SUM(I520:I530)+SUM(I531:I536)+I537","v":790831.81},null,null,null,{"$f":"SUM(M515:M519)+SUM(M520:M530)+SUM(M531:M536)+M537","v":0},null,{"$f":"SUM(O515:O519)+SUM(O520:O530)+SUM(O531:O536)+O537","v":0},{"$f":"SUM(P515:P519)+SUM(P520:P530)+SUM(P531:P536)+P537","v":0},null,null,{"$f":"SUM(S515:S519)+SUM(S520:S530)+SUM(S531:S536)+S537","v":0},null,{"$f":"SUM(U515:U519)+SUM(U520:U530)+SUM(U531:U536)+U537","v":0},{"$f":"SUM(V515:V519)+SUM(V520:V530)+SUM(V531:V536)+V537","v":0},null,null,{"$f":"SUM(Y515:Y519)+SUM(Y520:Y530)+SUM(Y531:Y536)+Y537","v":0},null,{"$f":"SUM(AA515:AA519)+SUM(AA520:AA530)+SUM(AA531:AA536)+AA537","v":0},{"$f":"SUM(AB515:AB519)+SUM(AB520:AB530)+SUM(AB531:AB536)+AB537","v":0},null,null,{"$f":"SUM(AE515:AE519)+SUM(AE520:AE530)+SUM(AE531:AE536)+AE537","v":0},null,{"$f":"SUM(AG515:AG519)+SUM(AG520:AG530)+SUM(AG531:AG536)+AG537","v":0},{"$f":"SUM(AH515:AH519)+SUM(AH520:AH530)+SUM(AH531:AH536)+AH537","v":0},null,null,{"$f":"SUM(AK515:AK519)+SUM(AK520:AK530)+SUM(AK531:AK536)+AK537","v":0},null,{"$f":"SUM(AM515:AM519)+SUM(AM520:AM530)+SUM(AM531:AM536)+AM537","v":0},{"$f":"SUM(AN515:AN519)+SUM(AN520:AN530)+SUM(AN531:AN536)+AN537","v":0},null,null,{"$f":"SUM(AQ515:AQ519)+SUM(AQ520:AQ530)+SUM(AQ531:AQ536)+AQ537","v":0},null,{"$f":"SUM(AS515:AS519)+SUM(AS520:AS530)+SUM(AS531:AS536)+AS537","v":0},{"$f":"SUM(AT515:AT519)+SUM(AT520:AT530)+SUM(AT531:AT536)+AT537","v":0},null,null,{"$f":"SUM(AW515:AW519)+SUM(AW520:AW530)+SUM(AW531:AW536)+AW537","v":0},null,{"$f":"SUM(AY515:AY519)+SUM(AY520:AY530)+SUM(AY531:AY536)+AY537","v":0},{"$f":"SUM(AZ515:AZ519)+SUM(AZ520:AZ530)+SUM(AZ531:AZ536)+AZ537","v":0},null,null,{"$f":"SUM(BC515:BC519)+SUM(BC520:BC530)+SUM(BC531:BC536)+BC537","v":0},null,{"$f":"SUM(BE515:BE519)+SUM(BE520:BE530)+SUM(BE531:BE536)+BE537","v":0},{"$f":"SUM(BF515:BF519)+SUM(BF520:BF530)+SUM(BF531:BF536)+BF537","v":0},null,0,null,{"$f":"SUM(BJ515:BJ519)+SUM(BJ520:BJ530)+SUM(BJ531:BJ536)+BJ537","v":0},null,{"$f":"SUM(BL515:BL519)+SUM(BL520:BL530)+SUM(BL531:BL536)+BL537","v":0},{"$f":"SUM(BM515:BM519)+SUM(BM520:BM530)+SUM(BM531:BM536)+BM537","v":0},0,null,{"$f":"SUM(BP515:BP519)+SUM(BP520:BP530)+SUM(BP531:BP536)+BP537","v":327505.40000000002},null,{"$f":"SUM(BR515:BR519)+SUM(BR520:BR530)+SUM(BR531:BR536)+BR537","v":463326.41},{"$f":"SUM(BS515:BS519)+SUM(BS520:BS530)+SUM(BS531:BS536)+BS537","v":790831.81}]
["1.14.1","Щит распределительный","шт.",1,6550,{"$f":"D515*E515","v":6550},48346.61,{"$f":"D515*G515","v":48346.61},{"$f":"E515*D515+G515*D515","v":54896.61},null,null,6550,{"$f":"K515*L515","v":0},48346.61,{"$f":"K515*N515","v":0},{"$f":"L515*K515+N515*K515","v":0},null,6550,{"$f":"Q515*R515","v":0},48346.61,{"$f":"Q515*T515","v":0},{"$f":"R515*Q515+T515*Q515","v":0},null,6550,{"$f":"W515*X515","v":0},48346.61,{"$f":"W515*Z515","v":0},{"$f":"X515*W515+Z515*W515","v":0},null,6550,{"$f":"AC515*AD515","v":0},48346.61,{"$f":"AC515*AF515","v":0},{"$f":"AD515*AC515+AF515*AC515","v":0},null,6550,{"$f":"AI515*AJ515","v":0},48346.61,{"$f":"AI515*AL515","v":0},{"$f":"AJ515*AI515+AL515*AI515","v":0},null,6550,{"$f":"AO515*AP515","v":0},48346.61,{"$f":"AO515*AR515","v":0},{"$f":"AP515*AO515+AR515*AO515","v":0},null,6550,{"$f":"AU515*AV515","v":0},48346.61,{"$f":"AU515*AX515","v":0},{"$f":"AV515*AU515+AX515*AU515","v":0},null,6550,{"$f":"BA515*BB515","v":0},48346.61,{"$f":"BA515*BD515","v":0},{"$f":"BB515*BA515+BD515*BA515","v":0},null,0,6550,{"$f":"BH515*BI515","v":0},48346.61,{"$f":"BH515*BK515","v":0},{"$f":"BI515*BH515+BK515*BH515","v":0},1,6550,{"$f":"BN515*BO515","v":6550},48346.61,{"$f":"BN515*BQ515","v":48346.61},{"$f":"BO515*BN515+BQ515*BN515","v":54896.61}]
["1.14.2","Кабель силовой, не поддерживающий горение, безгалогенный ППГнг(А)-HF 5х16","м.",30,186.02,{"$f":"D516*E516","v":5580.6},1809.6,{"$f":"D516*G516","v":54288},59868.6,null,null,186.02,{"$f":"K516*L516","v":0},1809.6,{"$f":"K516*N516","v":0},0,null,186.02,{"$f":"Q516*R516","v":0},1809.6,{"$f":"Q516*T516","v":0},0,null,186.02,{"$f":"W516*X516","v":0},1809.6,{"$f":"W516*Z516","v":0},0,null,186.02,{"$f":"AC516*AD516","v":0},1809.6,{"$f":"AC516*AF516","v":0},0,null,186.02,{"$f":"AI516*AJ516","v":0},1809.6,{"$f":"AI516*AL516","v":0},0,null,186.02,{"$f":"AO516*AP516","v":0},1809.6,{"$f":"AO516*AR516","v":0},0,null,186.02,{"$f":"AU516*AV516","v":0},1809.6,{"$f":"AU516*AX516","v":0},0,null,186.02,{"$f":"BA516*BB516","v":0},1809.6,{"$f":"BA516*BD516","v":0},0,null,0,186.02,{"$f":"BH516*BI516","v":0},1809.6,{"$f":"BH516*BK516","v":0},0,30,186.02,{"$f":"BN516*BO516","v":5580.6},1809.6,{"$f":"BN516*BQ516","v":54288},59868.6]
["1.14.3","Кабель силовой, не поддерживающий горение, безгалогенный  ППГнг(А)-HF 5х2.5","м.",30,162.44,{"$f":"D517*E517","v":4873.2},322.39999999999998,{"$f":"D517*G517","v":9672},14545.2,null,null,162.44,{"$f":"K517*L517","v":0},322.39999999999998,{"$f":"K517*N517","v":0},0,null,162.44,{"$f":"Q517*R517","v":0},322.39999999999998,{"$f":"Q517*T517","v":0},0,null,162.44,{"$f":"W517*X517","v":0},322.39999999999998,{"$f":"W517*Z517","v":0},0,null,162.44,{"$f":"AC517*AD517","v":0},322.39999999999998,{"$f":"AC517*AF517","v":0},0,null,162.44,{"$f":"AI517*AJ517","v":0},322.39999999999998,{"$f":"AI517*AL517","v":0},0,null,162.44,{"$f":"AO517*AP517","v":0},322.39999999999998,{"$f":"AO517*AR517","v":0},0,null,162.44,{"$f":"AU517*AV517","v":0},322.39999999999998,{"$f":"AU517*AX517","v":0},0,null,162.44,{"$f":"BA517*BB517","v":0},322.39999999999998,{"$f":"BA517*BD517","v":0},0,null,0,162.44,{"$f":"BH517*BI517","v":0},322.39999999999998,{"$f":"BH517*BK517","v":0},0,30,162.44,{"$f":"BN517*BO517","v":4873.2},322.39999999999998,{"$f":"BN517*BQ517","v":9672},14545.2]
["1.14.4","Кабель силовой ППГнг(А)-HF 3х6","м",60,162.44,{"$f":"D518*E518","v":9746.4},434.2,{"$f":"D518*G518","v":26052},35798.400000000001,null,null,162.44,{"$f":"K518*L518","v":0},434.2,{"$f":"K518*N518","v":0},0,null,162.44,{"$f":"Q518*R518","v":0},434.2,{"$f":"Q518*T518","v":0},0,null,162.44,{"$f":"W518*X518","v":0},434.2,{"$f":"W518*Z518","v":0},0,null,162.44,{"$f":"AC518*AD518","v":0},434.2,{"$f":"AC518*AF518","v":0},0,null,162.44,{"$f":"AI518*AJ518","v":0},434.2,{"$f":"AI518*AL518","v":0},0,null,162.44,{"$f":"AO518*AP518","v":0},434.2,{"$f":"AO518*AR518","v":0},0,null,162.44,{"$f":"AU518*AV518","v":0},434.2,{"$f":"AU518*AX518","v":0},0,null,162.44,{"$f":"BA518*BB518","v":0},434.2,{"$f":"BA518*BD518","v":0},0,null,0,162.44,{"$f":"BH518*BI518","v":0},434.2,{"$f":"BH518*BK518","v":0},0,60,162.44,{"$f":"BN518*BO518","v":9746.4},434.2,{"$f":"BN518*BQ518","v":26052},35798.400000000001]
["1.14.5","Кабель силовой ППГнг(А)-HF 3х2.5","м",70,162.44,{"$f":"D519*E519","v":11370.8},184.6,{"$f":"D519*G519","v":12922},24292.799999999999,null,null,162.44,{"$f":"K519*L519","v":0},184.6,{"$f":"K519*N519","v":0},0,null,162.44,{"$f":"Q519*R519","v":0},184.6,{"$f":"Q519*T519","v":0},0,null,162.44,{"$f":"W519*X519","v":0},184.6,{"$f":"W519*Z519","v":0},0,null,162.44,{"$f":"AC519*AD519","v":0},184.6,{"$f":"AC519*AF519","v":0},0,null,162.44,{"$f":"AI519*AJ519","v":0},184.6,{"$f":"AI519*AL519","v":0},0,null,162.44,{"$f":"AO519*AP519","v":0},184.6,{"$f":"AO519*AR519","v":0},0,null,162.44,{"$f":"AU519*AV519","v":0},184.6,{"$f":"AU519*AX519","v":0},0,null,162.44,{"$f":"BA519*BB519","v":0},184.6,{"$f":"BA519*BD519","v":0},0,null,0,162.44,{"$f":"BH519*BI519","v":0},184.6,{"$f":"BH519*BK519","v":0},0,70,162.44,{"$f":"BN519*BO519","v":11370.8},184.6,{"$f":"BN519*BQ519","v":12922},24292.799999999999]
["1.14.6","Кабель огнестойкий КПСЭнг(А)-FRHF 1х2х1.5","м",100,162.44,{"$f":"D520*E520","v":16244},107.82,{"$f":"D520*G520","v":10782},27026,null,null,162.44,{"$f":"K520*L520","v":0},107.82,{"$f":"K520*N520","v":0},0,null,162.44,{"$f":"Q520*R520","v":0},107.82,{"$f":"Q520*T520","v":0},0,null,162.44,{"$f":"W520*X520","v":0},107.82,{"$f":"W520*Z520","v":0},0,null,162.44,{"$f":"AC520*AD520","v":0},107.82,{"$f":"AC520*AF520","v":0},0,null,162.44,{"$f":"AI520*AJ520","v":0},107.82,{"$f":"AI520*AL520","v":0},0,null,162.44,{"$f":"AO520*AP520","v":0},107.82,{"$f":"AO520*AR520","v":0},0,null,162.44,{"$f":"AU520*AV520","v":0},107.82,{"$f":"AU520*AX520","v":0},0,null,162.44,{"$f":"BA520*BB520","v":0},107.82,{"$f":"BA520*BD520","v":0},0,null,0,162.44,{"$f":"BH520*BI520","v":0},107.82,{"$f":"BH520*BK520","v":0},0,100,162.44,{"$f":"BN520*BO520","v":16244},107.82,{"$f":"BN520*BQ520","v":10782},27026]
["1.14.7","Лоток 50х100 L=3000 перфорированный","м.",120,838.4,100608,699.4,83928,184536,null,null,838.4,0,699.4,0,0,null,838.4,0,699.4,0,0,null,838.4,0,699.4,0,0,null,838.4,0,699.4,0,0,null,838.4,0,699.4,0,0,null,838.4,0,699.4,0,0,null,838.4,0,699.4,0,0,null,838.4,0,699.4,0,0,null,0,838.4,0,699.4,0,0,120,838.4,100608,699.4,83928,184536]
["1.14.8","Крышка L=3000 для лотков шириной 100мм","м.",120,157.19999999999999,18864,271.99,32638.800000000003,51502.8,null,null,157.19999999999999,0,271.99,0,0,null,157.19999999999999,0,271.99,0,0,null,157.19999999999999,0,271.99,0,0,null,157.19999999999999,0,271.99,0,0,null,157.19999999999999,0,271.99,0,0,null,157.19999999999999,0,271.99,0,0,null,157.19999999999999,0,271.99,0,0,null,157.19999999999999,0,271.99,0,0,null,0,157.19999999999999,0,271.99,0,0,120,157.19999999999999,18864,271.99,32638.800000000003,51502.8]
["1.14.9","Анкер М8 латунный разрезной","шт.",400,0,0,74,29600,29600,null,null,0,0,74,0,0,null,0,0,74,0,0,null,0,0,74,0,0,null,0,0,74,0,0,null,0,0,74,0,0,null,0,0,74,0,0,null,0,0,74,0,0,null,0,0,74,0,0,null,0,0,0,74,0,0,400,0,0,74,29600,29600]
["1.14.10","Шпилька М8х2000","шт.",94,393,36942,221.68,20837.920000000002,57779.92,null,null,393,0,221.68,0,0,null,393,0,221.68,0,0,null,393,0,221.68,0,0,null,393,0,221.68,0,0,null,393,0,221.68,0,0,null,393,0,221.68,0,0,null,393,0,221.68,0,0,null,393,0,221.68,0,0,null,0,393,0,221.68,0,0,94,393,36942,221.68,20837.920000000002,57779.92]
["1.14.11","Шайба М8","шт.",200,0,0,8.8000000000000007,1760.0000000000002,1760.0000000000002,null,null,0,0,8.8000000000000007,0,0,null,0,0,8.8000000000000007,0,0,null,0,0,8.8000000000000007,0,0,null,0,0,8.8000000000000007,0,0,null,0,0,8.8000000000000007,0,0,null,0,0,8.8000000000000007,0,0,null,0,0,8.8000000000000007,0,0,null,0,0,8.8000000000000007,0,0,null,0,0,0,8.8000000000000007,0,0,200,0,0,8.8000000000000007,1760.0000000000002,1760.0000000000002]
["1.14.12","Гайка М8","шт.",400,0,0,3.99,1596,1596,null,null,0,0,3.99,0,0,null,0,0,3.99,0,0,null,0,0,3.99,0,0,null,0,0,3.99,0,0,null,0,0,3.99,0,0,null,0,0,3.99,0,0,null,0,0,3.99,0,0,null,0,0,3.99,0,0,null,0,0,0,3.99,0,0,400,0,0,3.99,1596,1596]
["1.14.13","С-образный профиль 41х21, L2000, толщ. 2,0 мм","шт.",32,393,12576,2051.09,65634.880000000005,78210.880000000005,null,null,393,0,2051.09,0,0,null,393,0,2051.09,0,0,null,393,0,2051.09,0,0,null,393,0,2051.09,0,0,null,393,0,2051.09,0,0,null,393,0,2051.09,0,0,null,393,0,2051.09,0,0,null,393,0,2051.09,0,0,null,0,393,0,2051.09,0,0,32,393,12576,2051.09,65634.880000000005,78210.880000000005]
["1.14.14","Провод силовой желто-зеленый","м",10,162.44,1624.4,265.2,2652,4276.3999999999996,null,null,162.44,0,265.2,0,0,null,162.44,0,265.2,0,0,null,162.44,0,265.2,0,0,null,162.44,0,265.2,0,0,null,162.44,0,265.2,0,0,null,162.44,0,265.2,0,0,null,162.44,0,265.2,0,0,null,162.44,0,265.2,0,0,null,0,162.44,0,265.2,0,0,10,162.44,1624.4,265.2,2652,4276.3999999999996]
["1.14.15","Наконечник медный 16 мм2 ","шт.",80,132.05000000000001,10564,61.93,4954.3999999999996,15518.4,null,null,132.05000000000001,0,61.93,0,0,null,132.05000000000001,0,61.93,0,0,null,132.05000000000001,0,61.93,0,0,null,132.05000000000001,0,61.93,0,0,null,132.05000000000001,0,61.93,0,0,null,132.05000000000001,0,61.93,0,0,null,132.05000000000001,0,61.93,0,0,null,132.05000000000001,0,61.93,0,0,null,0,132.05000000000001,0,61.93,0,0,80,132.05000000000001,10564,61.93,4954.3999999999996,15518.4]
["1.14.16","Труба D=32 гибкая гофрированная не распространяющая горение, с зондом","м.",130,45.85,5960.5,58.5,7605,13565.5,null,null,45.85,0,58.5,0,0,null,45.85,0,58.5,0,0,null,45.85,0,58.5,0,0,null,45.85,0,58.5,0,0,null,45.85,0,58.5,0,0,null,45.85,0,58.5,0,0,null,45.85,0,58.5,0,0,null,45.85,0,58.5,0,0,null,0,45.85,0,58.5,0,0,130,45.85,5960.5,58.5,7605,13565.5]
["1.14.17","Металлорукав в ПВХ-изоляции","м",20,65.5,1310,166.71,3334.2000000000003,4644.2000000000007,null,null,65.5,0,166.71,0,0,null,65.5,0,166.71,0,0,null,65.5,0,166.71,0,0,null,65.5,0,166.71,0,0,null,65.5,0,166.71,0,0,null,65.5,0,166.71,0,0,null,65.5,0,166.71,0,0,null,65.5,0,166.71,0,0,null,0,65.5,0,166.71,0,0,20,65.5,1310,166.71,3334.2000000000003,4644.2000000000007]
["1.14.18","Скоба металлическая","шт.",150,32.75,4912.5,36.82,5523,10435.5,null,null,32.75,0,36.82,0,0,null,32.75,0,36.82,0,0,null,32.75,0,36.82,0,0,null,32.75,0,36.82,0,0,null,32.75,0,36.82,0,0,null,32.75,0,36.82,0,0,null,32.75,0,36.82,0,0,null,32.75,0,36.82,0,0,null,0,32.75,0,36.82,0,0,150,32.75,4912.5,36.82,5523,10435.5]
["1.14.19","Шина заземления ГЗШ 20 подключений","шт.",1,2620,2620,9412,9412,12032,null,null,2620,0,9412,0,0,null,2620,0,9412,0,0,null,2620,0,9412,0,0,null,2620,0,9412,0,0,null,2620,0,9412,0,0,null,2620,0,9412,0,0,null,2620,0,9412,0,0,null,2620,0,9412,0,0,null,0,2620,0,9412,0,0,1,2620,2620,9412,9412,12032]
["1.14.20","Коробка распределительная 70х70х40 мм IP55","шт.",3,262,786,109.2,327.60000000000002,1113.5999999999999,null,null,262,0,109.2,0,0,null,262,0,109.2,0,0,null,262,0,109.2,0,0,null,262,0,109.2,0,0,null,262,0,109.2,0,0,null,262,0,109.2,0,0,null,262,0,109.2,0,0,null,262,0,109.2,0,0,null,0,262,0,109.2,0,0,3,262,786,109.2,327.60000000000002,1113.5999999999999]
["1.14.21","Полоса стальная 40х5","м",50,458.5,22925,369.2,18460,41385,null,null,458.5,0,369.2,0,0,null,458.5,0,369.2,0,0,null,458.5,0,369.2,0,0,null,458.5,0,369.2,0,0,null,458.5,0,369.2,0,0,null,458.5,0,369.2,0,0,null,458.5,0,369.2,0,0,null,458.5,0,369.2,0,0,null,0,458.5,0,369.2,0,0,50,458.5,22925,369.2,18460,41385]
["1.14.22","Аксессуары (расходные материалы, крепеж)","компл.",1,0,null,13000,{"$f":"G536*D536","v":13000},13000,null,null,0,null,13000,{"$f":"N536*K536","v":0},0,null,0,null,13000,{"$f":"T536*Q536","v":0},0,null,0,null,13000,{"$f":"Z536*W536","v":0},0,null,0,null,13000,{"$f":"AF536*AC536","v":0},0,null,0,null,13000,{"$f":"AL536*AI536","v":0},0,null,0,null,13000,{"$f":"AR536*AO536","v":0},0,null,0,null,13000,{"$f":"AX536*AU536","v":0},0,null,0,null,13000,{"$f":"BD536*BA536","v":0},0,null,0,0,null,13000,{"$f":"BK536*BH536","v":0},0,1,0,null,13000,{"$f":"BQ536*BN536","v":13000},13000]
["1.14.23","Пуско-наладочные работы","компл.",1,53448,{"$f":"D537*E537","v":53448},0,null,53448,null,null,53448,{"$f":"K537*L537","v":0},0,null,0,null,53448,{"$f":"Q537*R537","v":0},0,null,0,null,53448,{"$f":"W537*X537","v":0},0,null,0,null,53448,{"$f":"AC537*AD537","v":0},0,null,0,null,53448,{"$f":"AI537*AJ537","v":0},0,null,0,null,53448,{"$f":"AO537*AP537","v":0},0,null,0,null,53448,{"$f":"AU537*AV537","v":0},0,null,0,null,53448,{"$f":"BA537*BB537","v":0},0,null,0,null,0,53448,{"$f":"BH537*BI537","v":0},0,null,0,1,53448,{"$f":"BN537*BO537","v":53448},0,null,53448]
["1.15","130-23-ВС Воздухоснабжение",null,null,null,null,null,null,null,null,null,null,null,null,null,null,null,null,null,null,null,null,null,null,{"$f":"Y539+Y540+Y544+Y541+Y542+Y543+Y545+Y546+Y547+Y548+Y549+Y551+Y552+Y553+Y554+Y555+Y556+Y557+Y558+Y559+Y560+Y561+Y562+Y563+Y564+Y565+Y566+Y567+Y568+Y569+Y570","v":1188401.05},null,{"$f":"AA539+AA540+AA544+AA541+AA542+AA543+AA545+AA546+AA547+AA548+AA549+AA551+AA552+AA553+AA554+AA555+AA556+AA557+AA558+AA559+AA560+AA561+AA562+AA563+AA564+AA565+AA566+AA567+AA568+AA569+AA570","v":2402591.92},{"$f":"AB539+AB540+AB544+AB541+AB542+AB543+AB545+AB546+AB547+AB548+AB549+AB551+AB552+AB553+AB554+AB555+AB556+AB557+AB558+AB559+AB560+AB561+AB562+AB563+AB564+AB565+AB566+AB567+AB568+AB569+AB570","v":3590992.97},null,null,{"$f":"AE539+AE540+AE544+AE541+AE542+AE543+AE545+AE546+AE547+AE548+AE549+AE551+AE552+AE553+AE554+AE555+AE556+AE557+AE558+AE559+AE560+AE561+AE562+AE563+AE564+AE565+AE566+AE567+AE568+AE569+AE570","v":0},null,{"$f":"AG539+AG540+AG544+AG541+AG542+AG543+AG545+AG546+AG547+AG548+AG549+AG551+AG552+AG553+AG554+AG555+AG556+AG557+AG558+AG559+AG560+AG561+AG562+AG563+AG564+AG565+AG566+AG567+AG568+AG569+AG570","v":0},{"$f":"AH539+AH540+AH544+AH541+AH542+AH543+AH545+AH546+AH547+AH548+AH549+AH551+AH552+AH553+AH554+AH555+AH556+AH557+AH558+AH559+AH560+AH561+AH562+AH563+AH564+AH565+AH566+AH567+AH568+AH569+AH570","v":0},null,null,{"$f":"AK539+AK540+AK544+AK541+AK542+AK543+AK545+AK546+AK547+AK548+AK549+AK551+AK552+AK553+AK554+AK555+AK556+AK557+AK558+AK559+AK560+AK561+AK562+AK563+AK564+AK565+AK566+AK567+AK568+AK569+AK570","v":0},null,{"$f":"AM539+AM540+AM544+AM541+AM542+AM543+AM545+AM546+AM547+AM548+AM549+AM551+AM552+AM553+AM554+AM555+AM556+AM557+AM558+AM559+AM560+AM561+AM562+AM563+AM564+AM565+AM566+AM567+AM568+AM569+AM570","v":0},{"$f":"AN539+AN540+AN544+AN541+AN542+AN543+AN545+AN546+AN547+AN548+AN549+AN551+AN552+AN553+AN554+AN555+AN556+AN557+AN558+AN559+AN560+AN561+AN562+AN563+AN564+AN565+AN566+AN567+AN568+AN569+AN570","v":0},null,null,{"$f":"AQ539+AQ540+AQ544+AQ541+AQ542+AQ543+AQ545+AQ546+AQ547+AQ548+AQ549+AQ551+AQ552+AQ553+AQ554+AQ555+AQ556+AQ557+AQ558+AQ559+AQ560+AQ561+AQ562+AQ563+AQ564+AQ565+AQ566+AQ567+AQ568+AQ569+AQ570","v":0},null,{"$f":"AS539+AS540+AS544+AS541+AS542+AS543+AS545+AS546+AS547+AS548+AS549+AS551+AS552+AS553+AS554+AS555+AS556+AS557+AS558+AS559+AS560+AS561+AS562+AS563+AS564+AS565+AS566+AS567+AS568+AS569+AS570","v":0},{"$f":"AT539+AT540+AT544+AT541+AT542+AT543+AT545+AT546+AT547+AT548+AT549+AT551+AT552+AT553+AT554+AT555+AT556+AT557+AT558+AT559+AT560+AT561+AT562+AT563+AT564+AT565+AT566+AT567+AT568+AT569+AT570","v":0},null,null,{"$f":"AW539+AW540+AW544+AW541+AW542+AW543+AW545+AW546+AW547+AW548+AW549+AW551+AW552+AW553+AW554+AW555+AW556+AW557+AW558+AW559+AW560+AW561+AW562+AW563+AW564+AW565+AW566+AW567+AW568+AW569+AW570","v":0},null,{"$f":"AY539+AY540+AY544+AY541+AY542+AY543+AY545+AY546+AY547+AY548+AY549+AY551+AY552+AY553+AY554+AY555+AY556+AY557+AY558+AY559+AY560+AY561+AY562+AY563+AY564+AY565+AY566+AY567+AY568+AY569+AY570","v":0},{"$f":"AZ539+AZ540+AZ544+AZ541+AZ542+AZ543+AZ545+AZ546+AZ547+AZ548+AZ549+AZ551+AZ552+AZ553+AZ554+AZ555+AZ556+AZ557+AZ558+AZ559+AZ560+AZ561+AZ562+AZ563+AZ564+AZ565+AZ566+AZ567+AZ568+AZ569+AZ570","v":0},null,null,{"$f":"BC539+BC540+BC544+BC541+BC542+BC543+BC545+BC546+BC547+BC548+BC549+BC551+BC552+BC553+BC554+BC555+BC556+BC557+BC558+BC559+BC560+BC561+BC562+BC563+BC564+BC565+BC566+BC567+BC568+BC569+BC570","v":0},null,{"$f":"BE539+BE540+BE544+BE541+BE542+BE543+BE545+BE546+BE547+BE548+BE549+BE551+BE552+BE553+BE554+BE555+BE556+BE557+BE558+BE559+BE560+BE561+BE562+BE563+BE564+BE565+BE566+BE567+BE568+BE569+BE570","v":0},{"$f":"BF539+BF540+BF544+BF541+BF542+BF543+BF545+BF546+BF547+BF548+BF549+BF551+BF552+BF553+BF554+BF555+BF556+BF557+BF558+BF559+BF560+BF561+BF562+BF563+BF564+BF565+BF566+BF567+BF568+BF569+BF570","v":0},null,0,null,{"$f":"BJ539+BJ540+BJ544+BJ541+BJ542+BJ543+BJ545+BJ546+BJ547+BJ548+BJ549+BJ551+BJ552+BJ553+BJ554+BJ555+BJ556+BJ557+BJ558+BJ559+BJ560+BJ561+BJ562+BJ563+BJ564+BJ565+BJ566+BJ567+BJ568+BJ569+BJ570","v":1973049.05},null,{"$f":"BL539+BL540+BL544+BL541+BL542+BL543+BL545+BL546+BL547+BL548+BL549+BL551+BL552+BL553+BL554+BL555+BL556+BL557+BL558+BL559+BL560+BL561+BL562+BL563+BL564+BL565+BL566+BL567+BL568+BL569+BL570","v":17006727.919999998},{"$f":"BM539+BM540+BM544+BM541+BM542+BM543+BM545+BM546+BM547+BM548+BM549+BM551+BM552+BM553+BM554+BM555+BM556+BM557+BM558+BM559+BM560+BM561+BM562+BM563+BM564+BM565+BM566+BM567+BM568+BM569+BM570","v":18979776.969999999},0,null,{"$f":"BP539+BP540+BP544+BP541+BP542+BP543+BP545+BP546+BP547+BP548+BP549+BP551+BP552+BP553+BP554+BP555+BP556+BP557+BP558+BP559+BP560+BP561+BP562+BP563+BP564+BP565+BP566+BP567+BP568+BP569+BP570","v":2232228.7199999997},null,{"$f":"BR539+BR540+BR544+BR541+BR542+BR543+BR545+BR546+BR547+BR548+BR549+BR551+BR552+BR553+BR554+BR555+BR556+BR557+BR558+BR559+BR560+BR561+BR562+BR563+BR564+BR565+BR566+BR567+BR568+BR569+BR570","v":1271601.01},{"$f":"BS539+BS540+BS544+BS541+BS542+BS543+BS545+BS546+BS547+BS548+BS549+BS551+BS552+BS553+BS554+BS555+BS556+BS557+BS558+BS559+BS560+BS561+BS562+BS563+BS564+BS565+BS566+BS567+BS568+BS569+BS570","v":3503829.7299999995}]
["1.15.1","Установка компрессора винт. ДЭН-75Ш ТВЖ «Плюс» ","шт.",2,332000,{"$f":"D539*E539","v":664000},5812000,{"$f":"D539*G539","v":11624000},{"$f":"E539*D539+G539*D539","v":12288000},null,2,332000,{"$f":"K539*L539","v":664000},5812000,{"$f":"K539*N539","v":11624000},{"$f":"L539*K539+N539*K539","v":12288000},null,332000,{"$f":"Q539*R539","v":0},5812000,{"$f":"Q539*T539","v":0},{"$f":"R539*Q539+T539*Q539","v":0},null,332000,{"$f":"W539*X539","v":0},5812000,{"$f":"W539*Z539","v":0},{"$f":"X539*W539+Z539*W539","v":0},null,332000,{"$f":"AC539*AD539","v":0},5812000,{"$f":"AC539*AF539","v":0},{"$f":"AD539*AC539+AF539*AC539","v":0},null,332000,{"$f":"AI539*AJ539","v":0},5812000,{"$f":"AI539*AL539","v":0},{"$f":"AJ539*AI539+AL539*AI539","v":0},null,332000,{"$f":"AO539*AP539","v":0},5812000,{"$f":"AO539*AR539","v":0},{"$f":"AP539*AO539+AR539*AO539","v":0},null,332000,{"$f":"AU539*AV539","v":0},5812000,{"$f":"AU539*AX539","v":0},{"$f":"AV539*AU539+AX539*AU539","v":0},null,332000,{"$f":"BA539*BB539","v":0},5812000,{"$f":"BA539*BD539","v":0},{"$f":"BB539*BA539+BD539*BA539","v":0},null,2,332000,{"$f":"BH539*BI539","v":664000},5812000,{"$f":"BH539*BK539","v":11624000},{"$f":"BI539*BH539+BK539*BH539","v":12288000},0,332000,{"$f":"BN539*BO539","v":0},5812000,{"$f":"BN539*BQ539","v":0},{"$f":"BO539*BN539+BQ539*BN539","v":0}]
["1.15.2","Сепартатор влагоотделитель СЦ-1200Р","шт",2,0,null,73710,{"$f":"D540*G540","v":147420},147420,null,null,0,null,73710,{"$f":"K540*N540","v":0},0,null,0,null,73710,{"$f":"Q540*T540","v":0},0,2,0,null,73710,{"$f":"W540*Z540","v":147420},147420,null,0,null,73710,{"$f":"AC540*AF540","v":0},0,null,0,null,73710,{"$f":"AI540*AL540","v":0},0,null,0,null,73710,{"$f":"AO540*AR540","v":0},0,null,0,null,73710,{"$f":"AU540*AX540","v":0},0,null,0,null,73710,{"$f":"BA540*BD540","v":0},0,null,2,0,null,73710,{"$f":"BH540*BK540","v":147420},147420,0,0,null,73710,{"$f":"BN540*BQ540","v":0},0]
["1.15.3","Установка воздухосборника ВВ-0,9-1,0-УХЛ1, V=0,9 м3; Р=1,0 Мпа. Габаритные размеры: Ф900 мм х 2100 мм."," шт.",2,46374,{"$f":"D541*E541","v":92748},0,null,92748,null,null,46374,{"$f":"K541*L541","v":0},0,null,0,null,46374,{"$f":"Q541*R541","v":0},0,null,0,2,46374,{"$f":"W541*X541","v":92748},0,null,92748,null,46374,{"$f":"AC541*AD541","v":0},0,null,0,null,46374,{"$f":"AI541*AJ541","v":0},0,null,0,null,46374,{"$f":"AO541*AP541","v":0},0,null,0,null,46374,{"$f":"AU541*AV541","v":0},0,null,0,null,46374,{"$f":"BA541*BB541","v":0},0,null,0,null,2,46374,{"$f":"BH541*BI541","v":92748},0,null,92748,0,46374,{"$f":"BN541*BO541","v":0},0,null,0]
["1.15.4","Установка компенсатора сильфонного осевого: КСО ARM 100-16-30 Фланцевый","шт.",3,56592,{"$f":"D542*E542","v":169776},0,null,169776,null,null,56592,{"$f":"K542*L542","v":0},0,null,0,null,56592,{"$f":"Q542*R542","v":0},0,null,0,3,56592,{"$f":"W542*X542","v":169776},0,null,169776,null,56592,{"$f":"AC542*AD542","v":0},0,null,0,null,56592,{"$f":"AI542*AJ542","v":0},0,null,0,null,56592,{"$f":"AO542*AP542","v":0},0,null,0,null,56592,{"$f":"AU542*AV542","v":0},0,null,0,null,56592,{"$f":"BA542*BB542","v":0},0,null,0,null,3,56592,{"$f":"BH542*BI542","v":169776},0,null,169776,0,56592,{"$f":"BN542*BO542","v":0},0,null,0]
["1.15.5","Устройство труб стальных горячедеформированных, по ГОСТ 9940-81, сталь 12Х18Н10Т Ø114×3,0 мм."," п.м.",41.91,2373,{"$f":"D543*E543","v":99452.43},4672,{"$f":"D543*G543","v":195803.51999999999},295255.94999999995,null,null,2373,{"$f":"K543*L543","v":0},4672,{"$f":"K543*N543","v":0},0,null,2373,{"$f":"Q543*R543","v":0},4672,{"$f":"Q543*T543","v":0},0,41.91,2373,{"$f":"W543*X543","v":99452.43},4672,{"$f":"W543*Z543","v":195803.51999999999},295255.94999999995,null,2373,{"$f":"AC543*AD543","v":0},4672,{"$f":"AC543*AF543","v":0},0,null,2373,{"$f":"AI543*AJ543","v":0},4672,{"$f":"AI543*AL543","v":0},0,null,2373,{"$f":"AO543*AP543","v":0},4672,{"$f":"AO543*AR543","v":0},0,null,2373,{"$f":"AU543*AV543","v":0},4672,{"$f":"AU543*AX543","v":0},0,null,2373,{"$f":"BA543*BB543","v":0},4672,{"$f":"BA543*BD543","v":0},0,null,41.91,2373,{"$f":"BH543*BI543","v":99452.43},4672,{"$f":"BH543*BK543","v":195803.51999999999},295255.94999999995,0,2373,{"$f":"BN543*BO543","v":0},4672,{"$f":"BN543*BQ543","v":0},0]
["1.15.6","Установка осушителя воздуха адсорбционного ОВА – 0870 14,5 м3/мин. 220В/50Гц. Габаритные размеры: 1175 мм х 640 мм х 2260 мм.","шт.",2,60324,{"$f":"D544*E544","v":120648},1490068,2980136,3100784,null,2,60324,{"$f":"K544*L544","v":120648},1490068,2980136,3100784,null,60324,{"$f":"Q544*R544","v":0},1490068,0,0,null,60324,{"$f":"W544*X544","v":0},1490068,0,0,null,60324,{"$f":"AC544*AD544","v":0},1490068,0,0,null,60324,{"$f":"AI544*AJ544","v":0},1490068,0,0,null,60324,{"$f":"AO544*AP544","v":0},1490068,0,0,null,60324,{"$f":"AU544*AV544","v":0},1490068,0,0,null,60324,{"$f":"BA544*BB544","v":0},1490068,0,0,null,2,60324,{"$f":"BH544*BI544","v":120648},1490068,2980136,3100784,0,60324,{"$f":"BN544*BO544","v":0},1490068,0,0]
["1.15.7","Устройство труб стальных горячедеформированных, по ГОСТ 9940-81, сталь 12Х18Н10Т Ø21,5×2,5 мм.","п.м.",140.19999999999999,1771,{"$f":"D545*E545","v":248294.19999999998},4632,649406.39999999991,897700.59999999986,null,null,1771,{"$f":"K545*L545","v":0},4632,0,0,null,1771,{"$f":"Q545*R545","v":0},4632,0,0,130,1771,{"$f":"W545*X545","v":230230},4632,602160,832390,null,1771,{"$f":"AC545*AD545","v":0},4632,0,0,null,1771,{"$f":"AI545*AJ545","v":0},4632,0,0,null,1771,{"$f":"AO545*AP545","v":0},4632,0,0,null,1771,{"$f":"AU545*AV545","v":0},4632,0,0,null,1771,{"$f":"BA545*BB545","v":0},4632,0,0,null,130,1771,{"$f":"BH545*BI545","v":230230},4632,602160,832390,10.199999999999989,1771,{"$f":"BN545*BO545","v":18064.199999999979},4632,47246.399999999951,65310.599999999933]
["1.15.8","Установка крана шарового  G1/2\" Ру10 нерж.","шт.",141,5895,831195,1550.25,218585.25,1049780.25,null,null,5895,0,1550.25,0,0,null,5895,0,1550.25,0,0,null,5895,0,1550.25,0,0,null,5895,0,1550.25,0,0,null,5895,0,1550.25,0,0,null,5895,0,1550.25,0,0,null,5895,0,1550.25,0,0,null,5895,0,1550.25,0,0,null,{"$f":"K546+Q546+W546+AC546+AI546+AO546+AU546+BA546","v":0},5895,0,1550.25,0,0,{"$f":"D546-BH546","v":141},5895,831195,1550.25,218585.25,1049780.25]
["1.15.9","Установка крана шарового фланцевого LD КШ. Ц. Ф.100.025                                                                                                                  \"под задвижку\", L=230 П/П Ру-10 Ду-100","  шт.",14,9790,137060,35760,500640,637700,null,null,9790,0,35760,0,0,null,9790,0,35760,0,0,null,9790,0,35760,0,0,null,9790,0,35760,0,0,null,9790,0,35760,0,0,null,9790,0,35760,0,0,null,9790,0,35760,0,0,null,9790,0,35760,0,0,null,0,9790,0,35760,0,0,14,9790,137060,35760,500640,637700]
["1.15.10","Установка быстросъемного соединения типа \"елочка\" проход 7 мм  G 1/2\" Ру10","шт.",94,4165.8,391585.2,201.5,18941,410526.2,null,null,4165.8,0,201.5,0,0,null,4165.8,0,201.5,0,0,null,4165.8,0,201.5,0,0,null,4165.8,0,201.5,0,0,null,4165.8,0,201.5,0,0,null,4165.8,0,201.5,0,0,null,4165.8,0,201.5,0,0,null,4165.8,0,201.5,0,0,null,0,4165.8,0,201.5,0,0,94,4165.8,391585.2,201.5,18941,410526.2]
["1.15.11","Установка фильтра/редуктора/лубрикатора Nordberg NP8414 ","шт.",47,9866,463702,28674,1347678,1811380,null,null,9866,0,28674,0,0,null,9866,0,28674,0,0,45,9866,443970,28674,1290330,1734300,null,9866,0,28674,0,0,null,9866,0,28674,0,0,null,9866,0,28674,0,0,null,9866,0,28674,0,0,null,9866,0,28674,0,0,null,45,9866,443970,28674,1290330,1734300,2,9866,19732,28674,57348,77080]
["1.15.12","9.8 атм, 1/2M",null,null,0,0,0,null,null,null,null,0,0,0,null,null,null,0,0,0,null,null,null,0,0,0,null,null,null,0,0,0,null,null,null,0,0,0,null,null,null,0,0,0,null,null,null,0,0,0,null,null,null,0,0,0,null,null,null,0,0,0,0,null,null,0,0,0,0]
["1.15.13","Установка отвода стального приварного крутоизогнутого 90гр. 20×2,5","шт.",94,393,36942,390,{"$f":"D551*G551","v":36660},{"$f":"E551*D551+G551*D551","v":73602},null,null,393,0,390,{"$f":"K551*N551","v":0},{"$f":"L551*K551+N551*K551","v":0},null,393,0,390,{"$f":"Q551*T551","v":0},{"$f":"R551*Q551+T551*Q551","v":0},null,393,0,390,{"$f":"W551*Z551","v":0},{"$f":"X551*W551+Z551*W551","v":0},null,393,0,390,{"$f":"AC551*AF551","v":0},{"$f":"AD551*AC551+AF551*AC551","v":0},null,393,0,390,{"$f":"AI551*AL551","v":0},{"$f":"AJ551*AI551+AL551*AI551","v":0},null,393,0,390,{"$f":"AO551*AR551","v":0},{"$f":"AP551*AO551+AR551*AO551","v":0},null,393,0,390,{"$f":"AU551*AX551","v":0},{"$f":"AV551*AU551+AX551*AU551","v":0},null,393,0,390,{"$f":"BA551*BD551","v":0},{"$f":"BB551*BA551+BD551*BA551","v":0},null,0,393,0,390,{"$f":"BH551*BK551","v":0},{"$f":"BI551*BH551+BK551*BH551","v":0},94,393,36942,390,{"$f":"BN551*BQ551","v":36660},{"$f":"BO551*BN551+BQ551*BN551","v":73602}]
["1.15.14","Установка отвода стального приварного крутоизогнутого 90гр. 114×3,0","  шт.",40,471.6,18864,585,23400,42264,null,null,471.6,0,585,0,0,null,471.6,0,585,0,0,28,471.6,13204.800000000001,585,16380,29584.800000000003,null,471.6,0,585,0,0,null,471.6,0,585,0,0,null,471.6,0,585,0,0,null,471.6,0,585,0,0,null,471.6,0,585,0,0,null,28,471.6,13204.800000000001,585,16380,29584.800000000003,12,471.6,5659.2000000000007,585,7020,12679.2]
["1.15.15","Установка тройника стального бесшовного приварного 12Х18Н10Т ГОСТ 17376-2001 20×2,5","  шт.",94,455.88,42852.72,468,43992,86844.72,null,null,455.88,0,468,0,0,null,455.88,0,468,0,0,null,455.88,0,468,0,0,null,455.88,0,468,0,0,null,455.88,0,468,0,0,null,455.88,0,468,0,0,null,455.88,0,468,0,0,null,455.88,0,468,0,0,null,0,455.88,0,468,0,0,94,455.88,42852.72,468,43992,86844.72]
["1.15.16","Установка тройника стального бесшовного приварного 12Х18Н10Т ГОСТ 17376-2001 114×3,0","шт.",7,605.22,4236.54,605.28,4236.96,8473.5,null,null,605.22,0,605.28,0,0,null,605.22,0,605.28,0,0,5,605.22,3026.1000000000004,605.28,3026.3999999999996,6052.5,null,605.22,0,605.28,0,0,null,605.22,0,605.28,0,0,null,605.22,0,605.28,0,0,null,605.22,0,605.28,0,0,null,605.22,0,605.28,0,0,null,5,605.22,3026.1000000000004,605.28,3026.3999999999996,6052.5,2,605.22,1210.44,605.28,1210.56,2421]
["1.15.17","Установка фланца стального плоского приварного 12Х18Н10Т ГОСТ 33259-2015 DN 100мм, PN10 кгс/см2.","шт.",32,581.64,18612.48,1794,57408,76020.479999999996,null,null,581.64,0,1794,0,0,null,581.64,0,1794,0,0,26,581.64,15122.64,1794,46644,61766.64,null,581.64,0,1794,0,0,null,581.64,0,1794,0,0,null,581.64,0,1794,0,0,null,581.64,0,1794,0,0,null,581.64,0,1794,0,0,null,26,581.64,15122.64,1794,46644,61766.64,6,581.64,3489.84,1794,10764,14253.84]
["1.15.18","Установка фланца стального плоского приварного 12Х18Н10Т ГОСТ 33259-2015 DN 20мм, PN10 кгс/см2.","шт.",188,594.22,111713.36,1263.5999999999999,237556.8,349270.16,null,null,594.22,0,1263.5999999999999,0,0,null,594.22,0,1263.5999999999999,0,0,null,594.22,0,1263.5999999999999,0,0,null,594.22,0,1263.5999999999999,0,0,null,594.22,0,1263.5999999999999,0,0,null,594.22,0,1263.5999999999999,0,0,null,594.22,0,1263.5999999999999,0,0,null,594.22,0,1263.5999999999999,0,0,null,0,594.22,0,1263.5999999999999,0,0,188,594.22,111713.36,1263.5999999999999,237556.8,349270.16]
["1.15.19","Установка фланца стального плоского приварного 12Х18Н10Т ГОСТ 33259-2015 DN 200мм, PN10 кгс/см2.","шт.",4,880.32,3521.28,1872,7488,11009.28,null,null,880.32,0,1872,0,0,null,880.32,0,1872,0,0,null,880.32,0,1872,0,0,null,880.32,0,1872,0,0,null,880.32,0,1872,0,0,null,880.32,0,1872,0,0,null,880.32,0,1872,0,0,null,880.32,0,1872,0,0,null,0,880.32,0,1872,0,0,4,880.32,3521.28,1872,7488,11009.28]
["1.15.20","Установка перехода 12Х18Н10Т 219×4,0 - 114×3,0 ГОСТ 17378-2001","шт.",2,3144,6288,20832.5,41665,47953,null,null,3144,0,20832.5,0,0,null,3144,0,20832.5,0,0,null,3144,0,20832.5,0,0,null,3144,0,20832.5,0,0,null,3144,0,20832.5,0,0,null,3144,0,20832.5,0,0,null,3144,0,20832.5,0,0,null,3144,0,20832.5,0,0,null,0,3144,0,20832.5,0,0,2,3144,6288,20832.5,41665,47953]
["1.15.21","Устройство металлических конструкций для установки трубопровода на эстакаде и крепления к существующим конструкциям","т.",0.33,308112,101676.96,0,null,101676.96,null,null,308112,0,0,null,0,null,308112,0,0,null,0,null,308112,0,0,null,0,null,308112,0,0,null,0,null,308112,0,0,null,0,null,308112,0,0,null,0,null,308112,0,0,null,0,null,308112,0,0,null,0,null,0,308112,0,0,null,0,0.33,308112,101676.96,0,null,101676.96]
["1.15.22","Установка гильз через стены труба стальная сварная 133×4,0","п.м.",0.6,7860,4716,0,null,4716,null,null,7860,0,0,null,0,null,7860,0,0,null,0,null,7860,0,0,null,0,null,7860,0,0,null,0,null,7860,0,0,null,0,null,7860,0,0,null,0,null,7860,0,0,null,0,null,7860,0,0,null,0,null,0,7860,0,0,null,0,0.6,7860,4716,0,null,4716]
["1.15.23","Установка вентиляционной решетки фасадной РЖН , 1500х2000","шт.",2,19650,39300,21242,{"$f":"D561*G561","v":42484},81784,null,null,19650,0,21242,{"$f":"K561*N561","v":0},0,null,19650,0,21242,{"$f":"Q561*T561","v":0},0,null,19650,0,21242,{"$f":"W561*Z561","v":0},0,null,19650,0,21242,{"$f":"AC561*AF561","v":0},0,null,19650,0,21242,{"$f":"AI561*AL561","v":0},0,null,19650,0,21242,{"$f":"AO561*AR561","v":0},0,null,19650,0,21242,{"$f":"AU561*AX561","v":0},0,null,19650,0,21242,{"$f":"BA561*BD561","v":0},0,null,0,19650,0,21242,{"$f":"BH561*BK561","v":0},0,2,19650,39300,21242,{"$f":"BN561*BQ561","v":42484},81784]
["1.15.24","Установка клапана воздушного прямоугольного АВК 2070х1562 ШхВ","  шт.",2,56592,113184,50414,{"$f":"D562*G562","v":100828},214012,null,null,56592,0,50414,{"$f":"K562*N562","v":0},0,null,56592,0,50414,{"$f":"Q562*T562","v":0},0,2,56592,113184,50414,{"$f":"W562*Z562","v":100828},214012,null,56592,0,50414,{"$f":"AC562*AF562","v":0},0,null,56592,0,50414,{"$f":"AI562*AL562","v":0},0,null,56592,0,50414,{"$f":"AO562*AR562","v":0},0,null,56592,0,50414,{"$f":"AU562*AX562","v":0},0,null,56592,0,50414,{"$f":"BA562*BD562","v":0},0,null,2,56592,113184,50414,{"$f":"BH562*BK562","v":100828},214012,0,56592,0,50414,{"$f":"BN562*BQ562","v":0},0]
["1.15.25","Гидростатические испытания трубопроводов","комл.",1,149340,149340,0,null,149340,null,null,149340,0,0,null,0,null,149340,0,0,null,0,null,149340,0,0,null,0,null,149340,0,0,null,0,null,149340,0,0,null,0,null,149340,0,0,null,0,null,149340,0,0,null,0,null,149340,0,0,null,0,null,0,149340,0,0,null,0,1,149340,149340,0,null,149340]
["1.15.26","Демонтаж стены (проём 1550 на 4100 для установки воздушного клапана"," м.кв.",6.5,2358,15327,0,null,15327,null,null,2358,0,0,null,0,null,2358,0,0,null,0,3.26,2358,7687.08,0,null,7687.08,null,2358,0,0,null,0,null,2358,0,0,null,0,null,2358,0,0,null,0,null,2358,0,0,null,0,null,2358,0,0,null,0,null,3.26,2358,7687.08,0,null,7687.08,3.24,2358,7639.92,0,null,7639.92]
["1.15.27","Демонтаж металлоконструкций фермы","т.",0.06,39300,2358,0,null,2358,null,null,39300,0,0,null,0,null,39300,0,0,null,0,null,39300,0,0,null,0,null,39300,0,0,null,0,null,39300,0,0,null,0,null,39300,0,0,null,0,null,39300,0,0,null,0,null,39300,0,0,null,0,null,0,39300,0,0,null,0,0.06,39300,2358,0,null,2358]
["1.15.28","Демонтаж труб стальных электросварных Ø159×6,0 мм.","п.м.",12,786,9432,0,null,9432,null,null,786,0,0,null,0,null,786,0,0,null,0,null,786,0,0,null,0,null,786,0,0,null,0,null,786,0,0,null,0,null,786,0,0,null,0,null,786,0,0,null,0,null,786,0,0,null,0,null,0,786,0,0,null,0,12,786,9432,0,null,9432]
["1.15.29","Демонтаж труб стальных электросварных Ø108×5,0 мм.","п.м.",6,628.79999999999995,3772.7999999999997,0,null,3772.7999999999997,null,null,628.79999999999995,0,0,null,0,null,628.79999999999995,0,0,null,0,null,628.79999999999995,0,0,null,0,null,628.79999999999995,0,0,null,0,null,628.79999999999995,0,0,null,0,null,628.79999999999995,0,0,null,0,null,628.79999999999995,0,0,null,0,null,628.79999999999995,0,0,null,0,null,0,628.79999999999995,0,0,null,0,6,628.79999999999995,3772.7999999999997,0,null,3772.7999999999997]
["1.15.30","Демонтаж металлических опор","т.",0.05,39300,1965,0,null,1965,null,null,39300,0,0,null,0,null,39300,0,0,null,0,null,39300,0,0,null,0,null,39300,0,0,null,0,null,39300,0,0,null,0,null,39300,0,0,null,0,null,39300,0,0,null,0,null,39300,0,0,null,0,null,0,39300,0,0,null,0,0.05,39300,1965,0,null,1965]
["1.15.31","Отвозка демонтированного оборудования самосвалами на расстояние до 1 км.","т.",0.18,7860,1414.8,0,null,1414.8,null,null,7860,0,0,null,0,null,7860,0,0,null,0,null,7860,0,0,null,0,null,7860,0,0,null,0,null,7860,0,0,null,0,null,7860,0,0,null,0,null,7860,0,0,null,0,null,7860,0,0,null,0,null,0,7860,0,0,null,0,0.18,7860,1414.8,0,null,1414.8]
["1.15.32","Пуско-наладочные работы","комл.",1,301300,301300,0,null,301300,null,null,301300,0,0,null,0,null,301300,0,0,null,0,null,301300,0,0,null,0,null,301300,0,0,null,0,null,301300,0,0,null,0,null,301300,0,0,null,0,null,301300,0,0,null,0,null,301300,0,0,null,0,null,0,301300,0,0,null,0,1,301300,301300,0,null,301300]
["1.16","130-23-ОВ3 Вентиляция и кондиционирование",null,null,null,{"$f":"F573+F575+F576+F577+F578+F579+F581+F582+F583+F584+F585+F586+F587","v":6742432.2699999996},null,{"$f":"H573+H575+H576+H577+H578+H579+H581+H582+H583+H584+H585+H586+H587","v":7599618.1099999994},{"$f":"I573+I575+I576+I577+I578+I579+I581+I582+I583+I584+I585+I586+I587","v":14342050.380000001},null,null,null,{"$f":"M573+M575+M576+M577+M578+M579+M581+M582+M583+M584+M585+M586+M587","v":0},null,{"$f":"O573+O575+O576+O577+O578+O579+O581+O582+O583+O584+O585+O586+O587","v":0},{"$f":"P573+P575+P576+P577+P578+P579+P581+P582+P583+P584+P585+P586+P587","v":0},null,null,{"$f":"S573+S575+S576+S577+S578+S579+S581+S582+S583+S584+S585+S586+S587","v":0},null,{"$f":"U573+U575+U576+U577+U578+U579+U581+U582+U583+U584+U585+U586+U587","v":0},{"$f":"V573+V575+V576+V577+V578+V579+V581+V582+V583+V584+V585+V586+V587","v":0},null,null,{"$f":"Y573+Y575+Y576+Y577+Y578+Y579+Y581+Y582+Y583+Y584+Y585+Y586+Y587","v":464609.8},null,{"$f":"AA573+AA575+AA576+AA577+AA578+AA579+AA581+AA582+AA583+AA584+AA585+AA586+AA587","v":2058555.6400000001},{"$f":"AB573+AB575+AB576+AB577+AB578+AB579+AB581+AB582+AB583+AB584+AB585+AB586+AB587","v":2523165.44},null,null,{"$f":"AE573+AE575+AE576+AE577+AE578+AE579+AE581+AE582+AE583+AE584+AE585+AE586+AE587","v":0},null,{"$f":"AG573+AG575+AG576+AG577+AG578+AG579+AG581+AG582+AG583+AG584+AG585+AG586+AG587","v":0},{"$f":"AH573+AH575+AH576+AH577+AH578+AH579+AH581+AH582+AH583+AH584+AH585+AH586+AH587","v":0},null,null,{"$f":"AK573+AK575+AK576+AK577+AK578+AK579+AK581+AK582+AK583+AK584+AK585+AK586+AK587","v":0},null,{"$f":"AM573+AM575+AM576+AM577+AM578+AM579+AM581+AM582+AM583+AM584+AM585+AM586+AM587","v":0},{"$f":"AN573+AN575+AN576+AN577+AN578+AN579+AN581+AN582+AN583+AN584+AN585+AN586+AN587","v":0},null,null,{"$f":"AQ573+AQ575+AQ576+AQ577+AQ578+AQ579+AQ581+AQ582+AQ583+AQ584+AQ585+AQ586+AQ587","v":0},null,{"$f":"AS573+AS575+AS576+AS577+AS578+AS579+AS581+AS582+AS583+AS584+AS585+AS586+AS587","v":0},{"$f":"AT573+AT575+AT576+AT577+AT578+AT579+AT581+AT582+AT583+AT584+AT585+AT586+AT587","v":0},null,null,{"$f":"AW573+AW575+AW576+AW577+AW578+AW579+AW581+AW582+AW583+AW584+AW585+AW586+AW587","v":0},null,{"$f":"AY573+AY575+AY576+AY577+AY578+AY579+AY581+AY582+AY583+AY584+AY585+AY586+AY587","v":0},{"$f":"AZ573+AZ575+AZ576+AZ577+AZ578+AZ579+AZ581+AZ582+AZ583+AZ584+AZ585+AZ586+AZ587","v":0},null,null,{"$f":"BC573+BC575+BC576+BC577+BC578+BC579+BC581+BC582+BC583+BC584+BC585+BC586+BC587","v":0},null,{"$f":"BE573+BE575+BE576+BE577+BE578+BE579+BE581+BE582+BE583+BE584+BE585+BE586+BE587","v":0},{"$f":"BF573+BF575+BF576+BF577+BF578+BF579+BF581+BF582+BF583+BF584+BF585+BF586+BF587","v":0},null,0,null,{"$f":"BJ573+BJ575+BJ576+BJ577+BJ578+BJ579+BJ581+BJ582+BJ583+BJ584+BJ585+BJ586+BJ587","v":464609.8},null,{"$f":"BL573+BL575+BL576+BL577+BL578+BL579+BL581+BL582+BL583+BL584+BL585+BL586+BL587","v":2058555.6400000001},{"$f":"BM573+BM575+BM576+BM577+BM578+BM579+BM581+BM582+BM583+BM584+BM585+BM586+BM587","v":2523165.44},0,null,{"$f":"BP573+BP575+BP576+BP577+BP578+BP579+BP581+BP582+BP583+BP584+BP585+BP586+BP587","v":6277822.4699999997},null,{"$f":"BR573+BR575+BR576+BR577+BR578+BR579+BR581+BR582+BR583+BR584+BR585+BR586+BR587","v":5541062.4699999997},{"$f":"BS573+BS575+BS576+BS577+BS578+BS579+BS581+BS582+BS583+BS584+BS585+BS586+BS587","v":11818884.940000001}]
["1.16.1","Теплоснабжение установки П1",null,null,0,null,0,null,null,null,null,0,null,0,null,null,null,0,null,0,null,null,null,0,null,0,null,null,null,0,null,0,null,null,null,0,null,0,null,null,null,0,null,0,null,null,null,0,null,0,null,null,null,0,null,0,null,null,null,0,0,null,0,null,null,0,0,null,0]
["1.16.1.1","Прокладка трубопроводов теплоснабжения в изоляции","п.м.",40,1310,{"$f":"D573*E573","v":52400},619.45000000000005,{"$f":"D573*G573","v":24778},{"$f":"E573*D573+G573*D573","v":77178},null,null,1310,{"$f":"K573*L573","v":0},619.45000000000005,{"$f":"K573*N573","v":0},{"$f":"L573*K573+N573*K573","v":0},null,1310,{"$f":"Q573*R573","v":0},619.45000000000005,{"$f":"Q573*T573","v":0},{"$f":"R573*Q573+T573*Q573","v":0},null,1310,{"$f":"W573*X573","v":0},619.45000000000005,{"$f":"W573*Z573","v":0},{"$f":"X573*W573+Z573*W573","v":0},null,1310,{"$f":"AC573*AD573","v":0},619.45000000000005,{"$f":"AC573*AF573","v":0},{"$f":"AD573*AC573+AF573*AC573","v":0},null,1310,{"$f":"AI573*AJ573","v":0},619.45000000000005,{"$f":"AI573*AL573","v":0},{"$f":"AJ573*AI573+AL573*AI573","v":0},null,1310,{"$f":"AO573*AP573","v":0},619.45000000000005,{"$f":"AO573*AR573","v":0},{"$f":"AP573*AO573+AR573*AO573","v":0},null,1310,{"$f":"AU573*AV573","v":0},619.45000000000005,{"$f":"AU573*AX573","v":0},{"$f":"AV573*AU573+AX573*AU573","v":0},null,1310,{"$f":"BA573*BB573","v":0},619.45000000000005,{"$f":"BA573*BD573","v":0},{"$f":"BB573*BA573+BD573*BA573","v":0},null,0,1310,{"$f":"BH573*BI573","v":0},619.45000000000005,{"$f":"BH573*BK573","v":0},{"$f":"BI573*BH573+BK573*BH573","v":0},40,1310,{"$f":"BN573*BO573","v":52400},619.45000000000005,{"$f":"BN573*BQ573","v":24778},{"$f":"BO573*BN573+BQ573*BN573","v":77178}]
["1.16.2","Вентиляция",null,null,0,null,0,null,null,null,null,0,null,0,null,null,null,0,null,0,null,null,null,0,null,0,null,null,null,0,null,0,null,null,null,0,null,0,null,null,null,0,null,0,null,null,null,0,null,0,null,null,null,0,null,0,null,null,null,0,0,null,0,null,null,0,0,null,0]
["1.16.2.1","Монтаж приточной системы","к-т",1,125495.9,{"$f":"D575*E575","v":125495.9},181087.89,{"$f":"D575*G575","v":181087.89},{"$f":"E575*D575+G575*D575","v":306583.79000000004},null,null,125495.9,{"$f":"K575*L575","v":0},181087.89,{"$f":"K575*N575","v":0},{"$f":"L575*K575+N575*K575","v":0},null,125495.9,{"$f":"Q575*R575","v":0},181087.89,{"$f":"Q575*T575","v":0},{"$f":"R575*Q575+T575*Q575","v":0},null,125495.9,{"$f":"W575*X575","v":0},181087.89,{"$f":"W575*Z575","v":0},{"$f":"X575*W575+Z575*W575","v":0},null,125495.9,{"$f":"AC575*AD575","v":0},181087.89,{"$f":"AC575*AF575","v":0},{"$f":"AD575*AC575+AF575*AC575","v":0},null,125495.9,{"$f":"AI575*AJ575","v":0},181087.89,{"$f":"AI575*AL575","v":0},{"$f":"AJ575*AI575+AL575*AI575","v":0},null,125495.9,{"$f":"AO575*AP575","v":0},181087.89,{"$f":"AO575*AR575","v":0},{"$f":"AP575*AO575+AR575*AO575","v":0},null,125495.9,{"$f":"AU575*AV575","v":0},181087.89,{"$f":"AU575*AX575","v":0},{"$f":"AV575*AU575+AX575*AU575","v":0},null,125495.9,{"$f":"BA575*BB575","v":0},181087.89,{"$f":"BA575*BD575","v":0},{"$f":"BB575*BA575+BD575*BA575","v":0},null,0,125495.9,{"$f":"BH575*BI575","v":0},181087.89,{"$f":"BH575*BK575","v":0},{"$f":"BI575*BH575+BK575*BH575","v":0},1,125495.9,{"$f":"BN575*BO575","v":125495.9},181087.89,{"$f":"BN575*BQ575","v":181087.89},{"$f":"BO575*BN575+BQ575*BN575","v":306583.79000000004}]
["1.16.2.2","Монтаж узла терморегулирования","к-т",1,52630.559999999998,{"$f":"D576*E576","v":52630.559999999998},128976.12,{"$f":"D576*G576","v":128976.12},181606.68,null,null,52630.559999999998,{"$f":"K576*L576","v":0},128976.12,{"$f":"K576*N576","v":0},0,null,52630.559999999998,{"$f":"Q576*R576","v":0},128976.12,{"$f":"Q576*T576","v":0},0,null,52630.559999999998,{"$f":"W576*X576","v":0},128976.12,{"$f":"W576*Z576","v":0},0,null,52630.559999999998,{"$f":"AC576*AD576","v":0},128976.12,{"$f":"AC576*AF576","v":0},0,null,52630.559999999998,{"$f":"AI576*AJ576","v":0},128976.12,{"$f":"AI576*AL576","v":0},0,null,52630.559999999998,{"$f":"AO576*AP576","v":0},128976.12,{"$f":"AO576*AR576","v":0},0,null,52630.559999999998,{"$f":"AU576*AV576","v":0},128976.12,{"$f":"AU576*AX576","v":0},0,null,52630.559999999998,{"$f":"BA576*BB576","v":0},128976.12,{"$f":"BA576*BD576","v":0},0,null,0,52630.559999999998,{"$f":"BH576*BI576","v":0},128976.12,{"$f":"BH576*BK576","v":0},0,1,52630.559999999998,{"$f":"BN576*BO576","v":52630.559999999998},128976.12,{"$f":"BN576*BQ576","v":128976.12},181606.68]
["1.16.2.3","Монтаж клапанов огнезадерживающих","шт.",43,6454,{"$f":"D577*E577","v":277522},17008,{"$f":"D577*G577","v":731344},1008866,null,null,6454,{"$f":"K577*L577","v":0},17008,{"$f":"K577*N577","v":0},0,null,6454,{"$f":"Q577*R577","v":0},17008,{"$f":"Q577*T577","v":0},0,null,6454,{"$f":"W577*X577","v":0},17008,{"$f":"W577*Z577","v":0},0,null,6454,{"$f":"AC577*AD577","v":0},17008,{"$f":"AC577*AF577","v":0},0,null,6454,{"$f":"AI577*AJ577","v":0},17008,{"$f":"AI577*AL577","v":0},0,null,6454,{"$f":"AO577*AP577","v":0},17008,{"$f":"AO577*AR577","v":0},0,null,6454,{"$f":"AU577*AV577","v":0},17008,{"$f":"AU577*AX577","v":0},0,null,6454,{"$f":"BA577*BB577","v":0},17008,{"$f":"BA577*BD577","v":0},0,null,0,6454,{"$f":"BH577*BI577","v":0},17008,{"$f":"BH577*BK577","v":0},0,43,6454,{"$f":"BN577*BO577","v":277522},17008,{"$f":"BN577*BQ577","v":731344},1008866]
["1.16.2.4","Монтаж вытяжных систем","к-т",2,63240.38,{"$f":"D578*E578","v":126480.76},93837.74,{"$f":"D578*G578","v":187675.48},314156.24,null,null,63240.38,{"$f":"K578*L578","v":0},93837.74,{"$f":"K578*N578","v":0},0,null,63240.38,{"$f":"Q578*R578","v":0},93837.74,{"$f":"Q578*T578","v":0},0,null,63240.38,{"$f":"W578*X578","v":0},93837.74,{"$f":"W578*Z578","v":0},0,null,63240.38,{"$f":"AC578*AD578","v":0},93837.74,{"$f":"AC578*AF578","v":0},0,null,63240.38,{"$f":"AI578*AJ578","v":0},93837.74,{"$f":"AI578*AL578","v":0},0,null,63240.38,{"$f":"AO578*AP578","v":0},93837.74,{"$f":"AO578*AR578","v":0},0,null,63240.38,{"$f":"AU578*AV578","v":0},93837.74,{"$f":"AU578*AX578","v":0},0,null,63240.38,{"$f":"BA578*BB578","v":0},93837.74,{"$f":"BA578*BD578","v":0},0,null,0,63240.38,{"$f":"BH578*BI578","v":0},93837.74,{"$f":"BH578*BK578","v":0},0,2,63240.38,{"$f":"BN578*BO578","v":126480.76},93837.74,{"$f":"BN578*BQ578","v":187675.48},314156.24]
["1.16.2.5","Монтаж воздухораспределителей, дроссель-клапанов, зонтов","шт",208,1050.5999999999999,{"$f":"D579*E579","v":218524.79999999999},1168.95,{"$f":"D579*G579","v":243141.6},461666.4,null,null,1050.5999999999999,{"$f":"K579*L579","v":0},1168.95,{"$f":"K579*N579","v":0},0,null,1050.5999999999999,{"$f":"Q579*R579","v":0},1168.95,{"$f":"Q579*T579","v":0},0,null,1050.5999999999999,{"$f":"W579*X579","v":0},1168.95,{"$f":"W579*Z579","v":0},0,null,1050.5999999999999,{"$f":"AC579*AD579","v":0},1168.95,{"$f":"AC579*AF579","v":0},0,null,1050.5999999999999,{"$f":"AI579*AJ579","v":0},1168.95,{"$f":"AI579*AL579","v":0},0,null,1050.5999999999999,{"$f":"AO579*AP579","v":0},1168.95,{"$f":"AO579*AR579","v":0},0,null,1050.5999999999999,{"$f":"AU579*AV579","v":0},1168.95,{"$f":"AU579*AX579","v":0},0,null,1050.5999999999999,{"$f":"BA579*BB579","v":0},1168.95,{"$f":"BA579*BD579","v":0},0,null,0,1050.5999999999999,{"$f":"BH579*BI579","v":0},1168.95,{"$f":"BH579*BK579","v":0},0,208,1050.5999999999999,{"$f":"BN579*BO579","v":218524.79999999999},1168.95,{"$f":"BN579*BQ579","v":243141.6},461666.4]
["1.16.3","Кондиционирование воздуха",null,null,0,null,0,null,null,null,null,0,null,0,null,null,null,0,null,0,null,null,null,0,null,0,null,null,null,0,null,0,null,null,null,0,null,0,null,null,null,0,null,0,null,null,null,0,null,0,null,null,null,0,null,0,null,null,null,0,0,null,0,null,null,0,0,null,0]
["1.16.3.1","Прокладка воздуховодов из оцинкованой стали с огнезащитным покрытием","м2",1146,3581,{"$f":"D581*E581","v":4103826},2445,{"$f":"D581*G581","v":2801970},{"$f":"E581*D581+G581*D581","v":6905796},null,null,3581,{"$f":"K581*L581","v":0},2445,{"$f":"K581*N581","v":0},{"$f":"L581*K581+N581*K581","v":0},null,3581,{"$f":"Q581*R581","v":0},2445,{"$f":"Q581*T581","v":0},{"$f":"R581*Q581+T581*Q581","v":0},null,3581,{"$f":"W581*X581","v":0},2445,{"$f":"W581*Z581","v":0},{"$f":"X581*W581+Z581*W581","v":0},null,3581,{"$f":"AC581*AD581","v":0},2445,{"$f":"AC581*AF581","v":0},{"$f":"AD581*AC581+AF581*AC581","v":0},null,3581,{"$f":"AI581*AJ581","v":0},2445,{"$f":"AI581*AL581","v":0},{"$f":"AJ581*AI581+AL581*AI581","v":0},null,3581,{"$f":"AO581*AP581","v":0},2445,{"$f":"AO581*AR581","v":0},{"$f":"AP581*AO581+AR581*AO581","v":0},null,3581,{"$f":"AU581*AV581","v":0},2445,{"$f":"AU581*AX581","v":0},{"$f":"AV581*AU581+AX581*AU581","v":0},null,3581,{"$f":"BA581*BB581","v":0},2445,{"$f":"BA581*BD581","v":0},{"$f":"BB581*BA581+BD581*BA581","v":0},null,0,3581,{"$f":"BH581*BI581","v":0},2445,{"$f":"BH581*BK581","v":0},{"$f":"BI581*BH581+BK581*BH581","v":0},1146,3581,{"$f":"BN581*BO581","v":4103826},2445,{"$f":"BN581*BQ581","v":2801970},{"$f":"BO581*BN581+BQ581*BN581","v":6905796}]
["1.16.3.2","Монтаж наружных блоков сиситем кондиционирования воздуха","к-т",5,61132.45,305662.25,362404.12,1812020.6,2117682.85,null,null,61132.45,0,362404.12,0,0,null,61132.45,0,362404.12,0,0,4,61132.45,244529.8,362404.12,1449616.48,1694146.28,null,61132.45,0,362404.12,0,0,null,61132.45,0,362404.12,0,0,null,61132.45,0,362404.12,0,0,null,61132.45,0,362404.12,0,0,null,61132.45,0,362404.12,0,0,null,4,61132.45,244529.8,362404.12,1449616.48,1694146.28,1,61132.45,61132.45,362404.12,362404.12,423536.57]
["1.16.3.3","Монтаж внутренних блоков сиситем кондиционирования воздуха","к-т",16,18340,293440,50744.93,811918.88,1105358.8799999999,null,null,18340,0,50744.93,0,0,null,18340,0,50744.93,0,0,12,18340,220080,50744.93,608939.16,829019.16,null,18340,0,50744.93,0,0,null,18340,0,50744.93,0,0,null,18340,0,50744.93,0,0,null,18340,0,50744.93,0,0,null,18340,0,50744.93,0,0,null,12,18340,220080,50744.93,608939.16,829019.16,4,18340,73360,50744.93,202979.72,276339.71999999997]
["1.16.3.4","Прокладка медных трубопроводов с изоляцией","пм",348,635,220980,889,309372,530352,null,null,635,0,889,0,0,null,635,0,889,0,0,null,635,0,889,0,0,null,635,0,889,0,0,null,635,0,889,0,0,null,635,0,889,0,0,null,635,0,889,0,0,null,635,0,889,0,0,null,0,635,0,889,0,0,348,635,220980,889,309372,530352]
["1.16.3.5","Прокладка дренажных трубопроводов","пм",133,1310,174230,1477.78,196544.74,370774.74,null,null,1310,0,1477.78,0,0,null,1310,0,1477.78,0,0,null,1310,0,1477.78,0,0,null,1310,0,1477.78,0,0,null,1310,0,1477.78,0,0,null,1310,0,1477.78,0,0,null,1310,0,1477.78,0,0,null,1310,0,1477.78,0,0,null,0,1310,0,1477.78,0,0,133,1310,174230,1477.78,196544.74,370774.74]
["1.16.3.6","Установка дренажных насосов","шт",16,3275,52400,10674.3,170788.8,223188.8,null,null,3275,0,10674.3,0,0,null,3275,0,10674.3,0,0,null,3275,0,10674.3,0,0,null,3275,0,10674.3,0,0,null,3275,0,10674.3,0,0,null,3275,0,10674.3,0,0,null,3275,0,10674.3,0,0,null,3275,0,10674.3,0,0,null,0,3275,0,10674.3,0,0,16,3275,52400,10674.3,170788.8,223188.8]
["1.16.3.7","Пуско-наладочные работы ","к-т",1,738840,738840,0,null,738840,null,null,738840,0,0,null,0,null,738840,0,0,null,0,null,738840,0,0,null,0,null,738840,0,0,null,0,null,738840,0,0,null,0,null,738840,0,0,null,0,null,738840,0,0,null,0,null,738840,0,0,null,0,null,0,738840,0,0,null,0,1,738840,738840,0,null,738840]
["1.17","130-23-ЭМ2 Силовое электрооборудование",null,null,null,null,null,null,null,null,null,null,null,null,null,null,null,null,null,null,null,null,null,null,{"$f":"Y668+Y669+Y670+Y589+Y590+Y591+Y592+Y593+Y594+Y595+Y596+Y671+Y672+Y597+Y673+Y674+Y675+Y676+Y677+Y678+Y679+Y680+Y598+Y599+Y600+Y601+Y602+Y603+Y681+Y604+Y682+Y683+Y684+Y685+Y605+Y606+Y607+Y608+Y609+Y610+Y611+Y612+Y613+Y614+Y615+Y616+Y618+Y619+Y620+Y621+Y622+Y623+Y624+Y625+Y626+Y627+Y628+Y629+Y630+Y631+Y632+Y633+Y634+Y635+Y636+Y637+Y638+Y639+Y640+Y641+Y642+Y643+Y645+Y646+Y647+Y644+Y648+Y649+Y650+Y651+Y617+Y652+Y653+Y654+Y655+Y656+Y657+Y658+Y659+Y660+Y661+Y662+Y663+Y664+Y665+Y666+Y667","v":714644},null,{"$f":"AA668+AA669+AA670+AA589+AA590+AA591+AA592+AA593+AA594+AA595+AA596+AA671+AA672+AA597+AA673+AA674+AA675+AA676+AA677+AA678+AA679+AA680+AA598+AA599+AA600+AA601+AA602+AA603+AA681+AA604+AA682+AA683+AA684+AA685+AA605+AA606+AA607+AA608+AA609+AA610+AA611+AA612+AA613+AA614+AA615+AA616+AA618+AA619+AA620+AA621+AA622+AA623+AA624+AA625+AA626+AA627+AA628+AA629+AA630+AA631+AA632+AA633+AA634+AA635+AA636+AA637+AA638+AA639+AA640+AA641+AA642+AA643+AA645+AA646+AA647+AA644+AA648+AA649+AA650+AA651+AA617+AA652+AA653+AA654+AA655+AA656+AA657+AA658+AA659+AA660+AA661+AA662+AA663+AA664+AA665+AA666+AA667","v":966734.2},{"$f":"AB668+AB669+AB670+AB589+AB590+AB591+AB592+AB593+AB594+AB595+AB596+AB671+AB672+AB597+AB673+AB674+AB675+AB676+AB677+AB678+AB679+AB680+AB598+AB599+AB600+AB601+AB602+AB603+AB681+AB604+AB682+AB683+AB684+AB685+AB605+AB606+AB607+AB608+AB609+AB610+AB611+AB612+AB613+AB614+AB615+AB616+AB618+AB619+AB620+AB621+AB622+AB623+AB624+AB625+AB626+AB627+AB628+AB629+AB630+AB631+AB632+AB633+AB634+AB635+AB636+AB637+AB638+AB639+AB640+AB641+AB642+AB643+AB645+AB646+AB647+AB644+AB648+AB649+AB650+AB651+AB617+AB652+AB653+AB654+AB655+AB656+AB657+AB658+AB659+AB660+AB661+AB662+AB663+AB664+AB665+AB666+AB667","v":1681378.2},null,null,{"$f":"AE668+AE669+AE670+AE589+AE590+AE591+AE592+AE593+AE594+AE595+AE596+AE671+AE672+AE597+AE673+AE674+AE675+AE676+AE677+AE678+AE679+AE680+AE598+AE599+AE600+AE601+AE602+AE603+AE681+AE604+AE682+AE683+AE684+AE685+AE605+AE606+AE607+AE608+AE609+AE610+AE611+AE612+AE613+AE614+AE615+AE616+AE618+AE619+AE620+AE621+AE622+AE623+AE624+AE625+AE626+AE627+AE628+AE629+AE630+AE631+AE632+AE633+AE634+AE635+AE636+AE637+AE638+AE639+AE640+AE641+AE642+AE643+AE645+AE646+AE647+AE644+AE648+AE649+AE650+AE651+AE617+AE652+AE653+AE654+AE655+AE656+AE657+AE658+AE659+AE660+AE661+AE662+AE663+AE664+AE665+AE666+AE667","v":0},null,{"$f":"AG668+AG669+AG670+AG589+AG590+AG591+AG592+AG593+AG594+AG595+AG596+AG671+AG672+AG597+AG673+AG674+AG675+AG676+AG677+AG678+AG679+AG680+AG598+AG599+AG600+AG601+AG602+AG603+AG681+AG604+AG682+AG683+AG684+AG685+AG605+AG606+AG607+AG608+AG609+AG610+AG611+AG612+AG613+AG614+AG615+AG616+AG618+AG619+AG620+AG621+AG622+AG623+AG624+AG625+AG626+AG627+AG628+AG629+AG630+AG631+AG632+AG633+AG634+AG635+AG636+AG637+AG638+AG639+AG640+AG641+AG642+AG643+AG645+AG646+AG647+AG644+AG648+AG649+AG650+AG651+AG617+AG652+AG653+AG654+AG655+AG656+AG657+AG658+AG659+AG660+AG661+AG662+AG663+AG664+AG665+AG666+AG667","v":0},{"$f":"AH668+AH669+AH670+AH589+AH590+AH591+AH592+AH593+AH594+AH595+AH596+AH671+AH672+AH597+AH673+AH674+AH675+AH676+AH677+AH678+AH679+AH680+AH598+AH599+AH600+AH601+AH602+AH603+AH681+AH604+AH682+AH683+AH684+AH685+AH605+AH606+AH607+AH608+AH609+AH610+AH611+AH612+AH613+AH614+AH615+AH616+AH618+AH619+AH620+AH621+AH622+AH623+AH624+AH625+AH626+AH627+AH628+AH629+AH630+AH631+AH632+AH633+AH634+AH635+AH636+AH637+AH638+AH639+AH640+AH641+AH642+AH643+AH645+AH646+AH647+AH644+AH648+AH649+AH650+AH651+AH617+AH652+AH653+AH654+AH655+AH656+AH657+AH658+AH659+AH660+AH661+AH662+AH663+AH664+AH665+AH666+AH667","v":0},null,null,{"$f":"AK668+AK669+AK670+AK589+AK590+AK591+AK592+AK593+AK594+AK595+AK596+AK671+AK672+AK597+AK673+AK674+AK675+AK676+AK677+AK678+AK679+AK680+AK598+AK599+AK600+AK601+AK602+AK603+AK681+AK604+AK682+AK683+AK684+AK685+AK605+AK606+AK607+AK608+AK609+AK610+AK611+AK612+AK613+AK614+AK615+AK616+AK618+AK619+AK620+AK621+AK622+AK623+AK624+AK625+AK626+AK627+AK628+AK629+AK630+AK631+AK632+AK633+AK634+AK635+AK636+AK637+AK638+AK639+AK640+AK641+AK642+AK643+AK645+AK646+AK647+AK644+AK648+AK649+AK650+AK651+AK617+AK652+AK653+AK654+AK655+AK656+AK657+AK658+AK659+AK660+AK661+AK662+AK663+AK664+AK665+AK666+AK667","v":0},null,{"$f":"AM668+AM669+AM670+AM589+AM590+AM591+AM592+AM593+AM594+AM595+AM596+AM671+AM672+AM597+AM673+AM674+AM675+AM676+AM677+AM678+AM679+AM680+AM598+AM599+AM600+AM601+AM602+AM603+AM681+AM604+AM682+AM683+AM684+AM685+AM605+AM606+AM607+AM608+AM609+AM610+AM611+AM612+AM613+AM614+AM615+AM616+AM618+AM619+AM620+AM621+AM622+AM623+AM624+AM625+AM626+AM627+AM628+AM629+AM630+AM631+AM632+AM633+AM634+AM635+AM636+AM637+AM638+AM639+AM640+AM641+AM642+AM643+AM645+AM646+AM647+AM644+AM648+AM649+AM650+AM651+AM617+AM652+AM653+AM654+AM655+AM656+AM657+AM658+AM659+AM660+AM661+AM662+AM663+AM664+AM665+AM666+AM667","v":0},{"$f":"AN668+AN669+AN670+AN589+AN590+AN591+AN592+AN593+AN594+AN595+AN596+AN671+AN672+AN597+AN673+AN674+AN675+AN676+AN677+AN678+AN679+AN680+AN598+AN599+AN600+AN601+AN602+AN603+AN681+AN604+AN682+AN683+AN684+AN685+AN605+AN606+AN607+AN608+AN609+AN610+AN611+AN612+AN613+AN614+AN615+AN616+AN618+AN619+AN620+AN621+AN622+AN623+AN624+AN625+AN626+AN627+AN628+AN629+AN630+AN631+AN632+AN633+AN634+AN635+AN636+AN637+AN638+AN639+AN640+AN641+AN642+AN643+AN645+AN646+AN647+AN644+AN648+AN649+AN650+AN651+AN617+AN652+AN653+AN654+AN655+AN656+AN657+AN658+AN659+AN660+AN661+AN662+AN663+AN664+AN665+AN666+AN667","v":0},null,null,{"$f":"AQ668+AQ669+AQ670+AQ589+AQ590+AQ591+AQ592+AQ593+AQ594+AQ595+AQ596+AQ671+AQ672+AQ597+AQ673+AQ674+AQ675+AQ676+AQ677+AQ678+AQ679+AQ680+AQ598+AQ599+AQ600+AQ601+AQ602+AQ603+AQ681+AQ604+AQ682+AQ683+AQ684+AQ685+AQ605+AQ606+AQ607+AQ608+AQ609+AQ610+AQ611+AQ612+AQ613+AQ614+AQ615+AQ616+AQ618+AQ619+AQ620+AQ621+AQ622+AQ623+AQ624+AQ625+AQ626+AQ627+AQ628+AQ629+AQ630+AQ631+AQ632+AQ633+AQ634+AQ635+AQ636+AQ637+AQ638+AQ639+AQ640+AQ641+AQ642+AQ643+AQ645+AQ646+AQ647+AQ644+AQ648+AQ649+AQ650+AQ651+AQ617+AQ652+AQ653+AQ654+AQ655+AQ656+AQ657+AQ658+AQ659+AQ660+AQ661+AQ662+AQ663+AQ664+AQ665+AQ666+AQ667","v":0},null,{"$f":"AS668+AS669+AS670+AS589+AS590+AS591+AS592+AS593+AS594+AS595+AS596+AS671+AS672+AS597+AS673+AS674+AS675+AS676+AS677+AS678+AS679+AS680+AS598+AS599+AS600+AS601+AS602+AS603+AS681+AS604+AS682+AS683+AS684+AS685+AS605+AS606+AS607+AS608+AS609+AS610+AS611+AS612+AS613+AS614+AS615+AS616+AS618+AS619+AS620+AS621+AS622+AS623+AS624+AS625+AS626+AS627+AS628+AS629+AS630+AS631+AS632+AS633+AS634+AS635+AS636+AS637+AS638+AS639+AS640+AS641+AS642+AS643+AS645+AS646+AS647+AS644+AS648+AS649+AS650+AS651+AS617+AS652+AS653+AS654+AS655+AS656+AS657+AS658+AS659+AS660+AS661+AS662+AS663+AS664+AS665+AS666+AS667","v":0},{"$f":"AT668+AT669+AT670+AT589+AT590+AT591+AT592+AT593+AT594+AT595+AT596+AT671+AT672+AT597+AT673+AT674+AT675+AT676+AT677+AT678+AT679+AT680+AT598+AT599+AT600+AT601+AT602+AT603+AT681+AT604+AT682+AT683+AT684+AT685+AT605+AT606+AT607+AT608+AT609+AT610+AT611+AT612+AT613+AT614+AT615+AT616+AT618+AT619+AT620+AT621+AT622+AT623+AT624+AT625+AT626+AT627+AT628+AT629+AT630+AT631+AT632+AT633+AT634+AT635+AT636+AT637+AT638+AT639+AT640+AT641+AT642+AT643+AT645+AT646+AT647+AT644+AT648+AT649+AT650+AT651+AT617+AT652+AT653+AT654+AT655+AT656+AT657+AT658+AT659+AT660+AT661+AT662+AT663+AT664+AT665+AT666+AT667","v":0},null,null,{"$f":"AW668+AW669+AW670+AW589+AW590+AW591+AW592+AW593+AW594+AW595+AW596+AW671+AW672+AW597+AW673+AW674+AW675+AW676+AW677+AW678+AW679+AW680+AW598+AW599+AW600+AW601+AW602+AW603+AW681+AW604+AW682+AW683+AW684+AW685+AW605+AW606+AW607+AW608+AW609+AW610+AW611+AW612+AW613+AW614+AW615+AW616+AW618+AW619+AW620+AW621+AW622+AW623+AW624+AW625+AW626+AW627+AW628+AW629+AW630+AW631+AW632+AW633+AW634+AW635+AW636+AW637+AW638+AW639+AW640+AW641+AW642+AW643+AW645+AW646+AW647+AW644+AW648+AW649+AW650+AW651+AW617+AW652+AW653+AW654+AW655+AW656+AW657+AW658+AW659+AW660+AW661+AW662+AW663+AW664+AW665+AW666+AW667","v":0},null,{"$f":"AY668+AY669+AY670+AY589+AY590+AY591+AY592+AY593+AY594+AY595+AY596+AY671+AY672+AY597+AY673+AY674+AY675+AY676+AY677+AY678+AY679+AY680+AY598+AY599+AY600+AY601+AY602+AY603+AY681+AY604+AY682+AY683+AY684+AY685+AY605+AY606+AY607+AY608+AY609+AY610+AY611+AY612+AY613+AY614+AY615+AY616+AY618+AY619+AY620+AY621+AY622+AY623+AY624+AY625+AY626+AY627+AY628+AY629+AY630+AY631+AY632+AY633+AY634+AY635+AY636+AY637+AY638+AY639+AY640+AY641+AY642+AY643+AY645+AY646+AY647+AY644+AY648+AY649+AY650+AY651+AY617+AY652+AY653+AY654+AY655+AY656+AY657+AY658+AY659+AY660+AY661+AY662+AY663+AY664+AY665+AY666+AY667","v":0},{"$f":"AZ668+AZ669+AZ670+AZ589+AZ590+AZ591+AZ592+AZ593+AZ594+AZ595+AZ596+AZ671+AZ672+AZ597+AZ673+AZ674+AZ675+AZ676+AZ677+AZ678+AZ679+AZ680+AZ598+AZ599+AZ600+AZ601+AZ602+AZ603+AZ681+AZ604+AZ682+AZ683+AZ684+AZ685+AZ605+AZ606+AZ607+AZ608+AZ609+AZ610+AZ611+AZ612+AZ613+AZ614+AZ615+AZ616+AZ618+AZ619+AZ620+AZ621+AZ622+AZ623+AZ624+AZ625+AZ626+AZ627+AZ628+AZ629+AZ630+AZ631+AZ632+AZ633+AZ634+AZ635+AZ636+AZ637+AZ638+AZ639+AZ640+AZ641+AZ642+AZ643+AZ645+AZ646+AZ647+AZ644+AZ648+AZ649+AZ650+AZ651+AZ617+AZ652+AZ653+AZ654+AZ655+AZ656+AZ657+AZ658+AZ659+AZ660+AZ661+AZ662+AZ663+AZ664+AZ665+AZ666+AZ667","v":0},null,null,{"$f":"BC668+BC669+BC670+BC589+BC590+BC591+BC592+BC593+BC594+BC595+BC596+BC671+BC672+BC597+BC673+BC674+BC675+BC676+BC677+BC678+BC679+BC680+BC598+BC599+BC600+BC601+BC602+BC603+BC681+BC604+BC682+BC683+BC684+BC685+BC605+BC606+BC607+BC608+BC609+BC610+BC611+BC612+BC613+BC614+BC615+BC616+BC618+BC619+BC620+BC621+BC622+BC623+BC624+BC625+BC626+BC627+BC628+BC629+BC630+BC631+BC632+BC633+BC634+BC635+BC636+BC637+BC638+BC639+BC640+BC641+BC642+BC643+BC645+BC646+BC647+BC644+BC648+BC649+BC650+BC651+BC617+BC652+BC653+BC654+BC655+BC656+BC657+BC658+BC659+BC660+BC661+BC662+BC663+BC664+BC665+BC666+BC667","v":0},null,{"$f":"BE668+BE669+BE670+BE589+BE590+BE591+BE592+BE593+BE594+BE595+BE596+BE671+BE672+BE597+BE673+BE674+BE675+BE676+BE677+BE678+BE679+BE680+BE598+BE599+BE600+BE601+BE602+BE603+BE681+BE604+BE682+BE683+BE684+BE685+BE605+BE606+BE607+BE608+BE609+BE610+BE611+BE612+BE613+BE614+BE615+BE616+BE618+BE619+BE620+BE621+BE622+BE623+BE624+BE625+BE626+BE627+BE628+BE629+BE630+BE631+BE632+BE633+BE634+BE635+BE636+BE637+BE638+BE639+BE640+BE641+BE642+BE643+BE645+BE646+BE647+BE644+BE648+BE649+BE650+BE651+BE617+BE652+BE653+BE654+BE655+BE656+BE657+BE658+BE659+BE660+BE661+BE662+BE663+BE664+BE665+BE666+BE667","v":0},{"$f":"BF668+BF669+BF670+BF589+BF590+BF591+BF592+BF593+BF594+BF595+BF596+BF671+BF672+BF597+BF673+BF674+BF675+BF676+BF677+BF678+BF679+BF680+BF598+BF599+BF600+BF601+BF602+BF603+BF681+BF604+BF682+BF683+BF684+BF685+BF605+BF606+BF607+BF608+BF609+BF610+BF611+BF612+BF613+BF614+BF615+BF616+BF618+BF619+BF620+BF621+BF622+BF623+BF624+BF625+BF626+BF627+BF628+BF629+BF630+BF631+BF632+BF633+BF634+BF635+BF636+BF637+BF638+BF639+BF640+BF641+BF642+BF643+BF645+BF646+BF647+BF644+BF648+BF649+BF650+BF651+BF617+BF652+BF653+BF654+BF655+BF656+BF657+BF658+BF659+BF660+BF661+BF662+BF663+BF664+BF665+BF666+BF667","v":0},null,0,null,{"$f":"BJ668+BJ669+BJ670+BJ589+BJ590+BJ591+BJ592+BJ593+BJ594+BJ595+BJ596+BJ671+BJ672+BJ597+BJ673+BJ674+BJ675+BJ676+BJ677+BJ678+BJ679+BJ680+BJ598+BJ599+BJ600+BJ601+BJ602+BJ603+BJ681+BJ604+BJ682+BJ683+BJ684+BJ685+BJ605+BJ606+BJ607+BJ608+BJ609+BJ610+BJ611+BJ612+BJ613+BJ614+BJ615+BJ616+BJ618+BJ619+BJ620+BJ621+BJ622+BJ623+BJ624+BJ625+BJ626+BJ627+BJ628+BJ629+BJ630+BJ631+BJ632+BJ633+BJ634+BJ635+BJ636+BJ637+BJ638+BJ639+BJ640+BJ641+BJ642+BJ643+BJ645+BJ646+BJ647+BJ644+BJ648+BJ649+BJ650+BJ651+BJ617+BJ652+BJ653+BJ654+BJ655+BJ656+BJ657+BJ658+BJ659+BJ660+BJ661+BJ662+BJ663+BJ664+BJ665+BJ666+BJ667","v":1163450},null,{"$f":"BL668+BL669+BL670+BL589+BL590+BL591+BL592+BL593+BL594+BL595+BL596+BL671+BL672+BL597+BL673+BL674+BL675+BL676+BL677+BL678+BL679+BL680+BL598+BL599+BL600+BL601+BL602+BL603+BL681+BL604+BL682+BL683+BL684+BL685+BL605+BL606+BL607+BL608+BL609+BL610+BL611+BL612+BL613+BL614+BL615+BL616+BL618+BL619+BL620+BL621+BL622+BL623+BL624+BL625+BL626+BL627+BL628+BL629+BL630+BL631+BL632+BL633+BL634+BL635+BL636+BL637+BL638+BL639+BL640+BL641+BL642+BL643+BL645+BL646+BL647+BL644+BL648+BL649+BL650+BL651+BL617+BL652+BL653+BL654+BL655+BL656+BL657+BL658+BL659+BL660+BL661+BL662+BL663+BL664+BL665+BL666+BL667","v":2603332.2000000002},{"$f":"BM668+BM669+BM670+BM589+BM590+BM591+BM592+BM593+BM594+BM595+BM596+BM671+BM672+BM597+BM673+BM674+BM675+BM676+BM677+BM678+BM679+BM680+BM598+BM599+BM600+BM601+BM602+BM603+BM681+BM604+BM682+BM683+BM684+BM685+BM605+BM606+BM607+BM608+BM609+BM610+BM611+BM612+BM613+BM614+BM615+BM616+BM618+BM619+BM620+BM621+BM622+BM623+BM624+BM625+BM626+BM627+BM628+BM629+BM630+BM631+BM632+BM633+BM634+BM635+BM636+BM637+BM638+BM639+BM640+BM641+BM642+BM643+BM645+BM646+BM647+BM644+BM648+BM649+BM650+BM651+BM617+BM652+BM653+BM654+BM655+BM656+BM657+BM658+BM659+BM660+BM661+BM662+BM663+BM664+BM665+BM666+BM667","v":3766782.2},0,null,{"$f":"BP668+BP669+BP670+BP589+BP590+BP591+BP592+BP593+BP594+BP595+BP596+BP671+BP672+BP597+BP673+BP674+BP675+BP676+BP677+BP678+BP679+BP680+BP598+BP599+BP600+BP601+BP602+BP603+BP681+BP604+BP682+BP683+BP684+BP685+BP605+BP606+BP607+BP608+BP609+BP610+BP611+BP612+BP613+BP614+BP615+BP616+BP618+BP619+BP620+BP621+BP622+BP623+BP624+BP625+BP626+BP627+BP628+BP629+BP630+BP631+BP632+BP633+BP634+BP635+BP636+BP637+BP638+BP639+BP640+BP641+BP642+BP643+BP645+BP646+BP647+BP644+BP648+BP649+BP650+BP651+BP617+BP652+BP653+BP654+BP655+BP656+BP657+BP658+BP659+BP660+BP661+BP662+BP663+BP664+BP665+BP666+BP667","v":5116094.0279999999},null,{"$f":"BR668+BR669+BR670+BR589+BR590+BR591+BR592+BR593+BR594+BR595+BR596+BR671+BR672+BR597+BR673+BR674+BR675+BR676+BR677+BR678+BR679+BR680+BR598+BR599+BR600+BR601+BR602+BR603+BR681+BR604+BR682+BR683+BR684+BR685+BR605+BR606+BR607+BR608+BR609+BR610+BR611+BR612+BR613+BR614+BR615+BR616+BR618+BR619+BR620+BR621+BR622+BR623+BR624+BR625+BR626+BR627+BR628+BR629+BR630+BR631+BR632+BR633+BR634+BR635+BR636+BR637+BR638+BR639+BR640+BR641+BR642+BR643+BR645+BR646+BR647+BR644+BR648+BR649+BR650+BR651+BR617+BR652+BR653+BR654+BR655+BR656+BR657+BR658+BR659+BR660+BR661+BR662+BR663+BR664+BR665+BR666+BR667","v":11802721.400000002},{"$f":"BS668+BS669+BS670+BS589+BS590+BS591+BS592+BS593+BS594+BS595+BS596+BS671+BS672+BS597+BS673+BS674+BS675+BS676+BS677+BS678+BS679+BS680+BS598+BS599+BS600+BS601+BS602+BS603+BS681+BS604+BS682+BS683+BS684+BS685+BS605+BS606+BS607+BS608+BS609+BS610+BS611+BS612+BS613+BS614+BS615+BS616+BS618+BS619+BS620+BS621+BS622+BS623+BS624+BS625+BS626+BS627+BS628+BS629+BS630+BS631+BS632+BS633+BS634+BS635+BS636+BS637+BS638+BS639+BS640+BS641+BS642+BS643+BS645+BS646+BS647+BS644+BS648+BS649+BS650+BS651+BS617+BS652+BS653+BS654+BS655+BS656+BS657+BS658+BS659+BS660+BS661+BS662+BS663+BS664+BS665+BS666+BS667","v":16918815.427999996}]
["1.17.1","Щит распределительный навесного исполнения ЩР1….ЩР19","шт.",19,6288,{"$f":"D589*E589","v":119472},39720,{"$f":"D589*G589","v":754680},{"$f":"E589*D589+G589*D589","v":874152},null,17,6288,{"$f":"K589*L589","v":106896},39720,{"$f":"K589*N589","v":675240},{"$f":"L589*K589+N589*K589","v":782136},null,6288,{"$f":"Q589*R589","v":0},39720,{"$f":"Q589*T589","v":0},{"$f":"R589*Q589+T589*Q589","v":0},null,6288,{"$f":"W589*X589","v":0},39720,{"$f":"W589*Z589","v":0},{"$f":"X589*W589+Z589*W589","v":0},null,6288,{"$f":"AC589*AD589","v":0},39720,{"$f":"AC589*AF589","v":0},{"$f":"AD589*AC589+AF589*AC589","v":0},null,6288,{"$f":"AI589*AJ589","v":0},39720,{"$f":"AI589*AL589","v":0},{"$f":"AJ589*AI589+AL589*AI589","v":0},null,6288,{"$f":"AO589*AP589","v":0},39720,{"$f":"AO589*AR589","v":0},{"$f":"AP589*AO589+AR589*AO589","v":0},null,6288,{"$f":"AU589*AV589","v":0},39720,{"$f":"AU589*AX589","v":0},{"$f":"AV589*AU589+AX589*AU589","v":0},null,6288,{"$f":"BA589*BB589","v":0},39720,{"$f":"BA589*BD589","v":0},{"$f":"BB589*BA589+BD589*BA589","v":0},null,17,6288,{"$f":"BH589*BI589","v":106896},39720,{"$f":"BH589*BK589","v":675240},{"$f":"BI589*BH589+BK589*BH589","v":782136},2,6288,{"$f":"BN589*BO589","v":12576},39720,{"$f":"BN589*BQ589","v":79440},{"$f":"BO589*BN589+BQ589*BN589","v":92016}]
["1.17.2","Ящик силовой с рубильником  ЯВЗШ 100А IP54","шт.",65,3144,204360,11432,743080,947440,null,11,3144,34584,11432,125752,160336,50,3144,157200,11432,571600,728800,null,3144,0,11432,0,0,null,3144,0,11432,0,0,null,3144,0,11432,0,0,null,3144,0,11432,0,0,null,3144,0,11432,0,0,null,3144,0,11432,0,0,null,61,3144,191784,11432,697352,889136,4,3144,12576,11432,45728,58304]
["1.17.3","Щит силовой ЩС1 ЩС2","шт.",2,6288,12576,68309,136618,149194,null,null,6288,0,68309,0,0,null,6288,0,68309,0,0,null,6288,0,68309,0,0,null,6288,0,68309,0,0,null,6288,0,68309,0,0,null,6288,0,68309,0,0,null,6288,0,68309,0,0,null,6288,0,68309,0,0,null,0,6288,0,68309,0,0,2,6288,12576,68309,136618,149194]
["1.17.4","Щит управления воротами ЩУ1","шт.",1,6288,6288,65980,65980,72268,null,null,6288,0,65980,0,0,null,6288,0,65980,0,0,null,6288,0,65980,0,0,null,6288,0,65980,0,0,null,6288,0,65980,0,0,null,6288,0,65980,0,0,null,6288,0,65980,0,0,null,6288,0,65980,0,0,null,0,6288,0,65980,0,0,1,6288,6288,65980,65980,72268]
["1.17.5","Щит управления воротами ЩУ2","шт.",1,6288,6288,112940,112940,119228,null,null,6288,0,112940,0,0,null,6288,0,112940,0,0,null,6288,0,112940,0,0,null,6288,0,112940,0,0,null,6288,0,112940,0,0,null,6288,0,112940,0,0,null,6288,0,112940,0,0,null,6288,0,112940,0,0,null,0,6288,0,112940,0,0,1,6288,6288,112940,112940,119228]
["1.17.6","Щит управления компрессорами","шт.",2,6288,12576,76653,153306,165882,null,2,6288,12576,76653,153306,165882,null,6288,0,76653,0,0,null,6288,0,76653,0,0,null,6288,0,76653,0,0,null,6288,0,76653,0,0,null,6288,0,76653,0,0,null,6288,0,76653,0,0,null,6288,0,76653,0,0,null,2,6288,12576,76653,153306,165882,0,6288,0,76653,0,0]
["1.17.7","Шкаф питания вентиляции ШПВ","шт.",1,6288,6288,73866,73866,80154,null,null,6288,0,73866,0,0,null,6288,0,73866,0,0,null,6288,0,73866,0,0,null,6288,0,73866,0,0,null,6288,0,73866,0,0,null,6288,0,73866,0,0,null,6288,0,73866,0,0,null,6288,0,73866,0,0,null,0,6288,0,73866,0,0,1,6288,6288,73866,73866,80154]
["1.17.8","Щит питания оборудования СКС","шт.",1,6288,6288,71284.2,71284.2,77572.2,null,null,6288,0,71284.2,0,0,null,6288,0,71284.2,0,0,1,6288,6288,71284.2,71284.2,77572.2,null,6288,0,71284.2,0,0,null,6288,0,71284.2,0,0,null,6288,0,71284.2,0,0,null,6288,0,71284.2,0,0,null,6288,0,71284.2,0,0,null,1,6288,6288,71284.2,71284.2,77572.2,0,6288,0,71284.2,0,0]
["1.17.9","Ящик с понижающими трансформаторами с розеткой ЯТП-0,25-2 У3 12В","шт.",10,2358,23580,7462,74620,98200,null,null,2358,0,7462,0,0,null,2358,0,7462,0,0,null,2358,0,7462,0,0,null,2358,0,7462,0,0,null,2358,0,7462,0,0,null,2358,0,7462,0,0,null,2358,0,7462,0,0,null,2358,0,7462,0,0,null,0,2358,0,7462,0,0,10,2358,23580,7462,74620,98200]
["1.17.10","Кабель силовой 5х70","м",64,354,22656,6371,407744,430400,null,null,354,0,6371,0,0,null,354,0,6371,0,0,null,354,0,6371,0,0,null,354,0,6371,0,0,null,354,0,6371,0,0,null,354,0,6371,0,0,null,354,0,6371,0,0,null,354,0,6371,0,0,null,0,354,0,6371,0,0,64,354,22656,6371,407744,430400]
["1.17.11","Кабель силовой 5х16","м",1620,186.02,301352.40000000002,1500,2430000,2731352.4,null,null,186.02,0,1500,0,0,null,186.02,0,1500,0,0,null,186.02,0,1500,0,0,null,186.02,0,1500,0,0,null,186.02,0,1500,0,0,null,186.02,0,1500,0,0,null,186.02,0,1500,0,0,null,186.02,0,1500,0,0,null,0,186.02,0,1500,0,0,1620,186.02,301352.40000000002,1500,2430000,2731352.4]
["1.17.12","Кабель силовой 5х10","м",450,182,81900,1086,488700,570600,null,null,182,0,1086,0,0,null,182,0,1086,0,0,null,182,0,1086,0,0,null,182,0,1086,0,0,null,182,0,1086,0,0,null,182,0,1086,0,0,null,182,0,1086,0,0,null,182,0,1086,0,0,null,0,182,0,1086,0,0,450,182,81900,1086,488700,570600]
["1.17.13","Кабель силовой 5х6","м",380,182,69160,611,232180,301340,null,null,182,0,611,0,0,null,182,0,611,0,0,null,182,0,611,0,0,null,182,0,611,0,0,null,182,0,611,0,0,null,182,0,611,0,0,null,182,0,611,0,0,null,182,0,611,0,0,null,0,182,0,611,0,0,380,182,69160,611,232180,301340]
["1.17.14","Кабель силовой 5х4","м",760,182,138320,496.6,377416,515736,null,null,182,0,496.6,0,0,null,182,0,496.6,0,0,null,182,0,496.6,0,0,null,182,0,496.6,0,0,null,182,0,496.6,0,0,null,182,0,496.6,0,0,null,182,0,496.6,0,0,null,182,0,496.6,0,0,null,0,182,0,496.6,0,0,760,182,138320,496.6,377416,515736]
["1.17.15","Кабель силовой 5х2,5","м",480,182,87360,322.39999999999998,154752,242112,null,null,182,0,322.39999999999998,0,0,null,182,0,322.39999999999998,0,0,null,182,0,322.39999999999998,0,0,null,182,0,322.39999999999998,0,0,null,182,0,322.39999999999998,0,0,null,182,0,322.39999999999998,0,0,null,182,0,322.39999999999998,0,0,null,182,0,322.39999999999998,0,0,null,0,182,0,322.39999999999998,0,0,480,182,87360,322.39999999999998,154752,242112]
["1.17.16","Кабель силовой 3х2,5","м",1320,182,240240,184.6,243672,483912,null,null,182,0,184.6,0,0,null,182,0,184.6,0,0,null,182,0,184.6,0,0,null,182,0,184.6,0,0,null,182,0,184.6,0,0,null,182,0,184.6,0,0,null,182,0,184.6,0,0,null,182,0,184.6,0,0,null,0,182,0,184.6,0,0,1320,182,240240,184.6,243672,483912]
["1.17.17","Наконечник кабельный медный луженый ТМЛ 120-10-17","шт.",16,132.05000000000001,2112.8000000000002,525.41,8406.56,10519.36,null,null,132.05000000000001,0,525.41,0,0,null,132.05000000000001,0,525.41,0,0,null,132.05000000000001,0,525.41,0,0,null,132.05000000000001,0,525.41,0,0,null,132.05000000000001,0,525.41,0,0,null,132.05000000000001,0,525.41,0,0,null,132.05000000000001,0,525.41,0,0,null,132.05000000000001,0,525.41,0,0,null,0,132.05000000000001,0,525.41,0,0,16,132.05000000000001,2112.8000000000002,525.41,8406.56,10519.36]
["1.17.18","Наконечник кабельный медный луженый ТМЛ У 70-8","шт.",20,132.05000000000001,2641,459.71,9194.1999999999989,11835.199999999999,null,null,132.05000000000001,0,459.71,0,0,null,132.05000000000001,0,459.71,0,0,null,132.05000000000001,0,459.71,0,0,null,132.05000000000001,0,459.71,0,0,null,132.05000000000001,0,459.71,0,0,null,132.05000000000001,0,459.71,0,0,null,132.05000000000001,0,459.71,0,0,null,132.05000000000001,0,459.71,0,0,null,0,132.05000000000001,0,459.71,0,0,20,132.05000000000001,2641,459.71,9194.1999999999989,11835.199999999999]
["1.17.19","Наконечник кабельный медный луженый ТМЛ 35-10-10","шт.",80,132.05000000000001,10564,121.99,9759.1999999999989,20323.199999999997,null,null,132.05000000000001,0,121.99,0,0,null,132.05000000000001,0,121.99,0,0,null,132.05000000000001,0,121.99,0,0,null,132.05000000000001,0,121.99,0,0,null,132.05000000000001,0,121.99,0,0,null,132.05000000000001,0,121.99,0,0,null,132.05000000000001,0,121.99,0,0,null,132.05000000000001,0,121.99,0,0,null,0,132.05000000000001,0,121.99,0,0,80,132.05000000000001,10564,121.99,9759.1999999999989,20323.199999999997]
["1.17.20","Наконечник штифтовой плоский НШП-35 50311","шт.",80,132.05000000000001,10564,132.76,10620.8,21184.799999999999,null,null,132.05000000000001,0,132.76,0,0,null,132.05000000000001,0,132.76,0,0,null,132.05000000000001,0,132.76,0,0,null,132.05000000000001,0,132.76,0,0,null,132.05000000000001,0,132.76,0,0,null,132.05000000000001,0,132.76,0,0,null,132.05000000000001,0,132.76,0,0,null,132.05000000000001,0,132.76,0,0,null,0,132.05000000000001,0,132.76,0,0,80,132.05000000000001,10564,132.76,10620.8,21184.799999999999]
["1.17.21","Наконечник кабельный медный луженый ТМЛ 25-8-7","шт.",30,132.05000000000001,3961.5000000000005,65.03,1950.9,5912.4000000000005,null,null,132.05000000000001,0,65.03,0,0,null,132.05000000000001,0,65.03,0,0,null,132.05000000000001,0,65.03,0,0,null,132.05000000000001,0,65.03,0,0,null,132.05000000000001,0,65.03,0,0,null,132.05000000000001,0,65.03,0,0,null,132.05000000000001,0,65.03,0,0,null,132.05000000000001,0,65.03,0,0,null,0,132.05000000000001,0,65.03,0,0,30,132.05000000000001,3961.5000000000005,65.03,1950.9,5912.4000000000005]
["1.17.22","Светильник светодиодный 1000Лм 12в 10м переносной","шт.",32,131,4192,3434.6,109907.2,114099.2,null,null,131,0,3434.6,0,0,null,131,0,3434.6,0,0,null,131,0,3434.6,0,0,null,131,0,3434.6,0,0,null,131,0,3434.6,0,0,null,131,0,3434.6,0,0,null,131,0,3434.6,0,0,null,131,0,3434.6,0,0,null,{"$f":"K610+Q610+W610+AC610+AI610+AO610+AU610+BA610","v":0},131,0,3434.6,0,0,{"$f":"D610-BH610","v":32},131,4192,3434.6,109907.2,114099.2]
["1.17.23","Светильник для смотровой ямы","шт.",19,2500,47500,6415,121885,169385,null,null,2500,0,6415,0,0,null,2500,0,6415,0,0,null,2500,0,6415,0,0,null,2500,0,6415,0,0,null,2500,0,6415,0,0,null,2500,0,6415,0,0,null,2500,0,6415,0,0,null,2500,0,6415,0,0,null,0,2500,0,6415,0,0,19,2500,47500,6415,121885,169385]
["1.17.24","Монтаж стойки для ЯВЗШ (индивидуального изготовления)","шт.",65,2000,130000,11050,718250,848250,null,null,2000,0,11050,0,0,null,2000,0,11050,0,0,61,2000,122000,11050,674050,796050,null,2000,0,11050,0,0,null,2000,0,11050,0,0,null,2000,0,11050,0,0,null,2000,0,11050,0,0,null,2000,0,11050,0,0,null,61,2000,122000,11050,674050,796050,4,2000,8000,11050,44200,52200]
["1.17.25","Лоток 50х100 L=3000 перфорированный","м.",330,662.4,{"$f":"D613*E613","v":218592},1120,{"$f":"D613*G613","v":369600},588192,null,null,662.4,{"$f":"K613*L613","v":0},1120,{"$f":"K613*N613","v":0},0,null,662.4,{"$f":"Q613*R613","v":0},1120,{"$f":"Q613*T613","v":0},0,null,662.4,{"$f":"W613*X613","v":0},1120,{"$f":"W613*Z613","v":0},0,null,662.4,{"$f":"AC613*AD613","v":0},1120,{"$f":"AC613*AF613","v":0},0,null,662.4,{"$f":"AI613*AJ613","v":0},1120,{"$f":"AI613*AL613","v":0},0,null,662.4,{"$f":"AO613*AP613","v":0},1120,{"$f":"AO613*AR613","v":0},0,null,662.4,{"$f":"AU613*AV613","v":0},1120,{"$f":"AU613*AX613","v":0},0,null,662.4,{"$f":"BA613*BB613","v":0},1120,{"$f":"BA613*BD613","v":0},0,null,0,662.4,{"$f":"BH613*BI613","v":0},1120,{"$f":"BH613*BK613","v":0},0,330,662.4,{"$f":"BN613*BO613","v":218592},1120,{"$f":"BN613*BQ613","v":369600},588192]
["1.17.26","Крышка L=3000 для лотков шириной 100мм","м",330,176,{"$f":"D614*E614","v":58080},239,{"$f":"D614*G614","v":78870},136950,null,null,176,{"$f":"K614*L614","v":0},239,{"$f":"K614*N614","v":0},0,null,176,{"$f":"Q614*R614","v":0},239,{"$f":"Q614*T614","v":0},0,null,176,{"$f":"W614*X614","v":0},239,{"$f":"W614*Z614","v":0},0,null,176,{"$f":"AC614*AD614","v":0},239,{"$f":"AC614*AF614","v":0},0,null,176,{"$f":"AI614*AJ614","v":0},239,{"$f":"AI614*AL614","v":0},0,null,176,{"$f":"AO614*AP614","v":0},239,{"$f":"AO614*AR614","v":0},0,null,176,{"$f":"AU614*AV614","v":0},239,{"$f":"AU614*AX614","v":0},0,null,176,{"$f":"BA614*BB614","v":0},239,{"$f":"BA614*BD614","v":0},0,null,0,176,{"$f":"BH614*BI614","v":0},239,{"$f":"BH614*BK614","v":0},0,330,176,{"$f":"BN614*BO614","v":58080},239,{"$f":"BN614*BQ614","v":78870},136950]
["1.17.27","Лоток 50х300 L=3000 перфорированный","м.",24,838.4,{"$f":"D615*E615","v":20121.599999999999},1259,{"$f":"D615*G615","v":30216},50337.599999999999,null,null,838.4,{"$f":"K615*L615","v":0},1259,{"$f":"K615*N615","v":0},0,null,838.4,{"$f":"Q615*R615","v":0},1259,{"$f":"Q615*T615","v":0},0,null,838.4,{"$f":"W615*X615","v":0},1259,{"$f":"W615*Z615","v":0},0,null,838.4,{"$f":"AC615*AD615","v":0},1259,{"$f":"AC615*AF615","v":0},0,null,838.4,{"$f":"AI615*AJ615","v":0},1259,{"$f":"AI615*AL615","v":0},0,null,838.4,{"$f":"AO615*AP615","v":0},1259,{"$f":"AO615*AR615","v":0},0,null,838.4,{"$f":"AU615*AV615","v":0},1259,{"$f":"AU615*AX615","v":0},0,null,838.4,{"$f":"BA615*BB615","v":0},1259,{"$f":"BA615*BD615","v":0},0,null,0,838.4,{"$f":"BH615*BI615","v":0},1259,{"$f":"BH615*BK615","v":0},0,24,838.4,{"$f":"BN615*BO615","v":20121.599999999999},1259,{"$f":"BN615*BQ615","v":30216},50337.599999999999]
["1.17.28","Анкер М8 латунный разрезной","шт.",400,0,null,81,{"$f":"D616*G616","v":32400},32400,null,null,0,null,81,{"$f":"K616*N616","v":0},0,null,0,null,81,{"$f":"Q616*T616","v":0},0,null,0,null,81,{"$f":"W616*Z616","v":0},0,null,0,null,81,{"$f":"AC616*AF616","v":0},0,null,0,null,81,{"$f":"AI616*AL616","v":0},0,null,0,null,81,{"$f":"AO616*AR616","v":0},0,null,0,null,81,{"$f":"AU616*AX616","v":0},0,null,0,null,81,{"$f":"BA616*BD616","v":0},0,null,0,0,null,81,{"$f":"BH616*BK616","v":0},0,400,0,null,81,{"$f":"BN616*BQ616","v":32400},32400]
["1.17.29","Полоса стальная 40х5","м",1420,458.5,{"$f":"D617*E617","v":651070},369,{"$f":"D617*G617","v":523980},1175050,null,null,458.5,{"$f":"K617*L617","v":0},369,{"$f":"K617*N617","v":0},0,300,458.5,{"$f":"Q617*R617","v":137550},369,{"$f":"Q617*T617","v":110700},248250,600,458.5,{"$f":"W617*X617","v":275100},369,{"$f":"W617*Z617","v":221400},496500,null,458.5,{"$f":"AC617*AD617","v":0},369,{"$f":"AC617*AF617","v":0},0,null,458.5,{"$f":"AI617*AJ617","v":0},369,{"$f":"AI617*AL617","v":0},0,null,458.5,{"$f":"AO617*AP617","v":0},369,{"$f":"AO617*AR617","v":0},0,null,458.5,{"$f":"AU617*AV617","v":0},369,{"$f":"AU617*AX617","v":0},0,null,458.5,{"$f":"BA617*BB617","v":0},369,{"$f":"BA617*BD617","v":0},0,null,900,458.5,{"$f":"BH617*BI617","v":412650},369,{"$f":"BH617*BK617","v":332100},744750,520,458.5,{"$f":"BN617*BO617","v":238420},369,{"$f":"BN617*BQ617","v":191880},430300]
["1.17.30","Шпилька М8х2000","шт.",198,450,{"$f":"D618*E618","v":89100},254,50292,139392,null,null,450,{"$f":"K618*L618","v":0},254,0,0,null,450,{"$f":"Q618*R618","v":0},254,0,0,null,450,{"$f":"W618*X618","v":0},254,0,0,null,450,{"$f":"AC618*AD618","v":0},254,0,0,null,450,{"$f":"AI618*AJ618","v":0},254,0,0,null,450,{"$f":"AO618*AP618","v":0},254,0,0,null,450,{"$f":"AU618*AV618","v":0},254,0,0,null,450,{"$f":"BA618*BB618","v":0},254,0,0,null,0,450,{"$f":"BH618*BI618","v":0},254,0,0,198,450,{"$f":"BN618*BO618","v":89100},254,50292,139392]
["1.17.31","Шайба М8","шт.",500,0,null,8.8000000000000007,4400,4400,null,null,0,null,8.8000000000000007,0,0,null,0,null,8.8000000000000007,0,0,null,0,null,8.8000000000000007,0,0,null,0,null,8.8000000000000007,0,0,null,0,null,8.8000000000000007,0,0,null,0,null,8.8000000000000007,0,0,null,0,null,8.8000000000000007,0,0,null,0,null,8.8000000000000007,0,0,null,0,0,null,8.8000000000000007,0,0,500,0,null,8.8000000000000007,4400,4400]
["1.17.32","Гайка М8","шт.",800,0,null,4,3200,3200,null,null,0,null,4,0,0,null,0,null,4,0,0,null,0,null,4,0,0,null,0,null,4,0,0,null,0,null,4,0,0,null,0,null,4,0,0,null,0,null,4,0,0,null,0,null,4,0,0,null,0,0,null,4,0,0,800,0,null,4,3200,3200]
["1.17.33","С-образный профиль 41х21, L2000, толщ. 2,0 мм","шт.",114,400,{"$f":"D621*E621","v":45600},1970,224580,270180,null,null,400,{"$f":"K621*L621","v":0},1970,0,0,null,400,{"$f":"Q621*R621","v":0},1970,0,0,null,400,{"$f":"W621*X621","v":0},1970,0,0,null,400,{"$f":"AC621*AD621","v":0},1970,0,0,null,400,{"$f":"AI621*AJ621","v":0},1970,0,0,null,400,{"$f":"AO621*AP621","v":0},1970,0,0,null,400,{"$f":"AU621*AV621","v":0},1970,0,0,null,400,{"$f":"BA621*BB621","v":0},1970,0,0,null,0,400,{"$f":"BH621*BI621","v":0},1970,0,0,114,400,{"$f":"BN621*BO621","v":45600},1970,224580,270180]
["1.17.34","Угол CD 90x100x50 вертикальный внешний","шт.",6,1450,{"$f":"D622*E622","v":8700},2450,14700,23400,null,null,1450,{"$f":"K622*L622","v":0},2450,0,0,null,1450,{"$f":"Q622*R622","v":0},2450,0,0,null,1450,{"$f":"W622*X622","v":0},2450,0,0,null,1450,{"$f":"AC622*AD622","v":0},2450,0,0,null,1450,{"$f":"AI622*AJ622","v":0},2450,0,0,null,1450,{"$f":"AO622*AP622","v":0},2450,0,0,null,1450,{"$f":"AU622*AV622","v":0},2450,0,0,null,1450,{"$f":"BA622*BB622","v":0},2450,0,0,null,0,1450,{"$f":"BH622*BI622","v":0},2450,0,0,6,1450,{"$f":"BN622*BO622","v":8700},2450,14700,23400]
["1.17.35","Крышка S5 CD90 90x100 угла вертикального вешнего","шт.",6,175,{"$f":"D623*E623","v":1050},880,5280,6330,null,null,175,{"$f":"K623*L623","v":0},880,0,0,null,175,{"$f":"Q623*R623","v":0},880,0,0,null,175,{"$f":"W623*X623","v":0},880,0,0,null,175,{"$f":"AC623*AD623","v":0},880,0,0,null,175,{"$f":"AI623*AJ623","v":0},880,0,0,null,175,{"$f":"AO623*AP623","v":0},880,0,0,null,175,{"$f":"AU623*AV623","v":0},880,0,0,null,175,{"$f":"BA623*BB623","v":0},880,0,0,null,0,175,{"$f":"BH623*BI623","v":0},880,0,0,6,175,{"$f":"BN623*BO623","v":1050},880,5280,6330]
["1.17.36","Лоток неперфорированный 300х100х3000","м",501,838.4,{"$f":"D624*E624","v":420038.39999999997},2400,1202400,1622438.4,null,null,838.4,{"$f":"K624*L624","v":0},2400,0,0,null,838.4,{"$f":"Q624*R624","v":0},2400,0,0,null,838.4,{"$f":"W624*X624","v":0},2400,0,0,null,838.4,{"$f":"AC624*AD624","v":0},2400,0,0,null,838.4,{"$f":"AI624*AJ624","v":0},2400,0,0,null,838.4,{"$f":"AO624*AP624","v":0},2400,0,0,null,838.4,{"$f":"AU624*AV624","v":0},2400,0,0,null,838.4,{"$f":"BA624*BB624","v":0},2400,0,0,null,0,838.4,{"$f":"BH624*BI624","v":0},2400,0,0,501,838.4,{"$f":"BN624*BO624","v":420038.39999999997},2400,1202400,1622438.4]
["1.17.37","Крышка L=3000 для лотков шириной 300мм","шт.",501,202,{"$f":"D625*E625","v":101202},729,365229,466431,null,null,202,{"$f":"K625*L625","v":0},729,0,0,null,202,{"$f":"Q625*R625","v":0},729,0,0,null,202,{"$f":"W625*X625","v":0},729,0,0,null,202,{"$f":"AC625*AD625","v":0},729,0,0,null,202,{"$f":"AI625*AJ625","v":0},729,0,0,null,202,{"$f":"AO625*AP625","v":0},729,0,0,null,202,{"$f":"AU625*AV625","v":0},729,0,0,null,202,{"$f":"BA625*BB625","v":0},729,0,0,null,0,202,{"$f":"BH625*BI625","v":0},729,0,0,501,202,{"$f":"BN625*BO625","v":101202},729,365229,466431]
["1.17.38","Гайка М6","шт.",312,0,null,2,624,624,null,null,0,null,2,0,0,null,0,null,2,0,0,null,0,null,2,0,0,null,0,null,2,0,0,null,0,null,2,0,0,null,0,null,2,0,0,null,0,null,2,0,0,null,0,null,2,0,0,null,0,0,null,2,0,0,312,0,null,2,624,624]
["1.17.39","Шайба М6","шт.",624,0,null,4.5,2808,2808,null,null,0,null,4.5,0,0,null,0,null,4.5,0,0,null,0,null,4.5,0,0,null,0,null,4.5,0,0,null,0,null,4.5,0,0,null,0,null,4.5,0,0,null,0,null,4.5,0,0,null,0,null,4.5,0,0,null,0,0,null,4.5,0,0,624,0,null,4.5,2808,2808]
["1.17.40","Болт М6х12 с шестигранной головкой DIN 933, оцинкованная сталь","шт.",312,0,null,10,3120,3120,null,null,0,null,10,0,0,null,0,null,10,0,0,null,0,null,10,0,0,null,0,null,10,0,0,null,0,null,10,0,0,null,0,null,10,0,0,null,0,null,10,0,0,null,0,null,10,0,0,null,0,0,null,10,0,0,312,0,null,10,3120,3120]
["1.17.41","Клемма заземления","шт.",48,0,null,487,23376,23376,null,null,0,null,487,0,0,null,0,null,487,0,0,null,0,null,487,0,0,null,0,null,487,0,0,null,0,null,487,0,0,null,0,null,487,0,0,null,0,null,487,0,0,null,0,null,487,0,0,null,0,0,null,487,0,0,48,0,null,487,23376,23376]
["1.17.42","Саморез HW5-R 5,5x32 с пресс-шайбой","шт.",144,15,{"$f":"D630*E630","v":2160},3,432,2592,null,null,15,{"$f":"K630*L630","v":0},3,0,0,null,15,{"$f":"Q630*R630","v":0},3,0,0,null,15,{"$f":"W630*X630","v":0},3,0,0,null,15,{"$f":"AC630*AD630","v":0},3,0,0,null,15,{"$f":"AI630*AJ630","v":0},3,0,0,null,15,{"$f":"AO630*AP630","v":0},3,0,0,null,15,{"$f":"AU630*AV630","v":0},3,0,0,null,15,{"$f":"BA630*BB630","v":0},3,0,0,null,0,15,{"$f":"BH630*BI630","v":0},3,0,0,144,15,{"$f":"BN630*BO630","v":2160},3,432,2592]
["1.17.43","Лоток 50х100 L=3000 перфорированный","м",150,662.4,{"$f":"D631*E631","v":99360},1120,168000,267360,null,null,662.4,{"$f":"K631*L631","v":0},1120,0,0,null,662.4,{"$f":"Q631*R631","v":0},1120,0,0,null,662.4,{"$f":"W631*X631","v":0},1120,0,0,null,662.4,{"$f":"AC631*AD631","v":0},1120,0,0,null,662.4,{"$f":"AI631*AJ631","v":0},1120,0,0,null,662.4,{"$f":"AO631*AP631","v":0},1120,0,0,null,662.4,{"$f":"AU631*AV631","v":0},1120,0,0,null,662.4,{"$f":"BA631*BB631","v":0},1120,0,0,null,0,662.4,{"$f":"BH631*BI631","v":0},1120,0,0,150,662.4,{"$f":"BN631*BO631","v":99360},1120,168000,267360]
["1.17.44","Крышка L=3000 для лотков шириной 100мм","м",150,176,{"$f":"D632*E632","v":26400},239,35850,62250,null,null,176,{"$f":"K632*L632","v":0},239,0,0,null,176,{"$f":"Q632*R632","v":0},239,0,0,null,176,{"$f":"W632*X632","v":0},239,0,0,null,176,{"$f":"AC632*AD632","v":0},239,0,0,null,176,{"$f":"AI632*AJ632","v":0},239,0,0,null,176,{"$f":"AO632*AP632","v":0},239,0,0,null,176,{"$f":"AU632*AV632","v":0},239,0,0,null,176,{"$f":"BA632*BB632","v":0},239,0,0,null,0,176,{"$f":"BH632*BI632","v":0},239,0,0,150,176,{"$f":"BN632*BO632","v":26400},239,35850,62250]
["1.17.45","Скоба металлическая однолапковая Д20","шт.",800,0,null,3.8,3040,3040,null,null,0,null,3.8,0,0,null,0,null,3.8,0,0,null,0,null,3.8,0,0,null,0,null,3.8,0,0,null,0,null,3.8,0,0,null,0,null,3.8,0,0,null,0,null,3.8,0,0,null,0,null,3.8,0,0,null,0,0,null,3.8,0,0,800,0,null,3.8,3040,3040]
["1.17.46","Труба D=20 гибкая гофрированная не распространяющая горение","м",400,246,{"$f":"D634*E634","v":98400},101,{"$f":"D634*G634","v":40400},138800,null,null,246,{"$f":"K634*L634","v":0},101,{"$f":"K634*N634","v":0},0,null,246,{"$f":"Q634*R634","v":0},101,{"$f":"Q634*T634","v":0},0,null,246,{"$f":"W634*X634","v":0},101,{"$f":"W634*Z634","v":0},0,null,246,{"$f":"AC634*AD634","v":0},101,{"$f":"AC634*AF634","v":0},0,null,246,{"$f":"AI634*AJ634","v":0},101,{"$f":"AI634*AL634","v":0},0,null,246,{"$f":"AO634*AP634","v":0},101,{"$f":"AO634*AR634","v":0},0,null,246,{"$f":"AU634*AV634","v":0},101,{"$f":"AU634*AX634","v":0},0,null,246,{"$f":"BA634*BB634","v":0},101,{"$f":"BA634*BD634","v":0},0,null,0,246,{"$f":"BH634*BI634","v":0},101,{"$f":"BH634*BK634","v":0},0,400,246,{"$f":"BN634*BO634","v":98400},101,{"$f":"BN634*BQ634","v":40400},138800]
["1.17.47","Труба гофрированная ПВХ с протяжкой Д32","м",400,246,98400,101,{"$f":"D635*G635","v":40400},138800,null,null,246,0,101,{"$f":"K635*N635","v":0},0,null,246,0,101,{"$f":"Q635*T635","v":0},0,null,246,0,101,{"$f":"W635*Z635","v":0},0,null,246,0,101,{"$f":"AC635*AF635","v":0},0,null,246,0,101,{"$f":"AI635*AL635","v":0},0,null,246,0,101,{"$f":"AO635*AR635","v":0},0,null,246,0,101,{"$f":"AU635*AX635","v":0},0,null,246,0,101,{"$f":"BA635*BD635","v":0},0,null,0,246,0,101,{"$f":"BH635*BK635","v":0},0,400,246,98400,101,{"$f":"BN635*BQ635","v":40400},138800]
["1.17.48","Труба гофрированная ПВХ с протяжкой, тяжелая Д32","м",250,246,61500,101,{"$f":"D636*G636","v":25250},86750,null,null,246,0,101,{"$f":"K636*N636","v":0},0,null,246,0,101,{"$f":"Q636*T636","v":0},0,null,246,0,101,{"$f":"W636*Z636","v":0},0,null,246,0,101,{"$f":"AC636*AF636","v":0},0,null,246,0,101,{"$f":"AI636*AL636","v":0},0,null,246,0,101,{"$f":"AO636*AR636","v":0},0,null,246,0,101,{"$f":"AU636*AX636","v":0},0,null,246,0,101,{"$f":"BA636*BD636","v":0},0,null,0,246,0,101,{"$f":"BH636*BK636","v":0},0,250,246,61500,101,{"$f":"BN636*BQ636","v":25250},86750]
["1.17.49","Муфта вводная ВМ-32 (Fortisflex) 61372 КВТ","шт.",64,131,8384,408.2,{"$f":"D637*G637","v":26124.799999999999},34508.800000000003,null,null,131,0,408.2,{"$f":"K637*N637","v":0},0,null,131,0,408.2,{"$f":"Q637*T637","v":0},0,null,131,0,408.2,{"$f":"W637*Z637","v":0},0,null,131,0,408.2,{"$f":"AC637*AF637","v":0},0,null,131,0,408.2,{"$f":"AI637*AL637","v":0},0,null,131,0,408.2,{"$f":"AO637*AR637","v":0},0,null,131,0,408.2,{"$f":"AU637*AX637","v":0},0,null,131,0,408.2,{"$f":"BA637*BD637","v":0},0,null,0,131,0,408.2,{"$f":"BH637*BK637","v":0},0,64,131,8384,408.2,{"$f":"BN637*BQ637","v":26124.799999999999},34508.800000000003]
["1.17.50","Металлорукав из оцинкованной стали с протяжкой, d внеш =32мм","м",100,65.5,6550,236,{"$f":"D638*G638","v":23600},30150,null,null,65.5,0,236,{"$f":"K638*N638","v":0},0,null,65.5,0,236,{"$f":"Q638*T638","v":0},0,null,65.5,0,236,{"$f":"W638*Z638","v":0},0,null,65.5,0,236,{"$f":"AC638*AF638","v":0},0,null,65.5,0,236,{"$f":"AI638*AL638","v":0},0,null,65.5,0,236,{"$f":"AO638*AR638","v":0},0,null,65.5,0,236,{"$f":"AU638*AX638","v":0},0,null,65.5,0,236,{"$f":"BA638*BD638","v":0},0,null,0,65.5,0,236,{"$f":"BH638*BK638","v":0},0,100,65.5,6550,236,{"$f":"BN638*BQ638","v":23600},30150]
["1.17.51","Скоба металлическая","шт.",40,32.75,1310,36.82,{"$f":"D639*G639","v":1472.8},2782.8,null,null,32.75,0,36.82,{"$f":"K639*N639","v":0},0,null,32.75,0,36.82,{"$f":"Q639*T639","v":0},0,null,32.75,0,36.82,{"$f":"W639*Z639","v":0},0,null,32.75,0,36.82,{"$f":"AC639*AF639","v":0},0,null,32.75,0,36.82,{"$f":"AI639*AL639","v":0},0,null,32.75,0,36.82,{"$f":"AO639*AR639","v":0},0,null,32.75,0,36.82,{"$f":"AU639*AX639","v":0},0,null,32.75,0,36.82,{"$f":"BA639*BD639","v":0},0,null,0,32.75,0,36.82,{"$f":"BH639*BK639","v":0},0,40,32.75,1310,36.82,{"$f":"BN639*BQ639","v":1472.8},2782.8]
["1.17.52","Лента сигнальная ЛСЭ-150 \"Осторожно кабель\" ЛСЭ-150","м.",10,0,null,168,1680,1680,null,null,0,null,168,0,0,null,0,null,168,0,0,null,0,null,168,0,0,null,0,null,168,0,0,null,0,null,168,0,0,null,0,null,168,0,0,null,0,null,168,0,0,null,0,null,168,0,0,null,0,0,null,168,0,0,10,0,null,168,1680,1680]
["1.17.53","Провод силовой желто-зеленый ПуГВ нг(А)LS 1х16","м.",80,314.39999999999998,{"$f":"D641*E641","v":25152},265,21200,46352,null,null,314.39999999999998,{"$f":"K641*L641","v":0},265,0,0,null,314.39999999999998,{"$f":"Q641*R641","v":0},265,0,0,null,314.39999999999998,{"$f":"W641*X641","v":0},265,0,0,null,314.39999999999998,{"$f":"AC641*AD641","v":0},265,0,0,null,314.39999999999998,{"$f":"AI641*AJ641","v":0},265,0,0,null,314.39999999999998,{"$f":"AO641*AP641","v":0},265,0,0,null,314.39999999999998,{"$f":"AU641*AV641","v":0},265,0,0,null,314.39999999999998,{"$f":"BA641*BB641","v":0},265,0,0,null,0,314.39999999999998,{"$f":"BH641*BI641","v":0},265,0,0,80,314.39999999999998,{"$f":"BN641*BO641","v":25152},265,21200,46352]
["1.17.54","Наконечник медный 25 мм2  ТМ 16-8-6 ГОСТ 7386-80","шт.",60,132,{"$f":"D642*E642","v":7920},101,6060,13980,null,null,132,{"$f":"K642*L642","v":0},101,0,0,null,132,{"$f":"Q642*R642","v":0},101,0,0,null,132,{"$f":"W642*X642","v":0},101,0,0,null,132,{"$f":"AC642*AD642","v":0},101,0,0,null,132,{"$f":"AI642*AJ642","v":0},101,0,0,null,132,{"$f":"AO642*AP642","v":0},101,0,0,null,132,{"$f":"AU642*AV642","v":0},101,0,0,null,132,{"$f":"BA642*BB642","v":0},101,0,0,null,0,132,{"$f":"BH642*BI642","v":0},101,0,0,60,132,{"$f":"BN642*BO642","v":7920},101,6060,13980]
["1.17.55","Пена двухкомпонентная огнезащитная DN1201","шт.",1,0,null,6756,6756,6756,null,null,0,null,6756,0,0,null,0,null,6756,0,0,null,0,null,6756,0,0,null,0,null,6756,0,0,null,0,null,6756,0,0,null,0,null,6756,0,0,null,0,null,6756,0,0,null,0,null,6756,0,0,null,0,0,null,6756,0,0,1,0,null,6756,6756,6756]
["1.17.56","Труба гофрированная ПА безгалогенная (HF) стойкая к ультрафиолету черная с/з д50","м",10,65.5,{"$f":"D644*E644","v":655},348.4,3484,4139,null,null,65.5,{"$f":"K644*L644","v":0},348.4,0,0,null,65.5,{"$f":"Q644*R644","v":0},348.4,0,0,null,65.5,{"$f":"W644*X644","v":0},348.4,0,0,null,65.5,{"$f":"AC644*AD644","v":0},348.4,0,0,null,65.5,{"$f":"AI644*AJ644","v":0},348.4,0,0,null,65.5,{"$f":"AO644*AP644","v":0},348.4,0,0,null,65.5,{"$f":"AU644*AV644","v":0},348.4,0,0,null,65.5,{"$f":"BA644*BB644","v":0},348.4,0,0,null,0,65.5,{"$f":"BH644*BI644","v":0},348.4,0,0,10,65.5,{"$f":"BN644*BO644","v":655},348.4,3484,4139]
["1.17.57","Хомут трубный 1 1/2\" М8","шт.",6,0,null,61,366,366,null,null,0,null,61,0,0,null,0,null,61,0,0,null,0,null,61,0,0,null,0,null,61,0,0,null,0,null,61,0,0,null,0,null,61,0,0,null,0,null,61,0,0,null,0,null,61,0,0,null,0,0,null,61,0,0,6,0,null,61,366,366]
["1.17.58","Крепление универсальное для сэндвич-панелей КРСП","шт.",6,890,{"$f":"D646*E646","v":5340},344,2064,7404,null,null,890,{"$f":"K646*L646","v":0},344,0,0,null,890,{"$f":"Q646*R646","v":0},344,0,0,null,890,{"$f":"W646*X646","v":0},344,0,0,null,890,{"$f":"AC646*AD646","v":0},344,0,0,null,890,{"$f":"AI646*AJ646","v":0},344,0,0,null,890,{"$f":"AO646*AP646","v":0},344,0,0,null,890,{"$f":"AU646*AV646","v":0},344,0,0,null,890,{"$f":"BA646*BB646","v":0},344,0,0,null,0,890,{"$f":"BH646*BI646","v":0},344,0,0,6,890,{"$f":"BN646*BO646","v":5340},344,2064,7404]
["1.17.59","Шина N ноль на 15 присоединений медь 480А 500В","шт.",1,6500,{"$f":"D647*E647","v":6500},5234,5234,11734,null,null,6500,{"$f":"K647*L647","v":0},5234,0,0,null,6500,{"$f":"Q647*R647","v":0},5234,0,0,null,6500,{"$f":"W647*X647","v":0},5234,0,0,null,6500,{"$f":"AC647*AD647","v":0},5234,0,0,null,6500,{"$f":"AI647*AJ647","v":0},5234,0,0,null,6500,{"$f":"AO647*AP647","v":0},5234,0,0,null,6500,{"$f":"AU647*AV647","v":0},5234,0,0,null,6500,{"$f":"BA647*BB647","v":0},5234,0,0,null,0,6500,{"$f":"BH647*BI647","v":0},5234,0,0,1,6500,{"$f":"BN647*BO647","v":6500},5234,5234,11734]
["1.17.60","Держатель шины заземления ","шт.",400,132,{"$f":"D648*E648","v":52800},65,26000,78800,null,null,132,{"$f":"K648*L648","v":0},65,0,0,null,132,{"$f":"Q648*R648","v":0},65,0,0,null,132,{"$f":"W648*X648","v":0},65,0,0,null,132,{"$f":"AC648*AD648","v":0},65,0,0,null,132,{"$f":"AI648*AJ648","v":0},65,0,0,null,132,{"$f":"AO648*AP648","v":0},65,0,0,null,132,{"$f":"AU648*AV648","v":0},65,0,0,null,132,{"$f":"BA648*BB648","v":0},65,0,0,null,0,132,{"$f":"BH648*BI648","v":0},65,0,0,400,132,{"$f":"BN648*BO648","v":52800},65,26000,78800]
["1.17.61","Шпилька М8х2000","м",6,400,{"$f":"D649*E649","v":2400},220,1320,3720,null,null,400,{"$f":"K649*L649","v":0},220,0,0,null,400,{"$f":"Q649*R649","v":0},220,0,0,null,400,{"$f":"W649*X649","v":0},220,0,0,null,400,{"$f":"AC649*AD649","v":0},220,0,0,null,400,{"$f":"AI649*AJ649","v":0},220,0,0,null,400,{"$f":"AO649*AP649","v":0},220,0,0,null,400,{"$f":"AU649*AV649","v":0},220,0,0,null,400,{"$f":"BA649*BB649","v":0},220,0,0,null,0,400,{"$f":"BH649*BI649","v":0},220,0,0,6,400,{"$f":"BN649*BO649","v":2400},220,1320,3720]
["1.17.62","Устройство песчаной подушки","м3",1,1826.14,{"$f":"D650*E650","v":1826.14},1310.4000000000001,1310.4000000000001,3136.54,null,null,1826.14,{"$f":"K650*L650","v":0},1310.4000000000001,0,0,null,1826.14,{"$f":"Q650*R650","v":0},1310.4000000000001,0,0,null,1826.14,{"$f":"W650*X650","v":0},1310.4000000000001,0,0,null,1826.14,{"$f":"AC650*AD650","v":0},1310.4000000000001,0,0,null,1826.14,{"$f":"AI650*AJ650","v":0},1310.4000000000001,0,0,null,1826.14,{"$f":"AO650*AP650","v":0},1310.4000000000001,0,0,null,1826.14,{"$f":"AU650*AV650","v":0},1310.4000000000001,0,0,null,1826.14,{"$f":"BA650*BB650","v":0},1310.4000000000001,0,0,null,0,1826.14,{"$f":"BH650*BI650","v":0},1310.4000000000001,0,0,1,1826.14,{"$f":"BN650*BO650","v":1826.14},1310.4000000000001,1310.4000000000001,3136.54]
["1.17.63","Лак битумный","кг",40,0,null,342,13680,13680,null,null,0,null,342,0,0,null,0,null,342,0,0,null,0,null,342,0,0,null,0,null,342,0,0,null,0,null,342,0,0,null,0,null,342,0,0,null,0,null,342,0,0,null,0,null,342,0,0,null,0,0,null,342,0,0,40,0,null,342,13680,13680]
["1.17.64","Стержень заземления омедненный 16 мм х 1.5 метра","шт.",51,1390,{"$f":"D652*E652","v":70890},2278,116178,187068,null,null,1390,{"$f":"K652*L652","v":0},2278,0,0,null,1390,{"$f":"Q652*R652","v":0},2278,0,0,null,1390,{"$f":"W652*X652","v":0},2278,0,0,null,1390,{"$f":"AC652*AD652","v":0},2278,0,0,null,1390,{"$f":"AI652*AJ652","v":0},2278,0,0,null,1390,{"$f":"AO652*AP652","v":0},2278,0,0,null,1390,{"$f":"AU652*AV652","v":0},2278,0,0,null,1390,{"$f":"BA652*BB652","v":0},2278,0,0,null,0,1390,{"$f":"BH652*BI652","v":0},2278,0,0,51,1390,{"$f":"BN652*BO652","v":70890},2278,116178,187068]
["1.17.65","Муфта соединительная для стержня 16 мм, латунь ","шт.",34,490,16660,870,29580,{"$f":"E653*D653+G653*D653","v":46240},null,null,490,0,870,0,{"$f":"L653*K653+N653*K653","v":0},null,490,0,870,0,{"$f":"R653*Q653+T653*Q653","v":0},null,490,0,870,0,{"$f":"X653*W653+Z653*W653","v":0},null,490,0,870,0,{"$f":"AD653*AC653+AF653*AC653","v":0},null,490,0,870,0,{"$f":"AJ653*AI653+AL653*AI653","v":0},null,490,0,870,0,{"$f":"AP653*AO653+AR653*AO653","v":0},null,490,0,870,0,{"$f":"AV653*AU653+AX653*AU653","v":0},null,490,0,870,0,{"$f":"BB653*BA653+BD653*BA653","v":0},null,0,490,0,870,0,{"$f":"BI653*BH653+BK653*BH653","v":0},34,490,16660,870,29580,{"$f":"BO653*BN653+BQ653*BN653","v":46240}]
["1.17.66","Наконечник заземления для стержня 16 мм, сталь оцинк","шт.",17,490,8330,435,7395,15725,null,null,490,0,435,0,0,null,490,0,435,0,0,null,490,0,435,0,0,null,490,0,435,0,0,null,490,0,435,0,0,null,490,0,435,0,0,null,490,0,435,0,0,null,490,0,435,0,0,null,0,490,0,435,0,0,17,490,8330,435,7395,15725]
["1.17.67","Зажим стержень — полоса/пруток крестообразный, нержавеющая сталь","шт.",17,954,16218,928,15776,31994,null,null,954,0,928,0,0,null,954,0,928,0,0,null,954,0,928,0,0,null,954,0,928,0,0,null,954,0,928,0,0,null,954,0,928,0,0,null,954,0,928,0,0,null,954,0,928,0,0,null,0,954,0,928,0,0,17,954,16218,928,15776,31994]
["1.17.68","Смазка графитная 100 гр","шт.",5,590,2950,310,1550,4500,null,null,590,0,310,0,0,null,590,0,310,0,0,null,590,0,310,0,0,null,590,0,310,0,0,null,590,0,310,0,0,null,590,0,310,0,0,null,590,0,310,0,0,null,590,0,310,0,0,null,0,590,0,310,0,0,5,590,2950,310,1550,4500]
["1.17.69","Лента антикоррозионная","шт.",4,1301,5204,2100,8400,13604,null,null,1301,0,2100,0,0,null,1301,0,2100,0,0,null,1301,0,2100,0,0,null,1301,0,2100,0,0,null,1301,0,2100,0,0,null,1301,0,2100,0,0,null,1301,0,2100,0,0,null,1301,0,2100,0,0,null,0,1301,0,2100,0,0,4,1301,5204,2100,8400,13604]
["1.17.70","Головка удароприемная для стержня 16 мм, сталь","шт.",4,355,1420,293,1172,2592,null,null,355,0,293,0,0,null,355,0,293,0,0,null,355,0,293,0,0,null,355,0,293,0,0,null,355,0,293,0,0,null,355,0,293,0,0,null,355,0,293,0,0,null,355,0,293,0,0,null,0,355,0,293,0,0,4,355,1420,293,1172,2592]
["1.17.71","Труба  водогазопроводная оцинкованная d наруж=80мм","м.",30,1283.8,38514,2241.1999999999998,{"$f":"D659*G659","v":67236},105750,null,null,1283.8,0,2241.1999999999998,{"$f":"K659*N659","v":0},0,null,1283.8,0,2241.1999999999998,{"$f":"Q659*T659","v":0},0,null,1283.8,0,2241.1999999999998,{"$f":"W659*Z659","v":0},0,null,1283.8,0,2241.1999999999998,{"$f":"AC659*AF659","v":0},0,null,1283.8,0,2241.1999999999998,{"$f":"AI659*AL659","v":0},0,null,1283.8,0,2241.1999999999998,{"$f":"AO659*AR659","v":0},0,null,1283.8,0,2241.1999999999998,{"$f":"AU659*AX659","v":0},0,null,1283.8,0,2241.1999999999998,{"$f":"BA659*BD659","v":0},0,null,0,1283.8,0,2241.1999999999998,{"$f":"BH659*BK659","v":0},0,30,1283.8,38514,2241.1999999999998,{"$f":"BN659*BQ659","v":67236},105750]
["1.17.72","Труба  водогазопроводная оцинкованная d наруж=50мм","м",50,1048,52400,845.74,{"$f":"D660*G660","v":42287},94687,null,null,1048,0,845.74,{"$f":"K660*N660","v":0},0,null,1048,0,845.74,{"$f":"Q660*T660","v":0},0,null,1048,0,845.74,{"$f":"W660*Z660","v":0},0,null,1048,0,845.74,{"$f":"AC660*AF660","v":0},0,null,1048,0,845.74,{"$f":"AI660*AL660","v":0},0,null,1048,0,845.74,{"$f":"AO660*AR660","v":0},0,null,1048,0,845.74,{"$f":"AU660*AX660","v":0},0,null,1048,0,845.74,{"$f":"BA660*BD660","v":0},0,null,0,1048,0,845.74,{"$f":"BH660*BK660","v":0},0,50,1048,52400,845.74,{"$f":"BN660*BQ660","v":42287},94687]
["1.17.73","Разработка грунта вручную","м3",32.299999999999997,1249.74,40366.601999999999,0,null,40366.601999999999,null,null,1249.74,0,0,null,0,null,1249.74,0,0,null,0,null,1249.74,0,0,null,0,null,1249.74,0,0,null,0,null,1249.74,0,0,null,0,null,1249.74,0,0,null,0,null,1249.74,0,0,null,0,null,1249.74,0,0,null,0,null,0,1249.74,0,0,null,0,32.299999999999997,1249.74,40366.601999999999,0,null,40366.601999999999]
["1.17.74","Устройство песчаной подушки","м3",18.3,1522.22,27856.626,1092,{"$f":"D662*G662","v":19983.600000000002},47840.226000000002,null,null,1522.22,0,1092,{"$f":"K662*N662","v":0},0,null,1522.22,0,1092,{"$f":"Q662*T662","v":0},0,null,1522.22,0,1092,{"$f":"W662*Z662","v":0},0,null,1522.22,0,1092,{"$f":"AC662*AF662","v":0},0,null,1522.22,0,1092,{"$f":"AI662*AL662","v":0},0,null,1522.22,0,1092,{"$f":"AO662*AR662","v":0},0,null,1522.22,0,1092,{"$f":"AU662*AX662","v":0},0,null,1522.22,0,1092,{"$f":"BA662*BD662","v":0},0,null,0,1522.22,0,1092,{"$f":"BH662*BK662","v":0},0,18.3,1522.22,27856.626,1092,{"$f":"BN662*BQ662","v":19983.600000000002},47840.226000000002]
["1.17.75","Обратная засыпка вручную","м3",14,1249.74,17496.36,0,null,17496.36,null,null,1249.74,0,0,null,0,null,1249.74,0,0,null,0,null,1249.74,0,0,null,0,null,1249.74,0,0,null,0,null,1249.74,0,0,null,0,null,1249.74,0,0,null,0,null,1249.74,0,0,null,0,null,1249.74,0,0,null,0,null,0,1249.74,0,0,null,0,14,1249.74,17496.36,0,null,17496.36]
["1.17.76","Вывоз лишнего грунта","м3",1.2,3144,3772.7999999999997,0,null,3772.7999999999997,null,null,3144,0,0,null,0,null,3144,0,0,null,0,null,3144,0,0,null,0,null,3144,0,0,null,0,null,3144,0,0,null,0,null,3144,0,0,null,0,null,3144,0,0,null,0,null,3144,0,0,null,0,null,0,3144,0,0,null,0,1.2,3144,3772.7999999999997,0,null,3772.7999999999997]
["1.17.77","Аксессуары (расходные материалы, крепеж)","компл.",1,0,null,28704,{"$f":"D665*G665","v":28704},28704,null,null,0,null,28704,{"$f":"K665*N665","v":0},0,null,0,null,28704,{"$f":"Q665*T665","v":0},0,null,0,null,28704,{"$f":"W665*Z665","v":0},0,null,0,null,28704,{"$f":"AC665*AF665","v":0},0,null,0,null,28704,{"$f":"AI665*AL665","v":0},0,null,0,null,28704,{"$f":"AO665*AR665","v":0},0,null,0,null,28704,{"$f":"AU665*AX665","v":0},0,null,0,null,28704,{"$f":"BA665*BD665","v":0},0,null,0,0,null,28704,{"$f":"BH665*BK665","v":0},0,1,0,null,28704,{"$f":"BN665*BQ665","v":28704},28704]
["1.17.78","Пуско-наладочные работы","компл.",1,76800,{"$f":"D666*E666","v":76800},0,null,76800,null,null,76800,{"$f":"K666*L666","v":0},0,null,0,null,76800,{"$f":"Q666*R666","v":0},0,null,0,null,76800,{"$f":"W666*X666","v":0},0,null,0,null,76800,{"$f":"AC666*AD666","v":0},0,null,0,null,76800,{"$f":"AI666*AJ666","v":0},0,null,0,null,76800,{"$f":"AO666*AP666","v":0},0,null,0,null,76800,{"$f":"AU666*AV666","v":0},0,null,0,null,76800,{"$f":"BA666*BB666","v":0},0,null,0,null,0,76800,{"$f":"BH666*BI666","v":0},0,null,0,1,76800,{"$f":"BN666*BO666","v":76800},0,null,76800]
["1.17.79","Подключение оборудования (компрессоры 2 шт., ворота 4 шт., ФВУ 12 шт","компл.",1,102000,102000,0,null,102000,null,null,102000,0,0,null,0,null,102000,0,0,null,0,null,102000,0,0,null,0,null,102000,0,0,null,0,null,102000,0,0,null,0,null,102000,0,0,null,0,null,102000,0,0,null,0,null,102000,0,0,null,0,null,0,102000,0,0,null,0,1,102000,102000,0,null,102000]
["1.17.80","Демонтаж силовых щитов","шт.",38,8646,328548,0,null,328548,null,null,8646,0,0,null,0,null,8646,0,0,null,0,36,8646,311256,0,null,311256,null,8646,0,0,null,0,null,8646,0,0,null,0,null,8646,0,0,null,0,null,8646,0,0,null,0,null,8646,0,0,null,0,null,36,8646,311256,0,null,311256,2,8646,17292,0,null,17292]
["1.17.81","Демонтаж труб ВГП по колоннам","м.",200,723.12,144624,0,null,144624,null,null,723.12,0,0,null,0,null,723.12,0,0,null,0,null,723.12,0,0,null,0,null,723.12,0,0,null,0,null,723.12,0,0,null,0,null,723.12,0,0,null,0,null,723.12,0,0,null,0,null,723.12,0,0,null,0,null,0,723.12,0,0,null,0,200,723.12,144624,0,null,144624]
["1.17.82","Демонтаж силовых кабелей от коммутационных боксов на шинопроводе до щитов","м.",200,276.67,55334,0,null,55334,null,null,276.67,0,0,null,0,null,276.67,0,0,null,0,null,276.67,0,0,null,0,null,276.67,0,0,null,0,null,276.67,0,0,null,0,null,276.67,0,0,null,0,null,276.67,0,0,null,0,null,276.67,0,0,null,0,null,0,276.67,0,0,null,0,200,276.67,55334,0,null,55334]
["1.17.83","Щит питания компрессоров ЩУК 2.1","шт.",1,6550,6550,30985.19,{"$f":"D671*G671","v":30985.19},37535.19,null,null,6550,0,30985.19,{"$f":"K671*N671","v":0},0,null,6550,0,30985.19,{"$f":"Q671*T671","v":0},0,null,6550,0,30985.19,{"$f":"W671*Z671","v":0},0,null,6550,0,30985.19,{"$f":"AC671*AF671","v":0},0,null,6550,0,30985.19,{"$f":"AI671*AL671","v":0},0,null,6550,0,30985.19,{"$f":"AO671*AR671","v":0},0,null,6550,0,30985.19,{"$f":"AU671*AX671","v":0},0,null,6550,0,30985.19,{"$f":"BA671*BD671","v":0},0,null,0,6550,0,30985.19,{"$f":"BH671*BK671","v":0},0,1,6550,6550,30985.19,{"$f":"BN671*BQ671","v":30985.19},37535.19]
["1.17.84","Щит питания светильников 12В ЩОС","шт.",1,6550,6550,43656.6,43656.6,50206.6,null,null,6550,0,43656.6,0,0,null,6550,0,43656.6,0,0,null,6550,0,43656.6,0,0,null,6550,0,43656.6,0,0,null,6550,0,43656.6,0,0,null,6550,0,43656.6,0,0,null,6550,0,43656.6,0,0,null,6550,0,43656.6,0,0,null,0,6550,0,43656.6,0,0,1,6550,6550,43656.6,43656.6,50206.6]
["1.17.85","Выключатель автоматический 3р, Iном=16 А, Icu=10 кА, хар. С","шт.",1,1257.5999999999999,1257.5999999999999,3736.2,3736.2,4993.7999999999993,null,null,1257.5999999999999,0,3736.2,0,0,null,1257.5999999999999,0,3736.2,0,0,null,1257.5999999999999,0,3736.2,0,0,null,1257.5999999999999,0,3736.2,0,0,null,1257.5999999999999,0,3736.2,0,0,null,1257.5999999999999,0,3736.2,0,0,null,1257.5999999999999,0,3736.2,0,0,null,1257.5999999999999,0,3736.2,0,0,null,0,1257.5999999999999,0,3736.2,0,0,1,1257.5999999999999,1257.5999999999999,3736.2,3736.2,4993.7999999999993]
["1.17.86","Выключатель автоматический трехполюсный 50А, хар. C","шт.",12,1257.5999999999999,15091.199999999999,3872.86,46474.32,61565.52,null,null,1257.5999999999999,0,3872.86,0,0,null,1257.5999999999999,0,3872.86,0,0,null,1257.5999999999999,0,3872.86,0,0,null,1257.5999999999999,0,3872.86,0,0,null,1257.5999999999999,0,3872.86,0,0,null,1257.5999999999999,0,3872.86,0,0,null,1257.5999999999999,0,3872.86,0,0,null,1257.5999999999999,0,3872.86,0,0,null,{"$f":"K674+Q674+W674+AC674+AI674+AO674+AU674+BA674","v":0},1257.5999999999999,0,3872.86,0,0,{"$f":"D674-BH674","v":12},1257.5999999999999,15091.199999999999,3872.86,46474.32,61565.52]
["1.17.87","Выключатель автоматический трехполюсный 200А, хар. C","шт.",2,1257.5999999999999,2515.1999999999998,8991.84,17983.68,20498.88,null,null,1257.5999999999999,0,8991.84,0,0,null,1257.5999999999999,0,8991.84,0,0,null,1257.5999999999999,0,8991.84,0,0,null,1257.5999999999999,0,8991.84,0,0,null,1257.5999999999999,0,8991.84,0,0,null,1257.5999999999999,0,8991.84,0,0,null,1257.5999999999999,0,8991.84,0,0,null,1257.5999999999999,0,8991.84,0,0,null,0,1257.5999999999999,0,8991.84,0,0,2,1257.5999999999999,2515.1999999999998,8991.84,17983.68,20498.88]
["1.17.88","Выключатель автоматический OptiMat 200 А, 690 В, 25 кА","шт.",2,1257.5999999999999,2515.1999999999998,36603.839999999997,73207.679999999993,75722.87999999999,null,null,1257.5999999999999,0,36603.839999999997,0,0,null,1257.5999999999999,0,36603.839999999997,0,0,null,1257.5999999999999,0,36603.839999999997,0,0,null,1257.5999999999999,0,36603.839999999997,0,0,null,1257.5999999999999,0,36603.839999999997,0,0,null,1257.5999999999999,0,36603.839999999997,0,0,null,1257.5999999999999,0,36603.839999999997,0,0,null,1257.5999999999999,0,36603.839999999997,0,0,null,0,1257.5999999999999,0,36603.839999999997,0,0,2,1257.5999999999999,2515.1999999999998,36603.839999999997,73207.679999999993,75722.87999999999]
["1.17.89","Выключатель автоматический 320 А, 690 В, 40 кА","шт.",1,1257.5999999999999,1257.5999999999999,28289.35,28289.35,29546.949999999997,null,null,1257.5999999999999,0,28289.35,0,0,null,1257.5999999999999,0,28289.35,0,0,null,1257.5999999999999,0,28289.35,0,0,null,1257.5999999999999,0,28289.35,0,0,null,1257.5999999999999,0,28289.35,0,0,null,1257.5999999999999,0,28289.35,0,0,null,1257.5999999999999,0,28289.35,0,0,null,1257.5999999999999,0,28289.35,0,0,null,0,1257.5999999999999,0,28289.35,0,0,1,1257.5999999999999,1257.5999999999999,28289.35,28289.35,29546.949999999997]
["1.17.90","Провод силовой желто-зеленый 1х95","м",20,314.39999999999998,6288,1610.14,32202.800000000003,38490.800000000003,null,null,314.39999999999998,0,1610.14,0,0,null,314.39999999999998,0,1610.14,0,0,null,314.39999999999998,0,1610.14,0,0,null,314.39999999999998,0,1610.14,0,0,null,314.39999999999998,0,1610.14,0,0,null,314.39999999999998,0,1610.14,0,0,null,314.39999999999998,0,1610.14,0,0,null,314.39999999999998,0,1610.14,0,0,null,0,314.39999999999998,0,1610.14,0,0,20,314.39999999999998,6288,1610.14,32202.800000000003,38490.800000000003]
["1.17.91","Провод силовой желто-зеленый 1х25","м",90,314.39999999999998,28295.999999999996,403.1,36279,64575,null,null,314.39999999999998,0,403.1,0,0,null,314.39999999999998,0,403.1,0,0,null,314.39999999999998,0,403.1,0,0,null,314.39999999999998,0,403.1,0,0,null,314.39999999999998,0,403.1,0,0,null,314.39999999999998,0,403.1,0,0,null,314.39999999999998,0,403.1,0,0,null,314.39999999999998,0,403.1,0,0,null,0,314.39999999999998,0,403.1,0,0,90,314.39999999999998,28295.999999999996,403.1,36279,64575]
["1.17.92","Провод силовой желто-зеленый 1х6","м",1400,162.44,227416,112.48,157472,384888,null,null,162.44,0,112.48,0,0,null,162.44,0,112.48,0,0,null,162.44,0,112.48,0,0,null,162.44,0,112.48,0,0,null,162.44,0,112.48,0,0,null,162.44,0,112.48,0,0,null,162.44,0,112.48,0,0,null,162.44,0,112.48,0,0,null,0,162.44,0,112.48,0,0,1400,162.44,227416,112.48,157472,384888]
["1.17.93","Кабель силовой 3х1,5","м",600,182,109200,115.65,69390,178590,null,null,182,0,115.65,0,0,null,182,0,115.65,0,0,null,182,0,115.65,0,0,null,182,0,115.65,0,0,null,182,0,115.65,0,0,null,182,0,115.65,0,0,null,182,0,115.65,0,0,null,182,0,115.65,0,0,null,0,182,0,115.65,0,0,600,182,109200,115.65,69390,178590]
["1.17.94","Кабель силовой 3х6","м",420,182,76440,426.41,179092.2,255532.2,null,null,182,0,426.41,0,0,null,182,0,426.41,0,0,null,182,0,426.41,0,0,null,182,0,426.41,0,0,null,182,0,426.41,0,0,null,182,0,426.41,0,0,null,182,0,426.41,0,0,null,182,0,426.41,0,0,null,0,182,0,426.41,0,0,420,182,76440,426.41,179092.2,255532.2]
["1.17.95","Кабель силовой 1х35","м",2640,354,934560,577.65,1524996,2459556,null,null,354,0,577.65,0,0,null,354,0,577.65,0,0,null,354,0,577.65,0,0,null,354,0,577.65,0,0,null,354,0,577.65,0,0,null,354,0,577.65,0,0,null,354,0,577.65,0,0,null,354,0,577.65,0,0,null,0,354,0,577.65,0,0,2640,354,934560,577.65,1524996,2459556]
["1.17.96","Кабель силовой 1х50","м",158,354,55932,1067.04,168592.32,224524.32,null,null,354,0,1067.04,0,0,null,354,0,1067.04,0,0,null,354,0,1067.04,0,0,null,354,0,1067.04,0,0,null,354,0,1067.04,0,0,null,354,0,1067.04,0,0,null,354,0,1067.04,0,0,null,354,0,1067.04,0,0,null,0,354,0,1067.04,0,0,158,354,55932,1067.04,168592.32,224524.32]
["1.17.97","Кабель силовой 1х120","м",360,354,127440,2099.5100000000002,755823.60000000009,883263.60000000009,null,null,354,0,2099.5100000000002,0,0,null,354,0,2099.5100000000002,0,0,null,354,0,2099.5100000000002,0,0,null,354,0,2099.5100000000002,0,0,null,354,0,2099.5100000000002,0,0,null,354,0,2099.5100000000002,0,0,null,354,0,2099.5100000000002,0,0,null,354,0,2099.5100000000002,0,0,null,0,354,0,2099.5100000000002,0,0,360,354,127440,2099.5100000000002,755823.60000000009,883263.60000000009]
["1.18","130-23-ЭМ3 Силовое электрооборудование",null,null,null,{"$f":"F687+F688+F689+F690+F691+F692+F693+F694+F695+F696+F697+F698+F699+F700+F701+F702+F703+F704+F705+F706+F707+F708","v":660922.80000000005},null,{"$f":"H687+H688+H689+H690+H691+H692+H693+H694+H695+H696+H697+H698+H699+H700+H701+H702+H703+H704+H705+H706+H707+H708","v":1416983.2999999998},{"$f":"I687+I688+I689+I690+I691+I692+I693+I694+I695+I696+I697+I698+I699+I700+I701+I702+I703+I704+I705+I706+I707+I708","v":2077906.0999999999},null,null,null,{"$f":"M687+M688+M689+M690+M691+M692+M693+M694+M695+M696+M697+M698+M699+M700+M701+M702+M703+M704+M705+M706+M707+M708","v":0},null,{"$f":"O687+O688+O689+O690+O691+O692+O693+O694+O695+O696+O697+O698+O699+O700+O701+O702+O703+O704+O705+O706+O707+O708","v":0},{"$f":"P687+P688+P689+P690+P691+P692+P693+P694+P695+P696+P697+P698+P699+P700+P701+P702+P703+P704+P705+P706+P707+P708","v":0},null,null,{"$f":"S687+S688+S689+S690+S691+S692+S693+S694+S695+S696+S697+S698+S699+S700+S701+S702+S703+S704+S705+S706+S707+S708","v":0},null,{"$f":"U687+U688+U689+U690+U691+U692+U693+U694+U695+U696+U697+U698+U699+U700+U701+U702+U703+U704+U705+U706+U707+U708","v":0},{"$f":"V687+V688+V689+V690+V691+V692+V693+V694+V695+V696+V697+V698+V699+V700+V701+V702+V703+V704+V705+V706+V707+V708","v":0},null,null,{"$f":"Y687+Y688+Y689+Y690+Y691+Y692+Y693+Y694+Y695+Y696+Y697+Y698+Y699+Y700+Y701+Y702+Y703+Y704+Y705+Y706+Y707+Y708","v":0},null,{"$f":"AA687+AA688+AA689+AA690+AA691+AA692+AA693+AA694+AA695+AA696+AA697+AA698+AA699+AA700+AA701+AA702+AA703+AA704+AA705+AA706+AA707+AA708","v":0},{"$f":"AB687+AB688+AB689+AB690+AB691+AB692+AB693+AB694+AB695+AB696+AB697+AB698+AB699+AB700+AB701+AB702+AB703+AB704+AB705+AB706+AB707+AB708","v":0},null,null,{"$f":"AE687+AE688+AE689+AE690+AE691+AE692+AE693+AE694+AE695+AE696+AE697+AE698+AE699+AE700+AE701+AE702+AE703+AE704+AE705+AE706+AE707+AE708","v":0},null,{"$f":"AG687+AG688+AG689+AG690+AG691+AG692+AG693+AG694+AG695+AG696+AG697+AG698+AG699+AG700+AG701+AG702+AG703+AG704+AG705+AG706+AG707+AG708","v":0},{"$f":"AH687+AH688+AH689+AH690+AH691+AH692+AH693+AH694+AH695+AH696+AH697+AH698+AH699+AH700+AH701+AH702+AH703+AH704+AH705+AH706+AH707+AH708","v":0},null,null,{"$f":"AK687+AK688+AK689+AK690+AK691+AK692+AK693+AK694+AK695+AK696+AK697+AK698+AK699+AK700+AK701+AK702+AK703+AK704+AK705+AK706+AK707+AK708","v":0},null,{"$f":"AM687+AM688+AM689+AM690+AM691+AM692+AM693+AM694+AM695+AM696+AM697+AM698+AM699+AM700+AM701+AM702+AM703+AM704+AM705+AM706+AM707+AM708","v":0},{"$f":"AN687+AN688+AN689+AN690+AN691+AN692+AN693+AN694+AN695+AN696+AN697+AN698+AN699+AN700+AN701+AN702+AN703+AN704+AN705+AN706+AN707+AN708","v":0},null,null,{"$f":"AQ687+AQ688+AQ689+AQ690+AQ691+AQ692+AQ693+AQ694+AQ695+AQ696+AQ697+AQ698+AQ699+AQ700+AQ701+AQ702+AQ703+AQ704+AQ705+AQ706+AQ707+AQ708","v":0},null,{"$f":"AS687+AS688+AS689+AS690+AS691+AS692+AS693+AS694+AS695+AS696+AS697+AS698+AS699+AS700+AS701+AS702+AS703+AS704+AS705+AS706+AS707+AS708","v":0},{"$f":"AT687+AT688+AT689+AT690+AT691+AT692+AT693+AT694+AT695+AT696+AT697+AT698+AT699+AT700+AT701+AT702+AT703+AT704+AT705+AT706+AT707+AT708","v":0},null,null,{"$f":"AW687+AW688+AW689+AW690+AW691+AW692+AW693+AW694+AW695+AW696+AW697+AW698+AW699+AW700+AW701+AW702+AW703+AW704+AW705+AW706+AW707+AW708","v":0},null,{"$f":"AY687+AY688+AY689+AY690+AY691+AY692+AY693+AY694+AY695+AY696+AY697+AY698+AY699+AY700+AY701+AY702+AY703+AY704+AY705+AY706+AY707+AY708","v":0},{"$f":"AZ687+AZ688+AZ689+AZ690+AZ691+AZ692+AZ693+AZ694+AZ695+AZ696+AZ697+AZ698+AZ699+AZ700+AZ701+AZ702+AZ703+AZ704+AZ705+AZ706+AZ707+AZ708","v":0},null,null,{"$f":"BC687+BC688+BC689+BC690+BC691+BC692+BC693+BC694+BC695+BC696+BC697+BC698+BC699+BC700+BC701+BC702+BC703+BC704+BC705+BC706+BC707+BC708","v":0},null,{"$f":"BE687+BE688+BE689+BE690+BE691+BE692+BE693+BE694+BE695+BE696+BE697+BE698+BE699+BE700+BE701+BE702+BE703+BE704+BE705+BE706+BE707+BE708","v":0},{"$f":"BF687+BF688+BF689+BF690+BF691+BF692+BF693+BF694+BF695+BF696+BF697+BF698+BF699+BF700+BF701+BF702+BF703+BF704+BF705+BF706+BF707+BF708","v":0},null,0,null,{"$f":"BJ687+BJ688+BJ689+BJ690+BJ691+BJ692+BJ693+BJ694+BJ695+BJ696+BJ697+BJ698+BJ699+BJ700+BJ701+BJ702+BJ703+BJ704+BJ705+BJ706+BJ707+BJ708","v":0},null,{"$f":"BL687+BL688+BL689+BL690+BL691+BL692+BL693+BL694+BL695+BL696+BL697+BL698+BL699+BL700+BL701+BL702+BL703+BL704+BL705+BL706+BL707+BL708","v":0},{"$f":"BM687+BM688+BM689+BM690+BM691+BM692+BM693+BM694+BM695+BM696+BM697+BM698+BM699+BM700+BM701+BM702+BM703+BM704+BM705+BM706+BM707+BM708","v":0},0,null,{"$f":"BP687+BP688+BP689+BP690+BP691+BP692+BP693+BP694+BP695+BP696+BP697+BP698+BP699+BP700+BP701+BP702+BP703+BP704+BP705+BP706+BP707+BP708","v":660922.80000000005},null,{"$f":"BR687+BR688+BR689+BR690+BR691+BR692+BR693+BR694+BR695+BR696+BR697+BR698+BR699+BR700+BR701+BR702+BR703+BR704+BR705+BR706+BR707+BR708","v":1416983.2999999998},{"$f":"BS687+BS688+BS689+BS690+BS691+BS692+BS693+BS694+BS695+BS696+BS697+BS698+BS699+BS700+BS701+BS702+BS703+BS704+BS705+BS706+BS707+BS708","v":2077906.0999999999}]
["1.18.1","Щит распределительный ШПВ АБК","шт.",1,5502,{"$f":"D687*E687","v":5502},87964,{"$f":"D687*G687","v":87964},{"$f":"E687*D687+G687*D687","v":93466},null,null,5502,{"$f":"K687*L687","v":0},87964,{"$f":"K687*N687","v":0},{"$f":"L687*K687+N687*K687","v":0},null,5502,{"$f":"Q687*R687","v":0},87964,{"$f":"Q687*T687","v":0},{"$f":"R687*Q687+T687*Q687","v":0},null,5502,{"$f":"W687*X687","v":0},87964,{"$f":"W687*Z687","v":0},{"$f":"X687*W687+Z687*W687","v":0},null,5502,{"$f":"AC687*AD687","v":0},87964,{"$f":"AC687*AF687","v":0},{"$f":"AD687*AC687+AF687*AC687","v":0},null,5502,{"$f":"AI687*AJ687","v":0},87964,{"$f":"AI687*AL687","v":0},{"$f":"AJ687*AI687+AL687*AI687","v":0},null,5502,{"$f":"AO687*AP687","v":0},87964,{"$f":"AO687*AR687","v":0},{"$f":"AP687*AO687+AR687*AO687","v":0},null,5502,{"$f":"AU687*AV687","v":0},87964,{"$f":"AU687*AX687","v":0},{"$f":"AV687*AU687+AX687*AU687","v":0},null,5502,{"$f":"BA687*BB687","v":0},87964,{"$f":"BA687*BD687","v":0},{"$f":"BB687*BA687+BD687*BA687","v":0},null,0,5502,{"$f":"BH687*BI687","v":0},87964,{"$f":"BH687*BK687","v":0},{"$f":"BI687*BH687+BK687*BH687","v":0},1,5502,{"$f":"BN687*BO687","v":5502},87964,{"$f":"BN687*BQ687","v":87964},{"$f":"BO687*BN687+BQ687*BN687","v":93466}]
["1.18.2","Кабель силовой, не поддерживающий горение, безгалогенныйППГнг(А)-HF 5х25","м",70,314.39999999999998,{"$f":"D688*E688","v":22008},2519.4,{"$f":"D688*G688","v":176358},198366,null,null,314.39999999999998,{"$f":"K688*L688","v":0},2519.4,{"$f":"K688*N688","v":0},0,null,314.39999999999998,{"$f":"Q688*R688","v":0},2519.4,{"$f":"Q688*T688","v":0},0,null,314.39999999999998,{"$f":"W688*X688","v":0},2519.4,{"$f":"W688*Z688","v":0},0,null,314.39999999999998,{"$f":"AC688*AD688","v":0},2519.4,{"$f":"AC688*AF688","v":0},0,null,314.39999999999998,{"$f":"AI688*AJ688","v":0},2519.4,{"$f":"AI688*AL688","v":0},0,null,314.39999999999998,{"$f":"AO688*AP688","v":0},2519.4,{"$f":"AO688*AR688","v":0},0,null,314.39999999999998,{"$f":"AU688*AV688","v":0},2519.4,{"$f":"AU688*AX688","v":0},0,null,314.39999999999998,{"$f":"BA688*BB688","v":0},2519.4,{"$f":"BA688*BD688","v":0},0,null,0,314.39999999999998,{"$f":"BH688*BI688","v":0},2519.4,{"$f":"BH688*BK688","v":0},0,70,314.39999999999998,{"$f":"BN688*BO688","v":22008},2519.4,{"$f":"BN688*BQ688","v":176358},198366]
["1.18.3","Кабель силовой, не поддерживающий горение, безгалогенный ППГнг(А)-HF 5х4","м",15,162.44,2436.6,496.6,7449,9885.6,null,null,162.44,0,496.6,0,0,null,162.44,0,496.6,0,0,null,162.44,0,496.6,0,0,null,162.44,0,496.6,0,0,null,162.44,0,496.6,0,0,null,162.44,0,496.6,0,0,null,162.44,0,496.6,0,0,null,162.44,0,496.6,0,0,null,0,162.44,0,496.6,0,0,15,162.44,2436.6,496.6,7449,9885.6]
["1.18.4","Кабель силовой, не поддерживающий горение, безгалогенный ППГнг(А)-HF 3х6 ","м",350,162.44,56854,434.2,151970,208824,null,null,162.44,0,434.2,0,0,null,162.44,0,434.2,0,0,null,162.44,0,434.2,0,0,null,162.44,0,434.2,0,0,null,162.44,0,434.2,0,0,null,162.44,0,434.2,0,0,null,162.44,0,434.2,0,0,null,162.44,0,434.2,0,0,null,0,162.44,0,434.2,0,0,350,162.44,56854,434.2,151970,208824]
["1.18.5","Кабель силовой, не поддерживающий горение, безгалогенныйППГнг(А)-HF 3х2.5 ","м",210,162.44,34112.400000000001,184.6,38766,72878.399999999994,null,null,162.44,0,184.6,0,0,null,162.44,0,184.6,0,0,null,162.44,0,184.6,0,0,null,162.44,0,184.6,0,0,null,162.44,0,184.6,0,0,null,162.44,0,184.6,0,0,null,162.44,0,184.6,0,0,null,162.44,0,184.6,0,0,null,0,162.44,0,184.6,0,0,210,162.44,34112.400000000001,184.6,38766,72878.399999999994]
["1.18.6","Кабель огнестойкий КПСЭнг(А)-FRHF 1х2х1.5","м.",270,162.44,43858.8,166.92,45068.399999999994,88927.2,null,null,162.44,0,166.92,0,0,null,162.44,0,166.92,0,0,null,162.44,0,166.92,0,0,null,162.44,0,166.92,0,0,null,162.44,0,166.92,0,0,null,162.44,0,166.92,0,0,null,162.44,0,166.92,0,0,null,162.44,0,166.92,0,0,null,0,162.44,0,166.92,0,0,270,162.44,43858.8,166.92,45068.399999999994,88927.2]
["1.18.7","Лоток 50х100 L=3000 перфорированный","м.",300,838.4,251520,1759,527700,779220,null,null,838.4,0,1759,0,0,null,838.4,0,1759,0,0,null,838.4,0,1759,0,0,null,838.4,0,1759,0,0,null,838.4,0,1759,0,0,null,838.4,0,1759,0,0,null,838.4,0,1759,0,0,null,838.4,0,1759,0,0,null,0,838.4,0,1759,0,0,300,838.4,251520,1759,527700,779220]
["1.18.8","Крышка L=3000 для лотков шириной 100мм","м",300,156,46800,273,81900,128700,null,null,156,0,273,0,0,null,156,0,273,0,0,null,156,0,273,0,0,null,156,0,273,0,0,null,156,0,273,0,0,null,156,0,273,0,0,null,156,0,273,0,0,null,156,0,273,0,0,null,0,156,0,273,0,0,300,156,46800,273,81900,128700]
["1.18.9","Анкер М8 латунный разрезной","шт.",800,0,null,84,67200,67200,null,null,0,null,84,0,0,null,0,null,84,0,0,null,0,null,84,0,0,null,0,null,84,0,0,null,0,null,84,0,0,null,0,null,84,0,0,null,0,null,84,0,0,null,0,null,84,0,0,null,0,0,null,84,0,0,800,0,null,84,67200,67200]
["1.18.10","Шпилька М8х2000","шт.",126,386,{"$f":"D696*E696","v":48636},243,30618,79254,null,null,386,{"$f":"K696*L696","v":0},243,0,0,null,386,{"$f":"Q696*R696","v":0},243,0,0,null,386,{"$f":"W696*X696","v":0},243,0,0,null,386,{"$f":"AC696*AD696","v":0},243,0,0,null,386,{"$f":"AI696*AJ696","v":0},243,0,0,null,386,{"$f":"AO696*AP696","v":0},243,0,0,null,386,{"$f":"AU696*AV696","v":0},243,0,0,null,386,{"$f":"BA696*BB696","v":0},243,0,0,null,0,386,{"$f":"BH696*BI696","v":0},243,0,0,126,386,{"$f":"BN696*BO696","v":48636},243,30618,79254]
["1.18.11","Шайба М8","шт.",400,0,null,12,4800,4800,null,null,0,null,12,0,0,null,0,null,12,0,0,null,0,null,12,0,0,null,0,null,12,0,0,null,0,null,12,0,0,null,0,null,12,0,0,null,0,null,12,0,0,null,0,null,12,0,0,null,0,0,null,12,0,0,400,0,null,12,4800,4800]
["1.18.12","Гайка М8","шт.",800,0,null,6,4800,4800,null,null,0,null,6,0,0,null,0,null,6,0,0,null,0,null,6,0,0,null,0,null,6,0,0,null,0,null,6,0,0,null,0,null,6,0,0,null,0,null,6,0,0,null,0,null,6,0,0,null,0,0,null,6,0,0,800,0,null,6,4800,4800]
["1.18.13","С-образный профиль 41х21, L2000, толщ. 2,0 мм","шт.",44,400,{"$f":"D699*E699","v":17600},2100,92400,110000,null,null,400,{"$f":"K699*L699","v":0},2100,0,0,null,400,{"$f":"Q699*R699","v":0},2100,0,0,null,400,{"$f":"W699*X699","v":0},2100,0,0,null,400,{"$f":"AC699*AD699","v":0},2100,0,0,null,400,{"$f":"AI699*AJ699","v":0},2100,0,0,null,400,{"$f":"AO699*AP699","v":0},2100,0,0,null,400,{"$f":"AU699*AV699","v":0},2100,0,0,null,400,{"$f":"BA699*BB699","v":0},2100,0,0,null,0,400,{"$f":"BH699*BI699","v":0},2100,0,0,44,400,{"$f":"BN699*BO699","v":17600},2100,92400,110000]
["1.18.14","Провод силовой желто-зеленый","м",25,185,4625,300,7500,12125,null,null,185,0,300,0,0,null,185,0,300,0,0,null,185,0,300,0,0,null,185,0,300,0,0,null,185,0,300,0,0,null,185,0,300,0,0,null,185,0,300,0,0,null,185,0,300,0,0,null,0,185,0,300,0,0,25,185,4625,300,7500,12125]
["1.18.15","Наконечник медный 16 мм2 ","шт.",220,150,33000,87,19140,52140,null,null,150,0,87,0,0,null,150,0,87,0,0,null,150,0,87,0,0,null,150,0,87,0,0,null,150,0,87,0,0,null,150,0,87,0,0,null,150,0,87,0,0,null,150,0,87,0,0,null,0,150,0,87,0,0,220,150,33000,87,19140,52140]
["1.18.16","Труба гофрированная ПВХ 50 мм с протяжкой","м.",100,52.4,5240,130,13000,18240,null,null,52.4,0,130,0,0,null,52.4,0,130,0,0,null,52.4,0,130,0,0,null,52.4,0,130,0,0,null,52.4,0,130,0,0,null,52.4,0,130,0,0,null,52.4,0,130,0,0,null,52.4,0,130,0,0,null,0,52.4,0,130,0,0,100,52.4,5240,130,13000,18240]
["1.18.17","Металлорукав герметичный в ПВХ изоляции РЗ-ЦП нг-LS-32","м",50,65.5,3275,166.71,8335.5,11610.5,null,null,65.5,0,166.71,0,0,null,65.5,0,166.71,0,0,null,65.5,0,166.71,0,0,null,65.5,0,166.71,0,0,null,65.5,0,166.71,0,0,null,65.5,0,166.71,0,0,null,65.5,0,166.71,0,0,null,65.5,0,166.71,0,0,null,0,65.5,0,166.71,0,0,50,65.5,3275,166.71,8335.5,11610.5]
["1.18.18","Скоба металлическая двухлапковая, d 38-40 мм","шт.",420,32.75,13755,36.82,15464.4,29219.4,null,null,32.75,0,36.82,0,0,null,32.75,0,36.82,0,0,null,32.75,0,36.82,0,0,null,32.75,0,36.82,0,0,null,32.75,0,36.82,0,0,null,32.75,0,36.82,0,0,null,32.75,0,36.82,0,0,null,32.75,0,36.82,0,0,null,0,32.75,0,36.82,0,0,420,32.75,13755,36.82,15464.4,29219.4]
["1.18.19","Коробка распределительная 70х70х40 мм IP55","шт.",15,260,3900,130,1950,5850,null,null,260,0,130,0,0,null,260,0,130,0,0,null,260,0,130,0,0,null,260,0,130,0,0,null,260,0,130,0,0,null,260,0,130,0,0,null,260,0,130,0,0,null,260,0,130,0,0,null,0,260,0,130,0,0,15,260,3900,130,1950,5850]
["1.18.20","Труба  водогазопроводная оцинкованная,  d наруж = 50мм","м",20,990,19800,950,19000,38800,null,null,990,0,950,0,0,null,990,0,950,0,0,null,990,0,950,0,0,null,990,0,950,0,0,null,990,0,950,0,0,null,990,0,950,0,0,null,990,0,950,0,0,null,990,0,950,0,0,null,0,990,0,950,0,0,20,990,19800,950,19000,38800]
["1.18.21","Аксессуары (расходные материалы, крепеж)","компл.",1,0,null,15600,15600,15600,null,null,0,null,15600,0,0,null,0,null,15600,0,0,null,0,null,15600,0,0,null,0,null,15600,0,0,null,0,null,15600,0,0,null,0,null,15600,0,0,null,0,null,15600,0,0,null,0,null,15600,0,0,null,0,0,null,15600,0,0,1,0,null,15600,15600,15600]
["1.18.22","Пуско-наладочные работы","компл.",1,48000,{"$f":"D708*E708","v":48000},0,null,48000,null,null,48000,{"$f":"K708*L708","v":0},0,null,0,null,48000,{"$f":"Q708*R708","v":0},0,null,0,null,48000,{"$f":"W708*X708","v":0},0,null,0,null,48000,{"$f":"AC708*AD708","v":0},0,null,0,null,48000,{"$f":"AI708*AJ708","v":0},0,null,0,null,48000,{"$f":"AO708*AP708","v":0},0,null,0,null,48000,{"$f":"AU708*AV708","v":0},0,null,0,null,48000,{"$f":"BA708*BB708","v":0},0,null,0,null,0,48000,{"$f":"BH708*BI708","v":0},0,null,0,1,48000,{"$f":"BN708*BO708","v":48000},0,null,48000]
["1.19","130-23-УА2 Устройства автоматики",null,null,null,null,null,null,null,null,null,null,null,null,null,null,null,null,null,null,null,null,null,null,{"$f":"Y710+Y711+Y712+Y713","v":0},null,{"$f":"AA710+AA711+AA712+AA713","v":0},{"$f":"AB710+AB711+AB712+AB713","v":0},null,null,{"$f":"AE710+AE711+AE712+AE713","v":0},null,{"$f":"AG710+AG711+AG712+AG713","v":0},{"$f":"AH710+AH711+AH712+AH713","v":0},null,null,{"$f":"AK710+AK711+AK712+AK713","v":0},null,{"$f":"AM710+AM711+AM712+AM713","v":0},{"$f":"AN710+AN711+AN712+AN713","v":0},null,null,{"$f":"AQ710+AQ711+AQ712+AQ713","v":0},null,{"$f":"AS710+AS711+AS712+AS713","v":0},{"$f":"AT710+AT711+AT712+AT713","v":0},null,null,{"$f":"AW710+AW711+AW712+AW713","v":0},null,{"$f":"AY710+AY711+AY712+AY713","v":0},{"$f":"AZ710+AZ711+AZ712+AZ713","v":0},null,null,{"$f":"BC710+BC711+BC712+BC713","v":0},null,{"$f":"BE710+BE711+BE712+BE713","v":0},{"$f":"BF710+BF711+BF712+BF713","v":0},null,0,null,{"$f":"BJ710+BJ711+BJ712+BJ713","v":0},null,{"$f":"BL710+BL711+BL712+BL713","v":0},{"$f":"BM710+BM711+BM712+BM713","v":0},0,null,{"$f":"BP710+BP711+BP712+BP713","v":2633600.52},null,{"$f":"BR710+BR711+BR712+BR713","v":6186996.46},{"$f":"BS710+BS711+BS712+BS713","v":8820596.9800000004}]
["1.19.1","Монтаж комплектов автоматики","к-т",14,29532.639999999999,{"$f":"D710*E710","v":413456.95999999996},262311.77,{"$f":"D710*G710","v":3672364.7800000003},{"$f":"E710*D710+G710*D710","v":4085821.74},null,null,29532.639999999999,{"$f":"K710*L710","v":0},262311.77,{"$f":"K710*N710","v":0},{"$f":"L710*K710+N710*K710","v":0},null,29532.639999999999,{"$f":"Q710*R710","v":0},262311.77,{"$f":"Q710*T710","v":0},{"$f":"R710*Q710+T710*Q710","v":0},null,29532.639999999999,{"$f":"W710*X710","v":0},262311.77,{"$f":"W710*Z710","v":0},{"$f":"X710*W710+Z710*W710","v":0},null,29532.639999999999,{"$f":"AC710*AD710","v":0},262311.77,{"$f":"AC710*AF710","v":0},{"$f":"AD710*AC710+AF710*AC710","v":0},null,29532.639999999999,{"$f":"AI710*AJ710","v":0},262311.77,{"$f":"AI710*AL710","v":0},{"$f":"AJ710*AI710+AL710*AI710","v":0},null,29532.639999999999,{"$f":"AO710*AP710","v":0},262311.77,{"$f":"AO710*AR710","v":0},{"$f":"AP710*AO710+AR710*AO710","v":0},null,29532.639999999999,{"$f":"AU710*AV710","v":0},262311.77,{"$f":"AU710*AX710","v":0},{"$f":"AV710*AU710+AX710*AU710","v":0},null,29532.639999999999,{"$f":"BA710*BB710","v":0},262311.77,{"$f":"BA710*BD710","v":0},{"$f":"BB710*BA710+BD710*BA710","v":0},null,0,29532.639999999999,{"$f":"BH710*BI710","v":0},262311.77,{"$f":"BH710*BK710","v":0},{"$f":"BI710*BH710+BK710*BH710","v":0},14,29532.639999999999,{"$f":"BN710*BO710","v":413456.95999999996},262311.77,{"$f":"BN710*BQ710","v":3672364.7800000003},{"$f":"BO710*BN710+BQ710*BN710","v":4085821.74}]
["1.19.2","Прокладка кабелей системы автоматизации вентиляции","пм",3470,305,{"$f":"D711*E711","v":1058350},405,{"$f":"D711*G711","v":1405350},2463700,null,null,305,{"$f":"K711*L711","v":0},405,{"$f":"K711*N711","v":0},0,null,305,{"$f":"Q711*R711","v":0},405,{"$f":"Q711*T711","v":0},0,null,305,{"$f":"W711*X711","v":0},405,{"$f":"W711*Z711","v":0},0,null,305,{"$f":"AC711*AD711","v":0},405,{"$f":"AC711*AF711","v":0},0,null,305,{"$f":"AI711*AJ711","v":0},405,{"$f":"AI711*AL711","v":0},0,null,305,{"$f":"AO711*AP711","v":0},405,{"$f":"AO711*AR711","v":0},0,null,305,{"$f":"AU711*AV711","v":0},405,{"$f":"AU711*AX711","v":0},0,null,305,{"$f":"BA711*BB711","v":0},405,{"$f":"BA711*BD711","v":0},0,null,0,305,{"$f":"BH711*BI711","v":0},405,{"$f":"BH711*BK711","v":0},0,3470,305,{"$f":"BN711*BO711","v":1058350},405,{"$f":"BN711*BQ711","v":1405350},2463700]
["1.19.3","Монтаж узла терморегулирования","шт",6,55632.26,{"$f":"D712*E712","v":333793.56},184880.28,{"$f":"D712*G712","v":1109281.68},1443075.24,null,null,55632.26,{"$f":"K712*L712","v":0},184880.28,{"$f":"K712*N712","v":0},0,null,55632.26,{"$f":"Q712*R712","v":0},184880.28,{"$f":"Q712*T712","v":0},0,null,55632.26,{"$f":"W712*X712","v":0},184880.28,{"$f":"W712*Z712","v":0},0,null,55632.26,{"$f":"AC712*AD712","v":0},184880.28,{"$f":"AC712*AF712","v":0},0,null,55632.26,{"$f":"AI712*AJ712","v":0},184880.28,{"$f":"AI712*AL712","v":0},0,null,55632.26,{"$f":"AO712*AP712","v":0},184880.28,{"$f":"AO712*AR712","v":0},0,null,55632.26,{"$f":"AU712*AV712","v":0},184880.28,{"$f":"AU712*AX712","v":0},0,null,55632.26,{"$f":"BA712*BB712","v":0},184880.28,{"$f":"BA712*BD712","v":0},0,null,0,55632.26,{"$f":"BH712*BI712","v":0},184880.28,{"$f":"BH712*BK712","v":0},0,6,55632.26,{"$f":"BN712*BO712","v":333793.56},184880.28,{"$f":"BN712*BQ712","v":1109281.68},1443075.24]
["1.19.4","Пуско-наладочные работы ","к-т",1,828000,{"$f":"D713*E713","v":828000},0,null,828000,null,null,828000,{"$f":"K713*L713","v":0},0,null,0,null,828000,{"$f":"Q713*R713","v":0},0,null,0,null,828000,{"$f":"W713*X713","v":0},0,null,0,null,828000,{"$f":"AC713*AD713","v":0},0,null,0,null,828000,{"$f":"AI713*AJ713","v":0},0,null,0,null,828000,{"$f":"AO713*AP713","v":0},0,null,0,null,828000,{"$f":"AU713*AV713","v":0},0,null,0,null,828000,{"$f":"BA713*BB713","v":0},0,null,0,null,0,828000,{"$f":"BH713*BI713","v":0},0,null,0,1,828000,{"$f":"BN713*BO713","v":828000},0,null,828000]
["1.20","130-23-УА3 Устройства автоматики",null,null,null,{"$f":"SUM(F715:F717)","v":3391517.88},null,{"$f":"SUM(H715:H717)","v":4302757.8899999997},{"$f":"SUM(I715:I717)","v":7694275.7699999996},null,null,null,{"$f":"SUM(M715:M717)","v":0},null,{"$f":"SUM(O715:O717)","v":0},{"$f":"SUM(P715:P717)","v":0},null,null,{"$f":"SUM(S715:S717)","v":0},null,{"$f":"SUM(U715:U717)","v":0},{"$f":"SUM(V715:V717)","v":0},null,null,{"$f":"SUM(Y715:Y717)","v":0},null,{"$f":"SUM(AA715:AA717)","v":0},{"$f":"SUM(AB715:AB717)","v":0},null,null,{"$f":"SUM(AE715:AE717)","v":0},null,{"$f":"SUM(AG715:AG717)","v":0},{"$f":"SUM(AH715:AH717)","v":0},null,null,{"$f":"SUM(AK715:AK717)","v":0},null,{"$f":"SUM(AM715:AM717)","v":0},{"$f":"SUM(AN715:AN717)","v":0},null,null,{"$f":"SUM(AQ715:AQ717)","v":0},null,{"$f":"SUM(AS715:AS717)","v":0},{"$f":"SUM(AT715:AT717)","v":0},null,null,{"$f":"SUM(AW715:AW717)","v":0},null,{"$f":"SUM(AY715:AY717)","v":0},{"$f":"SUM(AZ715:AZ717)","v":0},null,null,{"$f":"SUM(BC715:BC717)","v":0},null,{"$f":"SUM(BE715:BE717)","v":0},{"$f":"SUM(BF715:BF717)","v":0},null,0,null,{"$f":"SUM(BJ715:BJ717)","v":0},null,{"$f":"SUM(BL715:BL717)","v":0},{"$f":"SUM(BM715:BM717)","v":0},0,null,{"$f":"SUM(BP715:BP717)","v":3391517.88},null,{"$f":"SUM(BR715:BR717)","v":4302757.8899999997},{"$f":"SUM(BS715:BS717)","v":7694275.7699999996}]
["1.20.1","Монтаж комплектов автоматики","к-т",3,44520.959999999999,{"$f":"D715*E715","v":133562.88},127629.13,{"$f":"D715*G715","v":382887.39},{"$f":"E715*D715+G715*D715","v":516450.27},null,null,44520.959999999999,{"$f":"K715*L715","v":0},127629.13,{"$f":"K715*N715","v":0},{"$f":"L715*K715+N715*K715","v":0},null,44520.959999999999,{"$f":"Q715*R715","v":0},127629.13,{"$f":"Q715*T715","v":0},{"$f":"R715*Q715+T715*Q715","v":0},null,44520.959999999999,{"$f":"W715*X715","v":0},127629.13,{"$f":"W715*Z715","v":0},{"$f":"X715*W715+Z715*W715","v":0},null,44520.959999999999,{"$f":"AC715*AD715","v":0},127629.13,{"$f":"AC715*AF715","v":0},{"$f":"AD715*AC715+AF715*AC715","v":0},null,44520.959999999999,{"$f":"AI715*AJ715","v":0},127629.13,{"$f":"AI715*AL715","v":0},{"$f":"AJ715*AI715+AL715*AI715","v":0},null,44520.959999999999,{"$f":"AO715*AP715","v":0},127629.13,{"$f":"AO715*AR715","v":0},{"$f":"AP715*AO715+AR715*AO715","v":0},null,44520.959999999999,{"$f":"AU715*AV715","v":0},127629.13,{"$f":"AU715*AX715","v":0},{"$f":"AV715*AU715+AX715*AU715","v":0},null,44520.959999999999,{"$f":"BA715*BB715","v":0},127629.13,{"$f":"BA715*BD715","v":0},{"$f":"BB715*BA715+BD715*BA715","v":0},null,0,44520.959999999999,{"$f":"BH715*BI715","v":0},127629.13,{"$f":"BH715*BK715","v":0},{"$f":"BI715*BH715+BK715*BH715","v":0},3,44520.959999999999,{"$f":"BN715*BO715","v":133562.88},127629.13,{"$f":"BN715*BQ715","v":382887.39},{"$f":"BO715*BN715+BQ715*BN715","v":516450.27}]
["1.20.2","Прокладка кабелей системы автоматизации вентиляции","пм",8450,323.7,{"$f":"D716*E716","v":2735265},463.89,{"$f":"D716*G716","v":3919870.5},{"$f":"E716*D716+G716*D716","v":6655135.5},null,null,323.7,{"$f":"K716*L716","v":0},463.89,{"$f":"K716*N716","v":0},{"$f":"L716*K716+N716*K716","v":0},null,323.7,{"$f":"Q716*R716","v":0},463.89,{"$f":"Q716*T716","v":0},{"$f":"R716*Q716+T716*Q716","v":0},null,323.7,{"$f":"W716*X716","v":0},463.89,{"$f":"W716*Z716","v":0},{"$f":"X716*W716+Z716*W716","v":0},null,323.7,{"$f":"AC716*AD716","v":0},463.89,{"$f":"AC716*AF716","v":0},{"$f":"AD716*AC716+AF716*AC716","v":0},null,323.7,{"$f":"AI716*AJ716","v":0},463.89,{"$f":"AI716*AL716","v":0},{"$f":"AJ716*AI716+AL716*AI716","v":0},null,323.7,{"$f":"AO716*AP716","v":0},463.89,{"$f":"AO716*AR716","v":0},{"$f":"AP716*AO716+AR716*AO716","v":0},null,323.7,{"$f":"AU716*AV716","v":0},463.89,{"$f":"AU716*AX716","v":0},{"$f":"AV716*AU716+AX716*AU716","v":0},null,323.7,{"$f":"BA716*BB716","v":0},463.89,{"$f":"BA716*BD716","v":0},{"$f":"BB716*BA716+BD716*BA716","v":0},null,0,323.7,{"$f":"BH716*BI716","v":0},463.89,{"$f":"BH716*BK716","v":0},{"$f":"BI716*BH716+BK716*BH716","v":0},8450,323.7,{"$f":"BN716*BO716","v":2735265},463.89,{"$f":"BN716*BQ716","v":3919870.5},{"$f":"BO716*BN716+BQ716*BN716","v":6655135.5}]
["1.20.3","Пуско-наладочные работы ","к-т",1,522690,{"$f":"D717*E717","v":522690},0,null,{"$f":"E717*D717+G717*D717","v":522690},null,null,522690,{"$f":"K717*L717","v":0},0,null,{"$f":"L717*K717+N717*K717","v":0},null,522690,{"$f":"Q717*R717","v":0},0,null,{"$f":"R717*Q717+T717*Q717","v":0},null,522690,{"$f":"W717*X717","v":0},0,null,{"$f":"X717*W717+Z717*W717","v":0},null,522690,{"$f":"AC717*AD717","v":0},0,null,{"$f":"AD717*AC717+AF717*AC717","v":0},null,522690,{"$f":"AI717*AJ717","v":0},0,null,{"$f":"AJ717*AI717+AL717*AI717","v":0},null,522690,{"$f":"AO717*AP717","v":0},0,null,{"$f":"AP717*AO717+AR717*AO717","v":0},null,522690,{"$f":"AU717*AV717","v":0},0,null,{"$f":"AV717*AU717+AX717*AU717","v":0},null,522690,{"$f":"BA717*BB717","v":0},0,null,{"$f":"BB717*BA717+BD717*BA717","v":0},null,0,522690,{"$f":"BH717*BI717","v":0},0,null,{"$f":"BI717*BH717+BK717*BH717","v":0},1,522690,{"$f":"BN717*BO717","v":522690},0,null,{"$f":"BO717*BN717+BQ717*BN717","v":522690}]
[2,"Объекты энергетического хозяйства",null,null,null,null,null,null,null,null,null,null,null,null,null,null,null,null,null,null,null,null,null,null,null,null,null,null,null,null,null,null,null,null,null,null,null,null,null,null,null,null,null,null,null,null,null,null,null,null,null,null,null,null,null,null,null,null,null,0,null,null,null,null,null,0]
["2.1","130-23-ЭН Наружное освещение",null,null,null,null,null,null,null,null,null,null,null,null,null,null,null,null,null,null,null,null,null,null,{"$f":"Y720+Y721+Y722+Y723+Y725+Y724+Y726+Y727+Y728+Y729+Y730+Y731","v":116459},null,{"$f":"AA720+AA721+AA722+AA723+AA725+AA724+AA726+AA727+AA728+AA729+AA730+AA731","v":569299.89999999991},{"$f":"AB720+AB721+AB722+AB723+AB725+AB724+AB726+AB727+AB728+AB729+AB730+AB731","v":685758.89999999991},null,null,{"$f":"AE720+AE721+AE722+AE723+AE725+AE724+AE726+AE727+AE728+AE729+AE730+AE731","v":0},null,{"$f":"AG720+AG721+AG722+AG723+AG725+AG724+AG726+AG727+AG728+AG729+AG730+AG731","v":0},{"$f":"AH720+AH721+AH722+AH723+AH725+AH724+AH726+AH727+AH728+AH729+AH730+AH731","v":0},null,null,{"$f":"AK720+AK721+AK722+AK723+AK725+AK724+AK726+AK727+AK728+AK729+AK730+AK731","v":0},null,{"$f":"AM720+AM721+AM722+AM723+AM725+AM724+AM726+AM727+AM728+AM729+AM730+AM731","v":0},{"$f":"AN720+AN721+AN722+AN723+AN725+AN724+AN726+AN727+AN728+AN729+AN730+AN731","v":0},null,null,{"$f":"AQ720+AQ721+AQ722+AQ723+AQ725+AQ724+AQ726+AQ727+AQ728+AQ729+AQ730+AQ731","v":0},null,{"$f":"AS720+AS721+AS722+AS723+AS725+AS724+AS726+AS727+AS728+AS729+AS730+AS731","v":0},{"$f":"AT720+AT721+AT722+AT723+AT725+AT724+AT726+AT727+AT728+AT729+AT730+AT731","v":0},null,null,{"$f":"AW720+AW721+AW722+AW723+AW725+AW724+AW726+AW727+AW728+AW729+AW730+AW731","v":0},null,{"$f":"AY720+AY721+AY722+AY723+AY725+AY724+AY726+AY727+AY728+AY729+AY730+AY731","v":0},{"$f":"AZ720+AZ721+AZ722+AZ723+AZ725+AZ724+AZ726+AZ727+AZ728+AZ729+AZ730+AZ731","v":0},null,null,{"$f":"BC720+BC721+BC722+BC723+BC725+BC724+BC726+BC727+BC728+BC729+BC730+BC731","v":0},null,{"$f":"BE720+BE721+BE722+BE723+BE725+BE724+BE726+BE727+BE728+BE729+BE730+BE731","v":0},{"$f":"BF720+BF721+BF722+BF723+BF725+BF724+BF726+BF727+BF728+BF729+BF730+BF731","v":0},null,0,null,{"$f":"BJ720+BJ721+BJ722+BJ723+BJ725+BJ724+BJ726+BJ727+BJ728+BJ729+BJ730+BJ731","v":116459},null,{"$f":"BL720+BL721+BL722+BL723+BL725+BL724+BL726+BL727+BL728+BL729+BL730+BL731","v":569299.89999999991},{"$f":"BM720+BM721+BM722+BM723+BM725+BM724+BM726+BM727+BM728+BM729+BM730+BM731","v":685758.89999999991},0,null,{"$f":"BP720+BP721+BP722+BP723+BP725+BP724+BP726+BP727+BP728+BP729+BP730+BP731","v":194031.5},null,{"$f":"BR720+BR721+BR722+BR723+BR725+BR724+BR726+BR727+BR728+BR729+BR730+BR731","v":163526.82},{"$f":"BS720+BS721+BS722+BS723+BS725+BS724+BS726+BS727+BS728+BS729+BS730+BS731","v":357558.31999999995}]
["2.1.1","Ящик управления освещением","шт.",2,5502,{"$f":"D720*E720","v":11004},32487,{"$f":"D720*G720","v":64974},{"$f":"E720*D720+G720*D720","v":75978},null,null,5502,{"$f":"K720*L720","v":0},32487,{"$f":"K720*N720","v":0},{"$f":"L720*K720+N720*K720","v":0},null,5502,{"$f":"Q720*R720","v":0},32487,{"$f":"Q720*T720","v":0},{"$f":"R720*Q720+T720*Q720","v":0},2,5502,{"$f":"W720*X720","v":11004},32487,{"$f":"W720*Z720","v":64974},{"$f":"X720*W720+Z720*W720","v":75978},null,5502,{"$f":"AC720*AD720","v":0},32487,{"$f":"AC720*AF720","v":0},{"$f":"AD720*AC720+AF720*AC720","v":0},null,5502,{"$f":"AI720*AJ720","v":0},32487,{"$f":"AI720*AL720","v":0},{"$f":"AJ720*AI720+AL720*AI720","v":0},null,5502,{"$f":"AO720*AP720","v":0},32487,{"$f":"AO720*AR720","v":0},{"$f":"AP720*AO720+AR720*AO720","v":0},null,5502,{"$f":"AU720*AV720","v":0},32487,{"$f":"AU720*AX720","v":0},{"$f":"AV720*AU720+AX720*AU720","v":0},null,5502,{"$f":"BA720*BB720","v":0},32487,{"$f":"BA720*BD720","v":0},{"$f":"BB720*BA720+BD720*BA720","v":0},null,2,5502,{"$f":"BH720*BI720","v":11004},32487,{"$f":"BH720*BK720","v":64974},{"$f":"BI720*BH720+BK720*BH720","v":75978},0,5502,{"$f":"BN720*BO720","v":0},32487,{"$f":"BN720*BQ720","v":0},{"$f":"BO720*BN720+BQ720*BN720","v":0}]
["2.1.2","Кабель силовой, не поддерживающий горение, безгалогенный 5х2.5","м.",350,182,63700,322.39999999999998,112839.99999999999,176540,null,null,182,0,322.39999999999998,0,0,null,182,0,322.39999999999998,0,0,null,182,0,322.39999999999998,0,0,null,182,0,322.39999999999998,0,0,null,182,0,322.39999999999998,0,0,null,182,0,322.39999999999998,0,0,null,182,0,322.39999999999998,0,0,null,182,0,322.39999999999998,0,0,null,0,182,0,322.39999999999998,0,0,350,182,63700,322.39999999999998,112839.99999999999,176540]
["2.1.3","Кабель силовой, не поддерживающий горение, безгалогенный 3х1.5","м",150,182,27300,160,24000,51300,null,null,182,0,160,0,0,null,182,0,160,0,0,null,182,0,160,0,0,null,182,0,160,0,0,null,182,0,160,0,0,null,182,0,160,0,0,null,182,0,160,0,0,null,182,0,160,0,0,null,0,182,0,160,0,0,150,182,27300,160,24000,51300]
["2.1.4","Светильник светодиодный промышленный FL-Pro 60° 50 Вт 5000К Вартон","шт.",23,4585,105455,21362.9,491346.7,596801.69999999995,null,null,4585,0,21362.9,0,0,null,4585,0,21362.9,0,0,23,4585,105455,21362.9,491346.7,596801.69999999995,null,4585,0,21362.9,0,0,null,4585,0,21362.9,0,0,null,4585,0,21362.9,0,0,null,4585,0,21362.9,0,0,null,4585,0,21362.9,0,0,null,23,4585,105455,21362.9,491346.7,596801.69999999995,0,4585,0,21362.9,0,0]
["2.1.5","Коробка распределительная T25 влагозащищенная IP 65 80x51","шт.",24,655,15720,142.58000000000001,3421.92,19141.919999999998,null,null,655,0,142.58000000000001,0,0,null,655,0,142.58000000000001,0,0,null,655,0,142.58000000000001,0,0,null,655,0,142.58000000000001,0,0,null,655,0,142.58000000000001,0,0,null,655,0,142.58000000000001,0,0,null,655,0,142.58000000000001,0,0,null,655,0,142.58000000000001,0,0,null,0,655,0,142.58000000000001,0,0,24,655,15720,142.58000000000001,3421.92,19141.919999999998]
["2.1.6","Коробка распределительная T25 влагозащищенная IP 55 100x100","шт.",25,655,16375,142.58000000000001,3564.5000000000005,19939.5,null,null,655,0,142.58000000000001,0,0,null,655,0,142.58000000000001,0,0,null,655,0,142.58000000000001,0,0,null,655,0,142.58000000000001,0,0,null,655,0,142.58000000000001,0,0,null,655,0,142.58000000000001,0,0,null,655,0,142.58000000000001,0,0,null,655,0,142.58000000000001,0,0,null,0,655,0,142.58000000000001,0,0,25,655,16375,142.58000000000001,3564.5000000000005,19939.5]
["2.1.7","Зажим безвинтовой 3х(0,5-2,5) кв.мм прозрачный VSE-203","шт.",120,0,null,14.35,1722,1722,null,null,0,null,14.35,0,0,null,0,null,14.35,0,0,null,0,null,14.35,0,0,null,0,null,14.35,0,0,null,0,null,14.35,0,0,null,0,null,14.35,0,0,null,0,null,14.35,0,0,null,0,null,14.35,0,0,null,0,0,null,14.35,0,0,120,0,null,14.35,1722,1722]
["2.1.8","Стандартный анкер со шпилькой М8","шт.",46,65.5,{"$f":"D727*E727","v":3013},122.3,5625.8,8638.7999999999993,null,null,65.5,{"$f":"K727*L727","v":0},122.3,0,0,null,65.5,{"$f":"Q727*R727","v":0},122.3,0,0,null,65.5,{"$f":"W727*X727","v":0},122.3,0,0,null,65.5,{"$f":"AC727*AD727","v":0},122.3,0,0,null,65.5,{"$f":"AI727*AJ727","v":0},122.3,0,0,null,65.5,{"$f":"AO727*AP727","v":0},122.3,0,0,null,65.5,{"$f":"AU727*AV727","v":0},122.3,0,0,null,65.5,{"$f":"BA727*BB727","v":0},122.3,0,0,null,0,65.5,{"$f":"BH727*BI727","v":0},122.3,0,0,46,65.5,{"$f":"BN727*BO727","v":3013},122.3,5625.8,8638.7999999999993]
["2.1.9","Анкер клиновой","шт.",23,65.5,{"$f":"D728*E728","v":1506.5},127.4,2930.2000000000003,4436.7000000000007,null,null,65.5,{"$f":"K728*L728","v":0},127.4,0,0,null,65.5,{"$f":"Q728*R728","v":0},127.4,0,0,null,65.5,{"$f":"W728*X728","v":0},127.4,0,0,null,65.5,{"$f":"AC728*AD728","v":0},127.4,0,0,null,65.5,{"$f":"AI728*AJ728","v":0},127.4,0,0,null,65.5,{"$f":"AO728*AP728","v":0},127.4,0,0,null,65.5,{"$f":"AU728*AV728","v":0},127.4,0,0,null,65.5,{"$f":"BA728*BB728","v":0},127.4,0,0,null,0,65.5,{"$f":"BH728*BI728","v":0},127.4,0,0,23,65.5,{"$f":"BN728*BO728","v":1506.5},127.4,2930.2000000000003,4436.7000000000007]
["2.1.10","Дюбель-гвоздь","шт.",396,32.75,{"$f":"D729*E729","v":12969},15.6,6177.5999999999995,19146.599999999999,null,null,32.75,{"$f":"K729*L729","v":0},15.6,0,0,null,32.75,{"$f":"Q729*R729","v":0},15.6,0,0,null,32.75,{"$f":"W729*X729","v":0},15.6,0,0,null,32.75,{"$f":"AC729*AD729","v":0},15.6,0,0,null,32.75,{"$f":"AI729*AJ729","v":0},15.6,0,0,null,32.75,{"$f":"AO729*AP729","v":0},15.6,0,0,null,32.75,{"$f":"AU729*AV729","v":0},15.6,0,0,null,32.75,{"$f":"BA729*BB729","v":0},15.6,0,0,null,0,32.75,{"$f":"BH729*BI729","v":0},15.6,0,0,396,32.75,{"$f":"BN729*BO729","v":12969},15.6,6177.5999999999995,19146.599999999999]
["2.1.11","Аксессуары (расходные материалы, крепеж)","компл.",1,0,null,16224,16224,16224,null,null,0,null,16224,0,0,null,0,null,16224,0,0,0.8,0,null,16224,12979.2,12979.2,null,0,null,16224,0,0,null,0,null,16224,0,0,null,0,null,16224,0,0,null,0,null,16224,0,0,null,0,null,16224,0,0,null,0.8,0,null,16224,12979.2,12979.2,0.19999999999999996,0,null,16224,3244.7999999999993,3244.7999999999993]
["2.1.12","Пуско-наладочные работы","компл.",1,53448,{"$f":"D731*E731","v":53448},0,null,53448,null,null,53448,{"$f":"K731*L731","v":0},0,null,0,null,53448,{"$f":"Q731*R731","v":0},0,null,0,null,53448,{"$f":"W731*X731","v":0},0,null,0,null,53448,{"$f":"AC731*AD731","v":0},0,null,0,null,53448,{"$f":"AI731*AJ731","v":0},0,null,0,null,53448,{"$f":"AO731*AP731","v":0},0,null,0,null,53448,{"$f":"AU731*AV731","v":0},0,null,0,null,53448,{"$f":"BA731*BB731","v":0},0,null,0,null,0,53448,{"$f":"BH731*BI731","v":0},0,null,0,1,53448,{"$f":"BN731*BO731","v":53448},0,null,53448]
[3,"Объекты транспортного хозяйства и связи",null,null,null,null,null,null,null,null,null,null,null,null,null,null,null,null,null,null,null,null,null,null,null,null,null,null,null,null,null,null,null,null,null,null,null,null,null,null,null,null,null,null,null,null,null,null,null,null,null,null,null,null,null,null,null,null,null,0,null,null,null,null,null,0]
["3.1","130-23-ПЖ Пути железнодорожные",null,null,null,null,null,null,null,null,null,null,null,null,null,null,null,null,null,null,null,null,null,null,{"$f":"Y734+Y753+Y773+Y794","v":5630732.9811999993},null,{"$f":"AA734+AA753+AA773+AA794","v":15832495.988199998},{"$f":"AB734+AB753+AB773+AB794","v":21463228.9694},null,null,{"$f":"AE734+AE753+AE773+AE794","v":0},null,{"$f":"AG734+AG753+AG773+AG794","v":0},{"$f":"AH734+AH753+AH773+AH794","v":0},null,null,{"$f":"AK734+AK753+AK773+AK794","v":0},null,{"$f":"AM734+AM753+AM773+AM794","v":0},{"$f":"AN734+AN753+AN773+AN794","v":0},null,null,{"$f":"AQ734+AQ753+AQ773+AQ794","v":0},null,{"$f":"AS734+AS753+AS773+AS794","v":0},{"$f":"AT734+AT753+AT773+AT794","v":0},null,null,{"$f":"AW734+AW753+AW773+AW794","v":0},null,{"$f":"AY734+AY753+AY773+AY794","v":0},{"$f":"AZ734+AZ753+AZ773+AZ794","v":0},null,null,{"$f":"BC734+BC753+BC773+BC794","v":0},null,{"$f":"BE734+BE753+BE773+BE794","v":0},{"$f":"BF734+BF753+BF773+BF794","v":0},null,0,null,{"$f":"BJ734+BJ753+BJ773+BJ794","v":19237344.924199998},null,{"$f":"BL734+BL753+BL773+BL794","v":31224212.913199998},{"$f":"BM734+BM753+BM773+BM794","v":50461557.8574},0,null,{"$f":"BP734+BP753+BP773+BP794","v":4252790.6254000003},null,{"$f":"BR734+BR753+BR773+BR794","v":3805076.1724000005},{"$f":"BS734+BS753+BS773+BS794","v":8057866.7978000008}]
["3.1.1","Железнодорожный путь №1",null,null,null,null,null,null,null,null,null,null,null,null,null,null,null,null,null,null,null,null,null,null,{"$f":"Y737+Y736+Y738+Y739+Y741+Y742+Y743+Y744+Y745+Y747+Y748+Y749+Y750+Y751+Y752","v":1728178.9083999998},null,{"$f":"AA737+AA736+AA738+AA739+AA741+AA742+AA743+AA744+AA745+AA747+AA748+AA749+AA750+AA751+AA752","v":6218377.6785999993},{"$f":"AB737+AB736+AB738+AB739+AB741+AB742+AB743+AB744+AB745+AB747+AB748+AB749+AB750+AB751+AB752","v":7946556.5869999994},null,null,{"$f":"AE737+AE736+AE738+AE739+AE741+AE742+AE743+AE744+AE745+AE747+AE748+AE749+AE750+AE751+AE752","v":0},null,{"$f":"AG737+AG736+AG738+AG739+AG741+AG742+AG743+AG744+AG745+AG747+AG748+AG749+AG750+AG751+AG752","v":0},{"$f":"AH737+AH736+AH738+AH739+AH741+AH742+AH743+AH744+AH745+AH747+AH748+AH749+AH750+AH751+AH752","v":0},null,null,{"$f":"AK737+AK736+AK738+AK739+AK741+AK742+AK743+AK744+AK745+AK747+AK748+AK749+AK750+AK751+AK752","v":0},null,{"$f":"AM737+AM736+AM738+AM739+AM741+AM742+AM743+AM744+AM745+AM747+AM748+AM749+AM750+AM751+AM752","v":0},{"$f":"AN737+AN736+AN738+AN739+AN741+AN742+AN743+AN744+AN745+AN747+AN748+AN749+AN750+AN751+AN752","v":0},null,null,{"$f":"AQ737+AQ736+AQ738+AQ739+AQ741+AQ742+AQ743+AQ744+AQ745+AQ747+AQ748+AQ749+AQ750+AQ751+AQ752","v":0},null,{"$f":"AS737+AS736+AS738+AS739+AS741+AS742+AS743+AS744+AS745+AS747+AS748+AS749+AS750+AS751+AS752","v":0},{"$f":"AT737+AT736+AT738+AT739+AT741+AT742+AT743+AT744+AT745+AT747+AT748+AT749+AT750+AT751+AT752","v":0},null,null,{"$f":"AW737+AW736+AW738+AW739+AW741+AW742+AW743+AW744+AW745+AW747+AW748+AW749+AW750+AW751+AW752","v":0},null,{"$f":"AY737+AY736+AY738+AY739+AY741+AY742+AY743+AY744+AY745+AY747+AY748+AY749+AY750+AY751+AY752","v":0},{"$f":"AZ737+AZ736+AZ738+AZ739+AZ741+AZ742+AZ743+AZ744+AZ745+AZ747+AZ748+AZ749+AZ750+AZ751+AZ752","v":0},null,null,{"$f":"BC737+BC736+BC738+BC739+BC741+BC742+BC743+BC744+BC745+BC747+BC748+BC749+BC750+BC751+BC752","v":0},null,{"$f":"BE737+BE736+BE738+BE739+BE741+BE742+BE743+BE744+BE745+BE747+BE748+BE749+BE750+BE751+BE752","v":0},{"$f":"BF737+BF736+BF738+BF739+BF741+BF742+BF743+BF744+BF745+BF747+BF748+BF749+BF750+BF751+BF752","v":0},null,0,null,{"$f":"BJ737+BJ736+BJ738+BJ739+BJ741+BJ742+BJ743+BJ744+BJ745+BJ747+BJ748+BJ749+BJ750+BJ751+BJ752","v":3008826.8484000005},null,{"$f":"BL737+BL736+BL738+BL739+BL741+BL742+BL743+BL744+BL745+BL747+BL748+BL749+BL750+BL751+BL752","v":6218377.6785999993},{"$f":"BM737+BM736+BM738+BM739+BM741+BM742+BM743+BM744+BM745+BM747+BM748+BM749+BM750+BM751+BM752","v":9227204.5269999988},0,null,{"$f":"BP737+BP736+BP738+BP739+BP741+BP742+BP743+BP744+BP745+BP747+BP748+BP749+BP750+BP751+BP752","v":956746.01039999991},null,{"$f":"BR737+BR736+BR738+BR739+BR741+BR742+BR743+BR744+BR745+BR747+BR748+BR749+BR750+BR751+BR752","v":238527.42000000007},{"$f":"BS737+BS736+BS738+BS739+BS741+BS742+BS743+BS744+BS745+BS747+BS748+BS749+BS750+BS751+BS752","v":1195273.4304}]
["3.1.1.1","Сооружение земляного полотна",null,null,0,null,0,null,null,null,null,0,null,0,null,null,null,0,null,0,null,null,null,0,null,0,null,null,null,0,null,0,null,null,null,0,null,0,null,null,null,0,null,0,null,null,null,0,null,0,null,null,null,0,null,0,null,null,null,0,0,null,0,null,null,0,0,null,0]
["3.1.1.1.1","Вывоз и утилизация с К разрыхления 1,47","м3",{"$f":"D737*1.47","v":88.170599999999993},1590,{"$f":"D736*E736","v":140191.25399999999},0,null,{"$f":"E736*D736+G736*D736","v":140191.25399999999},null,null,1590,{"$f":"K736*L736","v":0},0,null,{"$f":"L736*K736+N736*K736","v":0},null,1590,{"$f":"Q736*R736","v":0},0,null,{"$f":"R736*Q736+T736*Q736","v":0},null,1590,{"$f":"W736*X736","v":0},0,null,{"$f":"X736*W736+Z736*W736","v":0},null,1590,{"$f":"AC736*AD736","v":0},0,null,{"$f":"AD736*AC736+AF736*AC736","v":0},null,1590,{"$f":"AI736*AJ736","v":0},0,null,{"$f":"AJ736*AI736+AL736*AI736","v":0},null,1590,{"$f":"AO736*AP736","v":0},0,null,{"$f":"AP736*AO736+AR736*AO736","v":0},null,1590,{"$f":"AU736*AV736","v":0},0,null,{"$f":"AV736*AU736+AX736*AU736","v":0},null,1590,{"$f":"BA736*BB736","v":0},0,null,{"$f":"BB736*BA736+BD736*BA736","v":0},null,0,1590,{"$f":"BH736*BI736","v":0},0,null,{"$f":"BI736*BH736+BK736*BH736","v":0},88.170599999999993,1590,{"$f":"BN736*BO736","v":140191.25399999999},0,null,{"$f":"BO736*BN736+BQ736*BN736","v":140191.25399999999}]
["3.1.1.1.2","Вырезка существующего бетонного покрытия пола ","м3",59.98,19422,{"$f":"D737*E737","v":1164931.5599999998},0,null,1164931.5599999998,null,null,19422,{"$f":"K737*L737","v":0},0,null,0,57.27,19422,{"$f":"Q737*R737","v":1112297.9400000002},0,null,{"$f":"R737*Q737+T737*Q737","v":1112297.9400000002},null,19422,{"$f":"W737*X737","v":0},0,null,0,null,19422,{"$f":"AC737*AD737","v":0},0,null,0,null,19422,{"$f":"AI737*AJ737","v":0},0,null,0,null,19422,{"$f":"AO737*AP737","v":0},0,null,0,null,19422,{"$f":"AU737*AV737","v":0},0,null,0,null,19422,{"$f":"BA737*BB737","v":0},0,null,0,null,57.27,19422,{"$f":"BH737*BI737","v":1112297.9400000002},0,null,1112297.9400000002,2.7099999999999937,19422,{"$f":"BN737*BO737","v":52633.619999999879},0,null,52633.619999999879]
["3.1.1.1.3","Выемка техногенного грунта с перевозкой на 30 км и утилизацией","м3",112.87,2405,{"$f":"D738*E738","v":271452.35000000003},0,null,271452.35000000003,null,null,2405,{"$f":"K738*L738","v":0},0,null,0,70,2405,{"$f":"Q738*R738","v":168350},0,null,168350,null,2405,{"$f":"W738*X738","v":0},0,null,0,null,2405,{"$f":"AC738*AD738","v":0},0,null,0,null,2405,{"$f":"AI738*AJ738","v":0},0,null,0,null,2405,{"$f":"AO738*AP738","v":0},0,null,0,null,2405,{"$f":"AU738*AV738","v":0},0,null,0,null,2405,{"$f":"BA738*BB738","v":0},0,null,0,null,{"$f":"K738+Q738+W738+AC738+AI738+AO738+AU738+BA738","v":70},2405,{"$f":"BH738*BI738","v":168350},0,null,168350,{"$f":"D738-BH738","v":42.870000000000005},2405,{"$f":"BN738*BO738","v":103102.35},0,null,103102.35]
["3.1.1.1.4","Вывоз и утилизация с К разрыхления 1,6","м3",{"$f":"112.87*1.6-112.87","v":67.722000000000008},1590,{"$f":"D739*E739","v":107677.98000000001},0,null,107677.98000000001,null,null,1590,{"$f":"K739*L739","v":0},0,null,0,null,1590,{"$f":"Q739*R739","v":0},0,null,0,null,1590,{"$f":"W739*X739","v":0},0,null,0,null,1590,{"$f":"AC739*AD739","v":0},0,null,0,null,1590,{"$f":"AI739*AJ739","v":0},0,null,0,null,1590,{"$f":"AO739*AP739","v":0},0,null,0,null,1590,{"$f":"AU739*AV739","v":0},0,null,0,null,1590,{"$f":"BA739*BB739","v":0},0,null,0,null,0,1590,{"$f":"BH739*BI739","v":0},0,null,0,67.722000000000008,1590,{"$f":"BN739*BO739","v":107677.98000000001},0,null,107677.98000000001]
["3.1.1.2","Устройство балластного слоя ж/д пути под подошвой шпалы (h)20см",null,null,null,null,null,null,null,null,null,null,null,null,null,null,null,null,null,null,null,null,null,null,null,null,null,null,null,null,null,null,null,null,null,null,null,null,null,null,null,null,null,null,null,null,null,null,null,null,null,null,null,null,null,null,null,null,null,0,null,null,null,null,null,0]
["3.1.1.2.1"," - из щебня балластного фр.25-60 ","м3",103,2513.16,{"$f":"D741*E741","v":258855.47999999998},6681,{"$f":"D741*G741","v":688143},{"$f":"E741*D741+G741*D741","v":946998.48},null,null,2513.16,{"$f":"K741*L741","v":0},6681,{"$f":"K741*N741","v":0},{"$f":"L741*K741+N741*K741","v":0},null,2513.16,{"$f":"Q741*R741","v":0},6681,{"$f":"Q741*T741","v":0},{"$f":"R741*Q741+T741*Q741","v":0},97.96,2513.16,{"$f":"W741*X741","v":246189.15359999996},6681,{"$f":"W741*Z741","v":654470.76},{"$f":"X741*W741+Z741*W741","v":900659.91359999997},null,2513.16,{"$f":"AC741*AD741","v":0},6681,{"$f":"AC741*AF741","v":0},{"$f":"AD741*AC741+AF741*AC741","v":0},null,2513.16,{"$f":"AI741*AJ741","v":0},6681,{"$f":"AI741*AL741","v":0},{"$f":"AJ741*AI741+AL741*AI741","v":0},null,2513.16,{"$f":"AO741*AP741","v":0},6681,{"$f":"AO741*AR741","v":0},{"$f":"AP741*AO741+AR741*AO741","v":0},null,2513.16,{"$f":"AU741*AV741","v":0},6681,{"$f":"AU741*AX741","v":0},{"$f":"AV741*AU741+AX741*AU741","v":0},null,2513.16,{"$f":"BA741*BB741","v":0},6681,{"$f":"BA741*BD741","v":0},{"$f":"BB741*BA741+BD741*BA741","v":0},null,97.96,2513.16,{"$f":"BH741*BI741","v":246189.15359999996},6681,{"$f":"BH741*BK741","v":654470.76},{"$f":"BI741*BH741+BK741*BH741","v":900659.91359999997},5.0400000000000063,2513.16,{"$f":"BN741*BO741","v":12666.326400000014},6681,{"$f":"BN741*BQ741","v":33672.240000000042},{"$f":"BO741*BN741+BQ741*BN741","v":46338.566400000054}]
["3.1.1.2.2"," - из щебня балластного фр.25-60 (с Куплотнения)","м3",{"$f":"129.78-D741","v":26.78},0,null,6681,{"$f":"D742*G742","v":178917.18000000002},178917.18000000002,null,null,0,null,6681,{"$f":"K742*N742","v":0},0,null,0,null,6681,{"$f":"Q742*T742","v":0},0,null,0,null,6681,{"$f":"W742*Z742","v":0},0,null,0,null,6681,{"$f":"AC742*AF742","v":0},0,null,0,null,6681,{"$f":"AI742*AL742","v":0},0,null,0,null,6681,{"$f":"AO742*AR742","v":0},0,null,0,null,6681,{"$f":"AU742*AX742","v":0},0,null,0,null,6681,{"$f":"BA742*BD742","v":0},0,null,0,0,null,6681,{"$f":"BH742*BK742","v":0},0,26.78,0,null,6681,{"$f":"BN742*BQ742","v":178917.18000000002},178917.18000000002]
["3.1.1.2.3"," - гравийно-песчаная подушка","м3",60,2333.7600000000002,{"$f":"D743*E743","v":140025.60000000001},2161.5,{"$f":"D743*G743","v":129690},269715.59999999998,null,null,2333.7600000000002,{"$f":"K743*L743","v":0},2161.5,{"$f":"K743*N743","v":0},0,null,2333.7600000000002,{"$f":"Q743*R743","v":0},2161.5,{"$f":"Q743*T743","v":0},0,60,2333.7600000000002,{"$f":"W743*X743","v":140025.60000000001},2161.5,{"$f":"W743*Z743","v":129690},269715.59999999998,null,2333.7600000000002,{"$f":"AC743*AD743","v":0},2161.5,{"$f":"AC743*AF743","v":0},0,null,2333.7600000000002,{"$f":"AI743*AJ743","v":0},2161.5,{"$f":"AI743*AL743","v":0},0,null,2333.7600000000002,{"$f":"AO743*AP743","v":0},2161.5,{"$f":"AO743*AR743","v":0},0,null,2333.7600000000002,{"$f":"AU743*AV743","v":0},2161.5,{"$f":"AU743*AX743","v":0},0,null,2333.7600000000002,{"$f":"BA743*BB743","v":0},2161.5,{"$f":"BA743*BD743","v":0},0,null,60,2333.7600000000002,{"$f":"BH743*BI743","v":140025.60000000001},2161.5,{"$f":"BH743*BK743","v":129690},269715.59999999998,0,2333.7600000000002,{"$f":"BN743*BO743","v":0},2161.5,{"$f":"BN743*BQ743","v":0},0]
["3.1.1.2.4"," - гравийно-песчаная подушка  (с Куплотнения)","м3",12,0,null,2161.5,{"$f":"D744*G744","v":25938},25938,null,null,0,null,2161.5,{"$f":"K744*N744","v":0},0,null,0,null,2161.5,{"$f":"Q744*T744","v":0},0,null,0,null,2161.5,{"$f":"W744*Z744","v":0},0,null,0,null,2161.5,{"$f":"AC744*AF744","v":0},0,null,0,null,2161.5,{"$f":"AI744*AL744","v":0},0,null,0,null,2161.5,{"$f":"AO744*AR744","v":0},0,null,0,null,2161.5,{"$f":"AU744*AX744","v":0},0,null,0,null,2161.5,{"$f":"BA744*BD744","v":0},0,null,0,0,null,2161.5,{"$f":"BH744*BK744","v":0},0,12,0,null,2161.5,{"$f":"BN744*BQ744","v":25938},25938]
["3.1.1.2.5"," - геотекстиль 5м 500г/м","м",82.49,46.8,{"$f":"D745*E745","v":3860.5319999999997},450,{"$f":"D745*G745","v":37120.5},40981.031999999999,null,null,46.8,{"$f":"K745*L745","v":0},450,{"$f":"K745*N745","v":0},0,null,46.8,{"$f":"Q745*R745","v":0},450,{"$f":"Q745*T745","v":0},0,82.49,46.8,{"$f":"W745*X745","v":3860.5319999999997},450,{"$f":"W745*Z745","v":37120.5},40981.031999999999,null,46.8,{"$f":"AC745*AD745","v":0},450,{"$f":"AC745*AF745","v":0},0,null,46.8,{"$f":"AI745*AJ745","v":0},450,{"$f":"AI745*AL745","v":0},0,null,46.8,{"$f":"AO745*AP745","v":0},450,{"$f":"AO745*AR745","v":0},0,null,46.8,{"$f":"AU745*AV745","v":0},450,{"$f":"AU745*AX745","v":0},0,null,46.8,{"$f":"BA745*BB745","v":0},450,{"$f":"BA745*BD745","v":0},0,null,82.49,46.8,{"$f":"BH745*BI745","v":3860.5319999999997},450,{"$f":"BH745*BK745","v":37120.5},40981.031999999999,0,46.8,{"$f":"BN745*BO745","v":0},450,{"$f":"BN745*BQ745","v":0},0]
["3.1.1.3","Верхнее строение пути №1",null,null,null,null,null,null,null,null,null,null,null,null,null,null,null,null,null,null,null,null,null,null,null,null,null,null,null,null,null,null,null,null,null,null,null,null,null,null,null,null,null,null,null,null,null,null,null,null,null,null,null,null,null,null,null,null,null,0,null,null,null,null,null,0]
["3.1.1.3.1","Укладка звеньевого пути в прямых и кривых новыми рельсами (рельсы типа Р65, длиной 12,5м на ж/б шпалах с эпюрой шпал 1840шт./км с разделанным промежуточным скреплением типа Р66","м",82.49,2475.7199999999998,{"$f":"D747*E747","v":204222.14279999997},60348.14,{"$f":"D747*G747","v":4978118.0685999999},{"$f":"E747*D747+G747*D747","v":5182340.2113999994},null,null,2475.7199999999998,{"$f":"K747*L747","v":0},60348.14,{"$f":"K747*N747","v":0},{"$f":"L747*K747+N747*K747","v":0},null,2475.7199999999998,{"$f":"Q747*R747","v":0},60348.14,{"$f":"Q747*T747","v":0},{"$f":"R747*Q747+T747*Q747","v":0},{"$f":"D747","v":82.49},2475.7199999999998,{"$f":"W747*X747","v":204222.14279999997},60348.14,{"$f":"W747*Z747","v":4978118.0685999999},{"$f":"X747*W747+Z747*W747","v":5182340.2113999994},null,2475.7199999999998,{"$f":"AC747*AD747","v":0},60348.14,{"$f":"AC747*AF747","v":0},{"$f":"AD747*AC747+AF747*AC747","v":0},null,2475.7199999999998,{"$f":"AI747*AJ747","v":0},60348.14,{"$f":"AI747*AL747","v":0},{"$f":"AJ747*AI747+AL747*AI747","v":0},null,2475.7199999999998,{"$f":"AO747*AP747","v":0},60348.14,{"$f":"AO747*AR747","v":0},{"$f":"AP747*AO747+AR747*AO747","v":0},null,2475.7199999999998,{"$f":"AU747*AV747","v":0},60348.14,{"$f":"AU747*AX747","v":0},{"$f":"AV747*AU747+AX747*AU747","v":0},null,2475.7199999999998,{"$f":"BA747*BB747","v":0},60348.14,{"$f":"BA747*BD747","v":0},{"$f":"BB747*BA747+BD747*BA747","v":0},null,82.49,2475.7199999999998,{"$f":"BH747*BI747","v":204222.14279999997},60348.14,{"$f":"BH747*BK747","v":4978118.0685999999},{"$f":"BI747*BH747+BK747*BH747","v":5182340.2113999994},0,2475.7199999999998,{"$f":"BN747*BO747","v":0},60348.14,{"$f":"BN747*BQ747","v":0},{"$f":"BO747*BN747+BQ747*BN747","v":0}]
["3.1.1.3.2","Выправка пути в плане и в профиле (Р65, шпалы ж/б)","м",82.49,6552,540474.48,0,null,540474.48,null,null,6552,0,0,null,0,null,6552,0,0,null,0,{"$f":"D748","v":82.49},6552,540474.48,0,{"$f":"W748*Z748","v":0},540474.48,null,6552,0,0,null,0,null,6552,0,0,null,0,null,6552,0,0,null,0,null,6552,0,0,null,0,null,6552,0,0,null,0,null,82.49,6552,540474.48,0,null,540474.48,0,6552,0,0,null,0]
["3.1.1.3.3","Послеосадочный ремонт (Р65, шпалы ж/б)","м",82.49,6552,540474.48,0,null,540474.48,null,null,6552,0,0,null,0,null,6552,0,0,null,0,null,6552,0,0,null,0,null,6552,0,0,null,0,null,6552,0,0,null,0,null,6552,0,0,null,0,null,6552,0,0,null,0,null,6552,0,0,null,0,null,0,6552,0,0,null,0,82.49,6552,540474.48,0,null,540474.48]
["3.1.1.3.4","Устройство тупикового рельсового упора колесных пар РУ-1","шт.",1,124845,124845,49408.35,{"$f":"D750*G750","v":49408.35},174253.35,null,null,124845,0,49408.35,{"$f":"K750*N750","v":0},0,null,124845,0,49408.35,{"$f":"Q750*T750","v":0},0,1,124845,124845,49408.35,{"$f":"W750*Z750","v":49408.35},174253.35,null,124845,0,49408.35,{"$f":"AC750*AF750","v":0},0,null,124845,0,49408.35,{"$f":"AI750*AL750","v":0},0,null,124845,0,49408.35,{"$f":"AO750*AR750","v":0},0,null,124845,0,49408.35,{"$f":"AU750*AX750","v":0},0,null,124845,0,49408.35,{"$f":"BA750*BD750","v":0},0,null,1,124845,124845,49408.35,{"$f":"BH750*BK750","v":49408.35},174253.35,0,124845,0,49408.35,{"$f":"BN750*BQ750","v":0},0]
["3.1.1.3.5","Изготовление и монтаж в построечных условиях конструкций закладных МС2 (68шт., L=150мм; 0,72кг/шт.) ","шт.",68,1664,113152,150,{"$f":"D751*G751","v":10200},123352,null,null,1664,0,150,{"$f":"K751*N751","v":0},0,null,1664,0,150,{"$f":"Q751*T751","v":0},0,{"$f":"D751","v":68},1664,113152,150,{"$f":"W751*Z751","v":10200},123352,null,1664,0,150,{"$f":"AC751*AF751","v":0},0,null,1664,0,150,{"$f":"AI751*AL751","v":0},0,null,1664,0,150,{"$f":"AO751*AR751","v":0},0,null,1664,0,150,{"$f":"AU751*AX751","v":0},0,null,1664,0,150,{"$f":"BA751*BD751","v":0},0,null,68,1664,113152,150,{"$f":"BH751*BK751","v":10200},123352,0,1664,0,150,{"$f":"BN751*BQ751","v":0},0]
["3.1.1.3.6","Установка изделий МС-1 с огнезащитным покрытием штукатурным составом толщ. покрытия 1 мм","м",165,2154,355410,2178,{"$f":"D752*G752","v":359370},714780,null,null,2154,0,2178,{"$f":"K752*N752","v":0},0,null,2154,0,2178,{"$f":"Q752*T752","v":0},0,{"$f":"D752","v":165},2154,355410,2178,{"$f":"W752*Z752","v":359370},714780,null,2154,0,2178,{"$f":"AC752*AF752","v":0},0,null,2154,0,2178,{"$f":"AI752*AL752","v":0},0,null,2154,0,2178,{"$f":"AO752*AR752","v":0},0,null,2154,0,2178,{"$f":"AU752*AX752","v":0},0,null,2154,0,2178,{"$f":"BA752*BD752","v":0},0,null,165,2154,355410,2178,{"$f":"BH752*BK752","v":359370},714780,0,2154,0,2178,{"$f":"BN752*BQ752","v":0},0]
["3.1.2","Железнодорожный путь №2",null,null,null,null,null,null,null,null,null,null,null,null,null,null,null,null,null,null,null,null,null,null,{"$f":"Y756+Y758+Y757+Y755+Y760+Y761+Y762+Y763+Y764+Y766+Y767+Y768+Y769+Y770+Y771+Y772","v":1776057.9523999998},null,{"$f":"AA756+AA758+AA757+AA755+AA760+AA761+AA762+AA763+AA764+AA766+AA767+AA768+AA769+AA770+AA771+AA772","v":5896490.5095999995},{"$f":"AB756+AB758+AB757+AB755+AB760+AB761+AB762+AB763+AB764+AB766+AB767+AB768+AB769+AB770+AB771+AB772","v":7672548.4620000003},null,null,{"$f":"AE756+AE758+AE757+AE755+AE760+AE761+AE762+AE763+AE764+AE766+AE767+AE768+AE769+AE770+AE771+AE772","v":0},null,{"$f":"AG756+AG758+AG757+AG755+AG760+AG761+AG762+AG763+AG764+AG766+AG767+AG768+AG769+AG770+AG771+AG772","v":0},{"$f":"AH756+AH758+AH757+AH755+AH760+AH761+AH762+AH763+AH764+AH766+AH767+AH768+AH769+AH770+AH771+AH772","v":0},null,null,{"$f":"AK756+AK758+AK757+AK755+AK760+AK761+AK762+AK763+AK764+AK766+AK767+AK768+AK769+AK770+AK771+AK772","v":0},null,{"$f":"AM756+AM758+AM757+AM755+AM760+AM761+AM762+AM763+AM764+AM766+AM767+AM768+AM769+AM770+AM771+AM772","v":0},{"$f":"AN756+AN758+AN757+AN755+AN760+AN761+AN762+AN763+AN764+AN766+AN767+AN768+AN769+AN770+AN771+AN772","v":0},null,null,{"$f":"AQ756+AQ758+AQ757+AQ755+AQ760+AQ761+AQ762+AQ763+AQ764+AQ766+AQ767+AQ768+AQ769+AQ770+AQ771+AQ772","v":0},null,{"$f":"AS756+AS758+AS757+AS755+AS760+AS761+AS762+AS763+AS764+AS766+AS767+AS768+AS769+AS770+AS771+AS772","v":0},{"$f":"AT756+AT758+AT757+AT755+AT760+AT761+AT762+AT763+AT764+AT766+AT767+AT768+AT769+AT770+AT771+AT772","v":0},null,null,{"$f":"AW756+AW758+AW757+AW755+AW760+AW761+AW762+AW763+AW764+AW766+AW767+AW768+AW769+AW770+AW771+AW772","v":0},null,{"$f":"AY756+AY758+AY757+AY755+AY760+AY761+AY762+AY763+AY764+AY766+AY767+AY768+AY769+AY770+AY771+AY772","v":0},{"$f":"AZ756+AZ758+AZ757+AZ755+AZ760+AZ761+AZ762+AZ763+AZ764+AZ766+AZ767+AZ768+AZ769+AZ770+AZ771+AZ772","v":0},null,null,{"$f":"BC756+BC758+BC757+BC755+BC760+BC761+BC762+BC763+BC764+BC766+BC767+BC768+BC769+BC770+BC771+BC772","v":0},null,{"$f":"BE756+BE758+BE757+BE755+BE760+BE761+BE762+BE763+BE764+BE766+BE767+BE768+BE769+BE770+BE771+BE772","v":0},{"$f":"BF756+BF758+BF757+BF755+BF760+BF761+BF762+BF763+BF764+BF766+BF767+BF768+BF769+BF770+BF771+BF772","v":0},null,0,null,{"$f":"BJ756+BJ758+BJ757+BJ755+BJ760+BJ761+BJ762+BJ763+BJ764+BJ766+BJ767+BJ768+BJ769+BJ770+BJ771+BJ772","v":6077191.8024000004},null,{"$f":"BL756+BL758+BL757+BL755+BL760+BL761+BL762+BL763+BL764+BL766+BL767+BL768+BL769+BL770+BL771+BL772","v":5896490.5095999995},{"$f":"BM756+BM758+BM757+BM755+BM760+BM761+BM762+BM763+BM764+BM766+BM767+BM768+BM769+BM770+BM771+BM772","v":11973682.311999999},0,null,{"$f":"BP756+BP758+BP757+BP755+BP760+BP761+BP762+BP763+BP764+BP766+BP767+BP768+BP769+BP770+BP771+BP772","v":-335405.37239999964},null,{"$f":"BR756+BR758+BR757+BR755+BR760+BR761+BR762+BR763+BR764+BR766+BR767+BR768+BR769+BR770+BR771+BR772","v":2590524.1174000008},{"$f":"BS756+BS758+BS757+BS755+BS760+BS761+BS762+BS763+BS764+BS766+BS767+BS768+BS769+BS770+BS771+BS772","v":2255118.745000001}]
["3.1.2.1","Сооружение земляного полотна",null,null,0,null,0,null,null,null,null,0,null,0,null,null,null,0,null,0,null,null,null,0,null,0,null,null,null,0,null,0,null,null,null,0,null,0,null,null,null,0,null,0,null,null,null,0,null,0,null,null,null,0,null,0,null,null,null,0,0,null,0,null,null,0,0,null,0]
["3.1.2.1.1","Вывоз и утилизация с К разрыхления 1,6","м3",{"$f":"149.9*1.6-149.9","v":89.940000000000026},1590,{"$f":"D755*E755","v":143004.60000000003},0,null,{"$f":"E755*D755+G755*D755","v":143004.60000000003},null,null,1590,{"$f":"K755*L755","v":0},0,null,{"$f":"L755*K755+N755*K755","v":0},null,1590,{"$f":"Q755*R755","v":0},0,null,{"$f":"R755*Q755+T755*Q755","v":0},null,1590,{"$f":"W755*X755","v":0},0,null,{"$f":"X755*W755+Z755*W755","v":0},null,1590,{"$f":"AC755*AD755","v":0},0,null,{"$f":"AD755*AC755+AF755*AC755","v":0},null,1590,{"$f":"AI755*AJ755","v":0},0,null,{"$f":"AJ755*AI755+AL755*AI755","v":0},null,1590,{"$f":"AO755*AP755","v":0},0,null,{"$f":"AP755*AO755+AR755*AO755","v":0},null,1590,{"$f":"AU755*AV755","v":0},0,null,{"$f":"AV755*AU755+AX755*AU755","v":0},null,1590,{"$f":"BA755*BB755","v":0},0,null,{"$f":"BB755*BA755+BD755*BA755","v":0},null,0,1590,{"$f":"BH755*BI755","v":0},0,null,{"$f":"BI755*BH755+BK755*BH755","v":0},89.940000000000026,1590,{"$f":"BN755*BO755","v":143004.60000000003},0,null,{"$f":"BO755*BN755+BQ755*BN755","v":143004.60000000003}]
["3.1.2.1.2","Вырезка существующего бетонного покрытия пола ","м3",101.08,19422,{"$f":"D756*E756","v":1963175.76},0,null,1963175.76,null,96.62,19422,{"$f":"K756*L756","v":1876553.6400000001},0,null,1876553.6400000001,96.88,19422,{"$f":"Q756*R756","v":1881603.3599999999},0,null,1881603.3599999999,null,19422,{"$f":"W756*X756","v":0},0,null,0,null,19422,{"$f":"AC756*AD756","v":0},0,null,0,null,19422,{"$f":"AI756*AJ756","v":0},0,null,0,null,19422,{"$f":"AO756*AP756","v":0},0,null,0,null,19422,{"$f":"AU756*AV756","v":0},0,null,0,null,19422,{"$f":"BA756*BB756","v":0},0,null,0,null,193.5,19422,{"$f":"BH756*BI756","v":3758157},0,null,3758157,-92.42,19422,{"$f":"BN756*BO756","v":-1794981.24},0,null,-1794981.24]
["3.1.2.1.3","Выемка техногенного грунта с перевозкой на 30 км и утилизацией","м3",149.9,2405,{"$f":"D757*E757","v":360509.5},0,null,360509.5,null,107.36,2405,{"$f":"K757*L757","v":258200.8},0,null,258200.8,118.41,2405,{"$f":"Q757*R757","v":284776.05},0,null,284776.05,null,2405,{"$f":"W757*X757","v":0},0,null,0,null,2405,{"$f":"AC757*AD757","v":0},0,null,0,null,2405,{"$f":"AI757*AJ757","v":0},0,null,0,null,2405,{"$f":"AO757*AP757","v":0},0,null,0,null,2405,{"$f":"AU757*AV757","v":0},0,null,0,null,2405,{"$f":"BA757*BB757","v":0},0,null,0,null,225.76999999999998,2405,{"$f":"BH757*BI757","v":542976.85},0,null,542976.85,-75.869999999999976,2405,{"$f":"BN757*BO757","v":-182467.34999999995},0,null,-182467.34999999995]
["3.1.2.1.4","Вывоз и утилизация с К разрыхления 1,47","м3",{"$f":"D756*1.47","v":148.58760000000001},1590,{"$f":"D758*E758","v":236254.28400000001},0,null,236254.28400000001,null,null,1590,{"$f":"K758*L758","v":0},0,null,0,null,1590,{"$f":"Q758*R758","v":0},0,null,0,null,1590,{"$f":"W758*X758","v":0},0,null,0,null,1590,{"$f":"AC758*AD758","v":0},0,null,0,null,1590,{"$f":"AI758*AJ758","v":0},0,null,0,null,1590,{"$f":"AO758*AP758","v":0},0,null,0,null,1590,{"$f":"AU758*AV758","v":0},0,null,0,null,1590,{"$f":"BA758*BB758","v":0},0,null,0,null,0,1590,{"$f":"BH758*BI758","v":0},0,null,0,148.58760000000001,1590,{"$f":"BN758*BO758","v":236254.28400000001},0,null,236254.28400000001]
["3.1.2.2","Устройство балластного слоя ж/д пути под подошвой шпалы (h)20см",null,null,null,null,null,null,null,null,null,null,null,null,null,null,null,null,null,null,null,null,null,null,null,null,null,null,null,null,null,null,null,null,null,null,null,null,null,null,null,null,null,null,null,null,null,null,null,null,null,null,null,null,null,null,null,null,null,0,null,null,null,null,null,0]
["3.1.2.2.1"," - из щебня балластного фр.25-60 ","м3",{"$f":"54+86.6","v":140.6},2513.16,{"$f":"D760*E760","v":353350.29599999997},6681,{"$f":"D760*G760","v":939348.6},{"$f":"E760*D760+G760*D760","v":1292698.8959999999},null,null,2513.16,{"$f":"K760*L760","v":0},6681,{"$f":"K760*N760","v":0},{"$f":"L760*K760+N760*K760","v":0},null,2513.16,{"$f":"Q760*R760","v":0},6681,{"$f":"Q760*T760","v":0},{"$f":"R760*Q760+T760*Q760","v":0},91.31,2513.16,{"$f":"W760*X760","v":229476.63959999999},6681,{"$f":"W760*Z760","v":610042.11},{"$f":"X760*W760+Z760*W760","v":839518.74959999998},null,2513.16,{"$f":"AC760*AD760","v":0},6681,{"$f":"AC760*AF760","v":0},{"$f":"AD760*AC760+AF760*AC760","v":0},null,2513.16,{"$f":"AI760*AJ760","v":0},6681,{"$f":"AI760*AL760","v":0},{"$f":"AJ760*AI760+AL760*AI760","v":0},null,2513.16,{"$f":"AO760*AP760","v":0},6681,{"$f":"AO760*AR760","v":0},{"$f":"AP760*AO760+AR760*AO760","v":0},null,2513.16,{"$f":"AU760*AV760","v":0},6681,{"$f":"AU760*AX760","v":0},{"$f":"AV760*AU760+AX760*AU760","v":0},null,2513.16,{"$f":"BA760*BB760","v":0},6681,{"$f":"BA760*BD760","v":0},{"$f":"BB760*BA760+BD760*BA760","v":0},null,91.31,2513.16,{"$f":"BH760*BI760","v":229476.63959999999},6681,{"$f":"BH760*BK760","v":610042.11},{"$f":"BI760*BH760+BK760*BH760","v":839518.74959999998},49.289999999999992,2513.16,{"$f":"BN760*BO760","v":123873.65639999998},6681,{"$f":"BN760*BQ760","v":329306.48999999993},{"$f":"BO760*BN760+BQ760*BN760","v":453180.14639999991}]
["3.1.2.2.2"," - из щебня балластного фр.25-60 (с Куплотнения)","м3",36.520000000000003,0,null,6681,{"$f":"D761*G761","v":243990.12000000002},243990.12000000002,null,null,0,null,6681,{"$f":"K761*N761","v":0},0,null,0,null,6681,{"$f":"Q761*T761","v":0},0,null,0,null,6681,{"$f":"W761*Z761","v":0},0,null,0,null,6681,{"$f":"AC761*AF761","v":0},0,null,0,null,6681,{"$f":"AI761*AL761","v":0},0,null,0,null,6681,{"$f":"AO761*AR761","v":0},0,null,0,null,6681,{"$f":"AU761*AX761","v":0},0,null,0,null,6681,{"$f":"BA761*BD761","v":0},0,null,0,0,null,6681,{"$f":"BH761*BK761","v":0},0,36.520000000000003,0,null,6681,{"$f":"BN761*BQ761","v":243990.12000000002},243990.12000000002]
["3.1.2.2.3"," - гравийно-песчаная подушка","м3",{"$f":"31+47.9","v":78.900000000000006},2333.7600000000002,{"$f":"D762*E762","v":184133.66400000002},2161.5,{"$f":"D762*G762","v":170542.35},354676.01400000002,null,null,2333.7600000000002,{"$f":"K762*L762","v":0},2161.5,{"$f":"K762*N762","v":0},0,null,2333.7600000000002,{"$f":"Q762*R762","v":0},2161.5,{"$f":"Q762*T762","v":0},0,57.5,2333.7600000000002,{"$f":"W762*X762","v":134191.20000000001},2161.5,{"$f":"W762*Z762","v":124286.25},258477.45,null,2333.7600000000002,{"$f":"AC762*AD762","v":0},2161.5,{"$f":"AC762*AF762","v":0},0,null,2333.7600000000002,{"$f":"AI762*AJ762","v":0},2161.5,{"$f":"AI762*AL762","v":0},0,null,2333.7600000000002,{"$f":"AO762*AP762","v":0},2161.5,{"$f":"AO762*AR762","v":0},0,null,2333.7600000000002,{"$f":"AU762*AV762","v":0},2161.5,{"$f":"AU762*AX762","v":0},0,null,2333.7600000000002,{"$f":"BA762*BB762","v":0},2161.5,{"$f":"BA762*BD762","v":0},0,null,57.5,2333.7600000000002,{"$f":"BH762*BI762","v":134191.20000000001},2161.5,{"$f":"BH762*BK762","v":124286.25},258477.45,21.400000000000006,2333.7600000000002,{"$f":"BN762*BO762","v":49942.464000000014},2161.5,{"$f":"BN762*BQ762","v":46256.100000000013},96198.564000000028]
["3.1.2.2.4"," - гравийно-песчаная подушка  (с Куплотнения)","м3",15.78,0,null,2161.5,{"$f":"D763*G763","v":34108.47},34108.47,null,null,0,null,2161.5,{"$f":"K763*N763","v":0},0,null,0,null,2161.5,{"$f":"Q763*T763","v":0},0,null,0,null,2161.5,{"$f":"W763*Z763","v":0},0,null,0,null,2161.5,{"$f":"AC763*AF763","v":0},0,null,0,null,2161.5,{"$f":"AI763*AL763","v":0},0,null,0,null,2161.5,{"$f":"AO763*AR763","v":0},0,null,0,null,2161.5,{"$f":"AU763*AX763","v":0},0,null,0,null,2161.5,{"$f":"BA763*BD763","v":0},0,null,0,0,null,2161.5,{"$f":"BH763*BK763","v":0},0,15.78,0,null,2161.5,{"$f":"BN763*BQ763","v":34108.47},34108.47]
["3.1.2.2.5"," - геотекстиль 5м 500г/м","м",110,46.8,{"$f":"D764*E764","v":5148},445,{"$f":"D764*G764","v":48950},54098,null,null,46.8,{"$f":"K764*L764","v":0},445,{"$f":"K764*N764","v":0},0,null,46.8,{"$f":"Q764*R764","v":0},445,{"$f":"Q764*T764","v":0},0,78.14,46.8,{"$f":"W764*X764","v":3656.9519999999998},445,{"$f":"W764*Z764","v":34772.300000000003},38429.252,null,46.8,{"$f":"AC764*AD764","v":0},445,{"$f":"AC764*AF764","v":0},0,null,46.8,{"$f":"AI764*AJ764","v":0},445,{"$f":"AI764*AL764","v":0},0,null,46.8,{"$f":"AO764*AP764","v":0},445,{"$f":"AO764*AR764","v":0},0,null,46.8,{"$f":"AU764*AV764","v":0},445,{"$f":"AU764*AX764","v":0},0,null,46.8,{"$f":"BA764*BB764","v":0},445,{"$f":"BA764*BD764","v":0},0,null,78.14,46.8,{"$f":"BH764*BI764","v":3656.9519999999998},445,{"$f":"BH764*BK764","v":34772.300000000003},38429.252,31.86,46.8,{"$f":"BN764*BO764","v":1491.0479999999998},445,{"$f":"BN764*BQ764","v":14177.699999999999},15668.748]
["3.1.2.3","Верхнее строение пути №2",null,null,null,null,null,null,null,null,null,null,null,null,null,null,null,null,null,null,null,null,null,null,null,null,null,null,null,null,null,null,null,null,null,null,null,null,null,null,null,null,null,null,null,null,null,null,null,null,null,null,null,null,null,null,null,null,null,0,null,null,null,null,null,0]
["3.1.2.3.1","Укладка звеньевого пути в прямых и кривых новыми рельсами (рельсы типа Р65, длиной 12,5м на ж/б шпалах с эпюрой шпал 1840шт./км с разделанным промежуточным скреплением типа Р65 ","м",{"$f":"42.99+66.56","v":109.55000000000001},2475.7199999999998,{"$f":"D766*E766","v":271215.12599999999},60348.14,{"$f":"D766*G766","v":6611138.7370000007},{"$f":"E766*D766+G766*D766","v":6882353.8630000008},null,null,2475.7199999999998,{"$f":"K766*L766","v":0},60348.14,{"$f":"K766*N766","v":0},{"$f":"L766*K766+N766*K766","v":0},null,2475.7199999999998,{"$f":"Q766*R766","v":0},60348.14,{"$f":"Q766*T766","v":0},{"$f":"R766*Q766+T766*Q766","v":0},78.14,2475.7199999999998,{"$f":"W766*X766","v":193452.76079999999},60348.14,{"$f":"W766*Z766","v":4715603.6595999999},{"$f":"X766*W766+Z766*W766","v":4909056.4204000002},null,2475.7199999999998,{"$f":"AC766*AD766","v":0},60348.14,{"$f":"AC766*AF766","v":0},{"$f":"AD766*AC766+AF766*AC766","v":0},null,2475.7199999999998,{"$f":"AI766*AJ766","v":0},60348.14,{"$f":"AI766*AL766","v":0},{"$f":"AJ766*AI766+AL766*AI766","v":0},null,2475.7199999999998,{"$f":"AO766*AP766","v":0},60348.14,{"$f":"AO766*AR766","v":0},{"$f":"AP766*AO766+AR766*AO766","v":0},null,2475.7199999999998,{"$f":"AU766*AV766","v":0},60348.14,{"$f":"AU766*AX766","v":0},{"$f":"AV766*AU766+AX766*AU766","v":0},null,2475.7199999999998,{"$f":"BA766*BB766","v":0},60348.14,{"$f":"BA766*BD766","v":0},{"$f":"BB766*BA766+BD766*BA766","v":0},null,78.14,2475.7199999999998,{"$f":"BH766*BI766","v":193452.76079999999},60348.14,{"$f":"BH766*BK766","v":4715603.6595999999},{"$f":"BI766*BH766+BK766*BH766","v":4909056.4204000002},31.410000000000011,2475.7199999999998,{"$f":"BN766*BO766","v":77762.365200000015},60348.14,{"$f":"BN766*BQ766","v":1895535.0774000005},{"$f":"BO766*BN766+BQ766*BN766","v":1973297.4426000006}]
["3.1.2.3.2","Монтаж дюбеля полимерного, Сверление в ж/б конструкциях вертикальных отверстий Ф 35 мм","шт.",152,1254,190608,115,{"$f":"D767*G767","v":17480},208088,null,null,1254,0,115,{"$f":"K767*N767","v":0},0,null,1254,0,115,{"$f":"Q767*T767","v":0},0,100,1254,125400,115,{"$f":"W767*Z767","v":11500},136900,null,1254,0,115,{"$f":"AC767*AF767","v":0},0,null,1254,0,115,{"$f":"AI767*AL767","v":0},0,null,1254,0,115,{"$f":"AO767*AR767","v":0},0,null,1254,0,115,{"$f":"AU767*AX767","v":0},0,null,1254,0,115,{"$f":"BA767*BD767","v":0},0,null,100,1254,125400,115,{"$f":"BH767*BK767","v":11500},136900,52,1254,65208,115,{"$f":"BN767*BQ767","v":5980},71188]
["3.1.1.3.3","Выправка пути в плане и в профиле (Р65, шпалы ж/б)","м",{"$f":"42.99+66.56","v":109.55000000000001},6552,717771.60000000009,0,null,717771.60000000009,null,null,6552,0,0,null,0,null,6552,0,0,null,0,78.14,6552,511973.28,0,{"$f":"W768*Z768","v":0},511973.28,null,6552,0,0,null,0,null,6552,0,0,null,0,null,6552,0,0,null,0,null,6552,0,0,null,0,null,6552,0,0,null,0,null,78.14,6552,511973.28,0,null,511973.28,31.410000000000011,6552,205798.32000000007,0,null,205798.32000000007]
["3.1.1.3.4","Послеосадочный ремонт (Р65, шпалы ж/б)","м",{"$f":"42.99+66.56","v":109.55000000000001},6552,717771.60000000009,0,null,717771.60000000009,null,null,6552,0,0,null,0,null,6552,0,0,null,0,null,6552,0,0,null,0,null,6552,0,0,null,0,null,6552,0,0,null,0,null,6552,0,0,null,0,null,6552,0,0,null,0,null,6552,0,0,null,0,null,0,6552,0,0,null,0,109.55000000000001,6552,717771.60000000009,0,null,717771.60000000009]
["3.1.1.3.5","Устройство тупикового рельсового упора колесных пар","шт.",1,124800,124800,49408.35,{"$f":"D770*G770","v":49408.35},174208.35,null,null,124800,0,49408.35,{"$f":"K770*N770","v":0},0,null,124800,0,49408.35,{"$f":"Q770*T770","v":0},0,1,124800,124800,49408.35,{"$f":"W770*Z770","v":49408.35},174208.35,null,124800,0,49408.35,{"$f":"AC770*AF770","v":0},0,null,124800,0,49408.35,{"$f":"AI770*AL770","v":0},0,null,124800,0,49408.35,{"$f":"AO770*AR770","v":0},0,null,124800,0,49408.35,{"$f":"AU770*AX770","v":0},0,null,124800,0,49408.35,{"$f":"BA770*BD770","v":0},0,null,1,124800,124800,49408.35,{"$f":"BH770*BK770","v":49408.35},174208.35,0,124800,0,49408.35,{"$f":"BN770*BQ770","v":0},0]
["3.1.1.3.6","Изготовление и монтаж в построечных условиях конструкций закладных МС2 (68шт., L=150мм; 0,72кг/шт.) ","шт.",{"$f":"36+34","v":70},1664,116480,150,{"$f":"D771*G771","v":10500},126980,null,null,1664,0,150,{"$f":"K771*N771","v":0},0,null,1664,0,150,{"$f":"Q771*T771","v":0},0,70,1664,116480,150,{"$f":"W771*Z771","v":10500},126980,null,1664,0,150,{"$f":"AC771*AF771","v":0},0,null,1664,0,150,{"$f":"AI771*AL771","v":0},0,null,1664,0,150,{"$f":"AO771*AR771","v":0},0,null,1664,0,150,{"$f":"AU771*AX771","v":0},0,null,1664,0,150,{"$f":"BA771*BD771","v":0},0,null,70,1664,116480,150,{"$f":"BH771*BK771","v":10500},126980,0,1664,0,150,{"$f":"BN771*BQ771","v":0},0]
["3.1.1.3.7","Установка изделий МС-1 с огнезащитным покрытием штукатурным составом толщ. покрытия 1 мм","м",{"$f":"86+80","v":166},2154,357564,2178,{"$f":"D772*G772","v":361548},719112,null,null,2154,0,2178,{"$f":"K772*N772","v":0},0,null,2154,0,2178,{"$f":"Q772*T772","v":0},0,156.28,2154,336627.12,2178,{"$f":"W772*Z772","v":340377.84},677004.96,null,2154,0,2178,{"$f":"AC772*AF772","v":0},0,null,2154,0,2178,{"$f":"AI772*AL772","v":0},0,null,2154,0,2178,{"$f":"AO772*AR772","v":0},0,null,2154,0,2178,{"$f":"AU772*AX772","v":0},0,null,2154,0,2178,{"$f":"BA772*BD772","v":0},0,null,156.28,2154,336627.12,2178,{"$f":"BH772*BK772","v":340377.84},677004.96,9.7199999999999989,2154,20936.879999999997,2178,{"$f":"BN772*BQ772","v":21170.159999999996},42107.039999999994]
["3.1.3","Железнодорожный путь №3",null,null,null,null,null,null,null,null,null,null,null,null,null,null,null,null,null,null,null,null,null,null,{"$f":"Y776+Y785+Y777+Y775+Y779+Y784+Y780+Y782+Y781+Y783+Y787+Y789+Y788+Y791+Y790+Y792+Y793","v":1429474.3840000001},null,{"$f":"AA776+AA785+AA777+AA775+AA779+AA784+AA780+AA782+AA781+AA783+AA787+AA789+AA788+AA791+AA790+AA792+AA793","v":2308546.0999999996},{"$f":"AB776+AB785+AB777+AB775+AB779+AB784+AB780+AB782+AB781+AB783+AB787+AB789+AB788+AB791+AB790+AB792+AB793","v":3738020.4840000002},null,null,{"$f":"AE776+AE785+AE777+AE775+AE779+AE784+AE780+AE782+AE781+AE783+AE787+AE789+AE788+AE791+AE790+AE792+AE793","v":0},null,{"$f":"AG776+AG785+AG777+AG775+AG779+AG784+AG780+AG782+AG781+AG783+AG787+AG789+AG788+AG791+AG790+AG792+AG793","v":0},{"$f":"AH776+AH785+AH777+AH775+AH779+AH784+AH780+AH782+AH781+AH783+AH787+AH789+AH788+AH791+AH790+AH792+AH793","v":0},null,null,{"$f":"AK776+AK785+AK777+AK775+AK779+AK784+AK780+AK782+AK781+AK783+AK787+AK789+AK788+AK791+AK790+AK792+AK793","v":0},null,{"$f":"AM776+AM785+AM777+AM775+AM779+AM784+AM780+AM782+AM781+AM783+AM787+AM789+AM788+AM791+AM790+AM792+AM793","v":0},{"$f":"AN776+AN785+AN777+AN775+AN779+AN784+AN780+AN782+AN781+AN783+AN787+AN789+AN788+AN791+AN790+AN792+AN793","v":0},null,null,{"$f":"AQ776+AQ785+AQ777+AQ775+AQ779+AQ784+AQ780+AQ782+AQ781+AQ783+AQ787+AQ789+AQ788+AQ791+AQ790+AQ792+AQ793","v":0},null,{"$f":"AS776+AS785+AS777+AS775+AS779+AS784+AS780+AS782+AS781+AS783+AS787+AS789+AS788+AS791+AS790+AS792+AS793","v":0},{"$f":"AT776+AT785+AT777+AT775+AT779+AT784+AT780+AT782+AT781+AT783+AT787+AT789+AT788+AT791+AT790+AT792+AT793","v":0},null,null,{"$f":"AW776+AW785+AW777+AW775+AW779+AW784+AW780+AW782+AW781+AW783+AW787+AW789+AW788+AW791+AW790+AW792+AW793","v":0},null,{"$f":"AY776+AY785+AY777+AY775+AY779+AY784+AY780+AY782+AY781+AY783+AY787+AY789+AY788+AY791+AY790+AY792+AY793","v":0},{"$f":"AZ776+AZ785+AZ777+AZ775+AZ779+AZ784+AZ780+AZ782+AZ781+AZ783+AZ787+AZ789+AZ788+AZ791+AZ790+AZ792+AZ793","v":0},null,null,{"$f":"BC776+BC785+BC777+BC775+BC779+BC784+BC780+BC782+BC781+BC783+BC787+BC789+BC788+BC791+BC790+BC792+BC793","v":0},null,{"$f":"BE776+BE785+BE777+BE775+BE779+BE784+BE780+BE782+BE781+BE783+BE787+BE789+BE788+BE791+BE790+BE792+BE793","v":0},{"$f":"BF776+BF785+BF777+BF775+BF779+BF784+BF780+BF782+BF781+BF783+BF787+BF789+BF788+BF791+BF790+BF792+BF793","v":0},null,0,null,{"$f":"BJ776+BJ785+BJ777+BJ775+BJ779+BJ784+BJ780+BJ782+BJ781+BJ783+BJ787+BJ789+BJ788+BJ791+BJ790+BJ792+BJ793","v":6774045.3996000001},null,{"$f":"BL776+BL785+BL777+BL775+BL779+BL784+BL780+BL782+BL781+BL783+BL787+BL789+BL788+BL791+BL790+BL792+BL793","v":11712867.789999999},{"$f":"BM776+BM785+BM777+BM775+BM779+BM784+BM780+BM782+BM781+BM783+BM787+BM789+BM788+BM791+BM790+BM792+BM793","v":18486913.1996},0,null,{"$f":"BP776+BP785+BP777+BP775+BP779+BP784+BP780+BP782+BP781+BP783+BP787+BP789+BP788+BP791+BP790+BP792+BP793","v":2092041.7574},null,{"$f":"BR776+BR785+BR777+BR775+BR779+BR784+BR780+BR782+BR781+BR783+BR787+BR789+BR788+BR791+BR790+BR792+BR793","v":570667.46999999986},{"$f":"BS776+BS785+BS777+BS775+BS779+BS784+BS780+BS782+BS781+BS783+BS787+BS789+BS788+BS791+BS790+BS792+BS793","v":2662709.2273999993}]
["3.1.3.1","Сооружение земляного полотна",null,null,0,null,0,null,null,null,null,0,null,0,null,null,null,0,null,0,null,null,null,0,null,0,null,null,null,0,null,0,null,null,null,0,null,0,null,null,null,0,null,0,null,null,null,0,null,0,null,null,null,0,null,0,null,null,null,0,0,null,0,null,null,0,0,null,0]
["3.1.3.1.1","Вывоз и утилизация с К разрыхления 1,6","м3",{"$f":"213.8*1.6-213.8","v":128.28000000000003},1590,{"$f":"D775*E775","v":203965.20000000004},0,null,{"$f":"E775*D775+G775*D775","v":203965.20000000004},null,null,1590,{"$f":"K775*L775","v":0},0,null,{"$f":"L775*K775+N775*K775","v":0},null,1590,{"$f":"Q775*R775","v":0},0,null,{"$f":"R775*Q775+T775*Q775","v":0},null,1590,{"$f":"W775*X775","v":0},0,null,{"$f":"X775*W775+Z775*W775","v":0},null,1590,{"$f":"AC775*AD775","v":0},0,null,{"$f":"AD775*AC775+AF775*AC775","v":0},null,1590,{"$f":"AI775*AJ775","v":0},0,null,{"$f":"AJ775*AI775+AL775*AI775","v":0},null,1590,{"$f":"AO775*AP775","v":0},0,null,{"$f":"AP775*AO775+AR775*AO775","v":0},null,1590,{"$f":"AU775*AV775","v":0},0,null,{"$f":"AV775*AU775+AX775*AU775","v":0},null,1590,{"$f":"BA775*BB775","v":0},0,null,{"$f":"BB775*BA775+BD775*BA775","v":0},null,0,1590,{"$f":"BH775*BI775","v":0},0,null,{"$f":"BI775*BH775+BK775*BH775","v":0},128.28000000000003,1590,{"$f":"BN775*BO775","v":203965.20000000004},0,null,{"$f":"BO775*BN775+BQ775*BN775","v":203965.20000000004}]
["3.1.3.1.2","Вырезка существующего бетонного покрытия пола ","м3",172.01,19422,{"$f":"D776*E776","v":3340778.2199999997},0,null,{"$f":"E776*D776+G776*D776","v":3340778.2199999997},null,164.5,19422,{"$f":"K776*L776","v":3194919},0,null,{"$f":"L776*K776+N776*K776","v":3194919},null,19422,{"$f":"Q776*R776","v":0},0,null,{"$f":"R776*Q776+T776*Q776","v":0},null,19422,{"$f":"W776*X776","v":0},0,null,{"$f":"X776*W776+Z776*W776","v":0},null,19422,{"$f":"AC776*AD776","v":0},0,null,{"$f":"AD776*AC776+AF776*AC776","v":0},null,19422,{"$f":"AI776*AJ776","v":0},0,null,{"$f":"AJ776*AI776+AL776*AI776","v":0},null,19422,{"$f":"AO776*AP776","v":0},0,null,{"$f":"AP776*AO776+AR776*AO776","v":0},null,19422,{"$f":"AU776*AV776","v":0},0,null,{"$f":"AV776*AU776+AX776*AU776","v":0},null,19422,{"$f":"BA776*BB776","v":0},0,null,{"$f":"BB776*BA776+BD776*BA776","v":0},null,164.5,19422,{"$f":"BH776*BI776","v":3194919},0,null,{"$f":"BI776*BH776+BK776*BH776","v":3194919},7.5099999999999909,19422,{"$f":"BN776*BO776","v":145859.21999999983},0,null,{"$f":"BO776*BN776+BQ776*BN776","v":145859.21999999983}]
["3.1.3.1.3","Выемка техногенного грунта с перевозкой на 30 км и утилизацией","м3",213.8,2405,{"$f":"D777*E777","v":514189},0,null,{"$f":"E777*D777+G777*D777","v":514189},null,136,2405,{"$f":"K777*L777","v":327080},0,null,{"$f":"L777*K777+N777*K777","v":327080},null,2405,{"$f":"Q777*R777","v":0},0,null,{"$f":"R777*Q777+T777*Q777","v":0},null,2405,{"$f":"W777*X777","v":0},0,null,{"$f":"X777*W777+Z777*W777","v":0},null,2405,{"$f":"AC777*AD777","v":0},0,null,{"$f":"AD777*AC777+AF777*AC777","v":0},null,2405,{"$f":"AI777*AJ777","v":0},0,null,{"$f":"AJ777*AI777+AL777*AI777","v":0},null,2405,{"$f":"AO777*AP777","v":0},0,null,{"$f":"AP777*AO777+AR777*AO777","v":0},null,2405,{"$f":"AU777*AV777","v":0},0,null,{"$f":"AV777*AU777+AX777*AU777","v":0},null,2405,{"$f":"BA777*BB777","v":0},0,null,{"$f":"BB777*BA777+BD777*BA777","v":0},null,136,2405,{"$f":"BH777*BI777","v":327080},0,null,{"$f":"BI777*BH777+BK777*BH777","v":327080},77.800000000000011,2405,{"$f":"BN777*BO777","v":187109.00000000003},0,null,{"$f":"BO777*BN777+BQ777*BN777","v":187109.00000000003}]
["3.1.3.1.4","Устройство балластного слоя ж/д пути под подошвой шпалы (h)20см",null,null,null,null,null,null,null,null,null,null,null,null,null,null,null,null,null,null,null,null,null,null,null,null,null,null,null,null,null,null,null,null,null,null,null,null,null,null,null,null,null,null,null,null,null,null,null,null,null,null,null,null,null,null,null,null,null,0,null,null,null,null,null,0]
["3.1.3.1.4.1"," - из щебня балластного фр.25-60 ","м3",195,2513,{"$f":"D779*E779","v":490035},6681,{"$f":"D779*G779","v":1302795},{"$f":"E779*D779+G779*D779","v":1792830},null,84,2513,{"$f":"K779*L779","v":211092},6681,{"$f":"K779*N779","v":561204},{"$f":"L779*K779+N779*K779","v":772296},null,2513,{"$f":"Q779*R779","v":0},6681,{"$f":"Q779*T779","v":0},{"$f":"R779*Q779+T779*Q779","v":0},91.74,2513,{"$f":"W779*X779","v":230542.62},6681,{"$f":"W779*Z779","v":612914.93999999994},{"$f":"X779*W779+Z779*W779","v":843457.55999999994},null,2513,{"$f":"AC779*AD779","v":0},6681,{"$f":"AC779*AF779","v":0},{"$f":"AD779*AC779+AF779*AC779","v":0},null,2513,{"$f":"AI779*AJ779","v":0},6681,{"$f":"AI779*AL779","v":0},{"$f":"AJ779*AI779+AL779*AI779","v":0},null,2513,{"$f":"AO779*AP779","v":0},6681,{"$f":"AO779*AR779","v":0},{"$f":"AP779*AO779+AR779*AO779","v":0},null,2513,{"$f":"AU779*AV779","v":0},6681,{"$f":"AU779*AX779","v":0},{"$f":"AV779*AU779+AX779*AU779","v":0},null,2513,{"$f":"BA779*BB779","v":0},6681,{"$f":"BA779*BD779","v":0},{"$f":"BB779*BA779+BD779*BA779","v":0},null,175.74,2513,{"$f":"BH779*BI779","v":441634.62},6681,{"$f":"BH779*BK779","v":1174118.9400000002},{"$f":"BI779*BH779+BK779*BH779","v":1615753.56},19.259999999999991,2513,{"$f":"BN779*BO779","v":48400.379999999976},6681,{"$f":"BN779*BQ779","v":128676.05999999994},{"$f":"BO779*BN779+BQ779*BN779","v":177076.43999999992}]
["3.1.3.1.4.2"," - гравийно-песчаная подушка","м3",113,2333.7600000000002,{"$f":"D780*E780","v":263714.88},2161.5,244249.5,507964.38,null,90.06,2333.7600000000002,{"$f":"K780*L780","v":210178.42560000002},2161.5,194664.69,404843.11560000002,null,2333.7600000000002,{"$f":"Q780*R780","v":0},2161.5,0,0,null,2333.7600000000002,{"$f":"W780*X780","v":0},2161.5,0,0,null,2333.7600000000002,{"$f":"AC780*AD780","v":0},2161.5,0,0,null,2333.7600000000002,{"$f":"AI780*AJ780","v":0},2161.5,0,0,null,2333.7600000000002,{"$f":"AO780*AP780","v":0},2161.5,0,0,null,2333.7600000000002,{"$f":"AU780*AV780","v":0},2161.5,0,0,null,2333.7600000000002,{"$f":"BA780*BB780","v":0},2161.5,0,0,null,90.06,2333.7600000000002,{"$f":"BH780*BI780","v":210178.42560000002},2161.5,194664.69,404843.11560000002,22.939999999999998,2333.7600000000002,{"$f":"BN780*BO780","v":53536.454400000002},2161.5,49584.81,103121.2644]
["3.1.3.1.4.3"," - геотекстиль, 3м","м",156.38999999999999,46.8,{"$f":"D781*E781","v":7319.0519999999988},264,41286.959999999999,48606.011999999995,null,125,46.8,{"$f":"K781*L781","v":5850},264,33000,38850,null,46.8,{"$f":"Q781*R781","v":0},264,0,0,31.39,46.8,{"$f":"W781*X781","v":1469.0519999999999},264,8286.9600000000009,9756.0120000000006,null,46.8,{"$f":"AC781*AD781","v":0},264,0,0,null,46.8,{"$f":"AI781*AJ781","v":0},264,0,0,null,46.8,{"$f":"AO781*AP781","v":0},264,0,0,null,46.8,{"$f":"AU781*AV781","v":0},264,0,0,null,46.8,{"$f":"BA781*BB781","v":0},264,0,0,null,156.38999999999999,46.8,{"$f":"BH781*BI781","v":7319.0519999999988},264,41286.959999999999,48606.011999999995,0,46.8,{"$f":"BN781*BO781","v":0},264,0,0]
["3.1.3.1.4.4"," - гравийно-песчаная подушка (с К уплотнения)","м3",{"$f":"135.6-113","v":22.599999999999994},0,null,2161.5,48849.899999999987,48849.899999999987,null,null,0,null,2161.5,0,0,null,0,null,2161.5,0,0,null,0,null,2161.5,0,0,null,0,null,2161.5,0,0,null,0,null,2161.5,0,0,null,0,null,2161.5,0,0,null,0,null,2161.5,0,0,null,0,null,2161.5,0,0,null,0,0,null,2161.5,0,0,22.599999999999994,0,null,2161.5,48849.899999999987,48849.899999999987]
["3.1.3.1.4.5"," - геотекстиль 2м 500г/м","м",156.38999999999999,46.8,{"$f":"D783*E783","v":7319.0519999999988},180,28150.199999999997,35469.251999999993,null,null,46.8,{"$f":"K783*L783","v":0},180,0,0,null,46.8,{"$f":"Q783*R783","v":0},180,0,0,156.38999999999999,46.8,{"$f":"W783*X783","v":7319.0519999999988},180,28150.199999999997,35469.251999999993,null,46.8,{"$f":"AC783*AD783","v":0},180,0,0,null,46.8,{"$f":"AI783*AJ783","v":0},180,0,0,null,46.8,{"$f":"AO783*AP783","v":0},180,0,0,null,46.8,{"$f":"AU783*AV783","v":0},180,0,0,null,46.8,{"$f":"BA783*BB783","v":0},180,0,0,null,156.38999999999999,46.8,{"$f":"BH783*BI783","v":7319.0519999999988},180,28150.199999999997,35469.251999999993,0,46.8,{"$f":"BN783*BO783","v":0},180,0,0]
["3.1.3.1.4.6"," - из щебня балластного фр.25-60 (с К уплотнения)","м3",{"$f":"245.7-D779","v":50.699999999999989},0,null,6681,338726.6999999999,338726.6999999999,null,null,0,null,6681,0,0,null,0,null,6681,0,0,null,0,null,6681,0,0,null,0,null,6681,0,0,null,0,null,6681,0,0,null,0,null,6681,0,0,null,0,null,6681,0,0,null,0,null,6681,0,0,null,0,0,null,6681,0,0,50.699999999999989,0,null,6681,338726.6999999999,338726.6999999999]
["3.1.3.1.4","Вывоз и утилизация с К разрыхления 1,47","м3",{"$f":"D776*1.47","v":252.85469999999998},1490,{"$f":"D785*E785","v":376753.50299999997},0,null,376753.50299999997,null,null,1490,{"$f":"K785*L785","v":0},0,null,0,null,1490,{"$f":"Q785*R785","v":0},0,null,0,null,1490,{"$f":"W785*X785","v":0},0,null,0,null,1490,{"$f":"AC785*AD785","v":0},0,null,0,null,1490,{"$f":"AI785*AJ785","v":0},0,null,0,null,1490,{"$f":"AO785*AP785","v":0},0,null,0,null,1490,{"$f":"AU785*AV785","v":0},0,null,0,null,1490,{"$f":"BA785*BB785","v":0},0,null,0,null,0,1490,{"$f":"BH785*BI785","v":0},0,null,0,252.85469999999998,1490,{"$f":"BN785*BO785","v":376753.50299999997},0,null,376753.50299999997]
["3.1.3.2","Верхнее строение пути №3",null,null,0,null,0,null,null,null,null,0,null,0,null,null,null,0,null,0,null,null,null,0,null,0,null,null,null,0,null,0,null,null,null,0,null,0,null,null,null,0,null,0,null,null,null,0,null,0,null,null,null,0,null,0,null,null,null,0,0,null,0,null,null,0,0,null,0]
["3.1.3.2.1","Укладка звеньевого пути в прямых и кривых новыми рельсами (рельсы типа Р65, длиной 12,5м на ж/б шпалах с эпюрой шпал 1840шт./км с разделанным промежуточным скреплением типа Р65 ","м",156.25,2475.7199999999998,{"$f":"D787*E787","v":386831.24999999994},60860,{"$f":"D787*G787","v":9509375},{"$f":"E787*D787+G787*D787","v":9896206.25},null,140.75,2475.7199999999998,{"$f":"K787*L787","v":348457.58999999997},60860,{"$f":"K787*N787","v":8566045},{"$f":"(L787*K787+N787*K787)+0.01","v":8914502.5999999996},null,2475.7199999999998,{"$f":"Q787*R787","v":0},60860,{"$f":"Q787*T787","v":0},{"$f":"R787*Q787+T787*Q787","v":0},{"$f":"D787-K787","v":15.5},2475.7199999999998,{"$f":"W787*X787","v":38373.659999999996},60860,{"$f":"W787*Z787","v":943330},{"$f":"X787*W787+Z787*W787","v":981703.66},null,2475.7199999999998,{"$f":"AC787*AD787","v":0},60860,{"$f":"AC787*AF787","v":0},{"$f":"AD787*AC787+AF787*AC787","v":0},null,2475.7199999999998,{"$f":"AI787*AJ787","v":0},60860,{"$f":"AI787*AL787","v":0},{"$f":"AJ787*AI787+AL787*AI787","v":0},null,2475.7199999999998,{"$f":"AO787*AP787","v":0},60860,{"$f":"AO787*AR787","v":0},{"$f":"AP787*AO787+AR787*AO787","v":0},null,2475.7199999999998,{"$f":"AU787*AV787","v":0},60860,{"$f":"AU787*AX787","v":0},{"$f":"AV787*AU787+AX787*AU787","v":0},null,2475.7199999999998,{"$f":"BA787*BB787","v":0},60860,{"$f":"BA787*BD787","v":0},{"$f":"BB787*BA787+BD787*BA787","v":0},null,156.25,2475.7199999999998,{"$f":"BH787*BI787","v":386831.24999999994},60860,{"$f":"BH787*BK787","v":9509375},{"$f":"BI787*BH787+BK787*BH787+0.01","v":9896206.2599999998},0,2475.7199999999998,{"$f":"BN787*BO787","v":0},60860,{"$f":"BN787*BQ787","v":0},{"$f":"BO787*BN787+BQ787*BN787","v":0}]
["3.1.3.2.2","Выправка пути в плане и в профиле (Р65, шпалы ж/б)","м",156.25,6552,1023750,0,null,1023750,null,140.75,6552,922194,0,null,{"$f":"L788*K788+N788*K788","v":922194},null,6552,0,0,null,0,{"$f":"D788-K788","v":15.5},6552,101556,0,null,101556,null,6552,0,0,null,0,null,6552,0,0,null,0,null,6552,0,0,null,0,null,6552,0,0,null,0,null,6552,0,0,null,0,null,156.25,6552,1023750,0,null,{"$f":"BI788*BH788+BK788*BH788","v":1023750},0,6552,0,0,null,0]
["3.1.3.2.3","Монтаж дюбеля полимерного, Сверление в ж/б конструкциях вертикальных отверстий Ф 35 мм","шт.",172,1254,215688,115,{"$f":"D789*G789","v":19780},235468,null,null,1254,0,115,{"$f":"K789*N789","v":0},0,null,1254,0,115,{"$f":"Q789*T789","v":0},0,130,1254,163020,115,{"$f":"W789*Z789","v":14950},177970,null,1254,0,115,{"$f":"AC789*AF789","v":0},0,null,1254,0,115,{"$f":"AI789*AL789","v":0},0,null,1254,0,115,{"$f":"AO789*AR789","v":0},0,null,1254,0,115,{"$f":"AU789*AX789","v":0},0,null,1254,0,115,{"$f":"BA789*BD789","v":0},0,null,130,1254,163020,115,{"$f":"BH789*BK789","v":14950},177970,42,1254,52668,115,{"$f":"BN789*BQ789","v":4830},57498]
["3.1.3.2.4","Устройство тупикового рельсового упора колесных пар","шт.",1,124800,124800,49408,{"$f":"D790*G790","v":49408},174208,null,1,124800,124800,49408,{"$f":"K790*N790","v":49408},174208,null,124800,0,49408,{"$f":"Q790*T790","v":0},0,0,124800,0,49408,{"$f":"W790*Z790","v":0},0,null,124800,0,49408,{"$f":"AC790*AF790","v":0},0,null,124800,0,49408,{"$f":"AI790*AL790","v":0},0,null,124800,0,49408,{"$f":"AO790*AR790","v":0},0,null,124800,0,49408,{"$f":"AU790*AX790","v":0},0,null,124800,0,49408,{"$f":"BA790*BD790","v":0},0,null,1,124800,124800,49408,{"$f":"BH790*BK790","v":49408},174208,0,124800,0,49408,{"$f":"BN790*BQ790","v":0},0]
["3.1.3.2.5","Послеосадочный ремонт (Р65, шпалы ж/б)","м",156.25,6552,1023750,0,null,1023750,null,null,6552,0,0,null,0,null,6552,0,0,null,0,null,6552,0,0,null,0,null,6552,0,0,null,0,null,6552,0,0,null,0,null,6552,0,0,null,0,null,6552,0,0,null,0,null,6552,0,0,null,0,null,0,6552,0,0,null,0,156.25,6552,1023750,0,null,1023750]
["3.1.3.2.6","Изготовление и монтаж в построечных условиях конструкций закладных МС2 (68шт., L=150мм; 0,72кг/шт.) ","шт.",128,1664,212992,150,{"$f":"D792*G792","v":19200},232192,null,null,1664,0,150,{"$f":"K792*N792","v":0},0,null,1664,0,150,{"$f":"Q792*T792","v":0},0,{"$f":"D792","v":128},1664,212992,150,{"$f":"W792*Z792","v":19200},232192,null,1664,0,150,{"$f":"AC792*AF792","v":0},0,null,1664,0,150,{"$f":"AI792*AL792","v":0},0,null,1664,0,150,{"$f":"AO792*AR792","v":0},0,null,1664,0,150,{"$f":"AU792*AX792","v":0},0,null,1664,0,150,{"$f":"BA792*BD792","v":0},0,null,128,1664,212992,150,{"$f":"BH792*BK792","v":19200},232192,0,1664,0,150,{"$f":"BN792*BQ792","v":0},0]
["3.1.3.2.7","Установка изделий МС-1 с огнезащитным покрытием штукатурным составом толщ. покрытия 1 мм","м",313,2154,674202,2178,{"$f":"D793*G793","v":681714},1355916,null,null,2154,0,2178,{"$f":"K793*N793","v":0},0,null,2154,0,2178,{"$f":"Q793*T793","v":0},0,{"$f":"D793","v":313},2154,674202,2178,{"$f":"W793*Z793","v":681714},1355916,null,2154,0,2178,{"$f":"AC793*AF793","v":0},0,null,2154,0,2178,{"$f":"AI793*AL793","v":0},0,null,2154,0,2178,{"$f":"AO793*AR793","v":0},0,null,2154,0,2178,{"$f":"AU793*AX793","v":0},0,null,2154,0,2178,{"$f":"BA793*BD793","v":0},0,null,313,2154,674202,2178,{"$f":"BH793*BK793","v":681714},1355916,0,2154,0,2178,{"$f":"BN793*BQ793","v":0},0]
["3.1.4","Железнодорожный путь №4",null,null,null,null,null,null,null,null,null,null,null,null,null,null,null,null,null,null,null,null,null,null,{"$f":"Y804+Y803+Y805+Y813+Y807+Y811+Y808+Y810+Y809+Y812+Y796+Y797+Y798+Y799+Y800+Y801","v":697021.73640000005},null,{"$f":"AA804+AA803+AA805+AA813+AA807+AA811+AA808+AA810+AA809+AA812+AA796+AA797+AA798+AA799+AA800+AA801","v":1409081.7000000002},{"$f":"AB804+AB803+AB805+AB813+AB807+AB811+AB808+AB810+AB809+AB812+AB796+AB797+AB798+AB799+AB800+AB801","v":2106103.4364},null,null,{"$f":"AE804+AE803+AE805+AE813+AE807+AE811+AE808+AE810+AE809+AE812+AE796+AE797+AE798+AE799+AE800+AE801","v":0},null,{"$f":"AG804+AG803+AG805+AG813+AG807+AG811+AG808+AG810+AG809+AG812+AG796+AG797+AG798+AG799+AG800+AG801","v":0},{"$f":"AH804+AH803+AH805+AH813+AH807+AH811+AH808+AH810+AH809+AH812+AH796+AH797+AH798+AH799+AH800+AH801","v":0},null,null,{"$f":"AK804+AK803+AK805+AK813+AK807+AK811+AK808+AK810+AK809+AK812+AK796+AK797+AK798+AK799+AK800+AK801","v":0},null,{"$f":"AM804+AM803+AM805+AM813+AM807+AM811+AM808+AM810+AM809+AM812+AM796+AM797+AM798+AM799+AM800+AM801","v":0},{"$f":"AN804+AN803+AN805+AN813+AN807+AN811+AN808+AN810+AN809+AN812+AN796+AN797+AN798+AN799+AN800+AN801","v":0},null,null,{"$f":"AQ804+AQ803+AQ805+AQ813+AQ807+AQ811+AQ808+AQ810+AQ809+AQ812+AQ796+AQ797+AQ798+AQ799+AQ800+AQ801","v":0},null,{"$f":"AS804+AS803+AS805+AS813+AS807+AS811+AS808+AS810+AS809+AS812+AS796+AS797+AS798+AS799+AS800+AS801","v":0},{"$f":"AT804+AT803+AT805+AT813+AT807+AT811+AT808+AT810+AT809+AT812+AT796+AT797+AT798+AT799+AT800+AT801","v":0},null,null,{"$f":"AW804+AW803+AW805+AW813+AW807+AW811+AW808+AW810+AW809+AW812+AW796+AW797+AW798+AW799+AW800+AW801","v":0},null,{"$f":"AY804+AY803+AY805+AY813+AY807+AY811+AY808+AY810+AY809+AY812+AY796+AY797+AY798+AY799+AY800+AY801","v":0},{"$f":"AZ804+AZ803+AZ805+AZ813+AZ807+AZ811+AZ808+AZ810+AZ809+AZ812+AZ796+AZ797+AZ798+AZ799+AZ800+AZ801","v":0},null,null,{"$f":"BC804+BC803+BC805+BC813+BC807+BC811+BC808+BC810+BC809+BC812+BC796+BC797+BC798+BC799+BC800+BC801","v":0},null,{"$f":"BE804+BE803+BE805+BE813+BE807+BE811+BE808+BE810+BE809+BE812+BE796+BE797+BE798+BE799+BE800+BE801","v":0},{"$f":"BF804+BF803+BF805+BF813+BF807+BF811+BF808+BF810+BF809+BF812+BF796+BF797+BF798+BF799+BF800+BF801","v":0},null,0,null,{"$f":"BJ804+BJ803+BJ805+BJ813+BJ807+BJ811+BJ808+BJ810+BJ809+BJ812+BJ796+BJ797+BJ798+BJ799+BJ800+BJ801","v":3377280.8738000002},null,{"$f":"BL804+BL803+BL805+BL813+BL807+BL811+BL808+BL810+BL809+BL812+BL796+BL797+BL798+BL799+BL800+BL801","v":7396476.9350000005},{"$f":"BM804+BM803+BM805+BM813+BM807+BM811+BM808+BM810+BM809+BM812+BM796+BM797+BM798+BM799+BM800+BM801","v":10773757.818800002},0,null,{"$f":"BP804+BP803+BP805+BP813+BP807+BP811+BP808+BP810+BP809+BP812+BP796+BP797+BP798+BP799+BP800+BP801","v":1539408.23},null,{"$f":"BR804+BR803+BR805+BR813+BR807+BR811+BR808+BR810+BR809+BR812+BR796+BR797+BR798+BR799+BR800+BR801","v":405357.1650000001},{"$f":"BS804+BS803+BS805+BS813+BS807+BS811+BS808+BS810+BS809+BS812+BS796+BS797+BS798+BS799+BS800+BS801","v":1944765.395}]
["3.1.4.2","Верхнее строение пути №4",null,null,0,null,0,null,null,null,null,0,null,0,null,null,null,0,null,0,null,null,null,null,null,null,null,null,null,0,null,0,null,null,null,0,null,0,null,null,null,0,null,0,null,null,null,0,null,0,null,null,null,0,null,0,null,null,null,0,0,null,0,null,null,0,0,null,0]
["3.1.4.2.1","Укладка звеньевого пути в прямых и кривых новыми рельсами (рельсы типа Р65, длиной 12,5м на ж/б шпалах с эпюрой шпал 1840шт./км с разделанным промежуточным скреплением типа Р65","м",97.34,2475.7199999999998,{"$f":"D796*E796","v":240986.58479999998},62297,{"$f":"D796*G796","v":6063989.9800000004},{"$f":"E796*D796+G796*D796","v":6304976.5648000007},null,87.47,2475.7199999999998,{"$f":"K796*L796","v":216551.22839999999},62297,{"$f":"K796*N796","v":5449118.5899999999},{"$f":"L796*K796+N796*K796","v":5665669.8184000002},null,2475.7199999999998,{"$f":"Q796*R796","v":0},62297,{"$f":"Q796*T796","v":0},{"$f":"R796*Q796+T796*Q796","v":0},{"$f":"D796-K796","v":9.8700000000000045},2475.7199999999998,{"$f":"W796*X796","v":24435.356400000008},62297,{"$f":"W796*Z796","v":614871.39000000025},{"$f":"X796*W796+Z796*W796","v":639306.74640000029},null,2475.7199999999998,{"$f":"AC796*AD796","v":0},62297,{"$f":"AC796*AF796","v":0},{"$f":"AD796*AC796+AF796*AC796","v":0},null,2475.7199999999998,{"$f":"AI796*AJ796","v":0},62297,{"$f":"AI796*AL796","v":0},{"$f":"AJ796*AI796+AL796*AI796","v":0},null,2475.7199999999998,{"$f":"AO796*AP796","v":0},62297,{"$f":"AO796*AR796","v":0},{"$f":"AP796*AO796+AR796*AO796","v":0},null,2475.7199999999998,{"$f":"AU796*AV796","v":0},62297,{"$f":"AU796*AX796","v":0},{"$f":"AV796*AU796+AX796*AU796","v":0},null,2475.7199999999998,{"$f":"BA796*BB796","v":0},62297,{"$f":"BA796*BD796","v":0},{"$f":"BB796*BA796+BD796*BA796","v":0},null,97.34,2475.7199999999998,{"$f":"BH796*BI796","v":240986.58479999998},62297,{"$f":"BH796*BK796","v":6063989.9800000004},{"$f":"BI796*BH796+BK796*BH796","v":6304976.5648000007},0,2475.7199999999998,{"$f":"BN796*BO796","v":0},62297,{"$f":"BN796*BQ796","v":0},{"$f":"BO796*BN796+BQ796*BN796","v":0}]
["3.1.4.2.2","Выправка пути в плане и в профиле (Р65, шпалы ж/б)","м",97.34,6552,637771.68000000005,0,null,637771.68000000005,null,87.48,6552,573168.96000000008,0,null,573168.96000000008,null,6552,0,0,null,0,{"$f":"D797-K797","v":9.86},6552,64602.719999999994,0,null,64602.719999999994,null,6552,0,0,null,0,null,6552,0,0,null,0,null,6552,0,0,null,0,null,6552,0,0,null,0,null,6552,0,0,null,0,null,97.34,6552,637771.68000000005,0,null,637771.68000000005,0,6552,0,0,null,0]
["3.1.4.2.3","Послеосадочный ремонт (Р65, шпалы ж/б)","м",97.34,6552,637771.68000000005,0,null,637771.68000000005,null,null,6552,0,0,null,0,null,6552,0,0,null,0,null,6552,0,0,null,0,null,6552,0,0,null,0,null,6552,0,0,null,0,null,6552,0,0,null,0,null,6552,0,0,null,0,null,6552,0,0,null,0,null,0,6552,0,0,null,0,97.34,6552,637771.68000000005,0,null,637771.68000000005]
["3.1.4.2.4","Устройство тупикового рельсового упора колесных пар","шт.",1,124800,124800,49408,{"$f":"D799*G799","v":49408},174208,null,1,124800,124800,49408,{"$f":"K799*N799","v":49408},174208,null,124800,0,49408,{"$f":"Q799*T799","v":0},0,null,124800,0,49408,{"$f":"W799*Z799","v":0},0,null,124800,0,49408,{"$f":"AC799*AF799","v":0},0,null,124800,0,49408,{"$f":"AI799*AL799","v":0},0,null,124800,0,49408,{"$f":"AO799*AR799","v":0},0,null,124800,0,49408,{"$f":"AU799*AX799","v":0},0,null,124800,0,49408,{"$f":"BA799*BD799","v":0},0,null,1,124800,124800,49408,{"$f":"BH799*BK799","v":49408},174208,0,124800,0,49408,{"$f":"BN799*BQ799","v":0},0]
["3.1.4.2.5","Изготовление и монтаж в построечных условиях конструкций закладных МС2 (68шт., L=150мм; 0,72кг/шт.) ","шт.",80,1664,133120,150,{"$f":"D800*G800","v":12000},145120,null,null,1664,0,150,{"$f":"K800*N800","v":0},0,null,1664,0,150,{"$f":"Q800*T800","v":0},0,{"$f":"D800","v":80},1664,133120,150,{"$f":"W800*Z800","v":12000},145120,null,1664,0,150,{"$f":"AC800*AF800","v":0},0,null,1664,0,150,{"$f":"AI800*AL800","v":0},0,null,1664,0,150,{"$f":"AO800*AR800","v":0},0,null,1664,0,150,{"$f":"AU800*AX800","v":0},0,null,1664,0,150,{"$f":"BA800*BD800","v":0},0,null,80,1664,133120,150,{"$f":"BH800*BK800","v":12000},145120,0,1664,0,150,{"$f":"BN800*BQ800","v":0},0]
["3.1.4.2.6","Установка изделий МС-1 с огнезащитным покрытием штукатурным составом толщ. покрытия 1 мм","м",195,2154,420030,2178,{"$f":"D801*G801","v":424710},844740,null,null,2154,0,2178,{"$f":"K801*N801","v":0},0,null,2154,0,2178,{"$f":"Q801*T801","v":0},0,{"$f":"D801","v":195},2154,420030,2178,{"$f":"W801*Z801","v":424710},844740,null,2154,0,2178,{"$f":"AC801*AF801","v":0},0,null,2154,0,2178,{"$f":"AI801*AL801","v":0},0,null,2154,0,2178,{"$f":"AO801*AR801","v":0},0,null,2154,0,2178,{"$f":"AU801*AX801","v":0},0,null,2154,0,2178,{"$f":"BA801*BD801","v":0},0,null,195,2154,420030,2178,{"$f":"BH801*BK801","v":424710},844740,0,2154,0,2178,{"$f":"BN801*BQ801","v":0},0]
["3.1.4.3","Сооружение земляного полотна",null,null,0,null,0,null,null,null,null,0,null,0,null,null,null,0,null,0,null,null,null,null,null,null,null,null,null,0,null,0,null,null,null,0,null,0,null,null,null,0,null,0,null,null,null,0,null,0,null,null,null,0,null,0,null,null,null,{"$f":"K802+Q802+W802+AC802+AI802+AO802+AU802+BA802","v":0},0,null,0,null,null,{"$f":"D802-BH802","v":0},0,null,0]
["3.1.4.3.1","Вывоз и утилизация с К разрыхления 1,47","м3",{"$f":"D804*1.47","v":121.31910000000001},1590,{"$f":"D803*E803","v":192897.36900000001},0,null,{"$f":"E803*D803+G803*D803","v":192897.36900000001},null,null,1590,{"$f":"K803*L803","v":0},0,null,{"$f":"L803*K803+N803*K803","v":0},null,1590,{"$f":"Q803*R803","v":0},0,null,{"$f":"R803*Q803+T803*Q803","v":0},null,1590,{"$f":"W803*X803","v":0},0,null,{"$f":"X803*W803+Z803*W803","v":0},null,1590,{"$f":"AC803*AD803","v":0},0,null,{"$f":"AD803*AC803+AF803*AC803","v":0},null,1590,{"$f":"AI803*AJ803","v":0},0,null,{"$f":"AJ803*AI803+AL803*AI803","v":0},null,1590,{"$f":"AO803*AP803","v":0},0,null,{"$f":"AP803*AO803+AR803*AO803","v":0},null,1590,{"$f":"AU803*AV803","v":0},0,null,{"$f":"AV803*AU803+AX803*AU803","v":0},null,1590,{"$f":"BA803*BB803","v":0},0,null,{"$f":"BB803*BA803+BD803*BA803","v":0},null,0,1590,{"$f":"BH803*BI803","v":0},0,null,{"$f":"BI803*BH803+BK803*BH803","v":0},121.31910000000001,1590,{"$f":"BN803*BO803","v":192897.36900000001},0,null,{"$f":"BO803*BN803+BQ803*BN803","v":192897.36900000001}]
["3.1.4.3.2","Вырезка существующего бетонного покрытия пола ","м3",82.53,19422,{"$f":"D804*E804","v":1602897.66},0,null,{"$f":"E804*D804+G804*D804","v":1602897.66},null,67.930000000000007,19422,{"$f":"K804*L804","v":1319336.4600000002},0,null,{"$f":"L804*K804+N804*K804","v":1319336.4600000002},null,19422,{"$f":"Q804*R804","v":0},0,null,{"$f":"R804*Q804+T804*Q804","v":0},null,19422,{"$f":"W804*X804","v":0},0,null,{"$f":"X804*W804+Z804*W804","v":0},null,19422,{"$f":"AC804*AD804","v":0},0,null,{"$f":"AD804*AC804+AF804*AC804","v":0},null,19422,{"$f":"AI804*AJ804","v":0},0,null,{"$f":"AJ804*AI804+AL804*AI804","v":0},null,19422,{"$f":"AO804*AP804","v":0},0,null,{"$f":"AP804*AO804+AR804*AO804","v":0},null,19422,{"$f":"AU804*AV804","v":0},0,null,{"$f":"AV804*AU804+AX804*AU804","v":0},null,19422,{"$f":"BA804*BB804","v":0},0,null,{"$f":"BB804*BA804+BD804*BA804","v":0},null,67.930000000000007,19422,{"$f":"BH804*BI804","v":1319336.4600000002},0,null,{"$f":"BI804*BH804+BK804*BH804","v":1319336.4600000002},14.599999999999994,19422,{"$f":"BN804*BO804","v":283561.1999999999},0,null,{"$f":"BO804*BN804+BQ804*BN804","v":283561.1999999999}]
["3.1.4.3.3","Выемка техногенного грунта с перевозкой на 30 км и утилизацией","м3",133.19,2405,{"$f":"D805*E805","v":320321.95},0,null,{"$f":"E805*D805+G805*D805","v":320321.95},null,75.48,2405,{"$f":"K805*L805","v":181529.40000000002},0,null,{"$f":"L805*K805+N805*K805","v":181529.40000000002},null,2405,{"$f":"Q805*R805","v":0},0,null,{"$f":"R805*Q805+T805*Q805","v":0},null,2405,{"$f":"W805*X805","v":0},0,null,{"$f":"X805*W805+Z805*W805","v":0},null,2405,{"$f":"AC805*AD805","v":0},0,null,{"$f":"AD805*AC805+AF805*AC805","v":0},null,2405,{"$f":"AI805*AJ805","v":0},0,null,{"$f":"AJ805*AI805+AL805*AI805","v":0},null,2405,{"$f":"AO805*AP805","v":0},0,null,{"$f":"AP805*AO805+AR805*AO805","v":0},null,2405,{"$f":"AU805*AV805","v":0},0,null,{"$f":"AV805*AU805+AX805*AU805","v":0},null,2405,{"$f":"BA805*BB805","v":0},0,null,{"$f":"BB805*BA805+BD805*BA805","v":0},null,75.48,2405,{"$f":"BH805*BI805","v":181529.40000000002},0,null,{"$f":"BI805*BH805+BK805*BH805","v":181529.40000000002},57.709999999999994,2405,{"$f":"BN805*BO805","v":138792.54999999999},0,null,{"$f":"BO805*BN805+BQ805*BN805","v":138792.54999999999}]
["3.1.4.3.4","Устройство балластного слоя ж/д пути под подошвой шпалы (h)20см",null,null,null,null,null,null,null,null,null,null,null,null,null,null,null,null,null,null,null,null,null,null,null,null,null,null,null,null,null,null,null,null,null,null,null,null,null,null,null,null,null,null,null,null,null,null,null,null,null,null,null,null,null,null,null,null,null,0,null,null,null,null,null,0]
["3.1.4.3.4.1"," - из щебня балластного фр.25-60 ","м3",122,2513,{"$f":"D807*E807","v":306586},6681,{"$f":"D807*G807","v":815082},{"$f":"E807*D807+G807*D807","v":1121668},null,52,2513,{"$f":"K807*L807","v":130676},6681,{"$f":"K807*N807","v":347412},{"$f":"L807*K807+N807*K807","v":478088},null,2513,{"$f":"Q807*R807","v":0},6681,{"$f":"Q807*T807","v":0},{"$f":"R807*Q807+T807*Q807","v":0},21.82,2513,{"$f":"W807*X807","v":54833.66},6681,{"$f":"W807*Z807","v":145779.42000000001},{"$f":"X807*W807+Z807*W807","v":200613.08000000002},null,2513,{"$f":"AC807*AD807","v":0},6681,{"$f":"AC807*AF807","v":0},{"$f":"AD807*AC807+AF807*AC807","v":0},null,2513,{"$f":"AI807*AJ807","v":0},6681,{"$f":"AI807*AL807","v":0},{"$f":"AJ807*AI807+AL807*AI807","v":0},null,2513,{"$f":"AO807*AP807","v":0},6681,{"$f":"AO807*AR807","v":0},{"$f":"AP807*AO807+AR807*AO807","v":0},null,2513,{"$f":"AU807*AV807","v":0},6681,{"$f":"AU807*AX807","v":0},{"$f":"AV807*AU807+AX807*AU807","v":0},null,2513,{"$f":"BA807*BB807","v":0},6681,{"$f":"BA807*BD807","v":0},{"$f":"BB807*BA807+BD807*BA807","v":0},null,73.819999999999993,2513,{"$f":"BH807*BI807","v":185509.65999999997},6681,{"$f":"BH807*BK807","v":493191.41999999993},{"$f":"BI807*BH807+BK807*BH807","v":678701.07999999984},48.180000000000007,2513,{"$f":"BN807*BO807","v":121076.34000000001},6681,{"$f":"BN807*BQ807","v":321890.58000000007},{"$f":"BO807*BN807+BQ807*BN807","v":442966.9200000001}]
["3.1.4.3.4.2"," - гравийно-песчаная подушка","м3",70,2333.5,{"$f":"D808*E808","v":163345},2161.5,151305,314650,null,55.95,2333.5,{"$f":"K808*L808","v":130559.32500000001},2161.5,120935.925,{"$f":"(L808*K808+N808*K808)+0.01","v":251495.26},null,2333.5,{"$f":"Q808*R808","v":0},2161.5,0,0,null,2333.5,{"$f":"W808*X808","v":0},2161.5,0,0,null,2333.5,{"$f":"AC808*AD808","v":0},2161.5,0,0,null,2333.5,{"$f":"AI808*AJ808","v":0},2161.5,0,0,null,2333.5,{"$f":"AO808*AP808","v":0},2161.5,0,0,null,2333.5,{"$f":"AU808*AV808","v":0},2161.5,0,0,null,2333.5,{"$f":"BA808*BB808","v":0},2161.5,0,0,null,55.95,2333.5,{"$f":"BH808*BI808","v":130559.32500000001},2161.5,120935.925,{"$f":"BI808*BH808+BK808*BH808+0.01","v":251495.26},14.049999999999997,2333.5,{"$f":"BN808*BO808","v":32785.674999999996},2161.5,30369.074999999993,63154.749999999985]
["3.1.4.3.4.3"," - геотекстиль, 3м","м",97.2,46.8,{"$f":"D809*E809","v":4548.96},264,25660.799999999999,30209.759999999998,null,77.73,46.8,{"$f":"K809*L809","v":3637.7640000000001},264,20520.72,24158.484,null,46.8,{"$f":"Q809*R809","v":0},264,0,0,null,46.8,{"$f":"W809*X809","v":0},264,0,0,null,46.8,{"$f":"AC809*AD809","v":0},264,0,0,null,46.8,{"$f":"AI809*AJ809","v":0},264,0,0,null,46.8,{"$f":"AO809*AP809","v":0},264,0,0,null,46.8,{"$f":"AU809*AV809","v":0},264,0,0,null,46.8,{"$f":"BA809*BB809","v":0},264,0,0,null,77.73,46.8,{"$f":"BH809*BI809","v":3637.7640000000001},264,20520.72,24158.484,19.47,46.8,{"$f":"BN809*BO809","v":911.19599999999991},264,5140.08,6051.2759999999998]
["3.1.4.3.4.4"," - гравийно-песчаная подушка (К уплотнения)","м3",{"$f":"84-70","v":14},0,null,2161.5,30261,30261,null,null,0,null,2161.5,0,0,null,0,null,2161.5,0,0,null,0,null,2161.5,0,0,null,0,null,2161.5,0,0,null,0,null,2161.5,0,0,null,0,null,2161.5,0,0,null,0,null,2161.5,0,0,null,0,null,2161.5,0,0,null,0,0,null,2161.5,0,0,14,0,null,2161.5,30261,30261]
["3.1.4.3.4.5"," - из щебня балластного фр.25-60 ","м3",{"$f":"153.72-D807","v":31.72},0,null,6681,211921.31999999998,211921.31999999998,null,null,0,null,6681,0,0,null,0,null,6681,0,0,31.69,0,null,6681,211720.89,211720.89,null,0,null,6681,0,0,null,0,null,6681,0,0,null,0,null,6681,0,0,null,0,null,6681,0,0,null,0,null,6681,0,0,null,31.69,0,null,6681,211720.89,211720.89,2.9999999999997584E-2,0,null,6681,200.42999999998386,200.42999999998386]
["3.1.4.3.4.6"," - геотекстиль 2м 500г/м","м",97.2,46.8,{"$f":"D812*E812","v":4548.96},180,17496,22044.959999999999,null,null,46.8,{"$f":"K812*L812","v":0},180,0,0,null,46.8,{"$f":"Q812*R812","v":0},180,0,0,null,46.8,{"$f":"W812*X812","v":0},180,0,0,null,46.8,{"$f":"AC812*AD812","v":0},180,0,0,null,46.8,{"$f":"AI812*AJ812","v":0},180,0,0,null,46.8,{"$f":"AO812*AP812","v":0},180,0,0,null,46.8,{"$f":"AU812*AV812","v":0},180,0,0,null,46.8,{"$f":"BA812*BB812","v":0},180,0,0,null,0,46.8,{"$f":"BH812*BI812","v":0},180,0,0,97.2,46.8,{"$f":"BN812*BO812","v":4548.96},180,17496,22044.959999999999]
["3.1.4.3.5","Вывоз и утилизация с К разрыхления 1,6","м3",{"$f":"133.19*1.6-133.19","v":79.914000000000016},1590,{"$f":"D813*E813","v":127063.26000000002},0,null,127063.26000000002,null,null,1590,{"$f":"K813*L813","v":0},0,null,0,null,1590,{"$f":"Q813*R813","v":0},0,null,0,null,1590,{"$f":"W813*X813","v":0},0,null,0,null,1590,{"$f":"AC813*AD813","v":0},0,null,0,null,1590,{"$f":"AI813*AJ813","v":0},0,null,0,null,1590,{"$f":"AO813*AP813","v":0},0,null,0,null,1590,{"$f":"AU813*AV813","v":0},0,null,0,null,1590,{"$f":"BA813*BB813","v":0},0,null,0,null,0,1590,{"$f":"BH813*BI813","v":0},0,null,0,79.914000000000016,1590,{"$f":"BN813*BO813","v":127063.26000000002},0,null,127063.26000000002]
[4,"Наружные сети и сооружения водоснабжения, водоотведения, теплоснабжения и газоснабжения",null,null,null,null,null,null,null,null,null,null,null,null,null,null,null,null,null,null,null,null,null,null,null,null,null,null,null,null,null,null,null,null,null,null,null,null,null,null,null,null,null,null,null,null,null,null,null,null,null,null,null,null,null,null,null,null,null,0,null,null,null,null,null,0]
["4.1.","130-23-НВК Наружные сети канализации",null,null,null,{"$f":"F816+F817+F818+F821+F822+F825+F826+F827","v":2541810.2672999999},null,{"$f":"H816+H817+H818+H821+H822+H825+H826+H827","v":1021837.1271999999},{"$f":"I816+I817+I818+I821+I822+I825+I826+I827","v":3563647.3944999999},null,null,null,{"$f":"M816+M817+M818+M821+M822+M825+M826+M827","v":0},null,{"$f":"O816+O817+O818+O821+O822+O825+O826+O827","v":0},{"$f":"P816+P817+P818+P821+P822+P825+P826+P827","v":0},null,null,{"$f":"S816+S817+S818+S821+S822+S825+S826+S827","v":0},null,{"$f":"U816+U817+U818+U821+U822+U825+U826+U827","v":0},{"$f":"V816+V817+V818+V821+V822+V825+V826+V827","v":0},null,null,{"$f":"Y816+Y817+Y818+Y821+Y822+Y825+Y826+Y827","v":0},null,{"$f":"AA816+AA817+AA818+AA821+AA822+AA825+AA826+AA827","v":0},{"$f":"AB816+AB817+AB818+AB821+AB822+AB825+AB826+AB827","v":0},null,null,{"$f":"AE816+AE817+AE818+AE821+AE822+AE825+AE826+AE827","v":0},null,{"$f":"AG816+AG817+AG818+AG821+AG822+AG825+AG826+AG827","v":0},{"$f":"AH816+AH817+AH818+AH821+AH822+AH825+AH826+AH827","v":0},null,null,{"$f":"AK816+AK817+AK818+AK821+AK822+AK825+AK826+AK827","v":0},null,{"$f":"AM816+AM817+AM818+AM821+AM822+AM825+AM826+AM827","v":0},{"$f":"AN816+AN817+AN818+AN821+AN822+AN825+AN826+AN827","v":0},null,null,{"$f":"AQ816+AQ817+AQ818+AQ821+AQ822+AQ825+AQ826+AQ827","v":0},null,{"$f":"AS816+AS817+AS818+AS821+AS822+AS825+AS826+AS827","v":0},{"$f":"AT816+AT817+AT818+AT821+AT822+AT825+AT826+AT827","v":0},null,null,{"$f":"AW816+AW817+AW818+AW821+AW822+AW825+AW826+AW827","v":0},null,{"$f":"AY816+AY817+AY818+AY821+AY822+AY825+AY826+AY827","v":0},{"$f":"AZ816+AZ817+AZ818+AZ821+AZ822+AZ825+AZ826+AZ827","v":0},null,null,{"$f":"BC816+BC817+BC818+BC821+BC822+BC825+BC826+BC827","v":0},null,{"$f":"BE816+BE817+BE818+BE821+BE822+BE825+BE826+BE827","v":0},{"$f":"BF816+BF817+BF818+BF821+BF822+BF825+BF826+BF827","v":0},null,0,null,{"$f":"BJ816+BJ817+BJ818+BJ821+BJ822+BJ825+BJ826+BJ827","v":0},null,{"$f":"BL816+BL817+BL818+BL821+BL822+BL825+BL826+BL827","v":0},{"$f":"BM816+BM817+BM818+BM821+BM822+BM825+BM826+BM827","v":0},0,null,{"$f":"BP816+BP817+BP818+BP821+BP822+BP825+BP826+BP827","v":2541810.2672999999},null,{"$f":"BR816+BR817+BR818+BR821+BR822+BR825+BR826+BR827","v":1021837.1271999999},{"$f":"BS816+BS817+BS818+BS821+BS822+BS825+BS826+BS827","v":3563647.3944999999}]
["4.1.1","Разборка дорожных покрытий","м3",92.84,7609.19,{"$f":"D816*E816","v":706437.19959999993},0,null,{"$f":"E816*D816+G816*D816","v":706437.19959999993},null,null,7609.19,{"$f":"K816*L816","v":0},0,null,{"$f":"L816*K816+N816*K816","v":0},null,7609.19,{"$f":"Q816*R816","v":0},0,null,{"$f":"R816*Q816+T816*Q816","v":0},null,7609.19,{"$f":"W816*X816","v":0},0,null,{"$f":"X816*W816+Z816*W816","v":0},null,7609.19,{"$f":"AC816*AD816","v":0},0,null,{"$f":"AD816*AC816+AF816*AC816","v":0},null,7609.19,{"$f":"AI816*AJ816","v":0},0,null,{"$f":"AJ816*AI816+AL816*AI816","v":0},null,7609.19,{"$f":"AO816*AP816","v":0},0,null,{"$f":"AP816*AO816+AR816*AO816","v":0},null,7609.19,{"$f":"AU816*AV816","v":0},0,null,{"$f":"AV816*AU816+AX816*AU816","v":0},null,7609.19,{"$f":"BA816*BB816","v":0},0,null,{"$f":"BB816*BA816+BD816*BA816","v":0},null,0,7609.19,{"$f":"BH816*BI816","v":0},0,null,{"$f":"BI816*BH816+BK816*BH816","v":0},92.84,7609.19,{"$f":"BN816*BO816","v":706437.19959999993},0,null,{"$f":"BO816*BN816+BQ816*BN816","v":706437.19959999993}]
["4.1.2","Демонтаж коллектора","м3",2.89,120911.25,{"$f":"D817*E817","v":349433.51250000001},0,null,{"$f":"E817*D817+G817*D817","v":349433.51250000001},null,null,120911.25,{"$f":"K817*L817","v":0},0,null,{"$f":"L817*K817+N817*K817","v":0},null,120911.25,{"$f":"Q817*R817","v":0},0,null,{"$f":"R817*Q817+T817*Q817","v":0},null,120911.25,{"$f":"W817*X817","v":0},0,null,{"$f":"X817*W817+Z817*W817","v":0},null,120911.25,{"$f":"AC817*AD817","v":0},0,null,{"$f":"AD817*AC817+AF817*AC817","v":0},null,120911.25,{"$f":"AI817*AJ817","v":0},0,null,{"$f":"AJ817*AI817+AL817*AI817","v":0},null,120911.25,{"$f":"AO817*AP817","v":0},0,null,{"$f":"AP817*AO817+AR817*AO817","v":0},null,120911.25,{"$f":"AU817*AV817","v":0},0,null,{"$f":"AV817*AU817+AX817*AU817","v":0},null,120911.25,{"$f":"BA817*BB817","v":0},0,null,{"$f":"BB817*BA817+BD817*BA817","v":0},null,0,120911.25,{"$f":"BH817*BI817","v":0},0,null,{"$f":"BI817*BH817+BK817*BH817","v":0},2.89,120911.25,{"$f":"BN817*BO817","v":349433.51250000001},0,null,{"$f":"BO817*BN817+BQ817*BN817","v":349433.51250000001}]
["4.1.3","Прочие работы. Погрузка, вывоз, утилизация",null,null,0,{"$f":"SUM(F819:F820)","v":320749.10880000005},0,null,{"$f":"SUM(I819:I820)","v":320749.10880000005},null,null,0,{"$f":"SUM(M819:M820)","v":0},0,null,{"$f":"SUM(P819:P820)","v":0},null,0,{"$f":"SUM(S819:S820)","v":0},0,null,{"$f":"SUM(V819:V820)","v":0},null,0,{"$f":"SUM(Y819:Y820)","v":0},0,null,{"$f":"SUM(AB819:AB820)","v":0},null,0,{"$f":"SUM(AE819:AE820)","v":0},0,null,{"$f":"SUM(AH819:AH820)","v":0},null,0,{"$f":"SUM(AK819:AK820)","v":0},0,null,{"$f":"SUM(AN819:AN820)","v":0},null,0,{"$f":"SUM(AQ819:AQ820)","v":0},0,null,{"$f":"SUM(AT819:AT820)","v":0},null,0,{"$f":"SUM(AW819:AW820)","v":0},0,null,{"$f":"SUM(AZ819:AZ820)","v":0},null,0,{"$f":"SUM(BC819:BC820)","v":0},0,null,{"$f":"SUM(BF819:BF820)","v":0},null,0,0,{"$f":"SUM(BJ819:BJ820)","v":0},0,null,{"$f":"SUM(BM819:BM820)","v":0},0,0,{"$f":"SUM(BP819:BP820)","v":320749.10880000005},0,null,{"$f":"SUM(BS819:BS820)","v":320749.10880000005}]
["4.1.3.1","Погрузка дорожного покрытия, щебня, жб мусора","м3",95.73,1013.26,{"$f":"D819*E819","v":96999.37980000001},0,null,{"$f":"E819*D819+G819*D819","v":96999.37980000001},null,null,1013.26,{"$f":"K819*L819","v":0},0,null,{"$f":"L819*K819+N819*K819","v":0},null,1013.26,{"$f":"Q819*R819","v":0},0,null,{"$f":"R819*Q819+T819*Q819","v":0},null,1013.26,{"$f":"W819*X819","v":0},0,null,{"$f":"X819*W819+Z819*W819","v":0},null,1013.26,{"$f":"AC819*AD819","v":0},0,null,{"$f":"AD819*AC819+AF819*AC819","v":0},null,1013.26,{"$f":"AI819*AJ819","v":0},0,null,{"$f":"AJ819*AI819+AL819*AI819","v":0},null,1013.26,{"$f":"AO819*AP819","v":0},0,null,{"$f":"AP819*AO819+AR819*AO819","v":0},null,1013.26,{"$f":"AU819*AV819","v":0},0,null,{"$f":"AV819*AU819+AX819*AU819","v":0},null,1013.26,{"$f":"BA819*BB819","v":0},0,null,{"$f":"BB819*BA819+BD819*BA819","v":0},null,0,1013.26,{"$f":"BH819*BI819","v":0},0,null,{"$f":"BI819*BH819+BK819*BH819","v":0},95.73,1013.26,{"$f":"BN819*BO819","v":96999.37980000001},0,null,{"$f":"BO819*BN819+BQ819*BN819","v":96999.37980000001}]
["4.1.3.2","Вывоз и утилизация с К разрыхления 1,47","м3",{"$f":"D819*1.47","v":140.72310000000002},1590,{"$f":"D820*E820","v":223749.72900000002},0,null,{"$f":"E820*D820+G820*D820","v":223749.72900000002},null,null,1590,{"$f":"K820*L820","v":0},0,null,{"$f":"L820*K820+N820*K820","v":0},null,1590,{"$f":"Q820*R820","v":0},0,null,{"$f":"R820*Q820+T820*Q820","v":0},null,1590,{"$f":"W820*X820","v":0},0,null,{"$f":"X820*W820+Z820*W820","v":0},null,1590,{"$f":"AC820*AD820","v":0},0,null,{"$f":"AD820*AC820+AF820*AC820","v":0},null,1590,{"$f":"AI820*AJ820","v":0},0,null,{"$f":"AJ820*AI820+AL820*AI820","v":0},null,1590,{"$f":"AO820*AP820","v":0},0,null,{"$f":"AP820*AO820+AR820*AO820","v":0},null,1590,{"$f":"AU820*AV820","v":0},0,null,{"$f":"AV820*AU820+AX820*AU820","v":0},null,1590,{"$f":"BA820*BB820","v":0},0,null,{"$f":"BB820*BA820+BD820*BA820","v":0},null,0,1590,{"$f":"BH820*BI820","v":0},0,null,{"$f":"BI820*BH820+BK820*BH820","v":0},140.72310000000002,1590,{"$f":"BN820*BO820","v":223749.72900000002},0,null,{"$f":"BO820*BN820+BQ820*BN820","v":223749.72900000002}]
["4.1.4","Земляные работы. Разработка грунта, обратная засыпка щебнем, песком, грунтом, уплотнение","м3",164.87,3171.81,{"$f":"D821*E821","v":522936.31469999999},2762.02,{"$f":"D821*G821","v":455374.23739999998},{"$f":"E821*D821+G821*D821","v":978310.55209999997},null,null,3171.81,{"$f":"K821*L821","v":0},2762.02,{"$f":"K821*N821","v":0},{"$f":"L821*K821+N821*K821","v":0},null,3171.81,{"$f":"Q821*R821","v":0},2762.02,{"$f":"Q821*T821","v":0},{"$f":"R821*Q821+T821*Q821","v":0},null,3171.81,{"$f":"W821*X821","v":0},2762.02,{"$f":"W821*Z821","v":0},{"$f":"X821*W821+Z821*W821","v":0},null,3171.81,{"$f":"AC821*AD821","v":0},2762.02,{"$f":"AC821*AF821","v":0},{"$f":"AD821*AC821+AF821*AC821","v":0},null,3171.81,{"$f":"AI821*AJ821","v":0},2762.02,{"$f":"AI821*AL821","v":0},{"$f":"AJ821*AI821+AL821*AI821","v":0},null,3171.81,{"$f":"AO821*AP821","v":0},2762.02,{"$f":"AO821*AR821","v":0},{"$f":"AP821*AO821+AR821*AO821","v":0},null,3171.81,{"$f":"AU821*AV821","v":0},2762.02,{"$f":"AU821*AX821","v":0},{"$f":"AV821*AU821+AX821*AU821","v":0},null,3171.81,{"$f":"BA821*BB821","v":0},2762.02,{"$f":"BA821*BD821","v":0},{"$f":"BB821*BA821+BD821*BA821","v":0},null,0,3171.81,{"$f":"BH821*BI821","v":0},2762.02,{"$f":"BH821*BK821","v":0},{"$f":"BI821*BH821+BK821*BH821","v":0},164.87,3171.81,{"$f":"BN821*BO821","v":522936.31469999999},2762.02,{"$f":"BN821*BQ821","v":455374.23739999998},{"$f":"BO821*BN821+BQ821*BN821","v":978310.55209999997}]
["4.1.5","Прочие работы. Лишний грунт. Погрузка, вывоз, утилизация",null,null,0,{"$f":"SUM(F823:F824)","v":82184.665500000003},0,null,{"$f":"SUM(I823:I824)","v":82184.665500000003},null,null,0,{"$f":"SUM(M823:M824)","v":0},0,null,{"$f":"SUM(P823:P824)","v":0},null,0,{"$f":"SUM(S823:S824)","v":0},0,null,{"$f":"SUM(V823:V824)","v":0},null,0,{"$f":"SUM(Y823:Y824)","v":0},0,null,{"$f":"SUM(AB823:AB824)","v":0},null,0,{"$f":"SUM(AE823:AE824)","v":0},0,null,{"$f":"SUM(AH823:AH824)","v":0},null,0,{"$f":"SUM(AK823:AK824)","v":0},0,null,{"$f":"SUM(AN823:AN824)","v":0},null,0,{"$f":"SUM(AQ823:AQ824)","v":0},0,null,{"$f":"SUM(AT823:AT824)","v":0},null,0,{"$f":"SUM(AW823:AW824)","v":0},0,null,{"$f":"SUM(AZ823:AZ824)","v":0},null,0,{"$f":"SUM(BC823:BC824)","v":0},0,null,{"$f":"SUM(BF823:BF824)","v":0},null,0,0,{"$f":"SUM(BJ823:BJ824)","v":0},0,null,{"$f":"SUM(BM823:BM824)","v":0},0,0,{"$f":"SUM(BP823:BP824)","v":82184.665500000003},0,null,{"$f":"SUM(BS823:BS824)","v":82184.665500000003}]
["4.1.5.1","Погрузка лишнего грунта","м3",24.85,915.23,{"$f":"D823*E823","v":22743.465500000002},0,null,{"$f":"E823*D823+G823*D823","v":22743.465500000002},null,null,915.23,{"$f":"K823*L823","v":0},0,null,{"$f":"L823*K823+N823*K823","v":0},null,915.23,{"$f":"Q823*R823","v":0},0,null,{"$f":"R823*Q823+T823*Q823","v":0},null,915.23,{"$f":"W823*X823","v":0},0,null,{"$f":"X823*W823+Z823*W823","v":0},null,915.23,{"$f":"AC823*AD823","v":0},0,null,{"$f":"AD823*AC823+AF823*AC823","v":0},null,915.23,{"$f":"AI823*AJ823","v":0},0,null,{"$f":"AJ823*AI823+AL823*AI823","v":0},null,915.23,{"$f":"AO823*AP823","v":0},0,null,{"$f":"AP823*AO823+AR823*AO823","v":0},null,915.23,{"$f":"AU823*AV823","v":0},0,null,{"$f":"AV823*AU823+AX823*AU823","v":0},null,915.23,{"$f":"BA823*BB823","v":0},0,null,{"$f":"BB823*BA823+BD823*BA823","v":0},null,0,915.23,{"$f":"BH823*BI823","v":0},0,null,{"$f":"BI823*BH823+BK823*BH823","v":0},24.85,915.23,{"$f":"BN823*BO823","v":22743.465500000002},0,null,{"$f":"BO823*BN823+BQ823*BN823","v":22743.465500000002}]
["4.1.5.2","Вывоз и утилизация с К разрыхления 1,6","м3",{"$f":"D823*1.6","v":39.760000000000005},1495,{"$f":"D824*E824","v":59441.200000000004},0,null,59441.200000000004,null,null,1495,{"$f":"K824*L824","v":0},0,null,0,null,1495,{"$f":"Q824*R824","v":0},0,null,0,null,1495,{"$f":"W824*X824","v":0},0,null,0,null,1495,{"$f":"AC824*AD824","v":0},0,null,0,null,1495,{"$f":"AI824*AJ824","v":0},0,null,0,null,1495,{"$f":"AO824*AP824","v":0},0,null,0,null,1495,{"$f":"AU824*AV824","v":0},0,null,0,null,1495,{"$f":"BA824*BB824","v":0},0,null,0,null,0,1495,{"$f":"BH824*BI824","v":0},0,null,0,39.760000000000005,1495,{"$f":"BN824*BO824","v":59441.200000000004},0,null,59441.200000000004]
["4.1.6","Прокладка ПВХ трубопровода Дн 160 в стальном футляре, с отводами в колодцы, бетонированием","м",106.18,4824.59,{"$f":"D825*E825","v":512274.96620000002},4179.6099999999997,{"$f":"D825*G825","v":443790.98979999998},956065.95600000001,null,null,4824.59,{"$f":"K825*L825","v":0},4179.6099999999997,{"$f":"K825*N825","v":0},0,null,4824.59,{"$f":"Q825*R825","v":0},4179.6099999999997,{"$f":"Q825*T825","v":0},0,null,4824.59,{"$f":"W825*X825","v":0},4179.6099999999997,{"$f":"W825*Z825","v":0},0,null,4824.59,{"$f":"AC825*AD825","v":0},4179.6099999999997,{"$f":"AC825*AF825","v":0},0,null,4824.59,{"$f":"AI825*AJ825","v":0},4179.6099999999997,{"$f":"AI825*AL825","v":0},0,null,4824.59,{"$f":"AO825*AP825","v":0},4179.6099999999997,{"$f":"AO825*AR825","v":0},0,null,4824.59,{"$f":"AU825*AV825","v":0},4179.6099999999997,{"$f":"AU825*AX825","v":0},0,null,4824.59,{"$f":"BA825*BB825","v":0},4179.6099999999997,{"$f":"BA825*BD825","v":0},0,null,0,4824.59,{"$f":"BH825*BI825","v":0},4179.6099999999997,{"$f":"BH825*BK825","v":0},0,106.18,4824.59,{"$f":"BN825*BO825","v":512274.96620000002},4179.6099999999997,{"$f":"BN825*BQ825","v":443790.98979999998},956065.95600000001]
["4.1.7","Установка ж/б колодцев К1-1 ","шт.",1,23112.7,{"$f":"D826*E826","v":23112.7},62314.2,{"$f":"D826*G826","v":62314.2},85426.9,null,null,23112.7,{"$f":"K826*L826","v":0},62314.2,{"$f":"K826*N826","v":0},0,null,23112.7,{"$f":"Q826*R826","v":0},62314.2,{"$f":"Q826*T826","v":0},0,null,23112.7,{"$f":"W826*X826","v":0},62314.2,{"$f":"W826*Z826","v":0},0,null,23112.7,{"$f":"AC826*AD826","v":0},62314.2,{"$f":"AC826*AF826","v":0},0,null,23112.7,{"$f":"AI826*AJ826","v":0},62314.2,{"$f":"AI826*AL826","v":0},0,null,23112.7,{"$f":"AO826*AP826","v":0},62314.2,{"$f":"AO826*AR826","v":0},0,null,23112.7,{"$f":"AU826*AV826","v":0},62314.2,{"$f":"AU826*AX826","v":0},0,null,23112.7,{"$f":"BA826*BB826","v":0},62314.2,{"$f":"BA826*BD826","v":0},0,null,0,23112.7,{"$f":"BH826*BI826","v":0},62314.2,{"$f":"BH826*BK826","v":0},0,1,23112.7,{"$f":"BN826*BO826","v":23112.7},62314.2,{"$f":"BN826*BQ826","v":62314.2},85426.9]
["4.1.8","Установка ж/б колодцев К1-3","шт.",1,24681.8,{"$f":"D827*E827","v":24681.8},60357.7,{"$f":"D827*G827","v":60357.7},85039.5,null,null,24681.8,{"$f":"K827*L827","v":0},60357.7,{"$f":"K827*N827","v":0},0,null,24681.8,{"$f":"Q827*R827","v":0},60357.7,{"$f":"Q827*T827","v":0},0,null,24681.8,{"$f":"W827*X827","v":0},60357.7,{"$f":"W827*Z827","v":0},0,null,24681.8,{"$f":"AC827*AD827","v":0},60357.7,{"$f":"AC827*AF827","v":0},0,null,24681.8,{"$f":"AI827*AJ827","v":0},60357.7,{"$f":"AI827*AL827","v":0},0,null,24681.8,{"$f":"AO827*AP827","v":0},60357.7,{"$f":"AO827*AR827","v":0},0,null,24681.8,{"$f":"AU827*AV827","v":0},60357.7,{"$f":"AU827*AX827","v":0},0,null,24681.8,{"$f":"BA827*BB827","v":0},60357.7,{"$f":"BA827*BD827","v":0},0,null,0,24681.8,{"$f":"BH827*BI827","v":0},60357.7,{"$f":"BH827*BK827","v":0},0,1,24681.8,{"$f":"BN827*BO827","v":24681.8},60357.7,{"$f":"BN827*BQ827","v":60357.7},85039.5]
[null,"ИТОГО, руб. в т.ч. НДС 20%",null,null,null,null,null,null,null,null,null,null,null,null,null,null,null,null,null,null,null,null,null,null,{"$f":"Y32+Y94+Y109+Y114+Y198+Y212+Y234+Y289+Y307+Y310+Y333+Y341+Y376+Y514+Y538+Y571+Y588+Y686+Y709+Y714+Y719+Y733+Y815","v":74375405.949089989},null,{"$f":"AA32+AA94+AA109+AA114+AA198+AA212+AA234+AA289+AA307+AA310+AA333+AA341+AA376+AA514+AA538+AA571+AA588+AA686+AA709+AA714+AA719+AA733+AA815","v":95020732.786350012},{"$f":"AB32+AB94+AB109+AB114+AB198+AB212+AB234+AB289+AB307+AB310+AB333+AB341+AB376+AB514+AB538+AB571+AB588+AB686+AB709+AB714+AB719+AB733+AB815","v":169396138.73543996},null,null,{"$f":"AE32+AE94+AE109+AE114+AE198+AE212+AE234+AE289+AE307+AE310+AE333+AE341+AE376+AE514+AE538+AE571+AE588+AE686+AE709+AE714+AE719+AE733+AE815","v":0},null,{"$f":"AG32+AG94+AG109+AG114+AG198+AG212+AG234+AG289+AG307+AG310+AG333+AG341+AG376+AG514+AG538+AG571+AG588+AG686+AG709+AG714+AG719+AG733+AG815","v":0},{"$f":"AH32+AH94+AH109+AH114+AH198+AH212+AH234+AH289+AH307+AH310+AH333+AH341+AH376+AH514+AH538+AH571+AH588+AH686+AH709+AH714+AH719+AH733+AH815","v":0},null,null,{"$f":"AK32+AK94+AK109+AK114+AK198+AK212+AK234+AK289+AK307+AK310+AK333+AK341+AK376+AK514+AK538+AK571+AK588+AK686+AK709+AK714+AK719+AK733+AK815","v":0},null,{"$f":"AM32+AM94+AM109+AM114+AM198+AM212+AM234+AM289+AM307+AM310+AM333+AM341+AM376+AM514+AM538+AM571+AM588+AM686+AM709+AM714+AM719+AM733+AM815","v":0},{"$f":"AN32+AN94+AN109+AN114+AN198+AN212+AN234+AN289+AN307+AN310+AN333+AN341+AN376+AN514+AN538+AN571+AN588+AN686+AN709+AN714+AN719+AN733+AN815","v":0},null,null,{"$f":"AQ32+AQ94+AQ109+AQ114+AQ198+AQ212+AQ234+AQ289+AQ307+AQ310+AQ333+AQ341+AQ376+AQ514+AQ538+AQ571+AQ588+AQ686+AQ709+AQ714+AQ719+AQ733+AQ815","v":0},null,{"$f":"AS32+AS94+AS109+AS114+AS198+AS212+AS234+AS289+AS307+AS310+AS333+AS341+AS376+AS514+AS538+AS571+AS588+AS686+AS709+AS714+AS719+AS733+AS815","v":0},{"$f":"AT32+AT94+AT109+AT114+AT198+AT212+AT234+AT289+AT307+AT310+AT333+AT341+AT376+AT514+AT538+AT571+AT588+AT686+AT709+AT714+AT719+AT733+AT815","v":0},null,null,{"$f":"AW32+AW94+AW109+AW114+AW198+AW212+AW234+AW289+AW307+AW310+AW333+AW341+AW376+AW514+AW538+AW571+AW588+AW686+AW709+AW714+AW719+AW733+AW815","v":0},null,{"$f":"AY32+AY94+AY109+AY114+AY198+AY212+AY234+AY289+AY307+AY310+AY333+AY341+AY376+AY514+AY538+AY571+AY588+AY686+AY709+AY714+AY719+AY733+AY815","v":0},{"$f":"AZ32+AZ94+AZ109+AZ114+AZ198+AZ212+AZ234+AZ289+AZ307+AZ310+AZ333+AZ341+AZ376+AZ514+AZ538+AZ571+AZ588+AZ686+AZ709+AZ714+AZ719+AZ733+AZ815","v":0},null,null,{"$f":"BC32+BC94+BC109+BC114+BC198+BC212+BC234+BC289+BC307+BC310+BC333+BC341+BC376+BC514+BC538+BC571+BC588+BC686+BC709+BC714+BC719+BC733+BC815","v":0},null,{"$f":"BE32+BE94+BE109+BE114+BE198+BE212+BE234+BE289+BE307+BE310+BE333+BE341+BE376+BE514+BE538+BE571+BE588+BE686+BE709+BE714+BE719+BE733+BE815","v":0},{"$f":"BF32+BF94+BF109+BF114+BF198+BF212+BF234+BF289+BF307+BF310+BF333+BF341+BF376+BF514+BF538+BF571+BF588+BF686+BF709+BF714+BF719+BF733+BF815","v":0},null,0,null,{"$f":"BJ32+BJ94+BJ109+BJ114+BJ198+BJ212+BJ234+BJ289+BJ307+BJ310+BJ333+BJ341+BJ376+BJ514+BJ538+BJ571+BJ588+BJ686+BJ709+BJ714+BJ719+BJ733+BJ815","v":161512787.16209003},null,{"$f":"BL32+BL94+BL109+BL114+BL198+BL212+BL234+BL289+BL307+BL310+BL333+BL341+BL376+BL514+BL538+BL571+BL588+BL686+BL709+BL714+BL719+BL733+BL815","v":208640854.38634995},{"$f":"BM32+BM94+BM109+BM114+BM198+BM212+BM234+BM289+BM307+BM310+BM333+BM341+BM376+BM514+BM538+BM571+BM588+BM686+BM709+BM714+BM719+BM733+BM815","v":370153641.5684399},null,null,{"$f":"BP32+BP94+BP109+BP114+BP198+BP212+BP234+BP289+BP307+BP310+BP333+BP341+BP376+BP514+BP538+BP571+BP588+BP686+BP709+BP714+BP719+BP733+BP815","v":69694470.050539985},null,{"$f":"BR32+BR94+BR109+BR114+BR198+BR212+BR234+BR289+BR307+BR310+BR333+BR341+BR376+BR514+BR538+BR571+BR588+BR686+BR709+BR714+BR719+BR733+BR815","v":73632641.279489964},{"$f":"BS32+BS94+BS109+BS114+BS198+BS212+BS234+BS289+BS307+BS310+BS333+BS341+BS376+BS514+BS538+BS571+BS588+BS686+BS709+BS714+BS719+BS733+BS815","v":143327111.33002999},null,{"$f":"AB32+AB94+AB109+AB114+AB198+AB212+AB234+AB289+AB310+AB333+AB341+AB376+AB538+AB571+AB588+AB709+AB719+AB733","v":169396138.73543996},{"$f":"AB828/1.2","v":141163448.94619998}]
[null,null,null,null,null,null,null,null,513428946.07847011,null,null,null,null,null,null,null,null,null,null,null,null,null,null,null,null,null,null,null,null,null,null,null,null,null,null,null,null,null,null,null,null,null,null,null,null,null,null,null,null,null,null,null,null,null,null,null,null,null,null,null,null,null,null,null,null,null,null,null,null,null,null,null,{"$f":"AB828-BU828","v":0}]
[null,null,null,null,null,null,null,null,null,null,null,null,null,null,null,162031847.33000001,null,null,null,null,null,38725655.5,null,null,null,null,null,null,null,null,null,null,null,null,null,null,null,null,null,null,null,null,null,null,null,null,null,null,null,null,null,null,null,null,null,null,null,null,null,null,null,null,null,null,{"$f":"V828+P828","v":0}]
["Сдал:","Генеральный директор ООО «КиКГЕОСТРОЙ»",null,null,null,null,null,null,null,null,null,null,null,null,null,null,null,null,null,null,null,null,null,null,"(Ю.Ф. Кесслер)",null,null,null,null,null,"(Ю.Ф. Кесслер)",null,null,null,null,null,null,null,null,null,null,null,null,null,null,null,null,null,null,null,null,null,null,null,null,null,null,"","()"]
[null,"[должность, подпись (инициалы, фамилия)]"]
["Принял:","Генеральный директор АО «МЕТРОВАГОНМАШ» ",null,null,null,null,null,null,null,null,null,null,null,null,null,null,null,null,null,null,null,null,null,null,"(А.Б. Степнов)",null,null,null,null,null,"(А.Б. Степнов)",null,null,null,null,null,null,null,null,null,null,null,null,null,null,null,null,null,null,null,null,null,null,null,null,null,null,null,null,"","()"]
[null,"[должность, подпись (инициалы, фамилия)]"]
[null,null,null,null,null,null,null,null,null,null,null,null,null,null,null,{"$f":"P828-P830","v":-162031847.33000001},null,null,null,null,null,{"$f":"V828-V830","v":-38725655.5},null,null,null,null,null,null,null,null,null,null,null,null,null,null,null,null,null,null,null,null,null,null,null,null,null,null,null,null,null,null,null,null,null,null,null,null,null,null,null,null,null,null,{"$f":"BM828-BM830","v":370153641.5684399}]

{"sheet":"кс-6 (2)","index":2,"n_rows":828,"n_cols":71,"rows_kept":828,"cut":false,"hidden":true,"merged":[[832,4,832,5],[832,11,832,12],[832,17,832,18],[832,23,832,24],[832,29,832,30],[832,35,832,36],[830,53,830,54],[830,60,830,61],[830,66,830,67],[830,4,830,5],[830,11,830,12],[830,17,830,18],[830,23,830,24],[830,29,830,30],[830,35,830,36],[28,60,28,61],[28,62,28,63],[28,66,28,67],[832,41,832,42],[832,47,832,48],[832,53,832,54],[832,60,832,61],[832,66,832,67],[830,41,830,42],[830,47,830,48],[26,10,26,15],[26,16,26,21],[26,22,26,27],[27,59,27,64],[27,65,27,70],[28,4,28,5],[28,6,28,7],[28,11,28,12],[28,13,28,14],[28,17,28,18],[28,68,28,69],[28,49,28,50],[28,53,28,54],[28,37,28,38],[28,41,28,42],[28,43,28,44],[28,47,28,48],[28,19,28,20],[28,23,28,24],[28,25,28,26],[28,29,28,30],[28,31,28,32],[28,35,28,36],[28,55,28,56],[24,10,24,15],[24,16,24,21],[24,22,24,27],[25,10,25,15],[25,16,25,21],[25,22,25,27],[18,13,18,15],[18,19,18,21],[18,25,18,27],[20,12,21,12],[20,13,21,13],[20,14,20,15],[16,13,16,15],[16,19,16,21],[16,25,16,27],[17,13,17,15],[17,19,17,21],[17,25,17,27],[14,13,14,15],[14,19,14,21],[14,25,14,27],[15,13,15,15],[15,19,15,21],[15,25,15,27],[12,13,12,15],[12,19,12,21],[12,25,12,27],[13,13,13,15],[13,19,13,21],[13,25,13,27],[10,13,10,15],[10,19,10,21],[10,25,10,27],[11,13,11,15],[11,19,11,21],[11,25,11,27],[8,13,8,15],[8,19,8,21],[8,25,8,27],[9,13,9,15],[9,19,9,21],[9,25,9,27],[6,13,6,15],[6,19,6,21],[6,25,6,27],[7,13,7,15],[7,19,7,21],[7,25,7,27],[4,13,4,15],[4,19,4,21],[4,25,4,27],[5,13,5,15],[5,19,5,21],[5,25,5,27],[1,13,1,15],[2,13,2,15],[2,19,2,21],[2,25,2,27],[3,13,3,15],[3,19,3,21],[3,25,3,27]]}
[]
["Инвестор",null,null,null,null,null,null,null,null,null,null,null,null,"Код",null,null,null,null,null,"Код",null,null,null,null,null,"Код"]
[null,"(организация, адрес, телефон, факс)",null,null,null,null,null,null,null,null,null,null,"Форма по ОКУД","0322005",null,null,null,null,"Форма по ОКУД","0322005",null,null,null,null,"Форма по ОКУД","0322005"]
["Заказчик (Генподрядчик)","АО «МЕТРОВАГОНМАШ», 141009, Московская обл., г. о. Мытищи, г. Мытищи,  ул. Колонцова, 4, 8 (498) 687-45-55"]
[null,"(организация, адрес, телефон, факс)",null,null,null,null,null,null,null,null,null,null,"по ОКПО",null,null,null,null,null,"по ОКПО",null,null,null,null,null,"по ОКПО"]
["Подрядчик (Субподрядчик)","ООО «КиКГЕОСТРОЙ», 109004, г. Москва, ул. Земляной Вал, д.65, кв.59; +7 (495) 915-24-71"]
[null,"(организация, адрес, телефон, факс)",null,null,null,null,null,null,null,null,null,null,"по ОКПО","05804803",null,null,null,null,"по ОКПО","05804803",null,null,null,null,"по ОКПО","05804803"]
["Стройка","Цех №8, расположенный по адресу: Московская область, г.о. Мытищи, ул.Колонцова, д.4"]
[null,"(наименование, адрес)",null,null,null,null,null,null,null,null,null,null,"по ОКПО","16673706",null,null,null,null,"по ОКПО","16673706",null,null,null,null,"по ОКПО","16673706"]
["Объект","Ремонт цеха №8, расположенного по адресу: Московская область, г.о. Мытищи, ул.Колонцова, д.4"]
[null,"(наименование)"]
[]
[]
[null,null,null,null,null,null,null,null,null,null,null,null,"Вид деятельности по ОКДП",null,null,null,null,null,"Вид деятельности по ОКДП",null,null,null,null,null,"Вид деятельности по ОКДП"]
[null,null,null,null,null,null,null,null,null,null,null,"Договор подряда (контракт)","номер","МВМ/19-07",null,null,null,"Договор подряда (контракт)","номер","МВМ/19-07",null,null,null,"Договор подряда (контракт)","номер","МВМ/19-07"]
[null,null,null,null,null,null,null,null,null,null,null,null,"дата","19.07.2023",null,null,null,null,"дата","19.07.2023",null,null,null,null,"дата","19.07.2023"]
[null,null,null,null,null,null,null,null,null,null,null,"Дополнительное соглашение","номер","4",null,null,null,"Дополнительное соглашение","номер","4",null,null,null,"Дополнительное соглашение","номер","4"]
[null,null,null,null,null,null,null,null,null,null,null,null,"дата","08.02.2024",null,null,null,null,"дата","08.02.2024",null,null,null,null,"дата","08.02.2024"]
[null,null,null,null,null,null,null,null,null,null,null,null,"Вид операции",null,null,null,null,null,"Вид операции",null,null,null,null,null,"Вид операции"]
[]
[null,null,null,null,null,null,null,null,null,null,null,null,"Номер документа","Дата составления","Отчетный период",null,null,null,"Номер документа","Дата составления","Отчетный период",null,null,null,"Номер документа","Дата составления","Отчетный период"]
[null,null,null,null,null,null,null,null,null,null,null,null,null,null,"с","по",null,null,null,null,"с","по",null,null,null,null,"с","по"]
[null,null,null,null,null,null,null,null,null,null,null,null,"1",{"$f":"P23","v":"2024-03-20"},"2023-07-19","2024-03-20",null,null,2,{"$f":"V23","v":"2024-05-02"},"2024-03-21","2024-05-02",null,null,"3",{"$f":"AB23","v":"00:00:00"}]
[]
[null,null,null,null,null,null,null,null,null,null,"АКТ",null,null,null,null,null,"АКТ",null,null,null,null,null,"АКТ"]
[null,null,null,null,null,null,null,null,null,null,"О ПРИЕМКЕ ВЫПОЛНЕННЫХ РАБОТ ",null,null,null,null,null,"О ПРИЕМКЕ ВЫПОЛНЕННЫХ РАБОТ ",null,null,null,null,null,"О ПРИЕМКЕ ВЫПОЛНЕННЫХ РАБОТ "]
[null,null,null,null,null,null,null,null,null,null,"за МАРТ 2024 г.",null,null,null,null,null,"за МАЙ 2024 г.",null,null,null,null,null,"за  2024 г."]
[null,null,null,null,null,null,null,null,null,null,"кс-3 №1 от 20.03.24г.",null,null,null,null,null,"кс-3 №2 от 02.05.24г.",null,null,null,null,null,"кс-3 №3 от 23.05.24г.",null,null,null,null,null,"кс-3 №",null,null,null,null,null,"кс-3 №",null,null,null,null,null,"кс-3 №",null,null,null,null,null,"кс-3 №",null,null,null,null,null,"кс-3 №",null,null,null,null,null,null,"Выполнено ВСЕГО",null,null,null,null,null,"ОСТАТОК"]
[null,null,null,null,"Стоимость работ, руб. с НДС",null,"Стоимость материалов, руб. с НДС",null,null,null,null,"Стоимость работ, руб. с НДС",null,"Стоимость материалов, руб. с НДС",null,null,null,"Стоимость работ, руб. с НДС",null,"Стоимость материалов, руб. с НДС",null,null,null,"Стоимость работ, руб. с НДС",null,"Стоимость материалов, руб. с НДС",null,null,null,"Стоимость работ, руб. с НДС",null,"Стоимость материалов, руб. с НДС",null,null,null,"Стоимость работ, руб. с НДС",null,"Стоимость материалов, руб. с НДС",null,null,null,"Стоимость работ, руб. с НДС",null,"Стоимость материалов, руб. с НДС",null,null,null,"Стоимость работ, руб. с НДС",null,"Стоимость материалов, руб. с НДС",null,null,null,"Стоимость работ, руб. с НДС",null,"Стоимость материалов, руб. с НДС",null,null,null,null,"Стоимость работ, руб. с НДС",null,"Стоимость материалов, руб. с НДС",null,null,null,"Стоимость работ, руб. с НДС",null,"Стоимость материалов, руб. с НДС"]
["№","Наименовение","Ед.изм","Кол-во","за ед.","Итого","за ед.","Итого","Итого, руб. с НДС",null,"Кол-во","за ед.","Итого","за ед.","Итого","Итого, руб. с НДС","Кол-во","за ед.","Итого","за ед.","Итого","Итого, руб. с НДС","Кол-во","за ед.","Итого","за ед.","Итого","Итого, руб. с НДС","Кол-во","за ед.","Итого","за ед.","Итого","Итого, руб. с НДС","Кол-во","за ед.","Итого","за ед.","Итого","Итого, руб. с НДС","Кол-во","за ед.","Итого","за ед.","Итого","Итого, руб. с НДС","Кол-во","за ед.","Итого","за ед.","Итого","Итого, руб. с НДС","Кол-во","за ед.","Итого","за ед.","Итого","Итого, руб. с НДС",null,"Кол-во","за ед.","Итого","за ед.","Итого","Итого, руб. с НДС","Кол-во","за ед.","Итого","за ед.","Итого","Итого, руб. с НДС"]
[1,"Основные объекты строительства, реконструкции, капитального ремонта, в том числе:"]
["1.1","130-23-АС3 Архитектурно-строительные решения",null,null,null,{"$f":"F34+F35+F36+F37+F39+F40+F42+F43+F44+F45+F46+F47+F48+F49+F51+F52+F53+F54+F55+F56+F57+F58+F59+F60+F61+F62+F63+F64+F65+F66+F67+F68+F69+F70+F71+F72+F74+F75+F76+F77+F79+F80+F81+F82+F83+F84+F85+F86+F87+F88+F89+F90+F91+F92+F93","v":23834068.015500002},null,{"$f":"H34+H35+H36+H37+H39+H40+H42+H43+H44+H45+H46+H47+H48+H49+H51+H52+H53+H54+H55+H56+H57+H58+H59+H60+H61+H62+H63+H64+H65+H66+H67+H68+H69+H70+H71+H72+H74+H75+H76+H77+H79+H80+H81+H82+H83+H84+H85+H86+H87+H88+H89+H90+H91+H92+H93","v":21868543.3015},{"$f":"I34+I35+I36+I37+I39+I40+I42+I43+I44+I45+I46+I47+I48+I49+I51+I52+I53+I54+I55+I56+I57+I58+I59+I60+I61+I62+I63+I64+I65+I66+I67+I68+I69+I70+I71+I72+I74+I75+I76+I77+I79+I80+I81+I82+I83+I84+I85+I86+I87+I88+I89+I90+I91+I92+I93","v":45702611.317000002},null,null,null,{"$f":"M34+M35+M36+M37+M39+M40+M42+M43+M44+M45+M46+M47+M48+M49+M51+M52+M53+M54+M55+M56+M57+M58+M59+M60+M61+M62+M63+M64+M65+M66+M67+M68+M69+M70+M71+M72+M74+M75+M76+M77+M79+M80+M81+M82+M83+M84+M85+M86+M87+M88+M89+M90+M91+M92+M93","v":6476170},null,{"$f":"O34+O35+O36+O37+O39+O40+O42+O43+O44+O45+O46+O47+O48+O49+O51+O52+O53+O54+O55+O56+O57+O58+O59+O60+O61+O62+O63+O64+O65+O66+O67+O68+O69+O70+O71+O72+O74+O75+O76+O77+O79+O80+O81+O82+O83+O84+O85+O86+O87+O88+O89+O90+O91+O92+O93","v":6962719.6450000005},{"$f":"P34+P35+P36+P37+P39+P40+P42+P43+P44+P45+P46+P47+P48+P49+P51+P52+P53+P54+P55+P56+P57+P58+P59+P60+P61+P62+P63+P64+P65+P66+P67+P68+P69+P70+P71+P72+P74+P75+P76+P77+P79+P80+P81+P82+P83+P84+P85+P86+P87+P88+P89+P90+P91+P92+P93","v":13438889.645},null,null,{"$f":"S34+S35+S36+S37+S39+S40+S42+S43+S44+S45+S46+S47+S48+S49+S51+S52+S53+S54+S55+S56+S57+S58+S59+S60+S61+S62+S63+S64+S65+S66+S67+S68+S69+S70+S71+S72+S74+S75+S76+S77+S79+S80+S81+S82+S83+S84+S85+S86+S87+S88+S89+S90+S91+S92+S93","v":1864348.8},null,{"$f":"U34+U35+U36+U37+U39+U40+U42+U43+U44+U45+U46+U47+U48+U49+U51+U52+U53+U54+U55+U56+U57+U58+U59+U60+U61+U62+U63+U64+U65+U66+U67+U68+U69+U70+U71+U72+U74+U75+U76+U77+U79+U80+U81+U82+U83+U84+U85+U86+U87+U88+U89+U90+U91+U92+U93","v":1794786.96},{"$f":"V34+V35+V36+V37+V39+V40+V42+V43+V44+V45+V46+V47+V48+V49+V51+V52+V53+V54+V55+V56+V57+V58+V59+V60+V61+V62+V63+V64+V65+V66+V67+V68+V69+V70+V71+V72+V74+V75+V76+V77+V79+V80+V81+V82+V83+V84+V85+V86+V87+V88+V89+V90+V91+V92+V93","v":3659135.76},null,null,{"$f":"Y34+Y35+Y36+Y37+Y39+Y40+Y42+Y43+Y44+Y45+Y46+Y47+Y48+Y49+Y51+Y52+Y53+Y54+Y55+Y56+Y57+Y58+Y59+Y60+Y61+Y62+Y63+Y64+Y65+Y66+Y67+Y68+Y69+Y70+Y71+Y72+Y74+Y75+Y76+Y77+Y79+Y80+Y81+Y82+Y83+Y84+Y85+Y86+Y87+Y88+Y89+Y90+Y91+Y92+Y93","v":10720245.656000001},null,{"$f":"AA34+AA35+AA36+AA37+AA39+AA40+AA42+AA43+AA44+AA45+AA46+AA47+AA48+AA49+AA51+AA52+AA53+AA54+AA55+AA56+AA57+AA58+AA59+AA60+AA61+AA62+AA63+AA64+AA65+AA66+AA67+AA68+AA69+AA70+AA71+AA72+AA74+AA75+AA76+AA77+AA79+AA80+AA81+AA82+AA83+AA84+AA85+AA86+AA87+AA88+AA89+AA90+AA91+AA92+AA93","v":8589710.3900000006},{"$f":"AB34+AB35+AB36+AB37+AB39+AB40+AB42+AB43+AB44+AB45+AB46+AB47+AB48+AB49+AB51+AB52+AB53+AB54+AB55+AB56+AB57+AB58+AB59+AB60+AB61+AB62+AB63+AB64+AB65+AB66+AB67+AB68+AB69+AB70+AB71+AB72+AB74+AB75+AB76+AB77+AB79+AB80+AB81+AB82+AB83+AB84+AB85+AB86+AB87+AB88+AB89+AB90+AB91+AB92+AB93","v":19309956.046},null,null,{"$f":"AE34+AE35+AE36+AE37+AE39+AE40+AE42+AE43+AE44+AE45+AE46+AE47+AE48+AE49+AE51+AE52+AE53+AE54+AE55+AE56+AE57+AE58+AE59+AE60+AE61+AE62+AE63+AE64+AE65+AE66+AE67+AE68+AE69+AE70+AE71+AE72+AE74+AE75+AE76+AE77+AE79+AE80+AE81+AE82+AE83+AE84+AE85+AE86+AE87+AE88+AE89+AE90+AE91+AE92+AE93","v":0},null,{"$f":"AG34+AG35+AG36+AG37+AG39+AG40+AG42+AG43+AG44+AG45+AG46+AG47+AG48+AG49+AG51+AG52+AG53+AG54+AG55+AG56+AG57+AG58+AG59+AG60+AG61+AG62+AG63+AG64+AG65+AG66+AG67+AG68+AG69+AG70+AG71+AG72+AG74+AG75+AG76+AG77+AG79+AG80+AG81+AG82+AG83+AG84+AG85+AG86+AG87+AG88+AG89+AG90+AG91+AG92+AG93","v":0},{"$f":"AH34+AH35+AH36+AH37+AH39+AH40+AH42+AH43+AH44+AH45+AH46+AH47+AH48+AH49+AH51+AH52+AH53+AH54+AH55+AH56+AH57+AH58+AH59+AH60+AH61+AH62+AH63+AH64+AH65+AH66+AH67+AH68+AH69+AH70+AH71+AH72+AH74+AH75+AH76+AH77+AH79+AH80+AH81+AH82+AH83+AH84+AH85+AH86+AH87+AH88+AH89+AH90+AH91+AH92+AH93","v":0},null,null,{"$f":"AK34+AK35+AK36+AK37+AK39+AK40+AK42+AK43+AK44+AK45+AK46+AK47+AK48+AK49+AK51+AK52+AK53+AK54+AK55+AK56+AK57+AK58+AK59+AK60+AK61+AK62+AK63+AK64+AK65+AK66+AK67+AK68+AK69+AK70+AK71+AK72+AK74+AK75+AK76+AK77+AK79+AK80+AK81+AK82+AK83+AK84+AK85+AK86+AK87+AK88+AK89+AK90+AK91+AK92+AK93","v":0},null,{"$f":"AM34+AM35+AM36+AM37+AM39+AM40+AM42+AM43+AM44+AM45+AM46+AM47+AM48+AM49+AM51+AM52+AM53+AM54+AM55+AM56+AM57+AM58+AM59+AM60+AM61+AM62+AM63+AM64+AM65+AM66+AM67+AM68+AM69+AM70+AM71+AM72+AM74+AM75+AM76+AM77+AM79+AM80+AM81+AM82+AM83+AM84+AM85+AM86+AM87+AM88+AM89+AM90+AM91+AM92+AM93","v":0},{"$f":"AN34+AN35+AN36+AN37+AN39+AN40+AN42+AN43+AN44+AN45+AN46+AN47+AN48+AN49+AN51+AN52+AN53+AN54+AN55+AN56+AN57+AN58+AN59+AN60+AN61+AN62+AN63+AN64+AN65+AN66+AN67+AN68+AN69+AN70+AN71+AN72+AN74+AN75+AN76+AN77+AN79+AN80+AN81+AN82+AN83+AN84+AN85+AN86+AN87+AN88+AN89+AN90+AN91+AN92+AN93","v":0},null,null,{"$f":"AQ34+AQ35+AQ36+AQ37+AQ39+AQ40+AQ42+AQ43+AQ44+AQ45+AQ46+AQ47+AQ48+AQ49+AQ51+AQ52+AQ53+AQ54+AQ55+AQ56+AQ57+AQ58+AQ59+AQ60+AQ61+AQ62+AQ63+AQ64+AQ65+AQ66+AQ67+AQ68+AQ69+AQ70+AQ71+AQ72+AQ74+AQ75+AQ76+AQ77+AQ79+AQ80+AQ81+AQ82+AQ83+AQ84+AQ85+AQ86+AQ87+AQ88+AQ89+AQ90+AQ91+AQ92+AQ93","v":0},null,{"$f":"AS34+AS35+AS36+AS37+AS39+AS40+AS42+AS43+AS44+AS45+AS46+AS47+AS48+AS49+AS51+AS52+AS53+AS54+AS55+AS56+AS57+AS58+AS59+AS60+AS61+AS62+AS63+AS64+AS65+AS66+AS67+AS68+AS69+AS70+AS71+AS72+AS74+AS75+AS76+AS77+AS79+AS80+AS81+AS82+AS83+AS84+AS85+AS86+AS87+AS88+AS89+AS90+AS91+AS92+AS93","v":0},{"$f":"AT34+AT35+AT36+AT37+AT39+AT40+AT42+AT43+AT44+AT45+AT46+AT47+AT48+AT49+AT51+AT52+AT53+AT54+AT55+AT56+AT57+AT58+AT59+AT60+AT61+AT62+AT63+AT64+AT65+AT66+AT67+AT68+AT69+AT70+AT71+AT72+AT74+AT75+AT76+AT77+AT79+AT80+AT81+AT82+AT83+AT84+AT85+AT86+AT87+AT88+AT89+AT90+AT91+AT92+AT93","v":0},null,null,{"$f":"AW34+AW35+AW36+AW37+AW39+AW40+AW42+AW43+AW44+AW45+AW46+AW47+AW48+AW49+AW51+AW52+AW53+AW54+AW55+AW56+AW57+AW58+AW59+AW60+AW61+AW62+AW63+AW64+AW65+AW66+AW67+AW68+AW69+AW70+AW71+AW72+AW74+AW75+AW76+AW77+AW79+AW80+AW81+AW82+AW83+AW84+AW85+AW86+AW87+AW88+AW89+AW90+AW91+AW92+AW93","v":0},null,{"$f":"AY34+AY35+AY36+AY37+AY39+AY40+AY42+AY43+AY44+AY45+AY46+AY47+AY48+AY49+AY51+AY52+AY53+AY54+AY55+AY56+AY57+AY58+AY59+AY60+AY61+AY62+AY63+AY64+AY65+AY66+AY67+AY68+AY69+AY70+AY71+AY72+AY74+AY75+AY76+AY77+AY79+AY80+AY81+AY82+AY83+AY84+AY85+AY86+AY87+AY88+AY89+AY90+AY91+AY92+AY93","v":0},{"$f":"AZ34+AZ35+AZ36+AZ37+AZ39+AZ40+AZ42+AZ43+AZ44+AZ45+AZ46+AZ47+AZ48+AZ49+AZ51+AZ52+AZ53+AZ54+AZ55+AZ56+AZ57+AZ58+AZ59+AZ60+AZ61+AZ62+AZ63+AZ64+AZ65+AZ66+AZ67+AZ68+AZ69+AZ70+AZ71+AZ72+AZ74+AZ75+AZ76+AZ77+AZ79+AZ80+AZ81+AZ82+AZ83+AZ84+AZ85+AZ86+AZ87+AZ88+AZ89+AZ90+AZ91+AZ92+AZ93","v":0},null,null,{"$f":"BC34+BC35+BC36+BC37+BC39+BC40+BC42+BC43+BC44+BC45+BC46+BC47+BC48+BC49+BC51+BC52+BC53+BC54+BC55+BC56+BC57+BC58+BC59+BC60+BC61+BC62+BC63+BC64+BC65+BC66+BC67+BC68+BC69+BC70+BC71+BC72+BC74+BC75+BC76+BC77+BC79+BC80+BC81+BC82+BC83+BC84+BC85+BC86+BC87+BC88+BC89+BC90+BC91+BC92+BC93","v":0},null,{"$f":"BE34+BE35+BE36+BE37+BE39+BE40+BE42+BE43+BE44+BE45+BE46+BE47+BE48+BE49+BE51+BE52+BE53+BE54+BE55+BE56+BE57+BE58+BE59+BE60+BE61+BE62+BE63+BE64+BE65+BE66+BE67+BE68+BE69+BE70+BE71+BE72+BE74+BE75+BE76+BE77+BE79+BE80+BE81+BE82+BE83+BE84+BE85+BE86+BE87+BE88+BE89+BE90+BE91+BE92+BE93","v":0},{"$f":"BF34+BF35+BF36+BF37+BF39+BF40+BF42+BF43+BF44+BF45+BF46+BF47+BF48+BF49+BF51+BF52+BF53+BF54+BF55+BF56+BF57+BF58+BF59+BF60+BF61+BF62+BF63+BF64+BF65+BF66+BF67+BF68+BF69+BF70+BF71+BF72+BF74+BF75+BF76+BF77+BF79+BF80+BF81+BF82+BF83+BF84+BF85+BF86+BF87+BF88+BF89+BF90+BF91+BF92+BF93","v":0},null,null,null,{"$f":"BJ34+BJ35+BJ36+BJ37+BJ39+BJ40+BJ42+BJ43+BJ44+BJ45+BJ46+BJ47+BJ48+BJ49+BJ51+BJ52+BJ53+BJ54+BJ55+BJ56+BJ57+BJ58+BJ59+BJ60+BJ61+BJ62+BJ63+BJ64+BJ65+BJ66+BJ67+BJ68+BJ69+BJ70+BJ71+BJ72+BJ74+BJ75+BJ76+BJ77+BJ79+BJ80+BJ81+BJ82+BJ83+BJ84+BJ85+BJ86+BJ87+BJ88+BJ89+BJ90+BJ91+BJ92+BJ93","v":19060764.456},null,{"$f":"BL34+BL35+BL36+BL37+BL39+BL40+BL42+BL43+BL44+BL45+BL46+BL47+BL48+BL49+BL51+BL52+BL53+BL54+BL55+BL56+BL57+BL58+BL59+BL60+BL61+BL62+BL63+BL64+BL65+BL66+BL67+BL68+BL69+BL70+BL71+BL72+BL74+BL75+BL76+BL77+BL79+BL80+BL81+BL82+BL83+BL84+BL85+BL86+BL87+BL88+BL89+BL90+BL91+BL92+BL93","v":17347216.994999997},{"$f":"BM34+BM35+BM36+BM37+BM39+BM40+BM42+BM43+BM44+BM45+BM46+BM47+BM48+BM49+BM51+BM52+BM53+BM54+BM55+BM56+BM57+BM58+BM59+BM60+BM61+BM62+BM63+BM64+BM65+BM66+BM67+BM68+BM69+BM70+BM71+BM72+BM74+BM75+BM76+BM77+BM79+BM80+BM81+BM82+BM83+BM84+BM85+BM86+BM87+BM88+BM89+BM90+BM91+BM92+BM93","v":36407981.451000005},null,null,{"$f":"BP34+BP35+BP36+BP37+BP39+BP40+BP42+BP43+BP44+BP45+BP46+BP47+BP48+BP49+BP51+BP52+BP53+BP54+BP55+BP56+BP57+BP58+BP59+BP60+BP61+BP62+BP63+BP64+BP65+BP66+BP67+BP68+BP69+BP70+BP71+BP72+BP74+BP75+BP76+BP77+BP79+BP80+BP81+BP82+BP83+BP84+BP85+BP86+BP87+BP88+BP89+BP90+BP91+BP92+BP93","v":4773303.5594999995},null,{"$f":"BR34+BR35+BR36+BR37+BR39+BR40+BR42+BR43+BR44+BR45+BR46+BR47+BR48+BR49+BR51+BR52+BR53+BR54+BR55+BR56+BR57+BR58+BR59+BR60+BR61+BR62+BR63+BR64+BR65+BR66+BR67+BR68+BR69+BR70+BR71+BR72+BR74+BR75+BR76+BR77+BR79+BR80+BR81+BR82+BR83+BR84+BR85+BR86+BR87+BR88+BR89+BR90+BR91+BR92+BR93","v":4521326.3064999999},{"$f":"BS34+BS35+BS36+BS37+BS39+BS40+BS42+BS43+BS44+BS45+BS46+BS47+BS48+BS49+BS51+BS52+BS53+BS54+BS55+BS56+BS57+BS58+BS59+BS60+BS61+BS62+BS63+BS64+BS65+BS66+BS67+BS68+BS69+BS70+BS71+BS72+BS74+BS75+BS76+BS77+BS79+BS80+BS81+BS82+BS83+BS84+BS85+BS86+BS87+BS88+BS89+BS90+BS91+BS92+BS93","v":9294629.8660000004}]
["1.1.1","Демонтажные работы",null,null,null,null,null,null,null,null,null,null,null,null,null,null,null,null,null,null,null,null,null,null,null,null,null,null,null,null,null,null,null,null,null,null,null,null,null,null,null,null,null,null,null,null,null,null,null,null,null,null,null,null,null,null,null,null,null,{"$f":"K33+Q33+W33+AC33+AI33+AO33+AU33+BA33","v":0},null,null,null,null,null,{"$f":"D33-BH33","v":0}]
["1.1.1.1","Частичный демонтаж крестовых связей","тн",0.44,49415,{"$f":"D34*E34","v":21742.6},0,null,{"$f":"E34*D34+G34*D34","v":21742.6},null,0.44,49415,{"$f":"K34*L34","v":21742.6},0,null,{"$f":"L34*K34+N34*K34","v":21742.6},null,49415,{"$f":"Q34*R34","v":0},0,null,{"$f":"R34*Q34+T34*Q34","v":0},null,49415,{"$f":"W34*X34","v":0},0,null,{"$f":"X34*W34+Z34*W34","v":0},null,49415,{"$f":"AC34*AD34","v":0},0,null,{"$f":"AD34*AC34+AF34*AC34","v":0},null,49415,{"$f":"AI34*AJ34","v":0},0,null,{"$f":"AJ34*AI34+AL34*AI34","v":0},null,49415,{"$f":"AO34*AP34","v":0},0,null,{"$f":"AP34*AO34+AR34*AO34","v":0},null,49415,{"$f":"AU34*AV34","v":0},0,null,{"$f":"AV34*AU34+AX34*AU34","v":0},null,49415,{"$f":"BA34*BB34","v":0},0,null,{"$f":"BB34*BA34+BD34*BA34","v":0},null,{"$f":"K34+Q34+W34+AC34+AI34+AO34+AU34+BA34","v":0.44},49415,{"$f":"BH34*BI34","v":21742.6},0,null,{"$f":"BI34*BH34+BK34*BH34","v":21742.6},{"$f":"D34-BH34","v":0},49415,{"$f":"BN34*BO34","v":0},0,null,{"$f":"BO34*BN34+BQ34*BN34","v":0}]
["1.1.1.2","Демонтаж сэндвич панелей","м2",389.4,990,{"$f":"D35*E35","v":385506},0,null,{"$f":"E35*D35+G35*D35","v":385506},null,389.4,990,{"$f":"K35*L35","v":385506},0,null,{"$f":"L35*K35+N35*K35","v":385506},null,990,{"$f":"Q35*R35","v":0},0,null,{"$f":"R35*Q35+T35*Q35","v":0},null,990,{"$f":"W35*X35","v":0},0,null,{"$f":"X35*W35+Z35*W35","v":0},null,990,{"$f":"AC35*AD35","v":0},0,null,{"$f":"AD35*AC35+AF35*AC35","v":0},null,990,{"$f":"AI35*AJ35","v":0},0,null,{"$f":"AJ35*AI35+AL35*AI35","v":0},null,990,{"$f":"AO35*AP35","v":0},0,null,{"$f":"AP35*AO35+AR35*AO35","v":0},null,990,{"$f":"AU35*AV35","v":0},0,null,{"$f":"AV35*AU35+AX35*AU35","v":0},null,990,{"$f":"BA35*BB35","v":0},0,null,{"$f":"BB35*BA35+BD35*BA35","v":0},null,389.4,990,{"$f":"BH35*BI35","v":385506},0,null,{"$f":"BI35*BH35+BK35*BH35","v":385506},0,990,{"$f":"BN35*BO35","v":0},0,null,{"$f":"BO35*BN35+BQ35*BN35","v":0}]
["1.1.2","Устройство фахверка","тн",0.34,95478,{"$f":"D36*E36","v":32462.520000000004},229000,{"$f":"D36*G36","v":77860},{"$f":"E36*D36+G36*D36","v":110322.52},null,null,95478,{"$f":"K36*L36","v":0},229000,{"$f":"K36*N36","v":0},{"$f":"L36*K36+N36*K36","v":0},null,95478,{"$f":"Q36*R36","v":0},229000,{"$f":"Q36*T36","v":0},{"$f":"R36*Q36+T36*Q36","v":0},null,95478,{"$f":"W36*X36","v":0},229000,{"$f":"W36*Z36","v":0},{"$f":"X36*W36+Z36*W36","v":0},null,95478,{"$f":"AC36*AD36","v":0},229000,{"$f":"AC36*AF36","v":0},{"$f":"AD36*AC36+AF36*AC36","v":0},null,95478,{"$f":"AI36*AJ36","v":0},229000,{"$f":"AI36*AL36","v":0},{"$f":"AJ36*AI36+AL36*AI36","v":0},null,95478,{"$f":"AO36*AP36","v":0},229000,{"$f":"AO36*AR36","v":0},{"$f":"AP36*AO36+AR36*AO36","v":0},null,95478,{"$f":"AU36*AV36","v":0},229000,{"$f":"AU36*AX36","v":0},{"$f":"AV36*AU36+AX36*AU36","v":0},null,95478,{"$f":"BA36*BB36","v":0},229000,{"$f":"BA36*BD36","v":0},{"$f":"BB36*BA36+BD36*BA36","v":0},null,0,95478,{"$f":"BH36*BI36","v":0},229000,{"$f":"BH36*BK36","v":0},{"$f":"BI36*BH36+BK36*BH36","v":0},0.34,95478,{"$f":"BN36*BO36","v":32462.520000000004},229000,{"$f":"BN36*BQ36","v":77860},{"$f":"BO36*BN36+BQ36*BN36","v":110322.52}]
["1.1.3","Устройство сэндвич панелей","м2",389.4,2711,{"$f":"D37*E37","v":1055663.3999999999},6573,{"$f":"D37*G37","v":2559526.1999999997},{"$f":"E37*D37+G37*D37","v":3615189.5999999996},null,389.4,2711,{"$f":"K37*L37","v":1055663.3999999999},6573,{"$f":"K37*N37","v":2559526.1999999997},{"$f":"L37*K37+N37*K37","v":3615189.5999999996},null,2711,{"$f":"Q37*R37","v":0},6573,{"$f":"Q37*T37","v":0},{"$f":"R37*Q37+T37*Q37","v":0},null,2711,{"$f":"W37*X37","v":0},6573,{"$f":"W37*Z37","v":0},{"$f":"X37*W37+Z37*W37","v":0},null,2711,{"$f":"AC37*AD37","v":0},6573,{"$f":"AC37*AF37","v":0},{"$f":"AD37*AC37+AF37*AC37","v":0},null,2711,{"$f":"AI37*AJ37","v":0},6573,{"$f":"AI37*AL37","v":0},{"$f":"AJ37*AI37+AL37*AI37","v":0},null,2711,{"$f":"AO37*AP37","v":0},6573,{"$f":"AO37*AR37","v":0},{"$f":"AP37*AO37+AR37*AO37","v":0},null,2711,{"$f":"AU37*AV37","v":0},6573,{"$f":"AU37*AX37","v":0},{"$f":"AV37*AU37+AX37*AU37","v":0},null,2711,{"$f":"BA37*BB37","v":0},6573,{"$f":"BA37*BD37","v":0},{"$f":"BB37*BA37+BD37*BA37","v":0},null,389.4,2711,{"$f":"BH37*BI37","v":1055663.3999999999},6573,{"$f":"BH37*BK37","v":2559526.1999999997},{"$f":"BI37*BH37+BK37*BH37","v":3615189.5999999996},0,2711,{"$f":"BN37*BO37","v":0},6573,{"$f":"BN37*BQ37","v":0},{"$f":"BO37*BN37+BQ37*BN37","v":0}]
["1.1.4","Устройство перегородок",null,null,0,null,0,null,null,null,null,0,null,0,null,null,null,0,null,0,null,null,null,0,null,0,null,null,null,0,null,0,null,null,null,0,null,0,null,null,null,0,null,0,null,null,null,0,null,0,null,null,null,0,null,0,null,null,null,0,0,null,0,null,null,0,0,null,0]
["1.1.4.1","Перегородки гипсокартонные типа С112 комплексной системы КНАУФ толщиной 100 мм с облицовкой 2мя листами ГКЛ (толщиной 12,5мм) со звукоизолирующим слоем из минераловатных плит Лайт Баттс толщиной 50 мм","м2",536,4955,{"$f":"D39*E39","v":2655880},4501,{"$f":"D39*G39","v":2412536},{"$f":"E39*D39+G39*D39","v":5068416},null,428.8,4955,{"$f":"K39*L39","v":2124704},4501,{"$f":"K39*N39","v":1930028.8},{"$f":"L39*K39+N39*K39","v":4054732.7999999998},96.96,4955,{"$f":"Q39*R39","v":480436.8},4501,{"$f":"Q39*T39","v":436416.95999999996},{"$f":"R39*Q39+T39*Q39","v":916853.76000000001},null,4955,{"$f":"W39*X39","v":0},4501,{"$f":"W39*Z39","v":0},{"$f":"X39*W39+Z39*W39","v":0},null,4955,{"$f":"AC39*AD39","v":0},4501,{"$f":"AC39*AF39","v":0},{"$f":"AD39*AC39+AF39*AC39","v":0},null,4955,{"$f":"AI39*AJ39","v":0},4501,{"$f":"AI39*AL39","v":0},{"$f":"AJ39*AI39+AL39*AI39","v":0},null,4955,{"$f":"AO39*AP39","v":0},4501,{"$f":"AO39*AR39","v":0},{"$f":"AP39*AO39+AR39*AO39","v":0},null,4955,{"$f":"AU39*AV39","v":0},4501,{"$f":"AU39*AX39","v":0},{"$f":"AV39*AU39+AX39*AU39","v":0},null,4955,{"$f":"BA39*BB39","v":0},4501,{"$f":"BA39*BD39","v":0},{"$f":"BB39*BA39+BD39*BA39","v":0},null,525.76,4955,{"$f":"BH39*BI39","v":2605140.7999999998},4501,{"$f":"BH39*BK39","v":2366445.7599999998},{"$f":"BI39*BH39+BK39*BH39","v":4971586.5599999996},10.240000000000009,4955,{"$f":"BN39*BO39","v":50739.200000000048},4501,{"$f":"BN39*BQ39","v":46090.240000000042},{"$f":"BO39*BN39+BQ39*BN39","v":96829.44000000009}]
["1.1.4.2","Устройство отверстий под воздуховоды","шт",2,8577.8799999999992,{"$f":"D40*E40","v":17155.759999999998},4657.25,{"$f":"D40*G40","v":9314.5},{"$f":"E40*D40+G40*D40","v":26470.26},null,null,8577.8799999999992,{"$f":"K40*L40","v":0},4657.25,{"$f":"K40*N40","v":0},{"$f":"L40*K40+N40*K40","v":0},null,8577.8799999999992,{"$f":"Q40*R40","v":0},4657.25,{"$f":"Q40*T40","v":0},{"$f":"R40*Q40+T40*Q40","v":0},null,8577.8799999999992,{"$f":"W40*X40","v":0},4657.25,{"$f":"W40*Z40","v":0},{"$f":"X40*W40+Z40*W40","v":0},null,8577.8799999999992,{"$f":"AC40*AD40","v":0},4657.25,{"$f":"AC40*AF40","v":0},{"$f":"AD40*AC40+AF40*AC40","v":0},null,8577.8799999999992,{"$f":"AI40*AJ40","v":0},4657.25,{"$f":"AI40*AL40","v":0},{"$f":"AJ40*AI40+AL40*AI40","v":0},null,8577.8799999999992,{"$f":"AO40*AP40","v":0},4657.25,{"$f":"AO40*AR40","v":0},{"$f":"AP40*AO40+AR40*AO40","v":0},null,8577.8799999999992,{"$f":"AU40*AV40","v":0},4657.25,{"$f":"AU40*AX40","v":0},{"$f":"AV40*AU40+AX40*AU40","v":0},null,8577.8799999999992,{"$f":"BA40*BB40","v":0},4657.25,{"$f":"BA40*BD40","v":0},{"$f":"BB40*BA40+BD40*BA40","v":0},null,0,8577.8799999999992,{"$f":"BH40*BI40","v":0},4657.25,{"$f":"BH40*BK40","v":0},{"$f":"BI40*BH40+BK40*BH40","v":0},2,8577.8799999999992,{"$f":"BN40*BO40","v":17155.759999999998},4657.25,{"$f":"BN40*BQ40","v":9314.5},{"$f":"BO40*BN40+BQ40*BN40","v":26470.26}]
["1.1.5","Отделка потолков помещений",null,null,0,null,0,null,null,null,null,0,null,0,null,null,null,0,null,0,null,null,null,0,null,0,null,null,null,0,null,0,null,null,null,0,null,0,null,null,null,0,null,0,null,null,null,0,null,0,null,null,null,0,null,0,null,null,null,0,0,null,0,null,null,0,0,null,0]
["1.1.5.1","Подвесной потолок системы \"Армстронг\"","м2",301.39999999999998,3957.07,{"$f":"D42*E42","v":1192660.898},0,null,{"$f":"E42*D42+G42*D42","v":1192660.898},null,null,3957.07,{"$f":"K42*L42","v":0},0,null,{"$f":"L42*K42+N42*K42","v":0},null,3957.07,{"$f":"Q42*R42","v":0},0,null,{"$f":"R42*Q42+T42*Q42","v":0},301.39999999999998,3957.07,{"$f":"W42*X42","v":1192660.898},0,null,{"$f":"X42*W42+Z42*W42","v":1192660.898},null,3957.07,{"$f":"AC42*AD42","v":0},0,null,{"$f":"AD42*AC42+AF42*AC42","v":0},null,3957.07,{"$f":"AI42*AJ42","v":0},0,null,{"$f":"AJ42*AI42+AL42*AI42","v":0},null,3957.07,{"$f":"AO42*AP42","v":0},0,null,{"$f":"AP42*AO42+AR42*AO42","v":0},null,3957.07,{"$f":"AU42*AV42","v":0},0,null,{"$f":"AV42*AU42+AX42*AU42","v":0},null,3957.07,{"$f":"BA42*BB42","v":0},0,null,{"$f":"BB42*BA42+BD42*BA42","v":0},null,301.39999999999998,3957.07,{"$f":"BH42*BI42","v":1192660.898},0,null,{"$f":"BI42*BH42+BK42*BH42","v":1192660.898},0,3957.07,{"$f":"BN42*BO42","v":0},0,null,{"$f":"BO42*BN42+BQ42*BN42","v":0}]
["1.1.5.2","Подвесной потолок системы с шумоглушением","м2",168.8,1131.76,191041.08800000002,3051.39,{"$f":"D43*G43","v":515074.63200000004},706115.72000000009,null,null,1131.76,0,3051.39,{"$f":"K43*N43","v":0},0,null,1131.76,0,3051.39,{"$f":"Q43*T43","v":0},0,168.8,1131.76,191041.08800000002,3051.39,{"$f":"W43*Z43","v":515074.63200000004},706115.72000000009,null,1131.76,0,3051.39,{"$f":"AC43*AF43","v":0},0,null,1131.76,0,3051.39,{"$f":"AI43*AL43","v":0},0,null,1131.76,0,3051.39,{"$f":"AO43*AR43","v":0},0,null,1131.76,0,3051.39,{"$f":"AU43*AX43","v":0},0,null,1131.76,0,3051.39,{"$f":"BA43*BD43","v":0},0,null,168.8,1131.76,191041.08800000002,3051.39,{"$f":"BH43*BK43","v":515074.63200000004},706115.72000000009,0,1131.76,0,3051.39,{"$f":"BN43*BQ43","v":0},0]
["1.1.5.3","Реечный алюминиевый потолок","м2",111.8,7888.98,881987.96399999992,0,null,881987.96399999992,null,null,7888.98,0,0,null,0,null,7888.98,0,0,null,0,111.8,7888.98,881987.96399999992,0,null,881987.96399999992,null,7888.98,0,0,null,0,null,7888.98,0,0,null,0,null,7888.98,0,0,null,0,null,7888.98,0,0,null,0,null,7888.98,0,0,null,0,null,111.8,7888.98,881987.96399999992,0,null,881987.96399999992,0,7888.98,0,0,null,0]
["1.1.5.4","Затирка бетонной поверхности перекрытия перед устройством потолка","м2",206.75,1134.79,234617.83249999999,719.09,{"$f":"D45*G45","v":148671.85750000001},383289.69,null,null,1134.79,0,719.09,{"$f":"K45*N45","v":0},0,null,1134.79,0,719.09,{"$f":"Q45*T45","v":0},0,null,1134.79,0,719.09,{"$f":"W45*Z45","v":0},0,null,1134.79,0,719.09,{"$f":"AC45*AF45","v":0},0,null,1134.79,0,719.09,{"$f":"AI45*AL45","v":0},0,null,1134.79,0,719.09,{"$f":"AO45*AR45","v":0},0,null,1134.79,0,719.09,{"$f":"AU45*AX45","v":0},0,null,1134.79,0,719.09,{"$f":"BA45*BD45","v":0},0,null,0,1134.79,0,719.09,{"$f":"BH45*BK45","v":0},0,206.75,1134.79,234617.83249999999,719.09,{"$f":"BN45*BQ45","v":148671.85750000001},383289.69]
["1.1.5.5","Устроиство базового слоя шпаклевки","м2",69.400000000000006,888.18,61639.692000000003,462.8,{"$f":"D46*G46","v":32118.320000000003},93758.012000000002,null,null,888.18,0,462.8,{"$f":"K46*N46","v":0},0,null,888.18,0,462.8,{"$f":"Q46*T46","v":0},0,null,888.18,0,462.8,{"$f":"W46*Z46","v":0},0,null,888.18,0,462.8,{"$f":"AC46*AF46","v":0},0,null,888.18,0,462.8,{"$f":"AI46*AL46","v":0},0,null,888.18,0,462.8,{"$f":"AO46*AR46","v":0},0,null,888.18,0,462.8,{"$f":"AU46*AX46","v":0},0,null,888.18,0,462.8,{"$f":"BA46*BD46","v":0},0,null,0,888.18,0,462.8,{"$f":"BH46*BK46","v":0},0,69.400000000000006,888.18,61639.692000000003,462.8,{"$f":"BN46*BQ46","v":32118.320000000003},93758.012000000002]
["1.1.5.6","Устроиство финишного слоя шпаклевки","м2",69.400000000000006,1277.25,88641.150000000009,397.79,{"$f":"D47*G47","v":27606.626000000004},116247.77600000001,null,null,1277.25,0,397.79,{"$f":"K47*N47","v":0},0,null,1277.25,0,397.79,{"$f":"Q47*T47","v":0},0,null,1277.25,0,397.79,{"$f":"W47*Z47","v":0},0,null,1277.25,0,397.79,{"$f":"AC47*AF47","v":0},0,null,1277.25,0,397.79,{"$f":"AI47*AL47","v":0},0,null,1277.25,0,397.79,{"$f":"AO47*AR47","v":0},0,null,1277.25,0,397.79,{"$f":"AU47*AX47","v":0},0,null,1277.25,0,397.79,{"$f":"BA47*BD47","v":0},0,null,0,1277.25,0,397.79,{"$f":"BH47*BK47","v":0},0,69.400000000000006,1277.25,88641.150000000009,397.79,{"$f":"BN47*BQ47","v":27606.626000000004},116247.77600000001]
["1.1.5.7","Окраска потолка силикатной краской за 2 раза ","м2",69.400000000000006,635.48,{"$f":"D48*E48","v":44102.312000000005},740.97,{"$f":"D48*G48","v":51423.318000000007},95525.63,null,null,635.48,{"$f":"K48*L48","v":0},740.97,{"$f":"K48*N48","v":0},0,null,635.48,{"$f":"Q48*R48","v":0},740.97,{"$f":"Q48*T48","v":0},0,null,635.48,{"$f":"W48*X48","v":0},740.97,{"$f":"W48*Z48","v":0},0,null,635.48,{"$f":"AC48*AD48","v":0},740.97,{"$f":"AC48*AF48","v":0},0,null,635.48,{"$f":"AI48*AJ48","v":0},740.97,{"$f":"AI48*AL48","v":0},0,null,635.48,{"$f":"AO48*AP48","v":0},740.97,{"$f":"AO48*AR48","v":0},0,null,635.48,{"$f":"AU48*AV48","v":0},740.97,{"$f":"AU48*AX48","v":0},0,null,635.48,{"$f":"BA48*BB48","v":0},740.97,{"$f":"BA48*BD48","v":0},0,null,0,635.48,{"$f":"BH48*BI48","v":0},740.97,{"$f":"BH48*BK48","v":0},0,69.400000000000006,635.48,{"$f":"BN48*BO48","v":44102.312000000005},740.97,{"$f":"BN48*BQ48","v":51423.318000000007},95525.63]
["1.1.5.8","Грунтовка поверхностей перед окрашиванием ","м2",69.400000000000006,75.650000000000006,{"$f":"D49*E49","v":5250.1100000000006},42.3,{"$f":"D49*G49","v":2935.62},8185.7300000000005,null,null,75.650000000000006,{"$f":"K49*L49","v":0},42.3,{"$f":"K49*N49","v":0},0,null,75.650000000000006,{"$f":"Q49*R49","v":0},42.3,{"$f":"Q49*T49","v":0},0,null,75.650000000000006,{"$f":"W49*X49","v":0},42.3,{"$f":"W49*Z49","v":0},0,null,75.650000000000006,{"$f":"AC49*AD49","v":0},42.3,{"$f":"AC49*AF49","v":0},0,null,75.650000000000006,{"$f":"AI49*AJ49","v":0},42.3,{"$f":"AI49*AL49","v":0},0,null,75.650000000000006,{"$f":"AO49*AP49","v":0},42.3,{"$f":"AO49*AR49","v":0},0,null,75.650000000000006,{"$f":"AU49*AV49","v":0},42.3,{"$f":"AU49*AX49","v":0},0,null,75.650000000000006,{"$f":"BA49*BB49","v":0},42.3,{"$f":"BA49*BD49","v":0},0,null,0,75.650000000000006,{"$f":"BH49*BI49","v":0},42.3,{"$f":"BH49*BK49","v":0},0,69.400000000000006,75.650000000000006,{"$f":"BN49*BO49","v":5250.1100000000006},42.3,{"$f":"BN49*BQ49","v":2935.62},8185.7300000000005]
["1.1.6","Полы помещений",null,null,0,null,0,null,null,null,null,0,null,0,null,null,null,0,null,0,null,null,null,0,null,0,null,null,null,0,null,0,null,null,null,0,null,0,null,null,null,0,null,0,null,null,null,0,null,0,null,null,null,0,null,0,null,null,null,0,0,null,0,null,null,0,0,null,0]
["1.1.6.1","Очистка поверхности от грязи и мусора","м2",352.5,378,{"$f":"D51*E51","v":133245},72.930000000000007,{"$f":"D51*G51","v":25707.825000000001},{"$f":"E51*D51+G51*D51","v":158952.82500000001},null,352.5,378,{"$f":"K51*L51","v":133245},72.930000000000007,{"$f":"K51*N51","v":25707.825000000001},{"$f":"L51*K51+N51*K51","v":158952.82500000001},null,378,{"$f":"Q51*R51","v":0},72.930000000000007,{"$f":"Q51*T51","v":0},{"$f":"R51*Q51+T51*Q51","v":0},null,378,{"$f":"W51*X51","v":0},72.930000000000007,{"$f":"W51*Z51","v":0},{"$f":"X51*W51+Z51*W51","v":0},null,378,{"$f":"AC51*AD51","v":0},72.930000000000007,{"$f":"AC51*AF51","v":0},{"$f":"AD51*AC51+AF51*AC51","v":0},null,378,{"$f":"AI51*AJ51","v":0},72.930000000000007,{"$f":"AI51*AL51","v":0},{"$f":"AJ51*AI51+AL51*AI51","v":0},null,378,{"$f":"AO51*AP51","v":0},72.930000000000007,{"$f":"AO51*AR51","v":0},{"$f":"AP51*AO51+AR51*AO51","v":0},null,378,{"$f":"AU51*AV51","v":0},72.930000000000007,{"$f":"AU51*AX51","v":0},{"$f":"AV51*AU51+AX51*AU51","v":0},null,378,{"$f":"BA51*BB51","v":0},72.930000000000007,{"$f":"BA51*BD51","v":0},{"$f":"BB51*BA51+BD51*BA51","v":0},null,352.5,378,{"$f":"BH51*BI51","v":133245},72.930000000000007,{"$f":"BH51*BK51","v":25707.825000000001},{"$f":"BI51*BH51+BK51*BH51","v":158952.82500000001},0,378,{"$f":"BN51*BO51","v":0},72.930000000000007,{"$f":"BN51*BQ51","v":0},{"$f":"BO51*BN51+BQ51*BN51","v":0}]
["1.1.6.2","Устройство пола из бетона кл. В25 толщиной до 100 мм","м3",7.87,13208,103946.96,14998,118034.26,221981.22,null,7.87,13208,103946.96,14998,118034.26,221981.22,null,13208,0,14998,0,0,null,13208,0,14998,0,0,null,13208,0,14998,0,0,null,13208,0,14998,0,0,null,13208,0,14998,0,0,null,13208,0,14998,0,0,null,13208,0,14998,0,0,null,7.87,13208,103946.96,14998,118034.26,221981.22,0,13208,0,14998,0,0]
["1.1.6.3","Керамогранитная плитка","м2",187.8,4772,896181.60000000009,2131,400201.80000000005,1296383.4000000001,null,null,4772,0,2131,0,0,null,4772,0,2131,0,0,187.8,4772,896181.60000000009,2131,400201.80000000005,1296383.4000000001,null,4772,0,2131,0,0,null,4772,0,2131,0,0,null,4772,0,2131,0,0,null,4772,0,2131,0,0,null,4772,0,2131,0,0,null,187.8,4772,896181.60000000009,2131,400201.80000000005,1296383.4000000001,0,4772,0,2131,0,0]
["1.1.6.4","Напольная керамическая плитка","м2",332.1,2629,873090.9,3034,1007591.4,1880682.3,null,null,2629,0,3034,0,0,null,2629,0,3034,0,0,null,2629,0,3034,0,0,null,2629,0,3034,0,0,null,2629,0,3034,0,0,null,2629,0,3034,0,0,null,2629,0,3034,0,0,null,2629,0,3034,0,0,null,0,2629,0,3034,0,0,332.1,2629,873090.9,3034,1007591.4,1880682.3]
["1.1.6.5","Коммерческий линолеум (33-34 кл.)","м2",121.8,708.11,86247.797999999995,2641.52,321737.136,407984.93400000001,null,null,708.11,0,2641.52,0,0,null,708.11,0,2641.52,0,0,121.8,708.11,86247.797999999995,2641.52,321737.136,407984.93400000001,null,708.11,0,2641.52,0,0,null,708.11,0,2641.52,0,0,null,708.11,0,2641.52,0,0,null,708.11,0,2641.52,0,0,null,708.11,0,2641.52,0,0,null,121.8,708.11,86247.797999999995,2641.52,321737.136,407984.93400000001,0,708.11,0,2641.52,0,0]
["1.1.6.6","Гидроизоляция Гидроизол","м2",141.30000000000001,680.87,96206.931000000011,1083.74,153132.462,249339.39300000001,null,null,680.87,0,1083.74,0,0,null,680.87,0,1083.74,0,0,141.30000000000001,680.87,96206.931000000011,1083.74,153132.462,249339.39300000001,null,680.87,0,1083.74,0,0,null,680.87,0,1083.74,0,0,null,680.87,0,1083.74,0,0,null,680.87,0,1083.74,0,0,null,680.87,0,1083.74,0,0,null,141.30000000000001,680.87,96206.931000000011,1083.74,153132.462,249339.39300000001,0,680.87,0,1083.74,0,0]
["1.1.6.7","Наливной пол толщиной до 50мм","м2",355.6,3576,1271625.6000000001,1630,579628,1851253.6,null,null,3576,0,1630,0,0,null,3576,0,1630,0,0,355.6,3576,1271625.6000000001,1630,579628,1851253.6,null,3576,0,1630,0,0,null,3576,0,1630,0,0,null,3576,0,1630,0,0,null,3576,0,1630,0,0,null,3576,0,1630,0,0,null,355.6,3576,1271625.6000000001,1630,579628,1851253.6,0,3576,0,1630,0,0]
["1.1.6.8","Керамогранитная плитка с шероховатой поверхностью","м2",2,4149,8298,2131,4262,12560,null,null,4149,0,2131,0,0,null,4149,0,2131,0,0,null,4149,0,2131,0,0,null,4149,0,2131,0,0,null,4149,0,2131,0,0,null,4149,0,2131,0,0,null,4149,0,2131,0,0,null,4149,0,2131,0,0,null,0,4149,0,2131,0,0,2,4149,8298,2131,4262,12560]
["1.1.6.9","Наливной пол толщиной до 45мм армированный сеткой d4 В500 100х100","м2",141.30000000000001,3470,490311.00000000006,1590,224667.00000000003,714978.00000000012,null,null,3470,0,1590,0,0,null,3470,0,1590,0,0,null,3470,0,1590,0,0,null,3470,0,1590,0,0,null,3470,0,1590,0,0,null,3470,0,1590,0,0,null,3470,0,1590,0,0,null,3470,0,1590,0,0,null,0,3470,0,1590,0,0,141.30000000000001,3470,490311.00000000006,1590,224667.00000000003,714978.00000000012]
["1.1.6.10","Грунтовка поверхностей перед финишным покрытием","м2",1140.5999999999999,75.650000000000006,86286.39,42.3,48247.37999999999,134533.76999999999,null,null,75.650000000000006,0,42.3,0,0,null,75.650000000000006,0,42.3,0,0,null,75.650000000000006,0,42.3,0,0,null,75.650000000000006,0,42.3,0,0,null,75.650000000000006,0,42.3,0,0,null,75.650000000000006,0,42.3,0,0,null,75.650000000000006,0,42.3,0,0,null,75.650000000000006,0,42.3,0,0,null,0,75.650000000000006,0,42.3,0,0,1140.5999999999999,75.650000000000006,86286.39,42.3,48247.37999999999,134533.76999999999]
["1.1.7","Отделка стен помещений","м2",1194.52,4448,5313224.96,3702,4422113.04,9735338,null,98.58,4448,438483.83999999997,3702,364943.16,803427,null,4448,0,3702,0,0,1095.94,4448,4874741.12,3702,4057169.8800000004,8931911,null,4448,0,3702,0,0,null,4448,0,3702,0,0,null,4448,0,3702,0,0,null,4448,0,3702,0,0,null,4448,0,3702,0,0,null,1194.52,4448,5313224.96,3702,4422113.04,9735338,0,4448,0,3702,0,0]
["1.1.8","Установка потивопожарных окон","шт",11,34209,376299,89433,983763,1360062,null,null,34209,0,89433,0,0,null,34209,0,89433,0,0,11,34209,376299,89433,983763,1360062,null,34209,0,89433,0,0,null,34209,0,89433,0,0,null,34209,0,89433,0,0,null,34209,0,89433,0,0,null,34209,0,89433,0,0,null,11,34209,376299,89433,983763,1360062,0,34209,0,89433,0,0]
["1.1.9","Установка внутренних окон","шт",6,18204,109224,79865,479190,588414,null,null,18204,0,79865,0,0,null,18204,0,79865,0,0,6,18204,109224,79865,479190,588414,null,18204,0,79865,0,0,null,18204,0,79865,0,0,null,18204,0,79865,0,0,null,18204,0,79865,0,0,null,18204,0,79865,0,0,null,6,18204,109224,79865,479190,588414,0,18204,0,79865,0,0]
["1.1.10","Установка потивопожарных дверей","шт",42,14176,595392,34900,1465800,2061192,null,null,14176,0,34900,0,0,null,14176,0,34900,0,0,5,14176,70880,34900,174500,245380,null,14176,0,34900,0,0,null,14176,0,34900,0,0,null,14176,0,34900,0,0,null,14176,0,34900,0,0,null,14176,0,34900,0,0,null,5,14176,70880,34900,174500,245380,37,14176,524512,34900,1291300,1815812]
["1.1.11","Лестничная клетка","шт",1,504288.43,504288.43,855301.2,855301.2,1359589.63,null,null,504288.43,0,855301.2,0,0,null,504288.43,0,855301.2,0,0,0.9,504288.43,453859.587,855301.2,769771.08,1223630.6669999999,null,504288.43,0,855301.2,0,0,null,504288.43,0,855301.2,0,0,null,504288.43,0,855301.2,0,0,null,504288.43,0,855301.2,0,0,null,504288.43,0,855301.2,0,0,null,0.9,504288.43,453859.587,855301.2,769771.08,1223630.6669999999,9.9999999999999978E-2,504288.43,50428.842999999986,855301.2,85530.119999999981,135958.96299999996]
["1.1.12","Устройство перекрытия","м3",41.2,44343.5,1826952.2000000002,47372,1951726.4000000001,3778678.6000000006,null,41.2,44343.5,1826952.2000000002,47372,1951726.4000000001,3778678.6000000006,null,44343.5,0,47372,0,0,null,44343.5,0,47372,0,0,null,44343.5,0,47372,0,0,null,44343.5,0,47372,0,0,null,44343.5,0,47372,0,0,null,44343.5,0,47372,0,0,null,44343.5,0,47372,0,0,null,41.2,44343.5,1826952.2000000002,47372,1951726.4000000001,3778678.6000000006,0,44343.5,0,47372,0,0]
["1.1.13","Пол АБК","м2",387,3576,1383912,3510,1358370,2742282,null,null,3576,0,3510,0,0,387,3576,1383912,3510,1358370,2742282,null,3576,0,3510,0,0,null,3576,0,3510,0,0,null,3576,0,3510,0,0,null,3576,0,3510,0,0,null,3576,0,3510,0,0,null,3576,0,3510,0,0,null,387,3576,1383912,3510,1358370,2742282,0,3576,0,3510,0,0]
["1.1.14","Прорезка проёмов дверных и оконных","шт",15,25728.400000000001,385926,850.2,12753,398679,null,15,25728.400000000001,385926,850.2,12753,398679,null,25728.400000000001,0,850.2,0,0,null,25728.400000000001,0,850.2,0,0,null,25728.400000000001,0,850.2,0,0,null,25728.400000000001,0,850.2,0,0,null,25728.400000000001,0,850.2,0,0,null,25728.400000000001,0,850.2,0,0,null,25728.400000000001,0,850.2,0,0,null,15,25728.400000000001,385926,850.2,12753,398679,0,25728.400000000001,0,850.2,0,0]
["1.1.15","Устройство отверстия на кровле в осях В/32-34","шт",1,89509.68,89509.68,73184.800000000003,73184.800000000003,162694.47999999998,null,null,89509.68,0,73184.800000000003,0,0,null,89509.68,0,73184.800000000003,0,0,null,89509.68,0,73184.800000000003,0,0,null,89509.68,0,73184.800000000003,0,0,null,89509.68,0,73184.800000000003,0,0,null,89509.68,0,73184.800000000003,0,0,null,89509.68,0,73184.800000000003,0,0,null,89509.68,0,73184.800000000003,0,0,null,0,89509.68,0,73184.800000000003,0,0,1,89509.68,89509.68,73184.800000000003,73184.800000000003,162694.47999999998]
["1.1.16","Проходка воздуховодов сквозь кровлю АБК","шт",12,11909.97,142919.63999999998,4538.7299999999996,54464.759999999995,197384.39999999997,null,null,11909.97,0,4538.7299999999996,0,0,null,11909.97,0,4538.7299999999996,0,0,null,11909.97,0,4538.7299999999996,0,0,null,11909.97,0,4538.7299999999996,0,0,null,11909.97,0,4538.7299999999996,0,0,null,11909.97,0,4538.7299999999996,0,0,null,11909.97,0,4538.7299999999996,0,0,null,11909.97,0,4538.7299999999996,0,0,null,0,11909.97,0,4538.7299999999996,0,0,12,11909.97,142919.63999999998,4538.7299999999996,54464.759999999995,197384.39999999997]
["1.1.17","Устройство мк отверстий диам. 400 мм в покрытии здания","шт",5,43829.72,219148.6,26306.28,131531.4,350680,null,null,43829.72,0,26306.28,0,0,null,43829.72,0,26306.28,0,0,null,43829.72,0,26306.28,0,0,null,43829.72,0,26306.28,0,0,null,43829.72,0,26306.28,0,0,null,43829.72,0,26306.28,0,0,null,43829.72,0,26306.28,0,0,null,43829.72,0,26306.28,0,0,null,0,43829.72,0,26306.28,0,0,5,43829.72,219148.6,26306.28,131531.4,350680]
["1.1.18","Устройство дверного проёма в стене цеха (пож.выход)","шт",1,219290.07,219290.07,155542.39999999999,155542.39999999999,374832.47,null,null,219290.07,0,155542.39999999999,0,0,null,219290.07,0,155542.39999999999,0,0,1,219290.07,219290.07,155542.39999999999,155542.39999999999,374832.47,null,219290.07,0,155542.39999999999,0,0,null,219290.07,0,155542.39999999999,0,0,null,219290.07,0,155542.39999999999,0,0,null,219290.07,0,155542.39999999999,0,0,null,219290.07,0,155542.39999999999,0,0,null,1,219290.07,219290.07,155542.39999999999,155542.39999999999,374832.47,0,219290.07,0,155542.39999999999,0,0]
["1.1.19","Дополнительные работы",null,null,0,null,0,null,null,null,null,0,null,0,null,null,null,0,null,0,null,null,null,0,null,0,null,null,null,0,null,0,null,null,null,0,null,0,null,null,null,0,null,0,null,null,null,0,null,0,null,null,null,0,null,0,null,null,null,0,0,null,0,null,null,0,0,null,0]
["1.1.19.1","Обшивка стен Гипсокартон ГКЛ толщиной 12,5 мм в 2 слоя","м2",76,2955,{"$f":"D74*E74","v":224580},3501,{"$f":"D74*G74","v":266076},{"$f":"E74*D74+G74*D74","v":490656},null,null,2955,{"$f":"K74*L74","v":0},3501,{"$f":"K74*N74","v":0},{"$f":"L74*K74+N74*K74","v":0},null,2955,{"$f":"Q74*R74","v":0},3501,{"$f":"Q74*T74","v":0},{"$f":"R74*Q74+T74*Q74","v":0},null,2955,{"$f":"W74*X74","v":0},3501,{"$f":"W74*Z74","v":0},{"$f":"X74*W74+Z74*W74","v":0},null,2955,{"$f":"AC74*AD74","v":0},3501,{"$f":"AC74*AF74","v":0},{"$f":"AD74*AC74+AF74*AC74","v":0},null,2955,{"$f":"AI74*AJ74","v":0},3501,{"$f":"AI74*AL74","v":0},{"$f":"AJ74*AI74+AL74*AI74","v":0},null,2955,{"$f":"AO74*AP74","v":0},3501,{"$f":"AO74*AR74","v":0},{"$f":"AP74*AO74+AR74*AO74","v":0},null,2955,{"$f":"AU74*AV74","v":0},3501,{"$f":"AU74*AX74","v":0},{"$f":"AV74*AU74+AX74*AU74","v":0},null,2955,{"$f":"BA74*BB74","v":0},3501,{"$f":"BA74*BD74","v":0},{"$f":"BB74*BA74+BD74*BA74","v":0},null,0,2955,{"$f":"BH74*BI74","v":0},3501,{"$f":"BH74*BK74","v":0},{"$f":"BI74*BH74+BK74*BH74","v":0},76,2955,{"$f":"BN74*BO74","v":224580},3501,{"$f":"BN74*BQ74","v":266076},{"$f":"BO74*BN74+BQ74*BN74","v":490656}]
["1.1.19.2","Перенос дверных проёмов","шт",4,42024.27,{"$f":"D75*E75","v":168097.08},15381.6,{"$f":"D75*G75","v":61526.400000000001},{"$f":"E75*D75+G75*D75","v":229623.47999999998},null,null,42024.27,{"$f":"K75*L75","v":0},15381.6,{"$f":"K75*N75","v":0},{"$f":"L75*K75+N75*K75","v":0},null,42024.27,{"$f":"Q75*R75","v":0},15381.6,{"$f":"Q75*T75","v":0},{"$f":"R75*Q75+T75*Q75","v":0},null,42024.27,{"$f":"W75*X75","v":0},15381.6,{"$f":"W75*Z75","v":0},{"$f":"X75*W75+Z75*W75","v":0},null,42024.27,{"$f":"AC75*AD75","v":0},15381.6,{"$f":"AC75*AF75","v":0},{"$f":"AD75*AC75+AF75*AC75","v":0},null,42024.27,{"$f":"AI75*AJ75","v":0},15381.6,{"$f":"AI75*AL75","v":0},{"$f":"AJ75*AI75+AL75*AI75","v":0},null,42024.27,{"$f":"AO75*AP75","v":0},15381.6,{"$f":"AO75*AR75","v":0},{"$f":"AP75*AO75+AR75*AO75","v":0},null,42024.27,{"$f":"AU75*AV75","v":0},15381.6,{"$f":"AU75*AX75","v":0},{"$f":"AV75*AU75+AX75*AU75","v":0},null,42024.27,{"$f":"BA75*BB75","v":0},15381.6,{"$f":"BA75*BD75","v":0},{"$f":"BB75*BA75+BD75*BA75","v":0},null,0,42024.27,{"$f":"BH75*BI75","v":0},15381.6,{"$f":"BH75*BK75","v":0},{"$f":"BI75*BH75+BK75*BH75","v":0},4,42024.27,{"$f":"BN75*BO75","v":168097.08},15381.6,{"$f":"BN75*BQ75","v":61526.400000000001},{"$f":"BO75*BN75+BQ75*BN75","v":229623.47999999998}]
["1.1.19.3","Обрамление оконных проёмов","шт",11,10938.3,{"$f":"D76*E76","v":120321.29999999999},8970,{"$f":"D76*G76","v":98670},{"$f":"E76*D76+G76*D76","v":218991.3},null,null,10938.3,{"$f":"K76*L76","v":0},8970,{"$f":"K76*N76","v":0},{"$f":"L76*K76+N76*K76","v":0},null,10938.3,{"$f":"Q76*R76","v":0},8970,{"$f":"Q76*T76","v":0},{"$f":"R76*Q76+T76*Q76","v":0},null,10938.3,{"$f":"W76*X76","v":0},8970,{"$f":"W76*Z76","v":0},{"$f":"X76*W76+Z76*W76","v":0},null,10938.3,{"$f":"AC76*AD76","v":0},8970,{"$f":"AC76*AF76","v":0},{"$f":"AD76*AC76+AF76*AC76","v":0},null,10938.3,{"$f":"AI76*AJ76","v":0},8970,{"$f":"AI76*AL76","v":0},{"$f":"AJ76*AI76+AL76*AI76","v":0},null,10938.3,{"$f":"AO76*AP76","v":0},8970,{"$f":"AO76*AR76","v":0},{"$f":"AP76*AO76+AR76*AO76","v":0},null,10938.3,{"$f":"AU76*AV76","v":0},8970,{"$f":"AU76*AX76","v":0},{"$f":"AV76*AU76+AX76*AU76","v":0},null,10938.3,{"$f":"BA76*BB76","v":0},8970,{"$f":"BA76*BD76","v":0},{"$f":"BB76*BA76+BD76*BA76","v":0},null,0,10938.3,{"$f":"BH76*BI76","v":0},8970,{"$f":"BH76*BK76","v":0},{"$f":"BI76*BH76+BK76*BH76","v":0},11,10938.3,{"$f":"BN76*BO76","v":120321.29999999999},8970,{"$f":"BN76*BQ76","v":98670},{"$f":"BO76*BN76+BQ76*BN76","v":218991.3}]
["1.1.19.4","Демонтаж и монтаж временных ворот","шт",1,73821.119999999995,{"$f":"D77*E77","v":73821.119999999995},4750.2,{"$f":"D77*G77","v":4750.2},{"$f":"E77*D77+G77*D77","v":78571.319999999992},null,null,73821.119999999995,{"$f":"K77*L77","v":0},4750.2,{"$f":"K77*N77","v":0},{"$f":"L77*K77+N77*K77","v":0},null,73821.119999999995,{"$f":"Q77*R77","v":0},4750.2,{"$f":"Q77*T77","v":0},{"$f":"R77*Q77+T77*Q77","v":0},null,73821.119999999995,{"$f":"W77*X77","v":0},4750.2,{"$f":"W77*Z77","v":0},{"$f":"X77*W77+Z77*W77","v":0},null,73821.119999999995,{"$f":"AC77*AD77","v":0},4750.2,{"$f":"AC77*AF77","v":0},{"$f":"AD77*AC77+AF77*AC77","v":0},null,73821.119999999995,{"$f":"AI77*AJ77","v":0},4750.2,{"$f":"AI77*AL77","v":0},{"$f":"AJ77*AI77+AL77*AI77","v":0},null,73821.119999999995,{"$f":"AO77*AP77","v":0},4750.2,{"$f":"AO77*AR77","v":0},{"$f":"AP77*AO77+AR77*AO77","v":0},null,73821.119999999995,{"$f":"AU77*AV77","v":0},4750.2,{"$f":"AU77*AX77","v":0},{"$f":"AV77*AU77+AX77*AU77","v":0},null,73821.119999999995,{"$f":"BA77*BB77","v":0},4750.2,{"$f":"BA77*BD77","v":0},{"$f":"BB77*BA77+BD77*BA77","v":0},null,0,73821.119999999995,{"$f":"BH77*BI77","v":0},4750.2,{"$f":"BH77*BK77","v":0},{"$f":"BI77*BH77+BK77*BH77","v":0},1,73821.119999999995,{"$f":"BN77*BO77","v":73821.119999999995},4750.2,{"$f":"BN77*BQ77","v":4750.2},{"$f":"BO77*BN77+BQ77*BN77","v":78571.319999999992}]
["1.1.20","Монтаж фасоных элементов"," "," ",0,null,0,null,null,null,null,0,null,0,null,null,null,0,null,0,null,null,null,0,null,0,null,null,null,0,null,0,null,null,null,0,null,0,null,null,null,0,null,0,null,null,null,0,null,0,null,null,null,0,null,0,null,null,null,0,0,null,0,null,null,{"$f":"D78-BH78","v":{"$error":"#VALUE!"}},0,null,0]
["1.1.20.1","Монтаж фасоного элемента Дз-1","м.п.",7.45,600,{"$f":"D79*E79","v":4470},1345.5,{"$f":"D79*G79","v":10023.975},{"$f":"E79*D79+G79*D79","v":14493.975},null,null,600,{"$f":"K79*L79","v":0},1345.5,{"$f":"K79*N79","v":0},{"$f":"L79*K79+N79*K79","v":0},null,600,{"$f":"Q79*R79","v":0},1345.5,{"$f":"Q79*T79","v":0},{"$f":"R79*Q79+T79*Q79","v":0},null,600,{"$f":"W79*X79","v":0},1345.5,{"$f":"W79*Z79","v":0},{"$f":"X79*W79+Z79*W79","v":0},null,600,{"$f":"AC79*AD79","v":0},1345.5,{"$f":"AC79*AF79","v":0},{"$f":"AD79*AC79+AF79*AC79","v":0},null,600,{"$f":"AI79*AJ79","v":0},1345.5,{"$f":"AI79*AL79","v":0},{"$f":"AJ79*AI79+AL79*AI79","v":0},null,600,{"$f":"AO79*AP79","v":0},1345.5,{"$f":"AO79*AR79","v":0},{"$f":"AP79*AO79+AR79*AO79","v":0},null,600,{"$f":"AU79*AV79","v":0},1345.5,{"$f":"AU79*AX79","v":0},{"$f":"AV79*AU79+AX79*AU79","v":0},null,600,{"$f":"BA79*BB79","v":0},1345.5,{"$f":"BA79*BD79","v":0},{"$f":"BB79*BA79+BD79*BA79","v":0},null,0,600,{"$f":"BH79*BI79","v":0},1345.5,{"$f":"BH79*BK79","v":0},{"$f":"BI79*BH79+BK79*BH79","v":0},7.45,600,{"$f":"BN79*BO79","v":4470},1345.5,{"$f":"BN79*BQ79","v":10023.975},{"$f":"BO79*BN79+BQ79*BN79","v":14493.975}]
["1.1.20.2","Монтаж фасоного элемента Дз-2","м.п.",15,600,9000,678.6,10179,19179,null,null,600,0,678.6,0,0,null,600,0,678.6,0,0,null,600,0,678.6,0,0,null,600,0,678.6,0,0,null,600,0,678.6,0,0,null,600,0,678.6,0,0,null,600,0,678.6,0,0,null,600,0,678.6,0,0,null,0,600,0,678.6,0,0,15,600,9000,678.6,10179,19179]
["1.1.20.3","Монтаж фасоного элемента Дз-3","м.п.",64,600,38400,508.3,32531.200000000001,70931.199999999997,null,null,600,0,508.3,0,0,null,600,0,508.3,0,0,null,600,0,508.3,0,0,null,600,0,508.3,0,0,null,600,0,508.3,0,0,null,600,0,508.3,0,0,null,600,0,508.3,0,0,null,600,0,508.3,0,0,null,0,600,0,508.3,0,0,64,600,38400,508.3,32531.200000000001,70931.199999999997]
["1.1.20.4","Монтаж фасоного элемента Дз-4","м.п.",64,600,38400,491.4,31449.599999999999,69849.600000000006,null,null,600,0,491.4,0,0,null,600,0,491.4,0,0,null,600,0,491.4,0,0,null,600,0,491.4,0,0,null,600,0,491.4,0,0,null,600,0,491.4,0,0,null,600,0,491.4,0,0,null,600,0,491.4,0,0,null,0,600,0,491.4,0,0,64,600,38400,491.4,31449.599999999999,69849.600000000006]
["1.1.20.5","Монтаж фасоного элемента Дз-5","м.п.",64,600,38400,565.5,36192,74592,null,null,600,0,565.5,0,0,null,600,0,565.5,0,0,null,600,0,565.5,0,0,null,600,0,565.5,0,0,null,600,0,565.5,0,0,null,600,0,565.5,0,0,null,600,0,565.5,0,0,null,600,0,565.5,0,0,null,0,600,0,565.5,0,0,64,600,38400,565.5,36192,74592]
["1.1.20.6","Монтаж колонн (усиление перегородок)","шт",7,36465,255255,8931,62517,317772,null,null,36465,0,8931,0,0,null,36465,0,8931,0,0,null,36465,0,8931,0,0,null,36465,0,8931,0,0,null,36465,0,8931,0,0,null,36465,0,8931,0,0,null,36465,0,8931,0,0,null,36465,0,8931,0,0,null,0,36465,0,8931,0,0,7,36465,255255,8931,62517,317772]
["1.1.20.7","Демонтаж ГКЛ 2 слоя","м2",36,1166,41976,0,null,41976,null,null,1166,0,0,null,0,null,1166,0,0,null,0,null,1166,0,0,null,0,null,1166,0,0,null,0,null,1166,0,0,null,0,null,1166,0,0,null,0,null,1166,0,0,null,0,null,1166,0,0,null,0,null,0,1166,0,0,null,0,36,1166,41976,0,null,41976]
["1.1.20.8","Монтаж профильной трубы 40х40","м.п.",12,904,10848,453,{"$f":"D86*G86","v":5436},16284,null,null,904,0,453,{"$f":"K86*N86","v":0},0,null,904,0,453,{"$f":"Q86*T86","v":0},0,null,904,0,453,{"$f":"W86*Z86","v":0},0,null,904,0,453,{"$f":"AC86*AF86","v":0},0,null,904,0,453,{"$f":"AI86*AL86","v":0},0,null,904,0,453,{"$f":"AO86*AR86","v":0},0,null,904,0,453,{"$f":"AU86*AX86","v":0},0,null,904,0,453,{"$f":"BA86*BD86","v":0},0,null,0,904,0,453,{"$f":"BH86*BK86","v":0},0,12,904,10848,453,{"$f":"BN86*BQ86","v":5436},16284]
["1.1.20.9","Монтаж ГКЛ 2 слоя","м2",36,1690,60840,1625,58500,119340,null,null,1690,0,1625,0,0,null,1690,0,1625,0,0,null,1690,0,1625,0,0,null,1690,0,1625,0,0,null,1690,0,1625,0,0,null,1690,0,1625,0,0,null,1690,0,1625,0,0,null,1690,0,1625,0,0,null,0,1690,0,1625,0,0,36,1690,60840,1625,58500,119340]
["1.1.20.10","Увеличение дверных проёмов","шт",12,7585,91020,1716,20592,111612,null,null,7585,0,1716,0,0,null,7585,0,1716,0,0,null,7585,0,1716,0,0,null,7585,0,1716,0,0,null,7585,0,1716,0,0,null,7585,0,1716,0,0,null,7585,0,1716,0,0,null,7585,0,1716,0,0,null,0,7585,0,1716,0,0,12,7585,91020,1716,20592,111612]
["1.1.20.11","Наливной пол толщиной до 50мм","м2",125.1,1286,160878.6,2430,303993,464871.6,null,null,1286,0,2430,0,0,null,1286,0,2430,0,0,null,1286,0,2430,0,0,null,1286,0,2430,0,0,null,1286,0,2430,0,0,null,1286,0,2430,0,0,null,1286,0,2430,0,0,null,1286,0,2430,0,0,null,0,1286,0,2430,0,0,125.1,1286,160878.6,2430,303993,464871.6]
["1.1.20.12","Усиление площадки лестничного марша","шт",4,36465,145860,7524,30096,175956,null,null,36465,0,7524,0,0,null,36465,0,7524,0,0,null,36465,0,7524,0,0,null,36465,0,7524,0,0,null,36465,0,7524,0,0,null,36465,0,7524,0,0,null,36465,0,7524,0,0,null,36465,0,7524,0,0,null,0,36465,0,7524,0,0,4,36465,145860,7524,30096,175956]
["1.1.20.13","Устройство стен из газобетонных блоков","м3",1.87,6809,12732.83,13857,25912.59,38645.42,null,null,6809,0,13857,0,0,null,6809,0,13857,0,0,null,6809,0,13857,0,0,null,6809,0,13857,0,0,null,6809,0,13857,0,0,null,6809,0,13857,0,0,null,6809,0,13857,0,0,null,6809,0,13857,0,0,null,0,6809,0,13857,0,0,1.87,6809,12732.83,13857,25912.59,38645.42]
["1.1.20.14","Облицовка ступеней плиткой на лестнечной клетке","шт",24,3710,89040,2543,61032,150072,null,null,3710,0,2543,0,0,null,3710,0,2543,0,0,null,3710,0,2543,0,0,null,3710,0,2543,0,0,null,3710,0,2543,0,0,null,3710,0,2543,0,0,null,3710,0,2543,0,0,null,3710,0,2543,0,0,null,0,3710,0,2543,0,0,24,3710,89040,2543,61032,150072]
["1.1.20.15","Штукатурка откосов Ролл ворот в цеху","м.п.",150,1135,170250,567,85050,255300,null,null,1135,0,567,0,0,null,1135,0,567,0,0,null,1135,0,567,0,0,null,1135,0,567,0,0,null,1135,0,567,0,0,null,1135,0,567,0,0,null,1135,0,567,0,0,null,1135,0,567,0,0,null,0,1135,0,567,0,0,150,1135,170250,567,85050,255300]
["1.2","130-23-АС1 Архитектурно-строительные решения",null,null,null,{"$f":"F96+F97+F99+F101+F102+F105+F106+F108","v":9370353.4800000004},null,{"$f":"H96+H97+H99+H101+H102+H105+H106+H108","v":19579106},{"$f":"I96+I97+I99+I101+I102+I105+I106+I108","v":28949459.48},null,null,null,{"$f":"M96+M97+M99+M101+M102+M105+M106+M108","v":4084784.62},null,{"$f":"O96+O97+O99+O101+O102+O105+O106+O108","v":10885660},{"$f":"P96+P97+P99+P101+P102+P105+P106+P108","v":14970444.620000001},null,null,{"$f":"S96+S97+S99+S101+S102+S105+S106+S108","v":813300},null,{"$f":"U96+U97+U99+U101+U102+U105+U106+U108","v":2211900},{"$f":"V96+V97+V99+V101+V102+V105+V106+V108","v":3025200},null,null,{"$f":"Y96+Y97+Y99+Y101+Y102+Y105+Y106+Y108","v":3109117.4},null,{"$f":"AA96+AA97+AA99+AA101+AA102+AA105+AA106+AA108","v":4828757},{"$f":"AB96+AB97+AB99+AB101+AB102+AB105+AB106+AB108","v":7937874.4000000004},null,null,{"$f":"AE96+AE97+AE99+AE101+AE102+AE105+AE106+AE108","v":0},null,{"$f":"AG96+AG97+AG99+AG101+AG102+AG105+AG106+AG108","v":0},{"$f":"AH96+AH97+AH99+AH101+AH102+AH105+AH106+AH108","v":0},null,null,{"$f":"AK96+AK97+AK99+AK101+AK102+AK105+AK106+AK108","v":0},null,{"$f":"AM96+AM97+AM99+AM101+AM102+AM105+AM106+AM108","v":0},{"$f":"AN96+AN97+AN99+AN101+AN102+AN105+AN106+AN108","v":0},null,null,{"$f":"AQ96+AQ97+AQ99+AQ101+AQ102+AQ105+AQ106+AQ108","v":0},null,{"$f":"AS96+AS97+AS99+AS101+AS102+AS105+AS106+AS108","v":0},{"$f":"AT96+AT97+AT99+AT101+AT102+AT105+AT106+AT108","v":0},null,null,{"$f":"AW96+AW97+AW99+AW101+AW102+AW105+AW106+AW108","v":0},null,{"$f":"AY96+AY97+AY99+AY101+AY102+AY105+AY106+AY108","v":0},{"$f":"AZ96+AZ97+AZ99+AZ101+AZ102+AZ105+AZ106+AZ108","v":0},null,null,{"$f":"BC96+BC97+BC99+BC101+BC102+BC105+BC106+BC108","v":0},null,{"$f":"BE96+BE97+BE99+BE101+BE102+BE105+BE106+BE108","v":0},{"$f":"BF96+BF97+BF99+BF101+BF102+BF105+BF106+BF108","v":0},null,0,null,{"$f":"BJ96+BJ97+BJ99+BJ101+BJ102+BJ105+BJ106+BJ108","v":8007202.0199999996},null,{"$f":"BL96+BL97+BL99+BL101+BL102+BL105+BL106+BL108","v":17926317},{"$f":"BM96+BM97+BM99+BM101+BM102+BM105+BM106+BM108","v":25933519.02},0,null,{"$f":"BP96+BP97+BP99+BP101+BP102+BP105+BP106+BP108","v":1363151.46},null,{"$f":"BR96+BR97+BR99+BR101+BR102+BR105+BR106+BR108","v":1652789},{"$f":"BS96+BS97+BS99+BS101+BS102+BS105+BS106+BS108","v":3015940.46}]
["1.2.1","Металлоконструкции огрунтованные КМ",null,null,null,null,null,null,null,null,null,null,null,null,null,null,null,null,null,null,null,null,null,null,null,null,null,null,null,null,null,null,null,null,null,null,null,null,null,null,null,null,null,null,null,null,null,null,null,null,null,null,null,null,null,null,null,null,null,0,null,null,null,null,null,0]
["1.2.1.1","Монтаж фахверковых стоек массой до 1,0 т.","т.",10.5,95478,{"$f":"D96*E96","v":1002519},229000,{"$f":"D96*G96","v":2404500},{"$f":"E96*D96+G96*D96","v":3407019},null,6.95,95478,{"$f":"K96*L96","v":663572.1},229000,{"$f":"K96*N96","v":1591550},{"$f":"L96*K96+N96*K96","v":2255122.1},null,95478,{"$f":"Q96*R96","v":0},229000,{"$f":"Q96*T96","v":0},{"$f":"R96*Q96+T96*Q96","v":0},3.55,95478,{"$f":"W96*X96","v":338946.89999999997},229000,{"$f":"W96*Z96","v":812950},{"$f":"X96*W96+Z96*W96","v":1151896.8999999999},null,95478,{"$f":"AC96*AD96","v":0},229000,{"$f":"AC96*AF96","v":0},{"$f":"AD96*AC96+AF96*AC96","v":0},null,95478,{"$f":"AI96*AJ96","v":0},229000,{"$f":"AI96*AL96","v":0},{"$f":"AJ96*AI96+AL96*AI96","v":0},null,95478,{"$f":"AO96*AP96","v":0},229000,{"$f":"AO96*AR96","v":0},{"$f":"AP96*AO96+AR96*AO96","v":0},null,95478,{"$f":"AU96*AV96","v":0},229000,{"$f":"AU96*AX96","v":0},{"$f":"AV96*AU96+AX96*AU96","v":0},null,95478,{"$f":"BA96*BB96","v":0},229000,{"$f":"BA96*BD96","v":0},{"$f":"BB96*BA96+BD96*BA96","v":0},null,10.5,95478,{"$f":"BH96*BI96","v":1002519},229000,{"$f":"BH96*BK96","v":2404500},{"$f":"BI96*BH96+BK96*BH96","v":3407019},0,95478,{"$f":"BN96*BO96","v":0},229000,{"$f":"BN96*BQ96","v":0},{"$f":"BO96*BN96+BQ96*BN96","v":0}]
["1.2.1.2","Монтаж распорок, ригелей, в том числе: \nПрофили стальные гнутые замкнутые квадратные 100х4","т.",0.66,95478,{"$f":"D97*E97","v":63015.48},229000,{"$f":"D97*G97","v":151140},{"$f":"E97*D97+G97*D97","v":214155.48},null,0.34,95478,{"$f":"K97*L97","v":32462.520000000004},229000,{"$f":"K97*N97","v":77860},{"$f":"L97*K97+N97*K97","v":110322.52},null,95478,{"$f":"Q97*R97","v":0},229000,{"$f":"Q97*T97","v":0},{"$f":"R97*Q97+T97*Q97","v":0},null,95478,{"$f":"W97*X97","v":0},229000,{"$f":"W97*Z97","v":0},{"$f":"X97*W97+Z97*W97","v":0},null,95478,{"$f":"AC97*AD97","v":0},229000,{"$f":"AC97*AF97","v":0},{"$f":"AD97*AC97+AF97*AC97","v":0},null,95478,{"$f":"AI97*AJ97","v":0},229000,{"$f":"AI97*AL97","v":0},{"$f":"AJ97*AI97+AL97*AI97","v":0},null,95478,{"$f":"AO97*AP97","v":0},229000,{"$f":"AO97*AR97","v":0},{"$f":"AP97*AO97+AR97*AO97","v":0},null,95478,{"$f":"AU97*AV97","v":0},229000,{"$f":"AU97*AX97","v":0},{"$f":"AV97*AU97+AX97*AU97","v":0},null,95478,{"$f":"BA97*BB97","v":0},229000,{"$f":"BA97*BD97","v":0},{"$f":"BB97*BA97+BD97*BA97","v":0},null,0.34,95478,{"$f":"BH97*BI97","v":32462.520000000004},229000,{"$f":"BH97*BK97","v":77860},{"$f":"BI97*BH97+BK97*BH97","v":110322.52},0.32,95478,{"$f":"BN97*BO97","v":30552.959999999999},229000,{"$f":"BN97*BQ97","v":73280},{"$f":"BO97*BN97+BQ97*BN97","v":103832.95999999999}]
["1.2.2","Окраска металлоконструкций",null,null,null,null,null,null,null,null,null,null,null,null,null,null,null,null,null,null,null,null,null,null,null,null,null,null,null,null,null,null,null,null,null,null,null,null,null,null,null,null,null,null,null,null,null,null,null,null,null,null,null,null,null,null,null,null,null,{"$f":"K98+Q98+W98+AC98+AI98+AO98+AU98+BA98","v":0},null,null,null,null,null,{"$f":"D98-BH98","v":0}]
["1.2.2.1","Устройство огнезащитной краски по металлу ","м2",384.2,4150,{"$f":"D99*E99","v":1594430},665,{"$f":"D99*G99","v":255493},{"$f":"E99*D99+G99*D99","v":1849923},null,null,4150,{"$f":"K99*L99","v":0},665,{"$f":"K99*N99","v":0},{"$f":"L99*K99+N99*K99","v":0},null,4150,{"$f":"Q99*R99","v":0},665,{"$f":"Q99*T99","v":0},{"$f":"R99*Q99+T99*Q99","v":0},300,4150,{"$f":"W99*X99","v":1245000},665,{"$f":"W99*Z99","v":199500},{"$f":"X99*W99+Z99*W99","v":1444500},null,4150,{"$f":"AC99*AD99","v":0},665,{"$f":"AC99*AF99","v":0},{"$f":"AD99*AC99+AF99*AC99","v":0},null,4150,{"$f":"AI99*AJ99","v":0},665,{"$f":"AI99*AL99","v":0},{"$f":"AJ99*AI99+AL99*AI99","v":0},null,4150,{"$f":"AO99*AP99","v":0},665,{"$f":"AO99*AR99","v":0},{"$f":"AP99*AO99+AR99*AO99","v":0},null,4150,{"$f":"AU99*AV99","v":0},665,{"$f":"AU99*AX99","v":0},{"$f":"AV99*AU99+AX99*AU99","v":0},null,4150,{"$f":"BA99*BB99","v":0},665,{"$f":"BA99*BD99","v":0},{"$f":"BB99*BA99+BD99*BA99","v":0},null,300,4150,{"$f":"BH99*BI99","v":1245000},665,{"$f":"BH99*BK99","v":199500},{"$f":"BI99*BH99+BK99*BH99","v":1444500},84.199999999999989,4150,{"$f":"BN99*BO99","v":349429.99999999994},665,{"$f":"BN99*BQ99","v":55992.999999999993},{"$f":"BO99*BN99+BQ99*BN99","v":405422.99999999994}]
["1.2.3","Крепление металлоконструкций",null,null,null,null,null,null,null,null,null,null,null,null,null,null,null,null,null,null,null,null,null,null,null,null,null,null,null,null,null,null,null,null,null,null,null,null,null,null,null,null,null,null,null,null,null,null,null,null,null,null,null,null,null,null,null,null,null,0,null,null,null,null,null,0]
["1.2.3.1","Сверление отверстий в железобетонных конструкциях ","шт.",811,393,{"$f":"D101*E101","v":318723},0,null,{"$f":"E101*D101+G101*D101","v":318723},null,null,393,{"$f":"K101*L101","v":0},0,null,{"$f":"L101*K101+N101*K101","v":0},null,393,{"$f":"Q101*R101","v":0},0,null,{"$f":"R101*Q101+T101*Q101","v":0},100,393,{"$f":"W101*X101","v":39300},0,null,{"$f":"X101*W101+Z101*W101","v":39300},null,393,{"$f":"AC101*AD101","v":0},0,null,{"$f":"AD101*AC101+AF101*AC101","v":0},null,393,{"$f":"AI101*AJ101","v":0},0,null,{"$f":"AJ101*AI101+AL101*AI101","v":0},null,393,{"$f":"AO101*AP101","v":0},0,null,{"$f":"AP101*AO101+AR101*AO101","v":0},null,393,{"$f":"AU101*AV101","v":0},0,null,{"$f":"AV101*AU101+AX101*AU101","v":0},null,393,{"$f":"BA101*BB101","v":0},0,null,{"$f":"BB101*BA101+BD101*BA101","v":0},null,100,393,{"$f":"BH101*BI101","v":39300},0,null,{"$f":"BI101*BH101+BK101*BH101","v":39300},711,393,{"$f":"BN101*BO101","v":279423},0,null,{"$f":"BO101*BN101+BQ101*BN101","v":279423}]
["1.2.3.2","Устройство высокопрочных анкеров, закладных","компл.",1,260741,{"$f":"D102*E102","v":260741},259614,{"$f":"D102*G102","v":259614},520355,null,null,260741,{"$f":"K102*L102","v":0},259614,{"$f":"K102*N102","v":0},0,null,260741,{"$f":"Q102*R102","v":0},259614,{"$f":"Q102*T102","v":0},0,0.5,260741,{"$f":"W102*X102","v":130370.5},259614,{"$f":"W102*Z102","v":129807},260177.5,null,260741,{"$f":"AC102*AD102","v":0},259614,{"$f":"AC102*AF102","v":0},0,null,260741,{"$f":"AI102*AJ102","v":0},259614,{"$f":"AI102*AL102","v":0},0,null,260741,{"$f":"AO102*AP102","v":0},259614,{"$f":"AO102*AR102","v":0},0,null,260741,{"$f":"AU102*AV102","v":0},259614,{"$f":"AU102*AX102","v":0},0,null,260741,{"$f":"BA102*BB102","v":0},259614,{"$f":"BA102*BD102","v":0},0,null,0.5,260741,{"$f":"BH102*BI102","v":130370.5},259614,{"$f":"BH102*BK102","v":129807},260177.5,0.5,260741,{"$f":"BN102*BO102","v":130370.5},259614,{"$f":"BN102*BQ102","v":129807},260177.5]
["1.2.4","Демонтаж металлоконструкций",null,null,null,null,null,null,null,null,null,null,null,null,null,null,null,null,null,null,null,null,null,null,null,null,null,null,null,null,null,null,null,null,null,null,null,null,null,null,null,null,null,null,null,null,null,null,null,null,null,null,null,null,null,null,null,null,null,0,null,null,null,null,null,0]
["1.2.5","Устройство перегородки",null,null,null,null,null,null,null,null,null,null,null,null,null,null,null,null,null,null,null,null,null,null,null,null,null,null,null,null,null,null,null,null,null,null,null,null,null,null,null,null,null,null,null,null,null,null,null,null,null,null,null,null,null,null,null,null,null,0,null,null,null,null,null,0]
["1.2.5.1","Стеновые сэндвич-панели 100-1000-Г-Г","м2",2215,2711,{"$f":"D105*E105","v":6004865},7373,{"$f":"D105*G105","v":16331195},{"$f":"E105*D105+G105*D105","v":22336060},null,1250,2711,{"$f":"K105*L105","v":3388750},7373,{"$f":"K105*N105","v":9216250},{"$f":"L105*K105+N105*K105","v":12605000},300,2711,{"$f":"Q105*R105","v":813300},7373,{"$f":"Q105*T105","v":2211900},{"$f":"R105*Q105+T105*Q105","v":3025200},500,2711,{"$f":"W105*X105","v":1355500},7373,{"$f":"W105*Z105","v":3686500},{"$f":"X105*W105+Z105*W105","v":5042000},null,2711,{"$f":"AC105*AD105","v":0},7373,{"$f":"AC105*AF105","v":0},{"$f":"AD105*AC105+AF105*AC105","v":0},null,2711,{"$f":"AI105*AJ105","v":0},7373,{"$f":"AI105*AL105","v":0},{"$f":"AJ105*AI105+AL105*AI105","v":0},null,2711,{"$f":"AO105*AP105","v":0},7373,{"$f":"AO105*AR105","v":0},{"$f":"AP105*AO105+AR105*AO105","v":0},null,2711,{"$f":"AU105*AV105","v":0},7373,{"$f":"AU105*AX105","v":0},{"$f":"AV105*AU105+AX105*AU105","v":0},null,2711,{"$f":"BA105*BB105","v":0},7373,{"$f":"BA105*BD105","v":0},{"$f":"BB105*BA105+BD105*BA105","v":0},null,2050,2711,{"$f":"BH105*BI105","v":5557550},7373,{"$f":"BH105*BK105","v":15114650},{"$f":"BI105*BH105+BK105*BH105","v":20672200},165,2711,{"$f":"BN105*BO105","v":447315},7373,{"$f":"BN105*BQ105","v":1216545},{"$f":"BO105*BN105+BQ105*BN105","v":1663860}]
["1.2.5.2","Устройство противопожарной перегородки «Knauf» С112 с двухслойной обшивкой с каждой стороны","м2",4,5055,{"$f":"D106*E106","v":20220},4601,{"$f":"D106*G106","v":18404},{"$f":"E106*D106+G106*D106","v":38624},null,null,5055,{"$f":"K106*L106","v":0},4601,{"$f":"K106*N106","v":0},{"$f":"L106*K106+N106*K106","v":0},null,5055,{"$f":"Q106*R106","v":0},4601,{"$f":"Q106*T106","v":0},{"$f":"R106*Q106+T106*Q106","v":0},null,5055,{"$f":"W106*X106","v":0},4601,{"$f":"W106*Z106","v":0},{"$f":"X106*W106+Z106*W106","v":0},null,5055,{"$f":"AC106*AD106","v":0},4601,{"$f":"AC106*AF106","v":0},{"$f":"AD106*AC106+AF106*AC106","v":0},null,5055,{"$f":"AI106*AJ106","v":0},4601,{"$f":"AI106*AL106","v":0},{"$f":"AJ106*AI106+AL106*AI106","v":0},null,5055,{"$f":"AO106*AP106","v":0},4601,{"$f":"AO106*AR106","v":0},{"$f":"AP106*AO106+AR106*AO106","v":0},null,5055,{"$f":"AU106*AV106","v":0},4601,{"$f":"AU106*AX106","v":0},{"$f":"AV106*AU106+AX106*AU106","v":0},null,5055,{"$f":"BA106*BB106","v":0},4601,{"$f":"BA106*BD106","v":0},{"$f":"BB106*BA106+BD106*BA106","v":0},null,0,5055,{"$f":"BH106*BI106","v":0},4601,{"$f":"BH106*BK106","v":0},{"$f":"BI106*BH106+BK106*BH106","v":0},4,5055,{"$f":"BN106*BO106","v":20220},4601,{"$f":"BN106*BQ106","v":18404},{"$f":"BO106*BN106+BQ106*BN106","v":38624}]
["1.2.6","Устройство бетонного плинтуса",null,null,null,null,null,null,null,null,null,null,null,null,null,null,null,null,null,null,null,null,null,null,null,null,null,null,null,null,null,null,null,null,null,null,null,null,null,null,null,null,null,null,null,null,null,null,null,null,null,null,null,null,null,null,null,null,null,0,null,null,null,null,null,0]
["1.2.6.1","Устройство плинтуса из фасонного элемента ","м/п",378,280,{"$f":"D108*E108","v":105840},420,{"$f":"D108*G108","v":158760},{"$f":"E108*D108+G108*D108","v":264600},null,null,280,{"$f":"K108*L108","v":0},420,{"$f":"K108*N108","v":0},{"$f":"L108*K108+N108*K108","v":0},null,280,{"$f":"Q108*R108","v":0},420,{"$f":"Q108*T108","v":0},{"$f":"R108*Q108+T108*Q108","v":0},null,280,{"$f":"W108*X108","v":0},420,{"$f":"W108*Z108","v":0},{"$f":"X108*W108+Z108*W108","v":0},null,280,{"$f":"AC108*AD108","v":0},420,{"$f":"AC108*AF108","v":0},{"$f":"AD108*AC108+AF108*AC108","v":0},null,280,{"$f":"AI108*AJ108","v":0},420,{"$f":"AI108*AL108","v":0},{"$f":"AJ108*AI108+AL108*AI108","v":0},null,280,{"$f":"AO108*AP108","v":0},420,{"$f":"AO108*AR108","v":0},{"$f":"AP108*AO108+AR108*AO108","v":0},null,280,{"$f":"AU108*AV108","v":0},420,{"$f":"AU108*AX108","v":0},{"$f":"AV108*AU108+AX108*AU108","v":0},null,280,{"$f":"BA108*BB108","v":0},420,{"$f":"BA108*BD108","v":0},{"$f":"BB108*BA108+BD108*BA108","v":0},null,0,280,{"$f":"BH108*BI108","v":0},420,{"$f":"BH108*BK108","v":0},{"$f":"BI108*BH108+BK108*BH108","v":0},378,280,{"$f":"BN108*BO108","v":105840},420,{"$f":"BN108*BQ108","v":158760},{"$f":"BO108*BN108+BQ108*BN108","v":264600}]
["1.3","130-23-ВК Внутренние трубопроводы",null,null,null,{"$f":"SUM(F110:F113)","v":3943362},null,{"$f":"SUM(H110:H113)","v":7445174},{"$f":"SUM(I110:I113)","v":11388536},null,null,null,{"$f":"SUM(M110:M113)","v":0},null,{"$f":"SUM(O110:O113)","v":0},{"$f":"SUM(P110:P113)","v":0},null,null,{"$f":"SUM(S110:S113)","v":175081.5},null,{"$f":"SUM(U110:U113)","v":369598.5},{"$f":"SUM(V110:V113)","v":544680},null,null,{"$f":"SUM(Y110:Y113)","v":2979608.1},null,{"$f":"SUM(AA110:AA113)","v":5586540.6999999993},{"$f":"SUM(AB110:AB113)","v":8566148.8000000007},null,null,{"$f":"SUM(AE110:AE113)","v":0},null,{"$f":"SUM(AG110:AG113)","v":0},{"$f":"SUM(AH110:AH113)","v":0},null,null,{"$f":"SUM(AK110:AK113)","v":0},null,{"$f":"SUM(AM110:AM113)","v":0},{"$f":"SUM(AN110:AN113)","v":0},null,null,{"$f":"SUM(AQ110:AQ113)","v":0},null,{"$f":"SUM(AS110:AS113)","v":0},{"$f":"SUM(AT110:AT113)","v":0},null,null,{"$f":"SUM(AW110:AW113)","v":0},null,{"$f":"SUM(AY110:AY113)","v":0},{"$f":"SUM(AZ110:AZ113)","v":0},null,null,{"$f":"SUM(BC110:BC113)","v":0},null,{"$f":"SUM(BE110:BE113)","v":0},{"$f":"SUM(BF110:BF113)","v":0},null,0,null,{"$f":"SUM(BJ110:BJ113)","v":3154689.6},null,{"$f":"SUM(BL110:BL113)","v":5956139.1999999993},{"$f":"SUM(BM110:BM113)","v":9110828.8000000007},0,null,{"$f":"SUM(BP110:BP113)","v":788672.39999999979},null,{"$f":"SUM(BR110:BR113)","v":1489034.7999999996},{"$f":"SUM(BS110:BS113)","v":2277707.1999999993}]
["1.3.1","Хозяйственно-питьевой водопровод В1.","сис",1,910581,{"$f":"D110*E110","v":910581},979867,{"$f":"D110*G110","v":979867},{"$f":"E110*D110+G110*D110","v":1890448},null,null,910581,{"$f":"K110*L110","v":0},979867,{"$f":"K110*N110","v":0},{"$f":"L110*K110+N110*K110","v":0},null,910581,{"$f":"Q110*R110","v":0},979867,{"$f":"Q110*T110","v":0},{"$f":"R110*Q110+T110*Q110","v":0},0.8,910581,{"$f":"W110*X110","v":728464.8},979867,{"$f":"W110*Z110","v":783893.60000000009},{"$f":"X110*W110+Z110*W110","v":1512358.4000000001},null,910581,{"$f":"AC110*AD110","v":0},979867,{"$f":"AC110*AF110","v":0},{"$f":"AD110*AC110+AF110*AC110","v":0},null,910581,{"$f":"AI110*AJ110","v":0},979867,{"$f":"AI110*AL110","v":0},{"$f":"AJ110*AI110+AL110*AI110","v":0},null,910581,{"$f":"AO110*AP110","v":0},979867,{"$f":"AO110*AR110","v":0},{"$f":"AP110*AO110+AR110*AO110","v":0},null,910581,{"$f":"AU110*AV110","v":0},979867,{"$f":"AU110*AX110","v":0},{"$f":"AV110*AU110+AX110*AU110","v":0},null,910581,{"$f":"BA110*BB110","v":0},979867,{"$f":"BA110*BD110","v":0},{"$f":"BB110*BA110+BD110*BA110","v":0},null,0.8,910581,{"$f":"BH110*BI110","v":728464.8},979867,{"$f":"BH110*BK110","v":783893.60000000009},{"$f":"BI110*BH110+BK110*BH110","v":1512358.4000000001},0.19999999999999996,910581,{"$f":"BN110*BO110","v":182116.19999999995},979867,{"$f":"BN110*BQ110","v":195973.39999999997},{"$f":"BO110*BN110+BQ110*BN110","v":378089.59999999992}]
["1.3.2","Горячее водоснабжение (Т3, Т4)","сис",1,1137342,{"$f":"D111*E111","v":1137342},1607675,{"$f":"D111*G111","v":1607675},{"$f":"E111*D111+G111*D111","v":2745017},null,null,1137342,{"$f":"K111*L111","v":0},1607675,{"$f":"K111*N111","v":0},{"$f":"L111*K111+N111*K111","v":0},null,1137342,{"$f":"Q111*R111","v":0},1607675,{"$f":"Q111*T111","v":0},{"$f":"R111*Q111+T111*Q111","v":0},0.8,1137342,{"$f":"W111*X111","v":909873.60000000009},1607675,{"$f":"W111*Z111","v":1286140},{"$f":"X111*W111+Z111*W111","v":2196013.6},null,1137342,{"$f":"AC111*AD111","v":0},1607675,{"$f":"AC111*AF111","v":0},{"$f":"AD111*AC111+AF111*AC111","v":0},null,1137342,{"$f":"AI111*AJ111","v":0},1607675,{"$f":"AI111*AL111","v":0},{"$f":"AJ111*AI111+AL111*AI111","v":0},null,1137342,{"$f":"AO111*AP111","v":0},1607675,{"$f":"AO111*AR111","v":0},{"$f":"AP111*AO111+AR111*AO111","v":0},null,1137342,{"$f":"AU111*AV111","v":0},1607675,{"$f":"AU111*AX111","v":0},{"$f":"AV111*AU111+AX111*AU111","v":0},null,1137342,{"$f":"BA111*BB111","v":0},1607675,{"$f":"BA111*BD111","v":0},{"$f":"BB111*BA111+BD111*BA111","v":0},null,0.8,1137342,{"$f":"BH111*BI111","v":909873.60000000009},1607675,{"$f":"BH111*BK111","v":1286140},{"$f":"BI111*BH111+BK111*BH111","v":2196013.6},0.19999999999999996,1137342,{"$f":"BN111*BO111","v":227468.39999999994},1607675,{"$f":"BN111*BQ111","v":321534.99999999994},{"$f":"BO111*BN111+BQ111*BN111","v":549003.39999999991}]
["1.3.3","Противопожарный водопровод, В2","сис",1,1545276,{"$f":"D112*E112","v":1545276},4118435,{"$f":"D112*G112","v":4118435},{"$f":"E112*D112+G112*D112","v":5663711},null,null,1545276,{"$f":"K112*L112","v":0},4118435,{"$f":"K112*N112","v":0},{"$f":"L112*K112+N112*K112","v":0},null,1545276,{"$f":"Q112*R112","v":0},4118435,{"$f":"Q112*T112","v":0},{"$f":"R112*Q112+T112*Q112","v":0},0.8,1545276,{"$f":"W112*X112","v":1236220.8},4118435,{"$f":"W112*Z112","v":3294748},{"$f":"X112*W112+Z112*W112","v":4530968.8},null,1545276,{"$f":"AC112*AD112","v":0},4118435,{"$f":"AC112*AF112","v":0},{"$f":"AD112*AC112+AF112*AC112","v":0},null,1545276,{"$f":"AI112*AJ112","v":0},4118435,{"$f":"AI112*AL112","v":0},{"$f":"AJ112*AI112+AL112*AI112","v":0},null,1545276,{"$f":"AO112*AP112","v":0},4118435,{"$f":"AO112*AR112","v":0},{"$f":"AP112*AO112+AR112*AO112","v":0},null,1545276,{"$f":"AU112*AV112","v":0},4118435,{"$f":"AU112*AX112","v":0},{"$f":"AV112*AU112+AX112*AU112","v":0},null,1545276,{"$f":"BA112*BB112","v":0},4118435,{"$f":"BA112*BD112","v":0},{"$f":"BB112*BA112+BD112*BA112","v":0},null,0.8,1545276,{"$f":"BH112*BI112","v":1236220.8},4118435,{"$f":"BH112*BK112","v":3294748},{"$f":"BI112*BH112+BK112*BH112","v":4530968.8},0.19999999999999996,1545276,{"$f":"BN112*BO112","v":309055.19999999995},4118435,{"$f":"BN112*BQ112","v":823686.99999999977},{"$f":"BO112*BN112+BQ112*BN112","v":1132742.1999999997}]
["1.3.4","Бытовая канализация К1","сис",1,350163,{"$f":"D113*E113","v":350163},739197,{"$f":"D113*G113","v":739197},{"$f":"E113*D113+G113*D113","v":1089360},null,null,350163,{"$f":"K113*L113","v":0},739197,{"$f":"K113*N113","v":0},{"$f":"L113*K113+N113*K113","v":0},0.5,350163,{"$f":"Q113*R113","v":175081.5},739197,{"$f":"Q113*T113","v":369598.5},{"$f":"R113*Q113+T113*Q113","v":544680},0.3,350163,{"$f":"W113*X113","v":105048.9},739197,{"$f":"W113*Z113","v":221759.1},{"$f":"X113*W113+Z113*W113","v":326808},null,350163,{"$f":"AC113*AD113","v":0},739197,{"$f":"AC113*AF113","v":0},{"$f":"AD113*AC113+AF113*AC113","v":0},null,350163,{"$f":"AI113*AJ113","v":0},739197,{"$f":"AI113*AL113","v":0},{"$f":"AJ113*AI113+AL113*AI113","v":0},null,350163,{"$f":"AO113*AP113","v":0},739197,{"$f":"AO113*AR113","v":0},{"$f":"AP113*AO113+AR113*AO113","v":0},null,350163,{"$f":"AU113*AV113","v":0},739197,{"$f":"AU113*AX113","v":0},{"$f":"AV113*AU113+AX113*AU113","v":0},null,350163,{"$f":"BA113*BB113","v":0},739197,{"$f":"BA113*BD113","v":0},{"$f":"BB113*BA113+BD113*BA113","v":0},null,0.8,350163,{"$f":"BH113*BI113","v":280130.40000000002},739197,{"$f":"BH113*BK113","v":591357.6},{"$f":"BI113*BH113+BK113*BH113","v":871488},0.19999999999999996,350163,{"$f":"BN113*BO113","v":70032.599999999991},739197,{"$f":"BN113*BQ113","v":147839.39999999997},{"$f":"BO113*BN113+BQ113*BN113","v":217871.99999999994}]
["1.4","130-23-ПС Пожарная сигнализация",null,null,null,{"$f":"F115+F116+F117+F118+F119+F120+F121+F122+F123+F124+SUM(F125:F131)+F132+F133+F134+F135+F136+F137+F138+F139+F140+F141+F142+F143+F144+F145+F146+F147+F148+F149+F150+F151+F152+F153+F154+SUM(F155:F166)+F167+F168+F169+F170+F171+F172+F173+F174+F175+F176+F177+F178+F179+F180+F181+SUM(F183:F197)","v":5567925.5},null,{"$f":"H115+H116+H117+H118+H119+H120+H121+H122+H123+H124+SUM(H125:H131)+H132+H133+H134+H135+H136+H137+H138+H139+H140+H141+H142+H143+H144+H145+H146+H147+H148+H149+H150+H151+H152+H153+H154+SUM(H155:H166)+H167+H168+H169+H170+H171+H172+H173+H174+H175+H176+H177+H178+H179+H180+H181+SUM(H183:H197)","v":6146099.0999999996},{"$f":"I115+I116+I117+I118+I119+I120+I121+I122+I123+I124+SUM(I125:I131)+I132+I133+I134+I135+I136+I137+I138+I139+I140+I141+I142+I143+I144+I145+I146+I147+I148+I149+I150+I151+I152+I153+I154+SUM(I155:I166)+I167+I168+I169+I170+I171+I172+I173+I174+I175+I176+I177+I178+I179+I180+I181+SUM(I183:I197)","v":11714024.600000001},null,null,null,{"$f":"M115+M116+M117+M118+M119+M120+M121+M122+M123+M124+SUM(M125:M131)+M132+M133+M134+M135+M136+M137+M138+M139+M140+M141+M142+M143+M144+M145+M146+M147+M148+M149+M150+M151+M152+M153+M154+SUM(M155:M166)+M167+M168+M169+M170+M171+M172+M173+M174+M175+M176+M177+M178+M179+M180+M181+SUM(M183:M197)","v":0},null,{"$f":"O115+O116+O117+O118+O119+O120+O121+O122+O123+O124+SUM(O125:O131)+O132+O133+O134+O135+O136+O137+O138+O139+O140+O141+O142+O143+O144+O145+O146+O147+O148+O149+O150+O151+O152+O153+O154+SUM(O155:O166)+O167+O168+O169+O170+O171+O172+O173+O174+O175+O176+O177+O178+O179+O180+O181+SUM(O183:O197)","v":0},{"$f":"P115+P116+P117+P118+P119+P120+P121+P122+P123+P124+SUM(P125:P131)+P132+P133+P134+P135+P136+P137+P138+P139+P140+P141+P142+P143+P144+P145+P146+P147+P148+P149+P150+P151+P152+P153+P154+SUM(P155:P166)+P167+P168+P169+P170+P171+P172+P173+P174+P175+P176+P177+P178+P179+P180+P181+SUM(P183:P197)","v":0},null,null,{"$f":"S115+S116+S117+S118+S119+S120+S121+S122+S123+S124+SUM(S125:S131)+S132+S133+S134+S135+S136+S137+S138+S139+S140+S141+S142+S143+S144+S145+S146+S147+S148+S149+S150+S151+S152+S153+S154+SUM(S155:S166)+S167+S168+S169+S170+S171+S172+S173+S174+S175+S176+S177+S178+S179+S180+S181+SUM(S183:S197)","v":0},null,{"$f":"U115+U116+U117+U118+U119+U120+U121+U122+U123+U124+SUM(U125:U131)+U132+U133+U134+U135+U136+U137+U138+U139+U140+U141+U142+U143+U144+U145+U146+U147+U148+U149+U150+U151+U152+U153+U154+SUM(U155:U166)+U167+U168+U169+U170+U171+U172+U173+U174+U175+U176+U177+U178+U179+U180+U181+SUM(U183:U197)","v":0},{"$f":"V115+V116+V117+V118+V119+V120+V121+V122+V123+V124+SUM(V125:V131)+V132+V133+V134+V135+V136+V137+V138+V139+V140+V141+V142+V143+V144+V145+V146+V147+V148+V149+V150+V151+V152+V153+V154+SUM(V155:V166)+V167+V168+V169+V170+V171+V172+V173+V174+V175+V176+V177+V178+V179+V180+V181+SUM(V183:V197)","v":0},null,null,{"$f":"Y115+Y116+Y117+Y118+Y119+Y120+Y121+Y122+Y123+Y124+SUM(Y125:Y131)+Y132+Y133+Y134+Y135+Y136+Y137+Y138+Y139+Y140+Y141+Y142+Y143+Y144+Y145+Y146+Y147+Y148+Y149+Y150+Y151+Y152+Y153+Y154+SUM(Y155:Y166)+Y167+Y168+Y169+Y170+Y171+Y172+Y173+Y174+Y175+Y176+Y177+Y178+Y179+Y180+Y181+SUM(Y183:Y197)","v":460596},null,{"$f":"AA115+AA116+AA117+AA118+AA119+AA120+AA121+AA122+AA123+AA124+SUM(AA125:AA131)+AA132+AA133+AA134+AA135+AA136+AA137+AA138+AA139+AA140+AA141+AA142+AA143+AA144+AA145+AA146+AA147+AA148+AA149+AA150+AA151+AA152+AA153+AA154+SUM(AA155:AA166)+AA167+AA168+AA169+AA170+AA171+AA172+AA173+AA174+AA175+AA176+AA177+AA178+AA179+AA180+AA181+SUM(AA183:AA197)","v":1030533.9600000001},{"$f":"AB115+AB116+AB117+AB118+AB119+AB120+AB121+AB122+AB123+AB124+SUM(AB125:AB131)+AB132+AB133+AB134+AB135+AB136+AB137+AB138+AB139+AB140+AB141+AB142+AB143+AB144+AB145+AB146+AB147+AB148+AB149+AB150+AB151+AB152+AB153+AB154+SUM(AB155:AB166)+AB167+AB168+AB169+AB170+AB171+AB172+AB173+AB174+AB175+AB176+AB177+AB178+AB179+AB180+AB181+SUM(AB183:AB197)","v":1491129.96},null,null,{"$f":"AE115+AE116+AE117+AE118+AE119+AE120+AE121+AE122+AE123+AE124+SUM(AE125:AE131)+AE132+AE133+AE134+AE135+AE136+AE137+AE138+AE139+AE140+AE141+AE142+AE143+AE144+AE145+AE146+AE147+AE148+AE149+AE150+AE151+AE152+AE153+AE154+SUM(AE155:AE166)+AE167+AE168+AE169+AE170+AE171+AE172+AE173+AE174+AE175+AE176+AE177+AE178+AE179+AE180+AE181+SUM(AE183:AE197)","v":0},null,{"$f":"AG115+AG116+AG117+AG118+AG119+AG120+AG121+AG122+AG123+AG124+SUM(AG125:AG131)+AG132+AG133+AG134+AG135+AG136+AG137+AG138+AG139+AG140+AG141+AG142+AG143+AG144+AG145+AG146+AG147+AG148+AG149+AG150+AG151+AG152+AG153+AG154+SUM(AG155:AG166)+AG167+AG168+AG169+AG170+AG171+AG172+AG173+AG174+AG175+AG176+AG177+AG178+AG179+AG180+AG181+SUM(AG183:AG197)","v":0},{"$f":"AH115+AH116+AH117+AH118+AH119+AH120+AH121+AH122+AH123+AH124+SUM(AH125:AH131)+AH132+AH133+AH134+AH135+AH136+AH137+AH138+AH139+AH140+AH141+AH142+AH143+AH144+AH145+AH146+AH147+AH148+AH149+AH150+AH151+AH152+AH153+AH154+SUM(AH155:AH166)+AH167+AH168+AH169+AH170+AH171+AH172+AH173+AH174+AH175+AH176+AH177+AH178+AH179+AH180+AH181+SUM(AH183:AH197)","v":0},null,null,{"$f":"AK115+AK116+AK117+AK118+AK119+AK120+AK121+AK122+AK123+AK124+SUM(AK125:AK131)+AK132+AK133+AK134+AK135+AK136+AK137+AK138+AK139+AK140+AK141+AK142+AK143+AK144+AK145+AK146+AK147+AK148+AK149+AK150+AK151+AK152+AK153+AK154+SUM(AK155:AK166)+AK167+AK168+AK169+AK170+AK171+AK172+AK173+AK174+AK175+AK176+AK177+AK178+AK179+AK180+AK181+SUM(AK183:AK197)","v":0},null,{"$f":"AM115+AM116+AM117+AM118+AM119+AM120+AM121+AM122+AM123+AM124+SUM(AM125:AM131)+AM132+AM133+AM134+AM135+AM136+AM137+AM138+AM139+AM140+AM141+AM142+AM143+AM144+AM145+AM146+AM147+AM148+AM149+AM150+AM151+AM152+AM153+AM154+SUM(AM155:AM166)+AM167+AM168+AM169+AM170+AM171+AM172+AM173+AM174+AM175+AM176+AM177+AM178+AM179+AM180+AM181+SUM(AM183:AM197)","v":0},{"$f":"AN115+AN116+AN117+AN118+AN119+AN120+AN121+AN122+AN123+AN124+SUM(AN125:AN131)+AN132+AN133+AN134+AN135+AN136+AN137+AN138+AN139+AN140+AN141+AN142+AN143+AN144+AN145+AN146+AN147+AN148+AN149+AN150+AN151+AN152+AN153+AN154+SUM(AN155:AN166)+AN167+AN168+AN169+AN170+AN171+AN172+AN173+AN174+AN175+AN176+AN177+AN178+AN179+AN180+AN181+SUM(AN183:AN197)","v":0},null,null,{"$f":"AQ115+AQ116+AQ117+AQ118+AQ119+AQ120+AQ121+AQ122+AQ123+AQ124+SUM(AQ125:AQ131)+AQ132+AQ133+AQ134+AQ135+AQ136+AQ137+AQ138+AQ139+AQ140+AQ141+AQ142+AQ143+AQ144+AQ145+AQ146+AQ147+AQ148+AQ149+AQ150+AQ151+AQ152+AQ153+AQ154+SUM(AQ155:AQ166)+AQ167+AQ168+AQ169+AQ170+AQ171+AQ172+AQ173+AQ174+AQ175+AQ176+AQ177+AQ178+AQ179+AQ180+AQ181+SUM(AQ183:AQ197)","v":0},null,{"$f":"AS115+AS116+AS117+AS118+AS119+AS120+AS121+AS122+AS123+AS124+SUM(AS125:AS131)+AS132+AS133+AS134+AS135+AS136+AS137+AS138+AS139+AS140+AS141+AS142+AS143+AS144+AS145+AS146+AS147+AS148+AS149+AS150+AS151+AS152+AS153+AS154+SUM(AS155:AS166)+AS167+AS168+AS169+AS170+AS171+AS172+AS173+AS174+AS175+AS176+AS177+AS178+AS179+AS180+AS181+SUM(AS183:AS197)","v":0},{"$f":"AT115+AT116+AT117+AT118+AT119+AT120+AT121+AT122+AT123+AT124+SUM(AT125:AT131)+AT132+AT133+AT134+AT135+AT136+AT137+AT138+AT139+AT140+AT141+AT142+AT143+AT144+AT145+AT146+AT147+AT148+AT149+AT150+AT151+AT152+AT153+AT154+SUM(AT155:AT166)+AT167+AT168+AT169+AT170+AT171+AT172+AT173+AT174+AT175+AT176+AT177+AT178+AT179+AT180+AT181+SUM(AT183:AT197)","v":0},null,null,{"$f":"AW115+AW116+AW117+AW118+AW119+AW120+AW121+AW122+AW123+AW124+SUM(AW125:AW131)+AW132+AW133+AW134+AW135+AW136+AW137+AW138+AW139+AW140+AW141+AW142+AW143+AW144+AW145+AW146+AW147+AW148+AW149+AW150+AW151+AW152+AW153+AW154+SUM(AW155:AW166)+AW167+AW168+AW169+AW170+AW171+AW172+AW173+AW174+AW175+AW176+AW177+AW178+AW179+AW180+AW181+SUM(AW183:AW197)","v":0},null,{"$f":"AY115+AY116+AY117+AY118+AY119+AY120+AY121+AY122+AY123+AY124+SUM(AY125:AY131)+AY132+AY133+AY134+AY135+AY136+AY137+AY138+AY139+AY140+AY141+AY142+AY143+AY144+AY145+AY146+AY147+AY148+AY149+AY150+AY151+AY152+AY153+AY154+SUM(AY155:AY166)+AY167+AY168+AY169+AY170+AY171+AY172+AY173+AY174+AY175+AY176+AY177+AY178+AY179+AY180+AY181+SUM(AY183:AY197)","v":0},{"$f":"AZ115+AZ116+AZ117+AZ118+AZ119+AZ120+AZ121+AZ122+AZ123+AZ124+SUM(AZ125:AZ131)+AZ132+AZ133+AZ134+AZ135+AZ136+AZ137+AZ138+AZ139+AZ140+AZ141+AZ142+AZ143+AZ144+AZ145+AZ146+AZ147+AZ148+AZ149+AZ150+AZ151+AZ152+AZ153+AZ154+SUM(AZ155:AZ166)+AZ167+AZ168+AZ169+AZ170+AZ171+AZ172+AZ173+AZ174+AZ175+AZ176+AZ177+AZ178+AZ179+AZ180+AZ181+SUM(AZ183:AZ197)","v":0},null,null,{"$f":"BC115+BC116+BC117+BC118+BC119+BC120+BC121+BC122+BC123+BC124+SUM(BC125:BC131)+BC132+BC133+BC134+BC135+BC136+BC137+BC138+BC139+BC140+BC141+BC142+BC143+BC144+BC145+BC146+BC147+BC148+BC149+BC150+BC151+BC152+BC153+BC154+SUM(BC155:BC166)+BC167+BC168+BC169+BC170+BC171+BC172+BC173+BC174+BC175+BC176+BC177+BC178+BC179+BC180+BC181+SUM(BC183:BC197)","v":0},null,{"$f":"BE115+BE116+BE117+BE118+BE119+BE120+BE121+BE122+BE123+BE124+SUM(BE125:BE131)+BE132+BE133+BE134+BE135+BE136+BE137+BE138+BE139+BE140+BE141+BE142+BE143+BE144+BE145+BE146+BE147+BE148+BE149+BE150+BE151+BE152+BE153+BE154+SUM(BE155:BE166)+BE167+BE168+BE169+BE170+BE171+BE172+BE173+BE174+BE175+BE176+BE177+BE178+BE179+BE180+BE181+SUM(BE183:BE197)","v":0},{"$f":"BF115+BF116+BF117+BF118+BF119+BF120+BF121+BF122+BF123+BF124+SUM(BF125:BF131)+BF132+BF133+BF134+BF135+BF136+BF137+BF138+BF139+BF140+BF141+BF142+BF143+BF144+BF145+BF146+BF147+BF148+BF149+BF150+BF151+BF152+BF153+BF154+SUM(BF155:BF166)+BF167+BF168+BF169+BF170+BF171+BF172+BF173+BF174+BF175+BF176+BF177+BF178+BF179+BF180+BF181+SUM(BF183:BF197)","v":0},null,0,null,{"$f":"BJ115+BJ116+BJ117+BJ118+BJ119+BJ120+BJ121+BJ122+BJ123+BJ124+SUM(BJ125:BJ131)+BJ132+BJ133+BJ134+BJ135+BJ136+BJ137+BJ138+BJ139+BJ140+BJ141+BJ142+BJ143+BJ144+BJ145+BJ146+BJ147+BJ148+BJ149+BJ150+BJ151+BJ152+BJ153+BJ154+SUM(BJ155:BJ166)+BJ167+BJ168+BJ169+BJ170+BJ171+BJ172+BJ173+BJ174+BJ175+BJ176+BJ177+BJ178+BJ179+BJ180+BJ181+SUM(BJ183:BJ197)","v":460596},null,{"$f":"BL115+BL116+BL117+BL118+BL119+BL120+BL121+BL122+BL123+BL124+SUM(BL125:BL131)+BL132+BL133+BL134+BL135+BL136+BL137+BL138+BL139+BL140+BL141+BL142+BL143+BL144+BL145+BL146+BL147+BL148+BL149+BL150+BL151+BL152+BL153+BL154+SUM(BL155:BL166)+BL167+BL168+BL169+BL170+BL171+BL172+BL173+BL174+BL175+BL176+BL177+BL178+BL179+BL180+BL181+SUM(BL183:BL197)","v":1030533.9600000001},{"$f":"BM115+BM116+BM117+BM118+BM119+BM120+BM121+BM122+BM123+BM124+SUM(BM125:BM131)+BM132+BM133+BM134+BM135+BM136+BM137+BM138+BM139+BM140+BM141+BM142+BM143+BM144+BM145+BM146+BM147+BM148+BM149+BM150+BM151+BM152+BM153+BM154+SUM(BM155:BM166)+BM167+BM168+BM169+BM170+BM171+BM172+BM173+BM174+BM175+BM176+BM177+BM178+BM179+BM180+BM181+SUM(BM183:BM197)","v":1491129.96},0,null,{"$f":"BP115+BP116+BP117+BP118+BP119+BP120+BP121+BP122+BP123+BP124+SUM(BP125:BP131)+BP132+BP133+BP134+BP135+BP136+BP137+BP138+BP139+BP140+BP141+BP142+BP143+BP144+BP145+BP146+BP147+BP148+BP149+BP150+BP151+BP152+BP153+BP154+SUM(BP155:BP166)+BP167+BP168+BP169+BP170+BP171+BP172+BP173+BP174+BP175+BP176+BP177+BP178+BP179+BP180+BP181+SUM(BP183:BP197)","v":5107329.5},null,{"$f":"BR115+BR116+BR117+BR118+BR119+BR120+BR121+BR122+BR123+BR124+SUM(BR125:BR131)+BR132+BR133+BR134+BR135+BR136+BR137+BR138+BR139+BR140+BR141+BR142+BR143+BR144+BR145+BR146+BR147+BR148+BR149+BR150+BR151+BR152+BR153+BR154+SUM(BR155:BR166)+BR167+BR168+BR169+BR170+BR171+BR172+BR173+BR174+BR175+BR176+BR177+BR178+BR179+BR180+BR181+SUM(BR183:BR197)","v":5115565.1399999997},{"$f":"BS115+BS116+BS117+BS118+BS119+BS120+BS121+BS122+BS123+BS124+SUM(BS125:BS131)+BS132+BS133+BS134+BS135+BS136+BS137+BS138+BS139+BS140+BS141+BS142+BS143+BS144+BS145+BS146+BS147+BS148+BS149+BS150+BS151+BS152+BS153+BS154+SUM(BS155:BS166)+BS167+BS168+BS169+BS170+BS171+BS172+BS173+BS174+BS175+BS176+BS177+BS178+BS179+BS180+BS181+SUM(BS183:BS197)","v":10222894.640000001}]
["1.4.1","Сервер \"Орион Про\"","компл.",1,50304,{"$f":"D115*E115","v":50304},0,null,{"$f":"E115*D115+G115*D115","v":50304},null,null,50304,{"$f":"K115*L115","v":0},0,null,{"$f":"L115*K115+N115*K115","v":0},null,50304,{"$f":"Q115*R115","v":0},0,null,{"$f":"R115*Q115+T115*Q115","v":0},null,50304,{"$f":"W115*X115","v":0},0,null,{"$f":"X115*W115+Z115*W115","v":0},null,50304,{"$f":"AC115*AD115","v":0},0,null,{"$f":"AD115*AC115+AF115*AC115","v":0},null,50304,{"$f":"AI115*AJ115","v":0},0,null,{"$f":"AJ115*AI115+AL115*AI115","v":0},null,50304,{"$f":"AO115*AP115","v":0},0,null,{"$f":"AP115*AO115+AR115*AO115","v":0},null,50304,{"$f":"AU115*AV115","v":0},0,null,{"$f":"AV115*AU115+AX115*AU115","v":0},null,50304,{"$f":"BA115*BB115","v":0},0,null,{"$f":"BB115*BA115+BD115*BA115","v":0},null,0,50304,{"$f":"BH115*BI115","v":0},0,null,{"$f":"BI115*BH115+BK115*BH115","v":0},1,50304,{"$f":"BN115*BO115","v":50304},0,null,{"$f":"BO115*BN115+BQ115*BN115","v":50304}]
["1.4.2","Шкаф пожарной сигнализации","шт.",4,5502,22008,36625.68,{"$f":"D116*G116","v":146502.72},168510.72,null,null,5502,0,36625.68,{"$f":"K116*N116","v":0},0,null,5502,0,36625.68,{"$f":"Q116*T116","v":0},0,3,5502,16506,36625.68,{"$f":"W116*Z116","v":109877.04000000001},126383.04000000001,null,5502,0,36625.68,{"$f":"AC116*AF116","v":0},0,null,5502,0,36625.68,{"$f":"AI116*AL116","v":0},0,null,5502,0,36625.68,{"$f":"AO116*AR116","v":0},0,null,5502,0,36625.68,{"$f":"AU116*AX116","v":0},0,null,5502,0,36625.68,{"$f":"BA116*BD116","v":0},0,null,3,5502,16506,36625.68,{"$f":"BH116*BK116","v":109877.04000000001},126383.04000000001,1,5502,5502,36625.68,{"$f":"BN116*BQ116","v":36625.68},42127.68]
["1.4.3","Монтажный комплект","шт.",4,2358,9432,1456,5824,15256,null,null,2358,0,1456,0,0,null,2358,0,1456,0,0,null,2358,0,1456,0,0,null,2358,0,1456,0,0,null,2358,0,1456,0,0,null,2358,0,1456,0,0,null,2358,0,1456,0,0,null,2358,0,1456,0,0,null,0,2358,0,1456,0,0,4,2358,9432,1456,5824,15256]
["1.4.5","Прибор приемно-контрольный и управления пожарный","шт.",1,5502,5502,42033.68,42033.68,47535.68,null,null,5502,0,42033.68,0,0,null,5502,0,42033.68,0,0,null,5502,0,42033.68,0,0,null,5502,0,42033.68,0,0,null,5502,0,42033.68,0,0,null,5502,0,42033.68,0,0,null,5502,0,42033.68,0,0,null,5502,0,42033.68,0,0,null,0,5502,0,42033.68,0,0,1,5502,5502,42033.68,42033.68,47535.68]
["1.4.6","Аккумулятор 12 В, 17 А/ч","шт.",10,524,5240,7368.4,73684,78924,null,null,524,0,7368.4,0,0,null,524,0,7368.4,0,0,null,524,0,7368.4,0,0,null,524,0,7368.4,0,0,null,524,0,7368.4,0,0,null,524,0,7368.4,0,0,null,524,0,7368.4,0,0,null,524,0,7368.4,0,0,null,0,524,0,7368.4,0,0,10,524,5240,7368.4,73684,78924]
["1.4.7","Пульт контроля и управления","шт.",1,3406,3406,14788.18,14788.18,18194.18,null,null,3406,0,14788.18,0,0,null,3406,0,14788.18,0,0,null,3406,0,14788.18,0,0,null,3406,0,14788.18,0,0,null,3406,0,14788.18,0,0,null,3406,0,14788.18,0,0,null,3406,0,14788.18,0,0,null,3406,0,14788.18,0,0,null,0,3406,0,14788.18,0,0,1,3406,3406,14788.18,14788.18,18194.18]
["1.4.8","Контроллер двухпроводной линиии связи","шт.",11,3406,37466,6507.85,71586.350000000006,109052.35,null,null,3406,0,6507.85,0,0,null,3406,0,6507.85,0,0,null,3406,0,6507.85,0,0,null,3406,0,6507.85,0,0,null,3406,0,6507.85,0,0,null,3406,0,6507.85,0,0,null,3406,0,6507.85,0,0,null,3406,0,6507.85,0,0,null,0,3406,0,6507.85,0,0,11,3406,37466,6507.85,71586.350000000006,109052.35]
["1.4.9","Блок контрольно-пусковой","шт.",4,3406,13624,5933.93,23735.72,37359.72,null,null,3406,0,5933.93,0,0,null,3406,0,5933.93,0,0,null,3406,0,5933.93,0,0,null,3406,0,5933.93,0,0,null,3406,0,5933.93,0,0,null,3406,0,5933.93,0,0,null,3406,0,5933.93,0,0,null,3406,0,5933.93,0,0,null,0,3406,0,5933.93,0,0,4,3406,13624,5933.93,23735.72,37359.72]
["1.4.10","Извещатель пожарный дымовой оптико-электронный аналого-адресный","шт.",137,1572,215364,2472.34,338710.58,554074.58000000007,null,null,1572,0,2472.34,0,0,null,1572,0,2472.34,0,0,50,1572,78600,2472.34,123617,202217,null,1572,0,2472.34,0,0,null,1572,0,2472.34,0,0,null,1572,0,2472.34,0,0,null,1572,0,2472.34,0,0,null,1572,0,2472.34,0,0,null,50,1572,78600,2472.34,123617,202217,87,1572,136764,2472.34,215093.58000000002,351857.58]
["1.4.11","Извещатель пожарный линейный однопозиционный адресный","шт.",24,4454,106896,37518,900432,1007328,null,null,4454,0,37518,0,0,null,4454,0,37518,0,0,10,4454,44540,37518,375180,419720,null,4454,0,37518,0,0,null,4454,0,37518,0,0,null,4454,0,37518,0,0,null,4454,0,37518,0,0,null,4454,0,37518,0,0,null,10,4454,44540,37518,375180,419720,14,4454,62356,37518,525252,587608]
["1.4.13","Извещатель пожарный ручной адресный","шт.",15,1572,23580,1458.34,21875.1,45455.1,null,null,1572,0,1458.34,0,0,null,1572,0,1458.34,0,0,5,1572,7860,1458.34,7291.7,15151.7,null,1572,0,1458.34,0,0,null,1572,0,1458.34,0,0,null,1572,0,1458.34,0,0,null,1572,0,1458.34,0,0,null,1572,0,1458.34,0,0,null,5,1572,7860,1458.34,7291.7,15151.7,10,1572,15720,1458.34,14583.4,30303.4]
["1.4.14","Аккумулятор 12 В, 40 А/ч","шт.",4,524,2096,8196.4,32785.599999999999,34881.599999999999,null,null,524,0,8196.4,0,0,null,524,0,8196.4,0,0,null,524,0,8196.4,0,0,null,524,0,8196.4,0,0,null,524,0,8196.4,0,0,null,524,0,8196.4,0,0,null,524,0,8196.4,0,0,null,524,0,8196.4,0,0,null,0,524,0,8196.4,0,0,4,524,2096,8196.4,32785.599999999999,34881.599999999999]
["1.4.15","Источник питания резервированный","шт.",4,3930,15720,16396.07,65584.28,81304.28,null,null,3930,0,16396.07,0,0,null,3930,0,16396.07,0,0,null,3930,0,16396.07,0,0,null,3930,0,16396.07,0,0,null,3930,0,16396.07,0,0,null,3930,0,16396.07,0,0,null,3930,0,16396.07,0,0,null,3930,0,16396.07,0,0,null,0,3930,0,16396.07,0,0,4,3930,15720,16396.07,65584.28,81304.28]
["1.4.16","Аккумулятор 12 В, 7 А/ч","шт.",4,524,2096,3129.1,12516.4,14612.4,null,null,524,0,3129.1,0,0,null,524,0,3129.1,0,0,null,524,0,3129.1,0,0,null,524,0,3129.1,0,0,null,524,0,3129.1,0,0,null,524,0,3129.1,0,0,null,524,0,3129.1,0,0,null,524,0,3129.1,0,0,null,0,524,0,3129.1,0,0,4,524,2096,3129.1,12516.4,14612.4]
["1.4.17","Блок контроля и индикации","шт.",2,3930,7860,11731.38,23462.76,31322.76,null,null,3930,0,11731.38,0,0,null,3930,0,11731.38,0,0,null,3930,0,11731.38,0,0,null,3930,0,11731.38,0,0,null,3930,0,11731.38,0,0,null,3930,0,11731.38,0,0,null,3930,0,11731.38,0,0,null,3930,0,11731.38,0,0,null,0,3930,0,11731.38,0,0,2,3930,7860,11731.38,23462.76,31322.76]
["1.4.18","Блок разветвительно-изолирующий","шт.",4,1310,5240,833.51,3334.04,8574.0400000000009,null,null,1310,0,833.51,0,0,null,1310,0,833.51,0,0,null,1310,0,833.51,0,0,null,1310,0,833.51,0,0,null,1310,0,833.51,0,0,null,1310,0,833.51,0,0,null,1310,0,833.51,0,0,null,1310,0,833.51,0,0,null,0,1310,0,833.51,0,0,4,1310,5240,833.51,3334.04,8574.0400000000009]
["1.4.19","Преобразователь интерфейсов","шт.",4,4192,16768,15047.76,60191.040000000001,76959.040000000008,null,null,4192,0,15047.76,0,0,null,4192,0,15047.76,0,0,null,4192,0,15047.76,0,0,null,4192,0,15047.76,0,0,null,4192,0,15047.76,0,0,null,4192,0,15047.76,0,0,null,4192,0,15047.76,0,0,null,4192,0,15047.76,0,0,null,0,4192,0,15047.76,0,0,4,4192,16768,15047.76,60191.040000000001,76959.040000000008]
["1.4.20","Патч-корд волоконно-оптический LC/UPC-LC/UPC 50 м","шт.",4,393,1572,3672.55,14690.2,16262.2,null,null,393,0,3672.55,0,0,null,393,0,3672.55,0,0,null,393,0,3672.55,0,0,null,393,0,3672.55,0,0,null,393,0,3672.55,0,0,null,393,0,3672.55,0,0,null,393,0,3672.55,0,0,null,393,0,3672.55,0,0,null,0,393,0,3672.55,0,0,4,393,1572,3672.55,14690.2,16262.2]
["1.4.21","Патч-корд волоконно-оптический LC/UPC-LC/UPC 1 м","шт.",4,393,1572,1027,4108,5680,null,null,393,0,1027,0,0,null,393,0,1027,0,0,null,393,0,1027,0,0,null,393,0,1027,0,0,null,393,0,1027,0,0,null,393,0,1027,0,0,null,393,0,1027,0,0,null,393,0,1027,0,0,null,0,393,0,1027,0,0,4,393,1572,1027,4108,5680]
["1.4.22","Устройство коммутационное","шт.",24,3406,81744,1774.5,42588,124332,null,null,3406,0,1774.5,0,0,null,3406,0,1774.5,0,0,null,3406,0,1774.5,0,0,null,3406,0,1774.5,0,0,null,3406,0,1774.5,0,0,null,3406,0,1774.5,0,0,null,3406,0,1774.5,0,0,null,3406,0,1774.5,0,0,null,0,3406,0,1774.5,0,0,24,3406,81744,1774.5,42588,124332]
["1.4.23","Оповещатель охранно-пожарный световой (табло) ЛЮКС-24 \"Выход\"","шт.",10,1572,15720,478.4,4784,20504,null,null,1572,0,478.4,0,0,null,1572,0,478.4,0,0,null,1572,0,478.4,0,0,null,1572,0,478.4,0,0,null,1572,0,478.4,0,0,null,1572,0,478.4,0,0,null,1572,0,478.4,0,0,null,1572,0,478.4,0,0,null,0,1572,0,478.4,0,0,10,1572,15720,478.4,4784,20504]
["1.4.24","Оповещатель охранно-пожарный световой (табло) ЛЮКС-24 \"Стрелка влево\"","шт.",9,1572,14148,478.4,4305.5999999999995,18453.599999999999,null,null,1572,0,478.4,0,0,null,1572,0,478.4,0,0,null,1572,0,478.4,0,0,null,1572,0,478.4,0,0,null,1572,0,478.4,0,0,null,1572,0,478.4,0,0,null,1572,0,478.4,0,0,null,1572,0,478.4,0,0,null,0,1572,0,478.4,0,0,9,1572,14148,478.4,4305.5999999999995,18453.599999999999]
["1.4.25","Оповещатель охранно-пожарный световой (табло) ЛЮКС-24 \"Стрелка вправо\"","шт.",9,1572,14148,478.4,4305.5999999999995,18453.599999999999,null,null,1572,0,478.4,0,0,null,1572,0,478.4,0,0,null,1572,0,478.4,0,0,null,1572,0,478.4,0,0,null,1572,0,478.4,0,0,null,1572,0,478.4,0,0,null,1572,0,478.4,0,0,null,1572,0,478.4,0,0,null,0,1572,0,478.4,0,0,9,1572,14148,478.4,4305.5999999999995,18453.599999999999]
["1.4.26","Оповещатель охранно-пожарный звуковой Маяк-24-ЗМ2","шт.",54,1572,84888,351,18954,103842,null,null,1572,0,351,0,0,null,1572,0,351,0,0,null,1572,0,351,0,0,null,1572,0,351,0,0,null,1572,0,351,0,0,null,1572,0,351,0,0,null,1572,0,351,0,0,null,1572,0,351,0,0,null,0,1572,0,351,0,0,54,1572,84888,351,18954,103842]
["1.4.27","Комбинированный оповещатель со стробовспышкой Г-24КПР","шт.",30,1572,47160,708.55,21256.5,68416.5,null,null,1572,0,708.55,0,0,null,1572,0,708.55,0,0,null,1572,0,708.55,0,0,null,1572,0,708.55,0,0,null,1572,0,708.55,0,0,null,1572,0,708.55,0,0,null,1572,0,708.55,0,0,null,1572,0,708.55,0,0,null,0,1572,0,708.55,0,0,30,1572,47160,708.55,21256.5,68416.5]
["1.4.28","Оповещатель охранно-пожарный комбинированный свето-звуковой Маяк-24-КПМ2","шт.",39,1572,61308,852.8,33259.199999999997,94567.2,null,null,1572,0,852.8,0,0,null,1572,0,852.8,0,0,null,1572,0,852.8,0,0,null,1572,0,852.8,0,0,null,1572,0,852.8,0,0,null,1572,0,852.8,0,0,null,1572,0,852.8,0,0,null,1572,0,852.8,0,0,null,0,1572,0,852.8,0,0,39,1572,61308,852.8,33259.199999999997,94567.2]
["1.4.29","Полка 19\" перфорированная консольная 1U","шт.",1,2620,2620,1900.6,1900.6,4520.6000000000004,null,null,2620,0,1900.6,0,0,null,2620,0,1900.6,0,0,null,2620,0,1900.6,0,0,null,2620,0,1900.6,0,0,null,2620,0,1900.6,0,0,null,2620,0,1900.6,0,0,null,2620,0,1900.6,0,0,null,2620,0,1900.6,0,0,null,0,2620,0,1900.6,0,0,1,2620,2620,1900.6,1900.6,4520.6000000000004]
["1.4.30","Модуль подключения нагрузки","шт.",87,131,11397,93.29,8116.2300000000005,19513.23,null,null,131,0,93.29,0,0,null,131,0,93.29,0,0,null,131,0,93.29,0,0,null,131,0,93.29,0,0,null,131,0,93.29,0,0,null,131,0,93.29,0,0,null,131,0,93.29,0,0,null,131,0,93.29,0,0,null,0,131,0,93.29,0,0,87,131,11397,93.29,8116.2300000000005,19513.23]
["1.4.31","Блок сигнально-пусковой адресный","шт.",96,4192,402432,4800.12,460811.52000000002,863243.52,null,null,4192,0,4800.12,0,0,null,4192,0,4800.12,0,0,40,4192,167680,4800.12,192004.8,359684.8,null,4192,0,4800.12,0,0,null,4192,0,4800.12,0,0,null,4192,0,4800.12,0,0,null,4192,0,4800.12,0,0,null,4192,0,4800.12,0,0,null,40,4192,167680,4800.12,192004.8,359684.8,56,4192,234752,4800.12,268806.71999999997,503558.72]
["1.4.32","Кнопка \"ТЕСТ\"","шт.",96,1572,150912,1625,156000,306912,null,null,1572,0,1625,0,0,null,1572,0,1625,0,0,40,1572,62880,1625,65000,127880,null,1572,0,1625,0,0,null,1572,0,1625,0,0,null,1572,0,1625,0,0,null,1572,0,1625,0,0,null,1572,0,1625,0,0,null,40,1572,62880,1625,65000,127880,56,1572,88032,1625,91000,179032]
["1.4.33","Шкаф контрольно пусковой ШКП-10RS (М)","шт.",1,5895,5895,40714.129999999997,40714.129999999997,46609.13,null,null,5895,0,40714.129999999997,0,0,null,5895,0,40714.129999999997,0,0,null,5895,0,40714.129999999997,0,0,null,5895,0,40714.129999999997,0,0,null,5895,0,40714.129999999997,0,0,null,5895,0,40714.129999999997,0,0,null,5895,0,40714.129999999997,0,0,null,5895,0,40714.129999999997,0,0,null,0,5895,0,40714.129999999997,0,0,1,5895,5895,40714.129999999997,40714.129999999997,46609.13]
["1.4.34","Шкаф контрольно пусковой ШКП-18RS (М)","шт.",1,5895,5895,42423.73,42423.73,48318.73,null,null,5895,0,42423.73,0,0,null,5895,0,42423.73,0,0,null,5895,0,42423.73,0,0,null,5895,0,42423.73,0,0,null,5895,0,42423.73,0,0,null,5895,0,42423.73,0,0,null,5895,0,42423.73,0,0,null,5895,0,42423.73,0,0,null,0,5895,0,42423.73,0,0,1,5895,5895,42423.73,42423.73,48318.73]
["1.4.35","Преобразователь интерфейса","шт.",1,3406,3406,4581.25,4581.25,7987.25,null,null,3406,0,4581.25,0,0,null,3406,0,4581.25,0,0,null,3406,0,4581.25,0,0,null,3406,0,4581.25,0,0,null,3406,0,4581.25,0,0,null,3406,0,4581.25,0,0,null,3406,0,4581.25,0,0,null,3406,0,4581.25,0,0,null,0,3406,0,4581.25,0,0,1,3406,3406,4581.25,4581.25,7987.25]
["1.4.36","Коммутатор сетевой гигабитный 6 портовый","шт.",1,3406,3406,11700,11700,15106,null,null,3406,0,11700,0,0,null,3406,0,11700,0,0,null,3406,0,11700,0,0,null,3406,0,11700,0,0,null,3406,0,11700,0,0,null,3406,0,11700,0,0,null,3406,0,11700,0,0,null,3406,0,11700,0,0,null,0,3406,0,11700,0,0,1,3406,3406,11700,11700,15106]
["1.4.37","Блок питания","шт.",1,3930,3930,3325.4,3325.4,7255.4,null,null,3930,0,3325.4,0,0,null,3930,0,3325.4,0,0,null,3930,0,3325.4,0,0,null,3930,0,3325.4,0,0,null,3930,0,3325.4,0,0,null,3930,0,3325.4,0,0,null,3930,0,3325.4,0,0,null,3930,0,3325.4,0,0,null,0,3930,0,3325.4,0,0,1,3930,3930,3325.4,3325.4,7255.4]
["1.4.38","Лоток перфорированный 100х50х3000","м",585,497.8,{"$f":"D150*E150","v":291213},699.4,{"$f":"D150*G150","v":409149},700362,null,null,497.8,{"$f":"K150*L150","v":0},699.4,{"$f":"K150*N150","v":0},0,null,497.8,{"$f":"Q150*R150","v":0},699.4,{"$f":"Q150*T150","v":0},0,null,497.8,{"$f":"W150*X150","v":0},699.4,{"$f":"W150*Z150","v":0},0,null,497.8,{"$f":"AC150*AD150","v":0},699.4,{"$f":"AC150*AF150","v":0},0,null,497.8,{"$f":"AI150*AJ150","v":0},699.4,{"$f":"AI150*AL150","v":0},0,null,497.8,{"$f":"AO150*AP150","v":0},699.4,{"$f":"AO150*AR150","v":0},0,null,497.8,{"$f":"AU150*AV150","v":0},699.4,{"$f":"AU150*AX150","v":0},0,null,497.8,{"$f":"BA150*BB150","v":0},699.4,{"$f":"BA150*BD150","v":0},0,null,0,497.8,{"$f":"BH150*BI150","v":0},699.4,{"$f":"BH150*BK150","v":0},0,585,497.8,{"$f":"BN150*BO150","v":291213},699.4,{"$f":"BN150*BQ150","v":409149},700362]
["1.4.39","Перегородка для лотка","м",585,131,{"$f":"D151*E151","v":76635},380.64,{"$f":"D151*G151","v":222674.4},299309.40000000002,null,null,131,{"$f":"K151*L151","v":0},380.64,{"$f":"K151*N151","v":0},0,null,131,{"$f":"Q151*R151","v":0},380.64,{"$f":"Q151*T151","v":0},0,null,131,{"$f":"W151*X151","v":0},380.64,{"$f":"W151*Z151","v":0},0,null,131,{"$f":"AC151*AD151","v":0},380.64,{"$f":"AC151*AF151","v":0},0,null,131,{"$f":"AI151*AJ151","v":0},380.64,{"$f":"AI151*AL151","v":0},0,null,131,{"$f":"AO151*AP151","v":0},380.64,{"$f":"AO151*AR151","v":0},0,null,131,{"$f":"AU151*AV151","v":0},380.64,{"$f":"AU151*AX151","v":0},0,null,131,{"$f":"BA151*BB151","v":0},380.64,{"$f":"BA151*BD151","v":0},0,null,0,131,{"$f":"BH151*BI151","v":0},380.64,{"$f":"BH151*BK151","v":0},0,585,131,{"$f":"BN151*BO151","v":76635},380.64,{"$f":"BN151*BQ151","v":222674.4},299309.40000000002]
["1.4.40","Крышка с заземлением на лоток основание 100 L3000","м",585,157.19999999999999,{"$f":"D152*E152","v":91962},271.99,{"$f":"D152*G152","v":159114.15},251076.15,null,null,157.19999999999999,{"$f":"K152*L152","v":0},271.99,{"$f":"K152*N152","v":0},0,null,157.19999999999999,{"$f":"Q152*R152","v":0},271.99,{"$f":"Q152*T152","v":0},0,null,157.19999999999999,{"$f":"W152*X152","v":0},271.99,{"$f":"W152*Z152","v":0},0,null,157.19999999999999,{"$f":"AC152*AD152","v":0},271.99,{"$f":"AC152*AF152","v":0},0,null,157.19999999999999,{"$f":"AI152*AJ152","v":0},271.99,{"$f":"AI152*AL152","v":0},0,null,157.19999999999999,{"$f":"AO152*AP152","v":0},271.99,{"$f":"AO152*AR152","v":0},0,null,157.19999999999999,{"$f":"AU152*AV152","v":0},271.99,{"$f":"AU152*AX152","v":0},0,null,157.19999999999999,{"$f":"BA152*BB152","v":0},271.99,{"$f":"BA152*BD152","v":0},0,null,0,157.19999999999999,{"$f":"BH152*BI152","v":0},271.99,{"$f":"BH152*BK152","v":0},0,585,157.19999999999999,{"$f":"BN152*BO152","v":91962},271.99,{"$f":"BN152*BQ152","v":159114.15},251076.15]
["1.4.41","Угол CPO 90 горизонтальный 90° 100х50","шт.",10,1572,{"$f":"D153*E153","v":15720},2107.04,{"$f":"D153*G153","v":21070.400000000001},36790.400000000001,null,null,1572,{"$f":"K153*L153","v":0},2107.04,{"$f":"K153*N153","v":0},0,null,1572,{"$f":"Q153*R153","v":0},2107.04,{"$f":"Q153*T153","v":0},0,null,1572,{"$f":"W153*X153","v":0},2107.04,{"$f":"W153*Z153","v":0},0,null,1572,{"$f":"AC153*AD153","v":0},2107.04,{"$f":"AC153*AF153","v":0},0,null,1572,{"$f":"AI153*AJ153","v":0},2107.04,{"$f":"AI153*AL153","v":0},0,null,1572,{"$f":"AO153*AP153","v":0},2107.04,{"$f":"AO153*AR153","v":0},0,null,1572,{"$f":"AU153*AV153","v":0},2107.04,{"$f":"AU153*AX153","v":0},0,null,1572,{"$f":"BA153*BB153","v":0},2107.04,{"$f":"BA153*BD153","v":0},0,null,0,1572,{"$f":"BH153*BI153","v":0},2107.04,{"$f":"BH153*BK153","v":0},0,10,1572,{"$f":"BN153*BO153","v":15720},2107.04,{"$f":"BN153*BQ153","v":21070.400000000001},36790.400000000001]
["1.4.42","Угол CS 90 вертикальный внутренний 90° 100х50","шт.",12,1572,{"$f":"D154*E154","v":18864},2459.6,{"$f":"D154*G154","v":29515.199999999997},48379.199999999997,null,null,1572,{"$f":"K154*L154","v":0},2459.6,{"$f":"K154*N154","v":0},0,null,1572,{"$f":"Q154*R154","v":0},2459.6,{"$f":"Q154*T154","v":0},0,null,1572,{"$f":"W154*X154","v":0},2459.6,{"$f":"W154*Z154","v":0},0,null,1572,{"$f":"AC154*AD154","v":0},2459.6,{"$f":"AC154*AF154","v":0},0,null,1572,{"$f":"AI154*AJ154","v":0},2459.6,{"$f":"AI154*AL154","v":0},0,null,1572,{"$f":"AO154*AP154","v":0},2459.6,{"$f":"AO154*AR154","v":0},0,null,1572,{"$f":"AU154*AV154","v":0},2459.6,{"$f":"AU154*AX154","v":0},0,null,1572,{"$f":"BA154*BB154","v":0},2459.6,{"$f":"BA154*BD154","v":0},0,null,0,1572,{"$f":"BH154*BI154","v":0},2459.6,{"$f":"BH154*BK154","v":0},0,12,1572,{"$f":"BN154*BO154","v":18864},2459.6,{"$f":"BN154*BQ154","v":29515.199999999997},48379.199999999997]
["1.4.43","Лоток 50х50 L=3000 перфорированный","м.",150,838.4,125760,487.5,73125,198885,null,null,838.4,0,487.5,0,0,null,838.4,0,487.5,0,0,null,838.4,0,487.5,0,0,null,838.4,0,487.5,0,0,null,838.4,0,487.5,0,0,null,838.4,0,487.5,0,0,null,838.4,0,487.5,0,0,null,838.4,0,487.5,0,0,null,0,838.4,0,487.5,0,0,150,838.4,125760,487.5,73125,198885]
["1.4.44","Крышка с заземлением на лоток основание 50 L3000","м.",150,157.19999999999999,23580,223.15,33472.5,57052.5,null,null,157.19999999999999,0,223.15,0,0,null,157.19999999999999,0,223.15,0,0,null,157.19999999999999,0,223.15,0,0,null,157.19999999999999,0,223.15,0,0,null,157.19999999999999,0,223.15,0,0,null,157.19999999999999,0,223.15,0,0,null,157.19999999999999,0,223.15,0,0,null,157.19999999999999,0,223.15,0,0,null,0,157.19999999999999,0,223.15,0,0,150,157.19999999999999,23580,223.15,33472.5,57052.5]
["1.4.45","Крышка S5 CPO90 90х100 угла горизонтального","шт.",10,157.19999999999999,1572,1091.22,10912.2,12484.2,null,null,157.19999999999999,0,1091.22,0,0,null,157.19999999999999,0,1091.22,0,0,null,157.19999999999999,0,1091.22,0,0,null,157.19999999999999,0,1091.22,0,0,null,157.19999999999999,0,1091.22,0,0,null,157.19999999999999,0,1091.22,0,0,null,157.19999999999999,0,1091.22,0,0,null,157.19999999999999,0,1091.22,0,0,null,0,157.19999999999999,0,1091.22,0,0,10,157.19999999999999,1572,1091.22,10912.2,12484.2]
["1.4.46","Крышка S5 CS90 90x100 угла вертикального внутреннего","шт.",12,157.19999999999999,1886.3999999999999,837.23,10046.76,11933.16,null,null,157.19999999999999,0,837.23,0,0,null,157.19999999999999,0,837.23,0,0,null,157.19999999999999,0,837.23,0,0,null,157.19999999999999,0,837.23,0,0,null,157.19999999999999,0,837.23,0,0,null,157.19999999999999,0,837.23,0,0,null,157.19999999999999,0,837.23,0,0,null,157.19999999999999,0,837.23,0,0,null,0,157.19999999999999,0,837.23,0,0,12,157.19999999999999,1886.3999999999999,837.23,10046.76,11933.16]
["1.4.47","Ответвитель S5 DL 100x50 горизонтальный","шт.",5,1572,7860,2626.01,13130.050000000001,20990.050000000003,null,null,1572,0,2626.01,0,0,null,1572,0,2626.01,0,0,null,1572,0,2626.01,0,0,null,1572,0,2626.01,0,0,null,1572,0,2626.01,0,0,null,1572,0,2626.01,0,0,null,1572,0,2626.01,0,0,null,1572,0,2626.01,0,0,null,0,1572,0,2626.01,0,0,5,1572,7860,2626.01,13130.050000000001,20990.050000000003]
["1.4.48","Крышка S5 DL 100х50 ответвителя горизонтального","шт.",5,157.19999999999999,786,1305.8499999999999,6529.25,7315.25,null,null,157.19999999999999,0,1305.8499999999999,0,0,null,157.19999999999999,0,1305.8499999999999,0,0,null,157.19999999999999,0,1305.8499999999999,0,0,null,157.19999999999999,0,1305.8499999999999,0,0,null,157.19999999999999,0,1305.8499999999999,0,0,null,157.19999999999999,0,1305.8499999999999,0,0,null,157.19999999999999,0,1305.8499999999999,0,0,null,157.19999999999999,0,1305.8499999999999,0,0,null,0,157.19999999999999,0,1305.8499999999999,0,0,5,157.19999999999999,786,1305.8499999999999,6529.25,7315.25]
["1.4.49","Угол S5 CD90 90x50x50 вертикальный внешний","шт.",16,1572,25152,2555.81,40892.959999999999,66044.959999999992,null,null,1572,0,2555.81,0,0,null,1572,0,2555.81,0,0,null,1572,0,2555.81,0,0,null,1572,0,2555.81,0,0,null,1572,0,2555.81,0,0,null,1572,0,2555.81,0,0,null,1572,0,2555.81,0,0,null,1572,0,2555.81,0,0,null,0,1572,0,2555.81,0,0,16,1572,25152,2555.81,40892.959999999999,66044.959999999992]
["1.4.50","Крышка S5 CD90 90x50 угла вертикального внешнего","шт.",16,157.19999999999999,2515.1999999999998,829.61,13273.76,15788.96,null,null,157.19999999999999,0,829.61,0,0,null,157.19999999999999,0,829.61,0,0,null,157.19999999999999,0,829.61,0,0,null,157.19999999999999,0,829.61,0,0,null,157.19999999999999,0,829.61,0,0,null,157.19999999999999,0,829.61,0,0,null,157.19999999999999,0,829.61,0,0,null,157.19999999999999,0,829.61,0,0,null,{"$f":"K162+Q162+W162+AC162+AI162+AO162+AU162+BA162","v":0},157.19999999999999,0,829.61,0,0,{"$f":"D162-BH162","v":16},157.19999999999999,2515.1999999999998,829.61,13273.76,15788.96]
["1.4.51","Ответвитель S5 DL 50x50 горизонтальный","шт.",16,1572,25152,2373.29,37972.639999999999,63124.639999999999,null,null,1572,0,2373.29,0,0,null,1572,0,2373.29,0,0,null,1572,0,2373.29,0,0,null,1572,0,2373.29,0,0,null,1572,0,2373.29,0,0,null,1572,0,2373.29,0,0,null,1572,0,2373.29,0,0,null,1572,0,2373.29,0,0,null,0,1572,0,2373.29,0,0,16,1572,25152,2373.29,37972.639999999999,63124.639999999999]
["1.4.52","Крышка S5 DL 50х50 ответвителя горизонтального","шт.",16,157.19999999999999,2515.1999999999998,1109.56,17752.96,20268.16,null,null,157.19999999999999,0,1109.56,0,0,null,157.19999999999999,0,1109.56,0,0,null,157.19999999999999,0,1109.56,0,0,null,157.19999999999999,0,1109.56,0,0,null,157.19999999999999,0,1109.56,0,0,null,157.19999999999999,0,1109.56,0,0,null,157.19999999999999,0,1109.56,0,0,null,157.19999999999999,0,1109.56,0,0,null,0,157.19999999999999,0,1109.56,0,0,16,157.19999999999999,2515.1999999999998,1109.56,17752.96,20268.16]
["1.4.53","Кронштейн индивидуального изготовления L=1250","шт.",210,540.77,113561.7,2018.64,423914.4,537476.1,null,null,540.77,0,2018.64,0,0,null,540.77,0,2018.64,0,0,null,540.77,0,2018.64,0,0,null,540.77,0,2018.64,0,0,null,540.77,0,2018.64,0,0,null,540.77,0,2018.64,0,0,null,540.77,0,2018.64,0,0,null,540.77,0,2018.64,0,0,null,0,540.77,0,2018.64,0,0,210,540.77,113561.7,2018.64,423914.4,537476.1]
["1.4.54","Кронштейн юстировочный для монтажа линейного извещателя","шт.",24,1572,37728,1560,37440,75168,null,null,1572,0,1560,0,0,null,1572,0,1560,0,0,null,1572,0,1560,0,0,null,1572,0,1560,0,0,null,1572,0,1560,0,0,null,1572,0,1560,0,0,null,1572,0,1560,0,0,null,1572,0,1560,0,0,null,0,1572,0,1560,0,0,24,1572,37728,1560,37440,75168]
["1.4.55","Стандартный анкер с болтом М8","шт.",800,32.75,26200,107.93,86344,112544,null,null,32.75,0,107.93,0,0,null,32.75,0,107.93,0,0,null,32.75,0,107.93,0,0,null,32.75,0,107.93,0,0,null,32.75,0,107.93,0,0,null,32.75,0,107.93,0,0,null,32.75,0,107.93,0,0,null,32.75,0,107.93,0,0,null,0,32.75,0,107.93,0,0,800,32.75,26200,107.93,86344,112544]
["1.4.56","Винт для электрического соединения М5х8","шт.",100,19.649999999999999,1964.9999999999998,13.26,1326,3291,null,null,19.649999999999999,0,13.26,0,0,null,19.649999999999999,0,13.26,0,0,null,19.649999999999999,0,13.26,0,0,null,19.649999999999999,0,13.26,0,0,null,19.649999999999999,0,13.26,0,0,null,19.649999999999999,0,13.26,0,0,null,19.649999999999999,0,13.26,0,0,null,19.649999999999999,0,13.26,0,0,null,0,19.649999999999999,0,13.26,0,0,100,19.649999999999999,1964.9999999999998,13.26,1326,3291]
["1.4.57","Коробка огнестойкая 100х100х50мм","шт.",175,1048,183400,1383.16,242053,425453,null,null,1048,0,1383.16,0,0,null,1048,0,1383.16,0,0,null,1048,0,1383.16,0,0,null,1048,0,1383.16,0,0,null,1048,0,1383.16,0,0,null,1048,0,1383.16,0,0,null,1048,0,1383.16,0,0,null,1048,0,1383.16,0,0,null,0,1048,0,1383.16,0,0,175,1048,183400,1383.16,242053,425453]
["1.4.58","Кабель огнестойкий КПСЭнг(А)-FRHF 1х2х1,0","м",6400,162.44,1039616,53.35,341440,1381056,null,null,162.44,0,53.35,0,0,null,162.44,0,53.35,0,0,null,162.44,0,53.35,0,0,null,162.44,0,53.35,0,0,null,162.44,0,53.35,0,0,null,162.44,0,53.35,0,0,null,162.44,0,53.35,0,0,null,162.44,0,53.35,0,0,null,0,162.44,0,53.35,0,0,6400,162.44,1039616,53.35,341440,1381056]
["1.4.59","Кабель огнестойкий КПСЭнг(А)-FRHF 1х2х1,5","м",2500,162.44,406100,107.82,269550,675650,null,null,162.44,0,107.82,0,0,null,162.44,0,107.82,0,0,null,162.44,0,107.82,0,0,null,162.44,0,107.82,0,0,null,162.44,0,107.82,0,0,null,162.44,0,107.82,0,0,null,162.44,0,107.82,0,0,null,162.44,0,107.82,0,0,null,0,162.44,0,107.82,0,0,2500,162.44,406100,107.82,269550,675650]
["1.4.60","Кабель огнестойкий КПСЭнг(А)-FRHF 2х2х0,75","м",400,162.44,64976,101.09,40436,105412,null,null,162.44,0,101.09,0,0,null,162.44,0,101.09,0,0,null,162.44,0,101.09,0,0,null,162.44,0,101.09,0,0,null,162.44,0,101.09,0,0,null,162.44,0,101.09,0,0,null,162.44,0,101.09,0,0,null,162.44,0,101.09,0,0,null,0,162.44,0,101.09,0,0,400,162.44,64976,101.09,40436,105412]
["1.4.61","Кабель огнестойкий КПСЭнг(А)-FRHF 2х2х0,5","м",750,162.44,121830,111.72,83790,205620,null,null,162.44,0,111.72,0,0,null,162.44,0,111.72,0,0,null,162.44,0,111.72,0,0,null,162.44,0,111.72,0,0,null,162.44,0,111.72,0,0,null,162.44,0,111.72,0,0,null,162.44,0,111.72,0,0,null,162.44,0,111.72,0,0,null,0,162.44,0,111.72,0,0,750,162.44,121830,111.72,83790,205620]
["1.4.62","Кабель силовой огнестойкий ППГ нг(А)-FRHF 3х1.5","м",1300,162.44,211172,131.97999999999999,171574,382746,null,null,162.44,0,131.97999999999999,0,0,null,162.44,0,131.97999999999999,0,0,null,162.44,0,131.97999999999999,0,0,null,162.44,0,131.97999999999999,0,0,null,162.44,0,131.97999999999999,0,0,null,162.44,0,131.97999999999999,0,0,null,162.44,0,131.97999999999999,0,0,null,162.44,0,131.97999999999999,0,0,null,0,162.44,0,131.97999999999999,0,0,1300,162.44,211172,131.97999999999999,171574,382746]
["1.4.63","Труба гофрированная ПВХ легкая серая D20","м",4000,45.85,183400,28.08,112320,295720,null,null,45.85,0,28.08,0,0,null,45.85,0,28.08,0,0,null,45.85,0,28.08,0,0,null,45.85,0,28.08,0,0,null,45.85,0,28.08,0,0,null,45.85,0,28.08,0,0,null,45.85,0,28.08,0,0,null,45.85,0,28.08,0,0,null,0,45.85,0,28.08,0,0,4000,45.85,183400,28.08,112320,295720]
["1.4.64","Скоба металлическая однолапковая Д20","шт.",8000,6.55,52400,3.38,27040,79440,null,null,6.55,0,3.38,0,0,null,6.55,0,3.38,0,0,null,6.55,0,3.38,0,0,null,6.55,0,3.38,0,0,null,6.55,0,3.38,0,0,null,6.55,0,3.38,0,0,null,6.55,0,3.38,0,0,null,6.55,0,3.38,0,0,null,0,6.55,0,3.38,0,0,8000,6.55,52400,3.38,27040,79440]
["1.4.65","Металлический дюбель для газобетона 6х32","шт.",8000,6.55,52400,19.34,154720,207120,null,null,6.55,0,19.34,0,0,null,6.55,0,19.34,0,0,null,6.55,0,19.34,0,0,null,6.55,0,19.34,0,0,null,6.55,0,19.34,0,0,null,6.55,0,19.34,0,0,null,6.55,0,19.34,0,0,null,6.55,0,19.34,0,0,null,0,6.55,0,19.34,0,0,8000,6.55,52400,19.34,154720,207120]
["1.4.66","Саморез с пресс-шайбой 4.2х32","шт.",8000,6.55,52400,2.37,18960,71360,null,null,6.55,0,2.37,0,0,null,6.55,0,2.37,0,0,null,6.55,0,2.37,0,0,null,6.55,0,2.37,0,0,null,6.55,0,2.37,0,0,null,6.55,0,2.37,0,0,null,6.55,0,2.37,0,0,null,6.55,0,2.37,0,0,null,0,6.55,0,2.37,0,0,8000,6.55,52400,2.37,18960,71360]
["1.4.67","Аксессуары (расходные материалы, крепеж)","компл.",1,0,null,53352,53352,{"$f":"E179*D179+G179*D179","v":53352},null,null,0,null,53352,0,{"$f":"L179*K179+N179*K179","v":0},null,0,null,53352,0,{"$f":"R179*Q179+T179*Q179","v":0},null,0,0,53352,0,{"$f":"X179*W179+Z179*W179","v":0},null,0,null,53352,0,{"$f":"AD179*AC179+AF179*AC179","v":0},null,0,null,53352,0,{"$f":"AJ179*AI179+AL179*AI179","v":0},null,0,null,53352,0,{"$f":"AP179*AO179+AR179*AO179","v":0},null,0,null,53352,0,{"$f":"AV179*AU179+AX179*AU179","v":0},null,0,null,53352,0,{"$f":"BB179*BA179+BD179*BA179","v":0},null,0,0,null,53352,0,{"$f":"BI179*BH179+BK179*BH179","v":0},1,0,null,53352,53352,{"$f":"BO179*BN179+BQ179*BN179","v":53352}]
["1.4.68","Пуско-наладочные работы, приемо-сдаточные работы","компл.",1,515458.8,{"$f":"D180*E180","v":515458.8},0,null,515458.8,null,null,515458.8,{"$f":"K180*L180","v":0},0,null,0,null,515458.8,{"$f":"Q180*R180","v":0},0,null,0,null,515458.8,{"$f":"W180*X180","v":0},0,null,0,null,515458.8,{"$f":"AC180*AD180","v":0},0,null,0,null,515458.8,{"$f":"AI180*AJ180","v":0},0,null,0,null,515458.8,{"$f":"AO180*AP180","v":0},0,null,0,null,515458.8,{"$f":"AU180*AV180","v":0},0,null,0,null,515458.8,{"$f":"BA180*BB180","v":0},0,null,0,null,0,515458.8,{"$f":"BH180*BI180","v":0},0,null,0,1,515458.8,{"$f":"BN180*BO180","v":515458.8},0,null,515458.8]
["1.4.69","Аренда вышки 28 м","ч",152,0,null,0,null,null,null,null,0,null,0,null,null,null,0,null,0,null,null,null,0,null,0,null,null,null,0,null,0,null,null,null,0,null,0,null,null,null,0,null,0,null,null,null,0,null,0,null,null,null,0,null,0,null,null,null,0,0,null,0,null,null,152,0,null,0]
["1.4.70","Автоматизация управления воротами",null,null,0,null,0,null,null,null,null,0,null,0,null,null,null,0,null,0,null,null,null,0,null,0,null,null,null,0,null,0,null,null,null,0,null,0,null,null,null,0,null,0,null,null,null,0,null,0,null,null,null,0,null,0,null,null,null,0,0,null,0,null,null,0,0,null,0]
["1.4.70.1","Пульт контроля и управления","шт.",1,3406,{"$f":"D183*E183","v":3406},14788.18,{"$f":"D183*G183","v":14788.18},{"$f":"E183*D183+G183*D183","v":18194.18},null,null,3406,{"$f":"K183*L183","v":0},14788.18,{"$f":"K183*N183","v":0},{"$f":"L183*K183+N183*K183","v":0},null,3406,{"$f":"Q183*R183","v":0},14788.18,{"$f":"Q183*T183","v":0},{"$f":"R183*Q183+T183*Q183","v":0},1,3406,{"$f":"W183*X183","v":3406},14788.18,{"$f":"W183*Z183","v":14788.18},{"$f":"X183*W183+Z183*W183","v":18194.18},null,3406,{"$f":"AC183*AD183","v":0},14788.18,{"$f":"AC183*AF183","v":0},{"$f":"AD183*AC183+AF183*AC183","v":0},null,3406,{"$f":"AI183*AJ183","v":0},14788.18,{"$f":"AI183*AL183","v":0},{"$f":"AJ183*AI183+AL183*AI183","v":0},null,3406,{"$f":"AO183*AP183","v":0},14788.18,{"$f":"AO183*AR183","v":0},{"$f":"AP183*AO183+AR183*AO183","v":0},null,3406,{"$f":"AU183*AV183","v":0},14788.18,{"$f":"AU183*AX183","v":0},{"$f":"AV183*AU183+AX183*AU183","v":0},null,3406,{"$f":"BA183*BB183","v":0},14788.18,{"$f":"BA183*BD183","v":0},{"$f":"BB183*BA183+BD183*BA183","v":0},null,1,3406,{"$f":"BH183*BI183","v":3406},14788.18,{"$f":"BH183*BK183","v":14788.18},{"$f":"BI183*BH183+BK183*BH183","v":18194.18},0,3406,{"$f":"BN183*BO183","v":0},14788.18,{"$f":"BN183*BQ183","v":0},{"$f":"BO183*BN183+BQ183*BN183","v":0}]
["1.4.70.2","Прибор приемно-контрольный охранно-пожарный","шт.",2,3406,6812,4655.04,9310.08,16122.08,null,null,3406,0,4655.04,0,0,null,3406,0,4655.04,0,0,2,3406,6812,4655.04,9310.08,16122.08,null,3406,0,4655.04,0,0,null,3406,0,4655.04,0,0,null,3406,0,4655.04,0,0,null,3406,0,4655.04,0,0,null,3406,0,4655.04,0,0,null,2,3406,6812,4655.04,9310.08,16122.08,0,3406,0,4655.04,0,0]
["1.4.70.3","Щит с монтажной панелью 600х600х250 ЩМПг-60.60.25 IP54","шт.",2,6550,13100,19718.400000000001,39436.800000000003,52536.800000000003,null,null,6550,0,19718.400000000001,0,0,null,6550,0,19718.400000000001,0,0,2,6550,13100,19718.400000000001,39436.800000000003,52536.800000000003,null,6550,0,19718.400000000001,0,0,null,6550,0,19718.400000000001,0,0,null,6550,0,19718.400000000001,0,0,null,6550,0,19718.400000000001,0,0,null,6550,0,19718.400000000001,0,0,null,2,6550,13100,19718.400000000001,39436.800000000003,52536.800000000003,0,6550,0,19718.400000000001,0,0]
["1.4.70.4","Источник питания резервированный","шт.",2,3930,7860,10308.48,20616.96,28476.959999999999,null,null,3930,0,10308.48,0,0,null,3930,0,10308.48,0,0,null,3930,0,10308.48,0,0,null,3930,0,10308.48,0,0,null,3930,0,10308.48,0,0,null,3930,0,10308.48,0,0,null,3930,0,10308.48,0,0,null,3930,0,10308.48,0,0,null,0,3930,0,10308.48,0,0,2,3930,7860,10308.48,20616.96,28476.959999999999]
["1.4.70.5","Аккумулятор 12 В, 17 А/ч","шт.",2,524,1048,7368.4,14736.8,15784.8,null,null,524,0,7368.4,0,0,null,524,0,7368.4,0,0,null,524,0,7368.4,0,0,null,524,0,7368.4,0,0,null,524,0,7368.4,0,0,null,524,0,7368.4,0,0,null,524,0,7368.4,0,0,null,524,0,7368.4,0,0,null,0,524,0,7368.4,0,0,2,524,1048,7368.4,14736.8,15784.8]
["1.4.70.6","Светофор двухцветный светодиодный ","шт.",4,5502,22008,19958.64,79834.559999999998,101842.56,null,null,5502,0,19958.64,0,0,null,5502,0,19958.64,0,0,4,5502,22008,19958.64,79834.559999999998,101842.56,null,5502,0,19958.64,0,0,null,5502,0,19958.64,0,0,null,5502,0,19958.64,0,0,null,5502,0,19958.64,0,0,null,5502,0,19958.64,0,0,null,4,5502,22008,19958.64,79834.559999999998,101842.56,0,5502,0,19958.64,0,0]
["1.4.70.7","Устройство коммутационное","шт.",6,3406,20436,1774.5,10647,31083,null,null,3406,0,1774.5,0,0,null,3406,0,1774.5,0,0,6,3406,20436,1774.5,10647,31083,null,3406,0,1774.5,0,0,null,3406,0,1774.5,0,0,null,3406,0,1774.5,0,0,null,3406,0,1774.5,0,0,null,3406,0,1774.5,0,0,null,6,3406,20436,1774.5,10647,31083,0,3406,0,1774.5,0,0]
["1.4.70.8","Извещатель охранный точечный магнитоконтактный","шт.",6,2358,14148,496.08,2976.48,17124.48,null,null,2358,0,496.08,0,0,null,2358,0,496.08,0,0,6,2358,14148,496.08,2976.48,17124.48,null,2358,0,496.08,0,0,null,2358,0,496.08,0,0,null,2358,0,496.08,0,0,null,2358,0,496.08,0,0,null,2358,0,496.08,0,0,null,6,2358,14148,496.08,2976.48,17124.48,0,2358,0,496.08,0,0]
["1.4.70.9","Кабель силовой ППГнг(А)-FRHF 3х1.5","м",80,162.44,12995.2,131.97999999999999,10558.4,23553.599999999999,null,null,162.44,0,131.97999999999999,0,0,null,162.44,0,131.97999999999999,0,0,null,162.44,0,131.97999999999999,0,0,null,162.44,0,131.97999999999999,0,0,null,162.44,0,131.97999999999999,0,0,null,162.44,0,131.97999999999999,0,0,null,162.44,0,131.97999999999999,0,0,null,162.44,0,131.97999999999999,0,0,null,0,162.44,0,131.97999999999999,0,0,80,162.44,12995.2,131.97999999999999,10558.4,23553.599999999999]
["1.4.70.10","Кабель огнестойкий КПСЭнг(А)-FRHF 2х2х0,75","м",350,162.44,56854,101.09,35381.5,92235.5,null,null,162.44,0,101.09,0,0,null,162.44,0,101.09,0,0,null,162.44,0,101.09,0,0,null,162.44,0,101.09,0,0,null,162.44,0,101.09,0,0,null,162.44,0,101.09,0,0,null,162.44,0,101.09,0,0,null,162.44,0,101.09,0,0,null,0,162.44,0,101.09,0,0,350,162.44,56854,101.09,35381.5,92235.5]
["1.4.70.11","Кабель огнестойкий КПСЭнг(А)-FRHF 1х2х1,0","м",250,162.44,40610,53.35,13337.5,53947.5,null,null,162.44,0,53.35,0,0,null,162.44,0,53.35,0,0,null,162.44,0,53.35,0,0,null,162.44,0,53.35,0,0,null,162.44,0,53.35,0,0,null,162.44,0,53.35,0,0,null,162.44,0,53.35,0,0,null,162.44,0,53.35,0,0,null,0,162.44,0,53.35,0,0,250,162.44,40610,53.35,13337.5,53947.5]
["1.4.70.12","Коробка ответвительная с кабельными вводами IP55, 100х100х50","шт.",10,655,6550,142.58000000000001,1425.8000000000002,7975.8,null,null,655,0,142.58000000000001,0,0,null,655,0,142.58000000000001,0,0,4,655,2620,142.58000000000001,570.32000000000005,3190.32,null,655,0,142.58000000000001,0,0,null,655,0,142.58000000000001,0,0,null,655,0,142.58000000000001,0,0,null,655,0,142.58000000000001,0,0,null,655,0,142.58000000000001,0,0,null,4,655,2620,142.58000000000001,570.32000000000005,3190.32,6,655,3930,142.58000000000001,855.48,4785.4799999999996]
["1.4.70.13","Труба гофрированная ПВХ легкая серая D20","м",300,45.85,13755,28.08,8424,22179,null,null,45.85,0,28.08,0,0,null,45.85,0,28.08,0,0,null,45.85,0,28.08,0,0,null,45.85,0,28.08,0,0,null,45.85,0,28.08,0,0,null,45.85,0,28.08,0,0,null,45.85,0,28.08,0,0,null,45.85,0,28.08,0,0,null,0,45.85,0,28.08,0,0,300,45.85,13755,28.08,8424,22179]
["1.4.70.14","Аксессуары (расходные материалы, крепеж)","компл",1,0,null,6864,6864,6864,null,null,0,null,6864,0,0,null,0,null,6864,0,0,null,0,null,6864,0,0,null,0,null,6864,0,0,null,0,null,6864,0,0,null,0,null,6864,0,0,null,0,null,6864,0,0,null,0,null,6864,0,0,null,0,0,null,6864,0,0,1,0,null,6864,6864,6864]
["1.4.70.15","Пуско-наладочные работы","компл",1,119808,{"$f":"D197*E197","v":119808},0,null,119808,null,null,119808,{"$f":"K197*L197","v":0},0,null,0,null,119808,{"$f":"Q197*R197","v":0},0,null,0,null,119808,{"$f":"W197*X197","v":0},0,null,0,null,119808,{"$f":"AC197*AD197","v":0},0,null,0,null,119808,{"$f":"AI197*AJ197","v":0},0,null,0,null,119808,{"$f":"AO197*AP197","v":0},0,null,0,null,119808,{"$f":"AU197*AV197","v":0},0,null,0,null,119808,{"$f":"BA197*BB197","v":0},0,null,0,null,0,119808,{"$f":"BH197*BI197","v":0},0,null,0,1,119808,{"$f":"BN197*BO197","v":119808},0,null,119808]
["1.5","130-23-ОВ2 Отопление и вентиляция",null,null,null,{"$f":"F199+F200+F201+F202+F203+F204+F205+F207+F206+F209+F210+F211","v":25059055.142000008},null,{"$f":"H199+H200+H201+H202+H203+H204+H205+H207+H206+H209+H210+H211","v":60268025.999999993},{"$f":"I199+I200+I201+I202+I203+I204+I205+I207+I206+I209+I210+I211","v":85327081.14199999},null,null,null,{"$f":"M199+M200+M201+M202+M203+M204+M205+M207+M206+M209+M210+M211","v":11107535.710000001},null,{"$f":"O199+O200+O201+O202+O203+O204+O205+O207+O206+O209+O210+O211","v":35088691},{"$f":"P199+P200+P201+P202+P203+P204+P205+P207+P206+P209+P210+P211","v":46196226.710000001},null,null,{"$f":"S199+S200+S201+S202+S203+S204+S205+S207+S206+S209+S210+S211","v":6724268.2599999998},null,{"$f":"U199+U200+U201+U202+U203+U204+U205+U207+U206+U209+U210+U211","v":10225419.800000001},{"$f":"V199+V200+V201+V202+V203+V204+V205+V207+V206+V209+V210+V211","v":16949688.059999999},null,null,{"$f":"Y199+Y200+Y201+Y202+Y203+Y204+Y205+Y207+Y206+Y209+Y210+Y211","v":4846329.1500000004},null,{"$f":"AA199+AA200+AA201+AA202+AA203+AA204+AA205+AA207+AA206+AA209+AA210+AA211","v":12462392.6},{"$f":"AB199+AB200+AB201+AB202+AB203+AB204+AB205+AB207+AB206+AB209+AB210+AB211","v":17308721.75},null,null,{"$f":"AE199+AE200+AE201+AE202+AE203+AE204+AE205+AE207+AE206+AE209+AE210+AE211","v":0},null,{"$f":"AG199+AG200+AG201+AG202+AG203+AG204+AG205+AG207+AG206+AG209+AG210+AG211","v":0},{"$f":"AH199+AH200+AH201+AH202+AH203+AH204+AH205+AH207+AH206+AH209+AH210+AH211","v":0},null,null,{"$f":"AK199+AK200+AK201+AK202+AK203+AK204+AK205+AK207+AK206+AK209+AK210+AK211","v":0},null,{"$f":"AM199+AM200+AM201+AM202+AM203+AM204+AM205+AM207+AM206+AM209+AM210+AM211","v":0},{"$f":"AN199+AN200+AN201+AN202+AN203+AN204+AN205+AN207+AN206+AN209+AN210+AN211","v":0},null,null,{"$f":"AQ199+AQ200+AQ201+AQ202+AQ203+AQ204+AQ205+AQ207+AQ206+AQ209+AQ210+AQ211","v":0},null,{"$f":"AS199+AS200+AS201+AS202+AS203+AS204+AS205+AS207+AS206+AS209+AS210+AS211","v":0},{"$f":"AT199+AT200+AT201+AT202+AT203+AT204+AT205+AT207+AT206+AT209+AT210+AT211","v":0},null,null,{"$f":"AW199+AW200+AW201+AW202+AW203+AW204+AW205+AW207+AW206+AW209+AW210+AW211","v":0},null,{"$f":"AY199+AY200+AY201+AY202+AY203+AY204+AY205+AY207+AY206+AY209+AY210+AY211","v":0},{"$f":"AZ199+AZ200+AZ201+AZ202+AZ203+AZ204+AZ205+AZ207+AZ206+AZ209+AZ210+AZ211","v":0},null,null,{"$f":"BC199+BC200+BC201+BC202+BC203+BC204+BC205+BC207+BC206+BC209+BC210+BC211","v":0},null,{"$f":"BE199+BE200+BE201+BE202+BE203+BE204+BE205+BE207+BE206+BE209+BE210+BE211","v":0},{"$f":"BF199+BF200+BF201+BF202+BF203+BF204+BF205+BF207+BF206+BF209+BF210+BF211","v":0},null,0,null,{"$f":"BJ199+BJ200+BJ201+BJ202+BJ203+BJ204+BJ205+BJ207+BJ206+BJ209+BJ210+BJ211","v":22678133.120000001},null,{"$f":"BL199+BL200+BL201+BL202+BL203+BL204+BL205+BL207+BL206+BL209+BL210+BL211","v":57776503.399999999},{"$f":"BM199+BM200+BM201+BM202+BM203+BM204+BM205+BM207+BM206+BM209+BM210+BM211","v":80454636.519999996},0,null,{"$f":"BP199+BP200+BP201+BP202+BP203+BP204+BP205+BP207+BP206+BP209+BP210+BP211","v":2380922.0220000003},null,{"$f":"BR199+BR200+BR201+BR202+BR203+BR204+BR205+BR207+BR206+BR209+BR210+BR211","v":2491522.6},{"$f":"BS199+BS200+BS201+BS202+BS203+BS204+BS205+BS207+BS206+BS209+BS210+BS211","v":4872444.6220000004}]
["1.5.1","Монтаж приточной системы","к-т",6,125450,{"$f":"D199*E199","v":752700},982545,{"$f":"D199*G199","v":5895270},{"$f":"E199*D199+G199*D199","v":6647970},null,6,125450,{"$f":"K199*L199","v":752700},982545,{"$f":"K199*N199","v":5895270},{"$f":"L199*K199+N199*K199","v":6647970},null,125450,{"$f":"Q199*R199","v":0},982545,{"$f":"Q199*T199","v":0},{"$f":"R199*Q199+T199*Q199","v":0},null,125450,{"$f":"W199*X199","v":0},982545,{"$f":"W199*Z199","v":0},{"$f":"X199*W199+Z199*W199","v":0},null,125450,{"$f":"AC199*AD199","v":0},982545,{"$f":"AC199*AF199","v":0},{"$f":"AD199*AC199+AF199*AC199","v":0},null,125450,{"$f":"AI199*AJ199","v":0},982545,{"$f":"AI199*AL199","v":0},{"$f":"AJ199*AI199+AL199*AI199","v":0},null,125450,{"$f":"AO199*AP199","v":0},982545,{"$f":"AO199*AR199","v":0},{"$f":"AP199*AO199+AR199*AO199","v":0},null,125450,{"$f":"AU199*AV199","v":0},982545,{"$f":"AU199*AX199","v":0},{"$f":"AV199*AU199+AX199*AU199","v":0},null,125450,{"$f":"BA199*BB199","v":0},982545,{"$f":"BA199*BD199","v":0},{"$f":"BB199*BA199+BD199*BA199","v":0},null,6,125450,{"$f":"BH199*BI199","v":752700},982545,{"$f":"BH199*BK199","v":5895270},{"$f":"BI199*BH199+BK199*BH199","v":6647970},0,125450,{"$f":"BN199*BO199","v":0},982545,{"$f":"BN199*BQ199","v":0},{"$f":"BO199*BN199+BQ199*BN199","v":0}]
["1.5.2","Монтаж вытяжных и приточно-вытяжных систем","к-т",7,29545,206815,469586,3287102,3493917,null,null,29545,0,469586,0,0,4,29545,118180,469586,1878344,1996524,3,29545,88635,469586,1408758,1497393,null,29545,0,469586,0,0,null,29545,0,469586,0,0,null,29545,0,469586,0,0,null,29545,0,469586,0,0,null,29545,0,469586,0,0,null,7,29545,206815,469586,3287102,3493917,0,29545,0,469586,0,0]
["1.5.3","Монтаж комплектов автоматики","к-т",13,102635.07,1334255.9100000001,309219.34000000003,4019851.4200000004,5354107.33,null,null,102635.07,0,309219.34000000003,0,0,null,102635.07,0,309219.34000000003,0,0,12,102635.07,1231620.8400000001,309219.34000000003,3710632.08,4942252.92,null,102635.07,0,309219.34000000003,0,0,null,102635.07,0,309219.34000000003,0,0,null,102635.07,0,309219.34000000003,0,0,null,102635.07,0,309219.34000000003,0,0,null,102635.07,0,309219.34000000003,0,0,null,12,102635.07,1231620.8400000001,309219.34000000003,3710632.08,4942252.92,1,102635.07,102635.07,309219.34000000003,309219.34000000003,411854.41000000003]
["1.5.4","Монтаж воздухораспределителей","шт",80,4332.6000000000004,346608,10463.969999999999,837117.6,1183725.6000000001,null,null,4332.6000000000004,0,10463.969999999999,0,0,null,4332.6000000000004,0,10463.969999999999,0,0,54,4332.6000000000004,233960.40000000002,10463.969999999999,565054.38,799014.78,null,4332.6000000000004,0,10463.969999999999,0,0,null,4332.6000000000004,0,10463.969999999999,0,0,null,4332.6000000000004,0,10463.969999999999,0,0,null,4332.6000000000004,0,10463.969999999999,0,0,null,4332.6000000000004,0,10463.969999999999,0,0,null,54,4332.6000000000004,233960.40000000002,10463.969999999999,565054.38,799014.78,26,4332.6000000000004,112647.6,10463.969999999999,272063.21999999997,384710.81999999995]
["1.5.5","Прокладка воздуховодов из оцинкованой стали","м2",3033.8,2655.59,8056528.9420000007,1958,5940180.4000000004,13996709.342,null,1499,2655.59,3980729.41,1958,2935042,6915771.4100000001,1300,2655.59,3452267,1958,2545400,5997667,136,2655.59,361160.24,1958,266288,627448.24,null,2655.59,0,1958,0,0,null,2655.59,0,1958,0,0,null,2655.59,0,1958,0,0,null,2655.59,0,1958,0,0,null,2655.59,0,1958,0,0,null,2935,2655.59,7794156.6500000004,1958,5746730,13540886.65,98.800000000000182,2655.59,262372.29200000048,1958,193450.40000000034,455822.69200000085]
["1.5.6","Монтаж клапанов огнезадерживающих","шт",8,11973.06,95784.48,32008.28,256066.24,351850.72,null,null,11973.06,0,32008.28,0,0,null,11973.06,0,32008.28,0,0,8,11973.06,95784.48,32008.28,256066.24,351850.72,null,11973.06,0,32008.28,0,0,null,11973.06,0,32008.28,0,0,null,11973.06,0,32008.28,0,0,null,11973.06,0,32008.28,0,0,null,11973.06,0,32008.28,0,0,null,8,11973.06,95784.48,32008.28,256066.24,351850.72,0,11973.06,0,32008.28,0,0]
["1.5.7","Монтаж фильтрационных агрегатов","к-т",12,637410.63,7648927.5600000005,2625837.9,31510054.799999997,39158982.359999999,null,10,637410.63,6374106.2999999998,2625837.9,26258379,32632485.300000001,2,637410.63,1274821.26,2625837.9,5251675.8,6526497.0599999996,null,637410.63,0,2625837.9,0,0,null,637410.63,0,2625837.9,0,0,null,637410.63,0,2625837.9,0,0,null,637410.63,0,2625837.9,0,0,null,637410.63,0,2625837.9,0,0,null,637410.63,0,2625837.9,0,0,null,12,637410.63,7648927.5600000005,2625837.9,31510054.799999997,39158982.359999999,0,637410.63,0,2625837.9,0,0]
["1.5.8","Монтаж воздушно-тепловых завес","к-т",14,46198.46,646778.43999999994,372209.5,5210933,5857711.4399999995,null,null,46198.46,0,372209.5,0,0,null,46198.46,0,372209.5,0,0,14,46198.46,646778.43999999994,372209.5,5210933,5857711.4399999995,null,46198.46,0,372209.5,0,0,null,46198.46,0,372209.5,0,0,null,46198.46,0,372209.5,0,0,null,46198.46,0,372209.5,0,0,null,46198.46,0,372209.5,0,0,null,14,46198.46,646778.43999999994,372209.5,5210933,5857711.4399999995,0,46198.46,0,372209.5,0,0]
["1.5.9","Прокладка воздуховодов из оцинкованой стали","м2",690.2,3758,2593771.6,1100,759220,3352991.6,null,null,3758,0,1100,0,0,500,3758,1879000,1100,550000,2429000,190.20000000000005,3758,714771.60000000021,1100,209220.00000000006,923991.60000000033,null,3758,0,1100,0,0,null,3758,0,1100,0,0,null,3758,0,1100,0,0,null,3758,0,1100,0,0,null,3758,0,1100,0,0,null,690.2,3758,2593771.6,1100,759220,3352991.6,0,3758,0,1100,0,0]
["1.5.10","Теплоснабжение",null,null,0,null,0,null,null,null,null,0,null,0,null,null,null,0,null,0,null,null,null,0,null,0,null,null,null,0,null,0,null,null,null,0,null,0,null,null,null,0,null,0,null,null,null,0,null,0,null,null,null,0,null,0,null,null,null,0,0,null,0,null,null,0,0,null,0]
["1.5.11","Прокладка трубопроводов теплоснабжения","п.м.",248,2887.52,{"$f":"D209*E209","v":716104.96},4676.7299999999996,{"$f":"D209*G209","v":1159829.0399999998},{"$f":"E209*D209+G209*D209","v":1875933.9999999998},null,null,2887.52,{"$f":"K209*L209","v":0},4676.7299999999996,{"$f":"K209*N209","v":0},{"$f":"L209*K209+N209*K209","v":0},null,2887.52,{"$f":"Q209*R209","v":0},4676.7299999999996,{"$f":"Q209*T209","v":0},{"$f":"R209*Q209+T209*Q209","v":0},null,2887.52,{"$f":"W209*X209","v":0},4676.7299999999996,{"$f":"W209*Z209","v":0},{"$f":"X209*W209+Z209*W209","v":0},null,2887.52,{"$f":"AC209*AD209","v":0},4676.7299999999996,{"$f":"AC209*AF209","v":0},{"$f":"AD209*AC209+AF209*AC209","v":0},null,2887.52,{"$f":"AI209*AJ209","v":0},4676.7299999999996,{"$f":"AI209*AL209","v":0},{"$f":"AJ209*AI209+AL209*AI209","v":0},null,2887.52,{"$f":"AO209*AP209","v":0},4676.7299999999996,{"$f":"AO209*AR209","v":0},{"$f":"AP209*AO209+AR209*AO209","v":0},null,2887.52,{"$f":"AU209*AV209","v":0},4676.7299999999996,{"$f":"AU209*AX209","v":0},{"$f":"AV209*AU209+AX209*AU209","v":0},null,2887.52,{"$f":"BA209*BB209","v":0},4676.7299999999996,{"$f":"BA209*BD209","v":0},{"$f":"BB209*BA209+BD209*BA209","v":0},null,0,2887.52,{"$f":"BH209*BI209","v":0},4676.7299999999996,{"$f":"BH209*BK209","v":0},{"$f":"BI209*BH209+BK209*BH209","v":0},248,2887.52,{"$f":"BN209*BO209","v":716104.96},4676.7299999999996,{"$f":"BN209*BQ209","v":1159829.0399999998},{"$f":"BO209*BN209+BQ209*BN209","v":1875933.9999999998}]
["1.5.12","Прокладка кабелей системы автоматизации вентиляции","к-т",1,1432280.25,{"$f":"D210*E210","v":1432280.25},1392401.5,{"$f":"D210*G210","v":1392401.5},{"$f":"E210*D210+G210*D210","v":2824681.75},null,null,1432280.25,{"$f":"K210*L210","v":0},1392401.5,{"$f":"K210*N210","v":0},{"$f":"L210*K210+N210*K210","v":0},null,1432280.25,{"$f":"Q210*R210","v":0},1392401.5,{"$f":"Q210*T210","v":0},{"$f":"R210*Q210+T210*Q210","v":0},0.6,1432280.25,{"$f":"W210*X210","v":859368.15},1392401.5,{"$f":"W210*Z210","v":835440.9},{"$f":"X210*W210+Z210*W210","v":1694809.05},null,1432280.25,{"$f":"AC210*AD210","v":0},1392401.5,{"$f":"AC210*AF210","v":0},{"$f":"AD210*AC210+AF210*AC210","v":0},null,1432280.25,{"$f":"AI210*AJ210","v":0},1392401.5,{"$f":"AI210*AL210","v":0},{"$f":"AJ210*AI210+AL210*AI210","v":0},null,1432280.25,{"$f":"AO210*AP210","v":0},1392401.5,{"$f":"AO210*AR210","v":0},{"$f":"AP210*AO210+AR210*AO210","v":0},null,1432280.25,{"$f":"AU210*AV210","v":0},1392401.5,{"$f":"AU210*AX210","v":0},{"$f":"AV210*AU210+AX210*AU210","v":0},null,1432280.25,{"$f":"BA210*BB210","v":0},1392401.5,{"$f":"BA210*BD210","v":0},{"$f":"BB210*BA210+BD210*BA210","v":0},null,0.6,1432280.25,{"$f":"BH210*BI210","v":859368.15},1392401.5,{"$f":"BH210*BK210","v":835440.9},{"$f":"BI210*BH210+BK210*BH210","v":1694809.05},0.4,1432280.25,{"$f":"BN210*BO210","v":572912.1},1392401.5,{"$f":"BN210*BQ210","v":556960.6},{"$f":"BO210*BN210+BQ210*BN210","v":1129872.7}]
["1.5.13","Пуско-наладочные работы ","к-т",1,1228500,{"$f":"D211*E211","v":1228500},0,null,{"$f":"E211*D211+G211*D211","v":1228500},null,null,1228500,{"$f":"K211*L211","v":0},0,null,{"$f":"L211*K211+N211*K211","v":0},null,1228500,{"$f":"Q211*R211","v":0},0,null,{"$f":"R211*Q211+T211*Q211","v":0},0.5,1228500,{"$f":"W211*X211","v":614250},0,null,{"$f":"X211*W211+Z211*W211","v":614250},null,1228500,{"$f":"AC211*AD211","v":0},0,null,{"$f":"AD211*AC211+AF211*AC211","v":0},null,1228500,{"$f":"AI211*AJ211","v":0},0,null,{"$f":"AJ211*AI211+AL211*AI211","v":0},null,1228500,{"$f":"AO211*AP211","v":0},0,null,{"$f":"AP211*AO211+AR211*AO211","v":0},null,1228500,{"$f":"AU211*AV211","v":0},0,null,{"$f":"AV211*AU211+AX211*AU211","v":0},null,1228500,{"$f":"BA211*BB211","v":0},0,null,{"$f":"BB211*BA211+BD211*BA211","v":0},null,0.5,1228500,{"$f":"BH211*BI211","v":614250},0,null,{"$f":"BI211*BH211+BK211*BH211","v":614250},0.5,1228500,{"$f":"BN211*BO211","v":614250},0,null,{"$f":"BO211*BN211+BQ211*BN211","v":614250}]
["1.6","130-23-ОВ1 Отопление, вентиляция и кондиционирование",null,null,null,{"$f":"F213+F214+F215+F217+F219+F220+F221+F222+F223+F224+F225+F226+F228+F229+F230+F231+F232+F233","v":5158915.1499999994},null,{"$f":"H213+H214+H215+H217+H219+H220+H221+H222+H223+H224+H225+H226+H228+H229+H230+H231+H232+H233","v":6202448.8800000008},{"$f":"I213+I214+I215+I217+I219+I220+I221+I222+I223+I224+I225+I226+I228+I229+I230+I231+I232+I233","v":11361364.030000001},null,null,null,{"$f":"M213+M214+M215+M217+M219+M220+M221+M222+M223+M224+M225+M226+M228+M229+M230+M231+M232+M233","v":0},null,{"$f":"O213+O214+O215+O217+O219+O220+O221+O222+O223+O224+O225+O226+O228+O229+O230+O231+O232+O233","v":0},{"$f":"P213+P214+P215+P217+P219+P220+P221+P222+P223+P224+P225+P226+P228+P229+P230+P231+P232+P233","v":0},null,null,{"$f":"S213+S214+S215+S217+S219+S220+S221+S222+S223+S224+S225+S226+S228+S229+S230+S231+S232+S233","v":0},null,{"$f":"U213+U214+U215+U217+U219+U220+U221+U222+U223+U224+U225+U226+U228+U229+U230+U231+U232+U233","v":0},{"$f":"V213+V214+V215+V217+V219+V220+V221+V222+V223+V224+V225+V226+V228+V229+V230+V231+V232+V233","v":0},null,null,{"$f":"Y213+Y214+Y215+Y217+Y219+Y220+Y221+Y222+Y223+Y224+Y225+Y226+Y228+Y229+Y230+Y231+Y232+Y233","v":2217283.08},null,{"$f":"AA213+AA214+AA215+AA217+AA219+AA220+AA221+AA222+AA223+AA224+AA225+AA226+AA228+AA229+AA230+AA231+AA232+AA233","v":2810695.9099999997},{"$f":"AB213+AB214+AB215+AB217+AB219+AB220+AB221+AB222+AB223+AB224+AB225+AB226+AB228+AB229+AB230+AB231+AB232+AB233","v":5027978.99},null,null,{"$f":"AE213+AE214+AE215+AE217+AE219+AE220+AE221+AE222+AE223+AE224+AE225+AE226+AE228+AE229+AE230+AE231+AE232+AE233","v":0},null,{"$f":"AG213+AG214+AG215+AG217+AG219+AG220+AG221+AG222+AG223+AG224+AG225+AG226+AG228+AG229+AG230+AG231+AG232+AG233","v":0},{"$f":"AH213+AH214+AH215+AH217+AH219+AH220+AH221+AH222+AH223+AH224+AH225+AH226+AH228+AH229+AH230+AH231+AH232+AH233","v":0},null,null,{"$f":"AK213+AK214+AK215+AK217+AK219+AK220+AK221+AK222+AK223+AK224+AK225+AK226+AK228+AK229+AK230+AK231+AK232+AK233","v":0},null,{"$f":"AM213+AM214+AM215+AM217+AM219+AM220+AM221+AM222+AM223+AM224+AM225+AM226+AM228+AM229+AM230+AM231+AM232+AM233","v":0},{"$f":"AN213+AN214+AN215+AN217+AN219+AN220+AN221+AN222+AN223+AN224+AN225+AN226+AN228+AN229+AN230+AN231+AN232+AN233","v":0},null,null,{"$f":"AQ213+AQ214+AQ215+AQ217+AQ219+AQ220+AQ221+AQ222+AQ223+AQ224+AQ225+AQ226+AQ228+AQ229+AQ230+AQ231+AQ232+AQ233","v":0},null,{"$f":"AS213+AS214+AS215+AS217+AS219+AS220+AS221+AS222+AS223+AS224+AS225+AS226+AS228+AS229+AS230+AS231+AS232+AS233","v":0},{"$f":"AT213+AT214+AT215+AT217+AT219+AT220+AT221+AT222+AT223+AT224+AT225+AT226+AT228+AT229+AT230+AT231+AT232+AT233","v":0},null,null,{"$f":"AW213+AW214+AW215+AW217+AW219+AW220+AW221+AW222+AW223+AW224+AW225+AW226+AW228+AW229+AW230+AW231+AW232+AW233","v":0},null,{"$f":"AY213+AY214+AY215+AY217+AY219+AY220+AY221+AY222+AY223+AY224+AY225+AY226+AY228+AY229+AY230+AY231+AY232+AY233","v":0},{"$f":"AZ213+AZ214+AZ215+AZ217+AZ219+AZ220+AZ221+AZ222+AZ223+AZ224+AZ225+AZ226+AZ228+AZ229+AZ230+AZ231+AZ232+AZ233","v":0},null,null,{"$f":"BC213+BC214+BC215+BC217+BC219+BC220+BC221+BC222+BC223+BC224+BC225+BC226+BC228+BC229+BC230+BC231+BC232+BC233","v":0},null,{"$f":"BE213+BE214+BE215+BE217+BE219+BE220+BE221+BE222+BE223+BE224+BE225+BE226+BE228+BE229+BE230+BE231+BE232+BE233","v":0},{"$f":"BF213+BF214+BF215+BF217+BF219+BF220+BF221+BF222+BF223+BF224+BF225+BF226+BF228+BF229+BF230+BF231+BF232+BF233","v":0},null,0,null,{"$f":"BJ213+BJ214+BJ215+BJ217+BJ219+BJ220+BJ221+BJ222+BJ223+BJ224+BJ225+BJ226+BJ228+BJ229+BJ230+BJ231+BJ232+BJ233","v":2217283.08},null,{"$f":"BL213+BL214+BL215+BL217+BL219+BL220+BL221+BL222+BL223+BL224+BL225+BL226+BL228+BL229+BL230+BL231+BL232+BL233","v":2810695.9099999997},{"$f":"BM213+BM214+BM215+BM217+BM219+BM220+BM221+BM222+BM223+BM224+BM225+BM226+BM228+BM229+BM230+BM231+BM232+BM233","v":5027978.99},0,null,{"$f":"BP213+BP214+BP215+BP217+BP219+BP220+BP221+BP222+BP223+BP224+BP225+BP226+BP228+BP229+BP230+BP231+BP232+BP233","v":2941632.0700000003},null,{"$f":"BR213+BR214+BR215+BR217+BR219+BR220+BR221+BR222+BR223+BR224+BR225+BR226+BR228+BR229+BR230+BR231+BR232+BR233","v":3391752.97},{"$f":"BS213+BS214+BS215+BS217+BS219+BS220+BS221+BS222+BS223+BS224+BS225+BS226+BS228+BS229+BS230+BS231+BS232+BS233","v":6333385.04}]
["1.6.1","Монтаж отопительных приборов в комплекте с запорно-регулирующей арматурой","шт.",58,7205,{"$f":"D213*E213","v":417890},17301.59,{"$f":"D213*G213","v":1003492.22},{"$f":"E213*D213+G213*D213","v":1421382.22},null,null,7205,{"$f":"K213*L213","v":0},17301.59,{"$f":"K213*N213","v":0},{"$f":"L213*K213+N213*K213","v":0},null,7205,{"$f":"Q213*R213","v":0},17301.59,{"$f":"Q213*T213","v":0},{"$f":"R213*Q213+T213*Q213","v":0},50,7205,{"$f":"W213*X213","v":360250},17301.59,{"$f":"W213*Z213","v":865079.5},{"$f":"X213*W213+Z213*W213","v":1225329.5},null,7205,{"$f":"AC213*AD213","v":0},17301.59,{"$f":"AC213*AF213","v":0},{"$f":"AD213*AC213+AF213*AC213","v":0},null,7205,{"$f":"AI213*AJ213","v":0},17301.59,{"$f":"AI213*AL213","v":0},{"$f":"AJ213*AI213+AL213*AI213","v":0},null,7205,{"$f":"AO213*AP213","v":0},17301.59,{"$f":"AO213*AR213","v":0},{"$f":"AP213*AO213+AR213*AO213","v":0},null,7205,{"$f":"AU213*AV213","v":0},17301.59,{"$f":"AU213*AX213","v":0},{"$f":"AV213*AU213+AX213*AU213","v":0},null,7205,{"$f":"BA213*BB213","v":0},17301.59,{"$f":"BA213*BD213","v":0},{"$f":"BB213*BA213+BD213*BA213","v":0},null,50,7205,{"$f":"BH213*BI213","v":360250},17301.59,{"$f":"BH213*BK213","v":865079.5},{"$f":"BI213*BH213+BK213*BH213","v":1225329.5},8,7205,{"$f":"BN213*BO213","v":57640},17301.59,{"$f":"BN213*BQ213","v":138412.72},{"$f":"BO213*BN213+BQ213*BN213","v":196052.72}]
["1.6.2","Прокладка трубопроводов отопления в изоляции","п.м.",1059,1451.67,{"$f":"D214*E214","v":1537318.53},811.65,{"$f":"D214*G214","v":859537.35},{"$f":"E214*D214+G214*D214","v":2396855.88},null,null,1451.67,{"$f":"K214*L214","v":0},811.65,{"$f":"K214*N214","v":0},{"$f":"L214*K214+N214*K214","v":0},null,1451.67,{"$f":"Q214*R214","v":0},811.65,{"$f":"Q214*T214","v":0},{"$f":"R214*Q214+T214*Q214","v":0},700,1451.67,{"$f":"W214*X214","v":1016169},811.65,{"$f":"W214*Z214","v":568155},{"$f":"X214*W214+Z214*W214","v":1584324},null,1451.67,{"$f":"AC214*AD214","v":0},811.65,{"$f":"AC214*AF214","v":0},{"$f":"AD214*AC214+AF214*AC214","v":0},null,1451.67,{"$f":"AI214*AJ214","v":0},811.65,{"$f":"AI214*AL214","v":0},{"$f":"AJ214*AI214+AL214*AI214","v":0},null,1451.67,{"$f":"AO214*AP214","v":0},811.65,{"$f":"AO214*AR214","v":0},{"$f":"AP214*AO214+AR214*AO214","v":0},null,1451.67,{"$f":"AU214*AV214","v":0},811.65,{"$f":"AU214*AX214","v":0},{"$f":"AV214*AU214+AX214*AU214","v":0},null,1451.67,{"$f":"BA214*BB214","v":0},811.65,{"$f":"BA214*BD214","v":0},{"$f":"BB214*BA214+BD214*BA214","v":0},null,700,1451.67,{"$f":"BH214*BI214","v":1016169},811.65,{"$f":"BH214*BK214","v":568155},{"$f":"BI214*BH214+BK214*BH214","v":1584324},359,1451.67,{"$f":"BN214*BO214","v":521149.53},811.65,{"$f":"BN214*BQ214","v":291382.34999999998},{"$f":"BO214*BN214+BQ214*BN214","v":812531.88}]
["1.6.3","Насос циркуляционный ","шт",1,39090,{"$f":"D215*E215","v":39090},204170,{"$f":"D215*G215","v":204170},{"$f":"E215*D215+G215*D215","v":243260},null,null,39090,{"$f":"K215*L215","v":0},204170,{"$f":"K215*N215","v":0},{"$f":"L215*K215+N215*K215","v":0},null,39090,{"$f":"Q215*R215","v":0},204170,{"$f":"Q215*T215","v":0},{"$f":"R215*Q215+T215*Q215","v":0},null,39090,{"$f":"W215*X215","v":0},204170,{"$f":"W215*Z215","v":0},{"$f":"X215*W215+Z215*W215","v":0},null,39090,{"$f":"AC215*AD215","v":0},204170,{"$f":"AC215*AF215","v":0},{"$f":"AD215*AC215+AF215*AC215","v":0},null,39090,{"$f":"AI215*AJ215","v":0},204170,{"$f":"AI215*AL215","v":0},{"$f":"AJ215*AI215+AL215*AI215","v":0},null,39090,{"$f":"AO215*AP215","v":0},204170,{"$f":"AO215*AR215","v":0},{"$f":"AP215*AO215+AR215*AO215","v":0},null,39090,{"$f":"AU215*AV215","v":0},204170,{"$f":"AU215*AX215","v":0},{"$f":"AV215*AU215+AX215*AU215","v":0},null,39090,{"$f":"BA215*BB215","v":0},204170,{"$f":"BA215*BD215","v":0},{"$f":"BB215*BA215+BD215*BA215","v":0},null,0,39090,{"$f":"BH215*BI215","v":0},204170,{"$f":"BH215*BK215","v":0},{"$f":"BI215*BH215+BK215*BH215","v":0},1,39090,{"$f":"BN215*BO215","v":39090},204170,{"$f":"BN215*BQ215","v":204170},{"$f":"BO215*BN215+BQ215*BN215","v":243260}]
["1.6.4","Теплоснабжение установки П1",null,null,0,null,0,null,null,null,null,0,null,0,null,null,null,0,null,0,null,null,null,0,null,0,null,null,null,0,null,0,null,null,null,0,null,0,null,null,null,0,null,0,null,null,null,0,null,0,null,null,null,0,null,0,null,null,null,0,0,null,0,null,null,0,0,null,0]
["1.6.4.1","Прокладка трубопроводов теплоснабжения в изоляции","п.м.",390,1239.46,{"$f":"D217*E217","v":483389.4},505.48,{"$f":"D217*G217","v":197137.2},{"$f":"E217*D217+G217*D217","v":680526.60000000009},null,null,1239.46,{"$f":"K217*L217","v":0},505.48,{"$f":"K217*N217","v":0},{"$f":"L217*K217+N217*K217","v":0},null,1239.46,{"$f":"Q217*R217","v":0},505.48,{"$f":"Q217*T217","v":0},{"$f":"R217*Q217+T217*Q217","v":0},200,1239.46,{"$f":"W217*X217","v":247892},505.48,{"$f":"W217*Z217","v":101096},{"$f":"X217*W217+Z217*W217","v":348988},null,1239.46,{"$f":"AC217*AD217","v":0},505.48,{"$f":"AC217*AF217","v":0},{"$f":"AD217*AC217+AF217*AC217","v":0},null,1239.46,{"$f":"AI217*AJ217","v":0},505.48,{"$f":"AI217*AL217","v":0},{"$f":"AJ217*AI217+AL217*AI217","v":0},null,1239.46,{"$f":"AO217*AP217","v":0},505.48,{"$f":"AO217*AR217","v":0},{"$f":"AP217*AO217+AR217*AO217","v":0},null,1239.46,{"$f":"AU217*AV217","v":0},505.48,{"$f":"AU217*AX217","v":0},{"$f":"AV217*AU217+AX217*AU217","v":0},null,1239.46,{"$f":"BA217*BB217","v":0},505.48,{"$f":"BA217*BD217","v":0},{"$f":"BB217*BA217+BD217*BA217","v":0},null,200,1239.46,{"$f":"BH217*BI217","v":247892},505.48,{"$f":"BH217*BK217","v":101096},{"$f":"BI217*BH217+BK217*BH217","v":348988},190,1239.46,{"$f":"BN217*BO217","v":235497.4},505.48,{"$f":"BN217*BQ217","v":96041.2},{"$f":"BO217*BN217+BQ217*BN217","v":331538.59999999998}]
["1.6.5","Вентиляция",null,null,0,null,0,null,null,null,null,0,null,0,null,null,null,0,null,0,null,null,null,0,null,0,null,null,null,0,null,0,null,null,null,0,null,0,null,null,null,0,null,0,null,null,null,0,null,0,null,null,null,0,null,0,null,null,null,0,0,null,0,null,null,0,0,null,0]
["1.6.5.1","Монтаж приточной системы","к-т",1,88935.9,{"$f":"D219*E219","v":88935.9},212371.01,{"$f":"D219*G219","v":212371.01},{"$f":"E219*D219+G219*D219","v":301306.91000000003},null,null,88935.9,{"$f":"K219*L219","v":0},212371.01,{"$f":"K219*N219","v":0},{"$f":"L219*K219+N219*K219","v":0},null,88935.9,{"$f":"Q219*R219","v":0},212371.01,{"$f":"Q219*T219","v":0},{"$f":"R219*Q219+T219*Q219","v":0},1,88935.9,{"$f":"W219*X219","v":88935.9},212371.01,{"$f":"W219*Z219","v":212371.01},{"$f":"X219*W219+Z219*W219","v":301306.91000000003},null,88935.9,{"$f":"AC219*AD219","v":0},212371.01,{"$f":"AC219*AF219","v":0},{"$f":"AD219*AC219+AF219*AC219","v":0},null,88935.9,{"$f":"AI219*AJ219","v":0},212371.01,{"$f":"AI219*AL219","v":0},{"$f":"AJ219*AI219+AL219*AI219","v":0},null,88935.9,{"$f":"AO219*AP219","v":0},212371.01,{"$f":"AO219*AR219","v":0},{"$f":"AP219*AO219+AR219*AO219","v":0},null,88935.9,{"$f":"AU219*AV219","v":0},212371.01,{"$f":"AU219*AX219","v":0},{"$f":"AV219*AU219+AX219*AU219","v":0},null,88935.9,{"$f":"BA219*BB219","v":0},212371.01,{"$f":"BA219*BD219","v":0},{"$f":"BB219*BA219+BD219*BA219","v":0},null,1,88935.9,{"$f":"BH219*BI219","v":88935.9},212371.01,{"$f":"BH219*BK219","v":212371.01},{"$f":"BI219*BH219+BK219*BH219","v":301306.91000000003},0,88935.9,{"$f":"BN219*BO219","v":0},212371.01,{"$f":"BN219*BQ219","v":0},{"$f":"BO219*BN219+BQ219*BN219","v":0}]
["1.6.5.2","Монтаж узла терморегулирования","к-т",1,27333.15,27333.15,92996.28,92996.28,120329.43,null,null,27333.15,0,92996.28,0,0,null,27333.15,0,92996.28,0,0,null,27333.15,0,92996.28,0,0,null,27333.15,0,92996.28,0,0,null,27333.15,0,92996.28,0,0,null,27333.15,0,92996.28,0,0,null,27333.15,0,92996.28,0,0,null,27333.15,0,92996.28,0,0,null,0,27333.15,0,92996.28,0,0,1,27333.15,27333.15,92996.28,92996.28,120329.43]
["1.6.5.3","Монтаж вытяжных систем","к-т",6,8541.7199999999993,51250.319999999992,15825.33,94951.98,146202.29999999999,null,null,8541.7199999999993,0,15825.33,0,0,null,8541.7199999999993,0,15825.33,0,0,5,8541.7199999999993,42708.6,15825.33,79126.649999999994,121835.25,null,8541.7199999999993,0,15825.33,0,0,null,8541.7199999999993,0,15825.33,0,0,null,8541.7199999999993,0,15825.33,0,0,null,8541.7199999999993,0,15825.33,0,0,null,8541.7199999999993,0,15825.33,0,0,null,5,8541.7199999999993,42708.6,15825.33,79126.649999999994,121835.25,1,8541.7199999999993,8541.7199999999993,15825.33,15825.33,24367.05]
["1.6.5.4","Монтаж воздухораспределителей, дроссель-клапанов, зонтов","шт",125,896.04,112005,784.68,98085,210090,null,null,896.04,0,784.68,0,0,null,896.04,0,784.68,0,0,100,896.04,89604,784.68,78468,168072,null,896.04,0,784.68,0,0,null,896.04,0,784.68,0,0,null,896.04,0,784.68,0,0,null,896.04,0,784.68,0,0,null,896.04,0,784.68,0,0,null,100,896.04,89604,784.68,78468,168072,25,896.04,22401,784.68,19617,42018]
["1.6.5.5","Прокладка воздуховодов из оцинкованой стали","м2",294.5,1375.5,405084.75,1858.42,547304.69000000006,952389.44000000006,null,null,1375.5,0,1858.42,0,0,null,1375.5,0,1858.42,0,0,152,1375.5,209076,1858.42,282479.84000000003,491555.84000000003,null,1375.5,0,1858.42,0,0,null,1375.5,0,1858.42,0,0,null,1375.5,0,1858.42,0,0,null,1375.5,0,1858.42,0,0,null,1375.5,0,1858.42,0,0,null,152,1375.5,209076,1858.42,282479.84000000003,491555.84000000003,142.5,1375.5,196008.75,1858.42,264824.85000000003,460833.60000000003]
["1.6.5.6","Монтаж противодымных систем ПД1, ДУ1","к-т",2,100586.39,201172.78,266448.07,532896.14,734068.92,null,null,100586.39,0,266448.07,0,0,null,100586.39,0,266448.07,0,0,null,100586.39,0,266448.07,0,0,null,100586.39,0,266448.07,0,0,null,100586.39,0,266448.07,0,0,null,100586.39,0,266448.07,0,0,null,100586.39,0,266448.07,0,0,null,100586.39,0,266448.07,0,0,null,0,100586.39,0,266448.07,0,0,2,100586.39,201172.78,266448.07,532896.14,734068.92]
["1.6.5.7","Монтаж клапанов противопожарных","шт",24,8489.24,203741.76,18251.23,438029.52,641771.28,null,null,8489.24,0,18251.23,0,0,null,8489.24,0,18251.23,0,0,null,8489.24,0,18251.23,0,0,null,8489.24,0,18251.23,0,0,null,8489.24,0,18251.23,0,0,null,8489.24,0,18251.23,0,0,null,8489.24,0,18251.23,0,0,null,8489.24,0,18251.23,0,0,null,0,8489.24,0,18251.23,0,0,24,8489.24,203741.76,18251.23,438029.52,641771.28]
["1.6.5.8","Прокладка воздуховодов из чёрной и оцинкованой стали","м2",294,2456.77,722290.38,4354.87,1280331.78,2002622.1600000001,null,null,2456.77,0,4354.87,0,0,null,2456.77,0,4354.87,0,0,null,2456.77,0,4354.87,0,0,null,2456.77,0,4354.87,0,0,null,2456.77,0,4354.87,0,0,null,2456.77,0,4354.87,0,0,null,2456.77,0,4354.87,0,0,null,2456.77,0,4354.87,0,0,null,{"$f":"K226+Q226+W226+AC226+AI226+AO226+AU226+BA226","v":0},2456.77,0,4354.87,0,0,{"$f":"D226-BH226","v":294},2456.77,722290.38,4354.87,1280331.78,2002622.1600000001]
["1.6.6","Кондиционирование воздуха",null,null,0,null,0,null,null,null,null,0,null,0,null,null,null,0,null,0,null,null,null,0,null,0,null,null,null,0,null,0,null,null,null,0,null,0,null,null,null,0,null,0,null,null,null,0,null,0,null,null,null,0,null,0,null,null,null,0,0,null,0,null,null,0,0,null,0]
["1.6.6.1","Монтаж наружных блоков сиситем кондиционирования воздуха","к-т",1,61132.46,{"$f":"D228*E228","v":61132.46},389269.57,{"$f":"D228*G228","v":389269.57},{"$f":"E228*D228+G228*D228","v":450402.03},null,null,61132.46,{"$f":"K228*L228","v":0},389269.57,{"$f":"K228*N228","v":0},{"$f":"L228*K228+N228*K228","v":0},null,61132.46,{"$f":"Q228*R228","v":0},389269.57,{"$f":"Q228*T228","v":0},{"$f":"R228*Q228+T228*Q228","v":0},1,61132.46,{"$f":"W228*X228","v":61132.46},389269.57,{"$f":"W228*Z228","v":389269.57},{"$f":"X228*W228+Z228*W228","v":450402.03},null,61132.46,{"$f":"AC228*AD228","v":0},389269.57,{"$f":"AC228*AF228","v":0},{"$f":"AD228*AC228+AF228*AC228","v":0},null,61132.46,{"$f":"AI228*AJ228","v":0},389269.57,{"$f":"AI228*AL228","v":0},{"$f":"AJ228*AI228+AL228*AI228","v":0},null,61132.46,{"$f":"AO228*AP228","v":0},389269.57,{"$f":"AO228*AR228","v":0},{"$f":"AP228*AO228+AR228*AO228","v":0},null,61132.46,{"$f":"AU228*AV228","v":0},389269.57,{"$f":"AU228*AX228","v":0},{"$f":"AV228*AU228+AX228*AU228","v":0},null,61132.46,{"$f":"BA228*BB228","v":0},389269.57,{"$f":"BA228*BD228","v":0},{"$f":"BB228*BA228+BD228*BA228","v":0},null,1,61132.46,{"$f":"BH228*BI228","v":61132.46},389269.57,{"$f":"BH228*BK228","v":389269.57},{"$f":"BI228*BH228+BK228*BH228","v":450402.03},0,61132.46,{"$f":"BN228*BO228","v":0},389269.57,{"$f":"BN228*BQ228","v":0},{"$f":"BO228*BN228+BQ228*BN228","v":0}]
["1.6.6.2","Монтаж внутренних блоков сиситем кондиционирования воздуха","к-т",3,18340,55020,52353.599999999999,{"$f":"D229*G229","v":157060.79999999999},212080.8,null,null,18340,0,52353.599999999999,{"$f":"K229*N229","v":0},0,null,18340,0,52353.599999999999,{"$f":"Q229*T229","v":0},0,3,18340,55020,52353.599999999999,{"$f":"W229*Z229","v":157060.79999999999},212080.8,null,18340,0,52353.599999999999,{"$f":"AC229*AF229","v":0},0,null,18340,0,52353.599999999999,{"$f":"AI229*AL229","v":0},0,null,18340,0,52353.599999999999,{"$f":"AO229*AR229","v":0},0,null,18340,0,52353.599999999999,{"$f":"AU229*AX229","v":0},0,null,18340,0,52353.599999999999,{"$f":"BA229*BD229","v":0},0,null,3,18340,55020,52353.599999999999,{"$f":"BH229*BK229","v":157060.79999999999},212080.8,0,18340,0,52353.599999999999,{"$f":"BN229*BQ229","v":0},0]
["1.6.6.3","Прокладка медных трубопроводов с изоляцией","пм",74,557.78,41275.72,815.66,{"$f":"D230*G230","v":60358.84},101634.56,null,null,557.78,0,815.66,{"$f":"K230*N230","v":0},0,null,557.78,0,815.66,{"$f":"Q230*T230","v":0},0,54,557.78,30120.12,815.66,{"$f":"W230*Z230","v":44045.64},74165.759999999995,null,557.78,0,815.66,{"$f":"AC230*AF230","v":0},0,null,557.78,0,815.66,{"$f":"AI230*AL230","v":0},0,null,557.78,0,815.66,{"$f":"AO230*AR230","v":0},0,null,557.78,0,815.66,{"$f":"AU230*AX230","v":0},0,null,557.78,0,815.66,{"$f":"BA230*BD230","v":0},0,null,54,557.78,30120.12,815.66,{"$f":"BH230*BK230","v":44045.64},74165.759999999995,20,557.78,11155.599999999999,815.66,{"$f":"BN230*BQ230","v":16313.199999999999},27468.799999999996]
["1.6.6.4","Прокладка дренажных трубопроводов","пм",16,655,10480,152.1,{"$f":"D231*G231","v":2433.6},12913.6,null,null,655,0,152.1,{"$f":"K231*N231","v":0},0,null,655,0,152.1,{"$f":"Q231*T231","v":0},0,10,655,6550,152.1,{"$f":"W231*Z231","v":1521},8071,null,655,0,152.1,{"$f":"AC231*AF231","v":0},0,null,655,0,152.1,{"$f":"AI231*AL231","v":0},0,null,655,0,152.1,{"$f":"AO231*AR231","v":0},0,null,655,0,152.1,{"$f":"AU231*AX231","v":0},0,null,655,0,152.1,{"$f":"BA231*BD231","v":0},0,null,10,655,6550,152.1,{"$f":"BH231*BK231","v":1521},8071,6,655,3930,152.1,{"$f":"BN231*BQ231","v":912.59999999999991},4842.6000000000004]
["1.6.6.5","Установка дренажных насосов","шт",3,3275,9825,10674.3,{"$f":"D232*G232","v":32022.899999999998},41847.899999999994,null,null,3275,0,10674.3,{"$f":"K232*N232","v":0},0,null,3275,0,10674.3,{"$f":"Q232*T232","v":0},0,3,3275,9825,10674.3,{"$f":"W232*Z232","v":32022.899999999998},41847.899999999994,null,3275,0,10674.3,{"$f":"AC232*AF232","v":0},0,null,3275,0,10674.3,{"$f":"AI232*AL232","v":0},0,null,3275,0,10674.3,{"$f":"AO232*AR232","v":0},0,null,3275,0,10674.3,{"$f":"AU232*AX232","v":0},0,null,3275,0,10674.3,{"$f":"BA232*BD232","v":0},0,null,3,3275,9825,10674.3,{"$f":"BH232*BK232","v":32022.899999999998},41847.899999999994,0,3275,0,10674.3,{"$f":"BN232*BQ232","v":0},0]
["1.6.6.6","Пуско-наладочные работы ","к-т",1,691680,691680,0,null,691680,null,null,691680,0,0,null,0,null,691680,0,0,null,0,null,691680,0,0,null,0,null,691680,0,0,null,0,null,691680,0,0,null,0,null,691680,0,0,null,0,null,691680,0,0,null,0,null,691680,0,0,null,0,null,0,691680,0,0,null,0,1,691680,691680,0,null,691680]
["1.7","130-23-СКС Структурированная кабельная сеть",null,null,null,{"$f":"F235+F236+F237+F238+F239+F240+F241+F242+F243+F244+F245+F246+F247+F248+F249+F250+F251+F252+F253+F254+F255+F256+F257+F258+F259+F260+F261+F262+F263+F264+F265+F266+F267+F268+F269+F270+F271+F272+F273+F274+F275+F276+F277+F278+F279+F280+F281+F282+F283+F284+F285+F286+F288+F287","v":2319410.5499999998},null,{"$f":"H235+H236+H237+H238+H239+H240+H241+H242+H243+H244+H245+H246+H247+H248+H249+H250+H251+H252+H253+H254+H255+H256+H257+H258+H259+H260+H261+H262+H263+H264+H265+H266+H267+H268+H269+H270+H271+H272+H273+H274+H275+H276+H277+H278+H279+H280+H281+H282+H283+H284+H285+H286+H288+H287","v":3123252.9000000004},{"$f":"I235+I236+I237+I238+I239+I240+I241+I242+I243+I244+I245+I246+I247+I248+I249+I250+I251+I252+I253+I254+I255+I256+I257+I258+I259+I260+I261+I262+I263+I264+I265+I266+I267+I268+I269+I270+I271+I272+I273+I274+I275+I276+I277+I278+I279+I280+I281+I282+I283+I284+I285+I286+I288+I287","v":5442663.4499999993},null,null,null,{"$f":"M235+M236+M237+M238+M239+M240+M241+M242+M243+M244+M245+M246+M247+M248+M249+M250+M251+M252+M253+M254+M255+M256+M257+M258+M259+M260+M261+M262+M263+M264+M265+M266+M267+M268+M269+M270+M271+M272+M273+M274+M275+M276+M277+M278+M279+M280+M281+M282+M283+M284+M285+M286+M288+M287","v":0},null,{"$f":"O235+O236+O237+O238+O239+O240+O241+O242+O243+O244+O245+O246+O247+O248+O249+O250+O251+O252+O253+O254+O255+O256+O257+O258+O259+O260+O261+O262+O263+O264+O265+O266+O267+O268+O269+O270+O271+O272+O273+O274+O275+O276+O277+O278+O279+O280+O281+O282+O283+O284+O285+O286+O288+O287","v":0},{"$f":"P235+P236+P237+P238+P239+P240+P241+P242+P243+P244+P245+P246+P247+P248+P249+P250+P251+P252+P253+P254+P255+P256+P257+P258+P259+P260+P261+P262+P263+P264+P265+P266+P267+P268+P269+P270+P271+P272+P273+P274+P275+P276+P277+P278+P279+P280+P281+P282+P283+P284+P285+P286+P288+P287","v":0},null,null,{"$f":"S235+S236+S237+S238+S239+S240+S241+S242+S243+S244+S245+S246+S247+S248+S249+S250+S251+S252+S253+S254+S255+S256+S257+S258+S259+S260+S261+S262+S263+S264+S265+S266+S267+S268+S269+S270+S271+S272+S273+S274+S275+S276+S277+S278+S279+S280+S281+S282+S283+S284+S285+S286+S288+S287","v":22008},null,{"$f":"U235+U236+U237+U238+U239+U240+U241+U242+U243+U244+U245+U246+U247+U248+U249+U250+U251+U252+U253+U254+U255+U256+U257+U258+U259+U260+U261+U262+U263+U264+U265+U266+U267+U268+U269+U270+U271+U272+U273+U274+U275+U276+U277+U278+U279+U280+U281+U282+U283+U284+U285+U286+U288+U287","v":170450.8},{"$f":"V235+V236+V237+V238+V239+V240+V241+V242+V243+V244+V245+V246+V247+V248+V249+V250+V251+V252+V253+V254+V255+V256+V257+V258+V259+V260+V261+V262+V263+V264+V265+V266+V267+V268+V269+V270+V271+V272+V273+V274+V275+V276+V277+V278+V279+V280+V281+V282+V283+V284+V285+V286+V288+V287","v":192458.8},null,null,{"$f":"Y235+Y236+Y237+Y238+Y239+Y240+Y241+Y242+Y243+Y244+Y245+Y246+Y247+Y248+Y249+Y250+Y251+Y252+Y253+Y254+Y255+Y256+Y257+Y258+Y259+Y260+Y261+Y262+Y263+Y264+Y265+Y266+Y267+Y268+Y269+Y270+Y271+Y272+Y273+Y274+Y275+Y276+Y277+Y278+Y279+Y280+Y281+Y282+Y283+Y284+Y285+Y286+Y288+Y287","v":330120},null,{"$f":"AA235+AA236+AA237+AA238+AA239+AA240+AA241+AA242+AA243+AA244+AA245+AA246+AA247+AA248+AA249+AA250+AA251+AA252+AA253+AA254+AA255+AA256+AA257+AA258+AA259+AA260+AA261+AA262+AA263+AA264+AA265+AA266+AA267+AA268+AA269+AA270+AA271+AA272+AA273+AA274+AA275+AA276+AA277+AA278+AA279+AA280+AA281+AA282+AA283+AA284+AA285+AA286+AA288+AA287","v":234293},{"$f":"AB235+AB236+AB237+AB238+AB239+AB240+AB241+AB242+AB243+AB244+AB245+AB246+AB247+AB248+AB249+AB250+AB251+AB252+AB253+AB254+AB255+AB256+AB257+AB258+AB259+AB260+AB261+AB262+AB263+AB264+AB265+AB266+AB267+AB268+AB269+AB270+AB271+AB272+AB273+AB274+AB275+AB276+AB277+AB278+AB279+AB280+AB281+AB282+AB283+AB284+AB285+AB286+AB288+AB287","v":564413},null,null,{"$f":"AE235+AE236+AE237+AE238+AE239+AE240+AE241+AE242+AE243+AE244+AE245+AE246+AE247+AE248+AE249+AE250+AE251+AE252+AE253+AE254+AE255+AE256+AE257+AE258+AE259+AE260+AE261+AE262+AE263+AE264+AE265+AE266+AE267+AE268+AE269+AE270+AE271+AE272+AE273+AE274+AE275+AE276+AE277+AE278+AE279+AE280+AE281+AE282+AE283+AE284+AE285+AE286+AE288+AE287","v":0},null,{"$f":"AG235+AG236+AG237+AG238+AG239+AG240+AG241+AG242+AG243+AG244+AG245+AG246+AG247+AG248+AG249+AG250+AG251+AG252+AG253+AG254+AG255+AG256+AG257+AG258+AG259+AG260+AG261+AG262+AG263+AG264+AG265+AG266+AG267+AG268+AG269+AG270+AG271+AG272+AG273+AG274+AG275+AG276+AG277+AG278+AG279+AG280+AG281+AG282+AG283+AG284+AG285+AG286+AG288+AG287","v":0},{"$f":"AH235+AH236+AH237+AH238+AH239+AH240+AH241+AH242+AH243+AH244+AH245+AH246+AH247+AH248+AH249+AH250+AH251+AH252+AH253+AH254+AH255+AH256+AH257+AH258+AH259+AH260+AH261+AH262+AH263+AH264+AH265+AH266+AH267+AH268+AH269+AH270+AH271+AH272+AH273+AH274+AH275+AH276+AH277+AH278+AH279+AH280+AH281+AH282+AH283+AH284+AH285+AH286+AH288+AH287","v":0},null,null,{"$f":"AK235+AK236+AK237+AK238+AK239+AK240+AK241+AK242+AK243+AK244+AK245+AK246+AK247+AK248+AK249+AK250+AK251+AK252+AK253+AK254+AK255+AK256+AK257+AK258+AK259+AK260+AK261+AK262+AK263+AK264+AK265+AK266+AK267+AK268+AK269+AK270+AK271+AK272+AK273+AK274+AK275+AK276+AK277+AK278+AK279+AK280+AK281+AK282+AK283+AK284+AK285+AK286+AK288+AK287","v":0},null,{"$f":"AM235+AM236+AM237+AM238+AM239+AM240+AM241+AM242+AM243+AM244+AM245+AM246+AM247+AM248+AM249+AM250+AM251+AM252+AM253+AM254+AM255+AM256+AM257+AM258+AM259+AM260+AM261+AM262+AM263+AM264+AM265+AM266+AM267+AM268+AM269+AM270+AM271+AM272+AM273+AM274+AM275+AM276+AM277+AM278+AM279+AM280+AM281+AM282+AM283+AM284+AM285+AM286+AM288+AM287","v":0},{"$f":"AN235+AN236+AN237+AN238+AN239+AN240+AN241+AN242+AN243+AN244+AN245+AN246+AN247+AN248+AN249+AN250+AN251+AN252+AN253+AN254+AN255+AN256+AN257+AN258+AN259+AN260+AN261+AN262+AN263+AN264+AN265+AN266+AN267+AN268+AN269+AN270+AN271+AN272+AN273+AN274+AN275+AN276+AN277+AN278+AN279+AN280+AN281+AN282+AN283+AN284+AN285+AN286+AN288+AN287","v":0},null,null,{"$f":"AQ235+AQ236+AQ237+AQ238+AQ239+AQ240+AQ241+AQ242+AQ243+AQ244+AQ245+AQ246+AQ247+AQ248+AQ249+AQ250+AQ251+AQ252+AQ253+AQ254+AQ255+AQ256+AQ257+AQ258+AQ259+AQ260+AQ261+AQ262+AQ263+AQ264+AQ265+AQ266+AQ267+AQ268+AQ269+AQ270+AQ271+AQ272+AQ273+AQ274+AQ275+AQ276+AQ277+AQ278+AQ279+AQ280+AQ281+AQ282+AQ283+AQ284+AQ285+AQ286+AQ288+AQ287","v":0},null,{"$f":"AS235+AS236+AS237+AS238+AS239+AS240+AS241+AS242+AS243+AS244+AS245+AS246+AS247+AS248+AS249+AS250+AS251+AS252+AS253+AS254+AS255+AS256+AS257+AS258+AS259+AS260+AS261+AS262+AS263+AS264+AS265+AS266+AS267+AS268+AS269+AS270+AS271+AS272+AS273+AS274+AS275+AS276+AS277+AS278+AS279+AS280+AS281+AS282+AS283+AS284+AS285+AS286+AS288+AS287","v":0},{"$f":"AT235+AT236+AT237+AT238+AT239+AT240+AT241+AT242+AT243+AT244+AT245+AT246+AT247+AT248+AT249+AT250+AT251+AT252+AT253+AT254+AT255+AT256+AT257+AT258+AT259+AT260+AT261+AT262+AT263+AT264+AT265+AT266+AT267+AT268+AT269+AT270+AT271+AT272+AT273+AT274+AT275+AT276+AT277+AT278+AT279+AT280+AT281+AT282+AT283+AT284+AT285+AT286+AT288+AT287","v":0},null,null,{"$f":"AW235+AW236+AW237+AW238+AW239+AW240+AW241+AW242+AW243+AW244+AW245+AW246+AW247+AW248+AW249+AW250+AW251+AW252+AW253+AW254+AW255+AW256+AW257+AW258+AW259+AW260+AW261+AW262+AW263+AW264+AW265+AW266+AW267+AW268+AW269+AW270+AW271+AW272+AW273+AW274+AW275+AW276+AW277+AW278+AW279+AW280+AW281+AW282+AW283+AW284+AW285+AW286+AW288+AW287","v":0},null,{"$f":"AY235+AY236+AY237+AY238+AY239+AY240+AY241+AY242+AY243+AY244+AY245+AY246+AY247+AY248+AY249+AY250+AY251+AY252+AY253+AY254+AY255+AY256+AY257+AY258+AY259+AY260+AY261+AY262+AY263+AY264+AY265+AY266+AY267+AY268+AY269+AY270+AY271+AY272+AY273+AY274+AY275+AY276+AY277+AY278+AY279+AY280+AY281+AY282+AY283+AY284+AY285+AY286+AY288+AY287","v":0},{"$f":"AZ235+AZ236+AZ237+AZ238+AZ239+AZ240+AZ241+AZ242+AZ243+AZ244+AZ245+AZ246+AZ247+AZ248+AZ249+AZ250+AZ251+AZ252+AZ253+AZ254+AZ255+AZ256+AZ257+AZ258+AZ259+AZ260+AZ261+AZ262+AZ263+AZ264+AZ265+AZ266+AZ267+AZ268+AZ269+AZ270+AZ271+AZ272+AZ273+AZ274+AZ275+AZ276+AZ277+AZ278+AZ279+AZ280+AZ281+AZ282+AZ283+AZ284+AZ285+AZ286+AZ288+AZ287","v":0},null,null,{"$f":"BC235+BC236+BC237+BC238+BC239+BC240+BC241+BC242+BC243+BC244+BC245+BC246+BC247+BC248+BC249+BC250+BC251+BC252+BC253+BC254+BC255+BC256+BC257+BC258+BC259+BC260+BC261+BC262+BC263+BC264+BC265+BC266+BC267+BC268+BC269+BC270+BC271+BC272+BC273+BC274+BC275+BC276+BC277+BC278+BC279+BC280+BC281+BC282+BC283+BC284+BC285+BC286+BC288+BC287","v":0},null,{"$f":"BE235+BE236+BE237+BE238+BE239+BE240+BE241+BE242+BE243+BE244+BE245+BE246+BE247+BE248+BE249+BE250+BE251+BE252+BE253+BE254+BE255+BE256+BE257+BE258+BE259+BE260+BE261+BE262+BE263+BE264+BE265+BE266+BE267+BE268+BE269+BE270+BE271+BE272+BE273+BE274+BE275+BE276+BE277+BE278+BE279+BE280+BE281+BE282+BE283+BE284+BE285+BE286+BE288+BE287","v":0},{"$f":"BF235+BF236+BF237+BF238+BF239+BF240+BF241+BF242+BF243+BF244+BF245+BF246+BF247+BF248+BF249+BF250+BF251+BF252+BF253+BF254+BF255+BF256+BF257+BF258+BF259+BF260+BF261+BF262+BF263+BF264+BF265+BF266+BF267+BF268+BF269+BF270+BF271+BF272+BF273+BF274+BF275+BF276+BF277+BF278+BF279+BF280+BF281+BF282+BF283+BF284+BF285+BF286+BF288+BF287","v":0},null,0,null,{"$f":"BJ235+BJ236+BJ237+BJ238+BJ239+BJ240+BJ241+BJ242+BJ243+BJ244+BJ245+BJ246+BJ247+BJ248+BJ249+BJ250+BJ251+BJ252+BJ253+BJ254+BJ255+BJ256+BJ257+BJ258+BJ259+BJ260+BJ261+BJ262+BJ263+BJ264+BJ265+BJ266+BJ267+BJ268+BJ269+BJ270+BJ271+BJ272+BJ273+BJ274+BJ275+BJ276+BJ277+BJ278+BJ279+BJ280+BJ281+BJ282+BJ283+BJ284+BJ285+BJ286+BJ288+BJ287","v":352128},null,{"$f":"BL235+BL236+BL237+BL238+BL239+BL240+BL241+BL242+BL243+BL244+BL245+BL246+BL247+BL248+BL249+BL250+BL251+BL252+BL253+BL254+BL255+BL256+BL257+BL258+BL259+BL260+BL261+BL262+BL263+BL264+BL265+BL266+BL267+BL268+BL269+BL270+BL271+BL272+BL273+BL274+BL275+BL276+BL277+BL278+BL279+BL280+BL281+BL282+BL283+BL284+BL285+BL286+BL288+BL287","v":404743.8},{"$f":"BM235+BM236+BM237+BM238+BM239+BM240+BM241+BM242+BM243+BM244+BM245+BM246+BM247+BM248+BM249+BM250+BM251+BM252+BM253+BM254+BM255+BM256+BM257+BM258+BM259+BM260+BM261+BM262+BM263+BM264+BM265+BM266+BM267+BM268+BM269+BM270+BM271+BM272+BM273+BM274+BM275+BM276+BM277+BM278+BM279+BM280+BM281+BM282+BM283+BM284+BM285+BM286+BM288+BM287","v":756871.8},0,null,{"$f":"BP235+BP236+BP237+BP238+BP239+BP240+BP241+BP242+BP243+BP244+BP245+BP246+BP247+BP248+BP249+BP250+BP251+BP252+BP253+BP254+BP255+BP256+BP257+BP258+BP259+BP260+BP261+BP262+BP263+BP264+BP265+BP266+BP267+BP268+BP269+BP270+BP271+BP272+BP273+BP274+BP275+BP276+BP277+BP278+BP279+BP280+BP281+BP282+BP283+BP284+BP285+BP286+BP288+BP287","v":1967282.55},null,{"$f":"BR235+BR236+BR237+BR238+BR239+BR240+BR241+BR242+BR243+BR244+BR245+BR246+BR247+BR248+BR249+BR250+BR251+BR252+BR253+BR254+BR255+BR256+BR257+BR258+BR259+BR260+BR261+BR262+BR263+BR264+BR265+BR266+BR267+BR268+BR269+BR270+BR271+BR272+BR273+BR274+BR275+BR276+BR277+BR278+BR279+BR280+BR281+BR282+BR283+BR284+BR285+BR286+BR288+BR287","v":2718509.1000000006},{"$f":"BS235+BS236+BS237+BS238+BS239+BS240+BS241+BS242+BS243+BS244+BS245+BS246+BS247+BS248+BS249+BS250+BS251+BS252+BS253+BS254+BS255+BS256+BS257+BS258+BS259+BS260+BS261+BS262+BS263+BS264+BS265+BS266+BS267+BS268+BS269+BS270+BS271+BS272+BS273+BS274+BS275+BS276+BS277+BS278+BS279+BS280+BS281+BS282+BS283+BS284+BS285+BS286+BS288+BS287","v":4685791.6499999994}]
["1.7.1","Шкаф настенный 19\", 18U, 600х901x600 мм, стеклянная дверь с перфорацией, цвет черный. IP20","компл.",4,5502,{"$f":"D235*E235","v":22008},42612.7,{"$f":"D235*G235","v":170450.8},{"$f":"E235*D235+G235*D235","v":192458.8},null,null,5502,{"$f":"K235*L235","v":0},29661,{"$f":"K235*N235","v":0},{"$f":"L235*K235+N235*K235","v":0},4,5502,{"$f":"Q235*R235","v":22008},42612.7,{"$f":"Q235*T235","v":170450.8},{"$f":"R235*Q235+T235*Q235","v":192458.8},null,5502,{"$f":"W235*X235","v":0},29661,{"$f":"W235*Z235","v":0},{"$f":"X235*W235+Z235*W235","v":0},null,5502,{"$f":"AC235*AD235","v":0},29661,{"$f":"AC235*AF235","v":0},{"$f":"AD235*AC235+AF235*AC235","v":0},null,5502,{"$f":"AI235*AJ235","v":0},29661,{"$f":"AI235*AL235","v":0},{"$f":"AJ235*AI235+AL235*AI235","v":0},null,5502,{"$f":"AO235*AP235","v":0},29661,{"$f":"AO235*AR235","v":0},{"$f":"AP235*AO235+AR235*AO235","v":0},null,5502,{"$f":"AU235*AV235","v":0},29661,{"$f":"AU235*AX235","v":0},{"$f":"AV235*AU235+AX235*AU235","v":0},null,5502,{"$f":"BA235*BB235","v":0},29661,{"$f":"BA235*BD235","v":0},{"$f":"BB235*BA235+BD235*BA235","v":0},null,4,5502,{"$f":"BH235*BI235","v":22008},42612.7,{"$f":"BH235*BK235","v":170450.8},{"$f":"BI235*BH235+BK235*BH235","v":192458.8},0,5502,{"$f":"BN235*BO235","v":0},42612.7,{"$f":"BN235*BQ235","v":0},{"$f":"BO235*BN235+BQ235*BN235","v":0}]
["1.7.2","Панель с щеточным кабельным вводом в пол/потолок, 65х293 мм, цвет черный","шт.",4,1310,5240,591.67999999999995,2366.7199999999998,7606.7199999999993,null,null,1310,0,591.67999999999995,0,0,null,1310,0,591.67999999999995,0,0,null,1310,0,591.67999999999995,0,0,null,1310,0,591.67999999999995,0,0,null,1310,0,591.67999999999995,0,0,null,1310,0,591.67999999999995,0,0,null,1310,0,591.67999999999995,0,0,null,1310,0,591.67999999999995,0,0,null,0,1310,0,591.67999999999995,0,0,4,1310,5240,591.67999999999995,2366.7199999999998,7606.7199999999993]
["1.7.3","Оптический кросс-бокс стационарный 19\", 1U, 32 порта, адаптеры SC/2xLC. ","компл.",8,3930,31440,4232.8,33862.400000000001,65302.400000000001,null,null,3930,0,4232.8,0,0,null,3930,0,4232.8,0,0,null,3930,0,4232.8,0,0,null,3930,0,4232.8,0,0,null,3930,0,4232.8,0,0,null,3930,0,4232.8,0,0,null,3930,0,4232.8,0,0,null,3930,0,4232.8,0,0,null,0,3930,0,4232.8,0,0,8,3930,31440,4232.8,33862.400000000001,65302.400000000001]
["1.7.4","Пигтейл с коннектором LC/UPC, 9/125 (SM), LSZH, 1,5 м","шт.",192,32.75,6288,128.69999999999999,24710.399999999998,30998.399999999998,null,null,32.75,0,128.69999999999999,0,0,null,32.75,0,128.69999999999999,0,0,null,32.75,0,128.69999999999999,0,0,null,32.75,0,128.69999999999999,0,0,null,32.75,0,128.69999999999999,0,0,null,32.75,0,128.69999999999999,0,0,null,32.75,0,128.69999999999999,0,0,null,32.75,0,128.69999999999999,0,0,null,0,32.75,0,128.69999999999999,0,0,192,32.75,6288,128.69999999999999,24710.399999999998,30998.399999999998]
["1.7.5","Оптический адаптер (проходной соединитель) LC-LC duplex, SM","шт.",96,32.75,3144,93.6,8985.5999999999985,12129.599999999999,null,null,32.75,0,93.6,0,0,null,32.75,0,93.6,0,0,null,32.75,0,93.6,0,0,null,32.75,0,93.6,0,0,null,32.75,0,93.6,0,0,null,32.75,0,93.6,0,0,null,32.75,0,93.6,0,0,null,32.75,0,93.6,0,0,null,0,32.75,0,93.6,0,0,96,32.75,3144,93.6,8985.5999999999985,12129.599999999999]
["1.7.6","Патч-панель 19\", 1U, 24 порта RJ-45, категория 5e, Dual IDC, RоHS, цвет черный","шт.",10,4716,47160,7410,74100,121260,null,null,4716,0,7410,0,0,null,4716,0,7410,0,0,null,4716,0,7410,0,0,null,4716,0,7410,0,0,null,4716,0,7410,0,0,null,4716,0,7410,0,0,null,4716,0,7410,0,0,null,4716,0,7410,0,0,null,0,4716,0,7410,0,0,10,4716,47160,7410,74100,121260]
["1.7.7","Коммутатор управляемый, уровень L3, 48 портов 1 Гбит/с, 4 порта SFP+, питание по Ethernet (PoE)","шт.",3,3275,9825,0,null,9825,null,null,3275,0,0,null,0,null,3275,0,0,null,0,null,3275,0,0,null,0,null,3275,0,0,null,0,null,3275,0,0,null,0,null,3275,0,0,null,0,null,3275,0,0,null,0,null,3275,0,0,null,0,null,0,3275,0,0,null,0,3,3275,9825,0,null,9825]
["1.7.8","Коммутатор управляемый, уровень L2/3, 24 10/100/1000, 2 SFP, РоЕ ES-24-250W","шт.",2,3275,6550,123106,{"$f":"D242*G242","v":246212},252762,null,null,3275,0,123106,{"$f":"K242*N242","v":0},0,null,3275,0,123106,{"$f":"Q242*T242","v":0},0,null,3275,0,123106,{"$f":"W242*Z242","v":0},0,null,3275,0,123106,{"$f":"AC242*AF242","v":0},0,null,3275,0,123106,{"$f":"AI242*AL242","v":0},0,null,3275,0,123106,{"$f":"AO242*AR242","v":0},0,null,3275,0,123106,{"$f":"AU242*AX242","v":0},0,null,3275,0,123106,{"$f":"BA242*BD242","v":0},0,null,0,3275,0,123106,{"$f":"BH242*BK242","v":0},0,2,3275,6550,123106,{"$f":"BN242*BQ242","v":246212},252762]
["1.7.9","Источник бесперебойного питания однофазный вход/выход, 2200 ВА/1980 Вт","шт.",1,3930,3930,null,null,3930,null,null,3930,0,null,null,0,null,3930,0,null,null,0,null,3930,0,null,null,0,null,3930,0,null,null,0,null,3930,0,null,null,0,null,3930,0,null,null,0,null,3930,0,null,null,0,null,3930,0,null,null,0,null,0,3930,0,null,null,0,1,3930,3930,null,null,3930]
["1.7.10","Источник бесперебойного питания однофазный вход/выход, 1000 ВА/800 Вт","шт.",5,3930,19650,38230.400000000001,{"$f":"D244*G244","v":191152},210802,null,null,3930,0,38230.400000000001,{"$f":"K244*N244","v":0},0,null,3930,0,38230.400000000001,{"$f":"Q244*T244","v":0},0,null,3930,0,38230.400000000001,{"$f":"W244*Z244","v":0},0,null,3930,0,38230.400000000001,{"$f":"AC244*AF244","v":0},0,null,3930,0,38230.400000000001,{"$f":"AI244*AL244","v":0},0,null,3930,0,38230.400000000001,{"$f":"AO244*AR244","v":0},0,null,3930,0,38230.400000000001,{"$f":"AU244*AX244","v":0},0,null,3930,0,38230.400000000001,{"$f":"BA244*BD244","v":0},0,null,0,3930,0,38230.400000000001,{"$f":"BH244*BK244","v":0},0,5,3930,19650,38230.400000000001,{"$f":"BN244*BQ244","v":191152},210802]
["1.7.11","Карта мониторинга Спутник/12","шт.",5,2358,11790,35100,175500,187290,null,null,2358,0,35100,0,0,null,2358,0,35100,0,0,null,2358,0,35100,0,0,null,2358,0,35100,0,0,null,2358,0,35100,0,0,null,2358,0,35100,0,0,null,2358,0,35100,0,0,null,2358,0,35100,0,0,null,0,2358,0,35100,0,0,5,2358,11790,35100,175500,187290]
["1.7.12","Кабельный органайзер пластиковый с крышкой, глубина 53 мм, 19\", 1U","шт.",27,1965,53055,902.2,24359.4,77414.399999999994,null,null,1965,0,902.2,0,0,null,1965,0,902.2,0,0,null,1965,0,902.2,0,0,null,1965,0,902.2,0,0,null,1965,0,902.2,0,0,null,1965,0,902.2,0,0,null,1965,0,902.2,0,0,null,1965,0,902.2,0,0,null,0,1965,0,902.2,0,0,27,1965,53055,902.2,24359.4,77414.399999999994]
["1.7.13","Блок розеток горизонтальный 8 розеток C13, с LED выключателем, 1U, IP20,","шт.",6,3275,19650,3539.15,21234.9,40884.9,null,null,3275,0,3539.15,0,0,null,3275,0,3539.15,0,0,null,3275,0,3539.15,0,0,null,3275,0,3539.15,0,0,null,3275,0,3539.15,0,0,null,3275,0,3539.15,0,0,null,3275,0,3539.15,0,0,null,3275,0,3539.15,0,0,null,0,3275,0,3539.15,0,0,6,3275,19650,3539.15,21234.9,40884.9]
["1.7.14","Розетка компьютерная RJ-45 8P8C серии \"Viva\", установка в кабель-каналы, кат. 5е 45x25мм","шт.",48,393,18864,541.01,25968.48,44832.479999999996,null,null,393,0,541.01,0,0,null,393,0,541.01,0,0,null,393,0,541.01,0,0,null,393,0,541.01,0,0,null,393,0,541.01,0,0,null,393,0,541.01,0,0,null,393,0,541.01,0,0,null,393,0,541.01,0,0,null,0,393,0,541.01,0,0,48,393,18864,541.01,25968.48,44832.479999999996]
["1.7.15","Розетка компьютерная RJ-45 настенная, IP66, с откидной крышкой ","шт.",3,393,1179,7013.5,21040.5,22219.5,null,null,393,0,7013.5,0,0,null,393,0,7013.5,0,0,null,393,0,7013.5,0,0,null,393,0,7013.5,0,0,null,393,0,7013.5,0,0,null,393,0,7013.5,0,0,null,393,0,7013.5,0,0,null,393,0,7013.5,0,0,null,0,393,0,7013.5,0,0,3,393,1179,7013.5,21040.5,22219.5]
["1.7.16","Корпус настенной розетки компьютерной для 1 вставки ","шт.",5,262,1310,153.4,767,2077,null,null,262,0,153.4,0,0,null,262,0,153.4,0,0,null,262,0,153.4,0,0,null,262,0,153.4,0,0,null,262,0,153.4,0,0,null,262,0,153.4,0,0,null,262,0,153.4,0,0,null,262,0,153.4,0,0,null,0,262,0,153.4,0,0,5,262,1310,153.4,767,2077]
["1.7.17","Вставка RJ-45 (8P8C), кат. 5e, 110 IDC, монтаж инструментом NE-TOOL, белая","шт.",5,131,655,273,1365,2020,null,null,131,0,273,0,0,null,131,0,273,0,0,null,131,0,273,0,0,null,131,0,273,0,0,null,131,0,273,0,0,null,131,0,273,0,0,null,131,0,273,0,0,null,131,0,273,0,0,null,0,131,0,273,0,0,5,131,655,273,1365,2020]
["1.7.18","Розетка силовая с заземлением для накладного монтажа, Iном 16А, Uном 250 В, IP20","шт.",6,393,2358,365.12,2190.7200000000003,4548.72,null,null,393,0,365.12,0,0,null,393,0,365.12,0,0,null,393,0,365.12,0,0,null,393,0,365.12,0,0,null,393,0,365.12,0,0,null,393,0,365.12,0,0,null,393,0,365.12,0,0,null,393,0,365.12,0,0,null,0,393,0,365.12,0,0,6,393,2358,365.12,2190.7200000000003,4548.72]
["1.7.19","Точка доступа (радиомодуль беспроводной), мощность передатчика до 20 дБм, ","шт.",5,1572,7860,0,null,7860,null,null,1572,0,0,null,0,null,1572,0,0,null,0,null,1572,0,0,null,0,null,1572,0,0,null,0,null,1572,0,0,null,0,null,1572,0,0,null,0,null,1572,0,0,null,0,null,1572,0,0,null,0,null,0,1572,0,0,null,0,5,1572,7860,0,null,7860]
["1.7.20","Шнур (патч-корд) оптический, SM 9/125 мкм, дуплекс, LC-LC, 3 м","шт.",8,65.5,524,557.70000000000005,{"$f":"D254*G254","v":4461.6000000000004},4985.6000000000004,null,null,65.5,0,557.70000000000005,{"$f":"K254*N254","v":0},0,null,65.5,0,557.70000000000005,{"$f":"Q254*T254","v":0},0,null,65.5,0,557.70000000000005,{"$f":"W254*Z254","v":0},0,null,65.5,0,557.70000000000005,{"$f":"AC254*AF254","v":0},0,null,65.5,0,557.70000000000005,{"$f":"AI254*AL254","v":0},0,null,65.5,0,557.70000000000005,{"$f":"AO254*AR254","v":0},0,null,65.5,0,557.70000000000005,{"$f":"AU254*AX254","v":0},0,null,65.5,0,557.70000000000005,{"$f":"BA254*BD254","v":0},0,null,0,65.5,0,557.70000000000005,{"$f":"BH254*BK254","v":0},0,8,65.5,524,557.70000000000005,{"$f":"BN254*BQ254","v":4461.6000000000004},4985.6000000000004]
["1.7.21","Патч-корд U/UTP cat. 5e, внешняя оболочка LSZH, 4 пары, RJ45-RJ45, длина 1 м, серый","шт.",57,65.5,3733.5,370.5,21118.5,24852,null,null,65.5,0,370.5,0,0,null,65.5,0,370.5,0,0,null,65.5,0,370.5,0,0,null,65.5,0,370.5,0,0,null,65.5,0,370.5,0,0,null,65.5,0,370.5,0,0,null,65.5,0,370.5,0,0,null,65.5,0,370.5,0,0,null,0,65.5,0,370.5,0,0,57,65.5,3733.5,370.5,21118.5,24852]
["1.7.22","Патч-корд U/UTP cat. 5e, внешняя оболочка LSZH, 4 пары, RJ45-RJ45, длина 3 м, серый","шт.",163,65.5,10676.5,767,125021,135697.5,null,null,65.5,0,767,0,0,null,65.5,0,767,0,0,null,65.5,0,767,0,0,null,65.5,0,767,0,0,null,65.5,0,767,0,0,null,65.5,0,767,0,0,null,65.5,0,767,0,0,null,65.5,0,767,0,0,null,0,65.5,0,767,0,0,163,65.5,10676.5,767,125021,135697.5]
["1.7.23","Шнур (патч-корд) оптический, SM 9/125 мкм, дуплекс, LC-ST, 3 м","шт.",2,65.5,131,557.70000000000005,1115.4000000000001,1246.4000000000001,null,null,65.5,0,557.70000000000005,0,0,null,65.5,0,557.70000000000005,0,0,null,65.5,0,557.70000000000005,0,0,null,65.5,0,557.70000000000005,0,0,null,65.5,0,557.70000000000005,0,0,null,65.5,0,557.70000000000005,0,0,null,65.5,0,557.70000000000005,0,0,null,65.5,0,557.70000000000005,0,0,null,0,65.5,0,557.70000000000005,0,0,2,65.5,131,557.70000000000005,1115.4000000000001,1246.4000000000001]
["1.7.24","Кабельный короб 80x40  с крышкой на защелке, с направляющими для разделителей, ПВХ, белый, L=2м","м",152,393,59736,600.6,91291.199999999997,151027.20000000001,null,null,393,0,600.6,0,0,null,393,0,600.6,0,0,null,393,0,600.6,0,0,null,393,0,600.6,0,0,null,393,0,600.6,0,0,null,393,0,600.6,0,0,null,393,0,600.6,0,0,null,393,0,600.6,0,0,null,0,393,0,600.6,0,0,152,393,59736,600.6,91291.199999999997,151027.20000000001]
["1.7.25","Разделитель  (перегородка) пространства короба на секции, L=2","м",152,262,39824,143,21736,61560,null,null,262,0,143,0,0,null,262,0,143,0,0,null,262,0,143,0,0,null,262,0,143,0,0,null,262,0,143,0,0,null,262,0,143,0,0,null,262,0,143,0,0,null,262,0,143,0,0,null,0,262,0,143,0,0,152,262,39824,143,21736,61560]
["1.7.26","Угол внутренний изменяемый 80x40 изменяемый (70-120°) , белый","шт.",21,65.5,1375.5,671.67,14105.07,15480.57,null,null,65.5,0,671.67,0,0,null,65.5,0,671.67,0,0,null,65.5,0,671.67,0,0,null,65.5,0,671.67,0,0,null,65.5,0,671.67,0,0,null,65.5,0,671.67,0,0,null,65.5,0,671.67,0,0,null,65.5,0,671.67,0,0,null,0,65.5,0,671.67,0,0,21,65.5,1375.5,671.67,14105.07,15480.57]
["1.7.27","Угол внешний 80x40мм  изменяемый (70-120°), белый ","шт.",5,65.5,327.5,717.18,3585.8999999999996,3913.3999999999996,null,null,65.5,0,717.18,0,0,null,65.5,0,717.18,0,0,null,65.5,0,717.18,0,0,null,65.5,0,717.18,0,0,null,65.5,0,717.18,0,0,null,65.5,0,717.18,0,0,null,65.5,0,717.18,0,0,null,65.5,0,717.18,0,0,null,0,65.5,0,717.18,0,0,5,65.5,327.5,717.18,3585.8999999999996,3913.3999999999996]
["1.7.28","Рамка-суппорт 2-модульная для электроустановочных изделий \"Viva\", 45х50 мм, белый","шт.",136,131,17816,132.91,18075.759999999998,35891.759999999995,null,null,131,0,132.91,0,0,null,131,0,132.91,0,0,null,131,0,132.91,0,0,null,131,0,132.91,0,0,null,131,0,132.91,0,0,null,131,0,132.91,0,0,null,131,0,132.91,0,0,null,131,0,132.91,0,0,null,0,131,0,132.91,0,0,136,131,17816,132.91,18075.759999999998,35891.759999999995]
["1.7.29","Накладка  на стык профиля 80х40, белый","шт.",34,32.75,1113.5,49.83,1694.22,2807.7200000000003,null,null,32.75,0,49.83,0,0,null,32.75,0,49.83,0,0,null,32.75,0,49.83,0,0,null,32.75,0,49.83,0,0,null,32.75,0,49.83,0,0,null,32.75,0,49.83,0,0,null,32.75,0,49.83,0,0,null,32.75,0,49.83,0,0,null,0,32.75,0,49.83,0,0,34,32.75,1113.5,49.83,1694.22,2807.7200000000003]
["1.7.30","Накладка на стык крышки 80х40, белый","шт.",34,32.75,1113.5,101.84,3462.56,4576.0599999999995,null,null,32.75,0,101.84,0,0,null,32.75,0,101.84,0,0,null,32.75,0,101.84,0,0,null,32.75,0,101.84,0,0,null,32.75,0,101.84,0,0,null,32.75,0,101.84,0,0,null,32.75,0,101.84,0,0,null,32.75,0,101.84,0,0,null,0,32.75,0,101.84,0,0,34,32.75,1113.5,101.84,3462.56,4576.0599999999995]
["1.7.31","Тройник /отвод 80х40, белый","шт.",8,65.5,524,367.25,2938,3462,null,null,65.5,0,367.25,0,0,null,65.5,0,367.25,0,0,null,65.5,0,367.25,0,0,null,65.5,0,367.25,0,0,null,65.5,0,367.25,0,0,null,65.5,0,367.25,0,0,null,65.5,0,367.25,0,0,null,65.5,0,367.25,0,0,null,0,65.5,0,367.25,0,0,8,65.5,524,367.25,2938,3462]
["1.7.32","Заглушка 80x40, белый","шт.",16,39,624,168,2688,3312,null,null,39,0,168,0,0,null,39,0,168,0,0,null,39,0,168,0,0,null,39,0,168,0,0,null,39,0,168,0,0,null,39,0,168,0,0,null,39,0,168,0,0,null,39,0,168,0,0,null,0,39,0,168,0,0,16,39,624,168,2688,3312]
["1.7.33","Саморез 3.5х50мм с дюбелем F6 ","шт.",100,13.1,1310,14.95,1495,2805,null,null,13.1,0,14.95,0,0,null,13.1,0,14.95,0,0,null,13.1,0,14.95,0,0,null,13.1,0,14.95,0,0,null,13.1,0,14.95,0,0,null,13.1,0,14.95,0,0,null,13.1,0,14.95,0,0,null,13.1,0,14.95,0,0,null,0,13.1,0,14.95,0,0,100,13.1,1310,14.95,1495,2805]
["1.7.34","Лоток 50х300 L=3000 перфорированный","м",324,497.8,161287.20000000001,912.18,295546.32,456833.52,null,null,497.8,0,912.18,0,0,null,497.8,0,912.18,0,0,null,497.8,0,912.18,0,0,null,497.8,0,912.18,0,0,null,497.8,0,912.18,0,0,null,497.8,0,912.18,0,0,null,497.8,0,912.18,0,0,null,497.8,0,912.18,0,0,null,0,497.8,0,912.18,0,0,324,497.8,161287.20000000001,912.18,295546.32,456833.52]
["1.7.35","Лоток 50х100 L=3000 перфорированный","м",666,497.8,331534.8,699.4,465800.39999999997,797335.2,null,null,497.8,0,699.4,0,0,null,497.8,0,699.4,0,0,null,497.8,0,699.4,0,0,null,497.8,0,699.4,0,0,null,497.8,0,699.4,0,0,null,497.8,0,699.4,0,0,null,497.8,0,699.4,0,0,null,497.8,0,699.4,0,0,null,0,497.8,0,699.4,0,0,666,497.8,331534.8,699.4,465800.39999999997,797335.2]
["1.7.36","Перегородка SEP для лотка, высота 50 мм, L=3 м","м",24,131,3144,367.64,8823.36,11967.36,null,null,131,0,367.64,0,0,null,131,0,367.64,0,0,null,131,0,367.64,0,0,null,131,0,367.64,0,0,null,131,0,367.64,0,0,null,131,0,367.64,0,0,null,131,0,367.64,0,0,null,131,0,367.64,0,0,null,0,131,0,367.64,0,0,24,131,3144,367.64,8823.36,11967.36]
["1.7.37","Крышка на лоток с заземлением, основание 100 мм, L=3 м, толщина 0,6 мм","м",50,157.19999999999999,7859.9999999999991,271.99,13599.5,21459.5,null,null,157.19999999999999,0,271.99,0,0,null,157.19999999999999,0,271.99,0,0,null,157.19999999999999,0,271.99,0,0,null,157.19999999999999,0,271.99,0,0,null,157.19999999999999,0,271.99,0,0,null,157.19999999999999,0,271.99,0,0,null,157.19999999999999,0,271.99,0,0,null,157.19999999999999,0,271.99,0,0,null,0,157.19999999999999,0,271.99,0,0,50,157.19999999999999,7859.9999999999991,271.99,13599.5,21459.5]
["1.7.38","Угол вертикальный внутренний 90° 300х50мм,  в комплекте с крепежными элементами","шт.",5,1572,7860,2977,14885,22745,null,null,1572,0,2977,0,0,null,1572,0,2977,0,0,null,1572,0,2977,0,0,null,1572,0,2977,0,0,null,1572,0,2977,0,0,null,1572,0,2977,0,0,null,1572,0,2977,0,0,null,1572,0,2977,0,0,null,0,1572,0,2977,0,0,5,1572,7860,2977,14885,22745]
["1.7.39","Угол горизонтальный 90° 100х50 мм в комплекте с крепежными элементами","шт.",3,1572,4716,2107.04,6321.12,11037.119999999999,null,null,1572,0,2107.04,0,0,null,1572,0,2107.04,0,0,null,1572,0,2107.04,0,0,null,1572,0,2107.04,0,0,null,1572,0,2107.04,0,0,null,1572,0,2107.04,0,0,null,1572,0,2107.04,0,0,null,1572,0,2107.04,0,0,null,0,1572,0,2107.04,0,0,3,1572,4716,2107.04,6321.12,11037.119999999999]
["1.7.40","Ответвитель T-образный горизонтальный 300х50,   в комплекте с крепежными элементами","шт.",7,1572,11004,4028.7,28200.899999999998,39204.899999999994,null,null,1572,0,4028.7,0,0,null,1572,0,4028.7,0,0,null,1572,0,4028.7,0,0,null,1572,0,4028.7,0,0,null,1572,0,4028.7,0,0,null,1572,0,4028.7,0,0,null,1572,0,4028.7,0,0,null,1572,0,4028.7,0,0,null,0,1572,0,4028.7,0,0,7,1572,11004,4028.7,28200.899999999998,39204.899999999994]
["1.7.41","Легкая консоль потолочная для лотков с основанием 300 мм. Крепление к потолку/стене (С-образный кронштейн)","шт.",120,353.7,42444,868.83,104259.6,146703.6,null,null,353.7,0,868.83,0,0,null,353.7,0,868.83,0,0,null,353.7,0,868.83,0,0,null,353.7,0,868.83,0,0,null,353.7,0,868.83,0,0,null,353.7,0,868.83,0,0,null,353.7,0,868.83,0,0,null,353.7,0,868.83,0,0,null,0,353.7,0,868.83,0,0,120,353.7,42444,868.83,104259.6,146703.6]
["1.7.42","Легкая консоль для лотков с основанием 100 мм. Крепление к стене","шт.",600,353.7,212220,171.08,102648.00000000001,314868,null,null,353.7,0,171.08,0,0,null,353.7,0,171.08,0,0,null,353.7,0,171.08,0,0,null,353.7,0,171.08,0,0,null,353.7,0,171.08,0,0,null,353.7,0,171.08,0,0,null,353.7,0,171.08,0,0,null,353.7,0,171.08,0,0,null,0,353.7,0,171.08,0,0,600,353.7,212220,171.08,102648.00000000001,314868]
["1.7.43","Стандартный анкер с болтом М8","шт.",625,32.75,20468.75,107.93,67456.25,87925,null,null,32.75,0,107.93,0,0,null,32.75,0,107.93,0,0,null,32.75,0,107.93,0,0,null,32.75,0,107.93,0,0,null,32.75,0,107.93,0,0,null,32.75,0,107.93,0,0,null,32.75,0,107.93,0,0,null,32.75,0,107.93,0,0,null,0,32.75,0,107.93,0,0,625,32.75,20468.75,107.93,67456.25,87925]
["1.7.44","Винт для соединения крышек лотков","шт.",50,19.649999999999999,982.49999999999989,13.26,663,1645.5,null,null,19.649999999999999,0,13.26,0,0,null,19.649999999999999,0,13.26,0,0,null,19.649999999999999,0,13.26,0,0,null,19.649999999999999,0,13.26,0,0,null,19.649999999999999,0,13.26,0,0,null,19.649999999999999,0,13.26,0,0,null,19.649999999999999,0,13.26,0,0,null,19.649999999999999,0,13.26,0,0,null,0,19.649999999999999,0,13.26,0,0,50,19.649999999999999,982.49999999999989,13.26,663,1645.5]
["1.7.45","Кабель волоконно-оптический 9/125 одномодовый, 16 волокон, для внутренней прокладки, LSZH","м",1660,220.08,365332.80000000005,172.91,287030.59999999998,652363.4,null,null,220.08,0,172.91,0,0,null,220.08,0,172.91,0,0,700,220.08,154056,172.91,121037,275093,null,220.08,0,172.91,0,0,null,220.08,0,172.91,0,0,null,220.08,0,172.91,0,0,null,220.08,0,172.91,0,0,null,220.08,0,172.91,0,0,null,700,220.08,154056,172.91,121037,275093,960,220.08,211276.80000000002,172.91,165993.60000000001,377270.4]
["1.7.46","Кабель витая пара неэкранированный U/UTP 4x2x0,51 категория 5е, материал оболочки LSZH (нг(А)-HF)","м",3050,146.72,447496,94.38,287859,735355,null,null,146.72,0,94.38,0,0,null,146.72,0,94.38,0,0,1200,146.72,176064,94.38,113256,289320,null,146.72,0,94.38,0,0,null,146.72,0,94.38,0,0,null,146.72,0,94.38,0,0,null,146.72,0,94.38,0,0,null,146.72,0,94.38,0,0,null,1200,146.72,176064,94.38,113256,289320,1850,146.72,271432,94.38,174603,446035]
["1.7.47","Труба гофрированная ПВХ легкая серая D20","м",150,45.85,6877.5,28.08,4212,11089.5,null,null,45.85,0,28.08,0,0,null,45.85,0,28.08,0,0,null,45.85,0,28.08,0,0,null,45.85,0,28.08,0,0,null,45.85,0,28.08,0,0,null,45.85,0,28.08,0,0,null,45.85,0,28.08,0,0,null,45.85,0,28.08,0,0,null,0,45.85,0,28.08,0,0,150,45.85,6877.5,28.08,4212,11089.5]
["1.7.48","Держатель с защелкой и дюбелем d=20 мм","шт.",100,13.1,1310,31.72,3172,4482,null,null,13.1,0,31.72,0,0,null,13.1,0,31.72,0,0,null,13.1,0,31.72,0,0,null,13.1,0,31.72,0,0,null,13.1,0,31.72,0,0,null,13.1,0,31.72,0,0,null,13.1,0,31.72,0,0,null,13.1,0,31.72,0,0,null,0,13.1,0,31.72,0,0,100,13.1,1310,31.72,3172,4482]
["1.7.49","Кронштейн для крепления точки доступа","шт.",5,4401.6000000000004,22008,7007,35035,57043,null,null,4401.6000000000004,0,7007,0,0,null,4401.6000000000004,0,7007,0,0,null,4401.6000000000004,0,7007,0,0,null,4401.6000000000004,0,7007,0,0,null,4401.6000000000004,0,7007,0,0,null,4401.6000000000004,0,7007,0,0,null,4401.6000000000004,0,7007,0,0,null,4401.6000000000004,0,7007,0,0,null,0,4401.6000000000004,0,7007,0,0,5,4401.6000000000004,22008,7007,35035,57043]
["1.7.50","Универсальная противопожарная пена CP620","шт.",3,0,null,8244.6,24733.800000000003,24733.800000000003,null,null,0,null,8244.6,0,0,null,0,null,8244.6,0,0,null,0,null,8244.6,0,0,null,0,null,8244.6,0,0,null,0,null,8244.6,0,0,null,0,null,8244.6,0,0,null,0,null,8244.6,0,0,null,0,null,8244.6,0,0,null,0,0,null,8244.6,0,0,3,0,null,8244.6,24733.800000000003,24733.800000000003]
["1.7.51","Лента ламинированная для маркирования, черный текст на белом фоне, термотрансферная печать, шир 12 мм, дл 8м Vell-231","шт.",4,0,null,1648.43,6593.72,6593.72,null,null,0,null,1648.43,0,0,null,0,null,1648.43,0,0,null,0,null,1648.43,0,0,null,0,null,1648.43,0,0,null,0,null,1648.43,0,0,null,0,null,1648.43,0,0,null,0,null,1648.43,0,0,null,0,null,1648.43,0,0,null,0,0,null,1648.43,0,0,4,0,null,1648.43,6593.72,6593.72]
["1.7.52","Лента ламинированная для маркирования, черный текст на белом фоне, термотрансферная печать, шир 9 мм Vell-221","шт.",4,0,null,1489.8,5959.2,5959.2,null,null,0,null,1489.8,0,0,null,0,null,1489.8,0,0,null,0,null,1489.8,0,0,null,0,null,1489.8,0,0,null,0,null,1489.8,0,0,null,0,null,1489.8,0,0,null,0,null,1489.8,0,0,null,0,null,1489.8,0,0,null,0,0,null,1489.8,0,0,4,0,null,1489.8,5959.2,5959.2]
["1.7.53","Аксессуары (расходные материалы, крепеж)","компл.",1,0,null,23400,23400,23400,null,null,0,null,23400,0,0,null,0,null,23400,0,0,null,0,null,23400,0,0,null,0,null,23400,0,0,null,0,null,23400,0,0,null,0,null,23400,0,0,null,0,null,23400,0,0,null,0,null,23400,0,0,null,0,0,null,23400,0,0,1,0,null,23400,23400,23400]
["1.7.48","Пуско-наладочные работы","компл.",1,262080,{"$f":"D288*E288","v":262080},0,null,262080,null,null,262080,{"$f":"K288*L288","v":0},0,null,0,null,262080,{"$f":"Q288*R288","v":0},0,null,0,null,262080,{"$f":"W288*X288","v":0},0,null,0,null,262080,{"$f":"AC288*AD288","v":0},0,null,0,null,262080,{"$f":"AI288*AJ288","v":0},0,null,0,null,262080,{"$f":"AO288*AP288","v":0},0,null,0,null,262080,{"$f":"AU288*AV288","v":0},0,null,0,null,262080,{"$f":"BA288*BB288","v":0},0,null,0,null,0,262080,{"$f":"BH288*BI288","v":0},0,null,0,1,262080,{"$f":"BN288*BO288","v":262080},0,null,262080]
["1.8","130-23-СОТ Система охранного телевидения",null,null,null,{"$f":"F290+F291+F292+F293+F294+F295+F296+F297+F298+F299+F300+F301+F302+F303+F304+F305+F306","v":705357.1},null,{"$f":"H290+H291+H292+H293+H294+H295+H296+H297+H298+H299+H300+H301+H302+H303+H304+H305+H306","v":2016827.65},{"$f":"I290+I291+I292+I293+I294+I295+I296+I297+I298+I299+I300+I301+I302+I303+I304+I305+I306","v":2722184.75},null,null,null,{"$f":"M290+M291+M292+M293+M294+M295+M296+M297+M298+M299+M300+M301+M302+M303+M304+M305+M306","v":0},null,{"$f":"O290+O291+O292+O293+O294+O295+O296+O297+O298+O299+O300+O301+O302+O303+O304+O305+O306","v":0},{"$f":"P290+P291+P292+P293+P294+P295+P296+P297+P298+P299+P300+P301+P302+P303+P304+P305+P306","v":0},null,null,{"$f":"S290+S291+S292+S293+S294+S295+S296+S297+S298+S299+S300+S301+S302+S303+S304+S305+S306","v":0},null,{"$f":"U290+U291+U292+U293+U294+U295+U296+U297+U298+U299+U300+U301+U302+U303+U304+U305+U306","v":0},{"$f":"V290+V291+V292+V293+V294+V295+V296+V297+V298+V299+V300+V301+V302+V303+V304+V305+V306","v":0},null,null,{"$f":"Y290+Y291+Y292+Y293+Y294+Y295+Y296+Y297+Y298+Y299+Y300+Y301+Y302+Y303+Y304+Y305+Y306","v":254064},null,{"$f":"AA290+AA291+AA292+AA293+AA294+AA295+AA296+AA297+AA298+AA299+AA300+AA301+AA302+AA303+AA304+AA305+AA306","v":1467702.6},{"$f":"AB290+AB291+AB292+AB293+AB294+AB295+AB296+AB297+AB298+AB299+AB300+AB301+AB302+AB303+AB304+AB305+AB306","v":1721766.6},null,null,{"$f":"AE290+AE291+AE292+AE293+AE294+AE295+AE296+AE297+AE298+AE299+AE300+AE301+AE302+AE303+AE304+AE305+AE306","v":0},null,{"$f":"AG290+AG291+AG292+AG293+AG294+AG295+AG296+AG297+AG298+AG299+AG300+AG301+AG302+AG303+AG304+AG305+AG306","v":0},{"$f":"AH290+AH291+AH292+AH293+AH294+AH295+AH296+AH297+AH298+AH299+AH300+AH301+AH302+AH303+AH304+AH305+AH306","v":0},null,null,{"$f":"AK290+AK291+AK292+AK293+AK294+AK295+AK296+AK297+AK298+AK299+AK300+AK301+AK302+AK303+AK304+AK305+AK306","v":0},null,{"$f":"AM290+AM291+AM292+AM293+AM294+AM295+AM296+AM297+AM298+AM299+AM300+AM301+AM302+AM303+AM304+AM305+AM306","v":0},{"$f":"AN290+AN291+AN292+AN293+AN294+AN295+AN296+AN297+AN298+AN299+AN300+AN301+AN302+AN303+AN304+AN305+AN306","v":0},null,null,{"$f":"AQ290+AQ291+AQ292+AQ293+AQ294+AQ295+AQ296+AQ297+AQ298+AQ299+AQ300+AQ301+AQ302+AQ303+AQ304+AQ305+AQ306","v":0},null,{"$f":"AS290+AS291+AS292+AS293+AS294+AS295+AS296+AS297+AS298+AS299+AS300+AS301+AS302+AS303+AS304+AS305+AS306","v":0},{"$f":"AT290+AT291+AT292+AT293+AT294+AT295+AT296+AT297+AT298+AT299+AT300+AT301+AT302+AT303+AT304+AT305+AT306","v":0},null,null,{"$f":"AW290+AW291+AW292+AW293+AW294+AW295+AW296+AW297+AW298+AW299+AW300+AW301+AW302+AW303+AW304+AW305+AW306","v":0},null,{"$f":"AY290+AY291+AY292+AY293+AY294+AY295+AY296+AY297+AY298+AY299+AY300+AY301+AY302+AY303+AY304+AY305+AY306","v":0},{"$f":"AZ290+AZ291+AZ292+AZ293+AZ294+AZ295+AZ296+AZ297+AZ298+AZ299+AZ300+AZ301+AZ302+AZ303+AZ304+AZ305+AZ306","v":0},null,null,{"$f":"BC290+BC291+BC292+BC293+BC294+BC295+BC296+BC297+BC298+BC299+BC300+BC301+BC302+BC303+BC304+BC305+BC306","v":0},null,{"$f":"BE290+BE291+BE292+BE293+BE294+BE295+BE296+BE297+BE298+BE299+BE300+BE301+BE302+BE303+BE304+BE305+BE306","v":0},{"$f":"BF290+BF291+BF292+BF293+BF294+BF295+BF296+BF297+BF298+BF299+BF300+BF301+BF302+BF303+BF304+BF305+BF306","v":0},null,0,null,{"$f":"BJ290+BJ291+BJ292+BJ293+BJ294+BJ295+BJ296+BJ297+BJ298+BJ299+BJ300+BJ301+BJ302+BJ303+BJ304+BJ305+BJ306","v":254064},null,{"$f":"BL290+BL291+BL292+BL293+BL294+BL295+BL296+BL297+BL298+BL299+BL300+BL301+BL302+BL303+BL304+BL305+BL306","v":1467702.6},{"$f":"BM290+BM291+BM292+BM293+BM294+BM295+BM296+BM297+BM298+BM299+BM300+BM301+BM302+BM303+BM304+BM305+BM306","v":1721766.6},0,null,{"$f":"BP290+BP291+BP292+BP293+BP294+BP295+BP296+BP297+BP298+BP299+BP300+BP301+BP302+BP303+BP304+BP305+BP306","v":451293.10000000003},null,{"$f":"BR290+BR291+BR292+BR293+BR294+BR295+BR296+BR297+BR298+BR299+BR300+BR301+BR302+BR303+BR304+BR305+BR306","v":549125.05000000005},{"$f":"BS290+BS291+BS292+BS293+BS294+BS295+BS296+BS297+BS298+BS299+BS300+BS301+BS302+BS303+BS304+BS305+BS306","v":1000418.1500000001}]
["1.8.1","IP-камера уличная цилиндрическая. Разрешение 2 Мп, 1/2.8\" Progressive   ","шт.",10,6668,{"$f":"D290*E290","v":66680},39380,{"$f":"D290*G290","v":393800},{"$f":"E290*D290+G290*D290","v":460480},null,null,6668,{"$f":"K290*L290","v":0},39380,{"$f":"K290*N290","v":0},{"$f":"L290*K290+N290*K290","v":0},null,6668,{"$f":"Q290*R290","v":0},39380,{"$f":"Q290*T290","v":0},{"$f":"R290*Q290+T290*Q290","v":0},10,6668,{"$f":"W290*X290","v":66680},39380,{"$f":"W290*Z290","v":393800},{"$f":"X290*W290+Z290*W290","v":460480},null,6668,{"$f":"AC290*AD290","v":0},39380,{"$f":"AC290*AF290","v":0},{"$f":"AD290*AC290+AF290*AC290","v":0},null,6668,{"$f":"AI290*AJ290","v":0},39380,{"$f":"AI290*AL290","v":0},{"$f":"AJ290*AI290+AL290*AI290","v":0},null,6668,{"$f":"AO290*AP290","v":0},39380,{"$f":"AO290*AR290","v":0},{"$f":"AP290*AO290+AR290*AO290","v":0},null,6668,{"$f":"AU290*AV290","v":0},39380,{"$f":"AU290*AX290","v":0},{"$f":"AV290*AU290+AX290*AU290","v":0},null,6668,{"$f":"BA290*BB290","v":0},39380,{"$f":"BA290*BD290","v":0},{"$f":"BB290*BA290+BD290*BA290","v":0},null,{"$f":"K290+Q290+W290+AC290+AI290+AO290+AU290+BA290","v":10},6668,{"$f":"BH290*BI290","v":66680},39380,{"$f":"BH290*BK290","v":393800},{"$f":"BI290*BH290+BK290*BH290","v":460480},{"$f":"D290-BH290","v":0},6668,{"$f":"BN290*BO290","v":0},39380,{"$f":"BN290*BQ290","v":0},{"$f":"BO290*BN290+BQ290*BN290","v":0}]
["1.8.2","IP-камера уличая купольная. Разрешение 2 Мп, 1/2.8\" Progressive Scan CMOS","шт.",24,5668,136032,23220,557280,693312,null,null,5668,0,23220,0,0,null,5668,0,23220,0,0,24,5668,136032,23220,557280,693312,null,5668,0,23220,0,0,null,5668,0,23220,0,0,null,5668,0,23220,0,0,null,5668,0,23220,0,0,null,5668,0,23220,0,0,null,24,5668,136032,23220,557280,693312,0,5668,0,23220,0,0]
["1.8.3","Кронштейн для крепления IP-камер","шт.",28,1965,55020,7007,196196,251216,null,null,1965,0,7007,0,0,null,1965,0,7007,0,0,10,1965,19650,7007,70070,89720,null,1965,0,7007,0,0,null,1965,0,7007,0,0,null,1965,0,7007,0,0,null,1965,0,7007,0,0,null,1965,0,7007,0,0,null,10,1965,19650,7007,70070,89720,18,1965,35370,7007,126126,161496]
["1.8.4","Монтажная коробка для IP-камер ","шт.",34,655,22270,2366,80444,102714,null,null,655,0,2366,0,0,null,655,0,2366,0,0,34,655,22270,2366,80444,102714,null,655,0,2366,0,0,null,655,0,2366,0,0,null,655,0,2366,0,0,null,655,0,2366,0,0,null,655,0,2366,0,0,null,34,655,22270,2366,80444,102714,0,655,0,2366,0,0]
["1.8.5","Коммутатор управляемый, уровень L3, 16 портов PoE 10/100M RJ45","шт.",4,3144,12576,122036.2,488144.8,500720.8,null,null,3144,0,122036.2,0,0,null,3144,0,122036.2,0,0,3,3144,9432,122036.2,366108.6,375540.6,null,3144,0,122036.2,0,0,null,3144,0,122036.2,0,0,null,3144,0,122036.2,0,0,null,3144,0,122036.2,0,0,null,3144,0,122036.2,0,0,null,3,3144,9432,122036.2,366108.6,375540.6,1,3144,3144,122036.2,122036.2,125180.2]
["1.8.6","Шнур (патч-корд) оптический, SM9/125 мкм, дуплекс, LC-LC, 3 м 130202-02793","шт.",4,65.5,262,470.6,1882.4,2144.4,null,null,65.5,0,470.6,0,0,null,65.5,0,470.6,0,0,null,65.5,0,470.6,0,0,null,65.5,0,470.6,0,0,null,65.5,0,470.6,0,0,null,65.5,0,470.6,0,0,null,65.5,0,470.6,0,0,null,65.5,0,470.6,0,0,null,0,65.5,0,470.6,0,0,4,65.5,262,470.6,1882.4,2144.4]
["1.8.7","Муфта вводная dвн=20,4 мм, dнар=20,6 мм, исполнение прямолинейное, вводная резьба 1/2\"","шт.",34,131,4454,122.2,4154.8,8608.7999999999993,null,null,131,0,122.2,0,0,null,131,0,122.2,0,0,null,131,0,122.2,0,0,null,131,0,122.2,0,0,null,131,0,122.2,0,0,null,131,0,122.2,0,0,null,131,0,122.2,0,0,null,131,0,122.2,0,0,null,0,131,0,122.2,0,0,34,131,4454,122.2,4154.8,8608.7999999999993]
["1.8.8","Коннектор RJ-45 кат.5E неэкранированный","шт.",200,32.75,6550,41.6,8320,14870,null,null,32.75,0,41.6,0,0,null,32.75,0,41.6,0,0,null,32.75,0,41.6,0,0,null,32.75,0,41.6,0,0,null,32.75,0,41.6,0,0,null,32.75,0,41.6,0,0,null,32.75,0,41.6,0,0,null,32.75,0,41.6,0,0,null,0,32.75,0,41.6,0,0,200,32.75,6550,41.6,8320,14870]
["1.8.9","Кабель витая пара неэкранированный U/UTP 4x2x0,51 кат. 5е, материал оболочки LSZH (нг(А)-HF)","м",2035,162.44,330565.40000000002,94.38,192063.3,522628.7,null,null,162.44,0,94.38,0,0,null,162.44,0,94.38,0,0,null,162.44,0,94.38,0,0,null,162.44,0,94.38,0,0,null,162.44,0,94.38,0,0,null,162.44,0,94.38,0,0,null,162.44,0,94.38,0,0,null,162.44,0,94.38,0,0,null,0,162.44,0,94.38,0,0,2035,162.44,330565.40000000002,94.38,192063.3,522628.7]
["1.8.10","Универсальная противопожарная пена CP620","шт.",2,1257.5999999999999,2515.1999999999998,8244.6,16489.2,19004.400000000001,null,null,1257.5999999999999,0,8244.6,0,0,null,1257.5999999999999,0,8244.6,0,0,null,1257.5999999999999,0,8244.6,0,0,null,1257.5999999999999,0,8244.6,0,0,null,1257.5999999999999,0,8244.6,0,0,null,1257.5999999999999,0,8244.6,0,0,null,1257.5999999999999,0,8244.6,0,0,null,1257.5999999999999,0,8244.6,0,0,null,0,1257.5999999999999,0,8244.6,0,0,2,1257.5999999999999,2515.1999999999998,8244.6,16489.2,19004.400000000001]
["1.8.11","Стяжка нейлоновая неоткрывающаяся, безгалогенная, 300х3,6 мм GT-300IBC","шт.",100,0,null,7.59,759,759,null,null,0,null,7.59,0,0,null,0,null,7.59,0,0,null,0,0,7.59,0,0,null,0,null,7.59,0,0,null,0,null,7.59,0,0,null,0,null,7.59,0,0,null,0,null,7.59,0,0,null,0,null,7.59,0,0,null,0,0,null,7.59,0,0,100,0,null,7.59,759,759]
["1.8.12","Лента ламинированная для маркирования, черный текст на белом фоне, термотрансферная печать, шир 12 мм Vell-231","шт.",5,0,null,1648.43,8242.15,8242.15,null,null,0,null,1648.43,0,0,null,0,null,1648.43,0,0,null,0,0,1648.43,0,0,null,0,null,1648.43,0,0,null,0,null,1648.43,0,0,null,0,null,1648.43,0,0,null,0,null,1648.43,0,0,null,0,null,1648.43,0,0,null,0,0,null,1648.43,0,0,5,0,null,1648.43,8242.15,8242.15]
["1.8.13","Труба гофрированная ПВХ легкая серая D20","м",250,45.85,{"$f":"D302*E302","v":11462.5},125.84,31460,42922.5,null,null,45.85,{"$f":"K302*L302","v":0},125.84,0,0,null,45.85,{"$f":"Q302*R302","v":0},125.84,0,0,null,45.85,{"$f":"W302*X302","v":0},125.84,0,0,null,45.85,{"$f":"AC302*AD302","v":0},125.84,0,0,null,45.85,{"$f":"AI302*AJ302","v":0},125.84,0,0,null,45.85,{"$f":"AO302*AP302","v":0},125.84,0,0,null,45.85,{"$f":"AU302*AV302","v":0},125.84,0,0,null,45.85,{"$f":"BA302*BB302","v":0},125.84,0,0,null,0,45.85,{"$f":"BH302*BI302","v":0},125.84,0,0,250,45.85,{"$f":"BN302*BO302","v":11462.5},125.84,31460,42922.5]
["1.8.14","Держатель с защелкой и дюбелем d=20 мм","шт.",100,13.1,{"$f":"D303*E303","v":1310},31.72,3172,4482,null,null,13.1,{"$f":"K303*L303","v":0},31.72,0,0,null,13.1,{"$f":"Q303*R303","v":0},31.72,0,0,null,13.1,{"$f":"W303*X303","v":0},31.72,0,0,null,13.1,{"$f":"AC303*AD303","v":0},31.72,0,0,null,13.1,{"$f":"AI303*AJ303","v":0},31.72,0,0,null,13.1,{"$f":"AO303*AP303","v":0},31.72,0,0,null,13.1,{"$f":"AU303*AV303","v":0},31.72,0,0,null,13.1,{"$f":"BA303*BB303","v":0},31.72,0,0,null,0,13.1,{"$f":"BH303*BI303","v":0},31.72,0,0,100,13.1,{"$f":"BN303*BO303","v":1310},31.72,3172,4482]
["1.8.15","Патч-корд U/UTP cat. 5e, внешняя оболочка LSZH, 4 пары, RJ45-RJ45, длина 1 м, серый","шт.",40,65.5,{"$f":"D304*E304","v":2620},370.5,14820,17440,null,null,65.5,{"$f":"K304*L304","v":0},370.5,0,0,null,65.5,{"$f":"Q304*R304","v":0},370.5,0,0,null,65.5,{"$f":"W304*X304","v":0},370.5,0,0,null,65.5,{"$f":"AC304*AD304","v":0},370.5,0,0,null,65.5,{"$f":"AI304*AJ304","v":0},370.5,0,0,null,65.5,{"$f":"AO304*AP304","v":0},370.5,0,0,null,65.5,{"$f":"AU304*AV304","v":0},370.5,0,0,null,65.5,{"$f":"BA304*BB304","v":0},370.5,0,0,null,0,65.5,{"$f":"BH304*BI304","v":0},370.5,0,0,40,65.5,{"$f":"BN304*BO304","v":2620},370.5,14820,17440]
["1.8.16","Аксессуары (расходные материалы, крепеж)","компл.",1,0,null,19600,19600,19600,null,null,0,null,19600,0,0,null,0,null,19600,0,0,null,0,null,19600,0,0,null,0,null,19600,0,0,null,0,null,19600,0,0,null,0,null,19600,0,0,null,0,null,19600,0,0,null,0,null,19600,0,0,null,0,0,null,19600,0,0,1,0,null,19600,19600,19600]
["1.8.17","Пуско-наладочные работы","компл.",1,53040,{"$f":"D306*E306","v":53040},0,null,53040,null,null,53040,{"$f":"K306*L306","v":0},0,null,0,null,53040,{"$f":"Q306*R306","v":0},0,null,0,null,53040,{"$f":"W306*X306","v":0},0,null,0,null,53040,{"$f":"AC306*AD306","v":0},0,null,0,null,53040,{"$f":"AI306*AJ306","v":0},0,null,0,null,53040,{"$f":"AO306*AP306","v":0},0,null,0,null,53040,{"$f":"AU306*AV306","v":0},0,null,0,null,53040,{"$f":"BA306*BB306","v":0},0,null,0,null,0,53040,{"$f":"BH306*BI306","v":0},0,null,0,1,53040,{"$f":"BN306*BO306","v":53040},0,null,53040]
["1.9","130-23-УА1 Устройства автоматики",null,null,null,{"$f":"F308+F309","v":174381.28999999998},null,{"$f":"H308+H309","v":276392.98},{"$f":"I308+I309","v":450774.27},null,null,null,{"$f":"M308+M309","v":0},null,{"$f":"O308+O309","v":0},{"$f":"P308+P309","v":0},null,null,{"$f":"S308+S309","v":0},null,{"$f":"U308+U309","v":0},{"$f":"V308+V309","v":0},null,null,{"$f":"Y308+Y309","v":0},null,{"$f":"AA308+AA309","v":0},{"$f":"AB308+AB309","v":0},null,null,{"$f":"AE308+AE309","v":0},null,{"$f":"AG308+AG309","v":0},{"$f":"AH308+AH309","v":0},null,null,{"$f":"AK308+AK309","v":0},null,{"$f":"AM308+AM309","v":0},{"$f":"AN308+AN309","v":0},null,null,{"$f":"AQ308+AQ309","v":0},null,{"$f":"AS308+AS309","v":0},{"$f":"AT308+AT309","v":0},null,null,{"$f":"AW308+AW309","v":0},null,{"$f":"AY308+AY309","v":0},{"$f":"AZ308+AZ309","v":0},null,null,{"$f":"BC308+BC309","v":0},null,{"$f":"BE308+BE309","v":0},{"$f":"BF308+BF309","v":0},null,0,null,{"$f":"BJ308+BJ309","v":0},null,{"$f":"BL308+BL309","v":0},{"$f":"BM308+BM309","v":0},0,null,{"$f":"BP308+BP309","v":174381.28999999998},null,{"$f":"BR308+BR309","v":276392.98},{"$f":"BS308+BS309","v":450774.27}]
["1.9.1","Монтаж комплектов автоматики","к-т",1,117977.29,{"$f":"D308*E308","v":117977.29},197096.98,{"$f":"D308*G308","v":197096.98},{"$f":"E308*D308+G308*D308","v":315074.27},null,null,117977.29,{"$f":"K308*L308","v":0},197096.98,{"$f":"K308*N308","v":0},{"$f":"L308*K308+N308*K308","v":0},null,117977.29,{"$f":"Q308*R308","v":0},197096.98,{"$f":"Q308*T308","v":0},{"$f":"R308*Q308+T308*Q308","v":0},null,117977.29,{"$f":"W308*X308","v":0},197096.98,{"$f":"W308*Z308","v":0},{"$f":"X308*W308+Z308*W308","v":0},null,117977.29,{"$f":"AC308*AD308","v":0},197096.98,{"$f":"AC308*AF308","v":0},{"$f":"AD308*AC308+AF308*AC308","v":0},null,117977.29,{"$f":"AI308*AJ308","v":0},197096.98,{"$f":"AI308*AL308","v":0},{"$f":"AJ308*AI308+AL308*AI308","v":0},null,117977.29,{"$f":"AO308*AP308","v":0},197096.98,{"$f":"AO308*AR308","v":0},{"$f":"AP308*AO308+AR308*AO308","v":0},null,117977.29,{"$f":"AU308*AV308","v":0},197096.98,{"$f":"AU308*AX308","v":0},{"$f":"AV308*AU308+AX308*AU308","v":0},null,117977.29,{"$f":"BA308*BB308","v":0},197096.98,{"$f":"BA308*BD308","v":0},{"$f":"BB308*BA308+BD308*BA308","v":0},null,0,117977.29,{"$f":"BH308*BI308","v":0},197096.98,{"$f":"BH308*BK308","v":0},{"$f":"BI308*BH308+BK308*BH308","v":0},1,117977.29,{"$f":"BN308*BO308","v":117977.29},197096.98,{"$f":"BN308*BQ308","v":197096.98},{"$f":"BO308*BN308+BQ308*BN308","v":315074.27}]
["1.9.2","Прокладка кабелей системы автоматизации вентиляции","пм",236,239,{"$f":"D309*E309","v":56404},336,{"$f":"D309*G309","v":79296},{"$f":"E309*D309+G309*D309","v":135700},null,null,239,{"$f":"K309*L309","v":0},336,{"$f":"K309*N309","v":0},{"$f":"L309*K309+N309*K309","v":0},null,239,{"$f":"Q309*R309","v":0},336,{"$f":"Q309*T309","v":0},{"$f":"R309*Q309+T309*Q309","v":0},null,239,{"$f":"W309*X309","v":0},336,{"$f":"W309*Z309","v":0},{"$f":"X309*W309+Z309*W309","v":0},null,239,{"$f":"AC309*AD309","v":0},336,{"$f":"AC309*AF309","v":0},{"$f":"AD309*AC309+AF309*AC309","v":0},null,239,{"$f":"AI309*AJ309","v":0},336,{"$f":"AI309*AL309","v":0},{"$f":"AJ309*AI309+AL309*AI309","v":0},null,239,{"$f":"AO309*AP309","v":0},336,{"$f":"AO309*AR309","v":0},{"$f":"AP309*AO309+AR309*AO309","v":0},null,239,{"$f":"AU309*AV309","v":0},336,{"$f":"AU309*AX309","v":0},{"$f":"AV309*AU309+AX309*AU309","v":0},null,239,{"$f":"BA309*BB309","v":0},336,{"$f":"BA309*BD309","v":0},{"$f":"BB309*BA309+BD309*BA309","v":0},null,0,239,{"$f":"BH309*BI309","v":0},336,{"$f":"BH309*BK309","v":0},{"$f":"BI309*BH309+BK309*BH309","v":0},236,239,{"$f":"BN309*BO309","v":56404},336,{"$f":"BN309*BQ309","v":79296},{"$f":"BO309*BN309+BQ309*BN309","v":135700}]
["1.10","130-23-ЭО1 Электрическое освещение",null,null,null,{"$f":"F311+F312+F313+F314+F315+F316+F317+F318+F319+F320+F321+F322+F323+F324+F325+F326+F327+F328+F329+F330+F331+F332","v":1718479.2000000002},null,{"$f":"H311+H312+H313+H314+H315+H316+H317+H318+H319+H320+H321+H322+H323+H324+H325+H326+H327+H328+H329+H330+H331+H332","v":9036205.040000001},{"$f":"I311+I312+I313+I314+I315+I316+I317+I318+I319+I320+I321+I322+I323+I324+I325+I326+I327+I328+I329+I330+I331+I332","v":10754684.239999998},null,null,null,{"$f":"M311+M312+M313+M314+M315+M316+M317+M318+M319+M320+M321+M322+M323+M324+M325+M326+M327+M328+M329+M330+M331+M332","v":0},null,{"$f":"O311+O312+O313+O314+O315+O316+O317+O318+O319+O320+O321+O322+O323+O324+O325+O326+O327+O328+O329+O330+O331+O332","v":0},{"$f":"P311+P312+P313+P314+P315+P316+P317+P318+P319+P320+P321+P322+P323+P324+P325+P326+P327+P328+P329+P330+P331+P332","v":0},null,null,{"$f":"S311+S312+S313+S314+S315+S316+S317+S318+S319+S320+S321+S322+S323+S324+S325+S326+S327+S328+S329+S330+S331+S332","v":0},null,{"$f":"U311+U312+U313+U314+U315+U316+U317+U318+U319+U320+U321+U322+U323+U324+U325+U326+U327+U328+U329+U330+U331+U332","v":0},{"$f":"V311+V312+V313+V314+V315+V316+V317+V318+V319+V320+V321+V322+V323+V324+V325+V326+V327+V328+V329+V330+V331+V332","v":0},null,null,{"$f":"Y311+Y312+Y313+Y314+Y315+Y316+Y317+Y318+Y319+Y320+Y321+Y322+Y323+Y324+Y325+Y326+Y327+Y328+Y329+Y330+Y331+Y332","v":875551.6},null,{"$f":"AA311+AA312+AA313+AA314+AA315+AA316+AA317+AA318+AA319+AA320+AA321+AA322+AA323+AA324+AA325+AA326+AA327+AA328+AA329+AA330+AA331+AA332","v":7371497.5999999996},{"$f":"AB311+AB312+AB313+AB314+AB315+AB316+AB317+AB318+AB319+AB320+AB321+AB322+AB323+AB324+AB325+AB326+AB327+AB328+AB329+AB330+AB331+AB332","v":8247049.1999999993},null,null,{"$f":"AE311+AE312+AE313+AE314+AE315+AE316+AE317+AE318+AE319+AE320+AE321+AE322+AE323+AE324+AE325+AE326+AE327+AE328+AE329+AE330+AE331+AE332","v":0},null,{"$f":"AG311+AG312+AG313+AG314+AG315+AG316+AG317+AG318+AG319+AG320+AG321+AG322+AG323+AG324+AG325+AG326+AG327+AG328+AG329+AG330+AG331+AG332","v":0},{"$f":"AH311+AH312+AH313+AH314+AH315+AH316+AH317+AH318+AH319+AH320+AH321+AH322+AH323+AH324+AH325+AH326+AH327+AH328+AH329+AH330+AH331+AH332","v":0},null,null,{"$f":"AK311+AK312+AK313+AK314+AK315+AK316+AK317+AK318+AK319+AK320+AK321+AK322+AK323+AK324+AK325+AK326+AK327+AK328+AK329+AK330+AK331+AK332","v":0},null,{"$f":"AM311+AM312+AM313+AM314+AM315+AM316+AM317+AM318+AM319+AM320+AM321+AM322+AM323+AM324+AM325+AM326+AM327+AM328+AM329+AM330+AM331+AM332","v":0},{"$f":"AN311+AN312+AN313+AN314+AN315+AN316+AN317+AN318+AN319+AN320+AN321+AN322+AN323+AN324+AN325+AN326+AN327+AN328+AN329+AN330+AN331+AN332","v":0},null,null,{"$f":"AQ311+AQ312+AQ313+AQ314+AQ315+AQ316+AQ317+AQ318+AQ319+AQ320+AQ321+AQ322+AQ323+AQ324+AQ325+AQ326+AQ327+AQ328+AQ329+AQ330+AQ331+AQ332","v":0},null,{"$f":"AS311+AS312+AS313+AS314+AS315+AS316+AS317+AS318+AS319+AS320+AS321+AS322+AS323+AS324+AS325+AS326+AS327+AS328+AS329+AS330+AS331+AS332","v":0},{"$f":"AT311+AT312+AT313+AT314+AT315+AT316+AT317+AT318+AT319+AT320+AT321+AT322+AT323+AT324+AT325+AT326+AT327+AT328+AT329+AT330+AT331+AT332","v":0},null,null,{"$f":"AW311+AW312+AW313+AW314+AW315+AW316+AW317+AW318+AW319+AW320+AW321+AW322+AW323+AW324+AW325+AW326+AW327+AW328+AW329+AW330+AW331+AW332","v":0},null,{"$f":"AY311+AY312+AY313+AY314+AY315+AY316+AY317+AY318+AY319+AY320+AY321+AY322+AY323+AY324+AY325+AY326+AY327+AY328+AY329+AY330+AY331+AY332","v":0},{"$f":"AZ311+AZ312+AZ313+AZ314+AZ315+AZ316+AZ317+AZ318+AZ319+AZ320+AZ321+AZ322+AZ323+AZ324+AZ325+AZ326+AZ327+AZ328+AZ329+AZ330+AZ331+AZ332","v":0},null,null,{"$f":"BC311+BC312+BC313+BC314+BC315+BC316+BC317+BC318+BC319+BC320+BC321+BC322+BC323+BC324+BC325+BC326+BC327+BC328+BC329+BC330+BC331+BC332","v":0},null,{"$f":"BE311+BE312+BE313+BE314+BE315+BE316+BE317+BE318+BE319+BE320+BE321+BE322+BE323+BE324+BE325+BE326+BE327+BE328+BE329+BE330+BE331+BE332","v":0},{"$f":"BF311+BF312+BF313+BF314+BF315+BF316+BF317+BF318+BF319+BF320+BF321+BF322+BF323+BF324+BF325+BF326+BF327+BF328+BF329+BF330+BF331+BF332","v":0},null,0,null,{"$f":"BJ311+BJ312+BJ313+BJ314+BJ315+BJ316+BJ317+BJ318+BJ319+BJ320+BJ321+BJ322+BJ323+BJ324+BJ325+BJ326+BJ327+BJ328+BJ329+BJ330+BJ331+BJ332","v":875551.6},null,{"$f":"BL311+BL312+BL313+BL314+BL315+BL316+BL317+BL318+BL319+BL320+BL321+BL322+BL323+BL324+BL325+BL326+BL327+BL328+BL329+BL330+BL331+BL332","v":7371497.5999999996},{"$f":"BM311+BM312+BM313+BM314+BM315+BM316+BM317+BM318+BM319+BM320+BM321+BM322+BM323+BM324+BM325+BM326+BM327+BM328+BM329+BM330+BM331+BM332","v":8247049.1999999993},0,null,{"$f":"BP311+BP312+BP313+BP314+BP315+BP316+BP317+BP318+BP319+BP320+BP321+BP322+BP323+BP324+BP325+BP326+BP327+BP328+BP329+BP330+BP331+BP332","v":842927.60000000009},null,{"$f":"BR311+BR312+BR313+BR314+BR315+BR316+BR317+BR318+BR319+BR320+BR321+BR322+BR323+BR324+BR325+BR326+BR327+BR328+BR329+BR330+BR331+BR332","v":1664707.44},{"$f":"BS311+BS312+BS313+BS314+BS315+BS316+BS317+BS318+BS319+BS320+BS321+BS322+BS323+BS324+BS325+BS326+BS327+BS328+BS329+BS330+BS331+BS332","v":2507635.04}]
["1.10.1","Демонтаж светильников","шт.",217,1414.8,{"$f":"D311*E311","v":307011.59999999998},0,null,{"$f":"E311*D311+G311*D311","v":307011.59999999998},null,null,1414.8,{"$f":"K311*L311","v":0},0,null,{"$f":"L311*K311+N311*K311","v":0},null,1414.8,{"$f":"Q311*R311","v":0},0,null,{"$f":"R311*Q311+T311*Q311","v":0},217,1414.8,{"$f":"W311*X311","v":307011.59999999998},0,null,{"$f":"X311*W311+Z311*W311","v":307011.59999999998},null,1414.8,{"$f":"AC311*AD311","v":0},0,null,{"$f":"AD311*AC311+AF311*AC311","v":0},null,1414.8,{"$f":"AI311*AJ311","v":0},0,null,{"$f":"AJ311*AI311+AL311*AI311","v":0},null,1414.8,{"$f":"AO311*AP311","v":0},0,null,{"$f":"AP311*AO311+AR311*AO311","v":0},null,1414.8,{"$f":"AU311*AV311","v":0},0,null,{"$f":"AV311*AU311+AX311*AU311","v":0},null,1414.8,{"$f":"BA311*BB311","v":0},0,null,{"$f":"BB311*BA311+BD311*BA311","v":0},null,217,1414.8,{"$f":"BH311*BI311","v":307011.59999999998},0,null,{"$f":"BI311*BH311+BK311*BH311","v":307011.59999999998},0,1414.8,{"$f":"BN311*BO311","v":0},0,null,{"$f":"BO311*BN311+BQ311*BN311","v":0}]
["1.10.2","Панель ППУ в комплекте с АВР, навесного исполнения с двумя вводами на 63А","шт.",1,7074,7074,127083.28,{"$f":"D312*G312","v":127083.28},134157.28,null,null,7074,0,127083.28,{"$f":"K312*N312","v":0},0,null,7074,0,127083.28,{"$f":"Q312*T312","v":0},0,null,7074,0,127083.28,{"$f":"W312*Z312","v":0},0,null,7074,0,127083.28,{"$f":"AC312*AF312","v":0},0,null,7074,0,127083.28,{"$f":"AI312*AL312","v":0},0,null,7074,0,127083.28,{"$f":"AO312*AR312","v":0},0,null,7074,0,127083.28,{"$f":"AU312*AX312","v":0},0,null,7074,0,127083.28,{"$f":"BA312*BD312","v":0},0,null,0,7074,0,127083.28,{"$f":"BH312*BK312","v":0},0,1,7074,7074,127083.28,{"$f":"BN312*BQ312","v":127083.28},134157.28]
["1.10.3","Щит управления освещением ЩУО1","шт.",1,6550,6550,194976.78,194976.78,201526.78,null,null,6550,0,194976.78,0,0,null,6550,0,194976.78,0,0,null,6550,0,194976.78,0,0,null,6550,0,194976.78,0,0,null,6550,0,194976.78,0,0,null,6550,0,194976.78,0,0,null,6550,0,194976.78,0,0,null,6550,0,194976.78,0,0,null,0,6550,0,194976.78,0,0,1,6550,6550,194976.78,194976.78,201526.78]
["1.10.4","Кабель силовой с медными жилами огнестойкий с пониженным содержанием галогенов ППГнг(А)-FRHF 5х25","м.",170,310,52700,2669.76,453859.2,506559.2,null,null,310,0,2669.76,0,0,null,310,0,2669.76,0,0,null,310,0,2669.76,0,0,null,310,0,2669.76,0,0,null,310,0,2669.76,0,0,null,310,0,2669.76,0,0,null,310,0,2669.76,0,0,null,310,0,2669.76,0,0,null,0,310,0,2669.76,0,0,170,310,52700,2669.76,453859.2,506559.2]
["1.10.5","Кабель силовой с медными жилами огнестойкий с пониженным содержанием галогенов ППГнг(А)-FRHF 3х1.5","м.",650,182,118300,160,104000,222300,null,null,182,0,160,0,0,null,182,0,160,0,0,null,182,0,160,0,0,null,182,0,160,0,0,null,182,0,160,0,0,null,182,0,160,0,0,null,182,0,160,0,0,null,182,0,160,0,0,null,0,182,0,160,0,0,650,182,118300,160,104000,222300]
["1.10.6","Светодиодный светильник промышленный 180Вт, без БАП","шт.",205,2620,537100,35000,7175000,7712100,null,null,2620,0,35000,0,0,null,2620,0,35000,0,0,205,2620,537100,35000,7175000,7712100,null,2620,0,35000,0,0,null,2620,0,35000,0,0,null,2620,0,35000,0,0,null,2620,0,35000,0,0,null,2620,0,35000,0,0,null,205,2620,537100,35000,7175000,7712100,0,2620,0,35000,0,0]
["1.10.7","Светодиодный светильник промышленный 180Вт, c БАП","шт.",12,2620,31440,16374.8,196497.59999999998,227937.59999999998,null,null,2620,0,16374.8,0,0,null,2620,0,16374.8,0,0,12,2620,31440,16374.8,196497.59999999998,227937.59999999998,null,2620,0,16374.8,0,0,null,2620,0,16374.8,0,0,null,2620,0,16374.8,0,0,null,2620,0,16374.8,0,0,null,2620,0,16374.8,0,0,null,12,2620,31440,16374.8,196497.59999999998,227937.59999999998,0,2620,0,16374.8,0,0]
["1.10.8","Лоток 50х200 L=3000 перфорированный","м.",201,838.4,168518.39999999999,981.52,197285.52,365803.92,null,null,838.4,0,981.52,0,0,null,838.4,0,981.52,0,0,null,838.4,0,981.52,0,0,null,838.4,0,981.52,0,0,null,838.4,0,981.52,0,0,null,838.4,0,981.52,0,0,null,838.4,0,981.52,0,0,null,838.4,0,981.52,0,0,null,0,838.4,0,981.52,0,0,201,838.4,168518.39999999999,981.52,197285.52,365803.92]
["1.10.9","Крышка L=3000 для лотков шириной 200мм","м.",201,157.19999999999999,31597.199999999997,527.80999999999995,106089.80999999998,137687.00999999998,null,null,157.19999999999999,0,527.80999999999995,0,0,null,157.19999999999999,0,527.80999999999995,0,0,null,157.19999999999999,0,527.80999999999995,0,0,null,157.19999999999999,0,527.80999999999995,0,0,null,157.19999999999999,0,527.80999999999995,0,0,null,157.19999999999999,0,527.80999999999995,0,0,null,157.19999999999999,0,527.80999999999995,0,0,null,157.19999999999999,0,527.80999999999995,0,0,null,0,157.19999999999999,0,527.80999999999995,0,0,201,157.19999999999999,31597.199999999997,527.80999999999995,106089.80999999998,137687.00999999998]
["1.10.10","Лоток 50х50 L=3000 перфорированный","м.",174,838.4,145881.60000000001,487.5,84825,230706.6,null,null,838.4,0,487.5,0,0,null,838.4,0,487.5,0,0,null,838.4,0,487.5,0,0,null,838.4,0,487.5,0,0,null,838.4,0,487.5,0,0,null,838.4,0,487.5,0,0,null,838.4,0,487.5,0,0,null,838.4,0,487.5,0,0,null,0,838.4,0,487.5,0,0,174,838.4,145881.60000000001,487.5,84825,230706.6]
["1.10.11","Крышка L=3000 для лотков шириной 50мм","м.",174,157.19999999999999,27352.799999999999,206.6,35948.400000000001,63301.2,null,null,157.19999999999999,0,206.6,0,0,null,157.19999999999999,0,206.6,0,0,null,157.19999999999999,0,206.6,0,0,null,157.19999999999999,0,206.6,0,0,null,157.19999999999999,0,206.6,0,0,null,157.19999999999999,0,206.6,0,0,null,157.19999999999999,0,206.6,0,0,null,157.19999999999999,0,206.6,0,0,null,0,157.19999999999999,0,206.6,0,0,174,157.19999999999999,27352.799999999999,206.6,35948.400000000001,63301.2]
["1.10.12","Консоль ML 2000мм легкая BBL3020","шт.",168,353.7,59421.599999999999,279.49,46954.32,106375.92,null,null,353.7,0,279.49,0,0,null,353.7,0,279.49,0,0,null,353.7,0,279.49,0,0,null,353.7,0,279.49,0,0,null,353.7,0,279.49,0,0,null,353.7,0,279.49,0,0,null,353.7,0,279.49,0,0,null,353.7,0,279.49,0,0,null,0,353.7,0,279.49,0,0,168,353.7,59421.599999999999,279.49,46954.32,106375.92]
["1.10.13","Анкер М8 латунный разрезной","шт.",336,32.75,11004,102.05,34288.799999999996,45292.799999999996,null,null,32.75,0,102.05,0,0,null,32.75,0,102.05,0,0,null,32.75,0,102.05,0,0,null,32.75,0,102.05,0,0,null,32.75,0,102.05,0,0,null,32.75,0,102.05,0,0,null,32.75,0,102.05,0,0,null,32.75,0,102.05,0,0,null,0,32.75,0,102.05,0,0,336,32.75,11004,102.05,34288.799999999996,45292.799999999996]
["1.10.14","Шпилька М8х2000","шт.",90,393,35370,221.68,19951.2,55321.2,null,null,393,0,221.68,0,0,null,393,0,221.68,0,0,null,393,0,221.68,0,0,null,393,0,221.68,0,0,null,393,0,221.68,0,0,null,393,0,221.68,0,0,null,393,0,221.68,0,0,null,393,0,221.68,0,0,null,0,393,0,221.68,0,0,90,393,35370,221.68,19951.2,55321.2]
["1.10.15","Шайба М8","шт.",600,0,0,8.8000000000000007,5280,5280,null,null,0,0,8.8000000000000007,0,0,null,0,0,8.8000000000000007,0,0,null,0,0,8.8000000000000007,0,0,null,0,0,8.8000000000000007,0,0,null,0,0,8.8000000000000007,0,0,null,0,0,8.8000000000000007,0,0,null,0,0,8.8000000000000007,0,0,null,0,0,8.8000000000000007,0,0,null,0,0,0,8.8000000000000007,0,0,600,0,0,8.8000000000000007,5280,5280]
["1.10.16","Гайка М8","шт.",600,0,0,3.98,2388,2388,null,null,0,0,3.98,0,0,null,0,0,3.98,0,0,null,0,0,3.98,0,0,null,0,0,3.98,0,0,null,0,0,3.98,0,0,null,0,0,3.98,0,0,null,0,0,3.98,0,0,null,0,0,3.98,0,0,null,0,0,0,3.98,0,0,600,0,0,3.98,2388,2388]
["1.10.17","С-образный профиль 41х21, L2000, толщ. 2,0 мм","шт.",60,393,23580,2051.09,123065.40000000001,146645.40000000002,null,null,393,0,2051.09,0,0,null,393,0,2051.09,0,0,null,393,0,2051.09,0,0,null,393,0,2051.09,0,0,null,393,0,2051.09,0,0,null,393,0,2051.09,0,0,null,393,0,2051.09,0,0,null,393,0,2051.09,0,0,null,0,393,0,2051.09,0,0,60,393,23580,2051.09,123065.40000000001,146645.40000000002]
["1.10.18","Профиль BPL2130 DBL 21x41x1,5 L=3000 C-образный","шт.",36,393,14148,2175.58,78320.88,92468.88,null,null,393,0,2175.58,0,0,null,393,0,2175.58,0,0,null,393,0,2175.58,0,0,null,393,0,2175.58,0,0,null,393,0,2175.58,0,0,null,393,0,2175.58,0,0,null,393,0,2175.58,0,0,null,393,0,2175.58,0,0,null,0,393,0,2175.58,0,0,36,393,14148,2175.58,78320.88,92468.88]
["1.10.19","Коробка распаечная 80х80х40мм IP44 серая","шт.",205,262,53710,151.35,31026.75,84736.75,null,null,262,0,151.35,0,0,null,262,0,151.35,0,0,null,262,0,151.35,0,0,null,262,0,151.35,0,0,null,262,0,151.35,0,0,null,262,0,151.35,0,0,null,262,0,151.35,0,0,null,262,0,151.35,0,0,null,0,262,0,151.35,0,0,205,262,53710,151.35,31026.75,84736.75]
["1.10.20","Коробка ответвительная с кабельными вводами, из термопласта, 4 полюса","шт.",14,1048,14672,1383.15,19364.100000000002,34036.100000000006,null,null,1048,0,1383.15,0,0,null,1048,0,1383.15,0,0,null,1048,0,1383.15,0,0,null,1048,0,1383.15,0,0,null,1048,0,1383.15,0,0,null,1048,0,1383.15,0,0,null,1048,0,1383.15,0,0,null,1048,0,1383.15,0,0,null,0,1048,0,1383.15,0,0,14,1048,14672,1383.15,19364.100000000002,34036.100000000006]
["1.10.21","Аксессуары (расходные материалы, крепеж)","компл.",1,19600,19600,0,null,19600,null,null,19600,0,0,null,0,null,19600,0,0,null,0,null,19600,0,0,null,0,null,19600,0,0,null,0,null,19600,0,0,null,0,null,19600,0,0,null,0,null,19600,0,0,null,0,null,19600,0,0,null,0,null,0,19600,0,0,null,0,1,19600,19600,0,null,19600]
["1.10.22","Пуско-наладочные работы","компл.",1,53448,53448,0,null,53448,null,null,53448,0,0,null,0,null,53448,0,0,null,0,null,53448,0,0,null,0,null,53448,0,0,null,0,null,53448,0,0,null,0,null,53448,0,0,null,0,null,53448,0,0,null,0,null,53448,0,0,null,0,null,0,53448,0,0,null,0,1,53448,53448,0,null,53448]
["1.11","130-23-АС4 Архитектурно-строительные решения",null,null,null,{"$f":"F334+F335+F336+F337+F338+F339+F340","v":3145566.4092500005},null,{"$f":"H334+H335+H336+H337+H338+H339+H340","v":3474169.3598899995},{"$f":"I334+I335+I336+I337+I338+I339+I340","v":6619735.7691400005},null,null,null,{"$f":"M334+M335+M336+M337+M338+M339+M340","v":1695729.27},null,{"$f":"O334+O335+O336+O337+O338+O339+O340","v":2362739.2299999995},{"$f":"P334+P335+P336+P337+P338+P339+P340","v":4058468.5},null,null,{"$f":"S334+S335+S336+S337+S338+S339+S340","v":0},null,{"$f":"U334+U335+U336+U337+U338+U339+U340","v":0},{"$f":"V334+V335+V336+V337+V338+V339+V340","v":0},null,null,{"$f":"Y334+Y335+Y336+Y337+Y338+Y339+Y340","v":522553.27500000002},null,{"$f":"AA334+AA335+AA336+AA337+AA338+AA339+AA340","v":299749.2},{"$f":"AB334+AB335+AB336+AB337+AB338+AB339+AB340","v":822302.47500000009},null,null,{"$f":"AE334+AE335+AE336+AE337+AE338+AE339+AE340","v":0},null,{"$f":"AG334+AG335+AG336+AG337+AG338+AG339+AG340","v":0},{"$f":"AH334+AH335+AH336+AH337+AH338+AH339+AH340","v":0},null,null,{"$f":"AK334+AK335+AK336+AK337+AK338+AK339+AK340","v":0},null,{"$f":"AM334+AM335+AM336+AM337+AM338+AM339+AM340","v":0},{"$f":"AN334+AN335+AN336+AN337+AN338+AN339+AN340","v":0},null,null,{"$f":"AQ334+AQ335+AQ336+AQ337+AQ338+AQ339+AQ340","v":0},null,{"$f":"AS334+AS335+AS336+AS337+AS338+AS339+AS340","v":0},{"$f":"AT334+AT335+AT336+AT337+AT338+AT339+AT340","v":0},null,null,{"$f":"AW334+AW335+AW336+AW337+AW338+AW339+AW340","v":0},null,{"$f":"AY334+AY335+AY336+AY337+AY338+AY339+AY340","v":0},{"$f":"AZ334+AZ335+AZ336+AZ337+AZ338+AZ339+AZ340","v":0},null,null,{"$f":"BC334+BC335+BC336+BC337+BC338+BC339+BC340","v":0},null,{"$f":"BE334+BE335+BE336+BE337+BE338+BE339+BE340","v":0},{"$f":"BF334+BF335+BF336+BF337+BF338+BF339+BF340","v":0},null,0,null,{"$f":"BJ334+BJ335+BJ336+BJ337+BJ338+BJ339+BJ340","v":2218282.5449999999},null,{"$f":"BL334+BL335+BL336+BL337+BL338+BL339+BL340","v":2662488.4299999997},{"$f":"BM334+BM335+BM336+BM337+BM338+BM339+BM340","v":4880770.9749999996},0,null,{"$f":"BP334+BP335+BP336+BP337+BP338+BP339+BP340","v":927283.8642500001},null,{"$f":"BR334+BR335+BR336+BR337+BR338+BR339+BR340","v":811680.92989000003},{"$f":"BS334+BS335+BS336+BS337+BS338+BS339+BS340","v":1738964.7941400004}]
["1.11.1","Устройство металлического каркаса помещения компрессорной","т.",2.2000000000000002,117100,{"$f":"D334*E334","v":257620.00000000003},208116,{"$f":"D334*G334","v":457855.2},{"$f":"E334*D334+G334*D334","v":715475.20000000007},null,2.1800000000000002,117100,{"$f":"K334*L334","v":255278.00000000003},208116,{"$f":"K334*N334","v":453692.88},{"$f":"L334*K334+N334*K334","v":708970.88},null,117100,{"$f":"Q334*R334","v":0},208116,{"$f":"Q334*T334","v":0},{"$f":"R334*Q334+T334*Q334","v":0},null,117100,{"$f":"W334*X334","v":0},208116,{"$f":"W334*Z334","v":0},{"$f":"X334*W334+Z334*W334","v":0},null,117100,{"$f":"AC334*AD334","v":0},208116,{"$f":"AC334*AF334","v":0},{"$f":"AD334*AC334+AF334*AC334","v":0},null,117100,{"$f":"AI334*AJ334","v":0},208116,{"$f":"AI334*AL334","v":0},{"$f":"AJ334*AI334+AL334*AI334","v":0},null,117100,{"$f":"AO334*AP334","v":0},208116,{"$f":"AO334*AR334","v":0},{"$f":"AP334*AO334+AR334*AO334","v":0},null,117100,{"$f":"AU334*AV334","v":0},208116,{"$f":"AU334*AX334","v":0},{"$f":"AV334*AU334+AX334*AU334","v":0},null,117100,{"$f":"BA334*BB334","v":0},208116,{"$f":"BA334*BD334","v":0},{"$f":"BB334*BA334+BD334*BA334","v":0},null,2.1800000000000002,117100,{"$f":"BH334*BI334","v":255278.00000000003},208116,{"$f":"BH334*BK334","v":453692.88},{"$f":"BI334*BH334+BK334*BH334","v":708970.88},2.0000000000000018E-2,117100,{"$f":"BN334*BO334","v":2342.0000000000023},208116,{"$f":"BN334*BQ334","v":4162.3200000000033},{"$f":"BO334*BN334+BQ334*BN334","v":6504.3200000000052}]
["1.11.2","Устройство стен потолков компрессорной из сэндвич-панелей (монтаж стеновых, кровельных эндвич панелей)","м2",182.5,2711,{"$f":"D335*E335","v":494757.5},7373,{"$f":"D335*G335","v":1345572.5},1840330,null,175.57,2711,{"$f":"K335*L335","v":475970.26999999996},7373,{"$f":"K335*N335","v":1294477.6099999999},1770447.88,null,2711,{"$f":"Q335*R335","v":0},7373,{"$f":"Q335*T335","v":0},0,null,2711,{"$f":"W335*X335","v":0},7373,{"$f":"W335*Z335","v":0},0,null,2711,{"$f":"AC335*AD335","v":0},7373,{"$f":"AC335*AF335","v":0},0,null,2711,{"$f":"AI335*AJ335","v":0},7373,{"$f":"AI335*AL335","v":0},0,null,2711,{"$f":"AO335*AP335","v":0},7373,{"$f":"AO335*AR335","v":0},0,null,2711,{"$f":"AU335*AV335","v":0},7373,{"$f":"AU335*AX335","v":0},0,null,2711,{"$f":"BA335*BB335","v":0},7373,{"$f":"BA335*BD335","v":0},0,null,175.57,2711,{"$f":"BH335*BI335","v":475970.26999999996},7373,{"$f":"BH335*BK335","v":1294477.6099999999},1770447.88,6.9300000000000068,2711,{"$f":"BN335*BO335","v":18787.230000000018},7373,{"$f":"BN335*BQ335","v":51094.89000000005},69882.120000000068]
["1.11.3","Оконный проем в осях А/32-33 на отм. +7,600","шт.",1,160029.6,160029.6,163827.4,163827.4,323857,null,null,160029.6,0,163827.4,0,0,null,160029.6,0,163827.4,0,0,null,160029.6,0,163827.4,0,0,null,160029.6,0,163827.4,0,0,null,160029.6,0,163827.4,0,0,null,160029.6,0,163827.4,0,0,null,160029.6,0,163827.4,0,0,null,160029.6,0,163827.4,0,0,null,0,160029.6,0,163827.4,0,0,1,160029.6,160029.6,163827.4,163827.4,323857]
["1.11.4","Отделка оконного проема","м2",28.8,5549.81,159834.52800000002,5516.65,158879.51999999999,318714.04800000001,null,null,5549.81,0,5516.65,0,0,null,5549.81,0,5516.65,0,0,null,5549.81,0,5516.65,0,0,null,5549.81,0,5516.65,0,0,null,5549.81,0,5516.65,0,0,null,5549.81,0,5516.65,0,0,null,5549.81,0,5516.65,0,0,null,5549.81,0,5516.65,0,0,null,0,5549.81,0,5516.65,0,0,28.8,5549.81,159834.52800000002,5516.65,158879.51999999999,318714.04800000001]
["1.11.5","Фундаментная плита наружной установки под воздухосборник и компрессоры","шт",1,964481,964481,614568.74,614568.74,1579049.74,null,1,964481,964481,614568.74,614568.74,1579049.74,null,964481,0,614568.74,0,0,null,964481,0,614568.74,0,0,null,964481,0,614568.74,0,0,null,964481,0,614568.74,0,0,null,964481,0,614568.74,0,0,null,964481,0,614568.74,0,0,null,964481,0,614568.74,0,0,null,1,964481,964481,614568.74,614568.74,1579049.74,0,964481,0,614568.74,0,0]
["1.11.6","Ограждение","тн",0.33700000000000002,189131.25,63737.231250000004,397529.97,133967.59989000001,197704.83114000002,null,null,189131.25,0,397529.97,0,0,null,189131.25,0,397529.97,0,0,null,189131.25,0,397529.97,0,0,null,189131.25,0,397529.97,0,0,null,189131.25,0,397529.97,0,0,null,189131.25,0,397529.97,0,0,null,189131.25,0,397529.97,0,0,null,189131.25,0,397529.97,0,0,null,0,189131.25,0,397529.97,0,0,0.33700000000000002,189131.25,63737.231250000004,397529.97,133967.59989000001,197704.83114000002]
["1.11.7","Устройство навеса компрессоров","шт.",1,1045106.55,1045106.55,599498.4,599498.4,1644604.9500000002,null,null,1045106.55,0,599498.4,0,0,null,1045106.55,0,599498.4,0,0,0.5,1045106.55,522553.27500000002,599498.4,299749.2,822302.47500000009,null,1045106.55,0,599498.4,0,0,null,1045106.55,0,599498.4,0,0,null,1045106.55,0,599498.4,0,0,null,1045106.55,0,599498.4,0,0,null,1045106.55,0,599498.4,0,0,null,0.5,1045106.55,522553.27500000002,599498.4,299749.2,822302.47500000009,0.5,1045106.55,522553.27500000002,599498.4,299749.2,822302.47500000009]
["1.12","130-23-ЭО2 Электрическое освещение",null,null,null,{"$f":"F342+F343+F344+F345+F346+F347+F348+F349+F350+F351+F352+F353+F354+F355+F356+F357+F358+F359+F360+F361+F362+F363+F364+F365+F366+F367+F368+F369+F370+F371+F372+F373+F374+F375","v":1041900.7199999999},null,{"$f":"H342+H343+H344+H345+H346+H347+H348+H349+H350+H351+H352+H353+H354+H355+H356+H357+H358+H359+H360+H361+H362+H363+H364+H365+H366+H367+H368+H369+H370+H371+H372+H373+H374+H375","v":1845636.7899999996},{"$f":"I342+I343+I344+I345+I346+I347+I348+I349+I350+I351+I352+I353+I354+I355+I356+I357+I358+I359+I360+I361+I362+I363+I364+I365+I366+I367+I368+I369+I370+I371+I372+I373+I374+I375","v":2887537.51},null,null,null,{"$f":"M342+M343+M344+M345+M346+M347+M348+M349+M350+M351+M352+M353+M354+M355+M356+M357+M358+M359+M360+M361+M362+M363+M364+M365+M366+M367+M368+M369+M370+M371+M372+M373+M374+M375","v":0},null,{"$f":"O342+O343+O344+O345+O346+O347+O348+O349+O350+O351+O352+O353+O354+O355+O356+O357+O358+O359+O360+O361+O362+O363+O364+O365+O366+O367+O368+O369+O370+O371+O372+O373+O374+O375","v":0},{"$f":"P342+P343+P344+P345+P346+P347+P348+P349+P350+P351+P352+P353+P354+P355+P356+P357+P358+P359+P360+P361+P362+P363+P364+P365+P366+P367+P368+P369+P370+P371+P372+P373+P374+P375","v":0},null,null,{"$f":"S342+S343+S344+S345+S346+S347+S348+S349+S350+S351+S352+S353+S354+S355+S356+S357+S358+S359+S360+S361+S362+S363+S364+S365+S366+S367+S368+S369+S370+S371+S372+S373+S374+S375","v":0},null,{"$f":"U342+U343+U344+U345+U346+U347+U348+U349+U350+U351+U352+U353+U354+U355+U356+U357+U358+U359+U360+U361+U362+U363+U364+U365+U366+U367+U368+U369+U370+U371+U372+U373+U374+U375","v":0},{"$f":"V342+V343+V344+V345+V346+V347+V348+V349+V350+V351+V352+V353+V354+V355+V356+V357+V358+V359+V360+V361+V362+V363+V364+V365+V366+V367+V368+V369+V370+V371+V372+V373+V374+V375","v":0},null,null,{"$f":"Y342+Y343+Y344+Y345+Y346+Y347+Y348+Y349+Y350+Y351+Y352+Y353+Y354+Y355+Y356+Y357+Y358+Y359+Y360+Y361+Y362+Y363+Y364+Y365+Y366+Y367+Y368+Y369+Y370+Y371+Y372+Y373+Y374+Y375","v":186500},null,{"$f":"AA342+AA343+AA344+AA345+AA346+AA347+AA348+AA349+AA350+AA351+AA352+AA353+AA354+AA355+AA356+AA357+AA358+AA359+AA360+AA361+AA362+AA363+AA364+AA365+AA366+AA367+AA368+AA369+AA370+AA371+AA372+AA373+AA374+AA375","v":796076},{"$f":"AB342+AB343+AB344+AB345+AB346+AB347+AB348+AB349+AB350+AB351+AB352+AB353+AB354+AB355+AB356+AB357+AB358+AB359+AB360+AB361+AB362+AB363+AB364+AB365+AB366+AB367+AB368+AB369+AB370+AB371+AB372+AB373+AB374+AB375","v":982576},null,null,{"$f":"AE342+AE343+AE344+AE345+AE346+AE347+AE348+AE349+AE350+AE351+AE352+AE353+AE354+AE355+AE356+AE357+AE358+AE359+AE360+AE361+AE362+AE363+AE364+AE365+AE366+AE367+AE368+AE369+AE370+AE371+AE372+AE373+AE374+AE375","v":0},null,{"$f":"AG342+AG343+AG344+AG345+AG346+AG347+AG348+AG349+AG350+AG351+AG352+AG353+AG354+AG355+AG356+AG357+AG358+AG359+AG360+AG361+AG362+AG363+AG364+AG365+AG366+AG367+AG368+AG369+AG370+AG371+AG372+AG373+AG374+AG375","v":0},{"$f":"AH342+AH343+AH344+AH345+AH346+AH347+AH348+AH349+AH350+AH351+AH352+AH353+AH354+AH355+AH356+AH357+AH358+AH359+AH360+AH361+AH362+AH363+AH364+AH365+AH366+AH367+AH368+AH369+AH370+AH371+AH372+AH373+AH374+AH375","v":0},null,null,{"$f":"AK342+AK343+AK344+AK345+AK346+AK347+AK348+AK349+AK350+AK351+AK352+AK353+AK354+AK355+AK356+AK357+AK358+AK359+AK360+AK361+AK362+AK363+AK364+AK365+AK366+AK367+AK368+AK369+AK370+AK371+AK372+AK373+AK374+AK375","v":0},null,{"$f":"AM342+AM343+AM344+AM345+AM346+AM347+AM348+AM349+AM350+AM351+AM352+AM353+AM354+AM355+AM356+AM357+AM358+AM359+AM360+AM361+AM362+AM363+AM364+AM365+AM366+AM367+AM368+AM369+AM370+AM371+AM372+AM373+AM374+AM375","v":0},{"$f":"AN342+AN343+AN344+AN345+AN346+AN347+AN348+AN349+AN350+AN351+AN352+AN353+AN354+AN355+AN356+AN357+AN358+AN359+AN360+AN361+AN362+AN363+AN364+AN365+AN366+AN367+AN368+AN369+AN370+AN371+AN372+AN373+AN374+AN375","v":0},null,null,{"$f":"AQ342+AQ343+AQ344+AQ345+AQ346+AQ347+AQ348+AQ349+AQ350+AQ351+AQ352+AQ353+AQ354+AQ355+AQ356+AQ357+AQ358+AQ359+AQ360+AQ361+AQ362+AQ363+AQ364+AQ365+AQ366+AQ367+AQ368+AQ369+AQ370+AQ371+AQ372+AQ373+AQ374+AQ375","v":0},null,{"$f":"AS342+AS343+AS344+AS345+AS346+AS347+AS348+AS349+AS350+AS351+AS352+AS353+AS354+AS355+AS356+AS357+AS358+AS359+AS360+AS361+AS362+AS363+AS364+AS365+AS366+AS367+AS368+AS369+AS370+AS371+AS372+AS373+AS374+AS375","v":0},{"$f":"AT342+AT343+AT344+AT345+AT346+AT347+AT348+AT349+AT350+AT351+AT352+AT353+AT354+AT355+AT356+AT357+AT358+AT359+AT360+AT361+AT362+AT363+AT364+AT365+AT366+AT367+AT368+AT369+AT370+AT371+AT372+AT373+AT374+AT375","v":0},null,null,{"$f":"AW342+AW343+AW344+AW345+AW346+AW347+AW348+AW349+AW350+AW351+AW352+AW353+AW354+AW355+AW356+AW357+AW358+AW359+AW360+AW361+AW362+AW363+AW364+AW365+AW366+AW367+AW368+AW369+AW370+AW371+AW372+AW373+AW374+AW375","v":0},null,{"$f":"AY342+AY343+AY344+AY345+AY346+AY347+AY348+AY349+AY350+AY351+AY352+AY353+AY354+AY355+AY356+AY357+AY358+AY359+AY360+AY361+AY362+AY363+AY364+AY365+AY366+AY367+AY368+AY369+AY370+AY371+AY372+AY373+AY374+AY375","v":0},{"$f":"AZ342+AZ343+AZ344+AZ345+AZ346+AZ347+AZ348+AZ349+AZ350+AZ351+AZ352+AZ353+AZ354+AZ355+AZ356+AZ357+AZ358+AZ359+AZ360+AZ361+AZ362+AZ363+AZ364+AZ365+AZ366+AZ367+AZ368+AZ369+AZ370+AZ371+AZ372+AZ373+AZ374+AZ375","v":0},null,null,{"$f":"BC342+BC343+BC344+BC345+BC346+BC347+BC348+BC349+BC350+BC351+BC352+BC353+BC354+BC355+BC356+BC357+BC358+BC359+BC360+BC361+BC362+BC363+BC364+BC365+BC366+BC367+BC368+BC369+BC370+BC371+BC372+BC373+BC374+BC375","v":0},null,{"$f":"BE342+BE343+BE344+BE345+BE346+BE347+BE348+BE349+BE350+BE351+BE352+BE353+BE354+BE355+BE356+BE357+BE358+BE359+BE360+BE361+BE362+BE363+BE364+BE365+BE366+BE367+BE368+BE369+BE370+BE371+BE372+BE373+BE374+BE375","v":0},{"$f":"BF342+BF343+BF344+BF345+BF346+BF347+BF348+BF349+BF350+BF351+BF352+BF353+BF354+BF355+BF356+BF357+BF358+BF359+BF360+BF361+BF362+BF363+BF364+BF365+BF366+BF367+BF368+BF369+BF370+BF371+BF372+BF373+BF374+BF375","v":0},null,0,null,{"$f":"BJ342+BJ343+BJ344+BJ345+BJ346+BJ347+BJ348+BJ349+BJ350+BJ351+BJ352+BJ353+BJ354+BJ355+BJ356+BJ357+BJ358+BJ359+BJ360+BJ361+BJ362+BJ363+BJ364+BJ365+BJ366+BJ367+BJ368+BJ369+BJ370+BJ371+BJ372+BJ373+BJ374+BJ375","v":186500},null,{"$f":"BL342+BL343+BL344+BL345+BL346+BL347+BL348+BL349+BL350+BL351+BL352+BL353+BL354+BL355+BL356+BL357+BL358+BL359+BL360+BL361+BL362+BL363+BL364+BL365+BL366+BL367+BL368+BL369+BL370+BL371+BL372+BL373+BL374+BL375","v":796076},{"$f":"BM342+BM343+BM344+BM345+BM346+BM347+BM348+BM349+BM350+BM351+BM352+BM353+BM354+BM355+BM356+BM357+BM358+BM359+BM360+BM361+BM362+BM363+BM364+BM365+BM366+BM367+BM368+BM369+BM370+BM371+BM372+BM373+BM374+BM375","v":982576},0,null,{"$f":"BP342+BP343+BP344+BP345+BP346+BP347+BP348+BP349+BP350+BP351+BP352+BP353+BP354+BP355+BP356+BP357+BP358+BP359+BP360+BP361+BP362+BP363+BP364+BP365+BP366+BP367+BP368+BP369+BP370+BP371+BP372+BP373+BP374+BP375","v":855400.71999999986},null,{"$f":"BR342+BR343+BR344+BR345+BR346+BR347+BR348+BR349+BR350+BR351+BR352+BR353+BR354+BR355+BR356+BR357+BR358+BR359+BR360+BR361+BR362+BR363+BR364+BR365+BR366+BR367+BR368+BR369+BR370+BR371+BR372+BR373+BR374+BR375","v":1049560.7900000005},{"$f":"BS342+BS343+BS344+BS345+BS346+BS347+BS348+BS349+BS350+BS351+BS352+BS353+BS354+BS355+BS356+BS357+BS358+BS359+BS360+BS361+BS362+BS363+BS364+BS365+BS366+BS367+BS368+BS369+BS370+BS371+BS372+BS373+BS374+BS375","v":1904961.5099999998}]
["1.12.1","Щит распределительный навесного исполнения","шт.",1,6550,{"$f":"D342*E342","v":6550},55450.2,{"$f":"D342*G342","v":55450.2},{"$f":"E342*D342+G342*D342","v":62000.2},null,null,6550,{"$f":"K342*L342","v":0},55450.2,{"$f":"K342*N342","v":0},{"$f":"L342*K342+N342*K342","v":0},null,6550,{"$f":"Q342*R342","v":0},55450.2,{"$f":"Q342*T342","v":0},{"$f":"R342*Q342+T342*Q342","v":0},null,6550,{"$f":"W342*X342","v":0},55450.2,{"$f":"W342*Z342","v":0},{"$f":"X342*W342+Z342*W342","v":0},null,6550,{"$f":"AC342*AD342","v":0},55450.2,{"$f":"AC342*AF342","v":0},{"$f":"AD342*AC342+AF342*AC342","v":0},null,6550,{"$f":"AI342*AJ342","v":0},55450.2,{"$f":"AI342*AL342","v":0},{"$f":"AJ342*AI342+AL342*AI342","v":0},null,6550,{"$f":"AO342*AP342","v":0},55450.2,{"$f":"AO342*AR342","v":0},{"$f":"AP342*AO342+AR342*AO342","v":0},null,6550,{"$f":"AU342*AV342","v":0},55450.2,{"$f":"AU342*AX342","v":0},{"$f":"AV342*AU342+AX342*AU342","v":0},null,6550,{"$f":"BA342*BB342","v":0},55450.2,{"$f":"BA342*BD342","v":0},{"$f":"BB342*BA342+BD342*BA342","v":0},null,0,6550,{"$f":"BH342*BI342","v":0},55450.2,{"$f":"BH342*BK342","v":0},{"$f":"BI342*BH342+BK342*BH342","v":0},1,6550,{"$f":"BN342*BO342","v":6550},55450.2,{"$f":"BN342*BQ342","v":55450.2},{"$f":"BO342*BN342+BQ342*BN342","v":62000.2}]
["1.12.2","Кабель силовой, не поддерживающий горение, безгалогенный 5х6","м.",30,232,{"$f":"D343*E343","v":6960},611,{"$f":"D343*G343","v":18330},25290,null,null,232,{"$f":"K343*L343","v":0},611,{"$f":"K343*N343","v":0},0,null,232,{"$f":"Q343*R343","v":0},611,{"$f":"Q343*T343","v":0},0,null,232,{"$f":"W343*X343","v":0},611,{"$f":"W343*Z343","v":0},0,null,232,{"$f":"AC343*AD343","v":0},611,{"$f":"AC343*AF343","v":0},0,null,232,{"$f":"AI343*AJ343","v":0},611,{"$f":"AI343*AL343","v":0},0,null,232,{"$f":"AO343*AP343","v":0},611,{"$f":"AO343*AR343","v":0},0,null,232,{"$f":"AU343*AV343","v":0},611,{"$f":"AU343*AX343","v":0},0,null,232,{"$f":"BA343*BB343","v":0},611,{"$f":"BA343*BD343","v":0},0,null,0,232,{"$f":"BH343*BI343","v":0},611,{"$f":"BH343*BK343","v":0},0,30,232,{"$f":"BN343*BO343","v":6960},611,{"$f":"BN343*BQ343","v":18330},25290]
["1.12.3","Кабель силовой ППГнг(А)-HF 3х2.5","м.",450,182,{"$f":"D344*E344","v":81900},184.6,{"$f":"D344*G344","v":83070},164970,null,null,182,{"$f":"K344*L344","v":0},184.6,{"$f":"K344*N344","v":0},0,null,182,{"$f":"Q344*R344","v":0},184.6,{"$f":"Q344*T344","v":0},0,null,182,{"$f":"W344*X344","v":0},184.6,{"$f":"W344*Z344","v":0},0,null,182,{"$f":"AC344*AD344","v":0},184.6,{"$f":"AC344*AF344","v":0},0,null,182,{"$f":"AI344*AJ344","v":0},184.6,{"$f":"AI344*AL344","v":0},0,null,182,{"$f":"AO344*AP344","v":0},184.6,{"$f":"AO344*AR344","v":0},0,null,182,{"$f":"AU344*AV344","v":0},184.6,{"$f":"AU344*AX344","v":0},0,null,182,{"$f":"BA344*BB344","v":0},184.6,{"$f":"BA344*BD344","v":0},0,null,0,182,{"$f":"BH344*BI344","v":0},184.6,{"$f":"BH344*BK344","v":0},0,450,182,{"$f":"BN344*BO344","v":81900},184.6,{"$f":"BN344*BQ344","v":83070},164970]
["1.12.4","Кабель силовой ППГнг(А)-FRHF 3х1.5","м.",260,182,47320,160,41600,88920,null,null,182,0,160,0,0,null,182,0,160,0,0,null,182,0,160,0,0,null,182,0,160,0,0,null,182,0,160,0,0,null,182,0,160,0,0,null,182,0,160,0,0,null,182,0,160,0,0,null,0,182,0,160,0,0,260,182,47320,160,41600,88920]
["1.12.5","Кабель силовой ППГнг(А)-HF 3х1.5","м.",500,182,91000,120.28,60140,151140,null,null,182,0,120.28,0,0,null,182,0,120.28,0,0,null,182,0,120.28,0,0,null,182,0,120.28,0,0,null,182,0,120.28,0,0,null,182,0,120.28,0,0,null,182,0,120.28,0,0,null,182,0,120.28,0,0,null,0,182,0,120.28,0,0,500,182,91000,120.28,60140,151140]
["1.12.6","Светодиодный светильник VARTON A070 2.0 20 Вт 4000 K IP40 с рассеивателем опал","шт.",78,1865,145470,6208.4,484255.19999999995,629725.19999999995,null,null,1865,0,6208.4,0,0,null,1865,0,6208.4,0,0,60,1865,111900,6208.4,372504,484404,null,1865,0,6208.4,0,0,null,1865,0,6208.4,0,0,null,1865,0,6208.4,0,0,null,1865,0,6208.4,0,0,null,1865,0,6208.4,0,0,null,60,1865,111900,6208.4,372504,484404,18,1865,33570,6208.4,111751.2,145321.20000000001]
["1.12.7","Светодиодный светильник 20 Вт 4000 K IP40 с БАП","шт.",15,1865,27975,18060.8,270912,298887,null,null,1865,0,18060.8,0,0,null,1865,0,18060.8,0,0,10,1865,18650,18060.8,180608,199258,null,1865,0,18060.8,0,0,null,1865,0,18060.8,0,0,null,1865,0,18060.8,0,0,null,1865,0,18060.8,0,0,null,1865,0,18060.8,0,0,null,10,1865,18650,18060.8,180608,199258,5,1865,9325,18060.8,90304,99629]
["1.12.8","Светодиодный светильник VARTON DL-01 круглый встраиваемый 190x70 мм 25 W 4000 K IP54","шт.",41,1865,76465,8098.8,332050.8,408515.8,null,null,1865,0,8098.8,0,0,null,1865,0,8098.8,0,0,30,1865,55950,8098.8,242964,298914,null,1865,0,8098.8,0,0,null,1865,0,8098.8,0,0,null,1865,0,8098.8,0,0,null,1865,0,8098.8,0,0,null,1865,0,8098.8,0,0,null,30,1865,55950,8098.8,242964,298914,11,1865,20515,8098.8,89086.8,109601.8]
["1.12.9","Светодиодный светильник VARTON ЖКХ круг 10 W IP65 185х70 мм антивандальный 4000 K","шт.",3,1865,5595,1424.6,4273.7999999999993,9868.7999999999993,null,null,1865,0,1424.6,0,0,null,1865,0,1424.6,0,0,null,1865,0,1424.6,0,0,null,1865,0,1424.6,0,0,null,1865,0,1424.6,0,0,null,1865,0,1424.6,0,0,null,1865,0,1424.6,0,0,null,1865,0,1424.6,0,0,null,0,1865,0,1424.6,0,0,3,1865,5595,1424.6,4273.7999999999993,9868.7999999999993]
["1.12.10","Светильник светодиодный 40 Вт, 4500 Лм, IP65","шт.",5,1865,9325,5863.16,29315.8,38640.800000000003,null,null,1865,0,5863.16,0,0,null,1865,0,5863.16,0,0,null,1865,0,5863.16,0,0,null,1865,0,5863.16,0,0,null,1865,0,5863.16,0,0,null,1865,0,5863.16,0,0,null,1865,0,5863.16,0,0,null,1865,0,5863.16,0,0,null,0,1865,0,5863.16,0,0,5,1865,9325,5863.16,29315.8,38640.800000000003]
["1.12.11","Светильник светодиодный 40 Вт, 4500 Лм, IP65 с БАП 1 ч","шт.",1,1865,1865,8389.2999999999993,8389.2999999999993,10254.299999999999,null,null,1865,0,8389.2999999999993,0,0,null,1865,0,8389.2999999999993,0,0,null,1865,0,8389.2999999999993,0,0,null,1865,0,8389.2999999999993,0,0,null,1865,0,8389.2999999999993,0,0,null,1865,0,8389.2999999999993,0,0,null,1865,0,8389.2999999999993,0,0,null,1865,0,8389.2999999999993,0,0,null,0,1865,0,8389.2999999999993,0,0,1,1865,1865,8389.2999999999993,8389.2999999999993,10254.299999999999]
["1.12.12","Лоток 50х100 L=3000 перфорированный","м.",351,838.4,294278.39999999997,699.4,245489.4,539767.79999999993,null,null,838.4,0,699.4,0,0,null,838.4,0,699.4,0,0,null,838.4,0,699.4,0,0,null,838.4,0,699.4,0,0,null,838.4,0,699.4,0,0,null,838.4,0,699.4,0,0,null,838.4,0,699.4,0,0,null,838.4,0,699.4,0,0,null,0,838.4,0,699.4,0,0,351,838.4,294278.39999999997,699.4,245489.4,539767.79999999993]
["1.12.13","Выключатель однополюсный для открытой установки, одноклавишный, ~220В,10А, IP20","шт.",14,655.01,9170.14,626.61,8772.5400000000009,17942.68,null,null,655.01,0,626.61,0,0,null,655.01,0,626.61,0,0,null,655.01,0,626.61,0,0,null,655.01,0,626.61,0,0,null,655.01,0,626.61,0,0,null,655.01,0,626.61,0,0,null,655.01,0,626.61,0,0,null,655.01,0,626.61,0,0,null,{"$f":"K354+Q354+W354+AC354+AI354+AO354+AU354+BA354","v":0},655.01,0,626.61,0,0,{"$f":"D354-BH354","v":14},655.01,9170.14,626.61,8772.5400000000009,17942.68]
["1.12.14","Выключатель однополюсный для открытой установки, одноклавишный, ~220В,10А, IP54","шт.",9,655.01,5895.09,483.6,4352.4000000000005,10247.490000000002,null,null,655.01,0,483.6,0,0,null,655.01,0,483.6,0,0,null,655.01,0,483.6,0,0,null,655.01,0,483.6,0,0,null,655.01,0,483.6,0,0,null,655.01,0,483.6,0,0,null,655.01,0,483.6,0,0,null,655.01,0,483.6,0,0,null,0,655.01,0,483.6,0,0,9,655.01,5895.09,483.6,4352.4000000000005,10247.490000000002]
["1.12.15","Переключатель проходной ОП Этюд 1-кл. для открытой установки IP20, 10А, 250В ВА10-004В","шт.",10,655,6550,315.89999999999998,3159,9709,null,null,655,0,315.89999999999998,0,0,null,655,0,315.89999999999998,0,0,null,655,0,315.89999999999998,0,0,null,655,0,315.89999999999998,0,0,null,655,0,315.89999999999998,0,0,null,655,0,315.89999999999998,0,0,null,655,0,315.89999999999998,0,0,null,655,0,315.89999999999998,0,0,null,0,655,0,315.89999999999998,0,0,10,655,6550,315.89999999999998,3159,9709]
["1.12.16","Переключатель Aling-conel одноклавишный перекрестный открытая установка серый IP44","шт.",4,655,2620,630.5,2522,5142,null,null,655,0,630.5,0,0,null,655,0,630.5,0,0,null,655,0,630.5,0,0,null,655,0,630.5,0,0,null,655,0,630.5,0,0,null,655,0,630.5,0,0,null,655,0,630.5,0,0,null,655,0,630.5,0,0,null,0,655,0,630.5,0,0,4,655,2620,630.5,2522,5142]
["1.12.17","Розетка силовая Viva 2 модуля белая","шт.",55,655,36025,767,42185,78210,null,null,655,0,767,0,0,null,655,0,767,0,0,null,655,0,767,0,0,null,655,0,767,0,0,null,655,0,767,0,0,null,655,0,767,0,0,null,655,0,767,0,0,null,655,0,767,0,0,null,0,655,0,767,0,0,55,655,36025,767,42185,78210]
["1.12.18","Коробка ответвительная с кабельными вводами IP55, 150х110х70","шт.",100,262,26200,439.4,43940,70140,null,null,262,0,439.4,0,0,null,262,0,439.4,0,0,null,262,0,439.4,0,0,null,262,0,439.4,0,0,null,262,0,439.4,0,0,null,262,0,439.4,0,0,null,262,0,439.4,0,0,null,262,0,439.4,0,0,null,0,262,0,439.4,0,0,100,262,26200,439.4,43940,70140]
["1.12.19","Труба D=25 гибкая  гофрированная не распространяющая горение, с зондом","м.",800,45.85,36680,28.08,22464,59144,null,null,45.85,0,28.08,0,0,null,45.85,0,28.08,0,0,null,45.85,0,28.08,0,0,null,45.85,0,28.08,0,0,null,45.85,0,28.08,0,0,null,45.85,0,28.08,0,0,null,45.85,0,28.08,0,0,null,45.85,0,28.08,0,0,null,0,45.85,0,28.08,0,0,800,45.85,36680,28.08,22464,59144]
["1.12.20","Коробка монтажная","шт.",7,262.01,1834.07,21.53,150.71,1984.78,null,null,262.01,0,21.53,0,0,null,262.01,0,21.53,0,0,null,262.01,0,21.53,0,0,null,262.01,0,21.53,0,0,null,262.01,0,21.53,0,0,null,262.01,0,21.53,0,0,null,262.01,0,21.53,0,0,null,262.01,0,21.53,0,0,null,0,262.01,0,21.53,0,0,7,262.01,1834.07,21.53,150.71,1984.78]
["1.12.21","Профиль BPL2130 DBL 21x41x1,5 L=3000 C-образный","м",5,393,1965,2175.58,10877.9,12842.9,null,null,393,0,2175.58,0,0,null,393,0,2175.58,0,0,null,393,0,2175.58,0,0,null,393,0,2175.58,0,0,null,393,0,2175.58,0,0,null,393,0,2175.58,0,0,null,393,0,2175.58,0,0,null,393,0,2175.58,0,0,null,0,393,0,2175.58,0,0,5,393,1965,2175.58,10877.9,12842.9]
["1.12.22","Шпилька М8х2000","шт.",7,393,2751,194.8,1363.6000000000001,4114.6000000000004,null,null,393,0,194.8,0,0,null,393,0,194.8,0,0,null,393,0,194.8,0,0,null,393,0,194.8,0,0,null,393,0,194.8,0,0,null,393,0,194.8,0,0,null,393,0,194.8,0,0,null,393,0,194.8,0,0,null,0,393,0,194.8,0,0,7,393,2751,194.8,1363.6000000000001,4114.6000000000004]
["1.12.23","Шайба М8","шт.",104,0,null,5.82,605.28,605.28,null,null,0,null,5.82,0,0,null,0,null,5.82,0,0,null,0,null,5.82,0,0,null,0,null,5.82,0,0,null,0,null,5.82,0,0,null,0,null,5.82,0,0,null,0,null,5.82,0,0,null,0,null,5.82,0,0,null,0,0,null,5.82,0,0,104,0,null,5.82,605.28,605.28]
["1.12.24","Гайка М8","шт.",104,0,null,3.98,413.92,413.92,null,null,0,null,3.98,0,0,null,0,null,3.98,0,0,null,0,null,3.98,0,0,null,0,null,3.98,0,0,null,0,null,3.98,0,0,null,0,null,3.98,0,0,null,0,null,3.98,0,0,null,0,null,3.98,0,0,null,0,0,null,3.98,0,0,104,0,null,3.98,413.92,413.92]
["1.12.25","Анкер М8 латунный разрезной","шт.",52,32.74,{"$f":"D366*E366","v":1702.48},102.06,5307.12,7009.6,null,null,32.74,{"$f":"K366*L366","v":0},102.06,0,0,null,32.74,{"$f":"Q366*R366","v":0},102.06,0,0,null,32.74,{"$f":"W366*X366","v":0},102.06,0,0,null,32.74,{"$f":"AC366*AD366","v":0},102.06,0,0,null,32.74,{"$f":"AI366*AJ366","v":0},102.06,0,0,null,32.74,{"$f":"AO366*AP366","v":0},102.06,0,0,null,32.74,{"$f":"AU366*AV366","v":0},102.06,0,0,null,32.74,{"$f":"BA366*BB366","v":0},102.06,0,0,null,0,32.74,{"$f":"BH366*BI366","v":0},102.06,0,0,52,32.74,{"$f":"BN366*BO366","v":1702.48},102.06,5307.12,7009.6]
["1.12.26","Болт М6х12 с шестигранной головкой DIN 933, оцинкованная сталь","шт.",62,0,null,6.49,402.38,402.38,null,null,0,null,6.49,0,0,null,0,null,6.49,0,0,null,0,null,6.49,0,0,null,0,null,6.49,0,0,null,0,null,6.49,0,0,null,0,null,6.49,0,0,null,0,null,6.49,0,0,null,0,null,6.49,0,0,null,0,0,null,6.49,0,0,62,0,null,6.49,402.38,402.38]
["1.12.27","Шайба М6","шт.",62,0,null,2.95,182.9,182.9,null,null,0,null,2.95,0,0,null,0,null,2.95,0,0,null,0,null,2.95,0,0,null,0,null,2.95,0,0,null,0,null,2.95,0,0,null,0,null,2.95,0,0,null,0,null,2.95,0,0,null,0,null,2.95,0,0,null,0,0,null,2.95,0,0,62,0,null,2.95,182.9,182.9]
["1.12.28","Гайка М6","шт.",62,0,null,2,124,124,null,null,0,null,2,0,0,null,0,null,2,0,0,null,0,null,2,0,0,null,0,null,2,0,0,null,0,null,2,0,0,null,0,null,2,0,0,null,0,null,2,0,0,null,0,null,2,0,0,null,0,0,null,2,0,0,62,0,null,2,124,124]
["1.12.29","Коробка распаечная 80х80х40мм IP44 серая","шт.",54,262.01,{"$f":"D370*E370","v":14148.539999999999},151.35,8172.9,22321.439999999999,null,null,262.01,{"$f":"K370*L370","v":0},151.35,0,0,null,262.01,{"$f":"Q370*R370","v":0},151.35,0,0,null,262.01,{"$f":"W370*X370","v":0},151.35,0,0,null,262.01,{"$f":"AC370*AD370","v":0},151.35,0,0,null,262.01,{"$f":"AI370*AJ370","v":0},151.35,0,0,null,262.01,{"$f":"AO370*AP370","v":0},151.35,0,0,null,262.01,{"$f":"AU370*AV370","v":0},151.35,0,0,null,262.01,{"$f":"BA370*BB370","v":0},151.35,0,0,null,0,262.01,{"$f":"BH370*BI370","v":0},151.35,0,0,54,262.01,{"$f":"BN370*BO370","v":14148.539999999999},151.35,8172.9,22321.439999999999]
["1.12.30","Держатель с защелкой и дюбелем d=20 мм","шт.",800,13.1,{"$f":"D371*E371","v":10480},31.71,25368,35848,null,null,13.1,{"$f":"K371*L371","v":0},31.71,0,0,null,13.1,{"$f":"Q371*R371","v":0},31.71,0,0,null,13.1,{"$f":"W371*X371","v":0},31.71,0,0,null,13.1,{"$f":"AC371*AD371","v":0},31.71,0,0,null,13.1,{"$f":"AI371*AJ371","v":0},31.71,0,0,null,13.1,{"$f":"AO371*AP371","v":0},31.71,0,0,null,13.1,{"$f":"AU371*AV371","v":0},31.71,0,0,null,13.1,{"$f":"BA371*BB371","v":0},31.71,0,0,null,0,13.1,{"$f":"BH371*BI371","v":0},31.71,0,0,800,13.1,{"$f":"BN371*BO371","v":10480},31.71,25368,35848]
["1.12.31","Короб 25x30 TA-EN","м.",64,393,{"$f":"D372*E372","v":25152},162.76,10416.64,35568.639999999999,null,null,393,{"$f":"K372*L372","v":0},162.76,0,0,null,393,{"$f":"Q372*R372","v":0},162.76,0,0,null,393,{"$f":"W372*X372","v":0},162.76,0,0,null,393,{"$f":"AC372*AD372","v":0},162.76,0,0,null,393,{"$f":"AI372*AJ372","v":0},162.76,0,0,null,393,{"$f":"AO372*AP372","v":0},162.76,0,0,null,393,{"$f":"AU372*AV372","v":0},162.76,0,0,null,393,{"$f":"BA372*BB372","v":0},162.76,0,0,null,0,393,{"$f":"BH372*BI372","v":0},162.76,0,0,64,393,{"$f":"BN372*BO372","v":25152},162.76,10416.64,35568.639999999999]
["1.12.32","Скоба металлическая однолапковая Д20","шт.",1000,0,null,3.38,3380,3380,null,null,0,null,3.38,0,0,null,0,null,3.38,0,0,null,0,null,3.38,0,0,null,0,null,3.38,0,0,null,0,null,3.38,0,0,null,0,null,3.38,0,0,null,0,null,3.38,0,0,null,0,null,3.38,0,0,null,0,0,null,3.38,0,0,1000,0,null,3.38,3380,3380]
["1.12.33","Аксессуары (расходные материалы, крепеж)","компл.",1,0,null,18200,18200,18200,null,null,0,null,18200,0,0,null,0,null,18200,0,0,null,0,null,18200,0,0,null,0,null,18200,0,0,null,0,null,18200,0,0,null,0,null,18200,0,0,null,0,null,18200,0,0,null,0,null,18200,0,0,null,0,0,null,18200,0,0,1,0,null,18200,18200,18200]
["1.12.34","Пуско-наладочные работы","компл.",1,66024,{"$f":"D375*E375","v":66024},0,null,66024,null,null,66024,{"$f":"K375*L375","v":0},0,null,0,null,66024,{"$f":"Q375*R375","v":0},0,null,0,null,66024,{"$f":"W375*X375","v":0},0,null,0,null,66024,{"$f":"AC375*AD375","v":0},0,null,0,null,66024,{"$f":"AI375*AJ375","v":0},0,null,0,null,66024,{"$f":"AO375*AP375","v":0},0,null,0,null,66024,{"$f":"AU375*AV375","v":0},0,null,0,null,66024,{"$f":"BA375*BB375","v":0},0,null,0,null,0,66024,{"$f":"BH375*BI375","v":0},0,null,0,1,66024,{"$f":"BN375*BO375","v":66024},0,null,66024]
["1.13","130-23-АС2 Полы. Архитектурно-строительные решения",null,null,null,{"$f":"F485+F377+F469+F476+F380+F386+F404+F409+F489+F494+F497+F501+F427+F430+F508+F506+F436+F449+F456+F460+F463+F486+F487","v":98585245.670980006},null,{"$f":"H485+H377+H469+H476+H380+H386+H404+H409+H489+H494+H497+H501+H427+H430+H508+H506+H436+H449+H456+H460+H463+H486+H487","v":51553596.031649992},{"$f":"I485+I377+I469+I476+I380+I386+I404+I409+I489+I494+I497+I501+I427+I430+I508+I506+I436+I449+I456+I460+I463+I486+I487","v":150138841.70262998},null,null,null,{"$f":"M485+M377+M469+M476+M380+M386+M404+M409+M489+M494+M497+M501+M427+M430+M508+M506+M436+M449+M456+M460+M463+M486+M487","v":36336629.420000002},null,{"$f":"O485+O377+O469+O476+O380+O386+O404+O409+O489+O494+O497+O501+O427+O430+O508+O506+O436+O449+O456+O460+O463+O486+O487","v":4982748.8999999994},{"$f":"P485+P377+P469+P476+P380+P386+P404+P409+P489+P494+P497+P501+P427+P430+P508+P506+P436+P449+P456+P460+P463+P486+P487","v":41319378.319999993},null,null,{"$f":"S485+S377+S469+S476+S380+S386+S404+S409+S489+S494+S497+S501+S427+S430+S508+S506+S436+S449+S456+S460+S463+S486+S487","v":2997459.69},null,{"$f":"U485+U377+U469+U476+U380+U386+U404+U409+U489+U494+U497+U501+U427+U430+U508+U506+U436+U449+U456+U460+U463+U486+U487","v":6932955.8399999999},{"$f":"V485+V377+V469+V476+V380+V386+V404+V409+V489+V494+V497+V501+V427+V430+V508+V506+V436+V449+V456+V460+V463+V486+V487","v":9930415.5299999993},null,null,{"$f":"Y485+Y377+Y469+Y476+Y380+Y386+Y404+Y409+Y489+Y494+Y497+Y501+Y427+Y430+Y508+Y506+Y436+Y449+Y456+Y460+Y463+Y486+Y487","v":39758590.85689},null,{"$f":"AA485+AA377+AA469+AA476+AA380+AA386+AA404+AA409+AA489+AA494+AA497+AA501+AA427+AA430+AA508+AA506+AA436+AA449+AA456+AA460+AA463+AA486+AA487","v":27713106.178150002},{"$f":"AB485+AB377+AB469+AB476+AB380+AB386+AB404+AB409+AB489+AB494+AB497+AB501+AB427+AB430+AB508+AB506+AB436+AB449+AB456+AB460+AB463+AB486+AB487","v":67471697.035039991},null,null,{"$f":"AE485+AE377+AE469+AE476+AE380+AE386+AE404+AE409+AE489+AE494+AE497+AE501+AE427+AE430+AE508+AE506+AE436+AE449+AE456+AE460+AE463+AE486+AE487","v":0},null,{"$f":"AG485+AG377+AG469+AG476+AG380+AG386+AG404+AG409+AG489+AG494+AG497+AG501+AG427+AG430+AG508+AG506+AG436+AG449+AG456+AG460+AG463+AG486+AG487","v":0},{"$f":"AH485+AH377+AH469+AH476+AH380+AH386+AH404+AH409+AH489+AH494+AH497+AH501+AH427+AH430+AH508+AH506+AH436+AH449+AH456+AH460+AH463+AH486+AH487","v":0},null,null,{"$f":"AK485+AK377+AK469+AK476+AK380+AK386+AK404+AK409+AK489+AK494+AK497+AK501+AK427+AK430+AK508+AK506+AK436+AK449+AK456+AK460+AK463+AK486+AK487","v":0},null,{"$f":"AM485+AM377+AM469+AM476+AM380+AM386+AM404+AM409+AM489+AM494+AM497+AM501+AM427+AM430+AM508+AM506+AM436+AM449+AM456+AM460+AM463+AM486+AM487","v":0},{"$f":"AN485+AN377+AN469+AN476+AN380+AN386+AN404+AN409+AN489+AN494+AN497+AN501+AN427+AN430+AN508+AN506+AN436+AN449+AN456+AN460+AN463+AN486+AN487","v":0},null,null,{"$f":"AQ485+AQ377+AQ469+AQ476+AQ380+AQ386+AQ404+AQ409+AQ489+AQ494+AQ497+AQ501+AQ427+AQ430+AQ508+AQ506+AQ436+AQ449+AQ456+AQ460+AQ463+AQ486+AQ487","v":0},null,{"$f":"AS485+AS377+AS469+AS476+AS380+AS386+AS404+AS409+AS489+AS494+AS497+AS501+AS427+AS430+AS508+AS506+AS436+AS449+AS456+AS460+AS463+AS486+AS487","v":0},{"$f":"AT485+AT377+AT469+AT476+AT380+AT386+AT404+AT409+AT489+AT494+AT497+AT501+AT427+AT430+AT508+AT506+AT436+AT449+AT456+AT460+AT463+AT486+AT487","v":0},null,null,{"$f":"AW485+AW377+AW469+AW476+AW380+AW386+AW404+AW409+AW489+AW494+AW497+AW501+AW427+AW430+AW508+AW506+AW436+AW449+AW456+AW460+AW463+AW486+AW487","v":0},null,{"$f":"AY485+AY377+AY469+AY476+AY380+AY386+AY404+AY409+AY489+AY494+AY497+AY501+AY427+AY430+AY508+AY506+AY436+AY449+AY456+AY460+AY463+AY486+AY487","v":0},{"$f":"AZ485+AZ377+AZ469+AZ476+AZ380+AZ386+AZ404+AZ409+AZ489+AZ494+AZ497+AZ501+AZ427+AZ430+AZ508+AZ506+AZ436+AZ449+AZ456+AZ460+AZ463+AZ486+AZ487","v":0},null,null,{"$f":"BC485+BC377+BC469+BC476+BC380+BC386+BC404+BC409+BC489+BC494+BC497+BC501+BC427+BC430+BC508+BC506+BC436+BC449+BC456+BC460+BC463+BC486+BC487","v":0},null,{"$f":"BE485+BE377+BE469+BE476+BE380+BE386+BE404+BE409+BE489+BE494+BE497+BE501+BE427+BE430+BE508+BE506+BE436+BE449+BE456+BE460+BE463+BE486+BE487","v":0},{"$f":"BF485+BF377+BF469+BF476+BF380+BF386+BF404+BF409+BF489+BF494+BF497+BF501+BF427+BF430+BF508+BF506+BF436+BF449+BF456+BF460+BF463+BF486+BF487","v":0},null,0,null,{"$f":"BJ485+BJ377+BJ469+BJ476+BJ380+BJ386+BJ404+BJ409+BJ489+BJ494+BJ497+BJ501+BJ427+BJ430+BJ508+BJ506+BJ436+BJ449+BJ456+BJ460+BJ463+BJ486+BJ487","v":79092679.966890007},null,{"$f":"BL485+BL377+BL469+BL476+BL380+BL386+BL404+BL409+BL489+BL494+BL497+BL501+BL427+BL430+BL508+BL506+BL436+BL449+BL456+BL460+BL463+BL486+BL487","v":39628810.91815},{"$f":"BM485+BM377+BM469+BM476+BM380+BM386+BM404+BM409+BM489+BM494+BM497+BM501+BM427+BM430+BM508+BM506+BM436+BM449+BM456+BM460+BM463+BM486+BM487","v":118721490.88503999},0,null,{"$f":"BP485+BP377+BP469+BP476+BP380+BP386+BP404+BP409+BP489+BP494+BP497+BP501+BP427+BP430+BP508+BP506+BP436+BP449+BP456+BP460+BP463+BP486+BP487","v":19492565.704089995},null,{"$f":"BR485+BR377+BR469+BR476+BR380+BR386+BR404+BR409+BR489+BR494+BR497+BR501+BR427+BR430+BR508+BR506+BR436+BR449+BR456+BR460+BR463+BR486+BR487","v":11924785.113499999},{"$f":"BS485+BS377+BS469+BS476+BS380+BS386+BS404+BS409+BS489+BS494+BS497+BS501+BS427+BS430+BS508+BS506+BS436+BS449+BS456+BS460+BS463+BS486+BS487","v":31417350.817590002}]
["1.13.1","Модульные здания",null,null,null,{"$f":"F378+F379","v":653913.68999999994},null,{"$f":"H378+H379","v":4997424.9000000004},{"$f":"I378+I379","v":5651338.5899999999},null,null,null,{"$f":"M378+M379","v":0},null,{"$f":"O378+O379","v":0},{"$f":"P378+P379","v":0},null,null,{"$f":"S378+S379","v":653913.68999999994},null,{"$f":"U378+U379","v":4997424.9000000004},{"$f":"V378+V379","v":5651338.5899999999},null,null,{"$f":"Y378+Y379","v":0},null,{"$f":"AA378+AA379","v":0},{"$f":"AB378+AB379","v":0},null,null,{"$f":"AE378+AE379","v":0},null,{"$f":"AG378+AG379","v":0},{"$f":"AH378+AH379","v":0},null,null,{"$f":"AK378+AK379","v":0},null,{"$f":"AM378+AM379","v":0},{"$f":"AN378+AN379","v":0},null,null,{"$f":"AQ378+AQ379","v":0},null,{"$f":"AS378+AS379","v":0},{"$f":"AT378+AT379","v":0},null,null,{"$f":"AW378+AW379","v":0},null,{"$f":"AY378+AY379","v":0},{"$f":"AZ378+AZ379","v":0},null,null,{"$f":"BC378+BC379","v":0},null,{"$f":"BE378+BE379","v":0},{"$f":"BF378+BF379","v":0},null,0,null,{"$f":"BJ378+BJ379","v":653913.68999999994},null,{"$f":"BL378+BL379","v":4997424.9000000004},{"$f":"BM378+BM379","v":5651338.5899999999},0,null,{"$f":"BP378+BP379","v":0},null,{"$f":"BR378+BR379","v":0},{"$f":"BS378+BS379","v":0}]
["1.13.1.1","Модульный офис 2МД5","шт",1,239562,{"$f":"D378*E378","v":239562},1951576.9,{"$f":"D378*G378","v":1951576.9},{"$f":"E378*D378+G378*D378","v":2191138.9},null,null,239562,{"$f":"K378*L378","v":0},1951576.9,{"$f":"K378*N378","v":0},{"$f":"L378*K378+N378*K378","v":0},1,239562,{"$f":"Q378*R378","v":239562},1951576.9,{"$f":"Q378*T378","v":1951576.9},{"$f":"R378*Q378+T378*Q378","v":2191138.9},null,239562,{"$f":"W378*X378","v":0},1951576.9,{"$f":"W378*Z378","v":0},{"$f":"X378*W378+Z378*W378","v":0},null,239562,{"$f":"AC378*AD378","v":0},1951576.9,{"$f":"AC378*AF378","v":0},{"$f":"AD378*AC378+AF378*AC378","v":0},null,239562,{"$f":"AI378*AJ378","v":0},1951576.9,{"$f":"AI378*AL378","v":0},{"$f":"AJ378*AI378+AL378*AI378","v":0},null,239562,{"$f":"AO378*AP378","v":0},1951576.9,{"$f":"AO378*AR378","v":0},{"$f":"AP378*AO378+AR378*AO378","v":0},null,239562,{"$f":"AU378*AV378","v":0},1951576.9,{"$f":"AU378*AX378","v":0},{"$f":"AV378*AU378+AX378*AU378","v":0},null,239562,{"$f":"BA378*BB378","v":0},1951576.9,{"$f":"BA378*BD378","v":0},{"$f":"BB378*BA378+BD378*BA378","v":0},null,1,239562,{"$f":"BH378*BI378","v":239562},1951576.9,{"$f":"BH378*BK378","v":1951576.9},{"$f":"BI378*BH378+BK378*BH378","v":2191138.9},0,239562,{"$f":"BN378*BO378","v":0},1951576.9,{"$f":"BN378*BQ378","v":0},{"$f":"BO378*BN378+BQ378*BN378","v":0}]
["1.13.1.2","Модульный офис 4МД6","шт",1,414351.69,{"$f":"D379*E379","v":414351.69},3045848,{"$f":"D379*G379","v":3045848},{"$f":"E379*D379+G379*D379","v":3460199.69},null,null,414351.69,{"$f":"K379*L379","v":0},3045848,{"$f":"K379*N379","v":0},{"$f":"L379*K379+N379*K379","v":0},1,414351.69,{"$f":"Q379*R379","v":414351.69},3045848,{"$f":"Q379*T379","v":3045848},{"$f":"R379*Q379+T379*Q379","v":3460199.69},null,414351.69,{"$f":"W379*X379","v":0},3045848,{"$f":"W379*Z379","v":0},{"$f":"X379*W379+Z379*W379","v":0},null,414351.69,{"$f":"AC379*AD379","v":0},3045848,{"$f":"AC379*AF379","v":0},{"$f":"AD379*AC379+AF379*AC379","v":0},null,414351.69,{"$f":"AI379*AJ379","v":0},3045848,{"$f":"AI379*AL379","v":0},{"$f":"AJ379*AI379+AL379*AI379","v":0},null,414351.69,{"$f":"AO379*AP379","v":0},3045848,{"$f":"AO379*AR379","v":0},{"$f":"AP379*AO379+AR379*AO379","v":0},null,414351.69,{"$f":"AU379*AV379","v":0},3045848,{"$f":"AU379*AX379","v":0},{"$f":"AV379*AU379+AX379*AU379","v":0},null,414351.69,{"$f":"BA379*BB379","v":0},3045848,{"$f":"BA379*BD379","v":0},{"$f":"BB379*BA379+BD379*BA379","v":0},null,1,414351.69,{"$f":"BH379*BI379","v":414351.69},3045848,{"$f":"BH379*BK379","v":3045848},{"$f":"BI379*BH379+BK379*BH379","v":3460199.69},0,414351.69,{"$f":"BN379*BO379","v":0},3045848,{"$f":"BN379*BQ379","v":0},{"$f":"BO379*BN379+BQ379*BN379","v":0}]
["1.13.2","Заполнение проемов",null,null,null,{"$f":"F381+F382+F383+F384+F385","v":1102583},null,{"$f":"H381+H382+H383+H384+H385","v":6855698.9399999995},{"$f":"I381+I382+I383+I384+I385","v":7958281.9399999995},null,null,null,{"$f":"M381+M382+M383+M384+M385","v":0},null,{"$f":"O381+O382+O383+O384+O385","v":0},{"$f":"P381+P382+P383+P384+P385","v":0},null,null,{"$f":"S381+S382+S383+S384+S385","v":337980},null,{"$f":"U381+U382+U383+U384+U385","v":1736492.94},{"$f":"V381+V382+V383+V384+V385","v":2074472.94},null,null,{"$f":"Y381+Y382+Y383+Y384+Y385","v":734802},null,{"$f":"AA381+AA382+AA383+AA384+AA385","v":5056110},{"$f":"AB381+AB382+AB383+AB384+AB385","v":5790912},null,null,{"$f":"AE381+AE382+AE383+AE384+AE385","v":0},null,{"$f":"AG381+AG382+AG383+AG384+AG385","v":0},{"$f":"AH381+AH382+AH383+AH384+AH385","v":0},null,null,{"$f":"AK381+AK382+AK383+AK384+AK385","v":0},null,{"$f":"AM381+AM382+AM383+AM384+AM385","v":0},{"$f":"AN381+AN382+AN383+AN384+AN385","v":0},null,null,{"$f":"AQ381+AQ382+AQ383+AQ384+AQ385","v":0},null,{"$f":"AS381+AS382+AS383+AS384+AS385","v":0},{"$f":"AT381+AT382+AT383+AT384+AT385","v":0},null,null,{"$f":"AW381+AW382+AW383+AW384+AW385","v":0},null,{"$f":"AY381+AY382+AY383+AY384+AY385","v":0},{"$f":"AZ381+AZ382+AZ383+AZ384+AZ385","v":0},null,null,{"$f":"BC381+BC382+BC383+BC384+BC385","v":0},null,{"$f":"BE381+BE382+BE383+BE384+BE385","v":0},{"$f":"BF381+BF382+BF383+BF384+BF385","v":0},null,0,null,{"$f":"BJ381+BJ382+BJ383+BJ384+BJ385","v":1072782},null,{"$f":"BL381+BL382+BL383+BL384+BL385","v":6792602.9399999995},{"$f":"BM381+BM382+BM383+BM384+BM385","v":7865384.9399999995},0,null,{"$f":"BP381+BP382+BP383+BP384+BP385","v":29801},null,{"$f":"BR381+BR382+BR383+BR384+BR385","v":63096},{"$f":"BS381+BS382+BS383+BS384+BS385","v":92897}]
["1.13.2.1","Дверь противопожарная 2080х1470 EI-60, внутренняя глухая, с доводчиком","шт.",3,34934,{"$f":"D381*E381","v":104802},78870,{"$f":"D381*G381","v":236610},{"$f":"E381*D381+G381*D381","v":341412},null,null,34934,{"$f":"K381*L381","v":0},78870,{"$f":"K381*N381","v":0},{"$f":"L381*K381+N381*K381","v":0},null,34934,{"$f":"Q381*R381","v":0},78870,{"$f":"Q381*T381","v":0},{"$f":"R381*Q381+T381*Q381","v":0},3,34934,{"$f":"W381*X381","v":104802},78870,{"$f":"W381*Z381","v":236610},{"$f":"X381*W381+Z381*W381","v":341412},null,34934,{"$f":"AC381*AD381","v":0},78870,{"$f":"AC381*AF381","v":0},{"$f":"AD381*AC381+AF381*AC381","v":0},null,34934,{"$f":"AI381*AJ381","v":0},78870,{"$f":"AI381*AL381","v":0},{"$f":"AJ381*AI381+AL381*AI381","v":0},null,34934,{"$f":"AO381*AP381","v":0},78870,{"$f":"AO381*AR381","v":0},{"$f":"AP381*AO381+AR381*AO381","v":0},null,34934,{"$f":"AU381*AV381","v":0},78870,{"$f":"AU381*AX381","v":0},{"$f":"AV381*AU381+AX381*AU381","v":0},null,34934,{"$f":"BA381*BB381","v":0},78870,{"$f":"BA381*BD381","v":0},{"$f":"BB381*BA381+BD381*BA381","v":0},null,3,34934,{"$f":"BH381*BI381","v":104802},78870,{"$f":"BH381*BK381","v":236610},{"$f":"BI381*BH381+BK381*BH381","v":341412},0,34934,{"$f":"BN381*BO381","v":0},78870,{"$f":"BN381*BQ381","v":0},{"$f":"BO381*BN381+BQ381*BN381","v":0}]
["1.13.2.2","Дверь противопожарная 2380х980 EI-60 правая, внутренняя глухая, с доводчиком","шт.",1,29801,{"$f":"D382*E382","v":29801},63096,{"$f":"D382*G382","v":63096},92897,null,null,29801,{"$f":"K382*L382","v":0},63096,{"$f":"K382*N382","v":0},0,null,29801,{"$f":"Q382*R382","v":0},63096,{"$f":"Q382*T382","v":0},0,null,29801,{"$f":"W382*X382","v":0},63096,{"$f":"W382*Z382","v":0},0,null,29801,{"$f":"AC382*AD382","v":0},63096,{"$f":"AC382*AF382","v":0},0,null,29801,{"$f":"AI382*AJ382","v":0},63096,{"$f":"AI382*AL382","v":0},0,null,29801,{"$f":"AO382*AP382","v":0},63096,{"$f":"AO382*AR382","v":0},0,null,29801,{"$f":"AU382*AV382","v":0},63096,{"$f":"AU382*AX382","v":0},0,null,29801,{"$f":"BA382*BB382","v":0},63096,{"$f":"BA382*BD382","v":0},0,null,0,29801,{"$f":"BH382*BI382","v":0},63096,{"$f":"BH382*BK382","v":0},0,1,29801,{"$f":"BN382*BO382","v":29801},63096,{"$f":"BN382*BQ382","v":63096},92897]
["1.13.2.3","Ворота откатные противопожарные 8000х4500h EI-30","шт.",1,337980,{"$f":"D383*E383","v":337980},1736492.94,{"$f":"D383*G383","v":1736492.94},2074472.94,null,null,337980,{"$f":"K383*L383","v":0},1736492.94,{"$f":"K383*N383","v":0},0,1,337980,{"$f":"Q383*R383","v":337980},1736492.94,{"$f":"Q383*T383","v":1736492.94},2074472.94,null,337980,{"$f":"W383*X383","v":0},1736492.94,{"$f":"W383*Z383","v":0},0,null,337980,{"$f":"AC383*AD383","v":0},1736492.94,{"$f":"AC383*AF383","v":0},0,null,337980,{"$f":"AI383*AJ383","v":0},1736492.94,{"$f":"AI383*AL383","v":0},0,null,337980,{"$f":"AO383*AP383","v":0},1736492.94,{"$f":"AO383*AR383","v":0},0,null,337980,{"$f":"AU383*AV383","v":0},1736492.94,{"$f":"AU383*AX383","v":0},0,null,337980,{"$f":"BA383*BB383","v":0},1736492.94,{"$f":"BA383*BD383","v":0},0,null,1,337980,{"$f":"BH383*BI383","v":337980},1736492.94,{"$f":"BH383*BK383","v":1736492.94},2074472.94,0,337980,{"$f":"BN383*BO383","v":0},1736492.94,{"$f":"BN383*BQ383","v":0},0]
["1.13.2.4","Ворота секционные промышленные с калиткой и электроприводом 4000х5000h","шт.",2,90000,{"$f":"D384*E384","v":180000},567000,{"$f":"D384*G384","v":1134000},1314000,null,null,90000,{"$f":"K384*L384","v":0},567000,{"$f":"K384*N384","v":0},0,null,90000,{"$f":"Q384*R384","v":0},567000,{"$f":"Q384*T384","v":0},0,2,90000,{"$f":"W384*X384","v":180000},567000,{"$f":"W384*Z384","v":1134000},1314000,null,90000,{"$f":"AC384*AD384","v":0},567000,{"$f":"AC384*AF384","v":0},0,null,90000,{"$f":"AI384*AJ384","v":0},567000,{"$f":"AI384*AL384","v":0},0,null,90000,{"$f":"AO384*AP384","v":0},567000,{"$f":"AO384*AR384","v":0},0,null,90000,{"$f":"AU384*AV384","v":0},567000,{"$f":"AU384*AX384","v":0},0,null,90000,{"$f":"BA384*BB384","v":0},567000,{"$f":"BA384*BD384","v":0},0,null,2,90000,{"$f":"BH384*BI384","v":180000},567000,{"$f":"BH384*BK384","v":1134000},1314000,0,90000,{"$f":"BN384*BO384","v":0},567000,{"$f":"BN384*BQ384","v":0},0]
["1.13.2.5","Ворота секционные промышленные с калиткой и электроприводом 4700х5000h","шт.",5,90000,{"$f":"D385*E385","v":450000},737100,{"$f":"D385*G385","v":3685500},4135500,null,null,90000,{"$f":"K385*L385","v":0},737100,{"$f":"K385*N385","v":0},0,null,90000,{"$f":"Q385*R385","v":0},737100,{"$f":"Q385*T385","v":0},0,5,90000,{"$f":"W385*X385","v":450000},737100,{"$f":"W385*Z385","v":3685500},4135500,null,90000,{"$f":"AC385*AD385","v":0},737100,{"$f":"AC385*AF385","v":0},0,null,90000,{"$f":"AI385*AJ385","v":0},737100,{"$f":"AI385*AL385","v":0},0,null,90000,{"$f":"AO385*AP385","v":0},737100,{"$f":"AO385*AR385","v":0},0,null,90000,{"$f":"AU385*AV385","v":0},737100,{"$f":"AU385*AX385","v":0},0,null,90000,{"$f":"BA385*BB385","v":0},737100,{"$f":"BA385*BD385","v":0},0,null,5,90000,{"$f":"BH385*BI385","v":450000},737100,{"$f":"BH385*BK385","v":3685500},4135500,0,90000,{"$f":"BN385*BO385","v":0},737100,{"$f":"BN385*BQ385","v":0},0]
["1.13.3","Устройство перемычек, обрамление проемов ворот, закладка оконных проемов ",null,null,null,{"$f":"SUM(F387:F403)","v":3427405.8353800001},null,{"$f":"SUM(H387:H403)","v":3148873.3837000001},{"$f":"SUM(I387:I403)","v":6576279.2190800011},null,null,null,{"$f":"SUM(M387:M403)","v":0},null,{"$f":"SUM(O387:O403)","v":0},{"$f":"SUM(P387:P403)","v":0},null,null,{"$f":"SUM(S387:S403)","v":0},null,{"$f":"SUM(U387:U403)","v":0},{"$f":"SUM(V387:V403)","v":0},null,null,{"$f":"SUM(Y387:Y403)","v":1790376.3006899999},null,{"$f":"SUM(AA387:AA403)","v":1369543.0398500001},{"$f":"SUM(AB387:AB403)","v":3159919.3405400002},null,null,{"$f":"SUM(AE387:AE403)","v":0},null,{"$f":"SUM(AG387:AG403)","v":0},{"$f":"SUM(AH387:AH403)","v":0},null,null,{"$f":"SUM(AK387:AK403)","v":0},null,{"$f":"SUM(AM387:AM403)","v":0},{"$f":"SUM(AN387:AN403)","v":0},null,null,{"$f":"SUM(AQ387:AQ403)","v":0},null,{"$f":"SUM(AS387:AS403)","v":0},{"$f":"SUM(AT387:AT403)","v":0},null,null,{"$f":"SUM(AW387:AW403)","v":0},null,{"$f":"SUM(AY387:AY403)","v":0},{"$f":"SUM(AZ387:AZ403)","v":0},null,null,{"$f":"SUM(BC387:BC403)","v":0},null,{"$f":"SUM(BE387:BE403)","v":0},{"$f":"SUM(BF387:BF403)","v":0},null,0,null,{"$f":"SUM(BJ387:BJ403)","v":1790376.3006899999},null,{"$f":"SUM(BL387:BL403)","v":1369543.0398500001},{"$f":"SUM(BM387:BM403)","v":3159919.3405400002},0,null,{"$f":"SUM(BP387:BP403)","v":1637029.5346899999},null,{"$f":"SUM(BR387:BR403)","v":1779330.3438500001},{"$f":"SUM(BS387:BS403)","v":3416359.8785400004}]
["1.13.3.1","Изготовление металлических перемычек: резка металла, обрамление на сварке м/листом по низу двутавровой конструкции) L=6м (7шт.) ","т",3.78,114800,{"$f":"D387*E387","v":433944},91879.3,{"$f":"D387*G387","v":347303.75400000002},{"$f":"E387*D387+G387*D387","v":781247.75399999996},null,null,114800,{"$f":"K387*L387","v":0},91879.3,{"$f":"K387*N387","v":0},{"$f":"L387*K387+N387*K387","v":0},null,114800,{"$f":"Q387*R387","v":0},91879.3,{"$f":"Q387*T387","v":0},{"$f":"R387*Q387+T387*Q387","v":0},3.78,114800,{"$f":"W387*X387","v":433944},91879.3,{"$f":"W387*Z387","v":347303.75400000002},{"$f":"X387*W387+Z387*W387","v":781247.75399999996},null,114800,{"$f":"AC387*AD387","v":0},91879.3,{"$f":"AC387*AF387","v":0},{"$f":"AD387*AC387+AF387*AC387","v":0},null,114800,{"$f":"AI387*AJ387","v":0},91879.3,{"$f":"AI387*AL387","v":0},{"$f":"AJ387*AI387+AL387*AI387","v":0},null,114800,{"$f":"AO387*AP387","v":0},91879.3,{"$f":"AO387*AR387","v":0},{"$f":"AP387*AO387+AR387*AO387","v":0},null,114800,{"$f":"AU387*AV387","v":0},91879.3,{"$f":"AU387*AX387","v":0},{"$f":"AV387*AU387+AX387*AU387","v":0},null,114800,{"$f":"BA387*BB387","v":0},91879.3,{"$f":"BA387*BD387","v":0},{"$f":"BB387*BA387+BD387*BA387","v":0},null,3.78,114800,{"$f":"BH387*BI387","v":433944},91879.3,{"$f":"BH387*BK387","v":347303.75400000002},{"$f":"BI387*BH387+BK387*BH387","v":781247.75399999996},0,114800,{"$f":"BN387*BO387","v":0},91879.3,{"$f":"BN387*BQ387","v":0},{"$f":"BO387*BN387+BQ387*BN387","v":0}]
["1.13.3.2","Установка изготовленных перемычек с заполнением кирпичом (с учетом приготовления ц/п раствора вручную в построечных условиях)","проём",7,67567.990000000005,472975.93000000005,11231.08,{"$f":"D388*G388","v":78617.56},551593.49,null,null,67567.990000000005,0,11231.08,{"$f":"K388*N388","v":0},0,null,67567.990000000005,0,11231.08,{"$f":"Q388*T388","v":0},0,4,67567.990000000005,270271.96000000002,11231.08,{"$f":"W388*Z388","v":44924.32},315196.28000000003,null,67567.990000000005,0,11231.08,{"$f":"AC388*AF388","v":0},0,null,67567.990000000005,0,11231.08,{"$f":"AI388*AL388","v":0},0,null,67567.990000000005,0,11231.08,{"$f":"AO388*AR388","v":0},0,null,67567.990000000005,0,11231.08,{"$f":"AU388*AX388","v":0},0,null,67567.990000000005,0,11231.08,{"$f":"BA388*BD388","v":0},0,null,4,67567.990000000005,270271.96000000002,11231.08,{"$f":"BH388*BK388","v":44924.32},315196.28000000003,3,67567.990000000005,202703.97000000003,11231.08,{"$f":"BN388*BQ388","v":33693.24},236397.21000000002]
["1.13.3.3","Заполнение оконных проемов кирпичем (380мм ) (с учетом приготовления ц/п раствора вручную в построечных условиях)","м3",21.8,10218,222752.4,29000,{"$f":"D389*G389","v":632200},854952.4,null,null,10218,0,29000,{"$f":"K389*N389","v":0},0,null,10218,0,29000,{"$f":"Q389*T389","v":0},0,10,10218,102180,29000,{"$f":"W389*Z389","v":290000},392180,null,10218,0,29000,{"$f":"AC389*AF389","v":0},0,null,10218,0,29000,{"$f":"AI389*AL389","v":0},0,null,10218,0,29000,{"$f":"AO389*AR389","v":0},0,null,10218,0,29000,{"$f":"AU389*AX389","v":0},0,null,10218,0,29000,{"$f":"BA389*BD389","v":0},0,null,10,10218,102180,29000,{"$f":"BH389*BK389","v":290000},392180,11.8,10218,120572.40000000001,29000,{"$f":"BN389*BQ389","v":342200},462772.4]
["1.13.3.4","Приготовление раствора вручную в построечных условиях","м3",6.2,3838.72,23800.063999999998,8948.59,{"$f":"D390*G390","v":55481.258000000002},79281.322,null,null,3838.72,0,8948.59,{"$f":"K390*N390","v":0},0,null,3838.72,0,8948.59,{"$f":"Q390*T390","v":0},0,3,3838.72,11516.16,8948.59,{"$f":"W390*Z390","v":26845.77},38361.93,null,3838.72,0,8948.59,{"$f":"AC390*AF390","v":0},0,null,3838.72,0,8948.59,{"$f":"AI390*AL390","v":0},0,null,3838.72,0,8948.59,{"$f":"AO390*AR390","v":0},0,null,3838.72,0,8948.59,{"$f":"AU390*AX390","v":0},0,null,3838.72,0,8948.59,{"$f":"BA390*BD390","v":0},0,null,3,3838.72,11516.16,8948.59,{"$f":"BH390*BK390","v":26845.77},38361.93,3.2,3838.72,12283.904,8948.59,{"$f":"BN390*BQ390","v":28635.488000000001},40919.392]
["1.13.3.5","Изготовление дополнительных перемычек ворот для устройства потолочных откосов проёмов (43,7м)","т",0.95799999999999996,110700,106050.59999999999,120610.65,{"$f":"D391*G391","v":115545.00269999998},221595.60269999999,null,null,110700,0,120610.65,{"$f":"K391*N391","v":0},0,null,110700,0,120610.65,{"$f":"Q391*T391","v":0},0,0.47899999999999998,110700,53025.299999999996,120610.65,{"$f":"W391*Z391","v":57772.501349999991},110797.80134999999,null,110700,0,120610.65,{"$f":"AC391*AF391","v":0},0,null,110700,0,120610.65,{"$f":"AI391*AL391","v":0},0,null,110700,0,120610.65,{"$f":"AO391*AR391","v":0},0,null,110700,0,120610.65,{"$f":"AU391*AX391","v":0},0,null,110700,0,120610.65,{"$f":"BA391*BD391","v":0},0,null,0.47899999999999998,110700,53025.299999999996,120610.65,{"$f":"BH391*BK391","v":57772.501349999991},110797.80134999999,0.47899999999999998,110700,53025.299999999996,120610.65,{"$f":"BN391*BQ391","v":57772.501349999991},110797.80134999999]
["1.13.3.6","Монтаж дополнительных перемычек ворот для устройства потолочных откосов проёмов (43,7м)","т",0.95799999999999996,65155.11,62418.595379999999,0,null,62418.595379999999,null,null,65155.11,0,0,null,0,null,65155.11,0,0,null,0,0.47899999999999998,65155.11,31209.297689999999,0,null,31209.297689999999,null,65155.11,0,0,null,0,null,65155.11,0,0,null,0,null,65155.11,0,0,null,0,null,65155.11,0,0,null,0,null,65155.11,0,0,null,0,null,0.47899999999999998,65155.11,31209.297689999999,0,null,31209.297689999999,0.47899999999999998,65155.11,31209.297689999999,0,null,31209.297689999999]
["1.13.3.7","Антикорозийная защита изготовленных перемычек: грунтование в 1слой ГФ-021, покрытие эмалью ПФ-115 в один слой","м2",103.4,510.72,52808.448000000004,75.099999999999994,{"$f":"D393*G393","v":7765.34},60573.788,null,null,510.72,0,75.099999999999994,{"$f":"K393*N393","v":0},0,null,510.72,0,75.099999999999994,{"$f":"Q393*T393","v":0},0,51.7,510.72,26404.224000000002,75.099999999999994,{"$f":"W393*Z393","v":3882.67},30286.894,null,510.72,0,75.099999999999994,{"$f":"AC393*AF393","v":0},0,null,510.72,0,75.099999999999994,{"$f":"AI393*AL393","v":0},0,null,510.72,0,75.099999999999994,{"$f":"AO393*AR393","v":0},0,null,510.72,0,75.099999999999994,{"$f":"AU393*AX393","v":0},0,null,510.72,0,75.099999999999994,{"$f":"BA393*BD393","v":0},0,null,51.7,510.72,26404.224000000002,75.099999999999994,{"$f":"BH393*BK393","v":3882.67},30286.894,51.7,510.72,26404.224000000002,75.099999999999994,{"$f":"BN393*BQ393","v":3882.67},30286.894]
["1.13.3.8","Утепление верха м/к ворот сэндвич-панелями","м2",14,2711,37954,7373,103222,141176,null,null,2711,0,7373,0,0,null,2711,0,7373,0,0,7,2711,18977,7373,51611,70588,null,2711,0,7373,0,0,null,2711,0,7373,0,0,null,2711,0,7373,0,0,null,2711,0,7373,0,0,null,2711,0,7373,0,0,null,7,2711,18977,7373,51611,70588,7,2711,18977,7373,51611,70588]
["1.13.3.9","Устройство ц/п защитныж стяжек фасонными элементами","м2",29.3,7613.42,223073.20600000001,1499.87,43946.190999999999,267019.397,null,null,7613.42,0,1499.87,0,0,null,7613.42,0,1499.87,0,0,14.65,7613.42,111536.603,1499.87,21973.095499999999,133509.6985,null,7613.42,0,1499.87,0,0,null,7613.42,0,1499.87,0,0,null,7613.42,0,1499.87,0,0,null,7613.42,0,1499.87,0,0,null,7613.42,0,1499.87,0,0,null,14.65,7613.42,111536.603,1499.87,21973.095499999999,133509.6985,14.65,7613.42,111536.603,1499.87,21973.095499999999,133509.6985]
["1.13.3.10","Изготовление на строительной площадке металлоконструкций ","т",5.3,119945,635708.5,191172.64,1013214.9920000001,1648923.4920000001,null,null,119945,0,191172.64,0,0,null,119945,0,191172.64,0,0,2.65,119945,317854.25,191172.64,506607.49600000004,824461.74600000004,null,119945,0,191172.64,0,0,null,119945,0,191172.64,0,0,null,119945,0,191172.64,0,0,null,119945,0,191172.64,0,0,null,119945,0,191172.64,0,0,null,2.65,119945,317854.25,191172.64,506607.49600000004,824461.74600000004,2.65,119945,317854.25,191172.64,506607.49600000004,824461.74600000004]
["1.13.3.11","Монтаж изготовленных металлоконструкций","т",5.3,138792.24,735598.87199999997,1277.6199999999999,6771.3859999999995,742370.25800000003,null,null,138792.24,0,1277.6199999999999,0,0,null,138792.24,0,1277.6199999999999,0,0,2.65,138792.24,367799.43599999999,1277.6199999999999,3385.6929999999998,371185.12900000002,null,138792.24,0,1277.6199999999999,0,0,null,138792.24,0,1277.6199999999999,0,0,null,138792.24,0,1277.6199999999999,0,0,null,138792.24,0,1277.6199999999999,0,0,null,138792.24,0,1277.6199999999999,0,0,null,2.65,138792.24,367799.43599999999,1277.6199999999999,3385.6929999999998,371185.12900000002,2.65,138792.24,367799.43599999999,1277.6199999999999,3385.6929999999998,371185.12900000002]
["1.13.3.12","Покрытие металлоконструкций  грунтовкой ГФ-021 (2 слоя)). Общая толщина не менее 80 мкм","м2",149,306.43,45658.07,45.4,6764.5999999999995,52422.67,null,null,306.43,0,45.4,0,0,null,306.43,0,45.4,0,0,74.5,306.43,22829.035,45.4,3382.2999999999997,26211.334999999999,null,306.43,0,45.4,0,0,null,306.43,0,45.4,0,0,null,306.43,0,45.4,0,0,null,306.43,0,45.4,0,0,null,306.43,0,45.4,0,0,null,74.5,306.43,22829.035,45.4,3382.2999999999997,26211.334999999999,74.5,306.43,22829.035,45.4,3382.2999999999997,26211.334999999999]
["1.13.3.13","Покрытие металлоконструкций  эмалью ПФ-115 (2 слоя). Общая толщина не менее 80 мкм","м2",149,306.43,45658.07,159.12,23708.880000000001,69366.95,null,null,306.43,0,159.12,0,0,null,306.43,0,159.12,0,0,74.5,306.43,22829.035,159.12,11854.44,34683.474999999999,null,306.43,0,159.12,0,0,null,306.43,0,159.12,0,0,null,306.43,0,159.12,0,0,null,306.43,0,159.12,0,0,null,306.43,0,159.12,0,0,null,74.5,306.43,22829.035,159.12,11854.44,34683.474999999999,74.5,306.43,22829.035,159.12,11854.44,34683.474999999999]
["1.13.3.14","Кладка из кирпича ","м3",23.2,10218,237057.6,29000,672800,909857.6,null,null,10218,0,29000,0,0,null,10218,0,29000,0,0,null,10218,0,29000,0,0,null,10218,0,29000,0,0,null,10218,0,29000,0,0,null,10218,0,29000,0,0,null,10218,0,29000,0,0,null,10218,0,29000,0,0,null,0,10218,0,29000,0,0,23.2,10218,237057.6,29000,672800,909857.6]
["1.13.3.15","Армирование кладки сетками 50x50x3","м2",54,411.6,22226.400000000001,152.5,8235,30461.4,null,null,411.6,0,152.5,0,0,null,411.6,0,152.5,0,0,null,411.6,0,152.5,0,0,null,411.6,0,152.5,0,0,null,411.6,0,152.5,0,0,null,411.6,0,152.5,0,0,null,411.6,0,152.5,0,0,null,411.6,0,152.5,0,0,null,0,411.6,0,152.5,0,0,54,411.6,22226.400000000001,152.5,8235,30461.4]
["1.13.3.16","Сверленние отверстий Ø12х150 ","шт.",78,474.58,37017.24,0,null,37017.24,null,null,474.58,0,0,null,0,null,474.58,0,0,null,0,null,474.58,0,0,0,0,null,474.58,0,0,null,0,null,474.58,0,0,null,0,null,474.58,0,0,null,0,null,474.58,0,0,null,0,null,474.58,0,0,null,0,null,0,474.58,0,0,null,0,78,474.58,37017.24,0,null,37017.24]
["1.13.3.17","Установка анкеров на высокопрочный клеевой состав","шт.",78,419.28,32703.839999999997,426.89,{"$f":"D403*G403","v":33297.42},66001.259999999995,null,null,419.28,0,426.89,{"$f":"K403*N403","v":0},0,null,419.28,0,426.89,{"$f":"Q403*T403","v":0},0,null,419.28,0,426.89,{"$f":"W403*Z403","v":0},0,null,419.28,0,426.89,{"$f":"AC403*AF403","v":0},0,null,419.28,0,426.89,{"$f":"AI403*AL403","v":0},0,null,419.28,0,426.89,{"$f":"AO403*AR403","v":0},0,null,419.28,0,426.89,{"$f":"AU403*AX403","v":0},0,null,419.28,0,426.89,{"$f":"BA403*BD403","v":0},0,null,0,419.28,0,426.89,{"$f":"BH403*BK403","v":0},0,78,419.28,32703.839999999997,426.89,{"$f":"BN403*BQ403","v":33297.42},66001.259999999995]
["1.13.4","Подстилающий слой пола вокруг ж/д путей",null,null,null,{"$f":"F405+F406+F407+F408","v":4966812},null,{"$f":"H405+H406+H407+H408","v":4087491.3},{"$f":"I405+I406+I407+I408","v":9054303.3000000007},null,null,null,{"$f":"M405+M406+M407+M408","v":1220800},null,{"$f":"O405+O406+O407+O408","v":1499800},{"$f":"P405+P406+P407+P408","v":2720600},null,null,{"$f":"S405+S406+S407+S408","v":0},null,{"$f":"U405+U406+U407+U408","v":0},{"$f":"V405+V406+V407+V408","v":0},null,null,{"$f":"Y405+Y406+Y407+Y408","v":511995.288},null,{"$f":"AA405+AA406+AA407+AA408","v":508745.53220000002},{"$f":"AB405+AB406+AB407+AB408","v":1020740.8202},null,null,{"$f":"AE405+AE406+AE407+AE408","v":0},null,{"$f":"AG405+AG406+AG407+AG408","v":0},{"$f":"AH405+AH406+AH407+AH408","v":0},null,null,{"$f":"AK405+AK406+AK407+AK408","v":0},null,{"$f":"AM405+AM406+AM407+AM408","v":0},{"$f":"AN405+AN406+AN407+AN408","v":0},null,null,{"$f":"AQ405+AQ406+AQ407+AQ408","v":0},null,{"$f":"AS405+AS406+AS407+AS408","v":0},{"$f":"AT405+AT406+AT407+AT408","v":0},null,null,{"$f":"AW405+AW406+AW407+AW408","v":0},null,{"$f":"AY405+AY406+AY407+AY408","v":0},{"$f":"AZ405+AZ406+AZ407+AZ408","v":0},null,null,{"$f":"BC405+BC406+BC407+BC408","v":0},null,{"$f":"BE405+BE406+BE407+BE408","v":0},{"$f":"BF405+BF406+BF407+BF408","v":0},null,0,null,{"$f":"BJ405+BJ406+BJ407+BJ408","v":1732795.2879999999},null,{"$f":"BL405+BL406+BL407+BL408","v":2008545.5322},{"$f":"BM405+BM406+BM407+BM408","v":3741340.8202},0,null,{"$f":"BP405+BP406+BP407+BP408","v":3234016.7119999998},null,{"$f":"BR405+BR406+BR407+BR408","v":2078945.7678},{"$f":"BS405+BS406+BS407+BS408","v":5312962.4797999999}]
["1.13.4.1","Устройство монолитного железобетонного покрытия пола из бетона кл. В25, W4, F50 толщиной 150 мм","м3",198,12208,{"$f":"D405*E405","v":2417184},14998,{"$f":"D405*G405","v":2969604},{"$f":"E405*D405+G405*D405","v":5386788},null,100,12208,{"$f":"K405*L405","v":1220800},14998,{"$f":"K405*N405","v":1499800},{"$f":"L405*K405+N405*K405","v":2720600},null,12208,{"$f":"Q405*R405","v":0},14998,{"$f":"Q405*T405","v":0},{"$f":"R405*Q405+T405*Q405","v":0},30,12208,{"$f":"W405*X405","v":366240},14998,{"$f":"W405*Z405","v":449940},{"$f":"X405*W405+Z405*W405","v":816180},null,12208,{"$f":"AC405*AD405","v":0},14998,{"$f":"AC405*AF405","v":0},{"$f":"AD405*AC405+AF405*AC405","v":0},null,12208,{"$f":"AI405*AJ405","v":0},14998,{"$f":"AI405*AL405","v":0},{"$f":"AJ405*AI405+AL405*AI405","v":0},null,12208,{"$f":"AO405*AP405","v":0},14998,{"$f":"AO405*AR405","v":0},{"$f":"AP405*AO405+AR405*AO405","v":0},null,12208,{"$f":"AU405*AV405","v":0},14998,{"$f":"AU405*AX405","v":0},{"$f":"AV405*AU405+AX405*AU405","v":0},null,12208,{"$f":"BA405*BB405","v":0},14998,{"$f":"BA405*BD405","v":0},{"$f":"BB405*BA405+BD405*BA405","v":0},null,130,12208,{"$f":"BH405*BI405","v":1587040},14998,{"$f":"BH405*BK405","v":1949740},{"$f":"BI405*BH405+BK405*BH405","v":3536780},68,12208,{"$f":"BN405*BO405","v":830144},14998,{"$f":"BN405*BQ405","v":1019864},{"$f":"BO405*BN405+BQ405*BN405","v":1850008}]
["1.13.4.2","Проливка балласта щебеночного цементным раствором М100 на глубину 50 мм","м2",990,1360.8,{"$f":"D406*E406","v":1347192},549.02,{"$f":"D406*G406","v":543529.79999999993},{"$f":"E406*D406+G406*D406","v":1890721.7999999998},null,null,1360.8,{"$f":"K406*L406","v":0},549.02,{"$f":"K406*N406","v":0},{"$f":"L406*K406+N406*K406","v":0},null,1360.8,{"$f":"Q406*R406","v":0},549.02,{"$f":"Q406*T406","v":0},{"$f":"R406*Q406+T406*Q406","v":0},107.11,1360.8,{"$f":"W406*X406","v":145755.288},549.02,{"$f":"W406*Z406","v":58805.532199999994},{"$f":"X406*W406+Z406*W406","v":204560.82019999999},null,1360.8,{"$f":"AC406*AD406","v":0},549.02,{"$f":"AC406*AF406","v":0},{"$f":"AD406*AC406+AF406*AC406","v":0},null,1360.8,{"$f":"AI406*AJ406","v":0},549.02,{"$f":"AI406*AL406","v":0},{"$f":"AJ406*AI406+AL406*AI406","v":0},null,1360.8,{"$f":"AO406*AP406","v":0},549.02,{"$f":"AO406*AR406","v":0},{"$f":"AP406*AO406+AR406*AO406","v":0},null,1360.8,{"$f":"AU406*AV406","v":0},549.02,{"$f":"AU406*AX406","v":0},{"$f":"AV406*AU406+AX406*AU406","v":0},null,1360.8,{"$f":"BA406*BB406","v":0},549.02,{"$f":"BA406*BD406","v":0},{"$f":"BB406*BA406+BD406*BA406","v":0},null,107.11,1360.8,{"$f":"BH406*BI406","v":145755.288},549.02,{"$f":"BH406*BK406","v":58805.532199999994},{"$f":"BI406*BH406+BK406*BH406","v":204560.82019999999},882.89,1360.8,{"$f":"BN406*BO406","v":1201436.7119999998},549.02,{"$f":"BN406*BQ406","v":484724.26779999997},{"$f":"BO406*BN406+BQ406*BN406","v":1686160.9797999999}]
["1.13.4.3","Профилированная мембрана Planter","м2",1378,324,{"$f":"D407*E407","v":446472},252,{"$f":"D407*G407","v":347256},{"$f":"E407*D407+G407*D407","v":793728},null,null,324,{"$f":"K407*L407","v":0},252,{"$f":"K407*N407","v":0},{"$f":"L407*K407+N407*K407","v":0},null,324,{"$f":"Q407*R407","v":0},252,{"$f":"Q407*T407","v":0},{"$f":"R407*Q407+T407*Q407","v":0},null,324,{"$f":"W407*X407","v":0},252,{"$f":"W407*Z407","v":0},{"$f":"X407*W407+Z407*W407","v":0},null,324,{"$f":"AC407*AD407","v":0},252,{"$f":"AC407*AF407","v":0},{"$f":"AD407*AC407+AF407*AC407","v":0},null,324,{"$f":"AI407*AJ407","v":0},252,{"$f":"AI407*AL407","v":0},{"$f":"AJ407*AI407+AL407*AI407","v":0},null,324,{"$f":"AO407*AP407","v":0},252,{"$f":"AO407*AR407","v":0},{"$f":"AP407*AO407+AR407*AO407","v":0},null,324,{"$f":"AU407*AV407","v":0},252,{"$f":"AU407*AX407","v":0},{"$f":"AV407*AU407+AX407*AU407","v":0},null,324,{"$f":"BA407*BB407","v":0},252,{"$f":"BA407*BD407","v":0},{"$f":"BB407*BA407+BD407*BA407","v":0},null,0,324,{"$f":"BH407*BI407","v":0},252,{"$f":"BH407*BK407","v":0},{"$f":"BI407*BH407+BK407*BH407","v":0},1378,324,{"$f":"BN407*BO407","v":446472},252,{"$f":"BN407*BQ407","v":347256},{"$f":"BO407*BN407+BQ407*BN407","v":793728}]
["1.13.4.4","Шлифовка поверхности покрытия с использованием порошкового упрочнителя","м2",450,1679.92,{"$f":"D408*E408","v":755964},504.67,{"$f":"D408*G408","v":227101.5},{"$f":"E408*D408+G408*D408","v":983065.5},null,null,1679.92,{"$f":"K408*L408","v":0},504.67,{"$f":"K408*N408","v":0},{"$f":"L408*K408+N408*K408","v":0},null,1679.92,{"$f":"Q408*R408","v":0},504.67,{"$f":"Q408*T408","v":0},{"$f":"R408*Q408+T408*Q408","v":0},null,1679.92,{"$f":"W408*X408","v":0},504.67,{"$f":"W408*Z408","v":0},{"$f":"X408*W408+Z408*W408","v":0},null,1679.92,{"$f":"AC408*AD408","v":0},504.67,{"$f":"AC408*AF408","v":0},{"$f":"AD408*AC408+AF408*AC408","v":0},null,1679.92,{"$f":"AI408*AJ408","v":0},504.67,{"$f":"AI408*AL408","v":0},{"$f":"AJ408*AI408+AL408*AI408","v":0},null,1679.92,{"$f":"AO408*AP408","v":0},504.67,{"$f":"AO408*AR408","v":0},{"$f":"AP408*AO408+AR408*AO408","v":0},null,1679.92,{"$f":"AU408*AV408","v":0},504.67,{"$f":"AU408*AX408","v":0},{"$f":"AV408*AU408+AX408*AU408","v":0},null,1679.92,{"$f":"BA408*BB408","v":0},504.67,{"$f":"BA408*BD408","v":0},{"$f":"BB408*BA408+BD408*BA408","v":0},null,0,1679.92,{"$f":"BH408*BI408","v":0},504.67,{"$f":"BH408*BK408","v":0},{"$f":"BI408*BH408+BK408*BH408","v":0},450,1679.92,{"$f":"BN408*BO408","v":755964},504.67,{"$f":"BN408*BQ408","v":227101.5},{"$f":"BO408*BN408+BQ408*BN408","v":983065.5}]
["1.13.5","Локальный ремонт полов сборочного цеха",null,null,null,{"$f":"SUM(F410:F426)","v":579069.04640000011},null,{"$f":"SUM(H410:H426)","v":276280.41680000001},{"$f":"SUM(I410:I426)","v":855349.4632},null,null,null,{"$f":"SUM(M410:M426)","v":0},null,{"$f":"SUM(O410:O426)","v":0},{"$f":"SUM(P410:P426)","v":0},null,null,{"$f":"SUM(S410:S426)","v":0},null,{"$f":"SUM(U410:U426)","v":0},{"$f":"SUM(V410:V426)","v":0},null,null,{"$f":"SUM(Y410:Y426)","v":0},null,{"$f":"SUM(AA410:AA426)","v":0},{"$f":"SUM(AB410:AB426)","v":0},null,null,{"$f":"SUM(AE410:AE426)","v":0},null,{"$f":"SUM(AG410:AG426)","v":0},{"$f":"SUM(AH410:AH426)","v":0},null,null,{"$f":"SUM(AK410:AK426)","v":0},null,{"$f":"SUM(AM410:AM426)","v":0},{"$f":"SUM(AN410:AN426)","v":0},null,null,{"$f":"SUM(AQ410:AQ426)","v":0},null,{"$f":"SUM(AS410:AS426)","v":0},{"$f":"SUM(AT410:AT426)","v":0},null,null,{"$f":"SUM(AW410:AW426)","v":0},null,{"$f":"SUM(AY410:AY426)","v":0},{"$f":"SUM(AZ410:AZ426)","v":0},null,null,{"$f":"SUM(BC410:BC426)","v":0},null,{"$f":"SUM(BE410:BE426)","v":0},{"$f":"SUM(BF410:BF426)","v":0},null,0,null,{"$f":"SUM(BJ410:BJ426)","v":0},null,{"$f":"SUM(BL410:BL426)","v":0},{"$f":"SUM(BM410:BM426)","v":0},0,null,{"$f":"SUM(BP410:BP426)","v":579069.04640000011},null,{"$f":"SUM(BR410:BR426)","v":276280.41680000001},{"$f":"SUM(BS410:BS426)","v":855349.4632}]
["1.13.5.1","Демонтаж металлического обрамления уголком 50х50 мм","п.м.",7.2,3144,{"$f":"D410*E410","v":22636.799999999999},0,null,{"$f":"E410*D410+G410*D410","v":22636.799999999999},null,null,3144,{"$f":"K410*L410","v":0},0,null,{"$f":"L410*K410+N410*K410","v":0},null,3144,{"$f":"Q410*R410","v":0},0,null,{"$f":"R410*Q410+T410*Q410","v":0},null,3144,{"$f":"W410*X410","v":0},0,null,{"$f":"X410*W410+Z410*W410","v":0},null,3144,{"$f":"AC410*AD410","v":0},0,null,{"$f":"AD410*AC410+AF410*AC410","v":0},null,3144,{"$f":"AI410*AJ410","v":0},0,null,{"$f":"AJ410*AI410+AL410*AI410","v":0},null,3144,{"$f":"AO410*AP410","v":0},0,null,{"$f":"AP410*AO410+AR410*AO410","v":0},null,3144,{"$f":"AU410*AV410","v":0},0,null,{"$f":"AV410*AU410+AX410*AU410","v":0},null,3144,{"$f":"BA410*BB410","v":0},0,null,{"$f":"BB410*BA410+BD410*BA410","v":0},null,0,3144,{"$f":"BH410*BI410","v":0},0,null,{"$f":"BI410*BH410+BK410*BH410","v":0},7.2,3144,{"$f":"BN410*BO410","v":22636.799999999999},0,null,{"$f":"BO410*BN410+BQ410*BN410","v":22636.799999999999}]
["1.13.5.2","Армирование сеткой - анкера в боковые стены","кв.м.",2.88,1372.88,3953.8944000000001,150.81,{"$f":"D411*G411","v":434.33279999999996},4388.2272000000003,null,null,1372.88,0,150.81,{"$f":"K411*N411","v":0},0,null,1372.88,0,150.81,{"$f":"Q411*T411","v":0},0,null,1372.88,0,150.81,{"$f":"W411*Z411","v":0},0,null,1372.88,0,150.81,{"$f":"AC411*AF411","v":0},0,null,1372.88,0,150.81,{"$f":"AI411*AL411","v":0},0,null,1372.88,0,150.81,{"$f":"AO411*AR411","v":0},0,null,1372.88,0,150.81,{"$f":"AU411*AX411","v":0},0,null,1372.88,0,150.81,{"$f":"BA411*BD411","v":0},0,null,0,1372.88,0,150.81,{"$f":"BH411*BK411","v":0},0,2.88,1372.88,3953.8944000000001,150.81,{"$f":"BN411*BQ411","v":434.33279999999996},4388.2272000000003]
["1.13.5.3","Подготовка, заливка бетона В25","кв.м.",2.88,2602.9699999999998,7496.5535999999993,0,null,7496.5535999999993,null,null,2602.9699999999998,0,0,null,0,null,2602.9699999999998,0,0,null,0,null,2602.9699999999998,0,0,null,0,null,2602.9699999999998,0,0,null,0,null,2602.9699999999998,0,0,null,0,null,2602.9699999999998,0,0,null,0,null,2602.9699999999998,0,0,null,0,null,2602.9699999999998,0,0,null,0,null,0,2602.9699999999998,0,0,null,0,2.88,2602.9699999999998,7496.5535999999993,0,null,7496.5535999999993]
["1.13.5.4","Шлифовка (5 шагов). Нанесение пропитки Mapei Prosfas","кв.м.",2.88,3246.18,9348.9983999999986,664.3,{"$f":"D413*G413","v":1913.1839999999997},11262.182399999998,null,null,3246.18,0,664.3,{"$f":"K413*N413","v":0},0,null,3246.18,0,664.3,{"$f":"Q413*T413","v":0},0,null,3246.18,0,664.3,{"$f":"W413*Z413","v":0},0,null,3246.18,0,664.3,{"$f":"AC413*AF413","v":0},0,null,3246.18,0,664.3,{"$f":"AI413*AL413","v":0},0,null,3246.18,0,664.3,{"$f":"AO413*AR413","v":0},0,null,3246.18,0,664.3,{"$f":"AU413*AX413","v":0},0,null,3246.18,0,664.3,{"$f":"BA413*BD413","v":0},0,null,0,3246.18,0,664.3,{"$f":"BH413*BK413","v":0},0,2.88,3246.18,9348.9983999999986,664.3,{"$f":"BN413*BQ413","v":1913.1839999999997},11262.182399999998]
["1.13.5.5","Нарезка, демонтаж бетона разрушенных швов, ширина 100 мм","п.м.",90,972.02,87481.8,167.08,15037.2,102519,null,null,972.02,0,167.08,0,0,null,972.02,0,167.08,0,0,null,972.02,0,167.08,0,0,null,972.02,0,167.08,0,0,null,972.02,0,167.08,0,0,null,972.02,0,167.08,0,0,null,972.02,0,167.08,0,0,null,972.02,0,167.08,0,0,null,0,972.02,0,167.08,0,0,90,972.02,87481.8,167.08,15037.2,102519]
["1.13.5.6","Заливка ремонтной смеси М600. Ручная шлифовка (5 шагов). Нанесение пропитки\nMapei Prosfas","п.м.",90,1516.98,136528.20000000001,1164.8,104832,241360.2,null,null,1516.98,0,1164.8,0,0,null,1516.98,0,1164.8,0,0,null,1516.98,0,1164.8,0,0,null,1516.98,0,1164.8,0,0,null,1516.98,0,1164.8,0,0,null,1516.98,0,1164.8,0,0,null,1516.98,0,1164.8,0,0,null,1516.98,0,1164.8,0,0,null,0,1516.98,0,1164.8,0,0,90,1516.98,136528.20000000001,1164.8,104832,241360.2]
["1.13.5.7","Нарезка нового шва на глубину до 40 мм","п.м.",90,505.66,45509.4,83.54,7518.6,53028,null,null,505.66,0,83.54,0,0,null,505.66,0,83.54,0,0,null,505.66,0,83.54,0,0,null,505.66,0,83.54,0,0,null,505.66,0,83.54,0,0,null,505.66,0,83.54,0,0,null,505.66,0,83.54,0,0,null,505.66,0,83.54,0,0,null,0,505.66,0,83.54,0,0,90,505.66,45509.4,83.54,7518.6,53028]
["1.13.5.8","Нанесение эпоксидной грунтовки с быстрым набором прочности","п.м.",90,93.01,8370.9,284.44,25599.599999999999,33970.5,null,null,93.01,0,284.44,0,0,null,93.01,0,284.44,0,0,null,93.01,0,284.44,0,0,null,93.01,0,284.44,0,0,null,93.01,0,284.44,0,0,null,93.01,0,284.44,0,0,null,93.01,0,284.44,0,0,null,93.01,0,284.44,0,0,null,0,93.01,0,284.44,0,0,90,93.01,8370.9,284.44,25599.599999999999,33970.5]
["1.13.5.9","Заполнение шва шнуром Вилатерм","п.м.",90,40.61,3654.9,44.2,3978.0000000000005,7632.9000000000005,null,null,40.61,0,44.2,0,0,null,40.61,0,44.2,0,0,null,40.61,0,44.2,0,0,null,40.61,0,44.2,0,0,null,40.61,0,44.2,0,0,null,40.61,0,44.2,0,0,null,40.61,0,44.2,0,0,null,40.61,0,44.2,0,0,null,{"$f":"K418+Q418+W418+AC418+AI418+AO418+AU418+BA418","v":0},40.61,0,44.2,0,0,{"$f":"D418-BH418","v":90},40.61,3654.9,44.2,3978.0000000000005,7632.9000000000005]
["1.13.5.10","Заполнение шва двухкомпонентным полиуретановым герметиком (Снятие излишек)","п.м.",90,882.94,79464.600000000006,1166.0999999999999,104948.99999999999,184413.59999999998,null,null,882.94,0,1166.0999999999999,0,0,null,882.94,0,1166.0999999999999,0,0,null,882.94,0,1166.0999999999999,0,0,null,882.94,0,1166.0999999999999,0,0,null,882.94,0,1166.0999999999999,0,0,null,882.94,0,1166.0999999999999,0,0,null,882.94,0,1166.0999999999999,0,0,null,882.94,0,1166.0999999999999,0,0,null,0,882.94,0,1166.0999999999999,0,0,90,882.94,79464.600000000006,1166.0999999999999,104948.99999999999,184413.59999999998]
["1.13.5.11","Удаление грязи из трещин","кв.м.",2,1965,3930,0,null,3930,null,null,1965,0,0,null,0,null,1965,0,0,null,0,null,1965,0,0,null,0,null,1965,0,0,null,0,null,1965,0,0,null,0,null,1965,0,0,null,0,null,1965,0,0,null,0,null,1965,0,0,null,0,null,0,1965,0,0,null,0,2,1965,3930,0,null,3930]
["1.13.5.12","Заполнение трещин эпоксидной смолой","кв.м.",2,8515,17030,308.10000000000002,{"$f":"D421*G421","v":616.20000000000005},17646.2,null,null,8515,0,308.10000000000002,{"$f":"K421*N421","v":0},0,null,8515,0,308.10000000000002,{"$f":"Q421*T421","v":0},0,null,8515,0,308.10000000000002,{"$f":"W421*Z421","v":0},0,null,8515,0,308.10000000000002,{"$f":"AC421*AF421","v":0},0,null,8515,0,308.10000000000002,{"$f":"AI421*AL421","v":0},0,null,8515,0,308.10000000000002,{"$f":"AO421*AR421","v":0},0,null,8515,0,308.10000000000002,{"$f":"AU421*AX421","v":0},0,null,8515,0,308.10000000000002,{"$f":"BA421*BD421","v":0},0,null,0,8515,0,308.10000000000002,{"$f":"BH421*BK421","v":0},0,2,8515,17030,308.10000000000002,{"$f":"BN421*BQ421","v":616.20000000000005},17646.2]
["1.13.5.13","Чистка бетона от излишек эпоксидной смолы","кв.м.",2,1965,3930,68.25,136.5,4066.5,null,null,1965,0,68.25,0,0,null,1965,0,68.25,0,0,null,1965,0,68.25,0,0,null,1965,0,68.25,0,0,null,1965,0,68.25,0,0,null,1965,0,68.25,0,0,null,1965,0,68.25,0,0,null,1965,0,68.25,0,0,null,0,1965,0,68.25,0,0,2,1965,3930,68.25,136.5,4066.5]
["1.13.5.14","Удаление шпилек и арматуры. (Вырез квадрата 100х100м, глубиной до 40 мм. Демонтаж шпильки, арматуры, бетона. Заливка ремонтной смемью М600)","шт.",12,6550,78600,218.4,2620.8000000000002,81220.800000000003,null,null,6550,0,218.4,0,0,null,6550,0,218.4,0,0,null,6550,0,218.4,0,0,null,6550,0,218.4,0,0,null,6550,0,218.4,0,0,null,6550,0,218.4,0,0,null,6550,0,218.4,0,0,null,6550,0,218.4,0,0,null,0,6550,0,218.4,0,0,12,6550,78600,218.4,2620.8000000000002,81220.800000000003]
["1.13.5.15","Шлифовка (5 шагов). Нанесение пропитки Mapei Prosfas","шт.",12,4061,48732,45.5,546,49278,null,null,4061,0,45.5,0,0,null,4061,0,45.5,0,0,null,4061,0,45.5,0,0,null,4061,0,45.5,0,0,null,4061,0,45.5,0,0,null,4061,0,45.5,0,0,null,4061,0,45.5,0,0,null,4061,0,45.5,0,0,null,0,4061,0,45.5,0,0,12,4061,48732,45.5,546,49278]
["1.13.5.16","Подготовка. Заливка ремонтной смесью шурф 200 мм, глубина 70 мм","шт",1,9825,9825,8008,8008,17833,null,null,9825,0,8008,0,0,null,9825,0,8008,0,0,null,9825,0,8008,0,0,null,9825,0,8008,0,0,null,9825,0,8008,0,0,null,9825,0,8008,0,0,null,9825,0,8008,0,0,null,9825,0,8008,0,0,null,0,9825,0,8008,0,0,1,9825,9825,8008,8008,17833]
["1.13.5.17","Шлифовка (5 шагов). Нанесение пропитки Mapei Prosfas","шт.",1,12576,12576,91,91,12667,null,null,12576,0,91,0,0,null,12576,0,91,0,0,null,12576,0,91,0,0,null,12576,0,91,0,0,null,12576,0,91,0,0,null,12576,0,91,0,0,null,12576,0,91,0,0,null,12576,0,91,0,0,null,0,12576,0,91,0,0,1,12576,12576,91,91,12667]
["1.13.6","Полы сварочного цеха ",null,null,null,{"$f":"F428+F429","v":17886390},null,{"$f":"H428+H429","v":9790190},{"$f":"I428+I429","v":27676580},null,null,null,{"$f":"M428+M429","v":0},null,{"$f":"O428+O429","v":0},{"$f":"P428+P429","v":0},null,null,{"$f":"S428+S429","v":0},null,{"$f":"U428+U429","v":0},{"$f":"V428+V429","v":0},null,null,{"$f":"Y428+Y429","v":17770700},null,{"$f":"AA428+AA429","v":9754980},{"$f":"AB428+AB429","v":27525680},null,null,{"$f":"AE428+AE429","v":0},null,{"$f":"AG428+AG429","v":0},{"$f":"AH428+AH429","v":0},null,null,{"$f":"AK428+AK429","v":0},null,{"$f":"AM428+AM429","v":0},{"$f":"AN428+AN429","v":0},null,null,{"$f":"AQ428+AQ429","v":0},null,{"$f":"AS428+AS429","v":0},{"$f":"AT428+AT429","v":0},null,null,{"$f":"AW428+AW429","v":0},null,{"$f":"AY428+AY429","v":0},{"$f":"AZ428+AZ429","v":0},null,null,{"$f":"BC428+BC429","v":0},null,{"$f":"BE428+BE429","v":0},{"$f":"BF428+BF429","v":0},null,0,null,{"$f":"BJ428+BJ429","v":17770700},null,{"$f":"BL428+BL429","v":9754980},{"$f":"BM428+BM429","v":27525680},0,null,{"$f":"BP428+BP429","v":115690},null,{"$f":"BR428+BR429","v":35210},{"$f":"BS428+BS429","v":150900}]
["1.13.6.1","Фрезеровка поверхности покрытия со снятием топпинга, шлифовка, полировка, нанесение защитной пропитки,ремонт и герметизация швов, дефектов покрытия","м2",3781,4700,{"$f":"D428*E428","v":17770700},2580,{"$f":"D428*G428","v":9754980},{"$f":"E428*D428+G428*D428","v":27525680},null,null,4700,{"$f":"K428*L428","v":0},2580,{"$f":"K428*N428","v":0},{"$f":"L428*K428+N428*K428","v":0},null,4700,{"$f":"Q428*R428","v":0},2580,{"$f":"Q428*T428","v":0},{"$f":"R428*Q428+T428*Q428","v":0},3781,4700,{"$f":"W428*X428","v":17770700},2580,{"$f":"W428*Z428","v":9754980},{"$f":"X428*W428+Z428*W428","v":27525680},null,4700,{"$f":"AC428*AD428","v":0},2580,{"$f":"AC428*AF428","v":0},{"$f":"AD428*AC428+AF428*AC428","v":0},null,4700,{"$f":"AI428*AJ428","v":0},2580,{"$f":"AI428*AL428","v":0},{"$f":"AJ428*AI428+AL428*AI428","v":0},null,4700,{"$f":"AO428*AP428","v":0},2580,{"$f":"AO428*AR428","v":0},{"$f":"AP428*AO428+AR428*AO428","v":0},null,4700,{"$f":"AU428*AV428","v":0},2580,{"$f":"AU428*AX428","v":0},{"$f":"AV428*AU428+AX428*AU428","v":0},null,4700,{"$f":"BA428*BB428","v":0},2580,{"$f":"BA428*BD428","v":0},{"$f":"BB428*BA428+BD428*BA428","v":0},null,3781,4700,{"$f":"BH428*BI428","v":17770700},2580,{"$f":"BH428*BK428","v":9754980},{"$f":"BI428*BH428+BK428*BH428","v":27525680},0,4700,{"$f":"BN428*BO428","v":0},2580,{"$f":"BN428*BQ428","v":0},{"$f":"BO428*BN428+BQ428*BN428","v":0}]
["1.13.6.2","Нанесение сигнальной расцветки на пол","м2",251.5,460,{"$f":"D429*E429","v":115690},140,{"$f":"D429*G429","v":35210},150900,null,null,460,{"$f":"K429*L429","v":0},140,{"$f":"K429*N429","v":0},0,null,460,{"$f":"Q429*R429","v":0},140,{"$f":"Q429*T429","v":0},0,null,460,{"$f":"W429*X429","v":0},140,{"$f":"W429*Z429","v":0},0,null,460,{"$f":"AC429*AD429","v":0},140,{"$f":"AC429*AF429","v":0},0,null,460,{"$f":"AI429*AJ429","v":0},140,{"$f":"AI429*AL429","v":0},0,null,460,{"$f":"AO429*AP429","v":0},140,{"$f":"AO429*AR429","v":0},0,null,460,{"$f":"AU429*AV429","v":0},140,{"$f":"AU429*AX429","v":0},0,null,460,{"$f":"BA429*BB429","v":0},140,{"$f":"BA429*BD429","v":0},0,null,0,460,{"$f":"BH429*BI429","v":0},140,{"$f":"BH429*BK429","v":0},0,251.5,460,{"$f":"BN429*BO429","v":115690},140,{"$f":"BN429*BQ429","v":35210},150900]
["1.13.7","Фундаменты под домкраты ФМ-1 (24 шт) - 3й путь\nсварочный пролет",null,null,null,{"$f":"SUM(F431:F435)","v":3834412.3430000003},null,{"$f":"SUM(H431:H435)","v":2192577.074},{"$f":"SUM(I431:I435)","v":6026989.4170000004},null,null,null,{"$f":"SUM(M431:M435)","v":0},null,{"$f":"SUM(O431:O435)","v":0},{"$f":"SUM(P431:P435)","v":0},null,null,{"$f":"SUM(S431:S435)","v":0},null,{"$f":"SUM(U431:U435)","v":0},{"$f":"SUM(V431:V435)","v":0},null,null,{"$f":"SUM(Y431:Y435)","v":1939195.7951000002},null,{"$f":"SUM(AA431:AA435)","v":1766173.9790000001},{"$f":"SUM(AB431:AB435)","v":3705369.7741000005},null,null,{"$f":"SUM(AE431:AE435)","v":0},null,{"$f":"SUM(AG431:AG435)","v":0},{"$f":"SUM(AH431:AH435)","v":0},null,null,{"$f":"SUM(AK431:AK435)","v":0},null,{"$f":"SUM(AM431:AM435)","v":0},{"$f":"SUM(AN431:AN435)","v":0},null,null,{"$f":"SUM(AQ431:AQ435)","v":0},null,{"$f":"SUM(AS431:AS435)","v":0},{"$f":"SUM(AT431:AT435)","v":0},null,null,{"$f":"SUM(AW431:AW435)","v":0},null,{"$f":"SUM(AY431:AY435)","v":0},{"$f":"SUM(AZ431:AZ435)","v":0},null,null,{"$f":"SUM(BC431:BC435)","v":0},null,{"$f":"SUM(BE431:BE435)","v":0},{"$f":"SUM(BF431:BF435)","v":0},null,0,null,{"$f":"SUM(BJ431:BJ435)","v":1939195.7951000002},null,{"$f":"SUM(BL431:BL435)","v":1766173.9790000001},{"$f":"SUM(BM431:BM435)","v":3705369.7741000005},0,null,{"$f":"SUM(BP431:BP435)","v":1895216.5478999999},null,{"$f":"SUM(BR431:BR435)","v":426403.09500000003},{"$f":"SUM(BS431:BS435)","v":2321619.6428999999}]
["1.13.7.1","Демонтаж ж/б покрытия пола с погрузкой","м3",88,20171.61,{"$f":"D431*E431","v":1775101.6800000002},0,null,{"$f":"E431*D431+G431*D431","v":1775101.6800000002},null,null,20171.61,{"$f":"K431*L431","v":0},0,null,{"$f":"L431*K431+N431*K431","v":0},null,20171.61,{"$f":"Q431*R431","v":0},0,null,{"$f":"R431*Q431+T431*Q431","v":0},21.5,20171.61,{"$f":"W431*X431","v":433689.61499999999},0,null,{"$f":"X431*W431+Z431*W431","v":433689.61499999999},null,20171.61,{"$f":"AC431*AD431","v":0},0,null,{"$f":"AD431*AC431+AF431*AC431","v":0},null,20171.61,{"$f":"AI431*AJ431","v":0},0,null,{"$f":"AJ431*AI431+AL431*AI431","v":0},null,20171.61,{"$f":"AO431*AP431","v":0},0,null,{"$f":"AP431*AO431+AR431*AO431","v":0},null,20171.61,{"$f":"AU431*AV431","v":0},0,null,{"$f":"AV431*AU431+AX431*AU431","v":0},null,20171.61,{"$f":"BA431*BB431","v":0},0,null,{"$f":"BB431*BA431+BD431*BA431","v":0},null,21.5,20171.61,{"$f":"BH431*BI431","v":433689.61499999999},0,null,{"$f":"BI431*BH431+BK431*BH431","v":433689.61499999999},66.5,20171.61,{"$f":"BN431*BO431","v":1341412.0649999999},0,null,{"$f":"BO431*BN431+BQ431*BN431","v":1341412.0649999999}]
["1.13.7.2","Вывоз и утилизация с К разрыхления 1,47","м3",{"$f":"D431*1.47","v":129.35999999999999},1552.5,{"$f":"D432*E432","v":200831.39999999997},0,null,{"$f":"E432*D432+G432*D432","v":200831.39999999997},null,null,1552.5,{"$f":"K432*L432","v":0},0,null,{"$f":"L432*K432+N432*K432","v":0},null,1552.5,{"$f":"Q432*R432","v":0},0,null,{"$f":"R432*Q432+T432*Q432","v":0},31.6,1552.5,{"$f":"W432*X432","v":49059},0,null,{"$f":"X432*W432+Z432*W432","v":49059},null,1552.5,{"$f":"AC432*AD432","v":0},0,null,{"$f":"AD432*AC432+AF432*AC432","v":0},null,1552.5,{"$f":"AI432*AJ432","v":0},0,null,{"$f":"AJ432*AI432+AL432*AI432","v":0},null,1552.5,{"$f":"AO432*AP432","v":0},0,null,{"$f":"AP432*AO432+AR432*AO432","v":0},null,1552.5,{"$f":"AU432*AV432","v":0},0,null,{"$f":"AV432*AU432+AX432*AU432","v":0},null,1552.5,{"$f":"BA432*BB432","v":0},0,null,{"$f":"BB432*BA432+BD432*BA432","v":0},null,31.6,1552.5,{"$f":"BH432*BI432","v":49059},0,null,{"$f":"BI432*BH432+BK432*BH432","v":49059},97.759999999999991,1552.5,{"$f":"BN432*BO432","v":151772.4},0,null,{"$f":"BO432*BN432+BQ432*BN432","v":151772.4}]
["1.13.7.3","Разработка грунта под котлованы с погрузкой","м3",44,1941.98,{"$f":"D433*E433","v":85447.12},0,null,{"$f":"E433*D433+G433*D433","v":85447.12},null,null,1941.98,{"$f":"K433*L433","v":0},0,null,{"$f":"L433*K433+N433*K433","v":0},null,1941.98,{"$f":"Q433*R433","v":0},0,null,{"$f":"R433*Q433+T433*Q433","v":0},26.27,1941.98,{"$f":"W433*X433","v":51015.814599999998},0,null,{"$f":"X433*W433+Z433*W433","v":51015.814599999998},null,1941.98,{"$f":"AC433*AD433","v":0},0,null,{"$f":"AD433*AC433+AF433*AC433","v":0},null,1941.98,{"$f":"AI433*AJ433","v":0},0,null,{"$f":"AJ433*AI433+AL433*AI433","v":0},null,1941.98,{"$f":"AO433*AP433","v":0},0,null,{"$f":"AP433*AO433+AR433*AO433","v":0},null,1941.98,{"$f":"AU433*AV433","v":0},0,null,{"$f":"AV433*AU433+AX433*AU433","v":0},null,1941.98,{"$f":"BA433*BB433","v":0},0,null,{"$f":"BB433*BA433+BD433*BA433","v":0},null,26.27,1941.98,{"$f":"BH433*BI433","v":51015.814599999998},0,null,{"$f":"BI433*BH433+BK433*BH433","v":51015.814599999998},17.73,1941.98,{"$f":"BN433*BO433","v":34431.305400000005},0,null,{"$f":"BO433*BN433+BQ433*BN433","v":34431.305400000005}]
["1.13.7.4","Вывоз и утилизация с К разрыхления 1,6","м3",{"$f":"D433*1.6","v":70.400000000000006},1552.5,{"$f":"D434*E434","v":109296.00000000001},0,null,{"$f":"E434*D434+G434*D434","v":109296.00000000001},null,null,1552.5,{"$f":"K434*L434","v":0},0,null,{"$f":"L434*K434+N434*K434","v":0},null,1552.5,{"$f":"Q434*R434","v":0},0,null,{"$f":"R434*Q434+T434*Q434","v":0},42.03,1552.5,{"$f":"W434*X434","v":65251.575000000004},0,null,{"$f":"X434*W434+Z434*W434","v":65251.575000000004},null,1552.5,{"$f":"AC434*AD434","v":0},0,null,{"$f":"AD434*AC434+AF434*AC434","v":0},null,1552.5,{"$f":"AI434*AJ434","v":0},0,null,{"$f":"AJ434*AI434+AL434*AI434","v":0},null,1552.5,{"$f":"AO434*AP434","v":0},0,null,{"$f":"AP434*AO434+AR434*AO434","v":0},null,1552.5,{"$f":"AU434*AV434","v":0},0,null,{"$f":"AV434*AU434+AX434*AU434","v":0},null,1552.5,{"$f":"BA434*BB434","v":0},0,null,{"$f":"BB434*BA434+BD434*BA434","v":0},null,42.03,1552.5,{"$f":"BH434*BI434","v":65251.575000000004},0,null,{"$f":"BI434*BH434+BK434*BH434","v":65251.575000000004},28.370000000000005,1552.5,{"$f":"BN434*BO434","v":44044.42500000001},0,null,{"$f":"BO434*BN434+BQ434*BN434","v":44044.42500000001}]
["1.13.7.5","Устройство ж/б фундаментов ФМ-1","м3",88.7,18756.89,{"$f":"D435*E435","v":1663736.1429999999},24719.02,{"$f":"D435*G435","v":2192577.074},{"$f":"E435*D435+G435*D435","v":3856313.2170000002},null,null,18756.89,{"$f":"K435*L435","v":0},24719.02,{"$f":"K435*N435","v":0},{"$f":"L435*K435+N435*K435","v":0},null,18756.89,{"$f":"Q435*R435","v":0},24719.02,{"$f":"Q435*T435","v":0},{"$f":"R435*Q435+T435*Q435","v":0},71.45,18756.89,{"$f":"W435*X435","v":1340179.7905000001},24719.02,{"$f":"W435*Z435","v":1766173.9790000001},{"$f":"X435*W435+Z435*W435","v":3106353.7695000004},null,18756.89,{"$f":"AC435*AD435","v":0},24719.02,{"$f":"AC435*AF435","v":0},{"$f":"AD435*AC435+AF435*AC435","v":0},null,18756.89,{"$f":"AI435*AJ435","v":0},24719.02,{"$f":"AI435*AL435","v":0},{"$f":"AJ435*AI435+AL435*AI435","v":0},null,18756.89,{"$f":"AO435*AP435","v":0},24719.02,{"$f":"AO435*AR435","v":0},{"$f":"AP435*AO435+AR435*AO435","v":0},null,18756.89,{"$f":"AU435*AV435","v":0},24719.02,{"$f":"AU435*AX435","v":0},{"$f":"AV435*AU435+AX435*AU435","v":0},null,18756.89,{"$f":"BA435*BB435","v":0},24719.02,{"$f":"BA435*BD435","v":0},{"$f":"BB435*BA435+BD435*BA435","v":0},null,71.45,18756.89,{"$f":"BH435*BI435","v":1340179.7905000001},24719.02,{"$f":"BH435*BK435","v":1766173.9790000001},{"$f":"BI435*BH435+BK435*BH435","v":3106353.7695000004},17.25,18756.89,{"$f":"BN435*BO435","v":323556.35249999998},24719.02,{"$f":"BN435*BQ435","v":426403.09500000003},{"$f":"BO435*BN435+BQ435*BN435","v":749959.44750000001}]
["1.13.8","Кабельные лотки. Демонтаж существующего пола 400мм, монтаж лотков, крышек.",null,null,null,{"$f":"F437+F438+F439+F440+F441+F442+F443+F444+F445+F446+F447+F448","v":12381402.438000003},null,{"$f":"H437+H438+H439+H440+H441+H442+H443+H444+H445+H446+H447+H448","v":8226306.2271500006},{"$f":"I437+I438+I439+I440+I441+I442+I443+I444+I445+I446+I447+I448","v":20607708.665149998},null,null,null,{"$f":"M437+M438+M439+M440+M441+M442+M443+M444+M445+M446+M447+M448","v":0},null,{"$f":"O437+O438+O439+O440+O441+O442+O443+O444+O445+O446+O447+O448","v":0},{"$f":"P437+P438+P439+P440+P441+P442+P443+P444+P445+P446+P447+P448","v":0},null,null,{"$f":"S437+S438+S439+S440+S441+S442+S443+S444+S445+S446+S447+S448","v":0},null,{"$f":"U437+U438+U439+U440+U441+U442+U443+U444+U445+U446+U447+U448","v":0},{"$f":"V437+V438+V439+V440+V441+V442+V443+V444+V445+V446+V447+V448","v":0},null,null,{"$f":"Y437+Y438+Y439+Y440+Y441+Y442+Y443+Y444+Y445+Y446+Y447+Y448","v":10621349.978600001},null,{"$f":"AA437+AA438+AA439+AA440+AA441+AA442+AA443+AA444+AA445+AA446+AA447+AA448","v":6125890.8271000003},{"$f":"AB437+AB438+AB439+AB440+AB441+AB442+AB443+AB444+AB445+AB446+AB447+AB448","v":16747240.8057},null,null,{"$f":"AE437+AE438+AE439+AE440+AE441+AE442+AE443+AE444+AE445+AE446+AE447+AE448","v":0},null,{"$f":"AG437+AG438+AG439+AG440+AG441+AG442+AG443+AG444+AG445+AG446+AG447+AG448","v":0},{"$f":"AH437+AH438+AH439+AH440+AH441+AH442+AH443+AH444+AH445+AH446+AH447+AH448","v":0},null,null,{"$f":"AK437+AK438+AK439+AK440+AK441+AK442+AK443+AK444+AK445+AK446+AK447+AK448","v":0},null,{"$f":"AM437+AM438+AM439+AM440+AM441+AM442+AM443+AM444+AM445+AM446+AM447+AM448","v":0},{"$f":"AN437+AN438+AN439+AN440+AN441+AN442+AN443+AN444+AN445+AN446+AN447+AN448","v":0},null,null,{"$f":"AQ437+AQ438+AQ439+AQ440+AQ441+AQ442+AQ443+AQ444+AQ445+AQ446+AQ447+AQ448","v":0},null,{"$f":"AS437+AS438+AS439+AS440+AS441+AS442+AS443+AS444+AS445+AS446+AS447+AS448","v":0},{"$f":"AT437+AT438+AT439+AT440+AT441+AT442+AT443+AT444+AT445+AT446+AT447+AT448","v":0},null,null,{"$f":"AW437+AW438+AW439+AW440+AW441+AW442+AW443+AW444+AW445+AW446+AW447+AW448","v":0},null,{"$f":"AY437+AY438+AY439+AY440+AY441+AY442+AY443+AY444+AY445+AY446+AY447+AY448","v":0},{"$f":"AZ437+AZ438+AZ439+AZ440+AZ441+AZ442+AZ443+AZ444+AZ445+AZ446+AZ447+AZ448","v":0},null,null,{"$f":"BC437+BC438+BC439+BC440+BC441+BC442+BC443+BC444+BC445+BC446+BC447+BC448","v":0},null,{"$f":"BE437+BE438+BE439+BE440+BE441+BE442+BE443+BE444+BE445+BE446+BE447+BE448","v":0},{"$f":"BF437+BF438+BF439+BF440+BF441+BF442+BF443+BF444+BF445+BF446+BF447+BF448","v":0},null,0,null,{"$f":"BJ437+BJ438+BJ439+BJ440+BJ441+BJ442+BJ443+BJ444+BJ445+BJ446+BJ447+BJ448","v":10621349.978600001},null,{"$f":"BL437+BL438+BL439+BL440+BL441+BL442+BL443+BL444+BL445+BL446+BL447+BL448","v":6125890.8271000003},{"$f":"BM437+BM438+BM439+BM440+BM441+BM442+BM443+BM444+BM445+BM446+BM447+BM448","v":16747240.8057},0,null,{"$f":"BP437+BP438+BP439+BP440+BP441+BP442+BP443+BP444+BP445+BP446+BP447+BP448","v":1760052.4594000001},null,{"$f":"BR437+BR438+BR439+BR440+BR441+BR442+BR443+BR444+BR445+BR446+BR447+BR448","v":2100415.4000500003},{"$f":"BS437+BS438+BS439+BS440+BS441+BS442+BS443+BS444+BS445+BS446+BS447+BS448","v":3860467.8594500003}]
["1.13.8.1","Демонтаж существующего слоя пола толщиной 400 мм шириной 700мм","м3",81.400000000000006,68196.710000000006,{"$f":"D437*E437","v":5551212.1940000011},0,null,{"$f":"E437*D437+G437*D437","v":5551212.1940000011},null,null,68196.710000000006,{"$f":"K437*L437","v":0},0,null,{"$f":"L437*K437+N437*K437","v":0},null,68196.710000000006,{"$f":"Q437*R437","v":0},0,null,{"$f":"R437*Q437+T437*Q437","v":0},66.510000000000005,68196.710000000006,{"$f":"W437*X437","v":4535763.1821000008},0,null,{"$f":"X437*W437+Z437*W437","v":4535763.1821000008},null,68196.710000000006,{"$f":"AC437*AD437","v":0},0,null,{"$f":"AD437*AC437+AF437*AC437","v":0},null,68196.710000000006,{"$f":"AI437*AJ437","v":0},0,null,{"$f":"AJ437*AI437+AL437*AI437","v":0},null,68196.710000000006,{"$f":"AO437*AP437","v":0},0,null,{"$f":"AP437*AO437+AR437*AO437","v":0},null,68196.710000000006,{"$f":"AU437*AV437","v":0},0,null,{"$f":"AV437*AU437+AX437*AU437","v":0},null,68196.710000000006,{"$f":"BA437*BB437","v":0},0,null,{"$f":"BB437*BA437+BD437*BA437","v":0},null,66.510000000000005,68196.710000000006,{"$f":"BH437*BI437","v":4535763.1821000008},0,null,{"$f":"BI437*BH437+BK437*BH437","v":4535763.1821000008},14.89,68196.710000000006,{"$f":"BN437*BO437","v":1015449.0119000002},0,null,{"$f":"BO437*BN437+BQ437*BN437","v":1015449.0119000002}]
["1.13.8.2","Вывоз и утилизация с К разрыхления 1,47","м3",{"$f":"D437*1.47","v":119.658},1590,{"$f":"D438*E438","v":190256.22},0,null,190256.22,null,null,1590,{"$f":"K438*L438","v":0},0,null,0,null,1590,{"$f":"Q438*R438","v":0},0,null,0,99.77,1590,{"$f":"W438*X438","v":158634.29999999999},0,null,158634.29999999999,null,1590,{"$f":"AC438*AD438","v":0},0,null,0,null,1590,{"$f":"AI438*AJ438","v":0},0,null,0,null,1590,{"$f":"AO438*AP438","v":0},0,null,0,null,1590,{"$f":"AU438*AV438","v":0},0,null,0,null,1590,{"$f":"BA438*BB438","v":0},0,null,0,null,99.77,1590,{"$f":"BH438*BI438","v":158634.29999999999},0,null,158634.29999999999,19.888000000000005,1590,{"$f":"BN438*BO438","v":31621.920000000009},0,null,31621.920000000009]
["1.13.8.3","Доработка грунта вручную до проектной отметки, 10 см","м3",21.4,2772.16,{"$f":"D439*E439","v":59324.223999999995},0,null,59324.223999999995,null,null,2772.16,{"$f":"K439*L439","v":0},0,null,0,null,2772.16,{"$f":"Q439*R439","v":0},0,null,0,8.2899999999999991,2772.16,{"$f":"W439*X439","v":22981.206399999995},0,null,22981.206399999995,null,2772.16,{"$f":"AC439*AD439","v":0},0,null,0,null,2772.16,{"$f":"AI439*AJ439","v":0},0,null,0,null,2772.16,{"$f":"AO439*AP439","v":0},0,null,0,null,2772.16,{"$f":"AU439*AV439","v":0},0,null,0,null,2772.16,{"$f":"BA439*BB439","v":0},0,null,0,null,8.2899999999999991,2772.16,{"$f":"BH439*BI439","v":22981.206399999995},0,null,22981.206399999995,13.11,2772.16,{"$f":"BN439*BO439","v":36343.017599999999},0,null,36343.017599999999]
["1.13.8.4","Вывоз и утилизация с К разрыхления 1,6","м3",{"$f":"D439*1.6","v":34.24},1590,{"$f":"D440*E440","v":54441.600000000006},0,null,54441.600000000006,null,null,1590,{"$f":"K440*L440","v":0},0,null,0,null,1590,{"$f":"Q440*R440","v":0},0,null,0,13.26,1590,{"$f":"W440*X440","v":21083.4},0,null,21083.4,null,1590,{"$f":"AC440*AD440","v":0},0,null,0,null,1590,{"$f":"AI440*AJ440","v":0},0,null,0,null,1590,{"$f":"AO440*AP440","v":0},0,null,0,null,1590,{"$f":"AU440*AV440","v":0},0,null,0,null,1590,{"$f":"BA440*BB440","v":0},0,null,0,null,13.26,1590,{"$f":"BH440*BI440","v":21083.4},0,null,21083.4,20.980000000000004,1590,{"$f":"BN440*BO440","v":33358.200000000004},0,null,33358.200000000004]
["1.13.8.5","Устройство бетонной подготовки из бетона В15 100 мм","м3",21.4,8646,{"$f":"D441*E441","v":185024.4},23400,{"$f":"D441*G441","v":500759.99999999994},685784.39999999991,null,null,8646,{"$f":"K441*L441","v":0},23400,{"$f":"K441*N441","v":0},0,null,8646,{"$f":"Q441*R441","v":0},23400,{"$f":"Q441*T441","v":0},0,19.47,8646,{"$f":"W441*X441","v":168337.62},23400,{"$f":"W441*Z441","v":455598},623935.62,null,8646,{"$f":"AC441*AD441","v":0},23400,{"$f":"AC441*AF441","v":0},0,null,8646,{"$f":"AI441*AJ441","v":0},23400,{"$f":"AI441*AL441","v":0},0,null,8646,{"$f":"AO441*AP441","v":0},23400,{"$f":"AO441*AR441","v":0},0,null,8646,{"$f":"AU441*AV441","v":0},23400,{"$f":"AU441*AX441","v":0},0,null,8646,{"$f":"BA441*BB441","v":0},23400,{"$f":"BA441*BD441","v":0},0,null,19.47,8646,{"$f":"BH441*BI441","v":168337.62},23400,{"$f":"BH441*BK441","v":455598},623935.62,1.9299999999999997,8646,{"$f":"BN441*BO441","v":16686.78},23400,{"$f":"BN441*BQ441","v":45161.999999999993},61848.779999999992]
["1.13.8.6","Монтаж лотков ЛК 300.60.30 0,231м3/ шт. (22,47м3/107шт.)","м3",22.47,61344.43,1378409.3421,70814.53,{"$f":"D442*G442","v":1591202.4890999999},2969611.8311999999,null,null,61344.43,0,70814.53,{"$f":"K442*N442","v":0},0,null,61344.43,0,70814.53,{"$f":"Q442*T442","v":0},0,22.47,61344.43,1378409.3421,70814.53,{"$f":"W442*Z442","v":1591202.4890999999},2969611.8311999999,null,61344.43,0,70814.53,{"$f":"AC442*AF442","v":0},0,null,61344.43,0,70814.53,{"$f":"AI442*AL442","v":0},0,null,61344.43,0,70814.53,{"$f":"AO442*AR442","v":0},0,null,61344.43,0,70814.53,{"$f":"AU442*AX442","v":0},0,null,61344.43,0,70814.53,{"$f":"BA442*BD442","v":0},0,null,22.47,61344.43,1378409.3421,70814.53,{"$f":"BH442*BK442","v":1591202.4890999999},2969611.8311999999,0,61344.43,0,70814.53,{"$f":"BN442*BQ442","v":0},0]
["1.13.8.7","Демонтаж существующего слоя пола толщиной 400 мм шириной 600мм","м3",36,68196.7,2455081.1999999997,0,null,2455081.1999999997,null,null,68196.7,0,0,null,0,null,68196.7,0,0,null,0,36,68196.7,2455081.1999999997,0,null,2455081.1999999997,null,68196.7,0,0,null,0,null,68196.7,0,0,null,0,null,68196.7,0,0,null,0,null,68196.7,0,0,null,0,null,68196.7,0,0,null,0,null,36,68196.7,2455081.1999999997,0,null,2455081.1999999997,0,68196.7,0,0,null,0]
["1.13.8.8","Вывоз и утилизация с К разрыхления 1,47","м3",{"$f":"D443*1.6","v":57.6},1590,91584,0,null,91584,null,null,1590,0,0,null,0,null,1590,0,0,null,0,52.92,1590,84142.8,0,null,84142.8,null,1590,0,0,null,0,null,1590,0,0,null,0,null,1590,0,0,null,0,null,1590,0,0,null,0,null,1590,0,0,null,0,null,52.92,1590,84142.8,0,null,84142.8,4.68,1590,7441.2,0,null,7441.2]
["1.13.8.9","Устройство бетонной подготовки из бетона В15 100 мм","м3",9,8646,77814,23400,{"$f":"D445*G445","v":210600},288414,null,null,8646,0,23400,{"$f":"K445*N445","v":0},0,null,8646,0,23400,{"$f":"Q445*T445","v":0},0,9,8646,77814,23400,{"$f":"W445*Z445","v":210600},288414,null,8646,0,23400,{"$f":"AC445*AF445","v":0},0,null,8646,0,23400,{"$f":"AI445*AL445","v":0},0,null,8646,0,23400,{"$f":"AO445*AR445","v":0},0,null,8646,0,23400,{"$f":"AU445*AX445","v":0},0,null,8646,0,23400,{"$f":"BA445*BD445","v":0},0,null,9,8646,77814,23400,{"$f":"BH445*BK445","v":210600},288414,0,8646,0,23400,{"$f":"BN445*BQ445","v":0},0]
["1.13.8.10","Монтаж лотков ЛК 300.60.30 с устройством закладных","м3",12.6,67036.179999999993,844655.8679999999,70340.38,{"$f":"D446*G446","v":886288.78800000006},1730944.656,null,null,67036.179999999993,0,70340.38,{"$f":"K446*N446","v":0},0,null,67036.179999999993,0,70340.38,{"$f":"Q446*T446","v":0},0,12.6,67036.179999999993,844655.8679999999,70340.38,{"$f":"W446*Z446","v":886288.78800000006},1730944.656,null,67036.179999999993,0,70340.38,{"$f":"AC446*AF446","v":0},0,null,67036.179999999993,0,70340.38,{"$f":"AI446*AL446","v":0},0,null,67036.179999999993,0,70340.38,{"$f":"AO446*AR446","v":0},0,null,67036.179999999993,0,70340.38,{"$f":"AU446*AX446","v":0},0,null,67036.179999999993,0,70340.38,{"$f":"BA446*BD446","v":0},0,null,12.6,67036.179999999993,844655.8679999999,70340.38,{"$f":"BH446*BK446","v":886288.78800000006},1730944.656,0,67036.179999999993,0,70340.38,{"$f":"BN446*BQ446","v":0},0]
["1.13.8.11","Монтаж плит ПТ 75.60.8-3 ","шт",21,4881.92,102520.32000000001,9317.7999999999993,{"$f":"D447*G447","v":195673.8},298194.12,null,null,4881.92,0,9317.7999999999993,{"$f":"K447*N447","v":0},0,null,4881.92,0,9317.7999999999993,{"$f":"Q447*T447","v":0},0,8,4881.92,39055.360000000001,9317.7999999999993,{"$f":"W447*Z447","v":74542.399999999994},113597.75999999999,null,4881.92,0,9317.7999999999993,{"$f":"AC447*AF447","v":0},0,null,4881.92,0,9317.7999999999993,{"$f":"AI447*AL447","v":0},0,null,4881.92,0,9317.7999999999993,{"$f":"AO447*AR447","v":0},0,null,4881.92,0,9317.7999999999993,{"$f":"AU447*AX447","v":0},0,null,4881.92,0,9317.7999999999993,{"$f":"BA447*BD447","v":0},0,null,8,4881.92,39055.360000000001,9317.7999999999993,{"$f":"BH447*BK447","v":74542.399999999994},113597.75999999999,13,4881.92,63464.959999999999,9317.7999999999993,{"$f":"BN447*BQ447","v":121131.4},184596.36]
["1.13.8.12","Монтаж стальных крышек каналов с ручками подъёма 479 шт.","т",18.317,75944.7,1391079.0699,264332.65000000002,{"$f":"D448*G448","v":4841781.1500500003},6232860.2199499998,null,null,75944.7,0,264332.65000000002,{"$f":"K448*N448","v":0},0,null,75944.7,0,264332.65000000002,{"$f":"Q448*T448","v":0},0,11,75944.7,835391.7,264332.65000000002,{"$f":"W448*Z448","v":2907659.1500000004},3743050.8500000006,null,75944.7,0,264332.65000000002,{"$f":"AC448*AF448","v":0},0,null,75944.7,0,264332.65000000002,{"$f":"AI448*AL448","v":0},0,null,75944.7,0,264332.65000000002,{"$f":"AO448*AR448","v":0},0,null,75944.7,0,264332.65000000002,{"$f":"AU448*AX448","v":0},0,null,75944.7,0,264332.65000000002,{"$f":"BA448*BD448","v":0},0,null,11,75944.7,835391.7,264332.65000000002,{"$f":"BH448*BK448","v":2907659.1500000004},3743050.8500000006,7.3170000000000002,75944.7,555687.36990000005,264332.65000000002,{"$f":"BN448*BQ448","v":1934122.0000500001},2489809.3699500002]
["1.13.9","Ремонт примыкания кровли к проходкам труб",null,null,null,{"$f":"SUM(F450:F455)","v":251244.89999999997},null,{"$f":"SUM(H450:H455)","v":149682},{"$f":"SUM(I450:I455)","v":400926.9},null,null,null,{"$f":"SUM(M450:M455)","v":0},null,{"$f":"SUM(O450:O455)","v":0},{"$f":"SUM(P450:P455)","v":0},null,null,{"$f":"SUM(S450:S455)","v":0},null,{"$f":"SUM(U450:U455)","v":0},{"$f":"SUM(V450:V455)","v":0},null,null,{"$f":"SUM(Y450:Y455)","v":0},null,{"$f":"SUM(AA450:AA455)","v":0},{"$f":"SUM(AB450:AB455)","v":0},null,null,{"$f":"SUM(AE450:AE455)","v":0},null,{"$f":"SUM(AG450:AG455)","v":0},{"$f":"SUM(AH450:AH455)","v":0},null,null,{"$f":"SUM(AK450:AK455)","v":0},null,{"$f":"SUM(AM450:AM455)","v":0},{"$f":"SUM(AN450:AN455)","v":0},null,null,{"$f":"SUM(AQ450:AQ455)","v":0},null,{"$f":"SUM(AS450:AS455)","v":0},{"$f":"SUM(AT450:AT455)","v":0},null,null,{"$f":"SUM(AW450:AW455)","v":0},null,{"$f":"SUM(AY450:AY455)","v":0},{"$f":"SUM(AZ450:AZ455)","v":0},null,null,{"$f":"SUM(BC450:BC455)","v":0},null,{"$f":"SUM(BE450:BE455)","v":0},{"$f":"SUM(BF450:BF455)","v":0},null,0,null,{"$f":"SUM(BJ450:BJ455)","v":0},null,{"$f":"SUM(BL450:BL455)","v":0},{"$f":"SUM(BM450:BM455)","v":0},0,null,{"$f":"SUM(BP450:BP455)","v":251244.89999999997},null,{"$f":"SUM(BR450:BR455)","v":149682},{"$f":"SUM(BS450:BS455)","v":400926.9}]
["1.13.9.1","Ремонт примыкания кровли к проходкам труб","шт",7,19650,{"$f":"D450*E450","v":137550},8580,{"$f":"D450*G450","v":60060},{"$f":"E450*D450+G450*D450","v":197610},null,null,19650,{"$f":"K450*L450","v":0},8580,{"$f":"K450*N450","v":0},{"$f":"L450*K450+N450*K450","v":0},null,19650,{"$f":"Q450*R450","v":0},8580,{"$f":"Q450*T450","v":0},{"$f":"R450*Q450+T450*Q450","v":0},null,19650,{"$f":"W450*X450","v":0},8580,{"$f":"W450*Z450","v":0},{"$f":"X450*W450+Z450*W450","v":0},null,19650,{"$f":"AC450*AD450","v":0},8580,{"$f":"AC450*AF450","v":0},{"$f":"AD450*AC450+AF450*AC450","v":0},null,19650,{"$f":"AI450*AJ450","v":0},8580,{"$f":"AI450*AL450","v":0},{"$f":"AJ450*AI450+AL450*AI450","v":0},null,19650,{"$f":"AO450*AP450","v":0},8580,{"$f":"AO450*AR450","v":0},{"$f":"AP450*AO450+AR450*AO450","v":0},null,19650,{"$f":"AU450*AV450","v":0},8580,{"$f":"AU450*AX450","v":0},{"$f":"AV450*AU450+AX450*AU450","v":0},null,19650,{"$f":"BA450*BB450","v":0},8580,{"$f":"BA450*BD450","v":0},{"$f":"BB450*BA450+BD450*BA450","v":0},null,0,19650,{"$f":"BH450*BI450","v":0},8580,{"$f":"BH450*BK450","v":0},{"$f":"BI450*BH450+BK450*BH450","v":0},7,19650,{"$f":"BN450*BO450","v":137550},8580,{"$f":"BN450*BQ450","v":60060},{"$f":"BO450*BN450+BQ450*BN450","v":197610}]
["1.13.9.2","Техноэласт ЭПП","м2",21,1021.8,21457.8,1248,26208,47665.8,null,null,1021.8,0,1248,0,0,null,1021.8,0,1248,0,0,null,1021.8,0,1248,0,0,null,1021.8,0,1248,0,0,null,1021.8,0,1248,0,0,null,1021.8,0,1248,0,0,null,1021.8,0,1248,0,0,null,1021.8,0,1248,0,0,null,0,1021.8,0,1248,0,0,21,1021.8,21457.8,1248,26208,47665.8]
["1.13.9.3","Цементный раствор М150","м3",0.05,8646,432.3,23400,1170,1602.3,null,null,8646,0,23400,0,0,null,8646,0,23400,0,0,null,8646,0,23400,0,0,null,8646,0,23400,0,0,null,8646,0,23400,0,0,null,8646,0,23400,0,0,null,8646,0,23400,0,0,null,8646,0,23400,0,0,null,0,8646,0,23400,0,0,0.05,8646,432.3,23400,1170,1602.3]
["1.13.9.4","Обжимной хомут","шт",14,3615.6,50618.400000000001,1560,21840,72458.399999999994,null,null,3615.6,0,1560,0,0,null,3615.6,0,1560,0,0,null,3615.6,0,1560,0,0,null,3615.6,0,1560,0,0,null,3615.6,0,1560,0,0,null,3615.6,0,1560,0,0,null,3615.6,0,1560,0,0,null,3615.6,0,1560,0,0,null,0,3615.6,0,1560,0,0,14,3615.6,50618.400000000001,1560,21840,72458.399999999994]
["1.13.9.5","Юбка из металла","шт",7,5502,38514,5460,38220,76734,null,null,5502,0,5460,0,0,null,5502,0,5460,0,0,null,5502,0,5460,0,0,null,5502,0,5460,0,0,null,5502,0,5460,0,0,null,5502,0,5460,0,0,null,5502,0,5460,0,0,null,5502,0,5460,0,0,null,0,5502,0,5460,0,0,7,5502,38514,5460,38220,76734]
["1.13.9.6","Герметик","шт",2,1336.2,2672.4,1092,2184,4856.3999999999996,null,null,1336.2,0,1092,0,0,null,1336.2,0,1092,0,0,null,1336.2,0,1092,0,0,null,1336.2,0,1092,0,0,null,1336.2,0,1092,0,0,null,1336.2,0,1092,0,0,null,1336.2,0,1092,0,0,null,1336.2,0,1092,0,0,null,0,1336.2,0,1092,0,0,2,1336.2,2672.4,1092,2184,4856.3999999999996]
["1.13.10","Ремонт примыкания кровли к фонарю",null,null,null,{"$f":"SUM(F457:F459)","v":543912},null,{"$f":"SUM(H457:H459)","v":336960},{"$f":"SUM(I457:I459)","v":880872},null,null,null,{"$f":"SUM(M457:M459)","v":0},null,{"$f":"SUM(O457:O459)","v":0},{"$f":"SUM(P457:P459)","v":0},null,null,{"$f":"SUM(S457:S459)","v":0},null,{"$f":"SUM(U457:U459)","v":0},{"$f":"SUM(V457:V459)","v":0},null,null,{"$f":"SUM(Y457:Y459)","v":0},null,{"$f":"SUM(AA457:AA459)","v":0},{"$f":"SUM(AB457:AB459)","v":0},null,null,{"$f":"SUM(AE457:AE459)","v":0},null,{"$f":"SUM(AG457:AG459)","v":0},{"$f":"SUM(AH457:AH459)","v":0},null,null,{"$f":"SUM(AK457:AK459)","v":0},null,{"$f":"SUM(AM457:AM459)","v":0},{"$f":"SUM(AN457:AN459)","v":0},null,null,{"$f":"SUM(AQ457:AQ459)","v":0},null,{"$f":"SUM(AS457:AS459)","v":0},{"$f":"SUM(AT457:AT459)","v":0},null,null,{"$f":"SUM(AW457:AW459)","v":0},null,{"$f":"SUM(AY457:AY459)","v":0},{"$f":"SUM(AZ457:AZ459)","v":0},null,null,{"$f":"SUM(BC457:BC459)","v":0},null,{"$f":"SUM(BE457:BE459)","v":0},{"$f":"SUM(BF457:BF459)","v":0},null,0,null,{"$f":"SUM(BJ457:BJ459)","v":0},null,{"$f":"SUM(BL457:BL459)","v":0},{"$f":"SUM(BM457:BM459)","v":0},0,null,{"$f":"SUM(BP457:BP459)","v":543912},null,{"$f":"SUM(BR457:BR459)","v":336960},{"$f":"SUM(BS457:BS459)","v":880872}]
["1.13.10.1","Ремонт примыкания кровли к фонарю","п.м.",20,19650,{"$f":"D457*E457","v":393000},8580,{"$f":"D457*G457","v":171600},{"$f":"E457*D457+G457*D457","v":564600},null,null,19650,{"$f":"K457*L457","v":0},8580,{"$f":"K457*N457","v":0},{"$f":"L457*K457+N457*K457","v":0},null,19650,{"$f":"Q457*R457","v":0},8580,{"$f":"Q457*T457","v":0},{"$f":"R457*Q457+T457*Q457","v":0},null,19650,{"$f":"W457*X457","v":0},8580,{"$f":"W457*Z457","v":0},{"$f":"X457*W457+Z457*W457","v":0},null,19650,{"$f":"AC457*AD457","v":0},8580,{"$f":"AC457*AF457","v":0},{"$f":"AD457*AC457+AF457*AC457","v":0},null,19650,{"$f":"AI457*AJ457","v":0},8580,{"$f":"AI457*AL457","v":0},{"$f":"AJ457*AI457+AL457*AI457","v":0},null,19650,{"$f":"AO457*AP457","v":0},8580,{"$f":"AO457*AR457","v":0},{"$f":"AP457*AO457+AR457*AO457","v":0},null,19650,{"$f":"AU457*AV457","v":0},8580,{"$f":"AU457*AX457","v":0},{"$f":"AV457*AU457+AX457*AU457","v":0},null,19650,{"$f":"BA457*BB457","v":0},8580,{"$f":"BA457*BD457","v":0},{"$f":"BB457*BA457+BD457*BA457","v":0},null,0,19650,{"$f":"BH457*BI457","v":0},8580,{"$f":"BH457*BK457","v":0},{"$f":"BI457*BH457+BK457*BH457","v":0},20,19650,{"$f":"BN457*BO457","v":393000},8580,{"$f":"BN457*BQ457","v":171600},{"$f":"BO457*BN457+BQ457*BN457","v":564600}]
["1.13.10.2","Техноэласт ЭПП","м2",40,1021.8,{"$f":"D458*E458","v":40872},1248,{"$f":"D458*G458","v":49920},{"$f":"E458*D458+G458*D458","v":90792},null,null,1021.8,{"$f":"K458*L458","v":0},1248,{"$f":"K458*N458","v":0},{"$f":"L458*K458+N458*K458","v":0},null,1021.8,{"$f":"Q458*R458","v":0},1248,{"$f":"Q458*T458","v":0},{"$f":"R458*Q458+T458*Q458","v":0},null,1021.8,{"$f":"W458*X458","v":0},1248,{"$f":"W458*Z458","v":0},{"$f":"X458*W458+Z458*W458","v":0},null,1021.8,{"$f":"AC458*AD458","v":0},1248,{"$f":"AC458*AF458","v":0},{"$f":"AD458*AC458+AF458*AC458","v":0},null,1021.8,{"$f":"AI458*AJ458","v":0},1248,{"$f":"AI458*AL458","v":0},{"$f":"AJ458*AI458+AL458*AI458","v":0},null,1021.8,{"$f":"AO458*AP458","v":0},1248,{"$f":"AO458*AR458","v":0},{"$f":"AP458*AO458+AR458*AO458","v":0},null,1021.8,{"$f":"AU458*AV458","v":0},1248,{"$f":"AU458*AX458","v":0},{"$f":"AV458*AU458+AX458*AU458","v":0},null,1021.8,{"$f":"BA458*BB458","v":0},1248,{"$f":"BA458*BD458","v":0},{"$f":"BB458*BA458+BD458*BA458","v":0},null,0,1021.8,{"$f":"BH458*BI458","v":0},1248,{"$f":"BH458*BK458","v":0},{"$f":"BI458*BH458+BK458*BH458","v":0},40,1021.8,{"$f":"BN458*BO458","v":40872},1248,{"$f":"BN458*BQ458","v":49920},{"$f":"BO458*BN458+BQ458*BN458","v":90792}]
["1.13.10.3","Прижимная рейка","п.м.",200,550.20000000000005,{"$f":"D459*E459","v":110040.00000000001},577.20000000000005,{"$f":"D459*G459","v":115440.00000000001},{"$f":"E459*D459+G459*D459","v":225480.00000000003},null,null,550.20000000000005,{"$f":"K459*L459","v":0},577.20000000000005,{"$f":"K459*N459","v":0},{"$f":"L459*K459+N459*K459","v":0},null,550.20000000000005,{"$f":"Q459*R459","v":0},577.20000000000005,{"$f":"Q459*T459","v":0},{"$f":"R459*Q459+T459*Q459","v":0},null,550.20000000000005,{"$f":"W459*X459","v":0},577.20000000000005,{"$f":"W459*Z459","v":0},{"$f":"X459*W459+Z459*W459","v":0},null,550.20000000000005,{"$f":"AC459*AD459","v":0},577.20000000000005,{"$f":"AC459*AF459","v":0},{"$f":"AD459*AC459+AF459*AC459","v":0},null,550.20000000000005,{"$f":"AI459*AJ459","v":0},577.20000000000005,{"$f":"AI459*AL459","v":0},{"$f":"AJ459*AI459+AL459*AI459","v":0},null,550.20000000000005,{"$f":"AO459*AP459","v":0},577.20000000000005,{"$f":"AO459*AR459","v":0},{"$f":"AP459*AO459+AR459*AO459","v":0},null,550.20000000000005,{"$f":"AU459*AV459","v":0},577.20000000000005,{"$f":"AU459*AX459","v":0},{"$f":"AV459*AU459+AX459*AU459","v":0},null,550.20000000000005,{"$f":"BA459*BB459","v":0},577.20000000000005,{"$f":"BA459*BD459","v":0},{"$f":"BB459*BA459+BD459*BA459","v":0},null,0,550.20000000000005,{"$f":"BH459*BI459","v":0},577.20000000000005,{"$f":"BH459*BK459","v":0},{"$f":"BI459*BH459+BK459*BH459","v":0},200,550.20000000000005,{"$f":"BN459*BO459","v":110040.00000000001},577.20000000000005,{"$f":"BN459*BQ459","v":115440.00000000001},{"$f":"BO459*BN459+BQ459*BN459","v":225480.00000000003}]
["1.13.11","Ремонт кровли",null,null,null,{"$f":"F461+F462","v":30182.400000000001},null,{"$f":"H461+H462","v":44304},{"$f":"I461+I462","v":74486.399999999994},null,null,null,{"$f":"M461+M462","v":0},null,{"$f":"O461+O462","v":0},{"$f":"P461+P462","v":0},null,null,{"$f":"S461+S462","v":0},null,{"$f":"U461+U462","v":0},{"$f":"V461+V462","v":0},null,null,{"$f":"Y461+Y462","v":0},null,{"$f":"AA461+AA462","v":0},{"$f":"AB461+AB462","v":0},null,null,{"$f":"AE461+AE462","v":0},null,{"$f":"AG461+AG462","v":0},{"$f":"AH461+AH462","v":0},null,null,{"$f":"AK461+AK462","v":0},null,{"$f":"AM461+AM462","v":0},{"$f":"AN461+AN462","v":0},null,null,{"$f":"AQ461+AQ462","v":0},null,{"$f":"AS461+AS462","v":0},{"$f":"AT461+AT462","v":0},null,null,{"$f":"AW461+AW462","v":0},null,{"$f":"AY461+AY462","v":0},{"$f":"AZ461+AZ462","v":0},null,null,{"$f":"BC461+BC462","v":0},null,{"$f":"BE461+BE462","v":0},{"$f":"BF461+BF462","v":0},null,0,null,{"$f":"BJ461+BJ462","v":0},null,{"$f":"BL461+BL462","v":0},{"$f":"BM461+BM462","v":0},0,null,{"$f":"BP461+BP462","v":30182.400000000001},null,{"$f":"BR461+BR462","v":44304},{"$f":"BS461+BS462","v":74486.399999999994}]
["1.13.11.1","Ремонт кровли","м2",4,5502,{"$f":"D461*E461","v":22008},8580,{"$f":"D461*G461","v":34320},{"$f":"E461*D461+G461*D461","v":56328},null,null,5502,{"$f":"K461*L461","v":0},8580,{"$f":"K461*N461","v":0},{"$f":"L461*K461+N461*K461","v":0},null,5502,{"$f":"Q461*R461","v":0},8580,{"$f":"Q461*T461","v":0},{"$f":"R461*Q461+T461*Q461","v":0},null,5502,{"$f":"W461*X461","v":0},8580,{"$f":"W461*Z461","v":0},{"$f":"X461*W461+Z461*W461","v":0},null,5502,{"$f":"AC461*AD461","v":0},8580,{"$f":"AC461*AF461","v":0},{"$f":"AD461*AC461+AF461*AC461","v":0},null,5502,{"$f":"AI461*AJ461","v":0},8580,{"$f":"AI461*AL461","v":0},{"$f":"AJ461*AI461+AL461*AI461","v":0},null,5502,{"$f":"AO461*AP461","v":0},8580,{"$f":"AO461*AR461","v":0},{"$f":"AP461*AO461+AR461*AO461","v":0},null,5502,{"$f":"AU461*AV461","v":0},8580,{"$f":"AU461*AX461","v":0},{"$f":"AV461*AU461+AX461*AU461","v":0},null,5502,{"$f":"BA461*BB461","v":0},8580,{"$f":"BA461*BD461","v":0},{"$f":"BB461*BA461+BD461*BA461","v":0},null,0,5502,{"$f":"BH461*BI461","v":0},8580,{"$f":"BH461*BK461","v":0},{"$f":"BI461*BH461+BK461*BH461","v":0},4,5502,{"$f":"BN461*BO461","v":22008},8580,{"$f":"BN461*BQ461","v":34320},{"$f":"BO461*BN461+BQ461*BN461","v":56328}]
["1.13.11.2","Техноэласт ЭПП","м2",8,1021.8,{"$f":"D462*E462","v":8174.4},1248,{"$f":"D462*G462","v":9984},{"$f":"E462*D462+G462*D462","v":18158.400000000001},null,null,1021.8,{"$f":"K462*L462","v":0},1248,{"$f":"K462*N462","v":0},{"$f":"L462*K462+N462*K462","v":0},null,1021.8,{"$f":"Q462*R462","v":0},1248,{"$f":"Q462*T462","v":0},{"$f":"R462*Q462+T462*Q462","v":0},null,1021.8,{"$f":"W462*X462","v":0},1248,{"$f":"W462*Z462","v":0},{"$f":"X462*W462+Z462*W462","v":0},null,1021.8,{"$f":"AC462*AD462","v":0},1248,{"$f":"AC462*AF462","v":0},{"$f":"AD462*AC462+AF462*AC462","v":0},null,1021.8,{"$f":"AI462*AJ462","v":0},1248,{"$f":"AI462*AL462","v":0},{"$f":"AJ462*AI462+AL462*AI462","v":0},null,1021.8,{"$f":"AO462*AP462","v":0},1248,{"$f":"AO462*AR462","v":0},{"$f":"AP462*AO462+AR462*AO462","v":0},null,1021.8,{"$f":"AU462*AV462","v":0},1248,{"$f":"AU462*AX462","v":0},{"$f":"AV462*AU462+AX462*AU462","v":0},null,1021.8,{"$f":"BA462*BB462","v":0},1248,{"$f":"BA462*BD462","v":0},{"$f":"BB462*BA462+BD462*BA462","v":0},null,0,1021.8,{"$f":"BH462*BI462","v":0},1248,{"$f":"BH462*BK462","v":0},{"$f":"BI462*BH462+BK462*BH462","v":0},8,1021.8,{"$f":"BN462*BO462","v":8174.4},1248,{"$f":"BN462*BQ462","v":9984},{"$f":"BO462*BN462+BQ462*BN462","v":18158.400000000001}]
["1.13.12","Отделка сварочного цеха (стен, колонн, ферм, стен покрытия) ",null,null,null,{"$f":"F464+F465+F466+F467+F468","v":38139180.100000001},null,{"$f":"H464+H465+H466+H467+H468","v":3785039.3},{"$f":"I464+I465+I466+I467+I468","v":41924219.399999999},null,10506.89,null,{"$f":"M464+M465+M466+M467+M468","v":35115829.420000002},null,{"$f":"O464+O465+O466+O467+O468","v":3482948.8999999994},{"$f":"P464+P465+P466+P467+P468","v":38598778.319999993},null,null,{"$f":"S464+S465+S466+S467+S468","v":2005566},null,{"$f":"U464+U465+U466+U467+U468","v":199038},{"$f":"V464+V465+V466+V467+V468","v":2204604},null,null,{"$f":"Y464+Y465+Y466+Y467+Y468","v":1017784.6800000019},null,{"$f":"AA464+AA465+AA466+AA467+AA468","v":103052.40000000015},{"$f":"AB464+AB465+AB466+AB467+AB468","v":1120837.0800000019},null,null,{"$f":"AE464+AE465+AE466+AE467+AE468","v":0},null,{"$f":"AG464+AG465+AG466+AG467+AG468","v":0},{"$f":"AH464+AH465+AH466+AH467+AH468","v":0},null,null,{"$f":"AK464+AK465+AK466+AK467+AK468","v":0},null,{"$f":"AM464+AM465+AM466+AM467+AM468","v":0},{"$f":"AN464+AN465+AN466+AN467+AN468","v":0},null,null,{"$f":"AQ464+AQ465+AQ466+AQ467+AQ468","v":0},null,{"$f":"AS464+AS465+AS466+AS467+AS468","v":0},{"$f":"AT464+AT465+AT466+AT467+AT468","v":0},null,null,{"$f":"AW464+AW465+AW466+AW467+AW468","v":0},null,{"$f":"AY464+AY465+AY466+AY467+AY468","v":0},{"$f":"AZ464+AZ465+AZ466+AZ467+AZ468","v":0},null,null,{"$f":"BC464+BC465+BC466+BC467+BC468","v":0},null,{"$f":"BE464+BE465+BE466+BE467+BE468","v":0},{"$f":"BF464+BF465+BF466+BF467+BF468","v":0},null,10506.89,null,{"$f":"BJ464+BJ465+BJ466+BJ467+BJ468","v":38139180.100000001},null,{"$f":"BL464+BL465+BL466+BL467+BL468","v":3785039.3},{"$f":"BM464+BM465+BM466+BM467+BM468","v":41924219.399999999},null,null,{"$f":"BP464+BP465+BP466+BP467+BP468","v":0},null,{"$f":"BR464+BR465+BR466+BR467+BR468","v":0},{"$f":"BS464+BS465+BS466+BS467+BS468","v":0}]
["1.13.12.1","Зачистка поверхности","м2",11410,750,{"$f":"D464*E464","v":8557500},0,null,{"$f":"E464*D464+G464*D464","v":8557500},null,10506.89,750,{"$f":"K464*L464","v":7880167.5},0,null,{"$f":"L464*K464+N464*K464","v":7880167.5},600,750,{"$f":"Q464*R464","v":450000},0,null,{"$f":"R464*Q464+T464*Q464","v":450000},303.11000000000058,750,{"$f":"W464*X464","v":227332.50000000044},0,null,{"$f":"X464*W464+Z464*W464","v":227332.50000000044},null,750,{"$f":"AC464*AD464","v":0},0,null,{"$f":"AD464*AC464+AF464*AC464","v":0},null,750,{"$f":"AI464*AJ464","v":0},0,null,{"$f":"AJ464*AI464+AL464*AI464","v":0},null,750,{"$f":"AO464*AP464","v":0},0,null,{"$f":"AP464*AO464+AR464*AO464","v":0},null,750,{"$f":"AU464*AV464","v":0},0,null,{"$f":"AV464*AU464+AX464*AU464","v":0},null,750,{"$f":"BA464*BB464","v":0},0,null,{"$f":"BB464*BA464+BD464*BA464","v":0},null,11410,750,{"$f":"BH464*BI464","v":8557500},0,null,{"$f":"BI464*BH464+BK464*BH464","v":8557500},0,750,{"$f":"BN464*BO464","v":0},0,null,{"$f":"BO464*BN464+BQ464*BN464","v":0}]
["1.13.12.2","Грунтовка","м2",11410,89,{"$f":"D465*E465","v":1015490},46,{"$f":"D465*G465","v":524860},1540350,null,10506.89,89,{"$f":"K465*L465","v":935113.21},46,{"$f":"K465*N465","v":483316.93999999994},1418430.15,600,89,{"$f":"Q465*R465","v":53400},46,{"$f":"Q465*T465","v":27600},81000,303.11000000000058,89,{"$f":"W465*X465","v":26976.790000000052},46,{"$f":"W465*Z465","v":13943.060000000027},40919.850000000079,null,89,{"$f":"AC465*AD465","v":0},46,{"$f":"AC465*AF465","v":0},0,null,89,{"$f":"AI465*AJ465","v":0},46,{"$f":"AI465*AL465","v":0},0,null,89,{"$f":"AO465*AP465","v":0},46,{"$f":"AO465*AR465","v":0},0,null,89,{"$f":"AU465*AV465","v":0},46,{"$f":"AU465*AX465","v":0},0,null,89,{"$f":"BA465*BB465","v":0},46,{"$f":"BA465*BD465","v":0},0,null,11410,89,{"$f":"BH465*BI465","v":1015490},46,{"$f":"BH465*BK465","v":524860},1540350,0,89,{"$f":"BN465*BO465","v":0},46,{"$f":"BN465*BQ465","v":0},0]
["1.13.12.3","штукатурка  цементная","м2",11410,1675,{"$f":"D466*E466","v":19111750},0,null,19111750,null,10506.89,1675,{"$f":"K466*L466","v":17599040.75},0,null,17599040.75,600,1675,{"$f":"Q466*R466","v":1005000},0,null,1005000,303.11000000000058,1675,{"$f":"W466*X466","v":507709.25000000099},0,null,507709.25000000099,null,1675,{"$f":"AC466*AD466","v":0},0,null,0,null,1675,{"$f":"AI466*AJ466","v":0},0,null,0,null,1675,{"$f":"AO466*AP466","v":0},0,null,0,null,1675,{"$f":"AU466*AV466","v":0},0,null,0,null,1675,{"$f":"BA466*BB466","v":0},0,null,0,null,11410,1675,{"$f":"BH466*BI466","v":19111750},0,null,19111750,0,1675,{"$f":"BN466*BO466","v":0},0,null,0]
["1.13.12.4","грунтовка ","м2",11410,102.61,{"$f":"D467*E467","v":1170780.1000000001},55.73,{"$f":"D467*G467","v":635879.29999999993},1806659.4,null,10462,102.61,{"$f":"K467*L467","v":1073505.82},55.73,{"$f":"K467*N467","v":583047.26},1656553.08,600,102.61,{"$f":"Q467*R467","v":61566},55.73,{"$f":"Q467*T467","v":33438},95004,348,102.61,{"$f":"W467*X467","v":35708.28},55.73,{"$f":"W467*Z467","v":19394.039999999997},55102.319999999992,null,102.61,{"$f":"AC467*AD467","v":0},55.73,{"$f":"AC467*AF467","v":0},0,null,102.61,{"$f":"AI467*AJ467","v":0},55.73,{"$f":"AI467*AL467","v":0},0,null,102.61,{"$f":"AO467*AP467","v":0},55.73,{"$f":"AO467*AR467","v":0},0,null,102.61,{"$f":"AU467*AV467","v":0},55.73,{"$f":"AU467*AX467","v":0},0,null,102.61,{"$f":"BA467*BB467","v":0},55.73,{"$f":"BA467*BD467","v":0},0,null,11410,102.61,{"$f":"BH467*BI467","v":1170780.1000000001},55.73,{"$f":"BH467*BK467","v":635879.29999999993},1806659.4,0,102.61,{"$f":"BN467*BO467","v":0},55.73,{"$f":"BN467*BQ467","v":0},0]
["1.13.12.5","акриловая краска в 2 слоя","м2",11410,726,{"$f":"D468*E468","v":8283660},230,{"$f":"D468*G468","v":2624300},10907960,null,10506.89,726,{"$f":"K468*L468","v":7628002.1399999997},230,{"$f":"K468*N468","v":2416584.6999999997},10044586.84,600,726,{"$f":"Q468*R468","v":435600},230,{"$f":"Q468*T468","v":138000},573600,303.11000000000058,726,{"$f":"W468*X468","v":220057.86000000042},230,{"$f":"W468*Z468","v":69715.300000000134},289773.16000000056,null,726,{"$f":"AC468*AD468","v":0},230,{"$f":"AC468*AF468","v":0},0,null,726,{"$f":"AI468*AJ468","v":0},230,{"$f":"AI468*AL468","v":0},0,null,726,{"$f":"AO468*AP468","v":0},230,{"$f":"AO468*AR468","v":0},0,null,726,{"$f":"AU468*AV468","v":0},230,{"$f":"AU468*AX468","v":0},0,null,726,{"$f":"BA468*BB468","v":0},230,{"$f":"BA468*BD468","v":0},0,null,11410,726,{"$f":"BH468*BI468","v":8283660},230,{"$f":"BH468*BK468","v":2624300},10907960,0,726,{"$f":"BN468*BO468","v":0},230,{"$f":"BN468*BQ468","v":0},0]
["1.13.13","Демонтаж модульных зданий и монтаж в новом проектном положении",null,null,null,{"$f":"SUM(F470:F475)","v":622926.5},null,{"$f":"SUM(H470:H475)","v":707546.45},{"$f":"SUM(I470:I475)","v":1330472.95},null,null,null,{"$f":"SUM(M470:M475)","v":0},null,{"$f":"SUM(O470:O475)","v":0},{"$f":"SUM(P470:P475)","v":0},null,null,{"$f":"SUM(S470:S475)","v":0},null,{"$f":"SUM(U470:U475)","v":0},{"$f":"SUM(V470:V475)","v":0},null,null,{"$f":"SUM(Y470:Y475)","v":0},null,{"$f":"SUM(AA470:AA475)","v":0},{"$f":"SUM(AB470:AB475)","v":0},null,null,{"$f":"SUM(AE470:AE475)","v":0},null,{"$f":"SUM(AG470:AG475)","v":0},{"$f":"SUM(AH470:AH475)","v":0},null,null,{"$f":"SUM(AK470:AK475)","v":0},null,{"$f":"SUM(AM470:AM475)","v":0},{"$f":"SUM(AN470:AN475)","v":0},null,null,{"$f":"SUM(AQ470:AQ475)","v":0},null,{"$f":"SUM(AS470:AS475)","v":0},{"$f":"SUM(AT470:AT475)","v":0},null,null,{"$f":"SUM(AW470:AW475)","v":0},null,{"$f":"SUM(AY470:AY475)","v":0},{"$f":"SUM(AZ470:AZ475)","v":0},null,null,{"$f":"SUM(BC470:BC475)","v":0},null,{"$f":"SUM(BE470:BE475)","v":0},{"$f":"SUM(BF470:BF475)","v":0},null,0,null,{"$f":"SUM(BJ470:BJ475)","v":0},null,{"$f":"SUM(BL470:BL475)","v":0},{"$f":"SUM(BM470:BM475)","v":0},0,null,{"$f":"SUM(BP470:BP475)","v":622926.5},null,{"$f":"SUM(BR470:BR475)","v":707546.45},{"$f":"SUM(BS470:BS475)","v":1330472.95}]
["1.13.13.1","Демонтаж модульного здания из 2 блок контейнеров","шт",1,58950,{"$f":"D470*E470","v":58950},0,null,{"$f":"E470*D470+G470*D470","v":58950},null,null,58950,{"$f":"K470*L470","v":0},0,null,{"$f":"L470*K470+N470*K470","v":0},null,58950,{"$f":"Q470*R470","v":0},0,null,{"$f":"R470*Q470+T470*Q470","v":0},null,58950,{"$f":"W470*X470","v":0},0,null,{"$f":"X470*W470+Z470*W470","v":0},null,58950,{"$f":"AC470*AD470","v":0},0,null,{"$f":"AD470*AC470+AF470*AC470","v":0},null,58950,{"$f":"AI470*AJ470","v":0},0,null,{"$f":"AJ470*AI470+AL470*AI470","v":0},null,58950,{"$f":"AO470*AP470","v":0},0,null,{"$f":"AP470*AO470+AR470*AO470","v":0},null,58950,{"$f":"AU470*AV470","v":0},0,null,{"$f":"AV470*AU470+AX470*AU470","v":0},null,58950,{"$f":"BA470*BB470","v":0},0,null,{"$f":"BB470*BA470+BD470*BA470","v":0},null,0,58950,{"$f":"BH470*BI470","v":0},0,null,{"$f":"BI470*BH470+BK470*BH470","v":0},1,58950,{"$f":"BN470*BO470","v":58950},0,null,{"$f":"BO470*BN470+BQ470*BN470","v":58950}]
["1.13.13.2","Устройство металлического каркаса под кабины мастеров","т.",2.2999999999999998,118555,272676.5,210411.5,{"$f":"D471*G471","v":483946.44999999995},756622.95,null,null,118555,0,210411.5,{"$f":"K471*N471","v":0},0,null,118555,0,210411.5,{"$f":"Q471*T471","v":0},0,null,118555,0,210411.5,{"$f":"W471*Z471","v":0},0,null,118555,0,210411.5,{"$f":"AC471*AF471","v":0},0,null,118555,0,210411.5,{"$f":"AI471*AL471","v":0},0,null,118555,0,210411.5,{"$f":"AO471*AR471","v":0},0,null,118555,0,210411.5,{"$f":"AU471*AX471","v":0},0,null,118555,0,210411.5,{"$f":"BA471*BD471","v":0},0,null,0,118555,0,210411.5,{"$f":"BH471*BK471","v":0},0,2.2999999999999998,118555,272676.5,210411.5,{"$f":"BN471*BQ471","v":483946.44999999995},756622.95]
["1.13.13.3","Монтаж модульного здания","шт.",2,58950,117900,0,null,117900,null,null,58950,0,0,null,0,null,58950,0,0,null,0,null,58950,0,0,null,0,null,58950,0,0,null,0,null,58950,0,0,null,0,null,58950,0,0,null,0,null,58950,0,0,null,0,null,58950,0,0,null,0,null,0,58950,0,0,null,0,2,58950,117900,0,null,117900]
["1.13.13.4","Устройство металлического ограждения","шт.",1,52400,52400,32500,{"$f":"D473*G473","v":32500},84900,null,null,52400,0,32500,{"$f":"K473*N473","v":0},0,null,52400,0,32500,{"$f":"Q473*T473","v":0},0,null,52400,0,32500,{"$f":"W473*Z473","v":0},0,null,52400,0,32500,{"$f":"AC473*AF473","v":0},0,null,52400,0,32500,{"$f":"AI473*AL473","v":0},0,null,52400,0,32500,{"$f":"AO473*AR473","v":0},0,null,52400,0,32500,{"$f":"AU473*AX473","v":0},0,null,52400,0,32500,{"$f":"BA473*BD473","v":0},0,null,0,52400,0,32500,{"$f":"BH473*BK473","v":0},0,1,52400,52400,32500,{"$f":"BN473*BQ473","v":32500},84900]
["1.13.13.5","Переустройство металлической лестницы с монтажом","шт.",1,62050,62050,0,null,62050,null,null,62050,0,0,null,0,null,62050,0,0,null,0,null,62050,0,0,null,0,null,62050,0,0,null,0,null,62050,0,0,null,0,null,62050,0,0,null,0,null,62050,0,0,null,0,null,62050,0,0,null,0,null,0,62050,0,0,null,0,1,62050,62050,0,null,62050]
["1.13.13.6","Монтаж металлической лестницы","шт.",1,58950,58950,191100,{"$f":"D475*G475","v":191100},250050,null,null,58950,0,191100,{"$f":"K475*N475","v":0},0,null,58950,0,191100,{"$f":"Q475*T475","v":0},0,null,58950,0,191100,{"$f":"W475*Z475","v":0},0,null,58950,0,191100,{"$f":"AC475*AF475","v":0},0,null,58950,0,191100,{"$f":"AI475*AL475","v":0},0,null,58950,0,191100,{"$f":"AO475*AR475","v":0},0,null,58950,0,191100,{"$f":"AU475*AX475","v":0},0,null,58950,0,191100,{"$f":"BA475*BD475","v":0},0,null,0,58950,0,191100,{"$f":"BH475*BK475","v":0},0,1,58950,58950,191100,{"$f":"BN475*BQ475","v":191100},250050]
["1.13.14","Демонтажные работы фасада, ворот",null,null,null,{"$f":"SUM(F477:F484)","v":2146096.6072},null,null,{"$f":"SUM(I477:I484)","v":2146096.6072},null,null,null,{"$f":"SUM(M477:M484)","v":0},null,null,{"$f":"SUM(P477:P484)","v":0},null,null,{"$f":"SUM(S477:S484)","v":0},null,null,{"$f":"SUM(V477:V484)","v":0},null,null,{"$f":"SUM(Y477:Y484)","v":0},null,null,{"$f":"SUM(AB477:AB484)","v":0},null,null,{"$f":"SUM(AE477:AE484)","v":0},null,null,{"$f":"SUM(AH477:AH484)","v":0},null,null,{"$f":"SUM(AK477:AK484)","v":0},null,null,{"$f":"SUM(AN477:AN484)","v":0},null,null,{"$f":"SUM(AQ477:AQ484)","v":0},null,null,{"$f":"SUM(AT477:AT484)","v":0},null,null,{"$f":"SUM(AW477:AW484)","v":0},null,null,{"$f":"SUM(AZ477:AZ484)","v":0},null,null,{"$f":"SUM(BC477:BC484)","v":0},null,null,{"$f":"SUM(BF477:BF484)","v":0},null,0,null,{"$f":"SUM(BJ477:BJ484)","v":0},null,null,{"$f":"SUM(BM477:BM484)","v":0},0,null,{"$f":"SUM(BP477:BP484)","v":2146096.6072},null,null,{"$f":"SUM(BS477:BS484)","v":2146096.6072}]
["1.13.14.1","Демонтаж профилированного покрытия фасада стен по мет. обрешетке","м2",175,1944.56,{"$f":"D477*E477","v":340298},null,null,{"$f":"E477*D477+G477*D477","v":340298},null,null,1944.56,{"$f":"K477*L477","v":0},null,null,{"$f":"L477*K477+N477*K477","v":0},null,1944.56,{"$f":"Q477*R477","v":0},null,null,{"$f":"R477*Q477+T477*Q477","v":0},null,1944.56,{"$f":"W477*X477","v":0},null,null,{"$f":"X477*W477+Z477*W477","v":0},null,1944.56,{"$f":"AC477*AD477","v":0},null,null,{"$f":"AD477*AC477+AF477*AC477","v":0},null,1944.56,{"$f":"AI477*AJ477","v":0},null,null,{"$f":"AJ477*AI477+AL477*AI477","v":0},null,1944.56,{"$f":"AO477*AP477","v":0},null,null,{"$f":"AP477*AO477+AR477*AO477","v":0},null,1944.56,{"$f":"AU477*AV477","v":0},null,null,{"$f":"AV477*AU477+AX477*AU477","v":0},null,1944.56,{"$f":"BA477*BB477","v":0},null,null,{"$f":"BB477*BA477+BD477*BA477","v":0},null,0,1944.56,{"$f":"BH477*BI477","v":0},null,null,{"$f":"BI477*BH477+BK477*BH477","v":0},175,1944.56,{"$f":"BN477*BO477","v":340298},null,null,{"$f":"BO477*BN477+BQ477*BN477","v":340298}]
["1.13.14.2","Демонтаж существующих металлических ворот (3шт.)","т",7.2,79410.95,571758.84,null,null,571758.84,null,null,79410.95,0,null,null,0,null,79410.95,0,null,null,0,null,79410.95,0,null,null,0,null,79410.95,0,null,null,0,null,79410.95,0,null,null,0,null,79410.95,0,null,null,0,null,79410.95,0,null,null,0,null,79410.95,0,null,null,0,null,0,79410.95,0,null,null,0,7.2,79410.95,571758.84,null,null,571758.84]
["1.13.14.3","Резка алмазными дисками стены из кирпича и блоков толщ 380мм","м",210,2661.4,558894,null,null,558894,null,null,2661.4,0,null,null,0,null,2661.4,0,null,null,0,null,2661.4,0,null,null,0,null,2661.4,0,null,null,0,null,2661.4,0,null,null,0,null,2661.4,0,null,null,0,null,2661.4,0,null,null,0,null,2661.4,0,null,null,0,null,0,2661.4,0,null,null,0,210,2661.4,558894,null,null,558894]
["1.13.14.4","Пробивка проемов в кирпичных стенах толщ 380мм ","м3",66.5,6385.96,424666.34,null,null,424666.34,null,null,6385.96,0,null,null,0,null,6385.96,0,null,null,0,null,6385.96,0,null,null,0,null,6385.96,0,null,null,0,null,6385.96,0,null,null,0,null,6385.96,0,null,null,0,null,6385.96,0,null,null,0,null,6385.96,0,null,null,0,null,0,6385.96,0,null,null,0,66.5,6385.96,424666.34,null,null,424666.34]
["1.13.14.5","Демонтаж ж/б перемычек (4шт)","м3",4.5599999999999996,7179.92,32740.435199999996,null,null,32740.435199999996,null,null,7179.92,0,null,null,0,null,7179.92,0,null,null,0,null,7179.92,0,null,null,0,null,7179.92,0,null,null,0,null,7179.92,0,null,null,0,null,7179.92,0,null,null,0,null,7179.92,0,null,null,0,null,7179.92,0,null,null,0,null,0,7179.92,0,null,null,0,4.5599999999999996,7179.92,32740.435199999996,null,null,32740.435199999996]
["1.13.14.6","Демонтаж остекления (мет ок. блоки 6х1.8м - 7 шт)","м2",75.599999999999994,1444.56,109208.73599999999,null,null,109208.73599999999,null,null,1444.56,0,null,null,0,null,1444.56,0,null,null,0,null,1444.56,0,null,null,0,null,1444.56,0,null,null,0,null,1444.56,0,null,null,0,null,1444.56,0,null,null,0,null,1444.56,0,null,null,0,null,1444.56,0,null,null,0,null,{"$f":"K482+Q482+W482+AC482+AI482+AO482+AU482+BA482","v":0},1444.56,0,null,null,0,{"$f":"D482-BH482","v":75.599999999999994},1444.56,109208.73599999999,null,null,109208.73599999999]
["1.13.14.7","Очистка от строительного мусора, боя кирпича, бетона и погрузка вручную при автомобильных перевозках","т",25.8,3325.32,85793.256000000008,null,null,85793.256000000008,null,null,3325.32,0,null,null,0,null,3325.32,0,null,null,0,null,3325.32,0,null,null,0,null,3325.32,0,null,null,0,null,3325.32,0,null,null,0,null,3325.32,0,null,null,0,null,3325.32,0,null,null,0,null,3325.32,0,null,null,0,null,0,3325.32,0,null,null,0,25.8,3325.32,85793.256000000008,null,null,85793.256000000008]
["1.13.14.8","Вывоз и утилизация с К разрыхления 1,47","м3",14.3,1590,22737,null,null,22737,null,null,1590,0,null,null,0,null,1590,0,null,null,0,null,1590,0,null,null,0,null,1590,0,null,null,0,null,1590,0,null,null,0,null,1590,0,null,null,0,null,1590,0,null,null,0,null,1590,0,null,null,0,null,0,1590,0,null,null,0,14.3,1590,22737,null,null,22737]
["1.13.15","Установка автомата газирования воды с подключениям к сетям","шт",2,71500,143000,273585,{"$f":"D485*G485","v":547170},690170,null,null,71500,0,273585,{"$f":"K485*N485","v":0},0,null,71500,0,273585,{"$f":"Q485*T485","v":0},0,null,71500,0,273585,{"$f":"W485*Z485","v":0},0,null,71500,0,273585,{"$f":"AC485*AF485","v":0},0,null,71500,0,273585,{"$f":"AI485*AL485","v":0},0,null,71500,0,273585,{"$f":"AO485*AR485","v":0},0,null,71500,0,273585,{"$f":"AU485*AX485","v":0},0,null,71500,0,273585,{"$f":"BA485*BD485","v":0},0,null,0,71500,0,273585,{"$f":"BH485*BK485","v":0},0,2,71500,143000,273585,{"$f":"BN485*BQ485","v":547170},690170]
["1.13.16","Устройство швов сжатия и расширения","м",368,1821.19,670197.92000000004,79.5,{"$f":"D486*G486","v":29256},699453.92,null,null,1821.19,0,79.5,{"$f":"K486*N486","v":0},0,null,1821.19,0,79.5,{"$f":"Q486*T486","v":0},0,null,1821.19,0,79.5,{"$f":"W486*Z486","v":0},0,null,1821.19,0,79.5,{"$f":"AC486*AF486","v":0},0,null,1821.19,0,79.5,{"$f":"AI486*AL486","v":0},0,null,1821.19,0,79.5,{"$f":"AO486*AR486","v":0},0,null,1821.19,0,79.5,{"$f":"AU486*AX486","v":0},0,null,1821.19,0,79.5,{"$f":"BA486*BD486","v":0},0,null,0,1821.19,0,79.5,{"$f":"BH486*BK486","v":0},0,368,1821.19,670197.92000000004,79.5,{"$f":"BN486*BQ486","v":29256},699453.92]
["1.13.17","Устройство швов сопряжения покрытий","м",558.79999999999995,1649.42,921695.89599999995,null,null,921695.89599999995,null,null,1649.42,0,null,null,0,null,1649.42,0,null,null,0,null,1649.42,0,null,null,0,null,1649.42,0,null,null,0,null,1649.42,0,null,null,0,null,1649.42,0,null,null,0,null,1649.42,0,null,null,0,null,1649.42,0,null,null,0,null,0,1649.42,0,null,null,0,558.79999999999995,1649.42,921695.89599999995,null,null,921695.89599999995]
["1.13.18","Окраска колонн сборочного и сварочного пролетов, окраска кран-балок",null,null,null,null,null,null,null,null,null,null,null,null,null,null,null,null,null,null,null,null,null,null,null,null,null,null,null,null,null,null,null,null,null,null,null,null,null,null,null,null,null,null,null,null,null,null,null,null,null,null,null,null,null,null,null,null,null,0,null,null,null,null,null,0]
["1.13.19","Окраска колонн",null,null,null,{"$f":"SUM(F490:F493)","v":2784517.8},null,{"$f":"SUM(H490:H493)","v":2156704},{"$f":"SUM(I490:I493)","v":4941221.8},null,null,null,{"$f":"SUM(M490:M493)","v":0},null,{"$f":"SUM(O490:O493)","v":0},{"$f":"SUM(P490:P493)","v":0},null,null,{"$f":"SUM(S490:S493)","v":0},null,{"$f":"SUM(U490:U493)","v":0},{"$f":"SUM(V490:V493)","v":0},null,null,{"$f":"SUM(Y490:Y493)","v":617500.5},null,{"$f":"SUM(AA490:AA493)","v":456052},{"$f":"SUM(AB490:AB493)","v":1073552.5},null,null,{"$f":"SUM(AE490:AE493)","v":0},null,{"$f":"SUM(AG490:AG493)","v":0},{"$f":"SUM(AH490:AH493)","v":0},null,null,{"$f":"SUM(AK490:AK493)","v":0},null,{"$f":"SUM(AM490:AM493)","v":0},{"$f":"SUM(AN490:AN493)","v":0},null,null,{"$f":"SUM(AQ490:AQ493)","v":0},null,{"$f":"SUM(AS490:AS493)","v":0},{"$f":"SUM(AT490:AT493)","v":0},null,null,{"$f":"SUM(AW490:AW493)","v":0},null,{"$f":"SUM(AY490:AY493)","v":0},{"$f":"SUM(AZ490:AZ493)","v":0},null,null,{"$f":"SUM(BC490:BC493)","v":0},null,{"$f":"SUM(BE490:BE493)","v":0},{"$f":"SUM(BF490:BF493)","v":0},null,0,null,{"$f":"SUM(BJ490:BJ493)","v":617500.5},null,{"$f":"SUM(BL490:BL493)","v":456052},{"$f":"SUM(BM490:BM493)","v":1073552.5},0,null,{"$f":"SUM(BP490:BP493)","v":2167017.2999999998},null,{"$f":"SUM(BR490:BR493)","v":1700652},{"$f":"SUM(BS490:BS493)","v":3867669.3}]
["1.13.19.1","Обеспыливание поверхности","м2",2120,96,{"$f":"D490*E490","v":203520},null,null,{"$f":"E490*D490+D490*G490","v":203520},null,null,96,{"$f":"K490*L490","v":0},null,null,{"$f":"L490*K490+K490*N490","v":0},null,96,{"$f":"Q490*R490","v":0},null,null,{"$f":"R490*Q490+Q490*T490","v":0},null,96,{"$f":"W490*X490","v":0},null,null,{"$f":"X490*W490+W490*Z490","v":0},null,96,{"$f":"AC490*AD490","v":0},null,null,{"$f":"AD490*AC490+AC490*AF490","v":0},null,96,{"$f":"AI490*AJ490","v":0},null,null,{"$f":"AJ490*AI490+AI490*AL490","v":0},null,96,{"$f":"AO490*AP490","v":0},null,null,{"$f":"AP490*AO490+AO490*AR490","v":0},null,96,{"$f":"AU490*AV490","v":0},null,null,{"$f":"AV490*AU490+AU490*AX490","v":0},null,96,{"$f":"BA490*BB490","v":0},null,null,{"$f":"BB490*BA490+BA490*BD490","v":0},null,0,96,{"$f":"BH490*BI490","v":0},null,null,{"$f":"BI490*BH490+BH490*BK490","v":0},2120,96,{"$f":"BN490*BO490","v":203520},null,null,{"$f":"BO490*BN490+BN490*BQ490","v":203520}]
["1.13.19.2","Грунтовка  ","м2",2120,130.56,{"$f":"D491*E491","v":276787.20000000001},60,{"$f":"D491*G491","v":127200},{"$f":"E491*D491+D491*G491","v":403987.20000000001},null,null,130.56,{"$f":"K491*L491","v":0},60,{"$f":"K491*N491","v":0},{"$f":"L491*K491+K491*N491","v":0},null,130.56,{"$f":"Q491*R491","v":0},60,{"$f":"Q491*T491","v":0},{"$f":"R491*Q491+Q491*T491","v":0},425,130.56,{"$f":"W491*X491","v":55488},60,{"$f":"W491*Z491","v":25500},{"$f":"X491*W491+W491*Z491","v":80988},null,130.56,{"$f":"AC491*AD491","v":0},60,{"$f":"AC491*AF491","v":0},{"$f":"AD491*AC491+AC491*AF491","v":0},null,130.56,{"$f":"AI491*AJ491","v":0},60,{"$f":"AI491*AL491","v":0},{"$f":"AJ491*AI491+AI491*AL491","v":0},null,130.56,{"$f":"AO491*AP491","v":0},60,{"$f":"AO491*AR491","v":0},{"$f":"AP491*AO491+AO491*AR491","v":0},null,130.56,{"$f":"AU491*AV491","v":0},60,{"$f":"AU491*AX491","v":0},{"$f":"AV491*AU491+AU491*AX491","v":0},null,130.56,{"$f":"BA491*BB491","v":0},60,{"$f":"BA491*BD491","v":0},{"$f":"BB491*BA491+BA491*BD491","v":0},null,425,130.56,{"$f":"BH491*BI491","v":55488},60,{"$f":"BH491*BK491","v":25500},{"$f":"BI491*BH491+BH491*BK491","v":80988},1695,130.56,{"$f":"BN491*BO491","v":221299.20000000001},60,{"$f":"BN491*BQ491","v":101700},{"$f":"BO491*BN491+BN491*BQ491","v":322999.2}]
["1.13.19.3","Акриловая краска в 2 слоя цвет оранжевый","м2",2120,929.28,{"$f":"D492*E492","v":1970073.5999999999},920,{"$f":"D492*G492","v":1950400},{"$f":"E492*D492+D492*G492","v":3920473.5999999996},null,null,929.28,{"$f":"K492*L492","v":0},920,{"$f":"K492*N492","v":0},{"$f":"L492*K492+K492*N492","v":0},null,929.28,{"$f":"Q492*R492","v":0},920,{"$f":"Q492*T492","v":0},{"$f":"R492*Q492+Q492*T492","v":0},425,929.28,{"$f":"W492*X492","v":394944},920,{"$f":"W492*Z492","v":391000},{"$f":"X492*W492+W492*Z492","v":785944},null,929.28,{"$f":"AC492*AD492","v":0},920,{"$f":"AC492*AF492","v":0},{"$f":"AD492*AC492+AC492*AF492","v":0},null,929.28,{"$f":"AI492*AJ492","v":0},920,{"$f":"AI492*AL492","v":0},{"$f":"AJ492*AI492+AI492*AL492","v":0},null,929.28,{"$f":"AO492*AP492","v":0},920,{"$f":"AO492*AR492","v":0},{"$f":"AP492*AO492+AO492*AR492","v":0},null,929.28,{"$f":"AU492*AV492","v":0},920,{"$f":"AU492*AX492","v":0},{"$f":"AV492*AU492+AU492*AX492","v":0},null,929.28,{"$f":"BA492*BB492","v":0},920,{"$f":"BA492*BD492","v":0},{"$f":"BB492*BA492+BA492*BD492","v":0},null,425,929.28,{"$f":"BH492*BI492","v":394944},920,{"$f":"BH492*BK492","v":391000},{"$f":"BI492*BH492+BH492*BK492","v":785944},1695,929.28,{"$f":"BN492*BO492","v":1575129.5999999999},920,{"$f":"BN492*BQ492","v":1559400},{"$f":"BO492*BN492+BN492*BQ492","v":3134529.5999999996}]
["1.13.19.4","Укрывные работы","комп",1,334137,{"$f":"D493*E493","v":334137},79104,{"$f":"D493*G493","v":79104},{"$f":"E493*D493+D493*G493","v":413241},null,null,334137,{"$f":"K493*L493","v":0},79104,{"$f":"K493*N493","v":0},{"$f":"L493*K493+K493*N493","v":0},null,334137,{"$f":"Q493*R493","v":0},79104,{"$f":"Q493*T493","v":0},{"$f":"R493*Q493+Q493*T493","v":0},0.5,334137,{"$f":"W493*X493","v":167068.5},79104,{"$f":"W493*Z493","v":39552},{"$f":"X493*W493+W493*Z493","v":206620.5},null,334137,{"$f":"AC493*AD493","v":0},79104,{"$f":"AC493*AF493","v":0},{"$f":"AD493*AC493+AC493*AF493","v":0},null,334137,{"$f":"AI493*AJ493","v":0},79104,{"$f":"AI493*AL493","v":0},{"$f":"AJ493*AI493+AI493*AL493","v":0},null,334137,{"$f":"AO493*AP493","v":0},79104,{"$f":"AO493*AR493","v":0},{"$f":"AP493*AO493+AO493*AR493","v":0},null,334137,{"$f":"AU493*AV493","v":0},79104,{"$f":"AU493*AX493","v":0},{"$f":"AV493*AU493+AU493*AX493","v":0},null,334137,{"$f":"BA493*BB493","v":0},79104,{"$f":"BA493*BD493","v":0},{"$f":"BB493*BA493+BA493*BD493","v":0},null,0.5,334137,{"$f":"BH493*BI493","v":167068.5},79104,{"$f":"BH493*BK493","v":39552},{"$f":"BI493*BH493+BH493*BK493","v":206620.5},0.5,334137,{"$f":"BN493*BO493","v":167068.5},79104,{"$f":"BN493*BQ493","v":39552},{"$f":"BO493*BN493+BN493*BQ493","v":206620.5}]
["1.13.20","Окраска кран-балок",null,null,null,{"$f":"SUM(F495:F496)","v":394092},null,{"$f":"SUM(H495:H496)","v":364900},{"$f":"SUM(I495:I496)","v":758992},null,null,null,{"$f":"SUM(M495:M496)","v":0},null,{"$f":"SUM(O495:O496)","v":0},{"$f":"SUM(P495:P496)","v":0},null,null,{"$f":"SUM(S495:S496)","v":0},null,{"$f":"SUM(U495:U496)","v":0},{"$f":"SUM(V495:V496)","v":0},null,null,{"$f":"SUM(Y495:Y496)","v":394092},null,{"$f":"SUM(AA495:AA496)","v":364900},{"$f":"SUM(AB495:AB496)","v":758992},null,null,{"$f":"SUM(AE495:AE496)","v":0},null,{"$f":"SUM(AG495:AG496)","v":0},{"$f":"SUM(AH495:AH496)","v":0},null,null,{"$f":"SUM(AK495:AK496)","v":0},null,{"$f":"SUM(AM495:AM496)","v":0},{"$f":"SUM(AN495:AN496)","v":0},null,null,{"$f":"SUM(AQ495:AQ496)","v":0},null,{"$f":"SUM(AS495:AS496)","v":0},{"$f":"SUM(AT495:AT496)","v":0},null,null,{"$f":"SUM(AW495:AW496)","v":0},null,{"$f":"SUM(AY495:AY496)","v":0},{"$f":"SUM(AZ495:AZ496)","v":0},null,null,{"$f":"SUM(BC495:BC496)","v":0},null,{"$f":"SUM(BE495:BE496)","v":0},{"$f":"SUM(BF495:BF496)","v":0},null,0,null,{"$f":"SUM(BJ495:BJ496)","v":394092},null,{"$f":"SUM(BL495:BL496)","v":364900},{"$f":"SUM(BM495:BM496)","v":758992},0,null,{"$f":"SUM(BP495:BP496)","v":0},null,{"$f":"SUM(BR495:BR496)","v":0},{"$f":"SUM(BS495:BS496)","v":0}]
["1.13.20.1","Обеспыливание поверхности","м2",410,90,{"$f":"D495*E495","v":36900},null,null,{"$f":"E495*D495+D495*G495","v":36900},null,null,90,{"$f":"K495*L495","v":0},null,null,{"$f":"L495*K495+K495*N495","v":0},null,90,{"$f":"Q495*R495","v":0},null,null,{"$f":"R495*Q495+Q495*T495","v":0},410,90,{"$f":"W495*X495","v":36900},null,null,{"$f":"X495*W495+W495*Z495","v":36900},null,90,{"$f":"AC495*AD495","v":0},null,null,{"$f":"AD495*AC495+AC495*AF495","v":0},null,90,{"$f":"AI495*AJ495","v":0},null,null,{"$f":"AJ495*AI495+AI495*AL495","v":0},null,90,{"$f":"AO495*AP495","v":0},null,null,{"$f":"AP495*AO495+AO495*AR495","v":0},null,90,{"$f":"AU495*AV495","v":0},null,null,{"$f":"AV495*AU495+AU495*AX495","v":0},null,90,{"$f":"BA495*BB495","v":0},null,null,{"$f":"BB495*BA495+BA495*BD495","v":0},null,410,90,{"$f":"BH495*BI495","v":36900},null,null,{"$f":"BI495*BH495+BH495*BK495","v":36900},0,90,{"$f":"BN495*BO495","v":0},null,null,{"$f":"BO495*BN495+BN495*BQ495","v":0}]
["1.13.20.2","Окрашивание эмалью в 2 слоя цвет оранжевый","м2",410,871.2,{"$f":"D496*E496","v":357192},890,{"$f":"D496*G496","v":364900},{"$f":"E496*D496+D496*G496","v":722092},null,null,871.2,{"$f":"K496*L496","v":0},890,{"$f":"K496*N496","v":0},{"$f":"L496*K496+K496*N496","v":0},null,871.2,{"$f":"Q496*R496","v":0},890,{"$f":"Q496*T496","v":0},{"$f":"R496*Q496+Q496*T496","v":0},410,871.2,{"$f":"W496*X496","v":357192},890,{"$f":"W496*Z496","v":364900},{"$f":"X496*W496+W496*Z496","v":722092},null,871.2,{"$f":"AC496*AD496","v":0},890,{"$f":"AC496*AF496","v":0},{"$f":"AD496*AC496+AC496*AF496","v":0},null,871.2,{"$f":"AI496*AJ496","v":0},890,{"$f":"AI496*AL496","v":0},{"$f":"AJ496*AI496+AI496*AL496","v":0},null,871.2,{"$f":"AO496*AP496","v":0},890,{"$f":"AO496*AR496","v":0},{"$f":"AP496*AO496+AO496*AR496","v":0},null,871.2,{"$f":"AU496*AV496","v":0},890,{"$f":"AU496*AX496","v":0},{"$f":"AV496*AU496+AU496*AX496","v":0},null,871.2,{"$f":"BA496*BB496","v":0},890,{"$f":"BA496*BD496","v":0},{"$f":"BB496*BA496+BA496*BD496","v":0},null,410,871.2,{"$f":"BH496*BI496","v":357192},890,{"$f":"BH496*BK496","v":364900},{"$f":"BI496*BH496+BH496*BK496","v":722092},0,871.2,{"$f":"BN496*BO496","v":0},890,{"$f":"BN496*BQ496","v":0},{"$f":"BO496*BN496+BN496*BQ496","v":0}]
["1.13.21","Устройство пандусов подьемных ворот по оси 1",null,null,null,{"$f":"F498+F499+F500","v":843314.54},null,{"$f":"H498+H499+H500","v":209972},{"$f":"I498+I499+I500","v":1053286.54},null,null,null,{"$f":"M498+M499+M500","v":0},null,{"$f":"O498+O499+O500","v":0},{"$f":"P498+P499+P500","v":0},null,null,{"$f":"S498+S499+S500","v":0},null,{"$f":"U498+U499+U500","v":0},{"$f":"V498+V499+V500","v":0},null,null,{"$f":"Y498+Y499+Y500","v":577636.34210000001},null,{"$f":"AA498+AA499+AA500","v":209972},{"$f":"AB498+AB499+AB500","v":787608.34210000001},null,null,{"$f":"AE498+AE499+AE500","v":0},null,{"$f":"AG498+AG499+AG500","v":0},{"$f":"AH498+AH499+AH500","v":0},null,null,{"$f":"AK498+AK499+AK500","v":0},null,{"$f":"AM498+AM499+AM500","v":0},{"$f":"AN498+AN499+AN500","v":0},null,null,{"$f":"AQ498+AQ499+AQ500","v":0},null,{"$f":"AS498+AS499+AS500","v":0},{"$f":"AT498+AT499+AT500","v":0},null,null,{"$f":"AW498+AW499+AW500","v":0},null,{"$f":"AY498+AY499+AY500","v":0},{"$f":"AZ498+AZ499+AZ500","v":0},null,null,{"$f":"BC498+BC499+BC500","v":0},null,{"$f":"BE498+BE499+BE500","v":0},{"$f":"BF498+BF499+BF500","v":0},null,0,null,{"$f":"BJ498+BJ499+BJ500","v":577636.34210000001},null,{"$f":"BL498+BL499+BL500","v":209972},{"$f":"BM498+BM499+BM500","v":787608.34210000001},0,null,{"$f":"BP498+BP499+BP500","v":265678.19789999997},null,{"$f":"BR498+BR499+BR500","v":0},{"$f":"BS498+BS499+BS500","v":265678.19789999997}]
["1.13.21.1","Резка алмазными дисками пола","м/п",60,6500,{"$f":"D498*E498","v":390000},null,null,{"$f":"E498*D498+D498*G498","v":390000},null,null,6500,{"$f":"K498*L498","v":0},null,null,{"$f":"L498*K498+K498*N498","v":0},null,6500,{"$f":"Q498*R498","v":0},null,null,{"$f":"R498*Q498+Q498*T498","v":0},42.06,6500,{"$f":"W498*X498","v":273390},null,null,{"$f":"X498*W498+W498*Z498","v":273390},null,6500,{"$f":"AC498*AD498","v":0},null,null,{"$f":"AD498*AC498+AC498*AF498","v":0},null,6500,{"$f":"AI498*AJ498","v":0},null,null,{"$f":"AJ498*AI498+AI498*AL498","v":0},null,6500,{"$f":"AO498*AP498","v":0},null,null,{"$f":"AP498*AO498+AO498*AR498","v":0},null,6500,{"$f":"AU498*AV498","v":0},null,null,{"$f":"AV498*AU498+AU498*AX498","v":0},null,6500,{"$f":"BA498*BB498","v":0},null,null,{"$f":"BB498*BA498+BA498*BD498","v":0},null,42.06,6500,{"$f":"BH498*BI498","v":273390},null,null,{"$f":"BI498*BH498+BH498*BK498","v":273390},17.939999999999998,6500,{"$f":"BN498*BO498","v":116609.99999999999},null,null,{"$f":"BO498*BN498+BN498*BQ498","v":116609.99999999999}]
["1.13.21.2","Демонтаж ж/б покрытия пола с погрузкой","м3",14,20171.61,{"$f":"D499*E499","v":282402.54000000004},null,null,{"$f":"E499*D499+D499*G499","v":282402.54000000004},null,null,20171.61,{"$f":"K499*L499","v":0},null,null,{"$f":"L499*K499+K499*N499","v":0},null,20171.61,{"$f":"Q499*R499","v":0},null,null,{"$f":"R499*Q499+Q499*T499","v":0},6.61,20171.61,{"$f":"W499*X499","v":133334.34210000001},null,null,{"$f":"X499*W499+W499*Z499","v":133334.34210000001},null,20171.61,{"$f":"AC499*AD499","v":0},null,null,{"$f":"AD499*AC499+AC499*AF499","v":0},null,20171.61,{"$f":"AI499*AJ499","v":0},null,null,{"$f":"AJ499*AI499+AI499*AL499","v":0},null,20171.61,{"$f":"AO499*AP499","v":0},null,null,{"$f":"AP499*AO499+AO499*AR499","v":0},null,20171.61,{"$f":"AU499*AV499","v":0},null,null,{"$f":"AV499*AU499+AU499*AX499","v":0},null,20171.61,{"$f":"BA499*BB499","v":0},null,null,{"$f":"BB499*BA499+BA499*BD499","v":0},null,6.61,20171.61,{"$f":"BH499*BI499","v":133334.34210000001},null,null,{"$f":"BI499*BH499+BH499*BK499","v":133334.34210000001},7.39,20171.61,{"$f":"BN499*BO499","v":149068.1979},null,null,{"$f":"BO499*BN499+BN499*BQ499","v":149068.1979}]
["1.13.21.3","Устройство монолитного железобетонного покрытия пола из бетона кл. В25, W4, F50 толщиной 150 мм","м3",14,12208,{"$f":"D500*E500","v":170912},14998,{"$f":"D500*G500","v":209972},{"$f":"E500*D500+D500*G500","v":380884},null,null,12208,{"$f":"K500*L500","v":0},14998,{"$f":"K500*N500","v":0},{"$f":"L500*K500+K500*N500","v":0},null,12208,{"$f":"Q500*R500","v":0},14998,{"$f":"Q500*T500","v":0},{"$f":"R500*Q500+Q500*T500","v":0},14,12208,{"$f":"W500*X500","v":170912},14998,{"$f":"W500*Z500","v":209972},{"$f":"X500*W500+W500*Z500","v":380884},null,12208,{"$f":"AC500*AD500","v":0},14998,{"$f":"AC500*AF500","v":0},{"$f":"AD500*AC500+AC500*AF500","v":0},null,12208,{"$f":"AI500*AJ500","v":0},14998,{"$f":"AI500*AL500","v":0},{"$f":"AJ500*AI500+AI500*AL500","v":0},null,12208,{"$f":"AO500*AP500","v":0},14998,{"$f":"AO500*AR500","v":0},{"$f":"AP500*AO500+AO500*AR500","v":0},null,12208,{"$f":"AU500*AV500","v":0},14998,{"$f":"AU500*AX500","v":0},{"$f":"AV500*AU500+AU500*AX500","v":0},null,12208,{"$f":"BA500*BB500","v":0},14998,{"$f":"BA500*BD500","v":0},{"$f":"BB500*BA500+BA500*BD500","v":0},null,14,12208,{"$f":"BH500*BI500","v":170912},14998,{"$f":"BH500*BK500","v":209972},{"$f":"BI500*BH500+BH500*BK500","v":380884},0,12208,{"$f":"BN500*BO500","v":0},14998,{"$f":"BN500*BQ500","v":0},{"$f":"BO500*BN500+BN500*BQ500","v":0}]
["1.13.22","Устройство фасадов  ось 33",null,null,null,{"$f":"F502+F503+F504+F505","v":474403.4},null,{"$f":"H502+H503+H504+H505","v":410962.5},{"$f":"I502+I503+I504+I505","v":885365.9},null,null,null,{"$f":"M502+M503+M504+M505","v":0},null,{"$f":"O502+O503+O504+O505","v":0},{"$f":"P502+P503+P504+P505","v":0},null,null,{"$f":"S502+S503+S504+S505","v":0},null,{"$f":"U502+U503+U504+U505","v":0},{"$f":"V502+V503+V504+V505","v":0},null,null,{"$f":"Y502+Y503+Y504+Y505","v":0},null,{"$f":"AA502+AA503+AA504+AA505","v":0},{"$f":"AB502+AB503+AB504+AB505","v":0},null,null,{"$f":"AE502+AE503+AE504+AE505","v":0},null,{"$f":"AG502+AG503+AG504+AG505","v":0},{"$f":"AH502+AH503+AH504+AH505","v":0},null,null,{"$f":"AK502+AK503+AK504+AK505","v":0},null,{"$f":"AM502+AM503+AM504+AM505","v":0},{"$f":"AN502+AN503+AN504+AN505","v":0},null,null,{"$f":"AQ502+AQ503+AQ504+AQ505","v":0},null,{"$f":"AS502+AS503+AS504+AS505","v":0},{"$f":"AT502+AT503+AT504+AT505","v":0},null,null,{"$f":"AW502+AW503+AW504+AW505","v":0},null,{"$f":"AY502+AY503+AY504+AY505","v":0},{"$f":"AZ502+AZ503+AZ504+AZ505","v":0},null,null,{"$f":"BC502+BC503+BC504+BC505","v":0},null,{"$f":"BE502+BE503+BE504+BE505","v":0},{"$f":"BF502+BF503+BF504+BF505","v":0},null,0,null,{"$f":"BJ502+BJ503+BJ504+BJ505","v":0},null,{"$f":"BL502+BL503+BL504+BL505","v":0},{"$f":"BM502+BM503+BM504+BM505","v":0},0,null,{"$f":"BP502+BP503+BP504+BP505","v":474403.4},null,{"$f":"BR502+BR503+BR504+BR505","v":410962.5},{"$f":"BS502+BS503+BS504+BS505","v":885365.9}]
["1.13.22.1","Установка и разборка инвентарных и наружных лесов высотой 14,8м","м2",140,589.5,{"$f":"D502*E502","v":82530},364,{"$f":"D502*G502","v":50960},{"$f":"E502*D502+G502*D502","v":133490},null,null,589.5,{"$f":"K502*L502","v":0},364,{"$f":"K502*N502","v":0},{"$f":"L502*K502+N502*K502","v":0},null,589.5,{"$f":"Q502*R502","v":0},364,{"$f":"Q502*T502","v":0},{"$f":"R502*Q502+T502*Q502","v":0},null,589.5,{"$f":"W502*X502","v":0},364,{"$f":"W502*Z502","v":0},{"$f":"X502*W502+Z502*W502","v":0},null,589.5,{"$f":"AC502*AD502","v":0},364,{"$f":"AC502*AF502","v":0},{"$f":"AD502*AC502+AF502*AC502","v":0},null,589.5,{"$f":"AI502*AJ502","v":0},364,{"$f":"AI502*AL502","v":0},{"$f":"AJ502*AI502+AL502*AI502","v":0},null,589.5,{"$f":"AO502*AP502","v":0},364,{"$f":"AO502*AR502","v":0},{"$f":"AP502*AO502+AR502*AO502","v":0},null,589.5,{"$f":"AU502*AV502","v":0},364,{"$f":"AU502*AX502","v":0},{"$f":"AV502*AU502+AX502*AU502","v":0},null,589.5,{"$f":"BA502*BB502","v":0},364,{"$f":"BA502*BD502","v":0},{"$f":"BB502*BA502+BD502*BA502","v":0},null,0,589.5,{"$f":"BH502*BI502","v":0},364,{"$f":"BH502*BK502","v":0},{"$f":"BI502*BH502+BK502*BH502","v":0},140,589.5,{"$f":"BN502*BO502","v":82530},364,{"$f":"BN502*BQ502","v":50960},{"$f":"BO502*BN502+BQ502*BN502","v":133490}]
["1.13.22.2","Монтаж подсистемы ","м2",125,1506.5,{"$f":"D503*E503","v":188312.5},1049.0999999999999,{"$f":"D503*G503","v":131137.5},{"$f":"E503*D503+G503*D503","v":319450},null,null,1506.5,{"$f":"K503*L503","v":0},1049.0999999999999,{"$f":"K503*N503","v":0},{"$f":"L503*K503+N503*K503","v":0},null,1506.5,{"$f":"Q503*R503","v":0},1049.0999999999999,{"$f":"Q503*T503","v":0},{"$f":"R503*Q503+T503*Q503","v":0},null,1506.5,{"$f":"W503*X503","v":0},1049.0999999999999,{"$f":"W503*Z503","v":0},{"$f":"X503*W503+Z503*W503","v":0},null,1506.5,{"$f":"AC503*AD503","v":0},1049.0999999999999,{"$f":"AC503*AF503","v":0},{"$f":"AD503*AC503+AF503*AC503","v":0},null,1506.5,{"$f":"AI503*AJ503","v":0},1049.0999999999999,{"$f":"AI503*AL503","v":0},{"$f":"AJ503*AI503+AL503*AI503","v":0},null,1506.5,{"$f":"AO503*AP503","v":0},1049.0999999999999,{"$f":"AO503*AR503","v":0},{"$f":"AP503*AO503+AR503*AO503","v":0},null,1506.5,{"$f":"AU503*AV503","v":0},1049.0999999999999,{"$f":"AU503*AX503","v":0},{"$f":"AV503*AU503+AX503*AU503","v":0},null,1506.5,{"$f":"BA503*BB503","v":0},1049.0999999999999,{"$f":"BA503*BD503","v":0},{"$f":"BB503*BA503+BD503*BA503","v":0},null,0,1506.5,{"$f":"BH503*BI503","v":0},1049.0999999999999,{"$f":"BH503*BK503","v":0},{"$f":"BI503*BH503+BK503*BH503","v":0},125,1506.5,{"$f":"BN503*BO503","v":188312.5},1049.0999999999999,{"$f":"BN503*BQ503","v":131137.5},{"$f":"BO503*BN503+BQ503*BN503","v":319450}]
["1.13.22.3","Монтаж проф.листа ","м2",125,1244.5,{"$f":"D504*E504","v":155562.5},1281.8,{"$f":"D504*G504","v":160225},{"$f":"E504*D504+G504*D504","v":315787.5},null,null,1244.5,{"$f":"K504*L504","v":0},1281.8,{"$f":"K504*N504","v":0},{"$f":"L504*K504+N504*K504","v":0},null,1244.5,{"$f":"Q504*R504","v":0},1281.8,{"$f":"Q504*T504","v":0},{"$f":"R504*Q504+T504*Q504","v":0},null,1244.5,{"$f":"W504*X504","v":0},1281.8,{"$f":"W504*Z504","v":0},{"$f":"X504*W504+Z504*W504","v":0},null,1244.5,{"$f":"AC504*AD504","v":0},1281.8,{"$f":"AC504*AF504","v":0},{"$f":"AD504*AC504+AF504*AC504","v":0},null,1244.5,{"$f":"AI504*AJ504","v":0},1281.8,{"$f":"AI504*AL504","v":0},{"$f":"AJ504*AI504+AL504*AI504","v":0},null,1244.5,{"$f":"AO504*AP504","v":0},1281.8,{"$f":"AO504*AR504","v":0},{"$f":"AP504*AO504+AR504*AO504","v":0},null,1244.5,{"$f":"AU504*AV504","v":0},1281.8,{"$f":"AU504*AX504","v":0},{"$f":"AV504*AU504+AX504*AU504","v":0},null,1244.5,{"$f":"BA504*BB504","v":0},1281.8,{"$f":"BA504*BD504","v":0},{"$f":"BB504*BA504+BD504*BA504","v":0},null,0,1244.5,{"$f":"BH504*BI504","v":0},1281.8,{"$f":"BH504*BK504","v":0},{"$f":"BI504*BH504+BK504*BH504","v":0},125,1244.5,{"$f":"BN504*BO504","v":155562.5},1281.8,{"$f":"BN504*BQ504","v":160225},{"$f":"BO504*BN504+BQ504*BN504","v":315787.5}]
["1.13.22.4","Монтаж фасоных элементов","м/п",80,599.98,{"$f":"D505*E505","v":47998.400000000001},858,{"$f":"D505*G505","v":68640},{"$f":"E505*D505+G505*D505","v":116638.39999999999},null,null,599.98,{"$f":"K505*L505","v":0},858,{"$f":"K505*N505","v":0},{"$f":"L505*K505+N505*K505","v":0},null,599.98,{"$f":"Q505*R505","v":0},858,{"$f":"Q505*T505","v":0},{"$f":"R505*Q505+T505*Q505","v":0},null,599.98,{"$f":"W505*X505","v":0},858,{"$f":"W505*Z505","v":0},{"$f":"X505*W505+Z505*W505","v":0},null,599.98,{"$f":"AC505*AD505","v":0},858,{"$f":"AC505*AF505","v":0},{"$f":"AD505*AC505+AF505*AC505","v":0},null,599.98,{"$f":"AI505*AJ505","v":0},858,{"$f":"AI505*AL505","v":0},{"$f":"AJ505*AI505+AL505*AI505","v":0},null,599.98,{"$f":"AO505*AP505","v":0},858,{"$f":"AO505*AR505","v":0},{"$f":"AP505*AO505+AR505*AO505","v":0},null,599.98,{"$f":"AU505*AV505","v":0},858,{"$f":"AU505*AX505","v":0},{"$f":"AV505*AU505+AX505*AU505","v":0},null,599.98,{"$f":"BA505*BB505","v":0},858,{"$f":"BA505*BD505","v":0},{"$f":"BB505*BA505+BD505*BA505","v":0},null,0,599.98,{"$f":"BH505*BI505","v":0},858,{"$f":"BH505*BK505","v":0},{"$f":"BI505*BH505+BK505*BH505","v":0},80,599.98,{"$f":"BN505*BO505","v":47998.400000000001},858,{"$f":"BN505*BQ505","v":68640},{"$f":"BO505*BN505+BQ505*BN505","v":116638.39999999999}]
["1.13.23","Смотровая канава 2 путь",null,null,0,{"$f":"SUM(F507)","v":2238411.8319999999},0,{"$f":"SUM(H507)","v":2257227.372},{"$f":"SUM(I507)","v":4495639.2039999999},null,null,0,{"$f":"SUM(M507)","v":0},0,{"$f":"SUM(O507)","v":0},{"$f":"SUM(P507)","v":0},null,0,{"$f":"SUM(S507)","v":0},0,{"$f":"SUM(U507)","v":0},{"$f":"SUM(V507)","v":0},null,0,{"$f":"SUM(Y507)","v":1019777.6},0,{"$f":"SUM(AA507)","v":1028349.6000000001},{"$f":"SUM(AB507)","v":2048127.2000000002},null,0,{"$f":"SUM(AE507)","v":0},0,{"$f":"SUM(AG507)","v":0},{"$f":"SUM(AH507)","v":0},null,0,{"$f":"SUM(AK507)","v":0},0,{"$f":"SUM(AM507)","v":0},{"$f":"SUM(AN507)","v":0},null,0,{"$f":"SUM(AQ507)","v":0},0,{"$f":"SUM(AS507)","v":0},{"$f":"SUM(AT507)","v":0},null,0,{"$f":"SUM(AW507)","v":0},0,{"$f":"SUM(AY507)","v":0},{"$f":"SUM(AZ507)","v":0},null,0,{"$f":"SUM(BC507)","v":0},0,{"$f":"SUM(BE507)","v":0},{"$f":"SUM(BF507)","v":0},null,0,0,{"$f":"SUM(BJ507)","v":1019777.6},0,{"$f":"SUM(BL507)","v":1028349.6000000001},{"$f":"SUM(BM507)","v":2048127.2000000002},0,0,{"$f":"SUM(BP507)","v":1218634.2319999998},0,{"$f":"SUM(BR507)","v":1228877.7720000001},{"$f":"SUM(BS507)","v":2447512.0039999997}]
["1.13.23.1","Устройство смотровой канавы","м3",87.8,25494.44,{"$f":"D507*E507","v":2238411.8319999999},25708.74,{"$f":"D507*G507","v":2257227.372},{"$f":"E507*D507+G507*D507","v":4495639.2039999999},null,null,25494.44,{"$f":"K507*L507","v":0},25708.74,{"$f":"K507*N507","v":0},{"$f":"L507*K507+N507*K507","v":0},null,25494.44,{"$f":"Q507*R507","v":0},25708.74,{"$f":"Q507*T507","v":0},{"$f":"R507*Q507+T507*Q507","v":0},40,25494.44,{"$f":"W507*X507","v":1019777.6},25708.74,{"$f":"W507*Z507","v":1028349.6000000001},{"$f":"X507*W507+Z507*W507","v":2048127.2000000002},null,25494.44,{"$f":"AC507*AD507","v":0},25708.74,{"$f":"AC507*AF507","v":0},{"$f":"AD507*AC507+AF507*AC507","v":0},null,25494.44,{"$f":"AI507*AJ507","v":0},25708.74,{"$f":"AI507*AL507","v":0},{"$f":"AJ507*AI507+AL507*AI507","v":0},null,25494.44,{"$f":"AO507*AP507","v":0},25708.74,{"$f":"AO507*AR507","v":0},{"$f":"AP507*AO507+AR507*AO507","v":0},null,25494.44,{"$f":"AU507*AV507","v":0},25708.74,{"$f":"AU507*AX507","v":0},{"$f":"AV507*AU507+AX507*AU507","v":0},null,25494.44,{"$f":"BA507*BB507","v":0},25708.74,{"$f":"BA507*BD507","v":0},{"$f":"BB507*BA507+BD507*BA507","v":0},null,40,25494.44,{"$f":"BH507*BI507","v":1019777.6},25708.74,{"$f":"BH507*BK507","v":1028349.6000000001},{"$f":"BI507*BH507+BK507*BH507","v":2048127.2000000002},47.8,25494.44,{"$f":"BN507*BO507","v":1218634.2319999998},25708.74,{"$f":"BN507*BQ507","v":1228877.7720000001},{"$f":"BO507*BN507+BQ507*BN507","v":2447512.0039999997}]
["1.13.24","Фундаменты под домкраты ФМ-2 (8 шт) - 2й путь\nсборочный пролет Смотровая канава",null,null,null,{"$f":"SUM(F509:F513)","v":3550081.4229999995},null,{"$f":"SUM(H509:H513)","v":979030.16799999995},{"$f":"SUM(I509:I513)","v":4529111.591},null,null,null,{"$f":"SUM(M509:M513)","v":0},null,{"$f":"SUM(O509:O513)","v":0},{"$f":"SUM(P509:P513)","v":0},null,null,{"$f":"SUM(S509:S513)","v":0},null,{"$f":"SUM(U509:U513)","v":0},{"$f":"SUM(V509:V513)","v":0},null,null,{"$f":"SUM(Y509:Y513)","v":2763380.3723999998},null,{"$f":"SUM(AA509:AA513)","v":969336.79999999993},{"$f":"SUM(AB509:AB513)","v":3732717.1723999996},null,null,{"$f":"SUM(AE509:AE513)","v":0},null,{"$f":"SUM(AG509:AG513)","v":0},{"$f":"SUM(AH509:AH513)","v":0},null,null,{"$f":"SUM(AK509:AK513)","v":0},null,{"$f":"SUM(AM509:AM513)","v":0},{"$f":"SUM(AN509:AN513)","v":0},null,null,{"$f":"SUM(AQ509:AQ513)","v":0},null,{"$f":"SUM(AS509:AS513)","v":0},{"$f":"SUM(AT509:AT513)","v":0},null,null,{"$f":"SUM(AW509:AW513)","v":0},null,{"$f":"SUM(AY509:AY513)","v":0},{"$f":"SUM(AZ509:AZ513)","v":0},null,null,{"$f":"SUM(BC509:BC513)","v":0},null,{"$f":"SUM(BE509:BE513)","v":0},{"$f":"SUM(BF509:BF513)","v":0},null,0,null,{"$f":"SUM(BJ509:BJ513)","v":2763380.3723999998},null,{"$f":"SUM(BL509:BL513)","v":969336.79999999993},{"$f":"SUM(BM509:BM513)","v":3732717.1723999996},0,null,{"$f":"SUM(BP509:BP513)","v":786701.05060000008},null,{"$f":"SUM(BR509:BR513)","v":9693.367999999964},{"$f":"SUM(BS509:BS513)","v":796394.41860000009}]
["1.13.24.1","Демонтаж ж/б покрытия пола с погрузкой","м3",52.8,20171.61,{"$f":"D509*E509","v":1065061.0079999999},0,null,{"$f":"E509*D509+G509*D509","v":1065061.0079999999},null,null,20171.61,{"$f":"K509*L509","v":0},0,null,{"$f":"L509*K509+N509*K509","v":0},null,20171.61,{"$f":"Q509*R509","v":0},0,null,{"$f":"R509*Q509+T509*Q509","v":0},26.4,20171.61,{"$f":"W509*X509","v":532530.50399999996},0,null,{"$f":"X509*W509+Z509*W509","v":532530.50399999996},null,20171.61,{"$f":"AC509*AD509","v":0},0,null,{"$f":"AD509*AC509+AF509*AC509","v":0},null,20171.61,{"$f":"AI509*AJ509","v":0},0,null,{"$f":"AJ509*AI509+AL509*AI509","v":0},null,20171.61,{"$f":"AO509*AP509","v":0},0,null,{"$f":"AP509*AO509+AR509*AO509","v":0},null,20171.61,{"$f":"AU509*AV509","v":0},0,null,{"$f":"AV509*AU509+AX509*AU509","v":0},null,20171.61,{"$f":"BA509*BB509","v":0},0,null,{"$f":"BB509*BA509+BD509*BA509","v":0},null,26.4,20171.61,{"$f":"BH509*BI509","v":532530.50399999996},0,null,{"$f":"BI509*BH509+BK509*BH509","v":532530.50399999996},26.4,20171.61,{"$f":"BN509*BO509","v":532530.50399999996},0,null,{"$f":"BO509*BN509+BQ509*BN509","v":532530.50399999996}]
["1.13.24.2","Вывоз и утилизация с К разрыхления 1,47","м3",{"$f":"D509*1.47","v":77.616},1590,{"$f":"D510*E510","v":123409.44},0,null,{"$f":"E510*D510+G510*D510","v":123409.44},null,null,1590,{"$f":"K510*L510","v":0},0,null,{"$f":"L510*K510+N510*K510","v":0},null,1590,{"$f":"Q510*R510","v":0},0,null,{"$f":"R510*Q510+T510*Q510","v":0},38.81,1590,{"$f":"W510*X510","v":61707.9},0,null,{"$f":"X510*W510+Z510*W510","v":61707.9},null,1590,{"$f":"AC510*AD510","v":0},0,null,{"$f":"AD510*AC510+AF510*AC510","v":0},null,1590,{"$f":"AI510*AJ510","v":0},0,null,{"$f":"AJ510*AI510+AL510*AI510","v":0},null,1590,{"$f":"AO510*AP510","v":0},0,null,{"$f":"AP510*AO510+AR510*AO510","v":0},null,1590,{"$f":"AU510*AV510","v":0},0,null,{"$f":"AV510*AU510+AX510*AU510","v":0},null,1590,{"$f":"BA510*BB510","v":0},0,null,{"$f":"BB510*BA510+BD510*BA510","v":0},null,38.81,1590,{"$f":"BH510*BI510","v":61707.9},0,null,{"$f":"BI510*BH510+BK510*BH510","v":61707.9},38.805999999999997,1590,{"$f":"BN510*BO510","v":61701.539999999994},0,null,{"$f":"BO510*BN510+BQ510*BN510","v":61701.539999999994}]
["1.13.24.3","Разработка грунта под котлованы с погрузкой","м3",357.7,2045.87,{"$f":"D511*E511","v":731807.69899999991},0,null,{"$f":"E511*D511+G511*D511","v":731807.69899999991},null,null,2045.87,{"$f":"K511*L511","v":0},0,null,{"$f":"L511*K511+N511*K511","v":0},null,2045.87,{"$f":"Q511*R511","v":0},0,null,{"$f":"R511*Q511+T511*Q511","v":0},317.32,2045.87,{"$f":"W511*X511","v":649195.4683999999},0,null,{"$f":"X511*W511+Z511*W511","v":649195.4683999999},null,2045.87,{"$f":"AC511*AD511","v":0},0,null,{"$f":"AD511*AC511+AF511*AC511","v":0},null,2045.87,{"$f":"AI511*AJ511","v":0},0,null,{"$f":"AJ511*AI511+AL511*AI511","v":0},null,2045.87,{"$f":"AO511*AP511","v":0},0,null,{"$f":"AP511*AO511+AR511*AO511","v":0},null,2045.87,{"$f":"AU511*AV511","v":0},0,null,{"$f":"AV511*AU511+AX511*AU511","v":0},null,2045.87,{"$f":"BA511*BB511","v":0},0,null,{"$f":"BB511*BA511+BD511*BA511","v":0},null,317.32,2045.87,{"$f":"BH511*BI511","v":649195.4683999999},0,null,{"$f":"BI511*BH511+BK511*BH511","v":649195.4683999999},40.379999999999995,2045.87,{"$f":"BN511*BO511","v":82612.230599999981},0,null,{"$f":"BO511*BN511+BQ511*BN511","v":82612.230599999981}]
["1.13.24.4","Вывоз и утилизация с К разрыхления 1,6","м3",{"$f":"D511*1.6","v":572.32000000000005},1590,{"$f":"D512*E512","v":909988.8},0,null,{"$f":"E512*D512+G512*D512","v":909988.8},null,null,1590,{"$f":"K512*L512","v":0},0,null,{"$f":"L512*K512+N512*K512","v":0},null,1590,{"$f":"Q512*R512","v":0},0,null,{"$f":"R512*Q512+T512*Q512","v":0},507.71,1590,{"$f":"W512*X512","v":807258.9},0,null,{"$f":"X512*W512+Z512*W512","v":807258.9},null,1590,{"$f":"AC512*AD512","v":0},0,null,{"$f":"AD512*AC512+AF512*AC512","v":0},null,1590,{"$f":"AI512*AJ512","v":0},0,null,{"$f":"AJ512*AI512+AL512*AI512","v":0},null,1590,{"$f":"AO512*AP512","v":0},0,null,{"$f":"AP512*AO512+AR512*AO512","v":0},null,1590,{"$f":"AU512*AV512","v":0},0,null,{"$f":"AV512*AU512+AX512*AU512","v":0},null,1590,{"$f":"BA512*BB512","v":0},0,null,{"$f":"BB512*BA512+BD512*BA512","v":0},null,507.71,1590,{"$f":"BH512*BI512","v":807258.9},0,null,{"$f":"BI512*BH512+BK512*BH512","v":807258.9},64.61000000000007,1590,{"$f":"BN512*BO512","v":102729.90000000011},0,null,{"$f":"BO512*BN512+BQ512*BN512","v":102729.90000000011}]
["1.13.24.5","Устройство ж/б фундаментов ФМ-2","м3",40.4,17817.189999999999,{"$f":"D513*E513","v":719814.47599999991},24233.42,{"$f":"D513*G513","v":979030.16799999995},{"$f":"E513*D513+G513*D513","v":1698844.6439999999},null,null,17817.189999999999,{"$f":"K513*L513","v":0},24233.42,{"$f":"K513*N513","v":0},{"$f":"L513*K513+N513*K513","v":0},null,17817.189999999999,{"$f":"Q513*R513","v":0},24233.42,{"$f":"Q513*T513","v":0},{"$f":"R513*Q513+T513*Q513","v":0},40,17817.189999999999,{"$f":"W513*X513","v":712687.6},24233.42,{"$f":"W513*Z513","v":969336.79999999993},{"$f":"X513*W513+Z513*W513","v":1682024.4},null,17817.189999999999,{"$f":"AC513*AD513","v":0},24233.42,{"$f":"AC513*AF513","v":0},{"$f":"AD513*AC513+AF513*AC513","v":0},null,17817.189999999999,{"$f":"AI513*AJ513","v":0},24233.42,{"$f":"AI513*AL513","v":0},{"$f":"AJ513*AI513+AL513*AI513","v":0},null,17817.189999999999,{"$f":"AO513*AP513","v":0},24233.42,{"$f":"AO513*AR513","v":0},{"$f":"AP513*AO513+AR513*AO513","v":0},null,17817.189999999999,{"$f":"AU513*AV513","v":0},24233.42,{"$f":"AU513*AX513","v":0},{"$f":"AV513*AU513+AX513*AU513","v":0},null,17817.189999999999,{"$f":"BA513*BB513","v":0},24233.42,{"$f":"BA513*BD513","v":0},{"$f":"BB513*BA513+BD513*BA513","v":0},null,40,17817.189999999999,{"$f":"BH513*BI513","v":712687.6},24233.42,{"$f":"BH513*BK513","v":969336.79999999993},{"$f":"BI513*BH513+BK513*BH513","v":1682024.4},0.39999999999999858,17817.189999999999,{"$f":"BN513*BO513","v":7126.8759999999738},24233.42,{"$f":"BN513*BQ513","v":9693.367999999964},{"$f":"BO513*BN513+BQ513*BN513","v":16820.243999999937}]
["1.14","130-23-ЭМ1 Силовое электрооборудование",null,null,null,{"$f":"SUM(F515:F519)+SUM(F520:F530)+SUM(F531:F536)+F537","v":327505.40000000002},null,{"$f":"SUM(H515:H519)+SUM(H520:H530)+SUM(H531:H536)+H537","v":463326.41},{"$f":"SUM(I515:I519)+SUM(I520:I530)+SUM(I531:I536)+I537","v":790831.81},null,null,null,{"$f":"SUM(M515:M519)+SUM(M520:M530)+SUM(M531:M536)+M537","v":0},null,{"$f":"SUM(O515:O519)+SUM(O520:O530)+SUM(O531:O536)+O537","v":0},{"$f":"SUM(P515:P519)+SUM(P520:P530)+SUM(P531:P536)+P537","v":0},null,null,{"$f":"SUM(S515:S519)+SUM(S520:S530)+SUM(S531:S536)+S537","v":0},null,{"$f":"SUM(U515:U519)+SUM(U520:U530)+SUM(U531:U536)+U537","v":0},{"$f":"SUM(V515:V519)+SUM(V520:V530)+SUM(V531:V536)+V537","v":0},null,null,{"$f":"SUM(Y515:Y519)+SUM(Y520:Y530)+SUM(Y531:Y536)+Y537","v":0},null,{"$f":"SUM(AA515:AA519)+SUM(AA520:AA530)+SUM(AA531:AA536)+AA537","v":0},{"$f":"SUM(AB515:AB519)+SUM(AB520:AB530)+SUM(AB531:AB536)+AB537","v":0},null,null,{"$f":"SUM(AE515:AE519)+SUM(AE520:AE530)+SUM(AE531:AE536)+AE537","v":0},null,{"$f":"SUM(AG515:AG519)+SUM(AG520:AG530)+SUM(AG531:AG536)+AG537","v":0},{"$f":"SUM(AH515:AH519)+SUM(AH520:AH530)+SUM(AH531:AH536)+AH537","v":0},null,null,{"$f":"SUM(AK515:AK519)+SUM(AK520:AK530)+SUM(AK531:AK536)+AK537","v":0},null,{"$f":"SUM(AM515:AM519)+SUM(AM520:AM530)+SUM(AM531:AM536)+AM537","v":0},{"$f":"SUM(AN515:AN519)+SUM(AN520:AN530)+SUM(AN531:AN536)+AN537","v":0},null,null,{"$f":"SUM(AQ515:AQ519)+SUM(AQ520:AQ530)+SUM(AQ531:AQ536)+AQ537","v":0},null,{"$f":"SUM(AS515:AS519)+SUM(AS520:AS530)+SUM(AS531:AS536)+AS537","v":0},{"$f":"SUM(AT515:AT519)+SUM(AT520:AT530)+SUM(AT531:AT536)+AT537","v":0},null,null,{"$f":"SUM(AW515:AW519)+SUM(AW520:AW530)+SUM(AW531:AW536)+AW537","v":0},null,{"$f":"SUM(AY515:AY519)+SUM(AY520:AY530)+SUM(AY531:AY536)+AY537","v":0},{"$f":"SUM(AZ515:AZ519)+SUM(AZ520:AZ530)+SUM(AZ531:AZ536)+AZ537","v":0},null,null,{"$f":"SUM(BC515:BC519)+SUM(BC520:BC530)+SUM(BC531:BC536)+BC537","v":0},null,{"$f":"SUM(BE515:BE519)+SUM(BE520:BE530)+SUM(BE531:BE536)+BE537","v":0},{"$f":"SUM(BF515:BF519)+SUM(BF520:BF530)+SUM(BF531:BF536)+BF537","v":0},null,0,null,{"$f":"SUM(BJ515:BJ519)+SUM(BJ520:BJ530)+SUM(BJ531:BJ536)+BJ537","v":0},null,{"$f":"SUM(BL515:BL519)+SUM(BL520:BL530)+SUM(BL531:BL536)+BL537","v":0},{"$f":"SUM(BM515:BM519)+SUM(BM520:BM530)+SUM(BM531:BM536)+BM537","v":0},0,null,{"$f":"SUM(BP515:BP519)+SUM(BP520:BP530)+SUM(BP531:BP536)+BP537","v":327505.40000000002},null,{"$f":"SUM(BR515:BR519)+SUM(BR520:BR530)+SUM(BR531:BR536)+BR537","v":463326.41},{"$f":"SUM(BS515:BS519)+SUM(BS520:BS530)+SUM(BS531:BS536)+BS537","v":790831.81}]
["1.14.1","Щит распределительный","шт.",1,6550,{"$f":"D515*E515","v":6550},48346.61,{"$f":"D515*G515","v":48346.61},{"$f":"E515*D515+G515*D515","v":54896.61},null,null,6550,{"$f":"K515*L515","v":0},48346.61,{"$f":"K515*N515","v":0},{"$f":"L515*K515+N515*K515","v":0},null,6550,{"$f":"Q515*R515","v":0},48346.61,{"$f":"Q515*T515","v":0},{"$f":"R515*Q515+T515*Q515","v":0},null,6550,{"$f":"W515*X515","v":0},48346.61,{"$f":"W515*Z515","v":0},{"$f":"X515*W515+Z515*W515","v":0},null,6550,{"$f":"AC515*AD515","v":0},48346.61,{"$f":"AC515*AF515","v":0},{"$f":"AD515*AC515+AF515*AC515","v":0},null,6550,{"$f":"AI515*AJ515","v":0},48346.61,{"$f":"AI515*AL515","v":0},{"$f":"AJ515*AI515+AL515*AI515","v":0},null,6550,{"$f":"AO515*AP515","v":0},48346.61,{"$f":"AO515*AR515","v":0},{"$f":"AP515*AO515+AR515*AO515","v":0},null,6550,{"$f":"AU515*AV515","v":0},48346.61,{"$f":"AU515*AX515","v":0},{"$f":"AV515*AU515+AX515*AU515","v":0},null,6550,{"$f":"BA515*BB515","v":0},48346.61,{"$f":"BA515*BD515","v":0},{"$f":"BB515*BA515+BD515*BA515","v":0},null,0,6550,{"$f":"BH515*BI515","v":0},48346.61,{"$f":"BH515*BK515","v":0},{"$f":"BI515*BH515+BK515*BH515","v":0},1,6550,{"$f":"BN515*BO515","v":6550},48346.61,{"$f":"BN515*BQ515","v":48346.61},{"$f":"BO515*BN515+BQ515*BN515","v":54896.61}]
["1.14.2","Кабель силовой, не поддерживающий горение, безгалогенный ППГнг(А)-HF 5х16","м.",30,186.02,{"$f":"D516*E516","v":5580.6},1809.6,{"$f":"D516*G516","v":54288},59868.6,null,null,186.02,{"$f":"K516*L516","v":0},1809.6,{"$f":"K516*N516","v":0},0,null,186.02,{"$f":"Q516*R516","v":0},1809.6,{"$f":"Q516*T516","v":0},0,null,186.02,{"$f":"W516*X516","v":0},1809.6,{"$f":"W516*Z516","v":0},0,null,186.02,{"$f":"AC516*AD516","v":0},1809.6,{"$f":"AC516*AF516","v":0},0,null,186.02,{"$f":"AI516*AJ516","v":0},1809.6,{"$f":"AI516*AL516","v":0},0,null,186.02,{"$f":"AO516*AP516","v":0},1809.6,{"$f":"AO516*AR516","v":0},0,null,186.02,{"$f":"AU516*AV516","v":0},1809.6,{"$f":"AU516*AX516","v":0},0,null,186.02,{"$f":"BA516*BB516","v":0},1809.6,{"$f":"BA516*BD516","v":0},0,null,0,186.02,{"$f":"BH516*BI516","v":0},1809.6,{"$f":"BH516*BK516","v":0},0,30,186.02,{"$f":"BN516*BO516","v":5580.6},1809.6,{"$f":"BN516*BQ516","v":54288},59868.6]
["1.14.3","Кабель силовой, не поддерживающий горение, безгалогенный  ППГнг(А)-HF 5х2.5","м.",30,162.44,{"$f":"D517*E517","v":4873.2},322.39999999999998,{"$f":"D517*G517","v":9672},14545.2,null,null,162.44,{"$f":"K517*L517","v":0},322.39999999999998,{"$f":"K517*N517","v":0},0,null,162.44,{"$f":"Q517*R517","v":0},322.39999999999998,{"$f":"Q517*T517","v":0},0,null,162.44,{"$f":"W517*X517","v":0},322.39999999999998,{"$f":"W517*Z517","v":0},0,null,162.44,{"$f":"AC517*AD517","v":0},322.39999999999998,{"$f":"AC517*AF517","v":0},0,null,162.44,{"$f":"AI517*AJ517","v":0},322.39999999999998,{"$f":"AI517*AL517","v":0},0,null,162.44,{"$f":"AO517*AP517","v":0},322.39999999999998,{"$f":"AO517*AR517","v":0},0,null,162.44,{"$f":"AU517*AV517","v":0},322.39999999999998,{"$f":"AU517*AX517","v":0},0,null,162.44,{"$f":"BA517*BB517","v":0},322.39999999999998,{"$f":"BA517*BD517","v":0},0,null,0,162.44,{"$f":"BH517*BI517","v":0},322.39999999999998,{"$f":"BH517*BK517","v":0},0,30,162.44,{"$f":"BN517*BO517","v":4873.2},322.39999999999998,{"$f":"BN517*BQ517","v":9672},14545.2]
["1.14.4","Кабель силовой ППГнг(А)-HF 3х6","м",60,162.44,{"$f":"D518*E518","v":9746.4},434.2,{"$f":"D518*G518","v":26052},35798.400000000001,null,null,162.44,{"$f":"K518*L518","v":0},434.2,{"$f":"K518*N518","v":0},0,null,162.44,{"$f":"Q518*R518","v":0},434.2,{"$f":"Q518*T518","v":0},0,null,162.44,{"$f":"W518*X518","v":0},434.2,{"$f":"W518*Z518","v":0},0,null,162.44,{"$f":"AC518*AD518","v":0},434.2,{"$f":"AC518*AF518","v":0},0,null,162.44,{"$f":"AI518*AJ518","v":0},434.2,{"$f":"AI518*AL518","v":0},0,null,162.44,{"$f":"AO518*AP518","v":0},434.2,{"$f":"AO518*AR518","v":0},0,null,162.44,{"$f":"AU518*AV518","v":0},434.2,{"$f":"AU518*AX518","v":0},0,null,162.44,{"$f":"BA518*BB518","v":0},434.2,{"$f":"BA518*BD518","v":0},0,null,0,162.44,{"$f":"BH518*BI518","v":0},434.2,{"$f":"BH518*BK518","v":0},0,60,162.44,{"$f":"BN518*BO518","v":9746.4},434.2,{"$f":"BN518*BQ518","v":26052},35798.400000000001]
["1.14.5","Кабель силовой ППГнг(А)-HF 3х2.5","м",70,162.44,{"$f":"D519*E519","v":11370.8},184.6,{"$f":"D519*G519","v":12922},24292.799999999999,null,null,162.44,{"$f":"K519*L519","v":0},184.6,{"$f":"K519*N519","v":0},0,null,162.44,{"$f":"Q519*R519","v":0},184.6,{"$f":"Q519*T519","v":0},0,null,162.44,{"$f":"W519*X519","v":0},184.6,{"$f":"W519*Z519","v":0},0,null,162.44,{"$f":"AC519*AD519","v":0},184.6,{"$f":"AC519*AF519","v":0},0,null,162.44,{"$f":"AI519*AJ519","v":0},184.6,{"$f":"AI519*AL519","v":0},0,null,162.44,{"$f":"AO519*AP519","v":0},184.6,{"$f":"AO519*AR519","v":0},0,null,162.44,{"$f":"AU519*AV519","v":0},184.6,{"$f":"AU519*AX519","v":0},0,null,162.44,{"$f":"BA519*BB519","v":0},184.6,{"$f":"BA519*BD519","v":0},0,null,0,162.44,{"$f":"BH519*BI519","v":0},184.6,{"$f":"BH519*BK519","v":0},0,70,162.44,{"$f":"BN519*BO519","v":11370.8},184.6,{"$f":"BN519*BQ519","v":12922},24292.799999999999]
["1.14.6","Кабель огнестойкий КПСЭнг(А)-FRHF 1х2х1.5","м",100,162.44,{"$f":"D520*E520","v":16244},107.82,{"$f":"D520*G520","v":10782},27026,null,null,162.44,{"$f":"K520*L520","v":0},107.82,{"$f":"K520*N520","v":0},0,null,162.44,{"$f":"Q520*R520","v":0},107.82,{"$f":"Q520*T520","v":0},0,null,162.44,{"$f":"W520*X520","v":0},107.82,{"$f":"W520*Z520","v":0},0,null,162.44,{"$f":"AC520*AD520","v":0},107.82,{"$f":"AC520*AF520","v":0},0,null,162.44,{"$f":"AI520*AJ520","v":0},107.82,{"$f":"AI520*AL520","v":0},0,null,162.44,{"$f":"AO520*AP520","v":0},107.82,{"$f":"AO520*AR520","v":0},0,null,162.44,{"$f":"AU520*AV520","v":0},107.82,{"$f":"AU520*AX520","v":0},0,null,162.44,{"$f":"BA520*BB520","v":0},107.82,{"$f":"BA520*BD520","v":0},0,null,0,162.44,{"$f":"BH520*BI520","v":0},107.82,{"$f":"BH520*BK520","v":0},0,100,162.44,{"$f":"BN520*BO520","v":16244},107.82,{"$f":"BN520*BQ520","v":10782},27026]
["1.14.7","Лоток 50х100 L=3000 перфорированный","м.",120,838.4,100608,699.4,83928,184536,null,null,838.4,0,699.4,0,0,null,838.4,0,699.4,0,0,null,838.4,0,699.4,0,0,null,838.4,0,699.4,0,0,null,838.4,0,699.4,0,0,null,838.4,0,699.4,0,0,null,838.4,0,699.4,0,0,null,838.4,0,699.4,0,0,null,0,838.4,0,699.4,0,0,120,838.4,100608,699.4,83928,184536]
["1.14.8","Крышка L=3000 для лотков шириной 100мм","м.",120,157.19999999999999,18864,271.99,32638.800000000003,51502.8,null,null,157.19999999999999,0,271.99,0,0,null,157.19999999999999,0,271.99,0,0,null,157.19999999999999,0,271.99,0,0,null,157.19999999999999,0,271.99,0,0,null,157.19999999999999,0,271.99,0,0,null,157.19999999999999,0,271.99,0,0,null,157.19999999999999,0,271.99,0,0,null,157.19999999999999,0,271.99,0,0,null,0,157.19999999999999,0,271.99,0,0,120,157.19999999999999,18864,271.99,32638.800000000003,51502.8]
["1.14.9","Анкер М8 латунный разрезной","шт.",400,0,0,74,29600,29600,null,null,0,0,74,0,0,null,0,0,74,0,0,null,0,0,74,0,0,null,0,0,74,0,0,null,0,0,74,0,0,null,0,0,74,0,0,null,0,0,74,0,0,null,0,0,74,0,0,null,0,0,0,74,0,0,400,0,0,74,29600,29600]
["1.14.10","Шпилька М8х2000","шт.",94,393,36942,221.68,20837.920000000002,57779.92,null,null,393,0,221.68,0,0,null,393,0,221.68,0,0,null,393,0,221.68,0,0,null,393,0,221.68,0,0,null,393,0,221.68,0,0,null,393,0,221.68,0,0,null,393,0,221.68,0,0,null,393,0,221.68,0,0,null,0,393,0,221.68,0,0,94,393,36942,221.68,20837.920000000002,57779.92]
["1.14.11","Шайба М8","шт.",200,0,0,8.8000000000000007,1760.0000000000002,1760.0000000000002,null,null,0,0,8.8000000000000007,0,0,null,0,0,8.8000000000000007,0,0,null,0,0,8.8000000000000007,0,0,null,0,0,8.8000000000000007,0,0,null,0,0,8.8000000000000007,0,0,null,0,0,8.8000000000000007,0,0,null,0,0,8.8000000000000007,0,0,null,0,0,8.8000000000000007,0,0,null,0,0,0,8.8000000000000007,0,0,200,0,0,8.8000000000000007,1760.0000000000002,1760.0000000000002]
["1.14.12","Гайка М8","шт.",400,0,0,3.99,1596,1596,null,null,0,0,3.99,0,0,null,0,0,3.99,0,0,null,0,0,3.99,0,0,null,0,0,3.99,0,0,null,0,0,3.99,0,0,null,0,0,3.99,0,0,null,0,0,3.99,0,0,null,0,0,3.99,0,0,null,0,0,0,3.99,0,0,400,0,0,3.99,1596,1596]
["1.14.13","С-образный профиль 41х21, L2000, толщ. 2,0 мм","шт.",32,393,12576,2051.09,65634.880000000005,78210.880000000005,null,null,393,0,2051.09,0,0,null,393,0,2051.09,0,0,null,393,0,2051.09,0,0,null,393,0,2051.09,0,0,null,393,0,2051.09,0,0,null,393,0,2051.09,0,0,null,393,0,2051.09,0,0,null,393,0,2051.09,0,0,null,0,393,0,2051.09,0,0,32,393,12576,2051.09,65634.880000000005,78210.880000000005]
["1.14.14","Провод силовой желто-зеленый","м",10,162.44,1624.4,265.2,2652,4276.3999999999996,null,null,162.44,0,265.2,0,0,null,162.44,0,265.2,0,0,null,162.44,0,265.2,0,0,null,162.44,0,265.2,0,0,null,162.44,0,265.2,0,0,null,162.44,0,265.2,0,0,null,162.44,0,265.2,0,0,null,162.44,0,265.2,0,0,null,0,162.44,0,265.2,0,0,10,162.44,1624.4,265.2,2652,4276.3999999999996]
["1.14.15","Наконечник медный 16 мм2 ","шт.",80,132.05000000000001,10564,61.93,4954.3999999999996,15518.4,null,null,132.05000000000001,0,61.93,0,0,null,132.05000000000001,0,61.93,0,0,null,132.05000000000001,0,61.93,0,0,null,132.05000000000001,0,61.93,0,0,null,132.05000000000001,0,61.93,0,0,null,132.05000000000001,0,61.93,0,0,null,132.05000000000001,0,61.93,0,0,null,132.05000000000001,0,61.93,0,0,null,0,132.05000000000001,0,61.93,0,0,80,132.05000000000001,10564,61.93,4954.3999999999996,15518.4]
["1.14.16","Труба D=32 гибкая гофрированная не распространяющая горение, с зондом","м.",130,45.85,5960.5,58.5,7605,13565.5,null,null,45.85,0,58.5,0,0,null,45.85,0,58.5,0,0,null,45.85,0,58.5,0,0,null,45.85,0,58.5,0,0,null,45.85,0,58.5,0,0,null,45.85,0,58.5,0,0,null,45.85,0,58.5,0,0,null,45.85,0,58.5,0,0,null,0,45.85,0,58.5,0,0,130,45.85,5960.5,58.5,7605,13565.5]
["1.14.17","Металлорукав в ПВХ-изоляции","м",20,65.5,1310,166.71,3334.2000000000003,4644.2000000000007,null,null,65.5,0,166.71,0,0,null,65.5,0,166.71,0,0,null,65.5,0,166.71,0,0,null,65.5,0,166.71,0,0,null,65.5,0,166.71,0,0,null,65.5,0,166.71,0,0,null,65.5,0,166.71,0,0,null,65.5,0,166.71,0,0,null,0,65.5,0,166.71,0,0,20,65.5,1310,166.71,3334.2000000000003,4644.2000000000007]
["1.14.18","Скоба металлическая","шт.",150,32.75,4912.5,36.82,5523,10435.5,null,null,32.75,0,36.82,0,0,null,32.75,0,36.82,0,0,null,32.75,0,36.82,0,0,null,32.75,0,36.82,0,0,null,32.75,0,36.82,0,0,null,32.75,0,36.82,0,0,null,32.75,0,36.82,0,0,null,32.75,0,36.82,0,0,null,0,32.75,0,36.82,0,0,150,32.75,4912.5,36.82,5523,10435.5]
["1.14.19","Шина заземления ГЗШ 20 подключений","шт.",1,2620,2620,9412,9412,12032,null,null,2620,0,9412,0,0,null,2620,0,9412,0,0,null,2620,0,9412,0,0,null,2620,0,9412,0,0,null,2620,0,9412,0,0,null,2620,0,9412,0,0,null,2620,0,9412,0,0,null,2620,0,9412,0,0,null,0,2620,0,9412,0,0,1,2620,2620,9412,9412,12032]
["1.14.20","Коробка распределительная 70х70х40 мм IP55","шт.",3,262,786,109.2,327.60000000000002,1113.5999999999999,null,null,262,0,109.2,0,0,null,262,0,109.2,0,0,null,262,0,109.2,0,0,null,262,0,109.2,0,0,null,262,0,109.2,0,0,null,262,0,109.2,0,0,null,262,0,109.2,0,0,null,262,0,109.2,0,0,null,0,262,0,109.2,0,0,3,262,786,109.2,327.60000000000002,1113.5999999999999]
["1.14.21","Полоса стальная 40х5","м",50,458.5,22925,369.2,18460,41385,null,null,458.5,0,369.2,0,0,null,458.5,0,369.2,0,0,null,458.5,0,369.2,0,0,null,458.5,0,369.2,0,0,null,458.5,0,369.2,0,0,null,458.5,0,369.2,0,0,null,458.5,0,369.2,0,0,null,458.5,0,369.2,0,0,null,0,458.5,0,369.2,0,0,50,458.5,22925,369.2,18460,41385]
["1.14.22","Аксессуары (расходные материалы, крепеж)","компл.",1,0,null,13000,{"$f":"G536*D536","v":13000},13000,null,null,0,null,13000,{"$f":"N536*K536","v":0},0,null,0,null,13000,{"$f":"T536*Q536","v":0},0,null,0,null,13000,{"$f":"Z536*W536","v":0},0,null,0,null,13000,{"$f":"AF536*AC536","v":0},0,null,0,null,13000,{"$f":"AL536*AI536","v":0},0,null,0,null,13000,{"$f":"AR536*AO536","v":0},0,null,0,null,13000,{"$f":"AX536*AU536","v":0},0,null,0,null,13000,{"$f":"BD536*BA536","v":0},0,null,0,0,null,13000,{"$f":"BK536*BH536","v":0},0,1,0,null,13000,{"$f":"BQ536*BN536","v":13000},13000]
["1.14.23","Пуско-наладочные работы","компл.",1,53448,{"$f":"D537*E537","v":53448},0,null,53448,null,null,53448,{"$f":"K537*L537","v":0},0,null,0,null,53448,{"$f":"Q537*R537","v":0},0,null,0,null,53448,{"$f":"W537*X537","v":0},0,null,0,null,53448,{"$f":"AC537*AD537","v":0},0,null,0,null,53448,{"$f":"AI537*AJ537","v":0},0,null,0,null,53448,{"$f":"AO537*AP537","v":0},0,null,0,null,53448,{"$f":"AU537*AV537","v":0},0,null,0,null,53448,{"$f":"BA537*BB537","v":0},0,null,0,null,0,53448,{"$f":"BH537*BI537","v":0},0,null,0,1,53448,{"$f":"BN537*BO537","v":53448},0,null,53448]
["1.15","130-23-ВС Воздухоснабжение",null,null,null,{"$f":"F539+F540+F544+F541+F542+F543+F545+F546+F547+F548+F549+F551+F552+F553+F554+F555+F556+F557+F558+F559+F560+F561+F562+F563+F564+F565+F566+F567+F568+F569+F570","v":4205277.7699999996},null,{"$f":"H539+H540+H544+H541+H542+H543+H545+H546+H547+H548+H549+H551+H552+H553+H554+H555+H556+H557+H558+H559+H560+H561+H562+H563+H564+H565+H566+H567+H568+H569+H570","v":18278328.930000003},{"$f":"I539+I540+I544+I541+I542+I543+I545+I546+I547+I548+I549+I551+I552+I553+I554+I555+I556+I557+I558+I559+I560+I561+I562+I563+I564+I565+I566+I567+I568+I569+I570","v":22483606.700000003},null,null,null,{"$f":"M539+M540+M544+M541+M542+M543+M545+M546+M547+M548+M549+M551+M552+M553+M554+M555+M556+M557+M558+M559+M560+M561+M562+M563+M564+M565+M566+M567+M568+M569+M570","v":784648},null,{"$f":"O539+O540+O544+O541+O542+O543+O545+O546+O547+O548+O549+O551+O552+O553+O554+O555+O556+O557+O558+O559+O560+O561+O562+O563+O564+O565+O566+O567+O568+O569+O570","v":14604136},{"$f":"P539+P540+P544+P541+P542+P543+P545+P546+P547+P548+P549+P551+P552+P553+P554+P555+P556+P557+P558+P559+P560+P561+P562+P563+P564+P565+P566+P567+P568+P569+P570","v":15388784},null,null,{"$f":"S539+S540+S544+S541+S542+S543+S545+S546+S547+S548+S549+S551+S552+S553+S554+S555+S556+S557+S558+S559+S560+S561+S562+S563+S564+S565+S566+S567+S568+S569+S570","v":0},null,{"$f":"U539+U540+U544+U541+U542+U543+U545+U546+U547+U548+U549+U551+U552+U553+U554+U555+U556+U557+U558+U559+U560+U561+U562+U563+U564+U565+U566+U567+U568+U569+U570","v":0},{"$f":"V539+V540+V544+V541+V542+V543+V545+V546+V547+V548+V549+V551+V552+V553+V554+V555+V556+V557+V558+V559+V560+V561+V562+V563+V564+V565+V566+V567+V568+V569+V570","v":0},null,null,{"$f":"Y539+Y540+Y544+Y541+Y542+Y543+Y545+Y546+Y547+Y548+Y549+Y551+Y552+Y553+Y554+Y555+Y556+Y557+Y558+Y559+Y560+Y561+Y562+Y563+Y564+Y565+Y566+Y567+Y568+Y569+Y570","v":1188401.05},null,{"$f":"AA539+AA540+AA544+AA541+AA542+AA543+AA545+AA546+AA547+AA548+AA549+AA551+AA552+AA553+AA554+AA555+AA556+AA557+AA558+AA559+AA560+AA561+AA562+AA563+AA564+AA565+AA566+AA567+AA568+AA569+AA570","v":2402591.92},{"$f":"AB539+AB540+AB544+AB541+AB542+AB543+AB545+AB546+AB547+AB548+AB549+AB551+AB552+AB553+AB554+AB555+AB556+AB557+AB558+AB559+AB560+AB561+AB562+AB563+AB564+AB565+AB566+AB567+AB568+AB569+AB570","v":3590992.97},null,null,{"$f":"AE539+AE540+AE544+AE541+AE542+AE543+AE545+AE546+AE547+AE548+AE549+AE551+AE552+AE553+AE554+AE555+AE556+AE557+AE558+AE559+AE560+AE561+AE562+AE563+AE564+AE565+AE566+AE567+AE568+AE569+AE570","v":0},null,{"$f":"AG539+AG540+AG544+AG541+AG542+AG543+AG545+AG546+AG547+AG548+AG549+AG551+AG552+AG553+AG554+AG555+AG556+AG557+AG558+AG559+AG560+AG561+AG562+AG563+AG564+AG565+AG566+AG567+AG568+AG569+AG570","v":0},{"$f":"AH539+AH540+AH544+AH541+AH542+AH543+AH545+AH546+AH547+AH548+AH549+AH551+AH552+AH553+AH554+AH555+AH556+AH557+AH558+AH559+AH560+AH561+AH562+AH563+AH564+AH565+AH566+AH567+AH568+AH569+AH570","v":0},null,null,{"$f":"AK539+AK540+AK544+AK541+AK542+AK543+AK545+AK546+AK547+AK548+AK549+AK551+AK552+AK553+AK554+AK555+AK556+AK557+AK558+AK559+AK560+AK561+AK562+AK563+AK564+AK565+AK566+AK567+AK568+AK569+AK570","v":0},null,{"$f":"AM539+AM540+AM544+AM541+AM542+AM543+AM545+AM546+AM547+AM548+AM549+AM551+AM552+AM553+AM554+AM555+AM556+AM557+AM558+AM559+AM560+AM561+AM562+AM563+AM564+AM565+AM566+AM567+AM568+AM569+AM570","v":0},{"$f":"AN539+AN540+AN544+AN541+AN542+AN543+AN545+AN546+AN547+AN548+AN549+AN551+AN552+AN553+AN554+AN555+AN556+AN557+AN558+AN559+AN560+AN561+AN562+AN563+AN564+AN565+AN566+AN567+AN568+AN569+AN570","v":0},null,null,{"$f":"AQ539+AQ540+AQ544+AQ541+AQ542+AQ543+AQ545+AQ546+AQ547+AQ548+AQ549+AQ551+AQ552+AQ553+AQ554+AQ555+AQ556+AQ557+AQ558+AQ559+AQ560+AQ561+AQ562+AQ563+AQ564+AQ565+AQ566+AQ567+AQ568+AQ569+AQ570","v":0},null,{"$f":"AS539+AS540+AS544+AS541+AS542+AS543+AS545+AS546+AS547+AS548+AS549+AS551+AS552+AS553+AS554+AS555+AS556+AS557+AS558+AS559+AS560+AS561+AS562+AS563+AS564+AS565+AS566+AS567+AS568+AS569+AS570","v":0},{"$f":"AT539+AT540+AT544+AT541+AT542+AT543+AT545+AT546+AT547+AT548+AT549+AT551+AT552+AT553+AT554+AT555+AT556+AT557+AT558+AT559+AT560+AT561+AT562+AT563+AT564+AT565+AT566+AT567+AT568+AT569+AT570","v":0},null,null,{"$f":"AW539+AW540+AW544+AW541+AW542+AW543+AW545+AW546+AW547+AW548+AW549+AW551+AW552+AW553+AW554+AW555+AW556+AW557+AW558+AW559+AW560+AW561+AW562+AW563+AW564+AW565+AW566+AW567+AW568+AW569+AW570","v":0},null,{"$f":"AY539+AY540+AY544+AY541+AY542+AY543+AY545+AY546+AY547+AY548+AY549+AY551+AY552+AY553+AY554+AY555+AY556+AY557+AY558+AY559+AY560+AY561+AY562+AY563+AY564+AY565+AY566+AY567+AY568+AY569+AY570","v":0},{"$f":"AZ539+AZ540+AZ544+AZ541+AZ542+AZ543+AZ545+AZ546+AZ547+AZ548+AZ549+AZ551+AZ552+AZ553+AZ554+AZ555+AZ556+AZ557+AZ558+AZ559+AZ560+AZ561+AZ562+AZ563+AZ564+AZ565+AZ566+AZ567+AZ568+AZ569+AZ570","v":0},null,null,{"$f":"BC539+BC540+BC544+BC541+BC542+BC543+BC545+BC546+BC547+BC548+BC549+BC551+BC552+BC553+BC554+BC555+BC556+BC557+BC558+BC559+BC560+BC561+BC562+BC563+BC564+BC565+BC566+BC567+BC568+BC569+BC570","v":0},null,{"$f":"BE539+BE540+BE544+BE541+BE542+BE543+BE545+BE546+BE547+BE548+BE549+BE551+BE552+BE553+BE554+BE555+BE556+BE557+BE558+BE559+BE560+BE561+BE562+BE563+BE564+BE565+BE566+BE567+BE568+BE569+BE570","v":0},{"$f":"BF539+BF540+BF544+BF541+BF542+BF543+BF545+BF546+BF547+BF548+BF549+BF551+BF552+BF553+BF554+BF555+BF556+BF557+BF558+BF559+BF560+BF561+BF562+BF563+BF564+BF565+BF566+BF567+BF568+BF569+BF570","v":0},null,0,null,{"$f":"BJ539+BJ540+BJ544+BJ541+BJ542+BJ543+BJ545+BJ546+BJ547+BJ548+BJ549+BJ551+BJ552+BJ553+BJ554+BJ555+BJ556+BJ557+BJ558+BJ559+BJ560+BJ561+BJ562+BJ563+BJ564+BJ565+BJ566+BJ567+BJ568+BJ569+BJ570","v":1973049.05},null,{"$f":"BL539+BL540+BL544+BL541+BL542+BL543+BL545+BL546+BL547+BL548+BL549+BL551+BL552+BL553+BL554+BL555+BL556+BL557+BL558+BL559+BL560+BL561+BL562+BL563+BL564+BL565+BL566+BL567+BL568+BL569+BL570","v":17006727.919999998},{"$f":"BM539+BM540+BM544+BM541+BM542+BM543+BM545+BM546+BM547+BM548+BM549+BM551+BM552+BM553+BM554+BM555+BM556+BM557+BM558+BM559+BM560+BM561+BM562+BM563+BM564+BM565+BM566+BM567+BM568+BM569+BM570","v":18979776.969999999},0,null,{"$f":"BP539+BP540+BP544+BP541+BP542+BP543+BP545+BP546+BP547+BP548+BP549+BP551+BP552+BP553+BP554+BP555+BP556+BP557+BP558+BP559+BP560+BP561+BP562+BP563+BP564+BP565+BP566+BP567+BP568+BP569+BP570","v":2232228.7199999997},null,{"$f":"BR539+BR540+BR544+BR541+BR542+BR543+BR545+BR546+BR547+BR548+BR549+BR551+BR552+BR553+BR554+BR555+BR556+BR557+BR558+BR559+BR560+BR561+BR562+BR563+BR564+BR565+BR566+BR567+BR568+BR569+BR570","v":1271601.01},{"$f":"BS539+BS540+BS544+BS541+BS542+BS543+BS545+BS546+BS547+BS548+BS549+BS551+BS552+BS553+BS554+BS555+BS556+BS557+BS558+BS559+BS560+BS561+BS562+BS563+BS564+BS565+BS566+BS567+BS568+BS569+BS570","v":3503829.7299999995}]
["1.15.1","Установка компрессора винт. ДЭН-75Ш ТВЖ «Плюс» ","шт.",2,332000,{"$f":"D539*E539","v":664000},5812000,{"$f":"D539*G539","v":11624000},{"$f":"E539*D539+G539*D539","v":12288000},null,2,332000,{"$f":"K539*L539","v":664000},5812000,{"$f":"K539*N539","v":11624000},{"$f":"L539*K539+N539*K539","v":12288000},null,332000,{"$f":"Q539*R539","v":0},5812000,{"$f":"Q539*T539","v":0},{"$f":"R539*Q539+T539*Q539","v":0},null,332000,{"$f":"W539*X539","v":0},5812000,{"$f":"W539*Z539","v":0},{"$f":"X539*W539+Z539*W539","v":0},null,332000,{"$f":"AC539*AD539","v":0},5812000,{"$f":"AC539*AF539","v":0},{"$f":"AD539*AC539+AF539*AC539","v":0},null,332000,{"$f":"AI539*AJ539","v":0},5812000,{"$f":"AI539*AL539","v":0},{"$f":"AJ539*AI539+AL539*AI539","v":0},null,332000,{"$f":"AO539*AP539","v":0},5812000,{"$f":"AO539*AR539","v":0},{"$f":"AP539*AO539+AR539*AO539","v":0},null,332000,{"$f":"AU539*AV539","v":0},5812000,{"$f":"AU539*AX539","v":0},{"$f":"AV539*AU539+AX539*AU539","v":0},null,332000,{"$f":"BA539*BB539","v":0},5812000,{"$f":"BA539*BD539","v":0},{"$f":"BB539*BA539+BD539*BA539","v":0},null,2,332000,{"$f":"BH539*BI539","v":664000},5812000,{"$f":"BH539*BK539","v":11624000},{"$f":"BI539*BH539+BK539*BH539","v":12288000},0,332000,{"$f":"BN539*BO539","v":0},5812000,{"$f":"BN539*BQ539","v":0},{"$f":"BO539*BN539+BQ539*BN539","v":0}]
["1.15.2","Сепартатор влагоотделитель СЦ-1200Р","шт",2,0,null,73710,{"$f":"D540*G540","v":147420},147420,null,null,0,null,73710,{"$f":"K540*N540","v":0},0,null,0,null,73710,{"$f":"Q540*T540","v":0},0,2,0,null,73710,{"$f":"W540*Z540","v":147420},147420,null,0,null,73710,{"$f":"AC540*AF540","v":0},0,null,0,null,73710,{"$f":"AI540*AL540","v":0},0,null,0,null,73710,{"$f":"AO540*AR540","v":0},0,null,0,null,73710,{"$f":"AU540*AX540","v":0},0,null,0,null,73710,{"$f":"BA540*BD540","v":0},0,null,2,0,null,73710,{"$f":"BH540*BK540","v":147420},147420,0,0,null,73710,{"$f":"BN540*BQ540","v":0},0]
["1.15.3","Установка воздухосборника ВВ-0,9-1,0-УХЛ1, V=0,9 м3; Р=1,0 Мпа. Габаритные размеры: Ф900 мм х 2100 мм."," шт.",2,46374,{"$f":"D541*E541","v":92748},0,null,92748,null,null,46374,{"$f":"K541*L541","v":0},0,null,0,null,46374,{"$f":"Q541*R541","v":0},0,null,0,2,46374,{"$f":"W541*X541","v":92748},0,null,92748,null,46374,{"$f":"AC541*AD541","v":0},0,null,0,null,46374,{"$f":"AI541*AJ541","v":0},0,null,0,null,46374,{"$f":"AO541*AP541","v":0},0,null,0,null,46374,{"$f":"AU541*AV541","v":0},0,null,0,null,46374,{"$f":"BA541*BB541","v":0},0,null,0,null,2,46374,{"$f":"BH541*BI541","v":92748},0,null,92748,0,46374,{"$f":"BN541*BO541","v":0},0,null,0]
["1.15.4","Установка компенсатора сильфонного осевого: КСО ARM 100-16-30 Фланцевый","шт.",3,56592,{"$f":"D542*E542","v":169776},0,null,169776,null,null,56592,{"$f":"K542*L542","v":0},0,null,0,null,56592,{"$f":"Q542*R542","v":0},0,null,0,3,56592,{"$f":"W542*X542","v":169776},0,null,169776,null,56592,{"$f":"AC542*AD542","v":0},0,null,0,null,56592,{"$f":"AI542*AJ542","v":0},0,null,0,null,56592,{"$f":"AO542*AP542","v":0},0,null,0,null,56592,{"$f":"AU542*AV542","v":0},0,null,0,null,56592,{"$f":"BA542*BB542","v":0},0,null,0,null,3,56592,{"$f":"BH542*BI542","v":169776},0,null,169776,0,56592,{"$f":"BN542*BO542","v":0},0,null,0]
["1.15.5","Устройство труб стальных горячедеформированных, по ГОСТ 9940-81, сталь 12Х18Н10Т Ø114×3,0 мм."," п.м.",41.91,2373,{"$f":"D543*E543","v":99452.43},4672,{"$f":"D543*G543","v":195803.51999999999},295255.94999999995,null,null,2373,{"$f":"K543*L543","v":0},4672,{"$f":"K543*N543","v":0},0,null,2373,{"$f":"Q543*R543","v":0},4672,{"$f":"Q543*T543","v":0},0,41.91,2373,{"$f":"W543*X543","v":99452.43},4672,{"$f":"W543*Z543","v":195803.51999999999},295255.94999999995,null,2373,{"$f":"AC543*AD543","v":0},4672,{"$f":"AC543*AF543","v":0},0,null,2373,{"$f":"AI543*AJ543","v":0},4672,{"$f":"AI543*AL543","v":0},0,null,2373,{"$f":"AO543*AP543","v":0},4672,{"$f":"AO543*AR543","v":0},0,null,2373,{"$f":"AU543*AV543","v":0},4672,{"$f":"AU543*AX543","v":0},0,null,2373,{"$f":"BA543*BB543","v":0},4672,{"$f":"BA543*BD543","v":0},0,null,41.91,2373,{"$f":"BH543*BI543","v":99452.43},4672,{"$f":"BH543*BK543","v":195803.51999999999},295255.94999999995,0,2373,{"$f":"BN543*BO543","v":0},4672,{"$f":"BN543*BQ543","v":0},0]
["1.15.6","Установка осушителя воздуха адсорбционного ОВА – 0870 14,5 м3/мин. 220В/50Гц. Габаритные размеры: 1175 мм х 640 мм х 2260 мм.","шт.",2,60324,{"$f":"D544*E544","v":120648},1490068,2980136,3100784,null,2,60324,{"$f":"K544*L544","v":120648},1490068,2980136,3100784,null,60324,{"$f":"Q544*R544","v":0},1490068,0,0,null,60324,{"$f":"W544*X544","v":0},1490068,0,0,null,60324,{"$f":"AC544*AD544","v":0},1490068,0,0,null,60324,{"$f":"AI544*AJ544","v":0},1490068,0,0,null,60324,{"$f":"AO544*AP544","v":0},1490068,0,0,null,60324,{"$f":"AU544*AV544","v":0},1490068,0,0,null,60324,{"$f":"BA544*BB544","v":0},1490068,0,0,null,2,60324,{"$f":"BH544*BI544","v":120648},1490068,2980136,3100784,0,60324,{"$f":"BN544*BO544","v":0},1490068,0,0]
["1.15.7","Устройство труб стальных горячедеформированных, по ГОСТ 9940-81, сталь 12Х18Н10Т Ø21,5×2,5 мм.","п.м.",140.19999999999999,1771,{"$f":"D545*E545","v":248294.19999999998},4632,649406.39999999991,897700.59999999986,null,null,1771,{"$f":"K545*L545","v":0},4632,0,0,null,1771,{"$f":"Q545*R545","v":0},4632,0,0,130,1771,{"$f":"W545*X545","v":230230},4632,602160,832390,null,1771,{"$f":"AC545*AD545","v":0},4632,0,0,null,1771,{"$f":"AI545*AJ545","v":0},4632,0,0,null,1771,{"$f":"AO545*AP545","v":0},4632,0,0,null,1771,{"$f":"AU545*AV545","v":0},4632,0,0,null,1771,{"$f":"BA545*BB545","v":0},4632,0,0,null,130,1771,{"$f":"BH545*BI545","v":230230},4632,602160,832390,10.199999999999989,1771,{"$f":"BN545*BO545","v":18064.199999999979},4632,47246.399999999951,65310.599999999933]
["1.15.8","Установка крана шарового  G1/2\" Ру10 нерж.","шт.",141,5895,831195,1550.25,218585.25,1049780.25,null,null,5895,0,1550.25,0,0,null,5895,0,1550.25,0,0,null,5895,0,1550.25,0,0,null,5895,0,1550.25,0,0,null,5895,0,1550.25,0,0,null,5895,0,1550.25,0,0,null,5895,0,1550.25,0,0,null,5895,0,1550.25,0,0,null,{"$f":"K546+Q546+W546+AC546+AI546+AO546+AU546+BA546","v":0},5895,0,1550.25,0,0,{"$f":"D546-BH546","v":141},5895,831195,1550.25,218585.25,1049780.25]
["1.15.9","Установка крана шарового фланцевого LD КШ. Ц. Ф.100.025                                                                                                                  \"под задвижку\", L=230 П/П Ру-10 Ду-100","  шт.",14,9790,137060,35760,500640,637700,null,null,9790,0,35760,0,0,null,9790,0,35760,0,0,null,9790,0,35760,0,0,null,9790,0,35760,0,0,null,9790,0,35760,0,0,null,9790,0,35760,0,0,null,9790,0,35760,0,0,null,9790,0,35760,0,0,null,0,9790,0,35760,0,0,14,9790,137060,35760,500640,637700]
["1.15.10","Установка быстросъемного соединения типа \"елочка\" проход 7 мм  G 1/2\" Ру10","шт.",94,4165.8,391585.2,201.5,18941,410526.2,null,null,4165.8,0,201.5,0,0,null,4165.8,0,201.5,0,0,null,4165.8,0,201.5,0,0,null,4165.8,0,201.5,0,0,null,4165.8,0,201.5,0,0,null,4165.8,0,201.5,0,0,null,4165.8,0,201.5,0,0,null,4165.8,0,201.5,0,0,null,0,4165.8,0,201.5,0,0,94,4165.8,391585.2,201.5,18941,410526.2]
["1.15.11","Установка фильтра/редуктора/лубрикатора Nordberg NP8414 ","шт.",47,9866,463702,28674,1347678,1811380,null,null,9866,0,28674,0,0,null,9866,0,28674,0,0,45,9866,443970,28674,1290330,1734300,null,9866,0,28674,0,0,null,9866,0,28674,0,0,null,9866,0,28674,0,0,null,9866,0,28674,0,0,null,9866,0,28674,0,0,null,45,9866,443970,28674,1290330,1734300,2,9866,19732,28674,57348,77080]
["1.15.12","9.8 атм, 1/2M",null,null,0,0,0,null,null,null,null,0,0,0,null,null,null,0,0,0,null,null,null,0,0,0,null,null,null,0,0,0,null,null,null,0,0,0,null,null,null,0,0,0,null,null,null,0,0,0,null,null,null,0,0,0,null,null,null,0,0,0,0,null,null,0,0,0,0]
["1.15.13","Установка отвода стального приварного крутоизогнутого 90гр. 20×2,5","шт.",94,393,36942,390,{"$f":"D551*G551","v":36660},{"$f":"E551*D551+G551*D551","v":73602},null,null,393,0,390,{"$f":"K551*N551","v":0},{"$f":"L551*K551+N551*K551","v":0},null,393,0,390,{"$f":"Q551*T551","v":0},{"$f":"R551*Q551+T551*Q551","v":0},null,393,0,390,{"$f":"W551*Z551","v":0},{"$f":"X551*W551+Z551*W551","v":0},null,393,0,390,{"$f":"AC551*AF551","v":0},{"$f":"AD551*AC551+AF551*AC551","v":0},null,393,0,390,{"$f":"AI551*AL551","v":0},{"$f":"AJ551*AI551+AL551*AI551","v":0},null,393,0,390,{"$f":"AO551*AR551","v":0},{"$f":"AP551*AO551+AR551*AO551","v":0},null,393,0,390,{"$f":"AU551*AX551","v":0},{"$f":"AV551*AU551+AX551*AU551","v":0},null,393,0,390,{"$f":"BA551*BD551","v":0},{"$f":"BB551*BA551+BD551*BA551","v":0},null,0,393,0,390,{"$f":"BH551*BK551","v":0},{"$f":"BI551*BH551+BK551*BH551","v":0},94,393,36942,390,{"$f":"BN551*BQ551","v":36660},{"$f":"BO551*BN551+BQ551*BN551","v":73602}]
["1.15.14","Установка отвода стального приварного крутоизогнутого 90гр. 114×3,0","  шт.",40,471.6,18864,585,23400,42264,null,null,471.6,0,585,0,0,null,471.6,0,585,0,0,28,471.6,13204.800000000001,585,16380,29584.800000000003,null,471.6,0,585,0,0,null,471.6,0,585,0,0,null,471.6,0,585,0,0,null,471.6,0,585,0,0,null,471.6,0,585,0,0,null,28,471.6,13204.800000000001,585,16380,29584.800000000003,12,471.6,5659.2000000000007,585,7020,12679.2]
["1.15.15","Установка тройника стального бесшовного приварного 12Х18Н10Т ГОСТ 17376-2001 20×2,5","  шт.",94,455.88,42852.72,468,43992,86844.72,null,null,455.88,0,468,0,0,null,455.88,0,468,0,0,null,455.88,0,468,0,0,null,455.88,0,468,0,0,null,455.88,0,468,0,0,null,455.88,0,468,0,0,null,455.88,0,468,0,0,null,455.88,0,468,0,0,null,0,455.88,0,468,0,0,94,455.88,42852.72,468,43992,86844.72]
["1.15.16","Установка тройника стального бесшовного приварного 12Х18Н10Т ГОСТ 17376-2001 114×3,0","шт.",7,605.22,4236.54,605.28,4236.96,8473.5,null,null,605.22,0,605.28,0,0,null,605.22,0,605.28,0,0,5,605.22,3026.1000000000004,605.28,3026.3999999999996,6052.5,null,605.22,0,605.28,0,0,null,605.22,0,605.28,0,0,null,605.22,0,605.28,0,0,null,605.22,0,605.28,0,0,null,605.22,0,605.28,0,0,null,5,605.22,3026.1000000000004,605.28,3026.3999999999996,6052.5,2,605.22,1210.44,605.28,1210.56,2421]
["1.15.17","Установка фланца стального плоского приварного 12Х18Н10Т ГОСТ 33259-2015 DN 100мм, PN10 кгс/см2.","шт.",32,581.64,18612.48,1794,57408,76020.479999999996,null,null,581.64,0,1794,0,0,null,581.64,0,1794,0,0,26,581.64,15122.64,1794,46644,61766.64,null,581.64,0,1794,0,0,null,581.64,0,1794,0,0,null,581.64,0,1794,0,0,null,581.64,0,1794,0,0,null,581.64,0,1794,0,0,null,26,581.64,15122.64,1794,46644,61766.64,6,581.64,3489.84,1794,10764,14253.84]
["1.15.18","Установка фланца стального плоского приварного 12Х18Н10Т ГОСТ 33259-2015 DN 20мм, PN10 кгс/см2.","шт.",188,594.22,111713.36,1263.5999999999999,237556.8,349270.16,null,null,594.22,0,1263.5999999999999,0,0,null,594.22,0,1263.5999999999999,0,0,null,594.22,0,1263.5999999999999,0,0,null,594.22,0,1263.5999999999999,0,0,null,594.22,0,1263.5999999999999,0,0,null,594.22,0,1263.5999999999999,0,0,null,594.22,0,1263.5999999999999,0,0,null,594.22,0,1263.5999999999999,0,0,null,0,594.22,0,1263.5999999999999,0,0,188,594.22,111713.36,1263.5999999999999,237556.8,349270.16]
["1.15.19","Установка фланца стального плоского приварного 12Х18Н10Т ГОСТ 33259-2015 DN 200мм, PN10 кгс/см2.","шт.",4,880.32,3521.28,1872,7488,11009.28,null,null,880.32,0,1872,0,0,null,880.32,0,1872,0,0,null,880.32,0,1872,0,0,null,880.32,0,1872,0,0,null,880.32,0,1872,0,0,null,880.32,0,1872,0,0,null,880.32,0,1872,0,0,null,880.32,0,1872,0,0,null,0,880.32,0,1872,0,0,4,880.32,3521.28,1872,7488,11009.28]
["1.15.20","Установка перехода 12Х18Н10Т 219×4,0 - 114×3,0 ГОСТ 17378-2001","шт.",2,3144,6288,20832.5,41665,47953,null,null,3144,0,20832.5,0,0,null,3144,0,20832.5,0,0,null,3144,0,20832.5,0,0,null,3144,0,20832.5,0,0,null,3144,0,20832.5,0,0,null,3144,0,20832.5,0,0,null,3144,0,20832.5,0,0,null,3144,0,20832.5,0,0,null,0,3144,0,20832.5,0,0,2,3144,6288,20832.5,41665,47953]
["1.15.21","Устройство металлических конструкций для установки трубопровода на эстакаде и крепления к существующим конструкциям","т.",0.33,308112,101676.96,0,null,101676.96,null,null,308112,0,0,null,0,null,308112,0,0,null,0,null,308112,0,0,null,0,null,308112,0,0,null,0,null,308112,0,0,null,0,null,308112,0,0,null,0,null,308112,0,0,null,0,null,308112,0,0,null,0,null,0,308112,0,0,null,0,0.33,308112,101676.96,0,null,101676.96]
["1.15.22","Установка гильз через стены труба стальная сварная 133×4,0","п.м.",0.6,7860,4716,0,null,4716,null,null,7860,0,0,null,0,null,7860,0,0,null,0,null,7860,0,0,null,0,null,7860,0,0,null,0,null,7860,0,0,null,0,null,7860,0,0,null,0,null,7860,0,0,null,0,null,7860,0,0,null,0,null,0,7860,0,0,null,0,0.6,7860,4716,0,null,4716]
["1.15.23","Установка вентиляционной решетки фасадной РЖН , 1500х2000","шт.",2,19650,39300,21242,{"$f":"D561*G561","v":42484},81784,null,null,19650,0,21242,{"$f":"K561*N561","v":0},0,null,19650,0,21242,{"$f":"Q561*T561","v":0},0,null,19650,0,21242,{"$f":"W561*Z561","v":0},0,null,19650,0,21242,{"$f":"AC561*AF561","v":0},0,null,19650,0,21242,{"$f":"AI561*AL561","v":0},0,null,19650,0,21242,{"$f":"AO561*AR561","v":0},0,null,19650,0,21242,{"$f":"AU561*AX561","v":0},0,null,19650,0,21242,{"$f":"BA561*BD561","v":0},0,null,0,19650,0,21242,{"$f":"BH561*BK561","v":0},0,2,19650,39300,21242,{"$f":"BN561*BQ561","v":42484},81784]
["1.15.24","Установка клапана воздушного прямоугольного АВК 2070х1562 ШхВ","  шт.",2,56592,113184,50414,{"$f":"D562*G562","v":100828},214012,null,null,56592,0,50414,{"$f":"K562*N562","v":0},0,null,56592,0,50414,{"$f":"Q562*T562","v":0},0,2,56592,113184,50414,{"$f":"W562*Z562","v":100828},214012,null,56592,0,50414,{"$f":"AC562*AF562","v":0},0,null,56592,0,50414,{"$f":"AI562*AL562","v":0},0,null,56592,0,50414,{"$f":"AO562*AR562","v":0},0,null,56592,0,50414,{"$f":"AU562*AX562","v":0},0,null,56592,0,50414,{"$f":"BA562*BD562","v":0},0,null,2,56592,113184,50414,{"$f":"BH562*BK562","v":100828},214012,0,56592,0,50414,{"$f":"BN562*BQ562","v":0},0]
["1.15.25","Гидростатические испытания трубопроводов","комл.",1,149340,149340,0,null,149340,null,null,149340,0,0,null,0,null,149340,0,0,null,0,null,149340,0,0,null,0,null,149340,0,0,null,0,null,149340,0,0,null,0,null,149340,0,0,null,0,null,149340,0,0,null,0,null,149340,0,0,null,0,null,0,149340,0,0,null,0,1,149340,149340,0,null,149340]
["1.15.26","Демонтаж стены (проём 1550 на 4100 для установки воздушного клапана"," м.кв.",6.5,2358,15327,0,null,15327,null,null,2358,0,0,null,0,null,2358,0,0,null,0,3.26,2358,7687.08,0,null,7687.08,null,2358,0,0,null,0,null,2358,0,0,null,0,null,2358,0,0,null,0,null,2358,0,0,null,0,null,2358,0,0,null,0,null,3.26,2358,7687.08,0,null,7687.08,3.24,2358,7639.92,0,null,7639.92]
["1.15.27","Демонтаж металлоконструкций фермы","т.",0.06,39300,2358,0,null,2358,null,null,39300,0,0,null,0,null,39300,0,0,null,0,null,39300,0,0,null,0,null,39300,0,0,null,0,null,39300,0,0,null,0,null,39300,0,0,null,0,null,39300,0,0,null,0,null,39300,0,0,null,0,null,0,39300,0,0,null,0,0.06,39300,2358,0,null,2358]
["1.15.28","Демонтаж труб стальных электросварных Ø159×6,0 мм.","п.м.",12,786,9432,0,null,9432,null,null,786,0,0,null,0,null,786,0,0,null,0,null,786,0,0,null,0,null,786,0,0,null,0,null,786,0,0,null,0,null,786,0,0,null,0,null,786,0,0,null,0,null,786,0,0,null,0,null,0,786,0,0,null,0,12,786,9432,0,null,9432]
["1.15.29","Демонтаж труб стальных электросварных Ø108×5,0 мм.","п.м.",6,628.79999999999995,3772.7999999999997,0,null,3772.7999999999997,null,null,628.79999999999995,0,0,null,0,null,628.79999999999995,0,0,null,0,null,628.79999999999995,0,0,null,0,null,628.79999999999995,0,0,null,0,null,628.79999999999995,0,0,null,0,null,628.79999999999995,0,0,null,0,null,628.79999999999995,0,0,null,0,null,628.79999999999995,0,0,null,0,null,0,628.79999999999995,0,0,null,0,6,628.79999999999995,3772.7999999999997,0,null,3772.7999999999997]
["1.15.30","Демонтаж металлических опор","т.",0.05,39300,1965,0,null,1965,null,null,39300,0,0,null,0,null,39300,0,0,null,0,null,39300,0,0,null,0,null,39300,0,0,null,0,null,39300,0,0,null,0,null,39300,0,0,null,0,null,39300,0,0,null,0,null,39300,0,0,null,0,null,0,39300,0,0,null,0,0.05,39300,1965,0,null,1965]
["1.15.31","Отвозка демонтированного оборудования самосвалами на расстояние до 1 км.","т.",0.18,7860,1414.8,0,null,1414.8,null,null,7860,0,0,null,0,null,7860,0,0,null,0,null,7860,0,0,null,0,null,7860,0,0,null,0,null,7860,0,0,null,0,null,7860,0,0,null,0,null,7860,0,0,null,0,null,7860,0,0,null,0,null,0,7860,0,0,null,0,0.18,7860,1414.8,0,null,1414.8]
["1.15.32","Пуско-наладочные работы","комл.",1,301300,301300,0,null,301300,null,null,301300,0,0,null,0,null,301300,0,0,null,0,null,301300,0,0,null,0,null,301300,0,0,null,0,null,301300,0,0,null,0,null,301300,0,0,null,0,null,301300,0,0,null,0,null,301300,0,0,null,0,null,0,301300,0,0,null,0,1,301300,301300,0,null,301300]
["1.16","130-23-ОВ3 Вентиляция и кондиционирование",null,null,null,{"$f":"F573+F575+F576+F577+F578+F579+F581+F582+F583+F584+F585+F586+F587","v":6742432.2699999996},null,{"$f":"H573+H575+H576+H577+H578+H579+H581+H582+H583+H584+H585+H586+H587","v":7599618.1099999994},{"$f":"I573+I575+I576+I577+I578+I579+I581+I582+I583+I584+I585+I586+I587","v":14342050.380000001},null,null,null,{"$f":"M573+M575+M576+M577+M578+M579+M581+M582+M583+M584+M585+M586+M587","v":0},null,{"$f":"O573+O575+O576+O577+O578+O579+O581+O582+O583+O584+O585+O586+O587","v":0},{"$f":"P573+P575+P576+P577+P578+P579+P581+P582+P583+P584+P585+P586+P587","v":0},null,null,{"$f":"S573+S575+S576+S577+S578+S579+S581+S582+S583+S584+S585+S586+S587","v":0},null,{"$f":"U573+U575+U576+U577+U578+U579+U581+U582+U583+U584+U585+U586+U587","v":0},{"$f":"V573+V575+V576+V577+V578+V579+V581+V582+V583+V584+V585+V586+V587","v":0},null,null,{"$f":"Y573+Y575+Y576+Y577+Y578+Y579+Y581+Y582+Y583+Y584+Y585+Y586+Y587","v":464609.8},null,{"$f":"AA573+AA575+AA576+AA577+AA578+AA579+AA581+AA582+AA583+AA584+AA585+AA586+AA587","v":2058555.6400000001},{"$f":"AB573+AB575+AB576+AB577+AB578+AB579+AB581+AB582+AB583+AB584+AB585+AB586+AB587","v":2523165.44},null,null,{"$f":"AE573+AE575+AE576+AE577+AE578+AE579+AE581+AE582+AE583+AE584+AE585+AE586+AE587","v":0},null,{"$f":"AG573+AG575+AG576+AG577+AG578+AG579+AG581+AG582+AG583+AG584+AG585+AG586+AG587","v":0},{"$f":"AH573+AH575+AH576+AH577+AH578+AH579+AH581+AH582+AH583+AH584+AH585+AH586+AH587","v":0},null,null,{"$f":"AK573+AK575+AK576+AK577+AK578+AK579+AK581+AK582+AK583+AK584+AK585+AK586+AK587","v":0},null,{"$f":"AM573+AM575+AM576+AM577+AM578+AM579+AM581+AM582+AM583+AM584+AM585+AM586+AM587","v":0},{"$f":"AN573+AN575+AN576+AN577+AN578+AN579+AN581+AN582+AN583+AN584+AN585+AN586+AN587","v":0},null,null,{"$f":"AQ573+AQ575+AQ576+AQ577+AQ578+AQ579+AQ581+AQ582+AQ583+AQ584+AQ585+AQ586+AQ587","v":0},null,{"$f":"AS573+AS575+AS576+AS577+AS578+AS579+AS581+AS582+AS583+AS584+AS585+AS586+AS587","v":0},{"$f":"AT573+AT575+AT576+AT577+AT578+AT579+AT581+AT582+AT583+AT584+AT585+AT586+AT587","v":0},null,null,{"$f":"AW573+AW575+AW576+AW577+AW578+AW579+AW581+AW582+AW583+AW584+AW585+AW586+AW587","v":0},null,{"$f":"AY573+AY575+AY576+AY577+AY578+AY579+AY581+AY582+AY583+AY584+AY585+AY586+AY587","v":0},{"$f":"AZ573+AZ575+AZ576+AZ577+AZ578+AZ579+AZ581+AZ582+AZ583+AZ584+AZ585+AZ586+AZ587","v":0},null,null,{"$f":"BC573+BC575+BC576+BC577+BC578+BC579+BC581+BC582+BC583+BC584+BC585+BC586+BC587","v":0},null,{"$f":"BE573+BE575+BE576+BE577+BE578+BE579+BE581+BE582+BE583+BE584+BE585+BE586+BE587","v":0},{"$f":"BF573+BF575+BF576+BF577+BF578+BF579+BF581+BF582+BF583+BF584+BF585+BF586+BF587","v":0},null,0,null,{"$f":"BJ573+BJ575+BJ576+BJ577+BJ578+BJ579+BJ581+BJ582+BJ583+BJ584+BJ585+BJ586+BJ587","v":464609.8},null,{"$f":"BL573+BL575+BL576+BL577+BL578+BL579+BL581+BL582+BL583+BL584+BL585+BL586+BL587","v":2058555.6400000001},{"$f":"BM573+BM575+BM576+BM577+BM578+BM579+BM581+BM582+BM583+BM584+BM585+BM586+BM587","v":2523165.44},0,null,{"$f":"BP573+BP575+BP576+BP577+BP578+BP579+BP581+BP582+BP583+BP584+BP585+BP586+BP587","v":6277822.4699999997},null,{"$f":"BR573+BR575+BR576+BR577+BR578+BR579+BR581+BR582+BR583+BR584+BR585+BR586+BR587","v":5541062.4699999997},{"$f":"BS573+BS575+BS576+BS577+BS578+BS579+BS581+BS582+BS583+BS584+BS585+BS586+BS587","v":11818884.940000001}]
["1.16.1","Теплоснабжение установки П1",null,null,0,null,0,null,null,null,null,0,null,0,null,null,null,0,null,0,null,null,null,0,null,0,null,null,null,0,null,0,null,null,null,0,null,0,null,null,null,0,null,0,null,null,null,0,null,0,null,null,null,0,null,0,null,null,null,0,0,null,0,null,null,0,0,null,0]
["1.16.1.1","Прокладка трубопроводов теплоснабжения в изоляции","п.м.",40,1310,{"$f":"D573*E573","v":52400},619.45000000000005,{"$f":"D573*G573","v":24778},{"$f":"E573*D573+G573*D573","v":77178},null,null,1310,{"$f":"K573*L573","v":0},619.45000000000005,{"$f":"K573*N573","v":0},{"$f":"L573*K573+N573*K573","v":0},null,1310,{"$f":"Q573*R573","v":0},619.45000000000005,{"$f":"Q573*T573","v":0},{"$f":"R573*Q573+T573*Q573","v":0},null,1310,{"$f":"W573*X573","v":0},619.45000000000005,{"$f":"W573*Z573","v":0},{"$f":"X573*W573+Z573*W573","v":0},null,1310,{"$f":"AC573*AD573","v":0},619.45000000000005,{"$f":"AC573*AF573","v":0},{"$f":"AD573*AC573+AF573*AC573","v":0},null,1310,{"$f":"AI573*AJ573","v":0},619.45000000000005,{"$f":"AI573*AL573","v":0},{"$f":"AJ573*AI573+AL573*AI573","v":0},null,1310,{"$f":"AO573*AP573","v":0},619.45000000000005,{"$f":"AO573*AR573","v":0},{"$f":"AP573*AO573+AR573*AO573","v":0},null,1310,{"$f":"AU573*AV573","v":0},619.45000000000005,{"$f":"AU573*AX573","v":0},{"$f":"AV573*AU573+AX573*AU573","v":0},null,1310,{"$f":"BA573*BB573","v":0},619.45000000000005,{"$f":"BA573*BD573","v":0},{"$f":"BB573*BA573+BD573*BA573","v":0},null,0,1310,{"$f":"BH573*BI573","v":0},619.45000000000005,{"$f":"BH573*BK573","v":0},{"$f":"BI573*BH573+BK573*BH573","v":0},40,1310,{"$f":"BN573*BO573","v":52400},619.45000000000005,{"$f":"BN573*BQ573","v":24778},{"$f":"BO573*BN573+BQ573*BN573","v":77178}]
["1.16.2","Вентиляция",null,null,0,null,0,null,null,null,null,0,null,0,null,null,null,0,null,0,null,null,null,0,null,0,null,null,null,0,null,0,null,null,null,0,null,0,null,null,null,0,null,0,null,null,null,0,null,0,null,null,null,0,null,0,null,null,null,0,0,null,0,null,null,0,0,null,0]
["1.16.2.1","Монтаж приточной системы","к-т",1,125495.9,{"$f":"D575*E575","v":125495.9},181087.89,{"$f":"D575*G575","v":181087.89},{"$f":"E575*D575+G575*D575","v":306583.79000000004},null,null,125495.9,{"$f":"K575*L575","v":0},181087.89,{"$f":"K575*N575","v":0},{"$f":"L575*K575+N575*K575","v":0},null,125495.9,{"$f":"Q575*R575","v":0},181087.89,{"$f":"Q575*T575","v":0},{"$f":"R575*Q575+T575*Q575","v":0},null,125495.9,{"$f":"W575*X575","v":0},181087.89,{"$f":"W575*Z575","v":0},{"$f":"X575*W575+Z575*W575","v":0},null,125495.9,{"$f":"AC575*AD575","v":0},181087.89,{"$f":"AC575*AF575","v":0},{"$f":"AD575*AC575+AF575*AC575","v":0},null,125495.9,{"$f":"AI575*AJ575","v":0},181087.89,{"$f":"AI575*AL575","v":0},{"$f":"AJ575*AI575+AL575*AI575","v":0},null,125495.9,{"$f":"AO575*AP575","v":0},181087.89,{"$f":"AO575*AR575","v":0},{"$f":"AP575*AO575+AR575*AO575","v":0},null,125495.9,{"$f":"AU575*AV575","v":0},181087.89,{"$f":"AU575*AX575","v":0},{"$f":"AV575*AU575+AX575*AU575","v":0},null,125495.9,{"$f":"BA575*BB575","v":0},181087.89,{"$f":"BA575*BD575","v":0},{"$f":"BB575*BA575+BD575*BA575","v":0},null,0,125495.9,{"$f":"BH575*BI575","v":0},181087.89,{"$f":"BH575*BK575","v":0},{"$f":"BI575*BH575+BK575*BH575","v":0},1,125495.9,{"$f":"BN575*BO575","v":125495.9},181087.89,{"$f":"BN575*BQ575","v":181087.89},{"$f":"BO575*BN575+BQ575*BN575","v":306583.79000000004}]
["1.16.2.2","Монтаж узла терморегулирования","к-т",1,52630.559999999998,{"$f":"D576*E576","v":52630.559999999998},128976.12,{"$f":"D576*G576","v":128976.12},181606.68,null,null,52630.559999999998,{"$f":"K576*L576","v":0},128976.12,{"$f":"K576*N576","v":0},0,null,52630.559999999998,{"$f":"Q576*R576","v":0},128976.12,{"$f":"Q576*T576","v":0},0,null,52630.559999999998,{"$f":"W576*X576","v":0},128976.12,{"$f":"W576*Z576","v":0},0,null,52630.559999999998,{"$f":"AC576*AD576","v":0},128976.12,{"$f":"AC576*AF576","v":0},0,null,52630.559999999998,{"$f":"AI576*AJ576","v":0},128976.12,{"$f":"AI576*AL576","v":0},0,null,52630.559999999998,{"$f":"AO576*AP576","v":0},128976.12,{"$f":"AO576*AR576","v":0},0,null,52630.559999999998,{"$f":"AU576*AV576","v":0},128976.12,{"$f":"AU576*AX576","v":0},0,null,52630.559999999998,{"$f":"BA576*BB576","v":0},128976.12,{"$f":"BA576*BD576","v":0},0,null,0,52630.559999999998,{"$f":"BH576*BI576","v":0},128976.12,{"$f":"BH576*BK576","v":0},0,1,52630.559999999998,{"$f":"BN576*BO576","v":52630.559999999998},128976.12,{"$f":"BN576*BQ576","v":128976.12},181606.68]
["1.16.2.3","Монтаж клапанов огнезадерживающих","шт.",43,6454,{"$f":"D577*E577","v":277522},17008,{"$f":"D577*G577","v":731344},1008866,null,null,6454,{"$f":"K577*L577","v":0},17008,{"$f":"K577*N577","v":0},0,null,6454,{"$f":"Q577*R577","v":0},17008,{"$f":"Q577*T577","v":0},0,null,6454,{"$f":"W577*X577","v":0},17008,{"$f":"W577*Z577","v":0},0,null,6454,{"$f":"AC577*AD577","v":0},17008,{"$f":"AC577*AF577","v":0},0,null,6454,{"$f":"AI577*AJ577","v":0},17008,{"$f":"AI577*AL577","v":0},0,null,6454,{"$f":"AO577*AP577","v":0},17008,{"$f":"AO577*AR577","v":0},0,null,6454,{"$f":"AU577*AV577","v":0},17008,{"$f":"AU577*AX577","v":0},0,null,6454,{"$f":"BA577*BB577","v":0},17008,{"$f":"BA577*BD577","v":0},0,null,0,6454,{"$f":"BH577*BI577","v":0},17008,{"$f":"BH577*BK577","v":0},0,43,6454,{"$f":"BN577*BO577","v":277522},17008,{"$f":"BN577*BQ577","v":731344},1008866]
["1.16.2.4","Монтаж вытяжных систем","к-т",2,63240.38,{"$f":"D578*E578","v":126480.76},93837.74,{"$f":"D578*G578","v":187675.48},314156.24,null,null,63240.38,{"$f":"K578*L578","v":0},93837.74,{"$f":"K578*N578","v":0},0,null,63240.38,{"$f":"Q578*R578","v":0},93837.74,{"$f":"Q578*T578","v":0},0,null,63240.38,{"$f":"W578*X578","v":0},93837.74,{"$f":"W578*Z578","v":0},0,null,63240.38,{"$f":"AC578*AD578","v":0},93837.74,{"$f":"AC578*AF578","v":0},0,null,63240.38,{"$f":"AI578*AJ578","v":0},93837.74,{"$f":"AI578*AL578","v":0},0,null,63240.38,{"$f":"AO578*AP578","v":0},93837.74,{"$f":"AO578*AR578","v":0},0,null,63240.38,{"$f":"AU578*AV578","v":0},93837.74,{"$f":"AU578*AX578","v":0},0,null,63240.38,{"$f":"BA578*BB578","v":0},93837.74,{"$f":"BA578*BD578","v":0},0,null,0,63240.38,{"$f":"BH578*BI578","v":0},93837.74,{"$f":"BH578*BK578","v":0},0,2,63240.38,{"$f":"BN578*BO578","v":126480.76},93837.74,{"$f":"BN578*BQ578","v":187675.48},314156.24]
["1.16.2.5","Монтаж воздухораспределителей, дроссель-клапанов, зонтов","шт",208,1050.5999999999999,{"$f":"D579*E579","v":218524.79999999999},1168.95,{"$f":"D579*G579","v":243141.6},461666.4,null,null,1050.5999999999999,{"$f":"K579*L579","v":0},1168.95,{"$f":"K579*N579","v":0},0,null,1050.5999999999999,{"$f":"Q579*R579","v":0},1168.95,{"$f":"Q579*T579","v":0},0,null,1050.5999999999999,{"$f":"W579*X579","v":0},1168.95,{"$f":"W579*Z579","v":0},0,null,1050.5999999999999,{"$f":"AC579*AD579","v":0},1168.95,{"$f":"AC579*AF579","v":0},0,null,1050.5999999999999,{"$f":"AI579*AJ579","v":0},1168.95,{"$f":"AI579*AL579","v":0},0,null,1050.5999999999999,{"$f":"AO579*AP579","v":0},1168.95,{"$f":"AO579*AR579","v":0},0,null,1050.5999999999999,{"$f":"AU579*AV579","v":0},1168.95,{"$f":"AU579*AX579","v":0},0,null,1050.5999999999999,{"$f":"BA579*BB579","v":0},1168.95,{"$f":"BA579*BD579","v":0},0,null,0,1050.5999999999999,{"$f":"BH579*BI579","v":0},1168.95,{"$f":"BH579*BK579","v":0},0,208,1050.5999999999999,{"$f":"BN579*BO579","v":218524.79999999999},1168.95,{"$f":"BN579*BQ579","v":243141.6},461666.4]
["1.16.3","Кондиционирование воздуха",null,null,0,null,0,null,null,null,null,0,null,0,null,null,null,0,null,0,null,null,null,0,null,0,null,null,null,0,null,0,null,null,null,0,null,0,null,null,null,0,null,0,null,null,null,0,null,0,null,null,null,0,null,0,null,null,null,0,0,null,0,null,null,0,0,null,0]
["1.16.3.1","Прокладка воздуховодов из оцинкованой стали с огнезащитным покрытием","м2",1146,3581,{"$f":"D581*E581","v":4103826},2445,{"$f":"D581*G581","v":2801970},{"$f":"E581*D581+G581*D581","v":6905796},null,null,3581,{"$f":"K581*L581","v":0},2445,{"$f":"K581*N581","v":0},{"$f":"L581*K581+N581*K581","v":0},null,3581,{"$f":"Q581*R581","v":0},2445,{"$f":"Q581*T581","v":0},{"$f":"R581*Q581+T581*Q581","v":0},null,3581,{"$f":"W581*X581","v":0},2445,{"$f":"W581*Z581","v":0},{"$f":"X581*W581+Z581*W581","v":0},null,3581,{"$f":"AC581*AD581","v":0},2445,{"$f":"AC581*AF581","v":0},{"$f":"AD581*AC581+AF581*AC581","v":0},null,3581,{"$f":"AI581*AJ581","v":0},2445,{"$f":"AI581*AL581","v":0},{"$f":"AJ581*AI581+AL581*AI581","v":0},null,3581,{"$f":"AO581*AP581","v":0},2445,{"$f":"AO581*AR581","v":0},{"$f":"AP581*AO581+AR581*AO581","v":0},null,3581,{"$f":"AU581*AV581","v":0},2445,{"$f":"AU581*AX581","v":0},{"$f":"AV581*AU581+AX581*AU581","v":0},null,3581,{"$f":"BA581*BB581","v":0},2445,{"$f":"BA581*BD581","v":0},{"$f":"BB581*BA581+BD581*BA581","v":0},null,0,3581,{"$f":"BH581*BI581","v":0},2445,{"$f":"BH581*BK581","v":0},{"$f":"BI581*BH581+BK581*BH581","v":0},1146,3581,{"$f":"BN581*BO581","v":4103826},2445,{"$f":"BN581*BQ581","v":2801970},{"$f":"BO581*BN581+BQ581*BN581","v":6905796}]
["1.16.3.2","Монтаж наружных блоков сиситем кондиционирования воздуха","к-т",5,61132.45,305662.25,362404.12,1812020.6,2117682.85,null,null,61132.45,0,362404.12,0,0,null,61132.45,0,362404.12,0,0,4,61132.45,244529.8,362404.12,1449616.48,1694146.28,null,61132.45,0,362404.12,0,0,null,61132.45,0,362404.12,0,0,null,61132.45,0,362404.12,0,0,null,61132.45,0,362404.12,0,0,null,61132.45,0,362404.12,0,0,null,4,61132.45,244529.8,362404.12,1449616.48,1694146.28,1,61132.45,61132.45,362404.12,362404.12,423536.57]
["1.16.3.3","Монтаж внутренних блоков сиситем кондиционирования воздуха","к-т",16,18340,293440,50744.93,811918.88,1105358.8799999999,null,null,18340,0,50744.93,0,0,null,18340,0,50744.93,0,0,12,18340,220080,50744.93,608939.16,829019.16,null,18340,0,50744.93,0,0,null,18340,0,50744.93,0,0,null,18340,0,50744.93,0,0,null,18340,0,50744.93,0,0,null,18340,0,50744.93,0,0,null,12,18340,220080,50744.93,608939.16,829019.16,4,18340,73360,50744.93,202979.72,276339.71999999997]
["1.16.3.4","Прокладка медных трубопроводов с изоляцией","пм",348,635,220980,889,309372,530352,null,null,635,0,889,0,0,null,635,0,889,0,0,null,635,0,889,0,0,null,635,0,889,0,0,null,635,0,889,0,0,null,635,0,889,0,0,null,635,0,889,0,0,null,635,0,889,0,0,null,0,635,0,889,0,0,348,635,220980,889,309372,530352]
["1.16.3.5","Прокладка дренажных трубопроводов","пм",133,1310,174230,1477.78,196544.74,370774.74,null,null,1310,0,1477.78,0,0,null,1310,0,1477.78,0,0,null,1310,0,1477.78,0,0,null,1310,0,1477.78,0,0,null,1310,0,1477.78,0,0,null,1310,0,1477.78,0,0,null,1310,0,1477.78,0,0,null,1310,0,1477.78,0,0,null,0,1310,0,1477.78,0,0,133,1310,174230,1477.78,196544.74,370774.74]
["1.16.3.6","Установка дренажных насосов","шт",16,3275,52400,10674.3,170788.8,223188.8,null,null,3275,0,10674.3,0,0,null,3275,0,10674.3,0,0,null,3275,0,10674.3,0,0,null,3275,0,10674.3,0,0,null,3275,0,10674.3,0,0,null,3275,0,10674.3,0,0,null,3275,0,10674.3,0,0,null,3275,0,10674.3,0,0,null,0,3275,0,10674.3,0,0,16,3275,52400,10674.3,170788.8,223188.8]
["1.16.3.7","Пуско-наладочные работы ","к-т",1,738840,738840,0,null,738840,null,null,738840,0,0,null,0,null,738840,0,0,null,0,null,738840,0,0,null,0,null,738840,0,0,null,0,null,738840,0,0,null,0,null,738840,0,0,null,0,null,738840,0,0,null,0,null,738840,0,0,null,0,null,0,738840,0,0,null,0,1,738840,738840,0,null,738840]
["1.17","130-23-ЭМ2 Силовое электрооборудование",null,null,null,{"$f":"F668+F669+F670+F589+F590+F591+F592+F593+F594+F595+F596+F671+F672+F597+F673+F674+F675+F676+F677+F678+F679+F680+F598+F599+F600+F601+F602+F603+F681+F604+F682+F683+F684+F685+F605+F606+F607+F608+F609+F610+F611+F612+F613+F614+F615+F616+F618+F619+F620+F621+F622+F623+F624+F625+F626+F627+F628+F629+F630+F631+F632+F633+F634+F635+F636+F637+F638+F639+F640+F641+F642+F643+F645+F646+F647+F644+F648+F649+F650+F651+F617+F652+F653+F654+F655+F656+F657+F658+F659+F660+F661+F662+F663+F664+F665+F666+F667","v":6279544.0279999999},null,{"$f":"H668+H669+H670+H589+H590+H591+H592+H593+H594+H595+H596+H671+H672+H597+H673+H674+H675+H676+H677+H678+H679+H680+H598+H599+H600+H601+H602+H603+H681+H604+H682+H683+H684+H685+H605+H606+H607+H608+H609+H610+H611+H612+H613+H614+H615+H616+H618+H619+H620+H621+H622+H623+H624+H625+H626+H627+H628+H629+H630+H631+H632+H633+H634+H635+H636+H637+H638+H639+H640+H641+H642+H643+H645+H646+H647+H644+H648+H649+H650+H651+H617+H652+H653+H654+H655+H656+H657+H658+H659+H660+H661+H662+H663+H664+H665+H666+H667","v":14406053.600000001},{"$f":"I668+I669+I670+I589+I590+I591+I592+I593+I594+I595+I596+I671+I672+I597+I673+I674+I675+I676+I677+I678+I679+I680+I598+I599+I600+I601+I602+I603+I681+I604+I682+I683+I684+I685+I605+I606+I607+I608+I609+I610+I611+I612+I613+I614+I615+I616+I618+I619+I620+I621+I622+I623+I624+I625+I626+I627+I628+I629+I630+I631+I632+I633+I634+I635+I636+I637+I638+I639+I640+I641+I642+I643+I645+I646+I647+I644+I648+I649+I650+I651+I617+I652+I653+I654+I655+I656+I657+I658+I659+I660+I661+I662+I663+I664+I665+I666+I667","v":20685597.627999999},null,null,null,{"$f":"M668+M669+M670+M589+M590+M591+M592+M593+M594+M595+M596+M671+M672+M597+M673+M674+M675+M676+M677+M678+M679+M680+M598+M599+M600+M601+M602+M603+M681+M604+M682+M683+M684+M685+M605+M606+M607+M608+M609+M610+M611+M612+M613+M614+M615+M616+M618+M619+M620+M621+M622+M623+M624+M625+M626+M627+M628+M629+M630+M631+M632+M633+M634+M635+M636+M637+M638+M639+M640+M641+M642+M643+M645+M646+M647+M644+M648+M649+M650+M651+M617+M652+M653+M654+M655+M656+M657+M658+M659+M660+M661+M662+M663+M664+M665+M666+M667","v":154056},null,{"$f":"O668+O669+O670+O589+O590+O591+O592+O593+O594+O595+O596+O671+O672+O597+O673+O674+O675+O676+O677+O678+O679+O680+O598+O599+O600+O601+O602+O603+O681+O604+O682+O683+O684+O685+O605+O606+O607+O608+O609+O610+O611+O612+O613+O614+O615+O616+O618+O619+O620+O621+O622+O623+O624+O625+O626+O627+O628+O629+O630+O631+O632+O633+O634+O635+O636+O637+O638+O639+O640+O641+O642+O643+O645+O646+O647+O644+O648+O649+O650+O651+O617+O652+O653+O654+O655+O656+O657+O658+O659+O660+O661+O662+O663+O664+O665+O666+O667","v":954298},{"$f":"P668+P669+P670+P589+P590+P591+P592+P593+P594+P595+P596+P671+P672+P597+P673+P674+P675+P676+P677+P678+P679+P680+P598+P599+P600+P601+P602+P603+P681+P604+P682+P683+P684+P685+P605+P606+P607+P608+P609+P610+P611+P612+P613+P614+P615+P616+P618+P619+P620+P621+P622+P623+P624+P625+P626+P627+P628+P629+P630+P631+P632+P633+P634+P635+P636+P637+P638+P639+P640+P641+P642+P643+P645+P646+P647+P644+P648+P649+P650+P651+P617+P652+P653+P654+P655+P656+P657+P658+P659+P660+P661+P662+P663+P664+P665+P666+P667","v":1108354},null,null,{"$f":"S668+S669+S670+S589+S590+S591+S592+S593+S594+S595+S596+S671+S672+S597+S673+S674+S675+S676+S677+S678+S679+S680+S598+S599+S600+S601+S602+S603+S681+S604+S682+S683+S684+S685+S605+S606+S607+S608+S609+S610+S611+S612+S613+S614+S615+S616+S618+S619+S620+S621+S622+S623+S624+S625+S626+S627+S628+S629+S630+S631+S632+S633+S634+S635+S636+S637+S638+S639+S640+S641+S642+S643+S645+S646+S647+S644+S648+S649+S650+S651+S617+S652+S653+S654+S655+S656+S657+S658+S659+S660+S661+S662+S663+S664+S665+S666+S667","v":294750},null,{"$f":"U668+U669+U670+U589+U590+U591+U592+U593+U594+U595+U596+U671+U672+U597+U673+U674+U675+U676+U677+U678+U679+U680+U598+U599+U600+U601+U602+U603+U681+U604+U682+U683+U684+U685+U605+U606+U607+U608+U609+U610+U611+U612+U613+U614+U615+U616+U618+U619+U620+U621+U622+U623+U624+U625+U626+U627+U628+U629+U630+U631+U632+U633+U634+U635+U636+U637+U638+U639+U640+U641+U642+U643+U645+U646+U647+U644+U648+U649+U650+U651+U617+U652+U653+U654+U655+U656+U657+U658+U659+U660+U661+U662+U663+U664+U665+U666+U667","v":682300},{"$f":"V668+V669+V670+V589+V590+V591+V592+V593+V594+V595+V596+V671+V672+V597+V673+V674+V675+V676+V677+V678+V679+V680+V598+V599+V600+V601+V602+V603+V681+V604+V682+V683+V684+V685+V605+V606+V607+V608+V609+V610+V611+V612+V613+V614+V615+V616+V618+V619+V620+V621+V622+V623+V624+V625+V626+V627+V628+V629+V630+V631+V632+V633+V634+V635+V636+V637+V638+V639+V640+V641+V642+V643+V645+V646+V647+V644+V648+V649+V650+V651+V617+V652+V653+V654+V655+V656+V657+V658+V659+V660+V661+V662+V663+V664+V665+V666+V667","v":977050},null,null,{"$f":"Y668+Y669+Y670+Y589+Y590+Y591+Y592+Y593+Y594+Y595+Y596+Y671+Y672+Y597+Y673+Y674+Y675+Y676+Y677+Y678+Y679+Y680+Y598+Y599+Y600+Y601+Y602+Y603+Y681+Y604+Y682+Y683+Y684+Y685+Y605+Y606+Y607+Y608+Y609+Y610+Y611+Y612+Y613+Y614+Y615+Y616+Y618+Y619+Y620+Y621+Y622+Y623+Y624+Y625+Y626+Y627+Y628+Y629+Y630+Y631+Y632+Y633+Y634+Y635+Y636+Y637+Y638+Y639+Y640+Y641+Y642+Y643+Y645+Y646+Y647+Y644+Y648+Y649+Y650+Y651+Y617+Y652+Y653+Y654+Y655+Y656+Y657+Y658+Y659+Y660+Y661+Y662+Y663+Y664+Y665+Y666+Y667","v":714644},null,{"$f":"AA668+AA669+AA670+AA589+AA590+AA591+AA592+AA593+AA594+AA595+AA596+AA671+AA672+AA597+AA673+AA674+AA675+AA676+AA677+AA678+AA679+AA680+AA598+AA599+AA600+AA601+AA602+AA603+AA681+AA604+AA682+AA683+AA684+AA685+AA605+AA606+AA607+AA608+AA609+AA610+AA611+AA612+AA613+AA614+AA615+AA616+AA618+AA619+AA620+AA621+AA622+AA623+AA624+AA625+AA626+AA627+AA628+AA629+AA630+AA631+AA632+AA633+AA634+AA635+AA636+AA637+AA638+AA639+AA640+AA641+AA642+AA643+AA645+AA646+AA647+AA644+AA648+AA649+AA650+AA651+AA617+AA652+AA653+AA654+AA655+AA656+AA657+AA658+AA659+AA660+AA661+AA662+AA663+AA664+AA665+AA666+AA667","v":966734.2},{"$f":"AB668+AB669+AB670+AB589+AB590+AB591+AB592+AB593+AB594+AB595+AB596+AB671+AB672+AB597+AB673+AB674+AB675+AB676+AB677+AB678+AB679+AB680+AB598+AB599+AB600+AB601+AB602+AB603+AB681+AB604+AB682+AB683+AB684+AB685+AB605+AB606+AB607+AB608+AB609+AB610+AB611+AB612+AB613+AB614+AB615+AB616+AB618+AB619+AB620+AB621+AB622+AB623+AB624+AB625+AB626+AB627+AB628+AB629+AB630+AB631+AB632+AB633+AB634+AB635+AB636+AB637+AB638+AB639+AB640+AB641+AB642+AB643+AB645+AB646+AB647+AB644+AB648+AB649+AB650+AB651+AB617+AB652+AB653+AB654+AB655+AB656+AB657+AB658+AB659+AB660+AB661+AB662+AB663+AB664+AB665+AB666+AB667","v":1681378.2},null,null,{"$f":"AE668+AE669+AE670+AE589+AE590+AE591+AE592+AE593+AE594+AE595+AE596+AE671+AE672+AE597+AE673+AE674+AE675+AE676+AE677+AE678+AE679+AE680+AE598+AE599+AE600+AE601+AE602+AE603+AE681+AE604+AE682+AE683+AE684+AE685+AE605+AE606+AE607+AE608+AE609+AE610+AE611+AE612+AE613+AE614+AE615+AE616+AE618+AE619+AE620+AE621+AE622+AE623+AE624+AE625+AE626+AE627+AE628+AE629+AE630+AE631+AE632+AE633+AE634+AE635+AE636+AE637+AE638+AE639+AE640+AE641+AE642+AE643+AE645+AE646+AE647+AE644+AE648+AE649+AE650+AE651+AE617+AE652+AE653+AE654+AE655+AE656+AE657+AE658+AE659+AE660+AE661+AE662+AE663+AE664+AE665+AE666+AE667","v":0},null,{"$f":"AG668+AG669+AG670+AG589+AG590+AG591+AG592+AG593+AG594+AG595+AG596+AG671+AG672+AG597+AG673+AG674+AG675+AG676+AG677+AG678+AG679+AG680+AG598+AG599+AG600+AG601+AG602+AG603+AG681+AG604+AG682+AG683+AG684+AG685+AG605+AG606+AG607+AG608+AG609+AG610+AG611+AG612+AG613+AG614+AG615+AG616+AG618+AG619+AG620+AG621+AG622+AG623+AG624+AG625+AG626+AG627+AG628+AG629+AG630+AG631+AG632+AG633+AG634+AG635+AG636+AG637+AG638+AG639+AG640+AG641+AG642+AG643+AG645+AG646+AG647+AG644+AG648+AG649+AG650+AG651+AG617+AG652+AG653+AG654+AG655+AG656+AG657+AG658+AG659+AG660+AG661+AG662+AG663+AG664+AG665+AG666+AG667","v":0},{"$f":"AH668+AH669+AH670+AH589+AH590+AH591+AH592+AH593+AH594+AH595+AH596+AH671+AH672+AH597+AH673+AH674+AH675+AH676+AH677+AH678+AH679+AH680+AH598+AH599+AH600+AH601+AH602+AH603+AH681+AH604+AH682+AH683+AH684+AH685+AH605+AH606+AH607+AH608+AH609+AH610+AH611+AH612+AH613+AH614+AH615+AH616+AH618+AH619+AH620+AH621+AH622+AH623+AH624+AH625+AH626+AH627+AH628+AH629+AH630+AH631+AH632+AH633+AH634+AH635+AH636+AH637+AH638+AH639+AH640+AH641+AH642+AH643+AH645+AH646+AH647+AH644+AH648+AH649+AH650+AH651+AH617+AH652+AH653+AH654+AH655+AH656+AH657+AH658+AH659+AH660+AH661+AH662+AH663+AH664+AH665+AH666+AH667","v":0},null,null,{"$f":"AK668+AK669+AK670+AK589+AK590+AK591+AK592+AK593+AK594+AK595+AK596+AK671+AK672+AK597+AK673+AK674+AK675+AK676+AK677+AK678+AK679+AK680+AK598+AK599+AK600+AK601+AK602+AK603+AK681+AK604+AK682+AK683+AK684+AK685+AK605+AK606+AK607+AK608+AK609+AK610+AK611+AK612+AK613+AK614+AK615+AK616+AK618+AK619+AK620+AK621+AK622+AK623+AK624+AK625+AK626+AK627+AK628+AK629+AK630+AK631+AK632+AK633+AK634+AK635+AK636+AK637+AK638+AK639+AK640+AK641+AK642+AK643+AK645+AK646+AK647+AK644+AK648+AK649+AK650+AK651+AK617+AK652+AK653+AK654+AK655+AK656+AK657+AK658+AK659+AK660+AK661+AK662+AK663+AK664+AK665+AK666+AK667","v":0},null,{"$f":"AM668+AM669+AM670+AM589+AM590+AM591+AM592+AM593+AM594+AM595+AM596+AM671+AM672+AM597+AM673+AM674+AM675+AM676+AM677+AM678+AM679+AM680+AM598+AM599+AM600+AM601+AM602+AM603+AM681+AM604+AM682+AM683+AM684+AM685+AM605+AM606+AM607+AM608+AM609+AM610+AM611+AM612+AM613+AM614+AM615+AM616+AM618+AM619+AM620+AM621+AM622+AM623+AM624+AM625+AM626+AM627+AM628+AM629+AM630+AM631+AM632+AM633+AM634+AM635+AM636+AM637+AM638+AM639+AM640+AM641+AM642+AM643+AM645+AM646+AM647+AM644+AM648+AM649+AM650+AM651+AM617+AM652+AM653+AM654+AM655+AM656+AM657+AM658+AM659+AM660+AM661+AM662+AM663+AM664+AM665+AM666+AM667","v":0},{"$f":"AN668+AN669+AN670+AN589+AN590+AN591+AN592+AN593+AN594+AN595+AN596+AN671+AN672+AN597+AN673+AN674+AN675+AN676+AN677+AN678+AN679+AN680+AN598+AN599+AN600+AN601+AN602+AN603+AN681+AN604+AN682+AN683+AN684+AN685+AN605+AN606+AN607+AN608+AN609+AN610+AN611+AN612+AN613+AN614+AN615+AN616+AN618+AN619+AN620+AN621+AN622+AN623+AN624+AN625+AN626+AN627+AN628+AN629+AN630+AN631+AN632+AN633+AN634+AN635+AN636+AN637+AN638+AN639+AN640+AN641+AN642+AN643+AN645+AN646+AN647+AN644+AN648+AN649+AN650+AN651+AN617+AN652+AN653+AN654+AN655+AN656+AN657+AN658+AN659+AN660+AN661+AN662+AN663+AN664+AN665+AN666+AN667","v":0},null,null,{"$f":"AQ668+AQ669+AQ670+AQ589+AQ590+AQ591+AQ592+AQ593+AQ594+AQ595+AQ596+AQ671+AQ672+AQ597+AQ673+AQ674+AQ675+AQ676+AQ677+AQ678+AQ679+AQ680+AQ598+AQ599+AQ600+AQ601+AQ602+AQ603+AQ681+AQ604+AQ682+AQ683+AQ684+AQ685+AQ605+AQ606+AQ607+AQ608+AQ609+AQ610+AQ611+AQ612+AQ613+AQ614+AQ615+AQ616+AQ618+AQ619+AQ620+AQ621+AQ622+AQ623+AQ624+AQ625+AQ626+AQ627+AQ628+AQ629+AQ630+AQ631+AQ632+AQ633+AQ634+AQ635+AQ636+AQ637+AQ638+AQ639+AQ640+AQ641+AQ642+AQ643+AQ645+AQ646+AQ647+AQ644+AQ648+AQ649+AQ650+AQ651+AQ617+AQ652+AQ653+AQ654+AQ655+AQ656+AQ657+AQ658+AQ659+AQ660+AQ661+AQ662+AQ663+AQ664+AQ665+AQ666+AQ667","v":0},null,{"$f":"AS668+AS669+AS670+AS589+AS590+AS591+AS592+AS593+AS594+AS595+AS596+AS671+AS672+AS597+AS673+AS674+AS675+AS676+AS677+AS678+AS679+AS680+AS598+AS599+AS600+AS601+AS602+AS603+AS681+AS604+AS682+AS683+AS684+AS685+AS605+AS606+AS607+AS608+AS609+AS610+AS611+AS612+AS613+AS614+AS615+AS616+AS618+AS619+AS620+AS621+AS622+AS623+AS624+AS625+AS626+AS627+AS628+AS629+AS630+AS631+AS632+AS633+AS634+AS635+AS636+AS637+AS638+AS639+AS640+AS641+AS642+AS643+AS645+AS646+AS647+AS644+AS648+AS649+AS650+AS651+AS617+AS652+AS653+AS654+AS655+AS656+AS657+AS658+AS659+AS660+AS661+AS662+AS663+AS664+AS665+AS666+AS667","v":0},{"$f":"AT668+AT669+AT670+AT589+AT590+AT591+AT592+AT593+AT594+AT595+AT596+AT671+AT672+AT597+AT673+AT674+AT675+AT676+AT677+AT678+AT679+AT680+AT598+AT599+AT600+AT601+AT602+AT603+AT681+AT604+AT682+AT683+AT684+AT685+AT605+AT606+AT607+AT608+AT609+AT610+AT611+AT612+AT613+AT614+AT615+AT616+AT618+AT619+AT620+AT621+AT622+AT623+AT624+AT625+AT626+AT627+AT628+AT629+AT630+AT631+AT632+AT633+AT634+AT635+AT636+AT637+AT638+AT639+AT640+AT641+AT642+AT643+AT645+AT646+AT647+AT644+AT648+AT649+AT650+AT651+AT617+AT652+AT653+AT654+AT655+AT656+AT657+AT658+AT659+AT660+AT661+AT662+AT663+AT664+AT665+AT666+AT667","v":0},null,null,{"$f":"AW668+AW669+AW670+AW589+AW590+AW591+AW592+AW593+AW594+AW595+AW596+AW671+AW672+AW597+AW673+AW674+AW675+AW676+AW677+AW678+AW679+AW680+AW598+AW599+AW600+AW601+AW602+AW603+AW681+AW604+AW682+AW683+AW684+AW685+AW605+AW606+AW607+AW608+AW609+AW610+AW611+AW612+AW613+AW614+AW615+AW616+AW618+AW619+AW620+AW621+AW622+AW623+AW624+AW625+AW626+AW627+AW628+AW629+AW630+AW631+AW632+AW633+AW634+AW635+AW636+AW637+AW638+AW639+AW640+AW641+AW642+AW643+AW645+AW646+AW647+AW644+AW648+AW649+AW650+AW651+AW617+AW652+AW653+AW654+AW655+AW656+AW657+AW658+AW659+AW660+AW661+AW662+AW663+AW664+AW665+AW666+AW667","v":0},null,{"$f":"AY668+AY669+AY670+AY589+AY590+AY591+AY592+AY593+AY594+AY595+AY596+AY671+AY672+AY597+AY673+AY674+AY675+AY676+AY677+AY678+AY679+AY680+AY598+AY599+AY600+AY601+AY602+AY603+AY681+AY604+AY682+AY683+AY684+AY685+AY605+AY606+AY607+AY608+AY609+AY610+AY611+AY612+AY613+AY614+AY615+AY616+AY618+AY619+AY620+AY621+AY622+AY623+AY624+AY625+AY626+AY627+AY628+AY629+AY630+AY631+AY632+AY633+AY634+AY635+AY636+AY637+AY638+AY639+AY640+AY641+AY642+AY643+AY645+AY646+AY647+AY644+AY648+AY649+AY650+AY651+AY617+AY652+AY653+AY654+AY655+AY656+AY657+AY658+AY659+AY660+AY661+AY662+AY663+AY664+AY665+AY666+AY667","v":0},{"$f":"AZ668+AZ669+AZ670+AZ589+AZ590+AZ591+AZ592+AZ593+AZ594+AZ595+AZ596+AZ671+AZ672+AZ597+AZ673+AZ674+AZ675+AZ676+AZ677+AZ678+AZ679+AZ680+AZ598+AZ599+AZ600+AZ601+AZ602+AZ603+AZ681+AZ604+AZ682+AZ683+AZ684+AZ685+AZ605+AZ606+AZ607+AZ608+AZ609+AZ610+AZ611+AZ612+AZ613+AZ614+AZ615+AZ616+AZ618+AZ619+AZ620+AZ621+AZ622+AZ623+AZ624+AZ625+AZ626+AZ627+AZ628+AZ629+AZ630+AZ631+AZ632+AZ633+AZ634+AZ635+AZ636+AZ637+AZ638+AZ639+AZ640+AZ641+AZ642+AZ643+AZ645+AZ646+AZ647+AZ644+AZ648+AZ649+AZ650+AZ651+AZ617+AZ652+AZ653+AZ654+AZ655+AZ656+AZ657+AZ658+AZ659+AZ660+AZ661+AZ662+AZ663+AZ664+AZ665+AZ666+AZ667","v":0},null,null,{"$f":"BC668+BC669+BC670+BC589+BC590+BC591+BC592+BC593+BC594+BC595+BC596+BC671+BC672+BC597+BC673+BC674+BC675+BC676+BC677+BC678+BC679+BC680+BC598+BC599+BC600+BC601+BC602+BC603+BC681+BC604+BC682+BC683+BC684+BC685+BC605+BC606+BC607+BC608+BC609+BC610+BC611+BC612+BC613+BC614+BC615+BC616+BC618+BC619+BC620+BC621+BC622+BC623+BC624+BC625+BC626+BC627+BC628+BC629+BC630+BC631+BC632+BC633+BC634+BC635+BC636+BC637+BC638+BC639+BC640+BC641+BC642+BC643+BC645+BC646+BC647+BC644+BC648+BC649+BC650+BC651+BC617+BC652+BC653+BC654+BC655+BC656+BC657+BC658+BC659+BC660+BC661+BC662+BC663+BC664+BC665+BC666+BC667","v":0},null,{"$f":"BE668+BE669+BE670+BE589+BE590+BE591+BE592+BE593+BE594+BE595+BE596+BE671+BE672+BE597+BE673+BE674+BE675+BE676+BE677+BE678+BE679+BE680+BE598+BE599+BE600+BE601+BE602+BE603+BE681+BE604+BE682+BE683+BE684+BE685+BE605+BE606+BE607+BE608+BE609+BE610+BE611+BE612+BE613+BE614+BE615+BE616+BE618+BE619+BE620+BE621+BE622+BE623+BE624+BE625+BE626+BE627+BE628+BE629+BE630+BE631+BE632+BE633+BE634+BE635+BE636+BE637+BE638+BE639+BE640+BE641+BE642+BE643+BE645+BE646+BE647+BE644+BE648+BE649+BE650+BE651+BE617+BE652+BE653+BE654+BE655+BE656+BE657+BE658+BE659+BE660+BE661+BE662+BE663+BE664+BE665+BE666+BE667","v":0},{"$f":"BF668+BF669+BF670+BF589+BF590+BF591+BF592+BF593+BF594+BF595+BF596+BF671+BF672+BF597+BF673+BF674+BF675+BF676+BF677+BF678+BF679+BF680+BF598+BF599+BF600+BF601+BF602+BF603+BF681+BF604+BF682+BF683+BF684+BF685+BF605+BF606+BF607+BF608+BF609+BF610+BF611+BF612+BF613+BF614+BF615+BF616+BF618+BF619+BF620+BF621+BF622+BF623+BF624+BF625+BF626+BF627+BF628+BF629+BF630+BF631+BF632+BF633+BF634+BF635+BF636+BF637+BF638+BF639+BF640+BF641+BF642+BF643+BF645+BF646+BF647+BF644+BF648+BF649+BF650+BF651+BF617+BF652+BF653+BF654+BF655+BF656+BF657+BF658+BF659+BF660+BF661+BF662+BF663+BF664+BF665+BF666+BF667","v":0},null,0,null,{"$f":"BJ668+BJ669+BJ670+BJ589+BJ590+BJ591+BJ592+BJ593+BJ594+BJ595+BJ596+BJ671+BJ672+BJ597+BJ673+BJ674+BJ675+BJ676+BJ677+BJ678+BJ679+BJ680+BJ598+BJ599+BJ600+BJ601+BJ602+BJ603+BJ681+BJ604+BJ682+BJ683+BJ684+BJ685+BJ605+BJ606+BJ607+BJ608+BJ609+BJ610+BJ611+BJ612+BJ613+BJ614+BJ615+BJ616+BJ618+BJ619+BJ620+BJ621+BJ622+BJ623+BJ624+BJ625+BJ626+BJ627+BJ628+BJ629+BJ630+BJ631+BJ632+BJ633+BJ634+BJ635+BJ636+BJ637+BJ638+BJ639+BJ640+BJ641+BJ642+BJ643+BJ645+BJ646+BJ647+BJ644+BJ648+BJ649+BJ650+BJ651+BJ617+BJ652+BJ653+BJ654+BJ655+BJ656+BJ657+BJ658+BJ659+BJ660+BJ661+BJ662+BJ663+BJ664+BJ665+BJ666+BJ667","v":1163450},null,{"$f":"BL668+BL669+BL670+BL589+BL590+BL591+BL592+BL593+BL594+BL595+BL596+BL671+BL672+BL597+BL673+BL674+BL675+BL676+BL677+BL678+BL679+BL680+BL598+BL599+BL600+BL601+BL602+BL603+BL681+BL604+BL682+BL683+BL684+BL685+BL605+BL606+BL607+BL608+BL609+BL610+BL611+BL612+BL613+BL614+BL615+BL616+BL618+BL619+BL620+BL621+BL622+BL623+BL624+BL625+BL626+BL627+BL628+BL629+BL630+BL631+BL632+BL633+BL634+BL635+BL636+BL637+BL638+BL639+BL640+BL641+BL642+BL643+BL645+BL646+BL647+BL644+BL648+BL649+BL650+BL651+BL617+BL652+BL653+BL654+BL655+BL656+BL657+BL658+BL659+BL660+BL661+BL662+BL663+BL664+BL665+BL666+BL667","v":2603332.2000000002},{"$f":"BM668+BM669+BM670+BM589+BM590+BM591+BM592+BM593+BM594+BM595+BM596+BM671+BM672+BM597+BM673+BM674+BM675+BM676+BM677+BM678+BM679+BM680+BM598+BM599+BM600+BM601+BM602+BM603+BM681+BM604+BM682+BM683+BM684+BM685+BM605+BM606+BM607+BM608+BM609+BM610+BM611+BM612+BM613+BM614+BM615+BM616+BM618+BM619+BM620+BM621+BM622+BM623+BM624+BM625+BM626+BM627+BM628+BM629+BM630+BM631+BM632+BM633+BM634+BM635+BM636+BM637+BM638+BM639+BM640+BM641+BM642+BM643+BM645+BM646+BM647+BM644+BM648+BM649+BM650+BM651+BM617+BM652+BM653+BM654+BM655+BM656+BM657+BM658+BM659+BM660+BM661+BM662+BM663+BM664+BM665+BM666+BM667","v":3766782.2},0,null,{"$f":"BP668+BP669+BP670+BP589+BP590+BP591+BP592+BP593+BP594+BP595+BP596+BP671+BP672+BP597+BP673+BP674+BP675+BP676+BP677+BP678+BP679+BP680+BP598+BP599+BP600+BP601+BP602+BP603+BP681+BP604+BP682+BP683+BP684+BP685+BP605+BP606+BP607+BP608+BP609+BP610+BP611+BP612+BP613+BP614+BP615+BP616+BP618+BP619+BP620+BP621+BP622+BP623+BP624+BP625+BP626+BP627+BP628+BP629+BP630+BP631+BP632+BP633+BP634+BP635+BP636+BP637+BP638+BP639+BP640+BP641+BP642+BP643+BP645+BP646+BP647+BP644+BP648+BP649+BP650+BP651+BP617+BP652+BP653+BP654+BP655+BP656+BP657+BP658+BP659+BP660+BP661+BP662+BP663+BP664+BP665+BP666+BP667","v":5116094.0279999999},null,{"$f":"BR668+BR669+BR670+BR589+BR590+BR591+BR592+BR593+BR594+BR595+BR596+BR671+BR672+BR597+BR673+BR674+BR675+BR676+BR677+BR678+BR679+BR680+BR598+BR599+BR600+BR601+BR602+BR603+BR681+BR604+BR682+BR683+BR684+BR685+BR605+BR606+BR607+BR608+BR609+BR610+BR611+BR612+BR613+BR614+BR615+BR616+BR618+BR619+BR620+BR621+BR622+BR623+BR624+BR625+BR626+BR627+BR628+BR629+BR630+BR631+BR632+BR633+BR634+BR635+BR636+BR637+BR638+BR639+BR640+BR641+BR642+BR643+BR645+BR646+BR647+BR644+BR648+BR649+BR650+BR651+BR617+BR652+BR653+BR654+BR655+BR656+BR657+BR658+BR659+BR660+BR661+BR662+BR663+BR664+BR665+BR666+BR667","v":11802721.400000002},{"$f":"BS668+BS669+BS670+BS589+BS590+BS591+BS592+BS593+BS594+BS595+BS596+BS671+BS672+BS597+BS673+BS674+BS675+BS676+BS677+BS678+BS679+BS680+BS598+BS599+BS600+BS601+BS602+BS603+BS681+BS604+BS682+BS683+BS684+BS685+BS605+BS606+BS607+BS608+BS609+BS610+BS611+BS612+BS613+BS614+BS615+BS616+BS618+BS619+BS620+BS621+BS622+BS623+BS624+BS625+BS626+BS627+BS628+BS629+BS630+BS631+BS632+BS633+BS634+BS635+BS636+BS637+BS638+BS639+BS640+BS641+BS642+BS643+BS645+BS646+BS647+BS644+BS648+BS649+BS650+BS651+BS617+BS652+BS653+BS654+BS655+BS656+BS657+BS658+BS659+BS660+BS661+BS662+BS663+BS664+BS665+BS666+BS667","v":16918815.427999996}]
["1.17.1","Щит распределительный навесного исполнения ЩР1….ЩР19","шт.",19,6288,{"$f":"D589*E589","v":119472},39720,{"$f":"D589*G589","v":754680},{"$f":"E589*D589+G589*D589","v":874152},null,17,6288,{"$f":"K589*L589","v":106896},39720,{"$f":"K589*N589","v":675240},{"$f":"L589*K589+N589*K589","v":782136},null,6288,{"$f":"Q589*R589","v":0},39720,{"$f":"Q589*T589","v":0},{"$f":"R589*Q589+T589*Q589","v":0},null,6288,{"$f":"W589*X589","v":0},39720,{"$f":"W589*Z589","v":0},{"$f":"X589*W589+Z589*W589","v":0},null,6288,{"$f":"AC589*AD589","v":0},39720,{"$f":"AC589*AF589","v":0},{"$f":"AD589*AC589+AF589*AC589","v":0},null,6288,{"$f":"AI589*AJ589","v":0},39720,{"$f":"AI589*AL589","v":0},{"$f":"AJ589*AI589+AL589*AI589","v":0},null,6288,{"$f":"AO589*AP589","v":0},39720,{"$f":"AO589*AR589","v":0},{"$f":"AP589*AO589+AR589*AO589","v":0},null,6288,{"$f":"AU589*AV589","v":0},39720,{"$f":"AU589*AX589","v":0},{"$f":"AV589*AU589+AX589*AU589","v":0},null,6288,{"$f":"BA589*BB589","v":0},39720,{"$f":"BA589*BD589","v":0},{"$f":"BB589*BA589+BD589*BA589","v":0},null,17,6288,{"$f":"BH589*BI589","v":106896},39720,{"$f":"BH589*BK589","v":675240},{"$f":"BI589*BH589+BK589*BH589","v":782136},2,6288,{"$f":"BN589*BO589","v":12576},39720,{"$f":"BN589*BQ589","v":79440},{"$f":"BO589*BN589+BQ589*BN589","v":92016}]
["1.17.2","Ящик силовой с рубильником  ЯВЗШ 100А IP54","шт.",65,3144,204360,11432,743080,947440,null,11,3144,34584,11432,125752,160336,50,3144,157200,11432,571600,728800,null,3144,0,11432,0,0,null,3144,0,11432,0,0,null,3144,0,11432,0,0,null,3144,0,11432,0,0,null,3144,0,11432,0,0,null,3144,0,11432,0,0,null,61,3144,191784,11432,697352,889136,4,3144,12576,11432,45728,58304]
["1.17.3","Щит силовой ЩС1 ЩС2","шт.",2,6288,12576,68309,136618,149194,null,null,6288,0,68309,0,0,null,6288,0,68309,0,0,null,6288,0,68309,0,0,null,6288,0,68309,0,0,null,6288,0,68309,0,0,null,6288,0,68309,0,0,null,6288,0,68309,0,0,null,6288,0,68309,0,0,null,0,6288,0,68309,0,0,2,6288,12576,68309,136618,149194]
["1.17.4","Щит управления воротами ЩУ1","шт.",1,6288,6288,65980,65980,72268,null,null,6288,0,65980,0,0,null,6288,0,65980,0,0,null,6288,0,65980,0,0,null,6288,0,65980,0,0,null,6288,0,65980,0,0,null,6288,0,65980,0,0,null,6288,0,65980,0,0,null,6288,0,65980,0,0,null,0,6288,0,65980,0,0,1,6288,6288,65980,65980,72268]
["1.17.5","Щит управления воротами ЩУ2","шт.",1,6288,6288,112940,112940,119228,null,null,6288,0,112940,0,0,null,6288,0,112940,0,0,null,6288,0,112940,0,0,null,6288,0,112940,0,0,null,6288,0,112940,0,0,null,6288,0,112940,0,0,null,6288,0,112940,0,0,null,6288,0,112940,0,0,null,0,6288,0,112940,0,0,1,6288,6288,112940,112940,119228]
["1.17.6","Щит управления компрессорами","шт.",2,6288,12576,76653,153306,165882,null,2,6288,12576,76653,153306,165882,null,6288,0,76653,0,0,null,6288,0,76653,0,0,null,6288,0,76653,0,0,null,6288,0,76653,0,0,null,6288,0,76653,0,0,null,6288,0,76653,0,0,null,6288,0,76653,0,0,null,2,6288,12576,76653,153306,165882,0,6288,0,76653,0,0]
["1.17.7","Шкаф питания вентиляции ШПВ","шт.",1,6288,6288,73866,73866,80154,null,null,6288,0,73866,0,0,null,6288,0,73866,0,0,null,6288,0,73866,0,0,null,6288,0,73866,0,0,null,6288,0,73866,0,0,null,6288,0,73866,0,0,null,6288,0,73866,0,0,null,6288,0,73866,0,0,null,0,6288,0,73866,0,0,1,6288,6288,73866,73866,80154]
["1.17.8","Щит питания оборудования СКС","шт.",1,6288,6288,71284.2,71284.2,77572.2,null,null,6288,0,71284.2,0,0,null,6288,0,71284.2,0,0,1,6288,6288,71284.2,71284.2,77572.2,null,6288,0,71284.2,0,0,null,6288,0,71284.2,0,0,null,6288,0,71284.2,0,0,null,6288,0,71284.2,0,0,null,6288,0,71284.2,0,0,null,1,6288,6288,71284.2,71284.2,77572.2,0,6288,0,71284.2,0,0]
["1.17.9","Ящик с понижающими трансформаторами с розеткой ЯТП-0,25-2 У3 12В","шт.",10,2358,23580,7462,74620,98200,null,null,2358,0,7462,0,0,null,2358,0,7462,0,0,null,2358,0,7462,0,0,null,2358,0,7462,0,0,null,2358,0,7462,0,0,null,2358,0,7462,0,0,null,2358,0,7462,0,0,null,2358,0,7462,0,0,null,0,2358,0,7462,0,0,10,2358,23580,7462,74620,98200]
["1.17.10","Кабель силовой 5х70","м",64,354,22656,6371,407744,430400,null,null,354,0,6371,0,0,null,354,0,6371,0,0,null,354,0,6371,0,0,null,354,0,6371,0,0,null,354,0,6371,0,0,null,354,0,6371,0,0,null,354,0,6371,0,0,null,354,0,6371,0,0,null,0,354,0,6371,0,0,64,354,22656,6371,407744,430400]
["1.17.11","Кабель силовой 5х16","м",1620,186.02,301352.40000000002,1500,2430000,2731352.4,null,null,186.02,0,1500,0,0,null,186.02,0,1500,0,0,null,186.02,0,1500,0,0,null,186.02,0,1500,0,0,null,186.02,0,1500,0,0,null,186.02,0,1500,0,0,null,186.02,0,1500,0,0,null,186.02,0,1500,0,0,null,0,186.02,0,1500,0,0,1620,186.02,301352.40000000002,1500,2430000,2731352.4]
["1.17.12","Кабель силовой 5х10","м",450,182,81900,1086,488700,570600,null,null,182,0,1086,0,0,null,182,0,1086,0,0,null,182,0,1086,0,0,null,182,0,1086,0,0,null,182,0,1086,0,0,null,182,0,1086,0,0,null,182,0,1086,0,0,null,182,0,1086,0,0,null,0,182,0,1086,0,0,450,182,81900,1086,488700,570600]
["1.17.13","Кабель силовой 5х6","м",380,182,69160,611,232180,301340,null,null,182,0,611,0,0,null,182,0,611,0,0,null,182,0,611,0,0,null,182,0,611,0,0,null,182,0,611,0,0,null,182,0,611,0,0,null,182,0,611,0,0,null,182,0,611,0,0,null,0,182,0,611,0,0,380,182,69160,611,232180,301340]
["1.17.14","Кабель силовой 5х4","м",760,182,138320,496.6,377416,515736,null,null,182,0,496.6,0,0,null,182,0,496.6,0,0,null,182,0,496.6,0,0,null,182,0,496.6,0,0,null,182,0,496.6,0,0,null,182,0,496.6,0,0,null,182,0,496.6,0,0,null,182,0,496.6,0,0,null,0,182,0,496.6,0,0,760,182,138320,496.6,377416,515736]
["1.17.15","Кабель силовой 5х2,5","м",480,182,87360,322.39999999999998,154752,242112,null,null,182,0,322.39999999999998,0,0,null,182,0,322.39999999999998,0,0,null,182,0,322.39999999999998,0,0,null,182,0,322.39999999999998,0,0,null,182,0,322.39999999999998,0,0,null,182,0,322.39999999999998,0,0,null,182,0,322.39999999999998,0,0,null,182,0,322.39999999999998,0,0,null,0,182,0,322.39999999999998,0,0,480,182,87360,322.39999999999998,154752,242112]
["1.17.16","Кабель силовой 3х2,5","м",1320,182,240240,184.6,243672,483912,null,null,182,0,184.6,0,0,null,182,0,184.6,0,0,null,182,0,184.6,0,0,null,182,0,184.6,0,0,null,182,0,184.6,0,0,null,182,0,184.6,0,0,null,182,0,184.6,0,0,null,182,0,184.6,0,0,null,0,182,0,184.6,0,0,1320,182,240240,184.6,243672,483912]
["1.17.17","Наконечник кабельный медный луженый ТМЛ 120-10-17","шт.",16,132.05000000000001,2112.8000000000002,525.41,8406.56,10519.36,null,null,132.05000000000001,0,525.41,0,0,null,132.05000000000001,0,525.41,0,0,null,132.05000000000001,0,525.41,0,0,null,132.05000000000001,0,525.41,0,0,null,132.05000000000001,0,525.41,0,0,null,132.05000000000001,0,525.41,0,0,null,132.05000000000001,0,525.41,0,0,null,132.05000000000001,0,525.41,0,0,null,0,132.05000000000001,0,525.41,0,0,16,132.05000000000001,2112.8000000000002,525.41,8406.56,10519.36]
["1.17.18","Наконечник кабельный медный луженый ТМЛ У 70-8","шт.",20,132.05000000000001,2641,459.71,9194.1999999999989,11835.199999999999,null,null,132.05000000000001,0,459.71,0,0,null,132.05000000000001,0,459.71,0,0,null,132.05000000000001,0,459.71,0,0,null,132.05000000000001,0,459.71,0,0,null,132.05000000000001,0,459.71,0,0,null,132.05000000000001,0,459.71,0,0,null,132.05000000000001,0,459.71,0,0,null,132.05000000000001,0,459.71,0,0,null,0,132.05000000000001,0,459.71,0,0,20,132.05000000000001,2641,459.71,9194.1999999999989,11835.199999999999]
["1.17.19","Наконечник кабельный медный луженый ТМЛ 35-10-10","шт.",80,132.05000000000001,10564,121.99,9759.1999999999989,20323.199999999997,null,null,132.05000000000001,0,121.99,0,0,null,132.05000000000001,0,121.99,0,0,null,132.05000000000001,0,121.99,0,0,null,132.05000000000001,0,121.99,0,0,null,132.05000000000001,0,121.99,0,0,null,132.05000000000001,0,121.99,0,0,null,132.05000000000001,0,121.99,0,0,null,132.05000000000001,0,121.99,0,0,null,0,132.05000000000001,0,121.99,0,0,80,132.05000000000001,10564,121.99,9759.1999999999989,20323.199999999997]
["1.17.20","Наконечник штифтовой плоский НШП-35 50311","шт.",80,132.05000000000001,10564,132.76,10620.8,21184.799999999999,null,null,132.05000000000001,0,132.76,0,0,null,132.05000000000001,0,132.76,0,0,null,132.05000000000001,0,132.76,0,0,null,132.05000000000001,0,132.76,0,0,null,132.05000000000001,0,132.76,0,0,null,132.05000000000001,0,132.76,0,0,null,132.05000000000001,0,132.76,0,0,null,132.05000000000001,0,132.76,0,0,null,0,132.05000000000001,0,132.76,0,0,80,132.05000000000001,10564,132.76,10620.8,21184.799999999999]
["1.17.21","Наконечник кабельный медный луженый ТМЛ 25-8-7","шт.",30,132.05000000000001,3961.5000000000005,65.03,1950.9,5912.4000000000005,null,null,132.05000000000001,0,65.03,0,0,null,132.05000000000001,0,65.03,0,0,null,132.05000000000001,0,65.03,0,0,null,132.05000000000001,0,65.03,0,0,null,132.05000000000001,0,65.03,0,0,null,132.05000000000001,0,65.03,0,0,null,132.05000000000001,0,65.03,0,0,null,132.05000000000001,0,65.03,0,0,null,0,132.05000000000001,0,65.03,0,0,30,132.05000000000001,3961.5000000000005,65.03,1950.9,5912.4000000000005]
["1.17.22","Светильник светодиодный 1000Лм 12в 10м переносной","шт.",32,131,4192,3434.6,109907.2,114099.2,null,null,131,0,3434.6,0,0,null,131,0,3434.6,0,0,null,131,0,3434.6,0,0,null,131,0,3434.6,0,0,null,131,0,3434.6,0,0,null,131,0,3434.6,0,0,null,131,0,3434.6,0,0,null,131,0,3434.6,0,0,null,{"$f":"K610+Q610+W610+AC610+AI610+AO610+AU610+BA610","v":0},131,0,3434.6,0,0,{"$f":"D610-BH610","v":32},131,4192,3434.6,109907.2,114099.2]
["1.17.23","Светильник для смотровой ямы","шт.",19,2500,47500,6415,121885,169385,null,null,2500,0,6415,0,0,null,2500,0,6415,0,0,null,2500,0,6415,0,0,null,2500,0,6415,0,0,null,2500,0,6415,0,0,null,2500,0,6415,0,0,null,2500,0,6415,0,0,null,2500,0,6415,0,0,null,0,2500,0,6415,0,0,19,2500,47500,6415,121885,169385]
["1.17.24","Монтаж стойки для ЯВЗШ (индивидуального изготовления)","шт.",65,2000,130000,11050,718250,848250,null,null,2000,0,11050,0,0,null,2000,0,11050,0,0,61,2000,122000,11050,674050,796050,null,2000,0,11050,0,0,null,2000,0,11050,0,0,null,2000,0,11050,0,0,null,2000,0,11050,0,0,null,2000,0,11050,0,0,null,61,2000,122000,11050,674050,796050,4,2000,8000,11050,44200,52200]
["1.17.25","Лоток 50х100 L=3000 перфорированный","м.",330,662.4,{"$f":"D613*E613","v":218592},1120,{"$f":"D613*G613","v":369600},588192,null,null,662.4,{"$f":"K613*L613","v":0},1120,{"$f":"K613*N613","v":0},0,null,662.4,{"$f":"Q613*R613","v":0},1120,{"$f":"Q613*T613","v":0},0,null,662.4,{"$f":"W613*X613","v":0},1120,{"$f":"W613*Z613","v":0},0,null,662.4,{"$f":"AC613*AD613","v":0},1120,{"$f":"AC613*AF613","v":0},0,null,662.4,{"$f":"AI613*AJ613","v":0},1120,{"$f":"AI613*AL613","v":0},0,null,662.4,{"$f":"AO613*AP613","v":0},1120,{"$f":"AO613*AR613","v":0},0,null,662.4,{"$f":"AU613*AV613","v":0},1120,{"$f":"AU613*AX613","v":0},0,null,662.4,{"$f":"BA613*BB613","v":0},1120,{"$f":"BA613*BD613","v":0},0,null,0,662.4,{"$f":"BH613*BI613","v":0},1120,{"$f":"BH613*BK613","v":0},0,330,662.4,{"$f":"BN613*BO613","v":218592},1120,{"$f":"BN613*BQ613","v":369600},588192]
["1.17.26","Крышка L=3000 для лотков шириной 100мм","м",330,176,{"$f":"D614*E614","v":58080},239,{"$f":"D614*G614","v":78870},136950,null,null,176,{"$f":"K614*L614","v":0},239,{"$f":"K614*N614","v":0},0,null,176,{"$f":"Q614*R614","v":0},239,{"$f":"Q614*T614","v":0},0,null,176,{"$f":"W614*X614","v":0},239,{"$f":"W614*Z614","v":0},0,null,176,{"$f":"AC614*AD614","v":0},239,{"$f":"AC614*AF614","v":0},0,null,176,{"$f":"AI614*AJ614","v":0},239,{"$f":"AI614*AL614","v":0},0,null,176,{"$f":"AO614*AP614","v":0},239,{"$f":"AO614*AR614","v":0},0,null,176,{"$f":"AU614*AV614","v":0},239,{"$f":"AU614*AX614","v":0},0,null,176,{"$f":"BA614*BB614","v":0},239,{"$f":"BA614*BD614","v":0},0,null,0,176,{"$f":"BH614*BI614","v":0},239,{"$f":"BH614*BK614","v":0},0,330,176,{"$f":"BN614*BO614","v":58080},239,{"$f":"BN614*BQ614","v":78870},136950]
["1.17.27","Лоток 50х300 L=3000 перфорированный","м.",24,838.4,{"$f":"D615*E615","v":20121.599999999999},1259,{"$f":"D615*G615","v":30216},50337.599999999999,null,null,838.4,{"$f":"K615*L615","v":0},1259,{"$f":"K615*N615","v":0},0,null,838.4,{"$f":"Q615*R615","v":0},1259,{"$f":"Q615*T615","v":0},0,null,838.4,{"$f":"W615*X615","v":0},1259,{"$f":"W615*Z615","v":0},0,null,838.4,{"$f":"AC615*AD615","v":0},1259,{"$f":"AC615*AF615","v":0},0,null,838.4,{"$f":"AI615*AJ615","v":0},1259,{"$f":"AI615*AL615","v":0},0,null,838.4,{"$f":"AO615*AP615","v":0},1259,{"$f":"AO615*AR615","v":0},0,null,838.4,{"$f":"AU615*AV615","v":0},1259,{"$f":"AU615*AX615","v":0},0,null,838.4,{"$f":"BA615*BB615","v":0},1259,{"$f":"BA615*BD615","v":0},0,null,0,838.4,{"$f":"BH615*BI615","v":0},1259,{"$f":"BH615*BK615","v":0},0,24,838.4,{"$f":"BN615*BO615","v":20121.599999999999},1259,{"$f":"BN615*BQ615","v":30216},50337.599999999999]
["1.17.28","Анкер М8 латунный разрезной","шт.",400,0,null,81,{"$f":"D616*G616","v":32400},32400,null,null,0,null,81,{"$f":"K616*N616","v":0},0,null,0,null,81,{"$f":"Q616*T616","v":0},0,null,0,null,81,{"$f":"W616*Z616","v":0},0,null,0,null,81,{"$f":"AC616*AF616","v":0},0,null,0,null,81,{"$f":"AI616*AL616","v":0},0,null,0,null,81,{"$f":"AO616*AR616","v":0},0,null,0,null,81,{"$f":"AU616*AX616","v":0},0,null,0,null,81,{"$f":"BA616*BD616","v":0},0,null,0,0,null,81,{"$f":"BH616*BK616","v":0},0,400,0,null,81,{"$f":"BN616*BQ616","v":32400},32400]
["1.17.29","Полоса стальная 40х5","м",1420,458.5,{"$f":"D617*E617","v":651070},369,{"$f":"D617*G617","v":523980},1175050,null,null,458.5,{"$f":"K617*L617","v":0},369,{"$f":"K617*N617","v":0},0,300,458.5,{"$f":"Q617*R617","v":137550},369,{"$f":"Q617*T617","v":110700},248250,600,458.5,{"$f":"W617*X617","v":275100},369,{"$f":"W617*Z617","v":221400},496500,null,458.5,{"$f":"AC617*AD617","v":0},369,{"$f":"AC617*AF617","v":0},0,null,458.5,{"$f":"AI617*AJ617","v":0},369,{"$f":"AI617*AL617","v":0},0,null,458.5,{"$f":"AO617*AP617","v":0},369,{"$f":"AO617*AR617","v":0},0,null,458.5,{"$f":"AU617*AV617","v":0},369,{"$f":"AU617*AX617","v":0},0,null,458.5,{"$f":"BA617*BB617","v":0},369,{"$f":"BA617*BD617","v":0},0,null,900,458.5,{"$f":"BH617*BI617","v":412650},369,{"$f":"BH617*BK617","v":332100},744750,520,458.5,{"$f":"BN617*BO617","v":238420},369,{"$f":"BN617*BQ617","v":191880},430300]
["1.17.30","Шпилька М8х2000","шт.",198,450,{"$f":"D618*E618","v":89100},254,50292,139392,null,null,450,{"$f":"K618*L618","v":0},254,0,0,null,450,{"$f":"Q618*R618","v":0},254,0,0,null,450,{"$f":"W618*X618","v":0},254,0,0,null,450,{"$f":"AC618*AD618","v":0},254,0,0,null,450,{"$f":"AI618*AJ618","v":0},254,0,0,null,450,{"$f":"AO618*AP618","v":0},254,0,0,null,450,{"$f":"AU618*AV618","v":0},254,0,0,null,450,{"$f":"BA618*BB618","v":0},254,0,0,null,0,450,{"$f":"BH618*BI618","v":0},254,0,0,198,450,{"$f":"BN618*BO618","v":89100},254,50292,139392]
["1.17.31","Шайба М8","шт.",500,0,null,8.8000000000000007,4400,4400,null,null,0,null,8.8000000000000007,0,0,null,0,null,8.8000000000000007,0,0,null,0,null,8.8000000000000007,0,0,null,0,null,8.8000000000000007,0,0,null,0,null,8.8000000000000007,0,0,null,0,null,8.8000000000000007,0,0,null,0,null,8.8000000000000007,0,0,null,0,null,8.8000000000000007,0,0,null,0,0,null,8.8000000000000007,0,0,500,0,null,8.8000000000000007,4400,4400]
["1.17.32","Гайка М8","шт.",800,0,null,4,3200,3200,null,null,0,null,4,0,0,null,0,null,4,0,0,null,0,null,4,0,0,null,0,null,4,0,0,null,0,null,4,0,0,null,0,null,4,0,0,null,0,null,4,0,0,null,0,null,4,0,0,null,0,0,null,4,0,0,800,0,null,4,3200,3200]
["1.17.33","С-образный профиль 41х21, L2000, толщ. 2,0 мм","шт.",114,400,{"$f":"D621*E621","v":45600},1970,224580,270180,null,null,400,{"$f":"K621*L621","v":0},1970,0,0,null,400,{"$f":"Q621*R621","v":0},1970,0,0,null,400,{"$f":"W621*X621","v":0},1970,0,0,null,400,{"$f":"AC621*AD621","v":0},1970,0,0,null,400,{"$f":"AI621*AJ621","v":0},1970,0,0,null,400,{"$f":"AO621*AP621","v":0},1970,0,0,null,400,{"$f":"AU621*AV621","v":0},1970,0,0,null,400,{"$f":"BA621*BB621","v":0},1970,0,0,null,0,400,{"$f":"BH621*BI621","v":0},1970,0,0,114,400,{"$f":"BN621*BO621","v":45600},1970,224580,270180]
["1.17.34","Угол CD 90x100x50 вертикальный внешний","шт.",6,1450,{"$f":"D622*E622","v":8700},2450,14700,23400,null,null,1450,{"$f":"K622*L622","v":0},2450,0,0,null,1450,{"$f":"Q622*R622","v":0},2450,0,0,null,1450,{"$f":"W622*X622","v":0},2450,0,0,null,1450,{"$f":"AC622*AD622","v":0},2450,0,0,null,1450,{"$f":"AI622*AJ622","v":0},2450,0,0,null,1450,{"$f":"AO622*AP622","v":0},2450,0,0,null,1450,{"$f":"AU622*AV622","v":0},2450,0,0,null,1450,{"$f":"BA622*BB622","v":0},2450,0,0,null,0,1450,{"$f":"BH622*BI622","v":0},2450,0,0,6,1450,{"$f":"BN622*BO622","v":8700},2450,14700,23400]
["1.17.35","Крышка S5 CD90 90x100 угла вертикального вешнего","шт.",6,175,{"$f":"D623*E623","v":1050},880,5280,6330,null,null,175,{"$f":"K623*L623","v":0},880,0,0,null,175,{"$f":"Q623*R623","v":0},880,0,0,null,175,{"$f":"W623*X623","v":0},880,0,0,null,175,{"$f":"AC623*AD623","v":0},880,0,0,null,175,{"$f":"AI623*AJ623","v":0},880,0,0,null,175,{"$f":"AO623*AP623","v":0},880,0,0,null,175,{"$f":"AU623*AV623","v":0},880,0,0,null,175,{"$f":"BA623*BB623","v":0},880,0,0,null,0,175,{"$f":"BH623*BI623","v":0},880,0,0,6,175,{"$f":"BN623*BO623","v":1050},880,5280,6330]
["1.17.36","Лоток неперфорированный 300х100х3000","м",501,838.4,{"$f":"D624*E624","v":420038.39999999997},2400,1202400,1622438.4,null,null,838.4,{"$f":"K624*L624","v":0},2400,0,0,null,838.4,{"$f":"Q624*R624","v":0},2400,0,0,null,838.4,{"$f":"W624*X624","v":0},2400,0,0,null,838.4,{"$f":"AC624*AD624","v":0},2400,0,0,null,838.4,{"$f":"AI624*AJ624","v":0},2400,0,0,null,838.4,{"$f":"AO624*AP624","v":0},2400,0,0,null,838.4,{"$f":"AU624*AV624","v":0},2400,0,0,null,838.4,{"$f":"BA624*BB624","v":0},2400,0,0,null,0,838.4,{"$f":"BH624*BI624","v":0},2400,0,0,501,838.4,{"$f":"BN624*BO624","v":420038.39999999997},2400,1202400,1622438.4]
["1.17.37","Крышка L=3000 для лотков шириной 300мм","шт.",501,202,{"$f":"D625*E625","v":101202},729,365229,466431,null,null,202,{"$f":"K625*L625","v":0},729,0,0,null,202,{"$f":"Q625*R625","v":0},729,0,0,null,202,{"$f":"W625*X625","v":0},729,0,0,null,202,{"$f":"AC625*AD625","v":0},729,0,0,null,202,{"$f":"AI625*AJ625","v":0},729,0,0,null,202,{"$f":"AO625*AP625","v":0},729,0,0,null,202,{"$f":"AU625*AV625","v":0},729,0,0,null,202,{"$f":"BA625*BB625","v":0},729,0,0,null,0,202,{"$f":"BH625*BI625","v":0},729,0,0,501,202,{"$f":"BN625*BO625","v":101202},729,365229,466431]
["1.17.38","Гайка М6","шт.",312,0,null,2,624,624,null,null,0,null,2,0,0,null,0,null,2,0,0,null,0,null,2,0,0,null,0,null,2,0,0,null,0,null,2,0,0,null,0,null,2,0,0,null,0,null,2,0,0,null,0,null,2,0,0,null,0,0,null,2,0,0,312,0,null,2,624,624]
["1.17.39","Шайба М6","шт.",624,0,null,4.5,2808,2808,null,null,0,null,4.5,0,0,null,0,null,4.5,0,0,null,0,null,4.5,0,0,null,0,null,4.5,0,0,null,0,null,4.5,0,0,null,0,null,4.5,0,0,null,0,null,4.5,0,0,null,0,null,4.5,0,0,null,0,0,null,4.5,0,0,624,0,null,4.5,2808,2808]
["1.17.40","Болт М6х12 с шестигранной головкой DIN 933, оцинкованная сталь","шт.",312,0,null,10,3120,3120,null,null,0,null,10,0,0,null,0,null,10,0,0,null,0,null,10,0,0,null,0,null,10,0,0,null,0,null,10,0,0,null,0,null,10,0,0,null,0,null,10,0,0,null,0,null,10,0,0,null,0,0,null,10,0,0,312,0,null,10,3120,3120]
["1.17.41","Клемма заземления","шт.",48,0,null,487,23376,23376,null,null,0,null,487,0,0,null,0,null,487,0,0,null,0,null,487,0,0,null,0,null,487,0,0,null,0,null,487,0,0,null,0,null,487,0,0,null,0,null,487,0,0,null,0,null,487,0,0,null,0,0,null,487,0,0,48,0,null,487,23376,23376]
["1.17.42","Саморез HW5-R 5,5x32 с пресс-шайбой","шт.",144,15,{"$f":"D630*E630","v":2160},3,432,2592,null,null,15,{"$f":"K630*L630","v":0},3,0,0,null,15,{"$f":"Q630*R630","v":0},3,0,0,null,15,{"$f":"W630*X630","v":0},3,0,0,null,15,{"$f":"AC630*AD630","v":0},3,0,0,null,15,{"$f":"AI630*AJ630","v":0},3,0,0,null,15,{"$f":"AO630*AP630","v":0},3,0,0,null,15,{"$f":"AU630*AV630","v":0},3,0,0,null,15,{"$f":"BA630*BB630","v":0},3,0,0,null,0,15,{"$f":"BH630*BI630","v":0},3,0,0,144,15,{"$f":"BN630*BO630","v":2160},3,432,2592]
["1.17.43","Лоток 50х100 L=3000 перфорированный","м",150,662.4,{"$f":"D631*E631","v":99360},1120,168000,267360,null,null,662.4,{"$f":"K631*L631","v":0},1120,0,0,null,662.4,{"$f":"Q631*R631","v":0},1120,0,0,null,662.4,{"$f":"W631*X631","v":0},1120,0,0,null,662.4,{"$f":"AC631*AD631","v":0},1120,0,0,null,662.4,{"$f":"AI631*AJ631","v":0},1120,0,0,null,662.4,{"$f":"AO631*AP631","v":0},1120,0,0,null,662.4,{"$f":"AU631*AV631","v":0},1120,0,0,null,662.4,{"$f":"BA631*BB631","v":0},1120,0,0,null,0,662.4,{"$f":"BH631*BI631","v":0},1120,0,0,150,662.4,{"$f":"BN631*BO631","v":99360},1120,168000,267360]
["1.17.44","Крышка L=3000 для лотков шириной 100мм","м",150,176,{"$f":"D632*E632","v":26400},239,35850,62250,null,null,176,{"$f":"K632*L632","v":0},239,0,0,null,176,{"$f":"Q632*R632","v":0},239,0,0,null,176,{"$f":"W632*X632","v":0},239,0,0,null,176,{"$f":"AC632*AD632","v":0},239,0,0,null,176,{"$f":"AI632*AJ632","v":0},239,0,0,null,176,{"$f":"AO632*AP632","v":0},239,0,0,null,176,{"$f":"AU632*AV632","v":0},239,0,0,null,176,{"$f":"BA632*BB632","v":0},239,0,0,null,0,176,{"$f":"BH632*BI632","v":0},239,0,0,150,176,{"$f":"BN632*BO632","v":26400},239,35850,62250]
["1.17.45","Скоба металлическая однолапковая Д20","шт.",800,0,null,3.8,3040,3040,null,null,0,null,3.8,0,0,null,0,null,3.8,0,0,null,0,null,3.8,0,0,null,0,null,3.8,0,0,null,0,null,3.8,0,0,null,0,null,3.8,0,0,null,0,null,3.8,0,0,null,0,null,3.8,0,0,null,0,0,null,3.8,0,0,800,0,null,3.8,3040,3040]
["1.17.46","Труба D=20 гибкая гофрированная не распространяющая горение","м",400,246,{"$f":"D634*E634","v":98400},101,{"$f":"D634*G634","v":40400},138800,null,null,246,{"$f":"K634*L634","v":0},101,{"$f":"K634*N634","v":0},0,null,246,{"$f":"Q634*R634","v":0},101,{"$f":"Q634*T634","v":0},0,null,246,{"$f":"W634*X634","v":0},101,{"$f":"W634*Z634","v":0},0,null,246,{"$f":"AC634*AD634","v":0},101,{"$f":"AC634*AF634","v":0},0,null,246,{"$f":"AI634*AJ634","v":0},101,{"$f":"AI634*AL634","v":0},0,null,246,{"$f":"AO634*AP634","v":0},101,{"$f":"AO634*AR634","v":0},0,null,246,{"$f":"AU634*AV634","v":0},101,{"$f":"AU634*AX634","v":0},0,null,246,{"$f":"BA634*BB634","v":0},101,{"$f":"BA634*BD634","v":0},0,null,0,246,{"$f":"BH634*BI634","v":0},101,{"$f":"BH634*BK634","v":0},0,400,246,{"$f":"BN634*BO634","v":98400},101,{"$f":"BN634*BQ634","v":40400},138800]
["1.17.47","Труба гофрированная ПВХ с протяжкой Д32","м",400,246,98400,101,{"$f":"D635*G635","v":40400},138800,null,null,246,0,101,{"$f":"K635*N635","v":0},0,null,246,0,101,{"$f":"Q635*T635","v":0},0,null,246,0,101,{"$f":"W635*Z635","v":0},0,null,246,0,101,{"$f":"AC635*AF635","v":0},0,null,246,0,101,{"$f":"AI635*AL635","v":0},0,null,246,0,101,{"$f":"AO635*AR635","v":0},0,null,246,0,101,{"$f":"AU635*AX635","v":0},0,null,246,0,101,{"$f":"BA635*BD635","v":0},0,null,0,246,0,101,{"$f":"BH635*BK635","v":0},0,400,246,98400,101,{"$f":"BN635*BQ635","v":40400},138800]
["1.17.48","Труба гофрированная ПВХ с протяжкой, тяжелая Д32","м",250,246,61500,101,{"$f":"D636*G636","v":25250},86750,null,null,246,0,101,{"$f":"K636*N636","v":0},0,null,246,0,101,{"$f":"Q636*T636","v":0},0,null,246,0,101,{"$f":"W636*Z636","v":0},0,null,246,0,101,{"$f":"AC636*AF636","v":0},0,null,246,0,101,{"$f":"AI636*AL636","v":0},0,null,246,0,101,{"$f":"AO636*AR636","v":0},0,null,246,0,101,{"$f":"AU636*AX636","v":0},0,null,246,0,101,{"$f":"BA636*BD636","v":0},0,null,0,246,0,101,{"$f":"BH636*BK636","v":0},0,250,246,61500,101,{"$f":"BN636*BQ636","v":25250},86750]
["1.17.49","Муфта вводная ВМ-32 (Fortisflex) 61372 КВТ","шт.",64,131,8384,408.2,{"$f":"D637*G637","v":26124.799999999999},34508.800000000003,null,null,131,0,408.2,{"$f":"K637*N637","v":0},0,null,131,0,408.2,{"$f":"Q637*T637","v":0},0,null,131,0,408.2,{"$f":"W637*Z637","v":0},0,null,131,0,408.2,{"$f":"AC637*AF637","v":0},0,null,131,0,408.2,{"$f":"AI637*AL637","v":0},0,null,131,0,408.2,{"$f":"AO637*AR637","v":0},0,null,131,0,408.2,{"$f":"AU637*AX637","v":0},0,null,131,0,408.2,{"$f":"BA637*BD637","v":0},0,null,0,131,0,408.2,{"$f":"BH637*BK637","v":0},0,64,131,8384,408.2,{"$f":"BN637*BQ637","v":26124.799999999999},34508.800000000003]
["1.17.50","Металлорукав из оцинкованной стали с протяжкой, d внеш =32мм","м",100,65.5,6550,236,{"$f":"D638*G638","v":23600},30150,null,null,65.5,0,236,{"$f":"K638*N638","v":0},0,null,65.5,0,236,{"$f":"Q638*T638","v":0},0,null,65.5,0,236,{"$f":"W638*Z638","v":0},0,null,65.5,0,236,{"$f":"AC638*AF638","v":0},0,null,65.5,0,236,{"$f":"AI638*AL638","v":0},0,null,65.5,0,236,{"$f":"AO638*AR638","v":0},0,null,65.5,0,236,{"$f":"AU638*AX638","v":0},0,null,65.5,0,236,{"$f":"BA638*BD638","v":0},0,null,0,65.5,0,236,{"$f":"BH638*BK638","v":0},0,100,65.5,6550,236,{"$f":"BN638*BQ638","v":23600},30150]
["1.17.51","Скоба металлическая","шт.",40,32.75,1310,36.82,{"$f":"D639*G639","v":1472.8},2782.8,null,null,32.75,0,36.82,{"$f":"K639*N639","v":0},0,null,32.75,0,36.82,{"$f":"Q639*T639","v":0},0,null,32.75,0,36.82,{"$f":"W639*Z639","v":0},0,null,32.75,0,36.82,{"$f":"AC639*AF639","v":0},0,null,32.75,0,36.82,{"$f":"AI639*AL639","v":0},0,null,32.75,0,36.82,{"$f":"AO639*AR639","v":0},0,null,32.75,0,36.82,{"$f":"AU639*AX639","v":0},0,null,32.75,0,36.82,{"$f":"BA639*BD639","v":0},0,null,0,32.75,0,36.82,{"$f":"BH639*BK639","v":0},0,40,32.75,1310,36.82,{"$f":"BN639*BQ639","v":1472.8},2782.8]
["1.17.52","Лента сигнальная ЛСЭ-150 \"Осторожно кабель\" ЛСЭ-150","м.",10,0,null,168,1680,1680,null,null,0,null,168,0,0,null,0,null,168,0,0,null,0,null,168,0,0,null,0,null,168,0,0,null,0,null,168,0,0,null,0,null,168,0,0,null,0,null,168,0,0,null,0,null,168,0,0,null,0,0,null,168,0,0,10,0,null,168,1680,1680]
["1.17.53","Провод силовой желто-зеленый ПуГВ нг(А)LS 1х16","м.",80,314.39999999999998,{"$f":"D641*E641","v":25152},265,21200,46352,null,null,314.39999999999998,{"$f":"K641*L641","v":0},265,0,0,null,314.39999999999998,{"$f":"Q641*R641","v":0},265,0,0,null,314.39999999999998,{"$f":"W641*X641","v":0},265,0,0,null,314.39999999999998,{"$f":"AC641*AD641","v":0},265,0,0,null,314.39999999999998,{"$f":"AI641*AJ641","v":0},265,0,0,null,314.39999999999998,{"$f":"AO641*AP641","v":0},265,0,0,null,314.39999999999998,{"$f":"AU641*AV641","v":0},265,0,0,null,314.39999999999998,{"$f":"BA641*BB641","v":0},265,0,0,null,0,314.39999999999998,{"$f":"BH641*BI641","v":0},265,0,0,80,314.39999999999998,{"$f":"BN641*BO641","v":25152},265,21200,46352]
["1.17.54","Наконечник медный 25 мм2  ТМ 16-8-6 ГОСТ 7386-80","шт.",60,132,{"$f":"D642*E642","v":7920},101,6060,13980,null,null,132,{"$f":"K642*L642","v":0},101,0,0,null,132,{"$f":"Q642*R642","v":0},101,0,0,null,132,{"$f":"W642*X642","v":0},101,0,0,null,132,{"$f":"AC642*AD642","v":0},101,0,0,null,132,{"$f":"AI642*AJ642","v":0},101,0,0,null,132,{"$f":"AO642*AP642","v":0},101,0,0,null,132,{"$f":"AU642*AV642","v":0},101,0,0,null,132,{"$f":"BA642*BB642","v":0},101,0,0,null,0,132,{"$f":"BH642*BI642","v":0},101,0,0,60,132,{"$f":"BN642*BO642","v":7920},101,6060,13980]
["1.17.55","Пена двухкомпонентная огнезащитная DN1201","шт.",1,0,null,6756,6756,6756,null,null,0,null,6756,0,0,null,0,null,6756,0,0,null,0,null,6756,0,0,null,0,null,6756,0,0,null,0,null,6756,0,0,null,0,null,6756,0,0,null,0,null,6756,0,0,null,0,null,6756,0,0,null,0,0,null,6756,0,0,1,0,null,6756,6756,6756]
["1.17.56","Труба гофрированная ПА безгалогенная (HF) стойкая к ультрафиолету черная с/з д50","м",10,65.5,{"$f":"D644*E644","v":655},348.4,3484,4139,null,null,65.5,{"$f":"K644*L644","v":0},348.4,0,0,null,65.5,{"$f":"Q644*R644","v":0},348.4,0,0,null,65.5,{"$f":"W644*X644","v":0},348.4,0,0,null,65.5,{"$f":"AC644*AD644","v":0},348.4,0,0,null,65.5,{"$f":"AI644*AJ644","v":0},348.4,0,0,null,65.5,{"$f":"AO644*AP644","v":0},348.4,0,0,null,65.5,{"$f":"AU644*AV644","v":0},348.4,0,0,null,65.5,{"$f":"BA644*BB644","v":0},348.4,0,0,null,0,65.5,{"$f":"BH644*BI644","v":0},348.4,0,0,10,65.5,{"$f":"BN644*BO644","v":655},348.4,3484,4139]
["1.17.57","Хомут трубный 1 1/2\" М8","шт.",6,0,null,61,366,366,null,null,0,null,61,0,0,null,0,null,61,0,0,null,0,null,61,0,0,null,0,null,61,0,0,null,0,null,61,0,0,null,0,null,61,0,0,null,0,null,61,0,0,null,0,null,61,0,0,null,0,0,null,61,0,0,6,0,null,61,366,366]
["1.17.58","Крепление универсальное для сэндвич-панелей КРСП","шт.",6,890,{"$f":"D646*E646","v":5340},344,2064,7404,null,null,890,{"$f":"K646*L646","v":0},344,0,0,null,890,{"$f":"Q646*R646","v":0},344,0,0,null,890,{"$f":"W646*X646","v":0},344,0,0,null,890,{"$f":"AC646*AD646","v":0},344,0,0,null,890,{"$f":"AI646*AJ646","v":0},344,0,0,null,890,{"$f":"AO646*AP646","v":0},344,0,0,null,890,{"$f":"AU646*AV646","v":0},344,0,0,null,890,{"$f":"BA646*BB646","v":0},344,0,0,null,0,890,{"$f":"BH646*BI646","v":0},344,0,0,6,890,{"$f":"BN646*BO646","v":5340},344,2064,7404]
["1.17.59","Шина N ноль на 15 присоединений медь 480А 500В","шт.",1,6500,{"$f":"D647*E647","v":6500},5234,5234,11734,null,null,6500,{"$f":"K647*L647","v":0},5234,0,0,null,6500,{"$f":"Q647*R647","v":0},5234,0,0,null,6500,{"$f":"W647*X647","v":0},5234,0,0,null,6500,{"$f":"AC647*AD647","v":0},5234,0,0,null,6500,{"$f":"AI647*AJ647","v":0},5234,0,0,null,6500,{"$f":"AO647*AP647","v":0},5234,0,0,null,6500,{"$f":"AU647*AV647","v":0},5234,0,0,null,6500,{"$f":"BA647*BB647","v":0},5234,0,0,null,0,6500,{"$f":"BH647*BI647","v":0},5234,0,0,1,6500,{"$f":"BN647*BO647","v":6500},5234,5234,11734]
["1.17.60","Держатель шины заземления ","шт.",400,132,{"$f":"D648*E648","v":52800},65,26000,78800,null,null,132,{"$f":"K648*L648","v":0},65,0,0,null,132,{"$f":"Q648*R648","v":0},65,0,0,null,132,{"$f":"W648*X648","v":0},65,0,0,null,132,{"$f":"AC648*AD648","v":0},65,0,0,null,132,{"$f":"AI648*AJ648","v":0},65,0,0,null,132,{"$f":"AO648*AP648","v":0},65,0,0,null,132,{"$f":"AU648*AV648","v":0},65,0,0,null,132,{"$f":"BA648*BB648","v":0},65,0,0,null,0,132,{"$f":"BH648*BI648","v":0},65,0,0,400,132,{"$f":"BN648*BO648","v":52800},65,26000,78800]
["1.17.61","Шпилька М8х2000","м",6,400,{"$f":"D649*E649","v":2400},220,1320,3720,null,null,400,{"$f":"K649*L649","v":0},220,0,0,null,400,{"$f":"Q649*R649","v":0},220,0,0,null,400,{"$f":"W649*X649","v":0},220,0,0,null,400,{"$f":"AC649*AD649","v":0},220,0,0,null,400,{"$f":"AI649*AJ649","v":0},220,0,0,null,400,{"$f":"AO649*AP649","v":0},220,0,0,null,400,{"$f":"AU649*AV649","v":0},220,0,0,null,400,{"$f":"BA649*BB649","v":0},220,0,0,null,0,400,{"$f":"BH649*BI649","v":0},220,0,0,6,400,{"$f":"BN649*BO649","v":2400},220,1320,3720]
["1.17.62","Устройство песчаной подушки","м3",1,1826.14,{"$f":"D650*E650","v":1826.14},1310.4000000000001,1310.4000000000001,3136.54,null,null,1826.14,{"$f":"K650*L650","v":0},1310.4000000000001,0,0,null,1826.14,{"$f":"Q650*R650","v":0},1310.4000000000001,0,0,null,1826.14,{"$f":"W650*X650","v":0},1310.4000000000001,0,0,null,1826.14,{"$f":"AC650*AD650","v":0},1310.4000000000001,0,0,null,1826.14,{"$f":"AI650*AJ650","v":0},1310.4000000000001,0,0,null,1826.14,{"$f":"AO650*AP650","v":0},1310.4000000000001,0,0,null,1826.14,{"$f":"AU650*AV650","v":0},1310.4000000000001,0,0,null,1826.14,{"$f":"BA650*BB650","v":0},1310.4000000000001,0,0,null,0,1826.14,{"$f":"BH650*BI650","v":0},1310.4000000000001,0,0,1,1826.14,{"$f":"BN650*BO650","v":1826.14},1310.4000000000001,1310.4000000000001,3136.54]
["1.17.63","Лак битумный","кг",40,0,null,342,13680,13680,null,null,0,null,342,0,0,null,0,null,342,0,0,null,0,null,342,0,0,null,0,null,342,0,0,null,0,null,342,0,0,null,0,null,342,0,0,null,0,null,342,0,0,null,0,null,342,0,0,null,0,0,null,342,0,0,40,0,null,342,13680,13680]
["1.17.64","Стержень заземления омедненный 16 мм х 1.5 метра","шт.",51,1390,{"$f":"D652*E652","v":70890},2278,116178,187068,null,null,1390,{"$f":"K652*L652","v":0},2278,0,0,null,1390,{"$f":"Q652*R652","v":0},2278,0,0,null,1390,{"$f":"W652*X652","v":0},2278,0,0,null,1390,{"$f":"AC652*AD652","v":0},2278,0,0,null,1390,{"$f":"AI652*AJ652","v":0},2278,0,0,null,1390,{"$f":"AO652*AP652","v":0},2278,0,0,null,1390,{"$f":"AU652*AV652","v":0},2278,0,0,null,1390,{"$f":"BA652*BB652","v":0},2278,0,0,null,0,1390,{"$f":"BH652*BI652","v":0},2278,0,0,51,1390,{"$f":"BN652*BO652","v":70890},2278,116178,187068]
["1.17.65","Муфта соединительная для стержня 16 мм, латунь ","шт.",34,490,16660,870,29580,{"$f":"E653*D653+G653*D653","v":46240},null,null,490,0,870,0,{"$f":"L653*K653+N653*K653","v":0},null,490,0,870,0,{"$f":"R653*Q653+T653*Q653","v":0},null,490,0,870,0,{"$f":"X653*W653+Z653*W653","v":0},null,490,0,870,0,{"$f":"AD653*AC653+AF653*AC653","v":0},null,490,0,870,0,{"$f":"AJ653*AI653+AL653*AI653","v":0},null,490,0,870,0,{"$f":"AP653*AO653+AR653*AO653","v":0},null,490,0,870,0,{"$f":"AV653*AU653+AX653*AU653","v":0},null,490,0,870,0,{"$f":"BB653*BA653+BD653*BA653","v":0},null,0,490,0,870,0,{"$f":"BI653*BH653+BK653*BH653","v":0},34,490,16660,870,29580,{"$f":"BO653*BN653+BQ653*BN653","v":46240}]
["1.17.66","Наконечник заземления для стержня 16 мм, сталь оцинк","шт.",17,490,8330,435,7395,15725,null,null,490,0,435,0,0,null,490,0,435,0,0,null,490,0,435,0,0,null,490,0,435,0,0,null,490,0,435,0,0,null,490,0,435,0,0,null,490,0,435,0,0,null,490,0,435,0,0,null,0,490,0,435,0,0,17,490,8330,435,7395,15725]
["1.17.67","Зажим стержень — полоса/пруток крестообразный, нержавеющая сталь","шт.",17,954,16218,928,15776,31994,null,null,954,0,928,0,0,null,954,0,928,0,0,null,954,0,928,0,0,null,954,0,928,0,0,null,954,0,928,0,0,null,954,0,928,0,0,null,954,0,928,0,0,null,954,0,928,0,0,null,0,954,0,928,0,0,17,954,16218,928,15776,31994]
["1.17.68","Смазка графитная 100 гр","шт.",5,590,2950,310,1550,4500,null,null,590,0,310,0,0,null,590,0,310,0,0,null,590,0,310,0,0,null,590,0,310,0,0,null,590,0,310,0,0,null,590,0,310,0,0,null,590,0,310,0,0,null,590,0,310,0,0,null,0,590,0,310,0,0,5,590,2950,310,1550,4500]
["1.17.69","Лента антикоррозионная","шт.",4,1301,5204,2100,8400,13604,null,null,1301,0,2100,0,0,null,1301,0,2100,0,0,null,1301,0,2100,0,0,null,1301,0,2100,0,0,null,1301,0,2100,0,0,null,1301,0,2100,0,0,null,1301,0,2100,0,0,null,1301,0,2100,0,0,null,0,1301,0,2100,0,0,4,1301,5204,2100,8400,13604]
["1.17.70","Головка удароприемная для стержня 16 мм, сталь","шт.",4,355,1420,293,1172,2592,null,null,355,0,293,0,0,null,355,0,293,0,0,null,355,0,293,0,0,null,355,0,293,0,0,null,355,0,293,0,0,null,355,0,293,0,0,null,355,0,293,0,0,null,355,0,293,0,0,null,0,355,0,293,0,0,4,355,1420,293,1172,2592]
["1.17.71","Труба  водогазопроводная оцинкованная d наруж=80мм","м.",30,1283.8,38514,2241.1999999999998,{"$f":"D659*G659","v":67236},105750,null,null,1283.8,0,2241.1999999999998,{"$f":"K659*N659","v":0},0,null,1283.8,0,2241.1999999999998,{"$f":"Q659*T659","v":0},0,null,1283.8,0,2241.1999999999998,{"$f":"W659*Z659","v":0},0,null,1283.8,0,2241.1999999999998,{"$f":"AC659*AF659","v":0},0,null,1283.8,0,2241.1999999999998,{"$f":"AI659*AL659","v":0},0,null,1283.8,0,2241.1999999999998,{"$f":"AO659*AR659","v":0},0,null,1283.8,0,2241.1999999999998,{"$f":"AU659*AX659","v":0},0,null,1283.8,0,2241.1999999999998,{"$f":"BA659*BD659","v":0},0,null,0,1283.8,0,2241.1999999999998,{"$f":"BH659*BK659","v":0},0,30,1283.8,38514,2241.1999999999998,{"$f":"BN659*BQ659","v":67236},105750]
["1.17.72","Труба  водогазопроводная оцинкованная d наруж=50мм","м",50,1048,52400,845.74,{"$f":"D660*G660","v":42287},94687,null,null,1048,0,845.74,{"$f":"K660*N660","v":0},0,null,1048,0,845.74,{"$f":"Q660*T660","v":0},0,null,1048,0,845.74,{"$f":"W660*Z660","v":0},0,null,1048,0,845.74,{"$f":"AC660*AF660","v":0},0,null,1048,0,845.74,{"$f":"AI660*AL660","v":0},0,null,1048,0,845.74,{"$f":"AO660*AR660","v":0},0,null,1048,0,845.74,{"$f":"AU660*AX660","v":0},0,null,1048,0,845.74,{"$f":"BA660*BD660","v":0},0,null,0,1048,0,845.74,{"$f":"BH660*BK660","v":0},0,50,1048,52400,845.74,{"$f":"BN660*BQ660","v":42287},94687]
["1.17.73","Разработка грунта вручную","м3",32.299999999999997,1249.74,40366.601999999999,0,null,40366.601999999999,null,null,1249.74,0,0,null,0,null,1249.74,0,0,null,0,null,1249.74,0,0,null,0,null,1249.74,0,0,null,0,null,1249.74,0,0,null,0,null,1249.74,0,0,null,0,null,1249.74,0,0,null,0,null,1249.74,0,0,null,0,null,0,1249.74,0,0,null,0,32.299999999999997,1249.74,40366.601999999999,0,null,40366.601999999999]
["1.17.74","Устройство песчаной подушки","м3",18.3,1522.22,27856.626,1092,{"$f":"D662*G662","v":19983.600000000002},47840.226000000002,null,null,1522.22,0,1092,{"$f":"K662*N662","v":0},0,null,1522.22,0,1092,{"$f":"Q662*T662","v":0},0,null,1522.22,0,1092,{"$f":"W662*Z662","v":0},0,null,1522.22,0,1092,{"$f":"AC662*AF662","v":0},0,null,1522.22,0,1092,{"$f":"AI662*AL662","v":0},0,null,1522.22,0,1092,{"$f":"AO662*AR662","v":0},0,null,1522.22,0,1092,{"$f":"AU662*AX662","v":0},0,null,1522.22,0,1092,{"$f":"BA662*BD662","v":0},0,null,0,1522.22,0,1092,{"$f":"BH662*BK662","v":0},0,18.3,1522.22,27856.626,1092,{"$f":"BN662*BQ662","v":19983.600000000002},47840.226000000002]
["1.17.75","Обратная засыпка вручную","м3",14,1249.74,17496.36,0,null,17496.36,null,null,1249.74,0,0,null,0,null,1249.74,0,0,null,0,null,1249.74,0,0,null,0,null,1249.74,0,0,null,0,null,1249.74,0,0,null,0,null,1249.74,0,0,null,0,null,1249.74,0,0,null,0,null,1249.74,0,0,null,0,null,0,1249.74,0,0,null,0,14,1249.74,17496.36,0,null,17496.36]
["1.17.76","Вывоз лишнего грунта","м3",1.2,3144,3772.7999999999997,0,null,3772.7999999999997,null,null,3144,0,0,null,0,null,3144,0,0,null,0,null,3144,0,0,null,0,null,3144,0,0,null,0,null,3144,0,0,null,0,null,3144,0,0,null,0,null,3144,0,0,null,0,null,3144,0,0,null,0,null,0,3144,0,0,null,0,1.2,3144,3772.7999999999997,0,null,3772.7999999999997]
["1.17.77","Аксессуары (расходные материалы, крепеж)","компл.",1,0,null,28704,{"$f":"D665*G665","v":28704},28704,null,null,0,null,28704,{"$f":"K665*N665","v":0},0,null,0,null,28704,{"$f":"Q665*T665","v":0},0,null,0,null,28704,{"$f":"W665*Z665","v":0},0,null,0,null,28704,{"$f":"AC665*AF665","v":0},0,null,0,null,28704,{"$f":"AI665*AL665","v":0},0,null,0,null,28704,{"$f":"AO665*AR665","v":0},0,null,0,null,28704,{"$f":"AU665*AX665","v":0},0,null,0,null,28704,{"$f":"BA665*BD665","v":0},0,null,0,0,null,28704,{"$f":"BH665*BK665","v":0},0,1,0,null,28704,{"$f":"BN665*BQ665","v":28704},28704]
["1.17.78","Пуско-наладочные работы","компл.",1,76800,{"$f":"D666*E666","v":76800},0,null,76800,null,null,76800,{"$f":"K666*L666","v":0},0,null,0,null,76800,{"$f":"Q666*R666","v":0},0,null,0,null,76800,{"$f":"W666*X666","v":0},0,null,0,null,76800,{"$f":"AC666*AD666","v":0},0,null,0,null,76800,{"$f":"AI666*AJ666","v":0},0,null,0,null,76800,{"$f":"AO666*AP666","v":0},0,null,0,null,76800,{"$f":"AU666*AV666","v":0},0,null,0,null,76800,{"$f":"BA666*BB666","v":0},0,null,0,null,0,76800,{"$f":"BH666*BI666","v":0},0,null,0,1,76800,{"$f":"BN666*BO666","v":76800},0,null,76800]
["1.17.79","Подключение оборудования (компрессоры 2 шт., ворота 4 шт., ФВУ 12 шт","компл.",1,102000,102000,0,null,102000,null,null,102000,0,0,null,0,null,102000,0,0,null,0,null,102000,0,0,null,0,null,102000,0,0,null,0,null,102000,0,0,null,0,null,102000,0,0,null,0,null,102000,0,0,null,0,null,102000,0,0,null,0,null,0,102000,0,0,null,0,1,102000,102000,0,null,102000]
["1.17.80","Демонтаж силовых щитов","шт.",38,8646,328548,0,null,328548,null,null,8646,0,0,null,0,null,8646,0,0,null,0,36,8646,311256,0,null,311256,null,8646,0,0,null,0,null,8646,0,0,null,0,null,8646,0,0,null,0,null,8646,0,0,null,0,null,8646,0,0,null,0,null,36,8646,311256,0,null,311256,2,8646,17292,0,null,17292]
["1.17.81","Демонтаж труб ВГП по колоннам","м.",200,723.12,144624,0,null,144624,null,null,723.12,0,0,null,0,null,723.12,0,0,null,0,null,723.12,0,0,null,0,null,723.12,0,0,null,0,null,723.12,0,0,null,0,null,723.12,0,0,null,0,null,723.12,0,0,null,0,null,723.12,0,0,null,0,null,0,723.12,0,0,null,0,200,723.12,144624,0,null,144624]
["1.17.82","Демонтаж силовых кабелей от коммутационных боксов на шинопроводе до щитов","м.",200,276.67,55334,0,null,55334,null,null,276.67,0,0,null,0,null,276.67,0,0,null,0,null,276.67,0,0,null,0,null,276.67,0,0,null,0,null,276.67,0,0,null,0,null,276.67,0,0,null,0,null,276.67,0,0,null,0,null,276.67,0,0,null,0,null,0,276.67,0,0,null,0,200,276.67,55334,0,null,55334]
["1.17.83","Щит питания компрессоров ЩУК 2.1","шт.",1,6550,6550,30985.19,{"$f":"D671*G671","v":30985.19},37535.19,null,null,6550,0,30985.19,{"$f":"K671*N671","v":0},0,null,6550,0,30985.19,{"$f":"Q671*T671","v":0},0,null,6550,0,30985.19,{"$f":"W671*Z671","v":0},0,null,6550,0,30985.19,{"$f":"AC671*AF671","v":0},0,null,6550,0,30985.19,{"$f":"AI671*AL671","v":0},0,null,6550,0,30985.19,{"$f":"AO671*AR671","v":0},0,null,6550,0,30985.19,{"$f":"AU671*AX671","v":0},0,null,6550,0,30985.19,{"$f":"BA671*BD671","v":0},0,null,0,6550,0,30985.19,{"$f":"BH671*BK671","v":0},0,1,6550,6550,30985.19,{"$f":"BN671*BQ671","v":30985.19},37535.19]
["1.17.84","Щит питания светильников 12В ЩОС","шт.",1,6550,6550,43656.6,43656.6,50206.6,null,null,6550,0,43656.6,0,0,null,6550,0,43656.6,0,0,null,6550,0,43656.6,0,0,null,6550,0,43656.6,0,0,null,6550,0,43656.6,0,0,null,6550,0,43656.6,0,0,null,6550,0,43656.6,0,0,null,6550,0,43656.6,0,0,null,0,6550,0,43656.6,0,0,1,6550,6550,43656.6,43656.6,50206.6]
["1.17.85","Выключатель автоматический 3р, Iном=16 А, Icu=10 кА, хар. С","шт.",1,1257.5999999999999,1257.5999999999999,3736.2,3736.2,4993.7999999999993,null,null,1257.5999999999999,0,3736.2,0,0,null,1257.5999999999999,0,3736.2,0,0,null,1257.5999999999999,0,3736.2,0,0,null,1257.5999999999999,0,3736.2,0,0,null,1257.5999999999999,0,3736.2,0,0,null,1257.5999999999999,0,3736.2,0,0,null,1257.5999999999999,0,3736.2,0,0,null,1257.5999999999999,0,3736.2,0,0,null,0,1257.5999999999999,0,3736.2,0,0,1,1257.5999999999999,1257.5999999999999,3736.2,3736.2,4993.7999999999993]
["1.17.86","Выключатель автоматический трехполюсный 50А, хар. C","шт.",12,1257.5999999999999,15091.199999999999,3872.86,46474.32,61565.52,null,null,1257.5999999999999,0,3872.86,0,0,null,1257.5999999999999,0,3872.86,0,0,null,1257.5999999999999,0,3872.86,0,0,null,1257.5999999999999,0,3872.86,0,0,null,1257.5999999999999,0,3872.86,0,0,null,1257.5999999999999,0,3872.86,0,0,null,1257.5999999999999,0,3872.86,0,0,null,1257.5999999999999,0,3872.86,0,0,null,{"$f":"K674+Q674+W674+AC674+AI674+AO674+AU674+BA674","v":0},1257.5999999999999,0,3872.86,0,0,{"$f":"D674-BH674","v":12},1257.5999999999999,15091.199999999999,3872.86,46474.32,61565.52]
["1.17.87","Выключатель автоматический трехполюсный 200А, хар. C","шт.",2,1257.5999999999999,2515.1999999999998,8991.84,17983.68,20498.88,null,null,1257.5999999999999,0,8991.84,0,0,null,1257.5999999999999,0,8991.84,0,0,null,1257.5999999999999,0,8991.84,0,0,null,1257.5999999999999,0,8991.84,0,0,null,1257.5999999999999,0,8991.84,0,0,null,1257.5999999999999,0,8991.84,0,0,null,1257.5999999999999,0,8991.84,0,0,null,1257.5999999999999,0,8991.84,0,0,null,0,1257.5999999999999,0,8991.84,0,0,2,1257.5999999999999,2515.1999999999998,8991.84,17983.68,20498.88]
["1.17.88","Выключатель автоматический OptiMat 200 А, 690 В, 25 кА","шт.",2,1257.5999999999999,2515.1999999999998,36603.839999999997,73207.679999999993,75722.87999999999,null,null,1257.5999999999999,0,36603.839999999997,0,0,null,1257.5999999999999,0,36603.839999999997,0,0,null,1257.5999999999999,0,36603.839999999997,0,0,null,1257.5999999999999,0,36603.839999999997,0,0,null,1257.5999999999999,0,36603.839999999997,0,0,null,1257.5999999999999,0,36603.839999999997,0,0,null,1257.5999999999999,0,36603.839999999997,0,0,null,1257.5999999999999,0,36603.839999999997,0,0,null,0,1257.5999999999999,0,36603.839999999997,0,0,2,1257.5999999999999,2515.1999999999998,36603.839999999997,73207.679999999993,75722.87999999999]
["1.17.89","Выключатель автоматический 320 А, 690 В, 40 кА","шт.",1,1257.5999999999999,1257.5999999999999,28289.35,28289.35,29546.949999999997,null,null,1257.5999999999999,0,28289.35,0,0,null,1257.5999999999999,0,28289.35,0,0,null,1257.5999999999999,0,28289.35,0,0,null,1257.5999999999999,0,28289.35,0,0,null,1257.5999999999999,0,28289.35,0,0,null,1257.5999999999999,0,28289.35,0,0,null,1257.5999999999999,0,28289.35,0,0,null,1257.5999999999999,0,28289.35,0,0,null,0,1257.5999999999999,0,28289.35,0,0,1,1257.5999999999999,1257.5999999999999,28289.35,28289.35,29546.949999999997]
["1.17.90","Провод силовой желто-зеленый 1х95","м",20,314.39999999999998,6288,1610.14,32202.800000000003,38490.800000000003,null,null,314.39999999999998,0,1610.14,0,0,null,314.39999999999998,0,1610.14,0,0,null,314.39999999999998,0,1610.14,0,0,null,314.39999999999998,0,1610.14,0,0,null,314.39999999999998,0,1610.14,0,0,null,314.39999999999998,0,1610.14,0,0,null,314.39999999999998,0,1610.14,0,0,null,314.39999999999998,0,1610.14,0,0,null,0,314.39999999999998,0,1610.14,0,0,20,314.39999999999998,6288,1610.14,32202.800000000003,38490.800000000003]
["1.17.91","Провод силовой желто-зеленый 1х25","м",90,314.39999999999998,28295.999999999996,403.1,36279,64575,null,null,314.39999999999998,0,403.1,0,0,null,314.39999999999998,0,403.1,0,0,null,314.39999999999998,0,403.1,0,0,null,314.39999999999998,0,403.1,0,0,null,314.39999999999998,0,403.1,0,0,null,314.39999999999998,0,403.1,0,0,null,314.39999999999998,0,403.1,0,0,null,314.39999999999998,0,403.1,0,0,null,0,314.39999999999998,0,403.1,0,0,90,314.39999999999998,28295.999999999996,403.1,36279,64575]
["1.17.92","Провод силовой желто-зеленый 1х6","м",1400,162.44,227416,112.48,157472,384888,null,null,162.44,0,112.48,0,0,null,162.44,0,112.48,0,0,null,162.44,0,112.48,0,0,null,162.44,0,112.48,0,0,null,162.44,0,112.48,0,0,null,162.44,0,112.48,0,0,null,162.44,0,112.48,0,0,null,162.44,0,112.48,0,0,null,0,162.44,0,112.48,0,0,1400,162.44,227416,112.48,157472,384888]
["1.17.93","Кабель силовой 3х1,5","м",600,182,109200,115.65,69390,178590,null,null,182,0,115.65,0,0,null,182,0,115.65,0,0,null,182,0,115.65,0,0,null,182,0,115.65,0,0,null,182,0,115.65,0,0,null,182,0,115.65,0,0,null,182,0,115.65,0,0,null,182,0,115.65,0,0,null,0,182,0,115.65,0,0,600,182,109200,115.65,69390,178590]
["1.17.94","Кабель силовой 3х6","м",420,182,76440,426.41,179092.2,255532.2,null,null,182,0,426.41,0,0,null,182,0,426.41,0,0,null,182,0,426.41,0,0,null,182,0,426.41,0,0,null,182,0,426.41,0,0,null,182,0,426.41,0,0,null,182,0,426.41,0,0,null,182,0,426.41,0,0,null,0,182,0,426.41,0,0,420,182,76440,426.41,179092.2,255532.2]
["1.17.95","Кабель силовой 1х35","м",2640,354,934560,577.65,1524996,2459556,null,null,354,0,577.65,0,0,null,354,0,577.65,0,0,null,354,0,577.65,0,0,null,354,0,577.65,0,0,null,354,0,577.65,0,0,null,354,0,577.65,0,0,null,354,0,577.65,0,0,null,354,0,577.65,0,0,null,0,354,0,577.65,0,0,2640,354,934560,577.65,1524996,2459556]
["1.17.96","Кабель силовой 1х50","м",158,354,55932,1067.04,168592.32,224524.32,null,null,354,0,1067.04,0,0,null,354,0,1067.04,0,0,null,354,0,1067.04,0,0,null,354,0,1067.04,0,0,null,354,0,1067.04,0,0,null,354,0,1067.04,0,0,null,354,0,1067.04,0,0,null,354,0,1067.04,0,0,null,0,354,0,1067.04,0,0,158,354,55932,1067.04,168592.32,224524.32]
["1.17.97","Кабель силовой 1х120","м",360,354,127440,2099.5100000000002,755823.60000000009,883263.60000000009,null,null,354,0,2099.5100000000002,0,0,null,354,0,2099.5100000000002,0,0,null,354,0,2099.5100000000002,0,0,null,354,0,2099.5100000000002,0,0,null,354,0,2099.5100000000002,0,0,null,354,0,2099.5100000000002,0,0,null,354,0,2099.5100000000002,0,0,null,354,0,2099.5100000000002,0,0,null,0,354,0,2099.5100000000002,0,0,360,354,127440,2099.5100000000002,755823.60000000009,883263.60000000009]
["1.18","130-23-ЭМ3 Силовое электрооборудование",null,null,null,{"$f":"F687+F688+F689+F690+F691+F692+F693+F694+F695+F696+F697+F698+F699+F700+F701+F702+F703+F704+F705+F706+F707+F708","v":660922.80000000005},null,{"$f":"H687+H688+H689+H690+H691+H692+H693+H694+H695+H696+H697+H698+H699+H700+H701+H702+H703+H704+H705+H706+H707+H708","v":1416983.2999999998},{"$f":"I687+I688+I689+I690+I691+I692+I693+I694+I695+I696+I697+I698+I699+I700+I701+I702+I703+I704+I705+I706+I707+I708","v":2077906.0999999999},null,null,null,{"$f":"M687+M688+M689+M690+M691+M692+M693+M694+M695+M696+M697+M698+M699+M700+M701+M702+M703+M704+M705+M706+M707+M708","v":0},null,{"$f":"O687+O688+O689+O690+O691+O692+O693+O694+O695+O696+O697+O698+O699+O700+O701+O702+O703+O704+O705+O706+O707+O708","v":0},{"$f":"P687+P688+P689+P690+P691+P692+P693+P694+P695+P696+P697+P698+P699+P700+P701+P702+P703+P704+P705+P706+P707+P708","v":0},null,null,{"$f":"S687+S688+S689+S690+S691+S692+S693+S694+S695+S696+S697+S698+S699+S700+S701+S702+S703+S704+S705+S706+S707+S708","v":0},null,{"$f":"U687+U688+U689+U690+U691+U692+U693+U694+U695+U696+U697+U698+U699+U700+U701+U702+U703+U704+U705+U706+U707+U708","v":0},{"$f":"V687+V688+V689+V690+V691+V692+V693+V694+V695+V696+V697+V698+V699+V700+V701+V702+V703+V704+V705+V706+V707+V708","v":0},null,null,{"$f":"Y687+Y688+Y689+Y690+Y691+Y692+Y693+Y694+Y695+Y696+Y697+Y698+Y699+Y700+Y701+Y702+Y703+Y704+Y705+Y706+Y707+Y708","v":0},null,{"$f":"AA687+AA688+AA689+AA690+AA691+AA692+AA693+AA694+AA695+AA696+AA697+AA698+AA699+AA700+AA701+AA702+AA703+AA704+AA705+AA706+AA707+AA708","v":0},{"$f":"AB687+AB688+AB689+AB690+AB691+AB692+AB693+AB694+AB695+AB696+AB697+AB698+AB699+AB700+AB701+AB702+AB703+AB704+AB705+AB706+AB707+AB708","v":0},null,null,{"$f":"AE687+AE688+AE689+AE690+AE691+AE692+AE693+AE694+AE695+AE696+AE697+AE698+AE699+AE700+AE701+AE702+AE703+AE704+AE705+AE706+AE707+AE708","v":0},null,{"$f":"AG687+AG688+AG689+AG690+AG691+AG692+AG693+AG694+AG695+AG696+AG697+AG698+AG699+AG700+AG701+AG702+AG703+AG704+AG705+AG706+AG707+AG708","v":0},{"$f":"AH687+AH688+AH689+AH690+AH691+AH692+AH693+AH694+AH695+AH696+AH697+AH698+AH699+AH700+AH701+AH702+AH703+AH704+AH705+AH706+AH707+AH708","v":0},null,null,{"$f":"AK687+AK688+AK689+AK690+AK691+AK692+AK693+AK694+AK695+AK696+AK697+AK698+AK699+AK700+AK701+AK702+AK703+AK704+AK705+AK706+AK707+AK708","v":0},null,{"$f":"AM687+AM688+AM689+AM690+AM691+AM692+AM693+AM694+AM695+AM696+AM697+AM698+AM699+AM700+AM701+AM702+AM703+AM704+AM705+AM706+AM707+AM708","v":0},{"$f":"AN687+AN688+AN689+AN690+AN691+AN692+AN693+AN694+AN695+AN696+AN697+AN698+AN699+AN700+AN701+AN702+AN703+AN704+AN705+AN706+AN707+AN708","v":0},null,null,{"$f":"AQ687+AQ688+AQ689+AQ690+AQ691+AQ692+AQ693+AQ694+AQ695+AQ696+AQ697+AQ698+AQ699+AQ700+AQ701+AQ702+AQ703+AQ704+AQ705+AQ706+AQ707+AQ708","v":0},null,{"$f":"AS687+AS688+AS689+AS690+AS691+AS692+AS693+AS694+AS695+AS696+AS697+AS698+AS699+AS700+AS701+AS702+AS703+AS704+AS705+AS706+AS707+AS708","v":0},{"$f":"AT687+AT688+AT689+AT690+AT691+AT692+AT693+AT694+AT695+AT696+AT697+AT698+AT699+AT700+AT701+AT702+AT703+AT704+AT705+AT706+AT707+AT708","v":0},null,null,{"$f":"AW687+AW688+AW689+AW690+AW691+AW692+AW693+AW694+AW695+AW696+AW697+AW698+AW699+AW700+AW701+AW702+AW703+AW704+AW705+AW706+AW707+AW708","v":0},null,{"$f":"AY687+AY688+AY689+AY690+AY691+AY692+AY693+AY694+AY695+AY696+AY697+AY698+AY699+AY700+AY701+AY702+AY703+AY704+AY705+AY706+AY707+AY708","v":0},{"$f":"AZ687+AZ688+AZ689+AZ690+AZ691+AZ692+AZ693+AZ694+AZ695+AZ696+AZ697+AZ698+AZ699+AZ700+AZ701+AZ702+AZ703+AZ704+AZ705+AZ706+AZ707+AZ708","v":0},null,null,{"$f":"BC687+BC688+BC689+BC690+BC691+BC692+BC693+BC694+BC695+BC696+BC697+BC698+BC699+BC700+BC701+BC702+BC703+BC704+BC705+BC706+BC707+BC708","v":0},null,{"$f":"BE687+BE688+BE689+BE690+BE691+BE692+BE693+BE694+BE695+BE696+BE697+BE698+BE699+BE700+BE701+BE702+BE703+BE704+BE705+BE706+BE707+BE708","v":0},{"$f":"BF687+BF688+BF689+BF690+BF691+BF692+BF693+BF694+BF695+BF696+BF697+BF698+BF699+BF700+BF701+BF702+BF703+BF704+BF705+BF706+BF707+BF708","v":0},null,0,null,{"$f":"BJ687+BJ688+BJ689+BJ690+BJ691+BJ692+BJ693+BJ694+BJ695+BJ696+BJ697+BJ698+BJ699+BJ700+BJ701+BJ702+BJ703+BJ704+BJ705+BJ706+BJ707+BJ708","v":0},null,{"$f":"BL687+BL688+BL689+BL690+BL691+BL692+BL693+BL694+BL695+BL696+BL697+BL698+BL699+BL700+BL701+BL702+BL703+BL704+BL705+BL706+BL707+BL708","v":0},{"$f":"BM687+BM688+BM689+BM690+BM691+BM692+BM693+BM694+BM695+BM696+BM697+BM698+BM699+BM700+BM701+BM702+BM703+BM704+BM705+BM706+BM707+BM708","v":0},0,null,{"$f":"BP687+BP688+BP689+BP690+BP691+BP692+BP693+BP694+BP695+BP696+BP697+BP698+BP699+BP700+BP701+BP702+BP703+BP704+BP705+BP706+BP707+BP708","v":660922.80000000005},null,{"$f":"BR687+BR688+BR689+BR690+BR691+BR692+BR693+BR694+BR695+BR696+BR697+BR698+BR699+BR700+BR701+BR702+BR703+BR704+BR705+BR706+BR707+BR708","v":1416983.2999999998},{"$f":"BS687+BS688+BS689+BS690+BS691+BS692+BS693+BS694+BS695+BS696+BS697+BS698+BS699+BS700+BS701+BS702+BS703+BS704+BS705+BS706+BS707+BS708","v":2077906.0999999999}]
["1.18.1","Щит распределительный ШПВ АБК","шт.",1,5502,{"$f":"D687*E687","v":5502},87964,{"$f":"D687*G687","v":87964},{"$f":"E687*D687+G687*D687","v":93466},null,null,5502,{"$f":"K687*L687","v":0},87964,{"$f":"K687*N687","v":0},{"$f":"L687*K687+N687*K687","v":0},null,5502,{"$f":"Q687*R687","v":0},87964,{"$f":"Q687*T687","v":0},{"$f":"R687*Q687+T687*Q687","v":0},null,5502,{"$f":"W687*X687","v":0},87964,{"$f":"W687*Z687","v":0},{"$f":"X687*W687+Z687*W687","v":0},null,5502,{"$f":"AC687*AD687","v":0},87964,{"$f":"AC687*AF687","v":0},{"$f":"AD687*AC687+AF687*AC687","v":0},null,5502,{"$f":"AI687*AJ687","v":0},87964,{"$f":"AI687*AL687","v":0},{"$f":"AJ687*AI687+AL687*AI687","v":0},null,5502,{"$f":"AO687*AP687","v":0},87964,{"$f":"AO687*AR687","v":0},{"$f":"AP687*AO687+AR687*AO687","v":0},null,5502,{"$f":"AU687*AV687","v":0},87964,{"$f":"AU687*AX687","v":0},{"$f":"AV687*AU687+AX687*AU687","v":0},null,5502,{"$f":"BA687*BB687","v":0},87964,{"$f":"BA687*BD687","v":0},{"$f":"BB687*BA687+BD687*BA687","v":0},null,0,5502,{"$f":"BH687*BI687","v":0},87964,{"$f":"BH687*BK687","v":0},{"$f":"BI687*BH687+BK687*BH687","v":0},1,5502,{"$f":"BN687*BO687","v":5502},87964,{"$f":"BN687*BQ687","v":87964},{"$f":"BO687*BN687+BQ687*BN687","v":93466}]
["1.18.2","Кабель силовой, не поддерживающий горение, безгалогенныйППГнг(А)-HF 5х25","м",70,314.39999999999998,{"$f":"D688*E688","v":22008},2519.4,{"$f":"D688*G688","v":176358},198366,null,null,314.39999999999998,{"$f":"K688*L688","v":0},2519.4,{"$f":"K688*N688","v":0},0,null,314.39999999999998,{"$f":"Q688*R688","v":0},2519.4,{"$f":"Q688*T688","v":0},0,null,314.39999999999998,{"$f":"W688*X688","v":0},2519.4,{"$f":"W688*Z688","v":0},0,null,314.39999999999998,{"$f":"AC688*AD688","v":0},2519.4,{"$f":"AC688*AF688","v":0},0,null,314.39999999999998,{"$f":"AI688*AJ688","v":0},2519.4,{"$f":"AI688*AL688","v":0},0,null,314.39999999999998,{"$f":"AO688*AP688","v":0},2519.4,{"$f":"AO688*AR688","v":0},0,null,314.39999999999998,{"$f":"AU688*AV688","v":0},2519.4,{"$f":"AU688*AX688","v":0},0,null,314.39999999999998,{"$f":"BA688*BB688","v":0},2519.4,{"$f":"BA688*BD688","v":0},0,null,0,314.39999999999998,{"$f":"BH688*BI688","v":0},2519.4,{"$f":"BH688*BK688","v":0},0,70,314.39999999999998,{"$f":"BN688*BO688","v":22008},2519.4,{"$f":"BN688*BQ688","v":176358},198366]
["1.18.3","Кабель силовой, не поддерживающий горение, безгалогенный ППГнг(А)-HF 5х4","м",15,162.44,2436.6,496.6,7449,9885.6,null,null,162.44,0,496.6,0,0,null,162.44,0,496.6,0,0,null,162.44,0,496.6,0,0,null,162.44,0,496.6,0,0,null,162.44,0,496.6,0,0,null,162.44,0,496.6,0,0,null,162.44,0,496.6,0,0,null,162.44,0,496.6,0,0,null,0,162.44,0,496.6,0,0,15,162.44,2436.6,496.6,7449,9885.6]
["1.18.4","Кабель силовой, не поддерживающий горение, безгалогенный ППГнг(А)-HF 3х6 ","м",350,162.44,56854,434.2,151970,208824,null,null,162.44,0,434.2,0,0,null,162.44,0,434.2,0,0,null,162.44,0,434.2,0,0,null,162.44,0,434.2,0,0,null,162.44,0,434.2,0,0,null,162.44,0,434.2,0,0,null,162.44,0,434.2,0,0,null,162.44,0,434.2,0,0,null,0,162.44,0,434.2,0,0,350,162.44,56854,434.2,151970,208824]
["1.18.5","Кабель силовой, не поддерживающий горение, безгалогенныйППГнг(А)-HF 3х2.5 ","м",210,162.44,34112.400000000001,184.6,38766,72878.399999999994,null,null,162.44,0,184.6,0,0,null,162.44,0,184.6,0,0,null,162.44,0,184.6,0,0,null,162.44,0,184.6,0,0,null,162.44,0,184.6,0,0,null,162.44,0,184.6,0,0,null,162.44,0,184.6,0,0,null,162.44,0,184.6,0,0,null,0,162.44,0,184.6,0,0,210,162.44,34112.400000000001,184.6,38766,72878.399999999994]
["1.18.6","Кабель огнестойкий КПСЭнг(А)-FRHF 1х2х1.5","м.",270,162.44,43858.8,166.92,45068.399999999994,88927.2,null,null,162.44,0,166.92,0,0,null,162.44,0,166.92,0,0,null,162.44,0,166.92,0,0,null,162.44,0,166.92,0,0,null,162.44,0,166.92,0,0,null,162.44,0,166.92,0,0,null,162.44,0,166.92,0,0,null,162.44,0,166.92,0,0,null,0,162.44,0,166.92,0,0,270,162.44,43858.8,166.92,45068.399999999994,88927.2]
["1.18.7","Лоток 50х100 L=3000 перфорированный","м.",300,838.4,251520,1759,527700,779220,null,null,838.4,0,1759,0,0,null,838.4,0,1759,0,0,null,838.4,0,1759,0,0,null,838.4,0,1759,0,0,null,838.4,0,1759,0,0,null,838.4,0,1759,0,0,null,838.4,0,1759,0,0,null,838.4,0,1759,0,0,null,0,838.4,0,1759,0,0,300,838.4,251520,1759,527700,779220]
["1.18.8","Крышка L=3000 для лотков шириной 100мм","м",300,156,46800,273,81900,128700,null,null,156,0,273,0,0,null,156,0,273,0,0,null,156,0,273,0,0,null,156,0,273,0,0,null,156,0,273,0,0,null,156,0,273,0,0,null,156,0,273,0,0,null,156,0,273,0,0,null,0,156,0,273,0,0,300,156,46800,273,81900,128700]
["1.18.9","Анкер М8 латунный разрезной","шт.",800,0,null,84,67200,67200,null,null,0,null,84,0,0,null,0,null,84,0,0,null,0,null,84,0,0,null,0,null,84,0,0,null,0,null,84,0,0,null,0,null,84,0,0,null,0,null,84,0,0,null,0,null,84,0,0,null,0,0,null,84,0,0,800,0,null,84,67200,67200]
["1.18.10","Шпилька М8х2000","шт.",126,386,{"$f":"D696*E696","v":48636},243,30618,79254,null,null,386,{"$f":"K696*L696","v":0},243,0,0,null,386,{"$f":"Q696*R696","v":0},243,0,0,null,386,{"$f":"W696*X696","v":0},243,0,0,null,386,{"$f":"AC696*AD696","v":0},243,0,0,null,386,{"$f":"AI696*AJ696","v":0},243,0,0,null,386,{"$f":"AO696*AP696","v":0},243,0,0,null,386,{"$f":"AU696*AV696","v":0},243,0,0,null,386,{"$f":"BA696*BB696","v":0},243,0,0,null,0,386,{"$f":"BH696*BI696","v":0},243,0,0,126,386,{"$f":"BN696*BO696","v":48636},243,30618,79254]
["1.18.11","Шайба М8","шт.",400,0,null,12,4800,4800,null,null,0,null,12,0,0,null,0,null,12,0,0,null,0,null,12,0,0,null,0,null,12,0,0,null,0,null,12,0,0,null,0,null,12,0,0,null,0,null,12,0,0,null,0,null,12,0,0,null,0,0,null,12,0,0,400,0,null,12,4800,4800]
["1.18.12","Гайка М8","шт.",800,0,null,6,4800,4800,null,null,0,null,6,0,0,null,0,null,6,0,0,null,0,null,6,0,0,null,0,null,6,0,0,null,0,null,6,0,0,null,0,null,6,0,0,null,0,null,6,0,0,null,0,null,6,0,0,null,0,0,null,6,0,0,800,0,null,6,4800,4800]
["1.18.13","С-образный профиль 41х21, L2000, толщ. 2,0 мм","шт.",44,400,{"$f":"D699*E699","v":17600},2100,92400,110000,null,null,400,{"$f":"K699*L699","v":0},2100,0,0,null,400,{"$f":"Q699*R699","v":0},2100,0,0,null,400,{"$f":"W699*X699","v":0},2100,0,0,null,400,{"$f":"AC699*AD699","v":0},2100,0,0,null,400,{"$f":"AI699*AJ699","v":0},2100,0,0,null,400,{"$f":"AO699*AP699","v":0},2100,0,0,null,400,{"$f":"AU699*AV699","v":0},2100,0,0,null,400,{"$f":"BA699*BB699","v":0},2100,0,0,null,0,400,{"$f":"BH699*BI699","v":0},2100,0,0,44,400,{"$f":"BN699*BO699","v":17600},2100,92400,110000]
["1.18.14","Провод силовой желто-зеленый","м",25,185,4625,300,7500,12125,null,null,185,0,300,0,0,null,185,0,300,0,0,null,185,0,300,0,0,null,185,0,300,0,0,null,185,0,300,0,0,null,185,0,300,0,0,null,185,0,300,0,0,null,185,0,300,0,0,null,0,185,0,300,0,0,25,185,4625,300,7500,12125]
["1.18.15","Наконечник медный 16 мм2 ","шт.",220,150,33000,87,19140,52140,null,null,150,0,87,0,0,null,150,0,87,0,0,null,150,0,87,0,0,null,150,0,87,0,0,null,150,0,87,0,0,null,150,0,87,0,0,null,150,0,87,0,0,null,150,0,87,0,0,null,0,150,0,87,0,0,220,150,33000,87,19140,52140]
["1.18.16","Труба гофрированная ПВХ 50 мм с протяжкой","м.",100,52.4,5240,130,13000,18240,null,null,52.4,0,130,0,0,null,52.4,0,130,0,0,null,52.4,0,130,0,0,null,52.4,0,130,0,0,null,52.4,0,130,0,0,null,52.4,0,130,0,0,null,52.4,0,130,0,0,null,52.4,0,130,0,0,null,0,52.4,0,130,0,0,100,52.4,5240,130,13000,18240]
["1.18.17","Металлорукав герметичный в ПВХ изоляции РЗ-ЦП нг-LS-32","м",50,65.5,3275,166.71,8335.5,11610.5,null,null,65.5,0,166.71,0,0,null,65.5,0,166.71,0,0,null,65.5,0,166.71,0,0,null,65.5,0,166.71,0,0,null,65.5,0,166.71,0,0,null,65.5,0,166.71,0,0,null,65.5,0,166.71,0,0,null,65.5,0,166.71,0,0,null,0,65.5,0,166.71,0,0,50,65.5,3275,166.71,8335.5,11610.5]
["1.18.18","Скоба металлическая двухлапковая, d 38-40 мм","шт.",420,32.75,13755,36.82,15464.4,29219.4,null,null,32.75,0,36.82,0,0,null,32.75,0,36.82,0,0,null,32.75,0,36.82,0,0,null,32.75,0,36.82,0,0,null,32.75,0,36.82,0,0,null,32.75,0,36.82,0,0,null,32.75,0,36.82,0,0,null,32.75,0,36.82,0,0,null,0,32.75,0,36.82,0,0,420,32.75,13755,36.82,15464.4,29219.4]
["1.18.19","Коробка распределительная 70х70х40 мм IP55","шт.",15,260,3900,130,1950,5850,null,null,260,0,130,0,0,null,260,0,130,0,0,null,260,0,130,0,0,null,260,0,130,0,0,null,260,0,130,0,0,null,260,0,130,0,0,null,260,0,130,0,0,null,260,0,130,0,0,null,0,260,0,130,0,0,15,260,3900,130,1950,5850]
["1.18.20","Труба  водогазопроводная оцинкованная,  d наруж = 50мм","м",20,990,19800,950,19000,38800,null,null,990,0,950,0,0,null,990,0,950,0,0,null,990,0,950,0,0,null,990,0,950,0,0,null,990,0,950,0,0,null,990,0,950,0,0,null,990,0,950,0,0,null,990,0,950,0,0,null,0,990,0,950,0,0,20,990,19800,950,19000,38800]
["1.18.21","Аксессуары (расходные материалы, крепеж)","компл.",1,0,null,15600,15600,15600,null,null,0,null,15600,0,0,null,0,null,15600,0,0,null,0,null,15600,0,0,null,0,null,15600,0,0,null,0,null,15600,0,0,null,0,null,15600,0,0,null,0,null,15600,0,0,null,0,null,15600,0,0,null,0,0,null,15600,0,0,1,0,null,15600,15600,15600]
["1.18.22","Пуско-наладочные работы","компл.",1,48000,{"$f":"D708*E708","v":48000},0,null,48000,null,null,48000,{"$f":"K708*L708","v":0},0,null,0,null,48000,{"$f":"Q708*R708","v":0},0,null,0,null,48000,{"$f":"W708*X708","v":0},0,null,0,null,48000,{"$f":"AC708*AD708","v":0},0,null,0,null,48000,{"$f":"AI708*AJ708","v":0},0,null,0,null,48000,{"$f":"AO708*AP708","v":0},0,null,0,null,48000,{"$f":"AU708*AV708","v":0},0,null,0,null,48000,{"$f":"BA708*BB708","v":0},0,null,0,null,0,48000,{"$f":"BH708*BI708","v":0},0,null,0,1,48000,{"$f":"BN708*BO708","v":48000},0,null,48000]
["1.19","130-23-УА2 Устройства автоматики",null,null,null,{"$f":"F710+F711+F712+F713","v":2633600.52},null,{"$f":"H710+H711+H712+H713","v":6186996.46},{"$f":"I710+I711+I712+I713","v":8820596.9800000004},null,null,null,{"$f":"M710+M711+M712+M713","v":0},null,{"$f":"O710+O711+O712+O713","v":0},{"$f":"P710+P711+P712+P713","v":0},null,null,{"$f":"S710+S711+S712+S713","v":0},null,{"$f":"U710+U711+U712+U713","v":0},{"$f":"V710+V711+V712+V713","v":0},null,null,{"$f":"Y710+Y711+Y712+Y713","v":0},null,{"$f":"AA710+AA711+AA712+AA713","v":0},{"$f":"AB710+AB711+AB712+AB713","v":0},null,null,{"$f":"AE710+AE711+AE712+AE713","v":0},null,{"$f":"AG710+AG711+AG712+AG713","v":0},{"$f":"AH710+AH711+AH712+AH713","v":0},null,null,{"$f":"AK710+AK711+AK712+AK713","v":0},null,{"$f":"AM710+AM711+AM712+AM713","v":0},{"$f":"AN710+AN711+AN712+AN713","v":0},null,null,{"$f":"AQ710+AQ711+AQ712+AQ713","v":0},null,{"$f":"AS710+AS711+AS712+AS713","v":0},{"$f":"AT710+AT711+AT712+AT713","v":0},null,null,{"$f":"AW710+AW711+AW712+AW713","v":0},null,{"$f":"AY710+AY711+AY712+AY713","v":0},{"$f":"AZ710+AZ711+AZ712+AZ713","v":0},null,null,{"$f":"BC710+BC711+BC712+BC713","v":0},null,{"$f":"BE710+BE711+BE712+BE713","v":0},{"$f":"BF710+BF711+BF712+BF713","v":0},null,0,null,{"$f":"BJ710+BJ711+BJ712+BJ713","v":0},null,{"$f":"BL710+BL711+BL712+BL713","v":0},{"$f":"BM710+BM711+BM712+BM713","v":0},0,null,{"$f":"BP710+BP711+BP712+BP713","v":2633600.52},null,{"$f":"BR710+BR711+BR712+BR713","v":6186996.46},{"$f":"BS710+BS711+BS712+BS713","v":8820596.9800000004}]
["1.19.1","Монтаж комплектов автоматики","к-т",14,29532.639999999999,{"$f":"D710*E710","v":413456.95999999996},262311.77,{"$f":"D710*G710","v":3672364.7800000003},{"$f":"E710*D710+G710*D710","v":4085821.74},null,null,29532.639999999999,{"$f":"K710*L710","v":0},262311.77,{"$f":"K710*N710","v":0},{"$f":"L710*K710+N710*K710","v":0},null,29532.639999999999,{"$f":"Q710*R710","v":0},262311.77,{"$f":"Q710*T710","v":0},{"$f":"R710*Q710+T710*Q710","v":0},null,29532.639999999999,{"$f":"W710*X710","v":0},262311.77,{"$f":"W710*Z710","v":0},{"$f":"X710*W710+Z710*W710","v":0},null,29532.639999999999,{"$f":"AC710*AD710","v":0},262311.77,{"$f":"AC710*AF710","v":0},{"$f":"AD710*AC710+AF710*AC710","v":0},null,29532.639999999999,{"$f":"AI710*AJ710","v":0},262311.77,{"$f":"AI710*AL710","v":0},{"$f":"AJ710*AI710+AL710*AI710","v":0},null,29532.639999999999,{"$f":"AO710*AP710","v":0},262311.77,{"$f":"AO710*AR710","v":0},{"$f":"AP710*AO710+AR710*AO710","v":0},null,29532.639999999999,{"$f":"AU710*AV710","v":0},262311.77,{"$f":"AU710*AX710","v":0},{"$f":"AV710*AU710+AX710*AU710","v":0},null,29532.639999999999,{"$f":"BA710*BB710","v":0},262311.77,{"$f":"BA710*BD710","v":0},{"$f":"BB710*BA710+BD710*BA710","v":0},null,0,29532.639999999999,{"$f":"BH710*BI710","v":0},262311.77,{"$f":"BH710*BK710","v":0},{"$f":"BI710*BH710+BK710*BH710","v":0},14,29532.639999999999,{"$f":"BN710*BO710","v":413456.95999999996},262311.77,{"$f":"BN710*BQ710","v":3672364.7800000003},{"$f":"BO710*BN710+BQ710*BN710","v":4085821.74}]
["1.19.2","Прокладка кабелей системы автоматизации вентиляции","пм",3470,305,{"$f":"D711*E711","v":1058350},405,{"$f":"D711*G711","v":1405350},2463700,null,null,305,{"$f":"K711*L711","v":0},405,{"$f":"K711*N711","v":0},0,null,305,{"$f":"Q711*R711","v":0},405,{"$f":"Q711*T711","v":0},0,null,305,{"$f":"W711*X711","v":0},405,{"$f":"W711*Z711","v":0},0,null,305,{"$f":"AC711*AD711","v":0},405,{"$f":"AC711*AF711","v":0},0,null,305,{"$f":"AI711*AJ711","v":0},405,{"$f":"AI711*AL711","v":0},0,null,305,{"$f":"AO711*AP711","v":0},405,{"$f":"AO711*AR711","v":0},0,null,305,{"$f":"AU711*AV711","v":0},405,{"$f":"AU711*AX711","v":0},0,null,305,{"$f":"BA711*BB711","v":0},405,{"$f":"BA711*BD711","v":0},0,null,0,305,{"$f":"BH711*BI711","v":0},405,{"$f":"BH711*BK711","v":0},0,3470,305,{"$f":"BN711*BO711","v":1058350},405,{"$f":"BN711*BQ711","v":1405350},2463700]
["1.19.3","Монтаж узла терморегулирования","шт",6,55632.26,{"$f":"D712*E712","v":333793.56},184880.28,{"$f":"D712*G712","v":1109281.68},1443075.24,null,null,55632.26,{"$f":"K712*L712","v":0},184880.28,{"$f":"K712*N712","v":0},0,null,55632.26,{"$f":"Q712*R712","v":0},184880.28,{"$f":"Q712*T712","v":0},0,null,55632.26,{"$f":"W712*X712","v":0},184880.28,{"$f":"W712*Z712","v":0},0,null,55632.26,{"$f":"AC712*AD712","v":0},184880.28,{"$f":"AC712*AF712","v":0},0,null,55632.26,{"$f":"AI712*AJ712","v":0},184880.28,{"$f":"AI712*AL712","v":0},0,null,55632.26,{"$f":"AO712*AP712","v":0},184880.28,{"$f":"AO712*AR712","v":0},0,null,55632.26,{"$f":"AU712*AV712","v":0},184880.28,{"$f":"AU712*AX712","v":0},0,null,55632.26,{"$f":"BA712*BB712","v":0},184880.28,{"$f":"BA712*BD712","v":0},0,null,0,55632.26,{"$f":"BH712*BI712","v":0},184880.28,{"$f":"BH712*BK712","v":0},0,6,55632.26,{"$f":"BN712*BO712","v":333793.56},184880.28,{"$f":"BN712*BQ712","v":1109281.68},1443075.24]
["1.19.4","Пуско-наладочные работы ","к-т",1,828000,{"$f":"D713*E713","v":828000},0,null,828000,null,null,828000,{"$f":"K713*L713","v":0},0,null,0,null,828000,{"$f":"Q713*R713","v":0},0,null,0,null,828000,{"$f":"W713*X713","v":0},0,null,0,null,828000,{"$f":"AC713*AD713","v":0},0,null,0,null,828000,{"$f":"AI713*AJ713","v":0},0,null,0,null,828000,{"$f":"AO713*AP713","v":0},0,null,0,null,828000,{"$f":"AU713*AV713","v":0},0,null,0,null,828000,{"$f":"BA713*BB713","v":0},0,null,0,null,0,828000,{"$f":"BH713*BI713","v":0},0,null,0,1,828000,{"$f":"BN713*BO713","v":828000},0,null,828000]
["1.20","130-23-УА3 Устройства автоматики",null,null,null,{"$f":"SUM(F715:F717)","v":3391517.88},null,{"$f":"SUM(H715:H717)","v":4302757.8899999997},{"$f":"SUM(I715:I717)","v":7694275.7699999996},null,null,null,{"$f":"SUM(M715:M717)","v":0},null,{"$f":"SUM(O715:O717)","v":0},{"$f":"SUM(P715:P717)","v":0},null,null,{"$f":"SUM(S715:S717)","v":0},null,{"$f":"SUM(U715:U717)","v":0},{"$f":"SUM(V715:V717)","v":0},null,null,{"$f":"SUM(Y715:Y717)","v":0},null,{"$f":"SUM(AA715:AA717)","v":0},{"$f":"SUM(AB715:AB717)","v":0},null,null,{"$f":"SUM(AE715:AE717)","v":0},null,{"$f":"SUM(AG715:AG717)","v":0},{"$f":"SUM(AH715:AH717)","v":0},null,null,{"$f":"SUM(AK715:AK717)","v":0},null,{"$f":"SUM(AM715:AM717)","v":0},{"$f":"SUM(AN715:AN717)","v":0},null,null,{"$f":"SUM(AQ715:AQ717)","v":0},null,{"$f":"SUM(AS715:AS717)","v":0},{"$f":"SUM(AT715:AT717)","v":0},null,null,{"$f":"SUM(AW715:AW717)","v":0},null,{"$f":"SUM(AY715:AY717)","v":0},{"$f":"SUM(AZ715:AZ717)","v":0},null,null,{"$f":"SUM(BC715:BC717)","v":0},null,{"$f":"SUM(BE715:BE717)","v":0},{"$f":"SUM(BF715:BF717)","v":0},null,0,null,{"$f":"SUM(BJ715:BJ717)","v":0},null,{"$f":"SUM(BL715:BL717)","v":0},{"$f":"SUM(BM715:BM717)","v":0},0,null,{"$f":"SUM(BP715:BP717)","v":3391517.88},null,{"$f":"SUM(BR715:BR717)","v":4302757.8899999997},{"$f":"SUM(BS715:BS717)","v":7694275.7699999996}]
["1.20.1","Монтаж комплектов автоматики","к-т",3,44520.959999999999,{"$f":"D715*E715","v":133562.88},127629.13,{"$f":"D715*G715","v":382887.39},{"$f":"E715*D715+G715*D715","v":516450.27},null,null,44520.959999999999,{"$f":"K715*L715","v":0},127629.13,{"$f":"K715*N715","v":0},{"$f":"L715*K715+N715*K715","v":0},null,44520.959999999999,{"$f":"Q715*R715","v":0},127629.13,{"$f":"Q715*T715","v":0},{"$f":"R715*Q715+T715*Q715","v":0},null,44520.959999999999,{"$f":"W715*X715","v":0},127629.13,{"$f":"W715*Z715","v":0},{"$f":"X715*W715+Z715*W715","v":0},null,44520.959999999999,{"$f":"AC715*AD715","v":0},127629.13,{"$f":"AC715*AF715","v":0},{"$f":"AD715*AC715+AF715*AC715","v":0},null,44520.959999999999,{"$f":"AI715*AJ715","v":0},127629.13,{"$f":"AI715*AL715","v":0},{"$f":"AJ715*AI715+AL715*AI715","v":0},null,44520.959999999999,{"$f":"AO715*AP715","v":0},127629.13,{"$f":"AO715*AR715","v":0},{"$f":"AP715*AO715+AR715*AO715","v":0},null,44520.959999999999,{"$f":"AU715*AV715","v":0},127629.13,{"$f":"AU715*AX715","v":0},{"$f":"AV715*AU715+AX715*AU715","v":0},null,44520.959999999999,{"$f":"BA715*BB715","v":0},127629.13,{"$f":"BA715*BD715","v":0},{"$f":"BB715*BA715+BD715*BA715","v":0},null,0,44520.959999999999,{"$f":"BH715*BI715","v":0},127629.13,{"$f":"BH715*BK715","v":0},{"$f":"BI715*BH715+BK715*BH715","v":0},3,44520.959999999999,{"$f":"BN715*BO715","v":133562.88},127629.13,{"$f":"BN715*BQ715","v":382887.39},{"$f":"BO715*BN715+BQ715*BN715","v":516450.27}]
["1.20.2","Прокладка кабелей системы автоматизации вентиляции","пм",8450,323.7,{"$f":"D716*E716","v":2735265},463.89,{"$f":"D716*G716","v":3919870.5},{"$f":"E716*D716+G716*D716","v":6655135.5},null,null,323.7,{"$f":"K716*L716","v":0},463.89,{"$f":"K716*N716","v":0},{"$f":"L716*K716+N716*K716","v":0},null,323.7,{"$f":"Q716*R716","v":0},463.89,{"$f":"Q716*T716","v":0},{"$f":"R716*Q716+T716*Q716","v":0},null,323.7,{"$f":"W716*X716","v":0},463.89,{"$f":"W716*Z716","v":0},{"$f":"X716*W716+Z716*W716","v":0},null,323.7,{"$f":"AC716*AD716","v":0},463.89,{"$f":"AC716*AF716","v":0},{"$f":"AD716*AC716+AF716*AC716","v":0},null,323.7,{"$f":"AI716*AJ716","v":0},463.89,{"$f":"AI716*AL716","v":0},{"$f":"AJ716*AI716+AL716*AI716","v":0},null,323.7,{"$f":"AO716*AP716","v":0},463.89,{"$f":"AO716*AR716","v":0},{"$f":"AP716*AO716+AR716*AO716","v":0},null,323.7,{"$f":"AU716*AV716","v":0},463.89,{"$f":"AU716*AX716","v":0},{"$f":"AV716*AU716+AX716*AU716","v":0},null,323.7,{"$f":"BA716*BB716","v":0},463.89,{"$f":"BA716*BD716","v":0},{"$f":"BB716*BA716+BD716*BA716","v":0},null,0,323.7,{"$f":"BH716*BI716","v":0},463.89,{"$f":"BH716*BK716","v":0},{"$f":"BI716*BH716+BK716*BH716","v":0},8450,323.7,{"$f":"BN716*BO716","v":2735265},463.89,{"$f":"BN716*BQ716","v":3919870.5},{"$f":"BO716*BN716+BQ716*BN716","v":6655135.5}]
["1.20.3","Пуско-наладочные работы ","к-т",1,522690,{"$f":"D717*E717","v":522690},0,null,{"$f":"E717*D717+G717*D717","v":522690},null,null,522690,{"$f":"K717*L717","v":0},0,null,{"$f":"L717*K717+N717*K717","v":0},null,522690,{"$f":"Q717*R717","v":0},0,null,{"$f":"R717*Q717+T717*Q717","v":0},null,522690,{"$f":"W717*X717","v":0},0,null,{"$f":"X717*W717+Z717*W717","v":0},null,522690,{"$f":"AC717*AD717","v":0},0,null,{"$f":"AD717*AC717+AF717*AC717","v":0},null,522690,{"$f":"AI717*AJ717","v":0},0,null,{"$f":"AJ717*AI717+AL717*AI717","v":0},null,522690,{"$f":"AO717*AP717","v":0},0,null,{"$f":"AP717*AO717+AR717*AO717","v":0},null,522690,{"$f":"AU717*AV717","v":0},0,null,{"$f":"AV717*AU717+AX717*AU717","v":0},null,522690,{"$f":"BA717*BB717","v":0},0,null,{"$f":"BB717*BA717+BD717*BA717","v":0},null,0,522690,{"$f":"BH717*BI717","v":0},0,null,{"$f":"BI717*BH717+BK717*BH717","v":0},1,522690,{"$f":"BN717*BO717","v":522690},0,null,{"$f":"BO717*BN717+BQ717*BN717","v":522690}]
[2,"Объекты энергетического хозяйства",null,null,null,null,null,null,null,null,null,null,null,null,null,null,null,null,null,null,null,null,null,null,null,null,null,null,null,null,null,null,null,null,null,null,null,null,null,null,null,null,null,null,null,null,null,null,null,null,null,null,null,null,null,null,null,null,null,0,null,null,null,null,null,0]
["2.1","130-23-ЭН Наружное освещение",null,null,null,{"$f":"F720+F721+F722+F723+F725+F724+F726+F727+F728+F729+F730+F731","v":310490.5},null,{"$f":"H720+H721+H722+H723+H725+H724+H726+H727+H728+H729+H730+H731","v":732826.72},{"$f":"I720+I721+I722+I723+I725+I724+I726+I727+I728+I729+I730+I731","v":1043317.22},null,null,null,{"$f":"M720+M721+M722+M723+M725+M724+M726+M727+M728+M729+M730+M731","v":0},null,{"$f":"O720+O721+O722+O723+O725+O724+O726+O727+O728+O729+O730+O731","v":0},{"$f":"P720+P721+P722+P723+P725+P724+P726+P727+P728+P729+P730+P731","v":0},null,null,{"$f":"S720+S721+S722+S723+S725+S724+S726+S727+S728+S729+S730+S731","v":0},null,{"$f":"U720+U721+U722+U723+U725+U724+U726+U727+U728+U729+U730+U731","v":0},{"$f":"V720+V721+V722+V723+V725+V724+V726+V727+V728+V729+V730+V731","v":0},null,null,{"$f":"Y720+Y721+Y722+Y723+Y725+Y724+Y726+Y727+Y728+Y729+Y730+Y731","v":116459},null,{"$f":"AA720+AA721+AA722+AA723+AA725+AA724+AA726+AA727+AA728+AA729+AA730+AA731","v":569299.89999999991},{"$f":"AB720+AB721+AB722+AB723+AB725+AB724+AB726+AB727+AB728+AB729+AB730+AB731","v":685758.89999999991},null,null,{"$f":"AE720+AE721+AE722+AE723+AE725+AE724+AE726+AE727+AE728+AE729+AE730+AE731","v":0},null,{"$f":"AG720+AG721+AG722+AG723+AG725+AG724+AG726+AG727+AG728+AG729+AG730+AG731","v":0},{"$f":"AH720+AH721+AH722+AH723+AH725+AH724+AH726+AH727+AH728+AH729+AH730+AH731","v":0},null,null,{"$f":"AK720+AK721+AK722+AK723+AK725+AK724+AK726+AK727+AK728+AK729+AK730+AK731","v":0},null,{"$f":"AM720+AM721+AM722+AM723+AM725+AM724+AM726+AM727+AM728+AM729+AM730+AM731","v":0},{"$f":"AN720+AN721+AN722+AN723+AN725+AN724+AN726+AN727+AN728+AN729+AN730+AN731","v":0},null,null,{"$f":"AQ720+AQ721+AQ722+AQ723+AQ725+AQ724+AQ726+AQ727+AQ728+AQ729+AQ730+AQ731","v":0},null,{"$f":"AS720+AS721+AS722+AS723+AS725+AS724+AS726+AS727+AS728+AS729+AS730+AS731","v":0},{"$f":"AT720+AT721+AT722+AT723+AT725+AT724+AT726+AT727+AT728+AT729+AT730+AT731","v":0},null,null,{"$f":"AW720+AW721+AW722+AW723+AW725+AW724+AW726+AW727+AW728+AW729+AW730+AW731","v":0},null,{"$f":"AY720+AY721+AY722+AY723+AY725+AY724+AY726+AY727+AY728+AY729+AY730+AY731","v":0},{"$f":"AZ720+AZ721+AZ722+AZ723+AZ725+AZ724+AZ726+AZ727+AZ728+AZ729+AZ730+AZ731","v":0},null,null,{"$f":"BC720+BC721+BC722+BC723+BC725+BC724+BC726+BC727+BC728+BC729+BC730+BC731","v":0},null,{"$f":"BE720+BE721+BE722+BE723+BE725+BE724+BE726+BE727+BE728+BE729+BE730+BE731","v":0},{"$f":"BF720+BF721+BF722+BF723+BF725+BF724+BF726+BF727+BF728+BF729+BF730+BF731","v":0},null,0,null,{"$f":"BJ720+BJ721+BJ722+BJ723+BJ725+BJ724+BJ726+BJ727+BJ728+BJ729+BJ730+BJ731","v":116459},null,{"$f":"BL720+BL721+BL722+BL723+BL725+BL724+BL726+BL727+BL728+BL729+BL730+BL731","v":569299.89999999991},{"$f":"BM720+BM721+BM722+BM723+BM725+BM724+BM726+BM727+BM728+BM729+BM730+BM731","v":685758.89999999991},0,null,{"$f":"BP720+BP721+BP722+BP723+BP725+BP724+BP726+BP727+BP728+BP729+BP730+BP731","v":194031.5},null,{"$f":"BR720+BR721+BR722+BR723+BR725+BR724+BR726+BR727+BR728+BR729+BR730+BR731","v":163526.82},{"$f":"BS720+BS721+BS722+BS723+BS725+BS724+BS726+BS727+BS728+BS729+BS730+BS731","v":357558.31999999995}]
["2.1.1","Ящик управления освещением","шт.",2,5502,{"$f":"D720*E720","v":11004},32487,{"$f":"D720*G720","v":64974},{"$f":"E720*D720+G720*D720","v":75978},null,null,5502,{"$f":"K720*L720","v":0},32487,{"$f":"K720*N720","v":0},{"$f":"L720*K720+N720*K720","v":0},null,5502,{"$f":"Q720*R720","v":0},32487,{"$f":"Q720*T720","v":0},{"$f":"R720*Q720+T720*Q720","v":0},2,5502,{"$f":"W720*X720","v":11004},32487,{"$f":"W720*Z720","v":64974},{"$f":"X720*W720+Z720*W720","v":75978},null,5502,{"$f":"AC720*AD720","v":0},32487,{"$f":"AC720*AF720","v":0},{"$f":"AD720*AC720+AF720*AC720","v":0},null,5502,{"$f":"AI720*AJ720","v":0},32487,{"$f":"AI720*AL720","v":0},{"$f":"AJ720*AI720+AL720*AI720","v":0},null,5502,{"$f":"AO720*AP720","v":0},32487,{"$f":"AO720*AR720","v":0},{"$f":"AP720*AO720+AR720*AO720","v":0},null,5502,{"$f":"AU720*AV720","v":0},32487,{"$f":"AU720*AX720","v":0},{"$f":"AV720*AU720+AX720*AU720","v":0},null,5502,{"$f":"BA720*BB720","v":0},32487,{"$f":"BA720*BD720","v":0},{"$f":"BB720*BA720+BD720*BA720","v":0},null,2,5502,{"$f":"BH720*BI720","v":11004},32487,{"$f":"BH720*BK720","v":64974},{"$f":"BI720*BH720+BK720*BH720","v":75978},0,5502,{"$f":"BN720*BO720","v":0},32487,{"$f":"BN720*BQ720","v":0},{"$f":"BO720*BN720+BQ720*BN720","v":0}]
["2.1.2","Кабель силовой, не поддерживающий горение, безгалогенный 5х2.5","м.",350,182,63700,322.39999999999998,112839.99999999999,176540,null,null,182,0,322.39999999999998,0,0,null,182,0,322.39999999999998,0,0,null,182,0,322.39999999999998,0,0,null,182,0,322.39999999999998,0,0,null,182,0,322.39999999999998,0,0,null,182,0,322.39999999999998,0,0,null,182,0,322.39999999999998,0,0,null,182,0,322.39999999999998,0,0,null,0,182,0,322.39999999999998,0,0,350,182,63700,322.39999999999998,112839.99999999999,176540]
["2.1.3","Кабель силовой, не поддерживающий горение, безгалогенный 3х1.5","м",150,182,27300,160,24000,51300,null,null,182,0,160,0,0,null,182,0,160,0,0,null,182,0,160,0,0,null,182,0,160,0,0,null,182,0,160,0,0,null,182,0,160,0,0,null,182,0,160,0,0,null,182,0,160,0,0,null,0,182,0,160,0,0,150,182,27300,160,24000,51300]
["2.1.4","Светильник светодиодный промышленный FL-Pro 60° 50 Вт 5000К Вартон","шт.",23,4585,105455,21362.9,491346.7,596801.69999999995,null,null,4585,0,21362.9,0,0,null,4585,0,21362.9,0,0,23,4585,105455,21362.9,491346.7,596801.69999999995,null,4585,0,21362.9,0,0,null,4585,0,21362.9,0,0,null,4585,0,21362.9,0,0,null,4585,0,21362.9,0,0,null,4585,0,21362.9,0,0,null,23,4585,105455,21362.9,491346.7,596801.69999999995,0,4585,0,21362.9,0,0]
["2.1.5","Коробка распределительная T25 влагозащищенная IP 65 80x51","шт.",24,655,15720,142.58000000000001,3421.92,19141.919999999998,null,null,655,0,142.58000000000001,0,0,null,655,0,142.58000000000001,0,0,null,655,0,142.58000000000001,0,0,null,655,0,142.58000000000001,0,0,null,655,0,142.58000000000001,0,0,null,655,0,142.58000000000001,0,0,null,655,0,142.58000000000001,0,0,null,655,0,142.58000000000001,0,0,null,0,655,0,142.58000000000001,0,0,24,655,15720,142.58000000000001,3421.92,19141.919999999998]
["2.1.6","Коробка распределительная T25 влагозащищенная IP 55 100x100","шт.",25,655,16375,142.58000000000001,3564.5000000000005,19939.5,null,null,655,0,142.58000000000001,0,0,null,655,0,142.58000000000001,0,0,null,655,0,142.58000000000001,0,0,null,655,0,142.58000000000001,0,0,null,655,0,142.58000000000001,0,0,null,655,0,142.58000000000001,0,0,null,655,0,142.58000000000001,0,0,null,655,0,142.58000000000001,0,0,null,0,655,0,142.58000000000001,0,0,25,655,16375,142.58000000000001,3564.5000000000005,19939.5]
["2.1.7","Зажим безвинтовой 3х(0,5-2,5) кв.мм прозрачный VSE-203","шт.",120,0,null,14.35,1722,1722,null,null,0,null,14.35,0,0,null,0,null,14.35,0,0,null,0,null,14.35,0,0,null,0,null,14.35,0,0,null,0,null,14.35,0,0,null,0,null,14.35,0,0,null,0,null,14.35,0,0,null,0,null,14.35,0,0,null,0,0,null,14.35,0,0,120,0,null,14.35,1722,1722]
["2.1.8","Стандартный анкер со шпилькой М8","шт.",46,65.5,{"$f":"D727*E727","v":3013},122.3,5625.8,8638.7999999999993,null,null,65.5,{"$f":"K727*L727","v":0},122.3,0,0,null,65.5,{"$f":"Q727*R727","v":0},122.3,0,0,null,65.5,{"$f":"W727*X727","v":0},122.3,0,0,null,65.5,{"$f":"AC727*AD727","v":0},122.3,0,0,null,65.5,{"$f":"AI727*AJ727","v":0},122.3,0,0,null,65.5,{"$f":"AO727*AP727","v":0},122.3,0,0,null,65.5,{"$f":"AU727*AV727","v":0},122.3,0,0,null,65.5,{"$f":"BA727*BB727","v":0},122.3,0,0,null,0,65.5,{"$f":"BH727*BI727","v":0},122.3,0,0,46,65.5,{"$f":"BN727*BO727","v":3013},122.3,5625.8,8638.7999999999993]
["2.1.9","Анкер клиновой","шт.",23,65.5,{"$f":"D728*E728","v":1506.5},127.4,2930.2000000000003,4436.7000000000007,null,null,65.5,{"$f":"K728*L728","v":0},127.4,0,0,null,65.5,{"$f":"Q728*R728","v":0},127.4,0,0,null,65.5,{"$f":"W728*X728","v":0},127.4,0,0,null,65.5,{"$f":"AC728*AD728","v":0},127.4,0,0,null,65.5,{"$f":"AI728*AJ728","v":0},127.4,0,0,null,65.5,{"$f":"AO728*AP728","v":0},127.4,0,0,null,65.5,{"$f":"AU728*AV728","v":0},127.4,0,0,null,65.5,{"$f":"BA728*BB728","v":0},127.4,0,0,null,0,65.5,{"$f":"BH728*BI728","v":0},127.4,0,0,23,65.5,{"$f":"BN728*BO728","v":1506.5},127.4,2930.2000000000003,4436.7000000000007]
["2.1.10","Дюбель-гвоздь","шт.",396,32.75,{"$f":"D729*E729","v":12969},15.6,6177.5999999999995,19146.599999999999,null,null,32.75,{"$f":"K729*L729","v":0},15.6,0,0,null,32.75,{"$f":"Q729*R729","v":0},15.6,0,0,null,32.75,{"$f":"W729*X729","v":0},15.6,0,0,null,32.75,{"$f":"AC729*AD729","v":0},15.6,0,0,null,32.75,{"$f":"AI729*AJ729","v":0},15.6,0,0,null,32.75,{"$f":"AO729*AP729","v":0},15.6,0,0,null,32.75,{"$f":"AU729*AV729","v":0},15.6,0,0,null,32.75,{"$f":"BA729*BB729","v":0},15.6,0,0,null,0,32.75,{"$f":"BH729*BI729","v":0},15.6,0,0,396,32.75,{"$f":"BN729*BO729","v":12969},15.6,6177.5999999999995,19146.599999999999]
["2.1.11","Аксессуары (расходные материалы, крепеж)","компл.",1,0,null,16224,16224,16224,null,null,0,null,16224,0,0,null,0,null,16224,0,0,0.8,0,null,16224,12979.2,12979.2,null,0,null,16224,0,0,null,0,null,16224,0,0,null,0,null,16224,0,0,null,0,null,16224,0,0,null,0,null,16224,0,0,null,0.8,0,null,16224,12979.2,12979.2,0.19999999999999996,0,null,16224,3244.7999999999993,3244.7999999999993]
["2.1.12","Пуско-наладочные работы","компл.",1,53448,{"$f":"D731*E731","v":53448},0,null,53448,null,null,53448,{"$f":"K731*L731","v":0},0,null,0,null,53448,{"$f":"Q731*R731","v":0},0,null,0,null,53448,{"$f":"W731*X731","v":0},0,null,0,null,53448,{"$f":"AC731*AD731","v":0},0,null,0,null,53448,{"$f":"AI731*AJ731","v":0},0,null,0,null,53448,{"$f":"AO731*AP731","v":0},0,null,0,null,53448,{"$f":"AU731*AV731","v":0},0,null,0,null,53448,{"$f":"BA731*BB731","v":0},0,null,0,null,0,53448,{"$f":"BH731*BI731","v":0},0,null,0,1,53448,{"$f":"BN731*BO731","v":53448},0,null,53448]
[3,"Объекты транспортного хозяйства и связи",null,null,null,null,null,null,null,null,null,null,null,null,null,null,null,null,null,null,null,null,null,null,null,null,null,null,null,null,null,null,null,null,null,null,null,null,null,null,null,null,null,null,null,null,null,null,null,null,null,null,null,null,null,null,null,null,null,0,null,null,null,null,null,0]
["3.1","130-23-ПЖ Пути железнодорожные",null,null,null,{"$f":"F734+F753+F773+F794","v":23490135.549599998},null,{"$f":"H734+H753+H773+H794","v":35029289.085600004},{"$f":"I734+I753+I773+I794","v":58519424.635200001},null,null,null,{"$f":"M734+M753+M773+M794","v":10159584.593000002},null,{"$f":"O734+O753+O773+O794","v":15391716.924999999},{"$f":"P734+P753+P773+P794","v":25551301.538000003},null,null,{"$f":"S734+S753+S773+S794","v":1469578.7600000002},null,{"$f":"U734+U753+U773+U794","v":0},{"$f":"V734+V753+V773+V794","v":1469578.7600000002},null,null,{"$f":"Y734+Y753+Y773+Y794","v":5630732.9811999993},null,{"$f":"AA734+AA753+AA773+AA794","v":15832495.988199998},{"$f":"AB734+AB753+AB773+AB794","v":21463228.9694},null,null,{"$f":"AE734+AE753+AE773+AE794","v":0},null,{"$f":"AG734+AG753+AG773+AG794","v":0},{"$f":"AH734+AH753+AH773+AH794","v":0},null,null,{"$f":"AK734+AK753+AK773+AK794","v":0},null,{"$f":"AM734+AM753+AM773+AM794","v":0},{"$f":"AN734+AN753+AN773+AN794","v":0},null,null,{"$f":"AQ734+AQ753+AQ773+AQ794","v":0},null,{"$f":"AS734+AS753+AS773+AS794","v":0},{"$f":"AT734+AT753+AT773+AT794","v":0},null,null,{"$f":"AW734+AW753+AW773+AW794","v":0},null,{"$f":"AY734+AY753+AY773+AY794","v":0},{"$f":"AZ734+AZ753+AZ773+AZ794","v":0},null,null,{"$f":"BC734+BC753+BC773+BC794","v":0},null,{"$f":"BE734+BE753+BE773+BE794","v":0},{"$f":"BF734+BF753+BF773+BF794","v":0},null,0,null,{"$f":"BJ734+BJ753+BJ773+BJ794","v":17259896.334200002},null,{"$f":"BL734+BL753+BL773+BL794","v":31224212.913199998},{"$f":"BM734+BM753+BM773+BM794","v":48484109.267399997},0,null,{"$f":"BP734+BP753+BP773+BP794","v":6230239.215400001},null,{"$f":"BR734+BR753+BR773+BR794","v":3805076.1724000005},{"$f":"BS734+BS753+BS773+BS794","v":10035315.387800001}]
["3.1.1","Железнодорожный путь №1",null,null,null,{"$f":"F737+F736+F738+F739+F741+F742+F743+F744+F745+F747+F748+F749+F750+F751+F752","v":3965572.8587999996},null,{"$f":"H737+H736+H738+H739+H741+H742+H743+H744+H745+H747+H748+H749+H750+H751+H752","v":6456905.0986000001},{"$f":"I737+I736+I738+I739+I741+I742+I743+I744+I745+I747+I748+I749+I750+I751+I752","v":10422477.9574},null,null,null,{"$f":"M737+M736+M738+M739+M741+M742+M743+M744+M745+M747+M748+M749+M750+M751+M752","v":0},null,{"$f":"O737+O736+O738+O739+O741+O742+O743+O744+O745+O747+O748+O749+O750+O751+O752","v":0},{"$f":"P737+P736+P738+P739+P741+P742+P743+P744+P745+P747+P748+P749+P750+P751+P752","v":0},null,null,{"$f":"S737+S736+S738+S739+S741+S742+S743+S744+S745+S747+S748+S749+S750+S751+S752","v":1280647.9400000002},null,{"$f":"U737+U736+U738+U739+U741+U742+U743+U744+U745+U747+U748+U749+U750+U751+U752","v":0},{"$f":"V737+V736+V738+V739+V741+V742+V743+V744+V745+V747+V748+V749+V750+V751+V752","v":1280647.9400000002},null,null,{"$f":"Y737+Y736+Y738+Y739+Y741+Y742+Y743+Y744+Y745+Y747+Y748+Y749+Y750+Y751+Y752","v":1728178.9083999998},null,{"$f":"AA737+AA736+AA738+AA739+AA741+AA742+AA743+AA744+AA745+AA747+AA748+AA749+AA750+AA751+AA752","v":6218377.6785999993},{"$f":"AB737+AB736+AB738+AB739+AB741+AB742+AB743+AB744+AB745+AB747+AB748+AB749+AB750+AB751+AB752","v":7946556.5869999994},null,null,{"$f":"AE737+AE736+AE738+AE739+AE741+AE742+AE743+AE744+AE745+AE747+AE748+AE749+AE750+AE751+AE752","v":0},null,{"$f":"AG737+AG736+AG738+AG739+AG741+AG742+AG743+AG744+AG745+AG747+AG748+AG749+AG750+AG751+AG752","v":0},{"$f":"AH737+AH736+AH738+AH739+AH741+AH742+AH743+AH744+AH745+AH747+AH748+AH749+AH750+AH751+AH752","v":0},null,null,{"$f":"AK737+AK736+AK738+AK739+AK741+AK742+AK743+AK744+AK745+AK747+AK748+AK749+AK750+AK751+AK752","v":0},null,{"$f":"AM737+AM736+AM738+AM739+AM741+AM742+AM743+AM744+AM745+AM747+AM748+AM749+AM750+AM751+AM752","v":0},{"$f":"AN737+AN736+AN738+AN739+AN741+AN742+AN743+AN744+AN745+AN747+AN748+AN749+AN750+AN751+AN752","v":0},null,null,{"$f":"AQ737+AQ736+AQ738+AQ739+AQ741+AQ742+AQ743+AQ744+AQ745+AQ747+AQ748+AQ749+AQ750+AQ751+AQ752","v":0},null,{"$f":"AS737+AS736+AS738+AS739+AS741+AS742+AS743+AS744+AS745+AS747+AS748+AS749+AS750+AS751+AS752","v":0},{"$f":"AT737+AT736+AT738+AT739+AT741+AT742+AT743+AT744+AT745+AT747+AT748+AT749+AT750+AT751+AT752","v":0},null,null,{"$f":"AW737+AW736+AW738+AW739+AW741+AW742+AW743+AW744+AW745+AW747+AW748+AW749+AW750+AW751+AW752","v":0},null,{"$f":"AY737+AY736+AY738+AY739+AY741+AY742+AY743+AY744+AY745+AY747+AY748+AY749+AY750+AY751+AY752","v":0},{"$f":"AZ737+AZ736+AZ738+AZ739+AZ741+AZ742+AZ743+AZ744+AZ745+AZ747+AZ748+AZ749+AZ750+AZ751+AZ752","v":0},null,null,{"$f":"BC737+BC736+BC738+BC739+BC741+BC742+BC743+BC744+BC745+BC747+BC748+BC749+BC750+BC751+BC752","v":0},null,{"$f":"BE737+BE736+BE738+BE739+BE741+BE742+BE743+BE744+BE745+BE747+BE748+BE749+BE750+BE751+BE752","v":0},{"$f":"BF737+BF736+BF738+BF739+BF741+BF742+BF743+BF744+BF745+BF747+BF748+BF749+BF750+BF751+BF752","v":0},null,0,null,{"$f":"BJ737+BJ736+BJ738+BJ739+BJ741+BJ742+BJ743+BJ744+BJ745+BJ747+BJ748+BJ749+BJ750+BJ751+BJ752","v":3008826.8484000005},null,{"$f":"BL737+BL736+BL738+BL739+BL741+BL742+BL743+BL744+BL745+BL747+BL748+BL749+BL750+BL751+BL752","v":6218377.6785999993},{"$f":"BM737+BM736+BM738+BM739+BM741+BM742+BM743+BM744+BM745+BM747+BM748+BM749+BM750+BM751+BM752","v":9227204.5269999988},0,null,{"$f":"BP737+BP736+BP738+BP739+BP741+BP742+BP743+BP744+BP745+BP747+BP748+BP749+BP750+BP751+BP752","v":956746.01039999991},null,{"$f":"BR737+BR736+BR738+BR739+BR741+BR742+BR743+BR744+BR745+BR747+BR748+BR749+BR750+BR751+BR752","v":238527.42000000007},{"$f":"BS737+BS736+BS738+BS739+BS741+BS742+BS743+BS744+BS745+BS747+BS748+BS749+BS750+BS751+BS752","v":1195273.4304}]
["3.1.1.1","Сооружение земляного полотна",null,null,0,null,0,null,null,null,null,0,null,0,null,null,null,0,null,0,null,null,null,0,null,0,null,null,null,0,null,0,null,null,null,0,null,0,null,null,null,0,null,0,null,null,null,0,null,0,null,null,null,0,null,0,null,null,null,0,0,null,0,null,null,0,0,null,0]
["3.1.1.1.1","Вывоз и утилизация с К разрыхления 1,47","м3",{"$f":"D737*1.47","v":88.170599999999993},1590,{"$f":"D736*E736","v":140191.25399999999},0,null,{"$f":"E736*D736+G736*D736","v":140191.25399999999},null,null,1590,{"$f":"K736*L736","v":0},0,null,{"$f":"L736*K736+N736*K736","v":0},null,1590,{"$f":"Q736*R736","v":0},0,null,{"$f":"R736*Q736+T736*Q736","v":0},null,1590,{"$f":"W736*X736","v":0},0,null,{"$f":"X736*W736+Z736*W736","v":0},null,1590,{"$f":"AC736*AD736","v":0},0,null,{"$f":"AD736*AC736+AF736*AC736","v":0},null,1590,{"$f":"AI736*AJ736","v":0},0,null,{"$f":"AJ736*AI736+AL736*AI736","v":0},null,1590,{"$f":"AO736*AP736","v":0},0,null,{"$f":"AP736*AO736+AR736*AO736","v":0},null,1590,{"$f":"AU736*AV736","v":0},0,null,{"$f":"AV736*AU736+AX736*AU736","v":0},null,1590,{"$f":"BA736*BB736","v":0},0,null,{"$f":"BB736*BA736+BD736*BA736","v":0},null,0,1590,{"$f":"BH736*BI736","v":0},0,null,{"$f":"BI736*BH736+BK736*BH736","v":0},88.170599999999993,1590,{"$f":"BN736*BO736","v":140191.25399999999},0,null,{"$f":"BO736*BN736+BQ736*BN736","v":140191.25399999999}]
["3.1.1.1.2","Вырезка существующего бетонного покрытия пола ","м3",59.98,19422,{"$f":"D737*E737","v":1164931.5599999998},0,null,1164931.5599999998,null,null,19422,{"$f":"K737*L737","v":0},0,null,0,57.27,19422,{"$f":"Q737*R737","v":1112297.9400000002},0,null,{"$f":"R737*Q737+T737*Q737","v":1112297.9400000002},null,19422,{"$f":"W737*X737","v":0},0,null,0,null,19422,{"$f":"AC737*AD737","v":0},0,null,0,null,19422,{"$f":"AI737*AJ737","v":0},0,null,0,null,19422,{"$f":"AO737*AP737","v":0},0,null,0,null,19422,{"$f":"AU737*AV737","v":0},0,null,0,null,19422,{"$f":"BA737*BB737","v":0},0,null,0,null,57.27,19422,{"$f":"BH737*BI737","v":1112297.9400000002},0,null,1112297.9400000002,2.7099999999999937,19422,{"$f":"BN737*BO737","v":52633.619999999879},0,null,52633.619999999879]
["3.1.1.1.3","Выемка техногенного грунта с перевозкой на 30 км и утилизацией","м3",112.87,2405,{"$f":"D738*E738","v":271452.35000000003},0,null,271452.35000000003,null,null,2405,{"$f":"K738*L738","v":0},0,null,0,70,2405,{"$f":"Q738*R738","v":168350},0,null,168350,null,2405,{"$f":"W738*X738","v":0},0,null,0,null,2405,{"$f":"AC738*AD738","v":0},0,null,0,null,2405,{"$f":"AI738*AJ738","v":0},0,null,0,null,2405,{"$f":"AO738*AP738","v":0},0,null,0,null,2405,{"$f":"AU738*AV738","v":0},0,null,0,null,2405,{"$f":"BA738*BB738","v":0},0,null,0,null,{"$f":"K738+Q738+W738+AC738+AI738+AO738+AU738+BA738","v":70},2405,{"$f":"BH738*BI738","v":168350},0,null,168350,{"$f":"D738-BH738","v":42.870000000000005},2405,{"$f":"BN738*BO738","v":103102.35},0,null,103102.35]
["3.1.1.1.4","Вывоз и утилизация с К разрыхления 1,6","м3",{"$f":"112.87*1.6-112.87","v":67.722000000000008},1590,{"$f":"D739*E739","v":107677.98000000001},0,null,107677.98000000001,null,null,1590,{"$f":"K739*L739","v":0},0,null,0,null,1590,{"$f":"Q739*R739","v":0},0,null,0,null,1590,{"$f":"W739*X739","v":0},0,null,0,null,1590,{"$f":"AC739*AD739","v":0},0,null,0,null,1590,{"$f":"AI739*AJ739","v":0},0,null,0,null,1590,{"$f":"AO739*AP739","v":0},0,null,0,null,1590,{"$f":"AU739*AV739","v":0},0,null,0,null,1590,{"$f":"BA739*BB739","v":0},0,null,0,null,0,1590,{"$f":"BH739*BI739","v":0},0,null,0,67.722000000000008,1590,{"$f":"BN739*BO739","v":107677.98000000001},0,null,107677.98000000001]
["3.1.1.2","Устройство балластного слоя ж/д пути под подошвой шпалы (h)20см",null,null,null,null,null,null,null,null,null,null,null,null,null,null,null,null,null,null,null,null,null,null,null,null,null,null,null,null,null,null,null,null,null,null,null,null,null,null,null,null,null,null,null,null,null,null,null,null,null,null,null,null,null,null,null,null,null,0,null,null,null,null,null,0]
["3.1.1.2.1"," - из щебня балластного фр.25-60 ","м3",103,2513.16,{"$f":"D741*E741","v":258855.47999999998},6681,{"$f":"D741*G741","v":688143},{"$f":"E741*D741+G741*D741","v":946998.48},null,null,2513.16,{"$f":"K741*L741","v":0},6681,{"$f":"K741*N741","v":0},{"$f":"L741*K741+N741*K741","v":0},null,2513.16,{"$f":"Q741*R741","v":0},6681,{"$f":"Q741*T741","v":0},{"$f":"R741*Q741+T741*Q741","v":0},97.96,2513.16,{"$f":"W741*X741","v":246189.15359999996},6681,{"$f":"W741*Z741","v":654470.76},{"$f":"X741*W741+Z741*W741","v":900659.91359999997},null,2513.16,{"$f":"AC741*AD741","v":0},6681,{"$f":"AC741*AF741","v":0},{"$f":"AD741*AC741+AF741*AC741","v":0},null,2513.16,{"$f":"AI741*AJ741","v":0},6681,{"$f":"AI741*AL741","v":0},{"$f":"AJ741*AI741+AL741*AI741","v":0},null,2513.16,{"$f":"AO741*AP741","v":0},6681,{"$f":"AO741*AR741","v":0},{"$f":"AP741*AO741+AR741*AO741","v":0},null,2513.16,{"$f":"AU741*AV741","v":0},6681,{"$f":"AU741*AX741","v":0},{"$f":"AV741*AU741+AX741*AU741","v":0},null,2513.16,{"$f":"BA741*BB741","v":0},6681,{"$f":"BA741*BD741","v":0},{"$f":"BB741*BA741+BD741*BA741","v":0},null,97.96,2513.16,{"$f":"BH741*BI741","v":246189.15359999996},6681,{"$f":"BH741*BK741","v":654470.76},{"$f":"BI741*BH741+BK741*BH741","v":900659.91359999997},5.0400000000000063,2513.16,{"$f":"BN741*BO741","v":12666.326400000014},6681,{"$f":"BN741*BQ741","v":33672.240000000042},{"$f":"BO741*BN741+BQ741*BN741","v":46338.566400000054}]
["3.1.1.2.2"," - из щебня балластного фр.25-60 (с Куплотнения)","м3",{"$f":"129.78-D741","v":26.78},0,null,6681,{"$f":"D742*G742","v":178917.18000000002},178917.18000000002,null,null,0,null,6681,{"$f":"K742*N742","v":0},0,null,0,null,6681,{"$f":"Q742*T742","v":0},0,null,0,null,6681,{"$f":"W742*Z742","v":0},0,null,0,null,6681,{"$f":"AC742*AF742","v":0},0,null,0,null,6681,{"$f":"AI742*AL742","v":0},0,null,0,null,6681,{"$f":"AO742*AR742","v":0},0,null,0,null,6681,{"$f":"AU742*AX742","v":0},0,null,0,null,6681,{"$f":"BA742*BD742","v":0},0,null,0,0,null,6681,{"$f":"BH742*BK742","v":0},0,26.78,0,null,6681,{"$f":"BN742*BQ742","v":178917.18000000002},178917.18000000002]
["3.1.1.2.3"," - гравийно-песчаная подушка","м3",60,2333.7600000000002,{"$f":"D743*E743","v":140025.60000000001},2161.5,{"$f":"D743*G743","v":129690},269715.59999999998,null,null,2333.7600000000002,{"$f":"K743*L743","v":0},2161.5,{"$f":"K743*N743","v":0},0,null,2333.7600000000002,{"$f":"Q743*R743","v":0},2161.5,{"$f":"Q743*T743","v":0},0,60,2333.7600000000002,{"$f":"W743*X743","v":140025.60000000001},2161.5,{"$f":"W743*Z743","v":129690},269715.59999999998,null,2333.7600000000002,{"$f":"AC743*AD743","v":0},2161.5,{"$f":"AC743*AF743","v":0},0,null,2333.7600000000002,{"$f":"AI743*AJ743","v":0},2161.5,{"$f":"AI743*AL743","v":0},0,null,2333.7600000000002,{"$f":"AO743*AP743","v":0},2161.5,{"$f":"AO743*AR743","v":0},0,null,2333.7600000000002,{"$f":"AU743*AV743","v":0},2161.5,{"$f":"AU743*AX743","v":0},0,null,2333.7600000000002,{"$f":"BA743*BB743","v":0},2161.5,{"$f":"BA743*BD743","v":0},0,null,60,2333.7600000000002,{"$f":"BH743*BI743","v":140025.60000000001},2161.5,{"$f":"BH743*BK743","v":129690},269715.59999999998,0,2333.7600000000002,{"$f":"BN743*BO743","v":0},2161.5,{"$f":"BN743*BQ743","v":0},0]
["3.1.1.2.4"," - гравийно-песчаная подушка  (с Куплотнения)","м3",12,0,null,2161.5,{"$f":"D744*G744","v":25938},25938,null,null,0,null,2161.5,{"$f":"K744*N744","v":0},0,null,0,null,2161.5,{"$f":"Q744*T744","v":0},0,null,0,null,2161.5,{"$f":"W744*Z744","v":0},0,null,0,null,2161.5,{"$f":"AC744*AF744","v":0},0,null,0,null,2161.5,{"$f":"AI744*AL744","v":0},0,null,0,null,2161.5,{"$f":"AO744*AR744","v":0},0,null,0,null,2161.5,{"$f":"AU744*AX744","v":0},0,null,0,null,2161.5,{"$f":"BA744*BD744","v":0},0,null,0,0,null,2161.5,{"$f":"BH744*BK744","v":0},0,12,0,null,2161.5,{"$f":"BN744*BQ744","v":25938},25938]
["3.1.1.2.5"," - геотекстиль 5м 500г/м","м",82.49,46.8,{"$f":"D745*E745","v":3860.5319999999997},450,{"$f":"D745*G745","v":37120.5},40981.031999999999,null,null,46.8,{"$f":"K745*L745","v":0},450,{"$f":"K745*N745","v":0},0,null,46.8,{"$f":"Q745*R745","v":0},450,{"$f":"Q745*T745","v":0},0,82.49,46.8,{"$f":"W745*X745","v":3860.5319999999997},450,{"$f":"W745*Z745","v":37120.5},40981.031999999999,null,46.8,{"$f":"AC745*AD745","v":0},450,{"$f":"AC745*AF745","v":0},0,null,46.8,{"$f":"AI745*AJ745","v":0},450,{"$f":"AI745*AL745","v":0},0,null,46.8,{"$f":"AO745*AP745","v":0},450,{"$f":"AO745*AR745","v":0},0,null,46.8,{"$f":"AU745*AV745","v":0},450,{"$f":"AU745*AX745","v":0},0,null,46.8,{"$f":"BA745*BB745","v":0},450,{"$f":"BA745*BD745","v":0},0,null,82.49,46.8,{"$f":"BH745*BI745","v":3860.5319999999997},450,{"$f":"BH745*BK745","v":37120.5},40981.031999999999,0,46.8,{"$f":"BN745*BO745","v":0},450,{"$f":"BN745*BQ745","v":0},0]
["3.1.1.3","Верхнее строение пути №1",null,null,null,null,null,null,null,null,null,null,null,null,null,null,null,null,null,null,null,null,null,null,null,null,null,null,null,null,null,null,null,null,null,null,null,null,null,null,null,null,null,null,null,null,null,null,null,null,null,null,null,null,null,null,null,null,null,0,null,null,null,null,null,0]
["3.1.1.3.1","Укладка звеньевого пути в прямых и кривых новыми рельсами (рельсы типа Р65, длиной 12,5м на ж/б шпалах с эпюрой шпал 1840шт./км с разделанным промежуточным скреплением типа Р66","м",82.49,2475.7199999999998,{"$f":"D747*E747","v":204222.14279999997},60348.14,{"$f":"D747*G747","v":4978118.0685999999},{"$f":"E747*D747+G747*D747","v":5182340.2113999994},null,null,2475.7199999999998,{"$f":"K747*L747","v":0},60348.14,{"$f":"K747*N747","v":0},{"$f":"L747*K747+N747*K747","v":0},null,2475.7199999999998,{"$f":"Q747*R747","v":0},60348.14,{"$f":"Q747*T747","v":0},{"$f":"R747*Q747+T747*Q747","v":0},82.49,2475.7199999999998,{"$f":"W747*X747","v":204222.14279999997},60348.14,{"$f":"W747*Z747","v":4978118.0685999999},{"$f":"X747*W747+Z747*W747","v":5182340.2113999994},null,2475.7199999999998,{"$f":"AC747*AD747","v":0},60348.14,{"$f":"AC747*AF747","v":0},{"$f":"AD747*AC747+AF747*AC747","v":0},null,2475.7199999999998,{"$f":"AI747*AJ747","v":0},60348.14,{"$f":"AI747*AL747","v":0},{"$f":"AJ747*AI747+AL747*AI747","v":0},null,2475.7199999999998,{"$f":"AO747*AP747","v":0},60348.14,{"$f":"AO747*AR747","v":0},{"$f":"AP747*AO747+AR747*AO747","v":0},null,2475.7199999999998,{"$f":"AU747*AV747","v":0},60348.14,{"$f":"AU747*AX747","v":0},{"$f":"AV747*AU747+AX747*AU747","v":0},null,2475.7199999999998,{"$f":"BA747*BB747","v":0},60348.14,{"$f":"BA747*BD747","v":0},{"$f":"BB747*BA747+BD747*BA747","v":0},null,82.49,2475.7199999999998,{"$f":"BH747*BI747","v":204222.14279999997},60348.14,{"$f":"BH747*BK747","v":4978118.0685999999},{"$f":"BI747*BH747+BK747*BH747","v":5182340.2113999994},0,2475.7199999999998,{"$f":"BN747*BO747","v":0},60348.14,{"$f":"BN747*BQ747","v":0},{"$f":"BO747*BN747+BQ747*BN747","v":0}]
["3.1.1.3.2","Выправка пути в плане и в профиле (Р65, шпалы ж/б)","м",82.49,6552,540474.48,0,null,540474.48,null,null,6552,0,0,null,0,null,6552,0,0,null,0,82.49,6552,540474.48,0,{"$f":"W748*Z748","v":0},540474.48,null,6552,0,0,null,0,null,6552,0,0,null,0,null,6552,0,0,null,0,null,6552,0,0,null,0,null,6552,0,0,null,0,null,82.49,6552,540474.48,0,null,540474.48,0,6552,0,0,null,0]
["3.1.1.3.3","Послеосадочный ремонт (Р65, шпалы ж/б)","м",82.49,6552,540474.48,0,null,540474.48,null,null,6552,0,0,null,0,null,6552,0,0,null,0,null,6552,0,0,null,0,null,6552,0,0,null,0,null,6552,0,0,null,0,null,6552,0,0,null,0,null,6552,0,0,null,0,null,6552,0,0,null,0,null,0,6552,0,0,null,0,82.49,6552,540474.48,0,null,540474.48]
["3.1.1.3.4","Устройство тупикового рельсового упора колесных пар РУ-1","шт.",1,124845,124845,49408.35,{"$f":"D750*G750","v":49408.35},174253.35,null,null,124845,0,49408.35,{"$f":"K750*N750","v":0},0,null,124845,0,49408.35,{"$f":"Q750*T750","v":0},0,1,124845,124845,49408.35,{"$f":"W750*Z750","v":49408.35},174253.35,null,124845,0,49408.35,{"$f":"AC750*AF750","v":0},0,null,124845,0,49408.35,{"$f":"AI750*AL750","v":0},0,null,124845,0,49408.35,{"$f":"AO750*AR750","v":0},0,null,124845,0,49408.35,{"$f":"AU750*AX750","v":0},0,null,124845,0,49408.35,{"$f":"BA750*BD750","v":0},0,null,1,124845,124845,49408.35,{"$f":"BH750*BK750","v":49408.35},174253.35,0,124845,0,49408.35,{"$f":"BN750*BQ750","v":0},0]
["3.1.1.3.5","Изготовление и монтаж в построечных условиях конструкций закладных МС2 (68шт., L=150мм; 0,72кг/шт.) ","шт.",68,1664,113152,150,{"$f":"D751*G751","v":10200},123352,null,null,1664,0,150,{"$f":"K751*N751","v":0},0,null,1664,0,150,{"$f":"Q751*T751","v":0},0,68,1664,113152,150,{"$f":"W751*Z751","v":10200},123352,null,1664,0,150,{"$f":"AC751*AF751","v":0},0,null,1664,0,150,{"$f":"AI751*AL751","v":0},0,null,1664,0,150,{"$f":"AO751*AR751","v":0},0,null,1664,0,150,{"$f":"AU751*AX751","v":0},0,null,1664,0,150,{"$f":"BA751*BD751","v":0},0,null,68,1664,113152,150,{"$f":"BH751*BK751","v":10200},123352,0,1664,0,150,{"$f":"BN751*BQ751","v":0},0]
["3.1.1.3.6","Установка изделий МС-1 с огнезащитным покрытием штукатурным составом толщ. покрытия 1 мм","м",165,2154,355410,2178,{"$f":"D752*G752","v":359370},714780,null,null,2154,0,2178,{"$f":"K752*N752","v":0},0,null,2154,0,2178,{"$f":"Q752*T752","v":0},0,165,2154,355410,2178,{"$f":"W752*Z752","v":359370},714780,null,2154,0,2178,{"$f":"AC752*AF752","v":0},0,null,2154,0,2178,{"$f":"AI752*AL752","v":0},0,null,2154,0,2178,{"$f":"AO752*AR752","v":0},0,null,2154,0,2178,{"$f":"AU752*AX752","v":0},0,null,2154,0,2178,{"$f":"BA752*BD752","v":0},0,null,165,2154,355410,2178,{"$f":"BH752*BK752","v":359370},714780,0,2154,0,2178,{"$f":"BN752*BQ752","v":0},0]
["3.1.2","Железнодорожный путь №2",null,null,null,{"$f":"F756+F758+F757+F755+F760+F761+F762+F763+F764+F766+F767+F768+F769+F770+F771+F772","v":5741786.4299999997},null,{"$f":"H756+H758+H757+H755+H760+H761+H762+H763+H764+H766+H767+H768+H769+H770+H771+H772","v":8487014.6270000003},{"$f":"I756+I758+I757+I755+I760+I761+I762+I763+I764+I766+I767+I768+I769+I770+I771+I772","v":14228801.057},null,null,null,{"$f":"M756+M758+M757+M755+M760+M761+M762+M763+M764+M766+M767+M768+M769+M770+M771+M772","v":2134754.44},null,{"$f":"O756+O758+O757+O755+O760+O761+O762+O763+O764+O766+O767+O768+O769+O770+O771+O772","v":0},{"$f":"P756+P758+P757+P755+P760+P761+P762+P763+P764+P766+P767+P768+P769+P770+P771+P772","v":2134754.44},null,null,{"$f":"S756+S758+S757+S755+S760+S761+S762+S763+S764+S766+S767+S768+S769+S770+S771+S772","v":188930.82},null,{"$f":"U756+U758+U757+U755+U760+U761+U762+U763+U764+U766+U767+U768+U769+U770+U771+U772","v":0},{"$f":"V756+V758+V757+V755+V760+V761+V762+V763+V764+V766+V767+V768+V769+V770+V771+V772","v":188930.82},null,null,{"$f":"Y756+Y758+Y757+Y755+Y760+Y761+Y762+Y763+Y764+Y766+Y767+Y768+Y769+Y770+Y771+Y772","v":1776057.9523999998},null,{"$f":"AA756+AA758+AA757+AA755+AA760+AA761+AA762+AA763+AA764+AA766+AA767+AA768+AA769+AA770+AA771+AA772","v":5896490.5095999995},{"$f":"AB756+AB758+AB757+AB755+AB760+AB761+AB762+AB763+AB764+AB766+AB767+AB768+AB769+AB770+AB771+AB772","v":7672548.4620000003},null,null,{"$f":"AE756+AE758+AE757+AE755+AE760+AE761+AE762+AE763+AE764+AE766+AE767+AE768+AE769+AE770+AE771+AE772","v":0},null,{"$f":"AG756+AG758+AG757+AG755+AG760+AG761+AG762+AG763+AG764+AG766+AG767+AG768+AG769+AG770+AG771+AG772","v":0},{"$f":"AH756+AH758+AH757+AH755+AH760+AH761+AH762+AH763+AH764+AH766+AH767+AH768+AH769+AH770+AH771+AH772","v":0},null,null,{"$f":"AK756+AK758+AK757+AK755+AK760+AK761+AK762+AK763+AK764+AK766+AK767+AK768+AK769+AK770+AK771+AK772","v":0},null,{"$f":"AM756+AM758+AM757+AM755+AM760+AM761+AM762+AM763+AM764+AM766+AM767+AM768+AM769+AM770+AM771+AM772","v":0},{"$f":"AN756+AN758+AN757+AN755+AN760+AN761+AN762+AN763+AN764+AN766+AN767+AN768+AN769+AN770+AN771+AN772","v":0},null,null,{"$f":"AQ756+AQ758+AQ757+AQ755+AQ760+AQ761+AQ762+AQ763+AQ764+AQ766+AQ767+AQ768+AQ769+AQ770+AQ771+AQ772","v":0},null,{"$f":"AS756+AS758+AS757+AS755+AS760+AS761+AS762+AS763+AS764+AS766+AS767+AS768+AS769+AS770+AS771+AS772","v":0},{"$f":"AT756+AT758+AT757+AT755+AT760+AT761+AT762+AT763+AT764+AT766+AT767+AT768+AT769+AT770+AT771+AT772","v":0},null,null,{"$f":"AW756+AW758+AW757+AW755+AW760+AW761+AW762+AW763+AW764+AW766+AW767+AW768+AW769+AW770+AW771+AW772","v":0},null,{"$f":"AY756+AY758+AY757+AY755+AY760+AY761+AY762+AY763+AY764+AY766+AY767+AY768+AY769+AY770+AY771+AY772","v":0},{"$f":"AZ756+AZ758+AZ757+AZ755+AZ760+AZ761+AZ762+AZ763+AZ764+AZ766+AZ767+AZ768+AZ769+AZ770+AZ771+AZ772","v":0},null,null,{"$f":"BC756+BC758+BC757+BC755+BC760+BC761+BC762+BC763+BC764+BC766+BC767+BC768+BC769+BC770+BC771+BC772","v":0},null,{"$f":"BE756+BE758+BE757+BE755+BE760+BE761+BE762+BE763+BE764+BE766+BE767+BE768+BE769+BE770+BE771+BE772","v":0},{"$f":"BF756+BF758+BF757+BF755+BF760+BF761+BF762+BF763+BF764+BF766+BF767+BF768+BF769+BF770+BF771+BF772","v":0},null,0,null,{"$f":"BJ756+BJ758+BJ757+BJ755+BJ760+BJ761+BJ762+BJ763+BJ764+BJ766+BJ767+BJ768+BJ769+BJ770+BJ771+BJ772","v":4099743.2123999996},null,{"$f":"BL756+BL758+BL757+BL755+BL760+BL761+BL762+BL763+BL764+BL766+BL767+BL768+BL769+BL770+BL771+BL772","v":5896490.5095999995},{"$f":"BM756+BM758+BM757+BM755+BM760+BM761+BM762+BM763+BM764+BM766+BM767+BM768+BM769+BM770+BM771+BM772","v":9996233.7219999991},0,null,{"$f":"BP756+BP758+BP757+BP755+BP760+BP761+BP762+BP763+BP764+BP766+BP767+BP768+BP769+BP770+BP771+BP772","v":1642043.2176000001},null,{"$f":"BR756+BR758+BR757+BR755+BR760+BR761+BR762+BR763+BR764+BR766+BR767+BR768+BR769+BR770+BR771+BR772","v":2590524.1174000008},{"$f":"BS756+BS758+BS757+BS755+BS760+BS761+BS762+BS763+BS764+BS766+BS767+BS768+BS769+BS770+BS771+BS772","v":4232567.3350000009}]
["3.1.2.1","Сооружение земляного полотна",null,null,0,null,0,null,null,null,null,0,null,0,null,null,null,0,null,0,null,null,null,0,null,0,null,null,null,0,null,0,null,null,null,0,null,0,null,null,null,0,null,0,null,null,null,0,null,0,null,null,null,0,null,0,null,null,null,0,0,null,0,null,null,0,0,null,0]
["3.1.2.1.1","Вывоз и утилизация с К разрыхления 1,6","м3",{"$f":"149.9*1.6-149.9","v":89.940000000000026},1590,{"$f":"D755*E755","v":143004.60000000003},0,null,{"$f":"E755*D755+G755*D755","v":143004.60000000003},null,null,1590,{"$f":"K755*L755","v":0},0,null,{"$f":"L755*K755+N755*K755","v":0},null,1590,{"$f":"Q755*R755","v":0},0,null,{"$f":"R755*Q755+T755*Q755","v":0},null,1590,{"$f":"W755*X755","v":0},0,null,{"$f":"X755*W755+Z755*W755","v":0},null,1590,{"$f":"AC755*AD755","v":0},0,null,{"$f":"AD755*AC755+AF755*AC755","v":0},null,1590,{"$f":"AI755*AJ755","v":0},0,null,{"$f":"AJ755*AI755+AL755*AI755","v":0},null,1590,{"$f":"AO755*AP755","v":0},0,null,{"$f":"AP755*AO755+AR755*AO755","v":0},null,1590,{"$f":"AU755*AV755","v":0},0,null,{"$f":"AV755*AU755+AX755*AU755","v":0},null,1590,{"$f":"BA755*BB755","v":0},0,null,{"$f":"BB755*BA755+BD755*BA755","v":0},null,0,1590,{"$f":"BH755*BI755","v":0},0,null,{"$f":"BI755*BH755+BK755*BH755","v":0},89.940000000000026,1590,{"$f":"BN755*BO755","v":143004.60000000003},0,null,{"$f":"BO755*BN755+BQ755*BN755","v":143004.60000000003}]
["3.1.2.1.2","Вырезка существующего бетонного покрытия пола ","м3",101.08,19422,{"$f":"D756*E756","v":1963175.76},0,null,1963175.76,null,96.62,19422,{"$f":"K756*L756","v":1876553.6400000001},0,null,1876553.6400000001,4.46,19422,{"$f":"Q756*R756","v":86622.12},0,null,86622.12,null,19422,{"$f":"W756*X756","v":0},0,null,0,null,19422,{"$f":"AC756*AD756","v":0},0,null,0,null,19422,{"$f":"AI756*AJ756","v":0},0,null,0,null,19422,{"$f":"AO756*AP756","v":0},0,null,0,null,19422,{"$f":"AU756*AV756","v":0},0,null,0,null,19422,{"$f":"BA756*BB756","v":0},0,null,0,null,101.08,19422,{"$f":"BH756*BI756","v":1963175.76},0,null,1963175.76,0,19422,{"$f":"BN756*BO756","v":0},0,null,0]
["3.1.2.1.3","Выемка техногенного грунта с перевозкой на 30 км и утилизацией","м3",149.9,2405,{"$f":"D757*E757","v":360509.5},0,null,360509.5,null,107.36,2405,{"$f":"K757*L757","v":258200.8},0,null,258200.8,42.54,2405,{"$f":"Q757*R757","v":102308.7},0,null,102308.7,null,2405,{"$f":"W757*X757","v":0},0,null,0,null,2405,{"$f":"AC757*AD757","v":0},0,null,0,null,2405,{"$f":"AI757*AJ757","v":0},0,null,0,null,2405,{"$f":"AO757*AP757","v":0},0,null,0,null,2405,{"$f":"AU757*AV757","v":0},0,null,0,null,2405,{"$f":"BA757*BB757","v":0},0,null,0,null,149.9,2405,{"$f":"BH757*BI757","v":360509.5},0,null,360509.5,0,2405,{"$f":"BN757*BO757","v":0},0,null,0]
["3.1.2.1.4","Вывоз и утилизация с К разрыхления 1,47","м3",{"$f":"D756*1.47","v":148.58760000000001},1590,{"$f":"D758*E758","v":236254.28400000001},0,null,236254.28400000001,null,null,1590,{"$f":"K758*L758","v":0},0,null,0,null,1590,{"$f":"Q758*R758","v":0},0,null,0,null,1590,{"$f":"W758*X758","v":0},0,null,0,null,1590,{"$f":"AC758*AD758","v":0},0,null,0,null,1590,{"$f":"AI758*AJ758","v":0},0,null,0,null,1590,{"$f":"AO758*AP758","v":0},0,null,0,null,1590,{"$f":"AU758*AV758","v":0},0,null,0,null,1590,{"$f":"BA758*BB758","v":0},0,null,0,null,0,1590,{"$f":"BH758*BI758","v":0},0,null,0,148.58760000000001,1590,{"$f":"BN758*BO758","v":236254.28400000001},0,null,236254.28400000001]
["3.1.2.2","Устройство балластного слоя ж/д пути под подошвой шпалы (h)20см",null,null,null,null,null,null,null,null,null,null,null,null,null,null,null,null,null,null,null,null,null,null,null,null,null,null,null,null,null,null,null,null,null,null,null,null,null,null,null,null,null,null,null,null,null,null,null,null,null,null,null,null,null,null,null,null,null,0,null,null,null,null,null,0]
["3.1.2.2.1"," - из щебня балластного фр.25-60 ","м3",{"$f":"54+86.6","v":140.6},2513.16,{"$f":"D760*E760","v":353350.29599999997},6681,{"$f":"D760*G760","v":939348.6},{"$f":"E760*D760+G760*D760","v":1292698.8959999999},null,null,2513.16,{"$f":"K760*L760","v":0},6681,{"$f":"K760*N760","v":0},{"$f":"L760*K760+N760*K760","v":0},null,2513.16,{"$f":"Q760*R760","v":0},6681,{"$f":"Q760*T760","v":0},{"$f":"R760*Q760+T760*Q760","v":0},91.31,2513.16,{"$f":"W760*X760","v":229476.63959999999},6681,{"$f":"W760*Z760","v":610042.11},{"$f":"X760*W760+Z760*W760","v":839518.74959999998},null,2513.16,{"$f":"AC760*AD760","v":0},6681,{"$f":"AC760*AF760","v":0},{"$f":"AD760*AC760+AF760*AC760","v":0},null,2513.16,{"$f":"AI760*AJ760","v":0},6681,{"$f":"AI760*AL760","v":0},{"$f":"AJ760*AI760+AL760*AI760","v":0},null,2513.16,{"$f":"AO760*AP760","v":0},6681,{"$f":"AO760*AR760","v":0},{"$f":"AP760*AO760+AR760*AO760","v":0},null,2513.16,{"$f":"AU760*AV760","v":0},6681,{"$f":"AU760*AX760","v":0},{"$f":"AV760*AU760+AX760*AU760","v":0},null,2513.16,{"$f":"BA760*BB760","v":0},6681,{"$f":"BA760*BD760","v":0},{"$f":"BB760*BA760+BD760*BA760","v":0},null,91.31,2513.16,{"$f":"BH760*BI760","v":229476.63959999999},6681,{"$f":"BH760*BK760","v":610042.11},{"$f":"BI760*BH760+BK760*BH760","v":839518.74959999998},49.289999999999992,2513.16,{"$f":"BN760*BO760","v":123873.65639999998},6681,{"$f":"BN760*BQ760","v":329306.48999999993},{"$f":"BO760*BN760+BQ760*BN760","v":453180.14639999991}]
["3.1.2.2.2"," - из щебня балластного фр.25-60 (с Куплотнения)","м3",36.520000000000003,0,null,6681,{"$f":"D761*G761","v":243990.12000000002},243990.12000000002,null,null,0,null,6681,{"$f":"K761*N761","v":0},0,null,0,null,6681,{"$f":"Q761*T761","v":0},0,null,0,null,6681,{"$f":"W761*Z761","v":0},0,null,0,null,6681,{"$f":"AC761*AF761","v":0},0,null,0,null,6681,{"$f":"AI761*AL761","v":0},0,null,0,null,6681,{"$f":"AO761*AR761","v":0},0,null,0,null,6681,{"$f":"AU761*AX761","v":0},0,null,0,null,6681,{"$f":"BA761*BD761","v":0},0,null,0,0,null,6681,{"$f":"BH761*BK761","v":0},0,36.520000000000003,0,null,6681,{"$f":"BN761*BQ761","v":243990.12000000002},243990.12000000002]
["3.1.2.2.3"," - гравийно-песчаная подушка","м3",{"$f":"31+47.9","v":78.900000000000006},2333.7600000000002,{"$f":"D762*E762","v":184133.66400000002},2161.5,{"$f":"D762*G762","v":170542.35},354676.01400000002,null,null,2333.7600000000002,{"$f":"K762*L762","v":0},2161.5,{"$f":"K762*N762","v":0},0,null,2333.7600000000002,{"$f":"Q762*R762","v":0},2161.5,{"$f":"Q762*T762","v":0},0,57.5,2333.7600000000002,{"$f":"W762*X762","v":134191.20000000001},2161.5,{"$f":"W762*Z762","v":124286.25},258477.45,null,2333.7600000000002,{"$f":"AC762*AD762","v":0},2161.5,{"$f":"AC762*AF762","v":0},0,null,2333.7600000000002,{"$f":"AI762*AJ762","v":0},2161.5,{"$f":"AI762*AL762","v":0},0,null,2333.7600000000002,{"$f":"AO762*AP762","v":0},2161.5,{"$f":"AO762*AR762","v":0},0,null,2333.7600000000002,{"$f":"AU762*AV762","v":0},2161.5,{"$f":"AU762*AX762","v":0},0,null,2333.7600000000002,{"$f":"BA762*BB762","v":0},2161.5,{"$f":"BA762*BD762","v":0},0,null,57.5,2333.7600000000002,{"$f":"BH762*BI762","v":134191.20000000001},2161.5,{"$f":"BH762*BK762","v":124286.25},258477.45,21.400000000000006,2333.7600000000002,{"$f":"BN762*BO762","v":49942.464000000014},2161.5,{"$f":"BN762*BQ762","v":46256.100000000013},96198.564000000028]
["3.1.2.2.4"," - гравийно-песчаная подушка  (с Куплотнения)","м3",15.78,0,null,2161.5,{"$f":"D763*G763","v":34108.47},34108.47,null,null,0,null,2161.5,{"$f":"K763*N763","v":0},0,null,0,null,2161.5,{"$f":"Q763*T763","v":0},0,null,0,null,2161.5,{"$f":"W763*Z763","v":0},0,null,0,null,2161.5,{"$f":"AC763*AF763","v":0},0,null,0,null,2161.5,{"$f":"AI763*AL763","v":0},0,null,0,null,2161.5,{"$f":"AO763*AR763","v":0},0,null,0,null,2161.5,{"$f":"AU763*AX763","v":0},0,null,0,null,2161.5,{"$f":"BA763*BD763","v":0},0,null,0,0,null,2161.5,{"$f":"BH763*BK763","v":0},0,15.78,0,null,2161.5,{"$f":"BN763*BQ763","v":34108.47},34108.47]
["3.1.2.2.5"," - геотекстиль 5м 500г/м","м",110,46.8,{"$f":"D764*E764","v":5148},445,{"$f":"D764*G764","v":48950},54098,null,null,46.8,{"$f":"K764*L764","v":0},445,{"$f":"K764*N764","v":0},0,null,46.8,{"$f":"Q764*R764","v":0},445,{"$f":"Q764*T764","v":0},0,78.14,46.8,{"$f":"W764*X764","v":3656.9519999999998},445,{"$f":"W764*Z764","v":34772.300000000003},38429.252,null,46.8,{"$f":"AC764*AD764","v":0},445,{"$f":"AC764*AF764","v":0},0,null,46.8,{"$f":"AI764*AJ764","v":0},445,{"$f":"AI764*AL764","v":0},0,null,46.8,{"$f":"AO764*AP764","v":0},445,{"$f":"AO764*AR764","v":0},0,null,46.8,{"$f":"AU764*AV764","v":0},445,{"$f":"AU764*AX764","v":0},0,null,46.8,{"$f":"BA764*BB764","v":0},445,{"$f":"BA764*BD764","v":0},0,null,78.14,46.8,{"$f":"BH764*BI764","v":3656.9519999999998},445,{"$f":"BH764*BK764","v":34772.300000000003},38429.252,31.86,46.8,{"$f":"BN764*BO764","v":1491.0479999999998},445,{"$f":"BN764*BQ764","v":14177.699999999999},15668.748]
["3.1.2.3","Верхнее строение пути №2",null,null,null,null,null,null,null,null,null,null,null,null,null,null,null,null,null,null,null,null,null,null,null,null,null,null,null,null,null,null,null,null,null,null,null,null,null,null,null,null,null,null,null,null,null,null,null,null,null,null,null,null,null,null,null,null,null,0,null,null,null,null,null,0]
["3.1.2.3.1","Укладка звеньевого пути в прямых и кривых новыми рельсами (рельсы типа Р65, длиной 12,5м на ж/б шпалах с эпюрой шпал 1840шт./км с разделанным промежуточным скреплением типа Р65 ","м",{"$f":"42.99+66.56","v":109.55000000000001},2475.7199999999998,{"$f":"D766*E766","v":271215.12599999999},60348.14,{"$f":"D766*G766","v":6611138.7370000007},{"$f":"E766*D766+G766*D766","v":6882353.8630000008},null,null,2475.7199999999998,{"$f":"K766*L766","v":0},60348.14,{"$f":"K766*N766","v":0},{"$f":"L766*K766+N766*K766","v":0},null,2475.7199999999998,{"$f":"Q766*R766","v":0},60348.14,{"$f":"Q766*T766","v":0},{"$f":"R766*Q766+T766*Q766","v":0},78.14,2475.7199999999998,{"$f":"W766*X766","v":193452.76079999999},60348.14,{"$f":"W766*Z766","v":4715603.6595999999},{"$f":"X766*W766+Z766*W766","v":4909056.4204000002},null,2475.7199999999998,{"$f":"AC766*AD766","v":0},60348.14,{"$f":"AC766*AF766","v":0},{"$f":"AD766*AC766+AF766*AC766","v":0},null,2475.7199999999998,{"$f":"AI766*AJ766","v":0},60348.14,{"$f":"AI766*AL766","v":0},{"$f":"AJ766*AI766+AL766*AI766","v":0},null,2475.7199999999998,{"$f":"AO766*AP766","v":0},60348.14,{"$f":"AO766*AR766","v":0},{"$f":"AP766*AO766+AR766*AO766","v":0},null,2475.7199999999998,{"$f":"AU766*AV766","v":0},60348.14,{"$f":"AU766*AX766","v":0},{"$f":"AV766*AU766+AX766*AU766","v":0},null,2475.7199999999998,{"$f":"BA766*BB766","v":0},60348.14,{"$f":"BA766*BD766","v":0},{"$f":"BB766*BA766+BD766*BA766","v":0},null,78.14,2475.7199999999998,{"$f":"BH766*BI766","v":193452.76079999999},60348.14,{"$f":"BH766*BK766","v":4715603.6595999999},{"$f":"BI766*BH766+BK766*BH766","v":4909056.4204000002},31.410000000000011,2475.7199999999998,{"$f":"BN766*BO766","v":77762.365200000015},60348.14,{"$f":"BN766*BQ766","v":1895535.0774000005},{"$f":"BO766*BN766+BQ766*BN766","v":1973297.4426000006}]
["3.1.2.3.2","Монтаж дюбеля полимерного, Сверление в ж/б конструкциях вертикальных отверстий Ф 35 мм","шт.",152,1254,190608,115,{"$f":"D767*G767","v":17480},208088,null,null,1254,0,115,{"$f":"K767*N767","v":0},0,null,1254,0,115,{"$f":"Q767*T767","v":0},0,100,1254,125400,115,{"$f":"W767*Z767","v":11500},136900,null,1254,0,115,{"$f":"AC767*AF767","v":0},0,null,1254,0,115,{"$f":"AI767*AL767","v":0},0,null,1254,0,115,{"$f":"AO767*AR767","v":0},0,null,1254,0,115,{"$f":"AU767*AX767","v":0},0,null,1254,0,115,{"$f":"BA767*BD767","v":0},0,null,100,1254,125400,115,{"$f":"BH767*BK767","v":11500},136900,52,1254,65208,115,{"$f":"BN767*BQ767","v":5980},71188]
["3.1.1.3.3","Выправка пути в плане и в профиле (Р65, шпалы ж/б)","м",{"$f":"42.99+66.56","v":109.55000000000001},6552,717771.60000000009,0,null,717771.60000000009,null,null,6552,0,0,null,0,null,6552,0,0,null,0,78.14,6552,511973.28,0,null,511973.28,null,6552,0,0,null,0,null,6552,0,0,null,0,null,6552,0,0,null,0,null,6552,0,0,null,0,null,6552,0,0,null,0,null,78.14,6552,511973.28,0,null,511973.28,31.410000000000011,6552,205798.32000000007,0,null,205798.32000000007]
["3.1.1.3.4","Послеосадочный ремонт (Р65, шпалы ж/б)","м",{"$f":"42.99+66.56","v":109.55000000000001},6552,717771.60000000009,0,null,717771.60000000009,null,null,6552,0,0,null,0,null,6552,0,0,null,0,null,6552,0,0,null,0,null,6552,0,0,null,0,null,6552,0,0,null,0,null,6552,0,0,null,0,null,6552,0,0,null,0,null,6552,0,0,null,0,null,0,6552,0,0,null,0,109.55000000000001,6552,717771.60000000009,0,null,717771.60000000009]
["3.1.1.3.5","Устройство тупикового рельсового упора колесных пар","шт.",1,124800,124800,49408.35,{"$f":"D770*G770","v":49408.35},174208.35,null,null,124800,0,49408.35,{"$f":"K770*N770","v":0},0,null,124800,0,49408.35,{"$f":"Q770*T770","v":0},0,1,124800,124800,49408.35,{"$f":"W770*Z770","v":49408.35},174208.35,null,124800,0,49408.35,{"$f":"AC770*AF770","v":0},0,null,124800,0,49408.35,{"$f":"AI770*AL770","v":0},0,null,124800,0,49408.35,{"$f":"AO770*AR770","v":0},0,null,124800,0,49408.35,{"$f":"AU770*AX770","v":0},0,null,124800,0,49408.35,{"$f":"BA770*BD770","v":0},0,null,1,124800,124800,49408.35,{"$f":"BH770*BK770","v":49408.35},174208.35,0,124800,0,49408.35,{"$f":"BN770*BQ770","v":0},0]
["3.1.1.3.6","Изготовление и монтаж в построечных условиях конструкций закладных МС2 (68шт., L=150мм; 0,72кг/шт.) ","шт.",{"$f":"36+34","v":70},1664,116480,150,{"$f":"D771*G771","v":10500},126980,null,null,1664,0,150,{"$f":"K771*N771","v":0},0,null,1664,0,150,{"$f":"Q771*T771","v":0},0,70,1664,116480,150,{"$f":"W771*Z771","v":10500},126980,null,1664,0,150,{"$f":"AC771*AF771","v":0},0,null,1664,0,150,{"$f":"AI771*AL771","v":0},0,null,1664,0,150,{"$f":"AO771*AR771","v":0},0,null,1664,0,150,{"$f":"AU771*AX771","v":0},0,null,1664,0,150,{"$f":"BA771*BD771","v":0},0,null,70,1664,116480,150,{"$f":"BH771*BK771","v":10500},126980,0,1664,0,150,{"$f":"BN771*BQ771","v":0},0]
["3.1.1.3.7","Установка изделий МС-1 с огнезащитным покрытием штукатурным составом толщ. покрытия 1 мм","м",{"$f":"86+80","v":166},2154,357564,2178,{"$f":"D772*G772","v":361548},719112,null,null,2154,0,2178,{"$f":"K772*N772","v":0},0,null,2154,0,2178,{"$f":"Q772*T772","v":0},0,156.28,2154,336627.12,2178,{"$f":"W772*Z772","v":340377.84},677004.96,null,2154,0,2178,{"$f":"AC772*AF772","v":0},0,null,2154,0,2178,{"$f":"AI772*AL772","v":0},0,null,2154,0,2178,{"$f":"AO772*AR772","v":0},0,null,2154,0,2178,{"$f":"AU772*AX772","v":0},0,null,2154,0,2178,{"$f":"BA772*BD772","v":0},0,null,156.28,2154,336627.12,2178,{"$f":"BH772*BK772","v":340377.84},677004.96,9.7199999999999989,2154,20936.879999999997,2178,{"$f":"BN772*BQ772","v":21170.159999999996},42107.039999999994]
["3.1.3","Железнодорожный путь №3",null,null,null,{"$f":"F776+F785+F777+F775+F779+F784+F780+F782+F781+F783+F787+F789+F788+F791+F790+F792+F793","v":8866087.1569999997},null,{"$f":"H776+H785+H777+H775+H779+H784+H780+H782+H781+H783+H787+H789+H788+H791+H790+H792+H793","v":12283535.26},{"$f":"I776+I785+I777+I775+I779+I784+I780+I782+I781+I783+I787+I789+I788+I791+I790+I792+I793","v":21149622.416999999},null,null,null,{"$f":"M776+M785+M777+M775+M779+M784+M780+M782+M781+M783+M787+M789+M788+M791+M790+M792+M793","v":5344571.0156000005},null,{"$f":"O776+O785+O777+O775+O779+O784+O780+O782+O781+O783+O787+O789+O788+O791+O790+O792+O793","v":9404321.6899999995},{"$f":"P776+P785+P777+P775+P779+P784+P780+P782+P781+P783+P787+P789+P788+P791+P790+P792+P793","v":14748892.715599999},null,null,{"$f":"S776+S785+S777+S775+S779+S784+S780+S782+S781+S783+S787+S789+S788+S791+S790+S792+S793","v":0},null,{"$f":"U776+U785+U777+U775+U779+U784+U780+U782+U781+U783+U787+U789+U788+U791+U790+U792+U793","v":0},{"$f":"V776+V785+V777+V775+V779+V784+V780+V782+V781+V783+V787+V789+V788+V791+V790+V792+V793","v":0},null,null,{"$f":"Y776+Y785+Y777+Y775+Y779+Y784+Y780+Y782+Y781+Y783+Y787+Y789+Y788+Y791+Y790+Y792+Y793","v":1429474.3840000001},null,{"$f":"AA776+AA785+AA777+AA775+AA779+AA784+AA780+AA782+AA781+AA783+AA787+AA789+AA788+AA791+AA790+AA792+AA793","v":2308546.0999999996},{"$f":"AB776+AB785+AB777+AB775+AB779+AB784+AB780+AB782+AB781+AB783+AB787+AB789+AB788+AB791+AB790+AB792+AB793","v":3738020.4840000002},null,null,{"$f":"AE776+AE785+AE777+AE775+AE779+AE784+AE780+AE782+AE781+AE783+AE787+AE789+AE788+AE791+AE790+AE792+AE793","v":0},null,{"$f":"AG776+AG785+AG777+AG775+AG779+AG784+AG780+AG782+AG781+AG783+AG787+AG789+AG788+AG791+AG790+AG792+AG793","v":0},{"$f":"AH776+AH785+AH777+AH775+AH779+AH784+AH780+AH782+AH781+AH783+AH787+AH789+AH788+AH791+AH790+AH792+AH793","v":0},null,null,{"$f":"AK776+AK785+AK777+AK775+AK779+AK784+AK780+AK782+AK781+AK783+AK787+AK789+AK788+AK791+AK790+AK792+AK793","v":0},null,{"$f":"AM776+AM785+AM777+AM775+AM779+AM784+AM780+AM782+AM781+AM783+AM787+AM789+AM788+AM791+AM790+AM792+AM793","v":0},{"$f":"AN776+AN785+AN777+AN775+AN779+AN784+AN780+AN782+AN781+AN783+AN787+AN789+AN788+AN791+AN790+AN792+AN793","v":0},null,null,{"$f":"AQ776+AQ785+AQ777+AQ775+AQ779+AQ784+AQ780+AQ782+AQ781+AQ783+AQ787+AQ789+AQ788+AQ791+AQ790+AQ792+AQ793","v":0},null,{"$f":"AS776+AS785+AS777+AS775+AS779+AS784+AS780+AS782+AS781+AS783+AS787+AS789+AS788+AS791+AS790+AS792+AS793","v":0},{"$f":"AT776+AT785+AT777+AT775+AT779+AT784+AT780+AT782+AT781+AT783+AT787+AT789+AT788+AT791+AT790+AT792+AT793","v":0},null,null,{"$f":"AW776+AW785+AW777+AW775+AW779+AW784+AW780+AW782+AW781+AW783+AW787+AW789+AW788+AW791+AW790+AW792+AW793","v":0},null,{"$f":"AY776+AY785+AY777+AY775+AY779+AY784+AY780+AY782+AY781+AY783+AY787+AY789+AY788+AY791+AY790+AY792+AY793","v":0},{"$f":"AZ776+AZ785+AZ777+AZ775+AZ779+AZ784+AZ780+AZ782+AZ781+AZ783+AZ787+AZ789+AZ788+AZ791+AZ790+AZ792+AZ793","v":0},null,null,{"$f":"BC776+BC785+BC777+BC775+BC779+BC784+BC780+BC782+BC781+BC783+BC787+BC789+BC788+BC791+BC790+BC792+BC793","v":0},null,{"$f":"BE776+BE785+BE777+BE775+BE779+BE784+BE780+BE782+BE781+BE783+BE787+BE789+BE788+BE791+BE790+BE792+BE793","v":0},{"$f":"BF776+BF785+BF777+BF775+BF779+BF784+BF780+BF782+BF781+BF783+BF787+BF789+BF788+BF791+BF790+BF792+BF793","v":0},null,0,null,{"$f":"BJ776+BJ785+BJ777+BJ775+BJ779+BJ784+BJ780+BJ782+BJ781+BJ783+BJ787+BJ789+BJ788+BJ791+BJ790+BJ792+BJ793","v":6774045.3996000001},null,{"$f":"BL776+BL785+BL777+BL775+BL779+BL784+BL780+BL782+BL781+BL783+BL787+BL789+BL788+BL791+BL790+BL792+BL793","v":11712867.789999999},{"$f":"BM776+BM785+BM777+BM775+BM779+BM784+BM780+BM782+BM781+BM783+BM787+BM789+BM788+BM791+BM790+BM792+BM793","v":18486913.1996},0,null,{"$f":"BP776+BP785+BP777+BP775+BP779+BP784+BP780+BP782+BP781+BP783+BP787+BP789+BP788+BP791+BP790+BP792+BP793","v":2092041.7574},null,{"$f":"BR776+BR785+BR777+BR775+BR779+BR784+BR780+BR782+BR781+BR783+BR787+BR789+BR788+BR791+BR790+BR792+BR793","v":570667.46999999986},{"$f":"BS776+BS785+BS777+BS775+BS779+BS784+BS780+BS782+BS781+BS783+BS787+BS789+BS788+BS791+BS790+BS792+BS793","v":2662709.2273999993}]
["3.1.3.1","Сооружение земляного полотна",null,null,0,null,0,null,null,null,null,0,null,0,null,null,null,0,null,0,null,null,null,0,null,0,null,null,null,0,null,0,null,null,null,0,null,0,null,null,null,0,null,0,null,null,null,0,null,0,null,null,null,0,null,0,null,null,null,0,0,null,0,null,null,0,0,null,0]
["3.1.3.1.1","Вывоз и утилизация с К разрыхления 1,6","м3",{"$f":"213.8*1.6-213.8","v":128.28000000000003},1590,{"$f":"D775*E775","v":203965.20000000004},0,null,{"$f":"E775*D775+G775*D775","v":203965.20000000004},null,null,1590,{"$f":"K775*L775","v":0},0,null,{"$f":"L775*K775+N775*K775","v":0},null,1590,{"$f":"Q775*R775","v":0},0,null,{"$f":"R775*Q775+T775*Q775","v":0},null,1590,{"$f":"W775*X775","v":0},0,null,{"$f":"X775*W775+Z775*W775","v":0},null,1590,{"$f":"AC775*AD775","v":0},0,null,{"$f":"AD775*AC775+AF775*AC775","v":0},null,1590,{"$f":"AI775*AJ775","v":0},0,null,{"$f":"AJ775*AI775+AL775*AI775","v":0},null,1590,{"$f":"AO775*AP775","v":0},0,null,{"$f":"AP775*AO775+AR775*AO775","v":0},null,1590,{"$f":"AU775*AV775","v":0},0,null,{"$f":"AV775*AU775+AX775*AU775","v":0},null,1590,{"$f":"BA775*BB775","v":0},0,null,{"$f":"BB775*BA775+BD775*BA775","v":0},null,0,1590,{"$f":"BH775*BI775","v":0},0,null,{"$f":"BI775*BH775+BK775*BH775","v":0},128.28000000000003,1590,{"$f":"BN775*BO775","v":203965.20000000004},0,null,{"$f":"BO775*BN775+BQ775*BN775","v":203965.20000000004}]
["3.1.3.1.2","Вырезка существующего бетонного покрытия пола ","м3",172.01,19422,{"$f":"D776*E776","v":3340778.2199999997},0,null,{"$f":"E776*D776+G776*D776","v":3340778.2199999997},null,164.5,19422,{"$f":"K776*L776","v":3194919},0,null,{"$f":"L776*K776+N776*K776","v":3194919},null,19422,{"$f":"Q776*R776","v":0},0,null,{"$f":"R776*Q776+T776*Q776","v":0},null,19422,{"$f":"W776*X776","v":0},0,null,{"$f":"X776*W776+Z776*W776","v":0},null,19422,{"$f":"AC776*AD776","v":0},0,null,{"$f":"AD776*AC776+AF776*AC776","v":0},null,19422,{"$f":"AI776*AJ776","v":0},0,null,{"$f":"AJ776*AI776+AL776*AI776","v":0},null,19422,{"$f":"AO776*AP776","v":0},0,null,{"$f":"AP776*AO776+AR776*AO776","v":0},null,19422,{"$f":"AU776*AV776","v":0},0,null,{"$f":"AV776*AU776+AX776*AU776","v":0},null,19422,{"$f":"BA776*BB776","v":0},0,null,{"$f":"BB776*BA776+BD776*BA776","v":0},null,164.5,19422,{"$f":"BH776*BI776","v":3194919},0,null,{"$f":"BI776*BH776+BK776*BH776","v":3194919},7.5099999999999909,19422,{"$f":"BN776*BO776","v":145859.21999999983},0,null,{"$f":"BO776*BN776+BQ776*BN776","v":145859.21999999983}]
["3.1.3.1.3","Выемка техногенного грунта с перевозкой на 30 км и утилизацией","м3",213.8,2405,{"$f":"D777*E777","v":514189},0,null,{"$f":"E777*D777+G777*D777","v":514189},null,136,2405,{"$f":"K777*L777","v":327080},0,null,{"$f":"L777*K777+N777*K777","v":327080},null,2405,{"$f":"Q777*R777","v":0},0,null,{"$f":"R777*Q777+T777*Q777","v":0},null,2405,{"$f":"W777*X777","v":0},0,null,{"$f":"X777*W777+Z777*W777","v":0},null,2405,{"$f":"AC777*AD777","v":0},0,null,{"$f":"AD777*AC777+AF777*AC777","v":0},null,2405,{"$f":"AI777*AJ777","v":0},0,null,{"$f":"AJ777*AI777+AL777*AI777","v":0},null,2405,{"$f":"AO777*AP777","v":0},0,null,{"$f":"AP777*AO777+AR777*AO777","v":0},null,2405,{"$f":"AU777*AV777","v":0},0,null,{"$f":"AV777*AU777+AX777*AU777","v":0},null,2405,{"$f":"BA777*BB777","v":0},0,null,{"$f":"BB777*BA777+BD777*BA777","v":0},null,136,2405,{"$f":"BH777*BI777","v":327080},0,null,{"$f":"BI777*BH777+BK777*BH777","v":327080},77.800000000000011,2405,{"$f":"BN777*BO777","v":187109.00000000003},0,null,{"$f":"BO777*BN777+BQ777*BN777","v":187109.00000000003}]
["3.1.3.1.4","Устройство балластного слоя ж/д пути под подошвой шпалы (h)20см",null,null,null,null,null,null,null,null,null,null,null,null,null,null,null,null,null,null,null,null,null,null,null,null,null,null,null,null,null,null,null,null,null,null,null,null,null,null,null,null,null,null,null,null,null,null,null,null,null,null,null,null,null,null,null,null,null,0,null,null,null,null,null,0]
["3.1.3.1.4.1"," - из щебня балластного фр.25-60 ","м3",195,2513,{"$f":"D779*E779","v":490035},6681,{"$f":"D779*G779","v":1302795},{"$f":"E779*D779+G779*D779","v":1792830},null,84,2513,{"$f":"K779*L779","v":211092},6681,{"$f":"K779*N779","v":561204},{"$f":"L779*K779+N779*K779","v":772296},null,2513,{"$f":"Q779*R779","v":0},6681,{"$f":"Q779*T779","v":0},{"$f":"R779*Q779+T779*Q779","v":0},91.74,2513,{"$f":"W779*X779","v":230542.62},6681,{"$f":"W779*Z779","v":612914.93999999994},{"$f":"X779*W779+Z779*W779","v":843457.55999999994},null,2513,{"$f":"AC779*AD779","v":0},6681,{"$f":"AC779*AF779","v":0},{"$f":"AD779*AC779+AF779*AC779","v":0},null,2513,{"$f":"AI779*AJ779","v":0},6681,{"$f":"AI779*AL779","v":0},{"$f":"AJ779*AI779+AL779*AI779","v":0},null,2513,{"$f":"AO779*AP779","v":0},6681,{"$f":"AO779*AR779","v":0},{"$f":"AP779*AO779+AR779*AO779","v":0},null,2513,{"$f":"AU779*AV779","v":0},6681,{"$f":"AU779*AX779","v":0},{"$f":"AV779*AU779+AX779*AU779","v":0},null,2513,{"$f":"BA779*BB779","v":0},6681,{"$f":"BA779*BD779","v":0},{"$f":"BB779*BA779+BD779*BA779","v":0},null,175.74,2513,{"$f":"BH779*BI779","v":441634.62},6681,{"$f":"BH779*BK779","v":1174118.9400000002},{"$f":"BI779*BH779+BK779*BH779","v":1615753.56},19.259999999999991,2513,{"$f":"BN779*BO779","v":48400.379999999976},6681,{"$f":"BN779*BQ779","v":128676.05999999994},{"$f":"BO779*BN779+BQ779*BN779","v":177076.43999999992}]
["3.1.3.1.4.2"," - гравийно-песчаная подушка","м3",113,2333.7600000000002,{"$f":"D780*E780","v":263714.88},2161.5,244249.5,507964.38,null,90.06,2333.7600000000002,{"$f":"K780*L780","v":210178.42560000002},2161.5,194664.69,404843.11560000002,null,2333.7600000000002,{"$f":"Q780*R780","v":0},2161.5,0,0,null,2333.7600000000002,{"$f":"W780*X780","v":0},2161.5,0,0,null,2333.7600000000002,{"$f":"AC780*AD780","v":0},2161.5,0,0,null,2333.7600000000002,{"$f":"AI780*AJ780","v":0},2161.5,0,0,null,2333.7600000000002,{"$f":"AO780*AP780","v":0},2161.5,0,0,null,2333.7600000000002,{"$f":"AU780*AV780","v":0},2161.5,0,0,null,2333.7600000000002,{"$f":"BA780*BB780","v":0},2161.5,0,0,null,90.06,2333.7600000000002,{"$f":"BH780*BI780","v":210178.42560000002},2161.5,194664.69,404843.11560000002,22.939999999999998,2333.7600000000002,{"$f":"BN780*BO780","v":53536.454400000002},2161.5,49584.81,103121.2644]
["3.1.3.1.4.3"," - геотекстиль, 3м","м",156.38999999999999,46.8,{"$f":"D781*E781","v":7319.0519999999988},264,41286.959999999999,48606.011999999995,null,125,46.8,{"$f":"K781*L781","v":5850},264,33000,38850,null,46.8,{"$f":"Q781*R781","v":0},264,0,0,31.389999999999986,46.8,{"$f":"W781*X781","v":1469.0519999999992},264,8286.9599999999955,9756.0119999999952,null,46.8,{"$f":"AC781*AD781","v":0},264,0,0,null,46.8,{"$f":"AI781*AJ781","v":0},264,0,0,null,46.8,{"$f":"AO781*AP781","v":0},264,0,0,null,46.8,{"$f":"AU781*AV781","v":0},264,0,0,null,46.8,{"$f":"BA781*BB781","v":0},264,0,0,null,156.38999999999999,46.8,{"$f":"BH781*BI781","v":7319.0519999999988},264,41286.959999999999,48606.011999999995,0,46.8,{"$f":"BN781*BO781","v":0},264,0,0]
["3.1.3.1.4.4"," - гравийно-песчаная подушка (с К уплотнения)","м3",{"$f":"135.6-113","v":22.599999999999994},0,null,2161.5,48849.899999999987,48849.899999999987,null,null,0,null,2161.5,0,0,null,0,null,2161.5,0,0,null,0,null,2161.5,0,0,null,0,null,2161.5,0,0,null,0,null,2161.5,0,0,null,0,null,2161.5,0,0,null,0,null,2161.5,0,0,null,0,null,2161.5,0,0,null,0,0,null,2161.5,0,0,22.599999999999994,0,null,2161.5,48849.899999999987,48849.899999999987]
["3.1.3.1.4.5"," - геотекстиль 2м 500г/м","м",156.38999999999999,46.8,{"$f":"D783*E783","v":7319.0519999999988},180,28150.199999999997,35469.251999999993,null,null,46.8,{"$f":"K783*L783","v":0},180,0,0,null,46.8,{"$f":"Q783*R783","v":0},180,0,0,156.38999999999999,46.8,{"$f":"W783*X783","v":7319.0519999999988},180,28150.199999999997,35469.251999999993,null,46.8,{"$f":"AC783*AD783","v":0},180,0,0,null,46.8,{"$f":"AI783*AJ783","v":0},180,0,0,null,46.8,{"$f":"AO783*AP783","v":0},180,0,0,null,46.8,{"$f":"AU783*AV783","v":0},180,0,0,null,46.8,{"$f":"BA783*BB783","v":0},180,0,0,null,156.38999999999999,46.8,{"$f":"BH783*BI783","v":7319.0519999999988},180,28150.199999999997,35469.251999999993,0,46.8,{"$f":"BN783*BO783","v":0},180,0,0]
["3.1.3.1.4.6"," - из щебня балластного фр.25-60 (с К уплотнения)","м3",{"$f":"245.7-D779","v":50.699999999999989},0,null,6681,338726.6999999999,338726.6999999999,null,null,0,null,6681,0,0,null,0,null,6681,0,0,null,0,null,6681,0,0,null,0,null,6681,0,0,null,0,null,6681,0,0,null,0,null,6681,0,0,null,0,null,6681,0,0,null,0,null,6681,0,0,null,0,0,null,6681,0,0,50.699999999999989,0,null,6681,338726.6999999999,338726.6999999999]
["3.1.3.1.4","Вывоз и утилизация с К разрыхления 1,47","м3",{"$f":"D776*1.47","v":252.85469999999998},1490,{"$f":"D785*E785","v":376753.50299999997},0,null,376753.50299999997,null,null,1490,{"$f":"K785*L785","v":0},0,null,0,null,1490,{"$f":"Q785*R785","v":0},0,null,0,null,1490,{"$f":"W785*X785","v":0},0,null,0,null,1490,{"$f":"AC785*AD785","v":0},0,null,0,null,1490,{"$f":"AI785*AJ785","v":0},0,null,0,null,1490,{"$f":"AO785*AP785","v":0},0,null,0,null,1490,{"$f":"AU785*AV785","v":0},0,null,0,null,1490,{"$f":"BA785*BB785","v":0},0,null,0,null,0,1490,{"$f":"BH785*BI785","v":0},0,null,0,252.85469999999998,1490,{"$f":"BN785*BO785","v":376753.50299999997},0,null,376753.50299999997]
["3.1.3.2","Верхнее строение пути №3",null,null,0,null,0,null,null,null,null,0,null,0,null,null,null,0,null,0,null,null,null,0,null,0,null,null,null,0,null,0,null,null,null,0,null,0,null,null,null,0,null,0,null,null,null,0,null,0,null,null,null,0,null,0,null,null,null,0,0,null,0,null,null,0,0,null,0]
["3.1.3.2.1","Укладка звеньевого пути в прямых и кривых новыми рельсами (рельсы типа Р65, длиной 12,5м на ж/б шпалах с эпюрой шпал 1840шт./км с разделанным промежуточным скреплением типа Р65 ","м",156.25,2475.7199999999998,{"$f":"D787*E787","v":386831.24999999994},60860,{"$f":"D787*G787","v":9509375},{"$f":"E787*D787+G787*D787","v":9896206.25},null,140.75,2475.7199999999998,{"$f":"K787*L787","v":348457.58999999997},60860,{"$f":"K787*N787","v":8566045},{"$f":"(L787*K787+N787*K787)+0.01","v":8914502.5999999996},null,2475.7199999999998,{"$f":"Q787*R787","v":0},60860,{"$f":"Q787*T787","v":0},{"$f":"R787*Q787+T787*Q787","v":0},15.5,2475.7199999999998,{"$f":"W787*X787","v":38373.659999999996},60860,{"$f":"W787*Z787","v":943330},{"$f":"X787*W787+Z787*W787","v":981703.66},null,2475.7199999999998,{"$f":"AC787*AD787","v":0},60860,{"$f":"AC787*AF787","v":0},{"$f":"AD787*AC787+AF787*AC787","v":0},null,2475.7199999999998,{"$f":"AI787*AJ787","v":0},60860,{"$f":"AI787*AL787","v":0},{"$f":"AJ787*AI787+AL787*AI787","v":0},null,2475.7199999999998,{"$f":"AO787*AP787","v":0},60860,{"$f":"AO787*AR787","v":0},{"$f":"AP787*AO787+AR787*AO787","v":0},null,2475.7199999999998,{"$f":"AU787*AV787","v":0},60860,{"$f":"AU787*AX787","v":0},{"$f":"AV787*AU787+AX787*AU787","v":0},null,2475.7199999999998,{"$f":"BA787*BB787","v":0},60860,{"$f":"BA787*BD787","v":0},{"$f":"BB787*BA787+BD787*BA787","v":0},null,156.25,2475.7199999999998,{"$f":"BH787*BI787","v":386831.24999999994},60860,{"$f":"BH787*BK787","v":9509375},{"$f":"BI787*BH787+BK787*BH787+0.01","v":9896206.2599999998},0,2475.7199999999998,{"$f":"BN787*BO787","v":0},60860,{"$f":"BN787*BQ787","v":0},{"$f":"BO787*BN787+BQ787*BN787","v":0}]
["3.1.3.2.2","Выправка пути в плане и в профиле (Р65, шпалы ж/б)","м",156.25,6552,1023750,0,null,1023750,null,140.75,6552,922194,0,null,{"$f":"L788*K788+N788*K788","v":922194},null,6552,0,0,null,0,15.5,6552,101556,0,null,101556,null,6552,0,0,null,0,null,6552,0,0,null,0,null,6552,0,0,null,0,null,6552,0,0,null,0,null,6552,0,0,null,0,null,156.25,6552,1023750,0,null,{"$f":"BI788*BH788+BK788*BH788","v":1023750},0,6552,0,0,null,0]
["3.1.3.2.3","Монтаж дюбеля полимерного, Сверление в ж/б конструкциях вертикальных отверстий Ф 35 мм","шт.",172,1254,215688,115,{"$f":"D789*G789","v":19780},235468,null,null,1254,0,115,{"$f":"K789*N789","v":0},0,null,1254,0,115,{"$f":"Q789*T789","v":0},0,130,1254,163020,115,{"$f":"W789*Z789","v":14950},177970,null,1254,0,115,{"$f":"AC789*AF789","v":0},0,null,1254,0,115,{"$f":"AI789*AL789","v":0},0,null,1254,0,115,{"$f":"AO789*AR789","v":0},0,null,1254,0,115,{"$f":"AU789*AX789","v":0},0,null,1254,0,115,{"$f":"BA789*BD789","v":0},0,null,130,1254,163020,115,{"$f":"BH789*BK789","v":14950},177970,42,1254,52668,115,{"$f":"BN789*BQ789","v":4830},57498]
["3.1.3.2.4","Устройство тупикового рельсового упора колесных пар","шт.",1,124800,124800,49408,{"$f":"D790*G790","v":49408},174208,null,1,124800,124800,49408,{"$f":"K790*N790","v":49408},174208,null,124800,0,49408,{"$f":"Q790*T790","v":0},0,null,124800,0,49408,{"$f":"W790*Z790","v":0},0,null,124800,0,49408,{"$f":"AC790*AF790","v":0},0,null,124800,0,49408,{"$f":"AI790*AL790","v":0},0,null,124800,0,49408,{"$f":"AO790*AR790","v":0},0,null,124800,0,49408,{"$f":"AU790*AX790","v":0},0,null,124800,0,49408,{"$f":"BA790*BD790","v":0},0,null,1,124800,124800,49408,{"$f":"BH790*BK790","v":49408},174208,0,124800,0,49408,{"$f":"BN790*BQ790","v":0},0]
["3.1.3.2.5","Послеосадочный ремонт (Р65, шпалы ж/б)","м",156.25,6552,1023750,0,null,1023750,null,null,6552,0,0,null,0,null,6552,0,0,null,0,null,6552,0,0,null,0,null,6552,0,0,null,0,null,6552,0,0,null,0,null,6552,0,0,null,0,null,6552,0,0,null,0,null,6552,0,0,null,0,null,0,6552,0,0,null,0,156.25,6552,1023750,0,null,1023750]
["3.1.3.2.6","Изготовление и монтаж в построечных условиях конструкций закладных МС2 (68шт., L=150мм; 0,72кг/шт.) ","шт.",128,1664,212992,150,{"$f":"D792*G792","v":19200},232192,null,null,1664,0,150,{"$f":"K792*N792","v":0},0,null,1664,0,150,{"$f":"Q792*T792","v":0},0,128,1664,212992,150,{"$f":"W792*Z792","v":19200},232192,null,1664,0,150,{"$f":"AC792*AF792","v":0},0,null,1664,0,150,{"$f":"AI792*AL792","v":0},0,null,1664,0,150,{"$f":"AO792*AR792","v":0},0,null,1664,0,150,{"$f":"AU792*AX792","v":0},0,null,1664,0,150,{"$f":"BA792*BD792","v":0},0,null,128,1664,212992,150,{"$f":"BH792*BK792","v":19200},232192,0,1664,0,150,{"$f":"BN792*BQ792","v":0},0]
["3.1.3.2.7","Установка изделий МС-1 с огнезащитным покрытием штукатурным составом толщ. покрытия 1 мм","м",313,2154,674202,2178,{"$f":"D793*G793","v":681714},1355916,null,null,2154,0,2178,{"$f":"K793*N793","v":0},0,null,2154,0,2178,{"$f":"Q793*T793","v":0},0,313,2154,674202,2178,{"$f":"W793*Z793","v":681714},1355916,null,2154,0,2178,{"$f":"AC793*AF793","v":0},0,null,2154,0,2178,{"$f":"AI793*AL793","v":0},0,null,2154,0,2178,{"$f":"AO793*AR793","v":0},0,null,2154,0,2178,{"$f":"AU793*AX793","v":0},0,null,2154,0,2178,{"$f":"BA793*BD793","v":0},0,null,313,2154,674202,2178,{"$f":"BH793*BK793","v":681714},1355916,0,2154,0,2178,{"$f":"BN793*BQ793","v":0},0]
["3.1.4","Железнодорожный путь №4",null,null,null,{"$f":"F804+F803+F805+F813+F807+F811+F808+F810+F809+F812+F796+F797+F798+F799+F800+F801","v":4916689.1037999997},null,{"$f":"H804+H803+H805+H813+H807+H811+H808+H810+H809+H812+H796+H797+H798+H799+H800+H801","v":7801834.1000000006},{"$f":"I804+I803+I805+I813+I807+I811+I808+I810+I809+I812+I796+I797+I798+I799+I800+I801","v":12718523.2038},null,null,null,{"$f":"M804+M803+M805+M813+M807+M811+M808+M810+M809+M812+M796+M797+M798+M799+M800+M801","v":2680259.1374000004},null,{"$f":"O804+O803+O805+O813+O807+O811+O808+O810+O809+O812+O796+O797+O798+O799+O800+O801","v":5987395.2349999994},{"$f":"P804+P803+P805+P813+P807+P811+P808+P810+P809+P812+P796+P797+P798+P799+P800+P801","v":8667654.3824000005},null,null,{"$f":"S804+S803+S805+S813+S807+S811+S808+S810+S809+S812+S796+S797+S798+S799+S800+S801","v":0},null,{"$f":"U804+U803+U805+U813+U807+U811+U808+U810+U809+U812+U796+U797+U798+U799+U800+U801","v":0},{"$f":"V804+V803+V805+V813+V807+V811+V808+V810+V809+V812+V796+V797+V798+V799+V800+V801","v":0},null,null,{"$f":"Y804+Y803+Y805+Y813+Y807+Y811+Y808+Y810+Y809+Y812+Y796+Y797+Y798+Y799+Y800+Y801","v":697021.73640000005},null,{"$f":"AA804+AA803+AA805+AA813+AA807+AA811+AA808+AA810+AA809+AA812+AA796+AA797+AA798+AA799+AA800+AA801","v":1409081.7000000002},{"$f":"AB804+AB803+AB805+AB813+AB807+AB811+AB808+AB810+AB809+AB812+AB796+AB797+AB798+AB799+AB800+AB801","v":2106103.4364},null,null,{"$f":"AE804+AE803+AE805+AE813+AE807+AE811+AE808+AE810+AE809+AE812+AE796+AE797+AE798+AE799+AE800+AE801","v":0},null,{"$f":"AG804+AG803+AG805+AG813+AG807+AG811+AG808+AG810+AG809+AG812+AG796+AG797+AG798+AG799+AG800+AG801","v":0},{"$f":"AH804+AH803+AH805+AH813+AH807+AH811+AH808+AH810+AH809+AH812+AH796+AH797+AH798+AH799+AH800+AH801","v":0},null,null,{"$f":"AK804+AK803+AK805+AK813+AK807+AK811+AK808+AK810+AK809+AK812+AK796+AK797+AK798+AK799+AK800+AK801","v":0},null,{"$f":"AM804+AM803+AM805+AM813+AM807+AM811+AM808+AM810+AM809+AM812+AM796+AM797+AM798+AM799+AM800+AM801","v":0},{"$f":"AN804+AN803+AN805+AN813+AN807+AN811+AN808+AN810+AN809+AN812+AN796+AN797+AN798+AN799+AN800+AN801","v":0},null,null,{"$f":"AQ804+AQ803+AQ805+AQ813+AQ807+AQ811+AQ808+AQ810+AQ809+AQ812+AQ796+AQ797+AQ798+AQ799+AQ800+AQ801","v":0},null,{"$f":"AS804+AS803+AS805+AS813+AS807+AS811+AS808+AS810+AS809+AS812+AS796+AS797+AS798+AS799+AS800+AS801","v":0},{"$f":"AT804+AT803+AT805+AT813+AT807+AT811+AT808+AT810+AT809+AT812+AT796+AT797+AT798+AT799+AT800+AT801","v":0},null,null,{"$f":"AW804+AW803+AW805+AW813+AW807+AW811+AW808+AW810+AW809+AW812+AW796+AW797+AW798+AW799+AW800+AW801","v":0},null,{"$f":"AY804+AY803+AY805+AY813+AY807+AY811+AY808+AY810+AY809+AY812+AY796+AY797+AY798+AY799+AY800+AY801","v":0},{"$f":"AZ804+AZ803+AZ805+AZ813+AZ807+AZ811+AZ808+AZ810+AZ809+AZ812+AZ796+AZ797+AZ798+AZ799+AZ800+AZ801","v":0},null,null,{"$f":"BC804+BC803+BC805+BC813+BC807+BC811+BC808+BC810+BC809+BC812+BC796+BC797+BC798+BC799+BC800+BC801","v":0},null,{"$f":"BE804+BE803+BE805+BE813+BE807+BE811+BE808+BE810+BE809+BE812+BE796+BE797+BE798+BE799+BE800+BE801","v":0},{"$f":"BF804+BF803+BF805+BF813+BF807+BF811+BF808+BF810+BF809+BF812+BF796+BF797+BF798+BF799+BF800+BF801","v":0},null,0,null,{"$f":"BJ804+BJ803+BJ805+BJ813+BJ807+BJ811+BJ808+BJ810+BJ809+BJ812+BJ796+BJ797+BJ798+BJ799+BJ800+BJ801","v":3377280.8738000002},null,{"$f":"BL804+BL803+BL805+BL813+BL807+BL811+BL808+BL810+BL809+BL812+BL796+BL797+BL798+BL799+BL800+BL801","v":7396476.9350000005},{"$f":"BM804+BM803+BM805+BM813+BM807+BM811+BM808+BM810+BM809+BM812+BM796+BM797+BM798+BM799+BM800+BM801","v":10773757.818800002},0,null,{"$f":"BP804+BP803+BP805+BP813+BP807+BP811+BP808+BP810+BP809+BP812+BP796+BP797+BP798+BP799+BP800+BP801","v":1539408.23},null,{"$f":"BR804+BR803+BR805+BR813+BR807+BR811+BR808+BR810+BR809+BR812+BR796+BR797+BR798+BR799+BR800+BR801","v":405357.1650000001},{"$f":"BS804+BS803+BS805+BS813+BS807+BS811+BS808+BS810+BS809+BS812+BS796+BS797+BS798+BS799+BS800+BS801","v":1944765.395}]
["3.1.4.2","Верхнее строение пути №4",null,null,0,null,0,null,null,null,null,0,null,0,null,null,null,0,null,0,null,null,null,0,null,0,null,null,null,0,null,0,null,null,null,0,null,0,null,null,null,0,null,0,null,null,null,0,null,0,null,null,null,0,null,0,null,null,null,0,0,null,0,null,null,0,0,null,0]
["3.1.4.2.1","Укладка звеньевого пути в прямых и кривых новыми рельсами (рельсы типа Р65, длиной 12,5м на ж/б шпалах с эпюрой шпал 1840шт./км с разделанным промежуточным скреплением типа Р65","м",97.34,2475.7199999999998,{"$f":"D796*E796","v":240986.58479999998},62297,{"$f":"D796*G796","v":6063989.9800000004},{"$f":"E796*D796+G796*D796","v":6304976.5648000007},null,87.47,2475.7199999999998,{"$f":"K796*L796","v":216551.22839999999},62297,{"$f":"K796*N796","v":5449118.5899999999},{"$f":"L796*K796+N796*K796","v":5665669.8184000002},null,2475.7199999999998,{"$f":"Q796*R796","v":0},62297,{"$f":"Q796*T796","v":0},{"$f":"R796*Q796+T796*Q796","v":0},9.8700000000000045,2475.7199999999998,{"$f":"W796*X796","v":24435.356400000008},62297,{"$f":"W796*Z796","v":614871.39000000025},{"$f":"X796*W796+Z796*W796","v":639306.74640000029},null,2475.7199999999998,{"$f":"AC796*AD796","v":0},62297,{"$f":"AC796*AF796","v":0},{"$f":"AD796*AC796+AF796*AC796","v":0},null,2475.7199999999998,{"$f":"AI796*AJ796","v":0},62297,{"$f":"AI796*AL796","v":0},{"$f":"AJ796*AI796+AL796*AI796","v":0},null,2475.7199999999998,{"$f":"AO796*AP796","v":0},62297,{"$f":"AO796*AR796","v":0},{"$f":"AP796*AO796+AR796*AO796","v":0},null,2475.7199999999998,{"$f":"AU796*AV796","v":0},62297,{"$f":"AU796*AX796","v":0},{"$f":"AV796*AU796+AX796*AU796","v":0},null,2475.7199999999998,{"$f":"BA796*BB796","v":0},62297,{"$f":"BA796*BD796","v":0},{"$f":"BB796*BA796+BD796*BA796","v":0},null,97.34,2475.7199999999998,{"$f":"BH796*BI796","v":240986.58479999998},62297,{"$f":"BH796*BK796","v":6063989.9800000004},{"$f":"BI796*BH796+BK796*BH796","v":6304976.5648000007},0,2475.7199999999998,{"$f":"BN796*BO796","v":0},62297,{"$f":"BN796*BQ796","v":0},{"$f":"BO796*BN796+BQ796*BN796","v":0}]
["3.1.4.2.2","Выправка пути в плане и в профиле (Р65, шпалы ж/б)","м",97.34,6552,637771.68000000005,0,null,637771.68000000005,null,87.48,6552,573168.96000000008,0,null,573168.96000000008,null,6552,0,0,null,0,9.86,6552,64602.719999999994,0,null,64602.719999999994,null,6552,0,0,null,0,null,6552,0,0,null,0,null,6552,0,0,null,0,null,6552,0,0,null,0,null,6552,0,0,null,0,null,97.34,6552,637771.68000000005,0,null,637771.68000000005,0,6552,0,0,null,0]
["3.1.4.2.3","Послеосадочный ремонт (Р65, шпалы ж/б)","м",97.34,6552,637771.68000000005,0,null,637771.68000000005,null,null,6552,0,0,null,0,null,6552,0,0,null,0,null,6552,0,0,null,0,null,6552,0,0,null,0,null,6552,0,0,null,0,null,6552,0,0,null,0,null,6552,0,0,null,0,null,6552,0,0,null,0,null,0,6552,0,0,null,0,97.34,6552,637771.68000000005,0,null,637771.68000000005]
["3.1.4.2.4","Устройство тупикового рельсового упора колесных пар","шт.",1,124800,124800,49408,{"$f":"D799*G799","v":49408},174208,null,1,124800,124800,49408,{"$f":"K799*N799","v":49408},174208,null,124800,0,49408,{"$f":"Q799*T799","v":0},0,null,124800,0,49408,{"$f":"W799*Z799","v":0},0,null,124800,0,49408,{"$f":"AC799*AF799","v":0},0,null,124800,0,49408,{"$f":"AI799*AL799","v":0},0,null,124800,0,49408,{"$f":"AO799*AR799","v":0},0,null,124800,0,49408,{"$f":"AU799*AX799","v":0},0,null,124800,0,49408,{"$f":"BA799*BD799","v":0},0,null,1,124800,124800,49408,{"$f":"BH799*BK799","v":49408},174208,0,124800,0,49408,{"$f":"BN799*BQ799","v":0},0]
["3.1.4.2.5","Изготовление и монтаж в построечных условиях конструкций закладных МС2 (68шт., L=150мм; 0,72кг/шт.) ","шт.",80,1664,133120,150,{"$f":"D800*G800","v":12000},145120,null,null,1664,0,150,{"$f":"K800*N800","v":0},0,null,1664,0,150,{"$f":"Q800*T800","v":0},0,80,1664,133120,150,{"$f":"W800*Z800","v":12000},145120,null,1664,0,150,{"$f":"AC800*AF800","v":0},0,null,1664,0,150,{"$f":"AI800*AL800","v":0},0,null,1664,0,150,{"$f":"AO800*AR800","v":0},0,null,1664,0,150,{"$f":"AU800*AX800","v":0},0,null,1664,0,150,{"$f":"BA800*BD800","v":0},0,null,80,1664,133120,150,{"$f":"BH800*BK800","v":12000},145120,0,1664,0,150,{"$f":"BN800*BQ800","v":0},0]
["3.1.4.2.6","Установка изделий МС-1 с огнезащитным покрытием штукатурным составом толщ. покрытия 1 мм","м",195,2154,420030,2178,{"$f":"D801*G801","v":424710},844740,null,null,2154,0,2178,{"$f":"K801*N801","v":0},0,null,2154,0,2178,{"$f":"Q801*T801","v":0},0,195,2154,420030,2178,{"$f":"W801*Z801","v":424710},844740,null,2154,0,2178,{"$f":"AC801*AF801","v":0},0,null,2154,0,2178,{"$f":"AI801*AL801","v":0},0,null,2154,0,2178,{"$f":"AO801*AR801","v":0},0,null,2154,0,2178,{"$f":"AU801*AX801","v":0},0,null,2154,0,2178,{"$f":"BA801*BD801","v":0},0,null,195,2154,420030,2178,{"$f":"BH801*BK801","v":424710},844740,0,2154,0,2178,{"$f":"BN801*BQ801","v":0},0]
["3.1.4.3","Сооружение земляного полотна",null,null,0,null,0,null,null,null,null,0,null,0,null,null,null,0,null,0,null,null,null,0,null,0,null,null,null,0,null,0,null,null,null,0,null,0,null,null,null,0,null,0,null,null,null,0,null,0,null,null,null,0,null,0,null,null,null,{"$f":"K802+Q802+W802+AC802+AI802+AO802+AU802+BA802","v":0},0,null,0,null,null,{"$f":"D802-BH802","v":0},0,null,0]
["3.1.4.3.1","Вывоз и утилизация с К разрыхления 1,47","м3",{"$f":"D804*1.47","v":121.31910000000001},1590,{"$f":"D803*E803","v":192897.36900000001},0,null,{"$f":"E803*D803+G803*D803","v":192897.36900000001},null,null,1590,{"$f":"K803*L803","v":0},0,null,{"$f":"L803*K803+N803*K803","v":0},null,1590,{"$f":"Q803*R803","v":0},0,null,{"$f":"R803*Q803+T803*Q803","v":0},null,1590,{"$f":"W803*X803","v":0},0,null,{"$f":"X803*W803+Z803*W803","v":0},null,1590,{"$f":"AC803*AD803","v":0},0,null,{"$f":"AD803*AC803+AF803*AC803","v":0},null,1590,{"$f":"AI803*AJ803","v":0},0,null,{"$f":"AJ803*AI803+AL803*AI803","v":0},null,1590,{"$f":"AO803*AP803","v":0},0,null,{"$f":"AP803*AO803+AR803*AO803","v":0},null,1590,{"$f":"AU803*AV803","v":0},0,null,{"$f":"AV803*AU803+AX803*AU803","v":0},null,1590,{"$f":"BA803*BB803","v":0},0,null,{"$f":"BB803*BA803+BD803*BA803","v":0},null,0,1590,{"$f":"BH803*BI803","v":0},0,null,{"$f":"BI803*BH803+BK803*BH803","v":0},121.31910000000001,1590,{"$f":"BN803*BO803","v":192897.36900000001},0,null,{"$f":"BO803*BN803+BQ803*BN803","v":192897.36900000001}]
["3.1.4.3.2","Вырезка существующего бетонного покрытия пола ","м3",82.53,19422,{"$f":"D804*E804","v":1602897.66},0,null,{"$f":"E804*D804+G804*D804","v":1602897.66},null,67.930000000000007,19422,{"$f":"K804*L804","v":1319336.4600000002},0,null,{"$f":"L804*K804+N804*K804","v":1319336.4600000002},null,19422,{"$f":"Q804*R804","v":0},0,null,{"$f":"R804*Q804+T804*Q804","v":0},null,19422,{"$f":"W804*X804","v":0},0,null,{"$f":"X804*W804+Z804*W804","v":0},null,19422,{"$f":"AC804*AD804","v":0},0,null,{"$f":"AD804*AC804+AF804*AC804","v":0},null,19422,{"$f":"AI804*AJ804","v":0},0,null,{"$f":"AJ804*AI804+AL804*AI804","v":0},null,19422,{"$f":"AO804*AP804","v":0},0,null,{"$f":"AP804*AO804+AR804*AO804","v":0},null,19422,{"$f":"AU804*AV804","v":0},0,null,{"$f":"AV804*AU804+AX804*AU804","v":0},null,19422,{"$f":"BA804*BB804","v":0},0,null,{"$f":"BB804*BA804+BD804*BA804","v":0},null,67.930000000000007,19422,{"$f":"BH804*BI804","v":1319336.4600000002},0,null,{"$f":"BI804*BH804+BK804*BH804","v":1319336.4600000002},14.599999999999994,19422,{"$f":"BN804*BO804","v":283561.1999999999},0,null,{"$f":"BO804*BN804+BQ804*BN804","v":283561.1999999999}]
["3.1.4.3.3","Выемка техногенного грунта с перевозкой на 30 км и утилизацией","м3",133.19,2405,{"$f":"D805*E805","v":320321.95},0,null,{"$f":"E805*D805+G805*D805","v":320321.95},null,75.48,2405,{"$f":"K805*L805","v":181529.40000000002},0,null,{"$f":"L805*K805+N805*K805","v":181529.40000000002},null,2405,{"$f":"Q805*R805","v":0},0,null,{"$f":"R805*Q805+T805*Q805","v":0},null,2405,{"$f":"W805*X805","v":0},0,null,{"$f":"X805*W805+Z805*W805","v":0},null,2405,{"$f":"AC805*AD805","v":0},0,null,{"$f":"AD805*AC805+AF805*AC805","v":0},null,2405,{"$f":"AI805*AJ805","v":0},0,null,{"$f":"AJ805*AI805+AL805*AI805","v":0},null,2405,{"$f":"AO805*AP805","v":0},0,null,{"$f":"AP805*AO805+AR805*AO805","v":0},null,2405,{"$f":"AU805*AV805","v":0},0,null,{"$f":"AV805*AU805+AX805*AU805","v":0},null,2405,{"$f":"BA805*BB805","v":0},0,null,{"$f":"BB805*BA805+BD805*BA805","v":0},null,75.48,2405,{"$f":"BH805*BI805","v":181529.40000000002},0,null,{"$f":"BI805*BH805+BK805*BH805","v":181529.40000000002},57.709999999999994,2405,{"$f":"BN805*BO805","v":138792.54999999999},0,null,{"$f":"BO805*BN805+BQ805*BN805","v":138792.54999999999}]
["3.1.4.3.4","Устройство балластного слоя ж/д пути под подошвой шпалы (h)20см",null,null,null,null,null,null,null,null,null,null,null,null,null,null,null,null,null,null,null,null,null,null,null,null,null,null,null,null,null,null,null,null,null,null,null,null,null,null,null,null,null,null,null,null,null,null,null,null,null,null,null,null,null,null,null,null,null,0,null,null,null,null,null,0]
["3.1.4.3.4.1"," - из щебня балластного фр.25-60 ","м3",122,2513,{"$f":"D807*E807","v":306586},6681,{"$f":"D807*G807","v":815082},{"$f":"E807*D807+G807*D807","v":1121668},null,52,2513,{"$f":"K807*L807","v":130676},6681,{"$f":"K807*N807","v":347412},{"$f":"L807*K807+N807*K807","v":478088},null,2513,{"$f":"Q807*R807","v":0},6681,{"$f":"Q807*T807","v":0},{"$f":"R807*Q807+T807*Q807","v":0},21.82,2513,{"$f":"W807*X807","v":54833.66},6681,{"$f":"W807*Z807","v":145779.42000000001},{"$f":"X807*W807+Z807*W807","v":200613.08000000002},null,2513,{"$f":"AC807*AD807","v":0},6681,{"$f":"AC807*AF807","v":0},{"$f":"AD807*AC807+AF807*AC807","v":0},null,2513,{"$f":"AI807*AJ807","v":0},6681,{"$f":"AI807*AL807","v":0},{"$f":"AJ807*AI807+AL807*AI807","v":0},null,2513,{"$f":"AO807*AP807","v":0},6681,{"$f":"AO807*AR807","v":0},{"$f":"AP807*AO807+AR807*AO807","v":0},null,2513,{"$f":"AU807*AV807","v":0},6681,{"$f":"AU807*AX807","v":0},{"$f":"AV807*AU807+AX807*AU807","v":0},null,2513,{"$f":"BA807*BB807","v":0},6681,{"$f":"BA807*BD807","v":0},{"$f":"BB807*BA807+BD807*BA807","v":0},null,73.819999999999993,2513,{"$f":"BH807*BI807","v":185509.65999999997},6681,{"$f":"BH807*BK807","v":493191.41999999993},{"$f":"BI807*BH807+BK807*BH807","v":678701.07999999984},48.180000000000007,2513,{"$f":"BN807*BO807","v":121076.34000000001},6681,{"$f":"BN807*BQ807","v":321890.58000000007},{"$f":"BO807*BN807+BQ807*BN807","v":442966.9200000001}]
["3.1.4.3.4.2"," - гравийно-песчаная подушка","м3",70,2333.5,{"$f":"D808*E808","v":163345},2161.5,151305,314650,null,55.95,2333.5,{"$f":"K808*L808","v":130559.32500000001},2161.5,120935.925,{"$f":"(L808*K808+N808*K808)+0.01","v":251495.26},null,2333.5,{"$f":"Q808*R808","v":0},2161.5,0,0,null,2333.5,{"$f":"W808*X808","v":0},2161.5,0,0,null,2333.5,{"$f":"AC808*AD808","v":0},2161.5,0,0,null,2333.5,{"$f":"AI808*AJ808","v":0},2161.5,0,0,null,2333.5,{"$f":"AO808*AP808","v":0},2161.5,0,0,null,2333.5,{"$f":"AU808*AV808","v":0},2161.5,0,0,null,2333.5,{"$f":"BA808*BB808","v":0},2161.5,0,0,null,55.95,2333.5,{"$f":"BH808*BI808","v":130559.32500000001},2161.5,120935.925,{"$f":"BI808*BH808+BK808*BH808+0.01","v":251495.26},14.049999999999997,2333.5,{"$f":"BN808*BO808","v":32785.674999999996},2161.5,30369.074999999993,63154.749999999985]
["3.1.4.3.4.3"," - геотекстиль, 3м","м",97.2,46.8,{"$f":"D809*E809","v":4548.96},264,25660.799999999999,30209.759999999998,null,77.73,46.8,{"$f":"K809*L809","v":3637.7640000000001},264,20520.72,24158.484,null,46.8,{"$f":"Q809*R809","v":0},264,0,0,null,46.8,{"$f":"W809*X809","v":0},264,0,0,null,46.8,{"$f":"AC809*AD809","v":0},264,0,0,null,46.8,{"$f":"AI809*AJ809","v":0},264,0,0,null,46.8,{"$f":"AO809*AP809","v":0},264,0,0,null,46.8,{"$f":"AU809*AV809","v":0},264,0,0,null,46.8,{"$f":"BA809*BB809","v":0},264,0,0,null,77.73,46.8,{"$f":"BH809*BI809","v":3637.7640000000001},264,20520.72,24158.484,19.47,46.8,{"$f":"BN809*BO809","v":911.19599999999991},264,5140.08,6051.2759999999998]
["3.1.4.3.4.4"," - гравийно-песчаная подушка (К уплотнения)","м3",{"$f":"84-70","v":14},0,null,2161.5,30261,30261,null,null,0,null,2161.5,0,0,null,0,null,2161.5,0,0,null,0,null,2161.5,0,0,null,0,null,2161.5,0,0,null,0,null,2161.5,0,0,null,0,null,2161.5,0,0,null,0,null,2161.5,0,0,null,0,null,2161.5,0,0,null,0,0,null,2161.5,0,0,14,0,null,2161.5,30261,30261]
["3.1.4.3.4.5"," - из щебня балластного фр.25-60 ","м3",{"$f":"153.72-D807","v":31.72},0,null,6681,211921.31999999998,211921.31999999998,null,null,0,null,6681,0,0,null,0,null,6681,0,0,31.69,0,null,6681,211720.89,211720.89,null,0,null,6681,0,0,null,0,null,6681,0,0,null,0,null,6681,0,0,null,0,null,6681,0,0,null,0,null,6681,0,0,null,31.69,0,null,6681,211720.89,211720.89,2.9999999999997584E-2,0,null,6681,200.42999999998386,200.42999999998386]
["3.1.4.3.4.6"," - геотекстиль 2м 500г/м","м",97.2,46.8,{"$f":"D812*E812","v":4548.96},180,17496,22044.959999999999,null,null,46.8,{"$f":"K812*L812","v":0},180,0,0,null,46.8,{"$f":"Q812*R812","v":0},180,0,0,null,46.8,{"$f":"W812*X812","v":0},180,0,0,null,46.8,{"$f":"AC812*AD812","v":0},180,0,0,null,46.8,{"$f":"AI812*AJ812","v":0},180,0,0,null,46.8,{"$f":"AO812*AP812","v":0},180,0,0,null,46.8,{"$f":"AU812*AV812","v":0},180,0,0,null,46.8,{"$f":"BA812*BB812","v":0},180,0,0,null,0,46.8,{"$f":"BH812*BI812","v":0},180,0,0,97.2,46.8,{"$f":"BN812*BO812","v":4548.96},180,17496,22044.959999999999]
["3.1.4.3.5","Вывоз и утилизация с К разрыхления 1,6","м3",{"$f":"133.19*1.6-133.19","v":79.914000000000016},1590,{"$f":"D813*E813","v":127063.26000000002},0,null,127063.26000000002,null,null,1590,{"$f":"K813*L813","v":0},0,null,0,null,1590,{"$f":"Q813*R813","v":0},0,null,0,null,1590,{"$f":"W813*X813","v":0},0,null,0,null,1590,{"$f":"AC813*AD813","v":0},0,null,0,null,1590,{"$f":"AI813*AJ813","v":0},0,null,0,null,1590,{"$f":"AO813*AP813","v":0},0,null,0,null,1590,{"$f":"AU813*AV813","v":0},0,null,0,null,1590,{"$f":"BA813*BB813","v":0},0,null,0,null,0,1590,{"$f":"BH813*BI813","v":0},0,null,0,79.914000000000016,1590,{"$f":"BN813*BO813","v":127063.26000000002},0,null,127063.26000000002]
[4,"Наружные сети и сооружения водоснабжения, водоотведения, теплоснабжения и газоснабжения",null,null,null,null,null,null,null,null,null,null,null,null,null,null,null,null,null,null,null,null,null,null,null,null,null,null,null,null,null,null,null,null,null,null,null,null,null,null,null,null,null,null,null,null,null,null,null,null,null,null,null,null,null,null,null,null,null,0,null,null,null,null,null,0]
["4.1.","130-23-НВК Наружные сети канализации",null,null,null,{"$f":"F816+F817+F818+F821+F822+F825+F826+F827","v":2541810.2672999999},null,{"$f":"H816+H817+H818+H821+H822+H825+H826+H827","v":1021837.1271999999},{"$f":"I816+I817+I818+I821+I822+I825+I826+I827","v":3563647.3944999999},null,null,null,{"$f":"M816+M817+M818+M821+M822+M825+M826+M827","v":0},null,{"$f":"O816+O817+O818+O821+O822+O825+O826+O827","v":0},{"$f":"P816+P817+P818+P821+P822+P825+P826+P827","v":0},null,null,{"$f":"S816+S817+S818+S821+S822+S825+S826+S827","v":0},null,{"$f":"U816+U817+U818+U821+U822+U825+U826+U827","v":0},{"$f":"V816+V817+V818+V821+V822+V825+V826+V827","v":0},null,null,{"$f":"Y816+Y817+Y818+Y821+Y822+Y825+Y826+Y827","v":0},null,{"$f":"AA816+AA817+AA818+AA821+AA822+AA825+AA826+AA827","v":0},{"$f":"AB816+AB817+AB818+AB821+AB822+AB825+AB826+AB827","v":0},null,null,{"$f":"AE816+AE817+AE818+AE821+AE822+AE825+AE826+AE827","v":0},null,{"$f":"AG816+AG817+AG818+AG821+AG822+AG825+AG826+AG827","v":0},{"$f":"AH816+AH817+AH818+AH821+AH822+AH825+AH826+AH827","v":0},null,null,{"$f":"AK816+AK817+AK818+AK821+AK822+AK825+AK826+AK827","v":0},null,{"$f":"AM816+AM817+AM818+AM821+AM822+AM825+AM826+AM827","v":0},{"$f":"AN816+AN817+AN818+AN821+AN822+AN825+AN826+AN827","v":0},null,null,{"$f":"AQ816+AQ817+AQ818+AQ821+AQ822+AQ825+AQ826+AQ827","v":0},null,{"$f":"AS816+AS817+AS818+AS821+AS822+AS825+AS826+AS827","v":0},{"$f":"AT816+AT817+AT818+AT821+AT822+AT825+AT826+AT827","v":0},null,null,{"$f":"AW816+AW817+AW818+AW821+AW822+AW825+AW826+AW827","v":0},null,{"$f":"AY816+AY817+AY818+AY821+AY822+AY825+AY826+AY827","v":0},{"$f":"AZ816+AZ817+AZ818+AZ821+AZ822+AZ825+AZ826+AZ827","v":0},null,null,{"$f":"BC816+BC817+BC818+BC821+BC822+BC825+BC826+BC827","v":0},null,{"$f":"BE816+BE817+BE818+BE821+BE822+BE825+BE826+BE827","v":0},{"$f":"BF816+BF817+BF818+BF821+BF822+BF825+BF826+BF827","v":0},null,0,null,{"$f":"BJ816+BJ817+BJ818+BJ821+BJ822+BJ825+BJ826+BJ827","v":0},null,{"$f":"BL816+BL817+BL818+BL821+BL822+BL825+BL826+BL827","v":0},{"$f":"BM816+BM817+BM818+BM821+BM822+BM825+BM826+BM827","v":0},0,null,{"$f":"BP816+BP817+BP818+BP821+BP822+BP825+BP826+BP827","v":2541810.2672999999},null,{"$f":"BR816+BR817+BR818+BR821+BR822+BR825+BR826+BR827","v":1021837.1271999999},{"$f":"BS816+BS817+BS818+BS821+BS822+BS825+BS826+BS827","v":3563647.3944999999}]
["4.1.1","Разборка дорожных покрытий","м3",92.84,7609.19,{"$f":"D816*E816","v":706437.19959999993},0,null,{"$f":"E816*D816+G816*D816","v":706437.19959999993},null,null,7609.19,{"$f":"K816*L816","v":0},0,null,{"$f":"L816*K816+N816*K816","v":0},null,7609.19,{"$f":"Q816*R816","v":0},0,null,{"$f":"R816*Q816+T816*Q816","v":0},null,7609.19,{"$f":"W816*X816","v":0},0,null,{"$f":"X816*W816+Z816*W816","v":0},null,7609.19,{"$f":"AC816*AD816","v":0},0,null,{"$f":"AD816*AC816+AF816*AC816","v":0},null,7609.19,{"$f":"AI816*AJ816","v":0},0,null,{"$f":"AJ816*AI816+AL816*AI816","v":0},null,7609.19,{"$f":"AO816*AP816","v":0},0,null,{"$f":"AP816*AO816+AR816*AO816","v":0},null,7609.19,{"$f":"AU816*AV816","v":0},0,null,{"$f":"AV816*AU816+AX816*AU816","v":0},null,7609.19,{"$f":"BA816*BB816","v":0},0,null,{"$f":"BB816*BA816+BD816*BA816","v":0},null,0,7609.19,{"$f":"BH816*BI816","v":0},0,null,{"$f":"BI816*BH816+BK816*BH816","v":0},92.84,7609.19,{"$f":"BN816*BO816","v":706437.19959999993},0,null,{"$f":"BO816*BN816+BQ816*BN816","v":706437.19959999993}]
["4.1.2","Демонтаж коллектора","м3",2.89,120911.25,{"$f":"D817*E817","v":349433.51250000001},0,null,{"$f":"E817*D817+G817*D817","v":349433.51250000001},null,null,120911.25,{"$f":"K817*L817","v":0},0,null,{"$f":"L817*K817+N817*K817","v":0},null,120911.25,{"$f":"Q817*R817","v":0},0,null,{"$f":"R817*Q817+T817*Q817","v":0},null,120911.25,{"$f":"W817*X817","v":0},0,null,{"$f":"X817*W817+Z817*W817","v":0},null,120911.25,{"$f":"AC817*AD817","v":0},0,null,{"$f":"AD817*AC817+AF817*AC817","v":0},null,120911.25,{"$f":"AI817*AJ817","v":0},0,null,{"$f":"AJ817*AI817+AL817*AI817","v":0},null,120911.25,{"$f":"AO817*AP817","v":0},0,null,{"$f":"AP817*AO817+AR817*AO817","v":0},null,120911.25,{"$f":"AU817*AV817","v":0},0,null,{"$f":"AV817*AU817+AX817*AU817","v":0},null,120911.25,{"$f":"BA817*BB817","v":0},0,null,{"$f":"BB817*BA817+BD817*BA817","v":0},null,0,120911.25,{"$f":"BH817*BI817","v":0},0,null,{"$f":"BI817*BH817+BK817*BH817","v":0},2.89,120911.25,{"$f":"BN817*BO817","v":349433.51250000001},0,null,{"$f":"BO817*BN817+BQ817*BN817","v":349433.51250000001}]
["4.1.3","Прочие работы. Погрузка, вывоз, утилизация",null,null,0,{"$f":"SUM(F819:F820)","v":320749.10880000005},0,null,{"$f":"SUM(I819:I820)","v":320749.10880000005},null,null,0,{"$f":"SUM(M819:M820)","v":0},0,null,{"$f":"SUM(P819:P820)","v":0},null,0,{"$f":"SUM(S819:S820)","v":0},0,null,{"$f":"SUM(V819:V820)","v":0},null,0,{"$f":"SUM(Y819:Y820)","v":0},0,null,{"$f":"SUM(AB819:AB820)","v":0},null,0,{"$f":"SUM(AE819:AE820)","v":0},0,null,{"$f":"SUM(AH819:AH820)","v":0},null,0,{"$f":"SUM(AK819:AK820)","v":0},0,null,{"$f":"SUM(AN819:AN820)","v":0},null,0,{"$f":"SUM(AQ819:AQ820)","v":0},0,null,{"$f":"SUM(AT819:AT820)","v":0},null,0,{"$f":"SUM(AW819:AW820)","v":0},0,null,{"$f":"SUM(AZ819:AZ820)","v":0},null,0,{"$f":"SUM(BC819:BC820)","v":0},0,null,{"$f":"SUM(BF819:BF820)","v":0},null,0,0,{"$f":"SUM(BJ819:BJ820)","v":0},0,null,{"$f":"SUM(BM819:BM820)","v":0},0,0,{"$f":"SUM(BP819:BP820)","v":320749.10880000005},0,null,{"$f":"SUM(BS819:BS820)","v":320749.10880000005}]
["4.1.3.1","Погрузка дорожного покрытия, щебня, жб мусора","м3",95.73,1013.26,{"$f":"D819*E819","v":96999.37980000001},0,null,{"$f":"E819*D819+G819*D819","v":96999.37980000001},null,null,1013.26,{"$f":"K819*L819","v":0},0,null,{"$f":"L819*K819+N819*K819","v":0},null,1013.26,{"$f":"Q819*R819","v":0},0,null,{"$f":"R819*Q819+T819*Q819","v":0},null,1013.26,{"$f":"W819*X819","v":0},0,null,{"$f":"X819*W819+Z819*W819","v":0},null,1013.26,{"$f":"AC819*AD819","v":0},0,null,{"$f":"AD819*AC819+AF819*AC819","v":0},null,1013.26,{"$f":"AI819*AJ819","v":0},0,null,{"$f":"AJ819*AI819+AL819*AI819","v":0},null,1013.26,{"$f":"AO819*AP819","v":0},0,null,{"$f":"AP819*AO819+AR819*AO819","v":0},null,1013.26,{"$f":"AU819*AV819","v":0},0,null,{"$f":"AV819*AU819+AX819*AU819","v":0},null,1013.26,{"$f":"BA819*BB819","v":0},0,null,{"$f":"BB819*BA819+BD819*BA819","v":0},null,0,1013.26,{"$f":"BH819*BI819","v":0},0,null,{"$f":"BI819*BH819+BK819*BH819","v":0},95.73,1013.26,{"$f":"BN819*BO819","v":96999.37980000001},0,null,{"$f":"BO819*BN819+BQ819*BN819","v":96999.37980000001}]
["4.1.3.2","Вывоз и утилизация с К разрыхления 1,47","м3",{"$f":"D819*1.47","v":140.72310000000002},1590,{"$f":"D820*E820","v":223749.72900000002},0,null,{"$f":"E820*D820+G820*D820","v":223749.72900000002},null,null,1590,{"$f":"K820*L820","v":0},0,null,{"$f":"L820*K820+N820*K820","v":0},null,1590,{"$f":"Q820*R820","v":0},0,null,{"$f":"R820*Q820+T820*Q820","v":0},null,1590,{"$f":"W820*X820","v":0},0,null,{"$f":"X820*W820+Z820*W820","v":0},null,1590,{"$f":"AC820*AD820","v":0},0,null,{"$f":"AD820*AC820+AF820*AC820","v":0},null,1590,{"$f":"AI820*AJ820","v":0},0,null,{"$f":"AJ820*AI820+AL820*AI820","v":0},null,1590,{"$f":"AO820*AP820","v":0},0,null,{"$f":"AP820*AO820+AR820*AO820","v":0},null,1590,{"$f":"AU820*AV820","v":0},0,null,{"$f":"AV820*AU820+AX820*AU820","v":0},null,1590,{"$f":"BA820*BB820","v":0},0,null,{"$f":"BB820*BA820+BD820*BA820","v":0},null,0,1590,{"$f":"BH820*BI820","v":0},0,null,{"$f":"BI820*BH820+BK820*BH820","v":0},140.72310000000002,1590,{"$f":"BN820*BO820","v":223749.72900000002},0,null,{"$f":"BO820*BN820+BQ820*BN820","v":223749.72900000002}]
["4.1.4","Земляные работы. Разработка грунта, обратная засыпка щебнем, песком, грунтом, уплотнение","м3",164.87,3171.81,{"$f":"D821*E821","v":522936.31469999999},2762.02,{"$f":"D821*G821","v":455374.23739999998},{"$f":"E821*D821+G821*D821","v":978310.55209999997},null,null,3171.81,{"$f":"K821*L821","v":0},2762.02,{"$f":"K821*N821","v":0},{"$f":"L821*K821+N821*K821","v":0},null,3171.81,{"$f":"Q821*R821","v":0},2762.02,{"$f":"Q821*T821","v":0},{"$f":"R821*Q821+T821*Q821","v":0},null,3171.81,{"$f":"W821*X821","v":0},2762.02,{"$f":"W821*Z821","v":0},{"$f":"X821*W821+Z821*W821","v":0},null,3171.81,{"$f":"AC821*AD821","v":0},2762.02,{"$f":"AC821*AF821","v":0},{"$f":"AD821*AC821+AF821*AC821","v":0},null,3171.81,{"$f":"AI821*AJ821","v":0},2762.02,{"$f":"AI821*AL821","v":0},{"$f":"AJ821*AI821+AL821*AI821","v":0},null,3171.81,{"$f":"AO821*AP821","v":0},2762.02,{"$f":"AO821*AR821","v":0},{"$f":"AP821*AO821+AR821*AO821","v":0},null,3171.81,{"$f":"AU821*AV821","v":0},2762.02,{"$f":"AU821*AX821","v":0},{"$f":"AV821*AU821+AX821*AU821","v":0},null,3171.81,{"$f":"BA821*BB821","v":0},2762.02,{"$f":"BA821*BD821","v":0},{"$f":"BB821*BA821+BD821*BA821","v":0},null,0,3171.81,{"$f":"BH821*BI821","v":0},2762.02,{"$f":"BH821*BK821","v":0},{"$f":"BI821*BH821+BK821*BH821","v":0},164.87,3171.81,{"$f":"BN821*BO821","v":522936.31469999999},2762.02,{"$f":"BN821*BQ821","v":455374.23739999998},{"$f":"BO821*BN821+BQ821*BN821","v":978310.55209999997}]
["4.1.5","Прочие работы. Лишний грунт. Погрузка, вывоз, утилизация",null,null,0,{"$f":"SUM(F823:F824)","v":82184.665500000003},0,null,{"$f":"SUM(I823:I824)","v":82184.665500000003},null,null,0,{"$f":"SUM(M823:M824)","v":0},0,null,{"$f":"SUM(P823:P824)","v":0},null,0,{"$f":"SUM(S823:S824)","v":0},0,null,{"$f":"SUM(V823:V824)","v":0},null,0,{"$f":"SUM(Y823:Y824)","v":0},0,null,{"$f":"SUM(AB823:AB824)","v":0},null,0,{"$f":"SUM(AE823:AE824)","v":0},0,null,{"$f":"SUM(AH823:AH824)","v":0},null,0,{"$f":"SUM(AK823:AK824)","v":0},0,null,{"$f":"SUM(AN823:AN824)","v":0},null,0,{"$f":"SUM(AQ823:AQ824)","v":0},0,null,{"$f":"SUM(AT823:AT824)","v":0},null,0,{"$f":"SUM(AW823:AW824)","v":0},0,null,{"$f":"SUM(AZ823:AZ824)","v":0},null,0,{"$f":"SUM(BC823:BC824)","v":0},0,null,{"$f":"SUM(BF823:BF824)","v":0},null,0,0,{"$f":"SUM(BJ823:BJ824)","v":0},0,null,{"$f":"SUM(BM823:BM824)","v":0},0,0,{"$f":"SUM(BP823:BP824)","v":82184.665500000003},0,null,{"$f":"SUM(BS823:BS824)","v":82184.665500000003}]
["4.1.5.1","Погрузка лишнего грунта","м3",24.85,915.23,{"$f":"D823*E823","v":22743.465500000002},0,null,{"$f":"E823*D823+G823*D823","v":22743.465500000002},null,null,915.23,{"$f":"K823*L823","v":0},0,null,{"$f":"L823*K823+N823*K823","v":0},null,915.23,{"$f":"Q823*R823","v":0},0,null,{"$f":"R823*Q823+T823*Q823","v":0},null,915.23,{"$f":"W823*X823","v":0},0,null,{"$f":"X823*W823+Z823*W823","v":0},null,915.23,{"$f":"AC823*AD823","v":0},0,null,{"$f":"AD823*AC823+AF823*AC823","v":0},null,915.23,{"$f":"AI823*AJ823","v":0},0,null,{"$f":"AJ823*AI823+AL823*AI823","v":0},null,915.23,{"$f":"AO823*AP823","v":0},0,null,{"$f":"AP823*AO823+AR823*AO823","v":0},null,915.23,{"$f":"AU823*AV823","v":0},0,null,{"$f":"AV823*AU823+AX823*AU823","v":0},null,915.23,{"$f":"BA823*BB823","v":0},0,null,{"$f":"BB823*BA823+BD823*BA823","v":0},null,0,915.23,{"$f":"BH823*BI823","v":0},0,null,{"$f":"BI823*BH823+BK823*BH823","v":0},24.85,915.23,{"$f":"BN823*BO823","v":22743.465500000002},0,null,{"$f":"BO823*BN823+BQ823*BN823","v":22743.465500000002}]
["4.1.5.2","Вывоз и утилизация с К разрыхления 1,6","м3",{"$f":"D823*1.6","v":39.760000000000005},1495,{"$f":"D824*E824","v":59441.200000000004},0,null,59441.200000000004,null,null,1495,{"$f":"K824*L824","v":0},0,null,0,null,1495,{"$f":"Q824*R824","v":0},0,null,0,null,1495,{"$f":"W824*X824","v":0},0,null,0,null,1495,{"$f":"AC824*AD824","v":0},0,null,0,null,1495,{"$f":"AI824*AJ824","v":0},0,null,0,null,1495,{"$f":"AO824*AP824","v":0},0,null,0,null,1495,{"$f":"AU824*AV824","v":0},0,null,0,null,1495,{"$f":"BA824*BB824","v":0},0,null,0,null,0,1495,{"$f":"BH824*BI824","v":0},0,null,0,39.760000000000005,1495,{"$f":"BN824*BO824","v":59441.200000000004},0,null,59441.200000000004]
["4.1.6","Прокладка ПВХ трубопровода Дн 160 в стальном футляре, с отводами в колодцы, бетонированием","м",106.18,4824.59,{"$f":"D825*E825","v":512274.96620000002},4179.6099999999997,{"$f":"D825*G825","v":443790.98979999998},956065.95600000001,null,null,4824.59,{"$f":"K825*L825","v":0},4179.6099999999997,{"$f":"K825*N825","v":0},0,null,4824.59,{"$f":"Q825*R825","v":0},4179.6099999999997,{"$f":"Q825*T825","v":0},0,null,4824.59,{"$f":"W825*X825","v":0},4179.6099999999997,{"$f":"W825*Z825","v":0},0,null,4824.59,{"$f":"AC825*AD825","v":0},4179.6099999999997,{"$f":"AC825*AF825","v":0},0,null,4824.59,{"$f":"AI825*AJ825","v":0},4179.6099999999997,{"$f":"AI825*AL825","v":0},0,null,4824.59,{"$f":"AO825*AP825","v":0},4179.6099999999997,{"$f":"AO825*AR825","v":0},0,null,4824.59,{"$f":"AU825*AV825","v":0},4179.6099999999997,{"$f":"AU825*AX825","v":0},0,null,4824.59,{"$f":"BA825*BB825","v":0},4179.6099999999997,{"$f":"BA825*BD825","v":0},0,null,0,4824.59,{"$f":"BH825*BI825","v":0},4179.6099999999997,{"$f":"BH825*BK825","v":0},0,106.18,4824.59,{"$f":"BN825*BO825","v":512274.96620000002},4179.6099999999997,{"$f":"BN825*BQ825","v":443790.98979999998},956065.95600000001]
["4.1.7","Установка ж/б колодцев К1-1 ","шт.",1,23112.7,{"$f":"D826*E826","v":23112.7},62314.2,{"$f":"D826*G826","v":62314.2},85426.9,null,null,23112.7,{"$f":"K826*L826","v":0},62314.2,{"$f":"K826*N826","v":0},0,null,23112.7,{"$f":"Q826*R826","v":0},62314.2,{"$f":"Q826*T826","v":0},0,null,23112.7,{"$f":"W826*X826","v":0},62314.2,{"$f":"W826*Z826","v":0},0,null,23112.7,{"$f":"AC826*AD826","v":0},62314.2,{"$f":"AC826*AF826","v":0},0,null,23112.7,{"$f":"AI826*AJ826","v":0},62314.2,{"$f":"AI826*AL826","v":0},0,null,23112.7,{"$f":"AO826*AP826","v":0},62314.2,{"$f":"AO826*AR826","v":0},0,null,23112.7,{"$f":"AU826*AV826","v":0},62314.2,{"$f":"AU826*AX826","v":0},0,null,23112.7,{"$f":"BA826*BB826","v":0},62314.2,{"$f":"BA826*BD826","v":0},0,null,0,23112.7,{"$f":"BH826*BI826","v":0},62314.2,{"$f":"BH826*BK826","v":0},0,1,23112.7,{"$f":"BN826*BO826","v":23112.7},62314.2,{"$f":"BN826*BQ826","v":62314.2},85426.9]
["4.1.8","Установка ж/б колодцев К1-3","шт.",1,24681.8,{"$f":"D827*E827","v":24681.8},60357.7,{"$f":"D827*G827","v":60357.7},85039.5,null,null,24681.8,{"$f":"K827*L827","v":0},60357.7,{"$f":"K827*N827","v":0},0,null,24681.8,{"$f":"Q827*R827","v":0},60357.7,{"$f":"Q827*T827","v":0},0,null,24681.8,{"$f":"W827*X827","v":0},60357.7,{"$f":"W827*Z827","v":0},0,null,24681.8,{"$f":"AC827*AD827","v":0},60357.7,{"$f":"AC827*AF827","v":0},0,null,24681.8,{"$f":"AI827*AJ827","v":0},60357.7,{"$f":"AI827*AL827","v":0},0,null,24681.8,{"$f":"AO827*AP827","v":0},60357.7,{"$f":"AO827*AR827","v":0},0,null,24681.8,{"$f":"AU827*AV827","v":0},60357.7,{"$f":"AU827*AX827","v":0},0,null,24681.8,{"$f":"BA827*BB827","v":0},60357.7,{"$f":"BA827*BD827","v":0},0,null,0,24681.8,{"$f":"BH827*BI827","v":0},60357.7,{"$f":"BH827*BK827","v":0},0,1,24681.8,{"$f":"BN827*BO827","v":24681.8},60357.7,{"$f":"BN827*BQ827","v":60357.7},85039.5]
["ИТОГО, руб. в т.ч. НДС 20%",null,null,null,null,{"$f":"F32+F94+F109+F114+F198+F212+F234+F289+F307+F310+F333+F341+F376+F514+F538+F571+F588+F686+F709+F714+F719+F733+F815","v":231207257.21263009},null,{"$f":"H32+H94+H109+H114+H198+H212+H234+H289+H307+H310+H333+H341+H376+H514+H538+H571+H588+H686+H709+H714+H719+H733+H815","v":282273495.66583997},{"$f":"I32+I94+I109+I114+I198+I212+I234+I289+I307+I310+I333+I341+I376+I514+I538+I571+I588+I686+I709+I714+I719+I733+I815","v":513480752.87847006},null,null,null,{"$f":"M32+M94+M109+M114+M198+M212+M234+M289+M307+M310+M333+M341+M376+M514+M538+M571+M588+M686+M709+M714+M719+M733+M815","v":70799137.613000005},null,{"$f":"O32+O94+O109+O114+O198+O212+O234+O289+O307+O310+O333+O341+O376+O514+O538+O571+O588+O686+O709+O714+O719+O733+O815","v":91232709.699999988},{"$f":"P32+P94+P109+P114+P198+P212+P234+P289+P307+P310+P333+P341+P376+P514+P538+P571+P588+P686+P709+P714+P719+P733+P815","v":162031847.333},null,null,{"$f":"S32+S94+S109+S114+S198+S212+S234+S289+S307+S310+S333+S341+S376+S514+S538+S571+S588+S686+S709+S714+S719+S733+S815","v":14360795.009999998},null,{"$f":"U32+U94+U109+U114+U198+U212+U234+U289+U307+U310+U333+U341+U376+U514+U538+U571+U588+U686+U709+U714+U719+U733+U815","v":22387411.900000002},{"$f":"V32+V94+V109+V114+V198+V212+V234+V289+V307+V310+V333+V341+V376+V514+V538+V571+V588+V686+V709+V714+V719+V733+V815","v":36748206.909999996},null,null,{"$f":"Y32+Y94+Y109+Y114+Y198+Y212+Y234+Y289+Y307+Y310+Y333+Y341+Y376+Y514+Y538+Y571+Y588+Y686+Y709+Y714+Y719+Y733+Y815","v":74375405.949089989},null,{"$f":"AA32+AA94+AA109+AA114+AA198+AA212+AA234+AA289+AA307+AA310+AA333+AA341+AA376+AA514+AA538+AA571+AA588+AA686+AA709+AA714+AA719+AA733+AA815","v":95020732.786350012},{"$f":"AB32+AB94+AB109+AB114+AB198+AB212+AB234+AB289+AB307+AB310+AB333+AB341+AB376+AB514+AB538+AB571+AB588+AB686+AB709+AB714+AB719+AB733+AB815","v":169396138.73543996},null,null,{"$f":"AE32+AE94+AE109+AE114+AE198+AE212+AE234+AE289+AE307+AE310+AE333+AE341+AE376+AE514+AE538+AE571+AE588+AE686+AE709+AE714+AE719+AE733+AE815","v":0},null,{"$f":"AG32+AG94+AG109+AG114+AG198+AG212+AG234+AG289+AG307+AG310+AG333+AG341+AG376+AG514+AG538+AG571+AG588+AG686+AG709+AG714+AG719+AG733+AG815","v":0},{"$f":"AH32+AH94+AH109+AH114+AH198+AH212+AH234+AH289+AH307+AH310+AH333+AH341+AH376+AH514+AH538+AH571+AH588+AH686+AH709+AH714+AH719+AH733+AH815","v":0},null,null,{"$f":"AK32+AK94+AK109+AK114+AK198+AK212+AK234+AK289+AK307+AK310+AK333+AK341+AK376+AK514+AK538+AK571+AK588+AK686+AK709+AK714+AK719+AK733+AK815","v":0},null,{"$f":"AM32+AM94+AM109+AM114+AM198+AM212+AM234+AM289+AM307+AM310+AM333+AM341+AM376+AM514+AM538+AM571+AM588+AM686+AM709+AM714+AM719+AM733+AM815","v":0},{"$f":"AN32+AN94+AN109+AN114+AN198+AN212+AN234+AN289+AN307+AN310+AN333+AN341+AN376+AN514+AN538+AN571+AN588+AN686+AN709+AN714+AN719+AN733+AN815","v":0},null,null,{"$f":"AQ32+AQ94+AQ109+AQ114+AQ198+AQ212+AQ234+AQ289+AQ307+AQ310+AQ333+AQ341+AQ376+AQ514+AQ538+AQ571+AQ588+AQ686+AQ709+AQ714+AQ719+AQ733+AQ815","v":0},null,{"$f":"AS32+AS94+AS109+AS114+AS198+AS212+AS234+AS289+AS307+AS310+AS333+AS341+AS376+AS514+AS538+AS571+AS588+AS686+AS709+AS714+AS719+AS733+AS815","v":0},{"$f":"AT32+AT94+AT109+AT114+AT198+AT212+AT234+AT289+AT307+AT310+AT333+AT341+AT376+AT514+AT538+AT571+AT588+AT686+AT709+AT714+AT719+AT733+AT815","v":0},null,null,{"$f":"AW32+AW94+AW109+AW114+AW198+AW212+AW234+AW289+AW307+AW310+AW333+AW341+AW376+AW514+AW538+AW571+AW588+AW686+AW709+AW714+AW719+AW733+AW815","v":0},null,{"$f":"AY32+AY94+AY109+AY114+AY198+AY212+AY234+AY289+AY307+AY310+AY333+AY341+AY376+AY514+AY538+AY571+AY588+AY686+AY709+AY714+AY719+AY733+AY815","v":0},{"$f":"AZ32+AZ94+AZ109+AZ114+AZ198+AZ212+AZ234+AZ289+AZ307+AZ310+AZ333+AZ341+AZ376+AZ514+AZ538+AZ571+AZ588+AZ686+AZ709+AZ714+AZ719+AZ733+AZ815","v":0},null,null,{"$f":"BC32+BC94+BC109+BC114+BC198+BC212+BC234+BC289+BC307+BC310+BC333+BC341+BC376+BC514+BC538+BC571+BC588+BC686+BC709+BC714+BC719+BC733+BC815","v":0},null,{"$f":"BE32+BE94+BE109+BE114+BE198+BE212+BE234+BE289+BE307+BE310+BE333+BE341+BE376+BE514+BE538+BE571+BE588+BE686+BE709+BE714+BE719+BE733+BE815","v":0},{"$f":"BF32+BF94+BF109+BF114+BF198+BF212+BF234+BF289+BF307+BF310+BF333+BF341+BF376+BF514+BF538+BF571+BF588+BF686+BF709+BF714+BF719+BF733+BF815","v":0},null,0,null,{"$f":"BJ32+BJ94+BJ109+BJ114+BJ198+BJ212+BJ234+BJ289+BJ307+BJ310+BJ333+BJ341+BJ376+BJ514+BJ538+BJ571+BJ588+BJ686+BJ709+BJ714+BJ719+BJ733+BJ815","v":159535338.57209003},null,{"$f":"BL32+BL94+BL109+BL114+BL198+BL212+BL234+BL289+BL307+BL310+BL333+BL341+BL376+BL514+BL538+BL571+BL588+BL686+BL709+BL714+BL719+BL733+BL815","v":208640854.38634995},{"$f":"BM32+BM94+BM109+BM114+BM198+BM212+BM234+BM289+BM307+BM310+BM333+BM341+BM376+BM514+BM538+BM571+BM588+BM686+BM709+BM714+BM719+BM733+BM815","v":368176192.97843993},null,null,{"$f":"BP32+BP94+BP109+BP114+BP198+BP212+BP234+BP289+BP307+BP310+BP333+BP341+BP376+BP514+BP538+BP571+BP588+BP686+BP709+BP714+BP719+BP733+BP815","v":71671918.640539989},null,{"$f":"BR32+BR94+BR109+BR114+BR198+BR212+BR234+BR289+BR307+BR310+BR333+BR341+BR376+BR514+BR538+BR571+BR588+BR686+BR709+BR714+BR719+BR733+BR815","v":73632641.279489964},{"$f":"BS32+BS94+BS109+BS114+BS198+BS212+BS234+BS289+BS307+BS310+BS333+BS341+BS376+BS514+BS538+BS571+BS588+BS686+BS709+BS714+BS719+BS733+BS815","v":145304559.92003}]

{"sheet":"КС3 №5 июнь-2","index":3,"n_rows":99,"n_cols":16,"rows_kept":99,"cut":false,"hidden":true,"merged":[[97,3,97,4],[78,5,78,6],[85,2,85,4],[85,5,85,6],[86,2,86,4],[86,5,86,6],[87,3,87,4],[94,2,94,4],[94,5,94,6],[95,2,95,4],[95,5,95,6],[96,5,96,6],[43,4,43,6],[33,1,33,3],[34,1,34,3],[35,1,35,3],[36,1,36,3],[37,1,37,3],[38,1,38,3],[39,1,39,3],[40,1,40,3],[41,4,41,6],[42,4,42,6],[37,14,37,15],[29,1,29,3],[29,9,29,13],[30,1,30,3],[30,9,30,10],[31,1,31,3],[32,1,32,3],[23,6,23,7],[6,2,6,5],[8,2,8,5],[10,2,10,5],[12,2,12,5],[13,2,13,5]]}
[null,null,null,null,null,null,null,"Уницированная форма № КС - 3"]
[null,null,null,null,null,null,null,"Утверждена постановлением Госкомстата России"]
[null,null,null,null,null,null,null,"от 11.11.99г. № 100"]
[]
[null,null,null,null,null,null,null,"Код"]
[null,null,null,null,null,null,"Форма по ОКУД","0322001"]
["Инвестор"]
[]
["Заказчик",null,"АО «МЕТРОВАГОНМАШ»; 141009, Московская обл., г. о. Мытищи, г. Мытищи,  ул. Колонцова, 4, 8 (498) 687-45-55",null,null,null,"по ОКПО",5804803]
[]
["Генподрядчик",null,"ООО «КиКГЕОСТРОЙ»; 109004, г. Москва, ул. Земляной Вал, д.65, кв.59; +7 (495) 915-24-71",null,null,null,"по ОКПО",16673706]
[]
["Объект:",null,"Строительство 2КЛ-0,4 кВ от ТП-10/0,4 кВ № 11223 до стены фасада здания в направлении нового ВРЩ-0,4 кВ, в т.ч. ПИР: г.Москва, ул. 5-я Парковая, д.51"]
["Стройка :",null,"Цех №8, расположенный по адресу: Московская область, г.о. Мытищи, ул.Колонцова, д.4"]
[null,null,null," ",null,null,"Доп. соглашение."]
[null,null,null,null,null,"Вид деятельности","по ОКДП"]
[null,null,null,null,null,"Договор подряда   ","номер","МВМ/19-07"]
[null,null,null,null,null,null,"дата","2023-07-19"]
[null,null,null,null,null,"Дополнительное соглашение","номер","6"]
[null,null,null,null,null,null,"дата","2024-05-15"]
[null,null,null,null,null,null,"Вид операции"]
[null,null,null,null,null,null," "]
[]
[null,null,null,null,"Номер документа   ","Дата составления   ","Отчетный период"]
[null,null,null,null,null,null,"с","по"]
[null,null,null,null,5,"2024-06-25","2024-06-21",{"$f":"F26","v":"2024-06-25"}]
[]
[null,null,null,null,"СПРАВКА"]
[null,null,null,null,"О СТОИМОСТИ ВЫПОЛНЕННЫХ РАБОТ И ЗАТРАТ"]
["Номер","Наименование пусковых комплексов, объектов,",null,null,"  Код","    Стоимость выполненных работ и затрат,руб.",null,null,null,"Договор №МВМ/19-07"]
["   по","видов работ, оборудования, затрат",null,null,null,"    с начала",null,"в том числе",null,"сумма с ндс",null,{"$f":"'[12]кс-6а'!I828","v":513480752.87847006}]
["порядку",null,null,null,null,"  проведения","с начала года","за отчетный",null,null,"без НДС","с НДС","КС-3 №                   ","КС-2 №                         ","проверка"]
[null,null,null,null,null,"      работ",null,"период",null,"март 24г",135026539.44,162031847.33000001,1,1,162031847.333,{"$f":"L33-O33","v":-2.9999911785125732E-3}]
[1,2,null,null,3,4,5,6,null,"май-1 24г",32271379.579999998,38725655.5,2,2,38725655.5,{"$f":"L34-O34","v":0}]
[null,"Всего работ и затрат, включаемых в стоимость работ в том числе:",null,null,"х",{"$f":"F36","v":345064420.29666668},{"$f":"G36","v":345064420.29666668},{"$f":"H36","v":11004532.476666668},null,"май-2 24г",141163448.94999999,169396138.74000001,3,3,169396138.73543996,4.5600533485412598E-3]
["1","СМР",null,null,null,{"$f":"G36","v":345064420.29666668},{"$f":"K33+K34+K35+H36+K36","v":345064420.29666668},{"$f":"K42","v":11004532.476666668},null,"июнь-1 24г.",25598519.850000001,30718223.815499999,4,4,30718223.8255,-1.0000001639127731E-2]
["2","СМР",null,null,null,{"$f":"G37","v":0},0,{"$f":"SUM(I37:Q37)","v":0},null,"июнь-1 24г."]
["3","Оборудование",null,null,null,0,0,{"$f":"SUM(I38:Q38)","v":0},null,"июнь-1 24г."]
["4","Оборудование ТБ",null,null,null,null,null,null,null,"июнь-1 24г."]
["4","ПНР",null,null,null,null,null,null,null,"июнь-1 24г."]
["5","Прочие затраты",null,null,null,0,0,{"$f":"SUM(I41:Q41)","v":0},null,"июнь-1 24г."]
[null,null,null,null,"Итого:",null,null,{"$f":"H35","v":11004532.476666668},null,"июнь-2 24г.",{"$f":"L42/1.2-0.01","v":11004532.476666668},{"$f":"'кс-2 №5 июнь-2'!AN828","v":13205438.984000001},5,5,{"$f":"H44","v":13205438.976666668},{"$f":"L42-H44","v":7.3333326727151871E-3}]
[null,null,null,null,"Налог на добавленную стоимость 20%:",null,null,{"$f":"ROUND(H42*0.2,2)","v":2200906.5}]
[null,null,null,null,"Всего,с учетом налогов:",null,null,{"$f":"H42+H43","v":13205438.976666668}]
[]
["08",null,null,"НДС 18%",null,{"$error":"#REF!"},{"$error":"#REF!"},68388.36]
[null,null,null,"Оборудование с НДС 18%",null,null,{"$error":"#REF!"},437891.54]
[null,null,null,"Авторский надзор 2,65%",null,null,0,0]
[null,null,null,"НДС 18%",null,null,0,0]
[null,null,null,"Авторский надзор 2,65% с НДС 18%",null,null,0,0]
["02",null,null,"НДС 18%",null,0,0,0]
[]
["03",null,null,"Поставка продукции",null,0,0,0]
[null,null,null,"в т.ч. оборудование",null,0,0,0]
[]
["04",null,null,"НДС 18%",null,0,0,0]
[]
["03",null,null,"Прочие",null,401728.83,401728.83,401728.83]
[]
["04",null,null,"НДС 18%",null,72311.19,72311.19,72311.19]
[]
[]
[]
[null,null,null,"Охрана",null,null,0,0]
[null,null,null,"НДС 18%",null,null,0,0]
[null,null,null,"Охрана с НДС 18%",null,null,0,0]
[null,null,null,"Прочие от СМР",null,null,0,0]
[null,null,null,"НДС 18%",null,null,0,0]
[null,null,null,"Прочие с НДС 18%",null,null,0,0]
[null,null,null,"Страхование 0,8%",null,null,0,0]
[null,null,null,"НДС 18%",null,null,0,0]
[null,null,null,"Страхование 0,8% с НДС 18%",null,null,0,0]
[null,null,null,"Согласование и услуги 0,15%",null,null,0,0]
[null,null,null,"НДС 18%",null,null,0,0]
[null,null,null,"Согласование и услуги 0,15% с НДС",null,null,0,0]
["25",null,null,"Всего с НДС 18%:",null,null,{"$error":"#REF!"}]
[null,null,null,null,null,null,"Итого",379935.31]
[null,null,null,null,null,null,"      Сумма НДС",68388.36]
[null,null,null,null,null,"                  Всего с учетом НДС",null,448323.67]
[]
[null,null,null,null,"Зачет аванса 50%",null,null,{"$f":"H44/2","v":6602719.4883333342}]
[null,null,null,null,"К оплате, с учетом авансового платежа 50%",null,null,{"$f":"H81","v":6602719.4883333342}]
[null,null,null,null,"В т.ч. НДС 20%",null,null,{"$f":"H82/120*20","v":1100453.2480555559},null,null,{"$f":"SUM(K33:K82)","v":345064420.29666668},{"$f":"SUM(L33:L82)","v":414077304.3695001},null,null,{"$f":"F35-K83","v":0}]
[]
[null,null,null,null,null,null,null,null,null,"остаток по Договору",null,{"$f":"L31-L83","v":99403448.508969963}]
["Заказчик",null,"Генеральный директор\nАО «МЕТРОВАГОНМАШ» ",null,null,null,null,"А.Б. Степнов"]
[null,null,"должность",null,null,"подпись",null,"расшифровка подписи"]
[]
[]
[]
[null,"М.П."]
[]
[]
[]
[]
["Генподрядчик",null,"Генеральный директор\nООО «КиКГЕОСТРОЙ»",null,null,null,null,"Ю.Ф. Кесслер"]
[null,null,null,"должность",null,"подпись",null,"расшифровка подписи"]
[null,null,null,"        "]
[null,"М.П."]

{"sheet":"кс-2 №5 июнь-2","index":4,"n_rows":833,"n_cols":75,"rows_kept":833,"cut":false,"hidden":true,"merged":[[4,13,4,15],[4,19,4,21],[4,25,4,27],[5,13,5,15],[5,19,5,21],[5,25,5,27],[1,13,1,15],[2,13,2,15],[2,19,2,21],[2,25,2,27],[3,13,3,15],[3,19,3,21],[3,25,3,27],[8,13,8,15],[8,19,8,21],[8,25,8,27],[9,13,9,15],[9,19,9,21],[9,25,9,27],[6,13,6,15],[6,19,6,21],[6,25,6,27],[7,13,7,15],[7,19,7,21],[7,25,7,27],[12,13,12,15],[12,19,12,21],[12,25,12,27],[13,13,13,15],[13,19,13,21],[13,25,13,27],[10,13,10,15],[10,19,10,21],[10,25,10,27],[11,13,11,15],[11,19,11,21],[11,25,11,27],[16,13,16,15],[16,19,16,21],[16,25,16,27],[17,13,17,15],[17,19,17,21],[17,25,17,27],[14,13,14,15],[14,19,14,21],[14,25,14,27],[15,13,15,15],[15,19,15,21],[15,25,15,27],[27,59,27,64],[27,65,27,70],[28,4,28,5],[28,6,28,7],[28,11,28,12],[28,13,28,14],[28,17,28,18],[28,68,28,69],[28,53,28,54],[28,19,28,20],[28,60,28,61],[28,62,28,63],[832,1,832,13],[832,53,832,54],[832,60,832,61],[830,23,830,24],[830,29,830,30],[830,35,830,36],[830,41,830,42],[28,37,28,38],[28,41,28,42],[28,43,28,44],[28,47,28,48],[28,49,28,50],[28,23,28,24],[28,25,28,26],[28,29,28,30],[28,31,28,32],[28,35,28,36],[11,37,11,39],[12,37,12,39],[830,1,830,13],[832,23,832,24],[832,29,832,30],[832,35,832,36],[832,41,832,42],[832,47,832,48],[28,55,28,56],[26,10,26,15],[26,16,26,21],[26,22,26,27],[24,10,24,15],[24,16,24,21],[24,22,24,27],[25,10,25,15],[25,16,25,21],[25,22,25,27],[18,13,18,15],[18,19,18,21],[18,25,18,27],[20,12,21,12],[20,13,21,13],[20,14,20,15],[13,37,13,39],[14,37,14,39],[832,66,832,67],[2,37,2,39],[3,37,3,39],[4,37,4,39],[5,37,5,39],[6,37,6,39],[7,37,7,39],[8,37,8,39],[830,47,830,48],[830,53,830,54],[830,60,830,61],[830,66,830,67],[28,66,28,67],[26,34,26,39],[15,37,15,39],[16,37,16,39],[17,37,17,39],[18,37,18,39],[24,34,24,39],[25,34,25,39],[9,37,9,39],[10,37,10,39]]}
[]
["Инвестор",null,null,null,null,null,null,null,null,null,null,null,null,"Код",null,null,null,null,null,"Код",null,null,null,null,null,"Код",null,null,null,null,null,null,null,null,null,null,null,"Код"]
[null,"(организация, адрес, телефон, факс)",null,null,null,null,null,null,null,null,null,null,"Форма по ОКУД","0322005",null,null,null,null,"Форма по ОКУД","0322005",null,null,null,null,"Форма по ОКУД","0322005",null,null,null,null,null,null,null,null,null,null,"Форма по ОКУД","0322005"]
["Заказчик (Генподрядчик)","АО «МЕТРОВАГОНМАШ», 141009, Московская обл., г. о. Мытищи, г. Мытищи,  ул. Колонцова, 4, 8 (498) 687-45-55"]
[null,"(организация, адрес, телефон, факс)",null,null,null,null,null,null,null,null,null,null,"по ОКПО",null,null,null,null,null,"по ОКПО",null,null,null,null,null,"по ОКПО",null,null,null,null,null,null,null,null,null,null,null,"по ОКПО"]
["Подрядчик (Субподрядчик)","ООО «КиКГЕОСТРОЙ», 109004, г. Москва, ул. Земляной Вал, д.65, кв.59; +7 (495) 915-24-71"]
[null,"(организация, адрес, телефон, факс)",null,null,null,null,null,null,null,null,null,null,"по ОКПО","05804803",null,null,null,null,"по ОКПО","05804803",null,null,null,null,"по ОКПО","05804803",null,null,null,null,null,null,null,null,null,null,"по ОКПО","05804803"]
["Стройка","Цех №8, расположенный по адресу: Московская область, г.о. Мытищи, ул.Колонцова, д.4"]
[null,"(наименование, адрес)",null,null,null,null,null,null,null,null,null,null,"по ОКПО","16673706",null,null,null,null,"по ОКПО","16673706",null,null,null,null,"по ОКПО","16673706",null,null,null,null,null,null,null,null,null,null,"по ОКПО","16673706"]
["Объект","Ремонт цеха №8, расположенного по адресу: Московская область, г.о. Мытищи, ул.Колонцова, д.4"]
[null,"(наименование)"]
[]
[]
[null,null,null,null,null,null,null,null,null,null,null,null,"Вид деятельности по ОКДП",null,null,null,null,null,"Вид деятельности по ОКДП",null,null,null,null,null,"Вид деятельности по ОКДП",null,null,null,null,null,null,null,null,null,null,null,"Вид деятельности по ОКДП"]
[null,null,null,null,null,null,null,null,null,null,null,"Договор подряда (контракт)","номер","МВМ/19-07",null,null,null,"Договор подряда (контракт)","номер","МВМ/19-07",null,null,null,"Договор подряда (контракт)","номер","МВМ/19-07",null,null,null,null,null,null,null,null,null,"Договор подряда (контракт)","номер","МВМ/19-07"]
[null,null,null,null,null,null,null,null,null,null,null,null,"дата","19.07.2023",null,null,null,null,"дата","19.07.2023",null,null,null,null,"дата","19.07.2023",null,null,null,null,null,null,null,null,null,null,"дата","19.07.2023"]
[null,null,null,null,null,null,null,null,null,null,null,"Дополнительное соглашение","номер","4",null,null,null,"Дополнительное соглашение","номер","4",null,null,null,"Дополнительное соглашение","номер","4",null,null,null,null,null,null,null,null,null,"Дополнительное соглашение","номер",6]
[null,null,null,null,null,null,null,null,null,null,null,null,"дата","08.02.2024",null,null,null,null,"дата","08.02.2024",null,null,null,null,"дата","08.02.2024",null,null,null,null,null,null,null,null,null,null,"дата","15.05.2024"]
[null,null,null,null,null,null,null,null,null,null,null,null,"Вид операции",null,null,null,null,null,"Вид операции",null,null,null,null,null,"Вид операции",null,null,null,null,null,null,null,null,null,null,null,"Вид операции"]
[]
[null,null,null,null,null,null,null,null,null,null,null,null,"Номер документа","Дата составления","Отчетный период",null,null,null,"Номер документа","Дата составления","Отчетный период",null,null,null,"Номер документа","Дата составления","Отчетный период",null,null,null,null,null,null,null,null,null,"Номер документа","Дата составления","Отчетный период"]
[null,null,null,null,null,null,null,null,null,null,null,null,null,null,"с","по",null,null,null,null,"с","по",null,null,null,null,"с","по",null,null,null,null,null,null,null,null,null,null,"с","по"]
[null,null,null,null,null,null,null,null,null,null,null,null,"1",{"$f":"P23","v":"2024-03-20"},"2023-07-19","2024-03-20",null,null,2,{"$f":"V23","v":"2024-05-02"},"2024-03-21","2024-05-02",null,null,"3",{"$f":"AB23","v":"00:00:00"},null,null,null,null,null,null,null,null,null,null,"5","2024-06-25","2024-06-21",{"$f":"AL23","v":"2024-06-25"}]
[]
[null,null,null,null,null,null,null,null,null,null,"АКТ",null,null,null,null,null,"АКТ",null,null,null,null,null,"АКТ",null,null,null,null,null,null,null,null,null,null,null,"АКТ"]
[null,null,null,null,null,null,null,null,null,null,"О ПРИЕМКЕ ВЫПОЛНЕННЫХ РАБОТ ",null,null,null,null,null,"О ПРИЕМКЕ ВЫПОЛНЕННЫХ РАБОТ ",null,null,null,null,null,"О ПРИЕМКЕ ВЫПОЛНЕННЫХ РАБОТ ",null,null,null,null,null,null,null,null,null,null,null,"О ПРИЕМКЕ ВЫПОЛНЕННЫХ РАБОТ "]
[null,null,null,null,null,null,null,null,null,null,"за МАРТ 2024 г.",null,null,null,null,null,"за МАЙ 2024 г.",null,null,null,null,null,"за  2024 г.",null,null,null,null,null,null,null,null,null,null,null,"за  июнь  2024 г."]
[]
[null,null,null,null,"Стоимость работ, руб. с НДС",null,"Стоимость материалов, руб. с НДС",null,null,null,null,"Стоимость работ, руб. с НДС",null,"Стоимость материалов, руб. с НДС",null,null,null,"Стоимость работ, руб. с НДС",null,"Стоимость материалов, руб. с НДС",null,null,null,"Стоимость работ, руб. с НДС",null,"Стоимость материалов, руб. с НДС",null,null,null,"Стоимость работ, руб. с НДС",null,"Стоимость материалов, руб. с НДС",null,null,null,"Стоимость работ, руб. с НДС",null,"Стоимость материалов, руб. с НДС",null,null,null,"Стоимость работ, руб. с НДС",null,"Стоимость материалов, руб. с НДС",null,null,null,"Стоимость работ, руб. с НДС",null,"Стоимость материалов, руб. с НДС",null,null,null,"Стоимость работ, руб. с НДС",null,"Стоимость материалов, руб. с НДС",null,null,null,null,"Стоимость работ, руб. с НДС",null,"Стоимость материалов, руб. с НДС",null,null,null,"Стоимость работ, руб. с НДС",null,"Стоимость материалов, руб. с НДС"]
["№","Наименовение","Ед.изм","Кол-во","за ед.","Итого","за ед.","Итого","Итого, руб. с НДС",null,"Кол-во","за ед.","Итого","за ед.","Итого","Итого, руб. с НДС","Кол-во","за ед.","Итого","за ед.","Итого","Итого, руб. с НДС","Кол-во","за ед.","Итого","за ед.","Итого","Итого, руб. с НДС","Кол-во","за ед.","Итого","за ед.","Итого","Итого, руб. с НДС","Кол-во","за ед.","Итого","за ед.","Итого","Итого, руб. с НДС","Кол-во","за ед.","Итого","за ед.","Итого","Итого, руб. с НДС","Кол-во","за ед.","Итого","за ед.","Итого","Итого, руб. с НДС","Кол-во","за ед.","Итого","за ед.","Итого","Итого, руб. с НДС",null,"Кол-во","за ед.","Итого","за ед.","Итого","Итого, руб. с НДС","Кол-во","за ед.","Итого","за ед.","Итого","Итого, руб. с НДС"]
[1,"Основные объекты строительства, реконструкции, капитального ремонта, в том числе:"]
["1.1","130-23-АС3 Архитектурно-строительные решения",null,null,null,null,null,null,null,null,null,null,null,null,null,null,null,null,null,null,null,null,null,null,null,null,null,null,null,null,null,null,null,null,null,null,{"$f":"AK34+AK35+AK36+AK37+AK39+AK40+AK42+AK43+AK44+AK45+AK46+AK47+AK48+AK49+AK51+AK52+AK53+AK54+AK55+AK56+AK57+AK58+AK59+AK60+AK61+AK62+AK63+AK64+AK65+AK66+AK67+AK68+AK69+AK70+AK71+AK72+AK74+AK75+AK76+AK77+AK79+AK80+AK81+AK82+AK83+AK84+AK85+AK86+AK87+AK88+AK89+AK90+AK91+AK92+AK93","v":0},null,{"$f":"AM34+AM35+AM36+AM37+AM39+AM40+AM42+AM43+AM44+AM45+AM46+AM47+AM48+AM49+AM51+AM52+AM53+AM54+AM55+AM56+AM57+AM58+AM59+AM60+AM61+AM62+AM63+AM64+AM65+AM66+AM67+AM68+AM69+AM70+AM71+AM72+AM74+AM75+AM76+AM77+AM79+AM80+AM81+AM82+AM83+AM84+AM85+AM86+AM87+AM88+AM89+AM90+AM91+AM92+AM93","v":0},{"$f":"AN34+AN35+AN36+AN37+AN39+AN40+AN42+AN43+AN44+AN45+AN46+AN47+AN48+AN49+AN51+AN52+AN53+AN54+AN55+AN56+AN57+AN58+AN59+AN60+AN61+AN62+AN63+AN64+AN65+AN66+AN67+AN68+AN69+AN70+AN71+AN72+AN74+AN75+AN76+AN77+AN79+AN80+AN81+AN82+AN83+AN84+AN85+AN86+AN87+AN88+AN89+AN90+AN91+AN92+AN93","v":0},null,null,{"$f":"AQ34+AQ35+AQ36+AQ37+AQ39+AQ40+AQ42+AQ43+AQ44+AQ45+AQ46+AQ47+AQ48+AQ49+AQ51+AQ52+AQ53+AQ54+AQ55+AQ56+AQ57+AQ58+AQ59+AQ60+AQ61+AQ62+AQ63+AQ64+AQ65+AQ66+AQ67+AQ68+AQ69+AQ70+AQ71+AQ72+AQ74+AQ75+AQ76+AQ77+AQ79+AQ80+AQ81+AQ82+AQ83+AQ84+AQ85+AQ86+AQ87+AQ88+AQ89+AQ90+AQ91+AQ92+AQ93","v":0},null,{"$f":"AS34+AS35+AS36+AS37+AS39+AS40+AS42+AS43+AS44+AS45+AS46+AS47+AS48+AS49+AS51+AS52+AS53+AS54+AS55+AS56+AS57+AS58+AS59+AS60+AS61+AS62+AS63+AS64+AS65+AS66+AS67+AS68+AS69+AS70+AS71+AS72+AS74+AS75+AS76+AS77+AS79+AS80+AS81+AS82+AS83+AS84+AS85+AS86+AS87+AS88+AS89+AS90+AS91+AS92+AS93","v":0},{"$f":"AT34+AT35+AT36+AT37+AT39+AT40+AT42+AT43+AT44+AT45+AT46+AT47+AT48+AT49+AT51+AT52+AT53+AT54+AT55+AT56+AT57+AT58+AT59+AT60+AT61+AT62+AT63+AT64+AT65+AT66+AT67+AT68+AT69+AT70+AT71+AT72+AT74+AT75+AT76+AT77+AT79+AT80+AT81+AT82+AT83+AT84+AT85+AT86+AT87+AT88+AT89+AT90+AT91+AT92+AT93","v":0},null,null,{"$f":"AW34+AW35+AW36+AW37+AW39+AW40+AW42+AW43+AW44+AW45+AW46+AW47+AW48+AW49+AW51+AW52+AW53+AW54+AW55+AW56+AW57+AW58+AW59+AW60+AW61+AW62+AW63+AW64+AW65+AW66+AW67+AW68+AW69+AW70+AW71+AW72+AW74+AW75+AW76+AW77+AW79+AW80+AW81+AW82+AW83+AW84+AW85+AW86+AW87+AW88+AW89+AW90+AW91+AW92+AW93","v":0},null,{"$f":"AY34+AY35+AY36+AY37+AY39+AY40+AY42+AY43+AY44+AY45+AY46+AY47+AY48+AY49+AY51+AY52+AY53+AY54+AY55+AY56+AY57+AY58+AY59+AY60+AY61+AY62+AY63+AY64+AY65+AY66+AY67+AY68+AY69+AY70+AY71+AY72+AY74+AY75+AY76+AY77+AY79+AY80+AY81+AY82+AY83+AY84+AY85+AY86+AY87+AY88+AY89+AY90+AY91+AY92+AY93","v":0},{"$f":"AZ34+AZ35+AZ36+AZ37+AZ39+AZ40+AZ42+AZ43+AZ44+AZ45+AZ46+AZ47+AZ48+AZ49+AZ51+AZ52+AZ53+AZ54+AZ55+AZ56+AZ57+AZ58+AZ59+AZ60+AZ61+AZ62+AZ63+AZ64+AZ65+AZ66+AZ67+AZ68+AZ69+AZ70+AZ71+AZ72+AZ74+AZ75+AZ76+AZ77+AZ79+AZ80+AZ81+AZ82+AZ83+AZ84+AZ85+AZ86+AZ87+AZ88+AZ89+AZ90+AZ91+AZ92+AZ93","v":0},null,null,{"$f":"BC34+BC35+BC36+BC37+BC39+BC40+BC42+BC43+BC44+BC45+BC46+BC47+BC48+BC49+BC51+BC52+BC53+BC54+BC55+BC56+BC57+BC58+BC59+BC60+BC61+BC62+BC63+BC64+BC65+BC66+BC67+BC68+BC69+BC70+BC71+BC72+BC74+BC75+BC76+BC77+BC79+BC80+BC81+BC82+BC83+BC84+BC85+BC86+BC87+BC88+BC89+BC90+BC91+BC92+BC93","v":0},null,{"$f":"BE34+BE35+BE36+BE37+BE39+BE40+BE42+BE43+BE44+BE45+BE46+BE47+BE48+BE49+BE51+BE52+BE53+BE54+BE55+BE56+BE57+BE58+BE59+BE60+BE61+BE62+BE63+BE64+BE65+BE66+BE67+BE68+BE69+BE70+BE71+BE72+BE74+BE75+BE76+BE77+BE79+BE80+BE81+BE82+BE83+BE84+BE85+BE86+BE87+BE88+BE89+BE90+BE91+BE92+BE93","v":0},{"$f":"BF34+BF35+BF36+BF37+BF39+BF40+BF42+BF43+BF44+BF45+BF46+BF47+BF48+BF49+BF51+BF52+BF53+BF54+BF55+BF56+BF57+BF58+BF59+BF60+BF61+BF62+BF63+BF64+BF65+BF66+BF67+BF68+BF69+BF70+BF71+BF72+BF74+BF75+BF76+BF77+BF79+BF80+BF81+BF82+BF83+BF84+BF85+BF86+BF87+BF88+BF89+BF90+BF91+BF92+BF93","v":0},null,null,null,{"$f":"BJ34+BJ35+BJ36+BJ37+BJ39+BJ40+BJ42+BJ43+BJ44+BJ45+BJ46+BJ47+BJ48+BJ49+BJ51+BJ52+BJ53+BJ54+BJ55+BJ56+BJ57+BJ58+BJ59+BJ60+BJ61+BJ62+BJ63+BJ64+BJ65+BJ66+BJ67+BJ68+BJ69+BJ70+BJ71+BJ72+BJ74+BJ75+BJ76+BJ77+BJ79+BJ80+BJ81+BJ82+BJ83+BJ84+BJ85+BJ86+BJ87+BJ88+BJ89+BJ90+BJ91+BJ92+BJ93","v":21126432.228999998},null,{"$f":"BL34+BL35+BL36+BL37+BL39+BL40+BL42+BL43+BL44+BL45+BL46+BL47+BL48+BL49+BL51+BL52+BL53+BL54+BL55+BL56+BL57+BL58+BL59+BL60+BL61+BL62+BL63+BL64+BL65+BL66+BL67+BL68+BL69+BL70+BL71+BL72+BL74+BL75+BL76+BL77+BL79+BL80+BL81+BL82+BL83+BL84+BL85+BL86+BL87+BL88+BL89+BL90+BL91+BL92+BL93","v":18699348.919999994},{"$f":"BM34+BM35+BM36+BM37+BM39+BM40+BM42+BM43+BM44+BM45+BM46+BM47+BM48+BM49+BM51+BM52+BM53+BM54+BM55+BM56+BM57+BM58+BM59+BM60+BM61+BM62+BM63+BM64+BM65+BM66+BM67+BM68+BM69+BM70+BM71+BM72+BM74+BM75+BM76+BM77+BM79+BM80+BM81+BM82+BM83+BM84+BM85+BM86+BM87+BM88+BM89+BM90+BM91+BM92+BM93","v":39825781.148999996},null,null,{"$f":"BP34+BP35+BP36+BP37+BP39+BP40+BP42+BP43+BP44+BP45+BP46+BP47+BP48+BP49+BP51+BP52+BP53+BP54+BP55+BP56+BP57+BP58+BP59+BP60+BP61+BP62+BP63+BP64+BP65+BP66+BP67+BP68+BP69+BP70+BP71+BP72+BP74+BP75+BP76+BP77+BP79+BP80+BP81+BP82+BP83+BP84+BP85+BP86+BP87+BP88+BP89+BP90+BP91+BP92+BP93","v":2707635.7864999999},null,{"$f":"BR34+BR35+BR36+BR37+BR39+BR40+BR42+BR43+BR44+BR45+BR46+BR47+BR48+BR49+BR51+BR52+BR53+BR54+BR55+BR56+BR57+BR58+BR59+BR60+BR61+BR62+BR63+BR64+BR65+BR66+BR67+BR68+BR69+BR70+BR71+BR72+BR74+BR75+BR76+BR77+BR79+BR80+BR81+BR82+BR83+BR84+BR85+BR86+BR87+BR88+BR89+BR90+BR91+BR92+BR93","v":3169194.3814999992},{"$f":"BS34+BS35+BS36+BS37+BS39+BS40+BS42+BS43+BS44+BS45+BS46+BS47+BS48+BS49+BS51+BS52+BS53+BS54+BS55+BS56+BS57+BS58+BS59+BS60+BS61+BS62+BS63+BS64+BS65+BS66+BS67+BS68+BS69+BS70+BS71+BS72+BS74+BS75+BS76+BS77+BS79+BS80+BS81+BS82+BS83+BS84+BS85+BS86+BS87+BS88+BS89+BS90+BS91+BS92+BS93","v":5876830.1680000005}]
["1.1.1","Демонтажные работы",null,null,null,null,null,null,null,null,null,null,null,null,null,null,null,null,null,null,null,null,null,null,null,null,null,null,null,null,null,null,null,null,null,null,null,null,null,null,null,null,null,null,null,null,null,null,null,null,null,null,null,null,null,null,null,null,null,{"$f":"K33+Q33+W33+AC33+AI33+AO33+AU33+BA33","v":0},null,null,null,null,null,{"$f":"D33-BH33","v":0}]
["1.1.1.1","Частичный демонтаж крестовых связей","тн",0.44,49415,{"$f":"D34*E34","v":21742.6},0,null,{"$f":"E34*D34+G34*D34","v":21742.6},null,0.44,49415,{"$f":"K34*L34","v":21742.6},0,null,{"$f":"L34*K34+N34*K34","v":21742.6},null,49415,{"$f":"Q34*R34","v":0},0,null,{"$f":"R34*Q34+T34*Q34","v":0},null,49415,{"$f":"W34*X34","v":0},0,null,{"$f":"X34*W34+Z34*W34","v":0},null,49415,{"$f":"AC34*AD34","v":0},0,null,{"$f":"AD34*AC34+AF34*AC34","v":0},null,49415,{"$f":"AI34*AJ34","v":0},0,null,{"$f":"AJ34*AI34+AL34*AI34","v":0},null,49415,{"$f":"AO34*AP34","v":0},0,null,{"$f":"AP34*AO34+AR34*AO34","v":0},null,49415,{"$f":"AU34*AV34","v":0},0,null,{"$f":"AV34*AU34+AX34*AU34","v":0},null,49415,{"$f":"BA34*BB34","v":0},0,null,{"$f":"BB34*BA34+BD34*BA34","v":0},null,{"$f":"K34+Q34+W34+AC34+AI34+AO34+AU34+BA34","v":0.44},49415,{"$f":"BH34*BI34","v":21742.6},0,null,{"$f":"BI34*BH34+BK34*BH34","v":21742.6},{"$f":"D34-BH34","v":0},49415,{"$f":"BN34*BO34","v":0},0,null,{"$f":"BO34*BN34+BQ34*BN34","v":0}]
["1.1.1.2","Демонтаж сэндвич панелей","м2",389.4,990,{"$f":"D35*E35","v":385506},0,null,{"$f":"E35*D35+G35*D35","v":385506},null,389.4,990,{"$f":"K35*L35","v":385506},0,null,{"$f":"L35*K35+N35*K35","v":385506},null,990,{"$f":"Q35*R35","v":0},0,null,{"$f":"R35*Q35+T35*Q35","v":0},null,990,{"$f":"W35*X35","v":0},0,null,{"$f":"X35*W35+Z35*W35","v":0},null,990,{"$f":"AC35*AD35","v":0},0,null,{"$f":"AD35*AC35+AF35*AC35","v":0},null,990,{"$f":"AI35*AJ35","v":0},0,null,{"$f":"AJ35*AI35+AL35*AI35","v":0},null,990,{"$f":"AO35*AP35","v":0},0,null,{"$f":"AP35*AO35+AR35*AO35","v":0},null,990,{"$f":"AU35*AV35","v":0},0,null,{"$f":"AV35*AU35+AX35*AU35","v":0},null,990,{"$f":"BA35*BB35","v":0},0,null,{"$f":"BB35*BA35+BD35*BA35","v":0},null,389.4,990,{"$f":"BH35*BI35","v":385506},0,null,{"$f":"BI35*BH35+BK35*BH35","v":385506},0,990,{"$f":"BN35*BO35","v":0},0,null,{"$f":"BO35*BN35+BQ35*BN35","v":0}]
["1.1.2","Устройство фахверка","тн",0.34,95478,{"$f":"D36*E36","v":32462.520000000004},229000,{"$f":"D36*G36","v":77860},{"$f":"E36*D36+G36*D36","v":110322.52},null,null,95478,{"$f":"K36*L36","v":0},229000,{"$f":"K36*N36","v":0},{"$f":"L36*K36+N36*K36","v":0},null,95478,{"$f":"Q36*R36","v":0},229000,{"$f":"Q36*T36","v":0},{"$f":"R36*Q36+T36*Q36","v":0},null,95478,{"$f":"W36*X36","v":0},229000,{"$f":"W36*Z36","v":0},{"$f":"X36*W36+Z36*W36","v":0},null,95478,{"$f":"AC36*AD36","v":0},229000,{"$f":"AC36*AF36","v":0},{"$f":"AD36*AC36+AF36*AC36","v":0},null,95478,{"$f":"AI36*AJ36","v":0},229000,{"$f":"AI36*AL36","v":0},{"$f":"AJ36*AI36+AL36*AI36","v":0},null,95478,{"$f":"AO36*AP36","v":0},229000,{"$f":"AO36*AR36","v":0},{"$f":"AP36*AO36+AR36*AO36","v":0},null,95478,{"$f":"AU36*AV36","v":0},229000,{"$f":"AU36*AX36","v":0},{"$f":"AV36*AU36+AX36*AU36","v":0},null,95478,{"$f":"BA36*BB36","v":0},229000,{"$f":"BA36*BD36","v":0},{"$f":"BB36*BA36+BD36*BA36","v":0},null,0,95478,{"$f":"BH36*BI36","v":0},229000,{"$f":"BH36*BK36","v":0},{"$f":"BI36*BH36+BK36*BH36","v":0},0.34,95478,{"$f":"BN36*BO36","v":32462.520000000004},229000,{"$f":"BN36*BQ36","v":77860},{"$f":"BO36*BN36+BQ36*BN36","v":110322.52}]
["1.1.3","Устройство сэндвич панелей","м2",389.4,2711,{"$f":"D37*E37","v":1055663.3999999999},6573,{"$f":"D37*G37","v":2559526.1999999997},{"$f":"E37*D37+G37*D37","v":3615189.5999999996},null,389.4,2711,{"$f":"K37*L37","v":1055663.3999999999},6573,{"$f":"K37*N37","v":2559526.1999999997},{"$f":"L37*K37+N37*K37","v":3615189.5999999996},null,2711,{"$f":"Q37*R37","v":0},6573,{"$f":"Q37*T37","v":0},{"$f":"R37*Q37+T37*Q37","v":0},null,2711,{"$f":"W37*X37","v":0},6573,{"$f":"W37*Z37","v":0},{"$f":"X37*W37+Z37*W37","v":0},null,2711,{"$f":"AC37*AD37","v":0},6573,{"$f":"AC37*AF37","v":0},{"$f":"AD37*AC37+AF37*AC37","v":0},null,2711,{"$f":"AI37*AJ37","v":0},6573,{"$f":"AI37*AL37","v":0},{"$f":"AJ37*AI37+AL37*AI37","v":0},null,2711,{"$f":"AO37*AP37","v":0},6573,{"$f":"AO37*AR37","v":0},{"$f":"AP37*AO37+AR37*AO37","v":0},null,2711,{"$f":"AU37*AV37","v":0},6573,{"$f":"AU37*AX37","v":0},{"$f":"AV37*AU37+AX37*AU37","v":0},null,2711,{"$f":"BA37*BB37","v":0},6573,{"$f":"BA37*BD37","v":0},{"$f":"BB37*BA37+BD37*BA37","v":0},null,389.4,2711,{"$f":"BH37*BI37","v":1055663.3999999999},6573,{"$f":"BH37*BK37","v":2559526.1999999997},{"$f":"BI37*BH37+BK37*BH37","v":3615189.5999999996},0,2711,{"$f":"BN37*BO37","v":0},6573,{"$f":"BN37*BQ37","v":0},{"$f":"BO37*BN37+BQ37*BN37","v":0}]
["1.1.4","Устройство перегородок",null,null,0,null,0,null,null,null,null,0,null,0,null,null,null,0,null,0,null,null,null,0,null,0,null,null,null,0,null,0,null,null,null,0,null,0,null,null,null,0,null,0,null,null,null,0,null,0,null,null,null,0,null,0,null,null,null,0,0,null,0,null,null,0,0,null,0]
["1.1.4.1","Перегородки гипсокартонные типа С112 комплексной системы КНАУФ толщиной 100 мм с облицовкой 2мя листами ГКЛ (толщиной 12,5мм) со звукоизолирующим слоем из минераловатных плит Лайт Баттс толщиной 50 мм","м2",536,4955,{"$f":"D39*E39","v":2655880},4501,{"$f":"D39*G39","v":2412536},{"$f":"E39*D39+G39*D39","v":5068416},null,428.8,4955,{"$f":"K39*L39","v":2124704},4501,{"$f":"K39*N39","v":1930028.8},{"$f":"L39*K39+N39*K39","v":4054732.7999999998},96.96,4955,{"$f":"Q39*R39","v":480436.8},4501,{"$f":"Q39*T39","v":436416.95999999996},{"$f":"R39*Q39+T39*Q39","v":916853.76000000001},null,4955,{"$f":"W39*X39","v":0},4501,{"$f":"W39*Z39","v":0},{"$f":"X39*W39+Z39*W39","v":0},null,4955,{"$f":"AC39*AD39","v":0},4501,{"$f":"AC39*AF39","v":0},{"$f":"AD39*AC39+AF39*AC39","v":0},null,4955,{"$f":"AI39*AJ39","v":0},4501,{"$f":"AI39*AL39","v":0},{"$f":"AJ39*AI39+AL39*AI39","v":0},null,4955,{"$f":"AO39*AP39","v":0},4501,{"$f":"AO39*AR39","v":0},{"$f":"AP39*AO39+AR39*AO39","v":0},null,4955,{"$f":"AU39*AV39","v":0},4501,{"$f":"AU39*AX39","v":0},{"$f":"AV39*AU39+AX39*AU39","v":0},null,4955,{"$f":"BA39*BB39","v":0},4501,{"$f":"BA39*BD39","v":0},{"$f":"BB39*BA39+BD39*BA39","v":0},null,525.76,4955,{"$f":"BH39*BI39","v":2605140.7999999998},4501,{"$f":"BH39*BK39","v":2366445.7599999998},{"$f":"BI39*BH39+BK39*BH39","v":4971586.5599999996},10.240000000000009,4955,{"$f":"BN39*BO39","v":50739.200000000048},4501,{"$f":"BN39*BQ39","v":46090.240000000042},{"$f":"BO39*BN39+BQ39*BN39","v":96829.44000000009}]
["1.1.4.2","Устройство отверстий под воздуховоды","шт",2,8577.8799999999992,{"$f":"D40*E40","v":17155.759999999998},4657.25,{"$f":"D40*G40","v":9314.5},{"$f":"E40*D40+G40*D40","v":26470.26},null,null,8577.8799999999992,{"$f":"K40*L40","v":0},4657.25,{"$f":"K40*N40","v":0},{"$f":"L40*K40+N40*K40","v":0},null,8577.8799999999992,{"$f":"Q40*R40","v":0},4657.25,{"$f":"Q40*T40","v":0},{"$f":"R40*Q40+T40*Q40","v":0},null,8577.8799999999992,{"$f":"W40*X40","v":0},4657.25,{"$f":"W40*Z40","v":0},{"$f":"X40*W40+Z40*W40","v":0},null,8577.8799999999992,{"$f":"AC40*AD40","v":0},4657.25,{"$f":"AC40*AF40","v":0},{"$f":"AD40*AC40+AF40*AC40","v":0},null,8577.8799999999992,{"$f":"AI40*AJ40","v":0},4657.25,{"$f":"AI40*AL40","v":0},{"$f":"AJ40*AI40+AL40*AI40","v":0},null,8577.8799999999992,{"$f":"AO40*AP40","v":0},4657.25,{"$f":"AO40*AR40","v":0},{"$f":"AP40*AO40+AR40*AO40","v":0},null,8577.8799999999992,{"$f":"AU40*AV40","v":0},4657.25,{"$f":"AU40*AX40","v":0},{"$f":"AV40*AU40+AX40*AU40","v":0},null,8577.8799999999992,{"$f":"BA40*BB40","v":0},4657.25,{"$f":"BA40*BD40","v":0},{"$f":"BB40*BA40+BD40*BA40","v":0},null,0,8577.8799999999992,{"$f":"BH40*BI40","v":0},4657.25,{"$f":"BH40*BK40","v":0},{"$f":"BI40*BH40+BK40*BH40","v":0},2,8577.8799999999992,{"$f":"BN40*BO40","v":17155.759999999998},4657.25,{"$f":"BN40*BQ40","v":9314.5},{"$f":"BO40*BN40+BQ40*BN40","v":26470.26}]
["1.1.5","Отделка потолков помещений",null,null,0,null,0,null,null,null,null,0,null,0,null,null,null,0,null,0,null,null,null,0,null,0,null,null,null,0,null,0,null,null,null,0,null,0,null,null,null,0,null,0,null,null,null,0,null,0,null,null,null,0,null,0,null,null,null,0,0,null,0,null,null,0,0,null,0]
["1.1.5.1","Подвесной потолок системы \"Армстронг\"","м2",301.39999999999998,3957.07,{"$f":"D42*E42","v":1192660.898},0,null,{"$f":"E42*D42+G42*D42","v":1192660.898},null,null,3957.07,{"$f":"K42*L42","v":0},0,null,{"$f":"L42*K42+N42*K42","v":0},null,3957.07,{"$f":"Q42*R42","v":0},0,null,{"$f":"R42*Q42+T42*Q42","v":0},301.39999999999998,3957.07,{"$f":"W42*X42","v":1192660.898},0,null,{"$f":"X42*W42+Z42*W42","v":1192660.898},null,3957.07,{"$f":"AC42*AD42","v":0},0,null,{"$f":"AD42*AC42+AF42*AC42","v":0},null,3957.07,{"$f":"AI42*AJ42","v":0},0,null,{"$f":"AJ42*AI42+AL42*AI42","v":0},null,3957.07,{"$f":"AO42*AP42","v":0},0,null,{"$f":"AP42*AO42+AR42*AO42","v":0},null,3957.07,{"$f":"AU42*AV42","v":0},0,null,{"$f":"AV42*AU42+AX42*AU42","v":0},null,3957.07,{"$f":"BA42*BB42","v":0},0,null,{"$f":"BB42*BA42+BD42*BA42","v":0},null,301.39999999999998,3957.07,{"$f":"BH42*BI42","v":1192660.898},0,null,{"$f":"BI42*BH42+BK42*BH42","v":1192660.898},0,3957.07,{"$f":"BN42*BO42","v":0},0,null,{"$f":"BO42*BN42+BQ42*BN42","v":0}]
["1.1.5.2","Подвесной потолок системы с шумоглушением","м2",168.8,1131.76,191041.08800000002,3051.39,{"$f":"D43*G43","v":515074.63200000004},706115.72000000009,null,null,1131.76,0,3051.39,{"$f":"K43*N43","v":0},0,null,1131.76,0,3051.39,{"$f":"Q43*T43","v":0},0,168.8,1131.76,191041.08800000002,3051.39,{"$f":"W43*Z43","v":515074.63200000004},706115.72000000009,null,1131.76,0,3051.39,{"$f":"AC43*AF43","v":0},0,null,1131.76,0,3051.39,{"$f":"AI43*AL43","v":0},0,null,1131.76,0,3051.39,{"$f":"AO43*AR43","v":0},0,null,1131.76,0,3051.39,{"$f":"AU43*AX43","v":0},0,null,1131.76,0,3051.39,{"$f":"BA43*BD43","v":0},0,null,168.8,1131.76,191041.08800000002,3051.39,{"$f":"BH43*BK43","v":515074.63200000004},706115.72000000009,0,1131.76,0,3051.39,{"$f":"BN43*BQ43","v":0},0]
["1.1.5.3","Реечный алюминиевый потолок","м2",111.8,7888.98,881987.96399999992,0,null,881987.96399999992,null,null,7888.98,0,0,null,0,null,7888.98,0,0,null,0,111.8,7888.98,881987.96399999992,0,null,881987.96399999992,null,7888.98,0,0,null,0,null,7888.98,0,0,null,0,null,7888.98,0,0,null,0,null,7888.98,0,0,null,0,null,7888.98,0,0,null,0,null,111.8,7888.98,881987.96399999992,0,null,881987.96399999992,0,7888.98,0,0,null,0]
["1.1.5.4","Затирка бетонной поверхности перекрытия перед устройством потолка","м2",206.75,1134.79,234617.83249999999,719.09,{"$f":"D45*G45","v":148671.85750000001},383289.69,null,null,1134.79,0,719.09,{"$f":"K45*N45","v":0},0,null,1134.79,0,719.09,{"$f":"Q45*T45","v":0},0,null,1134.79,0,719.09,{"$f":"W45*Z45","v":0},0,null,1134.79,0,719.09,{"$f":"AC45*AF45","v":0},0,null,1134.79,0,719.09,{"$f":"AI45*AL45","v":0},0,null,1134.79,0,719.09,{"$f":"AO45*AR45","v":0},0,null,1134.79,0,719.09,{"$f":"AU45*AX45","v":0},0,null,1134.79,0,719.09,{"$f":"BA45*BD45","v":0},0,null,0,1134.79,0,719.09,{"$f":"BH45*BK45","v":0},0,206.75,1134.79,234617.83249999999,719.09,{"$f":"BN45*BQ45","v":148671.85750000001},383289.69]
["1.1.5.5","Устроиство базового слоя шпаклевки","м2",69.400000000000006,888.18,61639.692000000003,462.8,{"$f":"D46*G46","v":32118.320000000003},93758.012000000002,null,null,888.18,0,462.8,{"$f":"K46*N46","v":0},0,null,888.18,0,462.8,{"$f":"Q46*T46","v":0},0,null,888.18,0,462.8,{"$f":"W46*Z46","v":0},0,null,888.18,0,462.8,{"$f":"AC46*AF46","v":0},0,null,888.18,0,462.8,{"$f":"AI46*AL46","v":0},0,null,888.18,0,462.8,{"$f":"AO46*AR46","v":0},0,null,888.18,0,462.8,{"$f":"AU46*AX46","v":0},0,null,888.18,0,462.8,{"$f":"BA46*BD46","v":0},0,null,0,888.18,0,462.8,{"$f":"BH46*BK46","v":0},0,69.400000000000006,888.18,61639.692000000003,462.8,{"$f":"BN46*BQ46","v":32118.320000000003},93758.012000000002]
["1.1.5.6","Устроиство финишного слоя шпаклевки","м2",69.400000000000006,1277.25,88641.150000000009,397.79,{"$f":"D47*G47","v":27606.626000000004},116247.77600000001,null,null,1277.25,0,397.79,{"$f":"K47*N47","v":0},0,null,1277.25,0,397.79,{"$f":"Q47*T47","v":0},0,null,1277.25,0,397.79,{"$f":"W47*Z47","v":0},0,null,1277.25,0,397.79,{"$f":"AC47*AF47","v":0},0,null,1277.25,0,397.79,{"$f":"AI47*AL47","v":0},0,null,1277.25,0,397.79,{"$f":"AO47*AR47","v":0},0,null,1277.25,0,397.79,{"$f":"AU47*AX47","v":0},0,null,1277.25,0,397.79,{"$f":"BA47*BD47","v":0},0,null,0,1277.25,0,397.79,{"$f":"BH47*BK47","v":0},0,69.400000000000006,1277.25,88641.150000000009,397.79,{"$f":"BN47*BQ47","v":27606.626000000004},116247.77600000001]
["1.1.5.7","Окраска потолка силикатной краской за 2 раза ","м2",69.400000000000006,635.48,{"$f":"D48*E48","v":44102.312000000005},740.97,{"$f":"D48*G48","v":51423.318000000007},95525.63,null,null,635.48,{"$f":"K48*L48","v":0},740.97,{"$f":"K48*N48","v":0},0,null,635.48,{"$f":"Q48*R48","v":0},740.97,{"$f":"Q48*T48","v":0},0,null,635.48,{"$f":"W48*X48","v":0},740.97,{"$f":"W48*Z48","v":0},0,null,635.48,{"$f":"AC48*AD48","v":0},740.97,{"$f":"AC48*AF48","v":0},0,null,635.48,{"$f":"AI48*AJ48","v":0},740.97,{"$f":"AI48*AL48","v":0},0,null,635.48,{"$f":"AO48*AP48","v":0},740.97,{"$f":"AO48*AR48","v":0},0,null,635.48,{"$f":"AU48*AV48","v":0},740.97,{"$f":"AU48*AX48","v":0},0,null,635.48,{"$f":"BA48*BB48","v":0},740.97,{"$f":"BA48*BD48","v":0},0,null,0,635.48,{"$f":"BH48*BI48","v":0},740.97,{"$f":"BH48*BK48","v":0},0,69.400000000000006,635.48,{"$f":"BN48*BO48","v":44102.312000000005},740.97,{"$f":"BN48*BQ48","v":51423.318000000007},95525.63]
["1.1.5.8","Грунтовка поверхностей перед окрашиванием ","м2",69.400000000000006,75.650000000000006,{"$f":"D49*E49","v":5250.1100000000006},42.3,{"$f":"D49*G49","v":2935.62},8185.7300000000005,null,null,75.650000000000006,{"$f":"K49*L49","v":0},42.3,{"$f":"K49*N49","v":0},0,null,75.650000000000006,{"$f":"Q49*R49","v":0},42.3,{"$f":"Q49*T49","v":0},0,null,75.650000000000006,{"$f":"W49*X49","v":0},42.3,{"$f":"W49*Z49","v":0},0,null,75.650000000000006,{"$f":"AC49*AD49","v":0},42.3,{"$f":"AC49*AF49","v":0},0,null,75.650000000000006,{"$f":"AI49*AJ49","v":0},42.3,{"$f":"AI49*AL49","v":0},0,null,75.650000000000006,{"$f":"AO49*AP49","v":0},42.3,{"$f":"AO49*AR49","v":0},0,null,75.650000000000006,{"$f":"AU49*AV49","v":0},42.3,{"$f":"AU49*AX49","v":0},0,null,75.650000000000006,{"$f":"BA49*BB49","v":0},42.3,{"$f":"BA49*BD49","v":0},0,null,0,75.650000000000006,{"$f":"BH49*BI49","v":0},42.3,{"$f":"BH49*BK49","v":0},0,69.400000000000006,75.650000000000006,{"$f":"BN49*BO49","v":5250.1100000000006},42.3,{"$f":"BN49*BQ49","v":2935.62},8185.7300000000005]
["1.1.6","Полы помещений",null,null,0,null,0,null,null,null,null,0,null,0,null,null,null,0,null,0,null,null,null,0,null,0,null,null,null,0,null,0,null,null,null,0,null,0,null,null,null,0,null,0,null,null,null,0,null,0,null,null,null,0,null,0,null,null,null,0,0,null,0,null,null,0,0,null,0]
["1.1.6.1","Очистка поверхности от грязи и мусора","м2",352.5,378,{"$f":"D51*E51","v":133245},72.930000000000007,{"$f":"D51*G51","v":25707.825000000001},{"$f":"E51*D51+G51*D51","v":158952.82500000001},null,352.5,378,{"$f":"K51*L51","v":133245},72.930000000000007,{"$f":"K51*N51","v":25707.825000000001},{"$f":"L51*K51+N51*K51","v":158952.82500000001},null,378,{"$f":"Q51*R51","v":0},72.930000000000007,{"$f":"Q51*T51","v":0},{"$f":"R51*Q51+T51*Q51","v":0},null,378,{"$f":"W51*X51","v":0},72.930000000000007,{"$f":"W51*Z51","v":0},{"$f":"X51*W51+Z51*W51","v":0},null,378,{"$f":"AC51*AD51","v":0},72.930000000000007,{"$f":"AC51*AF51","v":0},{"$f":"AD51*AC51+AF51*AC51","v":0},null,378,{"$f":"AI51*AJ51","v":0},72.930000000000007,{"$f":"AI51*AL51","v":0},{"$f":"AJ51*AI51+AL51*AI51","v":0},null,378,{"$f":"AO51*AP51","v":0},72.930000000000007,{"$f":"AO51*AR51","v":0},{"$f":"AP51*AO51+AR51*AO51","v":0},null,378,{"$f":"AU51*AV51","v":0},72.930000000000007,{"$f":"AU51*AX51","v":0},{"$f":"AV51*AU51+AX51*AU51","v":0},null,378,{"$f":"BA51*BB51","v":0},72.930000000000007,{"$f":"BA51*BD51","v":0},{"$f":"BB51*BA51+BD51*BA51","v":0},null,352.5,378,{"$f":"BH51*BI51","v":133245},72.930000000000007,{"$f":"BH51*BK51","v":25707.825000000001},{"$f":"BI51*BH51+BK51*BH51","v":158952.82500000001},0,378,{"$f":"BN51*BO51","v":0},72.930000000000007,{"$f":"BN51*BQ51","v":0},{"$f":"BO51*BN51+BQ51*BN51","v":0}]
["1.1.6.2","Устройство пола из бетона кл. В25 толщиной до 100 мм","м3",7.87,13208,103946.96,14998,118034.26,221981.22,null,7.87,13208,103946.96,14998,118034.26,221981.22,null,13208,0,14998,0,0,null,13208,0,14998,0,0,null,13208,0,14998,0,0,null,13208,0,14998,0,0,null,13208,0,14998,0,0,null,13208,0,14998,0,0,null,13208,0,14998,0,0,null,7.87,13208,103946.96,14998,118034.26,221981.22,0,13208,0,14998,0,0]
["1.1.6.3","Керамогранитная плитка","м2",187.8,4772,896181.60000000009,2131,400201.80000000005,1296383.4000000001,null,null,4772,0,2131,0,0,null,4772,0,2131,0,0,187.8,4772,896181.60000000009,2131,400201.80000000005,1296383.4000000001,null,4772,0,2131,0,0,null,4772,0,2131,0,0,null,4772,0,2131,0,0,null,4772,0,2131,0,0,null,4772,0,2131,0,0,null,187.8,4772,896181.60000000009,2131,400201.80000000005,1296383.4000000001,0,4772,0,2131,0,0]
["1.1.6.4","Напольная керамическая плитка","м2",332.1,2629,873090.9,3034,1007591.4,1880682.3,null,null,2629,0,3034,0,0,null,2629,0,3034,0,0,null,2629,0,3034,0,0,null,2629,0,3034,0,0,null,2629,0,3034,0,0,null,2629,0,3034,0,0,null,2629,0,3034,0,0,null,2629,0,3034,0,0,null,0,2629,0,3034,0,0,332.1,2629,873090.9,3034,1007591.4,1880682.3]
["1.1.6.5","Коммерческий линолеум (33-34 кл.)","м2",121.8,708.11,86247.797999999995,2641.52,321737.136,407984.93400000001,null,null,708.11,0,2641.52,0,0,null,708.11,0,2641.52,0,0,121.8,708.11,86247.797999999995,2641.52,321737.136,407984.93400000001,null,708.11,0,2641.52,0,0,null,708.11,0,2641.52,0,0,null,708.11,0,2641.52,0,0,null,708.11,0,2641.52,0,0,null,708.11,0,2641.52,0,0,null,121.8,708.11,86247.797999999995,2641.52,321737.136,407984.93400000001,0,708.11,0,2641.52,0,0]
["1.1.6.6","Гидроизоляция Гидроизол","м2",141.30000000000001,680.87,96206.931000000011,1083.74,153132.462,249339.39300000001,null,null,680.87,0,1083.74,0,0,null,680.87,0,1083.74,0,0,141.30000000000001,680.87,96206.931000000011,1083.74,153132.462,249339.39300000001,null,680.87,0,1083.74,0,0,null,680.87,0,1083.74,0,0,null,680.87,0,1083.74,0,0,null,680.87,0,1083.74,0,0,null,680.87,0,1083.74,0,0,null,141.30000000000001,680.87,96206.931000000011,1083.74,153132.462,249339.39300000001,0,680.87,0,1083.74,0,0]
["1.1.6.7","Наливной пол толщиной до 50мм","м2",355.6,3576,1271625.6000000001,1630,579628,1851253.6,null,null,3576,0,1630,0,0,null,3576,0,1630,0,0,355.6,3576,1271625.6000000001,1630,579628,1851253.6,null,3576,0,1630,0,0,null,3576,0,1630,0,0,null,3576,0,1630,0,0,null,3576,0,1630,0,0,null,3576,0,1630,0,0,null,355.6,3576,1271625.6000000001,1630,579628,1851253.6,0,3576,0,1630,0,0]
["1.1.6.8","Керамогранитная плитка с шероховатой поверхностью","м2",2,4149,8298,2131,4262,12560,null,null,4149,0,2131,0,0,null,4149,0,2131,0,0,null,4149,0,2131,0,0,null,4149,0,2131,0,0,null,4149,0,2131,0,0,null,4149,0,2131,0,0,null,4149,0,2131,0,0,null,4149,0,2131,0,0,null,0,4149,0,2131,0,0,2,4149,8298,2131,4262,12560]
["1.1.6.9","Наливной пол толщиной до 45мм армированный сеткой d4 В500 100х100","м2",141.30000000000001,3470,490311.00000000006,1590,224667.00000000003,714978.00000000012,null,null,3470,0,1590,0,0,null,3470,0,1590,0,0,null,3470,0,1590,0,0,141.30000000000001,3470,490311.00000000006,1590,224667.00000000003,714978.00000000012,null,3470,0,1590,0,0,null,3470,0,1590,0,0,null,3470,0,1590,0,0,null,3470,0,1590,0,0,null,141.30000000000001,3470,490311.00000000006,1590,224667.00000000003,714978.00000000012,0,3470,0,1590,0,0]
["1.1.6.10","Грунтовка поверхностей перед финишным покрытием","м2",1140.5999999999999,75.650000000000006,86286.39,42.3,48247.37999999999,134533.76999999999,null,null,75.650000000000006,0,42.3,0,0,null,75.650000000000006,0,42.3,0,0,null,75.650000000000006,0,42.3,0,0,500,75.650000000000006,37825,42.3,21150,58975,null,75.650000000000006,0,42.3,0,0,null,75.650000000000006,0,42.3,0,0,null,75.650000000000006,0,42.3,0,0,null,75.650000000000006,0,42.3,0,0,null,500,75.650000000000006,37825,42.3,21150,58975,640.59999999999991,75.650000000000006,48461.39,42.3,27097.379999999994,75558.76999999999]
["1.1.7","Отделка стен помещений","м2",1194.52,4448,5313224.96,3702,4422113.04,9735338,null,98.58,4448,438483.83999999997,3702,364943.16,803427,null,4448,0,3702,0,0,1095.94,4448,4874741.12,3702,4057169.8800000004,8931911,null,4448,0,3702,0,0,null,4448,0,3702,0,0,null,4448,0,3702,0,0,null,4448,0,3702,0,0,null,4448,0,3702,0,0,null,1194.52,4448,5313224.96,3702,4422113.04,9735338,0,4448,0,3702,0,0]
["1.1.8","Установка потивопожарных окон","шт",11,34209,376299,89433,983763,1360062,null,null,34209,0,89433,0,0,null,34209,0,89433,0,0,11,34209,376299,89433,983763,1360062,null,34209,0,89433,0,0,null,34209,0,89433,0,0,null,34209,0,89433,0,0,null,34209,0,89433,0,0,null,34209,0,89433,0,0,null,11,34209,376299,89433,983763,1360062,0,34209,0,89433,0,0]
["1.1.9","Установка внутренних окон","шт",6,18204,109224,79865,479190,588414,null,null,18204,0,79865,0,0,null,18204,0,79865,0,0,6,18204,109224,79865,479190,588414,null,18204,0,79865,0,0,null,18204,0,79865,0,0,null,18204,0,79865,0,0,null,18204,0,79865,0,0,null,18204,0,79865,0,0,null,6,18204,109224,79865,479190,588414,0,18204,0,79865,0,0]
["1.1.10","Установка потивопожарных дверей","шт",42,14176,595392,34900,1465800,2061192,null,null,14176,0,34900,0,0,null,14176,0,34900,0,0,5,14176,70880,34900,174500,245380,null,14176,0,34900,0,0,null,14176,0,34900,0,0,null,14176,0,34900,0,0,null,14176,0,34900,0,0,null,14176,0,34900,0,0,null,5,14176,70880,34900,174500,245380,37,14176,524512,34900,1291300,1815812]
["1.1.11","Лестничная клетка","шт",1,504288.43,504288.43,855301.2,855301.2,1359589.63,null,null,504288.43,0,855301.2,0,0,null,504288.43,0,855301.2,0,0,0.9,504288.43,453859.587,855301.2,769771.08,1223630.6669999999,0.1,504288.43,50428.843000000001,855301.2,85530.12,135958.96299999999,null,504288.43,0,855301.2,0,0,null,504288.43,0,855301.2,0,0,null,504288.43,0,855301.2,0,0,null,504288.43,0,855301.2,0,0,null,1,504288.43,504288.43,855301.2,855301.2,1359589.63,0,504288.43,0,855301.2,0,0]
["1.1.12","Устройство перекрытия","м3",41.2,44343.5,1826952.2000000002,47372,1951726.4000000001,3778678.6000000006,null,41.2,44343.5,1826952.2000000002,47372,1951726.4000000001,3778678.6000000006,null,44343.5,0,47372,0,0,null,44343.5,0,47372,0,0,null,44343.5,0,47372,0,0,null,44343.5,0,47372,0,0,null,44343.5,0,47372,0,0,null,44343.5,0,47372,0,0,null,44343.5,0,47372,0,0,null,41.2,44343.5,1826952.2000000002,47372,1951726.4000000001,3778678.6000000006,0,44343.5,0,47372,0,0]
["1.1.13","Пол АБК","м2",387,3576,1383912,3510,1358370,2742282,null,null,3576,0,3510,0,0,387,3576,1383912,3510,1358370,2742282,null,3576,0,3510,0,0,null,3576,0,3510,0,0,null,3576,0,3510,0,0,null,3576,0,3510,0,0,null,3576,0,3510,0,0,null,3576,0,3510,0,0,null,387,3576,1383912,3510,1358370,2742282,0,3576,0,3510,0,0]
["1.1.14","Прорезка проёмов дверных и оконных","шт",15,25728.400000000001,385926,850.2,12753,398679,null,15,25728.400000000001,385926,850.2,12753,398679,null,25728.400000000001,0,850.2,0,0,null,25728.400000000001,0,850.2,0,0,null,25728.400000000001,0,850.2,0,0,null,25728.400000000001,0,850.2,0,0,null,25728.400000000001,0,850.2,0,0,null,25728.400000000001,0,850.2,0,0,null,25728.400000000001,0,850.2,0,0,null,15,25728.400000000001,385926,850.2,12753,398679,0,25728.400000000001,0,850.2,0,0]
["1.1.15","Устройство отверстия на кровле в осях В/32-34","шт",1,89509.68,89509.68,73184.800000000003,73184.800000000003,162694.47999999998,null,null,89509.68,0,73184.800000000003,0,0,null,89509.68,0,73184.800000000003,0,0,null,89509.68,0,73184.800000000003,0,0,null,89509.68,0,73184.800000000003,0,0,null,89509.68,0,73184.800000000003,0,0,null,89509.68,0,73184.800000000003,0,0,null,89509.68,0,73184.800000000003,0,0,null,89509.68,0,73184.800000000003,0,0,null,0,89509.68,0,73184.800000000003,0,0,1,89509.68,89509.68,73184.800000000003,73184.800000000003,162694.47999999998]
["1.1.16","Проходка воздуховодов сквозь кровлю АБК","шт",12,11909.97,142919.63999999998,4538.7299999999996,54464.759999999995,197384.39999999997,null,null,11909.97,0,4538.7299999999996,0,0,null,11909.97,0,4538.7299999999996,0,0,null,11909.97,0,4538.7299999999996,0,0,null,11909.97,0,4538.7299999999996,0,0,null,11909.97,0,4538.7299999999996,0,0,null,11909.97,0,4538.7299999999996,0,0,null,11909.97,0,4538.7299999999996,0,0,null,11909.97,0,4538.7299999999996,0,0,null,0,11909.97,0,4538.7299999999996,0,0,12,11909.97,142919.63999999998,4538.7299999999996,54464.759999999995,197384.39999999997]
["1.1.17","Устройство мк отверстий диам. 400 мм в покрытии здания","шт",5,43829.72,219148.6,26306.28,131531.4,350680,null,null,43829.72,0,26306.28,0,0,null,43829.72,0,26306.28,0,0,null,43829.72,0,26306.28,0,0,null,43829.72,0,26306.28,0,0,null,43829.72,0,26306.28,0,0,null,43829.72,0,26306.28,0,0,null,43829.72,0,26306.28,0,0,null,43829.72,0,26306.28,0,0,null,0,43829.72,0,26306.28,0,0,5,43829.72,219148.6,26306.28,131531.4,350680]
["1.1.18","Устройство дверного проёма в стене цеха (пож.выход)","шт",1,219290.07,219290.07,155542.39999999999,155542.39999999999,374832.47,null,null,219290.07,0,155542.39999999999,0,0,null,219290.07,0,155542.39999999999,0,0,1,219290.07,219290.07,155542.39999999999,155542.39999999999,374832.47,null,219290.07,0,155542.39999999999,0,0,null,219290.07,0,155542.39999999999,0,0,null,219290.07,0,155542.39999999999,0,0,null,219290.07,0,155542.39999999999,0,0,null,219290.07,0,155542.39999999999,0,0,null,1,219290.07,219290.07,155542.39999999999,155542.39999999999,374832.47,0,219290.07,0,155542.39999999999,0,0]
["1.1.19","Дополнительные работы",null,null,0,null,0,null,null,null,null,0,null,0,null,null,null,0,null,0,null,null,null,0,null,0,null,null,null,0,null,0,null,null,null,0,null,0,null,null,null,0,null,0,null,null,null,0,null,0,null,null,null,0,null,0,null,null,null,0,0,null,0,null,null,0,0,null,0]
["1.1.19.1","Обшивка стен Гипсокартон ГКЛ толщиной 12,5 мм в 2 слоя","м2",76,2955,{"$f":"D74*E74","v":224580},3501,{"$f":"D74*G74","v":266076},{"$f":"E74*D74+G74*D74","v":490656},null,null,2955,{"$f":"K74*L74","v":0},3501,{"$f":"K74*N74","v":0},{"$f":"L74*K74+N74*K74","v":0},null,2955,{"$f":"Q74*R74","v":0},3501,{"$f":"Q74*T74","v":0},{"$f":"R74*Q74+T74*Q74","v":0},null,2955,{"$f":"W74*X74","v":0},3501,{"$f":"W74*Z74","v":0},{"$f":"X74*W74+Z74*W74","v":0},65,2955,{"$f":"AC74*AD74","v":192075},3501,{"$f":"AC74*AF74","v":227565},{"$f":"AD74*AC74+AF74*AC74","v":419640},null,2955,{"$f":"AI74*AJ74","v":0},3501,{"$f":"AI74*AL74","v":0},{"$f":"AJ74*AI74+AL74*AI74","v":0},null,2955,{"$f":"AO74*AP74","v":0},3501,{"$f":"AO74*AR74","v":0},{"$f":"AP74*AO74+AR74*AO74","v":0},null,2955,{"$f":"AU74*AV74","v":0},3501,{"$f":"AU74*AX74","v":0},{"$f":"AV74*AU74+AX74*AU74","v":0},null,2955,{"$f":"BA74*BB74","v":0},3501,{"$f":"BA74*BD74","v":0},{"$f":"BB74*BA74+BD74*BA74","v":0},null,65,2955,{"$f":"BH74*BI74","v":192075},3501,{"$f":"BH74*BK74","v":227565},{"$f":"BI74*BH74+BK74*BH74","v":419640},11,2955,{"$f":"BN74*BO74","v":32505},3501,{"$f":"BN74*BQ74","v":38511},{"$f":"BO74*BN74+BQ74*BN74","v":71016}]
["1.1.19.2","Перенос дверных проёмов","шт",4,42024.27,{"$f":"D75*E75","v":168097.08},15381.6,{"$f":"D75*G75","v":61526.400000000001},{"$f":"E75*D75+G75*D75","v":229623.47999999998},null,null,42024.27,{"$f":"K75*L75","v":0},15381.6,{"$f":"K75*N75","v":0},{"$f":"L75*K75+N75*K75","v":0},null,42024.27,{"$f":"Q75*R75","v":0},15381.6,{"$f":"Q75*T75","v":0},{"$f":"R75*Q75+T75*Q75","v":0},null,42024.27,{"$f":"W75*X75","v":0},15381.6,{"$f":"W75*Z75","v":0},{"$f":"X75*W75+Z75*W75","v":0},4,42024.27,{"$f":"AC75*AD75","v":168097.08},15381.6,{"$f":"AC75*AF75","v":61526.400000000001},{"$f":"AD75*AC75+AF75*AC75","v":229623.47999999998},null,42024.27,{"$f":"AI75*AJ75","v":0},15381.6,{"$f":"AI75*AL75","v":0},{"$f":"AJ75*AI75+AL75*AI75","v":0},null,42024.27,{"$f":"AO75*AP75","v":0},15381.6,{"$f":"AO75*AR75","v":0},{"$f":"AP75*AO75+AR75*AO75","v":0},null,42024.27,{"$f":"AU75*AV75","v":0},15381.6,{"$f":"AU75*AX75","v":0},{"$f":"AV75*AU75+AX75*AU75","v":0},null,42024.27,{"$f":"BA75*BB75","v":0},15381.6,{"$f":"BA75*BD75","v":0},{"$f":"BB75*BA75+BD75*BA75","v":0},null,4,42024.27,{"$f":"BH75*BI75","v":168097.08},15381.6,{"$f":"BH75*BK75","v":61526.400000000001},{"$f":"BI75*BH75+BK75*BH75","v":229623.47999999998},0,42024.27,{"$f":"BN75*BO75","v":0},15381.6,{"$f":"BN75*BQ75","v":0},{"$f":"BO75*BN75+BQ75*BN75","v":0}]
["1.1.19.3","Обрамление оконных проёмов","шт",11,10938.3,{"$f":"D76*E76","v":120321.29999999999},8970,{"$f":"D76*G76","v":98670},{"$f":"E76*D76+G76*D76","v":218991.3},null,null,10938.3,{"$f":"K76*L76","v":0},8970,{"$f":"K76*N76","v":0},{"$f":"L76*K76+N76*K76","v":0},null,10938.3,{"$f":"Q76*R76","v":0},8970,{"$f":"Q76*T76","v":0},{"$f":"R76*Q76+T76*Q76","v":0},null,10938.3,{"$f":"W76*X76","v":0},8970,{"$f":"W76*Z76","v":0},{"$f":"X76*W76+Z76*W76","v":0},11,10938.3,{"$f":"AC76*AD76","v":120321.29999999999},8970,{"$f":"AC76*AF76","v":98670},{"$f":"AD76*AC76+AF76*AC76","v":218991.3},null,10938.3,{"$f":"AI76*AJ76","v":0},8970,{"$f":"AI76*AL76","v":0},{"$f":"AJ76*AI76+AL76*AI76","v":0},null,10938.3,{"$f":"AO76*AP76","v":0},8970,{"$f":"AO76*AR76","v":0},{"$f":"AP76*AO76+AR76*AO76","v":0},null,10938.3,{"$f":"AU76*AV76","v":0},8970,{"$f":"AU76*AX76","v":0},{"$f":"AV76*AU76+AX76*AU76","v":0},null,10938.3,{"$f":"BA76*BB76","v":0},8970,{"$f":"BA76*BD76","v":0},{"$f":"BB76*BA76+BD76*BA76","v":0},null,11,10938.3,{"$f":"BH76*BI76","v":120321.29999999999},8970,{"$f":"BH76*BK76","v":98670},{"$f":"BI76*BH76+BK76*BH76","v":218991.3},0,10938.3,{"$f":"BN76*BO76","v":0},8970,{"$f":"BN76*BQ76","v":0},{"$f":"BO76*BN76+BQ76*BN76","v":0}]
["1.1.19.4","Демонтаж и монтаж временных ворот","шт",1,73821.119999999995,{"$f":"D77*E77","v":73821.119999999995},4750.2,{"$f":"D77*G77","v":4750.2},{"$f":"E77*D77+G77*D77","v":78571.319999999992},null,null,73821.119999999995,{"$f":"K77*L77","v":0},4750.2,{"$f":"K77*N77","v":0},{"$f":"L77*K77+N77*K77","v":0},null,73821.119999999995,{"$f":"Q77*R77","v":0},4750.2,{"$f":"Q77*T77","v":0},{"$f":"R77*Q77+T77*Q77","v":0},null,73821.119999999995,{"$f":"W77*X77","v":0},4750.2,{"$f":"W77*Z77","v":0},{"$f":"X77*W77+Z77*W77","v":0},1,73821.119999999995,{"$f":"AC77*AD77","v":73821.119999999995},4750.2,{"$f":"AC77*AF77","v":4750.2},{"$f":"AD77*AC77+AF77*AC77","v":78571.319999999992},null,73821.119999999995,{"$f":"AI77*AJ77","v":0},4750.2,{"$f":"AI77*AL77","v":0},{"$f":"AJ77*AI77+AL77*AI77","v":0},null,73821.119999999995,{"$f":"AO77*AP77","v":0},4750.2,{"$f":"AO77*AR77","v":0},{"$f":"AP77*AO77+AR77*AO77","v":0},null,73821.119999999995,{"$f":"AU77*AV77","v":0},4750.2,{"$f":"AU77*AX77","v":0},{"$f":"AV77*AU77+AX77*AU77","v":0},null,73821.119999999995,{"$f":"BA77*BB77","v":0},4750.2,{"$f":"BA77*BD77","v":0},{"$f":"BB77*BA77+BD77*BA77","v":0},null,1,73821.119999999995,{"$f":"BH77*BI77","v":73821.119999999995},4750.2,{"$f":"BH77*BK77","v":4750.2},{"$f":"BI77*BH77+BK77*BH77","v":78571.319999999992},0,73821.119999999995,{"$f":"BN77*BO77","v":0},4750.2,{"$f":"BN77*BQ77","v":0},{"$f":"BO77*BN77+BQ77*BN77","v":0}]
["1.1.20","Монтаж фасоных элементов"," ",0,0,null,0,null,null,null,null,0,null,0,null,null,null,0,null,0,null,null,null,0,null,0,null,null,null,0,null,0,null,null,null,0,null,0,null,null,null,0,null,0,null,null,null,0,null,0,null,null,null,0,null,0,null,null,null,0,0,null,0,null,null,{"$f":"D78-BH78","v":0},0,null,0]
["1.1.20.1","Монтаж фасоного элемента Дз-1","м.п.",7.45,600,{"$f":"D79*E79","v":4470},1345.5,{"$f":"D79*G79","v":10023.975},{"$f":"E79*D79+G79*D79","v":14493.975},null,null,600,{"$f":"K79*L79","v":0},1345.5,{"$f":"K79*N79","v":0},{"$f":"L79*K79+N79*K79","v":0},null,600,{"$f":"Q79*R79","v":0},1345.5,{"$f":"Q79*T79","v":0},{"$f":"R79*Q79+T79*Q79","v":0},null,600,{"$f":"W79*X79","v":0},1345.5,{"$f":"W79*Z79","v":0},{"$f":"X79*W79+Z79*W79","v":0},3.73,600,{"$f":"AC79*AD79","v":2238},1345.5,{"$f":"AC79*AF79","v":5018.7150000000001},{"$f":"AD79*AC79+AF79*AC79","v":7256.7150000000001},null,600,{"$f":"AI79*AJ79","v":0},1345.5,{"$f":"AI79*AL79","v":0},{"$f":"AJ79*AI79+AL79*AI79","v":0},null,600,{"$f":"AO79*AP79","v":0},1345.5,{"$f":"AO79*AR79","v":0},{"$f":"AP79*AO79+AR79*AO79","v":0},null,600,{"$f":"AU79*AV79","v":0},1345.5,{"$f":"AU79*AX79","v":0},{"$f":"AV79*AU79+AX79*AU79","v":0},null,600,{"$f":"BA79*BB79","v":0},1345.5,{"$f":"BA79*BD79","v":0},{"$f":"BB79*BA79+BD79*BA79","v":0},null,3.73,600,{"$f":"BH79*BI79","v":2238},1345.5,{"$f":"BH79*BK79","v":5018.7150000000001},{"$f":"BI79*BH79+BK79*BH79","v":7256.7150000000001},3.72,600,{"$f":"BN79*BO79","v":2232},1345.5,{"$f":"BN79*BQ79","v":5005.26},{"$f":"BO79*BN79+BQ79*BN79","v":7237.26}]
["1.1.20.2","Монтаж фасоного элемента Дз-2","м.п.",15,600,9000,678.6,10179,19179,null,null,600,0,678.6,0,0,null,600,0,678.6,0,0,null,600,0,678.6,0,0,7.5,600,4500,678.6,5089.5,9589.5,null,600,0,678.6,0,0,null,600,0,678.6,0,0,null,600,0,678.6,0,0,null,600,0,678.6,0,0,null,7.5,600,4500,678.6,5089.5,9589.5,7.5,600,4500,678.6,5089.5,9589.5]
["1.1.20.3","Монтаж фасоного элемента Дз-3","м.п.",64,600,38400,508.3,32531.200000000001,70931.199999999997,null,null,600,0,508.3,0,0,null,600,0,508.3,0,0,null,600,0,508.3,0,0,32,600,19200,508.3,16265.6,35465.599999999999,null,600,0,508.3,0,0,null,600,0,508.3,0,0,null,600,0,508.3,0,0,null,600,0,508.3,0,0,null,32,600,19200,508.3,16265.6,35465.599999999999,32,600,19200,508.3,16265.6,35465.599999999999]
["1.1.20.4","Монтаж фасоного элемента Дз-4","м.п.",64,600,38400,491.4,31449.599999999999,69849.600000000006,null,null,600,0,491.4,0,0,null,600,0,491.4,0,0,null,600,0,491.4,0,0,32,600,19200,491.4,15724.8,34924.800000000003,null,600,0,491.4,0,0,null,600,0,491.4,0,0,null,600,0,491.4,0,0,null,600,0,491.4,0,0,null,32,600,19200,491.4,15724.8,34924.800000000003,32,600,19200,491.4,15724.8,34924.800000000003]
["1.1.20.5","Монтаж фасоного элемента Дз-5","м.п.",64,600,38400,565.5,36192,74592,null,null,600,0,565.5,0,0,null,600,0,565.5,0,0,null,600,0,565.5,0,0,32,600,19200,565.5,18096,37296,null,600,0,565.5,0,0,null,600,0,565.5,0,0,null,600,0,565.5,0,0,null,600,0,565.5,0,0,null,32,600,19200,565.5,18096,37296,32,600,19200,565.5,18096,37296]
["1.1.20.6","Монтаж колонн (усиление перегородок)","шт",7,36465,255255,8931,62517,317772,null,null,36465,0,8931,0,0,null,36465,0,8931,0,0,null,36465,0,8931,0,0,7,36465,255255,8931,62517,317772,null,36465,0,8931,0,0,null,36465,0,8931,0,0,null,36465,0,8931,0,0,null,36465,0,8931,0,0,null,7,36465,255255,8931,62517,317772,0,36465,0,8931,0,0]
["1.1.20.7","Демонтаж ГКЛ 2 слоя","м2",36,1166,41976,0,null,41976,null,null,1166,0,0,null,0,null,1166,0,0,null,0,null,1166,0,0,null,0,36,1166,41976,0,null,41976,null,1166,0,0,null,0,null,1166,0,0,null,0,null,1166,0,0,null,0,null,1166,0,0,null,0,null,36,1166,41976,0,null,41976,0,1166,0,0,null,0]
["1.1.20.8","Монтаж профильной трубы 40х40","м.п.",12,904,10848,453,{"$f":"D86*G86","v":5436},16284,null,null,904,0,453,{"$f":"K86*N86","v":0},0,null,904,0,453,{"$f":"Q86*T86","v":0},0,null,904,0,453,{"$f":"W86*Z86","v":0},0,12,904,10848,453,{"$f":"AC86*AF86","v":5436},16284,null,904,0,453,{"$f":"AI86*AL86","v":0},0,null,904,0,453,{"$f":"AO86*AR86","v":0},0,null,904,0,453,{"$f":"AU86*AX86","v":0},0,null,904,0,453,{"$f":"BA86*BD86","v":0},0,null,12,904,10848,453,{"$f":"BH86*BK86","v":5436},16284,0,904,0,453,{"$f":"BN86*BQ86","v":0},0]
["1.1.20.9","Монтаж ГКЛ 2 слоя","м2",36,1690,60840,1625,58500,119340,null,null,1690,0,1625,0,0,null,1690,0,1625,0,0,null,1690,0,1625,0,0,36,1690,60840,1625,58500,119340,null,1690,0,1625,0,0,null,1690,0,1625,0,0,null,1690,0,1625,0,0,null,1690,0,1625,0,0,null,36,1690,60840,1625,58500,119340,0,1690,0,1625,0,0]
["1.1.20.10","Увеличение дверных проёмов","шт",12,7585,91020,1716,20592,111612,null,null,7585,0,1716,0,0,null,7585,0,1716,0,0,null,7585,0,1716,0,0,12,7585,91020,1716,20592,111612,null,7585,0,1716,0,0,null,7585,0,1716,0,0,null,7585,0,1716,0,0,null,7585,0,1716,0,0,null,12,7585,91020,1716,20592,111612,0,7585,0,1716,0,0]
["1.1.20.11","Наливной пол толщиной до 50мм","м2",125.1,1286,160878.6,2430,303993,464871.6,null,null,1286,0,2430,0,0,null,1286,0,2430,0,0,null,1286,0,2430,0,0,125.1,1286,160878.6,2430,303993,464871.6,null,1286,0,2430,0,0,null,1286,0,2430,0,0,null,1286,0,2430,0,0,null,1286,0,2430,0,0,null,125.1,1286,160878.6,2430,303993,464871.6,0,1286,0,2430,0,0]
["1.1.20.12","Усиление площадки лестничного марша","шт",4,36465,145860,7524,30096,175956,null,null,36465,0,7524,0,0,null,36465,0,7524,0,0,null,36465,0,7524,0,0,4,36465,145860,7524,30096,175956,null,36465,0,7524,0,0,null,36465,0,7524,0,0,null,36465,0,7524,0,0,null,36465,0,7524,0,0,null,4,36465,145860,7524,30096,175956,0,36465,0,7524,0,0]
["1.1.20.13","Устройство стен из газобетонных блоков","м3",1.87,6809,12732.83,13857,25912.59,38645.42,null,null,6809,0,13857,0,0,null,6809,0,13857,0,0,null,6809,0,13857,0,0,1.87,6809,12732.83,13857,25912.59,38645.42,null,6809,0,13857,0,0,null,6809,0,13857,0,0,null,6809,0,13857,0,0,null,6809,0,13857,0,0,null,1.87,6809,12732.83,13857,25912.59,38645.42,0,6809,0,13857,0,0]
["1.1.20.14","Облицовка ступеней плиткой на лестнечной клетке","шт",24,3710,89040,2543,61032,150072,null,null,3710,0,2543,0,0,null,3710,0,2543,0,0,null,3710,0,2543,0,0,24,3710,89040,2543,61032,150072,null,3710,0,2543,0,0,null,3710,0,2543,0,0,null,3710,0,2543,0,0,null,3710,0,2543,0,0,null,24,3710,89040,2543,61032,150072,0,3710,0,2543,0,0]
["1.1.20.15","Штукатурка откосов Ролл ворот в цеху","м.п.",150,1135,170250,567,85050,255300,null,null,1135,0,567,0,0,null,1135,0,567,0,0,null,1135,0,567,0,0,null,1135,0,567,0,0,null,1135,0,567,0,0,null,1135,0,567,0,0,null,1135,0,567,0,0,null,1135,0,567,0,0,null,0,1135,0,567,0,0,150,1135,170250,567,85050,255300]
["1.2","130-23-АС1 Архитектурно-строительные решения",null,null,null,{"$f":"F96+F97+F99+F101+F102+F105+F106+F108","v":9370353.4800000004},null,{"$f":"H96+H97+H99+H101+H102+H105+H106+H108","v":19579106},{"$f":"I96+I97+I99+I101+I102+I105+I106+I108","v":28949459.48},null,null,null,{"$f":"M96+M97+M99+M101+M102+M105+M106+M108","v":4084784.62},null,{"$f":"O96+O97+O99+O101+O102+O105+O106+O108","v":10885660},{"$f":"P96+P97+P99+P101+P102+P105+P106+P108","v":14970444.620000001},null,null,{"$f":"S96+S97+S99+S101+S102+S105+S106+S108","v":813300},null,{"$f":"U96+U97+U99+U101+U102+U105+U106+U108","v":2211900},{"$f":"V96+V97+V99+V101+V102+V105+V106+V108","v":3025200},null,null,{"$f":"Y96+Y97+Y99+Y101+Y102+Y105+Y106+Y108","v":3109117.4},null,{"$f":"AA96+AA97+AA99+AA101+AA102+AA105+AA106+AA108","v":4828757},{"$f":"AB96+AB97+AB99+AB101+AB102+AB105+AB106+AB108","v":7937874.4000000004},null,null,{"$f":"AE96+AE97+AE99+AE101+AE102+AE105+AE106+AE108","v":688382.80999999994},null,{"$f":"AG96+AG97+AG99+AG101+AG102+AG105+AG106+AG108","v":910620.89999999991},{"$f":"AH96+AH97+AH99+AH101+AH102+AH105+AH106+AH108","v":1599003.71},null,null,{"$f":"AK96+AK97+AK99+AK101+AK102+AK105+AK106+AK108","v":0},null,{"$f":"AM96+AM97+AM99+AM101+AM102+AM105+AM106+AM108","v":0},{"$f":"AN96+AN97+AN99+AN101+AN102+AN105+AN106+AN108","v":0},null,null,{"$f":"AQ96+AQ97+AQ99+AQ101+AQ102+AQ105+AQ106+AQ108","v":0},null,{"$f":"AS96+AS97+AS99+AS101+AS102+AS105+AS106+AS108","v":0},{"$f":"AT96+AT97+AT99+AT101+AT102+AT105+AT106+AT108","v":0},null,null,{"$f":"AW96+AW97+AW99+AW101+AW102+AW105+AW106+AW108","v":0},null,{"$f":"AY96+AY97+AY99+AY101+AY102+AY105+AY106+AY108","v":0},{"$f":"AZ96+AZ97+AZ99+AZ101+AZ102+AZ105+AZ106+AZ108","v":0},null,null,{"$f":"BC96+BC97+BC99+BC101+BC102+BC105+BC106+BC108","v":0},null,{"$f":"BE96+BE97+BE99+BE101+BE102+BE105+BE106+BE108","v":0},{"$f":"BF96+BF97+BF99+BF101+BF102+BF105+BF106+BF108","v":0},null,0,null,{"$f":"BJ96+BJ97+BJ99+BJ101+BJ102+BJ105+BJ106+BJ108","v":8695584.8300000001},null,{"$f":"BL96+BL97+BL99+BL101+BL102+BL105+BL106+BL108","v":18836937.899999999},{"$f":"BM96+BM97+BM99+BM101+BM102+BM105+BM106+BM108","v":27532522.729999997},0,null,{"$f":"BP96+BP97+BP99+BP101+BP102+BP105+BP106+BP108","v":674768.65000000014},null,{"$f":"BR96+BR97+BR99+BR101+BR102+BR105+BR106+BR108","v":742168.10000000068},{"$f":"BS96+BS97+BS99+BS101+BS102+BS105+BS106+BS108","v":1416936.7500000007}]
["1.2.1","Металлоконструкции огрунтованные КМ",null,null,null,null,null,null,null,null,null,null,null,null,null,null,null,null,null,null,null,null,null,null,null,null,null,null,null,null,null,null,null,null,null,null,null,null,null,null,null,null,null,null,null,null,null,null,null,null,null,null,null,null,null,null,null,null,null,0,null,null,null,null,null,0]
["1.2.1.1","Монтаж фахверковых стоек массой до 1,0 т.","т.",10.5,95478,{"$f":"D96*E96","v":1002519},229000,{"$f":"D96*G96","v":2404500},{"$f":"E96*D96+G96*D96","v":3407019},null,6.95,95478,{"$f":"K96*L96","v":663572.1},229000,{"$f":"K96*N96","v":1591550},{"$f":"L96*K96+N96*K96","v":2255122.1},null,95478,{"$f":"Q96*R96","v":0},229000,{"$f":"Q96*T96","v":0},{"$f":"R96*Q96+T96*Q96","v":0},3.55,95478,{"$f":"W96*X96","v":338946.89999999997},229000,{"$f":"W96*Z96","v":812950},{"$f":"X96*W96+Z96*W96","v":1151896.8999999999},null,95478,{"$f":"AC96*AD96","v":0},229000,{"$f":"AC96*AF96","v":0},{"$f":"AD96*AC96+AF96*AC96","v":0},null,95478,{"$f":"AI96*AJ96","v":0},229000,{"$f":"AI96*AL96","v":0},{"$f":"AJ96*AI96+AL96*AI96","v":0},null,95478,{"$f":"AO96*AP96","v":0},229000,{"$f":"AO96*AR96","v":0},{"$f":"AP96*AO96+AR96*AO96","v":0},null,95478,{"$f":"AU96*AV96","v":0},229000,{"$f":"AU96*AX96","v":0},{"$f":"AV96*AU96+AX96*AU96","v":0},null,95478,{"$f":"BA96*BB96","v":0},229000,{"$f":"BA96*BD96","v":0},{"$f":"BB96*BA96+BD96*BA96","v":0},null,10.5,95478,{"$f":"BH96*BI96","v":1002519},229000,{"$f":"BH96*BK96","v":2404500},{"$f":"BI96*BH96+BK96*BH96","v":3407019},0,95478,{"$f":"BN96*BO96","v":0},229000,{"$f":"BN96*BQ96","v":0},{"$f":"BO96*BN96+BQ96*BN96","v":0}]
["1.2.1.2","Монтаж распорок, ригелей, в том числе: \nПрофили стальные гнутые замкнутые квадратные 100х4","т.",0.66,95478,{"$f":"D97*E97","v":63015.48},229000,{"$f":"D97*G97","v":151140},{"$f":"E97*D97+G97*D97","v":214155.48},null,0.34,95478,{"$f":"K97*L97","v":32462.520000000004},229000,{"$f":"K97*N97","v":77860},{"$f":"L97*K97+N97*K97","v":110322.52},null,95478,{"$f":"Q97*R97","v":0},229000,{"$f":"Q97*T97","v":0},{"$f":"R97*Q97+T97*Q97","v":0},null,95478,{"$f":"W97*X97","v":0},229000,{"$f":"W97*Z97","v":0},{"$f":"X97*W97+Z97*W97","v":0},0.32,95478,{"$f":"AC97*AD97","v":30552.959999999999},229000,{"$f":"AC97*AF97","v":73280},{"$f":"AD97*AC97+AF97*AC97","v":103832.95999999999},null,95478,{"$f":"AI97*AJ97","v":0},229000,{"$f":"AI97*AL97","v":0},{"$f":"AJ97*AI97+AL97*AI97","v":0},null,95478,{"$f":"AO97*AP97","v":0},229000,{"$f":"AO97*AR97","v":0},{"$f":"AP97*AO97+AR97*AO97","v":0},null,95478,{"$f":"AU97*AV97","v":0},229000,{"$f":"AU97*AX97","v":0},{"$f":"AV97*AU97+AX97*AU97","v":0},null,95478,{"$f":"BA97*BB97","v":0},229000,{"$f":"BA97*BD97","v":0},{"$f":"BB97*BA97+BD97*BA97","v":0},null,0.66,95478,{"$f":"BH97*BI97","v":63015.48},229000,{"$f":"BH97*BK97","v":151140},{"$f":"BI97*BH97+BK97*BH97","v":214155.48},0,95478,{"$f":"BN97*BO97","v":0},229000,{"$f":"BN97*BQ97","v":0},{"$f":"BO97*BN97+BQ97*BN97","v":0}]
["1.2.2","Окраска металлоконструкций",null,null,null,null,null,null,null,null,null,null,null,null,null,null,null,null,null,null,null,null,null,null,null,null,null,null,null,null,null,null,null,null,null,null,null,null,null,null,null,null,null,null,null,null,null,null,null,null,null,null,null,null,null,null,null,null,null,{"$f":"K98+Q98+W98+AC98+AI98+AO98+AU98+BA98","v":0},null,null,null,null,null,{"$f":"D98-BH98","v":0}]
["1.2.2.1","Устройство огнезащитной краски по металлу ","м2",384.2,4150,{"$f":"D99*E99","v":1594430},665,{"$f":"D99*G99","v":255493},{"$f":"E99*D99+G99*D99","v":1849923},null,null,4150,{"$f":"K99*L99","v":0},665,{"$f":"K99*N99","v":0},{"$f":"L99*K99+N99*K99","v":0},null,4150,{"$f":"Q99*R99","v":0},665,{"$f":"Q99*T99","v":0},{"$f":"R99*Q99+T99*Q99","v":0},300,4150,{"$f":"W99*X99","v":1245000},665,{"$f":"W99*Z99","v":199500},{"$f":"X99*W99+Z99*W99","v":1444500},49.59,4150,{"$f":"AC99*AD99","v":205798.5},665,{"$f":"AC99*AF99","v":32977.350000000006},{"$f":"AD99*AC99+AF99*AC99","v":238775.85},null,4150,{"$f":"AI99*AJ99","v":0},665,{"$f":"AI99*AL99","v":0},{"$f":"AJ99*AI99+AL99*AI99","v":0},null,4150,{"$f":"AO99*AP99","v":0},665,{"$f":"AO99*AR99","v":0},{"$f":"AP99*AO99+AR99*AO99","v":0},null,4150,{"$f":"AU99*AV99","v":0},665,{"$f":"AU99*AX99","v":0},{"$f":"AV99*AU99+AX99*AU99","v":0},null,4150,{"$f":"BA99*BB99","v":0},665,{"$f":"BA99*BD99","v":0},{"$f":"BB99*BA99+BD99*BA99","v":0},null,349.59000000000003,4150,{"$f":"BH99*BI99","v":1450798.5000000002},665,{"$f":"BH99*BK99","v":232477.35000000003},{"$f":"BI99*BH99+BK99*BH99","v":1683275.8500000003},34.609999999999957,4150,{"$f":"BN99*BO99","v":143631.49999999983},665,{"$f":"BN99*BQ99","v":23015.649999999972},{"$f":"BO99*BN99+BQ99*BN99","v":166647.14999999979}]
["1.2.3","Крепление металлоконструкций",null,null,null,null,null,null,null,null,null,null,null,null,null,null,null,null,null,null,null,null,null,null,null,null,null,null,null,null,null,null,null,null,null,null,null,null,null,null,null,null,null,null,null,null,null,null,null,null,null,null,null,null,null,null,null,null,null,0,null,null,null,null,null,0]
["1.2.3.1","Сверление отверстий в железобетонных конструкциях ","шт.",811,393,{"$f":"D101*E101","v":318723},0,null,{"$f":"E101*D101+G101*D101","v":318723},null,null,393,{"$f":"K101*L101","v":0},0,null,{"$f":"L101*K101+N101*K101","v":0},null,393,{"$f":"Q101*R101","v":0},0,null,{"$f":"R101*Q101+T101*Q101","v":0},100,393,{"$f":"W101*X101","v":39300},0,null,{"$f":"X101*W101+Z101*W101","v":39300},80,393,{"$f":"AC101*AD101","v":31440},0,null,{"$f":"AD101*AC101+AF101*AC101","v":31440},null,393,{"$f":"AI101*AJ101","v":0},0,null,{"$f":"AJ101*AI101+AL101*AI101","v":0},null,393,{"$f":"AO101*AP101","v":0},0,null,{"$f":"AP101*AO101+AR101*AO101","v":0},null,393,{"$f":"AU101*AV101","v":0},0,null,{"$f":"AV101*AU101+AX101*AU101","v":0},null,393,{"$f":"BA101*BB101","v":0},0,null,{"$f":"BB101*BA101+BD101*BA101","v":0},null,180,393,{"$f":"BH101*BI101","v":70740},0,null,{"$f":"BI101*BH101+BK101*BH101","v":70740},631,393,{"$f":"BN101*BO101","v":247983},0,null,{"$f":"BO101*BN101+BQ101*BN101","v":247983}]
["1.2.3.2","Устройство высокопрочных анкеров, закладных","компл.",1,260741,{"$f":"D102*E102","v":260741},259614,{"$f":"D102*G102","v":259614},520355,null,null,260741,{"$f":"K102*L102","v":0},259614,{"$f":"K102*N102","v":0},0,null,260741,{"$f":"Q102*R102","v":0},259614,{"$f":"Q102*T102","v":0},0,0.5,260741,{"$f":"W102*X102","v":130370.5},259614,{"$f":"W102*Z102","v":129807},260177.5,0.5,260741,{"$f":"AC102*AD102","v":130370.5},259614,{"$f":"AC102*AF102","v":129807},260177.5,null,260741,{"$f":"AI102*AJ102","v":0},259614,{"$f":"AI102*AL102","v":0},0,null,260741,{"$f":"AO102*AP102","v":0},259614,{"$f":"AO102*AR102","v":0},0,null,260741,{"$f":"AU102*AV102","v":0},259614,{"$f":"AU102*AX102","v":0},0,null,260741,{"$f":"BA102*BB102","v":0},259614,{"$f":"BA102*BD102","v":0},0,null,1,260741,{"$f":"BH102*BI102","v":260741},259614,{"$f":"BH102*BK102","v":259614},520355,0,260741,{"$f":"BN102*BO102","v":0},259614,{"$f":"BN102*BQ102","v":0},0]
["1.2.4","Демонтаж металлоконструкций",null,null,null,null,null,null,null,null,null,null,null,null,null,null,null,null,null,null,null,null,null,null,null,null,null,null,null,null,null,null,null,null,null,null,null,null,null,null,null,null,null,null,null,null,null,null,null,null,null,null,null,null,null,null,null,null,null,0,null,null,null,null,null,0]
["1.2.5","Устройство перегородки",null,null,null,null,null,null,null,null,null,null,null,null,null,null,null,null,null,null,null,null,null,null,null,null,null,null,null,null,null,null,null,null,null,null,null,null,null,null,null,null,null,null,null,null,null,null,null,null,null,null,null,null,null,null,null,null,null,0,null,null,null,null,null,0]
["1.2.5.1","Стеновые сэндвич-панели 100-1000-Г-Г","м2",2215,2711,{"$f":"D105*E105","v":6004865},7373,{"$f":"D105*G105","v":16331195},{"$f":"E105*D105+G105*D105","v":22336060},null,1250,2711,{"$f":"K105*L105","v":3388750},7373,{"$f":"K105*N105","v":9216250},{"$f":"L105*K105+N105*K105","v":12605000},300,2711,{"$f":"Q105*R105","v":813300},7373,{"$f":"Q105*T105","v":2211900},{"$f":"R105*Q105+T105*Q105","v":3025200},500,2711,{"$f":"W105*X105","v":1355500},7373,{"$f":"W105*Z105","v":3686500},{"$f":"X105*W105+Z105*W105","v":5042000},72.349999999999994,2711,{"$f":"AC105*AD105","v":196140.84999999998},7373,{"$f":"AC105*AF105","v":533436.54999999993},{"$f":"AD105*AC105+AF105*AC105","v":729577.39999999991},null,2711,{"$f":"AI105*AJ105","v":0},7373,{"$f":"AI105*AL105","v":0},{"$f":"AJ105*AI105+AL105*AI105","v":0},null,2711,{"$f":"AO105*AP105","v":0},7373,{"$f":"AO105*AR105","v":0},{"$f":"AP105*AO105+AR105*AO105","v":0},null,2711,{"$f":"AU105*AV105","v":0},7373,{"$f":"AU105*AX105","v":0},{"$f":"AV105*AU105+AX105*AU105","v":0},null,2711,{"$f":"BA105*BB105","v":0},7373,{"$f":"BA105*BD105","v":0},{"$f":"BB105*BA105+BD105*BA105","v":0},null,2122.35,2711,{"$f":"BH105*BI105","v":5753690.8499999996},7373,{"$f":"BH105*BK105","v":15648086.549999999},{"$f":"BI105*BH105+BK105*BH105","v":21401777.399999999},92.650000000000091,2711,{"$f":"BN105*BO105","v":251174.15000000026},7373,{"$f":"BN105*BQ105","v":683108.45000000065},{"$f":"BO105*BN105+BQ105*BN105","v":934282.60000000091}]
["1.2.5.2","Устройство противопожарной перегородки «Knauf» С112 с двухслойной обшивкой с каждой стороны","м2",4,5055,{"$f":"D106*E106","v":20220},4601,{"$f":"D106*G106","v":18404},{"$f":"E106*D106+G106*D106","v":38624},null,null,5055,{"$f":"K106*L106","v":0},4601,{"$f":"K106*N106","v":0},{"$f":"L106*K106+N106*K106","v":0},null,5055,{"$f":"Q106*R106","v":0},4601,{"$f":"Q106*T106","v":0},{"$f":"R106*Q106+T106*Q106","v":0},null,5055,{"$f":"W106*X106","v":0},4601,{"$f":"W106*Z106","v":0},{"$f":"X106*W106+Z106*W106","v":0},null,5055,{"$f":"AC106*AD106","v":0},4601,{"$f":"AC106*AF106","v":0},{"$f":"AD106*AC106+AF106*AC106","v":0},null,5055,{"$f":"AI106*AJ106","v":0},4601,{"$f":"AI106*AL106","v":0},{"$f":"AJ106*AI106+AL106*AI106","v":0},null,5055,{"$f":"AO106*AP106","v":0},4601,{"$f":"AO106*AR106","v":0},{"$f":"AP106*AO106+AR106*AO106","v":0},null,5055,{"$f":"AU106*AV106","v":0},4601,{"$f":"AU106*AX106","v":0},{"$f":"AV106*AU106+AX106*AU106","v":0},null,5055,{"$f":"BA106*BB106","v":0},4601,{"$f":"BA106*BD106","v":0},{"$f":"BB106*BA106+BD106*BA106","v":0},null,0,5055,{"$f":"BH106*BI106","v":0},4601,{"$f":"BH106*BK106","v":0},{"$f":"BI106*BH106+BK106*BH106","v":0},4,5055,{"$f":"BN106*BO106","v":20220},4601,{"$f":"BN106*BQ106","v":18404},{"$f":"BO106*BN106+BQ106*BN106","v":38624}]
["1.2.6","Устройство бетонного плинтуса",null,null,null,null,null,null,null,null,null,null,null,null,null,null,null,null,null,null,null,null,null,null,null,null,null,null,null,null,null,null,null,null,null,null,null,null,null,null,null,null,null,null,null,null,null,null,null,null,null,null,null,null,null,null,null,null,null,0,null,null,null,null,null,0]
["1.2.6.1","Устройство плинтуса из фасонного элемента ","м/п",378,280,{"$f":"D108*E108","v":105840},420,{"$f":"D108*G108","v":158760},{"$f":"E108*D108+G108*D108","v":264600},null,null,280,{"$f":"K108*L108","v":0},420,{"$f":"K108*N108","v":0},{"$f":"L108*K108+N108*K108","v":0},null,280,{"$f":"Q108*R108","v":0},420,{"$f":"Q108*T108","v":0},{"$f":"R108*Q108+T108*Q108","v":0},null,280,{"$f":"W108*X108","v":0},420,{"$f":"W108*Z108","v":0},{"$f":"X108*W108+Z108*W108","v":0},336,280,{"$f":"AC108*AD108","v":94080},420,{"$f":"AC108*AF108","v":141120},{"$f":"AD108*AC108+AF108*AC108","v":235200},null,280,{"$f":"AI108*AJ108","v":0},420,{"$f":"AI108*AL108","v":0},{"$f":"AJ108*AI108+AL108*AI108","v":0},null,280,{"$f":"AO108*AP108","v":0},420,{"$f":"AO108*AR108","v":0},{"$f":"AP108*AO108+AR108*AO108","v":0},null,280,{"$f":"AU108*AV108","v":0},420,{"$f":"AU108*AX108","v":0},{"$f":"AV108*AU108+AX108*AU108","v":0},null,280,{"$f":"BA108*BB108","v":0},420,{"$f":"BA108*BD108","v":0},{"$f":"BB108*BA108+BD108*BA108","v":0},null,336,280,{"$f":"BH108*BI108","v":94080},420,{"$f":"BH108*BK108","v":141120},{"$f":"BI108*BH108+BK108*BH108","v":235200},42,280,{"$f":"BN108*BO108","v":11760},420,{"$f":"BN108*BQ108","v":17640},{"$f":"BO108*BN108+BQ108*BN108","v":29400}]
["1.3","130-23-ВК Внутренние трубопроводы",null,null,null,{"$f":"SUM(F110:F113)","v":3943362},null,{"$f":"SUM(H110:H113)","v":7445174},{"$f":"SUM(I110:I113)","v":11388536},null,null,null,{"$f":"SUM(M110:M113)","v":0},null,{"$f":"SUM(O110:O113)","v":0},{"$f":"SUM(P110:P113)","v":0},null,null,{"$f":"SUM(S110:S113)","v":175081.5},null,{"$f":"SUM(U110:U113)","v":369598.5},{"$f":"SUM(V110:V113)","v":544680},null,null,{"$f":"SUM(Y110:Y113)","v":2979608.1},null,{"$f":"SUM(AA110:AA113)","v":5586540.6999999993},{"$f":"SUM(AB110:AB113)","v":8566148.8000000007},null,null,{"$f":"SUM(AE110:AE113)","v":394336.2},null,{"$f":"SUM(AG110:AG113)","v":744517.39999999991},{"$f":"SUM(AH110:AH113)","v":1138853.6000000001},null,null,{"$f":"SUM(AK110:AK113)","v":0},null,{"$f":"SUM(AM110:AM113)","v":0},{"$f":"SUM(AN110:AN113)","v":0},null,null,{"$f":"SUM(AQ110:AQ113)","v":0},null,{"$f":"SUM(AS110:AS113)","v":0},{"$f":"SUM(AT110:AT113)","v":0},null,null,{"$f":"SUM(AW110:AW113)","v":0},null,{"$f":"SUM(AY110:AY113)","v":0},{"$f":"SUM(AZ110:AZ113)","v":0},null,null,{"$f":"SUM(BC110:BC113)","v":0},null,{"$f":"SUM(BE110:BE113)","v":0},{"$f":"SUM(BF110:BF113)","v":0},null,0,null,{"$f":"SUM(BJ110:BJ113)","v":3549025.8000000007},null,{"$f":"SUM(BL110:BL113)","v":6700656.5999999996},{"$f":"SUM(BM110:BM113)","v":10249682.4},0,null,{"$f":"SUM(BP110:BP113)","v":394336.1999999999},null,{"$f":"SUM(BR110:BR113)","v":744517.39999999979},{"$f":"SUM(BS110:BS113)","v":1138853.5999999996}]
["1.3.1","Хозяйственно-питьевой водопровод В1.","сис",1,910581,{"$f":"D110*E110","v":910581},979867,{"$f":"D110*G110","v":979867},{"$f":"E110*D110+G110*D110","v":1890448},null,null,910581,{"$f":"K110*L110","v":0},979867,{"$f":"K110*N110","v":0},{"$f":"L110*K110+N110*K110","v":0},null,910581,{"$f":"Q110*R110","v":0},979867,{"$f":"Q110*T110","v":0},{"$f":"R110*Q110+T110*Q110","v":0},0.8,910581,{"$f":"W110*X110","v":728464.8},979867,{"$f":"W110*Z110","v":783893.60000000009},{"$f":"X110*W110+Z110*W110","v":1512358.4000000001},0.1,910581,{"$f":"AC110*AD110","v":91058.1},979867,{"$f":"AC110*AF110","v":97986.700000000012},{"$f":"AD110*AC110+AF110*AC110","v":189044.80000000002},null,910581,{"$f":"AI110*AJ110","v":0},979867,{"$f":"AI110*AL110","v":0},{"$f":"AJ110*AI110+AL110*AI110","v":0},null,910581,{"$f":"AO110*AP110","v":0},979867,{"$f":"AO110*AR110","v":0},{"$f":"AP110*AO110+AR110*AO110","v":0},null,910581,{"$f":"AU110*AV110","v":0},979867,{"$f":"AU110*AX110","v":0},{"$f":"AV110*AU110+AX110*AU110","v":0},null,910581,{"$f":"BA110*BB110","v":0},979867,{"$f":"BA110*BD110","v":0},{"$f":"BB110*BA110+BD110*BA110","v":0},null,0.9,910581,{"$f":"BH110*BI110","v":819522.9},979867,{"$f":"BH110*BK110","v":881880.3},{"$f":"BI110*BH110+BK110*BH110","v":1701403.2000000002},9.9999999999999978E-2,910581,{"$f":"BN110*BO110","v":91058.099999999977},979867,{"$f":"BN110*BQ110","v":97986.699999999983},{"$f":"BO110*BN110+BQ110*BN110","v":189044.79999999996}]
["1.3.2","Горячее водоснабжение (Т3, Т4)","сис",1,1137342,{"$f":"D111*E111","v":1137342},1607675,{"$f":"D111*G111","v":1607675},{"$f":"E111*D111+G111*D111","v":2745017},null,null,1137342,{"$f":"K111*L111","v":0},1607675,{"$f":"K111*N111","v":0},{"$f":"L111*K111+N111*K111","v":0},null,1137342,{"$f":"Q111*R111","v":0},1607675,{"$f":"Q111*T111","v":0},{"$f":"R111*Q111+T111*Q111","v":0},0.8,1137342,{"$f":"W111*X111","v":909873.60000000009},1607675,{"$f":"W111*Z111","v":1286140},{"$f":"X111*W111+Z111*W111","v":2196013.6},0.1,1137342,{"$f":"AC111*AD111","v":113734.20000000001},1607675,{"$f":"AC111*AF111","v":160767.5},{"$f":"AD111*AC111+AF111*AC111","v":274501.7},null,1137342,{"$f":"AI111*AJ111","v":0},1607675,{"$f":"AI111*AL111","v":0},{"$f":"AJ111*AI111+AL111*AI111","v":0},null,1137342,{"$f":"AO111*AP111","v":0},1607675,{"$f":"AO111*AR111","v":0},{"$f":"AP111*AO111+AR111*AO111","v":0},null,1137342,{"$f":"AU111*AV111","v":0},1607675,{"$f":"AU111*AX111","v":0},{"$f":"AV111*AU111+AX111*AU111","v":0},null,1137342,{"$f":"BA111*BB111","v":0},1607675,{"$f":"BA111*BD111","v":0},{"$f":"BB111*BA111+BD111*BA111","v":0},null,0.9,1137342,{"$f":"BH111*BI111","v":1023607.8},1607675,{"$f":"BH111*BK111","v":1446907.5},{"$f":"BI111*BH111+BK111*BH111","v":2470515.2999999998},9.9999999999999978E-2,1137342,{"$f":"BN111*BO111","v":113734.19999999997},1607675,{"$f":"BN111*BQ111","v":160767.49999999997},{"$f":"BO111*BN111+BQ111*BN111","v":274501.69999999995}]
["1.3.3","Противопожарный водопровод, В2","сис",1,1545276,{"$f":"D112*E112","v":1545276},4118435,{"$f":"D112*G112","v":4118435},{"$f":"E112*D112+G112*D112","v":5663711},null,null,1545276,{"$f":"K112*L112","v":0},4118435,{"$f":"K112*N112","v":0},{"$f":"L112*K112+N112*K112","v":0},null,1545276,{"$f":"Q112*R112","v":0},4118435,{"$f":"Q112*T112","v":0},{"$f":"R112*Q112+T112*Q112","v":0},0.8,1545276,{"$f":"W112*X112","v":1236220.8},4118435,{"$f":"W112*Z112","v":3294748},{"$f":"X112*W112+Z112*W112","v":4530968.8},0.1,1545276,{"$f":"AC112*AD112","v":154527.6},4118435,{"$f":"AC112*AF112","v":411843.5},{"$f":"AD112*AC112+AF112*AC112","v":566371.1},null,1545276,{"$f":"AI112*AJ112","v":0},4118435,{"$f":"AI112*AL112","v":0},{"$f":"AJ112*AI112+AL112*AI112","v":0},null,1545276,{"$f":"AO112*AP112","v":0},4118435,{"$f":"AO112*AR112","v":0},{"$f":"AP112*AO112+AR112*AO112","v":0},null,1545276,{"$f":"AU112*AV112","v":0},4118435,{"$f":"AU112*AX112","v":0},{"$f":"AV112*AU112+AX112*AU112","v":0},null,1545276,{"$f":"BA112*BB112","v":0},4118435,{"$f":"BA112*BD112","v":0},{"$f":"BB112*BA112+BD112*BA112","v":0},null,0.9,1545276,{"$f":"BH112*BI112","v":1390748.4000000001},4118435,{"$f":"BH112*BK112","v":3706591.5},{"$f":"BI112*BH112+BK112*BH112","v":5097339.9000000004},9.9999999999999978E-2,1545276,{"$f":"BN112*BO112","v":154527.59999999998},4118435,{"$f":"BN112*BQ112","v":411843.49999999988},{"$f":"BO112*BN112+BQ112*BN112","v":566371.09999999986}]
["1.3.4","Бытовая канализация К1","сис",1,350163,{"$f":"D113*E113","v":350163},739197,{"$f":"D113*G113","v":739197},{"$f":"E113*D113+G113*D113","v":1089360},null,null,350163,{"$f":"K113*L113","v":0},739197,{"$f":"K113*N113","v":0},{"$f":"L113*K113+N113*K113","v":0},0.5,350163,{"$f":"Q113*R113","v":175081.5},739197,{"$f":"Q113*T113","v":369598.5},{"$f":"R113*Q113+T113*Q113","v":544680},0.3,350163,{"$f":"W113*X113","v":105048.9},739197,{"$f":"W113*Z113","v":221759.1},{"$f":"X113*W113+Z113*W113","v":326808},0.1,350163,{"$f":"AC113*AD113","v":35016.300000000003},739197,{"$f":"AC113*AF113","v":73919.7},{"$f":"AD113*AC113+AF113*AC113","v":108936},null,350163,{"$f":"AI113*AJ113","v":0},739197,{"$f":"AI113*AL113","v":0},{"$f":"AJ113*AI113+AL113*AI113","v":0},null,350163,{"$f":"AO113*AP113","v":0},739197,{"$f":"AO113*AR113","v":0},{"$f":"AP113*AO113+AR113*AO113","v":0},null,350163,{"$f":"AU113*AV113","v":0},739197,{"$f":"AU113*AX113","v":0},{"$f":"AV113*AU113+AX113*AU113","v":0},null,350163,{"$f":"BA113*BB113","v":0},739197,{"$f":"BA113*BD113","v":0},{"$f":"BB113*BA113+BD113*BA113","v":0},null,0.9,350163,{"$f":"BH113*BI113","v":315146.7},739197,{"$f":"BH113*BK113","v":665277.30000000005},{"$f":"BI113*BH113+BK113*BH113","v":980424},9.9999999999999978E-2,350163,{"$f":"BN113*BO113","v":35016.299999999996},739197,{"$f":"BN113*BQ113","v":73919.699999999983},{"$f":"BO113*BN113+BQ113*BN113","v":108935.99999999997}]
["1.4","130-23-ПС Пожарная сигнализация",null,null,null,null,null,null,null,null,null,null,null,null,null,null,null,null,null,null,null,null,null,null,null,null,null,null,null,null,null,null,null,null,null,null,{"$f":"AK115+AK116+AK117+AK118+AK119+AK120+AK121+AK122+AK123+AK124+SUM(AK125:AK131)+AK132+AK133+AK134+AK135+AK136+AK137+AK138+AK139+AK140+AK141+AK142+AK143+AK144+AK145+AK146+AK147+AK148+AK149+AK150+AK151+AK152+AK153+AK154+SUM(AK155:AK166)+AK167+AK168+AK169+AK170+AK171+AK172+AK173+AK174+AK175+AK176+AK177+AK178+AK179+AK180+AK181+SUM(AK183:AK197)","v":2674187.2000000002},null,{"$f":"AM115+AM116+AM117+AM118+AM119+AM120+AM121+AM122+AM123+AM124+SUM(AM125:AM131)+AM132+AM133+AM134+AM135+AM136+AM137+AM138+AM139+AM140+AM141+AM142+AM143+AM144+AM145+AM146+AM147+AM148+AM149+AM150+AM151+AM152+AM153+AM154+SUM(AM155:AM166)+AM167+AM168+AM169+AM170+AM171+AM172+AM173+AM174+AM175+AM176+AM177+AM178+AM179+AM180+AM181+SUM(AM183:AM197)","v":3027383.1200000006},{"$f":"AN115+AN116+AN117+AN118+AN119+AN120+AN121+AN122+AN123+AN124+SUM(AN125:AN131)+AN132+AN133+AN134+AN135+AN136+AN137+AN138+AN139+AN140+AN141+AN142+AN143+AN144+AN145+AN146+AN147+AN148+AN149+AN150+AN151+AN152+AN153+AN154+SUM(AN155:AN166)+AN167+AN168+AN169+AN170+AN171+AN172+AN173+AN174+AN175+AN176+AN177+AN178+AN179+AN180+AN181+SUM(AN183:AN197)","v":5701570.3200000003},null,null,{"$f":"AQ115+AQ116+AQ117+AQ118+AQ119+AQ120+AQ121+AQ122+AQ123+AQ124+SUM(AQ125:AQ131)+AQ132+AQ133+AQ134+AQ135+AQ136+AQ137+AQ138+AQ139+AQ140+AQ141+AQ142+AQ143+AQ144+AQ145+AQ146+AQ147+AQ148+AQ149+AQ150+AQ151+AQ152+AQ153+AQ154+SUM(AQ155:AQ166)+AQ167+AQ168+AQ169+AQ170+AQ171+AQ172+AQ173+AQ174+AQ175+AQ176+AQ177+AQ178+AQ179+AQ180+AQ181+SUM(AQ183:AQ197)","v":0},null,{"$f":"AS115+AS116+AS117+AS118+AS119+AS120+AS121+AS122+AS123+AS124+SUM(AS125:AS131)+AS132+AS133+AS134+AS135+AS136+AS137+AS138+AS139+AS140+AS141+AS142+AS143+AS144+AS145+AS146+AS147+AS148+AS149+AS150+AS151+AS152+AS153+AS154+SUM(AS155:AS166)+AS167+AS168+AS169+AS170+AS171+AS172+AS173+AS174+AS175+AS176+AS177+AS178+AS179+AS180+AS181+SUM(AS183:AS197)","v":0},{"$f":"AT115+AT116+AT117+AT118+AT119+AT120+AT121+AT122+AT123+AT124+SUM(AT125:AT131)+AT132+AT133+AT134+AT135+AT136+AT137+AT138+AT139+AT140+AT141+AT142+AT143+AT144+AT145+AT146+AT147+AT148+AT149+AT150+AT151+AT152+AT153+AT154+SUM(AT155:AT166)+AT167+AT168+AT169+AT170+AT171+AT172+AT173+AT174+AT175+AT176+AT177+AT178+AT179+AT180+AT181+SUM(AT183:AT197)","v":0},null,null,{"$f":"AW115+AW116+AW117+AW118+AW119+AW120+AW121+AW122+AW123+AW124+SUM(AW125:AW131)+AW132+AW133+AW134+AW135+AW136+AW137+AW138+AW139+AW140+AW141+AW142+AW143+AW144+AW145+AW146+AW147+AW148+AW149+AW150+AW151+AW152+AW153+AW154+SUM(AW155:AW166)+AW167+AW168+AW169+AW170+AW171+AW172+AW173+AW174+AW175+AW176+AW177+AW178+AW179+AW180+AW181+SUM(AW183:AW197)","v":0},null,{"$f":"AY115+AY116+AY117+AY118+AY119+AY120+AY121+AY122+AY123+AY124+SUM(AY125:AY131)+AY132+AY133+AY134+AY135+AY136+AY137+AY138+AY139+AY140+AY141+AY142+AY143+AY144+AY145+AY146+AY147+AY148+AY149+AY150+AY151+AY152+AY153+AY154+SUM(AY155:AY166)+AY167+AY168+AY169+AY170+AY171+AY172+AY173+AY174+AY175+AY176+AY177+AY178+AY179+AY180+AY181+SUM(AY183:AY197)","v":0},{"$f":"AZ115+AZ116+AZ117+AZ118+AZ119+AZ120+AZ121+AZ122+AZ123+AZ124+SUM(AZ125:AZ131)+AZ132+AZ133+AZ134+AZ135+AZ136+AZ137+AZ138+AZ139+AZ140+AZ141+AZ142+AZ143+AZ144+AZ145+AZ146+AZ147+AZ148+AZ149+AZ150+AZ151+AZ152+AZ153+AZ154+SUM(AZ155:AZ166)+AZ167+AZ168+AZ169+AZ170+AZ171+AZ172+AZ173+AZ174+AZ175+AZ176+AZ177+AZ178+AZ179+AZ180+AZ181+SUM(AZ183:AZ197)","v":0},null,null,{"$f":"BC115+BC116+BC117+BC118+BC119+BC120+BC121+BC122+BC123+BC124+SUM(BC125:BC131)+BC132+BC133+BC134+BC135+BC136+BC137+BC138+BC139+BC140+BC141+BC142+BC143+BC144+BC145+BC146+BC147+BC148+BC149+BC150+BC151+BC152+BC153+BC154+SUM(BC155:BC166)+BC167+BC168+BC169+BC170+BC171+BC172+BC173+BC174+BC175+BC176+BC177+BC178+BC179+BC180+BC181+SUM(BC183:BC197)","v":0},null,{"$f":"BE115+BE116+BE117+BE118+BE119+BE120+BE121+BE122+BE123+BE124+SUM(BE125:BE131)+BE132+BE133+BE134+BE135+BE136+BE137+BE138+BE139+BE140+BE141+BE142+BE143+BE144+BE145+BE146+BE147+BE148+BE149+BE150+BE151+BE152+BE153+BE154+SUM(BE155:BE166)+BE167+BE168+BE169+BE170+BE171+BE172+BE173+BE174+BE175+BE176+BE177+BE178+BE179+BE180+BE181+SUM(BE183:BE197)","v":0},{"$f":"BF115+BF116+BF117+BF118+BF119+BF120+BF121+BF122+BF123+BF124+SUM(BF125:BF131)+BF132+BF133+BF134+BF135+BF136+BF137+BF138+BF139+BF140+BF141+BF142+BF143+BF144+BF145+BF146+BF147+BF148+BF149+BF150+BF151+BF152+BF153+BF154+SUM(BF155:BF166)+BF167+BF168+BF169+BF170+BF171+BF172+BF173+BF174+BF175+BF176+BF177+BF178+BF179+BF180+BF181+SUM(BF183:BF197)","v":0},null,0,null,{"$f":"BJ115+BJ116+BJ117+BJ118+BJ119+BJ120+BJ121+BJ122+BJ123+BJ124+SUM(BJ125:BJ131)+BJ132+BJ133+BJ134+BJ135+BJ136+BJ137+BJ138+BJ139+BJ140+BJ141+BJ142+BJ143+BJ144+BJ145+BJ146+BJ147+BJ148+BJ149+BJ150+BJ151+BJ152+BJ153+BJ154+SUM(BJ155:BJ166)+BJ167+BJ168+BJ169+BJ170+BJ171+BJ172+BJ173+BJ174+BJ175+BJ176+BJ177+BJ178+BJ179+BJ180+BJ181+SUM(BJ183:BJ197)","v":3134783.2},null,{"$f":"BL115+BL116+BL117+BL118+BL119+BL120+BL121+BL122+BL123+BL124+SUM(BL125:BL131)+BL132+BL133+BL134+BL135+BL136+BL137+BL138+BL139+BL140+BL141+BL142+BL143+BL144+BL145+BL146+BL147+BL148+BL149+BL150+BL151+BL152+BL153+BL154+SUM(BL155:BL166)+BL167+BL168+BL169+BL170+BL171+BL172+BL173+BL174+BL175+BL176+BL177+BL178+BL179+BL180+BL181+SUM(BL183:BL197)","v":4057917.0799999991},{"$f":"BM115+BM116+BM117+BM118+BM119+BM120+BM121+BM122+BM123+BM124+SUM(BM125:BM131)+BM132+BM133+BM134+BM135+BM136+BM137+BM138+BM139+BM140+BM141+BM142+BM143+BM144+BM145+BM146+BM147+BM148+BM149+BM150+BM151+BM152+BM153+BM154+SUM(BM155:BM166)+BM167+BM168+BM169+BM170+BM171+BM172+BM173+BM174+BM175+BM176+BM177+BM178+BM179+BM180+BM181+SUM(BM183:BM197)","v":7192700.2799999993},0,null,{"$f":"BP115+BP116+BP117+BP118+BP119+BP120+BP121+BP122+BP123+BP124+SUM(BP125:BP131)+BP132+BP133+BP134+BP135+BP136+BP137+BP138+BP139+BP140+BP141+BP142+BP143+BP144+BP145+BP146+BP147+BP148+BP149+BP150+BP151+BP152+BP153+BP154+SUM(BP155:BP166)+BP167+BP168+BP169+BP170+BP171+BP172+BP173+BP174+BP175+BP176+BP177+BP178+BP179+BP180+BP181+SUM(BP183:BP197)","v":2433142.2999999998},null,{"$f":"BR115+BR116+BR117+BR118+BR119+BR120+BR121+BR122+BR123+BR124+SUM(BR125:BR131)+BR132+BR133+BR134+BR135+BR136+BR137+BR138+BR139+BR140+BR141+BR142+BR143+BR144+BR145+BR146+BR147+BR148+BR149+BR150+BR151+BR152+BR153+BR154+SUM(BR155:BR166)+BR167+BR168+BR169+BR170+BR171+BR172+BR173+BR174+BR175+BR176+BR177+BR178+BR179+BR180+BR181+SUM(BR183:BR197)","v":2088182.0199999996},{"$f":"BS115+BS116+BS117+BS118+BS119+BS120+BS121+BS122+BS123+BS124+SUM(BS125:BS131)+BS132+BS133+BS134+BS135+BS136+BS137+BS138+BS139+BS140+BS141+BS142+BS143+BS144+BS145+BS146+BS147+BS148+BS149+BS150+BS151+BS152+BS153+BS154+SUM(BS155:BS166)+BS167+BS168+BS169+BS170+BS171+BS172+BS173+BS174+BS175+BS176+BS177+BS178+BS179+BS180+BS181+SUM(BS183:BS197)","v":4521324.3199999994}]
["1.4.1","Сервер \"Орион Про\"","компл.",1,50304,{"$f":"D115*E115","v":50304},0,null,{"$f":"E115*D115+G115*D115","v":50304},null,null,50304,{"$f":"K115*L115","v":0},0,null,{"$f":"L115*K115+N115*K115","v":0},null,50304,{"$f":"Q115*R115","v":0},0,null,{"$f":"R115*Q115+T115*Q115","v":0},null,50304,{"$f":"W115*X115","v":0},0,null,{"$f":"X115*W115+Z115*W115","v":0},null,50304,{"$f":"AC115*AD115","v":0},0,null,{"$f":"AD115*AC115+AF115*AC115","v":0},null,50304,{"$f":"AI115*AJ115","v":0},0,null,{"$f":"AJ115*AI115+AL115*AI115","v":0},null,50304,{"$f":"AO115*AP115","v":0},0,null,{"$f":"AP115*AO115+AR115*AO115","v":0},null,50304,{"$f":"AU115*AV115","v":0},0,null,{"$f":"AV115*AU115+AX115*AU115","v":0},null,50304,{"$f":"BA115*BB115","v":0},0,null,{"$f":"BB115*BA115+BD115*BA115","v":0},null,0,50304,{"$f":"BH115*BI115","v":0},0,null,{"$f":"BI115*BH115+BK115*BH115","v":0},1,50304,{"$f":"BN115*BO115","v":50304},0,null,{"$f":"BO115*BN115+BQ115*BN115","v":50304}]
["1.4.2","Шкаф пожарной сигнализации","шт.",4,5502,22008,36625.68,{"$f":"D116*G116","v":146502.72},168510.72,null,null,5502,0,36625.68,{"$f":"K116*N116","v":0},0,null,5502,0,36625.68,{"$f":"Q116*T116","v":0},0,3,5502,16506,36625.68,{"$f":"W116*Z116","v":109877.04000000001},126383.04000000001,null,5502,0,36625.68,{"$f":"AC116*AF116","v":0},0,null,5502,0,36625.68,{"$f":"AI116*AL116","v":0},0,null,5502,0,36625.68,{"$f":"AO116*AR116","v":0},0,null,5502,0,36625.68,{"$f":"AU116*AX116","v":0},0,null,5502,0,36625.68,{"$f":"BA116*BD116","v":0},0,null,3,5502,16506,36625.68,{"$f":"BH116*BK116","v":109877.04000000001},126383.04000000001,1,5502,5502,36625.68,{"$f":"BN116*BQ116","v":36625.68},42127.68]
["1.4.3","Монтажный комплект","шт.",4,2358,9432,1456,5824,15256,null,null,2358,0,1456,0,0,null,2358,0,1456,0,0,null,2358,0,1456,0,0,null,2358,0,1456,0,0,3,2358,7074,1456,4368,11442,null,2358,0,1456,0,0,null,2358,0,1456,0,0,null,2358,0,1456,0,0,null,3,2358,7074,1456,4368,11442,1,2358,2358,1456,1456,3814]
["1.4.5","Прибор приемно-контрольный и управления пожарный","шт.",1,5502,5502,42033.68,42033.68,47535.68,null,null,5502,0,42033.68,0,0,null,5502,0,42033.68,0,0,null,5502,0,42033.68,0,0,null,5502,0,42033.68,0,0,null,5502,0,42033.68,0,0,null,5502,0,42033.68,0,0,null,5502,0,42033.68,0,0,null,5502,0,42033.68,0,0,null,0,5502,0,42033.68,0,0,1,5502,5502,42033.68,42033.68,47535.68]
["1.4.6","Аккумулятор 12 В, 17 А/ч","шт.",10,524,5240,7368.4,73684,78924,null,null,524,0,7368.4,0,0,null,524,0,7368.4,0,0,null,524,0,7368.4,0,0,null,524,0,7368.4,0,0,null,524,0,7368.4,0,0,null,524,0,7368.4,0,0,null,524,0,7368.4,0,0,null,524,0,7368.4,0,0,null,0,524,0,7368.4,0,0,10,524,5240,7368.4,73684,78924]
["1.4.7","Пульт контроля и управления","шт.",1,3406,3406,14788.18,14788.18,18194.18,null,null,3406,0,14788.18,0,0,null,3406,0,14788.18,0,0,null,3406,0,14788.18,0,0,null,3406,0,14788.18,0,0,null,3406,0,14788.18,0,0,null,3406,0,14788.18,0,0,null,3406,0,14788.18,0,0,null,3406,0,14788.18,0,0,null,0,3406,0,14788.18,0,0,1,3406,3406,14788.18,14788.18,18194.18]
["1.4.8","Контроллер двухпроводной линиии связи","шт.",11,3406,37466,6507.85,71586.350000000006,109052.35,null,null,3406,0,6507.85,0,0,null,3406,0,6507.85,0,0,null,3406,0,6507.85,0,0,null,3406,0,6507.85,0,0,11,3406,37466,6507.85,71586.350000000006,109052.35,null,3406,0,6507.85,0,0,null,3406,0,6507.85,0,0,null,3406,0,6507.85,0,0,null,11,3406,37466,6507.85,71586.350000000006,109052.35,0,3406,0,6507.85,0,0]
["1.4.9","Блок контрольно-пусковой","шт.",4,3406,13624,5933.93,23735.72,37359.72,null,null,3406,0,5933.93,0,0,null,3406,0,5933.93,0,0,null,3406,0,5933.93,0,0,null,3406,0,5933.93,0,0,4,3406,13624,5933.93,23735.72,37359.72,null,3406,0,5933.93,0,0,null,3406,0,5933.93,0,0,null,3406,0,5933.93,0,0,null,4,3406,13624,5933.93,23735.72,37359.72,0,3406,0,5933.93,0,0]
["1.4.10","Извещатель пожарный дымовой оптико-электронный аналого-адресный","шт.",137,1572,215364,2472.34,338710.58,554074.58000000007,null,null,1572,0,2472.34,0,0,null,1572,0,2472.34,0,0,50,1572,78600,2472.34,123617,202217,null,1572,0,2472.34,0,0,null,1572,0,2472.34,0,0,null,1572,0,2472.34,0,0,null,1572,0,2472.34,0,0,null,1572,0,2472.34,0,0,null,50,1572,78600,2472.34,123617,202217,87,1572,136764,2472.34,215093.58000000002,351857.58]
["1.4.11","Извещатель пожарный линейный однопозиционный адресный","шт.",24,4454,106896,37518,900432,1007328,null,null,4454,0,37518,0,0,null,4454,0,37518,0,0,10,4454,44540,37518,375180,419720,null,4454,0,37518,0,0,12,4454,53448,37518,450216,503664,null,4454,0,37518,0,0,null,4454,0,37518,0,0,null,4454,0,37518,0,0,null,22,4454,97988,37518,825396,923384,2,4454,8908,37518,75036,83944]
["1.4.13","Извещатель пожарный ручной адресный","шт.",15,1572,23580,1458.34,21875.1,45455.1,null,null,1572,0,1458.34,0,0,null,1572,0,1458.34,0,0,5,1572,7860,1458.34,7291.7,15151.7,null,1572,0,1458.34,0,0,null,1572,0,1458.34,0,0,null,1572,0,1458.34,0,0,null,1572,0,1458.34,0,0,null,1572,0,1458.34,0,0,null,5,1572,7860,1458.34,7291.7,15151.7,10,1572,15720,1458.34,14583.4,30303.4]
["1.4.14","Аккумулятор 12 В, 40 А/ч","шт.",4,524,2096,8196.4,32785.599999999999,34881.599999999999,null,null,524,0,8196.4,0,0,null,524,0,8196.4,0,0,null,524,0,8196.4,0,0,null,524,0,8196.4,0,0,2,524,1048,8196.4,16392.8,17440.8,null,524,0,8196.4,0,0,null,524,0,8196.4,0,0,null,524,0,8196.4,0,0,null,2,524,1048,8196.4,16392.8,17440.8,2,524,1048,8196.4,16392.8,17440.8]
["1.4.15","Источник питания резервированный","шт.",4,3930,15720,16396.07,65584.28,81304.28,null,null,3930,0,16396.07,0,0,null,3930,0,16396.07,0,0,null,3930,0,16396.07,0,0,null,3930,0,16396.07,0,0,2,3930,7860,16396.07,32792.14,40652.14,null,3930,0,16396.07,0,0,null,3930,0,16396.07,0,0,null,3930,0,16396.07,0,0,null,2,3930,7860,16396.07,32792.14,40652.14,2,3930,7860,16396.07,32792.14,40652.14]
["1.4.16","Аккумулятор 12 В, 7 А/ч","шт.",4,524,2096,3129.1,12516.4,14612.4,null,null,524,0,3129.1,0,0,null,524,0,3129.1,0,0,null,524,0,3129.1,0,0,null,524,0,3129.1,0,0,null,524,0,3129.1,0,0,null,524,0,3129.1,0,0,null,524,0,3129.1,0,0,null,524,0,3129.1,0,0,null,0,524,0,3129.1,0,0,4,524,2096,3129.1,12516.4,14612.4]
["1.4.17","Блок контроля и индикации","шт.",2,3930,7860,11731.38,23462.76,31322.76,null,null,3930,0,11731.38,0,0,null,3930,0,11731.38,0,0,null,3930,0,11731.38,0,0,null,3930,0,11731.38,0,0,null,3930,0,11731.38,0,0,null,3930,0,11731.38,0,0,null,3930,0,11731.38,0,0,null,3930,0,11731.38,0,0,null,0,3930,0,11731.38,0,0,2,3930,7860,11731.38,23462.76,31322.76]
["1.4.18","Блок разветвительно-изолирующий","шт.",4,1310,5240,833.51,3334.04,8574.0400000000009,null,null,1310,0,833.51,0,0,null,1310,0,833.51,0,0,null,1310,0,833.51,0,0,null,1310,0,833.51,0,0,4,1310,5240,833.51,3334.04,8574.0400000000009,null,1310,0,833.51,0,0,null,1310,0,833.51,0,0,null,1310,0,833.51,0,0,null,4,1310,5240,833.51,3334.04,8574.0400000000009,0,1310,0,833.51,0,0]
["1.4.19","Преобразователь интерфейсов","шт.",4,4192,16768,15047.76,60191.040000000001,76959.040000000008,null,null,4192,0,15047.76,0,0,null,4192,0,15047.76,0,0,null,4192,0,15047.76,0,0,null,4192,0,15047.76,0,0,4,4192,16768,15047.76,60191.040000000001,76959.040000000008,null,4192,0,15047.76,0,0,null,4192,0,15047.76,0,0,null,4192,0,15047.76,0,0,null,4,4192,16768,15047.76,60191.040000000001,76959.040000000008,0,4192,0,15047.76,0,0]
["1.4.20","Патч-корд волоконно-оптический LC/UPC-LC/UPC 50 м","шт.",4,393,1572,3672.55,14690.2,16262.2,null,null,393,0,3672.55,0,0,null,393,0,3672.55,0,0,null,393,0,3672.55,0,0,null,393,0,3672.55,0,0,null,393,0,3672.55,0,0,null,393,0,3672.55,0,0,null,393,0,3672.55,0,0,null,393,0,3672.55,0,0,null,0,393,0,3672.55,0,0,4,393,1572,3672.55,14690.2,16262.2]
["1.4.21","Патч-корд волоконно-оптический LC/UPC-LC/UPC 1 м","шт.",4,393,1572,1027,4108,5680,null,null,393,0,1027,0,0,null,393,0,1027,0,0,null,393,0,1027,0,0,null,393,0,1027,0,0,4,393,1572,1027,4108,5680,null,393,0,1027,0,0,null,393,0,1027,0,0,null,393,0,1027,0,0,null,4,393,1572,1027,4108,5680,0,393,0,1027,0,0]
["1.4.22","Устройство коммутационное","шт.",24,3406,81744,1774.5,42588,124332,null,null,3406,0,1774.5,0,0,null,3406,0,1774.5,0,0,null,3406,0,1774.5,0,0,null,3406,0,1774.5,0,0,20,3406,68120,1774.5,35490,103610,null,3406,0,1774.5,0,0,null,3406,0,1774.5,0,0,null,3406,0,1774.5,0,0,null,20,3406,68120,1774.5,35490,103610,4,3406,13624,1774.5,7098,20722]
["1.4.23","Оповещатель охранно-пожарный световой (табло) ЛЮКС-24 \"Выход\"","шт.",10,1572,15720,478.4,4784,20504,null,null,1572,0,478.4,0,0,null,1572,0,478.4,0,0,null,1572,0,478.4,0,0,null,1572,0,478.4,0,0,1,1572,1572,478.4,478.4,2050.4,null,1572,0,478.4,0,0,null,1572,0,478.4,0,0,null,1572,0,478.4,0,0,null,1,1572,1572,478.4,478.4,2050.4,9,1572,14148,478.4,4305.5999999999995,18453.599999999999]
["1.4.24","Оповещатель охранно-пожарный световой (табло) ЛЮКС-24 \"Стрелка влево\"","шт.",9,1572,14148,478.4,4305.5999999999995,18453.599999999999,null,null,1572,0,478.4,0,0,null,1572,0,478.4,0,0,null,1572,0,478.4,0,0,null,1572,0,478.4,0,0,5,1572,7860,478.4,2392,10252,null,1572,0,478.4,0,0,null,1572,0,478.4,0,0,null,1572,0,478.4,0,0,null,5,1572,7860,478.4,2392,10252,4,1572,6288,478.4,1913.6,8201.6]
["1.4.25","Оповещатель охранно-пожарный световой (табло) ЛЮКС-24 \"Стрелка вправо\"","шт.",9,1572,14148,478.4,4305.5999999999995,18453.599999999999,null,null,1572,0,478.4,0,0,null,1572,0,478.4,0,0,null,1572,0,478.4,0,0,null,1572,0,478.4,0,0,5,1572,7860,478.4,2392,10252,null,1572,0,478.4,0,0,null,1572,0,478.4,0,0,null,1572,0,478.4,0,0,null,5,1572,7860,478.4,2392,10252,4,1572,6288,478.4,1913.6,8201.6]
["1.4.26","Оповещатель охранно-пожарный звуковой Маяк-24-ЗМ2","шт.",54,1572,84888,351,18954,103842,null,null,1572,0,351,0,0,null,1572,0,351,0,0,null,1572,0,351,0,0,null,1572,0,351,0,0,30,1572,47160,351,10530,57690,null,1572,0,351,0,0,null,1572,0,351,0,0,null,1572,0,351,0,0,null,30,1572,47160,351,10530,57690,24,1572,37728,351,8424,46152]
["1.4.27","Комбинированный оповещатель со стробовспышкой Г-24КПР","шт.",30,1572,47160,708.55,21256.5,68416.5,null,null,1572,0,708.55,0,0,null,1572,0,708.55,0,0,null,1572,0,708.55,0,0,null,1572,0,708.55,0,0,30,1572,47160,708.55,21256.5,68416.5,null,1572,0,708.55,0,0,null,1572,0,708.55,0,0,null,1572,0,708.55,0,0,null,30,1572,47160,708.55,21256.5,68416.5,0,1572,0,708.55,0,0]
["1.4.28","Оповещатель охранно-пожарный комбинированный свето-звуковой Маяк-24-КПМ2","шт.",39,1572,61308,852.8,33259.199999999997,94567.2,null,null,1572,0,852.8,0,0,null,1572,0,852.8,0,0,null,1572,0,852.8,0,0,null,1572,0,852.8,0,0,30,1572,47160,852.8,25584,72744,null,1572,0,852.8,0,0,null,1572,0,852.8,0,0,null,1572,0,852.8,0,0,null,30,1572,47160,852.8,25584,72744,9,1572,14148,852.8,7675.2,21823.200000000001]
["1.4.29","Полка 19\" перфорированная консольная 1U","шт.",1,2620,2620,1900.6,1900.6,4520.6000000000004,null,null,2620,0,1900.6,0,0,null,2620,0,1900.6,0,0,null,2620,0,1900.6,0,0,null,2620,0,1900.6,0,0,null,2620,0,1900.6,0,0,null,2620,0,1900.6,0,0,null,2620,0,1900.6,0,0,null,2620,0,1900.6,0,0,null,0,2620,0,1900.6,0,0,1,2620,2620,1900.6,1900.6,4520.6000000000004]
["1.4.30","Модуль подключения нагрузки","шт.",87,131,11397,93.29,8116.2300000000005,19513.23,null,null,131,0,93.29,0,0,null,131,0,93.29,0,0,null,131,0,93.29,0,0,null,131,0,93.29,0,0,80,131,10480,93.29,7463.2000000000007,17943.2,null,131,0,93.29,0,0,null,131,0,93.29,0,0,null,131,0,93.29,0,0,null,80,131,10480,93.29,7463.2000000000007,17943.2,7,131,917,93.29,653.03000000000009,1570.0300000000002]
["1.4.31","Блок сигнально-пусковой адресный","шт.",96,4192,402432,4800.12,460811.52000000002,863243.52,null,null,4192,0,4800.12,0,0,null,4192,0,4800.12,0,0,40,4192,167680,4800.12,192004.8,359684.8,null,4192,0,4800.12,0,0,null,4192,0,4800.12,0,0,null,4192,0,4800.12,0,0,null,4192,0,4800.12,0,0,null,4192,0,4800.12,0,0,null,40,4192,167680,4800.12,192004.8,359684.8,56,4192,234752,4800.12,268806.71999999997,503558.72]
["1.4.32","Кнопка \"ТЕСТ\"","шт.",96,1572,150912,1625,156000,306912,null,null,1572,0,1625,0,0,null,1572,0,1625,0,0,40,1572,62880,1625,65000,127880,null,1572,0,1625,0,0,10,1572,15720,1625,16250,31970,null,1572,0,1625,0,0,null,1572,0,1625,0,0,null,1572,0,1625,0,0,null,50,1572,78600,1625,81250,159850,46,1572,72312,1625,74750,147062]
["1.4.33","Шкаф контрольно пусковой ШКП-10RS (М)","шт.",1,5895,5895,40714.129999999997,40714.129999999997,46609.13,null,null,5895,0,40714.129999999997,0,0,null,5895,0,40714.129999999997,0,0,null,5895,0,40714.129999999997,0,0,null,5895,0,40714.129999999997,0,0,1,5895,5895,40714.129999999997,40714.129999999997,46609.13,null,5895,0,40714.129999999997,0,0,null,5895,0,40714.129999999997,0,0,null,5895,0,40714.129999999997,0,0,null,1,5895,5895,40714.129999999997,40714.129999999997,46609.13,0,5895,0,40714.129999999997,0,0]
["1.4.34","Шкаф контрольно пусковой ШКП-18RS (М)","шт.",1,5895,5895,42423.73,42423.73,48318.73,null,null,5895,0,42423.73,0,0,null,5895,0,42423.73,0,0,null,5895,0,42423.73,0,0,null,5895,0,42423.73,0,0,null,5895,0,42423.73,0,0,null,5895,0,42423.73,0,0,null,5895,0,42423.73,0,0,null,5895,0,42423.73,0,0,null,0,5895,0,42423.73,0,0,1,5895,5895,42423.73,42423.73,48318.73]
["1.4.35","Преобразователь интерфейса","шт.",1,3406,3406,4581.25,4581.25,7987.25,null,null,3406,0,4581.25,0,0,null,3406,0,4581.25,0,0,null,3406,0,4581.25,0,0,null,3406,0,4581.25,0,0,null,3406,0,4581.25,0,0,null,3406,0,4581.25,0,0,null,3406,0,4581.25,0,0,null,3406,0,4581.25,0,0,null,0,3406,0,4581.25,0,0,1,3406,3406,4581.25,4581.25,7987.25]
["1.4.36","Коммутатор сетевой гигабитный 6 портовый","шт.",1,3406,3406,11700,11700,15106,null,null,3406,0,11700,0,0,null,3406,0,11700,0,0,null,3406,0,11700,0,0,null,3406,0,11700,0,0,null,3406,0,11700,0,0,null,3406,0,11700,0,0,null,3406,0,11700,0,0,null,3406,0,11700,0,0,null,0,3406,0,11700,0,0,1,3406,3406,11700,11700,15106]
["1.4.37","Блок питания","шт.",1,3930,3930,3325.4,3325.4,7255.4,null,null,3930,0,3325.4,0,0,null,3930,0,3325.4,0,0,null,3930,0,3325.4,0,0,null,3930,0,3325.4,0,0,null,3930,0,3325.4,0,0,null,3930,0,3325.4,0,0,null,3930,0,3325.4,0,0,null,3930,0,3325.4,0,0,null,0,3930,0,3325.4,0,0,1,3930,3930,3325.4,3325.4,7255.4]
["1.4.38","Лоток перфорированный 100х50х3000","м",585,497.8,{"$f":"D150*E150","v":291213},699.4,{"$f":"D150*G150","v":409149},700362,null,null,497.8,{"$f":"K150*L150","v":0},699.4,{"$f":"K150*N150","v":0},0,null,497.8,{"$f":"Q150*R150","v":0},699.4,{"$f":"Q150*T150","v":0},0,null,497.8,{"$f":"W150*X150","v":0},699.4,{"$f":"W150*Z150","v":0},0,null,497.8,{"$f":"AC150*AD150","v":0},699.4,{"$f":"AC150*AF150","v":0},0,400,497.8,{"$f":"AI150*AJ150","v":199120},699.4,{"$f":"AI150*AL150","v":279760},478880,null,497.8,{"$f":"AO150*AP150","v":0},699.4,{"$f":"AO150*AR150","v":0},0,null,497.8,{"$f":"AU150*AV150","v":0},699.4,{"$f":"AU150*AX150","v":0},0,null,497.8,{"$f":"BA150*BB150","v":0},699.4,{"$f":"BA150*BD150","v":0},0,null,400,497.8,{"$f":"BH150*BI150","v":199120},699.4,{"$f":"BH150*BK150","v":279760},478880,185,497.8,{"$f":"BN150*BO150","v":92093},699.4,{"$f":"BN150*BQ150","v":129389},221482]
["1.4.39","Перегородка для лотка","м",585,131,{"$f":"D151*E151","v":76635},380.64,{"$f":"D151*G151","v":222674.4},299309.40000000002,null,null,131,{"$f":"K151*L151","v":0},380.64,{"$f":"K151*N151","v":0},0,null,131,{"$f":"Q151*R151","v":0},380.64,{"$f":"Q151*T151","v":0},0,null,131,{"$f":"W151*X151","v":0},380.64,{"$f":"W151*Z151","v":0},0,null,131,{"$f":"AC151*AD151","v":0},380.64,{"$f":"AC151*AF151","v":0},0,400,131,{"$f":"AI151*AJ151","v":52400},380.64,{"$f":"AI151*AL151","v":152256},204656,null,131,{"$f":"AO151*AP151","v":0},380.64,{"$f":"AO151*AR151","v":0},0,null,131,{"$f":"AU151*AV151","v":0},380.64,{"$f":"AU151*AX151","v":0},0,null,131,{"$f":"BA151*BB151","v":0},380.64,{"$f":"BA151*BD151","v":0},0,null,400,131,{"$f":"BH151*BI151","v":52400},380.64,{"$f":"BH151*BK151","v":152256},204656,185,131,{"$f":"BN151*BO151","v":24235},380.64,{"$f":"BN151*BQ151","v":70418.399999999994},94653.4]
["1.4.40","Крышка с заземлением на лоток основание 100 L3000","м",585,157.19999999999999,{"$f":"D152*E152","v":91962},271.99,{"$f":"D152*G152","v":159114.15},251076.15,null,null,157.19999999999999,{"$f":"K152*L152","v":0},271.99,{"$f":"K152*N152","v":0},0,null,157.19999999999999,{"$f":"Q152*R152","v":0},271.99,{"$f":"Q152*T152","v":0},0,null,157.19999999999999,{"$f":"W152*X152","v":0},271.99,{"$f":"W152*Z152","v":0},0,null,157.19999999999999,{"$f":"AC152*AD152","v":0},271.99,{"$f":"AC152*AF152","v":0},0,400,157.19999999999999,{"$f":"AI152*AJ152","v":62879.999999999993},271.99,{"$f":"AI152*AL152","v":108796},171676,null,157.19999999999999,{"$f":"AO152*AP152","v":0},271.99,{"$f":"AO152*AR152","v":0},0,null,157.19999999999999,{"$f":"AU152*AV152","v":0},271.99,{"$f":"AU152*AX152","v":0},0,null,157.19999999999999,{"$f":"BA152*BB152","v":0},271.99,{"$f":"BA152*BD152","v":0},0,null,400,157.19999999999999,{"$f":"BH152*BI152","v":62879.999999999993},271.99,{"$f":"BH152*BK152","v":108796},171676,185,157.19999999999999,{"$f":"BN152*BO152","v":29081.999999999996},271.99,{"$f":"BN152*BQ152","v":50318.15},79400.149999999994]
["1.4.41","Угол CPO 90 горизонтальный 90° 100х50","шт.",10,1572,{"$f":"D153*E153","v":15720},2107.04,{"$f":"D153*G153","v":21070.400000000001},36790.400000000001,null,null,1572,{"$f":"K153*L153","v":0},2107.04,{"$f":"K153*N153","v":0},0,null,1572,{"$f":"Q153*R153","v":0},2107.04,{"$f":"Q153*T153","v":0},0,null,1572,{"$f":"W153*X153","v":0},2107.04,{"$f":"W153*Z153","v":0},0,null,1572,{"$f":"AC153*AD153","v":0},2107.04,{"$f":"AC153*AF153","v":0},0,9,1572,{"$f":"AI153*AJ153","v":14148},2107.04,{"$f":"AI153*AL153","v":18963.36},33111.360000000001,null,1572,{"$f":"AO153*AP153","v":0},2107.04,{"$f":"AO153*AR153","v":0},0,null,1572,{"$f":"AU153*AV153","v":0},2107.04,{"$f":"AU153*AX153","v":0},0,null,1572,{"$f":"BA153*BB153","v":0},2107.04,{"$f":"BA153*BD153","v":0},0,null,9,1572,{"$f":"BH153*BI153","v":14148},2107.04,{"$f":"BH153*BK153","v":18963.36},33111.360000000001,1,1572,{"$f":"BN153*BO153","v":1572},2107.04,{"$f":"BN153*BQ153","v":2107.04},3679.04]
["1.4.42","Угол CS 90 вертикальный внутренний 90° 100х50","шт.",12,1572,{"$f":"D154*E154","v":18864},2459.6,{"$f":"D154*G154","v":29515.199999999997},48379.199999999997,null,null,1572,{"$f":"K154*L154","v":0},2459.6,{"$f":"K154*N154","v":0},0,null,1572,{"$f":"Q154*R154","v":0},2459.6,{"$f":"Q154*T154","v":0},0,null,1572,{"$f":"W154*X154","v":0},2459.6,{"$f":"W154*Z154","v":0},0,null,1572,{"$f":"AC154*AD154","v":0},2459.6,{"$f":"AC154*AF154","v":0},0,3,1572,{"$f":"AI154*AJ154","v":4716},2459.6,{"$f":"AI154*AL154","v":7378.7999999999993},12094.8,null,1572,{"$f":"AO154*AP154","v":0},2459.6,{"$f":"AO154*AR154","v":0},0,null,1572,{"$f":"AU154*AV154","v":0},2459.6,{"$f":"AU154*AX154","v":0},0,null,1572,{"$f":"BA154*BB154","v":0},2459.6,{"$f":"BA154*BD154","v":0},0,null,3,1572,{"$f":"BH154*BI154","v":4716},2459.6,{"$f":"BH154*BK154","v":7378.7999999999993},12094.8,9,1572,{"$f":"BN154*BO154","v":14148},2459.6,{"$f":"BN154*BQ154","v":22136.399999999998},36284.399999999994]
["1.4.43","Лоток 50х50 L=3000 перфорированный","м.",150,838.4,125760,487.5,73125,198885,null,null,838.4,0,487.5,0,0,null,838.4,0,487.5,0,0,null,838.4,0,487.5,0,0,null,838.4,0,487.5,0,0,null,838.4,0,487.5,0,0,null,838.4,0,487.5,0,0,null,838.4,0,487.5,0,0,null,838.4,0,487.5,0,0,null,0,838.4,0,487.5,0,0,150,838.4,125760,487.5,73125,198885]
["1.4.44","Крышка с заземлением на лоток основание 50 L3000","м.",150,157.19999999999999,23580,223.15,33472.5,57052.5,null,null,157.19999999999999,0,223.15,0,0,null,157.19999999999999,0,223.15,0,0,null,157.19999999999999,0,223.15,0,0,null,157.19999999999999,0,223.15,0,0,null,157.19999999999999,0,223.15,0,0,null,157.19999999999999,0,223.15,0,0,null,157.19999999999999,0,223.15,0,0,null,157.19999999999999,0,223.15,0,0,null,0,157.19999999999999,0,223.15,0,0,150,157.19999999999999,23580,223.15,33472.5,57052.5]
["1.4.45","Крышка S5 CPO90 90х100 угла горизонтального","шт.",10,157.19999999999999,1572,1091.22,10912.2,12484.2,null,null,157.19999999999999,0,1091.22,0,0,null,157.19999999999999,0,1091.22,0,0,null,157.19999999999999,0,1091.22,0,0,null,157.19999999999999,0,1091.22,0,0,null,157.19999999999999,0,1091.22,0,0,null,157.19999999999999,0,1091.22,0,0,null,157.19999999999999,0,1091.22,0,0,null,157.19999999999999,0,1091.22,0,0,null,0,157.19999999999999,0,1091.22,0,0,10,157.19999999999999,1572,1091.22,10912.2,12484.2]
["1.4.46","Крышка S5 CS90 90x100 угла вертикального внутреннего","шт.",12,157.19999999999999,1886.3999999999999,837.23,10046.76,11933.16,null,null,157.19999999999999,0,837.23,0,0,null,157.19999999999999,0,837.23,0,0,null,157.19999999999999,0,837.23,0,0,null,157.19999999999999,0,837.23,0,0,null,157.19999999999999,0,837.23,0,0,null,157.19999999999999,0,837.23,0,0,null,157.19999999999999,0,837.23,0,0,null,157.19999999999999,0,837.23,0,0,null,0,157.19999999999999,0,837.23,0,0,12,157.19999999999999,1886.3999999999999,837.23,10046.76,11933.16]
["1.4.47","Ответвитель S5 DL 100x50 горизонтальный","шт.",5,1572,7860,2626.01,13130.050000000001,20990.050000000003,null,null,1572,0,2626.01,0,0,null,1572,0,2626.01,0,0,null,1572,0,2626.01,0,0,null,1572,0,2626.01,0,0,null,1572,0,2626.01,0,0,null,1572,0,2626.01,0,0,null,1572,0,2626.01,0,0,null,1572,0,2626.01,0,0,null,0,1572,0,2626.01,0,0,5,1572,7860,2626.01,13130.050000000001,20990.050000000003]
["1.4.48","Крышка S5 DL 100х50 ответвителя горизонтального","шт.",5,157.19999999999999,786,1305.8499999999999,6529.25,7315.25,null,null,157.19999999999999,0,1305.8499999999999,0,0,null,157.19999999999999,0,1305.8499999999999,0,0,null,157.19999999999999,0,1305.8499999999999,0,0,null,157.19999999999999,0,1305.8499999999999,0,0,null,157.19999999999999,0,1305.8499999999999,0,0,null,157.19999999999999,0,1305.8499999999999,0,0,null,157.19999999999999,0,1305.8499999999999,0,0,null,157.19999999999999,0,1305.8499999999999,0,0,null,0,157.19999999999999,0,1305.8499999999999,0,0,5,157.19999999999999,786,1305.8499999999999,6529.25,7315.25]
["1.4.49","Угол S5 CD90 90x50x50 вертикальный внешний","шт.",16,1572,25152,2555.81,40892.959999999999,66044.959999999992,null,null,1572,0,2555.81,0,0,null,1572,0,2555.81,0,0,null,1572,0,2555.81,0,0,null,1572,0,2555.81,0,0,null,1572,0,2555.81,0,0,null,1572,0,2555.81,0,0,null,1572,0,2555.81,0,0,null,1572,0,2555.81,0,0,null,0,1572,0,2555.81,0,0,16,1572,25152,2555.81,40892.959999999999,66044.959999999992]
["1.4.50","Крышка S5 CD90 90x50 угла вертикального внешнего","шт.",16,157.19999999999999,2515.1999999999998,829.61,13273.76,15788.96,null,null,157.19999999999999,0,829.61,0,0,null,157.19999999999999,0,829.61,0,0,null,157.19999999999999,0,829.61,0,0,null,157.19999999999999,0,829.61,0,0,null,157.19999999999999,0,829.61,0,0,null,157.19999999999999,0,829.61,0,0,null,157.19999999999999,0,829.61,0,0,null,157.19999999999999,0,829.61,0,0,null,{"$f":"K162+Q162+W162+AC162+AI162+AO162+AU162+BA162","v":0},157.19999999999999,0,829.61,0,0,{"$f":"D162-BH162","v":16},157.19999999999999,2515.1999999999998,829.61,13273.76,15788.96]
["1.4.51","Ответвитель S5 DL 50x50 горизонтальный","шт.",16,1572,25152,2373.29,37972.639999999999,63124.639999999999,null,null,1572,0,2373.29,0,0,null,1572,0,2373.29,0,0,null,1572,0,2373.29,0,0,null,1572,0,2373.29,0,0,null,1572,0,2373.29,0,0,null,1572,0,2373.29,0,0,null,1572,0,2373.29,0,0,null,1572,0,2373.29,0,0,null,0,1572,0,2373.29,0,0,16,1572,25152,2373.29,37972.639999999999,63124.639999999999]
["1.4.52","Крышка S5 DL 50х50 ответвителя горизонтального","шт.",16,157.19999999999999,2515.1999999999998,1109.56,17752.96,20268.16,null,null,157.19999999999999,0,1109.56,0,0,null,157.19999999999999,0,1109.56,0,0,null,157.19999999999999,0,1109.56,0,0,null,157.19999999999999,0,1109.56,0,0,null,157.19999999999999,0,1109.56,0,0,null,157.19999999999999,0,1109.56,0,0,null,157.19999999999999,0,1109.56,0,0,null,157.19999999999999,0,1109.56,0,0,null,0,157.19999999999999,0,1109.56,0,0,16,157.19999999999999,2515.1999999999998,1109.56,17752.96,20268.16]
["1.4.53","Кронштейн индивидуального изготовления L=1250","шт.",210,540.77,113561.7,2018.64,423914.4,537476.1,null,null,540.77,0,2018.64,0,0,null,540.77,0,2018.64,0,0,null,540.77,0,2018.64,0,0,null,540.77,0,2018.64,0,0,180,540.77,97338.599999999991,2018.64,363355.2,460693.8,null,540.77,0,2018.64,0,0,null,540.77,0,2018.64,0,0,null,540.77,0,2018.64,0,0,null,180,540.77,97338.599999999991,2018.64,363355.2,460693.8,30,540.77,16223.099999999999,2018.64,60559.200000000004,76782.3]
["1.4.54","Кронштейн юстировочный для монтажа линейного извещателя","шт.",24,1572,37728,1560,37440,75168,null,null,1572,0,1560,0,0,null,1572,0,1560,0,0,null,1572,0,1560,0,0,null,1572,0,1560,0,0,null,1572,0,1560,0,0,null,1572,0,1560,0,0,null,1572,0,1560,0,0,null,1572,0,1560,0,0,null,0,1572,0,1560,0,0,24,1572,37728,1560,37440,75168]
["1.4.55","Стандартный анкер с болтом М8","шт.",800,32.75,26200,107.93,86344,112544,null,null,32.75,0,107.93,0,0,null,32.75,0,107.93,0,0,null,32.75,0,107.93,0,0,null,32.75,0,107.93,0,0,360,32.75,11790,107.93,38854.800000000003,50644.800000000003,null,32.75,0,107.93,0,0,null,32.75,0,107.93,0,0,null,32.75,0,107.93,0,0,null,360,32.75,11790,107.93,38854.800000000003,50644.800000000003,440,32.75,14410,107.93,47489.200000000004,61899.200000000004]
["1.4.56","Винт для электрического соединения М5х8","шт.",100,19.649999999999999,1964.9999999999998,13.26,1326,3291,null,null,19.649999999999999,0,13.26,0,0,null,19.649999999999999,0,13.26,0,0,null,19.649999999999999,0,13.26,0,0,null,19.649999999999999,0,13.26,0,0,100,19.649999999999999,1964.9999999999998,13.26,1326,3291,null,19.649999999999999,0,13.26,0,0,null,19.649999999999999,0,13.26,0,0,null,19.649999999999999,0,13.26,0,0,null,100,19.649999999999999,1964.9999999999998,13.26,1326,3291,0,19.649999999999999,0,13.26,0,0]
["1.4.57","Коробка огнестойкая 100х100х50мм","шт.",175,1048,183400,1383.16,242053,425453,null,null,1048,0,1383.16,0,0,null,1048,0,1383.16,0,0,null,1048,0,1383.16,0,0,null,1048,0,1383.16,0,0,100,1048,104800,1383.16,138316,243116,null,1048,0,1383.16,0,0,null,1048,0,1383.16,0,0,null,1048,0,1383.16,0,0,null,100,1048,104800,1383.16,138316,243116,75,1048,78600,1383.16,103737,182337]
["1.4.58","Кабель огнестойкий КПСЭнг(А)-FRHF 1х2х1,0","м",6400,162.44,1039616,53.35,341440,1381056,null,null,162.44,0,53.35,0,0,null,162.44,0,53.35,0,0,null,162.44,0,53.35,0,0,null,162.44,0,53.35,0,0,3500,162.44,568540,53.35,186725,755265,null,162.44,0,53.35,0,0,null,162.44,0,53.35,0,0,null,162.44,0,53.35,0,0,null,3500,162.44,568540,53.35,186725,755265,2900,162.44,471076,53.35,154715,625791]
["1.4.59","Кабель огнестойкий КПСЭнг(А)-FRHF 1х2х1,5","м",2500,162.44,406100,107.82,269550,675650,null,null,162.44,0,107.82,0,0,null,162.44,0,107.82,0,0,null,162.44,0,107.82,0,0,null,162.44,0,107.82,0,0,2500,162.44,406100,107.82,269550,675650,null,162.44,0,107.82,0,0,null,162.44,0,107.82,0,0,null,162.44,0,107.82,0,0,null,2500,162.44,406100,107.82,269550,675650,0,162.44,0,107.82,0,0]
["1.4.60","Кабель огнестойкий КПСЭнг(А)-FRHF 2х2х0,75","м",400,162.44,64976,101.09,40436,105412,null,null,162.44,0,101.09,0,0,null,162.44,0,101.09,0,0,null,162.44,0,101.09,0,0,null,162.44,0,101.09,0,0,250,162.44,40610,101.09,25272.5,65882.5,null,162.44,0,101.09,0,0,null,162.44,0,101.09,0,0,null,162.44,0,101.09,0,0,null,250,162.44,40610,101.09,25272.5,65882.5,150,162.44,24366,101.09,15163.5,39529.5]
["1.4.61","Кабель огнестойкий КПСЭнг(А)-FRHF 2х2х0,5","м",750,162.44,121830,111.72,83790,205620,null,null,162.44,0,111.72,0,0,null,162.44,0,111.72,0,0,null,162.44,0,111.72,0,0,null,162.44,0,111.72,0,0,500,162.44,81220,111.72,55860,137080,null,162.44,0,111.72,0,0,null,162.44,0,111.72,0,0,null,162.44,0,111.72,0,0,null,500,162.44,81220,111.72,55860,137080,250,162.44,40610,111.72,27930,68540]
["1.4.62","Кабель силовой огнестойкий ППГ нг(А)-FRHF 3х1.5","м",1300,162.44,211172,131.97999999999999,171574,382746,null,null,162.44,0,131.97999999999999,0,0,null,162.44,0,131.97999999999999,0,0,null,162.44,0,131.97999999999999,0,0,null,162.44,0,131.97999999999999,0,0,1100,162.44,178684,131.97999999999999,145178,323862,null,162.44,0,131.97999999999999,0,0,null,162.44,0,131.97999999999999,0,0,null,162.44,0,131.97999999999999,0,0,null,1100,162.44,178684,131.97999999999999,145178,323862,200,162.44,32488,131.97999999999999,26395.999999999996,58884]
["1.4.63","Труба гофрированная ПВХ легкая серая D20","м",4000,45.85,183400,28.08,112320,295720,null,null,45.85,0,28.08,0,0,null,45.85,0,28.08,0,0,null,45.85,0,28.08,0,0,null,45.85,0,28.08,0,0,4000,45.85,183400,28.08,112320,295720,null,45.85,0,28.08,0,0,null,45.85,0,28.08,0,0,null,45.85,0,28.08,0,0,null,4000,45.85,183400,28.08,112320,295720,0,45.85,0,28.08,0,0]
["1.4.64","Скоба металлическая однолапковая Д20","шт.",8000,6.55,52400,3.38,27040,79440,null,null,6.55,0,3.38,0,0,null,6.55,0,3.38,0,0,null,6.55,0,3.38,0,0,null,6.55,0,3.38,0,0,8000,6.55,52400,3.38,27040,79440,null,6.55,0,3.38,0,0,null,6.55,0,3.38,0,0,null,6.55,0,3.38,0,0,null,8000,6.55,52400,3.38,27040,79440,0,6.55,0,3.38,0,0]
["1.4.65","Металлический дюбель для газобетона 6х32","шт.",8000,6.55,52400,19.34,154720,207120,null,null,6.55,0,19.34,0,0,null,6.55,0,19.34,0,0,null,6.55,0,19.34,0,0,null,6.55,0,19.34,0,0,8000,6.55,52400,19.34,154720,207120,null,6.55,0,19.34,0,0,null,6.55,0,19.34,0,0,null,6.55,0,19.34,0,0,null,8000,6.55,52400,19.34,154720,207120,0,6.55,0,19.34,0,0]
["1.4.66","Саморез с пресс-шайбой 4.2х32","шт.",8000,6.55,52400,2.37,18960,71360,null,null,6.55,0,2.37,0,0,null,6.55,0,2.37,0,0,null,6.55,0,2.37,0,0,null,6.55,0,2.37,0,0,8000,6.55,52400,2.37,18960,71360,null,6.55,0,2.37,0,0,null,6.55,0,2.37,0,0,null,6.55,0,2.37,0,0,null,8000,6.55,52400,2.37,18960,71360,0,6.55,0,2.37,0,0]
["1.4.67","Аксессуары (расходные материалы, крепеж)","компл.",1,0,null,53352,53352,{"$f":"E179*D179+G179*D179","v":53352},null,null,0,null,53352,0,{"$f":"L179*K179+N179*K179","v":0},null,0,null,53352,0,{"$f":"R179*Q179+T179*Q179","v":0},null,0,0,53352,0,{"$f":"X179*W179+Z179*W179","v":0},null,0,null,53352,0,{"$f":"AD179*AC179+AF179*AC179","v":0},null,0,null,53352,0,{"$f":"AJ179*AI179+AL179*AI179","v":0},null,0,null,53352,0,{"$f":"AP179*AO179+AR179*AO179","v":0},null,0,null,53352,0,{"$f":"AV179*AU179+AX179*AU179","v":0},null,0,null,53352,0,{"$f":"BB179*BA179+BD179*BA179","v":0},null,0,0,null,53352,0,{"$f":"BI179*BH179+BK179*BH179","v":0},1,0,null,53352,53352,{"$f":"BO179*BN179+BQ179*BN179","v":53352}]
["1.4.68","Пуско-наладочные работы, приемо-сдаточные работы","компл.",1,515458.8,{"$f":"D180*E180","v":515458.8},0,null,515458.8,null,null,515458.8,{"$f":"K180*L180","v":0},0,null,0,null,515458.8,{"$f":"Q180*R180","v":0},0,null,0,null,515458.8,{"$f":"W180*X180","v":0},0,null,0,null,515458.8,{"$f":"AC180*AD180","v":0},0,null,0,null,515458.8,{"$f":"AI180*AJ180","v":0},0,null,0,null,515458.8,{"$f":"AO180*AP180","v":0},0,null,0,null,515458.8,{"$f":"AU180*AV180","v":0},0,null,0,null,515458.8,{"$f":"BA180*BB180","v":0},0,null,0,null,0,515458.8,{"$f":"BH180*BI180","v":0},0,null,0,1,515458.8,{"$f":"BN180*BO180","v":515458.8},0,null,515458.8]
["1.4.69","Аренда вышки 28 м","ч",152,0,null,0,null,null,null,null,0,null,0,null,null,null,0,null,0,null,null,null,0,null,0,null,null,null,0,null,0,null,null,45.6,0,null,0,null,null,null,0,null,0,null,null,null,0,null,0,null,null,null,0,null,0,null,null,null,45.6,0,null,0,null,null,106.4,0,null,0]
["1.4.70","Автоматизация управления воротами",null,null,0,null,0,null,null,null,null,0,null,0,null,null,null,0,null,0,null,null,null,0,null,0,null,null,null,0,null,0,null,null,null,0,null,0,null,null,null,0,null,0,null,null,null,0,null,0,null,null,null,0,null,0,null,null,null,0,0,null,0,null,null,0,0,null,0]
["1.4.70.1","Пульт контроля и управления","шт.",1,3406,{"$f":"D183*E183","v":3406},14788.18,{"$f":"D183*G183","v":14788.18},{"$f":"E183*D183+G183*D183","v":18194.18},null,null,3406,{"$f":"K183*L183","v":0},14788.18,{"$f":"K183*N183","v":0},{"$f":"L183*K183+N183*K183","v":0},null,3406,{"$f":"Q183*R183","v":0},14788.18,{"$f":"Q183*T183","v":0},{"$f":"R183*Q183+T183*Q183","v":0},1,3406,{"$f":"W183*X183","v":3406},14788.18,{"$f":"W183*Z183","v":14788.18},{"$f":"X183*W183+Z183*W183","v":18194.18},null,3406,{"$f":"AC183*AD183","v":0},14788.18,{"$f":"AC183*AF183","v":0},{"$f":"AD183*AC183+AF183*AC183","v":0},null,3406,{"$f":"AI183*AJ183","v":0},14788.18,{"$f":"AI183*AL183","v":0},{"$f":"AJ183*AI183+AL183*AI183","v":0},null,3406,{"$f":"AO183*AP183","v":0},14788.18,{"$f":"AO183*AR183","v":0},{"$f":"AP183*AO183+AR183*AO183","v":0},null,3406,{"$f":"AU183*AV183","v":0},14788.18,{"$f":"AU183*AX183","v":0},{"$f":"AV183*AU183+AX183*AU183","v":0},null,3406,{"$f":"BA183*BB183","v":0},14788.18,{"$f":"BA183*BD183","v":0},{"$f":"BB183*BA183+BD183*BA183","v":0},null,1,3406,{"$f":"BH183*BI183","v":3406},14788.18,{"$f":"BH183*BK183","v":14788.18},{"$f":"BI183*BH183+BK183*BH183","v":18194.18},0,3406,{"$f":"BN183*BO183","v":0},14788.18,{"$f":"BN183*BQ183","v":0},{"$f":"BO183*BN183+BQ183*BN183","v":0}]
["1.4.70.2","Прибор приемно-контрольный охранно-пожарный","шт.",2,3406,6812,4655.04,9310.08,16122.08,null,null,3406,0,4655.04,0,0,null,3406,0,4655.04,0,0,2,3406,6812,4655.04,9310.08,16122.08,null,3406,0,4655.04,0,0,null,3406,0,4655.04,0,0,null,3406,0,4655.04,0,0,null,3406,0,4655.04,0,0,null,3406,0,4655.04,0,0,null,2,3406,6812,4655.04,9310.08,16122.08,0,3406,0,4655.04,0,0]
["1.4.70.3","Щит с монтажной панелью 600х600х250 ЩМПг-60.60.25 IP54","шт.",2,6550,13100,19718.400000000001,39436.800000000003,52536.800000000003,null,null,6550,0,19718.400000000001,0,0,null,6550,0,19718.400000000001,0,0,2,6550,13100,19718.400000000001,39436.800000000003,52536.800000000003,null,6550,0,19718.400000000001,0,0,null,6550,0,19718.400000000001,0,0,null,6550,0,19718.400000000001,0,0,null,6550,0,19718.400000000001,0,0,null,6550,0,19718.400000000001,0,0,null,2,6550,13100,19718.400000000001,39436.800000000003,52536.800000000003,0,6550,0,19718.400000000001,0,0]
["1.4.70.4","Источник питания резервированный","шт.",2,3930,7860,10308.48,20616.96,28476.959999999999,null,null,3930,0,10308.48,0,0,null,3930,0,10308.48,0,0,null,3930,0,10308.48,0,0,null,3930,0,10308.48,0,0,2,3930,7860,10308.48,20616.96,28476.959999999999,null,3930,0,10308.48,0,0,null,3930,0,10308.48,0,0,null,3930,0,10308.48,0,0,null,2,3930,7860,10308.48,20616.96,28476.959999999999,0,3930,0,10308.48,0,0]
["1.4.70.5","Аккумулятор 12 В, 17 А/ч","шт.",2,524,1048,7368.4,14736.8,15784.8,null,null,524,0,7368.4,0,0,null,524,0,7368.4,0,0,null,524,0,7368.4,0,0,null,524,0,7368.4,0,0,2,524,1048,7368.4,14736.8,15784.8,null,524,0,7368.4,0,0,null,524,0,7368.4,0,0,null,524,0,7368.4,0,0,null,2,524,1048,7368.4,14736.8,15784.8,0,524,0,7368.4,0,0]
["1.4.70.6","Светофор двухцветный светодиодный ","шт.",4,5502,22008,19958.64,79834.559999999998,101842.56,null,null,5502,0,19958.64,0,0,null,5502,0,19958.64,0,0,4,5502,22008,19958.64,79834.559999999998,101842.56,null,5502,0,19958.64,0,0,null,5502,0,19958.64,0,0,null,5502,0,19958.64,0,0,null,5502,0,19958.64,0,0,null,5502,0,19958.64,0,0,null,4,5502,22008,19958.64,79834.559999999998,101842.56,0,5502,0,19958.64,0,0]
["1.4.70.7","Устройство коммутационное","шт.",6,3406,20436,1774.5,10647,31083,null,null,3406,0,1774.5,0,0,null,3406,0,1774.5,0,0,6,3406,20436,1774.5,10647,31083,null,3406,0,1774.5,0,0,null,3406,0,1774.5,0,0,null,3406,0,1774.5,0,0,null,3406,0,1774.5,0,0,null,3406,0,1774.5,0,0,null,6,3406,20436,1774.5,10647,31083,0,3406,0,1774.5,0,0]
["1.4.70.8","Извещатель охранный точечный магнитоконтактный","шт.",6,2358,14148,496.08,2976.48,17124.48,null,null,2358,0,496.08,0,0,null,2358,0,496.08,0,0,6,2358,14148,496.08,2976.48,17124.48,null,2358,0,496.08,0,0,null,2358,0,496.08,0,0,null,2358,0,496.08,0,0,null,2358,0,496.08,0,0,null,2358,0,496.08,0,0,null,6,2358,14148,496.08,2976.48,17124.48,0,2358,0,496.08,0,0]
["1.4.70.9","Кабель силовой ППГнг(А)-FRHF 3х1.5","м",80,162.44,12995.2,131.97999999999999,10558.4,23553.599999999999,null,null,162.44,0,131.97999999999999,0,0,null,162.44,0,131.97999999999999,0,0,null,162.44,0,131.97999999999999,0,0,null,162.44,0,131.97999999999999,0,0,80,162.44,12995.2,131.97999999999999,10558.4,23553.599999999999,null,162.44,0,131.97999999999999,0,0,null,162.44,0,131.97999999999999,0,0,null,162.44,0,131.97999999999999,0,0,null,80,162.44,12995.2,131.97999999999999,10558.4,23553.599999999999,0,162.44,0,131.97999999999999,0,0]
["1.4.70.10","Кабель огнестойкий КПСЭнг(А)-FRHF 2х2х0,75","м",350,162.44,56854,101.09,35381.5,92235.5,null,null,162.44,0,101.09,0,0,null,162.44,0,101.09,0,0,null,162.44,0,101.09,0,0,null,162.44,0,101.09,0,0,200,162.44,32488,101.09,20218,52706,null,162.44,0,101.09,0,0,null,162.44,0,101.09,0,0,null,162.44,0,101.09,0,0,null,200,162.44,32488,101.09,20218,52706,150,162.44,24366,101.09,15163.5,39529.5]
["1.4.70.11","Кабель огнестойкий КПСЭнг(А)-FRHF 1х2х1,0","м",250,162.44,40610,53.35,13337.5,53947.5,null,null,162.44,0,53.35,0,0,null,162.44,0,53.35,0,0,null,162.44,0,53.35,0,0,null,162.44,0,53.35,0,0,210,162.44,34112.400000000001,53.35,11203.5,45315.9,null,162.44,0,53.35,0,0,null,162.44,0,53.35,0,0,null,162.44,0,53.35,0,0,null,210,162.44,34112.400000000001,53.35,11203.5,45315.9,40,162.44,6497.6,53.35,2134,8631.6]
["1.4.70.12","Коробка ответвительная с кабельными вводами IP55, 100х100х50","шт.",10,655,6550,142.58000000000001,1425.8000000000002,7975.8,null,null,655,0,142.58000000000001,0,0,null,655,0,142.58000000000001,0,0,4,655,2620,142.58000000000001,570.32000000000005,3190.32,null,655,0,142.58000000000001,0,0,6,655,3930,142.58000000000001,855.48,4785.4799999999996,null,655,0,142.58000000000001,0,0,null,655,0,142.58000000000001,0,0,null,655,0,142.58000000000001,0,0,null,10,655,6550,142.58000000000001,1425.8000000000002,7975.8,0,655,0,142.58000000000001,0,0]
["1.4.70.13","Труба гофрированная ПВХ легкая серая D20","м",300,45.85,13755,28.08,8424,22179,null,null,45.85,0,28.08,0,0,null,45.85,0,28.08,0,0,null,45.85,0,28.08,0,0,null,45.85,0,28.08,0,0,300,45.85,13755,28.08,8424,22179,null,45.85,0,28.08,0,0,null,45.85,0,28.08,0,0,null,45.85,0,28.08,0,0,null,300,45.85,13755,28.08,8424,22179,0,45.85,0,28.08,0,0]
["1.4.70.14","Аксессуары (расходные материалы, крепеж)","компл",1,0,null,6864,6864,6864,null,null,0,null,6864,0,0,null,0,null,6864,0,0,null,0,null,6864,0,0,null,0,null,6864,0,0,1,0,null,6864,6864,6864,null,0,null,6864,0,0,null,0,null,6864,0,0,null,0,null,6864,0,0,null,1,0,null,6864,6864,6864,0,0,null,6864,0,0]
["1.4.70.15","Пуско-наладочные работы","компл",1,119808,{"$f":"D197*E197","v":119808},0,null,119808,null,null,119808,{"$f":"K197*L197","v":0},0,null,0,null,119808,{"$f":"Q197*R197","v":0},0,null,0,null,119808,{"$f":"W197*X197","v":0},0,null,0,null,119808,{"$f":"AC197*AD197","v":0},0,null,0,null,119808,{"$f":"AI197*AJ197","v":0},0,null,0,null,119808,{"$f":"AO197*AP197","v":0},0,null,0,null,119808,{"$f":"AU197*AV197","v":0},0,null,0,null,119808,{"$f":"BA197*BB197","v":0},0,null,0,null,0,119808,{"$f":"BH197*BI197","v":0},0,null,0,1,119808,{"$f":"BN197*BO197","v":119808},0,null,119808]
["1.5","130-23-ОВ2 Отопление и вентиляция",null,null,null,null,null,null,null,null,null,null,null,null,null,null,null,null,null,null,null,null,null,null,null,null,null,null,null,null,null,null,null,null,null,null,{"$f":"AK199+AK200+AK201+AK202+AK203+AK204+AK205+AK207+AK206+AK209+AK210+AK211","v":0},null,{"$f":"AM199+AM200+AM201+AM202+AM203+AM204+AM205+AM207+AM206+AM209+AM210+AM211","v":0},{"$f":"AN199+AN200+AN201+AN202+AN203+AN204+AN205+AN207+AN206+AN209+AN210+AN211","v":0},null,null,{"$f":"AQ199+AQ200+AQ201+AQ202+AQ203+AQ204+AQ205+AQ207+AQ206+AQ209+AQ210+AQ211","v":0},null,{"$f":"AS199+AS200+AS201+AS202+AS203+AS204+AS205+AS207+AS206+AS209+AS210+AS211","v":0},{"$f":"AT199+AT200+AT201+AT202+AT203+AT204+AT205+AT207+AT206+AT209+AT210+AT211","v":0},null,null,{"$f":"AW199+AW200+AW201+AW202+AW203+AW204+AW205+AW207+AW206+AW209+AW210+AW211","v":0},null,{"$f":"AY199+AY200+AY201+AY202+AY203+AY204+AY205+AY207+AY206+AY209+AY210+AY211","v":0},{"$f":"AZ199+AZ200+AZ201+AZ202+AZ203+AZ204+AZ205+AZ207+AZ206+AZ209+AZ210+AZ211","v":0},null,null,{"$f":"BC199+BC200+BC201+BC202+BC203+BC204+BC205+BC207+BC206+BC209+BC210+BC211","v":0},null,{"$f":"BE199+BE200+BE201+BE202+BE203+BE204+BE205+BE207+BE206+BE209+BE210+BE211","v":0},{"$f":"BF199+BF200+BF201+BF202+BF203+BF204+BF205+BF207+BF206+BF209+BF210+BF211","v":0},null,0,null,{"$f":"BJ199+BJ200+BJ201+BJ202+BJ203+BJ204+BJ205+BJ207+BJ206+BJ209+BJ210+BJ211","v":23578665.812000003},null,{"$f":"BL199+BL200+BL201+BL202+BL203+BL204+BL205+BL207+BL206+BL209+BL210+BL211","v":59051795.379999988},{"$f":"BM199+BM200+BM201+BM202+BM203+BM204+BM205+BM207+BM206+BM209+BM210+BM211","v":82630461.191999987},0,null,{"$f":"BP199+BP200+BP201+BP202+BP203+BP204+BP205+BP207+BP206+BP209+BP210+BP211","v":1480389.33},null,{"$f":"BR199+BR200+BR201+BR202+BR203+BR204+BR205+BR207+BR206+BR209+BR210+BR211","v":1216230.6200000001},{"$f":"BS199+BS200+BS201+BS202+BS203+BS204+BS205+BS207+BS206+BS209+BS210+BS211","v":2696619.95}]
["1.5.1","Монтаж приточной системы","к-т",6,125450,{"$f":"D199*E199","v":752700},982545,{"$f":"D199*G199","v":5895270},{"$f":"E199*D199+G199*D199","v":6647970},null,6,125450,{"$f":"K199*L199","v":752700},982545,{"$f":"K199*N199","v":5895270},{"$f":"L199*K199+N199*K199","v":6647970},null,125450,{"$f":"Q199*R199","v":0},982545,{"$f":"Q199*T199","v":0},{"$f":"R199*Q199+T199*Q199","v":0},null,125450,{"$f":"W199*X199","v":0},982545,{"$f":"W199*Z199","v":0},{"$f":"X199*W199+Z199*W199","v":0},null,125450,{"$f":"AC199*AD199","v":0},982545,{"$f":"AC199*AF199","v":0},{"$f":"AD199*AC199+AF199*AC199","v":0},null,125450,{"$f":"AI199*AJ199","v":0},982545,{"$f":"AI199*AL199","v":0},{"$f":"AJ199*AI199+AL199*AI199","v":0},null,125450,{"$f":"AO199*AP199","v":0},982545,{"$f":"AO199*AR199","v":0},{"$f":"AP199*AO199+AR199*AO199","v":0},null,125450,{"$f":"AU199*AV199","v":0},982545,{"$f":"AU199*AX199","v":0},{"$f":"AV199*AU199+AX199*AU199","v":0},null,125450,{"$f":"BA199*BB199","v":0},982545,{"$f":"BA199*BD199","v":0},{"$f":"BB199*BA199+BD199*BA199","v":0},null,6,125450,{"$f":"BH199*BI199","v":752700},982545,{"$f":"BH199*BK199","v":5895270},{"$f":"BI199*BH199+BK199*BH199","v":6647970},0,125450,{"$f":"BN199*BO199","v":0},982545,{"$f":"BN199*BQ199","v":0},{"$f":"BO199*BN199+BQ199*BN199","v":0}]
["1.5.2","Монтаж вытяжных и приточно-вытяжных систем","к-т",7,29545,206815,469586,3287102,3493917,null,null,29545,0,469586,0,0,4,29545,118180,469586,1878344,1996524,3,29545,88635,469586,1408758,1497393,null,29545,0,469586,0,0,null,29545,0,469586,0,0,null,29545,0,469586,0,0,null,29545,0,469586,0,0,null,29545,0,469586,0,0,null,7,29545,206815,469586,3287102,3493917,0,29545,0,469586,0,0]
["1.5.3","Монтаж комплектов автоматики","к-т",13,102635.07,1334255.9100000001,309219.34000000003,4019851.4200000004,5354107.33,null,null,102635.07,0,309219.34000000003,0,0,null,102635.07,0,309219.34000000003,0,0,12,102635.07,1231620.8400000001,309219.34000000003,3710632.08,4942252.92,0,102635.07,0,309219.34000000003,0,0,null,102635.07,0,309219.34000000003,0,0,null,102635.07,0,309219.34000000003,0,0,null,102635.07,0,309219.34000000003,0,0,null,102635.07,0,309219.34000000003,0,0,null,12,102635.07,1231620.8400000001,309219.34000000003,3710632.08,4942252.92,1,102635.07,102635.07,309219.34000000003,309219.34000000003,411854.41000000003]
["1.5.4","Монтаж воздухораспределителей","шт",80,4332.6000000000004,346608,10463.969999999999,837117.6,1183725.6000000001,null,null,4332.6000000000004,0,10463.969999999999,0,0,null,4332.6000000000004,0,10463.969999999999,0,0,54,4332.6000000000004,233960.40000000002,10463.969999999999,565054.38,799014.78,14,4332.6000000000004,60656.400000000009,10463.969999999999,146495.57999999999,207151.97999999998,null,4332.6000000000004,0,10463.969999999999,0,0,null,4332.6000000000004,0,10463.969999999999,0,0,null,4332.6000000000004,0,10463.969999999999,0,0,null,4332.6000000000004,0,10463.969999999999,0,0,null,68,4332.6000000000004,294616.80000000005,10463.969999999999,711549.96,1006166.76,12,4332.6000000000004,51991.200000000004,10463.969999999999,125567.63999999998,177558.84]
["1.5.5","Прокладка воздуховодов из оцинкованой стали","м2",3033.8,2655.59,8056528.9420000007,1958,5940180.4000000004,13996709.342,null,1499,2655.59,3980729.41,1958,2935042,6915771.4100000001,1300,2655.59,3452267,1958,2545400,5997667,136,2655.59,361160.24,1958,266288,627448.24,98.8,2655.59,262372.29200000002,1958,193450.4,455822.69200000004,null,2655.59,0,1958,0,0,null,2655.59,0,1958,0,0,null,2655.59,0,1958,0,0,null,2655.59,0,1958,0,0,null,3033.8,2655.59,8056528.9420000007,1958,5940180.4000000004,13996709.342,0,2655.59,0,1958,0,0]
["1.5.6","Монтаж клапанов огнезадерживающих","шт",8,11973.06,95784.48,32008.28,256066.24,351850.72,null,null,11973.06,0,32008.28,0,0,null,11973.06,0,32008.28,0,0,8,11973.06,95784.48,32008.28,256066.24,351850.72,null,11973.06,0,32008.28,0,0,null,11973.06,0,32008.28,0,0,null,11973.06,0,32008.28,0,0,null,11973.06,0,32008.28,0,0,null,11973.06,0,32008.28,0,0,null,8,11973.06,95784.48,32008.28,256066.24,351850.72,0,11973.06,0,32008.28,0,0]
["1.5.7","Монтаж фильтрационных агрегатов","к-т",12,637410.63,7648927.5600000005,2625837.9,31510054.799999997,39158982.359999999,null,10,637410.63,6374106.2999999998,2625837.9,26258379,32632485.300000001,2,637410.63,1274821.26,2625837.9,5251675.8,6526497.0599999996,null,637410.63,0,2625837.9,0,0,null,637410.63,0,2625837.9,0,0,null,637410.63,0,2625837.9,0,0,null,637410.63,0,2625837.9,0,0,null,637410.63,0,2625837.9,0,0,null,637410.63,0,2625837.9,0,0,null,12,637410.63,7648927.5600000005,2625837.9,31510054.799999997,39158982.359999999,0,637410.63,0,2625837.9,0,0]
["1.5.8","Монтаж воздушно-тепловых завес","к-т",14,46198.46,646778.43999999994,372209.5,5210933,5857711.4399999995,null,null,46198.46,0,372209.5,0,0,null,46198.46,0,372209.5,0,0,14,46198.46,646778.43999999994,372209.5,5210933,5857711.4399999995,null,46198.46,0,372209.5,0,0,null,46198.46,0,372209.5,0,0,null,46198.46,0,372209.5,0,0,null,46198.46,0,372209.5,0,0,null,46198.46,0,372209.5,0,0,null,14,46198.46,646778.43999999994,372209.5,5210933,5857711.4399999995,0,46198.46,0,372209.5,0,0]
["1.5.9","Прокладка воздуховодов из оцинкованой стали","м2",690.2,3758,2593771.6,1100,759220,3352991.6,null,null,3758,0,1100,0,0,500,3758,1879000,1100,550000,2429000,190.20000000000005,3758,714771.60000000021,1100,209220.00000000006,923991.60000000033,null,3758,0,1100,0,0,null,3758,0,1100,0,0,null,3758,0,1100,0,0,null,3758,0,1100,0,0,null,3758,0,1100,0,0,null,690.2,3758,2593771.6,1100,759220,3352991.6,0,3758,0,1100,0,0]
["1.5.10","Теплоснабжение",null,null,0,null,0,null,null,null,null,0,null,0,null,null,null,0,null,0,null,null,null,0,null,0,null,null,null,0,null,0,null,null,null,0,null,0,null,null,null,0,null,0,null,null,null,0,null,0,null,null,null,0,null,0,null,null,null,0,0,null,0,null,null,0,0,null,0]
["1.5.11","Прокладка трубопроводов теплоснабжения","п.м.",248,2887.52,{"$f":"D209*E209","v":716104.96},4676.7299999999996,{"$f":"D209*G209","v":1159829.0399999998},{"$f":"E209*D209+G209*D209","v":1875933.9999999998},null,null,2887.52,{"$f":"K209*L209","v":0},4676.7299999999996,{"$f":"K209*N209","v":0},{"$f":"L209*K209+N209*K209","v":0},null,2887.52,{"$f":"Q209*R209","v":0},4676.7299999999996,{"$f":"Q209*T209","v":0},{"$f":"R209*Q209+T209*Q209","v":0},null,2887.52,{"$f":"W209*X209","v":0},4676.7299999999996,{"$f":"W209*Z209","v":0},{"$f":"X209*W209+Z209*W209","v":0},200,2887.52,{"$f":"AC209*AD209","v":577504},4676.7299999999996,{"$f":"AC209*AF209","v":935345.99999999988},{"$f":"AD209*AC209+AF209*AC209","v":1512850},null,2887.52,{"$f":"AI209*AJ209","v":0},4676.7299999999996,{"$f":"AI209*AL209","v":0},{"$f":"AJ209*AI209+AL209*AI209","v":0},null,2887.52,{"$f":"AO209*AP209","v":0},4676.7299999999996,{"$f":"AO209*AR209","v":0},{"$f":"AP209*AO209+AR209*AO209","v":0},null,2887.52,{"$f":"AU209*AV209","v":0},4676.7299999999996,{"$f":"AU209*AX209","v":0},{"$f":"AV209*AU209+AX209*AU209","v":0},null,2887.52,{"$f":"BA209*BB209","v":0},4676.7299999999996,{"$f":"BA209*BD209","v":0},{"$f":"BB209*BA209+BD209*BA209","v":0},null,200,2887.52,{"$f":"BH209*BI209","v":577504},4676.7299999999996,{"$f":"BH209*BK209","v":935345.99999999988},{"$f":"BI209*BH209+BK209*BH209","v":1512850},48,2887.52,{"$f":"BN209*BO209","v":138600.95999999999},4676.7299999999996,{"$f":"BN209*BQ209","v":224483.03999999998},{"$f":"BO209*BN209+BQ209*BN209","v":363084}]
["1.5.12","Прокладка кабелей системы автоматизации вентиляции","к-т",1,1432280.25,{"$f":"D210*E210","v":1432280.25},1392401.5,{"$f":"D210*G210","v":1392401.5},{"$f":"E210*D210+G210*D210","v":2824681.75},null,null,1432280.25,{"$f":"K210*L210","v":0},1392401.5,{"$f":"K210*N210","v":0},{"$f":"L210*K210+N210*K210","v":0},null,1432280.25,{"$f":"Q210*R210","v":0},1392401.5,{"$f":"Q210*T210","v":0},{"$f":"R210*Q210+T210*Q210","v":0},0.6,1432280.25,{"$f":"W210*X210","v":859368.15},1392401.5,{"$f":"W210*Z210","v":835440.9},{"$f":"X210*W210+Z210*W210","v":1694809.05},null,1432280.25,{"$f":"AC210*AD210","v":0},1392401.5,{"$f":"AC210*AF210","v":0},{"$f":"AD210*AC210+AF210*AC210","v":0},null,1432280.25,{"$f":"AI210*AJ210","v":0},1392401.5,{"$f":"AI210*AL210","v":0},{"$f":"AJ210*AI210+AL210*AI210","v":0},null,1432280.25,{"$f":"AO210*AP210","v":0},1392401.5,{"$f":"AO210*AR210","v":0},{"$f":"AP210*AO210+AR210*AO210","v":0},null,1432280.25,{"$f":"AU210*AV210","v":0},1392401.5,{"$f":"AU210*AX210","v":0},{"$f":"AV210*AU210+AX210*AU210","v":0},null,1432280.25,{"$f":"BA210*BB210","v":0},1392401.5,{"$f":"BA210*BD210","v":0},{"$f":"BB210*BA210+BD210*BA210","v":0},null,0.6,1432280.25,{"$f":"BH210*BI210","v":859368.15},1392401.5,{"$f":"BH210*BK210","v":835440.9},{"$f":"BI210*BH210+BK210*BH210","v":1694809.05},0.4,1432280.25,{"$f":"BN210*BO210","v":572912.1},1392401.5,{"$f":"BN210*BQ210","v":556960.6},{"$f":"BO210*BN210+BQ210*BN210","v":1129872.7}]
["1.5.13","Пуско-наладочные работы ","к-т",1,1228500,{"$f":"D211*E211","v":1228500},0,null,{"$f":"E211*D211+G211*D211","v":1228500},null,null,1228500,{"$f":"K211*L211","v":0},0,null,{"$f":"L211*K211+N211*K211","v":0},null,1228500,{"$f":"Q211*R211","v":0},0,null,{"$f":"R211*Q211+T211*Q211","v":0},0.5,1228500,{"$f":"W211*X211","v":614250},0,null,{"$f":"X211*W211+Z211*W211","v":614250},null,1228500,{"$f":"AC211*AD211","v":0},0,null,{"$f":"AD211*AC211+AF211*AC211","v":0},null,1228500,{"$f":"AI211*AJ211","v":0},0,null,{"$f":"AJ211*AI211+AL211*AI211","v":0},null,1228500,{"$f":"AO211*AP211","v":0},0,null,{"$f":"AP211*AO211+AR211*AO211","v":0},null,1228500,{"$f":"AU211*AV211","v":0},0,null,{"$f":"AV211*AU211+AX211*AU211","v":0},null,1228500,{"$f":"BA211*BB211","v":0},0,null,{"$f":"BB211*BA211+BD211*BA211","v":0},null,0.5,1228500,{"$f":"BH211*BI211","v":614250},0,null,{"$f":"BI211*BH211+BK211*BH211","v":614250},0.5,1228500,{"$f":"BN211*BO211","v":614250},0,null,{"$f":"BO211*BN211+BQ211*BN211","v":614250}]
["1.6","130-23-ОВ1 Отопление, вентиляция и кондиционирование",null,null,null,{"$f":"F213+F214+F215+F217+F219+F220+F221+F222+F223+F224+F225+F226+F228+F229+F230+F231+F232+F233","v":5158915.1499999994},null,{"$f":"H213+H214+H215+H217+H219+H220+H221+H222+H223+H224+H225+H226+H228+H229+H230+H231+H232+H233","v":6202448.8800000008},{"$f":"I213+I214+I215+I217+I219+I220+I221+I222+I223+I224+I225+I226+I228+I229+I230+I231+I232+I233","v":11361364.030000001},null,null,null,{"$f":"M213+M214+M215+M217+M219+M220+M221+M222+M223+M224+M225+M226+M228+M229+M230+M231+M232+M233","v":0},null,{"$f":"O213+O214+O215+O217+O219+O220+O221+O222+O223+O224+O225+O226+O228+O229+O230+O231+O232+O233","v":0},{"$f":"P213+P214+P215+P217+P219+P220+P221+P222+P223+P224+P225+P226+P228+P229+P230+P231+P232+P233","v":0},null,null,{"$f":"S213+S214+S215+S217+S219+S220+S221+S222+S223+S224+S225+S226+S228+S229+S230+S231+S232+S233","v":0},null,{"$f":"U213+U214+U215+U217+U219+U220+U221+U222+U223+U224+U225+U226+U228+U229+U230+U231+U232+U233","v":0},{"$f":"V213+V214+V215+V217+V219+V220+V221+V222+V223+V224+V225+V226+V228+V229+V230+V231+V232+V233","v":0},null,null,{"$f":"Y213+Y214+Y215+Y217+Y219+Y220+Y221+Y222+Y223+Y224+Y225+Y226+Y228+Y229+Y230+Y231+Y232+Y233","v":2217283.08},null,{"$f":"AA213+AA214+AA215+AA217+AA219+AA220+AA221+AA222+AA223+AA224+AA225+AA226+AA228+AA229+AA230+AA231+AA232+AA233","v":2810695.9099999997},{"$f":"AB213+AB214+AB215+AB217+AB219+AB220+AB221+AB222+AB223+AB224+AB225+AB226+AB228+AB229+AB230+AB231+AB232+AB233","v":5027978.99},null,null,{"$f":"AE213+AE214+AE215+AE217+AE219+AE220+AE221+AE222+AE223+AE224+AE225+AE226+AE228+AE229+AE230+AE231+AE232+AE233","v":1708647.8},null,{"$f":"AG213+AG214+AG215+AG217+AG219+AG220+AG221+AG222+AG223+AG224+AG225+AG226+AG228+AG229+AG230+AG231+AG232+AG233","v":2584782.14},{"$f":"AH213+AH214+AH215+AH217+AH219+AH220+AH221+AH222+AH223+AH224+AH225+AH226+AH228+AH229+AH230+AH231+AH232+AH233","v":4293429.9399999995},null,null,{"$f":"AK213+AK214+AK215+AK217+AK219+AK220+AK221+AK222+AK223+AK224+AK225+AK226+AK228+AK229+AK230+AK231+AK232+AK233","v":0},null,{"$f":"AM213+AM214+AM215+AM217+AM219+AM220+AM221+AM222+AM223+AM224+AM225+AM226+AM228+AM229+AM230+AM231+AM232+AM233","v":0},{"$f":"AN213+AN214+AN215+AN217+AN219+AN220+AN221+AN222+AN223+AN224+AN225+AN226+AN228+AN229+AN230+AN231+AN232+AN233","v":0},null,null,{"$f":"AQ213+AQ214+AQ215+AQ217+AQ219+AQ220+AQ221+AQ222+AQ223+AQ224+AQ225+AQ226+AQ228+AQ229+AQ230+AQ231+AQ232+AQ233","v":0},null,{"$f":"AS213+AS214+AS215+AS217+AS219+AS220+AS221+AS222+AS223+AS224+AS225+AS226+AS228+AS229+AS230+AS231+AS232+AS233","v":0},{"$f":"AT213+AT214+AT215+AT217+AT219+AT220+AT221+AT222+AT223+AT224+AT225+AT226+AT228+AT229+AT230+AT231+AT232+AT233","v":0},null,null,{"$f":"AW213+AW214+AW215+AW217+AW219+AW220+AW221+AW222+AW223+AW224+AW225+AW226+AW228+AW229+AW230+AW231+AW232+AW233","v":0},null,{"$f":"AY213+AY214+AY215+AY217+AY219+AY220+AY221+AY222+AY223+AY224+AY225+AY226+AY228+AY229+AY230+AY231+AY232+AY233","v":0},{"$f":"AZ213+AZ214+AZ215+AZ217+AZ219+AZ220+AZ221+AZ222+AZ223+AZ224+AZ225+AZ226+AZ228+AZ229+AZ230+AZ231+AZ232+AZ233","v":0},null,null,{"$f":"BC213+BC214+BC215+BC217+BC219+BC220+BC221+BC222+BC223+BC224+BC225+BC226+BC228+BC229+BC230+BC231+BC232+BC233","v":0},null,{"$f":"BE213+BE214+BE215+BE217+BE219+BE220+BE221+BE222+BE223+BE224+BE225+BE226+BE228+BE229+BE230+BE231+BE232+BE233","v":0},{"$f":"BF213+BF214+BF215+BF217+BF219+BF220+BF221+BF222+BF223+BF224+BF225+BF226+BF228+BF229+BF230+BF231+BF232+BF233","v":0},null,0,null,{"$f":"BJ213+BJ214+BJ215+BJ217+BJ219+BJ220+BJ221+BJ222+BJ223+BJ224+BJ225+BJ226+BJ228+BJ229+BJ230+BJ231+BJ232+BJ233","v":3925930.88},null,{"$f":"BL213+BL214+BL215+BL217+BL219+BL220+BL221+BL222+BL223+BL224+BL225+BL226+BL228+BL229+BL230+BL231+BL232+BL233","v":5395478.0499999989},{"$f":"BM213+BM214+BM215+BM217+BM219+BM220+BM221+BM222+BM223+BM224+BM225+BM226+BM228+BM229+BM230+BM231+BM232+BM233","v":9321408.9299999997},0,null,{"$f":"BP213+BP214+BP215+BP217+BP219+BP220+BP221+BP222+BP223+BP224+BP225+BP226+BP228+BP229+BP230+BP231+BP232+BP233","v":1232984.27},null,{"$f":"BR213+BR214+BR215+BR217+BR219+BR220+BR221+BR222+BR223+BR224+BR225+BR226+BR228+BR229+BR230+BR231+BR232+BR233","v":806970.83},{"$f":"BS213+BS214+BS215+BS217+BS219+BS220+BS221+BS222+BS223+BS224+BS225+BS226+BS228+BS229+BS230+BS231+BS232+BS233","v":2039955.1}]
["1.6.1","Монтаж отопительных приборов в комплекте с запорно-регулирующей арматурой","шт.",58,7205,{"$f":"D213*E213","v":417890},17301.59,{"$f":"D213*G213","v":1003492.22},{"$f":"E213*D213+G213*D213","v":1421382.22},null,null,7205,{"$f":"K213*L213","v":0},17301.59,{"$f":"K213*N213","v":0},{"$f":"L213*K213+N213*K213","v":0},null,7205,{"$f":"Q213*R213","v":0},17301.59,{"$f":"Q213*T213","v":0},{"$f":"R213*Q213+T213*Q213","v":0},50,7205,{"$f":"W213*X213","v":360250},17301.59,{"$f":"W213*Z213","v":865079.5},{"$f":"X213*W213+Z213*W213","v":1225329.5},7,7205,{"$f":"AC213*AD213","v":50435},17301.59,{"$f":"AC213*AF213","v":121111.13},{"$f":"AD213*AC213+AF213*AC213","v":171546.13},null,7205,{"$f":"AI213*AJ213","v":0},17301.59,{"$f":"AI213*AL213","v":0},{"$f":"AJ213*AI213+AL213*AI213","v":0},null,7205,{"$f":"AO213*AP213","v":0},17301.59,{"$f":"AO213*AR213","v":0},{"$f":"AP213*AO213+AR213*AO213","v":0},null,7205,{"$f":"AU213*AV213","v":0},17301.59,{"$f":"AU213*AX213","v":0},{"$f":"AV213*AU213+AX213*AU213","v":0},null,7205,{"$f":"BA213*BB213","v":0},17301.59,{"$f":"BA213*BD213","v":0},{"$f":"BB213*BA213+BD213*BA213","v":0},null,57,7205,{"$f":"BH213*BI213","v":410685},17301.59,{"$f":"BH213*BK213","v":986190.63},{"$f":"BI213*BH213+BK213*BH213","v":1396875.63},1,7205,{"$f":"BN213*BO213","v":7205},17301.59,{"$f":"BN213*BQ213","v":17301.59},{"$f":"BO213*BN213+BQ213*BN213","v":24506.59}]
["1.6.2","Прокладка трубопроводов отопления в изоляции","п.м.",1059,1451.67,{"$f":"D214*E214","v":1537318.53},811.65,{"$f":"D214*G214","v":859537.35},{"$f":"E214*D214+G214*D214","v":2396855.88},null,null,1451.67,{"$f":"K214*L214","v":0},811.65,{"$f":"K214*N214","v":0},{"$f":"L214*K214+N214*K214","v":0},null,1451.67,{"$f":"Q214*R214","v":0},811.65,{"$f":"Q214*T214","v":0},{"$f":"R214*Q214+T214*Q214","v":0},700,1451.67,{"$f":"W214*X214","v":1016169},811.65,{"$f":"W214*Z214","v":568155},{"$f":"X214*W214+Z214*W214","v":1584324},300,1451.67,{"$f":"AC214*AD214","v":435501},811.65,{"$f":"AC214*AF214","v":243495},{"$f":"AD214*AC214+AF214*AC214","v":678996},null,1451.67,{"$f":"AI214*AJ214","v":0},811.65,{"$f":"AI214*AL214","v":0},{"$f":"AJ214*AI214+AL214*AI214","v":0},null,1451.67,{"$f":"AO214*AP214","v":0},811.65,{"$f":"AO214*AR214","v":0},{"$f":"AP214*AO214+AR214*AO214","v":0},null,1451.67,{"$f":"AU214*AV214","v":0},811.65,{"$f":"AU214*AX214","v":0},{"$f":"AV214*AU214+AX214*AU214","v":0},null,1451.67,{"$f":"BA214*BB214","v":0},811.65,{"$f":"BA214*BD214","v":0},{"$f":"BB214*BA214+BD214*BA214","v":0},null,1000,1451.67,{"$f":"BH214*BI214","v":1451670},811.65,{"$f":"BH214*BK214","v":811650},{"$f":"BI214*BH214+BK214*BH214","v":2263320},59,1451.67,{"$f":"BN214*BO214","v":85648.53},811.65,{"$f":"BN214*BQ214","v":47887.35},{"$f":"BO214*BN214+BQ214*BN214","v":133535.88}]
["1.6.3","Насос циркуляционный ","шт",1,39090,{"$f":"D215*E215","v":39090},204170,{"$f":"D215*G215","v":204170},{"$f":"E215*D215+G215*D215","v":243260},null,null,39090,{"$f":"K215*L215","v":0},204170,{"$f":"K215*N215","v":0},{"$f":"L215*K215+N215*K215","v":0},null,39090,{"$f":"Q215*R215","v":0},204170,{"$f":"Q215*T215","v":0},{"$f":"R215*Q215+T215*Q215","v":0},null,39090,{"$f":"W215*X215","v":0},204170,{"$f":"W215*Z215","v":0},{"$f":"X215*W215+Z215*W215","v":0},1,39090,{"$f":"AC215*AD215","v":39090},204170,{"$f":"AC215*AF215","v":204170},{"$f":"AD215*AC215+AF215*AC215","v":243260},null,39090,{"$f":"AI215*AJ215","v":0},204170,{"$f":"AI215*AL215","v":0},{"$f":"AJ215*AI215+AL215*AI215","v":0},null,39090,{"$f":"AO215*AP215","v":0},204170,{"$f":"AO215*AR215","v":0},{"$f":"AP215*AO215+AR215*AO215","v":0},null,39090,{"$f":"AU215*AV215","v":0},204170,{"$f":"AU215*AX215","v":0},{"$f":"AV215*AU215+AX215*AU215","v":0},null,39090,{"$f":"BA215*BB215","v":0},204170,{"$f":"BA215*BD215","v":0},{"$f":"BB215*BA215+BD215*BA215","v":0},null,1,39090,{"$f":"BH215*BI215","v":39090},204170,{"$f":"BH215*BK215","v":204170},{"$f":"BI215*BH215+BK215*BH215","v":243260},0,39090,{"$f":"BN215*BO215","v":0},204170,{"$f":"BN215*BQ215","v":0},{"$f":"BO215*BN215+BQ215*BN215","v":0}]
["1.6.4","Теплоснабжение установки П1",null,null,0,null,0,null,null,null,null,0,null,0,null,null,null,0,null,0,null,null,null,0,null,0,null,null,null,0,null,0,null,null,null,0,null,0,null,null,null,0,null,0,null,null,null,0,null,0,null,null,null,0,null,0,null,null,null,0,0,null,0,null,null,0,0,null,0]
["1.6.4.1","Прокладка трубопроводов теплоснабжения в изоляции","п.м.",390,1239.46,{"$f":"D217*E217","v":483389.4},505.48,{"$f":"D217*G217","v":197137.2},{"$f":"E217*D217+G217*D217","v":680526.60000000009},null,null,1239.46,{"$f":"K217*L217","v":0},505.48,{"$f":"K217*N217","v":0},{"$f":"L217*K217+N217*K217","v":0},null,1239.46,{"$f":"Q217*R217","v":0},505.48,{"$f":"Q217*T217","v":0},{"$f":"R217*Q217+T217*Q217","v":0},200,1239.46,{"$f":"W217*X217","v":247892},505.48,{"$f":"W217*Z217","v":101096},{"$f":"X217*W217+Z217*W217","v":348988},150,1239.46,{"$f":"AC217*AD217","v":185919},505.48,{"$f":"AC217*AF217","v":75822},{"$f":"AD217*AC217+AF217*AC217","v":261741},null,1239.46,{"$f":"AI217*AJ217","v":0},505.48,{"$f":"AI217*AL217","v":0},{"$f":"AJ217*AI217+AL217*AI217","v":0},null,1239.46,{"$f":"AO217*AP217","v":0},505.48,{"$f":"AO217*AR217","v":0},{"$f":"AP217*AO217+AR217*AO217","v":0},null,1239.46,{"$f":"AU217*AV217","v":0},505.48,{"$f":"AU217*AX217","v":0},{"$f":"AV217*AU217+AX217*AU217","v":0},null,1239.46,{"$f":"BA217*BB217","v":0},505.48,{"$f":"BA217*BD217","v":0},{"$f":"BB217*BA217+BD217*BA217","v":0},null,350,1239.46,{"$f":"BH217*BI217","v":433811},505.48,{"$f":"BH217*BK217","v":176918},{"$f":"BI217*BH217+BK217*BH217","v":610729},40,1239.46,{"$f":"BN217*BO217","v":49578.400000000001},505.48,{"$f":"BN217*BQ217","v":20219.2},{"$f":"BO217*BN217+BQ217*BN217","v":69797.600000000006}]
["1.6.5","Вентиляция",null,null,0,null,0,null,null,null,null,0,null,0,null,null,null,0,null,0,null,null,null,0,null,0,null,null,null,0,null,0,null,null,null,0,null,0,null,null,null,0,null,0,null,null,null,0,null,0,null,null,null,0,null,0,null,null,null,0,0,null,0,null,null,0,0,null,0]
["1.6.5.1","Монтаж приточной системы","к-т",1,88935.9,{"$f":"D219*E219","v":88935.9},212371.01,{"$f":"D219*G219","v":212371.01},{"$f":"E219*D219+G219*D219","v":301306.91000000003},null,null,88935.9,{"$f":"K219*L219","v":0},212371.01,{"$f":"K219*N219","v":0},{"$f":"L219*K219+N219*K219","v":0},null,88935.9,{"$f":"Q219*R219","v":0},212371.01,{"$f":"Q219*T219","v":0},{"$f":"R219*Q219+T219*Q219","v":0},1,88935.9,{"$f":"W219*X219","v":88935.9},212371.01,{"$f":"W219*Z219","v":212371.01},{"$f":"X219*W219+Z219*W219","v":301306.91000000003},null,88935.9,{"$f":"AC219*AD219","v":0},212371.01,{"$f":"AC219*AF219","v":0},{"$f":"AD219*AC219+AF219*AC219","v":0},null,88935.9,{"$f":"AI219*AJ219","v":0},212371.01,{"$f":"AI219*AL219","v":0},{"$f":"AJ219*AI219+AL219*AI219","v":0},null,88935.9,{"$f":"AO219*AP219","v":0},212371.01,{"$f":"AO219*AR219","v":0},{"$f":"AP219*AO219+AR219*AO219","v":0},null,88935.9,{"$f":"AU219*AV219","v":0},212371.01,{"$f":"AU219*AX219","v":0},{"$f":"AV219*AU219+AX219*AU219","v":0},null,88935.9,{"$f":"BA219*BB219","v":0},212371.01,{"$f":"BA219*BD219","v":0},{"$f":"BB219*BA219+BD219*BA219","v":0},null,1,88935.9,{"$f":"BH219*BI219","v":88935.9},212371.01,{"$f":"BH219*BK219","v":212371.01},{"$f":"BI219*BH219+BK219*BH219","v":301306.91000000003},0,88935.9,{"$f":"BN219*BO219","v":0},212371.01,{"$f":"BN219*BQ219","v":0},{"$f":"BO219*BN219+BQ219*BN219","v":0}]
["1.6.5.2","Монтаж узла терморегулирования","к-т",1,27333.15,27333.15,92996.28,92996.28,120329.43,null,null,27333.15,0,92996.28,0,0,null,27333.15,0,92996.28,0,0,null,27333.15,0,92996.28,0,0,1,27333.15,27333.15,92996.28,92996.28,120329.43,null,27333.15,0,92996.28,0,0,null,27333.15,0,92996.28,0,0,null,27333.15,0,92996.28,0,0,null,27333.15,0,92996.28,0,0,null,1,27333.15,27333.15,92996.28,92996.28,120329.43,0,27333.15,0,92996.28,0,0]
["1.6.5.3","Монтаж вытяжных систем","к-т",6,8541.7199999999993,51250.319999999992,15825.33,94951.98,146202.29999999999,null,null,8541.7199999999993,0,15825.33,0,0,null,8541.7199999999993,0,15825.33,0,0,5,8541.7199999999993,42708.6,15825.33,79126.649999999994,121835.25,1,8541.7199999999993,8541.7199999999993,15825.33,15825.33,24367.05,null,8541.7199999999993,0,15825.33,0,0,null,8541.7199999999993,0,15825.33,0,0,null,8541.7199999999993,0,15825.33,0,0,null,8541.7199999999993,0,15825.33,0,0,null,6,8541.7199999999993,51250.319999999992,15825.33,94951.98,146202.29999999999,0,8541.7199999999993,0,15825.33,0,0]
["1.6.5.4","Монтаж воздухораспределителей, дроссель-клапанов, зонтов","шт",125,896.04,112005,784.68,98085,210090,null,null,896.04,0,784.68,0,0,null,896.04,0,784.68,0,0,100,896.04,89604,784.68,78468,168072,null,896.04,0,784.68,0,0,null,896.04,0,784.68,0,0,null,896.04,0,784.68,0,0,null,896.04,0,784.68,0,0,null,896.04,0,784.68,0,0,null,100,896.04,89604,784.68,78468,168072,25,896.04,22401,784.68,19617,42018]
["1.6.5.5","Прокладка воздуховодов из оцинкованой стали","м2",294.5,1375.5,405084.75,1858.42,547304.69000000006,952389.44000000006,null,null,1375.5,0,1858.42,0,0,null,1375.5,0,1858.42,0,0,152,1375.5,209076,1858.42,282479.84000000003,491555.84000000003,50,1375.5,68775,1858.42,92921,161696,null,1375.5,0,1858.42,0,0,null,1375.5,0,1858.42,0,0,null,1375.5,0,1858.42,0,0,null,1375.5,0,1858.42,0,0,null,202,1375.5,277851,1858.42,375400.84,653251.84000000008,92.5,1375.5,127233.75,1858.42,171903.85,299137.59999999998]
["1.6.5.6","Монтаж противодымных систем ПД1, ДУ1","к-т",2,100586.39,201172.78,266448.07,532896.14,734068.92,null,null,100586.39,0,266448.07,0,0,null,100586.39,0,266448.07,0,0,null,100586.39,0,266448.07,0,0,1,100586.39,100586.39,266448.07,266448.07,367034.46,null,100586.39,0,266448.07,0,0,null,100586.39,0,266448.07,0,0,null,100586.39,0,266448.07,0,0,null,100586.39,0,266448.07,0,0,null,1,100586.39,100586.39,266448.07,266448.07,367034.46,1,100586.39,100586.39,266448.07,266448.07,367034.46]
["1.6.5.7","Монтаж клапанов противопожарных","шт",24,8489.24,203741.76,18251.23,438029.52,641771.28,null,null,8489.24,0,18251.23,0,0,null,8489.24,0,18251.23,0,0,null,8489.24,0,18251.23,0,0,21,8489.24,178274.04,18251.23,383275.83,561549.87,null,8489.24,0,18251.23,0,0,null,8489.24,0,18251.23,0,0,null,8489.24,0,18251.23,0,0,null,8489.24,0,18251.23,0,0,null,21,8489.24,178274.04,18251.23,383275.83,561549.87,3,8489.24,25467.72,18251.23,54753.69,80221.41]
["1.6.5.8","Прокладка воздуховодов из чёрной и оцинкованой стали","м2",294,2456.77,722290.38,4354.87,1280331.78,2002622.1600000001,null,null,2456.77,0,4354.87,0,0,null,2456.77,0,4354.87,0,0,null,2456.77,0,4354.87,0,0,250,2456.77,614192.5,4354.87,1088717.5,1702910,null,2456.77,0,4354.87,0,0,null,2456.77,0,4354.87,0,0,null,2456.77,0,4354.87,0,0,null,2456.77,0,4354.87,0,0,null,{"$f":"K226+Q226+W226+AC226+AI226+AO226+AU226+BA226","v":250},2456.77,614192.5,4354.87,1088717.5,1702910,{"$f":"D226-BH226","v":44},2456.77,108097.88,4354.87,191614.28,299712.16000000003]
["1.6.6","Кондиционирование воздуха",null,null,0,null,0,null,null,null,null,0,null,0,null,null,null,0,null,0,null,null,null,0,null,0,null,null,null,0,null,0,null,null,null,0,null,0,null,null,null,0,null,0,null,null,null,0,null,0,null,null,null,0,null,0,null,null,null,0,0,null,0,null,null,0,0,null,0]
["1.6.6.1","Монтаж наружных блоков сиситем кондиционирования воздуха","к-т",1,61132.46,{"$f":"D228*E228","v":61132.46},389269.57,{"$f":"D228*G228","v":389269.57},{"$f":"E228*D228+G228*D228","v":450402.03},null,null,61132.46,{"$f":"K228*L228","v":0},389269.57,{"$f":"K228*N228","v":0},{"$f":"L228*K228+N228*K228","v":0},null,61132.46,{"$f":"Q228*R228","v":0},389269.57,{"$f":"Q228*T228","v":0},{"$f":"R228*Q228+T228*Q228","v":0},1,61132.46,{"$f":"W228*X228","v":61132.46},389269.57,{"$f":"W228*Z228","v":389269.57},{"$f":"X228*W228+Z228*W228","v":450402.03},null,61132.46,{"$f":"AC228*AD228","v":0},389269.57,{"$f":"AC228*AF228","v":0},{"$f":"AD228*AC228+AF228*AC228","v":0},null,61132.46,{"$f":"AI228*AJ228","v":0},389269.57,{"$f":"AI228*AL228","v":0},{"$f":"AJ228*AI228+AL228*AI228","v":0},null,61132.46,{"$f":"AO228*AP228","v":0},389269.57,{"$f":"AO228*AR228","v":0},{"$f":"AP228*AO228+AR228*AO228","v":0},null,61132.46,{"$f":"AU228*AV228","v":0},389269.57,{"$f":"AU228*AX228","v":0},{"$f":"AV228*AU228+AX228*AU228","v":0},null,61132.46,{"$f":"BA228*BB228","v":0},389269.57,{"$f":"BA228*BD228","v":0},{"$f":"BB228*BA228+BD228*BA228","v":0},null,1,61132.46,{"$f":"BH228*BI228","v":61132.46},389269.57,{"$f":"BH228*BK228","v":389269.57},{"$f":"BI228*BH228+BK228*BH228","v":450402.03},0,61132.46,{"$f":"BN228*BO228","v":0},389269.57,{"$f":"BN228*BQ228","v":0},{"$f":"BO228*BN228+BQ228*BN228","v":0}]
["1.6.6.2","Монтаж внутренних блоков сиситем кондиционирования воздуха","к-т",3,18340,55020,52353.599999999999,{"$f":"D229*G229","v":157060.79999999999},212080.8,null,null,18340,0,52353.599999999999,{"$f":"K229*N229","v":0},0,null,18340,0,52353.599999999999,{"$f":"Q229*T229","v":0},0,3,18340,55020,52353.599999999999,{"$f":"W229*Z229","v":157060.79999999999},212080.8,null,18340,0,52353.599999999999,{"$f":"AC229*AF229","v":0},0,null,18340,0,52353.599999999999,{"$f":"AI229*AL229","v":0},0,null,18340,0,52353.599999999999,{"$f":"AO229*AR229","v":0},0,null,18340,0,52353.599999999999,{"$f":"AU229*AX229","v":0},0,null,18340,0,52353.599999999999,{"$f":"BA229*BD229","v":0},0,null,3,18340,55020,52353.599999999999,{"$f":"BH229*BK229","v":157060.79999999999},212080.8,0,18340,0,52353.599999999999,{"$f":"BN229*BQ229","v":0},0]
["1.6.6.3","Прокладка медных трубопроводов с изоляцией","пм",74,557.78,41275.72,815.66,{"$f":"D230*G230","v":60358.84},101634.56,null,null,557.78,0,815.66,{"$f":"K230*N230","v":0},0,null,557.78,0,815.66,{"$f":"Q230*T230","v":0},0,54,557.78,30120.12,815.66,{"$f":"W230*Z230","v":44045.64},74165.759999999995,null,557.78,0,815.66,{"$f":"AC230*AF230","v":0},0,null,557.78,0,815.66,{"$f":"AI230*AL230","v":0},0,null,557.78,0,815.66,{"$f":"AO230*AR230","v":0},0,null,557.78,0,815.66,{"$f":"AU230*AX230","v":0},0,null,557.78,0,815.66,{"$f":"BA230*BD230","v":0},0,null,54,557.78,30120.12,815.66,{"$f":"BH230*BK230","v":44045.64},74165.759999999995,20,557.78,11155.599999999999,815.66,{"$f":"BN230*BQ230","v":16313.199999999999},27468.799999999996]
["1.6.6.4","Прокладка дренажных трубопроводов","пм",16,655,10480,152.1,{"$f":"D231*G231","v":2433.6},12913.6,null,null,655,0,152.1,{"$f":"K231*N231","v":0},0,null,655,0,152.1,{"$f":"Q231*T231","v":0},0,10,655,6550,152.1,{"$f":"W231*Z231","v":1521},8071,null,655,0,152.1,{"$f":"AC231*AF231","v":0},0,null,655,0,152.1,{"$f":"AI231*AL231","v":0},0,null,655,0,152.1,{"$f":"AO231*AR231","v":0},0,null,655,0,152.1,{"$f":"AU231*AX231","v":0},0,null,655,0,152.1,{"$f":"BA231*BD231","v":0},0,null,10,655,6550,152.1,{"$f":"BH231*BK231","v":1521},8071,6,655,3930,152.1,{"$f":"BN231*BQ231","v":912.59999999999991},4842.6000000000004]
["1.6.6.5","Установка дренажных насосов","шт",3,3275,9825,10674.3,{"$f":"D232*G232","v":32022.899999999998},41847.899999999994,null,null,3275,0,10674.3,{"$f":"K232*N232","v":0},0,null,3275,0,10674.3,{"$f":"Q232*T232","v":0},0,3,3275,9825,10674.3,{"$f":"W232*Z232","v":32022.899999999998},41847.899999999994,null,3275,0,10674.3,{"$f":"AC232*AF232","v":0},0,null,3275,0,10674.3,{"$f":"AI232*AL232","v":0},0,null,3275,0,10674.3,{"$f":"AO232*AR232","v":0},0,null,3275,0,10674.3,{"$f":"AU232*AX232","v":0},0,null,3275,0,10674.3,{"$f":"BA232*BD232","v":0},0,null,3,3275,9825,10674.3,{"$f":"BH232*BK232","v":32022.899999999998},41847.899999999994,0,3275,0,10674.3,{"$f":"BN232*BQ232","v":0},0]
["1.6.6.6","Пуско-наладочные работы ","к-т",1,691680,691680,0,null,691680,null,null,691680,0,0,null,0,null,691680,0,0,null,0,null,691680,0,0,null,0,null,691680,0,0,null,0,null,691680,0,0,null,0,null,691680,0,0,null,0,null,691680,0,0,null,0,null,691680,0,0,null,0,null,0,691680,0,0,null,0,1,691680,691680,0,null,691680]
["1.7","130-23-СКС Структурированная кабельная сеть",null,null,null,null,null,null,null,null,null,null,null,null,null,null,null,null,null,null,null,null,null,null,null,null,null,null,null,null,null,null,null,null,null,null,{"$f":"AK235+AK236+AK237+AK238+AK239+AK240+AK241+AK242+AK243+AK244+AK245+AK246+AK247+AK248+AK249+AK250+AK251+AK252+AK253+AK254+AK255+AK256+AK257+AK258+AK259+AK260+AK261+AK262+AK263+AK264+AK265+AK266+AK267+AK268+AK269+AK270+AK271+AK272+AK273+AK274+AK275+AK276+AK277+AK278+AK279+AK280+AK281+AK282+AK283+AK284+AK285+AK286+AK288+AK287","v":271432},null,{"$f":"AM235+AM236+AM237+AM238+AM239+AM240+AM241+AM242+AM243+AM244+AM245+AM246+AM247+AM248+AM249+AM250+AM251+AM252+AM253+AM254+AM255+AM256+AM257+AM258+AM259+AM260+AM261+AM262+AM263+AM264+AM265+AM266+AM267+AM268+AM269+AM270+AM271+AM272+AM273+AM274+AM275+AM276+AM277+AM278+AM279+AM280+AM281+AM282+AM283+AM284+AM285+AM286+AM288+AM287","v":174603},{"$f":"AN235+AN236+AN237+AN238+AN239+AN240+AN241+AN242+AN243+AN244+AN245+AN246+AN247+AN248+AN249+AN250+AN251+AN252+AN253+AN254+AN255+AN256+AN257+AN258+AN259+AN260+AN261+AN262+AN263+AN264+AN265+AN266+AN267+AN268+AN269+AN270+AN271+AN272+AN273+AN274+AN275+AN276+AN277+AN278+AN279+AN280+AN281+AN282+AN283+AN284+AN285+AN286+AN288+AN287","v":446035},null,null,{"$f":"AQ235+AQ236+AQ237+AQ238+AQ239+AQ240+AQ241+AQ242+AQ243+AQ244+AQ245+AQ246+AQ247+AQ248+AQ249+AQ250+AQ251+AQ252+AQ253+AQ254+AQ255+AQ256+AQ257+AQ258+AQ259+AQ260+AQ261+AQ262+AQ263+AQ264+AQ265+AQ266+AQ267+AQ268+AQ269+AQ270+AQ271+AQ272+AQ273+AQ274+AQ275+AQ276+AQ277+AQ278+AQ279+AQ280+AQ281+AQ282+AQ283+AQ284+AQ285+AQ286+AQ288+AQ287","v":0},null,{"$f":"AS235+AS236+AS237+AS238+AS239+AS240+AS241+AS242+AS243+AS244+AS245+AS246+AS247+AS248+AS249+AS250+AS251+AS252+AS253+AS254+AS255+AS256+AS257+AS258+AS259+AS260+AS261+AS262+AS263+AS264+AS265+AS266+AS267+AS268+AS269+AS270+AS271+AS272+AS273+AS274+AS275+AS276+AS277+AS278+AS279+AS280+AS281+AS282+AS283+AS284+AS285+AS286+AS288+AS287","v":0},{"$f":"AT235+AT236+AT237+AT238+AT239+AT240+AT241+AT242+AT243+AT244+AT245+AT246+AT247+AT248+AT249+AT250+AT251+AT252+AT253+AT254+AT255+AT256+AT257+AT258+AT259+AT260+AT261+AT262+AT263+AT264+AT265+AT266+AT267+AT268+AT269+AT270+AT271+AT272+AT273+AT274+AT275+AT276+AT277+AT278+AT279+AT280+AT281+AT282+AT283+AT284+AT285+AT286+AT288+AT287","v":0},null,null,{"$f":"AW235+AW236+AW237+AW238+AW239+AW240+AW241+AW242+AW243+AW244+AW245+AW246+AW247+AW248+AW249+AW250+AW251+AW252+AW253+AW254+AW255+AW256+AW257+AW258+AW259+AW260+AW261+AW262+AW263+AW264+AW265+AW266+AW267+AW268+AW269+AW270+AW271+AW272+AW273+AW274+AW275+AW276+AW277+AW278+AW279+AW280+AW281+AW282+AW283+AW284+AW285+AW286+AW288+AW287","v":0},null,{"$f":"AY235+AY236+AY237+AY238+AY239+AY240+AY241+AY242+AY243+AY244+AY245+AY246+AY247+AY248+AY249+AY250+AY251+AY252+AY253+AY254+AY255+AY256+AY257+AY258+AY259+AY260+AY261+AY262+AY263+AY264+AY265+AY266+AY267+AY268+AY269+AY270+AY271+AY272+AY273+AY274+AY275+AY276+AY277+AY278+AY279+AY280+AY281+AY282+AY283+AY284+AY285+AY286+AY288+AY287","v":0},{"$f":"AZ235+AZ236+AZ237+AZ238+AZ239+AZ240+AZ241+AZ242+AZ243+AZ244+AZ245+AZ246+AZ247+AZ248+AZ249+AZ250+AZ251+AZ252+AZ253+AZ254+AZ255+AZ256+AZ257+AZ258+AZ259+AZ260+AZ261+AZ262+AZ263+AZ264+AZ265+AZ266+AZ267+AZ268+AZ269+AZ270+AZ271+AZ272+AZ273+AZ274+AZ275+AZ276+AZ277+AZ278+AZ279+AZ280+AZ281+AZ282+AZ283+AZ284+AZ285+AZ286+AZ288+AZ287","v":0},null,null,{"$f":"BC235+BC236+BC237+BC238+BC239+BC240+BC241+BC242+BC243+BC244+BC245+BC246+BC247+BC248+BC249+BC250+BC251+BC252+BC253+BC254+BC255+BC256+BC257+BC258+BC259+BC260+BC261+BC262+BC263+BC264+BC265+BC266+BC267+BC268+BC269+BC270+BC271+BC272+BC273+BC274+BC275+BC276+BC277+BC278+BC279+BC280+BC281+BC282+BC283+BC284+BC285+BC286+BC288+BC287","v":0},null,{"$f":"BE235+BE236+BE237+BE238+BE239+BE240+BE241+BE242+BE243+BE244+BE245+BE246+BE247+BE248+BE249+BE250+BE251+BE252+BE253+BE254+BE255+BE256+BE257+BE258+BE259+BE260+BE261+BE262+BE263+BE264+BE265+BE266+BE267+BE268+BE269+BE270+BE271+BE272+BE273+BE274+BE275+BE276+BE277+BE278+BE279+BE280+BE281+BE282+BE283+BE284+BE285+BE286+BE288+BE287","v":0},{"$f":"BF235+BF236+BF237+BF238+BF239+BF240+BF241+BF242+BF243+BF244+BF245+BF246+BF247+BF248+BF249+BF250+BF251+BF252+BF253+BF254+BF255+BF256+BF257+BF258+BF259+BF260+BF261+BF262+BF263+BF264+BF265+BF266+BF267+BF268+BF269+BF270+BF271+BF272+BF273+BF274+BF275+BF276+BF277+BF278+BF279+BF280+BF281+BF282+BF283+BF284+BF285+BF286+BF288+BF287","v":0},null,0,null,{"$f":"BJ235+BJ236+BJ237+BJ238+BJ239+BJ240+BJ241+BJ242+BJ243+BJ244+BJ245+BJ246+BJ247+BJ248+BJ249+BJ250+BJ251+BJ252+BJ253+BJ254+BJ255+BJ256+BJ257+BJ258+BJ259+BJ260+BJ261+BJ262+BJ263+BJ264+BJ265+BJ266+BJ267+BJ268+BJ269+BJ270+BJ271+BJ272+BJ273+BJ274+BJ275+BJ276+BJ277+BJ278+BJ279+BJ280+BJ281+BJ282+BJ283+BJ284+BJ285+BJ286+BJ288+BJ287","v":623560},null,{"$f":"BL235+BL236+BL237+BL238+BL239+BL240+BL241+BL242+BL243+BL244+BL245+BL246+BL247+BL248+BL249+BL250+BL251+BL252+BL253+BL254+BL255+BL256+BL257+BL258+BL259+BL260+BL261+BL262+BL263+BL264+BL265+BL266+BL267+BL268+BL269+BL270+BL271+BL272+BL273+BL274+BL275+BL276+BL277+BL278+BL279+BL280+BL281+BL282+BL283+BL284+BL285+BL286+BL288+BL287","v":579346.80000000005},{"$f":"BM235+BM236+BM237+BM238+BM239+BM240+BM241+BM242+BM243+BM244+BM245+BM246+BM247+BM248+BM249+BM250+BM251+BM252+BM253+BM254+BM255+BM256+BM257+BM258+BM259+BM260+BM261+BM262+BM263+BM264+BM265+BM266+BM267+BM268+BM269+BM270+BM271+BM272+BM273+BM274+BM275+BM276+BM277+BM278+BM279+BM280+BM281+BM282+BM283+BM284+BM285+BM286+BM288+BM287","v":1202906.8},0,null,{"$f":"BP235+BP236+BP237+BP238+BP239+BP240+BP241+BP242+BP243+BP244+BP245+BP246+BP247+BP248+BP249+BP250+BP251+BP252+BP253+BP254+BP255+BP256+BP257+BP258+BP259+BP260+BP261+BP262+BP263+BP264+BP265+BP266+BP267+BP268+BP269+BP270+BP271+BP272+BP273+BP274+BP275+BP276+BP277+BP278+BP279+BP280+BP281+BP282+BP283+BP284+BP285+BP286+BP288+BP287","v":1695850.55},null,{"$f":"BR235+BR236+BR237+BR238+BR239+BR240+BR241+BR242+BR243+BR244+BR245+BR246+BR247+BR248+BR249+BR250+BR251+BR252+BR253+BR254+BR255+BR256+BR257+BR258+BR259+BR260+BR261+BR262+BR263+BR264+BR265+BR266+BR267+BR268+BR269+BR270+BR271+BR272+BR273+BR274+BR275+BR276+BR277+BR278+BR279+BR280+BR281+BR282+BR283+BR284+BR285+BR286+BR288+BR287","v":2543906.1000000006},{"$f":"BS235+BS236+BS237+BS238+BS239+BS240+BS241+BS242+BS243+BS244+BS245+BS246+BS247+BS248+BS249+BS250+BS251+BS252+BS253+BS254+BS255+BS256+BS257+BS258+BS259+BS260+BS261+BS262+BS263+BS264+BS265+BS266+BS267+BS268+BS269+BS270+BS271+BS272+BS273+BS274+BS275+BS276+BS277+BS278+BS279+BS280+BS281+BS282+BS283+BS284+BS285+BS286+BS288+BS287","v":4239756.6500000004}]
["1.7.1","Шкаф настенный 19\", 18U, 600х901x600 мм, стеклянная дверь с перфорацией, цвет черный. IP20","компл.",4,5502,{"$f":"D235*E235","v":22008},42612.7,{"$f":"D235*G235","v":170450.8},{"$f":"E235*D235+G235*D235","v":192458.8},null,null,5502,{"$f":"K235*L235","v":0},29661,{"$f":"K235*N235","v":0},{"$f":"L235*K235+N235*K235","v":0},4,5502,{"$f":"Q235*R235","v":22008},42612.7,{"$f":"Q235*T235","v":170450.8},{"$f":"R235*Q235+T235*Q235","v":192458.8},null,5502,{"$f":"W235*X235","v":0},29661,{"$f":"W235*Z235","v":0},{"$f":"X235*W235+Z235*W235","v":0},null,5502,{"$f":"AC235*AD235","v":0},29661,{"$f":"AC235*AF235","v":0},{"$f":"AD235*AC235+AF235*AC235","v":0},null,5502,{"$f":"AI235*AJ235","v":0},29661,{"$f":"AI235*AL235","v":0},{"$f":"AJ235*AI235+AL235*AI235","v":0},null,5502,{"$f":"AO235*AP235","v":0},29661,{"$f":"AO235*AR235","v":0},{"$f":"AP235*AO235+AR235*AO235","v":0},null,5502,{"$f":"AU235*AV235","v":0},29661,{"$f":"AU235*AX235","v":0},{"$f":"AV235*AU235+AX235*AU235","v":0},null,5502,{"$f":"BA235*BB235","v":0},29661,{"$f":"BA235*BD235","v":0},{"$f":"BB235*BA235+BD235*BA235","v":0},null,4,5502,{"$f":"BH235*BI235","v":22008},42612.7,{"$f":"BH235*BK235","v":170450.8},{"$f":"BI235*BH235+BK235*BH235","v":192458.8},0,5502,{"$f":"BN235*BO235","v":0},42612.7,{"$f":"BN235*BQ235","v":0},{"$f":"BO235*BN235+BQ235*BN235","v":0}]
["1.7.2","Панель с щеточным кабельным вводом в пол/потолок, 65х293 мм, цвет черный","шт.",4,1310,5240,591.67999999999995,2366.7199999999998,7606.7199999999993,null,null,1310,0,591.67999999999995,0,0,null,1310,0,591.67999999999995,0,0,null,1310,0,591.67999999999995,0,0,null,1310,0,591.67999999999995,0,0,null,1310,0,591.67999999999995,0,0,null,1310,0,591.67999999999995,0,0,null,1310,0,591.67999999999995,0,0,null,1310,0,591.67999999999995,0,0,null,0,1310,0,591.67999999999995,0,0,4,1310,5240,591.67999999999995,2366.7199999999998,7606.7199999999993]
["1.7.3","Оптический кросс-бокс стационарный 19\", 1U, 32 порта, адаптеры SC/2xLC. ","компл.",8,3930,31440,4232.8,33862.400000000001,65302.400000000001,null,null,3930,0,4232.8,0,0,null,3930,0,4232.8,0,0,null,3930,0,4232.8,0,0,null,3930,0,4232.8,0,0,null,3930,0,4232.8,0,0,null,3930,0,4232.8,0,0,null,3930,0,4232.8,0,0,null,3930,0,4232.8,0,0,null,0,3930,0,4232.8,0,0,8,3930,31440,4232.8,33862.400000000001,65302.400000000001]
["1.7.4","Пигтейл с коннектором LC/UPC, 9/125 (SM), LSZH, 1,5 м","шт.",192,32.75,6288,128.69999999999999,24710.399999999998,30998.399999999998,null,null,32.75,0,128.69999999999999,0,0,null,32.75,0,128.69999999999999,0,0,null,32.75,0,128.69999999999999,0,0,null,32.75,0,128.69999999999999,0,0,null,32.75,0,128.69999999999999,0,0,null,32.75,0,128.69999999999999,0,0,null,32.75,0,128.69999999999999,0,0,null,32.75,0,128.69999999999999,0,0,null,0,32.75,0,128.69999999999999,0,0,192,32.75,6288,128.69999999999999,24710.399999999998,30998.399999999998]
["1.7.5","Оптический адаптер (проходной соединитель) LC-LC duplex, SM","шт.",96,32.75,3144,93.6,8985.5999999999985,12129.599999999999,null,null,32.75,0,93.6,0,0,null,32.75,0,93.6,0,0,null,32.75,0,93.6,0,0,null,32.75,0,93.6,0,0,null,32.75,0,93.6,0,0,null,32.75,0,93.6,0,0,null,32.75,0,93.6,0,0,null,32.75,0,93.6,0,0,null,0,32.75,0,93.6,0,0,96,32.75,3144,93.6,8985.5999999999985,12129.599999999999]
["1.7.6","Патч-панель 19\", 1U, 24 порта RJ-45, категория 5e, Dual IDC, RоHS, цвет черный","шт.",10,4716,47160,7410,74100,121260,null,null,4716,0,7410,0,0,null,4716,0,7410,0,0,null,4716,0,7410,0,0,null,4716,0,7410,0,0,null,4716,0,7410,0,0,null,4716,0,7410,0,0,null,4716,0,7410,0,0,null,4716,0,7410,0,0,null,0,4716,0,7410,0,0,10,4716,47160,7410,74100,121260]
["1.7.7","Коммутатор управляемый, уровень L3, 48 портов 1 Гбит/с, 4 порта SFP+, питание по Ethernet (PoE)","шт.",3,3275,9825,0,null,9825,null,null,3275,0,0,null,0,null,3275,0,0,null,0,null,3275,0,0,null,0,null,3275,0,0,null,0,null,3275,0,0,null,0,null,3275,0,0,null,0,null,3275,0,0,null,0,null,3275,0,0,null,0,null,0,3275,0,0,null,0,3,3275,9825,0,null,9825]
["1.7.8","Коммутатор управляемый, уровень L2/3, 24 10/100/1000, 2 SFP, РоЕ ES-24-250W","шт.",2,3275,6550,123106,{"$f":"D242*G242","v":246212},252762,null,null,3275,0,123106,{"$f":"K242*N242","v":0},0,null,3275,0,123106,{"$f":"Q242*T242","v":0},0,null,3275,0,123106,{"$f":"W242*Z242","v":0},0,null,3275,0,123106,{"$f":"AC242*AF242","v":0},0,null,3275,0,123106,{"$f":"AI242*AL242","v":0},0,null,3275,0,123106,{"$f":"AO242*AR242","v":0},0,null,3275,0,123106,{"$f":"AU242*AX242","v":0},0,null,3275,0,123106,{"$f":"BA242*BD242","v":0},0,null,0,3275,0,123106,{"$f":"BH242*BK242","v":0},0,2,3275,6550,123106,{"$f":"BN242*BQ242","v":246212},252762]
["1.7.9","Источник бесперебойного питания однофазный вход/выход, 2200 ВА/1980 Вт","шт.",1,3930,3930,null,null,3930,null,null,3930,0,null,null,0,null,3930,0,null,null,0,null,3930,0,null,null,0,null,3930,0,null,null,0,null,3930,0,null,null,0,null,3930,0,null,null,0,null,3930,0,null,null,0,null,3930,0,null,null,0,null,0,3930,0,null,null,0,1,3930,3930,null,null,3930]
["1.7.10","Источник бесперебойного питания однофазный вход/выход, 1000 ВА/800 Вт","шт.",5,3930,19650,38230.400000000001,{"$f":"D244*G244","v":191152},210802,null,null,3930,0,38230.400000000001,{"$f":"K244*N244","v":0},0,null,3930,0,38230.400000000001,{"$f":"Q244*T244","v":0},0,null,3930,0,38230.400000000001,{"$f":"W244*Z244","v":0},0,null,3930,0,38230.400000000001,{"$f":"AC244*AF244","v":0},0,null,3930,0,38230.400000000001,{"$f":"AI244*AL244","v":0},0,null,3930,0,38230.400000000001,{"$f":"AO244*AR244","v":0},0,null,3930,0,38230.400000000001,{"$f":"AU244*AX244","v":0},0,null,3930,0,38230.400000000001,{"$f":"BA244*BD244","v":0},0,null,0,3930,0,38230.400000000001,{"$f":"BH244*BK244","v":0},0,5,3930,19650,38230.400000000001,{"$f":"BN244*BQ244","v":191152},210802]
["1.7.11","Карта мониторинга Спутник/12","шт.",5,2358,11790,35100,175500,187290,null,null,2358,0,35100,0,0,null,2358,0,35100,0,0,null,2358,0,35100,0,0,null,2358,0,35100,0,0,null,2358,0,35100,0,0,null,2358,0,35100,0,0,null,2358,0,35100,0,0,null,2358,0,35100,0,0,null,0,2358,0,35100,0,0,5,2358,11790,35100,175500,187290]
["1.7.12","Кабельный органайзер пластиковый с крышкой, глубина 53 мм, 19\", 1U","шт.",27,1965,53055,902.2,24359.4,77414.399999999994,null,null,1965,0,902.2,0,0,null,1965,0,902.2,0,0,null,1965,0,902.2,0,0,null,1965,0,902.2,0,0,null,1965,0,902.2,0,0,null,1965,0,902.2,0,0,null,1965,0,902.2,0,0,null,1965,0,902.2,0,0,null,0,1965,0,902.2,0,0,27,1965,53055,902.2,24359.4,77414.399999999994]
["1.7.13","Блок розеток горизонтальный 8 розеток C13, с LED выключателем, 1U, IP20,","шт.",6,3275,19650,3539.15,21234.9,40884.9,null,null,3275,0,3539.15,0,0,null,3275,0,3539.15,0,0,null,3275,0,3539.15,0,0,null,3275,0,3539.15,0,0,null,3275,0,3539.15,0,0,null,3275,0,3539.15,0,0,null,3275,0,3539.15,0,0,null,3275,0,3539.15,0,0,null,0,3275,0,3539.15,0,0,6,3275,19650,3539.15,21234.9,40884.9]
["1.7.14","Розетка компьютерная RJ-45 8P8C серии \"Viva\", установка в кабель-каналы, кат. 5е 45x25мм","шт.",48,393,18864,541.01,25968.48,44832.479999999996,null,null,393,0,541.01,0,0,null,393,0,541.01,0,0,null,393,0,541.01,0,0,null,393,0,541.01,0,0,null,393,0,541.01,0,0,null,393,0,541.01,0,0,null,393,0,541.01,0,0,null,393,0,541.01,0,0,null,0,393,0,541.01,0,0,48,393,18864,541.01,25968.48,44832.479999999996]
["1.7.15","Розетка компьютерная RJ-45 настенная, IP66, с откидной крышкой ","шт.",3,393,1179,7013.5,21040.5,22219.5,null,null,393,0,7013.5,0,0,null,393,0,7013.5,0,0,null,393,0,7013.5,0,0,null,393,0,7013.5,0,0,null,393,0,7013.5,0,0,null,393,0,7013.5,0,0,null,393,0,7013.5,0,0,null,393,0,7013.5,0,0,null,0,393,0,7013.5,0,0,3,393,1179,7013.5,21040.5,22219.5]
["1.7.16","Корпус настенной розетки компьютерной для 1 вставки ","шт.",5,262,1310,153.4,767,2077,null,null,262,0,153.4,0,0,null,262,0,153.4,0,0,null,262,0,153.4,0,0,null,262,0,153.4,0,0,null,262,0,153.4,0,0,null,262,0,153.4,0,0,null,262,0,153.4,0,0,null,262,0,153.4,0,0,null,0,262,0,153.4,0,0,5,262,1310,153.4,767,2077]
["1.7.17","Вставка RJ-45 (8P8C), кат. 5e, 110 IDC, монтаж инструментом NE-TOOL, белая","шт.",5,131,655,273,1365,2020,null,null,131,0,273,0,0,null,131,0,273,0,0,null,131,0,273,0,0,null,131,0,273,0,0,null,131,0,273,0,0,null,131,0,273,0,0,null,131,0,273,0,0,null,131,0,273,0,0,null,0,131,0,273,0,0,5,131,655,273,1365,2020]
["1.7.18","Розетка силовая с заземлением для накладного монтажа, Iном 16А, Uном 250 В, IP20","шт.",6,393,2358,365.12,2190.7200000000003,4548.72,null,null,393,0,365.12,0,0,null,393,0,365.12,0,0,null,393,0,365.12,0,0,null,393,0,365.12,0,0,null,393,0,365.12,0,0,null,393,0,365.12,0,0,null,393,0,365.12,0,0,null,393,0,365.12,0,0,null,0,393,0,365.12,0,0,6,393,2358,365.12,2190.7200000000003,4548.72]
["1.7.19","Точка доступа (радиомодуль беспроводной), мощность передатчика до 20 дБм, ","шт.",5,1572,7860,0,null,7860,null,null,1572,0,0,null,0,null,1572,0,0,null,0,null,1572,0,0,null,0,null,1572,0,0,null,0,null,1572,0,0,null,0,null,1572,0,0,null,0,null,1572,0,0,null,0,null,1572,0,0,null,0,null,0,1572,0,0,null,0,5,1572,7860,0,null,7860]
["1.7.20","Шнур (патч-корд) оптический, SM 9/125 мкм, дуплекс, LC-LC, 3 м","шт.",8,65.5,524,557.70000000000005,{"$f":"D254*G254","v":4461.6000000000004},4985.6000000000004,null,null,65.5,0,557.70000000000005,{"$f":"K254*N254","v":0},0,null,65.5,0,557.70000000000005,{"$f":"Q254*T254","v":0},0,null,65.5,0,557.70000000000005,{"$f":"W254*Z254","v":0},0,null,65.5,0,557.70000000000005,{"$f":"AC254*AF254","v":0},0,null,65.5,0,557.70000000000005,{"$f":"AI254*AL254","v":0},0,null,65.5,0,557.70000000000005,{"$f":"AO254*AR254","v":0},0,null,65.5,0,557.70000000000005,{"$f":"AU254*AX254","v":0},0,null,65.5,0,557.70000000000005,{"$f":"BA254*BD254","v":0},0,null,0,65.5,0,557.70000000000005,{"$f":"BH254*BK254","v":0},0,8,65.5,524,557.70000000000005,{"$f":"BN254*BQ254","v":4461.6000000000004},4985.6000000000004]
["1.7.21","Патч-корд U/UTP cat. 5e, внешняя оболочка LSZH, 4 пары, RJ45-RJ45, длина 1 м, серый","шт.",57,65.5,3733.5,370.5,21118.5,24852,null,null,65.5,0,370.5,0,0,null,65.5,0,370.5,0,0,null,65.5,0,370.5,0,0,null,65.5,0,370.5,0,0,null,65.5,0,370.5,0,0,null,65.5,0,370.5,0,0,null,65.5,0,370.5,0,0,null,65.5,0,370.5,0,0,null,0,65.5,0,370.5,0,0,57,65.5,3733.5,370.5,21118.5,24852]
["1.7.22","Патч-корд U/UTP cat. 5e, внешняя оболочка LSZH, 4 пары, RJ45-RJ45, длина 3 м, серый","шт.",163,65.5,10676.5,767,125021,135697.5,null,null,65.5,0,767,0,0,null,65.5,0,767,0,0,null,65.5,0,767,0,0,null,65.5,0,767,0,0,null,65.5,0,767,0,0,null,65.5,0,767,0,0,null,65.5,0,767,0,0,null,65.5,0,767,0,0,null,0,65.5,0,767,0,0,163,65.5,10676.5,767,125021,135697.5]
["1.7.23","Шнур (патч-корд) оптический, SM 9/125 мкм, дуплекс, LC-ST, 3 м","шт.",2,65.5,131,557.70000000000005,1115.4000000000001,1246.4000000000001,null,null,65.5,0,557.70000000000005,0,0,null,65.5,0,557.70000000000005,0,0,null,65.5,0,557.70000000000005,0,0,null,65.5,0,557.70000000000005,0,0,null,65.5,0,557.70000000000005,0,0,null,65.5,0,557.70000000000005,0,0,null,65.5,0,557.70000000000005,0,0,null,65.5,0,557.70000000000005,0,0,null,0,65.5,0,557.70000000000005,0,0,2,65.5,131,557.70000000000005,1115.4000000000001,1246.4000000000001]
["1.7.24","Кабельный короб 80x40  с крышкой на защелке, с направляющими для разделителей, ПВХ, белый, L=2м","м",152,393,59736,600.6,91291.199999999997,151027.20000000001,null,null,393,0,600.6,0,0,null,393,0,600.6,0,0,null,393,0,600.6,0,0,null,393,0,600.6,0,0,null,393,0,600.6,0,0,null,393,0,600.6,0,0,null,393,0,600.6,0,0,null,393,0,600.6,0,0,null,0,393,0,600.6,0,0,152,393,59736,600.6,91291.199999999997,151027.20000000001]
["1.7.25","Разделитель  (перегородка) пространства короба на секции, L=2","м",152,262,39824,143,21736,61560,null,null,262,0,143,0,0,null,262,0,143,0,0,null,262,0,143,0,0,null,262,0,143,0,0,null,262,0,143,0,0,null,262,0,143,0,0,null,262,0,143,0,0,null,262,0,143,0,0,null,0,262,0,143,0,0,152,262,39824,143,21736,61560]
["1.7.26","Угол внутренний изменяемый 80x40 изменяемый (70-120°) , белый","шт.",21,65.5,1375.5,671.67,14105.07,15480.57,null,null,65.5,0,671.67,0,0,null,65.5,0,671.67,0,0,null,65.5,0,671.67,0,0,null,65.5,0,671.67,0,0,null,65.5,0,671.67,0,0,null,65.5,0,671.67,0,0,null,65.5,0,671.67,0,0,null,65.5,0,671.67,0,0,null,0,65.5,0,671.67,0,0,21,65.5,1375.5,671.67,14105.07,15480.57]
["1.7.27","Угол внешний 80x40мм  изменяемый (70-120°), белый ","шт.",5,65.5,327.5,717.18,3585.8999999999996,3913.3999999999996,null,null,65.5,0,717.18,0,0,null,65.5,0,717.18,0,0,null,65.5,0,717.18,0,0,null,65.5,0,717.18,0,0,null,65.5,0,717.18,0,0,null,65.5,0,717.18,0,0,null,65.5,0,717.18,0,0,null,65.5,0,717.18,0,0,null,0,65.5,0,717.18,0,0,5,65.5,327.5,717.18,3585.8999999999996,3913.3999999999996]
["1.7.28","Рамка-суппорт 2-модульная для электроустановочных изделий \"Viva\", 45х50 мм, белый","шт.",136,131,17816,132.91,18075.759999999998,35891.759999999995,null,null,131,0,132.91,0,0,null,131,0,132.91,0,0,null,131,0,132.91,0,0,null,131,0,132.91,0,0,null,131,0,132.91,0,0,null,131,0,132.91,0,0,null,131,0,132.91,0,0,null,131,0,132.91,0,0,null,0,131,0,132.91,0,0,136,131,17816,132.91,18075.759999999998,35891.759999999995]
["1.7.29","Накладка  на стык профиля 80х40, белый","шт.",34,32.75,1113.5,49.83,1694.22,2807.7200000000003,null,null,32.75,0,49.83,0,0,null,32.75,0,49.83,0,0,null,32.75,0,49.83,0,0,null,32.75,0,49.83,0,0,null,32.75,0,49.83,0,0,null,32.75,0,49.83,0,0,null,32.75,0,49.83,0,0,null,32.75,0,49.83,0,0,null,0,32.75,0,49.83,0,0,34,32.75,1113.5,49.83,1694.22,2807.7200000000003]
["1.7.30","Накладка на стык крышки 80х40, белый","шт.",34,32.75,1113.5,101.84,3462.56,4576.0599999999995,null,null,32.75,0,101.84,0,0,null,32.75,0,101.84,0,0,null,32.75,0,101.84,0,0,null,32.75,0,101.84,0,0,null,32.75,0,101.84,0,0,null,32.75,0,101.84,0,0,null,32.75,0,101.84,0,0,null,32.75,0,101.84,0,0,null,0,32.75,0,101.84,0,0,34,32.75,1113.5,101.84,3462.56,4576.0599999999995]
["1.7.31","Тройник /отвод 80х40, белый","шт.",8,65.5,524,367.25,2938,3462,null,null,65.5,0,367.25,0,0,null,65.5,0,367.25,0,0,null,65.5,0,367.25,0,0,null,65.5,0,367.25,0,0,null,65.5,0,367.25,0,0,null,65.5,0,367.25,0,0,null,65.5,0,367.25,0,0,null,65.5,0,367.25,0,0,null,0,65.5,0,367.25,0,0,8,65.5,524,367.25,2938,3462]
["1.7.32","Заглушка 80x40, белый","шт.",16,39,624,168,2688,3312,null,null,39,0,168,0,0,null,39,0,168,0,0,null,39,0,168,0,0,null,39,0,168,0,0,null,39,0,168,0,0,null,39,0,168,0,0,null,39,0,168,0,0,null,39,0,168,0,0,null,0,39,0,168,0,0,16,39,624,168,2688,3312]
["1.7.33","Саморез 3.5х50мм с дюбелем F6 ","шт.",100,13.1,1310,14.95,1495,2805,null,null,13.1,0,14.95,0,0,null,13.1,0,14.95,0,0,null,13.1,0,14.95,0,0,null,13.1,0,14.95,0,0,null,13.1,0,14.95,0,0,null,13.1,0,14.95,0,0,null,13.1,0,14.95,0,0,null,13.1,0,14.95,0,0,null,0,13.1,0,14.95,0,0,100,13.1,1310,14.95,1495,2805]
["1.7.34","Лоток 50х300 L=3000 перфорированный","м",324,497.8,161287.20000000001,912.18,295546.32,456833.52,null,null,497.8,0,912.18,0,0,null,497.8,0,912.18,0,0,null,497.8,0,912.18,0,0,null,497.8,0,912.18,0,0,null,497.8,0,912.18,0,0,null,497.8,0,912.18,0,0,null,497.8,0,912.18,0,0,null,497.8,0,912.18,0,0,null,0,497.8,0,912.18,0,0,324,497.8,161287.20000000001,912.18,295546.32,456833.52]
["1.7.35","Лоток 50х100 L=3000 перфорированный","м",666,497.8,331534.8,699.4,465800.39999999997,797335.2,null,null,497.8,0,699.4,0,0,null,497.8,0,699.4,0,0,null,497.8,0,699.4,0,0,null,497.8,0,699.4,0,0,null,497.8,0,699.4,0,0,null,497.8,0,699.4,0,0,null,497.8,0,699.4,0,0,null,497.8,0,699.4,0,0,null,0,497.8,0,699.4,0,0,666,497.8,331534.8,699.4,465800.39999999997,797335.2]
["1.7.36","Перегородка SEP для лотка, высота 50 мм, L=3 м","м",24,131,3144,367.64,8823.36,11967.36,null,null,131,0,367.64,0,0,null,131,0,367.64,0,0,null,131,0,367.64,0,0,null,131,0,367.64,0,0,null,131,0,367.64,0,0,null,131,0,367.64,0,0,null,131,0,367.64,0,0,null,131,0,367.64,0,0,null,0,131,0,367.64,0,0,24,131,3144,367.64,8823.36,11967.36]
["1.7.37","Крышка на лоток с заземлением, основание 100 мм, L=3 м, толщина 0,6 мм","м",50,157.19999999999999,7859.9999999999991,271.99,13599.5,21459.5,null,null,157.19999999999999,0,271.99,0,0,null,157.19999999999999,0,271.99,0,0,null,157.19999999999999,0,271.99,0,0,null,157.19999999999999,0,271.99,0,0,null,157.19999999999999,0,271.99,0,0,null,157.19999999999999,0,271.99,0,0,null,157.19999999999999,0,271.99,0,0,null,157.19999999999999,0,271.99,0,0,null,0,157.19999999999999,0,271.99,0,0,50,157.19999999999999,7859.9999999999991,271.99,13599.5,21459.5]
["1.7.38","Угол вертикальный внутренний 90° 300х50мм,  в комплекте с крепежными элементами","шт.",5,1572,7860,2977,14885,22745,null,null,1572,0,2977,0,0,null,1572,0,2977,0,0,null,1572,0,2977,0,0,null,1572,0,2977,0,0,null,1572,0,2977,0,0,null,1572,0,2977,0,0,null,1572,0,2977,0,0,null,1572,0,2977,0,0,null,0,1572,0,2977,0,0,5,1572,7860,2977,14885,22745]
["1.7.39","Угол горизонтальный 90° 100х50 мм в комплекте с крепежными элементами","шт.",3,1572,4716,2107.04,6321.12,11037.119999999999,null,null,1572,0,2107.04,0,0,null,1572,0,2107.04,0,0,null,1572,0,2107.04,0,0,null,1572,0,2107.04,0,0,null,1572,0,2107.04,0,0,null,1572,0,2107.04,0,0,null,1572,0,2107.04,0,0,null,1572,0,2107.04,0,0,null,0,1572,0,2107.04,0,0,3,1572,4716,2107.04,6321.12,11037.119999999999]
["1.7.40","Ответвитель T-образный горизонтальный 300х50,   в комплекте с крепежными элементами","шт.",7,1572,11004,4028.7,28200.899999999998,39204.899999999994,null,null,1572,0,4028.7,0,0,null,1572,0,4028.7,0,0,null,1572,0,4028.7,0,0,null,1572,0,4028.7,0,0,null,1572,0,4028.7,0,0,null,1572,0,4028.7,0,0,null,1572,0,4028.7,0,0,null,1572,0,4028.7,0,0,null,0,1572,0,4028.7,0,0,7,1572,11004,4028.7,28200.899999999998,39204.899999999994]
["1.7.41","Легкая консоль потолочная для лотков с основанием 300 мм. Крепление к потолку/стене (С-образный кронштейн)","шт.",120,353.7,42444,868.83,104259.6,146703.6,null,null,353.7,0,868.83,0,0,null,353.7,0,868.83,0,0,null,353.7,0,868.83,0,0,null,353.7,0,868.83,0,0,null,353.7,0,868.83,0,0,null,353.7,0,868.83,0,0,null,353.7,0,868.83,0,0,null,353.7,0,868.83,0,0,null,0,353.7,0,868.83,0,0,120,353.7,42444,868.83,104259.6,146703.6]
["1.7.42","Легкая консоль для лотков с основанием 100 мм. Крепление к стене","шт.",600,353.7,212220,171.08,102648.00000000001,314868,null,null,353.7,0,171.08,0,0,null,353.7,0,171.08,0,0,null,353.7,0,171.08,0,0,null,353.7,0,171.08,0,0,null,353.7,0,171.08,0,0,null,353.7,0,171.08,0,0,null,353.7,0,171.08,0,0,null,353.7,0,171.08,0,0,null,0,353.7,0,171.08,0,0,600,353.7,212220,171.08,102648.00000000001,314868]
["1.7.43","Стандартный анкер с болтом М8","шт.",625,32.75,20468.75,107.93,67456.25,87925,null,null,32.75,0,107.93,0,0,null,32.75,0,107.93,0,0,null,32.75,0,107.93,0,0,null,32.75,0,107.93,0,0,null,32.75,0,107.93,0,0,null,32.75,0,107.93,0,0,null,32.75,0,107.93,0,0,null,32.75,0,107.93,0,0,null,0,32.75,0,107.93,0,0,625,32.75,20468.75,107.93,67456.25,87925]
["1.7.44","Винт для соединения крышек лотков","шт.",50,19.649999999999999,982.49999999999989,13.26,663,1645.5,null,null,19.649999999999999,0,13.26,0,0,null,19.649999999999999,0,13.26,0,0,null,19.649999999999999,0,13.26,0,0,null,19.649999999999999,0,13.26,0,0,null,19.649999999999999,0,13.26,0,0,null,19.649999999999999,0,13.26,0,0,null,19.649999999999999,0,13.26,0,0,null,19.649999999999999,0,13.26,0,0,null,0,19.649999999999999,0,13.26,0,0,50,19.649999999999999,982.49999999999989,13.26,663,1645.5]
["1.7.45","Кабель волоконно-оптический 9/125 одномодовый, 16 волокон, для внутренней прокладки, LSZH","м",1660,220.08,365332.80000000005,172.91,287030.59999999998,652363.4,null,null,220.08,0,172.91,0,0,null,220.08,0,172.91,0,0,700,220.08,154056,172.91,121037,275093,null,220.08,0,172.91,0,0,null,220.08,0,172.91,0,0,null,220.08,0,172.91,0,0,null,220.08,0,172.91,0,0,null,220.08,0,172.91,0,0,null,700,220.08,154056,172.91,121037,275093,960,220.08,211276.80000000002,172.91,165993.60000000001,377270.4]
["1.7.46","Кабель витая пара неэкранированный U/UTP 4x2x0,51 категория 5е, материал оболочки LSZH (нг(А)-HF)","м",3050,146.72,447496,94.38,287859,735355,null,null,146.72,0,94.38,0,0,null,146.72,0,94.38,0,0,1200,146.72,176064,94.38,113256,289320,null,146.72,0,94.38,0,0,1850,146.72,271432,94.38,174603,446035,null,146.72,0,94.38,0,0,null,146.72,0,94.38,0,0,null,146.72,0,94.38,0,0,null,3050,146.72,447496,94.38,287859,735355,0,146.72,0,94.38,0,0,null,null,null,"!!!!"]
["1.7.47","Труба гофрированная ПВХ легкая серая D20","м",150,45.85,6877.5,28.08,4212,11089.5,null,null,45.85,0,28.08,0,0,null,45.85,0,28.08,0,0,null,45.85,0,28.08,0,0,null,45.85,0,28.08,0,0,null,45.85,0,28.08,0,0,null,45.85,0,28.08,0,0,null,45.85,0,28.08,0,0,null,45.85,0,28.08,0,0,null,0,45.85,0,28.08,0,0,150,45.85,6877.5,28.08,4212,11089.5]
["1.7.48","Держатель с защелкой и дюбелем d=20 мм","шт.",100,13.1,1310,31.72,3172,4482,null,null,13.1,0,31.72,0,0,null,13.1,0,31.72,0,0,null,13.1,0,31.72,0,0,null,13.1,0,31.72,0,0,null,13.1,0,31.72,0,0,null,13.1,0,31.72,0,0,null,13.1,0,31.72,0,0,null,13.1,0,31.72,0,0,null,0,13.1,0,31.72,0,0,100,13.1,1310,31.72,3172,4482]
["1.7.49","Кронштейн для крепления точки доступа","шт.",5,4401.6000000000004,22008,7007,35035,57043,null,null,4401.6000000000004,0,7007,0,0,null,4401.6000000000004,0,7007,0,0,null,4401.6000000000004,0,7007,0,0,null,4401.6000000000004,0,7007,0,0,null,4401.6000000000004,0,7007,0,0,null,4401.6000000000004,0,7007,0,0,null,4401.6000000000004,0,7007,0,0,null,4401.6000000000004,0,7007,0,0,null,0,4401.6000000000004,0,7007,0,0,5,4401.6000000000004,22008,7007,35035,57043]
["1.7.50","Универсальная противопожарная пена CP620","шт.",3,0,null,8244.6,24733.800000000003,24733.800000000003,null,null,0,null,8244.6,0,0,null,0,null,8244.6,0,0,null,0,null,8244.6,0,0,null,0,null,8244.6,0,0,null,0,null,8244.6,0,0,null,0,null,8244.6,0,0,null,0,null,8244.6,0,0,null,0,null,8244.6,0,0,null,0,0,null,8244.6,0,0,3,0,null,8244.6,24733.800000000003,24733.800000000003]
["1.7.51","Лента ламинированная для маркирования, черный текст на белом фоне, термотрансферная печать, шир 12 мм, дл 8м Vell-231","шт.",4,0,null,1648.43,6593.72,6593.72,null,null,0,null,1648.43,0,0,null,0,null,1648.43,0,0,null,0,null,1648.43,0,0,null,0,null,1648.43,0,0,null,0,null,1648.43,0,0,null,0,null,1648.43,0,0,null,0,null,1648.43,0,0,null,0,null,1648.43,0,0,null,0,0,null,1648.43,0,0,4,0,null,1648.43,6593.72,6593.72]
["1.7.52","Лента ламинированная для маркирования, черный текст на белом фоне, термотрансферная печать, шир 9 мм Vell-221","шт.",4,0,null,1489.8,5959.2,5959.2,null,null,0,null,1489.8,0,0,null,0,null,1489.8,0,0,null,0,null,1489.8,0,0,null,0,null,1489.8,0,0,null,0,null,1489.8,0,0,null,0,null,1489.8,0,0,null,0,null,1489.8,0,0,null,0,null,1489.8,0,0,null,0,0,null,1489.8,0,0,4,0,null,1489.8,5959.2,5959.2]
["1.7.53","Аксессуары (расходные материалы, крепеж)","компл.",1,0,null,23400,23400,23400,null,null,0,null,23400,0,0,null,0,null,23400,0,0,null,0,null,23400,0,0,null,0,null,23400,0,0,null,0,null,23400,0,0,null,0,null,23400,0,0,null,0,null,23400,0,0,null,0,null,23400,0,0,null,0,0,null,23400,0,0,1,0,null,23400,23400,23400]
["1.7.48","Пуско-наладочные работы","компл.",1,262080,{"$f":"D288*E288","v":262080},0,null,262080,null,null,262080,{"$f":"K288*L288","v":0},0,null,0,null,262080,{"$f":"Q288*R288","v":0},0,null,0,null,262080,{"$f":"W288*X288","v":0},0,null,0,null,262080,{"$f":"AC288*AD288","v":0},0,null,0,null,262080,{"$f":"AI288*AJ288","v":0},0,null,0,null,262080,{"$f":"AO288*AP288","v":0},0,null,0,null,262080,{"$f":"AU288*AV288","v":0},0,null,0,null,262080,{"$f":"BA288*BB288","v":0},0,null,0,null,0,262080,{"$f":"BH288*BI288","v":0},0,null,0,1,262080,{"$f":"BN288*BO288","v":262080},0,null,262080]
["1.8","130-23-СОТ Система охранного телевидения",null,null,null,null,null,null,null,null,null,null,null,null,null,null,null,null,null,null,null,null,null,null,null,null,null,null,null,null,null,null,null,null,null,null,{"$f":"AK290+AK291+AK292+AK293+AK294+AK295+AK296+AK297+AK298+AK299+AK300+AK301+AK302+AK303+AK304+AK305+AK306","v":254497.36800000002},null,{"$f":"AM290+AM291+AM292+AM293+AM294+AM295+AM296+AM297+AM298+AM299+AM300+AM301+AM302+AM303+AM304+AM305+AM306","v":300960.54599999997},{"$f":"AN290+AN291+AN292+AN293+AN294+AN295+AN296+AN297+AN298+AN299+AN300+AN301+AN302+AN303+AN304+AN305+AN306","v":555457.91399999999},null,null,{"$f":"AQ290+AQ291+AQ292+AQ293+AQ294+AQ295+AQ296+AQ297+AQ298+AQ299+AQ300+AQ301+AQ302+AQ303+AQ304+AQ305+AQ306","v":0},null,{"$f":"AS290+AS291+AS292+AS293+AS294+AS295+AS296+AS297+AS298+AS299+AS300+AS301+AS302+AS303+AS304+AS305+AS306","v":0},{"$f":"AT290+AT291+AT292+AT293+AT294+AT295+AT296+AT297+AT298+AT299+AT300+AT301+AT302+AT303+AT304+AT305+AT306","v":0},null,null,{"$f":"AW290+AW291+AW292+AW293+AW294+AW295+AW296+AW297+AW298+AW299+AW300+AW301+AW302+AW303+AW304+AW305+AW306","v":0},null,{"$f":"AY290+AY291+AY292+AY293+AY294+AY295+AY296+AY297+AY298+AY299+AY300+AY301+AY302+AY303+AY304+AY305+AY306","v":0},{"$f":"AZ290+AZ291+AZ292+AZ293+AZ294+AZ295+AZ296+AZ297+AZ298+AZ299+AZ300+AZ301+AZ302+AZ303+AZ304+AZ305+AZ306","v":0},null,null,{"$f":"BC290+BC291+BC292+BC293+BC294+BC295+BC296+BC297+BC298+BC299+BC300+BC301+BC302+BC303+BC304+BC305+BC306","v":0},null,{"$f":"BE290+BE291+BE292+BE293+BE294+BE295+BE296+BE297+BE298+BE299+BE300+BE301+BE302+BE303+BE304+BE305+BE306","v":0},{"$f":"BF290+BF291+BF292+BF293+BF294+BF295+BF296+BF297+BF298+BF299+BF300+BF301+BF302+BF303+BF304+BF305+BF306","v":0},null,0,null,{"$f":"BJ290+BJ291+BJ292+BJ293+BJ294+BJ295+BJ296+BJ297+BJ298+BJ299+BJ300+BJ301+BJ302+BJ303+BJ304+BJ305+BJ306","v":508561.36800000002},null,{"$f":"BL290+BL291+BL292+BL293+BL294+BL295+BL296+BL297+BL298+BL299+BL300+BL301+BL302+BL303+BL304+BL305+BL306","v":1768663.1459999999},{"$f":"BM290+BM291+BM292+BM293+BM294+BM295+BM296+BM297+BM298+BM299+BM300+BM301+BM302+BM303+BM304+BM305+BM306","v":2277224.5139999995},0,null,{"$f":"BP290+BP291+BP292+BP293+BP294+BP295+BP296+BP297+BP298+BP299+BP300+BP301+BP302+BP303+BP304+BP305+BP306","v":196795.73199999999},null,{"$f":"BR290+BR291+BR292+BR293+BR294+BR295+BR296+BR297+BR298+BR299+BR300+BR301+BR302+BR303+BR304+BR305+BR306","v":248164.50399999999},{"$f":"BS290+BS291+BS292+BS293+BS294+BS295+BS296+BS297+BS298+BS299+BS300+BS301+BS302+BS303+BS304+BS305+BS306","v":444960.23599999998}]
["1.8.1","IP-камера уличная цилиндрическая. Разрешение 2 Мп, 1/2.8\" Progressive   ","шт.",10,6668,{"$f":"D290*E290","v":66680},39380,{"$f":"D290*G290","v":393800},{"$f":"E290*D290+G290*D290","v":460480},null,null,6668,{"$f":"K290*L290","v":0},39380,{"$f":"K290*N290","v":0},{"$f":"L290*K290+N290*K290","v":0},null,6668,{"$f":"Q290*R290","v":0},39380,{"$f":"Q290*T290","v":0},{"$f":"R290*Q290+T290*Q290","v":0},10,6668,{"$f":"W290*X290","v":66680},39380,{"$f":"W290*Z290","v":393800},{"$f":"X290*W290+Z290*W290","v":460480},null,6668,{"$f":"AC290*AD290","v":0},39380,{"$f":"AC290*AF290","v":0},{"$f":"AD290*AC290+AF290*AC290","v":0},null,6668,{"$f":"AI290*AJ290","v":0},39380,{"$f":"AI290*AL290","v":0},{"$f":"AJ290*AI290+AL290*AI290","v":0},null,6668,{"$f":"AO290*AP290","v":0},39380,{"$f":"AO290*AR290","v":0},{"$f":"AP290*AO290+AR290*AO290","v":0},null,6668,{"$f":"AU290*AV290","v":0},39380,{"$f":"AU290*AX290","v":0},{"$f":"AV290*AU290+AX290*AU290","v":0},null,6668,{"$f":"BA290*BB290","v":0},39380,{"$f":"BA290*BD290","v":0},{"$f":"BB290*BA290+BD290*BA290","v":0},null,{"$f":"K290+Q290+W290+AC290+AI290+AO290+AU290+BA290","v":10},6668,{"$f":"BH290*BI290","v":66680},39380,{"$f":"BH290*BK290","v":393800},{"$f":"BI290*BH290+BK290*BH290","v":460480},{"$f":"D290-BH290","v":0},6668,{"$f":"BN290*BO290","v":0},39380,{"$f":"BN290*BQ290","v":0},{"$f":"BO290*BN290+BQ290*BN290","v":0}]
["1.8.2","IP-камера уличая купольная. Разрешение 2 Мп, 1/2.8\" Progressive Scan CMOS","шт.",24,5668,136032,23220,557280,693312,null,null,5668,0,23220,0,0,null,5668,0,23220,0,0,24,5668,136032,23220,557280,693312,null,5668,0,23220,0,0,null,5668,0,23220,0,0,null,5668,0,23220,0,0,null,5668,0,23220,0,0,null,5668,0,23220,0,0,null,24,5668,136032,23220,557280,693312,0,5668,0,23220,0,0]
["1.8.3","Кронштейн для крепления IP-камер","шт.",28,1965,55020,7007,196196,251216,null,null,1965,0,7007,0,0,null,1965,0,7007,0,0,10,1965,19650,7007,70070,89720,null,1965,0,7007,0,0,null,1965,0,7007,0,0,null,1965,0,7007,0,0,null,1965,0,7007,0,0,null,1965,0,7007,0,0,null,10,1965,19650,7007,70070,89720,18,1965,35370,7007,126126,161496]
["1.8.4","Монтажная коробка для IP-камер ","шт.",34,655,22270,2366,80444,102714,null,null,655,0,2366,0,0,null,655,0,2366,0,0,34,655,22270,2366,80444,102714,null,655,0,2366,0,0,null,655,0,2366,0,0,null,655,0,2366,0,0,null,655,0,2366,0,0,null,655,0,2366,0,0,null,34,655,22270,2366,80444,102714,0,655,0,2366,0,0]
["1.8.5","Коммутатор управляемый, уровень L3, 16 портов PoE 10/100M RJ45","шт.",4,3144,12576,122036.2,488144.8,500720.8,null,null,3144,0,122036.2,0,0,null,3144,0,122036.2,0,0,3,3144,9432,122036.2,366108.6,375540.6,null,3144,0,122036.2,0,0,1,3144,3144,122036.2,122036.2,125180.2,null,3144,0,122036.2,0,0,null,3144,0,122036.2,0,0,null,3144,0,122036.2,0,0,null,4,3144,12576,122036.2,488144.8,500720.8,0,3144,0,122036.2,0,0]
["1.8.6","Шнур (патч-корд) оптический, SM9/125 мкм, дуплекс, LC-LC, 3 м 130202-02793","шт.",4,65.5,262,470.6,1882.4,2144.4,null,null,65.5,0,470.6,0,0,null,65.5,0,470.6,0,0,null,65.5,0,470.6,0,0,null,65.5,0,470.6,0,0,4,65.5,262,470.6,1882.4,2144.4,null,65.5,0,470.6,0,0,null,65.5,0,470.6,0,0,null,65.5,0,470.6,0,0,null,4,65.5,262,470.6,1882.4,2144.4,0,65.5,0,470.6,0,0]
["1.8.7","Муфта вводная dвн=20,4 мм, dнар=20,6 мм, исполнение прямолинейное, вводная резьба 1/2\"","шт.",34,131,4454,122.2,4154.8,8608.7999999999993,null,null,131,0,122.2,0,0,null,131,0,122.2,0,0,null,131,0,122.2,0,0,null,131,0,122.2,0,0,null,131,0,122.2,0,0,null,131,0,122.2,0,0,null,131,0,122.2,0,0,null,131,0,122.2,0,0,null,0,131,0,122.2,0,0,34,131,4454,122.2,4154.8,8608.7999999999993]
["1.8.8","Коннектор RJ-45 кат.5E неэкранированный","шт.",200,32.75,6550,41.6,8320,14870,null,null,32.75,0,41.6,0,0,null,32.75,0,41.6,0,0,null,32.75,0,41.6,0,0,null,32.75,0,41.6,0,0,34,32.75,1113.5,41.6,1414.4,2527.9,null,32.75,0,41.6,0,0,null,32.75,0,41.6,0,0,null,32.75,0,41.6,0,0,null,34,32.75,1113.5,41.6,1414.4,2527.9,166,32.75,5436.5,41.6,6905.6,12342.1]
["1.8.9","Кабель витая пара неэкранированный U/UTP 4x2x0,51 кат. 5е, материал оболочки LSZH (нг(А)-HF)","м",2035,162.44,330565.40000000002,94.38,192063.3,522628.7,null,null,162.44,0,94.38,0,0,null,162.44,0,94.38,0,0,null,162.44,0,94.38,0,0,null,162.44,0,94.38,0,0,1509.7,162.44,245235.66800000001,94.38,142485.486,387721.15399999998,null,162.44,0,94.38,0,0,null,162.44,0,94.38,0,0,null,162.44,0,94.38,0,0,null,1509.7,162.44,245235.66800000001,94.38,142485.486,387721.15399999998,525.29999999999995,162.44,85329.731999999989,94.38,49577.813999999991,134907.54599999997,null,null,null,"!!!!"]
["1.8.10","Универсальная противопожарная пена CP620","шт.",2,1257.5999999999999,2515.1999999999998,8244.6,16489.2,19004.400000000001,null,null,1257.5999999999999,0,8244.6,0,0,null,1257.5999999999999,0,8244.6,0,0,null,1257.5999999999999,0,8244.6,0,0,null,1257.5999999999999,0,8244.6,0,0,2,1257.5999999999999,2515.1999999999998,8244.6,16489.2,19004.400000000001,null,1257.5999999999999,0,8244.6,0,0,null,1257.5999999999999,0,8244.6,0,0,null,1257.5999999999999,0,8244.6,0,0,null,2,1257.5999999999999,2515.1999999999998,8244.6,16489.2,19004.400000000001,0,1257.5999999999999,0,8244.6,0,0]
["1.8.11","Стяжка нейлоновая неоткрывающаяся, безгалогенная, 300х3,6 мм GT-300IBC","шт.",100,0,null,7.59,759,759,null,null,0,null,7.59,0,0,null,0,null,7.59,0,0,null,0,0,7.59,0,0,null,0,null,7.59,0,0,100,0,null,7.59,759,759,null,0,null,7.59,0,0,null,0,null,7.59,0,0,null,0,null,7.59,0,0,null,100,0,null,7.59,759,759,0,0,null,7.59,0,0]
["1.8.12","Лента ламинированная для маркирования, черный текст на белом фоне, термотрансферная печать, шир 12 мм Vell-231","шт.",5,0,null,1648.43,8242.15,8242.15,null,null,0,null,1648.43,0,0,null,0,null,1648.43,0,0,null,0,0,1648.43,0,0,null,0,null,1648.43,0,0,2,0,null,1648.43,3296.86,3296.86,null,0,null,1648.43,0,0,null,0,null,1648.43,0,0,null,0,null,1648.43,0,0,null,2,0,null,1648.43,3296.86,3296.86,3,0,null,1648.43,4945.29,4945.29]
["1.8.13","Труба гофрированная ПВХ легкая серая D20","м",250,45.85,{"$f":"D302*E302","v":11462.5},125.84,31460,42922.5,null,null,45.85,{"$f":"K302*L302","v":0},125.84,0,0,null,45.85,{"$f":"Q302*R302","v":0},125.84,0,0,null,45.85,{"$f":"W302*X302","v":0},125.84,0,0,null,45.85,{"$f":"AC302*AD302","v":0},125.84,0,0,null,45.85,{"$f":"AI302*AJ302","v":0},125.84,0,0,null,45.85,{"$f":"AO302*AP302","v":0},125.84,0,0,null,45.85,{"$f":"AU302*AV302","v":0},125.84,0,0,null,45.85,{"$f":"BA302*BB302","v":0},125.84,0,0,null,0,45.85,{"$f":"BH302*BI302","v":0},125.84,0,0,250,45.85,{"$f":"BN302*BO302","v":11462.5},125.84,31460,42922.5]
["1.8.14","Держатель с защелкой и дюбелем d=20 мм","шт.",100,13.1,{"$f":"D303*E303","v":1310},31.72,3172,4482,null,null,13.1,{"$f":"K303*L303","v":0},31.72,0,0,null,13.1,{"$f":"Q303*R303","v":0},31.72,0,0,null,13.1,{"$f":"W303*X303","v":0},31.72,0,0,null,13.1,{"$f":"AC303*AD303","v":0},31.72,0,0,null,13.1,{"$f":"AI303*AJ303","v":0},31.72,0,0,null,13.1,{"$f":"AO303*AP303","v":0},31.72,0,0,null,13.1,{"$f":"AU303*AV303","v":0},31.72,0,0,null,13.1,{"$f":"BA303*BB303","v":0},31.72,0,0,null,0,13.1,{"$f":"BH303*BI303","v":0},31.72,0,0,100,13.1,{"$f":"BN303*BO303","v":1310},31.72,3172,4482]
["1.8.15","Патч-корд U/UTP cat. 5e, внешняя оболочка LSZH, 4 пары, RJ45-RJ45, длина 1 м, серый","шт.",40,65.5,{"$f":"D304*E304","v":2620},370.5,14820,17440,null,null,65.5,{"$f":"K304*L304","v":0},370.5,0,0,null,65.5,{"$f":"Q304*R304","v":0},370.5,0,0,null,65.5,{"$f":"W304*X304","v":0},370.5,0,0,null,65.5,{"$f":"AC304*AD304","v":0},370.5,0,0,34,65.5,{"$f":"AI304*AJ304","v":2227},370.5,12597,14824,null,65.5,{"$f":"AO304*AP304","v":0},370.5,0,0,null,65.5,{"$f":"AU304*AV304","v":0},370.5,0,0,null,65.5,{"$f":"BA304*BB304","v":0},370.5,0,0,null,34,65.5,{"$f":"BH304*BI304","v":2227},370.5,12597,14824,6,65.5,{"$f":"BN304*BO304","v":393},370.5,2223,2616]
["1.8.16","Аксессуары (расходные материалы, крепеж)","компл.",1,0,null,19600,19600,19600,null,null,0,null,19600,0,0,null,0,null,19600,0,0,null,0,null,19600,0,0,null,0,null,19600,0,0,null,0,null,19600,0,0,null,0,null,19600,0,0,null,0,null,19600,0,0,null,0,null,19600,0,0,null,0,0,null,19600,0,0,1,0,null,19600,19600,19600]
["1.8.17","Пуско-наладочные работы","компл.",1,53040,{"$f":"D306*E306","v":53040},0,null,53040,null,null,53040,{"$f":"K306*L306","v":0},0,null,0,null,53040,{"$f":"Q306*R306","v":0},0,null,0,null,53040,{"$f":"W306*X306","v":0},0,null,0,null,53040,{"$f":"AC306*AD306","v":0},0,null,0,null,53040,{"$f":"AI306*AJ306","v":0},0,null,0,null,53040,{"$f":"AO306*AP306","v":0},0,null,0,null,53040,{"$f":"AU306*AV306","v":0},0,null,0,null,53040,{"$f":"BA306*BB306","v":0},0,null,0,null,0,53040,{"$f":"BH306*BI306","v":0},0,null,0,1,53040,{"$f":"BN306*BO306","v":53040},0,null,53040]
["1.9","130-23-УА1 Устройства автоматики",null,null,null,null,null,null,null,null,null,null,null,null,null,null,null,null,null,null,null,null,null,null,null,null,null,null,null,null,null,null,null,null,null,null,{"$f":"AK308+AK309","v":0},null,{"$f":"AM308+AM309","v":0},{"$f":"AN308+AN309","v":0},null,null,{"$f":"AQ308+AQ309","v":0},null,{"$f":"AS308+AS309","v":0},{"$f":"AT308+AT309","v":0},null,null,{"$f":"AW308+AW309","v":0},null,{"$f":"AY308+AY309","v":0},{"$f":"AZ308+AZ309","v":0},null,null,{"$f":"BC308+BC309","v":0},null,{"$f":"BE308+BE309","v":0},{"$f":"BF308+BF309","v":0},null,0,null,{"$f":"BJ308+BJ309","v":0},null,{"$f":"BL308+BL309","v":0},{"$f":"BM308+BM309","v":0},0,null,{"$f":"BP308+BP309","v":174381.28999999998},null,{"$f":"BR308+BR309","v":276392.98},{"$f":"BS308+BS309","v":450774.27}]
["1.9.1","Монтаж комплектов автоматики","к-т",1,117977.29,{"$f":"D308*E308","v":117977.29},197096.98,{"$f":"D308*G308","v":197096.98},{"$f":"E308*D308+G308*D308","v":315074.27},null,null,117977.29,{"$f":"K308*L308","v":0},197096.98,{"$f":"K308*N308","v":0},{"$f":"L308*K308+N308*K308","v":0},null,117977.29,{"$f":"Q308*R308","v":0},197096.98,{"$f":"Q308*T308","v":0},{"$f":"R308*Q308+T308*Q308","v":0},null,117977.29,{"$f":"W308*X308","v":0},197096.98,{"$f":"W308*Z308","v":0},{"$f":"X308*W308+Z308*W308","v":0},null,117977.29,{"$f":"AC308*AD308","v":0},197096.98,{"$f":"AC308*AF308","v":0},{"$f":"AD308*AC308+AF308*AC308","v":0},null,117977.29,{"$f":"AI308*AJ308","v":0},197096.98,{"$f":"AI308*AL308","v":0},{"$f":"AJ308*AI308+AL308*AI308","v":0},null,117977.29,{"$f":"AO308*AP308","v":0},197096.98,{"$f":"AO308*AR308","v":0},{"$f":"AP308*AO308+AR308*AO308","v":0},null,117977.29,{"$f":"AU308*AV308","v":0},197096.98,{"$f":"AU308*AX308","v":0},{"$f":"AV308*AU308+AX308*AU308","v":0},null,117977.29,{"$f":"BA308*BB308","v":0},197096.98,{"$f":"BA308*BD308","v":0},{"$f":"BB308*BA308+BD308*BA308","v":0},null,0,117977.29,{"$f":"BH308*BI308","v":0},197096.98,{"$f":"BH308*BK308","v":0},{"$f":"BI308*BH308+BK308*BH308","v":0},1,117977.29,{"$f":"BN308*BO308","v":117977.29},197096.98,{"$f":"BN308*BQ308","v":197096.98},{"$f":"BO308*BN308+BQ308*BN308","v":315074.27}]
["1.9.2","Прокладка кабелей системы автоматизации вентиляции","пм",236,239,{"$f":"D309*E309","v":56404},336,{"$f":"D309*G309","v":79296},{"$f":"E309*D309+G309*D309","v":135700},null,null,239,{"$f":"K309*L309","v":0},336,{"$f":"K309*N309","v":0},{"$f":"L309*K309+N309*K309","v":0},null,239,{"$f":"Q309*R309","v":0},336,{"$f":"Q309*T309","v":0},{"$f":"R309*Q309+T309*Q309","v":0},null,239,{"$f":"W309*X309","v":0},336,{"$f":"W309*Z309","v":0},{"$f":"X309*W309+Z309*W309","v":0},null,239,{"$f":"AC309*AD309","v":0},336,{"$f":"AC309*AF309","v":0},{"$f":"AD309*AC309+AF309*AC309","v":0},null,239,{"$f":"AI309*AJ309","v":0},336,{"$f":"AI309*AL309","v":0},{"$f":"AJ309*AI309+AL309*AI309","v":0},null,239,{"$f":"AO309*AP309","v":0},336,{"$f":"AO309*AR309","v":0},{"$f":"AP309*AO309+AR309*AO309","v":0},null,239,{"$f":"AU309*AV309","v":0},336,{"$f":"AU309*AX309","v":0},{"$f":"AV309*AU309+AX309*AU309","v":0},null,239,{"$f":"BA309*BB309","v":0},336,{"$f":"BA309*BD309","v":0},{"$f":"BB309*BA309+BD309*BA309","v":0},null,0,239,{"$f":"BH309*BI309","v":0},336,{"$f":"BH309*BK309","v":0},{"$f":"BI309*BH309+BK309*BH309","v":0},236,239,{"$f":"BN309*BO309","v":56404},336,{"$f":"BN309*BQ309","v":79296},{"$f":"BO309*BN309+BQ309*BN309","v":135700}]
["1.10","130-23-ЭО1 Электрическое освещение",null,null,null,null,null,null,null,null,null,null,null,null,null,null,null,null,null,null,null,null,null,null,null,null,null,null,null,null,null,null,null,null,null,null,{"$f":"AK311+AK312+AK313+AK314+AK315+AK316+AK317+AK318+AK319+AK320+AK321+AK322+AK323+AK324+AK325+AK326+AK327+AK328+AK329+AK330+AK331+AK332","v":0},null,{"$f":"AM311+AM312+AM313+AM314+AM315+AM316+AM317+AM318+AM319+AM320+AM321+AM322+AM323+AM324+AM325+AM326+AM327+AM328+AM329+AM330+AM331+AM332","v":0},{"$f":"AN311+AN312+AN313+AN314+AN315+AN316+AN317+AN318+AN319+AN320+AN321+AN322+AN323+AN324+AN325+AN326+AN327+AN328+AN329+AN330+AN331+AN332","v":0},null,null,{"$f":"AQ311+AQ312+AQ313+AQ314+AQ315+AQ316+AQ317+AQ318+AQ319+AQ320+AQ321+AQ322+AQ323+AQ324+AQ325+AQ326+AQ327+AQ328+AQ329+AQ330+AQ331+AQ332","v":0},null,{"$f":"AS311+AS312+AS313+AS314+AS315+AS316+AS317+AS318+AS319+AS320+AS321+AS322+AS323+AS324+AS325+AS326+AS327+AS328+AS329+AS330+AS331+AS332","v":0},{"$f":"AT311+AT312+AT313+AT314+AT315+AT316+AT317+AT318+AT319+AT320+AT321+AT322+AT323+AT324+AT325+AT326+AT327+AT328+AT329+AT330+AT331+AT332","v":0},null,null,{"$f":"AW311+AW312+AW313+AW314+AW315+AW316+AW317+AW318+AW319+AW320+AW321+AW322+AW323+AW324+AW325+AW326+AW327+AW328+AW329+AW330+AW331+AW332","v":0},null,{"$f":"AY311+AY312+AY313+AY314+AY315+AY316+AY317+AY318+AY319+AY320+AY321+AY322+AY323+AY324+AY325+AY326+AY327+AY328+AY329+AY330+AY331+AY332","v":0},{"$f":"AZ311+AZ312+AZ313+AZ314+AZ315+AZ316+AZ317+AZ318+AZ319+AZ320+AZ321+AZ322+AZ323+AZ324+AZ325+AZ326+AZ327+AZ328+AZ329+AZ330+AZ331+AZ332","v":0},null,null,{"$f":"BC311+BC312+BC313+BC314+BC315+BC316+BC317+BC318+BC319+BC320+BC321+BC322+BC323+BC324+BC325+BC326+BC327+BC328+BC329+BC330+BC331+BC332","v":0},null,{"$f":"BE311+BE312+BE313+BE314+BE315+BE316+BE317+BE318+BE319+BE320+BE321+BE322+BE323+BE324+BE325+BE326+BE327+BE328+BE329+BE330+BE331+BE332","v":0},{"$f":"BF311+BF312+BF313+BF314+BF315+BF316+BF317+BF318+BF319+BF320+BF321+BF322+BF323+BF324+BF325+BF326+BF327+BF328+BF329+BF330+BF331+BF332","v":0},null,0,null,{"$f":"BJ311+BJ312+BJ313+BJ314+BJ315+BJ316+BJ317+BJ318+BJ319+BJ320+BJ321+BJ322+BJ323+BJ324+BJ325+BJ326+BJ327+BJ328+BJ329+BJ330+BJ331+BJ332","v":875551.6},null,{"$f":"BL311+BL312+BL313+BL314+BL315+BL316+BL317+BL318+BL319+BL320+BL321+BL322+BL323+BL324+BL325+BL326+BL327+BL328+BL329+BL330+BL331+BL332","v":7371497.5999999996},{"$f":"BM311+BM312+BM313+BM314+BM315+BM316+BM317+BM318+BM319+BM320+BM321+BM322+BM323+BM324+BM325+BM326+BM327+BM328+BM329+BM330+BM331+BM332","v":8247049.1999999993},0,null,{"$f":"BP311+BP312+BP313+BP314+BP315+BP316+BP317+BP318+BP319+BP320+BP321+BP322+BP323+BP324+BP325+BP326+BP327+BP328+BP329+BP330+BP331+BP332","v":842927.60000000009},null,{"$f":"BR311+BR312+BR313+BR314+BR315+BR316+BR317+BR318+BR319+BR320+BR321+BR322+BR323+BR324+BR325+BR326+BR327+BR328+BR329+BR330+BR331+BR332","v":1664707.44},{"$f":"BS311+BS312+BS313+BS314+BS315+BS316+BS317+BS318+BS319+BS320+BS321+BS322+BS323+BS324+BS325+BS326+BS327+BS328+BS329+BS330+BS331+BS332","v":2507635.04}]
["1.10.1","Демонтаж светильников","шт.",217,1414.8,{"$f":"D311*E311","v":307011.59999999998},0,null,{"$f":"E311*D311+G311*D311","v":307011.59999999998},null,null,1414.8,{"$f":"K311*L311","v":0},0,null,{"$f":"L311*K311+N311*K311","v":0},null,1414.8,{"$f":"Q311*R311","v":0},0,null,{"$f":"R311*Q311+T311*Q311","v":0},217,1414.8,{"$f":"W311*X311","v":307011.59999999998},0,null,{"$f":"X311*W311+Z311*W311","v":307011.59999999998},null,1414.8,{"$f":"AC311*AD311","v":0},0,null,{"$f":"AD311*AC311+AF311*AC311","v":0},null,1414.8,{"$f":"AI311*AJ311","v":0},0,null,{"$f":"AJ311*AI311+AL311*AI311","v":0},null,1414.8,{"$f":"AO311*AP311","v":0},0,null,{"$f":"AP311*AO311+AR311*AO311","v":0},null,1414.8,{"$f":"AU311*AV311","v":0},0,null,{"$f":"AV311*AU311+AX311*AU311","v":0},null,1414.8,{"$f":"BA311*BB311","v":0},0,null,{"$f":"BB311*BA311+BD311*BA311","v":0},null,217,1414.8,{"$f":"BH311*BI311","v":307011.59999999998},0,null,{"$f":"BI311*BH311+BK311*BH311","v":307011.59999999998},0,1414.8,{"$f":"BN311*BO311","v":0},0,null,{"$f":"BO311*BN311+BQ311*BN311","v":0}]
["1.10.2","Панель ППУ в комплекте с АВР, навесного исполнения с двумя вводами на 63А","шт.",1,7074,7074,127083.28,{"$f":"D312*G312","v":127083.28},134157.28,null,null,7074,0,127083.28,{"$f":"K312*N312","v":0},0,null,7074,0,127083.28,{"$f":"Q312*T312","v":0},0,null,7074,0,127083.28,{"$f":"W312*Z312","v":0},0,null,7074,0,127083.28,{"$f":"AC312*AF312","v":0},0,null,7074,0,127083.28,{"$f":"AI312*AL312","v":0},0,null,7074,0,127083.28,{"$f":"AO312*AR312","v":0},0,null,7074,0,127083.28,{"$f":"AU312*AX312","v":0},0,null,7074,0,127083.28,{"$f":"BA312*BD312","v":0},0,null,0,7074,0,127083.28,{"$f":"BH312*BK312","v":0},0,1,7074,7074,127083.28,{"$f":"BN312*BQ312","v":127083.28},134157.28]
["1.10.3","Щит управления освещением ЩУО1","шт.",1,6550,6550,194976.78,194976.78,201526.78,null,null,6550,0,194976.78,0,0,null,6550,0,194976.78,0,0,null,6550,0,194976.78,0,0,null,6550,0,194976.78,0,0,null,6550,0,194976.78,0,0,null,6550,0,194976.78,0,0,null,6550,0,194976.78,0,0,null,6550,0,194976.78,0,0,null,0,6550,0,194976.78,0,0,1,6550,6550,194976.78,194976.78,201526.78]
["1.10.4","Кабель силовой с медными жилами огнестойкий с пониженным содержанием галогенов ППГнг(А)-FRHF 5х25","м.",170,310,52700,2669.76,453859.2,506559.2,null,null,310,0,2669.76,0,0,null,310,0,2669.76,0,0,null,310,0,2669.76,0,0,null,310,0,2669.76,0,0,null,310,0,2669.76,0,0,null,310,0,2669.76,0,0,null,310,0,2669.76,0,0,null,310,0,2669.76,0,0,null,0,310,0,2669.76,0,0,170,310,52700,2669.76,453859.2,506559.2]
["1.10.5","Кабель силовой с медными жилами огнестойкий с пониженным содержанием галогенов ППГнг(А)-FRHF 3х1.5","м.",650,182,118300,160,104000,222300,null,null,182,0,160,0,0,null,182,0,160,0,0,null,182,0,160,0,0,null,182,0,160,0,0,null,182,0,160,0,0,null,182,0,160,0,0,null,182,0,160,0,0,null,182,0,160,0,0,null,0,182,0,160,0,0,650,182,118300,160,104000,222300]
["1.10.6","Светодиодный светильник промышленный 180Вт, без БАП","шт.",205,2620,537100,35000,7175000,7712100,null,null,2620,0,35000,0,0,null,2620,0,35000,0,0,205,2620,537100,35000,7175000,7712100,null,2620,0,35000,0,0,null,2620,0,35000,0,0,null,2620,0,35000,0,0,null,2620,0,35000,0,0,null,2620,0,35000,0,0,null,205,2620,537100,35000,7175000,7712100,0,2620,0,35000,0,0]
["1.10.7","Светодиодный светильник промышленный 180Вт, c БАП","шт.",12,2620,31440,16374.8,196497.59999999998,227937.59999999998,null,null,2620,0,16374.8,0,0,null,2620,0,16374.8,0,0,12,2620,31440,16374.8,196497.59999999998,227937.59999999998,null,2620,0,16374.8,0,0,null,2620,0,16374.8,0,0,null,2620,0,16374.8,0,0,null,2620,0,16374.8,0,0,null,2620,0,16374.8,0,0,null,12,2620,31440,16374.8,196497.59999999998,227937.59999999998,0,2620,0,16374.8,0,0]
["1.10.8","Лоток 50х200 L=3000 перфорированный","м.",201,838.4,168518.39999999999,981.52,197285.52,365803.92,null,null,838.4,0,981.52,0,0,null,838.4,0,981.52,0,0,null,838.4,0,981.52,0,0,null,838.4,0,981.52,0,0,null,838.4,0,981.52,0,0,null,838.4,0,981.52,0,0,null,838.4,0,981.52,0,0,null,838.4,0,981.52,0,0,null,0,838.4,0,981.52,0,0,201,838.4,168518.39999999999,981.52,197285.52,365803.92]
["1.10.9","Крышка L=3000 для лотков шириной 200мм","м.",201,157.19999999999999,31597.199999999997,527.80999999999995,106089.80999999998,137687.00999999998,null,null,157.19999999999999,0,527.80999999999995,0,0,null,157.19999999999999,0,527.80999999999995,0,0,null,157.19999999999999,0,527.80999999999995,0,0,null,157.19999999999999,0,527.80999999999995,0,0,null,157.19999999999999,0,527.80999999999995,0,0,null,157.19999999999999,0,527.80999999999995,0,0,null,157.19999999999999,0,527.80999999999995,0,0,null,157.19999999999999,0,527.80999999999995,0,0,null,0,157.19999999999999,0,527.80999999999995,0,0,201,157.19999999999999,31597.199999999997,527.80999999999995,106089.80999999998,137687.00999999998]
["1.10.10","Лоток 50х50 L=3000 перфорированный","м.",174,838.4,145881.60000000001,487.5,84825,230706.6,null,null,838.4,0,487.5,0,0,null,838.4,0,487.5,0,0,null,838.4,0,487.5,0,0,null,838.4,0,487.5,0,0,null,838.4,0,487.5,0,0,null,838.4,0,487.5,0,0,null,838.4,0,487.5,0,0,null,838.4,0,487.5,0,0,null,0,838.4,0,487.5,0,0,174,838.4,145881.60000000001,487.5,84825,230706.6]
["1.10.11","Крышка L=3000 для лотков шириной 50мм","м.",174,157.19999999999999,27352.799999999999,206.6,35948.400000000001,63301.2,null,null,157.19999999999999,0,206.6,0,0,null,157.19999999999999,0,206.6,0,0,null,157.19999999999999,0,206.6,0,0,null,157.19999999999999,0,206.6,0,0,null,157.19999999999999,0,206.6,0,0,null,157.19999999999999,0,206.6,0,0,null,157.19999999999999,0,206.6,0,0,null,157.19999999999999,0,206.6,0,0,null,0,157.19999999999999,0,206.6,0,0,174,157.19999999999999,27352.799999999999,206.6,35948.400000000001,63301.2]
["1.10.12","Консоль ML 2000мм легкая BBL3020","шт.",168,353.7,59421.599999999999,279.49,46954.32,106375.92,null,null,353.7,0,279.49,0,0,null,353.7,0,279.49,0,0,null,353.7,0,279.49,0,0,null,353.7,0,279.49,0,0,null,353.7,0,279.49,0,0,null,353.7,0,279.49,0,0,null,353.7,0,279.49,0,0,null,353.7,0,279.49,0,0,null,0,353.7,0,279.49,0,0,168,353.7,59421.599999999999,279.49,46954.32,106375.92]
["1.10.13","Анкер М8 латунный разрезной","шт.",336,32.75,11004,102.05,34288.799999999996,45292.799999999996,null,null,32.75,0,102.05,0,0,null,32.75,0,102.05,0,0,null,32.75,0,102.05,0,0,null,32.75,0,102.05,0,0,null,32.75,0,102.05,0,0,null,32.75,0,102.05,0,0,null,32.75,0,102.05,0,0,null,32.75,0,102.05,0,0,null,0,32.75,0,102.05,0,0,336,32.75,11004,102.05,34288.799999999996,45292.799999999996]
["1.10.14","Шпилька М8х2000","шт.",90,393,35370,221.68,19951.2,55321.2,null,null,393,0,221.68,0,0,null,393,0,221.68,0,0,null,393,0,221.68,0,0,null,393,0,221.68,0,0,null,393,0,221.68,0,0,null,393,0,221.68,0,0,null,393,0,221.68,0,0,null,393,0,221.68,0,0,null,0,393,0,221.68,0,0,90,393,35370,221.68,19951.2,55321.2]
["1.10.15","Шайба М8","шт.",600,0,0,8.8000000000000007,5280,5280,null,null,0,0,8.8000000000000007,0,0,null,0,0,8.8000000000000007,0,0,null,0,0,8.8000000000000007,0,0,null,0,0,8.8000000000000007,0,0,null,0,0,8.8000000000000007,0,0,null,0,0,8.8000000000000007,0,0,null,0,0,8.8000000000000007,0,0,null,0,0,8.8000000000000007,0,0,null,0,0,0,8.8000000000000007,0,0,600,0,0,8.8000000000000007,5280,5280]
["1.10.16","Гайка М8","шт.",600,0,0,3.98,2388,2388,null,null,0,0,3.98,0,0,null,0,0,3.98,0,0,null,0,0,3.98,0,0,null,0,0,3.98,0,0,null,0,0,3.98,0,0,null,0,0,3.98,0,0,null,0,0,3.98,0,0,null,0,0,3.98,0,0,null,0,0,0,3.98,0,0,600,0,0,3.98,2388,2388]
["1.10.17","С-образный профиль 41х21, L2000, толщ. 2,0 мм","шт.",60,393,23580,2051.09,123065.40000000001,146645.40000000002,null,null,393,0,2051.09,0,0,null,393,0,2051.09,0,0,null,393,0,2051.09,0,0,null,393,0,2051.09,0,0,null,393,0,2051.09,0,0,null,393,0,2051.09,0,0,null,393,0,2051.09,0,0,null,393,0,2051.09,0,0,null,0,393,0,2051.09,0,0,60,393,23580,2051.09,123065.40000000001,146645.40000000002]
["1.10.18","Профиль BPL2130 DBL 21x41x1,5 L=3000 C-образный","шт.",36,393,14148,2175.58,78320.88,92468.88,null,null,393,0,2175.58,0,0,null,393,0,2175.58,0,0,null,393,0,2175.58,0,0,null,393,0,2175.58,0,0,null,393,0,2175.58,0,0,null,393,0,2175.58,0,0,null,393,0,2175.58,0,0,null,393,0,2175.58,0,0,null,0,393,0,2175.58,0,0,36,393,14148,2175.58,78320.88,92468.88]
["1.10.19","Коробка распаечная 80х80х40мм IP44 серая","шт.",205,262,53710,151.35,31026.75,84736.75,null,null,262,0,151.35,0,0,null,262,0,151.35,0,0,null,262,0,151.35,0,0,null,262,0,151.35,0,0,null,262,0,151.35,0,0,null,262,0,151.35,0,0,null,262,0,151.35,0,0,null,262,0,151.35,0,0,null,0,262,0,151.35,0,0,205,262,53710,151.35,31026.75,84736.75]
["1.10.20","Коробка ответвительная с кабельными вводами, из термопласта, 4 полюса","шт.",14,1048,14672,1383.15,19364.100000000002,34036.100000000006,null,null,1048,0,1383.15,0,0,null,1048,0,1383.15,0,0,null,1048,0,1383.15,0,0,null,1048,0,1383.15,0,0,null,1048,0,1383.15,0,0,null,1048,0,1383.15,0,0,null,1048,0,1383.15,0,0,null,1048,0,1383.15,0,0,null,0,1048,0,1383.15,0,0,14,1048,14672,1383.15,19364.100000000002,34036.100000000006]
["1.10.21","Аксессуары (расходные материалы, крепеж)","компл.",1,19600,19600,0,null,19600,null,null,19600,0,0,null,0,null,19600,0,0,null,0,null,19600,0,0,null,0,null,19600,0,0,null,0,null,19600,0,0,null,0,null,19600,0,0,null,0,null,19600,0,0,null,0,null,19600,0,0,null,0,null,0,19600,0,0,null,0,1,19600,19600,0,null,19600]
["1.10.22","Пуско-наладочные работы","компл.",1,53448,53448,0,null,53448,null,null,53448,0,0,null,0,null,53448,0,0,null,0,null,53448,0,0,null,0,null,53448,0,0,null,0,null,53448,0,0,null,0,null,53448,0,0,null,0,null,53448,0,0,null,0,null,53448,0,0,null,0,null,0,53448,0,0,null,0,1,53448,53448,0,null,53448]
["1.11","130-23-АС4 Архитектурно-строительные решения",null,null,null,{"$f":"F334+F335+F336+F337+F338+F339+F340","v":3145566.4092500005},null,{"$f":"H334+H335+H336+H337+H338+H339+H340","v":3474169.3598899995},{"$f":"I334+I335+I336+I337+I338+I339+I340","v":6619735.7691400005},null,null,null,{"$f":"M334+M335+M336+M337+M338+M339+M340","v":1695729.27},null,{"$f":"O334+O335+O336+O337+O338+O339+O340","v":2362739.2299999995},{"$f":"P334+P335+P336+P337+P338+P339+P340","v":4058468.5},null,null,{"$f":"S334+S335+S336+S337+S338+S339+S340","v":0},null,{"$f":"U334+U335+U336+U337+U338+U339+U340","v":0},{"$f":"V334+V335+V336+V337+V338+V339+V340","v":0},null,null,{"$f":"Y334+Y335+Y336+Y337+Y338+Y339+Y340","v":522553.27500000002},null,{"$f":"AA334+AA335+AA336+AA337+AA338+AA339+AA340","v":299749.2},{"$f":"AB334+AB335+AB336+AB337+AB338+AB339+AB340","v":822302.47500000009},null,null,{"$f":"AE334+AE335+AE336+AE337+AE338+AE339+AE340","v":383384.63250000001},null,{"$f":"AG334+AG335+AG336+AG337+AG338+AG339+AG340","v":338277.50190000003},{"$f":"AH334+AH335+AH336+AH337+AH338+AH339+AH340","v":721662.13439999998},null,null,{"$f":"AK334+AK335+AK336+AK337+AK338+AK339+AK340","v":0},null,{"$f":"AM334+AM335+AM336+AM337+AM338+AM339+AM340","v":0},{"$f":"AN334+AN335+AN336+AN337+AN338+AN339+AN340","v":0},null,null,{"$f":"AQ334+AQ335+AQ336+AQ337+AQ338+AQ339+AQ340","v":0},null,{"$f":"AS334+AS335+AS336+AS337+AS338+AS339+AS340","v":0},{"$f":"AT334+AT335+AT336+AT337+AT338+AT339+AT340","v":0},null,null,{"$f":"AW334+AW335+AW336+AW337+AW338+AW339+AW340","v":0},null,{"$f":"AY334+AY335+AY336+AY337+AY338+AY339+AY340","v":0},{"$f":"AZ334+AZ335+AZ336+AZ337+AZ338+AZ339+AZ340","v":0},null,null,{"$f":"BC334+BC335+BC336+BC337+BC338+BC339+BC340","v":0},null,{"$f":"BE334+BE335+BE336+BE337+BE338+BE339+BE340","v":0},{"$f":"BF334+BF335+BF336+BF337+BF338+BF339+BF340","v":0},null,0,null,{"$f":"BJ334+BJ335+BJ336+BJ337+BJ338+BJ339+BJ340","v":2601667.1775000002},null,{"$f":"BL334+BL335+BL336+BL337+BL338+BL339+BL340","v":3000765.9319000002},{"$f":"BM334+BM335+BM336+BM337+BM338+BM339+BM340","v":5602433.1094000004},0,null,{"$f":"BP334+BP335+BP336+BP337+BP338+BP339+BP340","v":543899.23175000004},null,{"$f":"BR334+BR335+BR336+BR337+BR338+BR339+BR340","v":473403.42799},{"$f":"BS334+BS335+BS336+BS337+BS338+BS339+BS340","v":1017302.65974}]
["1.11.1","Устройство металлического каркаса помещения компрессорной","т.",2.2000000000000002,117100,{"$f":"D334*E334","v":257620.00000000003},208116,{"$f":"D334*G334","v":457855.2},{"$f":"E334*D334+G334*D334","v":715475.20000000007},null,2.1800000000000002,117100,{"$f":"K334*L334","v":255278.00000000003},208116,{"$f":"K334*N334","v":453692.88},{"$f":"L334*K334+N334*K334","v":708970.88},null,117100,{"$f":"Q334*R334","v":0},208116,{"$f":"Q334*T334","v":0},{"$f":"R334*Q334+T334*Q334","v":0},null,117100,{"$f":"W334*X334","v":0},208116,{"$f":"W334*Z334","v":0},{"$f":"X334*W334+Z334*W334","v":0},null,117100,{"$f":"AC334*AD334","v":0},208116,{"$f":"AC334*AF334","v":0},{"$f":"AD334*AC334+AF334*AC334","v":0},null,117100,{"$f":"AI334*AJ334","v":0},208116,{"$f":"AI334*AL334","v":0},{"$f":"AJ334*AI334+AL334*AI334","v":0},null,117100,{"$f":"AO334*AP334","v":0},208116,{"$f":"AO334*AR334","v":0},{"$f":"AP334*AO334+AR334*AO334","v":0},null,117100,{"$f":"AU334*AV334","v":0},208116,{"$f":"AU334*AX334","v":0},{"$f":"AV334*AU334+AX334*AU334","v":0},null,117100,{"$f":"BA334*BB334","v":0},208116,{"$f":"BA334*BD334","v":0},{"$f":"BB334*BA334+BD334*BA334","v":0},null,2.1800000000000002,117100,{"$f":"BH334*BI334","v":255278.00000000003},208116,{"$f":"BH334*BK334","v":453692.88},{"$f":"BI334*BH334+BK334*BH334","v":708970.88},2.0000000000000018E-2,117100,{"$f":"BN334*BO334","v":2342.0000000000023},208116,{"$f":"BN334*BQ334","v":4162.3200000000033},{"$f":"BO334*BN334+BQ334*BN334","v":6504.3200000000052}]
["1.11.2","Устройство стен потолков компрессорной из сэндвич-панелей (монтаж стеновых, кровельных эндвич панелей)","м2",182.5,2711,{"$f":"D335*E335","v":494757.5},7373,{"$f":"D335*G335","v":1345572.5},1840330,null,175.57,2711,{"$f":"K335*L335","v":475970.26999999996},7373,{"$f":"K335*N335","v":1294477.6099999999},1770447.88,null,2711,{"$f":"Q335*R335","v":0},7373,{"$f":"Q335*T335","v":0},0,null,2711,{"$f":"W335*X335","v":0},7373,{"$f":"W335*Z335","v":0},0,6.93,2711,{"$f":"AC335*AD335","v":18787.23},7373,{"$f":"AC335*AF335","v":51094.89},69882.12,null,2711,{"$f":"AI335*AJ335","v":0},7373,{"$f":"AI335*AL335","v":0},0,null,2711,{"$f":"AO335*AP335","v":0},7373,{"$f":"AO335*AR335","v":0},0,null,2711,{"$f":"AU335*AV335","v":0},7373,{"$f":"AU335*AX335","v":0},0,null,2711,{"$f":"BA335*BB335","v":0},7373,{"$f":"BA335*BD335","v":0},0,null,182.5,2711,{"$f":"BH335*BI335","v":494757.5},7373,{"$f":"BH335*BK335","v":1345572.5},1840330,0,2711,{"$f":"BN335*BO335","v":0},7373,{"$f":"BN335*BQ335","v":0},0]
["1.11.3","Оконный проем в осях А/32-33 на отм. +7,600","шт.",1,160029.6,160029.6,163827.4,163827.4,323857,null,null,160029.6,0,163827.4,0,0,null,160029.6,0,163827.4,0,0,null,160029.6,0,163827.4,0,0,null,160029.6,0,163827.4,0,0,null,160029.6,0,163827.4,0,0,null,160029.6,0,163827.4,0,0,null,160029.6,0,163827.4,0,0,null,160029.6,0,163827.4,0,0,null,0,160029.6,0,163827.4,0,0,1,160029.6,160029.6,163827.4,163827.4,323857]
["1.11.4","Отделка оконного проема","м2",28.8,5549.81,159834.52800000002,5516.65,158879.51999999999,318714.04800000001,null,null,5549.81,0,5516.65,0,0,null,5549.81,0,5516.65,0,0,null,5549.81,0,5516.65,0,0,null,5549.81,0,5516.65,0,0,null,5549.81,0,5516.65,0,0,null,5549.81,0,5516.65,0,0,null,5549.81,0,5516.65,0,0,null,5549.81,0,5516.65,0,0,null,0,5549.81,0,5516.65,0,0,28.8,5549.81,159834.52800000002,5516.65,158879.51999999999,318714.04800000001]
["1.11.5","Фундаментная плита наружной установки под воздухосборник и компрессоры","шт",1,964481,964481,614568.74,614568.74,1579049.74,null,1,964481,964481,614568.74,614568.74,1579049.74,null,964481,0,614568.74,0,0,null,964481,0,614568.74,0,0,null,964481,0,614568.74,0,0,null,964481,0,614568.74,0,0,null,964481,0,614568.74,0,0,null,964481,0,614568.74,0,0,null,964481,0,614568.74,0,0,null,1,964481,964481,614568.74,614568.74,1579049.74,0,964481,0,614568.74,0,0]
["1.11.6","Ограждение","тн",0.33700000000000002,189131.25,63737.231250000004,397529.97,133967.59989000001,197704.83114000002,null,null,189131.25,0,397529.97,0,0,null,189131.25,0,397529.97,0,0,null,189131.25,0,397529.97,0,0,0.27,189131.25,51065.4375,397529.97,107333.0919,158398.5294,null,189131.25,0,397529.97,0,0,null,189131.25,0,397529.97,0,0,null,189131.25,0,397529.97,0,0,null,189131.25,0,397529.97,0,0,null,0.27,189131.25,51065.4375,397529.97,107333.0919,158398.5294,6.7000000000000004E-2,189131.25,12671.793750000001,397529.97,26634.507989999998,39306.301739999995]
["1.11.7","Устройство навеса компрессоров","шт.",1,1045106.55,1045106.55,599498.4,599498.4,1644604.9500000002,null,null,1045106.55,0,599498.4,0,0,null,1045106.55,0,599498.4,0,0,0.5,1045106.55,522553.27500000002,599498.4,299749.2,822302.47500000009,0.3,1045106.55,313531.96500000003,599498.4,179849.52,493381.48499999999,null,1045106.55,0,599498.4,0,0,null,1045106.55,0,599498.4,0,0,null,1045106.55,0,599498.4,0,0,null,1045106.55,0,599498.4,0,0,null,0.8,1045106.55,836085.24000000011,599498.4,479598.72000000003,1315683.9600000002,0.19999999999999996,1045106.55,209021.30999999997,599498.4,119899.67999999998,328920.98999999993]
["1.12","130-23-ЭО2 Электрическое освещение",null,null,null,{"$f":"F342+F343+F344+F345+F346+F347+F348+F349+F350+F351+F352+F353+F354+F355+F356+F357+F358+F359+F360+F361+F362+F363+F364+F365+F366+F367+F368+F369+F370+F371+F372+F373+F374+F375","v":1041900.7199999999},null,{"$f":"H342+H343+H344+H345+H346+H347+H348+H349+H350+H351+H352+H353+H354+H355+H356+H357+H358+H359+H360+H361+H362+H363+H364+H365+H366+H367+H368+H369+H370+H371+H372+H373+H374+H375","v":1845636.7899999996},{"$f":"I342+I343+I344+I345+I346+I347+I348+I349+I350+I351+I352+I353+I354+I355+I356+I357+I358+I359+I360+I361+I362+I363+I364+I365+I366+I367+I368+I369+I370+I371+I372+I373+I374+I375","v":2887537.51},null,null,null,{"$f":"M342+M343+M344+M345+M346+M347+M348+M349+M350+M351+M352+M353+M354+M355+M356+M357+M358+M359+M360+M361+M362+M363+M364+M365+M366+M367+M368+M369+M370+M371+M372+M373+M374+M375","v":0},null,{"$f":"O342+O343+O344+O345+O346+O347+O348+O349+O350+O351+O352+O353+O354+O355+O356+O357+O358+O359+O360+O361+O362+O363+O364+O365+O366+O367+O368+O369+O370+O371+O372+O373+O374+O375","v":0},{"$f":"P342+P343+P344+P345+P346+P347+P348+P349+P350+P351+P352+P353+P354+P355+P356+P357+P358+P359+P360+P361+P362+P363+P364+P365+P366+P367+P368+P369+P370+P371+P372+P373+P374+P375","v":0},null,null,{"$f":"S342+S343+S344+S345+S346+S347+S348+S349+S350+S351+S352+S353+S354+S355+S356+S357+S358+S359+S360+S361+S362+S363+S364+S365+S366+S367+S368+S369+S370+S371+S372+S373+S374+S375","v":0},null,{"$f":"U342+U343+U344+U345+U346+U347+U348+U349+U350+U351+U352+U353+U354+U355+U356+U357+U358+U359+U360+U361+U362+U363+U364+U365+U366+U367+U368+U369+U370+U371+U372+U373+U374+U375","v":0},{"$f":"V342+V343+V344+V345+V346+V347+V348+V349+V350+V351+V352+V353+V354+V355+V356+V357+V358+V359+V360+V361+V362+V363+V364+V365+V366+V367+V368+V369+V370+V371+V372+V373+V374+V375","v":0},null,null,{"$f":"Y342+Y343+Y344+Y345+Y346+Y347+Y348+Y349+Y350+Y351+Y352+Y353+Y354+Y355+Y356+Y357+Y358+Y359+Y360+Y361+Y362+Y363+Y364+Y365+Y366+Y367+Y368+Y369+Y370+Y371+Y372+Y373+Y374+Y375","v":186500},null,{"$f":"AA342+AA343+AA344+AA345+AA346+AA347+AA348+AA349+AA350+AA351+AA352+AA353+AA354+AA355+AA356+AA357+AA358+AA359+AA360+AA361+AA362+AA363+AA364+AA365+AA366+AA367+AA368+AA369+AA370+AA371+AA372+AA373+AA374+AA375","v":796076},{"$f":"AB342+AB343+AB344+AB345+AB346+AB347+AB348+AB349+AB350+AB351+AB352+AB353+AB354+AB355+AB356+AB357+AB358+AB359+AB360+AB361+AB362+AB363+AB364+AB365+AB366+AB367+AB368+AB369+AB370+AB371+AB372+AB373+AB374+AB375","v":982576},null,null,{"$f":"AE342+AE343+AE344+AE345+AE346+AE347+AE348+AE349+AE350+AE351+AE352+AE353+AE354+AE355+AE356+AE357+AE358+AE359+AE360+AE361+AE362+AE363+AE364+AE365+AE366+AE367+AE368+AE369+AE370+AE371+AE372+AE373+AE374+AE375","v":0},null,{"$f":"AG342+AG343+AG344+AG345+AG346+AG347+AG348+AG349+AG350+AG351+AG352+AG353+AG354+AG355+AG356+AG357+AG358+AG359+AG360+AG361+AG362+AG363+AG364+AG365+AG366+AG367+AG368+AG369+AG370+AG371+AG372+AG373+AG374+AG375","v":0},{"$f":"AH342+AH343+AH344+AH345+AH346+AH347+AH348+AH349+AH350+AH351+AH352+AH353+AH354+AH355+AH356+AH357+AH358+AH359+AH360+AH361+AH362+AH363+AH364+AH365+AH366+AH367+AH368+AH369+AH370+AH371+AH372+AH373+AH374+AH375","v":0},null,null,{"$f":"AK342+AK343+AK344+AK345+AK346+AK347+AK348+AK349+AK350+AK351+AK352+AK353+AK354+AK355+AK356+AK357+AK358+AK359+AK360+AK361+AK362+AK363+AK364+AK365+AK366+AK367+AK368+AK369+AK370+AK371+AK372+AK373+AK374+AK375","v":0},null,{"$f":"AM342+AM343+AM344+AM345+AM346+AM347+AM348+AM349+AM350+AM351+AM352+AM353+AM354+AM355+AM356+AM357+AM358+AM359+AM360+AM361+AM362+AM363+AM364+AM365+AM366+AM367+AM368+AM369+AM370+AM371+AM372+AM373+AM374+AM375","v":0},{"$f":"AN342+AN343+AN344+AN345+AN346+AN347+AN348+AN349+AN350+AN351+AN352+AN353+AN354+AN355+AN356+AN357+AN358+AN359+AN360+AN361+AN362+AN363+AN364+AN365+AN366+AN367+AN368+AN369+AN370+AN371+AN372+AN373+AN374+AN375","v":0},null,null,{"$f":"AQ342+AQ343+AQ344+AQ345+AQ346+AQ347+AQ348+AQ349+AQ350+AQ351+AQ352+AQ353+AQ354+AQ355+AQ356+AQ357+AQ358+AQ359+AQ360+AQ361+AQ362+AQ363+AQ364+AQ365+AQ366+AQ367+AQ368+AQ369+AQ370+AQ371+AQ372+AQ373+AQ374+AQ375","v":0},null,{"$f":"AS342+AS343+AS344+AS345+AS346+AS347+AS348+AS349+AS350+AS351+AS352+AS353+AS354+AS355+AS356+AS357+AS358+AS359+AS360+AS361+AS362+AS363+AS364+AS365+AS366+AS367+AS368+AS369+AS370+AS371+AS372+AS373+AS374+AS375","v":0},{"$f":"AT342+AT343+AT344+AT345+AT346+AT347+AT348+AT349+AT350+AT351+AT352+AT353+AT354+AT355+AT356+AT357+AT358+AT359+AT360+AT361+AT362+AT363+AT364+AT365+AT366+AT367+AT368+AT369+AT370+AT371+AT372+AT373+AT374+AT375","v":0},null,null,{"$f":"AW342+AW343+AW344+AW345+AW346+AW347+AW348+AW349+AW350+AW351+AW352+AW353+AW354+AW355+AW356+AW357+AW358+AW359+AW360+AW361+AW362+AW363+AW364+AW365+AW366+AW367+AW368+AW369+AW370+AW371+AW372+AW373+AW374+AW375","v":0},null,{"$f":"AY342+AY343+AY344+AY345+AY346+AY347+AY348+AY349+AY350+AY351+AY352+AY353+AY354+AY355+AY356+AY357+AY358+AY359+AY360+AY361+AY362+AY363+AY364+AY365+AY366+AY367+AY368+AY369+AY370+AY371+AY372+AY373+AY374+AY375","v":0},{"$f":"AZ342+AZ343+AZ344+AZ345+AZ346+AZ347+AZ348+AZ349+AZ350+AZ351+AZ352+AZ353+AZ354+AZ355+AZ356+AZ357+AZ358+AZ359+AZ360+AZ361+AZ362+AZ363+AZ364+AZ365+AZ366+AZ367+AZ368+AZ369+AZ370+AZ371+AZ372+AZ373+AZ374+AZ375","v":0},null,null,{"$f":"BC342+BC343+BC344+BC345+BC346+BC347+BC348+BC349+BC350+BC351+BC352+BC353+BC354+BC355+BC356+BC357+BC358+BC359+BC360+BC361+BC362+BC363+BC364+BC365+BC366+BC367+BC368+BC369+BC370+BC371+BC372+BC373+BC374+BC375","v":0},null,{"$f":"BE342+BE343+BE344+BE345+BE346+BE347+BE348+BE349+BE350+BE351+BE352+BE353+BE354+BE355+BE356+BE357+BE358+BE359+BE360+BE361+BE362+BE363+BE364+BE365+BE366+BE367+BE368+BE369+BE370+BE371+BE372+BE373+BE374+BE375","v":0},{"$f":"BF342+BF343+BF344+BF345+BF346+BF347+BF348+BF349+BF350+BF351+BF352+BF353+BF354+BF355+BF356+BF357+BF358+BF359+BF360+BF361+BF362+BF363+BF364+BF365+BF366+BF367+BF368+BF369+BF370+BF371+BF372+BF373+BF374+BF375","v":0},null,0,null,{"$f":"BJ342+BJ343+BJ344+BJ345+BJ346+BJ347+BJ348+BJ349+BJ350+BJ351+BJ352+BJ353+BJ354+BJ355+BJ356+BJ357+BJ358+BJ359+BJ360+BJ361+BJ362+BJ363+BJ364+BJ365+BJ366+BJ367+BJ368+BJ369+BJ370+BJ371+BJ372+BJ373+BJ374+BJ375","v":186500},null,{"$f":"BL342+BL343+BL344+BL345+BL346+BL347+BL348+BL349+BL350+BL351+BL352+BL353+BL354+BL355+BL356+BL357+BL358+BL359+BL360+BL361+BL362+BL363+BL364+BL365+BL366+BL367+BL368+BL369+BL370+BL371+BL372+BL373+BL374+BL375","v":796076},{"$f":"BM342+BM343+BM344+BM345+BM346+BM347+BM348+BM349+BM350+BM351+BM352+BM353+BM354+BM355+BM356+BM357+BM358+BM359+BM360+BM361+BM362+BM363+BM364+BM365+BM366+BM367+BM368+BM369+BM370+BM371+BM372+BM373+BM374+BM375","v":982576},0,null,{"$f":"BP342+BP343+BP344+BP345+BP346+BP347+BP348+BP349+BP350+BP351+BP352+BP353+BP354+BP355+BP356+BP357+BP358+BP359+BP360+BP361+BP362+BP363+BP364+BP365+BP366+BP367+BP368+BP369+BP370+BP371+BP372+BP373+BP374+BP375","v":855400.71999999986},null,{"$f":"BR342+BR343+BR344+BR345+BR346+BR347+BR348+BR349+BR350+BR351+BR352+BR353+BR354+BR355+BR356+BR357+BR358+BR359+BR360+BR361+BR362+BR363+BR364+BR365+BR366+BR367+BR368+BR369+BR370+BR371+BR372+BR373+BR374+BR375","v":1049560.7900000005},{"$f":"BS342+BS343+BS344+BS345+BS346+BS347+BS348+BS349+BS350+BS351+BS352+BS353+BS354+BS355+BS356+BS357+BS358+BS359+BS360+BS361+BS362+BS363+BS364+BS365+BS366+BS367+BS368+BS369+BS370+BS371+BS372+BS373+BS374+BS375","v":1904961.5099999998}]
["1.12.1","Щит распределительный навесного исполнения","шт.",1,6550,{"$f":"D342*E342","v":6550},55450.2,{"$f":"D342*G342","v":55450.2},{"$f":"E342*D342+G342*D342","v":62000.2},null,null,6550,{"$f":"K342*L342","v":0},55450.2,{"$f":"K342*N342","v":0},{"$f":"L342*K342+N342*K342","v":0},null,6550,{"$f":"Q342*R342","v":0},55450.2,{"$f":"Q342*T342","v":0},{"$f":"R342*Q342+T342*Q342","v":0},null,6550,{"$f":"W342*X342","v":0},55450.2,{"$f":"W342*Z342","v":0},{"$f":"X342*W342+Z342*W342","v":0},null,6550,{"$f":"AC342*AD342","v":0},55450.2,{"$f":"AC342*AF342","v":0},{"$f":"AD342*AC342+AF342*AC342","v":0},null,6550,{"$f":"AI342*AJ342","v":0},55450.2,{"$f":"AI342*AL342","v":0},{"$f":"AJ342*AI342+AL342*AI342","v":0},null,6550,{"$f":"AO342*AP342","v":0},55450.2,{"$f":"AO342*AR342","v":0},{"$f":"AP342*AO342+AR342*AO342","v":0},null,6550,{"$f":"AU342*AV342","v":0},55450.2,{"$f":"AU342*AX342","v":0},{"$f":"AV342*AU342+AX342*AU342","v":0},null,6550,{"$f":"BA342*BB342","v":0},55450.2,{"$f":"BA342*BD342","v":0},{"$f":"BB342*BA342+BD342*BA342","v":0},null,0,6550,{"$f":"BH342*BI342","v":0},55450.2,{"$f":"BH342*BK342","v":0},{"$f":"BI342*BH342+BK342*BH342","v":0},1,6550,{"$f":"BN342*BO342","v":6550},55450.2,{"$f":"BN342*BQ342","v":55450.2},{"$f":"BO342*BN342+BQ342*BN342","v":62000.2}]
["1.12.2","Кабель силовой, не поддерживающий горение, безгалогенный 5х6","м.",30,232,{"$f":"D343*E343","v":6960},611,{"$f":"D343*G343","v":18330},25290,null,null,232,{"$f":"K343*L343","v":0},611,{"$f":"K343*N343","v":0},0,null,232,{"$f":"Q343*R343","v":0},611,{"$f":"Q343*T343","v":0},0,null,232,{"$f":"W343*X343","v":0},611,{"$f":"W343*Z343","v":0},0,null,232,{"$f":"AC343*AD343","v":0},611,{"$f":"AC343*AF343","v":0},0,null,232,{"$f":"AI343*AJ343","v":0},611,{"$f":"AI343*AL343","v":0},0,null,232,{"$f":"AO343*AP343","v":0},611,{"$f":"AO343*AR343","v":0},0,null,232,{"$f":"AU343*AV343","v":0},611,{"$f":"AU343*AX343","v":0},0,null,232,{"$f":"BA343*BB343","v":0},611,{"$f":"BA343*BD343","v":0},0,null,0,232,{"$f":"BH343*BI343","v":0},611,{"$f":"BH343*BK343","v":0},0,30,232,{"$f":"BN343*BO343","v":6960},611,{"$f":"BN343*BQ343","v":18330},25290]
["1.12.3","Кабель силовой ППГнг(А)-HF 3х2.5","м.",450,182,{"$f":"D344*E344","v":81900},184.6,{"$f":"D344*G344","v":83070},164970,null,null,182,{"$f":"K344*L344","v":0},184.6,{"$f":"K344*N344","v":0},0,null,182,{"$f":"Q344*R344","v":0},184.6,{"$f":"Q344*T344","v":0},0,null,182,{"$f":"W344*X344","v":0},184.6,{"$f":"W344*Z344","v":0},0,null,182,{"$f":"AC344*AD344","v":0},184.6,{"$f":"AC344*AF344","v":0},0,null,182,{"$f":"AI344*AJ344","v":0},184.6,{"$f":"AI344*AL344","v":0},0,null,182,{"$f":"AO344*AP344","v":0},184.6,{"$f":"AO344*AR344","v":0},0,null,182,{"$f":"AU344*AV344","v":0},184.6,{"$f":"AU344*AX344","v":0},0,null,182,{"$f":"BA344*BB344","v":0},184.6,{"$f":"BA344*BD344","v":0},0,null,0,182,{"$f":"BH344*BI344","v":0},184.6,{"$f":"BH344*BK344","v":0},0,450,182,{"$f":"BN344*BO344","v":81900},184.6,{"$f":"BN344*BQ344","v":83070},164970]
["1.12.4","Кабель силовой ППГнг(А)-FRHF 3х1.5","м.",260,182,47320,160,41600,88920,null,null,182,0,160,0,0,null,182,0,160,0,0,null,182,0,160,0,0,null,182,0,160,0,0,null,182,0,160,0,0,null,182,0,160,0,0,null,182,0,160,0,0,null,182,0,160,0,0,null,0,182,0,160,0,0,260,182,47320,160,41600,88920]
["1.12.5","Кабель силовой ППГнг(А)-HF 3х1.5","м.",500,182,91000,120.28,60140,151140,null,null,182,0,120.28,0,0,null,182,0,120.28,0,0,null,182,0,120.28,0,0,null,182,0,120.28,0,0,null,182,0,120.28,0,0,null,182,0,120.28,0,0,null,182,0,120.28,0,0,null,182,0,120.28,0,0,null,0,182,0,120.28,0,0,500,182,91000,120.28,60140,151140]
["1.12.6","Светодиодный светильник VARTON A070 2.0 20 Вт 4000 K IP40 с рассеивателем опал","шт.",78,1865,145470,6208.4,484255.19999999995,629725.19999999995,null,null,1865,0,6208.4,0,0,null,1865,0,6208.4,0,0,60,1865,111900,6208.4,372504,484404,null,1865,0,6208.4,0,0,null,1865,0,6208.4,0,0,null,1865,0,6208.4,0,0,null,1865,0,6208.4,0,0,null,1865,0,6208.4,0,0,null,60,1865,111900,6208.4,372504,484404,18,1865,33570,6208.4,111751.2,145321.20000000001]
["1.12.7","Светодиодный светильник 20 Вт 4000 K IP40 с БАП","шт.",15,1865,27975,18060.8,270912,298887,null,null,1865,0,18060.8,0,0,null,1865,0,18060.8,0,0,10,1865,18650,18060.8,180608,199258,null,1865,0,18060.8,0,0,null,1865,0,18060.8,0,0,null,1865,0,18060.8,0,0,null,1865,0,18060.8,0,0,null,1865,0,18060.8,0,0,null,10,1865,18650,18060.8,180608,199258,5,1865,9325,18060.8,90304,99629]
["1.12.8","Светодиодный светильник VARTON DL-01 круглый встраиваемый 190x70 мм 25 W 4000 K IP54","шт.",41,1865,76465,8098.8,332050.8,408515.8,null,null,1865,0,8098.8,0,0,null,1865,0,8098.8,0,0,30,1865,55950,8098.8,242964,298914,null,1865,0,8098.8,0,0,null,1865,0,8098.8,0,0,null,1865,0,8098.8,0,0,null,1865,0,8098.8,0,0,null,1865,0,8098.8,0,0,null,30,1865,55950,8098.8,242964,298914,11,1865,20515,8098.8,89086.8,109601.8]
["1.12.9","Светодиодный светильник VARTON ЖКХ круг 10 W IP65 185х70 мм антивандальный 4000 K","шт.",3,1865,5595,1424.6,4273.7999999999993,9868.7999999999993,null,null,1865,0,1424.6,0,0,null,1865,0,1424.6,0,0,null,1865,0,1424.6,0,0,null,1865,0,1424.6,0,0,null,1865,0,1424.6,0,0,null,1865,0,1424.6,0,0,null,1865,0,1424.6,0,0,null,1865,0,1424.6,0,0,null,0,1865,0,1424.6,0,0,3,1865,5595,1424.6,4273.7999999999993,9868.7999999999993]
["1.12.10","Светильник светодиодный 40 Вт, 4500 Лм, IP65","шт.",5,1865,9325,5863.16,29315.8,38640.800000000003,null,null,1865,0,5863.16,0,0,null,1865,0,5863.16,0,0,null,1865,0,5863.16,0,0,null,1865,0,5863.16,0,0,null,1865,0,5863.16,0,0,null,1865,0,5863.16,0,0,null,1865,0,5863.16,0,0,null,1865,0,5863.16,0,0,null,0,1865,0,5863.16,0,0,5,1865,9325,5863.16,29315.8,38640.800000000003]
["1.12.11","Светильник светодиодный 40 Вт, 4500 Лм, IP65 с БАП 1 ч","шт.",1,1865,1865,8389.2999999999993,8389.2999999999993,10254.299999999999,null,null,1865,0,8389.2999999999993,0,0,null,1865,0,8389.2999999999993,0,0,null,1865,0,8389.2999999999993,0,0,null,1865,0,8389.2999999999993,0,0,null,1865,0,8389.2999999999993,0,0,null,1865,0,8389.2999999999993,0,0,null,1865,0,8389.2999999999993,0,0,null,1865,0,8389.2999999999993,0,0,null,0,1865,0,8389.2999999999993,0,0,1,1865,1865,8389.2999999999993,8389.2999999999993,10254.299999999999]
["1.12.12","Лоток 50х100 L=3000 перфорированный","м.",351,838.4,294278.39999999997,699.4,245489.4,539767.79999999993,null,null,838.4,0,699.4,0,0,null,838.4,0,699.4,0,0,null,838.4,0,699.4,0,0,null,838.4,0,699.4,0,0,null,838.4,0,699.4,0,0,null,838.4,0,699.4,0,0,null,838.4,0,699.4,0,0,null,838.4,0,699.4,0,0,null,0,838.4,0,699.4,0,0,351,838.4,294278.39999999997,699.4,245489.4,539767.79999999993]
["1.12.13","Выключатель однополюсный для открытой установки, одноклавишный, ~220В,10А, IP20","шт.",14,655.01,9170.14,626.61,8772.5400000000009,17942.68,null,null,655.01,0,626.61,0,0,null,655.01,0,626.61,0,0,null,655.01,0,626.61,0,0,null,655.01,0,626.61,0,0,null,655.01,0,626.61,0,0,null,655.01,0,626.61,0,0,null,655.01,0,626.61,0,0,null,655.01,0,626.61,0,0,null,{"$f":"K354+Q354+W354+AC354+AI354+AO354+AU354+BA354","v":0},655.01,0,626.61,0,0,{"$f":"D354-BH354","v":14},655.01,9170.14,626.61,8772.5400000000009,17942.68]
["1.12.14","Выключатель однополюсный для открытой установки, одноклавишный, ~220В,10А, IP54","шт.",9,655.01,5895.09,483.6,4352.4000000000005,10247.490000000002,null,null,655.01,0,483.6,0,0,null,655.01,0,483.6,0,0,null,655.01,0,483.6,0,0,null,655.01,0,483.6,0,0,null,655.01,0,483.6,0,0,null,655.01,0,483.6,0,0,null,655.01,0,483.6,0,0,null,655.01,0,483.6,0,0,null,0,655.01,0,483.6,0,0,9,655.01,5895.09,483.6,4352.4000000000005,10247.490000000002]
["1.12.15","Переключатель проходной ОП Этюд 1-кл. для открытой установки IP20, 10А, 250В ВА10-004В","шт.",10,655,6550,315.89999999999998,3159,9709,null,null,655,0,315.89999999999998,0,0,null,655,0,315.89999999999998,0,0,null,655,0,315.89999999999998,0,0,null,655,0,315.89999999999998,0,0,null,655,0,315.89999999999998,0,0,null,655,0,315.89999999999998,0,0,null,655,0,315.89999999999998,0,0,null,655,0,315.89999999999998,0,0,null,0,655,0,315.89999999999998,0,0,10,655,6550,315.89999999999998,3159,9709]
["1.12.16","Переключатель Aling-conel одноклавишный перекрестный открытая установка серый IP44","шт.",4,655,2620,630.5,2522,5142,null,null,655,0,630.5,0,0,null,655,0,630.5,0,0,null,655,0,630.5,0,0,null,655,0,630.5,0,0,null,655,0,630.5,0,0,null,655,0,630.5,0,0,null,655,0,630.5,0,0,null,655,0,630.5,0,0,null,0,655,0,630.5,0,0,4,655,2620,630.5,2522,5142]
["1.12.17","Розетка силовая Viva 2 модуля белая","шт.",55,655,36025,767,42185,78210,null,null,655,0,767,0,0,null,655,0,767,0,0,null,655,0,767,0,0,null,655,0,767,0,0,null,655,0,767,0,0,null,655,0,767,0,0,null,655,0,767,0,0,null,655,0,767,0,0,null,0,655,0,767,0,0,55,655,36025,767,42185,78210]
["1.12.18","Коробка ответвительная с кабельными вводами IP55, 150х110х70","шт.",100,262,26200,439.4,43940,70140,null,null,262,0,439.4,0,0,null,262,0,439.4,0,0,null,262,0,439.4,0,0,null,262,0,439.4,0,0,null,262,0,439.4,0,0,null,262,0,439.4,0,0,null,262,0,439.4,0,0,null,262,0,439.4,0,0,null,0,262,0,439.4,0,0,100,262,26200,439.4,43940,70140]
["1.12.19","Труба D=25 гибкая  гофрированная не распространяющая горение, с зондом","м.",800,45.85,36680,28.08,22464,59144,null,null,45.85,0,28.08,0,0,null,45.85,0,28.08,0,0,null,45.85,0,28.08,0,0,null,45.85,0,28.08,0,0,null,45.85,0,28.08,0,0,null,45.85,0,28.08,0,0,null,45.85,0,28.08,0,0,null,45.85,0,28.08,0,0,null,0,45.85,0,28.08,0,0,800,45.85,36680,28.08,22464,59144]
["1.12.20","Коробка монтажная","шт.",7,262.01,1834.07,21.53,150.71,1984.78,null,null,262.01,0,21.53,0,0,null,262.01,0,21.53,0,0,null,262.01,0,21.53,0,0,null,262.01,0,21.53,0,0,null,262.01,0,21.53,0,0,null,262.01,0,21.53,0,0,null,262.01,0,21.53,0,0,null,262.01,0,21.53,0,0,null,0,262.01,0,21.53,0,0,7,262.01,1834.07,21.53,150.71,1984.78]
["1.12.21","Профиль BPL2130 DBL 21x41x1,5 L=3000 C-образный","м",5,393,1965,2175.58,10877.9,12842.9,null,null,393,0,2175.58,0,0,null,393,0,2175.58,0,0,null,393,0,2175.58,0,0,null,393,0,2175.58,0,0,null,393,0,2175.58,0,0,null,393,0,2175.58,0,0,null,393,0,2175.58,0,0,null,393,0,2175.58,0,0,null,0,393,0,2175.58,0,0,5,393,1965,2175.58,10877.9,12842.9]
["1.12.22","Шпилька М8х2000","шт.",7,393,2751,194.8,1363.6000000000001,4114.6000000000004,null,null,393,0,194.8,0,0,null,393,0,194.8,0,0,null,393,0,194.8,0,0,null,393,0,194.8,0,0,null,393,0,194.8,0,0,null,393,0,194.8,0,0,null,393,0,194.8,0,0,null,393,0,194.8,0,0,null,0,393,0,194.8,0,0,7,393,2751,194.8,1363.6000000000001,4114.6000000000004]
["1.12.23","Шайба М8","шт.",104,0,null,5.82,605.28,605.28,null,null,0,null,5.82,0,0,null,0,null,5.82,0,0,null,0,null,5.82,0,0,null,0,null,5.82,0,0,null,0,null,5.82,0,0,null,0,null,5.82,0,0,null,0,null,5.82,0,0,null,0,null,5.82,0,0,null,0,0,null,5.82,0,0,104,0,null,5.82,605.28,605.28]
["1.12.24","Гайка М8","шт.",104,0,null,3.98,413.92,413.92,null,null,0,null,3.98,0,0,null,0,null,3.98,0,0,null,0,null,3.98,0,0,null,0,null,3.98,0,0,null,0,null,3.98,0,0,null,0,null,3.98,0,0,null,0,null,3.98,0,0,null,0,null,3.98,0,0,null,0,0,null,3.98,0,0,104,0,null,3.98,413.92,413.92]
["1.12.25","Анкер М8 латунный разрезной","шт.",52,32.74,{"$f":"D366*E366","v":1702.48},102.06,5307.12,7009.6,null,null,32.74,{"$f":"K366*L366","v":0},102.06,0,0,null,32.74,{"$f":"Q366*R366","v":0},102.06,0,0,null,32.74,{"$f":"W366*X366","v":0},102.06,0,0,null,32.74,{"$f":"AC366*AD366","v":0},102.06,0,0,null,32.74,{"$f":"AI366*AJ366","v":0},102.06,0,0,null,32.74,{"$f":"AO366*AP366","v":0},102.06,0,0,null,32.74,{"$f":"AU366*AV366","v":0},102.06,0,0,null,32.74,{"$f":"BA366*BB366","v":0},102.06,0,0,null,0,32.74,{"$f":"BH366*BI366","v":0},102.06,0,0,52,32.74,{"$f":"BN366*BO366","v":1702.48},102.06,5307.12,7009.6]
["1.12.26","Болт М6х12 с шестигранной головкой DIN 933, оцинкованная сталь","шт.",62,0,null,6.49,402.38,402.38,null,null,0,null,6.49,0,0,null,0,null,6.49,0,0,null,0,null,6.49,0,0,null,0,null,6.49,0,0,null,0,null,6.49,0,0,null,0,null,6.49,0,0,null,0,null,6.49,0,0,null,0,null,6.49,0,0,null,0,0,null,6.49,0,0,62,0,null,6.49,402.38,402.38]
["1.12.27","Шайба М6","шт.",62,0,null,2.95,182.9,182.9,null,null,0,null,2.95,0,0,null,0,null,2.95,0,0,null,0,null,2.95,0,0,null,0,null,2.95,0,0,null,0,null,2.95,0,0,null,0,null,2.95,0,0,null,0,null,2.95,0,0,null,0,null,2.95,0,0,null,0,0,null,2.95,0,0,62,0,null,2.95,182.9,182.9]
["1.12.28","Гайка М6","шт.",62,0,null,2,124,124,null,null,0,null,2,0,0,null,0,null,2,0,0,null,0,null,2,0,0,null,0,null,2,0,0,null,0,null,2,0,0,null,0,null,2,0,0,null,0,null,2,0,0,null,0,null,2,0,0,null,0,0,null,2,0,0,62,0,null,2,124,124]
["1.12.29","Коробка распаечная 80х80х40мм IP44 серая","шт.",54,262.01,{"$f":"D370*E370","v":14148.539999999999},151.35,8172.9,22321.439999999999,null,null,262.01,{"$f":"K370*L370","v":0},151.35,0,0,null,262.01,{"$f":"Q370*R370","v":0},151.35,0,0,null,262.01,{"$f":"W370*X370","v":0},151.35,0,0,null,262.01,{"$f":"AC370*AD370","v":0},151.35,0,0,null,262.01,{"$f":"AI370*AJ370","v":0},151.35,0,0,null,262.01,{"$f":"AO370*AP370","v":0},151.35,0,0,null,262.01,{"$f":"AU370*AV370","v":0},151.35,0,0,null,262.01,{"$f":"BA370*BB370","v":0},151.35,0,0,null,0,262.01,{"$f":"BH370*BI370","v":0},151.35,0,0,54,262.01,{"$f":"BN370*BO370","v":14148.539999999999},151.35,8172.9,22321.439999999999]
["1.12.30","Держатель с защелкой и дюбелем d=20 мм","шт.",800,13.1,{"$f":"D371*E371","v":10480},31.71,25368,35848,null,null,13.1,{"$f":"K371*L371","v":0},31.71,0,0,null,13.1,{"$f":"Q371*R371","v":0},31.71,0,0,null,13.1,{"$f":"W371*X371","v":0},31.71,0,0,null,13.1,{"$f":"AC371*AD371","v":0},31.71,0,0,null,13.1,{"$f":"AI371*AJ371","v":0},31.71,0,0,null,13.1,{"$f":"AO371*AP371","v":0},31.71,0,0,null,13.1,{"$f":"AU371*AV371","v":0},31.71,0,0,null,13.1,{"$f":"BA371*BB371","v":0},31.71,0,0,null,0,13.1,{"$f":"BH371*BI371","v":0},31.71,0,0,800,13.1,{"$f":"BN371*BO371","v":10480},31.71,25368,35848]
["1.12.31","Короб 25x30 TA-EN","м.",64,393,{"$f":"D372*E372","v":25152},162.76,10416.64,35568.639999999999,null,null,393,{"$f":"K372*L372","v":0},162.76,0,0,null,393,{"$f":"Q372*R372","v":0},162.76,0,0,null,393,{"$f":"W372*X372","v":0},162.76,0,0,null,393,{"$f":"AC372*AD372","v":0},162.76,0,0,null,393,{"$f":"AI372*AJ372","v":0},162.76,0,0,null,393,{"$f":"AO372*AP372","v":0},162.76,0,0,null,393,{"$f":"AU372*AV372","v":0},162.76,0,0,null,393,{"$f":"BA372*BB372","v":0},162.76,0,0,null,0,393,{"$f":"BH372*BI372","v":0},162.76,0,0,64,393,{"$f":"BN372*BO372","v":25152},162.76,10416.64,35568.639999999999]
["1.12.32","Скоба металлическая однолапковая Д20","шт.",1000,0,null,3.38,3380,3380,null,null,0,null,3.38,0,0,null,0,null,3.38,0,0,null,0,null,3.38,0,0,null,0,null,3.38,0,0,null,0,null,3.38,0,0,null,0,null,3.38,0,0,null,0,null,3.38,0,0,null,0,null,3.38,0,0,null,0,0,null,3.38,0,0,1000,0,null,3.38,3380,3380]
["1.12.33","Аксессуары (расходные материалы, крепеж)","компл.",1,0,null,18200,18200,18200,null,null,0,null,18200,0,0,null,0,null,18200,0,0,null,0,null,18200,0,0,null,0,null,18200,0,0,null,0,null,18200,0,0,null,0,null,18200,0,0,null,0,null,18200,0,0,null,0,null,18200,0,0,null,0,0,null,18200,0,0,1,0,null,18200,18200,18200]
["1.12.34","Пуско-наладочные работы","компл.",1,66024,{"$f":"D375*E375","v":66024},0,null,66024,null,null,66024,{"$f":"K375*L375","v":0},0,null,0,null,66024,{"$f":"Q375*R375","v":0},0,null,0,null,66024,{"$f":"W375*X375","v":0},0,null,0,null,66024,{"$f":"AC375*AD375","v":0},0,null,0,null,66024,{"$f":"AI375*AJ375","v":0},0,null,0,null,66024,{"$f":"AO375*AP375","v":0},0,null,0,null,66024,{"$f":"AU375*AV375","v":0},0,null,0,null,66024,{"$f":"BA375*BB375","v":0},0,null,0,null,0,66024,{"$f":"BH375*BI375","v":0},0,null,0,1,66024,{"$f":"BN375*BO375","v":66024},0,null,66024]
["1.13","130-23-АС2 Полы. Архитектурно-строительные решения",null,null,null,{"$f":"F485+F377+F469+F476+F380+F386+F404+F409+F489+F494+F497+F501+F427+F430+F508+F506+F436+F449+F456+F460+F463+F486+F487","v":98585245.670980006},null,{"$f":"H485+H377+H469+H476+H380+H386+H404+H409+H489+H494+H497+H501+H427+H430+H508+H506+H436+H449+H456+H460+H463+H486+H487","v":51553596.031649992},{"$f":"I485+I377+I469+I476+I380+I386+I404+I409+I489+I494+I497+I501+I427+I430+I508+I506+I436+I449+I456+I460+I463+I486+I487","v":150138841.70262998},null,null,null,{"$f":"M485+M377+M469+M476+M380+M386+M404+M409+M489+M494+M497+M501+M427+M430+M508+M506+M436+M449+M456+M460+M463+M486+M487","v":36336629.420000002},null,{"$f":"O485+O377+O469+O476+O380+O386+O404+O409+O489+O494+O497+O501+O427+O430+O508+O506+O436+O449+O456+O460+O463+O486+O487","v":4982748.8999999994},{"$f":"P485+P377+P469+P476+P380+P386+P404+P409+P489+P494+P497+P501+P427+P430+P508+P506+P436+P449+P456+P460+P463+P486+P487","v":41319378.319999993},null,null,{"$f":"S485+S377+S469+S476+S380+S386+S404+S409+S489+S494+S497+S501+S427+S430+S508+S506+S436+S449+S456+S460+S463+S486+S487","v":2997459.69},null,{"$f":"U485+U377+U469+U476+U380+U386+U404+U409+U489+U494+U497+U501+U427+U430+U508+U506+U436+U449+U456+U460+U463+U486+U487","v":6932955.8399999999},{"$f":"V485+V377+V469+V476+V380+V386+V404+V409+V489+V494+V497+V501+V427+V430+V508+V506+V436+V449+V456+V460+V463+V486+V487","v":9930415.5299999993},null,null,{"$f":"Y485+Y377+Y469+Y476+Y380+Y386+Y404+Y409+Y489+Y494+Y497+Y501+Y427+Y430+Y508+Y506+Y436+Y449+Y456+Y460+Y463+Y486+Y487","v":39758590.85689},null,{"$f":"AA485+AA377+AA469+AA476+AA380+AA386+AA404+AA409+AA489+AA494+AA497+AA501+AA427+AA430+AA508+AA506+AA436+AA449+AA456+AA460+AA463+AA486+AA487","v":27713106.178150002},{"$f":"AB485+AB377+AB469+AB476+AB380+AB386+AB404+AB409+AB489+AB494+AB497+AB501+AB427+AB430+AB508+AB506+AB436+AB449+AB456+AB460+AB463+AB486+AB487","v":67471697.035039991},null,null,{"$f":"AE485+AE377+AE469+AE476+AE380+AE386+AE404+AE409+AE489+AE494+AE497+AE501+AE427+AE430+AE508+AE506+AE436+AE449+AE456+AE460+AE463+AE486+AE487","v":5041815.7354000006},null,{"$f":"AG485+AG377+AG469+AG476+AG380+AG386+AG404+AG409+AG489+AG494+AG497+AG501+AG427+AG430+AG508+AG506+AG436+AG449+AG456+AG460+AG463+AG486+AG487","v":3747668.9299000003},{"$f":"AH485+AH377+AH469+AH476+AH380+AH386+AH404+AH409+AH489+AH494+AH497+AH501+AH427+AH430+AH508+AH506+AH436+AH449+AH456+AH460+AH463+AH486+AH487","v":8789484.6653000005},null,null,{"$f":"AK485+AK377+AK469+AK476+AK380+AK386+AK404+AK409+AK489+AK494+AK497+AK501+AK427+AK430+AK508+AK506+AK436+AK449+AK456+AK460+AK463+AK486+AK487","v":0},null,{"$f":"AM485+AM377+AM469+AM476+AM380+AM386+AM404+AM409+AM489+AM494+AM497+AM501+AM427+AM430+AM508+AM506+AM436+AM449+AM456+AM460+AM463+AM486+AM487","v":0},{"$f":"AN485+AN377+AN469+AN476+AN380+AN386+AN404+AN409+AN489+AN494+AN497+AN501+AN427+AN430+AN508+AN506+AN436+AN449+AN456+AN460+AN463+AN486+AN487","v":0},null,null,{"$f":"AQ485+AQ377+AQ469+AQ476+AQ380+AQ386+AQ404+AQ409+AQ489+AQ494+AQ497+AQ501+AQ427+AQ430+AQ508+AQ506+AQ436+AQ449+AQ456+AQ460+AQ463+AQ486+AQ487","v":0},null,{"$f":"AS485+AS377+AS469+AS476+AS380+AS386+AS404+AS409+AS489+AS494+AS497+AS501+AS427+AS430+AS508+AS506+AS436+AS449+AS456+AS460+AS463+AS486+AS487","v":0},{"$f":"AT485+AT377+AT469+AT476+AT380+AT386+AT404+AT409+AT489+AT494+AT497+AT501+AT427+AT430+AT508+AT506+AT436+AT449+AT456+AT460+AT463+AT486+AT487","v":0},null,null,{"$f":"AW485+AW377+AW469+AW476+AW380+AW386+AW404+AW409+AW489+AW494+AW497+AW501+AW427+AW430+AW508+AW506+AW436+AW449+AW456+AW460+AW463+AW486+AW487","v":0},null,{"$f":"AY485+AY377+AY469+AY476+AY380+AY386+AY404+AY409+AY489+AY494+AY497+AY501+AY427+AY430+AY508+AY506+AY436+AY449+AY456+AY460+AY463+AY486+AY487","v":0},{"$f":"AZ485+AZ377+AZ469+AZ476+AZ380+AZ386+AZ404+AZ409+AZ489+AZ494+AZ497+AZ501+AZ427+AZ430+AZ508+AZ506+AZ436+AZ449+AZ456+AZ460+AZ463+AZ486+AZ487","v":0},null,null,{"$f":"BC485+BC377+BC469+BC476+BC380+BC386+BC404+BC409+BC489+BC494+BC497+BC501+BC427+BC430+BC508+BC506+BC436+BC449+BC456+BC460+BC463+BC486+BC487","v":0},null,{"$f":"BE485+BE377+BE469+BE476+BE380+BE386+BE404+BE409+BE489+BE494+BE497+BE501+BE427+BE430+BE508+BE506+BE436+BE449+BE456+BE460+BE463+BE486+BE487","v":0},{"$f":"BF485+BF377+BF469+BF476+BF380+BF386+BF404+BF409+BF489+BF494+BF497+BF501+BF427+BF430+BF508+BF506+BF436+BF449+BF456+BF460+BF463+BF486+BF487","v":0},null,0,null,{"$f":"BJ485+BJ377+BJ469+BJ476+BJ380+BJ386+BJ404+BJ409+BJ489+BJ494+BJ497+BJ501+BJ427+BJ430+BJ508+BJ506+BJ436+BJ449+BJ456+BJ460+BJ463+BJ486+BJ487","v":84134495.702290013},null,{"$f":"BL485+BL377+BL469+BL476+BL380+BL386+BL404+BL409+BL489+BL494+BL497+BL501+BL427+BL430+BL508+BL506+BL436+BL449+BL456+BL460+BL463+BL486+BL487","v":43376479.848049991},{"$f":"BM485+BM377+BM469+BM476+BM380+BM386+BM404+BM409+BM489+BM494+BM497+BM501+BM427+BM430+BM508+BM506+BM436+BM449+BM456+BM460+BM463+BM486+BM487","v":127510975.55034},0,null,{"$f":"BP485+BP377+BP469+BP476+BP380+BP386+BP404+BP409+BP489+BP494+BP497+BP501+BP427+BP430+BP508+BP506+BP436+BP449+BP456+BP460+BP463+BP486+BP487","v":14450749.968689999},null,{"$f":"BR485+BR377+BR469+BR476+BR380+BR386+BR404+BR409+BR489+BR494+BR497+BR501+BR427+BR430+BR508+BR506+BR436+BR449+BR456+BR460+BR463+BR486+BR487","v":8177116.1836000001},{"$f":"BS485+BS377+BS469+BS476+BS380+BS386+BS404+BS409+BS489+BS494+BS497+BS501+BS427+BS430+BS508+BS506+BS436+BS449+BS456+BS460+BS463+BS486+BS487","v":22627866.152289994}]
["1.13.1","Модульные здания",null,null,null,{"$f":"F378+F379","v":653913.68999999994},null,{"$f":"H378+H379","v":4997424.9000000004},{"$f":"I378+I379","v":5651338.5899999999},null,null,null,{"$f":"M378+M379","v":0},null,{"$f":"O378+O379","v":0},{"$f":"P378+P379","v":0},null,null,{"$f":"S378+S379","v":653913.68999999994},null,{"$f":"U378+U379","v":4997424.9000000004},{"$f":"V378+V379","v":5651338.5899999999},null,null,{"$f":"Y378+Y379","v":0},null,{"$f":"AA378+AA379","v":0},{"$f":"AB378+AB379","v":0},null,null,{"$f":"AE378+AE379","v":0},null,{"$f":"AG378+AG379","v":0},{"$f":"AH378+AH379","v":0},null,null,{"$f":"AK378+AK379","v":0},null,{"$f":"AM378+AM379","v":0},{"$f":"AN378+AN379","v":0},null,null,{"$f":"AQ378+AQ379","v":0},null,{"$f":"AS378+AS379","v":0},{"$f":"AT378+AT379","v":0},null,null,{"$f":"AW378+AW379","v":0},null,{"$f":"AY378+AY379","v":0},{"$f":"AZ378+AZ379","v":0},null,null,{"$f":"BC378+BC379","v":0},null,{"$f":"BE378+BE379","v":0},{"$f":"BF378+BF379","v":0},null,0,null,{"$f":"BJ378+BJ379","v":653913.68999999994},null,{"$f":"BL378+BL379","v":4997424.9000000004},{"$f":"BM378+BM379","v":5651338.5899999999},0,null,{"$f":"BP378+BP379","v":0},null,{"$f":"BR378+BR379","v":0},{"$f":"BS378+BS379","v":0}]
["1.13.1.1","Модульный офис 2МД5","шт",1,239562,{"$f":"D378*E378","v":239562},1951576.9,{"$f":"D378*G378","v":1951576.9},{"$f":"E378*D378+G378*D378","v":2191138.9},null,null,239562,{"$f":"K378*L378","v":0},1951576.9,{"$f":"K378*N378","v":0},{"$f":"L378*K378+N378*K378","v":0},1,239562,{"$f":"Q378*R378","v":239562},1951576.9,{"$f":"Q378*T378","v":1951576.9},{"$f":"R378*Q378+T378*Q378","v":2191138.9},null,239562,{"$f":"W378*X378","v":0},1951576.9,{"$f":"W378*Z378","v":0},{"$f":"X378*W378+Z378*W378","v":0},null,239562,{"$f":"AC378*AD378","v":0},1951576.9,{"$f":"AC378*AF378","v":0},{"$f":"AD378*AC378+AF378*AC378","v":0},null,239562,{"$f":"AI378*AJ378","v":0},1951576.9,{"$f":"AI378*AL378","v":0},{"$f":"AJ378*AI378+AL378*AI378","v":0},null,239562,{"$f":"AO378*AP378","v":0},1951576.9,{"$f":"AO378*AR378","v":0},{"$f":"AP378*AO378+AR378*AO378","v":0},null,239562,{"$f":"AU378*AV378","v":0},1951576.9,{"$f":"AU378*AX378","v":0},{"$f":"AV378*AU378+AX378*AU378","v":0},null,239562,{"$f":"BA378*BB378","v":0},1951576.9,{"$f":"BA378*BD378","v":0},{"$f":"BB378*BA378+BD378*BA378","v":0},null,1,239562,{"$f":"BH378*BI378","v":239562},1951576.9,{"$f":"BH378*BK378","v":1951576.9},{"$f":"BI378*BH378+BK378*BH378","v":2191138.9},0,239562,{"$f":"BN378*BO378","v":0},1951576.9,{"$f":"BN378*BQ378","v":0},{"$f":"BO378*BN378+BQ378*BN378","v":0}]
["1.13.1.2","Модульный офис 4МД6","шт",1,414351.69,{"$f":"D379*E379","v":414351.69},3045848,{"$f":"D379*G379","v":3045848},{"$f":"E379*D379+G379*D379","v":3460199.69},null,null,414351.69,{"$f":"K379*L379","v":0},3045848,{"$f":"K379*N379","v":0},{"$f":"L379*K379+N379*K379","v":0},1,414351.69,{"$f":"Q379*R379","v":414351.69},3045848,{"$f":"Q379*T379","v":3045848},{"$f":"R379*Q379+T379*Q379","v":3460199.69},null,414351.69,{"$f":"W379*X379","v":0},3045848,{"$f":"W379*Z379","v":0},{"$f":"X379*W379+Z379*W379","v":0},null,414351.69,{"$f":"AC379*AD379","v":0},3045848,{"$f":"AC379*AF379","v":0},{"$f":"AD379*AC379+AF379*AC379","v":0},null,414351.69,{"$f":"AI379*AJ379","v":0},3045848,{"$f":"AI379*AL379","v":0},{"$f":"AJ379*AI379+AL379*AI379","v":0},null,414351.69,{"$f":"AO379*AP379","v":0},3045848,{"$f":"AO379*AR379","v":0},{"$f":"AP379*AO379+AR379*AO379","v":0},null,414351.69,{"$f":"AU379*AV379","v":0},3045848,{"$f":"AU379*AX379","v":0},{"$f":"AV379*AU379+AX379*AU379","v":0},null,414351.69,{"$f":"BA379*BB379","v":0},3045848,{"$f":"BA379*BD379","v":0},{"$f":"BB379*BA379+BD379*BA379","v":0},null,1,414351.69,{"$f":"BH379*BI379","v":414351.69},3045848,{"$f":"BH379*BK379","v":3045848},{"$f":"BI379*BH379+BK379*BH379","v":3460199.69},0,414351.69,{"$f":"BN379*BO379","v":0},3045848,{"$f":"BN379*BQ379","v":0},{"$f":"BO379*BN379+BQ379*BN379","v":0}]
["1.13.2","Заполнение проемов",null,null,null,{"$f":"F381+F382+F383+F384+F385","v":1102583},null,{"$f":"H381+H382+H383+H384+H385","v":6855698.9399999995},{"$f":"I381+I382+I383+I384+I385","v":7958281.9399999995},null,null,null,{"$f":"M381+M382+M383+M384+M385","v":0},null,{"$f":"O381+O382+O383+O384+O385","v":0},{"$f":"P381+P382+P383+P384+P385","v":0},null,null,{"$f":"S381+S382+S383+S384+S385","v":337980},null,{"$f":"U381+U382+U383+U384+U385","v":1736492.94},{"$f":"V381+V382+V383+V384+V385","v":2074472.94},null,null,{"$f":"Y381+Y382+Y383+Y384+Y385","v":734802},null,{"$f":"AA381+AA382+AA383+AA384+AA385","v":5056110},{"$f":"AB381+AB382+AB383+AB384+AB385","v":5790912},null,null,{"$f":"AE381+AE382+AE383+AE384+AE385","v":0},null,{"$f":"AG381+AG382+AG383+AG384+AG385","v":0},{"$f":"AH381+AH382+AH383+AH384+AH385","v":0},null,null,{"$f":"AK381+AK382+AK383+AK384+AK385","v":0},null,{"$f":"AM381+AM382+AM383+AM384+AM385","v":0},{"$f":"AN381+AN382+AN383+AN384+AN385","v":0},null,null,{"$f":"AQ381+AQ382+AQ383+AQ384+AQ385","v":0},null,{"$f":"AS381+AS382+AS383+AS384+AS385","v":0},{"$f":"AT381+AT382+AT383+AT384+AT385","v":0},null,null,{"$f":"AW381+AW382+AW383+AW384+AW385","v":0},null,{"$f":"AY381+AY382+AY383+AY384+AY385","v":0},{"$f":"AZ381+AZ382+AZ383+AZ384+AZ385","v":0},null,null,{"$f":"BC381+BC382+BC383+BC384+BC385","v":0},null,{"$f":"BE381+BE382+BE383+BE384+BE385","v":0},{"$f":"BF381+BF382+BF383+BF384+BF385","v":0},null,0,null,{"$f":"BJ381+BJ382+BJ383+BJ384+BJ385","v":1072782},null,{"$f":"BL381+BL382+BL383+BL384+BL385","v":6792602.9399999995},{"$f":"BM381+BM382+BM383+BM384+BM385","v":7865384.9399999995},0,null,{"$f":"BP381+BP382+BP383+BP384+BP385","v":29801},null,{"$f":"BR381+BR382+BR383+BR384+BR385","v":63096},{"$f":"BS381+BS382+BS383+BS384+BS385","v":92897}]
["1.13.2.1","Дверь противопожарная 2080х1470 EI-60, внутренняя глухая, с доводчиком","шт.",3,34934,{"$f":"D381*E381","v":104802},78870,{"$f":"D381*G381","v":236610},{"$f":"E381*D381+G381*D381","v":341412},null,null,34934,{"$f":"K381*L381","v":0},78870,{"$f":"K381*N381","v":0},{"$f":"L381*K381+N381*K381","v":0},null,34934,{"$f":"Q381*R381","v":0},78870,{"$f":"Q381*T381","v":0},{"$f":"R381*Q381+T381*Q381","v":0},3,34934,{"$f":"W381*X381","v":104802},78870,{"$f":"W381*Z381","v":236610},{"$f":"X381*W381+Z381*W381","v":341412},null,34934,{"$f":"AC381*AD381","v":0},78870,{"$f":"AC381*AF381","v":0},{"$f":"AD381*AC381+AF381*AC381","v":0},null,34934,{"$f":"AI381*AJ381","v":0},78870,{"$f":"AI381*AL381","v":0},{"$f":"AJ381*AI381+AL381*AI381","v":0},null,34934,{"$f":"AO381*AP381","v":0},78870,{"$f":"AO381*AR381","v":0},{"$f":"AP381*AO381+AR381*AO381","v":0},null,34934,{"$f":"AU381*AV381","v":0},78870,{"$f":"AU381*AX381","v":0},{"$f":"AV381*AU381+AX381*AU381","v":0},null,34934,{"$f":"BA381*BB381","v":0},78870,{"$f":"BA381*BD381","v":0},{"$f":"BB381*BA381+BD381*BA381","v":0},null,3,34934,{"$f":"BH381*BI381","v":104802},78870,{"$f":"BH381*BK381","v":236610},{"$f":"BI381*BH381+BK381*BH381","v":341412},0,34934,{"$f":"BN381*BO381","v":0},78870,{"$f":"BN381*BQ381","v":0},{"$f":"BO381*BN381+BQ381*BN381","v":0}]
["1.13.2.2","Дверь противопожарная 2380х980 EI-60 правая, внутренняя глухая, с доводчиком","шт.",1,29801,{"$f":"D382*E382","v":29801},63096,{"$f":"D382*G382","v":63096},92897,null,null,29801,{"$f":"K382*L382","v":0},63096,{"$f":"K382*N382","v":0},0,null,29801,{"$f":"Q382*R382","v":0},63096,{"$f":"Q382*T382","v":0},0,null,29801,{"$f":"W382*X382","v":0},63096,{"$f":"W382*Z382","v":0},0,null,29801,{"$f":"AC382*AD382","v":0},63096,{"$f":"AC382*AF382","v":0},0,null,29801,{"$f":"AI382*AJ382","v":0},63096,{"$f":"AI382*AL382","v":0},0,null,29801,{"$f":"AO382*AP382","v":0},63096,{"$f":"AO382*AR382","v":0},0,null,29801,{"$f":"AU382*AV382","v":0},63096,{"$f":"AU382*AX382","v":0},0,null,29801,{"$f":"BA382*BB382","v":0},63096,{"$f":"BA382*BD382","v":0},0,null,0,29801,{"$f":"BH382*BI382","v":0},63096,{"$f":"BH382*BK382","v":0},0,1,29801,{"$f":"BN382*BO382","v":29801},63096,{"$f":"BN382*BQ382","v":63096},92897]
["1.13.2.3","Ворота откатные противопожарные 8000х4500h EI-30","шт.",1,337980,{"$f":"D383*E383","v":337980},1736492.94,{"$f":"D383*G383","v":1736492.94},2074472.94,null,null,337980,{"$f":"K383*L383","v":0},1736492.94,{"$f":"K383*N383","v":0},0,1,337980,{"$f":"Q383*R383","v":337980},1736492.94,{"$f":"Q383*T383","v":1736492.94},2074472.94,null,337980,{"$f":"W383*X383","v":0},1736492.94,{"$f":"W383*Z383","v":0},0,null,337980,{"$f":"AC383*AD383","v":0},1736492.94,{"$f":"AC383*AF383","v":0},0,null,337980,{"$f":"AI383*AJ383","v":0},1736492.94,{"$f":"AI383*AL383","v":0},0,null,337980,{"$f":"AO383*AP383","v":0},1736492.94,{"$f":"AO383*AR383","v":0},0,null,337980,{"$f":"AU383*AV383","v":0},1736492.94,{"$f":"AU383*AX383","v":0},0,null,337980,{"$f":"BA383*BB383","v":0},1736492.94,{"$f":"BA383*BD383","v":0},0,null,1,337980,{"$f":"BH383*BI383","v":337980},1736492.94,{"$f":"BH383*BK383","v":1736492.94},2074472.94,0,337980,{"$f":"BN383*BO383","v":0},1736492.94,{"$f":"BN383*BQ383","v":0},0]
["1.13.2.4","Ворота секционные промышленные с калиткой и электроприводом 4000х5000h","шт.",2,90000,{"$f":"D384*E384","v":180000},567000,{"$f":"D384*G384","v":1134000},1314000,null,null,90000,{"$f":"K384*L384","v":0},567000,{"$f":"K384*N384","v":0},0,null,90000,{"$f":"Q384*R384","v":0},567000,{"$f":"Q384*T384","v":0},0,2,90000,{"$f":"W384*X384","v":180000},567000,{"$f":"W384*Z384","v":1134000},1314000,null,90000,{"$f":"AC384*AD384","v":0},567000,{"$f":"AC384*AF384","v":0},0,null,90000,{"$f":"AI384*AJ384","v":0},567000,{"$f":"AI384*AL384","v":0},0,null,90000,{"$f":"AO384*AP384","v":0},567000,{"$f":"AO384*AR384","v":0},0,null,90000,{"$f":"AU384*AV384","v":0},567000,{"$f":"AU384*AX384","v":0},0,null,90000,{"$f":"BA384*BB384","v":0},567000,{"$f":"BA384*BD384","v":0},0,null,2,90000,{"$f":"BH384*BI384","v":180000},567000,{"$f":"BH384*BK384","v":1134000},1314000,0,90000,{"$f":"BN384*BO384","v":0},567000,{"$f":"BN384*BQ384","v":0},0]
["1.13.2.5","Ворота секционные промышленные с калиткой и электроприводом 4700х5000h","шт.",5,90000,{"$f":"D385*E385","v":450000},737100,{"$f":"D385*G385","v":3685500},4135500,null,null,90000,{"$f":"K385*L385","v":0},737100,{"$f":"K385*N385","v":0},0,null,90000,{"$f":"Q385*R385","v":0},737100,{"$f":"Q385*T385","v":0},0,5,90000,{"$f":"W385*X385","v":450000},737100,{"$f":"W385*Z385","v":3685500},4135500,null,90000,{"$f":"AC385*AD385","v":0},737100,{"$f":"AC385*AF385","v":0},0,null,90000,{"$f":"AI385*AJ385","v":0},737100,{"$f":"AI385*AL385","v":0},0,null,90000,{"$f":"AO385*AP385","v":0},737100,{"$f":"AO385*AR385","v":0},0,null,90000,{"$f":"AU385*AV385","v":0},737100,{"$f":"AU385*AX385","v":0},0,null,90000,{"$f":"BA385*BB385","v":0},737100,{"$f":"BA385*BD385","v":0},0,null,5,90000,{"$f":"BH385*BI385","v":450000},737100,{"$f":"BH385*BK385","v":3685500},4135500,0,90000,{"$f":"BN385*BO385","v":0},737100,{"$f":"BN385*BQ385","v":0},0]
["1.13.3","Устройство перемычек, обрамление проемов ворот, закладка оконных проемов ",null,null,null,{"$f":"SUM(F387:F403)","v":3427405.8353800001},null,{"$f":"SUM(H387:H403)","v":3148873.3837000001},{"$f":"SUM(I387:I403)","v":6576279.2190800011},null,null,null,{"$f":"SUM(M387:M403)","v":0},null,{"$f":"SUM(O387:O403)","v":0},{"$f":"SUM(P387:P403)","v":0},null,null,{"$f":"SUM(S387:S403)","v":0},null,{"$f":"SUM(U387:U403)","v":0},{"$f":"SUM(V387:V403)","v":0},null,null,{"$f":"SUM(Y387:Y403)","v":1790376.3006899999},null,{"$f":"SUM(AA387:AA403)","v":1369543.0398500001},{"$f":"SUM(AB387:AB403)","v":3159919.3405400002},null,null,{"$f":"SUM(AE387:AE403)","v":294579.98},null,{"$f":"SUM(AG387:AG403)","v":459749.66000000003},{"$f":"SUM(AH387:AH403)","v":754329.64},null,null,{"$f":"SUM(AK387:AK403)","v":0},null,{"$f":"SUM(AM387:AM403)","v":0},{"$f":"SUM(AN387:AN403)","v":0},null,null,{"$f":"SUM(AQ387:AQ403)","v":0},null,{"$f":"SUM(AS387:AS403)","v":0},{"$f":"SUM(AT387:AT403)","v":0},null,null,{"$f":"SUM(AW387:AW403)","v":0},null,{"$f":"SUM(AY387:AY403)","v":0},{"$f":"SUM(AZ387:AZ403)","v":0},null,null,{"$f":"SUM(BC387:BC403)","v":0},null,{"$f":"SUM(BE387:BE403)","v":0},{"$f":"SUM(BF387:BF403)","v":0},null,0,null,{"$f":"SUM(BJ387:BJ403)","v":2084956.2806899997},null,{"$f":"SUM(BL387:BL403)","v":1829292.69985},{"$f":"SUM(BM387:BM403)","v":3914248.9805399999},0,null,{"$f":"SUM(BP387:BP403)","v":1342449.5546899999},null,{"$f":"SUM(BR387:BR403)","v":1319580.6838499999},{"$f":"SUM(BS387:BS403)","v":2662030.2385399998}]
["1.13.3.1","Изготовление металлических перемычек: резка металла, обрамление на сварке м/листом по низу двутавровой конструкции) L=6м (7шт.) ","т",3.78,114800,{"$f":"D387*E387","v":433944},91879.3,{"$f":"D387*G387","v":347303.75400000002},{"$f":"E387*D387+G387*D387","v":781247.75399999996},null,null,114800,{"$f":"K387*L387","v":0},91879.3,{"$f":"K387*N387","v":0},{"$f":"L387*K387+N387*K387","v":0},null,114800,{"$f":"Q387*R387","v":0},91879.3,{"$f":"Q387*T387","v":0},{"$f":"R387*Q387+T387*Q387","v":0},3.78,114800,{"$f":"W387*X387","v":433944},91879.3,{"$f":"W387*Z387","v":347303.75400000002},{"$f":"X387*W387+Z387*W387","v":781247.75399999996},null,114800,{"$f":"AC387*AD387","v":0},91879.3,{"$f":"AC387*AF387","v":0},{"$f":"AD387*AC387+AF387*AC387","v":0},null,114800,{"$f":"AI387*AJ387","v":0},91879.3,{"$f":"AI387*AL387","v":0},{"$f":"AJ387*AI387+AL387*AI387","v":0},null,114800,{"$f":"AO387*AP387","v":0},91879.3,{"$f":"AO387*AR387","v":0},{"$f":"AP387*AO387+AR387*AO387","v":0},null,114800,{"$f":"AU387*AV387","v":0},91879.3,{"$f":"AU387*AX387","v":0},{"$f":"AV387*AU387+AX387*AU387","v":0},null,114800,{"$f":"BA387*BB387","v":0},91879.3,{"$f":"BA387*BD387","v":0},{"$f":"BB387*BA387+BD387*BA387","v":0},null,3.78,114800,{"$f":"BH387*BI387","v":433944},91879.3,{"$f":"BH387*BK387","v":347303.75400000002},{"$f":"BI387*BH387+BK387*BH387","v":781247.75399999996},0,114800,{"$f":"BN387*BO387","v":0},91879.3,{"$f":"BN387*BQ387","v":0},{"$f":"BO387*BN387+BQ387*BN387","v":0}]
["1.13.3.2","Установка изготовленных перемычек с заполнением кирпичом (с учетом приготовления ц/п раствора вручную в построечных условиях)","проём",7,67567.990000000005,472975.93000000005,11231.08,{"$f":"D388*G388","v":78617.56},551593.49,null,null,67567.990000000005,0,11231.08,{"$f":"K388*N388","v":0},0,null,67567.990000000005,0,11231.08,{"$f":"Q388*T388","v":0},0,4,67567.990000000005,270271.96000000002,11231.08,{"$f":"W388*Z388","v":44924.32},315196.28000000003,2,67567.990000000005,135135.98000000001,11231.08,{"$f":"AC388*AF388","v":22462.16},157598.14000000001,null,67567.990000000005,0,11231.08,{"$f":"AI388*AL388","v":0},0,null,67567.990000000005,0,11231.08,{"$f":"AO388*AR388","v":0},0,null,67567.990000000005,0,11231.08,{"$f":"AU388*AX388","v":0},0,null,67567.990000000005,0,11231.08,{"$f":"BA388*BD388","v":0},0,null,6,67567.990000000005,405407.94000000006,11231.08,{"$f":"BH388*BK388","v":67386.48},472794.42000000004,1,67567.990000000005,67567.990000000005,11231.08,{"$f":"BN388*BQ388","v":11231.08},78799.070000000007]
["1.13.3.3","Заполнение оконных проемов кирпичем (380мм ) (с учетом приготовления ц/п раствора вручную в построечных условиях)","м3",21.8,10218,222752.4,29000,{"$f":"D389*G389","v":632200},854952.4,null,null,10218,0,29000,{"$f":"K389*N389","v":0},0,null,10218,0,29000,{"$f":"Q389*T389","v":0},0,10,10218,102180,29000,{"$f":"W389*Z389","v":290000},392180,7,10218,71526,29000,{"$f":"AC389*AF389","v":203000},274526,null,10218,0,29000,{"$f":"AI389*AL389","v":0},0,null,10218,0,29000,{"$f":"AO389*AR389","v":0},0,null,10218,0,29000,{"$f":"AU389*AX389","v":0},0,null,10218,0,29000,{"$f":"BA389*BD389","v":0},0,null,17,10218,173706,29000,{"$f":"BH389*BK389","v":493000},666706,4.8000000000000007,10218,49046.400000000009,29000,{"$f":"BN389*BQ389","v":139200.00000000003},188246.40000000002]
["1.13.3.4","Приготовление раствора вручную в построечных условиях","м3",6.2,3838.72,23800.063999999998,8948.59,{"$f":"D390*G390","v":55481.258000000002},79281.322,null,null,3838.72,0,8948.59,{"$f":"K390*N390","v":0},0,null,3838.72,0,8948.59,{"$f":"Q390*T390","v":0},0,3,3838.72,11516.16,8948.59,{"$f":"W390*Z390","v":26845.77},38361.93,null,3838.72,0,8948.59,{"$f":"AC390*AF390","v":0},0,null,3838.72,0,8948.59,{"$f":"AI390*AL390","v":0},0,null,3838.72,0,8948.59,{"$f":"AO390*AR390","v":0},0,null,3838.72,0,8948.59,{"$f":"AU390*AX390","v":0},0,null,3838.72,0,8948.59,{"$f":"BA390*BD390","v":0},0,null,3,3838.72,11516.16,8948.59,{"$f":"BH390*BK390","v":26845.77},38361.93,3.2,3838.72,12283.904,8948.59,{"$f":"BN390*BQ390","v":28635.488000000001},40919.392]
["1.13.3.5","Изготовление дополнительных перемычек ворот для устройства потолочных откосов проёмов (43,7м)","т",0.95799999999999996,110700,106050.59999999999,120610.65,{"$f":"D391*G391","v":115545.00269999998},221595.60269999999,null,null,110700,0,120610.65,{"$f":"K391*N391","v":0},0,null,110700,0,120610.65,{"$f":"Q391*T391","v":0},0,0.47899999999999998,110700,53025.299999999996,120610.65,{"$f":"W391*Z391","v":57772.501349999991},110797.80134999999,null,110700,0,120610.65,{"$f":"AC391*AF391","v":0},0,null,110700,0,120610.65,{"$f":"AI391*AL391","v":0},0,null,110700,0,120610.65,{"$f":"AO391*AR391","v":0},0,null,110700,0,120610.65,{"$f":"AU391*AX391","v":0},0,null,110700,0,120610.65,{"$f":"BA391*BD391","v":0},0,null,0.47899999999999998,110700,53025.299999999996,120610.65,{"$f":"BH391*BK391","v":57772.501349999991},110797.80134999999,0.47899999999999998,110700,53025.299999999996,120610.65,{"$f":"BN391*BQ391","v":57772.501349999991},110797.80134999999]
["1.13.3.6","Монтаж дополнительных перемычек ворот для устройства потолочных откосов проёмов (43,7м)","т",0.95799999999999996,65155.11,62418.595379999999,0,null,62418.595379999999,null,null,65155.11,0,0,null,0,null,65155.11,0,0,null,0,0.47899999999999998,65155.11,31209.297689999999,0,null,31209.297689999999,null,65155.11,0,0,null,0,null,65155.11,0,0,null,0,null,65155.11,0,0,null,0,null,65155.11,0,0,null,0,null,65155.11,0,0,null,0,null,0.47899999999999998,65155.11,31209.297689999999,0,null,31209.297689999999,0.47899999999999998,65155.11,31209.297689999999,0,null,31209.297689999999]
["1.13.3.7","Антикорозийная защита изготовленных перемычек: грунтование в 1слой ГФ-021, покрытие эмалью ПФ-115 в один слой","м2",103.4,510.72,52808.448000000004,75.099999999999994,{"$f":"D393*G393","v":7765.34},60573.788,null,null,510.72,0,75.099999999999994,{"$f":"K393*N393","v":0},0,null,510.72,0,75.099999999999994,{"$f":"Q393*T393","v":0},0,51.7,510.72,26404.224000000002,75.099999999999994,{"$f":"W393*Z393","v":3882.67},30286.894,null,510.72,0,75.099999999999994,{"$f":"AC393*AF393","v":0},0,null,510.72,0,75.099999999999994,{"$f":"AI393*AL393","v":0},0,null,510.72,0,75.099999999999994,{"$f":"AO393*AR393","v":0},0,null,510.72,0,75.099999999999994,{"$f":"AU393*AX393","v":0},0,null,510.72,0,75.099999999999994,{"$f":"BA393*BD393","v":0},0,null,51.7,510.72,26404.224000000002,75.099999999999994,{"$f":"BH393*BK393","v":3882.67},30286.894,51.7,510.72,26404.224000000002,75.099999999999994,{"$f":"BN393*BQ393","v":3882.67},30286.894]
["1.13.3.8","Утепление верха м/к ворот сэндвич-панелями","м2",14,2711,37954,7373,103222,141176,null,null,2711,0,7373,0,0,null,2711,0,7373,0,0,7,2711,18977,7373,51611,70588,null,2711,0,7373,0,0,null,2711,0,7373,0,0,null,2711,0,7373,0,0,null,2711,0,7373,0,0,null,2711,0,7373,0,0,null,7,2711,18977,7373,51611,70588,7,2711,18977,7373,51611,70588]
["1.13.3.9","Устройство ц/п защитныж стяжек фасонными элементами","м2",29.3,7613.42,223073.20600000001,1499.87,43946.190999999999,267019.397,null,null,7613.42,0,1499.87,0,0,null,7613.42,0,1499.87,0,0,14.65,7613.42,111536.603,1499.87,21973.095499999999,133509.6985,null,7613.42,0,1499.87,0,0,null,7613.42,0,1499.87,0,0,null,7613.42,0,1499.87,0,0,null,7613.42,0,1499.87,0,0,null,7613.42,0,1499.87,0,0,null,14.65,7613.42,111536.603,1499.87,21973.095499999999,133509.6985,14.65,7613.42,111536.603,1499.87,21973.095499999999,133509.6985]
["1.13.3.10","Изготовление на строительной площадке металлоконструкций ","т",5.3,119945,635708.5,191172.64,1013214.9920000001,1648923.4920000001,null,null,119945,0,191172.64,0,0,null,119945,0,191172.64,0,0,2.65,119945,317854.25,191172.64,506607.49600000004,824461.74600000004,null,119945,0,191172.64,0,0,null,119945,0,191172.64,0,0,null,119945,0,191172.64,0,0,null,119945,0,191172.64,0,0,null,119945,0,191172.64,0,0,null,2.65,119945,317854.25,191172.64,506607.49600000004,824461.74600000004,2.65,119945,317854.25,191172.64,506607.49600000004,824461.74600000004]
["1.13.3.11","Монтаж изготовленных металлоконструкций","т",5.3,138792.24,735598.87199999997,1277.6199999999999,6771.3859999999995,742370.25800000003,null,null,138792.24,0,1277.6199999999999,0,0,null,138792.24,0,1277.6199999999999,0,0,2.65,138792.24,367799.43599999999,1277.6199999999999,3385.6929999999998,371185.12900000002,null,138792.24,0,1277.6199999999999,0,0,null,138792.24,0,1277.6199999999999,0,0,null,138792.24,0,1277.6199999999999,0,0,null,138792.24,0,1277.6199999999999,0,0,null,138792.24,0,1277.6199999999999,0,0,null,2.65,138792.24,367799.43599999999,1277.6199999999999,3385.6929999999998,371185.12900000002,2.65,138792.24,367799.43599999999,1277.6199999999999,3385.6929999999998,371185.12900000002]
["1.13.3.12","Покрытие металлоконструкций  грунтовкой ГФ-021 (2 слоя)). Общая толщина не менее 80 мкм","м2",149,306.43,45658.07,45.4,6764.5999999999995,52422.67,null,null,306.43,0,45.4,0,0,null,306.43,0,45.4,0,0,74.5,306.43,22829.035,45.4,3382.2999999999997,26211.334999999999,null,306.43,0,45.4,0,0,null,306.43,0,45.4,0,0,null,306.43,0,45.4,0,0,null,306.43,0,45.4,0,0,null,306.43,0,45.4,0,0,null,74.5,306.43,22829.035,45.4,3382.2999999999997,26211.334999999999,74.5,306.43,22829.035,45.4,3382.2999999999997,26211.334999999999]
["1.13.3.13","Покрытие металлоконструкций  эмалью ПФ-115 (2 слоя). Общая толщина не менее 80 мкм","м2",149,306.43,45658.07,159.12,23708.880000000001,69366.95,null,null,306.43,0,159.12,0,0,null,306.43,0,159.12,0,0,74.5,306.43,{"$f":"W399*X399","v":22829.035},159.12,11854.44,34683.474999999999,null,306.43,0,159.12,0,0,null,306.43,0,159.12,0,0,null,306.43,0,159.12,0,0,null,306.43,0,159.12,0,0,null,306.43,0,159.12,0,0,null,74.5,306.43,22829.035,159.12,11854.44,34683.474999999999,74.5,306.43,22829.035,159.12,11854.44,34683.474999999999]
["1.13.3.14","Кладка из кирпича ","м3",23.2,10218,237057.6,29000,672800,909857.6,null,null,10218,0,29000,0,0,null,10218,0,29000,0,0,null,10218,0,29000,0,0,8,10218,81744,29000,232000,313744,null,10218,0,29000,0,0,null,10218,0,29000,0,0,null,10218,0,29000,0,0,null,10218,0,29000,0,0,null,8,10218,81744,29000,232000,313744,15.2,10218,155313.60000000001,29000,440800,596113.6]
["1.13.3.15","Армирование кладки сетками 50x50x3","м2",54,411.6,22226.400000000001,152.5,8235,30461.4,null,null,411.6,0,152.5,0,0,null,411.6,0,152.5,0,0,null,411.6,0,152.5,0,0,15,411.6,6174,152.5,2287.5,8461.5,null,411.6,0,152.5,0,0,null,411.6,0,152.5,0,0,null,411.6,0,152.5,0,0,null,411.6,0,152.5,0,0,null,15,411.6,6174,152.5,2287.5,8461.5,39,411.6,16052.400000000001,152.5,5947.5,21999.9]
["1.13.3.16","Сверленние отверстий Ø12х150 ","шт.",78,474.58,37017.24,0,null,37017.24,null,null,474.58,0,0,null,0,null,474.58,0,0,null,0,null,474.58,0,0,0,0,null,474.58,0,0,null,0,null,474.58,0,0,null,0,null,474.58,0,0,null,0,null,474.58,0,0,null,0,null,474.58,0,0,null,0,null,0,474.58,0,0,null,0,78,474.58,37017.24,0,null,37017.24]
["1.13.3.17","Установка анкеров на высокопрочный клеевой состав","шт.",78,419.28,32703.839999999997,426.89,{"$f":"D403*G403","v":33297.42},66001.259999999995,null,null,419.28,0,426.89,{"$f":"K403*N403","v":0},0,null,419.28,0,426.89,{"$f":"Q403*T403","v":0},0,null,419.28,0,426.89,{"$f":"W403*Z403","v":0},0,null,419.28,0,426.89,{"$f":"AC403*AF403","v":0},0,null,419.28,0,426.89,{"$f":"AI403*AL403","v":0},0,null,419.28,0,426.89,{"$f":"AO403*AR403","v":0},0,null,419.28,0,426.89,{"$f":"AU403*AX403","v":0},0,null,419.28,0,426.89,{"$f":"BA403*BD403","v":0},0,null,0,419.28,0,426.89,{"$f":"BH403*BK403","v":0},0,78,419.28,32703.839999999997,426.89,{"$f":"BN403*BQ403","v":33297.42},66001.259999999995]
["1.13.4","Подстилающий слой пола вокруг ж/д путей",null,null,null,{"$f":"F405+F406+F407+F408","v":4966812},null,{"$f":"H405+H406+H407+H408","v":4087491.3},{"$f":"I405+I406+I407+I408","v":9054303.3000000007},null,null,null,{"$f":"M405+M406+M407+M408","v":1220800},null,{"$f":"O405+O406+O407+O408","v":1499800},{"$f":"P405+P406+P407+P408","v":2720600},null,null,{"$f":"S405+S406+S407+S408","v":0},null,{"$f":"U405+U406+U407+U408","v":0},{"$f":"V405+V406+V407+V408","v":0},null,null,{"$f":"Y405+Y406+Y407+Y408","v":511995.288},null,{"$f":"AA405+AA406+AA407+AA408","v":508745.53220000002},{"$f":"AB405+AB406+AB407+AB408","v":1020740.8202},null,null,{"$f":"AE405+AE406+AE407+AE408","v":518076},null,{"$f":"AG405+AG406+AG407+AG408","v":224665},{"$f":"AH405+AH406+AH407+AH408","v":742741},null,null,{"$f":"AK405+AK406+AK407+AK408","v":0},null,{"$f":"AM405+AM406+AM407+AM408","v":0},{"$f":"AN405+AN406+AN407+AN408","v":0},null,null,{"$f":"AQ405+AQ406+AQ407+AQ408","v":0},null,{"$f":"AS405+AS406+AS407+AS408","v":0},{"$f":"AT405+AT406+AT407+AT408","v":0},null,null,{"$f":"AW405+AW406+AW407+AW408","v":0},null,{"$f":"AY405+AY406+AY407+AY408","v":0},{"$f":"AZ405+AZ406+AZ407+AZ408","v":0},null,null,{"$f":"BC405+BC406+BC407+BC408","v":0},null,{"$f":"BE405+BE406+BE407+BE408","v":0},{"$f":"BF405+BF406+BF407+BF408","v":0},null,0,null,{"$f":"BJ405+BJ406+BJ407+BJ408","v":2250871.2879999997},null,{"$f":"BL405+BL406+BL407+BL408","v":2233210.5321999998},{"$f":"BM405+BM406+BM407+BM408","v":4484081.8202},0,null,{"$f":"BP405+BP406+BP407+BP408","v":2715940.7119999998},null,{"$f":"BR405+BR406+BR407+BR408","v":1854280.7678},{"$f":"BS405+BS406+BS407+BS408","v":4570221.4797999999}]
["1.13.4.1","Устройство монолитного железобетонного покрытия пола из бетона кл. В25, W4, F50 толщиной 150 мм","м3",198,12208,{"$f":"D405*E405","v":2417184},14998,{"$f":"D405*G405","v":2969604},{"$f":"E405*D405+G405*D405","v":5386788},null,100,12208,{"$f":"K405*L405","v":1220800},14998,{"$f":"K405*N405","v":1499800},{"$f":"L405*K405+N405*K405","v":2720600},null,12208,{"$f":"Q405*R405","v":0},14998,{"$f":"Q405*T405","v":0},{"$f":"R405*Q405+T405*Q405","v":0},30,12208,{"$f":"W405*X405","v":366240},14998,{"$f":"W405*Z405","v":449940},{"$f":"X405*W405+Z405*W405","v":816180},null,12208,{"$f":"AC405*AD405","v":0},14998,{"$f":"AC405*AF405","v":0},{"$f":"AD405*AC405+AF405*AC405","v":0},null,12208,{"$f":"AI405*AJ405","v":0},14998,{"$f":"AI405*AL405","v":0},{"$f":"AJ405*AI405+AL405*AI405","v":0},null,12208,{"$f":"AO405*AP405","v":0},14998,{"$f":"AO405*AR405","v":0},{"$f":"AP405*AO405+AR405*AO405","v":0},null,12208,{"$f":"AU405*AV405","v":0},14998,{"$f":"AU405*AX405","v":0},{"$f":"AV405*AU405+AX405*AU405","v":0},null,12208,{"$f":"BA405*BB405","v":0},14998,{"$f":"BA405*BD405","v":0},{"$f":"BB405*BA405+BD405*BA405","v":0},null,130,12208,{"$f":"BH405*BI405","v":1587040},14998,{"$f":"BH405*BK405","v":1949740},{"$f":"BI405*BH405+BK405*BH405","v":3536780},68,12208,{"$f":"BN405*BO405","v":830144},14998,{"$f":"BN405*BQ405","v":1019864},{"$f":"BO405*BN405+BQ405*BN405","v":1850008}]
["1.13.4.2","Проливка балласта щебеночного цементным раствором М100 на глубину 50 мм","м2",990,1360.8,{"$f":"D406*E406","v":1347192},549.02,{"$f":"D406*G406","v":543529.79999999993},{"$f":"E406*D406+G406*D406","v":1890721.7999999998},null,null,1360.8,{"$f":"K406*L406","v":0},549.02,{"$f":"K406*N406","v":0},{"$f":"L406*K406+N406*K406","v":0},null,1360.8,{"$f":"Q406*R406","v":0},549.02,{"$f":"Q406*T406","v":0},{"$f":"R406*Q406+T406*Q406","v":0},107.11,1360.8,{"$f":"W406*X406","v":145755.288},549.02,{"$f":"W406*Z406","v":58805.532199999994},{"$f":"X406*W406+Z406*W406","v":204560.82019999999},350,1360.8,{"$f":"AC406*AD406","v":476280},549.02,{"$f":"AC406*AF406","v":192157},{"$f":"AD406*AC406+AF406*AC406","v":668437},null,1360.8,{"$f":"AI406*AJ406","v":0},549.02,{"$f":"AI406*AL406","v":0},{"$f":"AJ406*AI406+AL406*AI406","v":0},null,1360.8,{"$f":"AO406*AP406","v":0},549.02,{"$f":"AO406*AR406","v":0},{"$f":"AP406*AO406+AR406*AO406","v":0},null,1360.8,{"$f":"AU406*AV406","v":0},549.02,{"$f":"AU406*AX406","v":0},{"$f":"AV406*AU406+AX406*AU406","v":0},null,1360.8,{"$f":"BA406*BB406","v":0},549.02,{"$f":"BA406*BD406","v":0},{"$f":"BB406*BA406+BD406*BA406","v":0},null,457.11,1360.8,{"$f":"BH406*BI406","v":622035.28799999994},549.02,{"$f":"BH406*BK406","v":250962.53219999999},{"$f":"BI406*BH406+BK406*BH406","v":872997.82019999996},532.89,1360.8,{"$f":"BN406*BO406","v":725156.71199999994},549.02,{"$f":"BN406*BQ406","v":292567.26779999997},{"$f":"BO406*BN406+BQ406*BN406","v":1017723.9797999999}]
["1.13.4.3","Профилированная мембрана Planter","м2",1378,324,{"$f":"D407*E407","v":446472},252,{"$f":"D407*G407","v":347256},{"$f":"E407*D407+G407*D407","v":793728},null,null,324,{"$f":"K407*L407","v":0},252,{"$f":"K407*N407","v":0},{"$f":"L407*K407+N407*K407","v":0},null,324,{"$f":"Q407*R407","v":0},252,{"$f":"Q407*T407","v":0},{"$f":"R407*Q407+T407*Q407","v":0},null,324,{"$f":"W407*X407","v":0},252,{"$f":"W407*Z407","v":0},{"$f":"X407*W407+Z407*W407","v":0},129,324,{"$f":"AC407*AD407","v":41796},252,{"$f":"AC407*AF407","v":32508},{"$f":"AD407*AC407+AF407*AC407","v":74304},null,324,{"$f":"AI407*AJ407","v":0},252,{"$f":"AI407*AL407","v":0},{"$f":"AJ407*AI407+AL407*AI407","v":0},null,324,{"$f":"AO407*AP407","v":0},252,{"$f":"AO407*AR407","v":0},{"$f":"AP407*AO407+AR407*AO407","v":0},null,324,{"$f":"AU407*AV407","v":0},252,{"$f":"AU407*AX407","v":0},{"$f":"AV407*AU407+AX407*AU407","v":0},null,324,{"$f":"BA407*BB407","v":0},252,{"$f":"BA407*BD407","v":0},{"$f":"BB407*BA407+BD407*BA407","v":0},null,129,324,{"$f":"BH407*BI407","v":41796},252,{"$f":"BH407*BK407","v":32508},{"$f":"BI407*BH407+BK407*BH407","v":74304},1249,324,{"$f":"BN407*BO407","v":404676},252,{"$f":"BN407*BQ407","v":314748},{"$f":"BO407*BN407+BQ407*BN407","v":719424}]
["1.13.4.4","Шлифовка поверхности покрытия с использованием порошкового упрочнителя","м2",450,1679.92,{"$f":"D408*E408","v":755964},504.67,{"$f":"D408*G408","v":227101.5},{"$f":"E408*D408+G408*D408","v":983065.5},null,null,1679.92,{"$f":"K408*L408","v":0},504.67,{"$f":"K408*N408","v":0},{"$f":"L408*K408+N408*K408","v":0},null,1679.92,{"$f":"Q408*R408","v":0},504.67,{"$f":"Q408*T408","v":0},{"$f":"R408*Q408+T408*Q408","v":0},null,1679.92,{"$f":"W408*X408","v":0},504.67,{"$f":"W408*Z408","v":0},{"$f":"X408*W408+Z408*W408","v":0},0,1679.92,{"$f":"AC408*AD408","v":0},504.67,{"$f":"AC408*AF408","v":0},{"$f":"AD408*AC408+AF408*AC408","v":0},null,1679.92,{"$f":"AI408*AJ408","v":0},504.67,{"$f":"AI408*AL408","v":0},{"$f":"AJ408*AI408+AL408*AI408","v":0},null,1679.92,{"$f":"AO408*AP408","v":0},504.67,{"$f":"AO408*AR408","v":0},{"$f":"AP408*AO408+AR408*AO408","v":0},null,1679.92,{"$f":"AU408*AV408","v":0},504.67,{"$f":"AU408*AX408","v":0},{"$f":"AV408*AU408+AX408*AU408","v":0},null,1679.92,{"$f":"BA408*BB408","v":0},504.67,{"$f":"BA408*BD408","v":0},{"$f":"BB408*BA408+BD408*BA408","v":0},null,0,1679.92,{"$f":"BH408*BI408","v":0},504.67,{"$f":"BH408*BK408","v":0},{"$f":"BI408*BH408+BK408*BH408","v":0},450,1679.92,{"$f":"BN408*BO408","v":755964},504.67,{"$f":"BN408*BQ408","v":227101.5},{"$f":"BO408*BN408+BQ408*BN408","v":983065.5}]
["1.13.5","Локальный ремонт полов сборочного цеха",null,null,null,{"$f":"SUM(F410:F426)","v":579069.04640000011},null,{"$f":"SUM(H410:H426)","v":276280.41680000001},{"$f":"SUM(I410:I426)","v":855349.4632},null,null,null,{"$f":"SUM(M410:M426)","v":0},null,{"$f":"SUM(O410:O426)","v":0},{"$f":"SUM(P410:P426)","v":0},null,null,{"$f":"SUM(S410:S426)","v":0},null,{"$f":"SUM(U410:U426)","v":0},{"$f":"SUM(V410:V426)","v":0},null,null,{"$f":"SUM(Y410:Y426)","v":0},null,{"$f":"SUM(AA410:AA426)","v":0},{"$f":"SUM(AB410:AB426)","v":0},null,null,{"$f":"SUM(AE410:AE426)","v":565796.8600000001},null,{"$f":"SUM(AG410:AG426)","v":275563.12},{"$f":"SUM(AH410:AH426)","v":841359.98},null,null,{"$f":"SUM(AK410:AK426)","v":0},null,{"$f":"SUM(AM410:AM426)","v":0},{"$f":"SUM(AN410:AN426)","v":0},null,null,{"$f":"SUM(AQ410:AQ426)","v":0},null,{"$f":"SUM(AS410:AS426)","v":0},{"$f":"SUM(AT410:AT426)","v":0},null,null,{"$f":"SUM(AW410:AW426)","v":0},null,{"$f":"SUM(AY410:AY426)","v":0},{"$f":"SUM(AZ410:AZ426)","v":0},null,null,{"$f":"SUM(BC410:BC426)","v":0},null,{"$f":"SUM(BE410:BE426)","v":0},{"$f":"SUM(BF410:BF426)","v":0},null,0,null,{"$f":"SUM(BJ410:BJ426)","v":565796.8600000001},null,{"$f":"SUM(BL410:BL426)","v":275563.12},{"$f":"SUM(BM410:BM426)","v":841359.98},0,null,{"$f":"SUM(BP410:BP426)","v":13272.186399999999},null,{"$f":"SUM(BR410:BR426)","v":717.29679999999985},{"$f":"SUM(BS410:BS426)","v":13989.483199999999}]
["1.13.5.1","Демонтаж металлического обрамления уголком 50х50 мм","п.м.",7.2,3144,{"$f":"D410*E410","v":22636.799999999999},0,null,{"$f":"E410*D410+G410*D410","v":22636.799999999999},null,null,3144,{"$f":"K410*L410","v":0},0,null,{"$f":"L410*K410+N410*K410","v":0},null,3144,{"$f":"Q410*R410","v":0},0,null,{"$f":"R410*Q410+T410*Q410","v":0},null,3144,{"$f":"W410*X410","v":0},0,null,{"$f":"X410*W410+Z410*W410","v":0},5,3144,{"$f":"AC410*AD410","v":15720},0,null,{"$f":"AD410*AC410+AF410*AC410","v":15720},null,3144,{"$f":"AI410*AJ410","v":0},0,null,{"$f":"AJ410*AI410+AL410*AI410","v":0},null,3144,{"$f":"AO410*AP410","v":0},0,null,{"$f":"AP410*AO410+AR410*AO410","v":0},null,3144,{"$f":"AU410*AV410","v":0},0,null,{"$f":"AV410*AU410+AX410*AU410","v":0},null,3144,{"$f":"BA410*BB410","v":0},0,null,{"$f":"BB410*BA410+BD410*BA410","v":0},null,5,3144,{"$f":"BH410*BI410","v":15720},0,null,{"$f":"BI410*BH410+BK410*BH410","v":15720},2.2000000000000002,3144,{"$f":"BN410*BO410","v":6916.8},0,null,{"$f":"BO410*BN410+BQ410*BN410","v":6916.8}]
["1.13.5.2","Армирование сеткой - анкера в боковые стены","кв.м.",2.88,1372.88,3953.8944000000001,150.81,{"$f":"D411*G411","v":434.33279999999996},4388.2272000000003,null,null,1372.88,0,150.81,{"$f":"K411*N411","v":0},0,null,1372.88,0,150.81,{"$f":"Q411*T411","v":0},0,null,1372.88,0,150.81,{"$f":"W411*Z411","v":0},0,2,1372.88,2745.76,150.81,{"$f":"AC411*AF411","v":301.62},3047.38,null,1372.88,0,150.81,{"$f":"AI411*AL411","v":0},0,null,1372.88,0,150.81,{"$f":"AO411*AR411","v":0},0,null,1372.88,0,150.81,{"$f":"AU411*AX411","v":0},0,null,1372.88,0,150.81,{"$f":"BA411*BD411","v":0},0,null,2,1372.88,2745.76,150.81,{"$f":"BH411*BK411","v":301.62},3047.38,0.87999999999999989,1372.88,1208.1343999999999,150.81,{"$f":"BN411*BQ411","v":132.71279999999999},1340.8471999999999]
["1.13.5.3","Подготовка, заливка бетона В25","кв.м.",2.88,2602.9699999999998,7496.5535999999993,0,null,7496.5535999999993,null,null,2602.9699999999998,0,0,null,0,null,2602.9699999999998,0,0,null,0,null,2602.9699999999998,0,0,null,0,2,2602.9699999999998,5205.9399999999996,0,null,5205.9399999999996,null,2602.9699999999998,0,0,null,0,null,2602.9699999999998,0,0,null,0,null,2602.9699999999998,0,0,null,0,null,2602.9699999999998,0,0,null,0,null,2,2602.9699999999998,5205.9399999999996,0,null,5205.9399999999996,0.87999999999999989,2602.9699999999998,2290.6135999999997,0,null,2290.6135999999997]
["1.13.5.4","Шлифовка (5 шагов). Нанесение пропитки Mapei Prosfas","кв.м.",2.88,3246.18,9348.9983999999986,664.3,{"$f":"D413*G413","v":1913.1839999999997},11262.182399999998,null,null,3246.18,0,664.3,{"$f":"K413*N413","v":0},0,null,3246.18,0,664.3,{"$f":"Q413*T413","v":0},0,null,3246.18,0,664.3,{"$f":"W413*Z413","v":0},0,2,3246.18,6492.36,664.3,{"$f":"AC413*AF413","v":1328.6},7820.9599999999991,null,3246.18,0,664.3,{"$f":"AI413*AL413","v":0},0,null,3246.18,0,664.3,{"$f":"AO413*AR413","v":0},0,null,3246.18,0,664.3,{"$f":"AU413*AX413","v":0},0,null,3246.18,0,664.3,{"$f":"BA413*BD413","v":0},0,null,2,3246.18,6492.36,664.3,{"$f":"BH413*BK413","v":1328.6},7820.9599999999991,0.87999999999999989,3246.18,2856.6383999999994,664.3,{"$f":"BN413*BQ413","v":584.58399999999983},3441.2223999999992]
["1.13.5.5","Нарезка, демонтаж бетона разрушенных швов, ширина 100 мм","п.м.",90,972.02,87481.8,167.08,15037.2,102519,null,null,972.02,0,167.08,0,0,null,972.02,0,167.08,0,0,null,972.02,0,167.08,0,0,90,972.02,87481.8,167.08,15037.2,102519,null,972.02,0,167.08,0,0,null,972.02,0,167.08,0,0,null,972.02,0,167.08,0,0,null,972.02,0,167.08,0,0,null,90,972.02,87481.8,167.08,15037.2,102519,0,972.02,0,167.08,0,0]
["1.13.5.6","Заливка ремонтной смеси М600. Ручная шлифовка (5 шагов). Нанесение пропитки\nMapei Prosfas","п.м.",90,1516.98,136528.20000000001,1164.8,104832,241360.2,null,null,1516.98,0,1164.8,0,0,null,1516.98,0,1164.8,0,0,null,1516.98,0,1164.8,0,0,90,1516.98,136528.20000000001,1164.8,104832,241360.2,null,1516.98,0,1164.8,0,0,null,1516.98,0,1164.8,0,0,null,1516.98,0,1164.8,0,0,null,1516.98,0,1164.8,0,0,null,90,1516.98,136528.20000000001,1164.8,104832,241360.2,0,1516.98,0,1164.8,0,0]
["1.13.5.7","Нарезка нового шва на глубину до 40 мм","п.м.",90,505.66,45509.4,83.54,7518.6,53028,null,null,505.66,0,83.54,0,0,null,505.66,0,83.54,0,0,null,505.66,0,83.54,0,0,90,505.66,45509.4,83.54,7518.6,53028,null,505.66,0,83.54,0,0,null,505.66,0,83.54,0,0,null,505.66,0,83.54,0,0,null,505.66,0,83.54,0,0,null,90,505.66,45509.4,83.54,7518.6,53028,0,505.66,0,83.54,0,0]
["1.13.5.8","Нанесение эпоксидной грунтовки с быстрым набором прочности","п.м.",90,93.01,8370.9,284.44,25599.599999999999,33970.5,null,null,93.01,0,284.44,0,0,null,93.01,0,284.44,0,0,null,93.01,0,284.44,0,0,90,93.01,8370.9,284.44,25599.599999999999,33970.5,null,93.01,0,284.44,0,0,null,93.01,0,284.44,0,0,null,93.01,0,284.44,0,0,null,93.01,0,284.44,0,0,null,90,93.01,8370.9,284.44,25599.599999999999,33970.5,0,93.01,0,284.44,0,0]
["1.13.5.9","Заполнение шва шнуром Вилатерм","п.м.",90,40.61,3654.9,44.2,3978.0000000000005,7632.9000000000005,null,null,40.61,0,44.2,0,0,null,40.61,0,44.2,0,0,null,40.61,0,44.2,0,0,90,40.61,3654.9,44.2,3978.0000000000005,7632.9000000000005,null,40.61,0,44.2,0,0,null,40.61,0,44.2,0,0,null,40.61,0,44.2,0,0,null,40.61,0,44.2,0,0,null,{"$f":"K418+Q418+W418+AC418+AI418+AO418+AU418+BA418","v":90},40.61,3654.9,44.2,3978.0000000000005,7632.9000000000005,{"$f":"D418-BH418","v":0},40.61,0,44.2,0,0]
["1.13.5.10","Заполнение шва двухкомпонентным полиуретановым герметиком (Снятие излишек)","п.м.",90,882.94,79464.600000000006,1166.0999999999999,104948.99999999999,184413.59999999998,null,null,882.94,0,1166.0999999999999,0,0,null,882.94,0,1166.0999999999999,0,0,null,882.94,0,1166.0999999999999,0,0,90,882.94,79464.600000000006,1166.0999999999999,104948.99999999999,184413.59999999998,null,882.94,0,1166.0999999999999,0,0,null,882.94,0,1166.0999999999999,0,0,null,882.94,0,1166.0999999999999,0,0,null,882.94,0,1166.0999999999999,0,0,null,90,882.94,79464.600000000006,1166.0999999999999,104948.99999999999,184413.59999999998,0,882.94,0,1166.0999999999999,0,0]
["1.13.5.11","Удаление грязи из трещин","кв.м.",2,1965,3930,0,null,3930,null,null,1965,0,0,null,0,null,1965,0,0,null,0,null,1965,0,0,null,0,2,1965,3930,0,null,3930,null,1965,0,0,null,0,null,1965,0,0,null,0,null,1965,0,0,null,0,null,1965,0,0,null,0,null,2,1965,3930,0,null,3930,0,1965,0,0,null,0]
["1.13.5.12","Заполнение трещин эпоксидной смолой","кв.м.",2,8515,17030,308.10000000000002,{"$f":"D421*G421","v":616.20000000000005},17646.2,null,null,8515,0,308.10000000000002,{"$f":"K421*N421","v":0},0,null,8515,0,308.10000000000002,{"$f":"Q421*T421","v":0},0,null,8515,0,308.10000000000002,{"$f":"W421*Z421","v":0},0,2,8515,17030,308.10000000000002,{"$f":"AC421*AF421","v":616.20000000000005},17646.2,null,8515,0,308.10000000000002,{"$f":"AI421*AL421","v":0},0,null,8515,0,308.10000000000002,{"$f":"AO421*AR421","v":0},0,null,8515,0,308.10000000000002,{"$f":"AU421*AX421","v":0},0,null,8515,0,308.10000000000002,{"$f":"BA421*BD421","v":0},0,null,2,8515,17030,308.10000000000002,{"$f":"BH421*BK421","v":616.20000000000005},17646.2,0,8515,0,308.10000000000002,{"$f":"BN421*BQ421","v":0},0]
["1.13.5.13","Чистка бетона от излишек эпоксидной смолы","кв.м.",2,1965,3930,68.25,136.5,4066.5,null,null,1965,0,68.25,0,0,null,1965,0,68.25,0,0,null,1965,0,68.25,0,0,2,1965,3930,68.25,136.5,4066.5,null,1965,0,68.25,0,0,null,1965,0,68.25,0,0,null,1965,0,68.25,0,0,null,1965,0,68.25,0,0,null,2,1965,3930,68.25,136.5,4066.5,0,1965,0,68.25,0,0]
["1.13.5.14","Удаление шпилек и арматуры. (Вырез квадрата 100х100м, глубиной до 40 мм. Демонтаж шпильки, арматуры, бетона. Заливка ремонтной смемью М600)","шт.",12,6550,78600,218.4,2620.8000000000002,81220.800000000003,null,null,6550,0,218.4,0,0,null,6550,0,218.4,0,0,null,6550,0,218.4,0,0,12,6550,78600,218.4,2620.8000000000002,81220.800000000003,null,6550,0,218.4,0,0,null,6550,0,218.4,0,0,null,6550,0,218.4,0,0,null,6550,0,218.4,0,0,null,12,6550,78600,218.4,2620.8000000000002,81220.800000000003,0,6550,0,218.4,0,0]
["1.13.5.15","Шлифовка (5 шагов). Нанесение пропитки Mapei Prosfas","шт.",12,4061,48732,45.5,546,49278,null,null,4061,0,45.5,0,0,null,4061,0,45.5,0,0,null,4061,0,45.5,0,0,12,4061,48732,45.5,546,49278,null,4061,0,45.5,0,0,null,4061,0,45.5,0,0,null,4061,0,45.5,0,0,null,4061,0,45.5,0,0,null,12,4061,48732,45.5,546,49278,0,4061,0,45.5,0,0]
["1.13.5.16","Подготовка. Заливка ремонтной смесью шурф 200 мм, глубина 70 мм","шт",1,9825,9825,8008,8008,17833,null,null,9825,0,8008,0,0,null,9825,0,8008,0,0,null,9825,0,8008,0,0,1,9825,9825,8008,8008,17833,null,9825,0,8008,0,0,null,9825,0,8008,0,0,null,9825,0,8008,0,0,null,9825,0,8008,0,0,null,1,9825,9825,8008,8008,17833,0,9825,0,8008,0,0]
["1.13.5.17","Шлифовка (5 шагов). Нанесение пропитки Mapei Prosfas","шт.",1,12576,12576,91,91,12667,null,null,12576,0,91,0,0,null,12576,0,91,0,0,null,12576,0,91,0,0,1,12576,12576,91,91,12667,null,12576,0,91,0,0,null,12576,0,91,0,0,null,12576,0,91,0,0,null,12576,0,91,0,0,null,1,12576,12576,91,91,12667,0,12576,0,91,0,0]
["1.13.6","Полы сварочного цеха ",null,null,null,{"$f":"F428+F429","v":17886390},null,{"$f":"H428+H429","v":9790190},{"$f":"I428+I429","v":27676580},null,null,null,{"$f":"M428+M429","v":0},null,{"$f":"O428+O429","v":0},{"$f":"P428+P429","v":0},null,null,{"$f":"S428+S429","v":0},null,{"$f":"U428+U429","v":0},{"$f":"V428+V429","v":0},null,null,{"$f":"Y428+Y429","v":17770700},null,{"$f":"AA428+AA429","v":9754980},{"$f":"AB428+AB429","v":27525680},null,null,{"$f":"AE428+AE429","v":97924.800000000003},null,{"$f":"AG428+AG429","v":29803.200000000001},{"$f":"AH428+AH429","v":127728},null,null,{"$f":"AK428+AK429","v":0},null,{"$f":"AM428+AM429","v":0},{"$f":"AN428+AN429","v":0},null,null,{"$f":"AQ428+AQ429","v":0},null,{"$f":"AS428+AS429","v":0},{"$f":"AT428+AT429","v":0},null,null,{"$f":"AW428+AW429","v":0},null,{"$f":"AY428+AY429","v":0},{"$f":"AZ428+AZ429","v":0},null,null,{"$f":"BC428+BC429","v":0},null,{"$f":"BE428+BE429","v":0},{"$f":"BF428+BF429","v":0},null,0,null,{"$f":"BJ428+BJ429","v":17868624.800000001},null,{"$f":"BL428+BL429","v":9784783.1999999993},{"$f":"BM428+BM429","v":27653408},0,null,{"$f":"BP428+BP429","v":17765.2},null,{"$f":"BR428+BR429","v":5406.8000000000011},{"$f":"BS428+BS429","v":23172}]
["1.13.6.1","Фрезеровка поверхности покрытия со снятием топпинга, шлифовка, полировка, нанесение защитной пропитки,ремонт и герметизация швов, дефектов покрытия","м2",3781,4700,{"$f":"D428*E428","v":17770700},2580,{"$f":"D428*G428","v":9754980},{"$f":"E428*D428+G428*D428","v":27525680},null,null,4700,{"$f":"K428*L428","v":0},2580,{"$f":"K428*N428","v":0},{"$f":"L428*K428+N428*K428","v":0},null,4700,{"$f":"Q428*R428","v":0},2580,{"$f":"Q428*T428","v":0},{"$f":"R428*Q428+T428*Q428","v":0},3781,4700,{"$f":"W428*X428","v":17770700},2580,{"$f":"W428*Z428","v":9754980},{"$f":"X428*W428+Z428*W428","v":27525680},null,4700,{"$f":"AC428*AD428","v":0},2580,{"$f":"AC428*AF428","v":0},{"$f":"AD428*AC428+AF428*AC428","v":0},null,4700,{"$f":"AI428*AJ428","v":0},2580,{"$f":"AI428*AL428","v":0},{"$f":"AJ428*AI428+AL428*AI428","v":0},null,4700,{"$f":"AO428*AP428","v":0},2580,{"$f":"AO428*AR428","v":0},{"$f":"AP428*AO428+AR428*AO428","v":0},null,4700,{"$f":"AU428*AV428","v":0},2580,{"$f":"AU428*AX428","v":0},{"$f":"AV428*AU428+AX428*AU428","v":0},null,4700,{"$f":"BA428*BB428","v":0},2580,{"$f":"BA428*BD428","v":0},{"$f":"BB428*BA428+BD428*BA428","v":0},null,3781,4700,{"$f":"BH428*BI428","v":17770700},2580,{"$f":"BH428*BK428","v":9754980},{"$f":"BI428*BH428+BK428*BH428","v":27525680},0,4700,{"$f":"BN428*BO428","v":0},2580,{"$f":"BN428*BQ428","v":0},{"$f":"BO428*BN428+BQ428*BN428","v":0}]
["1.13.6.2","Нанесение сигнальной расцветки на пол","м2",251.5,460,{"$f":"D429*E429","v":115690},140,{"$f":"D429*G429","v":35210},150900,null,null,460,{"$f":"K429*L429","v":0},140,{"$f":"K429*N429","v":0},0,null,460,{"$f":"Q429*R429","v":0},140,{"$f":"Q429*T429","v":0},0,null,460,{"$f":"W429*X429","v":0},140,{"$f":"W429*Z429","v":0},0,212.88,460,{"$f":"AC429*AD429","v":97924.800000000003},140,{"$f":"AC429*AF429","v":29803.200000000001},127728,null,460,{"$f":"AI429*AJ429","v":0},140,{"$f":"AI429*AL429","v":0},0,null,460,{"$f":"AO429*AP429","v":0},140,{"$f":"AO429*AR429","v":0},0,null,460,{"$f":"AU429*AV429","v":0},140,{"$f":"AU429*AX429","v":0},0,null,460,{"$f":"BA429*BB429","v":0},140,{"$f":"BA429*BD429","v":0},0,null,212.88,460,{"$f":"BH429*BI429","v":97924.800000000003},140,{"$f":"BH429*BK429","v":29803.200000000001},127728,38.620000000000005,460,{"$f":"BN429*BO429","v":17765.2},140,{"$f":"BN429*BQ429","v":5406.8000000000011},23172]
["1.13.7","Фундаменты под домкраты ФМ-1 (24 шт) - 3й путь\nсварочный пролет",null,null,null,{"$f":"SUM(F431:F435)","v":3834412.3430000003},null,{"$f":"SUM(H431:H435)","v":2192577.074},{"$f":"SUM(I431:I435)","v":6026989.4170000004},null,null,null,{"$f":"SUM(M431:M435)","v":0},null,{"$f":"SUM(O431:O435)","v":0},{"$f":"SUM(P431:P435)","v":0},null,null,{"$f":"SUM(S431:S435)","v":0},null,{"$f":"SUM(U431:U435)","v":0},{"$f":"SUM(V431:V435)","v":0},null,null,{"$f":"SUM(Y431:Y435)","v":1939195.7951000002},null,{"$f":"SUM(AA431:AA435)","v":1766173.9790000001},{"$f":"SUM(AB431:AB435)","v":3705369.7741000005},null,null,{"$f":"SUM(AE431:AE435)","v":484098.63659999997},null,{"$f":"SUM(AG431:AG435)","v":0},{"$f":"SUM(AH431:AH435)","v":484098.63659999997},null,null,{"$f":"SUM(AK431:AK435)","v":0},null,{"$f":"SUM(AM431:AM435)","v":0},{"$f":"SUM(AN431:AN435)","v":0},null,null,{"$f":"SUM(AQ431:AQ435)","v":0},null,{"$f":"SUM(AS431:AS435)","v":0},{"$f":"SUM(AT431:AT435)","v":0},null,null,{"$f":"SUM(AW431:AW435)","v":0},null,{"$f":"SUM(AY431:AY435)","v":0},{"$f":"SUM(AZ431:AZ435)","v":0},null,null,{"$f":"SUM(BC431:BC435)","v":0},null,{"$f":"SUM(BE431:BE435)","v":0},{"$f":"SUM(BF431:BF435)","v":0},null,0,null,{"$f":"SUM(BJ431:BJ435)","v":2423294.4317000005},null,{"$f":"SUM(BL431:BL435)","v":1766173.9790000001},{"$f":"SUM(BM431:BM435)","v":4189468.4107000008},0,null,{"$f":"SUM(BP431:BP435)","v":1411117.9112999998},null,{"$f":"SUM(BR431:BR435)","v":426403.09500000003},{"$f":"SUM(BS431:BS435)","v":1837521.0062999998}]
["1.13.7.1","Демонтаж ж/б покрытия пола с погрузкой","м3",88,20171.61,{"$f":"D431*E431","v":1775101.6800000002},0,null,{"$f":"E431*D431+G431*D431","v":1775101.6800000002},null,null,20171.61,{"$f":"K431*L431","v":0},0,null,{"$f":"L431*K431+N431*K431","v":0},null,20171.61,{"$f":"Q431*R431","v":0},0,null,{"$f":"R431*Q431+T431*Q431","v":0},21.5,20171.61,{"$f":"W431*X431","v":433689.61499999999},0,null,{"$f":"X431*W431+Z431*W431","v":433689.61499999999},21.56,20171.61,{"$f":"AC431*AD431","v":434899.91159999999},0,null,{"$f":"AD431*AC431+AF431*AC431","v":434899.91159999999},null,20171.61,{"$f":"AI431*AJ431","v":0},0,null,{"$f":"AJ431*AI431+AL431*AI431","v":0},null,20171.61,{"$f":"AO431*AP431","v":0},0,null,{"$f":"AP431*AO431+AR431*AO431","v":0},null,20171.61,{"$f":"AU431*AV431","v":0},0,null,{"$f":"AV431*AU431+AX431*AU431","v":0},null,20171.61,{"$f":"BA431*BB431","v":0},0,null,{"$f":"BB431*BA431+BD431*BA431","v":0},null,43.06,20171.61,{"$f":"BH431*BI431","v":868589.5266000001},0,null,{"$f":"BI431*BH431+BK431*BH431","v":868589.5266000001},44.94,20171.61,{"$f":"BN431*BO431","v":906512.15339999995},0,null,{"$f":"BO431*BN431+BQ431*BN431","v":906512.15339999995}]
["1.13.7.2","Вывоз и утилизация с К разрыхления 1,47","м3",{"$f":"D431*1.47","v":129.35999999999999},1552.5,{"$f":"D432*E432","v":200831.39999999997},0,null,{"$f":"E432*D432+G432*D432","v":200831.39999999997},null,null,1552.5,{"$f":"K432*L432","v":0},0,null,{"$f":"L432*K432+N432*K432","v":0},null,1552.5,{"$f":"Q432*R432","v":0},0,null,{"$f":"R432*Q432+T432*Q432","v":0},31.6,1552.5,{"$f":"W432*X432","v":49059},0,null,{"$f":"X432*W432+Z432*W432","v":49059},31.69,1552.5,{"$f":"AC432*AD432","v":49198.724999999999},0,null,{"$f":"AD432*AC432+AF432*AC432","v":49198.724999999999},null,1552.5,{"$f":"AI432*AJ432","v":0},0,null,{"$f":"AJ432*AI432+AL432*AI432","v":0},null,1552.5,{"$f":"AO432*AP432","v":0},0,null,{"$f":"AP432*AO432+AR432*AO432","v":0},null,1552.5,{"$f":"AU432*AV432","v":0},0,null,{"$f":"AV432*AU432+AX432*AU432","v":0},null,1552.5,{"$f":"BA432*BB432","v":0},0,null,{"$f":"BB432*BA432+BD432*BA432","v":0},null,63.290000000000006,1552.5,{"$f":"BH432*BI432","v":98257.725000000006},0,null,{"$f":"BI432*BH432+BK432*BH432","v":98257.725000000006},66.069999999999979,1552.5,{"$f":"BN432*BO432","v":102573.67499999997},0,null,{"$f":"BO432*BN432+BQ432*BN432","v":102573.67499999997}]
["1.13.7.3","Разработка грунта под котлованы с погрузкой","м3",44,1941.98,{"$f":"D433*E433","v":85447.12},0,null,{"$f":"E433*D433+G433*D433","v":85447.12},null,null,1941.98,{"$f":"K433*L433","v":0},0,null,{"$f":"L433*K433+N433*K433","v":0},null,1941.98,{"$f":"Q433*R433","v":0},0,null,{"$f":"R433*Q433+T433*Q433","v":0},26.27,1941.98,{"$f":"W433*X433","v":51015.814599999998},0,null,{"$f":"X433*W433+Z433*W433","v":51015.814599999998},0,1941.98,{"$f":"AC433*AD433","v":0},0,null,{"$f":"AD433*AC433+AF433*AC433","v":0},null,1941.98,{"$f":"AI433*AJ433","v":0},0,null,{"$f":"AJ433*AI433+AL433*AI433","v":0},null,1941.98,{"$f":"AO433*AP433","v":0},0,null,{"$f":"AP433*AO433+AR433*AO433","v":0},null,1941.98,{"$f":"AU433*AV433","v":0},0,null,{"$f":"AV433*AU433+AX433*AU433","v":0},null,1941.98,{"$f":"BA433*BB433","v":0},0,null,{"$f":"BB433*BA433+BD433*BA433","v":0},null,26.27,1941.98,{"$f":"BH433*BI433","v":51015.814599999998},0,null,{"$f":"BI433*BH433+BK433*BH433","v":51015.814599999998},17.73,1941.98,{"$f":"BN433*BO433","v":34431.305400000005},0,null,{"$f":"BO433*BN433+BQ433*BN433","v":34431.305400000005}]
["1.13.7.4","Вывоз и утилизация с К разрыхления 1,6","м3",{"$f":"D433*1.6","v":70.400000000000006},1552.5,{"$f":"D434*E434","v":109296.00000000001},0,null,{"$f":"E434*D434+G434*D434","v":109296.00000000001},null,null,1552.5,{"$f":"K434*L434","v":0},0,null,{"$f":"L434*K434+N434*K434","v":0},null,1552.5,{"$f":"Q434*R434","v":0},0,null,{"$f":"R434*Q434+T434*Q434","v":0},42.03,1552.5,{"$f":"W434*X434","v":65251.575000000004},0,null,{"$f":"X434*W434+Z434*W434","v":65251.575000000004},0,1552.5,{"$f":"AC434*AD434","v":0},0,null,{"$f":"AD434*AC434+AF434*AC434","v":0},null,1552.5,{"$f":"AI434*AJ434","v":0},0,null,{"$f":"AJ434*AI434+AL434*AI434","v":0},null,1552.5,{"$f":"AO434*AP434","v":0},0,null,{"$f":"AP434*AO434+AR434*AO434","v":0},null,1552.5,{"$f":"AU434*AV434","v":0},0,null,{"$f":"AV434*AU434+AX434*AU434","v":0},null,1552.5,{"$f":"BA434*BB434","v":0},0,null,{"$f":"BB434*BA434+BD434*BA434","v":0},null,42.03,1552.5,{"$f":"BH434*BI434","v":65251.575000000004},0,null,{"$f":"BI434*BH434+BK434*BH434","v":65251.575000000004},28.370000000000005,1552.5,{"$f":"BN434*BO434","v":44044.42500000001},0,null,{"$f":"BO434*BN434+BQ434*BN434","v":44044.42500000001}]
["1.13.7.5","Устройство ж/б фундаментов ФМ-1","м3",88.7,18756.89,{"$f":"D435*E435","v":1663736.1429999999},24719.02,{"$f":"D435*G435","v":2192577.074},{"$f":"E435*D435+G435*D435","v":3856313.2170000002},null,null,18756.89,{"$f":"K435*L435","v":0},24719.02,{"$f":"K435*N435","v":0},{"$f":"L435*K435+N435*K435","v":0},null,18756.89,{"$f":"Q435*R435","v":0},24719.02,{"$f":"Q435*T435","v":0},{"$f":"R435*Q435+T435*Q435","v":0},71.45,18756.89,{"$f":"W435*X435","v":1340179.7905000001},24719.02,{"$f":"W435*Z435","v":1766173.9790000001},{"$f":"X435*W435+Z435*W435","v":3106353.7695000004},0,18756.89,{"$f":"AC435*AD435","v":0},24719.02,{"$f":"AC435*AF435","v":0},{"$f":"AD435*AC435+AF435*AC435","v":0},null,18756.89,{"$f":"AI435*AJ435","v":0},24719.02,{"$f":"AI435*AL435","v":0},{"$f":"AJ435*AI435+AL435*AI435","v":0},null,18756.89,{"$f":"AO435*AP435","v":0},24719.02,{"$f":"AO435*AR435","v":0},{"$f":"AP435*AO435+AR435*AO435","v":0},null,18756.89,{"$f":"AU435*AV435","v":0},24719.02,{"$f":"AU435*AX435","v":0},{"$f":"AV435*AU435+AX435*AU435","v":0},null,18756.89,{"$f":"BA435*BB435","v":0},24719.02,{"$f":"BA435*BD435","v":0},{"$f":"BB435*BA435+BD435*BA435","v":0},null,71.45,18756.89,{"$f":"BH435*BI435","v":1340179.7905000001},24719.02,{"$f":"BH435*BK435","v":1766173.9790000001},{"$f":"BI435*BH435+BK435*BH435","v":3106353.7695000004},17.25,18756.89,{"$f":"BN435*BO435","v":323556.35249999998},24719.02,{"$f":"BN435*BQ435","v":426403.09500000003},{"$f":"BO435*BN435+BQ435*BN435","v":749959.44750000001}]
["1.13.8","Кабельные лотки. Демонтаж существующего пола 400мм, монтаж лотков, крышек.",null,null,null,{"$f":"F437+F438+F439+F440+F441+F442+F443+F444+F445+F446+F447+F448","v":12381402.438000003},null,{"$f":"H437+H438+H439+H440+H441+H442+H443+H444+H445+H446+H447+H448","v":8226306.2271500006},{"$f":"I437+I438+I439+I440+I441+I442+I443+I444+I445+I446+I447+I448","v":20607708.665149998},null,null,null,{"$f":"M437+M438+M439+M440+M441+M442+M443+M444+M445+M446+M447+M448","v":0},null,{"$f":"O437+O438+O439+O440+O441+O442+O443+O444+O445+O446+O447+O448","v":0},{"$f":"P437+P438+P439+P440+P441+P442+P443+P444+P445+P446+P447+P448","v":0},null,null,{"$f":"S437+S438+S439+S440+S441+S442+S443+S444+S445+S446+S447+S448","v":0},null,{"$f":"U437+U438+U439+U440+U441+U442+U443+U444+U445+U446+U447+U448","v":0},{"$f":"V437+V438+V439+V440+V441+V442+V443+V444+V445+V446+V447+V448","v":0},null,null,{"$f":"Y437+Y438+Y439+Y440+Y441+Y442+Y443+Y444+Y445+Y446+Y447+Y448","v":10621349.978600001},null,{"$f":"AA437+AA438+AA439+AA440+AA441+AA442+AA443+AA444+AA445+AA446+AA447+AA448","v":6125890.8271000003},{"$f":"AB437+AB438+AB439+AB440+AB441+AB442+AB443+AB444+AB445+AB446+AB447+AB448","v":16747240.8057},null,null,{"$f":"AE437+AE438+AE439+AE440+AE441+AE442+AE443+AE444+AE445+AE446+AE447+AE448","v":1473957.1414000001},null,{"$f":"AG437+AG438+AG439+AG440+AG441+AG442+AG443+AG444+AG445+AG446+AG447+AG448","v":1760219.2795000002},{"$f":"AH437+AH438+AH439+AH440+AH441+AH442+AH443+AH444+AH445+AH446+AH447+AH448","v":3234176.4209000003},null,null,{"$f":"AK437+AK438+AK439+AK440+AK441+AK442+AK443+AK444+AK445+AK446+AK447+AK448","v":0},null,{"$f":"AM437+AM438+AM439+AM440+AM441+AM442+AM443+AM444+AM445+AM446+AM447+AM448","v":0},{"$f":"AN437+AN438+AN439+AN440+AN441+AN442+AN443+AN444+AN445+AN446+AN447+AN448","v":0},null,null,{"$f":"AQ437+AQ438+AQ439+AQ440+AQ441+AQ442+AQ443+AQ444+AQ445+AQ446+AQ447+AQ448","v":0},null,{"$f":"AS437+AS438+AS439+AS440+AS441+AS442+AS443+AS444+AS445+AS446+AS447+AS448","v":0},{"$f":"AT437+AT438+AT439+AT440+AT441+AT442+AT443+AT444+AT445+AT446+AT447+AT448","v":0},null,null,{"$f":"AW437+AW438+AW439+AW440+AW441+AW442+AW443+AW444+AW445+AW446+AW447+AW448","v":0},null,{"$f":"AY437+AY438+AY439+AY440+AY441+AY442+AY443+AY444+AY445+AY446+AY447+AY448","v":0},{"$f":"AZ437+AZ438+AZ439+AZ440+AZ441+AZ442+AZ443+AZ444+AZ445+AZ446+AZ447+AZ448","v":0},null,null,{"$f":"BC437+BC438+BC439+BC440+BC441+BC442+BC443+BC444+BC445+BC446+BC447+BC448","v":0},null,{"$f":"BE437+BE438+BE439+BE440+BE441+BE442+BE443+BE444+BE445+BE446+BE447+BE448","v":0},{"$f":"BF437+BF438+BF439+BF440+BF441+BF442+BF443+BF444+BF445+BF446+BF447+BF448","v":0},null,0,null,{"$f":"BJ437+BJ438+BJ439+BJ440+BJ441+BJ442+BJ443+BJ444+BJ445+BJ446+BJ447+BJ448","v":12095307.120000003},null,{"$f":"BL437+BL438+BL439+BL440+BL441+BL442+BL443+BL444+BL445+BL446+BL447+BL448","v":7886110.1066000015},{"$f":"BM437+BM438+BM439+BM440+BM441+BM442+BM443+BM444+BM445+BM446+BM447+BM448","v":19981417.226599999},0,null,{"$f":"BP437+BP438+BP439+BP440+BP441+BP442+BP443+BP444+BP445+BP446+BP447+BP448","v":286095.31799999991},null,{"$f":"BR437+BR438+BR439+BR440+BR441+BR442+BR443+BR444+BR445+BR446+BR447+BR448","v":340196.12054999976},{"$f":"BS437+BS438+BS439+BS440+BS441+BS442+BS443+BS444+BS445+BS446+BS447+BS448","v":626291.43854999961}]
["1.13.8.1","Демонтаж существующего слоя пола толщиной 400 мм шириной 700мм","м3",81.400000000000006,68196.710000000006,{"$f":"D437*E437","v":5551212.1940000011},0,null,{"$f":"E437*D437+G437*D437","v":5551212.1940000011},null,null,68196.710000000006,{"$f":"K437*L437","v":0},0,null,{"$f":"L437*K437+N437*K437","v":0},null,68196.710000000006,{"$f":"Q437*R437","v":0},0,null,{"$f":"R437*Q437+T437*Q437","v":0},66.510000000000005,68196.710000000006,{"$f":"W437*X437","v":4535763.1821000008},0,null,{"$f":"X437*W437+Z437*W437","v":4535763.1821000008},12.28,68196.710000000006,{"$f":"AC437*AD437","v":837455.59880000004},0,null,{"$f":"AD437*AC437+AF437*AC437","v":837455.59880000004},null,68196.710000000006,{"$f":"AI437*AJ437","v":0},0,null,{"$f":"AJ437*AI437+AL437*AI437","v":0},null,68196.710000000006,{"$f":"AO437*AP437","v":0},0,null,{"$f":"AP437*AO437+AR437*AO437","v":0},null,68196.710000000006,{"$f":"AU437*AV437","v":0},0,null,{"$f":"AV437*AU437+AX437*AU437","v":0},null,68196.710000000006,{"$f":"BA437*BB437","v":0},0,null,{"$f":"BB437*BA437+BD437*BA437","v":0},null,78.790000000000006,68196.710000000006,{"$f":"BH437*BI437","v":5373218.7809000006},0,null,{"$f":"BI437*BH437+BK437*BH437","v":5373218.7809000006},2.6099999999999994,68196.710000000006,{"$f":"BN437*BO437","v":177993.41309999998},0,null,{"$f":"BO437*BN437+BQ437*BN437","v":177993.41309999998}]
["1.13.8.2","Вывоз и утилизация с К разрыхления 1,47","м3",{"$f":"D437*1.47","v":119.658},1590,{"$f":"D438*E438","v":190256.22},0,null,190256.22,null,null,1590,{"$f":"K438*L438","v":0},0,null,0,null,1590,{"$f":"Q438*R438","v":0},0,null,0,99.77,1590,{"$f":"W438*X438","v":158634.29999999999},0,null,158634.29999999999,18.051599999999997,1590,{"$f":"AC438*AD438","v":28702.043999999994},0,null,28702.043999999994,null,1590,{"$f":"AI438*AJ438","v":0},0,null,0,null,1590,{"$f":"AO438*AP438","v":0},0,null,0,null,1590,{"$f":"AU438*AV438","v":0},0,null,0,null,1590,{"$f":"BA438*BB438","v":0},0,null,0,null,117.82159999999999,1590,{"$f":"BH438*BI438","v":187336.34399999998},0,null,187336.34399999998,1.8364000000000118,1590,{"$f":"BN438*BO438","v":2919.8760000000188},0,null,2919.8760000000188]
["1.13.8.3","Доработка грунта вручную до проектной отметки, 10 см","м3",21.4,2772.16,{"$f":"D439*E439","v":59324.223999999995},0,null,59324.223999999995,null,null,2772.16,{"$f":"K439*L439","v":0},0,null,0,null,2772.16,{"$f":"Q439*R439","v":0},0,null,0,8.2899999999999991,2772.16,{"$f":"W439*X439","v":22981.206399999995},0,null,22981.206399999995,13.11,2772.16,{"$f":"AC439*AD439","v":36343.017599999999},0,null,36343.017599999999,null,2772.16,{"$f":"AI439*AJ439","v":0},0,null,0,null,2772.16,{"$f":"AO439*AP439","v":0},0,null,0,null,2772.16,{"$f":"AU439*AV439","v":0},0,null,0,null,2772.16,{"$f":"BA439*BB439","v":0},0,null,0,null,21.4,2772.16,{"$f":"BH439*BI439","v":59324.223999999995},0,null,59324.223999999995,0,2772.16,{"$f":"BN439*BO439","v":0},0,null,0]
["1.13.8.4","Вывоз и утилизация с К разрыхления 1,6","м3",{"$f":"D439*1.6","v":34.24},1590,{"$f":"D440*E440","v":54441.600000000006},0,null,54441.600000000006,null,null,1590,{"$f":"K440*L440","v":0},0,null,0,null,1590,{"$f":"Q440*R440","v":0},0,null,0,13.26,1590,{"$f":"W440*X440","v":21083.4},0,null,21083.4,20.98,1590,{"$f":"AC440*AD440","v":33358.199999999997},0,null,33358.199999999997,null,1590,{"$f":"AI440*AJ440","v":0},0,null,0,null,1590,{"$f":"AO440*AP440","v":0},0,null,0,null,1590,{"$f":"AU440*AV440","v":0},0,null,0,null,1590,{"$f":"BA440*BB440","v":0},0,null,0,null,34.24,1590,{"$f":"BH440*BI440","v":54441.600000000006},0,null,54441.600000000006,0,1590,{"$f":"BN440*BO440","v":0},0,null,0]
["1.13.8.5","Устройство бетонной подготовки из бетона В15 100 мм","м3",21.4,8646,{"$f":"D441*E441","v":185024.4},23400,{"$f":"D441*G441","v":500759.99999999994},685784.39999999991,null,null,8646,{"$f":"K441*L441","v":0},23400,{"$f":"K441*N441","v":0},0,null,8646,{"$f":"Q441*R441","v":0},23400,{"$f":"Q441*T441","v":0},0,19.47,8646,{"$f":"W441*X441","v":168337.62},23400,{"$f":"W441*Z441","v":455598},623935.62,1.93,8646,{"$f":"AC441*AD441","v":16686.78},23400,{"$f":"AC441*AF441","v":45162},61848.78,null,8646,{"$f":"AI441*AJ441","v":0},23400,{"$f":"AI441*AL441","v":0},0,null,8646,{"$f":"AO441*AP441","v":0},23400,{"$f":"AO441*AR441","v":0},0,null,8646,{"$f":"AU441*AV441","v":0},23400,{"$f":"AU441*AX441","v":0},0,null,8646,{"$f":"BA441*BB441","v":0},23400,{"$f":"BA441*BD441","v":0},0,null,21.4,8646,{"$f":"BH441*BI441","v":185024.4},23400,{"$f":"BH441*BK441","v":500759.99999999994},685784.39999999991,0,8646,{"$f":"BN441*BO441","v":0},23400,{"$f":"BN441*BQ441","v":0},0]
["1.13.8.6","Монтаж лотков ЛК 300.60.30 0,231м3/ шт. (22,47м3/107шт.)","м3",22.47,61344.43,1378409.3421,70814.53,{"$f":"D442*G442","v":1591202.4890999999},2969611.8311999999,null,null,61344.43,0,70814.53,{"$f":"K442*N442","v":0},0,null,61344.43,0,70814.53,{"$f":"Q442*T442","v":0},0,22.47,61344.43,1378409.3421,70814.53,{"$f":"W442*Z442","v":1591202.4890999999},2969611.8311999999,null,61344.43,0,70814.53,{"$f":"AC442*AF442","v":0},0,null,61344.43,0,70814.53,{"$f":"AI442*AL442","v":0},0,null,61344.43,0,70814.53,{"$f":"AO442*AR442","v":0},0,null,61344.43,0,70814.53,{"$f":"AU442*AX442","v":0},0,null,61344.43,0,70814.53,{"$f":"BA442*BD442","v":0},0,null,22.47,61344.43,1378409.3421,70814.53,{"$f":"BH442*BK442","v":1591202.4890999999},2969611.8311999999,0,61344.43,0,70814.53,{"$f":"BN442*BQ442","v":0},0]
["1.13.8.7","Демонтаж существующего слоя пола толщиной 400 мм шириной 600мм","м3",36,68196.7,2455081.1999999997,0,null,2455081.1999999997,null,null,68196.7,0,0,null,0,null,68196.7,0,0,null,0,36,68196.7,2455081.1999999997,0,null,2455081.1999999997,null,68196.7,0,0,null,0,null,68196.7,0,0,null,0,null,68196.7,0,0,null,0,null,68196.7,0,0,null,0,null,68196.7,0,0,null,0,null,36,68196.7,2455081.1999999997,0,null,2455081.1999999997,0,68196.7,0,0,null,0]
["1.13.8.8","Вывоз и утилизация с К разрыхления 1,47","м3",{"$f":"D443*1.6","v":57.6},1590,91584,0,null,91584,null,null,1590,0,0,null,0,null,1590,0,0,null,0,52.92,1590,84142.8,0,null,84142.8,null,1590,0,0,null,0,null,1590,0,0,null,0,null,1590,0,0,null,0,null,1590,0,0,null,0,null,1590,0,0,null,0,null,52.92,1590,84142.8,0,null,84142.8,4.68,1590,7441.2,0,null,7441.2]
["1.13.8.9","Устройство бетонной подготовки из бетона В15 100 мм","м3",9,8646,77814,23400,{"$f":"D445*G445","v":210600},288414,null,null,8646,0,23400,{"$f":"K445*N445","v":0},0,null,8646,0,23400,{"$f":"Q445*T445","v":0},0,9,8646,77814,23400,{"$f":"W445*Z445","v":210600},288414,null,8646,0,23400,{"$f":"AC445*AF445","v":0},0,null,8646,0,23400,{"$f":"AI445*AL445","v":0},0,null,8646,0,23400,{"$f":"AO445*AR445","v":0},0,null,8646,0,23400,{"$f":"AU445*AX445","v":0},0,null,8646,0,23400,{"$f":"BA445*BD445","v":0},0,null,9,8646,77814,23400,{"$f":"BH445*BK445","v":210600},288414,0,8646,0,23400,{"$f":"BN445*BQ445","v":0},0]
["1.13.8.10","Монтаж лотков ЛК 300.60.30 с устройством закладных","м3",12.6,67036.179999999993,844655.8679999999,70340.38,{"$f":"D446*G446","v":886288.78800000006},1730944.656,null,null,67036.179999999993,0,70340.38,{"$f":"K446*N446","v":0},0,null,67036.179999999993,0,70340.38,{"$f":"Q446*T446","v":0},0,12.6,67036.179999999993,844655.8679999999,70340.38,{"$f":"W446*Z446","v":886288.78800000006},1730944.656,null,67036.179999999993,0,70340.38,{"$f":"AC446*AF446","v":0},0,null,67036.179999999993,0,70340.38,{"$f":"AI446*AL446","v":0},0,null,67036.179999999993,0,70340.38,{"$f":"AO446*AR446","v":0},0,null,67036.179999999993,0,70340.38,{"$f":"AU446*AX446","v":0},0,null,67036.179999999993,0,70340.38,{"$f":"BA446*BD446","v":0},0,null,12.6,67036.179999999993,844655.8679999999,70340.38,{"$f":"BH446*BK446","v":886288.78800000006},1730944.656,0,67036.179999999993,0,70340.38,{"$f":"BN446*BQ446","v":0},0]
["1.13.8.11","Монтаж плит ПТ 75.60.8-3 ","шт",21,4881.92,102520.32000000001,9317.7999999999993,{"$f":"D447*G447","v":195673.8},298194.12,null,null,4881.92,0,9317.7999999999993,{"$f":"K447*N447","v":0},0,null,4881.92,0,9317.7999999999993,{"$f":"Q447*T447","v":0},0,8,4881.92,39055.360000000001,9317.7999999999993,{"$f":"W447*Z447","v":74542.399999999994},113597.75999999999,13,4881.92,63464.959999999999,9317.7999999999993,{"$f":"AC447*AF447","v":121131.4},184596.36,null,4881.92,0,9317.7999999999993,{"$f":"AI447*AL447","v":0},0,null,4881.92,0,9317.7999999999993,{"$f":"AO447*AR447","v":0},0,null,4881.92,0,9317.7999999999993,{"$f":"AU447*AX447","v":0},0,null,4881.92,0,9317.7999999999993,{"$f":"BA447*BD447","v":0},0,null,21,4881.92,102520.32000000001,9317.7999999999993,{"$f":"BH447*BK447","v":195673.8},298194.12,0,4881.92,0,9317.7999999999993,{"$f":"BN447*BQ447","v":0},0]
["1.13.8.12","Монтаж стальных крышек каналов с ручками подъёма 479 шт.","т",18.317,75944.7,1391079.0699,264332.65000000002,{"$f":"D448*G448","v":4841781.1500500003},6232860.2199499998,null,null,75944.7,0,264332.65000000002,{"$f":"K448*N448","v":0},0,null,75944.7,0,264332.65000000002,{"$f":"Q448*T448","v":0},0,11,75944.7,835391.7,264332.65000000002,{"$f":"W448*Z448","v":2907659.1500000004},3743050.8500000006,6.03,75944.7,457946.54100000003,264332.65000000002,{"$f":"AC448*AF448","v":1593925.8795000003},2051872.4205000002,null,75944.7,0,264332.65000000002,{"$f":"AI448*AL448","v":0},0,null,75944.7,0,264332.65000000002,{"$f":"AO448*AR448","v":0},0,null,75944.7,0,264332.65000000002,{"$f":"AU448*AX448","v":0},0,null,75944.7,0,264332.65000000002,{"$f":"BA448*BD448","v":0},0,null,17.03,75944.7,1293338.2409999999,264332.65000000002,{"$f":"BH448*BK448","v":4501585.0295000011},5794923.2705000006,1.286999999999999,75944.7,97740.82889999992,264332.65000000002,{"$f":"BN448*BQ448","v":340196.12054999976},437936.94944999967]
["1.13.9","Ремонт примыкания кровли к проходкам труб",null,null,null,{"$f":"SUM(F450:F455)","v":251244.89999999997},null,{"$f":"SUM(H450:H455)","v":149682},{"$f":"SUM(I450:I455)","v":400926.9},null,null,null,{"$f":"SUM(M450:M455)","v":0},null,{"$f":"SUM(O450:O455)","v":0},{"$f":"SUM(P450:P455)","v":0},null,null,{"$f":"SUM(S450:S455)","v":0},null,{"$f":"SUM(U450:U455)","v":0},{"$f":"SUM(V450:V455)","v":0},null,null,{"$f":"SUM(Y450:Y455)","v":0},null,{"$f":"SUM(AA450:AA455)","v":0},{"$f":"SUM(AB450:AB455)","v":0},null,null,{"$f":"SUM(AE450:AE455)","v":0},null,{"$f":"SUM(AG450:AG455)","v":0},{"$f":"SUM(AH450:AH455)","v":0},null,null,{"$f":"SUM(AK450:AK455)","v":0},null,{"$f":"SUM(AM450:AM455)","v":0},{"$f":"SUM(AN450:AN455)","v":0},null,null,{"$f":"SUM(AQ450:AQ455)","v":0},null,{"$f":"SUM(AS450:AS455)","v":0},{"$f":"SUM(AT450:AT455)","v":0},null,null,{"$f":"SUM(AW450:AW455)","v":0},null,{"$f":"SUM(AY450:AY455)","v":0},{"$f":"SUM(AZ450:AZ455)","v":0},null,null,{"$f":"SUM(BC450:BC455)","v":0},null,{"$f":"SUM(BE450:BE455)","v":0},{"$f":"SUM(BF450:BF455)","v":0},null,0,null,{"$f":"SUM(BJ450:BJ455)","v":0},null,{"$f":"SUM(BL450:BL455)","v":0},{"$f":"SUM(BM450:BM455)","v":0},0,null,{"$f":"SUM(BP450:BP455)","v":251244.89999999997},null,{"$f":"SUM(BR450:BR455)","v":149682},{"$f":"SUM(BS450:BS455)","v":400926.9}]
["1.13.9.1","Ремонт примыкания кровли к проходкам труб","шт",7,19650,{"$f":"D450*E450","v":137550},8580,{"$f":"D450*G450","v":60060},{"$f":"E450*D450+G450*D450","v":197610},null,null,19650,{"$f":"K450*L450","v":0},8580,{"$f":"K450*N450","v":0},{"$f":"L450*K450+N450*K450","v":0},null,19650,{"$f":"Q450*R450","v":0},8580,{"$f":"Q450*T450","v":0},{"$f":"R450*Q450+T450*Q450","v":0},null,19650,{"$f":"W450*X450","v":0},8580,{"$f":"W450*Z450","v":0},{"$f":"X450*W450+Z450*W450","v":0},null,19650,{"$f":"AC450*AD450","v":0},8580,{"$f":"AC450*AF450","v":0},{"$f":"AD450*AC450+AF450*AC450","v":0},null,19650,{"$f":"AI450*AJ450","v":0},8580,{"$f":"AI450*AL450","v":0},{"$f":"AJ450*AI450+AL450*AI450","v":0},null,19650,{"$f":"AO450*AP450","v":0},8580,{"$f":"AO450*AR450","v":0},{"$f":"AP450*AO450+AR450*AO450","v":0},null,19650,{"$f":"AU450*AV450","v":0},8580,{"$f":"AU450*AX450","v":0},{"$f":"AV450*AU450+AX450*AU450","v":0},null,19650,{"$f":"BA450*BB450","v":0},8580,{"$f":"BA450*BD450","v":0},{"$f":"BB450*BA450+BD450*BA450","v":0},null,0,19650,{"$f":"BH450*BI450","v":0},8580,{"$f":"BH450*BK450","v":0},{"$f":"BI450*BH450+BK450*BH450","v":0},7,19650,{"$f":"BN450*BO450","v":137550},8580,{"$f":"BN450*BQ450","v":60060},{"$f":"BO450*BN450+BQ450*BN450","v":197610}]
["1.13.9.2","Техноэласт ЭПП","м2",21,1021.8,21457.8,1248,26208,47665.8,null,null,1021.8,0,1248,0,0,null,1021.8,0,1248,0,0,null,1021.8,0,1248,0,0,null,1021.8,0,1248,0,0,null,1021.8,0,1248,0,0,null,1021.8,0,1248,0,0,null,1021.8,0,1248,0,0,null,1021.8,0,1248,0,0,null,0,1021.8,0,1248,0,0,21,1021.8,21457.8,1248,26208,47665.8]
["1.13.9.3","Цементный раствор М150","м3",0.05,8646,432.3,23400,1170,1602.3,null,null,8646,0,23400,0,0,null,8646,0,23400,0,0,null,8646,0,23400,0,0,null,8646,0,23400,0,0,null,8646,0,23400,0,0,null,8646,0,23400,0,0,null,8646,0,23400,0,0,null,8646,0,23400,0,0,null,0,8646,0,23400,0,0,0.05,8646,432.3,23400,1170,1602.3]
["1.13.9.4","Обжимной хомут","шт",14,3615.6,50618.400000000001,1560,21840,72458.399999999994,null,null,3615.6,0,1560,0,0,null,3615.6,0,1560,0,0,null,3615.6,0,1560,0,0,null,3615.6,0,1560,0,0,null,3615.6,0,1560,0,0,null,3615.6,0,1560,0,0,null,3615.6,0,1560,0,0,null,3615.6,0,1560,0,0,null,0,3615.6,0,1560,0,0,14,3615.6,50618.400000000001,1560,21840,72458.399999999994]
["1.13.9.5","Юбка из металла","шт",7,5502,38514,5460,38220,76734,null,null,5502,0,5460,0,0,null,5502,0,5460,0,0,null,5502,0,5460,0,0,null,5502,0,5460,0,0,null,5502,0,5460,0,0,null,5502,0,5460,0,0,null,5502,0,5460,0,0,null,5502,0,5460,0,0,null,0,5502,0,5460,0,0,7,5502,38514,5460,38220,76734]
["1.13.9.6","Герметик","шт",2,1336.2,2672.4,1092,2184,4856.3999999999996,null,null,1336.2,0,1092,0,0,null,1336.2,0,1092,0,0,null,1336.2,0,1092,0,0,null,1336.2,0,1092,0,0,null,1336.2,0,1092,0,0,null,1336.2,0,1092,0,0,null,1336.2,0,1092,0,0,null,1336.2,0,1092,0,0,null,0,1336.2,0,1092,0,0,2,1336.2,2672.4,1092,2184,4856.3999999999996]
["1.13.10","Ремонт примыкания кровли к фонарю",null,null,null,{"$f":"SUM(F457:F459)","v":543912},null,{"$f":"SUM(H457:H459)","v":336960},{"$f":"SUM(I457:I459)","v":880872},null,null,null,{"$f":"SUM(M457:M459)","v":0},null,{"$f":"SUM(O457:O459)","v":0},{"$f":"SUM(P457:P459)","v":0},null,null,{"$f":"SUM(S457:S459)","v":0},null,{"$f":"SUM(U457:U459)","v":0},{"$f":"SUM(V457:V459)","v":0},null,null,{"$f":"SUM(Y457:Y459)","v":0},null,{"$f":"SUM(AA457:AA459)","v":0},{"$f":"SUM(AB457:AB459)","v":0},null,null,{"$f":"SUM(AE457:AE459)","v":0},null,{"$f":"SUM(AG457:AG459)","v":0},{"$f":"SUM(AH457:AH459)","v":0},null,null,{"$f":"SUM(AK457:AK459)","v":0},null,{"$f":"SUM(AM457:AM459)","v":0},{"$f":"SUM(AN457:AN459)","v":0},null,null,{"$f":"SUM(AQ457:AQ459)","v":0},null,{"$f":"SUM(AS457:AS459)","v":0},{"$f":"SUM(AT457:AT459)","v":0},null,null,{"$f":"SUM(AW457:AW459)","v":0},null,{"$f":"SUM(AY457:AY459)","v":0},{"$f":"SUM(AZ457:AZ459)","v":0},null,null,{"$f":"SUM(BC457:BC459)","v":0},null,{"$f":"SUM(BE457:BE459)","v":0},{"$f":"SUM(BF457:BF459)","v":0},null,0,null,{"$f":"SUM(BJ457:BJ459)","v":0},null,{"$f":"SUM(BL457:BL459)","v":0},{"$f":"SUM(BM457:BM459)","v":0},0,null,{"$f":"SUM(BP457:BP459)","v":543912},null,{"$f":"SUM(BR457:BR459)","v":336960},{"$f":"SUM(BS457:BS459)","v":880872}]
["1.13.10.1","Ремонт примыкания кровли к фонарю","п.м.",20,19650,{"$f":"D457*E457","v":393000},8580,{"$f":"D457*G457","v":171600},{"$f":"E457*D457+G457*D457","v":564600},null,null,19650,{"$f":"K457*L457","v":0},8580,{"$f":"K457*N457","v":0},{"$f":"L457*K457+N457*K457","v":0},null,19650,{"$f":"Q457*R457","v":0},8580,{"$f":"Q457*T457","v":0},{"$f":"R457*Q457+T457*Q457","v":0},null,19650,{"$f":"W457*X457","v":0},8580,{"$f":"W457*Z457","v":0},{"$f":"X457*W457+Z457*W457","v":0},null,19650,{"$f":"AC457*AD457","v":0},8580,{"$f":"AC457*AF457","v":0},{"$f":"AD457*AC457+AF457*AC457","v":0},null,19650,{"$f":"AI457*AJ457","v":0},8580,{"$f":"AI457*AL457","v":0},{"$f":"AJ457*AI457+AL457*AI457","v":0},null,19650,{"$f":"AO457*AP457","v":0},8580,{"$f":"AO457*AR457","v":0},{"$f":"AP457*AO457+AR457*AO457","v":0},null,19650,{"$f":"AU457*AV457","v":0},8580,{"$f":"AU457*AX457","v":0},{"$f":"AV457*AU457+AX457*AU457","v":0},null,19650,{"$f":"BA457*BB457","v":0},8580,{"$f":"BA457*BD457","v":0},{"$f":"BB457*BA457+BD457*BA457","v":0},null,0,19650,{"$f":"BH457*BI457","v":0},8580,{"$f":"BH457*BK457","v":0},{"$f":"BI457*BH457+BK457*BH457","v":0},20,19650,{"$f":"BN457*BO457","v":393000},8580,{"$f":"BN457*BQ457","v":171600},{"$f":"BO457*BN457+BQ457*BN457","v":564600}]
["1.13.10.2","Техноэласт ЭПП","м2",40,1021.8,{"$f":"D458*E458","v":40872},1248,{"$f":"D458*G458","v":49920},{"$f":"E458*D458+G458*D458","v":90792},null,null,1021.8,{"$f":"K458*L458","v":0},1248,{"$f":"K458*N458","v":0},{"$f":"L458*K458+N458*K458","v":0},null,1021.8,{"$f":"Q458*R458","v":0},1248,{"$f":"Q458*T458","v":0},{"$f":"R458*Q458+T458*Q458","v":0},null,1021.8,{"$f":"W458*X458","v":0},1248,{"$f":"W458*Z458","v":0},{"$f":"X458*W458+Z458*W458","v":0},null,1021.8,{"$f":"AC458*AD458","v":0},1248,{"$f":"AC458*AF458","v":0},{"$f":"AD458*AC458+AF458*AC458","v":0},null,1021.8,{"$f":"AI458*AJ458","v":0},1248,{"$f":"AI458*AL458","v":0},{"$f":"AJ458*AI458+AL458*AI458","v":0},null,1021.8,{"$f":"AO458*AP458","v":0},1248,{"$f":"AO458*AR458","v":0},{"$f":"AP458*AO458+AR458*AO458","v":0},null,1021.8,{"$f":"AU458*AV458","v":0},1248,{"$f":"AU458*AX458","v":0},{"$f":"AV458*AU458+AX458*AU458","v":0},null,1021.8,{"$f":"BA458*BB458","v":0},1248,{"$f":"BA458*BD458","v":0},{"$f":"BB458*BA458+BD458*BA458","v":0},null,0,1021.8,{"$f":"BH458*BI458","v":0},1248,{"$f":"BH458*BK458","v":0},{"$f":"BI458*BH458+BK458*BH458","v":0},40,1021.8,{"$f":"BN458*BO458","v":40872},1248,{"$f":"BN458*BQ458","v":49920},{"$f":"BO458*BN458+BQ458*BN458","v":90792}]
["1.13.10.3","Прижимная рейка","п.м.",200,550.20000000000005,{"$f":"D459*E459","v":110040.00000000001},577.20000000000005,{"$f":"D459*G459","v":115440.00000000001},{"$f":"E459*D459+G459*D459","v":225480.00000000003},null,null,550.20000000000005,{"$f":"K459*L459","v":0},577.20000000000005,{"$f":"K459*N459","v":0},{"$f":"L459*K459+N459*K459","v":0},null,550.20000000000005,{"$f":"Q459*R459","v":0},577.20000000000005,{"$f":"Q459*T459","v":0},{"$f":"R459*Q459+T459*Q459","v":0},null,550.20000000000005,{"$f":"W459*X459","v":0},577.20000000000005,{"$f":"W459*Z459","v":0},{"$f":"X459*W459+Z459*W459","v":0},null,550.20000000000005,{"$f":"AC459*AD459","v":0},577.20000000000005,{"$f":"AC459*AF459","v":0},{"$f":"AD459*AC459+AF459*AC459","v":0},null,550.20000000000005,{"$f":"AI459*AJ459","v":0},577.20000000000005,{"$f":"AI459*AL459","v":0},{"$f":"AJ459*AI459+AL459*AI459","v":0},null,550.20000000000005,{"$f":"AO459*AP459","v":0},577.20000000000005,{"$f":"AO459*AR459","v":0},{"$f":"AP459*AO459+AR459*AO459","v":0},null,550.20000000000005,{"$f":"AU459*AV459","v":0},577.20000000000005,{"$f":"AU459*AX459","v":0},{"$f":"AV459*AU459+AX459*AU459","v":0},null,550.20000000000005,{"$f":"BA459*BB459","v":0},577.20000000000005,{"$f":"BA459*BD459","v":0},{"$f":"BB459*BA459+BD459*BA459","v":0},null,0,550.20000000000005,{"$f":"BH459*BI459","v":0},577.20000000000005,{"$f":"BH459*BK459","v":0},{"$f":"BI459*BH459+BK459*BH459","v":0},200,550.20000000000005,{"$f":"BN459*BO459","v":110040.00000000001},577.20000000000005,{"$f":"BN459*BQ459","v":115440.00000000001},{"$f":"BO459*BN459+BQ459*BN459","v":225480.00000000003}]
["1.13.11","Ремонт кровли",null,null,null,{"$f":"F461+F462","v":30182.400000000001},null,{"$f":"H461+H462","v":44304},{"$f":"I461+I462","v":74486.399999999994},null,null,null,{"$f":"M461+M462","v":0},null,{"$f":"O461+O462","v":0},{"$f":"P461+P462","v":0},null,null,{"$f":"S461+S462","v":0},null,{"$f":"U461+U462","v":0},{"$f":"V461+V462","v":0},null,null,{"$f":"Y461+Y462","v":0},null,{"$f":"AA461+AA462","v":0},{"$f":"AB461+AB462","v":0},null,null,{"$f":"AE461+AE462","v":0},null,{"$f":"AG461+AG462","v":0},{"$f":"AH461+AH462","v":0},null,null,{"$f":"AK461+AK462","v":0},null,{"$f":"AM461+AM462","v":0},{"$f":"AN461+AN462","v":0},null,null,{"$f":"AQ461+AQ462","v":0},null,{"$f":"AS461+AS462","v":0},{"$f":"AT461+AT462","v":0},null,null,{"$f":"AW461+AW462","v":0},null,{"$f":"AY461+AY462","v":0},{"$f":"AZ461+AZ462","v":0},null,null,{"$f":"BC461+BC462","v":0},null,{"$f":"BE461+BE462","v":0},{"$f":"BF461+BF462","v":0},null,0,null,{"$f":"BJ461+BJ462","v":0},null,{"$f":"BL461+BL462","v":0},{"$f":"BM461+BM462","v":0},0,null,{"$f":"BP461+BP462","v":30182.400000000001},null,{"$f":"BR461+BR462","v":44304},{"$f":"BS461+BS462","v":74486.399999999994}]
["1.13.11.1","Ремонт кровли","м2",4,5502,{"$f":"D461*E461","v":22008},8580,{"$f":"D461*G461","v":34320},{"$f":"E461*D461+G461*D461","v":56328},null,null,5502,{"$f":"K461*L461","v":0},8580,{"$f":"K461*N461","v":0},{"$f":"L461*K461+N461*K461","v":0},null,5502,{"$f":"Q461*R461","v":0},8580,{"$f":"Q461*T461","v":0},{"$f":"R461*Q461+T461*Q461","v":0},null,5502,{"$f":"W461*X461","v":0},8580,{"$f":"W461*Z461","v":0},{"$f":"X461*W461+Z461*W461","v":0},null,5502,{"$f":"AC461*AD461","v":0},8580,{"$f":"AC461*AF461","v":0},{"$f":"AD461*AC461+AF461*AC461","v":0},null,5502,{"$f":"AI461*AJ461","v":0},8580,{"$f":"AI461*AL461","v":0},{"$f":"AJ461*AI461+AL461*AI461","v":0},null,5502,{"$f":"AO461*AP461","v":0},8580,{"$f":"AO461*AR461","v":0},{"$f":"AP461*AO461+AR461*AO461","v":0},null,5502,{"$f":"AU461*AV461","v":0},8580,{"$f":"AU461*AX461","v":0},{"$f":"AV461*AU461+AX461*AU461","v":0},null,5502,{"$f":"BA461*BB461","v":0},8580,{"$f":"BA461*BD461","v":0},{"$f":"BB461*BA461+BD461*BA461","v":0},null,0,5502,{"$f":"BH461*BI461","v":0},8580,{"$f":"BH461*BK461","v":0},{"$f":"BI461*BH461+BK461*BH461","v":0},4,5502,{"$f":"BN461*BO461","v":22008},8580,{"$f":"BN461*BQ461","v":34320},{"$f":"BO461*BN461+BQ461*BN461","v":56328}]
["1.13.11.2","Техноэласт ЭПП","м2",8,1021.8,{"$f":"D462*E462","v":8174.4},1248,{"$f":"D462*G462","v":9984},{"$f":"E462*D462+G462*D462","v":18158.400000000001},null,null,1021.8,{"$f":"K462*L462","v":0},1248,{"$f":"K462*N462","v":0},{"$f":"L462*K462+N462*K462","v":0},null,1021.8,{"$f":"Q462*R462","v":0},1248,{"$f":"Q462*T462","v":0},{"$f":"R462*Q462+T462*Q462","v":0},null,1021.8,{"$f":"W462*X462","v":0},1248,{"$f":"W462*Z462","v":0},{"$f":"X462*W462+Z462*W462","v":0},null,1021.8,{"$f":"AC462*AD462","v":0},1248,{"$f":"AC462*AF462","v":0},{"$f":"AD462*AC462+AF462*AC462","v":0},null,1021.8,{"$f":"AI462*AJ462","v":0},1248,{"$f":"AI462*AL462","v":0},{"$f":"AJ462*AI462+AL462*AI462","v":0},null,1021.8,{"$f":"AO462*AP462","v":0},1248,{"$f":"AO462*AR462","v":0},{"$f":"AP462*AO462+AR462*AO462","v":0},null,1021.8,{"$f":"AU462*AV462","v":0},1248,{"$f":"AU462*AX462","v":0},{"$f":"AV462*AU462+AX462*AU462","v":0},null,1021.8,{"$f":"BA462*BB462","v":0},1248,{"$f":"BA462*BD462","v":0},{"$f":"BB462*BA462+BD462*BA462","v":0},null,0,1021.8,{"$f":"BH462*BI462","v":0},1248,{"$f":"BH462*BK462","v":0},{"$f":"BI462*BH462+BK462*BH462","v":0},8,1021.8,{"$f":"BN462*BO462","v":8174.4},1248,{"$f":"BN462*BQ462","v":9984},{"$f":"BO462*BN462+BQ462*BN462","v":18158.400000000001}]
["1.13.12","Отделка сварочного цеха (стен, колонн, ферм, стен покрытия) ",null,null,null,{"$f":"F464+F465+F466+F467+F468","v":38139180.100000001},null,{"$f":"H464+H465+H466+H467+H468","v":3785039.3},{"$f":"I464+I465+I466+I467+I468","v":41924219.399999999},null,10506.89,null,{"$f":"M464+M465+M466+M467+M468","v":35115829.420000002},null,{"$f":"O464+O465+O466+O467+O468","v":3482948.8999999994},{"$f":"P464+P465+P466+P467+P468","v":38598778.319999993},null,null,{"$f":"S464+S465+S466+S467+S468","v":2005566},null,{"$f":"U464+U465+U466+U467+U468","v":199038},{"$f":"V464+V465+V466+V467+V468","v":2204604},null,null,{"$f":"Y464+Y465+Y466+Y467+Y468","v":1017784.6800000019},null,{"$f":"AA464+AA465+AA466+AA467+AA468","v":103052.40000000015},{"$f":"AB464+AB465+AB466+AB467+AB468","v":1120837.0800000019},null,null,{"$f":"AE464+AE465+AE466+AE467+AE468","v":0},null,{"$f":"AG464+AG465+AG466+AG467+AG468","v":0},{"$f":"AH464+AH465+AH466+AH467+AH468","v":0},null,null,{"$f":"AK464+AK465+AK466+AK467+AK468","v":0},null,{"$f":"AM464+AM465+AM466+AM467+AM468","v":0},{"$f":"AN464+AN465+AN466+AN467+AN468","v":0},null,null,{"$f":"AQ464+AQ465+AQ466+AQ467+AQ468","v":0},null,{"$f":"AS464+AS465+AS466+AS467+AS468","v":0},{"$f":"AT464+AT465+AT466+AT467+AT468","v":0},null,null,{"$f":"AW464+AW465+AW466+AW467+AW468","v":0},null,{"$f":"AY464+AY465+AY466+AY467+AY468","v":0},{"$f":"AZ464+AZ465+AZ466+AZ467+AZ468","v":0},null,null,{"$f":"BC464+BC465+BC466+BC467+BC468","v":0},null,{"$f":"BE464+BE465+BE466+BE467+BE468","v":0},{"$f":"BF464+BF465+BF466+BF467+BF468","v":0},null,10506.89,null,{"$f":"BJ464+BJ465+BJ466+BJ467+BJ468","v":38139180.100000001},null,{"$f":"BL464+BL465+BL466+BL467+BL468","v":3785039.3},{"$f":"BM464+BM465+BM466+BM467+BM468","v":41924219.399999999},null,null,{"$f":"BP464+BP465+BP466+BP467+BP468","v":0},null,{"$f":"BR464+BR465+BR466+BR467+BR468","v":0},{"$f":"BS464+BS465+BS466+BS467+BS468","v":0}]
["1.13.12.1","Зачистка поверхности","м2",11410,750,{"$f":"D464*E464","v":8557500},0,null,{"$f":"E464*D464+G464*D464","v":8557500},null,10506.89,750,{"$f":"K464*L464","v":7880167.5},0,null,{"$f":"L464*K464+N464*K464","v":7880167.5},600,750,{"$f":"Q464*R464","v":450000},0,null,{"$f":"R464*Q464+T464*Q464","v":450000},303.11000000000058,750,{"$f":"W464*X464","v":227332.50000000044},0,null,{"$f":"X464*W464+Z464*W464","v":227332.50000000044},null,750,{"$f":"AC464*AD464","v":0},0,null,{"$f":"AD464*AC464+AF464*AC464","v":0},null,750,{"$f":"AI464*AJ464","v":0},0,null,{"$f":"AJ464*AI464+AL464*AI464","v":0},null,750,{"$f":"AO464*AP464","v":0},0,null,{"$f":"AP464*AO464+AR464*AO464","v":0},null,750,{"$f":"AU464*AV464","v":0},0,null,{"$f":"AV464*AU464+AX464*AU464","v":0},null,750,{"$f":"BA464*BB464","v":0},0,null,{"$f":"BB464*BA464+BD464*BA464","v":0},null,11410,750,{"$f":"BH464*BI464","v":8557500},0,null,{"$f":"BI464*BH464+BK464*BH464","v":8557500},0,750,{"$f":"BN464*BO464","v":0},0,null,{"$f":"BO464*BN464+BQ464*BN464","v":0}]
["1.13.12.2","Грунтовка","м2",11410,89,{"$f":"D465*E465","v":1015490},46,{"$f":"D465*G465","v":524860},1540350,null,10506.89,89,{"$f":"K465*L465","v":935113.21},46,{"$f":"K465*N465","v":483316.93999999994},1418430.15,600,89,{"$f":"Q465*R465","v":53400},46,{"$f":"Q465*T465","v":27600},81000,303.11000000000058,89,{"$f":"W465*X465","v":26976.790000000052},46,{"$f":"W465*Z465","v":13943.060000000027},40919.850000000079,null,89,{"$f":"AC465*AD465","v":0},46,{"$f":"AC465*AF465","v":0},0,null,89,{"$f":"AI465*AJ465","v":0},46,{"$f":"AI465*AL465","v":0},0,null,89,{"$f":"AO465*AP465","v":0},46,{"$f":"AO465*AR465","v":0},0,null,89,{"$f":"AU465*AV465","v":0},46,{"$f":"AU465*AX465","v":0},0,null,89,{"$f":"BA465*BB465","v":0},46,{"$f":"BA465*BD465","v":0},0,null,11410,89,{"$f":"BH465*BI465","v":1015490},46,{"$f":"BH465*BK465","v":524860},1540350,0,89,{"$f":"BN465*BO465","v":0},46,{"$f":"BN465*BQ465","v":0},0]
["1.13.12.3","штукатурка  цементная","м2",11410,1675,{"$f":"D466*E466","v":19111750},0,null,19111750,null,10506.89,1675,{"$f":"K466*L466","v":17599040.75},0,null,17599040.75,600,1675,{"$f":"Q466*R466","v":1005000},0,null,1005000,303.11000000000058,1675,{"$f":"W466*X466","v":507709.25000000099},0,null,507709.25000000099,null,1675,{"$f":"AC466*AD466","v":0},0,null,0,null,1675,{"$f":"AI466*AJ466","v":0},0,null,0,null,1675,{"$f":"AO466*AP466","v":0},0,null,0,null,1675,{"$f":"AU466*AV466","v":0},0,null,0,null,1675,{"$f":"BA466*BB466","v":0},0,null,0,null,11410,1675,{"$f":"BH466*BI466","v":19111750},0,null,19111750,0,1675,{"$f":"BN466*BO466","v":0},0,null,0]
["1.13.12.4","грунтовка ","м2",11410,102.61,{"$f":"D467*E467","v":1170780.1000000001},55.73,{"$f":"D467*G467","v":635879.29999999993},1806659.4,null,10462,102.61,{"$f":"K467*L467","v":1073505.82},55.73,{"$f":"K467*N467","v":583047.26},1656553.08,600,102.61,{"$f":"Q467*R467","v":61566},55.73,{"$f":"Q467*T467","v":33438},95004,348,102.61,{"$f":"W467*X467","v":35708.28},55.73,{"$f":"W467*Z467","v":19394.039999999997},55102.319999999992,null,102.61,{"$f":"AC467*AD467","v":0},55.73,{"$f":"AC467*AF467","v":0},0,null,102.61,{"$f":"AI467*AJ467","v":0},55.73,{"$f":"AI467*AL467","v":0},0,null,102.61,{"$f":"AO467*AP467","v":0},55.73,{"$f":"AO467*AR467","v":0},0,null,102.61,{"$f":"AU467*AV467","v":0},55.73,{"$f":"AU467*AX467","v":0},0,null,102.61,{"$f":"BA467*BB467","v":0},55.73,{"$f":"BA467*BD467","v":0},0,null,11410,102.61,{"$f":"BH467*BI467","v":1170780.1000000001},55.73,{"$f":"BH467*BK467","v":635879.29999999993},1806659.4,0,102.61,{"$f":"BN467*BO467","v":0},55.73,{"$f":"BN467*BQ467","v":0},0]
["1.13.12.5","акриловая краска в 2 слоя","м2",11410,726,{"$f":"D468*E468","v":8283660},230,{"$f":"D468*G468","v":2624300},10907960,null,10506.89,726,{"$f":"K468*L468","v":7628002.1399999997},230,{"$f":"K468*N468","v":2416584.6999999997},10044586.84,600,726,{"$f":"Q468*R468","v":435600},230,{"$f":"Q468*T468","v":138000},573600,303.11000000000058,726,{"$f":"W468*X468","v":220057.86000000042},230,{"$f":"W468*Z468","v":69715.300000000134},289773.16000000056,null,726,{"$f":"AC468*AD468","v":0},230,{"$f":"AC468*AF468","v":0},0,null,726,{"$f":"AI468*AJ468","v":0},230,{"$f":"AI468*AL468","v":0},0,null,726,{"$f":"AO468*AP468","v":0},230,{"$f":"AO468*AR468","v":0},0,null,726,{"$f":"AU468*AV468","v":0},230,{"$f":"AU468*AX468","v":0},0,null,726,{"$f":"BA468*BB468","v":0},230,{"$f":"BA468*BD468","v":0},0,null,11410,726,{"$f":"BH468*BI468","v":8283660},230,{"$f":"BH468*BK468","v":2624300},10907960,0,726,{"$f":"BN468*BO468","v":0},230,{"$f":"BN468*BQ468","v":0},0]
["1.13.13","Демонтаж модульных зданий и монтаж в новом проектном положении",null,null,null,{"$f":"SUM(F470:F475)","v":622926.5},null,{"$f":"SUM(H470:H475)","v":707546.45},{"$f":"SUM(I470:I475)","v":1330472.95},null,null,null,{"$f":"SUM(M470:M475)","v":0},null,{"$f":"SUM(O470:O475)","v":0},{"$f":"SUM(P470:P475)","v":0},null,null,{"$f":"SUM(S470:S475)","v":0},null,{"$f":"SUM(U470:U475)","v":0},{"$f":"SUM(V470:V475)","v":0},null,null,{"$f":"SUM(Y470:Y475)","v":0},null,{"$f":"SUM(AA470:AA475)","v":0},{"$f":"SUM(AB470:AB475)","v":0},null,null,{"$f":"SUM(AE470:AE475)","v":357053.6},null,{"$f":"SUM(AG470:AG475)","v":319825.48},{"$f":"SUM(AH470:AH475)","v":676879.08},null,null,{"$f":"SUM(AK470:AK475)","v":0},null,{"$f":"SUM(AM470:AM475)","v":0},{"$f":"SUM(AN470:AN475)","v":0},null,null,{"$f":"SUM(AQ470:AQ475)","v":0},null,{"$f":"SUM(AS470:AS475)","v":0},{"$f":"SUM(AT470:AT475)","v":0},null,null,{"$f":"SUM(AW470:AW475)","v":0},null,{"$f":"SUM(AY470:AY475)","v":0},{"$f":"SUM(AZ470:AZ475)","v":0},null,null,{"$f":"SUM(BC470:BC475)","v":0},null,{"$f":"SUM(BE470:BE475)","v":0},{"$f":"SUM(BF470:BF475)","v":0},null,0,null,{"$f":"SUM(BJ470:BJ475)","v":357053.6},null,{"$f":"SUM(BL470:BL475)","v":319825.48},{"$f":"SUM(BM470:BM475)","v":676879.08},0,null,{"$f":"SUM(BP470:BP475)","v":265872.89999999997},null,{"$f":"SUM(BR470:BR475)","v":387720.97},{"$f":"SUM(BS470:BS475)","v":653593.86999999988}]
["1.13.13.1","Демонтаж модульного здания из 2 блок контейнеров","шт",1,58950,{"$f":"D470*E470","v":58950},0,null,{"$f":"E470*D470+G470*D470","v":58950},null,null,58950,{"$f":"K470*L470","v":0},0,null,{"$f":"L470*K470+N470*K470","v":0},null,58950,{"$f":"Q470*R470","v":0},0,null,{"$f":"R470*Q470+T470*Q470","v":0},null,58950,{"$f":"W470*X470","v":0},0,null,{"$f":"X470*W470+Z470*W470","v":0},1,58950,{"$f":"AC470*AD470","v":58950},0,null,{"$f":"AD470*AC470+AF470*AC470","v":58950},null,58950,{"$f":"AI470*AJ470","v":0},0,null,{"$f":"AJ470*AI470+AL470*AI470","v":0},null,58950,{"$f":"AO470*AP470","v":0},0,null,{"$f":"AP470*AO470+AR470*AO470","v":0},null,58950,{"$f":"AU470*AV470","v":0},0,null,{"$f":"AV470*AU470+AX470*AU470","v":0},null,58950,{"$f":"BA470*BB470","v":0},0,null,{"$f":"BB470*BA470+BD470*BA470","v":0},null,1,58950,{"$f":"BH470*BI470","v":58950},0,null,{"$f":"BI470*BH470+BK470*BH470","v":58950},0,58950,{"$f":"BN470*BO470","v":0},0,null,{"$f":"BO470*BN470+BQ470*BN470","v":0}]
["1.13.13.2","Устройство металлического каркаса под кабины мастеров","т.",2.2999999999999998,118555,272676.5,210411.5,{"$f":"D471*G471","v":483946.44999999995},756622.95,null,null,118555,0,210411.5,{"$f":"K471*N471","v":0},0,null,118555,0,210411.5,{"$f":"Q471*T471","v":0},0,null,118555,0,210411.5,{"$f":"W471*Z471","v":0},0,1.52,118555,180203.6,210411.5,{"$f":"AC471*AF471","v":319825.48},500029.07999999996,null,118555,0,210411.5,{"$f":"AI471*AL471","v":0},0,null,118555,0,210411.5,{"$f":"AO471*AR471","v":0},0,null,118555,0,210411.5,{"$f":"AU471*AX471","v":0},0,null,118555,0,210411.5,{"$f":"BA471*BD471","v":0},0,null,1.52,118555,180203.6,210411.5,{"$f":"BH471*BK471","v":319825.48},500029.07999999996,0.7799999999999998,118555,92472.89999999998,210411.5,{"$f":"BN471*BQ471","v":164120.96999999997},256593.86999999994]
["1.13.13.3","Монтаж модульного здания","шт.",2,58950,117900,0,null,117900,null,null,58950,0,0,null,0,null,58950,0,0,null,0,null,58950,0,0,null,0,2,58950,117900,0,null,117900,null,58950,0,0,null,0,null,58950,0,0,null,0,null,58950,0,0,null,0,null,58950,0,0,null,0,null,2,58950,117900,0,null,117900,0,58950,0,0,null,0]
["1.13.13.4","Устройство металлического ограждения","шт.",1,52400,52400,32500,{"$f":"D473*G473","v":32500},84900,null,null,52400,0,32500,{"$f":"K473*N473","v":0},0,null,52400,0,32500,{"$f":"Q473*T473","v":0},0,null,52400,0,32500,{"$f":"W473*Z473","v":0},0,null,52400,0,32500,{"$f":"AC473*AF473","v":0},0,null,52400,0,32500,{"$f":"AI473*AL473","v":0},0,null,52400,0,32500,{"$f":"AO473*AR473","v":0},0,null,52400,0,32500,{"$f":"AU473*AX473","v":0},0,null,52400,0,32500,{"$f":"BA473*BD473","v":0},0,null,0,52400,0,32500,{"$f":"BH473*BK473","v":0},0,1,52400,52400,32500,{"$f":"BN473*BQ473","v":32500},84900]
["1.13.13.5","Переустройство металлической лестницы с монтажом","шт.",1,62050,62050,0,null,62050,null,null,62050,0,0,null,0,null,62050,0,0,null,0,null,62050,0,0,null,0,null,62050,0,0,null,0,null,62050,0,0,null,0,null,62050,0,0,null,0,null,62050,0,0,null,0,null,62050,0,0,null,0,null,0,62050,0,0,null,0,1,62050,62050,0,null,62050]
["1.13.13.6","Монтаж металлической лестницы","шт.",1,58950,58950,191100,{"$f":"D475*G475","v":191100},250050,null,null,58950,0,191100,{"$f":"K475*N475","v":0},0,null,58950,0,191100,{"$f":"Q475*T475","v":0},0,null,58950,0,191100,{"$f":"W475*Z475","v":0},0,null,58950,0,191100,{"$f":"AC475*AF475","v":0},0,null,58950,0,191100,{"$f":"AI475*AL475","v":0},0,null,58950,0,191100,{"$f":"AO475*AR475","v":0},0,null,58950,0,191100,{"$f":"AU475*AX475","v":0},0,null,58950,0,191100,{"$f":"BA475*BD475","v":0},0,null,0,58950,0,191100,{"$f":"BH475*BK475","v":0},0,1,58950,58950,191100,{"$f":"BN475*BQ475","v":191100},250050]
["1.13.14","Демонтажные работы фасада, ворот",null,null,null,{"$f":"SUM(F477:F484)","v":2146096.6072},null,null,{"$f":"SUM(I477:I484)","v":2146096.6072},null,null,null,{"$f":"SUM(M477:M484)","v":0},null,null,{"$f":"SUM(P477:P484)","v":0},null,null,{"$f":"SUM(S477:S484)","v":0},null,null,{"$f":"SUM(V477:V484)","v":0},null,null,{"$f":"SUM(Y477:Y484)","v":0},null,null,{"$f":"SUM(AB477:AB484)","v":0},null,null,{"$f":"SUM(AE477:AE484)","v":0},null,null,{"$f":"SUM(AH477:AH484)","v":0},null,null,{"$f":"SUM(AK477:AK484)","v":0},null,null,{"$f":"SUM(AN477:AN484)","v":0},null,null,{"$f":"SUM(AQ477:AQ484)","v":0},null,null,{"$f":"SUM(AT477:AT484)","v":0},null,null,{"$f":"SUM(AW477:AW484)","v":0},null,null,{"$f":"SUM(AZ477:AZ484)","v":0},null,null,{"$f":"SUM(BC477:BC484)","v":0},null,null,{"$f":"SUM(BF477:BF484)","v":0},null,0,null,{"$f":"SUM(BJ477:BJ484)","v":0},null,null,{"$f":"SUM(BM477:BM484)","v":0},0,null,{"$f":"SUM(BP477:BP484)","v":2146096.6072},null,null,{"$f":"SUM(BS477:BS484)","v":2146096.6072}]
["1.13.14.1","Демонтаж профилированного покрытия фасада стен по мет. обрешетке","м2",175,1944.56,{"$f":"D477*E477","v":340298},null,null,{"$f":"E477*D477+G477*D477","v":340298},null,null,1944.56,{"$f":"K477*L477","v":0},null,null,{"$f":"L477*K477+N477*K477","v":0},null,1944.56,{"$f":"Q477*R477","v":0},null,null,{"$f":"R477*Q477+T477*Q477","v":0},null,1944.56,{"$f":"W477*X477","v":0},null,null,{"$f":"X477*W477+Z477*W477","v":0},null,1944.56,{"$f":"AC477*AD477","v":0},null,null,{"$f":"AD477*AC477+AF477*AC477","v":0},null,1944.56,{"$f":"AI477*AJ477","v":0},null,null,{"$f":"AJ477*AI477+AL477*AI477","v":0},null,1944.56,{"$f":"AO477*AP477","v":0},null,null,{"$f":"AP477*AO477+AR477*AO477","v":0},null,1944.56,{"$f":"AU477*AV477","v":0},null,null,{"$f":"AV477*AU477+AX477*AU477","v":0},null,1944.56,{"$f":"BA477*BB477","v":0},null,null,{"$f":"BB477*BA477+BD477*BA477","v":0},null,0,1944.56,{"$f":"BH477*BI477","v":0},null,null,{"$f":"BI477*BH477+BK477*BH477","v":0},175,1944.56,{"$f":"BN477*BO477","v":340298},null,null,{"$f":"BO477*BN477+BQ477*BN477","v":340298}]
["1.13.14.2","Демонтаж существующих металлических ворот (3шт.)","т",7.2,79410.95,571758.84,null,null,571758.84,null,null,79410.95,0,null,null,0,null,79410.95,0,null,null,0,null,79410.95,0,null,null,0,null,79410.95,0,null,null,0,null,79410.95,0,null,null,0,null,79410.95,0,null,null,0,null,79410.95,0,null,null,0,null,79410.95,0,null,null,0,null,0,79410.95,0,null,null,0,7.2,79410.95,571758.84,null,null,571758.84]
["1.13.14.3","Резка алмазными дисками стены из кирпича и блоков толщ 380мм","м",210,2661.4,558894,null,null,558894,null,null,2661.4,0,null,null,0,null,2661.4,0,null,null,0,null,2661.4,0,null,null,0,null,2661.4,0,null,null,0,null,2661.4,0,null,null,0,null,2661.4,0,null,null,0,null,2661.4,0,null,null,0,null,2661.4,0,null,null,0,null,0,2661.4,0,null,null,0,210,2661.4,558894,null,null,558894]
["1.13.14.4","Пробивка проемов в кирпичных стенах толщ 380мм ","м3",66.5,6385.96,424666.34,null,null,424666.34,null,null,6385.96,0,null,null,0,null,6385.96,0,null,null,0,null,6385.96,0,null,null,0,null,6385.96,0,null,null,0,null,6385.96,0,null,null,0,null,6385.96,0,null,null,0,null,6385.96,0,null,null,0,null,6385.96,0,null,null,0,null,0,6385.96,0,null,null,0,66.5,6385.96,424666.34,null,null,424666.34]
["1.13.14.5","Демонтаж ж/б перемычек (4шт)","м3",4.5599999999999996,7179.92,32740.435199999996,null,null,32740.435199999996,null,null,7179.92,0,null,null,0,null,7179.92,0,null,null,0,null,7179.92,0,null,null,0,null,7179.92,0,null,null,0,null,7179.92,0,null,null,0,null,7179.92,0,null,null,0,null,7179.92,0,null,null,0,null,7179.92,0,null,null,0,null,0,7179.92,0,null,null,0,4.5599999999999996,7179.92,32740.435199999996,null,null,32740.435199999996]
["1.13.14.6","Демонтаж остекления (мет ок. блоки 6х1.8м - 7 шт)","м2",75.599999999999994,1444.56,109208.73599999999,null,null,109208.73599999999,null,null,1444.56,0,null,null,0,null,1444.56,0,null,null,0,null,1444.56,0,null,null,0,null,1444.56,0,null,null,0,null,1444.56,0,null,null,0,null,1444.56,0,null,null,0,null,1444.56,0,null,null,0,null,1444.56,0,null,null,0,null,{"$f":"K482+Q482+W482+AC482+AI482+AO482+AU482+BA482","v":0},1444.56,0,null,null,0,{"$f":"D482-BH482","v":75.599999999999994},1444.56,109208.73599999999,null,null,109208.73599999999]
["1.13.14.7","Очистка от строительного мусора, боя кирпича, бетона и погрузка вручную при автомобильных перевозках","т",25.8,3325.32,85793.256000000008,null,null,85793.256000000008,null,null,3325.32,0,null,null,0,null,3325.32,0,null,null,0,null,3325.32,0,null,null,0,null,3325.32,0,null,null,0,null,3325.32,0,null,null,0,null,3325.32,0,null,null,0,null,3325.32,0,null,null,0,null,3325.32,0,null,null,0,null,0,3325.32,0,null,null,0,25.8,3325.32,85793.256000000008,null,null,85793.256000000008]
["1.13.14.8","Вывоз и утилизация с К разрыхления 1,47","м3",14.3,1590,22737,null,null,22737,null,null,1590,0,null,null,0,null,1590,0,null,null,0,null,1590,0,null,null,0,null,1590,0,null,null,0,null,1590,0,null,null,0,null,1590,0,null,null,0,null,1590,0,null,null,0,null,1590,0,null,null,0,null,0,1590,0,null,null,0,14.3,1590,22737,null,null,22737]
["1.13.15","Установка автомата газирования воды с подключениям к сетям","шт",2,71500,143000,273585,{"$f":"D485*G485","v":547170},690170,null,null,71500,0,273585,{"$f":"K485*N485","v":0},0,null,71500,0,273585,{"$f":"Q485*T485","v":0},0,null,71500,0,273585,{"$f":"W485*Z485","v":0},0,null,71500,0,273585,{"$f":"AC485*AF485","v":0},0,null,71500,0,273585,{"$f":"AI485*AL485","v":0},0,null,71500,0,273585,{"$f":"AO485*AR485","v":0},0,null,71500,0,273585,{"$f":"AU485*AX485","v":0},0,null,71500,0,273585,{"$f":"BA485*BD485","v":0},0,null,0,71500,0,273585,{"$f":"BH485*BK485","v":0},0,2,71500,143000,273585,{"$f":"BN485*BQ485","v":547170},690170]
["1.13.16","Устройство швов сжатия и расширения","м",368,1821.19,670197.92000000004,79.5,{"$f":"D486*G486","v":29256},699453.92,null,null,1821.19,0,79.5,{"$f":"K486*N486","v":0},0,null,1821.19,0,79.5,{"$f":"Q486*T486","v":0},0,null,1821.19,0,79.5,{"$f":"W486*Z486","v":0},0,155.69999999999999,1821.19,283559.283,79.5,{"$f":"AC486*AF486","v":12378.15},295937.43300000002,null,1821.19,0,79.5,{"$f":"AI486*AL486","v":0},0,null,1821.19,0,79.5,{"$f":"AO486*AR486","v":0},0,null,1821.19,0,79.5,{"$f":"AU486*AX486","v":0},0,null,1821.19,0,79.5,{"$f":"BA486*BD486","v":0},0,null,155.69999999999999,1821.19,283559.283,79.5,{"$f":"BH486*BK486","v":12378.15},295937.43300000002,212.3,1821.19,386638.63700000005,79.5,{"$f":"BN486*BQ486","v":16877.850000000002},403516.48700000002]
["1.13.17","Устройство швов сопряжения покрытий","м",558.79999999999995,1649.42,921695.89599999995,null,null,921695.89599999995,null,null,1649.42,0,null,null,0,null,1649.42,0,null,null,0,null,1649.42,0,null,null,0,166.2,1649.42,274133.60399999999,null,null,274133.60399999999,null,1649.42,0,null,null,0,null,1649.42,0,null,null,0,null,1649.42,0,null,null,0,null,1649.42,0,null,null,0,null,166.2,1649.42,274133.60399999999,null,null,274133.60399999999,392.59999999999997,1649.42,647562.29200000002,null,null,647562.29200000002]
["1.13.18","Окраска колонн сборочного и сварочного пролетов, окраска кран-балок",null,null,null,null,null,null,null,null,null,null,null,null,null,null,null,null,null,null,null,null,null,null,null,null,null,null,null,null,null,null,null,null,null,null,null,null,null,null,null,null,null,null,null,null,null,null,null,null,null,null,null,null,null,null,null,null,null,0,null,null,null,null,null,0]
["1.13.19","Окраска колонн",null,null,null,{"$f":"SUM(F490:F493)","v":2784517.8},null,{"$f":"SUM(H490:H493)","v":2156704},{"$f":"SUM(I490:I493)","v":4941221.8},null,null,null,{"$f":"SUM(M490:M493)","v":0},null,{"$f":"SUM(O490:O493)","v":0},{"$f":"SUM(P490:P493)","v":0},null,null,{"$f":"SUM(S490:S493)","v":0},null,{"$f":"SUM(U490:U493)","v":0},{"$f":"SUM(V490:V493)","v":0},null,null,{"$f":"SUM(Y490:Y493)","v":617500.5},null,{"$f":"SUM(AA490:AA493)","v":456052},{"$f":"SUM(AB490:AB493)","v":1073552.5},null,null,{"$f":"SUM(AE490:AE493)","v":423936},null,{"$f":"SUM(AG490:AG493)","v":392000},{"$f":"SUM(AH490:AH493)","v":815936},null,null,{"$f":"SUM(AK490:AK493)","v":0},null,{"$f":"SUM(AM490:AM493)","v":0},{"$f":"SUM(AN490:AN493)","v":0},null,null,{"$f":"SUM(AQ490:AQ493)","v":0},null,{"$f":"SUM(AS490:AS493)","v":0},{"$f":"SUM(AT490:AT493)","v":0},null,null,{"$f":"SUM(AW490:AW493)","v":0},null,{"$f":"SUM(AY490:AY493)","v":0},{"$f":"SUM(AZ490:AZ493)","v":0},null,null,{"$f":"SUM(BC490:BC493)","v":0},null,{"$f":"SUM(BE490:BE493)","v":0},{"$f":"SUM(BF490:BF493)","v":0},null,0,null,{"$f":"SUM(BJ490:BJ493)","v":1041436.5},null,{"$f":"SUM(BL490:BL493)","v":848052},{"$f":"SUM(BM490:BM493)","v":1889488.5},0,null,{"$f":"SUM(BP490:BP493)","v":1743081.2999999998},null,{"$f":"SUM(BR490:BR493)","v":1308652},{"$f":"SUM(BS490:BS493)","v":3051733.3}]
["1.13.19.1","Обеспыливание поверхности","м2",2120,96,{"$f":"D490*E490","v":203520},null,null,{"$f":"E490*D490+D490*G490","v":203520},null,null,96,{"$f":"K490*L490","v":0},null,null,{"$f":"L490*K490+K490*N490","v":0},null,96,{"$f":"Q490*R490","v":0},null,null,{"$f":"R490*Q490+Q490*T490","v":0},null,96,{"$f":"W490*X490","v":0},null,null,{"$f":"X490*W490+W490*Z490","v":0},null,96,{"$f":"AC490*AD490","v":0},null,null,{"$f":"AD490*AC490+AC490*AF490","v":0},null,96,{"$f":"AI490*AJ490","v":0},null,null,{"$f":"AJ490*AI490+AI490*AL490","v":0},null,96,{"$f":"AO490*AP490","v":0},null,null,{"$f":"AP490*AO490+AO490*AR490","v":0},null,96,{"$f":"AU490*AV490","v":0},null,null,{"$f":"AV490*AU490+AU490*AX490","v":0},null,96,{"$f":"BA490*BB490","v":0},null,null,{"$f":"BB490*BA490+BA490*BD490","v":0},null,0,96,{"$f":"BH490*BI490","v":0},null,null,{"$f":"BI490*BH490+BH490*BK490","v":0},2120,96,{"$f":"BN490*BO490","v":203520},null,null,{"$f":"BO490*BN490+BN490*BQ490","v":203520}]
["1.13.19.2","Грунтовка  ","м2",2120,130.56,{"$f":"D491*E491","v":276787.20000000001},60,{"$f":"D491*G491","v":127200},{"$f":"E491*D491+D491*G491","v":403987.20000000001},null,null,130.56,{"$f":"K491*L491","v":0},60,{"$f":"K491*N491","v":0},{"$f":"L491*K491+K491*N491","v":0},null,130.56,{"$f":"Q491*R491","v":0},60,{"$f":"Q491*T491","v":0},{"$f":"R491*Q491+Q491*T491","v":0},425,130.56,{"$f":"W491*X491","v":55488},60,{"$f":"W491*Z491","v":25500},{"$f":"X491*W491+W491*Z491","v":80988},400,130.56,{"$f":"AC491*AD491","v":52224},60,{"$f":"AC491*AF491","v":24000},{"$f":"AD491*AC491+AC491*AF491","v":76224},null,130.56,{"$f":"AI491*AJ491","v":0},60,{"$f":"AI491*AL491","v":0},{"$f":"AJ491*AI491+AI491*AL491","v":0},null,130.56,{"$f":"AO491*AP491","v":0},60,{"$f":"AO491*AR491","v":0},{"$f":"AP491*AO491+AO491*AR491","v":0},null,130.56,{"$f":"AU491*AV491","v":0},60,{"$f":"AU491*AX491","v":0},{"$f":"AV491*AU491+AU491*AX491","v":0},null,130.56,{"$f":"BA491*BB491","v":0},60,{"$f":"BA491*BD491","v":0},{"$f":"BB491*BA491+BA491*BD491","v":0},null,825,130.56,{"$f":"BH491*BI491","v":107712},60,{"$f":"BH491*BK491","v":49500},{"$f":"BI491*BH491+BH491*BK491","v":157212},1295,130.56,{"$f":"BN491*BO491","v":169075.20000000001},60,{"$f":"BN491*BQ491","v":77700},{"$f":"BO491*BN491+BN491*BQ491","v":246775.2}]
["1.13.19.3","Акриловая краска в 2 слоя цвет оранжевый","м2",2120,929.28,{"$f":"D492*E492","v":1970073.5999999999},920,{"$f":"D492*G492","v":1950400},{"$f":"E492*D492+D492*G492","v":3920473.5999999996},null,null,929.28,{"$f":"K492*L492","v":0},920,{"$f":"K492*N492","v":0},{"$f":"L492*K492+K492*N492","v":0},null,929.28,{"$f":"Q492*R492","v":0},920,{"$f":"Q492*T492","v":0},{"$f":"R492*Q492+Q492*T492","v":0},425,929.28,{"$f":"W492*X492","v":394944},920,{"$f":"W492*Z492","v":391000},{"$f":"X492*W492+W492*Z492","v":785944},400,929.28,{"$f":"AC492*AD492","v":371712},920,{"$f":"AC492*AF492","v":368000},{"$f":"AD492*AC492+AC492*AF492","v":739712},null,929.28,{"$f":"AI492*AJ492","v":0},920,{"$f":"AI492*AL492","v":0},{"$f":"AJ492*AI492+AI492*AL492","v":0},null,929.28,{"$f":"AO492*AP492","v":0},920,{"$f":"AO492*AR492","v":0},{"$f":"AP492*AO492+AO492*AR492","v":0},null,929.28,{"$f":"AU492*AV492","v":0},920,{"$f":"AU492*AX492","v":0},{"$f":"AV492*AU492+AU492*AX492","v":0},null,929.28,{"$f":"BA492*BB492","v":0},920,{"$f":"BA492*BD492","v":0},{"$f":"BB492*BA492+BA492*BD492","v":0},null,825,929.28,{"$f":"BH492*BI492","v":766656},920,{"$f":"BH492*BK492","v":759000},{"$f":"BI492*BH492+BH492*BK492","v":1525656},1295,929.28,{"$f":"BN492*BO492","v":1203417.5999999999},920,{"$f":"BN492*BQ492","v":1191400},{"$f":"BO492*BN492+BN492*BQ492","v":2394817.5999999996}]
["1.13.19.4","Укрывные работы","комп",1,334137,{"$f":"D493*E493","v":334137},79104,{"$f":"D493*G493","v":79104},{"$f":"E493*D493+D493*G493","v":413241},null,null,334137,{"$f":"K493*L493","v":0},79104,{"$f":"K493*N493","v":0},{"$f":"L493*K493+K493*N493","v":0},null,334137,{"$f":"Q493*R493","v":0},79104,{"$f":"Q493*T493","v":0},{"$f":"R493*Q493+Q493*T493","v":0},0.5,334137,{"$f":"W493*X493","v":167068.5},79104,{"$f":"W493*Z493","v":39552},{"$f":"X493*W493+W493*Z493","v":206620.5},null,334137,{"$f":"AC493*AD493","v":0},79104,{"$f":"AC493*AF493","v":0},{"$f":"AD493*AC493+AC493*AF493","v":0},null,334137,{"$f":"AI493*AJ493","v":0},79104,{"$f":"AI493*AL493","v":0},{"$f":"AJ493*AI493+AI493*AL493","v":0},null,334137,{"$f":"AO493*AP493","v":0},79104,{"$f":"AO493*AR493","v":0},{"$f":"AP493*AO493+AO493*AR493","v":0},null,334137,{"$f":"AU493*AV493","v":0},79104,{"$f":"AU493*AX493","v":0},{"$f":"AV493*AU493+AU493*AX493","v":0},null,334137,{"$f":"BA493*BB493","v":0},79104,{"$f":"BA493*BD493","v":0},{"$f":"BB493*BA493+BA493*BD493","v":0},null,0.5,334137,{"$f":"BH493*BI493","v":167068.5},79104,{"$f":"BH493*BK493","v":39552},{"$f":"BI493*BH493+BH493*BK493","v":206620.5},0.5,334137,{"$f":"BN493*BO493","v":167068.5},79104,{"$f":"BN493*BQ493","v":39552},{"$f":"BO493*BN493+BN493*BQ493","v":206620.5}]
["1.13.20","Окраска кран-балок",null,null,null,{"$f":"SUM(F495:F496)","v":394092},null,{"$f":"SUM(H495:H496)","v":364900},{"$f":"SUM(I495:I496)","v":758992},null,null,null,{"$f":"SUM(M495:M496)","v":0},null,{"$f":"SUM(O495:O496)","v":0},{"$f":"SUM(P495:P496)","v":0},null,null,{"$f":"SUM(S495:S496)","v":0},null,{"$f":"SUM(U495:U496)","v":0},{"$f":"SUM(V495:V496)","v":0},null,null,{"$f":"SUM(Y495:Y496)","v":394092},null,{"$f":"SUM(AA495:AA496)","v":364900},{"$f":"SUM(AB495:AB496)","v":758992},null,null,{"$f":"SUM(AE495:AE496)","v":0},null,{"$f":"SUM(AG495:AG496)","v":0},{"$f":"SUM(AH495:AH496)","v":0},null,null,{"$f":"SUM(AK495:AK496)","v":0},null,{"$f":"SUM(AM495:AM496)","v":0},{"$f":"SUM(AN495:AN496)","v":0},null,null,{"$f":"SUM(AQ495:AQ496)","v":0},null,{"$f":"SUM(AS495:AS496)","v":0},{"$f":"SUM(AT495:AT496)","v":0},null,null,{"$f":"SUM(AW495:AW496)","v":0},null,{"$f":"SUM(AY495:AY496)","v":0},{"$f":"SUM(AZ495:AZ496)","v":0},null,null,{"$f":"SUM(BC495:BC496)","v":0},null,{"$f":"SUM(BE495:BE496)","v":0},{"$f":"SUM(BF495:BF496)","v":0},null,0,null,{"$f":"SUM(BJ495:BJ496)","v":394092},null,{"$f":"SUM(BL495:BL496)","v":364900},{"$f":"SUM(BM495:BM496)","v":758992},0,null,{"$f":"SUM(BP495:BP496)","v":0},null,{"$f":"SUM(BR495:BR496)","v":0},{"$f":"SUM(BS495:BS496)","v":0}]
["1.13.20.1","Обеспыливание поверхности","м2",410,90,{"$f":"D495*E495","v":36900},null,null,{"$f":"E495*D495+D495*G495","v":36900},null,null,90,{"$f":"K495*L495","v":0},null,null,{"$f":"L495*K495+K495*N495","v":0},null,90,{"$f":"Q495*R495","v":0},null,null,{"$f":"R495*Q495+Q495*T495","v":0},410,90,{"$f":"W495*X495","v":36900},null,null,{"$f":"X495*W495+W495*Z495","v":36900},null,90,{"$f":"AC495*AD495","v":0},null,null,{"$f":"AD495*AC495+AC495*AF495","v":0},null,90,{"$f":"AI495*AJ495","v":0},null,null,{"$f":"AJ495*AI495+AI495*AL495","v":0},null,90,{"$f":"AO495*AP495","v":0},null,null,{"$f":"AP495*AO495+AO495*AR495","v":0},null,90,{"$f":"AU495*AV495","v":0},null,null,{"$f":"AV495*AU495+AU495*AX495","v":0},null,90,{"$f":"BA495*BB495","v":0},null,null,{"$f":"BB495*BA495+BA495*BD495","v":0},null,410,90,{"$f":"BH495*BI495","v":36900},null,null,{"$f":"BI495*BH495+BH495*BK495","v":36900},0,90,{"$f":"BN495*BO495","v":0},null,null,{"$f":"BO495*BN495+BN495*BQ495","v":0}]
["1.13.20.2","Окрашивание эмалью в 2 слоя цвет оранжевый","м2",410,871.2,{"$f":"D496*E496","v":357192},890,{"$f":"D496*G496","v":364900},{"$f":"E496*D496+D496*G496","v":722092},null,null,871.2,{"$f":"K496*L496","v":0},890,{"$f":"K496*N496","v":0},{"$f":"L496*K496+K496*N496","v":0},null,871.2,{"$f":"Q496*R496","v":0},890,{"$f":"Q496*T496","v":0},{"$f":"R496*Q496+Q496*T496","v":0},410,871.2,{"$f":"W496*X496","v":357192},890,{"$f":"W496*Z496","v":364900},{"$f":"X496*W496+W496*Z496","v":722092},null,871.2,{"$f":"AC496*AD496","v":0},890,{"$f":"AC496*AF496","v":0},{"$f":"AD496*AC496+AC496*AF496","v":0},null,871.2,{"$f":"AI496*AJ496","v":0},890,{"$f":"AI496*AL496","v":0},{"$f":"AJ496*AI496+AI496*AL496","v":0},null,871.2,{"$f":"AO496*AP496","v":0},890,{"$f":"AO496*AR496","v":0},{"$f":"AP496*AO496+AO496*AR496","v":0},null,871.2,{"$f":"AU496*AV496","v":0},890,{"$f":"AU496*AX496","v":0},{"$f":"AV496*AU496+AU496*AX496","v":0},null,871.2,{"$f":"BA496*BB496","v":0},890,{"$f":"BA496*BD496","v":0},{"$f":"BB496*BA496+BA496*BD496","v":0},null,410,871.2,{"$f":"BH496*BI496","v":357192},890,{"$f":"BH496*BK496","v":364900},{"$f":"BI496*BH496+BH496*BK496","v":722092},0,871.2,{"$f":"BN496*BO496","v":0},890,{"$f":"BN496*BQ496","v":0},{"$f":"BO496*BN496+BN496*BQ496","v":0}]
["1.13.21","Устройство пандусов подьемных ворот по оси 1",null,null,null,{"$f":"F498+F499+F500","v":843314.54},null,{"$f":"H498+H499+H500","v":209972},{"$f":"I498+I499+I500","v":1053286.54},null,null,null,{"$f":"M498+M499+M500","v":0},null,{"$f":"O498+O499+O500","v":0},{"$f":"P498+P499+P500","v":0},null,null,{"$f":"S498+S499+S500","v":0},null,{"$f":"U498+U499+U500","v":0},{"$f":"V498+V499+V500","v":0},null,null,{"$f":"Y498+Y499+Y500","v":577636.34210000001},null,{"$f":"AA498+AA499+AA500","v":209972},{"$f":"AB498+AB499+AB500","v":787608.34210000001},null,null,{"$f":"AE498+AE499+AE500","v":0},null,{"$f":"AG498+AG499+AG500","v":0},{"$f":"AH498+AH499+AH500","v":0},null,null,{"$f":"AK498+AK499+AK500","v":0},null,{"$f":"AM498+AM499+AM500","v":0},{"$f":"AN498+AN499+AN500","v":0},null,null,{"$f":"AQ498+AQ499+AQ500","v":0},null,{"$f":"AS498+AS499+AS500","v":0},{"$f":"AT498+AT499+AT500","v":0},null,null,{"$f":"AW498+AW499+AW500","v":0},null,{"$f":"AY498+AY499+AY500","v":0},{"$f":"AZ498+AZ499+AZ500","v":0},null,null,{"$f":"BC498+BC499+BC500","v":0},null,{"$f":"BE498+BE499+BE500","v":0},{"$f":"BF498+BF499+BF500","v":0},null,0,null,{"$f":"BJ498+BJ499+BJ500","v":577636.34210000001},null,{"$f":"BL498+BL499+BL500","v":209972},{"$f":"BM498+BM499+BM500","v":787608.34210000001},0,null,{"$f":"BP498+BP499+BP500","v":265678.19789999997},null,{"$f":"BR498+BR499+BR500","v":0},{"$f":"BS498+BS499+BS500","v":265678.19789999997}]
["1.13.21.1","Резка алмазными дисками пола","м/п",60,6500,{"$f":"D498*E498","v":390000},null,null,{"$f":"E498*D498+D498*G498","v":390000},null,null,6500,{"$f":"K498*L498","v":0},null,null,{"$f":"L498*K498+K498*N498","v":0},null,6500,{"$f":"Q498*R498","v":0},null,null,{"$f":"R498*Q498+Q498*T498","v":0},42.06,6500,{"$f":"W498*X498","v":273390},null,null,{"$f":"X498*W498+W498*Z498","v":273390},null,6500,{"$f":"AC498*AD498","v":0},null,null,{"$f":"AD498*AC498+AC498*AF498","v":0},null,6500,{"$f":"AI498*AJ498","v":0},null,null,{"$f":"AJ498*AI498+AI498*AL498","v":0},null,6500,{"$f":"AO498*AP498","v":0},null,null,{"$f":"AP498*AO498+AO498*AR498","v":0},null,6500,{"$f":"AU498*AV498","v":0},null,null,{"$f":"AV498*AU498+AU498*AX498","v":0},null,6500,{"$f":"BA498*BB498","v":0},null,null,{"$f":"BB498*BA498+BA498*BD498","v":0},null,42.06,6500,{"$f":"BH498*BI498","v":273390},null,null,{"$f":"BI498*BH498+BH498*BK498","v":273390},17.939999999999998,6500,{"$f":"BN498*BO498","v":116609.99999999999},null,null,{"$f":"BO498*BN498+BN498*BQ498","v":116609.99999999999}]
["1.13.21.2","Демонтаж ж/б покрытия пола с погрузкой","м3",14,20171.61,{"$f":"D499*E499","v":282402.54000000004},null,null,{"$f":"E499*D499+D499*G499","v":282402.54000000004},null,null,20171.61,{"$f":"K499*L499","v":0},null,null,{"$f":"L499*K499+K499*N499","v":0},null,20171.61,{"$f":"Q499*R499","v":0},null,null,{"$f":"R499*Q499+Q499*T499","v":0},6.61,20171.61,{"$f":"W499*X499","v":133334.34210000001},null,null,{"$f":"X499*W499+W499*Z499","v":133334.34210000001},null,20171.61,{"$f":"AC499*AD499","v":0},null,null,{"$f":"AD499*AC499+AC499*AF499","v":0},null,20171.61,{"$f":"AI499*AJ499","v":0},null,null,{"$f":"AJ499*AI499+AI499*AL499","v":0},null,20171.61,{"$f":"AO499*AP499","v":0},null,null,{"$f":"AP499*AO499+AO499*AR499","v":0},null,20171.61,{"$f":"AU499*AV499","v":0},null,null,{"$f":"AV499*AU499+AU499*AX499","v":0},null,20171.61,{"$f":"BA499*BB499","v":0},null,null,{"$f":"BB499*BA499+BA499*BD499","v":0},null,6.61,20171.61,{"$f":"BH499*BI499","v":133334.34210000001},null,null,{"$f":"BI499*BH499+BH499*BK499","v":133334.34210000001},7.39,20171.61,{"$f":"BN499*BO499","v":149068.1979},null,null,{"$f":"BO499*BN499+BN499*BQ499","v":149068.1979}]
["1.13.21.3","Устройство монолитного железобетонного покрытия пола из бетона кл. В25, W4, F50 толщиной 150 мм","м3",14,12208,{"$f":"D500*E500","v":170912},14998,{"$f":"D500*G500","v":209972},{"$f":"E500*D500+D500*G500","v":380884},null,null,12208,{"$f":"K500*L500","v":0},14998,{"$f":"K500*N500","v":0},{"$f":"L500*K500+K500*N500","v":0},null,12208,{"$f":"Q500*R500","v":0},14998,{"$f":"Q500*T500","v":0},{"$f":"R500*Q500+Q500*T500","v":0},14,12208,{"$f":"W500*X500","v":170912},14998,{"$f":"W500*Z500","v":209972},{"$f":"X500*W500+W500*Z500","v":380884},null,12208,{"$f":"AC500*AD500","v":0},14998,{"$f":"AC500*AF500","v":0},{"$f":"AD500*AC500+AC500*AF500","v":0},null,12208,{"$f":"AI500*AJ500","v":0},14998,{"$f":"AI500*AL500","v":0},{"$f":"AJ500*AI500+AI500*AL500","v":0},null,12208,{"$f":"AO500*AP500","v":0},14998,{"$f":"AO500*AR500","v":0},{"$f":"AP500*AO500+AO500*AR500","v":0},null,12208,{"$f":"AU500*AV500","v":0},14998,{"$f":"AU500*AX500","v":0},{"$f":"AV500*AU500+AU500*AX500","v":0},null,12208,{"$f":"BA500*BB500","v":0},14998,{"$f":"BA500*BD500","v":0},{"$f":"BB500*BA500+BA500*BD500","v":0},null,14,12208,{"$f":"BH500*BI500","v":170912},14998,{"$f":"BH500*BK500","v":209972},{"$f":"BI500*BH500+BH500*BK500","v":380884},0,12208,{"$f":"BN500*BO500","v":0},14998,{"$f":"BN500*BQ500","v":0},{"$f":"BO500*BN500+BN500*BQ500","v":0}]
["1.13.22","Устройство фасадов  ось 33",null,null,null,{"$f":"F502+F503+F504+F505","v":474403.4},null,{"$f":"H502+H503+H504+H505","v":410962.5},{"$f":"I502+I503+I504+I505","v":885365.9},null,null,null,{"$f":"M502+M503+M504+M505","v":0},null,{"$f":"O502+O503+O504+O505","v":0},{"$f":"P502+P503+P504+P505","v":0},null,null,{"$f":"S502+S503+S504+S505","v":0},null,{"$f":"U502+U503+U504+U505","v":0},{"$f":"V502+V503+V504+V505","v":0},null,null,{"$f":"Y502+Y503+Y504+Y505","v":0},null,{"$f":"AA502+AA503+AA504+AA505","v":0},{"$f":"AB502+AB503+AB504+AB505","v":0},null,null,{"$f":"AE502+AE503+AE504+AE505","v":0},null,{"$f":"AG502+AG503+AG504+AG505","v":0},{"$f":"AH502+AH503+AH504+AH505","v":0},null,null,{"$f":"AK502+AK503+AK504+AK505","v":0},null,{"$f":"AM502+AM503+AM504+AM505","v":0},{"$f":"AN502+AN503+AN504+AN505","v":0},null,null,{"$f":"AQ502+AQ503+AQ504+AQ505","v":0},null,{"$f":"AS502+AS503+AS504+AS505","v":0},{"$f":"AT502+AT503+AT504+AT505","v":0},null,null,{"$f":"AW502+AW503+AW504+AW505","v":0},null,{"$f":"AY502+AY503+AY504+AY505","v":0},{"$f":"AZ502+AZ503+AZ504+AZ505","v":0},null,null,{"$f":"BC502+BC503+BC504+BC505","v":0},null,{"$f":"BE502+BE503+BE504+BE505","v":0},{"$f":"BF502+BF503+BF504+BF505","v":0},null,0,null,{"$f":"BJ502+BJ503+BJ504+BJ505","v":0},null,{"$f":"BL502+BL503+BL504+BL505","v":0},{"$f":"BM502+BM503+BM504+BM505","v":0},0,null,{"$f":"BP502+BP503+BP504+BP505","v":474403.4},null,{"$f":"BR502+BR503+BR504+BR505","v":410962.5},{"$f":"BS502+BS503+BS504+BS505","v":885365.9}]
["1.13.22.1","Установка и разборка инвентарных и наружных лесов высотой 14,8м","м2",140,589.5,{"$f":"D502*E502","v":82530},364,{"$f":"D502*G502","v":50960},{"$f":"E502*D502+G502*D502","v":133490},null,null,589.5,{"$f":"K502*L502","v":0},364,{"$f":"K502*N502","v":0},{"$f":"L502*K502+N502*K502","v":0},null,589.5,{"$f":"Q502*R502","v":0},364,{"$f":"Q502*T502","v":0},{"$f":"R502*Q502+T502*Q502","v":0},null,589.5,{"$f":"W502*X502","v":0},364,{"$f":"W502*Z502","v":0},{"$f":"X502*W502+Z502*W502","v":0},null,589.5,{"$f":"AC502*AD502","v":0},364,{"$f":"AC502*AF502","v":0},{"$f":"AD502*AC502+AF502*AC502","v":0},null,589.5,{"$f":"AI502*AJ502","v":0},364,{"$f":"AI502*AL502","v":0},{"$f":"AJ502*AI502+AL502*AI502","v":0},null,589.5,{"$f":"AO502*AP502","v":0},364,{"$f":"AO502*AR502","v":0},{"$f":"AP502*AO502+AR502*AO502","v":0},null,589.5,{"$f":"AU502*AV502","v":0},364,{"$f":"AU502*AX502","v":0},{"$f":"AV502*AU502+AX502*AU502","v":0},null,589.5,{"$f":"BA502*BB502","v":0},364,{"$f":"BA502*BD502","v":0},{"$f":"BB502*BA502+BD502*BA502","v":0},null,0,589.5,{"$f":"BH502*BI502","v":0},364,{"$f":"BH502*BK502","v":0},{"$f":"BI502*BH502+BK502*BH502","v":0},140,589.5,{"$f":"BN502*BO502","v":82530},364,{"$f":"BN502*BQ502","v":50960},{"$f":"BO502*BN502+BQ502*BN502","v":133490}]
["1.13.22.2","Монтаж подсистемы ","м2",125,1506.5,{"$f":"D503*E503","v":188312.5},1049.0999999999999,{"$f":"D503*G503","v":131137.5},{"$f":"E503*D503+G503*D503","v":319450},null,null,1506.5,{"$f":"K503*L503","v":0},1049.0999999999999,{"$f":"K503*N503","v":0},{"$f":"L503*K503+N503*K503","v":0},null,1506.5,{"$f":"Q503*R503","v":0},1049.0999999999999,{"$f":"Q503*T503","v":0},{"$f":"R503*Q503+T503*Q503","v":0},null,1506.5,{"$f":"W503*X503","v":0},1049.0999999999999,{"$f":"W503*Z503","v":0},{"$f":"X503*W503+Z503*W503","v":0},null,1506.5,{"$f":"AC503*AD503","v":0},1049.0999999999999,{"$f":"AC503*AF503","v":0},{"$f":"AD503*AC503+AF503*AC503","v":0},null,1506.5,{"$f":"AI503*AJ503","v":0},1049.0999999999999,{"$f":"AI503*AL503","v":0},{"$f":"AJ503*AI503+AL503*AI503","v":0},null,1506.5,{"$f":"AO503*AP503","v":0},1049.0999999999999,{"$f":"AO503*AR503","v":0},{"$f":"AP503*AO503+AR503*AO503","v":0},null,1506.5,{"$f":"AU503*AV503","v":0},1049.0999999999999,{"$f":"AU503*AX503","v":0},{"$f":"AV503*AU503+AX503*AU503","v":0},null,1506.5,{"$f":"BA503*BB503","v":0},1049.0999999999999,{"$f":"BA503*BD503","v":0},{"$f":"BB503*BA503+BD503*BA503","v":0},null,0,1506.5,{"$f":"BH503*BI503","v":0},1049.0999999999999,{"$f":"BH503*BK503","v":0},{"$f":"BI503*BH503+BK503*BH503","v":0},125,1506.5,{"$f":"BN503*BO503","v":188312.5},1049.0999999999999,{"$f":"BN503*BQ503","v":131137.5},{"$f":"BO503*BN503+BQ503*BN503","v":319450}]
["1.13.22.3","Монтаж проф.листа ","м2",125,1244.5,{"$f":"D504*E504","v":155562.5},1281.8,{"$f":"D504*G504","v":160225},{"$f":"E504*D504+G504*D504","v":315787.5},null,null,1244.5,{"$f":"K504*L504","v":0},1281.8,{"$f":"K504*N504","v":0},{"$f":"L504*K504+N504*K504","v":0},null,1244.5,{"$f":"Q504*R504","v":0},1281.8,{"$f":"Q504*T504","v":0},{"$f":"R504*Q504+T504*Q504","v":0},null,1244.5,{"$f":"W504*X504","v":0},1281.8,{"$f":"W504*Z504","v":0},{"$f":"X504*W504+Z504*W504","v":0},null,1244.5,{"$f":"AC504*AD504","v":0},1281.8,{"$f":"AC504*AF504","v":0},{"$f":"AD504*AC504+AF504*AC504","v":0},null,1244.5,{"$f":"AI504*AJ504","v":0},1281.8,{"$f":"AI504*AL504","v":0},{"$f":"AJ504*AI504+AL504*AI504","v":0},null,1244.5,{"$f":"AO504*AP504","v":0},1281.8,{"$f":"AO504*AR504","v":0},{"$f":"AP504*AO504+AR504*AO504","v":0},null,1244.5,{"$f":"AU504*AV504","v":0},1281.8,{"$f":"AU504*AX504","v":0},{"$f":"AV504*AU504+AX504*AU504","v":0},null,1244.5,{"$f":"BA504*BB504","v":0},1281.8,{"$f":"BA504*BD504","v":0},{"$f":"BB504*BA504+BD504*BA504","v":0},null,0,1244.5,{"$f":"BH504*BI504","v":0},1281.8,{"$f":"BH504*BK504","v":0},{"$f":"BI504*BH504+BK504*BH504","v":0},125,1244.5,{"$f":"BN504*BO504","v":155562.5},1281.8,{"$f":"BN504*BQ504","v":160225},{"$f":"BO504*BN504+BQ504*BN504","v":315787.5}]
["1.13.22.4","Монтаж фасоных элементов","м/п",80,599.98,{"$f":"D505*E505","v":47998.400000000001},858,{"$f":"D505*G505","v":68640},{"$f":"E505*D505+G505*D505","v":116638.39999999999},null,null,599.98,{"$f":"K505*L505","v":0},858,{"$f":"K505*N505","v":0},{"$f":"L505*K505+N505*K505","v":0},null,599.98,{"$f":"Q505*R505","v":0},858,{"$f":"Q505*T505","v":0},{"$f":"R505*Q505+T505*Q505","v":0},null,599.98,{"$f":"W505*X505","v":0},858,{"$f":"W505*Z505","v":0},{"$f":"X505*W505+Z505*W505","v":0},null,599.98,{"$f":"AC505*AD505","v":0},858,{"$f":"AC505*AF505","v":0},{"$f":"AD505*AC505+AF505*AC505","v":0},null,599.98,{"$f":"AI505*AJ505","v":0},858,{"$f":"AI505*AL505","v":0},{"$f":"AJ505*AI505+AL505*AI505","v":0},null,599.98,{"$f":"AO505*AP505","v":0},858,{"$f":"AO505*AR505","v":0},{"$f":"AP505*AO505+AR505*AO505","v":0},null,599.98,{"$f":"AU505*AV505","v":0},858,{"$f":"AU505*AX505","v":0},{"$f":"AV505*AU505+AX505*AU505","v":0},null,599.98,{"$f":"BA505*BB505","v":0},858,{"$f":"BA505*BD505","v":0},{"$f":"BB505*BA505+BD505*BA505","v":0},null,0,599.98,{"$f":"BH505*BI505","v":0},858,{"$f":"BH505*BK505","v":0},{"$f":"BI505*BH505+BK505*BH505","v":0},80,599.98,{"$f":"BN505*BO505","v":47998.400000000001},858,{"$f":"BN505*BQ505","v":68640},{"$f":"BO505*BN505+BQ505*BN505","v":116638.39999999999}]
["1.13.23","Смотровая канава 2 путь",null,null,0,{"$f":"SUM(F507)","v":2238411.8319999999},0,{"$f":"SUM(H507)","v":2257227.372},{"$f":"SUM(I507)","v":4495639.2039999999},null,null,0,{"$f":"SUM(M507)","v":0},0,{"$f":"SUM(O507)","v":0},{"$f":"SUM(P507)","v":0},null,0,{"$f":"SUM(S507)","v":0},0,{"$f":"SUM(U507)","v":0},{"$f":"SUM(V507)","v":0},null,0,{"$f":"SUM(Y507)","v":1019777.6},0,{"$f":"SUM(AA507)","v":1028349.6000000001},{"$f":"SUM(AB507)","v":2048127.2000000002},null,0,{"$f":"SUM(AE507)","v":261572.95439999999},0,{"$f":"SUM(AG507)","v":263771.67240000004},{"$f":"SUM(AH507)","v":525344.62679999997},null,0,{"$f":"SUM(AK507)","v":0},0,{"$f":"SUM(AM507)","v":0},{"$f":"SUM(AN507)","v":0},null,0,{"$f":"SUM(AQ507)","v":0},0,{"$f":"SUM(AS507)","v":0},{"$f":"SUM(AT507)","v":0},null,0,{"$f":"SUM(AW507)","v":0},0,{"$f":"SUM(AY507)","v":0},{"$f":"SUM(AZ507)","v":0},null,0,{"$f":"SUM(BC507)","v":0},0,{"$f":"SUM(BE507)","v":0},{"$f":"SUM(BF507)","v":0},null,0,0,{"$f":"SUM(BJ507)","v":1281350.5543999998},0,{"$f":"SUM(BL507)","v":1292121.2724000001},{"$f":"SUM(BM507)","v":2573471.8267999999},0,0,{"$f":"SUM(BP507)","v":957061.27759999991},0,{"$f":"SUM(BR507)","v":965106.09960000007},{"$f":"SUM(BS507)","v":1922167.3772}]
["1.13.23.1","Устройство смотровой канавы","м3",87.8,25494.44,{"$f":"D507*E507","v":2238411.8319999999},25708.74,{"$f":"D507*G507","v":2257227.372},{"$f":"E507*D507+G507*D507","v":4495639.2039999999},null,null,25494.44,{"$f":"K507*L507","v":0},25708.74,{"$f":"K507*N507","v":0},{"$f":"L507*K507+N507*K507","v":0},null,25494.44,{"$f":"Q507*R507","v":0},25708.74,{"$f":"Q507*T507","v":0},{"$f":"R507*Q507+T507*Q507","v":0},40,25494.44,{"$f":"W507*X507","v":1019777.6},25708.74,{"$f":"W507*Z507","v":1028349.6000000001},{"$f":"X507*W507+Z507*W507","v":2048127.2000000002},10.26,25494.44,{"$f":"AC507*AD507","v":261572.95439999999},25708.74,{"$f":"AC507*AF507","v":263771.67240000004},{"$f":"AD507*AC507+AF507*AC507","v":525344.62679999997},null,25494.44,{"$f":"AI507*AJ507","v":0},25708.74,{"$f":"AI507*AL507","v":0},{"$f":"AJ507*AI507+AL507*AI507","v":0},null,25494.44,{"$f":"AO507*AP507","v":0},25708.74,{"$f":"AO507*AR507","v":0},{"$f":"AP507*AO507+AR507*AO507","v":0},null,25494.44,{"$f":"AU507*AV507","v":0},25708.74,{"$f":"AU507*AX507","v":0},{"$f":"AV507*AU507+AX507*AU507","v":0},null,25494.44,{"$f":"BA507*BB507","v":0},25708.74,{"$f":"BA507*BD507","v":0},{"$f":"BB507*BA507+BD507*BA507","v":0},null,50.26,25494.44,{"$f":"BH507*BI507","v":1281350.5543999998},25708.74,{"$f":"BH507*BK507","v":1292121.2724000001},{"$f":"BI507*BH507+BK507*BH507","v":2573471.8267999999},37.54,25494.44,{"$f":"BN507*BO507","v":957061.27759999991},25708.74,{"$f":"BN507*BQ507","v":965106.09960000007},{"$f":"BO507*BN507+BQ507*BN507","v":1922167.3772}]
["1.13.24","Фундаменты под домкраты ФМ-2 (8 шт) - 2й путь\nсборочный пролет Смотровая канава",null,null,null,{"$f":"SUM(F509:F513)","v":3550081.4229999995},null,{"$f":"SUM(H509:H513)","v":979030.16799999995},{"$f":"SUM(I509:I513)","v":4529111.591},null,null,null,{"$f":"SUM(M509:M513)","v":0},null,{"$f":"SUM(O509:O513)","v":0},{"$f":"SUM(P509:P513)","v":0},null,null,{"$f":"SUM(S509:S513)","v":0},null,{"$f":"SUM(U509:U513)","v":0},{"$f":"SUM(V509:V513)","v":0},null,null,{"$f":"SUM(Y509:Y513)","v":2763380.3723999998},null,{"$f":"SUM(AA509:AA513)","v":969336.79999999993},{"$f":"SUM(AB509:AB513)","v":3732717.1723999996},null,null,{"$f":"SUM(AE509:AE513)","v":7126.8759999999738},null,{"$f":"SUM(AG509:AG513)","v":9693.367999999964},{"$f":"SUM(AH509:AH513)","v":16820.243999999937},null,null,{"$f":"SUM(AK509:AK513)","v":0},null,{"$f":"SUM(AM509:AM513)","v":0},{"$f":"SUM(AN509:AN513)","v":0},null,null,{"$f":"SUM(AQ509:AQ513)","v":0},null,{"$f":"SUM(AS509:AS513)","v":0},{"$f":"SUM(AT509:AT513)","v":0},null,null,{"$f":"SUM(AW509:AW513)","v":0},null,{"$f":"SUM(AY509:AY513)","v":0},{"$f":"SUM(AZ509:AZ513)","v":0},null,null,{"$f":"SUM(BC509:BC513)","v":0},null,{"$f":"SUM(BE509:BE513)","v":0},{"$f":"SUM(BF509:BF513)","v":0},null,0,null,{"$f":"SUM(BJ509:BJ513)","v":2770507.2483999995},null,{"$f":"SUM(BL509:BL513)","v":979030.16799999995},{"$f":"SUM(BM509:BM513)","v":3749537.4163999995},0,null,{"$f":"SUM(BP509:BP513)","v":779574.17460000014},null,{"$f":"SUM(BR509:BR513)","v":0},{"$f":"SUM(BS509:BS513)","v":779574.17460000014}]
["1.13.24.1","Демонтаж ж/б покрытия пола с погрузкой","м3",52.8,20171.61,{"$f":"D509*E509","v":1065061.0079999999},0,null,{"$f":"E509*D509+G509*D509","v":1065061.0079999999},null,null,20171.61,{"$f":"K509*L509","v":0},0,null,{"$f":"L509*K509+N509*K509","v":0},null,20171.61,{"$f":"Q509*R509","v":0},0,null,{"$f":"R509*Q509+T509*Q509","v":0},26.4,20171.61,{"$f":"W509*X509","v":532530.50399999996},0,null,{"$f":"X509*W509+Z509*W509","v":532530.50399999996},null,20171.61,{"$f":"AC509*AD509","v":0},0,null,{"$f":"AD509*AC509+AF509*AC509","v":0},null,20171.61,{"$f":"AI509*AJ509","v":0},0,null,{"$f":"AJ509*AI509+AL509*AI509","v":0},null,20171.61,{"$f":"AO509*AP509","v":0},0,null,{"$f":"AP509*AO509+AR509*AO509","v":0},null,20171.61,{"$f":"AU509*AV509","v":0},0,null,{"$f":"AV509*AU509+AX509*AU509","v":0},null,20171.61,{"$f":"BA509*BB509","v":0},0,null,{"$f":"BB509*BA509+BD509*BA509","v":0},null,26.4,20171.61,{"$f":"BH509*BI509","v":532530.50399999996},0,null,{"$f":"BI509*BH509+BK509*BH509","v":532530.50399999996},26.4,20171.61,{"$f":"BN509*BO509","v":532530.50399999996},0,null,{"$f":"BO509*BN509+BQ509*BN509","v":532530.50399999996}]
["1.13.24.2","Вывоз и утилизация с К разрыхления 1,47","м3",{"$f":"D509*1.47","v":77.616},1590,{"$f":"D510*E510","v":123409.44},0,null,{"$f":"E510*D510+G510*D510","v":123409.44},null,null,1590,{"$f":"K510*L510","v":0},0,null,{"$f":"L510*K510+N510*K510","v":0},null,1590,{"$f":"Q510*R510","v":0},0,null,{"$f":"R510*Q510+T510*Q510","v":0},38.81,1590,{"$f":"W510*X510","v":61707.9},0,null,{"$f":"X510*W510+Z510*W510","v":61707.9},null,1590,{"$f":"AC510*AD510","v":0},0,null,{"$f":"AD510*AC510+AF510*AC510","v":0},null,1590,{"$f":"AI510*AJ510","v":0},0,null,{"$f":"AJ510*AI510+AL510*AI510","v":0},null,1590,{"$f":"AO510*AP510","v":0},0,null,{"$f":"AP510*AO510+AR510*AO510","v":0},null,1590,{"$f":"AU510*AV510","v":0},0,null,{"$f":"AV510*AU510+AX510*AU510","v":0},null,1590,{"$f":"BA510*BB510","v":0},0,null,{"$f":"BB510*BA510+BD510*BA510","v":0},null,38.81,1590,{"$f":"BH510*BI510","v":61707.9},0,null,{"$f":"BI510*BH510+BK510*BH510","v":61707.9},38.805999999999997,1590,{"$f":"BN510*BO510","v":61701.539999999994},0,null,{"$f":"BO510*BN510+BQ510*BN510","v":61701.539999999994}]
["1.13.24.3","Разработка грунта под котлованы с погрузкой","м3",357.7,2045.87,{"$f":"D511*E511","v":731807.69899999991},0,null,{"$f":"E511*D511+G511*D511","v":731807.69899999991},null,null,2045.87,{"$f":"K511*L511","v":0},0,null,{"$f":"L511*K511+N511*K511","v":0},null,2045.87,{"$f":"Q511*R511","v":0},0,null,{"$f":"R511*Q511+T511*Q511","v":0},317.32,2045.87,{"$f":"W511*X511","v":649195.4683999999},0,null,{"$f":"X511*W511+Z511*W511","v":649195.4683999999},null,2045.87,{"$f":"AC511*AD511","v":0},0,null,{"$f":"AD511*AC511+AF511*AC511","v":0},null,2045.87,{"$f":"AI511*AJ511","v":0},0,null,{"$f":"AJ511*AI511+AL511*AI511","v":0},null,2045.87,{"$f":"AO511*AP511","v":0},0,null,{"$f":"AP511*AO511+AR511*AO511","v":0},null,2045.87,{"$f":"AU511*AV511","v":0},0,null,{"$f":"AV511*AU511+AX511*AU511","v":0},null,2045.87,{"$f":"BA511*BB511","v":0},0,null,{"$f":"BB511*BA511+BD511*BA511","v":0},null,317.32,2045.87,{"$f":"BH511*BI511","v":649195.4683999999},0,null,{"$f":"BI511*BH511+BK511*BH511","v":649195.4683999999},40.379999999999995,2045.87,{"$f":"BN511*BO511","v":82612.230599999981},0,null,{"$f":"BO511*BN511+BQ511*BN511","v":82612.230599999981}]
["1.13.24.4","Вывоз и утилизация с К разрыхления 1,6","м3",{"$f":"D511*1.6","v":572.32000000000005},1590,{"$f":"D512*E512","v":909988.8},0,null,{"$f":"E512*D512+G512*D512","v":909988.8},null,null,1590,{"$f":"K512*L512","v":0},0,null,{"$f":"L512*K512+N512*K512","v":0},null,1590,{"$f":"Q512*R512","v":0},0,null,{"$f":"R512*Q512+T512*Q512","v":0},507.71,1590,{"$f":"W512*X512","v":807258.9},0,null,{"$f":"X512*W512+Z512*W512","v":807258.9},null,1590,{"$f":"AC512*AD512","v":0},0,null,{"$f":"AD512*AC512+AF512*AC512","v":0},null,1590,{"$f":"AI512*AJ512","v":0},0,null,{"$f":"AJ512*AI512+AL512*AI512","v":0},null,1590,{"$f":"AO512*AP512","v":0},0,null,{"$f":"AP512*AO512+AR512*AO512","v":0},null,1590,{"$f":"AU512*AV512","v":0},0,null,{"$f":"AV512*AU512+AX512*AU512","v":0},null,1590,{"$f":"BA512*BB512","v":0},0,null,{"$f":"BB512*BA512+BD512*BA512","v":0},null,507.71,1590,{"$f":"BH512*BI512","v":807258.9},0,null,{"$f":"BI512*BH512+BK512*BH512","v":807258.9},64.61000000000007,1590,{"$f":"BN512*BO512","v":102729.90000000011},0,null,{"$f":"BO512*BN512+BQ512*BN512","v":102729.90000000011}]
["1.13.24.5","Устройство ж/б фундаментов ФМ-2","м3",40.4,17817.189999999999,{"$f":"D513*E513","v":719814.47599999991},24233.42,{"$f":"D513*G513","v":979030.16799999995},{"$f":"E513*D513+G513*D513","v":1698844.6439999999},null,null,17817.189999999999,{"$f":"K513*L513","v":0},24233.42,{"$f":"K513*N513","v":0},{"$f":"L513*K513+N513*K513","v":0},null,17817.189999999999,{"$f":"Q513*R513","v":0},24233.42,{"$f":"Q513*T513","v":0},{"$f":"R513*Q513+T513*Q513","v":0},40,17817.189999999999,{"$f":"W513*X513","v":712687.6},24233.42,{"$f":"W513*Z513","v":969336.79999999993},{"$f":"X513*W513+Z513*W513","v":1682024.4},0.39999999999999858,17817.189999999999,{"$f":"AC513*AD513","v":7126.8759999999738},24233.42,{"$f":"AC513*AF513","v":9693.367999999964},{"$f":"AD513*AC513+AF513*AC513","v":16820.243999999937},null,17817.189999999999,{"$f":"AI513*AJ513","v":0},24233.42,{"$f":"AI513*AL513","v":0},{"$f":"AJ513*AI513+AL513*AI513","v":0},null,17817.189999999999,{"$f":"AO513*AP513","v":0},24233.42,{"$f":"AO513*AR513","v":0},{"$f":"AP513*AO513+AR513*AO513","v":0},null,17817.189999999999,{"$f":"AU513*AV513","v":0},24233.42,{"$f":"AU513*AX513","v":0},{"$f":"AV513*AU513+AX513*AU513","v":0},null,17817.189999999999,{"$f":"BA513*BB513","v":0},24233.42,{"$f":"BA513*BD513","v":0},{"$f":"BB513*BA513+BD513*BA513","v":0},null,40.4,17817.189999999999,{"$f":"BH513*BI513","v":719814.47599999991},24233.42,{"$f":"BH513*BK513","v":979030.16799999995},{"$f":"BI513*BH513+BK513*BH513","v":1698844.6439999999},0,17817.189999999999,{"$f":"BN513*BO513","v":0},24233.42,{"$f":"BN513*BQ513","v":0},{"$f":"BO513*BN513+BQ513*BN513","v":0}]
["1.14","130-23-ЭМ1 Силовое электрооборудование",null,null,null,null,null,null,null,null,null,null,null,null,null,null,null,null,null,null,null,null,null,null,null,null,null,null,null,null,null,null,null,null,null,null,{"$f":"SUM(AK515:AK519)+SUM(AK520:AK530)+SUM(AK531:AK536)+AK537","v":18995},null,{"$f":"SUM(AM515:AM519)+SUM(AM520:AM530)+SUM(AM531:AM536)+AM537","v":100986.61},{"$f":"SUM(AN515:AN519)+SUM(AN520:AN530)+SUM(AN531:AN536)+AN537","v":119981.61},null,null,{"$f":"SUM(AQ515:AQ519)+SUM(AQ520:AQ530)+SUM(AQ531:AQ536)+AQ537","v":0},null,{"$f":"SUM(AS515:AS519)+SUM(AS520:AS530)+SUM(AS531:AS536)+AS537","v":0},{"$f":"SUM(AT515:AT519)+SUM(AT520:AT530)+SUM(AT531:AT536)+AT537","v":0},null,null,{"$f":"SUM(AW515:AW519)+SUM(AW520:AW530)+SUM(AW531:AW536)+AW537","v":0},null,{"$f":"SUM(AY515:AY519)+SUM(AY520:AY530)+SUM(AY531:AY536)+AY537","v":0},{"$f":"SUM(AZ515:AZ519)+SUM(AZ520:AZ530)+SUM(AZ531:AZ536)+AZ537","v":0},null,null,{"$f":"SUM(BC515:BC519)+SUM(BC520:BC530)+SUM(BC531:BC536)+BC537","v":0},null,{"$f":"SUM(BE515:BE519)+SUM(BE520:BE530)+SUM(BE531:BE536)+BE537","v":0},{"$f":"SUM(BF515:BF519)+SUM(BF520:BF530)+SUM(BF531:BF536)+BF537","v":0},null,0,null,{"$f":"SUM(BJ515:BJ519)+SUM(BJ520:BJ530)+SUM(BJ531:BJ536)+BJ537","v":18995},null,{"$f":"SUM(BL515:BL519)+SUM(BL520:BL530)+SUM(BL531:BL536)+BL537","v":100986.61},{"$f":"SUM(BM515:BM519)+SUM(BM520:BM530)+SUM(BM531:BM536)+BM537","v":119981.61},0,null,{"$f":"SUM(BP515:BP519)+SUM(BP520:BP530)+SUM(BP531:BP536)+BP537","v":308510.40000000002},null,{"$f":"SUM(BR515:BR519)+SUM(BR520:BR530)+SUM(BR531:BR536)+BR537","v":362339.8},{"$f":"SUM(BS515:BS519)+SUM(BS520:BS530)+SUM(BS531:BS536)+BS537","v":670850.20000000007}]
["1.14.1","Щит распределительный","шт.",1,6550,{"$f":"D515*E515","v":6550},48346.61,{"$f":"D515*G515","v":48346.61},{"$f":"E515*D515+G515*D515","v":54896.61},null,null,6550,{"$f":"K515*L515","v":0},48346.61,{"$f":"K515*N515","v":0},{"$f":"L515*K515+N515*K515","v":0},null,6550,{"$f":"Q515*R515","v":0},48346.61,{"$f":"Q515*T515","v":0},{"$f":"R515*Q515+T515*Q515","v":0},null,6550,{"$f":"W515*X515","v":0},48346.61,{"$f":"W515*Z515","v":0},{"$f":"X515*W515+Z515*W515","v":0},null,6550,{"$f":"AC515*AD515","v":0},48346.61,{"$f":"AC515*AF515","v":0},{"$f":"AD515*AC515+AF515*AC515","v":0},1,6550,{"$f":"AI515*AJ515","v":6550},48346.61,{"$f":"AI515*AL515","v":48346.61},{"$f":"AJ515*AI515+AL515*AI515","v":54896.61},null,6550,{"$f":"AO515*AP515","v":0},48346.61,{"$f":"AO515*AR515","v":0},{"$f":"AP515*AO515+AR515*AO515","v":0},null,6550,{"$f":"AU515*AV515","v":0},48346.61,{"$f":"AU515*AX515","v":0},{"$f":"AV515*AU515+AX515*AU515","v":0},null,6550,{"$f":"BA515*BB515","v":0},48346.61,{"$f":"BA515*BD515","v":0},{"$f":"BB515*BA515+BD515*BA515","v":0},null,1,6550,{"$f":"BH515*BI515","v":6550},48346.61,{"$f":"BH515*BK515","v":48346.61},{"$f":"BI515*BH515+BK515*BH515","v":54896.61},0,6550,{"$f":"BN515*BO515","v":0},48346.61,{"$f":"BN515*BQ515","v":0},{"$f":"BO515*BN515+BQ515*BN515","v":0}]
["1.14.2","Кабель силовой, не поддерживающий горение, безгалогенный ППГнг(А)-HF 5х16","м.",30,186.02,{"$f":"D516*E516","v":5580.6},1809.6,{"$f":"D516*G516","v":54288},59868.6,null,null,186.02,{"$f":"K516*L516","v":0},1809.6,{"$f":"K516*N516","v":0},0,null,186.02,{"$f":"Q516*R516","v":0},1809.6,{"$f":"Q516*T516","v":0},0,null,186.02,{"$f":"W516*X516","v":0},1809.6,{"$f":"W516*Z516","v":0},0,null,186.02,{"$f":"AC516*AD516","v":0},1809.6,{"$f":"AC516*AF516","v":0},0,10,186.02,{"$f":"AI516*AJ516","v":1860.2},1809.6,{"$f":"AI516*AL516","v":18096},19956.2,null,186.02,{"$f":"AO516*AP516","v":0},1809.6,{"$f":"AO516*AR516","v":0},0,null,186.02,{"$f":"AU516*AV516","v":0},1809.6,{"$f":"AU516*AX516","v":0},0,null,186.02,{"$f":"BA516*BB516","v":0},1809.6,{"$f":"BA516*BD516","v":0},0,null,10,186.02,{"$f":"BH516*BI516","v":1860.2},1809.6,{"$f":"BH516*BK516","v":18096},19956.2,20,186.02,{"$f":"BN516*BO516","v":3720.4},1809.6,{"$f":"BN516*BQ516","v":36192},39912.400000000001]
["1.14.3","Кабель силовой, не поддерживающий горение, безгалогенный  ППГнг(А)-HF 5х2.5","м.",30,162.44,{"$f":"D517*E517","v":4873.2},322.39999999999998,{"$f":"D517*G517","v":9672},14545.2,null,null,162.44,{"$f":"K517*L517","v":0},322.39999999999998,{"$f":"K517*N517","v":0},0,null,162.44,{"$f":"Q517*R517","v":0},322.39999999999998,{"$f":"Q517*T517","v":0},0,null,162.44,{"$f":"W517*X517","v":0},322.39999999999998,{"$f":"W517*Z517","v":0},0,null,162.44,{"$f":"AC517*AD517","v":0},322.39999999999998,{"$f":"AC517*AF517","v":0},0,15,162.44,{"$f":"AI517*AJ517","v":2436.6},322.39999999999998,{"$f":"AI517*AL517","v":4836},7272.6,null,162.44,{"$f":"AO517*AP517","v":0},322.39999999999998,{"$f":"AO517*AR517","v":0},0,null,162.44,{"$f":"AU517*AV517","v":0},322.39999999999998,{"$f":"AU517*AX517","v":0},0,null,162.44,{"$f":"BA517*BB517","v":0},322.39999999999998,{"$f":"BA517*BD517","v":0},0,null,15,162.44,{"$f":"BH517*BI517","v":2436.6},322.39999999999998,{"$f":"BH517*BK517","v":4836},7272.6,15,162.44,{"$f":"BN517*BO517","v":2436.6},322.39999999999998,{"$f":"BN517*BQ517","v":4836},7272.6]
["1.14.4","Кабель силовой ППГнг(А)-HF 3х6","м",60,162.44,{"$f":"D518*E518","v":9746.4},434.2,{"$f":"D518*G518","v":26052},35798.400000000001,null,null,162.44,{"$f":"K518*L518","v":0},434.2,{"$f":"K518*N518","v":0},0,null,162.44,{"$f":"Q518*R518","v":0},434.2,{"$f":"Q518*T518","v":0},0,null,162.44,{"$f":"W518*X518","v":0},434.2,{"$f":"W518*Z518","v":0},0,null,162.44,{"$f":"AC518*AD518","v":0},434.2,{"$f":"AC518*AF518","v":0},0,30,162.44,{"$f":"AI518*AJ518","v":4873.2},434.2,{"$f":"AI518*AL518","v":13026},17899.2,null,162.44,{"$f":"AO518*AP518","v":0},434.2,{"$f":"AO518*AR518","v":0},0,null,162.44,{"$f":"AU518*AV518","v":0},434.2,{"$f":"AU518*AX518","v":0},0,null,162.44,{"$f":"BA518*BB518","v":0},434.2,{"$f":"BA518*BD518","v":0},0,null,30,162.44,{"$f":"BH518*BI518","v":4873.2},434.2,{"$f":"BH518*BK518","v":13026},17899.2,30,162.44,{"$f":"BN518*BO518","v":4873.2},434.2,{"$f":"BN518*BQ518","v":13026},17899.2]
["1.14.5","Кабель силовой ППГнг(А)-HF 3х2.5","м",70,162.44,{"$f":"D519*E519","v":11370.8},184.6,{"$f":"D519*G519","v":12922},24292.799999999999,null,null,162.44,{"$f":"K519*L519","v":0},184.6,{"$f":"K519*N519","v":0},0,null,162.44,{"$f":"Q519*R519","v":0},184.6,{"$f":"Q519*T519","v":0},0,null,162.44,{"$f":"W519*X519","v":0},184.6,{"$f":"W519*Z519","v":0},0,null,162.44,{"$f":"AC519*AD519","v":0},184.6,{"$f":"AC519*AF519","v":0},0,null,162.44,{"$f":"AI519*AJ519","v":0},184.6,{"$f":"AI519*AL519","v":0},0,null,162.44,{"$f":"AO519*AP519","v":0},184.6,{"$f":"AO519*AR519","v":0},0,null,162.44,{"$f":"AU519*AV519","v":0},184.6,{"$f":"AU519*AX519","v":0},0,null,162.44,{"$f":"BA519*BB519","v":0},184.6,{"$f":"BA519*BD519","v":0},0,null,0,162.44,{"$f":"BH519*BI519","v":0},184.6,{"$f":"BH519*BK519","v":0},0,70,162.44,{"$f":"BN519*BO519","v":11370.8},184.6,{"$f":"BN519*BQ519","v":12922},24292.799999999999]
["1.14.6","Кабель огнестойкий КПСЭнг(А)-FRHF 1х2х1.5","м",100,162.44,{"$f":"D520*E520","v":16244},107.82,{"$f":"D520*G520","v":10782},27026,null,null,162.44,{"$f":"K520*L520","v":0},107.82,{"$f":"K520*N520","v":0},0,null,162.44,{"$f":"Q520*R520","v":0},107.82,{"$f":"Q520*T520","v":0},0,null,162.44,{"$f":"W520*X520","v":0},107.82,{"$f":"W520*Z520","v":0},0,null,162.44,{"$f":"AC520*AD520","v":0},107.82,{"$f":"AC520*AF520","v":0},0,null,162.44,{"$f":"AI520*AJ520","v":0},107.82,{"$f":"AI520*AL520","v":0},0,null,162.44,{"$f":"AO520*AP520","v":0},107.82,{"$f":"AO520*AR520","v":0},0,null,162.44,{"$f":"AU520*AV520","v":0},107.82,{"$f":"AU520*AX520","v":0},0,null,162.44,{"$f":"BA520*BB520","v":0},107.82,{"$f":"BA520*BD520","v":0},0,null,0,162.44,{"$f":"BH520*BI520","v":0},107.82,{"$f":"BH520*BK520","v":0},0,100,162.44,{"$f":"BN520*BO520","v":16244},107.82,{"$f":"BN520*BQ520","v":10782},27026]
["1.14.7","Лоток 50х100 L=3000 перфорированный","м.",120,838.4,100608,699.4,83928,184536,null,null,838.4,0,699.4,0,0,null,838.4,0,699.4,0,0,null,838.4,0,699.4,0,0,null,838.4,0,699.4,0,0,null,838.4,0,699.4,0,0,null,838.4,0,699.4,0,0,null,838.4,0,699.4,0,0,null,838.4,0,699.4,0,0,null,0,838.4,0,699.4,0,0,120,838.4,100608,699.4,83928,184536]
["1.14.8","Крышка L=3000 для лотков шириной 100мм","м.",120,157.19999999999999,18864,271.99,32638.800000000003,51502.8,null,null,157.19999999999999,0,271.99,0,0,null,157.19999999999999,0,271.99,0,0,null,157.19999999999999,0,271.99,0,0,null,157.19999999999999,0,271.99,0,0,null,157.19999999999999,0,271.99,0,0,null,157.19999999999999,0,271.99,0,0,null,157.19999999999999,0,271.99,0,0,null,157.19999999999999,0,271.99,0,0,null,0,157.19999999999999,0,271.99,0,0,120,157.19999999999999,18864,271.99,32638.800000000003,51502.8]
["1.14.9","Анкер М8 латунный разрезной","шт.",400,0,0,74,29600,29600,null,null,0,0,74,0,0,null,0,0,74,0,0,null,0,0,74,0,0,null,0,0,74,0,0,null,0,0,74,0,0,null,0,0,74,0,0,null,0,0,74,0,0,null,0,0,74,0,0,null,0,0,0,74,0,0,400,0,0,74,29600,29600]
["1.14.10","Шпилька М8х2000","шт.",94,393,36942,221.68,20837.920000000002,57779.92,null,null,393,0,221.68,0,0,null,393,0,221.68,0,0,null,393,0,221.68,0,0,null,393,0,221.68,0,0,null,393,0,221.68,0,0,null,393,0,221.68,0,0,null,393,0,221.68,0,0,null,393,0,221.68,0,0,null,0,393,0,221.68,0,0,94,393,36942,221.68,20837.920000000002,57779.92]
["1.14.11","Шайба М8","шт.",200,0,0,8.8000000000000007,1760.0000000000002,1760.0000000000002,null,null,0,0,8.8000000000000007,0,0,null,0,0,8.8000000000000007,0,0,null,0,0,8.8000000000000007,0,0,null,0,0,8.8000000000000007,0,0,null,0,0,8.8000000000000007,0,0,null,0,0,8.8000000000000007,0,0,null,0,0,8.8000000000000007,0,0,null,0,0,8.8000000000000007,0,0,null,0,0,0,8.8000000000000007,0,0,200,0,0,8.8000000000000007,1760.0000000000002,1760.0000000000002]
["1.14.12","Гайка М8","шт.",400,0,0,3.99,1596,1596,null,null,0,0,3.99,0,0,null,0,0,3.99,0,0,null,0,0,3.99,0,0,null,0,0,3.99,0,0,null,0,0,3.99,0,0,null,0,0,3.99,0,0,null,0,0,3.99,0,0,null,0,0,3.99,0,0,null,0,0,0,3.99,0,0,400,0,0,3.99,1596,1596]
["1.14.13","С-образный профиль 41х21, L2000, толщ. 2,0 мм","шт.",32,393,12576,2051.09,65634.880000000005,78210.880000000005,null,null,393,0,2051.09,0,0,null,393,0,2051.09,0,0,null,393,0,2051.09,0,0,null,393,0,2051.09,0,0,null,393,0,2051.09,0,0,null,393,0,2051.09,0,0,null,393,0,2051.09,0,0,null,393,0,2051.09,0,0,null,0,393,0,2051.09,0,0,32,393,12576,2051.09,65634.880000000005,78210.880000000005]
["1.14.14","Провод силовой желто-зеленый","м",10,162.44,1624.4,265.2,2652,4276.3999999999996,null,null,162.44,0,265.2,0,0,null,162.44,0,265.2,0,0,null,162.44,0,265.2,0,0,null,162.44,0,265.2,0,0,null,162.44,0,265.2,0,0,null,162.44,0,265.2,0,0,null,162.44,0,265.2,0,0,null,162.44,0,265.2,0,0,null,0,162.44,0,265.2,0,0,10,162.44,1624.4,265.2,2652,4276.3999999999996]
["1.14.15","Наконечник медный 16 мм2 ","шт.",80,132.05000000000001,10564,61.93,4954.3999999999996,15518.4,null,null,132.05000000000001,0,61.93,0,0,null,132.05000000000001,0,61.93,0,0,null,132.05000000000001,0,61.93,0,0,null,132.05000000000001,0,61.93,0,0,null,132.05000000000001,0,61.93,0,0,null,132.05000000000001,0,61.93,0,0,null,132.05000000000001,0,61.93,0,0,null,132.05000000000001,0,61.93,0,0,null,0,132.05000000000001,0,61.93,0,0,80,132.05000000000001,10564,61.93,4954.3999999999996,15518.4]
["1.14.16","Труба D=32 гибкая гофрированная не распространяющая горение, с зондом","м.",130,45.85,5960.5,58.5,7605,13565.5,null,null,45.85,0,58.5,0,0,null,45.85,0,58.5,0,0,null,45.85,0,58.5,0,0,null,45.85,0,58.5,0,0,null,45.85,0,58.5,0,0,null,45.85,0,58.5,0,0,null,45.85,0,58.5,0,0,null,45.85,0,58.5,0,0,null,0,45.85,0,58.5,0,0,130,45.85,5960.5,58.5,7605,13565.5]
["1.14.17","Металлорукав в ПВХ-изоляции","м",20,65.5,1310,166.71,3334.2000000000003,4644.2000000000007,null,null,65.5,0,166.71,0,0,null,65.5,0,166.71,0,0,null,65.5,0,166.71,0,0,null,65.5,0,166.71,0,0,null,65.5,0,166.71,0,0,null,65.5,0,166.71,0,0,null,65.5,0,166.71,0,0,null,65.5,0,166.71,0,0,null,0,65.5,0,166.71,0,0,20,65.5,1310,166.71,3334.2000000000003,4644.2000000000007]
["1.14.18","Скоба металлическая","шт.",150,32.75,4912.5,36.82,5523,10435.5,null,null,32.75,0,36.82,0,0,null,32.75,0,36.82,0,0,null,32.75,0,36.82,0,0,null,32.75,0,36.82,0,0,100,32.75,3275,36.82,3682,6957,null,32.75,0,36.82,0,0,null,32.75,0,36.82,0,0,null,32.75,0,36.82,0,0,null,100,32.75,3275,36.82,3682,6957,50,32.75,1637.5,36.82,1841,3478.5]
["1.14.19","Шина заземления ГЗШ 20 подключений","шт.",1,2620,2620,9412,9412,12032,null,null,2620,0,9412,0,0,null,2620,0,9412,0,0,null,2620,0,9412,0,0,null,2620,0,9412,0,0,null,2620,0,9412,0,0,null,2620,0,9412,0,0,null,2620,0,9412,0,0,null,2620,0,9412,0,0,null,0,2620,0,9412,0,0,1,2620,2620,9412,9412,12032]
["1.14.20","Коробка распределительная 70х70х40 мм IP55","шт.",3,262,786,109.2,327.60000000000002,1113.5999999999999,null,null,262,0,109.2,0,0,null,262,0,109.2,0,0,null,262,0,109.2,0,0,null,262,0,109.2,0,0,null,262,0,109.2,0,0,null,262,0,109.2,0,0,null,262,0,109.2,0,0,null,262,0,109.2,0,0,null,0,262,0,109.2,0,0,3,262,786,109.2,327.60000000000002,1113.5999999999999]
["1.14.21","Полоса стальная 40х5","м",50,458.5,22925,369.2,18460,41385,null,null,458.5,0,369.2,0,0,null,458.5,0,369.2,0,0,null,458.5,0,369.2,0,0,null,458.5,0,369.2,0,0,null,458.5,0,369.2,0,0,null,458.5,0,369.2,0,0,null,458.5,0,369.2,0,0,null,458.5,0,369.2,0,0,null,0,458.5,0,369.2,0,0,50,458.5,22925,369.2,18460,41385]
["1.14.22","Аксессуары (расходные материалы, крепеж)","компл.",1,0,null,13000,{"$f":"G536*D536","v":13000},13000,null,null,0,null,13000,{"$f":"N536*K536","v":0},0,null,0,null,13000,{"$f":"T536*Q536","v":0},0,null,0,null,13000,{"$f":"Z536*W536","v":0},0,null,0,null,13000,{"$f":"AF536*AC536","v":0},0,1,0,null,13000,{"$f":"AL536*AI536","v":13000},13000,null,0,null,13000,{"$f":"AR536*AO536","v":0},0,null,0,null,13000,{"$f":"AX536*AU536","v":0},0,null,0,null,13000,{"$f":"BD536*BA536","v":0},0,null,1,0,null,13000,{"$f":"BK536*BH536","v":13000},13000,0,0,null,13000,{"$f":"BQ536*BN536","v":0},0]
["1.14.23","Пуско-наладочные работы","компл.",1,53448,{"$f":"D537*E537","v":53448},0,null,53448,null,null,53448,{"$f":"K537*L537","v":0},0,null,0,null,53448,{"$f":"Q537*R537","v":0},0,null,0,null,53448,{"$f":"W537*X537","v":0},0,null,0,null,53448,{"$f":"AC537*AD537","v":0},0,null,0,null,53448,{"$f":"AI537*AJ537","v":0},0,null,0,null,53448,{"$f":"AO537*AP537","v":0},0,null,0,null,53448,{"$f":"AU537*AV537","v":0},0,null,0,null,53448,{"$f":"BA537*BB537","v":0},0,null,0,null,0,53448,{"$f":"BH537*BI537","v":0},0,null,0,1,53448,{"$f":"BN537*BO537","v":53448},0,null,53448]
["1.15","130-23-ВС Воздухоснабжение",null,null,null,null,null,null,null,null,null,null,null,null,null,null,null,null,null,null,null,null,null,null,null,null,null,null,null,null,null,null,null,null,null,null,{"$f":"AK539+AK540+AK544+AK541+AK542+AK543+AK545+AK546+AK547+AK548+AK549+AK551+AK552+AK553+AK554+AK555+AK556+AK557+AK558+AK559+AK560+AK561+AK562+AK563+AK564+AK565+AK566+AK567+AK568+AK569+AK570","v":0},null,{"$f":"AM539+AM540+AM544+AM541+AM542+AM543+AM545+AM546+AM547+AM548+AM549+AM551+AM552+AM553+AM554+AM555+AM556+AM557+AM558+AM559+AM560+AM561+AM562+AM563+AM564+AM565+AM566+AM567+AM568+AM569+AM570","v":0},{"$f":"AN539+AN540+AN544+AN541+AN542+AN543+AN545+AN546+AN547+AN548+AN549+AN551+AN552+AN553+AN554+AN555+AN556+AN557+AN558+AN559+AN560+AN561+AN562+AN563+AN564+AN565+AN566+AN567+AN568+AN569+AN570","v":0},null,null,{"$f":"AQ539+AQ540+AQ544+AQ541+AQ542+AQ543+AQ545+AQ546+AQ547+AQ548+AQ549+AQ551+AQ552+AQ553+AQ554+AQ555+AQ556+AQ557+AQ558+AQ559+AQ560+AQ561+AQ562+AQ563+AQ564+AQ565+AQ566+AQ567+AQ568+AQ569+AQ570","v":0},null,{"$f":"AS539+AS540+AS544+AS541+AS542+AS543+AS545+AS546+AS547+AS548+AS549+AS551+AS552+AS553+AS554+AS555+AS556+AS557+AS558+AS559+AS560+AS561+AS562+AS563+AS564+AS565+AS566+AS567+AS568+AS569+AS570","v":0},{"$f":"AT539+AT540+AT544+AT541+AT542+AT543+AT545+AT546+AT547+AT548+AT549+AT551+AT552+AT553+AT554+AT555+AT556+AT557+AT558+AT559+AT560+AT561+AT562+AT563+AT564+AT565+AT566+AT567+AT568+AT569+AT570","v":0},null,null,{"$f":"AW539+AW540+AW544+AW541+AW542+AW543+AW545+AW546+AW547+AW548+AW549+AW551+AW552+AW553+AW554+AW555+AW556+AW557+AW558+AW559+AW560+AW561+AW562+AW563+AW564+AW565+AW566+AW567+AW568+AW569+AW570","v":0},null,{"$f":"AY539+AY540+AY544+AY541+AY542+AY543+AY545+AY546+AY547+AY548+AY549+AY551+AY552+AY553+AY554+AY555+AY556+AY557+AY558+AY559+AY560+AY561+AY562+AY563+AY564+AY565+AY566+AY567+AY568+AY569+AY570","v":0},{"$f":"AZ539+AZ540+AZ544+AZ541+AZ542+AZ543+AZ545+AZ546+AZ547+AZ548+AZ549+AZ551+AZ552+AZ553+AZ554+AZ555+AZ556+AZ557+AZ558+AZ559+AZ560+AZ561+AZ562+AZ563+AZ564+AZ565+AZ566+AZ567+AZ568+AZ569+AZ570","v":0},null,null,{"$f":"BC539+BC540+BC544+BC541+BC542+BC543+BC545+BC546+BC547+BC548+BC549+BC551+BC552+BC553+BC554+BC555+BC556+BC557+BC558+BC559+BC560+BC561+BC562+BC563+BC564+BC565+BC566+BC567+BC568+BC569+BC570","v":0},null,{"$f":"BE539+BE540+BE544+BE541+BE542+BE543+BE545+BE546+BE547+BE548+BE549+BE551+BE552+BE553+BE554+BE555+BE556+BE557+BE558+BE559+BE560+BE561+BE562+BE563+BE564+BE565+BE566+BE567+BE568+BE569+BE570","v":0},{"$f":"BF539+BF540+BF544+BF541+BF542+BF543+BF545+BF546+BF547+BF548+BF549+BF551+BF552+BF553+BF554+BF555+BF556+BF557+BF558+BF559+BF560+BF561+BF562+BF563+BF564+BF565+BF566+BF567+BF568+BF569+BF570","v":0},null,0,null,{"$f":"BJ539+BJ540+BJ544+BJ541+BJ542+BJ543+BJ545+BJ546+BJ547+BJ548+BJ549+BJ551+BJ552+BJ553+BJ554+BJ555+BJ556+BJ557+BJ558+BJ559+BJ560+BJ561+BJ562+BJ563+BJ564+BJ565+BJ566+BJ567+BJ568+BJ569+BJ570","v":2554623.9299999997},null,{"$f":"BL539+BL540+BL544+BL541+BL542+BL543+BL545+BL546+BL547+BL548+BL549+BL551+BL552+BL553+BL554+BL555+BL556+BL557+BL558+BL559+BL560+BL561+BL562+BL563+BL564+BL565+BL566+BL567+BL568+BL569+BL570","v":17454058.32},{"$f":"BM539+BM540+BM544+BM541+BM542+BM543+BM545+BM546+BM547+BM548+BM549+BM551+BM552+BM553+BM554+BM555+BM556+BM557+BM558+BM559+BM560+BM561+BM562+BM563+BM564+BM565+BM566+BM567+BM568+BM569+BM570","v":20008682.250000004},0,null,{"$f":"BP539+BP540+BP544+BP541+BP542+BP543+BP545+BP546+BP547+BP548+BP549+BP551+BP552+BP553+BP554+BP555+BP556+BP557+BP558+BP559+BP560+BP561+BP562+BP563+BP564+BP565+BP566+BP567+BP568+BP569+BP570","v":1650653.84},null,{"$f":"BR539+BR540+BR544+BR541+BR542+BR543+BR545+BR546+BR547+BR548+BR549+BR551+BR552+BR553+BR554+BR555+BR556+BR557+BR558+BR559+BR560+BR561+BR562+BR563+BR564+BR565+BR566+BR567+BR568+BR569+BR570","v":824270.6100000001},{"$f":"BS539+BS540+BS544+BS541+BS542+BS543+BS545+BS546+BS547+BS548+BS549+BS551+BS552+BS553+BS554+BS555+BS556+BS557+BS558+BS559+BS560+BS561+BS562+BS563+BS564+BS565+BS566+BS567+BS568+BS569+BS570","v":2474924.4499999997}]
["1.15.1","Установка компрессора винт. ДЭН-75Ш ТВЖ «Плюс» ","шт.",2,332000,{"$f":"D539*E539","v":664000},5812000,{"$f":"D539*G539","v":11624000},{"$f":"E539*D539+G539*D539","v":12288000},null,2,332000,{"$f":"K539*L539","v":664000},5812000,{"$f":"K539*N539","v":11624000},{"$f":"L539*K539+N539*K539","v":12288000},null,332000,{"$f":"Q539*R539","v":0},5812000,{"$f":"Q539*T539","v":0},{"$f":"R539*Q539+T539*Q539","v":0},null,332000,{"$f":"W539*X539","v":0},5812000,{"$f":"W539*Z539","v":0},{"$f":"X539*W539+Z539*W539","v":0},null,332000,{"$f":"AC539*AD539","v":0},5812000,{"$f":"AC539*AF539","v":0},{"$f":"AD539*AC539+AF539*AC539","v":0},null,332000,{"$f":"AI539*AJ539","v":0},5812000,{"$f":"AI539*AL539","v":0},{"$f":"AJ539*AI539+AL539*AI539","v":0},null,332000,{"$f":"AO539*AP539","v":0},5812000,{"$f":"AO539*AR539","v":0},{"$f":"AP539*AO539+AR539*AO539","v":0},null,332000,{"$f":"AU539*AV539","v":0},5812000,{"$f":"AU539*AX539","v":0},{"$f":"AV539*AU539+AX539*AU539","v":0},null,332000,{"$f":"BA539*BB539","v":0},5812000,{"$f":"BA539*BD539","v":0},{"$f":"BB539*BA539+BD539*BA539","v":0},null,2,332000,{"$f":"BH539*BI539","v":664000},5812000,{"$f":"BH539*BK539","v":11624000},{"$f":"BI539*BH539+BK539*BH539","v":12288000},0,332000,{"$f":"BN539*BO539","v":0},5812000,{"$f":"BN539*BQ539","v":0},{"$f":"BO539*BN539+BQ539*BN539","v":0}]
["1.15.2","Сепартатор влагоотделитель СЦ-1200Р","шт",2,0,null,73710,{"$f":"D540*G540","v":147420},147420,null,null,0,null,73710,{"$f":"K540*N540","v":0},0,null,0,null,73710,{"$f":"Q540*T540","v":0},0,2,0,null,73710,{"$f":"W540*Z540","v":147420},147420,null,0,null,73710,{"$f":"AC540*AF540","v":0},0,null,0,null,73710,{"$f":"AI540*AL540","v":0},0,null,0,null,73710,{"$f":"AO540*AR540","v":0},0,null,0,null,73710,{"$f":"AU540*AX540","v":0},0,null,0,null,73710,{"$f":"BA540*BD540","v":0},0,null,2,0,null,73710,{"$f":"BH540*BK540","v":147420},147420,0,0,null,73710,{"$f":"BN540*BQ540","v":0},0]
["1.15.3","Установка воздухосборника ВВ-0,9-1,0-УХЛ1, V=0,9 м3; Р=1,0 Мпа. Габаритные размеры: Ф900 мм х 2100 мм."," шт.",2,46374,{"$f":"D541*E541","v":92748},0,null,92748,null,null,46374,{"$f":"K541*L541","v":0},0,null,0,null,46374,{"$f":"Q541*R541","v":0},0,null,0,2,46374,{"$f":"W541*X541","v":92748},0,null,92748,null,46374,{"$f":"AC541*AD541","v":0},0,null,0,null,46374,{"$f":"AI541*AJ541","v":0},0,null,0,null,46374,{"$f":"AO541*AP541","v":0},0,null,0,null,46374,{"$f":"AU541*AV541","v":0},0,null,0,null,46374,{"$f":"BA541*BB541","v":0},0,null,0,null,2,46374,{"$f":"BH541*BI541","v":92748},0,null,92748,0,46374,{"$f":"BN541*BO541","v":0},0,null,0]
["1.15.4","Установка компенсатора сильфонного осевого: КСО ARM 100-16-30 Фланцевый","шт.",3,56592,{"$f":"D542*E542","v":169776},0,null,169776,null,null,56592,{"$f":"K542*L542","v":0},0,null,0,null,56592,{"$f":"Q542*R542","v":0},0,null,0,3,56592,{"$f":"W542*X542","v":169776},0,null,169776,null,56592,{"$f":"AC542*AD542","v":0},0,null,0,null,56592,{"$f":"AI542*AJ542","v":0},0,null,0,null,56592,{"$f":"AO542*AP542","v":0},0,null,0,null,56592,{"$f":"AU542*AV542","v":0},0,null,0,null,56592,{"$f":"BA542*BB542","v":0},0,null,0,null,3,56592,{"$f":"BH542*BI542","v":169776},0,null,169776,0,56592,{"$f":"BN542*BO542","v":0},0,null,0]
["1.15.5","Устройство труб стальных горячедеформированных, по ГОСТ 9940-81, сталь 12Х18Н10Т Ø114×3,0 мм."," п.м.",41.91,2373,{"$f":"D543*E543","v":99452.43},4672,{"$f":"D543*G543","v":195803.51999999999},295255.94999999995,null,null,2373,{"$f":"K543*L543","v":0},4672,{"$f":"K543*N543","v":0},0,null,2373,{"$f":"Q543*R543","v":0},4672,{"$f":"Q543*T543","v":0},0,41.91,2373,{"$f":"W543*X543","v":99452.43},4672,{"$f":"W543*Z543","v":195803.51999999999},295255.94999999995,null,2373,{"$f":"AC543*AD543","v":0},4672,{"$f":"AC543*AF543","v":0},0,null,2373,{"$f":"AI543*AJ543","v":0},4672,{"$f":"AI543*AL543","v":0},0,null,2373,{"$f":"AO543*AP543","v":0},4672,{"$f":"AO543*AR543","v":0},0,null,2373,{"$f":"AU543*AV543","v":0},4672,{"$f":"AU543*AX543","v":0},0,null,2373,{"$f":"BA543*BB543","v":0},4672,{"$f":"BA543*BD543","v":0},0,null,41.91,2373,{"$f":"BH543*BI543","v":99452.43},4672,{"$f":"BH543*BK543","v":195803.51999999999},295255.94999999995,0,2373,{"$f":"BN543*BO543","v":0},4672,{"$f":"BN543*BQ543","v":0},0]
["1.15.6","Установка осушителя воздуха адсорбционного ОВА – 0870 14,5 м3/мин. 220В/50Гц. Габаритные размеры: 1175 мм х 640 мм х 2260 мм.","шт.",2,60324,{"$f":"D544*E544","v":120648},1490068,2980136,3100784,null,2,60324,{"$f":"K544*L544","v":120648},1490068,2980136,3100784,null,60324,{"$f":"Q544*R544","v":0},1490068,0,0,null,60324,{"$f":"W544*X544","v":0},1490068,0,0,null,60324,{"$f":"AC544*AD544","v":0},1490068,0,0,null,60324,{"$f":"AI544*AJ544","v":0},1490068,0,0,null,60324,{"$f":"AO544*AP544","v":0},1490068,0,0,null,60324,{"$f":"AU544*AV544","v":0},1490068,0,0,null,60324,{"$f":"BA544*BB544","v":0},1490068,0,0,null,2,60324,{"$f":"BH544*BI544","v":120648},1490068,2980136,3100784,0,60324,{"$f":"BN544*BO544","v":0},1490068,0,0]
["1.15.7","Устройство труб стальных горячедеформированных, по ГОСТ 9940-81, сталь 12Х18Н10Т Ø21,5×2,5 мм.","п.м.",140.19999999999999,1771,{"$f":"D545*E545","v":248294.19999999998},4632,649406.39999999991,897700.59999999986,null,null,1771,{"$f":"K545*L545","v":0},4632,0,0,null,1771,{"$f":"Q545*R545","v":0},4632,0,0,130,1771,{"$f":"W545*X545","v":230230},4632,602160,832390,10.199999999999999,1771,{"$f":"AC545*AD545","v":18064.199999999997},4632,47246.399999999994,65310.599999999991,null,1771,{"$f":"AI545*AJ545","v":0},4632,0,0,null,1771,{"$f":"AO545*AP545","v":0},4632,0,0,null,1771,{"$f":"AU545*AV545","v":0},4632,0,0,null,1771,{"$f":"BA545*BB545","v":0},4632,0,0,null,140.19999999999999,1771,{"$f":"BH545*BI545","v":248294.19999999998},4632,649406.39999999991,897700.59999999986,0,1771,{"$f":"BN545*BO545","v":0},4632,0,0]
["1.15.8","Установка крана шарового  G1/2\" Ру10 нерж.","шт.",141,5895,831195,1550.25,218585.25,1049780.25,null,null,5895,0,1550.25,0,0,null,5895,0,1550.25,0,0,null,5895,0,1550.25,0,0,null,5895,0,1550.25,0,0,null,5895,0,1550.25,0,0,null,5895,0,1550.25,0,0,null,5895,0,1550.25,0,0,null,5895,0,1550.25,0,0,null,{"$f":"K546+Q546+W546+AC546+AI546+AO546+AU546+BA546","v":0},5895,0,1550.25,0,0,{"$f":"D546-BH546","v":141},5895,831195,1550.25,218585.25,1049780.25]
["1.15.9","Установка крана шарового фланцевого LD КШ. Ц. Ф.100.025                                                                                                                  \"под задвижку\", L=230 П/П Ру-10 Ду-100","  шт.",14,9790,137060,35760,500640,637700,null,null,9790,0,35760,0,0,null,9790,0,35760,0,0,null,9790,0,35760,0,0,10,9790,97900,35760,357600,455500,null,9790,0,35760,0,0,null,9790,0,35760,0,0,null,9790,0,35760,0,0,null,9790,0,35760,0,0,null,10,9790,97900,35760,357600,455500,4,9790,39160,35760,143040,182200]
["1.15.10","Установка быстросъемного соединения типа \"елочка\" проход 7 мм  G 1/2\" Ру10","шт.",94,4165.8,391585.2,201.5,18941,410526.2,null,null,4165.8,0,201.5,0,0,null,4165.8,0,201.5,0,0,null,4165.8,0,201.5,0,0,null,4165.8,0,201.5,0,0,null,4165.8,0,201.5,0,0,null,4165.8,0,201.5,0,0,null,4165.8,0,201.5,0,0,null,4165.8,0,201.5,0,0,null,0,4165.8,0,201.5,0,0,94,4165.8,391585.2,201.5,18941,410526.2]
["1.15.11","Установка фильтра/редуктора/лубрикатора Nordberg NP8414 ","шт.",47,9866,463702,28674,1347678,1811380,null,null,9866,0,28674,0,0,null,9866,0,28674,0,0,45,9866,443970,28674,1290330,1734300,null,9866,0,28674,0,0,null,9866,0,28674,0,0,null,9866,0,28674,0,0,null,9866,0,28674,0,0,null,9866,0,28674,0,0,null,45,9866,443970,28674,1290330,1734300,2,9866,19732,28674,57348,77080]
["1.15.12","9.8 атм, 1/2M",null,null,0,0,0,null,null,null,null,0,0,0,null,null,null,0,0,0,null,null,null,0,0,0,null,null,null,0,0,0,null,null,null,0,0,0,null,null,null,0,0,0,null,null,null,0,0,0,null,null,null,0,0,0,null,null,null,0,0,0,0,null,null,0,0,0,0]
["1.15.13","Установка отвода стального приварного крутоизогнутого 90гр. 20×2,5","шт.",94,393,36942,390,{"$f":"D551*G551","v":36660},{"$f":"E551*D551+G551*D551","v":73602},null,null,393,0,390,{"$f":"K551*N551","v":0},{"$f":"L551*K551+N551*K551","v":0},null,393,0,390,{"$f":"Q551*T551","v":0},{"$f":"R551*Q551+T551*Q551","v":0},null,393,0,390,{"$f":"W551*Z551","v":0},{"$f":"X551*W551+Z551*W551","v":0},null,393,0,390,{"$f":"AC551*AF551","v":0},{"$f":"AD551*AC551+AF551*AC551","v":0},null,393,0,390,{"$f":"AI551*AL551","v":0},{"$f":"AJ551*AI551+AL551*AI551","v":0},null,393,0,390,{"$f":"AO551*AR551","v":0},{"$f":"AP551*AO551+AR551*AO551","v":0},null,393,0,390,{"$f":"AU551*AX551","v":0},{"$f":"AV551*AU551+AX551*AU551","v":0},null,393,0,390,{"$f":"BA551*BD551","v":0},{"$f":"BB551*BA551+BD551*BA551","v":0},null,0,393,0,390,{"$f":"BH551*BK551","v":0},{"$f":"BI551*BH551+BK551*BH551","v":0},94,393,36942,390,{"$f":"BN551*BQ551","v":36660},{"$f":"BO551*BN551+BQ551*BN551","v":73602}]
["1.15.14","Установка отвода стального приварного крутоизогнутого 90гр. 114×3,0","  шт.",40,471.6,18864,585,23400,42264,null,null,471.6,0,585,0,0,null,471.6,0,585,0,0,28,471.6,13204.800000000001,585,16380,29584.800000000003,null,471.6,0,585,0,0,null,471.6,0,585,0,0,null,471.6,0,585,0,0,null,471.6,0,585,0,0,null,471.6,0,585,0,0,null,28,471.6,13204.800000000001,585,16380,29584.800000000003,12,471.6,5659.2000000000007,585,7020,12679.2]
["1.15.15","Установка тройника стального бесшовного приварного 12Х18Н10Т ГОСТ 17376-2001 20×2,5","  шт.",94,455.88,42852.72,468,43992,86844.72,null,null,455.88,0,468,0,0,null,455.88,0,468,0,0,null,455.88,0,468,0,0,null,455.88,0,468,0,0,null,455.88,0,468,0,0,null,455.88,0,468,0,0,null,455.88,0,468,0,0,null,455.88,0,468,0,0,null,0,455.88,0,468,0,0,94,455.88,42852.72,468,43992,86844.72]
["1.15.16","Установка тройника стального бесшовного приварного 12Х18Н10Т ГОСТ 17376-2001 114×3,0","шт.",7,605.22,4236.54,605.28,4236.96,8473.5,null,null,605.22,0,605.28,0,0,null,605.22,0,605.28,0,0,5,605.22,3026.1000000000004,605.28,3026.3999999999996,6052.5,null,605.22,0,605.28,0,0,null,605.22,0,605.28,0,0,null,605.22,0,605.28,0,0,null,605.22,0,605.28,0,0,null,605.22,0,605.28,0,0,null,5,605.22,3026.1000000000004,605.28,3026.3999999999996,6052.5,2,605.22,1210.44,605.28,1210.56,2421]
["1.15.17","Установка фланца стального плоского приварного 12Х18Н10Т ГОСТ 33259-2015 DN 100мм, PN10 кгс/см2.","шт.",32,581.64,18612.48,1794,57408,76020.479999999996,null,null,581.64,0,1794,0,0,null,581.64,0,1794,0,0,26,581.64,15122.64,1794,46644,61766.64,null,581.64,0,1794,0,0,null,581.64,0,1794,0,0,null,581.64,0,1794,0,0,null,581.64,0,1794,0,0,null,581.64,0,1794,0,0,null,26,581.64,15122.64,1794,46644,61766.64,6,581.64,3489.84,1794,10764,14253.84]
["1.15.18","Установка фланца стального плоского приварного 12Х18Н10Т ГОСТ 33259-2015 DN 20мм, PN10 кгс/см2.","шт.",188,594.22,111713.36,1263.5999999999999,237556.8,349270.16,null,null,594.22,0,1263.5999999999999,0,0,null,594.22,0,1263.5999999999999,0,0,null,594.22,0,1263.5999999999999,0,0,null,594.22,0,1263.5999999999999,0,0,null,594.22,0,1263.5999999999999,0,0,null,594.22,0,1263.5999999999999,0,0,null,594.22,0,1263.5999999999999,0,0,null,594.22,0,1263.5999999999999,0,0,null,0,594.22,0,1263.5999999999999,0,0,188,594.22,111713.36,1263.5999999999999,237556.8,349270.16]
["1.15.19","Установка фланца стального плоского приварного 12Х18Н10Т ГОСТ 33259-2015 DN 200мм, PN10 кгс/см2.","шт.",4,880.32,3521.28,1872,7488,11009.28,null,null,880.32,0,1872,0,0,null,880.32,0,1872,0,0,null,880.32,0,1872,0,0,null,880.32,0,1872,0,0,null,880.32,0,1872,0,0,null,880.32,0,1872,0,0,null,880.32,0,1872,0,0,null,880.32,0,1872,0,0,null,0,880.32,0,1872,0,0,4,880.32,3521.28,1872,7488,11009.28]
["1.15.20","Установка перехода 12Х18Н10Т 219×4,0 - 114×3,0 ГОСТ 17378-2001","шт.",2,3144,6288,20832.5,41665,47953,null,null,3144,0,20832.5,0,0,null,3144,0,20832.5,0,0,null,3144,0,20832.5,0,0,null,3144,0,20832.5,0,0,null,3144,0,20832.5,0,0,null,3144,0,20832.5,0,0,null,3144,0,20832.5,0,0,null,3144,0,20832.5,0,0,null,0,3144,0,20832.5,0,0,2,3144,6288,20832.5,41665,47953]
["1.15.21","Устройство металлических конструкций для установки трубопровода на эстакаде и крепления к существующим конструкциям","т.",0.33,308112,101676.96,0,null,101676.96,null,null,308112,0,0,null,0,null,308112,0,0,null,0,null,308112,0,0,null,0,null,308112,0,0,null,0,null,308112,0,0,null,0,null,308112,0,0,null,0,null,308112,0,0,null,0,null,308112,0,0,null,0,null,0,308112,0,0,null,0,0.33,308112,101676.96,0,null,101676.96]
["1.15.22","Установка гильз через стены труба стальная сварная 133×4,0","п.м.",0.6,7860,4716,0,null,4716,null,null,7860,0,0,null,0,null,7860,0,0,null,0,null,7860,0,0,null,0,0.6,7860,4716,0,null,4716,null,7860,0,0,null,0,null,7860,0,0,null,0,null,7860,0,0,null,0,null,7860,0,0,null,0,null,0.6,7860,4716,0,null,4716,0,7860,0,0,null,0]
["1.15.23","Установка вентиляционной решетки фасадной РЖН , 1500х2000","шт.",2,19650,39300,21242,{"$f":"D561*G561","v":42484},81784,null,null,19650,0,21242,{"$f":"K561*N561","v":0},0,null,19650,0,21242,{"$f":"Q561*T561","v":0},0,null,19650,0,21242,{"$f":"W561*Z561","v":0},0,2,19650,39300,21242,{"$f":"AC561*AF561","v":42484},81784,null,19650,0,21242,{"$f":"AI561*AL561","v":0},0,null,19650,0,21242,{"$f":"AO561*AR561","v":0},0,null,19650,0,21242,{"$f":"AU561*AX561","v":0},0,null,19650,0,21242,{"$f":"BA561*BD561","v":0},0,null,2,19650,39300,21242,{"$f":"BH561*BK561","v":42484},81784,0,19650,0,21242,{"$f":"BN561*BQ561","v":0},0]
["1.15.24","Установка клапана воздушного прямоугольного АВК 2070х1562 ШхВ","  шт.",2,56592,113184,50414,{"$f":"D562*G562","v":100828},214012,null,null,56592,0,50414,{"$f":"K562*N562","v":0},0,null,56592,0,50414,{"$f":"Q562*T562","v":0},0,2,56592,113184,50414,{"$f":"W562*Z562","v":100828},214012,null,56592,0,50414,{"$f":"AC562*AF562","v":0},0,null,56592,0,50414,{"$f":"AI562*AL562","v":0},0,null,56592,0,50414,{"$f":"AO562*AR562","v":0},0,null,56592,0,50414,{"$f":"AU562*AX562","v":0},0,null,56592,0,50414,{"$f":"BA562*BD562","v":0},0,null,2,56592,113184,50414,{"$f":"BH562*BK562","v":100828},214012,0,56592,0,50414,{"$f":"BN562*BQ562","v":0},0]
["1.15.25","Гидростатические испытания трубопроводов","комл.",1,149340,149340,0,null,149340,null,null,149340,0,0,null,0,null,149340,0,0,null,0,null,149340,0,0,null,0,1,149340,149340,0,null,149340,null,149340,0,0,null,0,null,149340,0,0,null,0,null,149340,0,0,null,0,null,149340,0,0,null,0,null,1,149340,149340,0,null,149340,0,149340,0,0,null,0]
["1.15.26","Демонтаж стены (проём 1550 на 4100 для установки воздушного клапана"," м.кв.",6.5,2358,15327,0,null,15327,null,null,2358,0,0,null,0,null,2358,0,0,null,0,3.26,2358,7687.08,0,null,7687.08,0.46,2358,1084.68,0,null,1084.68,null,2358,0,0,null,0,null,2358,0,0,null,0,null,2358,0,0,null,0,null,2358,0,0,null,0,null,3.7199999999999998,2358,8771.76,0,null,8771.76,2.7800000000000002,2358,6555.2400000000007,0,null,6555.2400000000007]
["1.15.27","Демонтаж металлоконструкций фермы","т.",0.06,39300,2358,0,null,2358,null,null,39300,0,0,null,0,null,39300,0,0,null,0,null,39300,0,0,null,0,null,39300,0,0,null,0,null,39300,0,0,null,0,null,39300,0,0,null,0,null,39300,0,0,null,0,null,39300,0,0,null,0,null,0,39300,0,0,null,0,0.06,39300,2358,0,null,2358]
["1.15.28","Демонтаж труб стальных электросварных Ø159×6,0 мм.","п.м.",12,786,9432,0,null,9432,null,null,786,0,0,null,0,null,786,0,0,null,0,null,786,0,0,null,0,null,786,0,0,null,0,null,786,0,0,null,0,null,786,0,0,null,0,null,786,0,0,null,0,null,786,0,0,null,0,null,0,786,0,0,null,0,12,786,9432,0,null,9432]
["1.15.29","Демонтаж труб стальных электросварных Ø108×5,0 мм.","п.м.",6,628.79999999999995,3772.7999999999997,0,null,3772.7999999999997,null,null,628.79999999999995,0,0,null,0,null,628.79999999999995,0,0,null,0,null,628.79999999999995,0,0,null,0,null,628.79999999999995,0,0,null,0,null,628.79999999999995,0,0,null,0,null,628.79999999999995,0,0,null,0,null,628.79999999999995,0,0,null,0,null,628.79999999999995,0,0,null,0,null,0,628.79999999999995,0,0,null,0,6,628.79999999999995,3772.7999999999997,0,null,3772.7999999999997]
["1.15.30","Демонтаж металлических опор","т.",0.05,39300,1965,0,null,1965,null,null,39300,0,0,null,0,null,39300,0,0,null,0,null,39300,0,0,null,0,null,39300,0,0,null,0,null,39300,0,0,null,0,null,39300,0,0,null,0,null,39300,0,0,null,0,null,39300,0,0,null,0,null,0,39300,0,0,null,0,0.05,39300,1965,0,null,1965]
["1.15.31","Отвозка демонтированного оборудования самосвалами на расстояние до 1 км.","т.",0.18,7860,1414.8,0,null,1414.8,null,null,7860,0,0,null,0,null,7860,0,0,null,0,null,7860,0,0,null,0,null,7860,0,0,null,0,null,7860,0,0,null,0,null,7860,0,0,null,0,null,7860,0,0,null,0,null,7860,0,0,null,0,null,0,7860,0,0,null,0,0.18,7860,1414.8,0,null,1414.8]
["1.15.32","Пуско-наладочные работы","комл.",1,301300,301300,0,null,301300,null,null,301300,0,0,null,0,null,301300,0,0,null,0,null,301300,0,0,null,0,0.9,301300,271170,0,null,271170,null,301300,0,0,null,0,null,301300,0,0,null,0,null,301300,0,0,null,0,null,301300,0,0,null,0,null,0.9,301300,271170,0,null,271170,9.9999999999999978E-2,301300,30129.999999999993,0,null,30129.999999999993]
["1.16","130-23-ОВ3 Вентиляция и кондиционирование",null,null,null,{"$f":"F573+F575+F576+F577+F578+F579+F581+F582+F583+F584+F585+F586+F587","v":6742432.2699999996},null,{"$f":"H573+H575+H576+H577+H578+H579+H581+H582+H583+H584+H585+H586+H587","v":7599618.1099999994},{"$f":"I573+I575+I576+I577+I578+I579+I581+I582+I583+I584+I585+I586+I587","v":14342050.380000001},null,null,null,{"$f":"M573+M575+M576+M577+M578+M579+M581+M582+M583+M584+M585+M586+M587","v":0},null,{"$f":"O573+O575+O576+O577+O578+O579+O581+O582+O583+O584+O585+O586+O587","v":0},{"$f":"P573+P575+P576+P577+P578+P579+P581+P582+P583+P584+P585+P586+P587","v":0},null,null,{"$f":"S573+S575+S576+S577+S578+S579+S581+S582+S583+S584+S585+S586+S587","v":0},null,{"$f":"U573+U575+U576+U577+U578+U579+U581+U582+U583+U584+U585+U586+U587","v":0},{"$f":"V573+V575+V576+V577+V578+V579+V581+V582+V583+V584+V585+V586+V587","v":0},null,null,{"$f":"Y573+Y575+Y576+Y577+Y578+Y579+Y581+Y582+Y583+Y584+Y585+Y586+Y587","v":464609.8},null,{"$f":"AA573+AA575+AA576+AA577+AA578+AA579+AA581+AA582+AA583+AA584+AA585+AA586+AA587","v":2058555.6400000001},{"$f":"AB573+AB575+AB576+AB577+AB578+AB579+AB581+AB582+AB583+AB584+AB585+AB586+AB587","v":2523165.44},null,null,{"$f":"AE573+AE575+AE576+AE577+AE578+AE579+AE581+AE582+AE583+AE584+AE585+AE586+AE587","v":2093350},null,{"$f":"AG573+AG575+AG576+AG577+AG578+AG579+AG581+AG582+AG583+AG584+AG585+AG586+AG587","v":1691064},{"$f":"AH573+AH575+AH576+AH577+AH578+AH579+AH581+AH582+AH583+AH584+AH585+AH586+AH587","v":3784414},null,null,{"$f":"AK573+AK575+AK576+AK577+AK578+AK579+AK581+AK582+AK583+AK584+AK585+AK586+AK587","v":0},null,{"$f":"AM573+AM575+AM576+AM577+AM578+AM579+AM581+AM582+AM583+AM584+AM585+AM586+AM587","v":0},{"$f":"AN573+AN575+AN576+AN577+AN578+AN579+AN581+AN582+AN583+AN584+AN585+AN586+AN587","v":0},null,null,{"$f":"AQ573+AQ575+AQ576+AQ577+AQ578+AQ579+AQ581+AQ582+AQ583+AQ584+AQ585+AQ586+AQ587","v":0},null,{"$f":"AS573+AS575+AS576+AS577+AS578+AS579+AS581+AS582+AS583+AS584+AS585+AS586+AS587","v":0},{"$f":"AT573+AT575+AT576+AT577+AT578+AT579+AT581+AT582+AT583+AT584+AT585+AT586+AT587","v":0},null,null,{"$f":"AW573+AW575+AW576+AW577+AW578+AW579+AW581+AW582+AW583+AW584+AW585+AW586+AW587","v":0},null,{"$f":"AY573+AY575+AY576+AY577+AY578+AY579+AY581+AY582+AY583+AY584+AY585+AY586+AY587","v":0},{"$f":"AZ573+AZ575+AZ576+AZ577+AZ578+AZ579+AZ581+AZ582+AZ583+AZ584+AZ585+AZ586+AZ587","v":0},null,null,{"$f":"BC573+BC575+BC576+BC577+BC578+BC579+BC581+BC582+BC583+BC584+BC585+BC586+BC587","v":0},null,{"$f":"BE573+BE575+BE576+BE577+BE578+BE579+BE581+BE582+BE583+BE584+BE585+BE586+BE587","v":0},{"$f":"BF573+BF575+BF576+BF577+BF578+BF579+BF581+BF582+BF583+BF584+BF585+BF586+BF587","v":0},null,0,null,{"$f":"BJ573+BJ575+BJ576+BJ577+BJ578+BJ579+BJ581+BJ582+BJ583+BJ584+BJ585+BJ586+BJ587","v":2557959.7999999998},null,{"$f":"BL573+BL575+BL576+BL577+BL578+BL579+BL581+BL582+BL583+BL584+BL585+BL586+BL587","v":3749619.64},{"$f":"BM573+BM575+BM576+BM577+BM578+BM579+BM581+BM582+BM583+BM584+BM585+BM586+BM587","v":6307579.4400000004},0,null,{"$f":"BP573+BP575+BP576+BP577+BP578+BP579+BP581+BP582+BP583+BP584+BP585+BP586+BP587","v":4184472.47},null,{"$f":"BR573+BR575+BR576+BR577+BR578+BR579+BR581+BR582+BR583+BR584+BR585+BR586+BR587","v":3849998.47},{"$f":"BS573+BS575+BS576+BS577+BS578+BS579+BS581+BS582+BS583+BS584+BS585+BS586+BS587","v":8034470.9399999995}]
["1.16.1","Теплоснабжение установки П1",null,null,0,null,0,null,null,null,null,0,null,0,null,null,null,0,null,0,null,null,null,0,null,0,null,null,null,0,null,0,null,null,null,0,null,0,null,null,null,0,null,0,null,null,null,0,null,0,null,null,null,0,null,0,null,null,null,0,0,null,0,null,null,0,0,null,0]
["1.16.1.1","Прокладка трубопроводов теплоснабжения в изоляции","п.м.",40,1310,{"$f":"D573*E573","v":52400},619.45000000000005,{"$f":"D573*G573","v":24778},{"$f":"E573*D573+G573*D573","v":77178},null,null,1310,{"$f":"K573*L573","v":0},619.45000000000005,{"$f":"K573*N573","v":0},{"$f":"L573*K573+N573*K573","v":0},null,1310,{"$f":"Q573*R573","v":0},619.45000000000005,{"$f":"Q573*T573","v":0},{"$f":"R573*Q573+T573*Q573","v":0},null,1310,{"$f":"W573*X573","v":0},619.45000000000005,{"$f":"W573*Z573","v":0},{"$f":"X573*W573+Z573*W573","v":0},null,1310,{"$f":"AC573*AD573","v":0},619.45000000000005,{"$f":"AC573*AF573","v":0},{"$f":"AD573*AC573+AF573*AC573","v":0},null,1310,{"$f":"AI573*AJ573","v":0},619.45000000000005,{"$f":"AI573*AL573","v":0},{"$f":"AJ573*AI573+AL573*AI573","v":0},null,1310,{"$f":"AO573*AP573","v":0},619.45000000000005,{"$f":"AO573*AR573","v":0},{"$f":"AP573*AO573+AR573*AO573","v":0},null,1310,{"$f":"AU573*AV573","v":0},619.45000000000005,{"$f":"AU573*AX573","v":0},{"$f":"AV573*AU573+AX573*AU573","v":0},null,1310,{"$f":"BA573*BB573","v":0},619.45000000000005,{"$f":"BA573*BD573","v":0},{"$f":"BB573*BA573+BD573*BA573","v":0},null,0,1310,{"$f":"BH573*BI573","v":0},619.45000000000005,{"$f":"BH573*BK573","v":0},{"$f":"BI573*BH573+BK573*BH573","v":0},40,1310,{"$f":"BN573*BO573","v":52400},619.45000000000005,{"$f":"BN573*BQ573","v":24778},{"$f":"BO573*BN573+BQ573*BN573","v":77178}]
["1.16.2","Вентиляция",null,null,0,null,0,null,null,null,null,0,null,0,null,null,null,0,null,0,null,null,null,0,null,0,null,null,null,0,null,0,null,null,null,0,null,0,null,null,null,0,null,0,null,null,null,0,null,0,null,null,null,0,null,0,null,null,null,0,0,null,0,null,null,0,0,null,0]
["1.16.2.1","Монтаж приточной системы","к-т",1,125495.9,{"$f":"D575*E575","v":125495.9},181087.89,{"$f":"D575*G575","v":181087.89},{"$f":"E575*D575+G575*D575","v":306583.79000000004},null,null,125495.9,{"$f":"K575*L575","v":0},181087.89,{"$f":"K575*N575","v":0},{"$f":"L575*K575+N575*K575","v":0},null,125495.9,{"$f":"Q575*R575","v":0},181087.89,{"$f":"Q575*T575","v":0},{"$f":"R575*Q575+T575*Q575","v":0},null,125495.9,{"$f":"W575*X575","v":0},181087.89,{"$f":"W575*Z575","v":0},{"$f":"X575*W575+Z575*W575","v":0},null,125495.9,{"$f":"AC575*AD575","v":0},181087.89,{"$f":"AC575*AF575","v":0},{"$f":"AD575*AC575+AF575*AC575","v":0},null,125495.9,{"$f":"AI575*AJ575","v":0},181087.89,{"$f":"AI575*AL575","v":0},{"$f":"AJ575*AI575+AL575*AI575","v":0},null,125495.9,{"$f":"AO575*AP575","v":0},181087.89,{"$f":"AO575*AR575","v":0},{"$f":"AP575*AO575+AR575*AO575","v":0},null,125495.9,{"$f":"AU575*AV575","v":0},181087.89,{"$f":"AU575*AX575","v":0},{"$f":"AV575*AU575+AX575*AU575","v":0},null,125495.9,{"$f":"BA575*BB575","v":0},181087.89,{"$f":"BA575*BD575","v":0},{"$f":"BB575*BA575+BD575*BA575","v":0},null,0,125495.9,{"$f":"BH575*BI575","v":0},181087.89,{"$f":"BH575*BK575","v":0},{"$f":"BI575*BH575+BK575*BH575","v":0},1,125495.9,{"$f":"BN575*BO575","v":125495.9},181087.89,{"$f":"BN575*BQ575","v":181087.89},{"$f":"BO575*BN575+BQ575*BN575","v":306583.79000000004}]
["1.16.2.2","Монтаж узла терморегулирования","к-т",1,52630.559999999998,{"$f":"D576*E576","v":52630.559999999998},128976.12,{"$f":"D576*G576","v":128976.12},181606.68,null,null,52630.559999999998,{"$f":"K576*L576","v":0},128976.12,{"$f":"K576*N576","v":0},0,null,52630.559999999998,{"$f":"Q576*R576","v":0},128976.12,{"$f":"Q576*T576","v":0},0,null,52630.559999999998,{"$f":"W576*X576","v":0},128976.12,{"$f":"W576*Z576","v":0},0,null,52630.559999999998,{"$f":"AC576*AD576","v":0},128976.12,{"$f":"AC576*AF576","v":0},0,null,52630.559999999998,{"$f":"AI576*AJ576","v":0},128976.12,{"$f":"AI576*AL576","v":0},0,null,52630.559999999998,{"$f":"AO576*AP576","v":0},128976.12,{"$f":"AO576*AR576","v":0},0,null,52630.559999999998,{"$f":"AU576*AV576","v":0},128976.12,{"$f":"AU576*AX576","v":0},0,null,52630.559999999998,{"$f":"BA576*BB576","v":0},128976.12,{"$f":"BA576*BD576","v":0},0,null,0,52630.559999999998,{"$f":"BH576*BI576","v":0},128976.12,{"$f":"BH576*BK576","v":0},0,1,52630.559999999998,{"$f":"BN576*BO576","v":52630.559999999998},128976.12,{"$f":"BN576*BQ576","v":128976.12},181606.68]
["1.16.2.3","Монтаж клапанов огнезадерживающих","шт.",43,6454,{"$f":"D577*E577","v":277522},17008,{"$f":"D577*G577","v":731344},1008866,null,null,6454,{"$f":"K577*L577","v":0},17008,{"$f":"K577*N577","v":0},0,null,6454,{"$f":"Q577*R577","v":0},17008,{"$f":"Q577*T577","v":0},0,null,6454,{"$f":"W577*X577","v":0},17008,{"$f":"W577*Z577","v":0},0,null,6454,{"$f":"AC577*AD577","v":0},17008,{"$f":"AC577*AF577","v":0},0,null,6454,{"$f":"AI577*AJ577","v":0},17008,{"$f":"AI577*AL577","v":0},0,null,6454,{"$f":"AO577*AP577","v":0},17008,{"$f":"AO577*AR577","v":0},0,null,6454,{"$f":"AU577*AV577","v":0},17008,{"$f":"AU577*AX577","v":0},0,null,6454,{"$f":"BA577*BB577","v":0},17008,{"$f":"BA577*BD577","v":0},0,null,0,6454,{"$f":"BH577*BI577","v":0},17008,{"$f":"BH577*BK577","v":0},0,43,6454,{"$f":"BN577*BO577","v":277522},17008,{"$f":"BN577*BQ577","v":731344},1008866]
["1.16.2.4","Монтаж вытяжных систем","к-т",2,63240.38,{"$f":"D578*E578","v":126480.76},93837.74,{"$f":"D578*G578","v":187675.48},314156.24,null,null,63240.38,{"$f":"K578*L578","v":0},93837.74,{"$f":"K578*N578","v":0},0,null,63240.38,{"$f":"Q578*R578","v":0},93837.74,{"$f":"Q578*T578","v":0},0,null,63240.38,{"$f":"W578*X578","v":0},93837.74,{"$f":"W578*Z578","v":0},0,null,63240.38,{"$f":"AC578*AD578","v":0},93837.74,{"$f":"AC578*AF578","v":0},0,null,63240.38,{"$f":"AI578*AJ578","v":0},93837.74,{"$f":"AI578*AL578","v":0},0,null,63240.38,{"$f":"AO578*AP578","v":0},93837.74,{"$f":"AO578*AR578","v":0},0,null,63240.38,{"$f":"AU578*AV578","v":0},93837.74,{"$f":"AU578*AX578","v":0},0,null,63240.38,{"$f":"BA578*BB578","v":0},93837.74,{"$f":"BA578*BD578","v":0},0,null,0,63240.38,{"$f":"BH578*BI578","v":0},93837.74,{"$f":"BH578*BK578","v":0},0,2,63240.38,{"$f":"BN578*BO578","v":126480.76},93837.74,{"$f":"BN578*BQ578","v":187675.48},314156.24]
["1.16.2.5","Монтаж воздухораспределителей, дроссель-клапанов, зонтов","шт",208,1050.5999999999999,{"$f":"D579*E579","v":218524.79999999999},1168.95,{"$f":"D579*G579","v":243141.6},461666.4,null,null,1050.5999999999999,{"$f":"K579*L579","v":0},1168.95,{"$f":"K579*N579","v":0},0,null,1050.5999999999999,{"$f":"Q579*R579","v":0},1168.95,{"$f":"Q579*T579","v":0},0,null,1050.5999999999999,{"$f":"W579*X579","v":0},1168.95,{"$f":"W579*Z579","v":0},0,null,1050.5999999999999,{"$f":"AC579*AD579","v":0},1168.95,{"$f":"AC579*AF579","v":0},0,null,1050.5999999999999,{"$f":"AI579*AJ579","v":0},1168.95,{"$f":"AI579*AL579","v":0},0,null,1050.5999999999999,{"$f":"AO579*AP579","v":0},1168.95,{"$f":"AO579*AR579","v":0},0,null,1050.5999999999999,{"$f":"AU579*AV579","v":0},1168.95,{"$f":"AU579*AX579","v":0},0,null,1050.5999999999999,{"$f":"BA579*BB579","v":0},1168.95,{"$f":"BA579*BD579","v":0},0,null,0,1050.5999999999999,{"$f":"BH579*BI579","v":0},1168.95,{"$f":"BH579*BK579","v":0},0,208,1050.5999999999999,{"$f":"BN579*BO579","v":218524.79999999999},1168.95,{"$f":"BN579*BQ579","v":243141.6},461666.4]
["1.16.3","Кондиционирование воздуха",null,null,0,null,0,null,null,null,null,0,null,0,null,null,null,0,null,0,null,null,null,0,null,0,null,null,null,0,null,0,null,null,null,0,null,0,null,null,null,0,null,0,null,null,null,0,null,0,null,null,null,0,null,0,null,null,null,0,0,null,0,null,null,0,0,null,0]
["1.16.3.1","Прокладка воздуховодов из оцинкованой стали с огнезащитным покрытием","м2",1146,3581,{"$f":"D581*E581","v":4103826},2445,{"$f":"D581*G581","v":2801970},{"$f":"E581*D581+G581*D581","v":6905796},null,null,3581,{"$f":"K581*L581","v":0},2445,{"$f":"K581*N581","v":0},{"$f":"L581*K581+N581*K581","v":0},null,3581,{"$f":"Q581*R581","v":0},2445,{"$f":"Q581*T581","v":0},{"$f":"R581*Q581+T581*Q581","v":0},null,3581,{"$f":"W581*X581","v":0},2445,{"$f":"W581*Z581","v":0},{"$f":"X581*W581+Z581*W581","v":0},500,3581,{"$f":"AC581*AD581","v":1790500},2445,{"$f":"AC581*AF581","v":1222500},{"$f":"AD581*AC581+AF581*AC581","v":3013000},null,3581,{"$f":"AI581*AJ581","v":0},2445,{"$f":"AI581*AL581","v":0},{"$f":"AJ581*AI581+AL581*AI581","v":0},null,3581,{"$f":"AO581*AP581","v":0},2445,{"$f":"AO581*AR581","v":0},{"$f":"AP581*AO581+AR581*AO581","v":0},null,3581,{"$f":"AU581*AV581","v":0},2445,{"$f":"AU581*AX581","v":0},{"$f":"AV581*AU581+AX581*AU581","v":0},null,3581,{"$f":"BA581*BB581","v":0},2445,{"$f":"BA581*BD581","v":0},{"$f":"BB581*BA581+BD581*BA581","v":0},null,500,3581,{"$f":"BH581*BI581","v":1790500},2445,{"$f":"BH581*BK581","v":1222500},{"$f":"BI581*BH581+BK581*BH581","v":3013000},646,3581,{"$f":"BN581*BO581","v":2313326},2445,{"$f":"BN581*BQ581","v":1579470},{"$f":"BO581*BN581+BQ581*BN581","v":3892796}]
["1.16.3.2","Монтаж наружных блоков сиситем кондиционирования воздуха","к-т",5,61132.45,305662.25,362404.12,1812020.6,2117682.85,null,null,61132.45,0,362404.12,0,0,null,61132.45,0,362404.12,0,0,4,61132.45,244529.8,362404.12,1449616.48,1694146.28,null,61132.45,0,362404.12,0,0,null,61132.45,0,362404.12,0,0,null,61132.45,0,362404.12,0,0,null,61132.45,0,362404.12,0,0,null,61132.45,0,362404.12,0,0,null,4,61132.45,244529.8,362404.12,1449616.48,1694146.28,1,61132.45,61132.45,362404.12,362404.12,423536.57]
["1.16.3.3","Монтаж внутренних блоков сиситем кондиционирования воздуха","к-т",16,18340,293440,50744.93,811918.88,1105358.8799999999,null,null,18340,0,50744.93,0,0,null,18340,0,50744.93,0,0,12,18340,220080,50744.93,608939.16,829019.16,null,18340,0,50744.93,0,0,null,18340,0,50744.93,0,0,null,18340,0,50744.93,0,0,null,18340,0,50744.93,0,0,null,18340,0,50744.93,0,0,null,12,18340,220080,50744.93,608939.16,829019.16,4,18340,73360,50744.93,202979.72,276339.71999999997]
["1.16.3.4","Прокладка медных трубопроводов с изоляцией","пм",348,635,220980,889,309372,530352,null,null,635,0,889,0,0,null,635,0,889,0,0,null,635,0,889,0,0,250,635,158750,889,222250,381000,null,635,0,889,0,0,null,635,0,889,0,0,null,635,0,889,0,0,null,635,0,889,0,0,null,250,635,158750,889,222250,381000,98,635,62230,889,87122,149352]
["1.16.3.5","Прокладка дренажных трубопроводов","пм",133,1310,174230,1477.78,196544.74,370774.74,null,null,1310,0,1477.78,0,0,null,1310,0,1477.78,0,0,null,1310,0,1477.78,0,0,80,1310,104800,1477.78,118222.39999999999,223022.4,null,1310,0,1477.78,0,0,null,1310,0,1477.78,0,0,null,1310,0,1477.78,0,0,null,1310,0,1477.78,0,0,null,80,1310,104800,1477.78,118222.39999999999,223022.4,53,1310,69430,1477.78,78322.34,147752.34]
["1.16.3.6","Установка дренажных насосов","шт",16,3275,52400,10674.3,170788.8,223188.8,null,null,3275,0,10674.3,0,0,null,3275,0,10674.3,0,0,null,3275,0,10674.3,0,0,12,3275,39300,10674.3,128091.59999999999,167391.59999999998,null,3275,0,10674.3,0,0,null,3275,0,10674.3,0,0,null,3275,0,10674.3,0,0,null,3275,0,10674.3,0,0,null,12,3275,39300,10674.3,128091.59999999999,167391.59999999998,4,3275,13100,10674.3,42697.2,55797.2]
["1.16.3.7","Пуско-наладочные работы ","к-т",1,738840,738840,0,null,738840,null,null,738840,0,0,null,0,null,738840,0,0,null,0,null,738840,0,0,null,0,0,738840,0,0,null,0,null,738840,0,0,null,0,null,738840,0,0,null,0,null,738840,0,0,null,0,null,738840,0,0,null,0,null,0,738840,0,0,null,0,1,738840,738840,0,null,738840]
["1.17","130-23-ЭМ2 Силовое электрооборудование",null,null,null,null,null,null,null,null,null,null,null,null,null,null,null,null,null,null,null,null,null,null,null,null,null,null,null,null,null,null,null,null,null,null,{"$f":"AK668+AK669+AK670+AK589+AK590+AK591+AK592+AK593+AK594+AK595+AK596+AK671+AK672+AK597+AK673+AK674+AK675+AK676+AK677+AK678+AK679+AK680+AK598+AK599+AK600+AK601+AK602+AK603+AK681+AK604+AK682+AK683+AK684+AK685+AK605+AK606+AK607+AK608+AK609+AK610+AK611+AK612+AK613+AK614+AK615+AK616+AK618+AK619+AK620+AK621+AK622+AK623+AK624+AK625+AK626+AK627+AK628+AK629+AK630+AK631+AK632+AK633+AK634+AK635+AK636+AK637+AK638+AK639+AK640+AK641+AK642+AK643+AK645+AK646+AK647+AK644+AK648+AK649+AK650+AK651+AK617+AK652+AK653+AK654+AK655+AK656+AK657+AK658+AK659+AK660+AK661+AK662+AK663+AK664+AK665+AK666+AK667","v":1504595.4800000002},null,{"$f":"AM668+AM669+AM670+AM589+AM590+AM591+AM592+AM593+AM594+AM595+AM596+AM671+AM672+AM597+AM673+AM674+AM675+AM676+AM677+AM678+AM679+AM680+AM598+AM599+AM600+AM601+AM602+AM603+AM681+AM604+AM682+AM683+AM684+AM685+AM605+AM606+AM607+AM608+AM609+AM610+AM611+AM612+AM613+AM614+AM615+AM616+AM618+AM619+AM620+AM621+AM622+AM623+AM624+AM625+AM626+AM627+AM628+AM629+AM630+AM631+AM632+AM633+AM634+AM635+AM636+AM637+AM638+AM639+AM640+AM641+AM642+AM643+AM645+AM646+AM647+AM644+AM648+AM649+AM650+AM651+AM617+AM652+AM653+AM654+AM655+AM656+AM657+AM658+AM659+AM660+AM661+AM662+AM663+AM664+AM665+AM666+AM667","v":4302417.8600000003},{"$f":"AN668+AN669+AN670+AN589+AN590+AN591+AN592+AN593+AN594+AN595+AN596+AN671+AN672+AN597+AN673+AN674+AN675+AN676+AN677+AN678+AN679+AN680+AN598+AN599+AN600+AN601+AN602+AN603+AN681+AN604+AN682+AN683+AN684+AN685+AN605+AN606+AN607+AN608+AN609+AN610+AN611+AN612+AN613+AN614+AN615+AN616+AN618+AN619+AN620+AN621+AN622+AN623+AN624+AN625+AN626+AN627+AN628+AN629+AN630+AN631+AN632+AN633+AN634+AN635+AN636+AN637+AN638+AN639+AN640+AN641+AN642+AN643+AN645+AN646+AN647+AN644+AN648+AN649+AN650+AN651+AN617+AN652+AN653+AN654+AN655+AN656+AN657+AN658+AN659+AN660+AN661+AN662+AN663+AN664+AN665+AN666+AN667","v":5807013.3400000008},null,null,{"$f":"AQ668+AQ669+AQ670+AQ589+AQ590+AQ591+AQ592+AQ593+AQ594+AQ595+AQ596+AQ671+AQ672+AQ597+AQ673+AQ674+AQ675+AQ676+AQ677+AQ678+AQ679+AQ680+AQ598+AQ599+AQ600+AQ601+AQ602+AQ603+AQ681+AQ604+AQ682+AQ683+AQ684+AQ685+AQ605+AQ606+AQ607+AQ608+AQ609+AQ610+AQ611+AQ612+AQ613+AQ614+AQ615+AQ616+AQ618+AQ619+AQ620+AQ621+AQ622+AQ623+AQ624+AQ625+AQ626+AQ627+AQ628+AQ629+AQ630+AQ631+AQ632+AQ633+AQ634+AQ635+AQ636+AQ637+AQ638+AQ639+AQ640+AQ641+AQ642+AQ643+AQ645+AQ646+AQ647+AQ644+AQ648+AQ649+AQ650+AQ651+AQ617+AQ652+AQ653+AQ654+AQ655+AQ656+AQ657+AQ658+AQ659+AQ660+AQ661+AQ662+AQ663+AQ664+AQ665+AQ666+AQ667","v":0},null,{"$f":"AS668+AS669+AS670+AS589+AS590+AS591+AS592+AS593+AS594+AS595+AS596+AS671+AS672+AS597+AS673+AS674+AS675+AS676+AS677+AS678+AS679+AS680+AS598+AS599+AS600+AS601+AS602+AS603+AS681+AS604+AS682+AS683+AS684+AS685+AS605+AS606+AS607+AS608+AS609+AS610+AS611+AS612+AS613+AS614+AS615+AS616+AS618+AS619+AS620+AS621+AS622+AS623+AS624+AS625+AS626+AS627+AS628+AS629+AS630+AS631+AS632+AS633+AS634+AS635+AS636+AS637+AS638+AS639+AS640+AS641+AS642+AS643+AS645+AS646+AS647+AS644+AS648+AS649+AS650+AS651+AS617+AS652+AS653+AS654+AS655+AS656+AS657+AS658+AS659+AS660+AS661+AS662+AS663+AS664+AS665+AS666+AS667","v":0},{"$f":"AT668+AT669+AT670+AT589+AT590+AT591+AT592+AT593+AT594+AT595+AT596+AT671+AT672+AT597+AT673+AT674+AT675+AT676+AT677+AT678+AT679+AT680+AT598+AT599+AT600+AT601+AT602+AT603+AT681+AT604+AT682+AT683+AT684+AT685+AT605+AT606+AT607+AT608+AT609+AT610+AT611+AT612+AT613+AT614+AT615+AT616+AT618+AT619+AT620+AT621+AT622+AT623+AT624+AT625+AT626+AT627+AT628+AT629+AT630+AT631+AT632+AT633+AT634+AT635+AT636+AT637+AT638+AT639+AT640+AT641+AT642+AT643+AT645+AT646+AT647+AT644+AT648+AT649+AT650+AT651+AT617+AT652+AT653+AT654+AT655+AT656+AT657+AT658+AT659+AT660+AT661+AT662+AT663+AT664+AT665+AT666+AT667","v":0},null,null,{"$f":"AW668+AW669+AW670+AW589+AW590+AW591+AW592+AW593+AW594+AW595+AW596+AW671+AW672+AW597+AW673+AW674+AW675+AW676+AW677+AW678+AW679+AW680+AW598+AW599+AW600+AW601+AW602+AW603+AW681+AW604+AW682+AW683+AW684+AW685+AW605+AW606+AW607+AW608+AW609+AW610+AW611+AW612+AW613+AW614+AW615+AW616+AW618+AW619+AW620+AW621+AW622+AW623+AW624+AW625+AW626+AW627+AW628+AW629+AW630+AW631+AW632+AW633+AW634+AW635+AW636+AW637+AW638+AW639+AW640+AW641+AW642+AW643+AW645+AW646+AW647+AW644+AW648+AW649+AW650+AW651+AW617+AW652+AW653+AW654+AW655+AW656+AW657+AW658+AW659+AW660+AW661+AW662+AW663+AW664+AW665+AW666+AW667","v":0},null,{"$f":"AY668+AY669+AY670+AY589+AY590+AY591+AY592+AY593+AY594+AY595+AY596+AY671+AY672+AY597+AY673+AY674+AY675+AY676+AY677+AY678+AY679+AY680+AY598+AY599+AY600+AY601+AY602+AY603+AY681+AY604+AY682+AY683+AY684+AY685+AY605+AY606+AY607+AY608+AY609+AY610+AY611+AY612+AY613+AY614+AY615+AY616+AY618+AY619+AY620+AY621+AY622+AY623+AY624+AY625+AY626+AY627+AY628+AY629+AY630+AY631+AY632+AY633+AY634+AY635+AY636+AY637+AY638+AY639+AY640+AY641+AY642+AY643+AY645+AY646+AY647+AY644+AY648+AY649+AY650+AY651+AY617+AY652+AY653+AY654+AY655+AY656+AY657+AY658+AY659+AY660+AY661+AY662+AY663+AY664+AY665+AY666+AY667","v":0},{"$f":"AZ668+AZ669+AZ670+AZ589+AZ590+AZ591+AZ592+AZ593+AZ594+AZ595+AZ596+AZ671+AZ672+AZ597+AZ673+AZ674+AZ675+AZ676+AZ677+AZ678+AZ679+AZ680+AZ598+AZ599+AZ600+AZ601+AZ602+AZ603+AZ681+AZ604+AZ682+AZ683+AZ684+AZ685+AZ605+AZ606+AZ607+AZ608+AZ609+AZ610+AZ611+AZ612+AZ613+AZ614+AZ615+AZ616+AZ618+AZ619+AZ620+AZ621+AZ622+AZ623+AZ624+AZ625+AZ626+AZ627+AZ628+AZ629+AZ630+AZ631+AZ632+AZ633+AZ634+AZ635+AZ636+AZ637+AZ638+AZ639+AZ640+AZ641+AZ642+AZ643+AZ645+AZ646+AZ647+AZ644+AZ648+AZ649+AZ650+AZ651+AZ617+AZ652+AZ653+AZ654+AZ655+AZ656+AZ657+AZ658+AZ659+AZ660+AZ661+AZ662+AZ663+AZ664+AZ665+AZ666+AZ667","v":0},null,null,{"$f":"BC668+BC669+BC670+BC589+BC590+BC591+BC592+BC593+BC594+BC595+BC596+BC671+BC672+BC597+BC673+BC674+BC675+BC676+BC677+BC678+BC679+BC680+BC598+BC599+BC600+BC601+BC602+BC603+BC681+BC604+BC682+BC683+BC684+BC685+BC605+BC606+BC607+BC608+BC609+BC610+BC611+BC612+BC613+BC614+BC615+BC616+BC618+BC619+BC620+BC621+BC622+BC623+BC624+BC625+BC626+BC627+BC628+BC629+BC630+BC631+BC632+BC633+BC634+BC635+BC636+BC637+BC638+BC639+BC640+BC641+BC642+BC643+BC645+BC646+BC647+BC644+BC648+BC649+BC650+BC651+BC617+BC652+BC653+BC654+BC655+BC656+BC657+BC658+BC659+BC660+BC661+BC662+BC663+BC664+BC665+BC666+BC667","v":0},null,{"$f":"BE668+BE669+BE670+BE589+BE590+BE591+BE592+BE593+BE594+BE595+BE596+BE671+BE672+BE597+BE673+BE674+BE675+BE676+BE677+BE678+BE679+BE680+BE598+BE599+BE600+BE601+BE602+BE603+BE681+BE604+BE682+BE683+BE684+BE685+BE605+BE606+BE607+BE608+BE609+BE610+BE611+BE612+BE613+BE614+BE615+BE616+BE618+BE619+BE620+BE621+BE622+BE623+BE624+BE625+BE626+BE627+BE628+BE629+BE630+BE631+BE632+BE633+BE634+BE635+BE636+BE637+BE638+BE639+BE640+BE641+BE642+BE643+BE645+BE646+BE647+BE644+BE648+BE649+BE650+BE651+BE617+BE652+BE653+BE654+BE655+BE656+BE657+BE658+BE659+BE660+BE661+BE662+BE663+BE664+BE665+BE666+BE667","v":0},{"$f":"BF668+BF669+BF670+BF589+BF590+BF591+BF592+BF593+BF594+BF595+BF596+BF671+BF672+BF597+BF673+BF674+BF675+BF676+BF677+BF678+BF679+BF680+BF598+BF599+BF600+BF601+BF602+BF603+BF681+BF604+BF682+BF683+BF684+BF685+BF605+BF606+BF607+BF608+BF609+BF610+BF611+BF612+BF613+BF614+BF615+BF616+BF618+BF619+BF620+BF621+BF622+BF623+BF624+BF625+BF626+BF627+BF628+BF629+BF630+BF631+BF632+BF633+BF634+BF635+BF636+BF637+BF638+BF639+BF640+BF641+BF642+BF643+BF645+BF646+BF647+BF644+BF648+BF649+BF650+BF651+BF617+BF652+BF653+BF654+BF655+BF656+BF657+BF658+BF659+BF660+BF661+BF662+BF663+BF664+BF665+BF666+BF667","v":0},null,0,null,{"$f":"BJ668+BJ669+BJ670+BJ589+BJ590+BJ591+BJ592+BJ593+BJ594+BJ595+BJ596+BJ671+BJ672+BJ597+BJ673+BJ674+BJ675+BJ676+BJ677+BJ678+BJ679+BJ680+BJ598+BJ599+BJ600+BJ601+BJ602+BJ603+BJ681+BJ604+BJ682+BJ683+BJ684+BJ685+BJ605+BJ606+BJ607+BJ608+BJ609+BJ610+BJ611+BJ612+BJ613+BJ614+BJ615+BJ616+BJ618+BJ619+BJ620+BJ621+BJ622+BJ623+BJ624+BJ625+BJ626+BJ627+BJ628+BJ629+BJ630+BJ631+BJ632+BJ633+BJ634+BJ635+BJ636+BJ637+BJ638+BJ639+BJ640+BJ641+BJ642+BJ643+BJ645+BJ646+BJ647+BJ644+BJ648+BJ649+BJ650+BJ651+BJ617+BJ652+BJ653+BJ654+BJ655+BJ656+BJ657+BJ658+BJ659+BJ660+BJ661+BJ662+BJ663+BJ664+BJ665+BJ666+BJ667","v":2668045.4799999995},null,{"$f":"BL668+BL669+BL670+BL589+BL590+BL591+BL592+BL593+BL594+BL595+BL596+BL671+BL672+BL597+BL673+BL674+BL675+BL676+BL677+BL678+BL679+BL680+BL598+BL599+BL600+BL601+BL602+BL603+BL681+BL604+BL682+BL683+BL684+BL685+BL605+BL606+BL607+BL608+BL609+BL610+BL611+BL612+BL613+BL614+BL615+BL616+BL618+BL619+BL620+BL621+BL622+BL623+BL624+BL625+BL626+BL627+BL628+BL629+BL630+BL631+BL632+BL633+BL634+BL635+BL636+BL637+BL638+BL639+BL640+BL641+BL642+BL643+BL645+BL646+BL647+BL644+BL648+BL649+BL650+BL651+BL617+BL652+BL653+BL654+BL655+BL656+BL657+BL658+BL659+BL660+BL661+BL662+BL663+BL664+BL665+BL666+BL667","v":6905750.0599999996},{"$f":"BM668+BM669+BM670+BM589+BM590+BM591+BM592+BM593+BM594+BM595+BM596+BM671+BM672+BM597+BM673+BM674+BM675+BM676+BM677+BM678+BM679+BM680+BM598+BM599+BM600+BM601+BM602+BM603+BM681+BM604+BM682+BM683+BM684+BM685+BM605+BM606+BM607+BM608+BM609+BM610+BM611+BM612+BM613+BM614+BM615+BM616+BM618+BM619+BM620+BM621+BM622+BM623+BM624+BM625+BM626+BM627+BM628+BM629+BM630+BM631+BM632+BM633+BM634+BM635+BM636+BM637+BM638+BM639+BM640+BM641+BM642+BM643+BM645+BM646+BM647+BM644+BM648+BM649+BM650+BM651+BM617+BM652+BM653+BM654+BM655+BM656+BM657+BM658+BM659+BM660+BM661+BM662+BM663+BM664+BM665+BM666+BM667","v":9573795.5399999991},0,null,{"$f":"BP668+BP669+BP670+BP589+BP590+BP591+BP592+BP593+BP594+BP595+BP596+BP671+BP672+BP597+BP673+BP674+BP675+BP676+BP677+BP678+BP679+BP680+BP598+BP599+BP600+BP601+BP602+BP603+BP681+BP604+BP682+BP683+BP684+BP685+BP605+BP606+BP607+BP608+BP609+BP610+BP611+BP612+BP613+BP614+BP615+BP616+BP618+BP619+BP620+BP621+BP622+BP623+BP624+BP625+BP626+BP627+BP628+BP629+BP630+BP631+BP632+BP633+BP634+BP635+BP636+BP637+BP638+BP639+BP640+BP641+BP642+BP643+BP645+BP646+BP647+BP644+BP648+BP649+BP650+BP651+BP617+BP652+BP653+BP654+BP655+BP656+BP657+BP658+BP659+BP660+BP661+BP662+BP663+BP664+BP665+BP666+BP667","v":3611498.548},null,{"$f":"BR668+BR669+BR670+BR589+BR590+BR591+BR592+BR593+BR594+BR595+BR596+BR671+BR672+BR597+BR673+BR674+BR675+BR676+BR677+BR678+BR679+BR680+BR598+BR599+BR600+BR601+BR602+BR603+BR681+BR604+BR682+BR683+BR684+BR685+BR605+BR606+BR607+BR608+BR609+BR610+BR611+BR612+BR613+BR614+BR615+BR616+BR618+BR619+BR620+BR621+BR622+BR623+BR624+BR625+BR626+BR627+BR628+BR629+BR630+BR631+BR632+BR633+BR634+BR635+BR636+BR637+BR638+BR639+BR640+BR641+BR642+BR643+BR645+BR646+BR647+BR644+BR648+BR649+BR650+BR651+BR617+BR652+BR653+BR654+BR655+BR656+BR657+BR658+BR659+BR660+BR661+BR662+BR663+BR664+BR665+BR666+BR667","v":7500303.54},{"$f":"BS668+BS669+BS670+BS589+BS590+BS591+BS592+BS593+BS594+BS595+BS596+BS671+BS672+BS597+BS673+BS674+BS675+BS676+BS677+BS678+BS679+BS680+BS598+BS599+BS600+BS601+BS602+BS603+BS681+BS604+BS682+BS683+BS684+BS685+BS605+BS606+BS607+BS608+BS609+BS610+BS611+BS612+BS613+BS614+BS615+BS616+BS618+BS619+BS620+BS621+BS622+BS623+BS624+BS625+BS626+BS627+BS628+BS629+BS630+BS631+BS632+BS633+BS634+BS635+BS636+BS637+BS638+BS639+BS640+BS641+BS642+BS643+BS645+BS646+BS647+BS644+BS648+BS649+BS650+BS651+BS617+BS652+BS653+BS654+BS655+BS656+BS657+BS658+BS659+BS660+BS661+BS662+BS663+BS664+BS665+BS666+BS667","v":11111802.088}]
["1.17.1","Щит распределительный навесного исполнения ЩР1….ЩР19","шт.",19,6288,{"$f":"D589*E589","v":119472},39720,{"$f":"D589*G589","v":754680},{"$f":"E589*D589+G589*D589","v":874152},null,17,6288,{"$f":"K589*L589","v":106896},39720,{"$f":"K589*N589","v":675240},{"$f":"L589*K589+N589*K589","v":782136},null,6288,{"$f":"Q589*R589","v":0},39720,{"$f":"Q589*T589","v":0},{"$f":"R589*Q589+T589*Q589","v":0},null,6288,{"$f":"W589*X589","v":0},39720,{"$f":"W589*Z589","v":0},{"$f":"X589*W589+Z589*W589","v":0},null,6288,{"$f":"AC589*AD589","v":0},39720,{"$f":"AC589*AF589","v":0},{"$f":"AD589*AC589+AF589*AC589","v":0},null,6288,{"$f":"AI589*AJ589","v":0},39720,{"$f":"AI589*AL589","v":0},{"$f":"AJ589*AI589+AL589*AI589","v":0},null,6288,{"$f":"AO589*AP589","v":0},39720,{"$f":"AO589*AR589","v":0},{"$f":"AP589*AO589+AR589*AO589","v":0},null,6288,{"$f":"AU589*AV589","v":0},39720,{"$f":"AU589*AX589","v":0},{"$f":"AV589*AU589+AX589*AU589","v":0},null,6288,{"$f":"BA589*BB589","v":0},39720,{"$f":"BA589*BD589","v":0},{"$f":"BB589*BA589+BD589*BA589","v":0},null,17,6288,{"$f":"BH589*BI589","v":106896},39720,{"$f":"BH589*BK589","v":675240},{"$f":"BI589*BH589+BK589*BH589","v":782136},2,6288,{"$f":"BN589*BO589","v":12576},39720,{"$f":"BN589*BQ589","v":79440},{"$f":"BO589*BN589+BQ589*BN589","v":92016}]
["1.17.2","Ящик силовой с рубильником  ЯВЗШ 100А IP54","шт.",65,3144,204360,11432,743080,947440,null,11,3144,34584,11432,125752,160336,50,3144,157200,11432,571600,728800,null,3144,0,11432,0,0,null,3144,0,11432,0,0,null,3144,0,11432,0,0,null,3144,0,11432,0,0,null,3144,0,11432,0,0,null,3144,0,11432,0,0,null,61,3144,191784,11432,697352,889136,4,3144,12576,11432,45728,58304]
["1.17.3","Щит силовой ЩС1 ЩС2","шт.",2,6288,12576,68309,136618,149194,null,null,6288,0,68309,0,0,null,6288,0,68309,0,0,null,6288,0,68309,0,0,null,6288,0,68309,0,0,null,6288,0,68309,0,0,null,6288,0,68309,0,0,null,6288,0,68309,0,0,null,6288,0,68309,0,0,null,0,6288,0,68309,0,0,2,6288,12576,68309,136618,149194]
["1.17.4","Щит управления воротами ЩУ1","шт.",1,6288,6288,65980,65980,72268,null,null,6288,0,65980,0,0,null,6288,0,65980,0,0,null,6288,0,65980,0,0,null,6288,0,65980,0,0,null,6288,0,65980,0,0,null,6288,0,65980,0,0,null,6288,0,65980,0,0,null,6288,0,65980,0,0,null,0,6288,0,65980,0,0,1,6288,6288,65980,65980,72268]
["1.17.5","Щит управления воротами ЩУ2","шт.",1,6288,6288,112940,112940,119228,null,null,6288,0,112940,0,0,null,6288,0,112940,0,0,null,6288,0,112940,0,0,null,6288,0,112940,0,0,null,6288,0,112940,0,0,null,6288,0,112940,0,0,null,6288,0,112940,0,0,null,6288,0,112940,0,0,null,0,6288,0,112940,0,0,1,6288,6288,112940,112940,119228]
["1.17.6","Щит управления компрессорами","шт.",2,6288,12576,76653,153306,165882,null,2,6288,12576,76653,153306,165882,null,6288,0,76653,0,0,null,6288,0,76653,0,0,null,6288,0,76653,0,0,null,6288,0,76653,0,0,null,6288,0,76653,0,0,null,6288,0,76653,0,0,null,6288,0,76653,0,0,null,2,6288,12576,76653,153306,165882,0,6288,0,76653,0,0]
["1.17.7","Шкаф питания вентиляции ШПВ","шт.",1,6288,6288,73866,73866,80154,null,null,6288,0,73866,0,0,null,6288,0,73866,0,0,null,6288,0,73866,0,0,null,6288,0,73866,0,0,null,6288,0,73866,0,0,null,6288,0,73866,0,0,null,6288,0,73866,0,0,null,6288,0,73866,0,0,null,0,6288,0,73866,0,0,1,6288,6288,73866,73866,80154]
["1.17.8","Щит питания оборудования СКС","шт.",1,6288,6288,71284.2,71284.2,77572.2,null,null,6288,0,71284.2,0,0,null,6288,0,71284.2,0,0,1,6288,6288,71284.2,71284.2,77572.2,null,6288,0,71284.2,0,0,null,6288,0,71284.2,0,0,null,6288,0,71284.2,0,0,null,6288,0,71284.2,0,0,null,6288,0,71284.2,0,0,null,1,6288,6288,71284.2,71284.2,77572.2,0,6288,0,71284.2,0,0]
["1.17.9","Ящик с понижающими трансформаторами с розеткой ЯТП-0,25-2 У3 12В","шт.",10,2358,23580,7462,74620,98200,null,null,2358,0,7462,0,0,null,2358,0,7462,0,0,null,2358,0,7462,0,0,null,2358,0,7462,0,0,null,2358,0,7462,0,0,null,2358,0,7462,0,0,null,2358,0,7462,0,0,null,2358,0,7462,0,0,null,0,2358,0,7462,0,0,10,2358,23580,7462,74620,98200]
["1.17.10","Кабель силовой 5х70","м",64,354,22656,6371,407744,430400,null,null,354,0,6371,0,0,null,354,0,6371,0,0,null,354,0,6371,0,0,null,354,0,6371,0,0,30,354,10620,6371,191130,201750,null,354,0,6371,0,0,null,354,0,6371,0,0,null,354,0,6371,0,0,null,30,354,10620,6371,191130,201750,34,354,12036,6371,216614,228650]
["1.17.11","Кабель силовой 5х16","м",1620,186.02,301352.40000000002,1500,2430000,2731352.4,null,null,186.02,0,1500,0,0,null,186.02,0,1500,0,0,null,186.02,0,1500,0,0,null,186.02,0,1500,0,0,1300,186.02,241826,1500,1950000,2191826,null,186.02,0,1500,0,0,null,186.02,0,1500,0,0,null,186.02,0,1500,0,0,null,1300,186.02,241826,1500,1950000,2191826,320,186.02,59526.400000000001,1500,480000,539526.40000000002]
["1.17.12","Кабель силовой 5х10","м",450,182,81900,1086,488700,570600,null,null,182,0,1086,0,0,null,182,0,1086,0,0,null,182,0,1086,0,0,null,182,0,1086,0,0,300,182,54600,1086,325800,380400,null,182,0,1086,0,0,null,182,0,1086,0,0,null,182,0,1086,0,0,null,300,182,54600,1086,325800,380400,150,182,27300,1086,162900,190200]
["1.17.13","Кабель силовой 5х6","м",380,182,69160,611,232180,301340,null,null,182,0,611,0,0,null,182,0,611,0,0,null,182,0,611,0,0,null,182,0,611,0,0,50,182,9100,611,30550,39650,null,182,0,611,0,0,null,182,0,611,0,0,null,182,0,611,0,0,null,50,182,9100,611,30550,39650,330,182,60060,611,201630,261690]
["1.17.14","Кабель силовой 5х4","м",760,182,138320,496.6,377416,515736,null,null,182,0,496.6,0,0,null,182,0,496.6,0,0,null,182,0,496.6,0,0,null,182,0,496.6,0,0,70,182,12740,496.6,34762,47502,null,182,0,496.6,0,0,null,182,0,496.6,0,0,null,182,0,496.6,0,0,null,70,182,12740,496.6,34762,47502,690,182,125580,496.6,342654,468234]
["1.17.15","Кабель силовой 5х2,5","м",480,182,87360,322.39999999999998,154752,242112,null,null,182,0,322.39999999999998,0,0,null,182,0,322.39999999999998,0,0,null,182,0,322.39999999999998,0,0,null,182,0,322.39999999999998,0,0,null,182,0,322.39999999999998,0,0,null,182,0,322.39999999999998,0,0,null,182,0,322.39999999999998,0,0,null,182,0,322.39999999999998,0,0,null,0,182,0,322.39999999999998,0,0,480,182,87360,322.39999999999998,154752,242112]
["1.17.16","Кабель силовой 3х2,5","м",1320,182,240240,184.6,243672,483912,null,null,182,0,184.6,0,0,null,182,0,184.6,0,0,null,182,0,184.6,0,0,null,182,0,184.6,0,0,null,182,0,184.6,0,0,null,182,0,184.6,0,0,null,182,0,184.6,0,0,null,182,0,184.6,0,0,null,0,182,0,184.6,0,0,1320,182,240240,184.6,243672,483912]
["1.17.17","Наконечник кабельный медный луженый ТМЛ 120-10-17","шт.",16,132.05000000000001,2112.8000000000002,525.41,8406.56,10519.36,null,null,132.05000000000001,0,525.41,0,0,null,132.05000000000001,0,525.41,0,0,null,132.05000000000001,0,525.41,0,0,null,132.05000000000001,0,525.41,0,0,16,132.05000000000001,2112.8000000000002,525.41,8406.56,10519.36,null,132.05000000000001,0,525.41,0,0,null,132.05000000000001,0,525.41,0,0,null,132.05000000000001,0,525.41,0,0,null,16,132.05000000000001,2112.8000000000002,525.41,8406.56,10519.36,0,132.05000000000001,0,525.41,0,0]
["1.17.18","Наконечник кабельный медный луженый ТМЛ У 70-8","шт.",20,132.05000000000001,2641,459.71,9194.1999999999989,11835.199999999999,null,null,132.05000000000001,0,459.71,0,0,null,132.05000000000001,0,459.71,0,0,null,132.05000000000001,0,459.71,0,0,null,132.05000000000001,0,459.71,0,0,null,132.05000000000001,0,459.71,0,0,null,132.05000000000001,0,459.71,0,0,null,132.05000000000001,0,459.71,0,0,null,132.05000000000001,0,459.71,0,0,null,0,132.05000000000001,0,459.71,0,0,20,132.05000000000001,2641,459.71,9194.1999999999989,11835.199999999999]
["1.17.19","Наконечник кабельный медный луженый ТМЛ 35-10-10","шт.",80,132.05000000000001,10564,121.99,9759.1999999999989,20323.199999999997,null,null,132.05000000000001,0,121.99,0,0,null,132.05000000000001,0,121.99,0,0,null,132.05000000000001,0,121.99,0,0,null,132.05000000000001,0,121.99,0,0,40,132.05000000000001,5282,121.99,4879.5999999999995,10161.599999999999,null,132.05000000000001,0,121.99,0,0,null,132.05000000000001,0,121.99,0,0,null,132.05000000000001,0,121.99,0,0,null,40,132.05000000000001,5282,121.99,4879.5999999999995,10161.599999999999,40,132.05000000000001,5282,121.99,4879.5999999999995,10161.599999999999]
["1.17.20","Наконечник штифтовой плоский НШП-35 50311","шт.",80,132.05000000000001,10564,132.76,10620.8,21184.799999999999,null,null,132.05000000000001,0,132.76,0,0,null,132.05000000000001,0,132.76,0,0,null,132.05000000000001,0,132.76,0,0,null,132.05000000000001,0,132.76,0,0,null,132.05000000000001,0,132.76,0,0,null,132.05000000000001,0,132.76,0,0,null,132.05000000000001,0,132.76,0,0,null,132.05000000000001,0,132.76,0,0,null,0,132.05000000000001,0,132.76,0,0,80,132.05000000000001,10564,132.76,10620.8,21184.799999999999]
["1.17.21","Наконечник кабельный медный луженый ТМЛ 25-8-7","шт.",30,132.05000000000001,3961.5000000000005,65.03,1950.9,5912.4000000000005,null,null,132.05000000000001,0,65.03,0,0,null,132.05000000000001,0,65.03,0,0,null,132.05000000000001,0,65.03,0,0,null,132.05000000000001,0,65.03,0,0,20,132.05000000000001,2641,65.03,1300.5999999999999,3941.6,null,132.05000000000001,0,65.03,0,0,null,132.05000000000001,0,65.03,0,0,null,132.05000000000001,0,65.03,0,0,null,20,132.05000000000001,2641,65.03,1300.5999999999999,3941.6,10,132.05000000000001,1320.5,65.03,650.29999999999995,1970.8]
["1.17.22","Светильник светодиодный 1000Лм 12в 10м переносной","шт.",32,131,4192,3434.6,109907.2,114099.2,null,null,131,0,3434.6,0,0,null,131,0,3434.6,0,0,null,131,0,3434.6,0,0,null,131,0,3434.6,0,0,null,131,0,3434.6,0,0,null,131,0,3434.6,0,0,null,131,0,3434.6,0,0,null,131,0,3434.6,0,0,null,{"$f":"K610+Q610+W610+AC610+AI610+AO610+AU610+BA610","v":0},131,0,3434.6,0,0,{"$f":"D610-BH610","v":32},131,4192,3434.6,109907.2,114099.2]
["1.17.23","Светильник для смотровой ямы","шт.",19,2500,47500,6415,121885,169385,null,null,2500,0,6415,0,0,null,2500,0,6415,0,0,null,2500,0,6415,0,0,null,2500,0,6415,0,0,19,2500,47500,6415,121885,169385,null,2500,0,6415,0,0,null,2500,0,6415,0,0,null,2500,0,6415,0,0,null,19,2500,47500,6415,121885,169385,0,2500,0,6415,0,0]
["1.17.24","Монтаж стойки для ЯВЗШ (индивидуального изготовления)","шт.",65,2000,130000,11050,718250,848250,null,null,2000,0,11050,0,0,null,2000,0,11050,0,0,61,2000,122000,11050,674050,796050,null,2000,0,11050,0,0,3,2000,6000,11050,33150,39150,null,2000,0,11050,0,0,null,2000,0,11050,0,0,null,2000,0,11050,0,0,null,64,2000,128000,11050,707200,835200,1,2000,2000,11050,11050,13050]
["1.17.25","Лоток 50х100 L=3000 перфорированный","м.",330,662.4,{"$f":"D613*E613","v":218592},1120,{"$f":"D613*G613","v":369600},588192,null,null,662.4,{"$f":"K613*L613","v":0},1120,{"$f":"K613*N613","v":0},0,null,662.4,{"$f":"Q613*R613","v":0},1120,{"$f":"Q613*T613","v":0},0,null,662.4,{"$f":"W613*X613","v":0},1120,{"$f":"W613*Z613","v":0},0,null,662.4,{"$f":"AC613*AD613","v":0},1120,{"$f":"AC613*AF613","v":0},0,null,662.4,{"$f":"AI613*AJ613","v":0},1120,{"$f":"AI613*AL613","v":0},0,null,662.4,{"$f":"AO613*AP613","v":0},1120,{"$f":"AO613*AR613","v":0},0,null,662.4,{"$f":"AU613*AV613","v":0},1120,{"$f":"AU613*AX613","v":0},0,null,662.4,{"$f":"BA613*BB613","v":0},1120,{"$f":"BA613*BD613","v":0},0,null,0,662.4,{"$f":"BH613*BI613","v":0},1120,{"$f":"BH613*BK613","v":0},0,330,662.4,{"$f":"BN613*BO613","v":218592},1120,{"$f":"BN613*BQ613","v":369600},588192]
["1.17.26","Крышка L=3000 для лотков шириной 100мм","м",330,176,{"$f":"D614*E614","v":58080},239,{"$f":"D614*G614","v":78870},136950,null,null,176,{"$f":"K614*L614","v":0},239,{"$f":"K614*N614","v":0},0,null,176,{"$f":"Q614*R614","v":0},239,{"$f":"Q614*T614","v":0},0,null,176,{"$f":"W614*X614","v":0},239,{"$f":"W614*Z614","v":0},0,null,176,{"$f":"AC614*AD614","v":0},239,{"$f":"AC614*AF614","v":0},0,null,176,{"$f":"AI614*AJ614","v":0},239,{"$f":"AI614*AL614","v":0},0,null,176,{"$f":"AO614*AP614","v":0},239,{"$f":"AO614*AR614","v":0},0,null,176,{"$f":"AU614*AV614","v":0},239,{"$f":"AU614*AX614","v":0},0,null,176,{"$f":"BA614*BB614","v":0},239,{"$f":"BA614*BD614","v":0},0,null,0,176,{"$f":"BH614*BI614","v":0},239,{"$f":"BH614*BK614","v":0},0,330,176,{"$f":"BN614*BO614","v":58080},239,{"$f":"BN614*BQ614","v":78870},136950]
["1.17.27","Лоток 50х300 L=3000 перфорированный","м.",24,838.4,{"$f":"D615*E615","v":20121.599999999999},1259,{"$f":"D615*G615","v":30216},50337.599999999999,null,null,838.4,{"$f":"K615*L615","v":0},1259,{"$f":"K615*N615","v":0},0,null,838.4,{"$f":"Q615*R615","v":0},1259,{"$f":"Q615*T615","v":0},0,null,838.4,{"$f":"W615*X615","v":0},1259,{"$f":"W615*Z615","v":0},0,null,838.4,{"$f":"AC615*AD615","v":0},1259,{"$f":"AC615*AF615","v":0},0,null,838.4,{"$f":"AI615*AJ615","v":0},1259,{"$f":"AI615*AL615","v":0},0,null,838.4,{"$f":"AO615*AP615","v":0},1259,{"$f":"AO615*AR615","v":0},0,null,838.4,{"$f":"AU615*AV615","v":0},1259,{"$f":"AU615*AX615","v":0},0,null,838.4,{"$f":"BA615*BB615","v":0},1259,{"$f":"BA615*BD615","v":0},0,null,0,838.4,{"$f":"BH615*BI615","v":0},1259,{"$f":"BH615*BK615","v":0},0,24,838.4,{"$f":"BN615*BO615","v":20121.599999999999},1259,{"$f":"BN615*BQ615","v":30216},50337.599999999999]
["1.17.28","Анкер М8 латунный разрезной","шт.",400,0,null,81,{"$f":"D616*G616","v":32400},32400,null,null,0,null,81,{"$f":"K616*N616","v":0},0,null,0,null,81,{"$f":"Q616*T616","v":0},0,null,0,null,81,{"$f":"W616*Z616","v":0},0,null,0,null,81,{"$f":"AC616*AF616","v":0},0,null,0,null,81,{"$f":"AI616*AL616","v":0},0,null,0,null,81,{"$f":"AO616*AR616","v":0},0,null,0,null,81,{"$f":"AU616*AX616","v":0},0,null,0,null,81,{"$f":"BA616*BD616","v":0},0,null,0,0,null,81,{"$f":"BH616*BK616","v":0},0,400,0,null,81,{"$f":"BN616*BQ616","v":32400},32400]
["1.17.29","Полоса стальная 40х5","м",1420,458.5,{"$f":"D617*E617","v":651070},369,{"$f":"D617*G617","v":523980},1175050,null,null,458.5,{"$f":"K617*L617","v":0},369,{"$f":"K617*N617","v":0},0,300,458.5,{"$f":"Q617*R617","v":137550},369,{"$f":"Q617*T617","v":110700},248250,600,458.5,{"$f":"W617*X617","v":275100},369,{"$f":"W617*Z617","v":221400},496500,null,458.5,{"$f":"AC617*AD617","v":0},369,{"$f":"AC617*AF617","v":0},0,200,458.5,{"$f":"AI617*AJ617","v":91700},369,{"$f":"AI617*AL617","v":73800},165500,null,458.5,{"$f":"AO617*AP617","v":0},369,{"$f":"AO617*AR617","v":0},0,null,458.5,{"$f":"AU617*AV617","v":0},369,{"$f":"AU617*AX617","v":0},0,null,458.5,{"$f":"BA617*BB617","v":0},369,{"$f":"BA617*BD617","v":0},0,null,1100,458.5,{"$f":"BH617*BI617","v":504350},369,{"$f":"BH617*BK617","v":405900},910250,320,458.5,{"$f":"BN617*BO617","v":146720},369,{"$f":"BN617*BQ617","v":118080},264800]
["1.17.30","Шпилька М8х2000","шт.",198,450,{"$f":"D618*E618","v":89100},254,50292,139392,null,null,450,{"$f":"K618*L618","v":0},254,0,0,null,450,{"$f":"Q618*R618","v":0},254,0,0,null,450,{"$f":"W618*X618","v":0},254,0,0,null,450,{"$f":"AC618*AD618","v":0},254,0,0,10,450,{"$f":"AI618*AJ618","v":4500},254,2540,7040,null,450,{"$f":"AO618*AP618","v":0},254,0,0,null,450,{"$f":"AU618*AV618","v":0},254,0,0,null,450,{"$f":"BA618*BB618","v":0},254,0,0,null,10,450,{"$f":"BH618*BI618","v":4500},254,2540,7040,188,450,{"$f":"BN618*BO618","v":84600},254,47752,132352]
["1.17.31","Шайба М8","шт.",500,0,null,8.8000000000000007,4400,4400,null,null,0,null,8.8000000000000007,0,0,null,0,null,8.8000000000000007,0,0,null,0,null,8.8000000000000007,0,0,null,0,null,8.8000000000000007,0,0,null,0,null,8.8000000000000007,0,0,null,0,null,8.8000000000000007,0,0,null,0,null,8.8000000000000007,0,0,null,0,null,8.8000000000000007,0,0,null,0,0,null,8.8000000000000007,0,0,500,0,null,8.8000000000000007,4400,4400]
["1.17.32","Гайка М8","шт.",800,0,null,4,3200,3200,null,null,0,null,4,0,0,null,0,null,4,0,0,null,0,null,4,0,0,null,0,null,4,0,0,null,0,null,4,0,0,null,0,null,4,0,0,null,0,null,4,0,0,null,0,null,4,0,0,null,0,0,null,4,0,0,800,0,null,4,3200,3200]
["1.17.33","С-образный профиль 41х21, L2000, толщ. 2,0 мм","шт.",114,400,{"$f":"D621*E621","v":45600},1970,224580,270180,null,null,400,{"$f":"K621*L621","v":0},1970,0,0,null,400,{"$f":"Q621*R621","v":0},1970,0,0,null,400,{"$f":"W621*X621","v":0},1970,0,0,null,400,{"$f":"AC621*AD621","v":0},1970,0,0,null,400,{"$f":"AI621*AJ621","v":0},1970,0,0,null,400,{"$f":"AO621*AP621","v":0},1970,0,0,null,400,{"$f":"AU621*AV621","v":0},1970,0,0,null,400,{"$f":"BA621*BB621","v":0},1970,0,0,null,0,400,{"$f":"BH621*BI621","v":0},1970,0,0,114,400,{"$f":"BN621*BO621","v":45600},1970,224580,270180]
["1.17.34","Угол CD 90x100x50 вертикальный внешний","шт.",6,1450,{"$f":"D622*E622","v":8700},2450,14700,23400,null,null,1450,{"$f":"K622*L622","v":0},2450,0,0,null,1450,{"$f":"Q622*R622","v":0},2450,0,0,null,1450,{"$f":"W622*X622","v":0},2450,0,0,null,1450,{"$f":"AC622*AD622","v":0},2450,0,0,null,1450,{"$f":"AI622*AJ622","v":0},2450,0,0,null,1450,{"$f":"AO622*AP622","v":0},2450,0,0,null,1450,{"$f":"AU622*AV622","v":0},2450,0,0,null,1450,{"$f":"BA622*BB622","v":0},2450,0,0,null,0,1450,{"$f":"BH622*BI622","v":0},2450,0,0,6,1450,{"$f":"BN622*BO622","v":8700},2450,14700,23400]
["1.17.35","Крышка S5 CD90 90x100 угла вертикального вешнего","шт.",6,175,{"$f":"D623*E623","v":1050},880,5280,6330,null,null,175,{"$f":"K623*L623","v":0},880,0,0,null,175,{"$f":"Q623*R623","v":0},880,0,0,null,175,{"$f":"W623*X623","v":0},880,0,0,null,175,{"$f":"AC623*AD623","v":0},880,0,0,null,175,{"$f":"AI623*AJ623","v":0},880,0,0,null,175,{"$f":"AO623*AP623","v":0},880,0,0,null,175,{"$f":"AU623*AV623","v":0},880,0,0,null,175,{"$f":"BA623*BB623","v":0},880,0,0,null,0,175,{"$f":"BH623*BI623","v":0},880,0,0,6,175,{"$f":"BN623*BO623","v":1050},880,5280,6330]
["1.17.36","Лоток неперфорированный 300х100х3000","м",501,838.4,{"$f":"D624*E624","v":420038.39999999997},2400,1202400,1622438.4,null,null,838.4,{"$f":"K624*L624","v":0},2400,0,0,null,838.4,{"$f":"Q624*R624","v":0},2400,0,0,null,838.4,{"$f":"W624*X624","v":0},2400,0,0,null,838.4,{"$f":"AC624*AD624","v":0},2400,0,0,null,838.4,{"$f":"AI624*AJ624","v":0},2400,0,0,null,838.4,{"$f":"AO624*AP624","v":0},2400,0,0,null,838.4,{"$f":"AU624*AV624","v":0},2400,0,0,null,838.4,{"$f":"BA624*BB624","v":0},2400,0,0,null,0,838.4,{"$f":"BH624*BI624","v":0},2400,0,0,501,838.4,{"$f":"BN624*BO624","v":420038.39999999997},2400,1202400,1622438.4]
["1.17.37","Крышка L=3000 для лотков шириной 300мм","шт.",501,202,{"$f":"D625*E625","v":101202},729,365229,466431,null,null,202,{"$f":"K625*L625","v":0},729,0,0,null,202,{"$f":"Q625*R625","v":0},729,0,0,null,202,{"$f":"W625*X625","v":0},729,0,0,null,202,{"$f":"AC625*AD625","v":0},729,0,0,null,202,{"$f":"AI625*AJ625","v":0},729,0,0,null,202,{"$f":"AO625*AP625","v":0},729,0,0,null,202,{"$f":"AU625*AV625","v":0},729,0,0,null,202,{"$f":"BA625*BB625","v":0},729,0,0,null,0,202,{"$f":"BH625*BI625","v":0},729,0,0,501,202,{"$f":"BN625*BO625","v":101202},729,365229,466431]
["1.17.38","Гайка М6","шт.",312,0,null,2,624,624,null,null,0,null,2,0,0,null,0,null,2,0,0,null,0,null,2,0,0,null,0,null,2,0,0,null,0,null,2,0,0,null,0,null,2,0,0,null,0,null,2,0,0,null,0,null,2,0,0,null,0,0,null,2,0,0,312,0,null,2,624,624]
["1.17.39","Шайба М6","шт.",624,0,null,4.5,2808,2808,null,null,0,null,4.5,0,0,null,0,null,4.5,0,0,null,0,null,4.5,0,0,null,0,null,4.5,0,0,null,0,null,4.5,0,0,null,0,null,4.5,0,0,null,0,null,4.5,0,0,null,0,null,4.5,0,0,null,0,0,null,4.5,0,0,624,0,null,4.5,2808,2808]
["1.17.40","Болт М6х12 с шестигранной головкой DIN 933, оцинкованная сталь","шт.",312,0,null,10,3120,3120,null,null,0,null,10,0,0,null,0,null,10,0,0,null,0,null,10,0,0,null,0,null,10,0,0,null,0,null,10,0,0,null,0,null,10,0,0,null,0,null,10,0,0,null,0,null,10,0,0,null,0,0,null,10,0,0,312,0,null,10,3120,3120]
["1.17.41","Клемма заземления","шт.",48,0,null,487,23376,23376,null,null,0,null,487,0,0,null,0,null,487,0,0,null,0,null,487,0,0,null,0,null,487,0,0,null,0,null,487,0,0,null,0,null,487,0,0,null,0,null,487,0,0,null,0,null,487,0,0,null,0,0,null,487,0,0,48,0,null,487,23376,23376]
["1.17.42","Саморез HW5-R 5,5x32 с пресс-шайбой","шт.",144,15,{"$f":"D630*E630","v":2160},3,432,2592,null,null,15,{"$f":"K630*L630","v":0},3,0,0,null,15,{"$f":"Q630*R630","v":0},3,0,0,null,15,{"$f":"W630*X630","v":0},3,0,0,null,15,{"$f":"AC630*AD630","v":0},3,0,0,null,15,{"$f":"AI630*AJ630","v":0},3,0,0,null,15,{"$f":"AO630*AP630","v":0},3,0,0,null,15,{"$f":"AU630*AV630","v":0},3,0,0,null,15,{"$f":"BA630*BB630","v":0},3,0,0,null,0,15,{"$f":"BH630*BI630","v":0},3,0,0,144,15,{"$f":"BN630*BO630","v":2160},3,432,2592]
["1.17.43","Лоток 50х100 L=3000 перфорированный","м",150,662.4,{"$f":"D631*E631","v":99360},1120,168000,267360,null,null,662.4,{"$f":"K631*L631","v":0},1120,0,0,null,662.4,{"$f":"Q631*R631","v":0},1120,0,0,null,662.4,{"$f":"W631*X631","v":0},1120,0,0,null,662.4,{"$f":"AC631*AD631","v":0},1120,0,0,null,662.4,{"$f":"AI631*AJ631","v":0},1120,0,0,null,662.4,{"$f":"AO631*AP631","v":0},1120,0,0,null,662.4,{"$f":"AU631*AV631","v":0},1120,0,0,null,662.4,{"$f":"BA631*BB631","v":0},1120,0,0,null,0,662.4,{"$f":"BH631*BI631","v":0},1120,0,0,150,662.4,{"$f":"BN631*BO631","v":99360},1120,168000,267360]
["1.17.44","Крышка L=3000 для лотков шириной 100мм","м",150,176,{"$f":"D632*E632","v":26400},239,35850,62250,null,null,176,{"$f":"K632*L632","v":0},239,0,0,null,176,{"$f":"Q632*R632","v":0},239,0,0,null,176,{"$f":"W632*X632","v":0},239,0,0,null,176,{"$f":"AC632*AD632","v":0},239,0,0,null,176,{"$f":"AI632*AJ632","v":0},239,0,0,null,176,{"$f":"AO632*AP632","v":0},239,0,0,null,176,{"$f":"AU632*AV632","v":0},239,0,0,null,176,{"$f":"BA632*BB632","v":0},239,0,0,null,0,176,{"$f":"BH632*BI632","v":0},239,0,0,150,176,{"$f":"BN632*BO632","v":26400},239,35850,62250]
["1.17.45","Скоба металлическая однолапковая Д20","шт.",800,0,null,3.8,3040,3040,null,null,0,null,3.8,0,0,null,0,null,3.8,0,0,null,0,null,3.8,0,0,null,0,null,3.8,0,0,null,0,null,3.8,0,0,null,0,null,3.8,0,0,null,0,null,3.8,0,0,null,0,null,3.8,0,0,null,0,0,null,3.8,0,0,800,0,null,3.8,3040,3040]
["1.17.46","Труба D=20 гибкая гофрированная не распространяющая горение","м",400,246,{"$f":"D634*E634","v":98400},101,{"$f":"D634*G634","v":40400},138800,null,null,246,{"$f":"K634*L634","v":0},101,{"$f":"K634*N634","v":0},0,null,246,{"$f":"Q634*R634","v":0},101,{"$f":"Q634*T634","v":0},0,null,246,{"$f":"W634*X634","v":0},101,{"$f":"W634*Z634","v":0},0,null,246,{"$f":"AC634*AD634","v":0},101,{"$f":"AC634*AF634","v":0},0,null,246,{"$f":"AI634*AJ634","v":0},101,{"$f":"AI634*AL634","v":0},0,null,246,{"$f":"AO634*AP634","v":0},101,{"$f":"AO634*AR634","v":0},0,null,246,{"$f":"AU634*AV634","v":0},101,{"$f":"AU634*AX634","v":0},0,null,246,{"$f":"BA634*BB634","v":0},101,{"$f":"BA634*BD634","v":0},0,null,0,246,{"$f":"BH634*BI634","v":0},101,{"$f":"BH634*BK634","v":0},0,400,246,{"$f":"BN634*BO634","v":98400},101,{"$f":"BN634*BQ634","v":40400},138800]
["1.17.47","Труба гофрированная ПВХ с протяжкой Д32","м",400,246,98400,101,{"$f":"D635*G635","v":40400},138800,null,null,246,0,101,{"$f":"K635*N635","v":0},0,null,246,0,101,{"$f":"Q635*T635","v":0},0,null,246,0,101,{"$f":"W635*Z635","v":0},0,null,246,0,101,{"$f":"AC635*AF635","v":0},0,null,246,0,101,{"$f":"AI635*AL635","v":0},0,null,246,0,101,{"$f":"AO635*AR635","v":0},0,null,246,0,101,{"$f":"AU635*AX635","v":0},0,null,246,0,101,{"$f":"BA635*BD635","v":0},0,null,0,246,0,101,{"$f":"BH635*BK635","v":0},0,400,246,98400,101,{"$f":"BN635*BQ635","v":40400},138800]
["1.17.48","Труба гофрированная ПВХ с протяжкой, тяжелая Д32","м",250,246,61500,101,{"$f":"D636*G636","v":25250},86750,null,null,246,0,101,{"$f":"K636*N636","v":0},0,null,246,0,101,{"$f":"Q636*T636","v":0},0,null,246,0,101,{"$f":"W636*Z636","v":0},0,null,246,0,101,{"$f":"AC636*AF636","v":0},0,null,246,0,101,{"$f":"AI636*AL636","v":0},0,null,246,0,101,{"$f":"AO636*AR636","v":0},0,null,246,0,101,{"$f":"AU636*AX636","v":0},0,null,246,0,101,{"$f":"BA636*BD636","v":0},0,null,0,246,0,101,{"$f":"BH636*BK636","v":0},0,250,246,61500,101,{"$f":"BN636*BQ636","v":25250},86750]
["1.17.49","Муфта вводная ВМ-32 (Fortisflex) 61372 КВТ","шт.",64,131,8384,408.2,{"$f":"D637*G637","v":26124.799999999999},34508.800000000003,null,null,131,0,408.2,{"$f":"K637*N637","v":0},0,null,131,0,408.2,{"$f":"Q637*T637","v":0},0,null,131,0,408.2,{"$f":"W637*Z637","v":0},0,null,131,0,408.2,{"$f":"AC637*AF637","v":0},0,null,131,0,408.2,{"$f":"AI637*AL637","v":0},0,null,131,0,408.2,{"$f":"AO637*AR637","v":0},0,null,131,0,408.2,{"$f":"AU637*AX637","v":0},0,null,131,0,408.2,{"$f":"BA637*BD637","v":0},0,null,0,131,0,408.2,{"$f":"BH637*BK637","v":0},0,64,131,8384,408.2,{"$f":"BN637*BQ637","v":26124.799999999999},34508.800000000003]
["1.17.50","Металлорукав из оцинкованной стали с протяжкой, d внеш =32мм","м",100,65.5,6550,236,{"$f":"D638*G638","v":23600},30150,null,null,65.5,0,236,{"$f":"K638*N638","v":0},0,null,65.5,0,236,{"$f":"Q638*T638","v":0},0,null,65.5,0,236,{"$f":"W638*Z638","v":0},0,null,65.5,0,236,{"$f":"AC638*AF638","v":0},0,null,65.5,0,236,{"$f":"AI638*AL638","v":0},0,null,65.5,0,236,{"$f":"AO638*AR638","v":0},0,null,65.5,0,236,{"$f":"AU638*AX638","v":0},0,null,65.5,0,236,{"$f":"BA638*BD638","v":0},0,null,0,65.5,0,236,{"$f":"BH638*BK638","v":0},0,100,65.5,6550,236,{"$f":"BN638*BQ638","v":23600},30150]
["1.17.51","Скоба металлическая","шт.",40,32.75,1310,36.82,{"$f":"D639*G639","v":1472.8},2782.8,null,null,32.75,0,36.82,{"$f":"K639*N639","v":0},0,null,32.75,0,36.82,{"$f":"Q639*T639","v":0},0,null,32.75,0,36.82,{"$f":"W639*Z639","v":0},0,null,32.75,0,36.82,{"$f":"AC639*AF639","v":0},0,null,32.75,0,36.82,{"$f":"AI639*AL639","v":0},0,null,32.75,0,36.82,{"$f":"AO639*AR639","v":0},0,null,32.75,0,36.82,{"$f":"AU639*AX639","v":0},0,null,32.75,0,36.82,{"$f":"BA639*BD639","v":0},0,null,0,32.75,0,36.82,{"$f":"BH639*BK639","v":0},0,40,32.75,1310,36.82,{"$f":"BN639*BQ639","v":1472.8},2782.8]
["1.17.52","Лента сигнальная ЛСЭ-150 \"Осторожно кабель\" ЛСЭ-150","м.",10,0,null,168,1680,1680,null,null,0,null,168,0,0,null,0,null,168,0,0,null,0,null,168,0,0,null,0,null,168,0,0,null,0,null,168,0,0,null,0,null,168,0,0,null,0,null,168,0,0,null,0,null,168,0,0,null,0,0,null,168,0,0,10,0,null,168,1680,1680]
["1.17.53","Провод силовой желто-зеленый ПуГВ нг(А)LS 1х16","м.",80,314.39999999999998,{"$f":"D641*E641","v":25152},265,21200,46352,null,null,314.39999999999998,{"$f":"K641*L641","v":0},265,0,0,null,314.39999999999998,{"$f":"Q641*R641","v":0},265,0,0,null,314.39999999999998,{"$f":"W641*X641","v":0},265,0,0,null,314.39999999999998,{"$f":"AC641*AD641","v":0},265,0,0,null,314.39999999999998,{"$f":"AI641*AJ641","v":0},265,0,0,null,314.39999999999998,{"$f":"AO641*AP641","v":0},265,0,0,null,314.39999999999998,{"$f":"AU641*AV641","v":0},265,0,0,null,314.39999999999998,{"$f":"BA641*BB641","v":0},265,0,0,null,0,314.39999999999998,{"$f":"BH641*BI641","v":0},265,0,0,80,314.39999999999998,{"$f":"BN641*BO641","v":25152},265,21200,46352]
["1.17.54","Наконечник медный 25 мм2  ТМ 16-8-6 ГОСТ 7386-80","шт.",60,132,{"$f":"D642*E642","v":7920},101,6060,13980,null,null,132,{"$f":"K642*L642","v":0},101,0,0,null,132,{"$f":"Q642*R642","v":0},101,0,0,null,132,{"$f":"W642*X642","v":0},101,0,0,null,132,{"$f":"AC642*AD642","v":0},101,0,0,null,132,{"$f":"AI642*AJ642","v":0},101,0,0,null,132,{"$f":"AO642*AP642","v":0},101,0,0,null,132,{"$f":"AU642*AV642","v":0},101,0,0,null,132,{"$f":"BA642*BB642","v":0},101,0,0,null,0,132,{"$f":"BH642*BI642","v":0},101,0,0,60,132,{"$f":"BN642*BO642","v":7920},101,6060,13980]
["1.17.55","Пена двухкомпонентная огнезащитная DN1201","шт.",1,0,null,6756,6756,6756,null,null,0,null,6756,0,0,null,0,null,6756,0,0,null,0,null,6756,0,0,null,0,null,6756,0,0,null,0,null,6756,0,0,null,0,null,6756,0,0,null,0,null,6756,0,0,null,0,null,6756,0,0,null,0,0,null,6756,0,0,1,0,null,6756,6756,6756]
["1.17.56","Труба гофрированная ПА безгалогенная (HF) стойкая к ультрафиолету черная с/з д50","м",10,65.5,{"$f":"D644*E644","v":655},348.4,3484,4139,null,null,65.5,{"$f":"K644*L644","v":0},348.4,0,0,null,65.5,{"$f":"Q644*R644","v":0},348.4,0,0,null,65.5,{"$f":"W644*X644","v":0},348.4,0,0,null,65.5,{"$f":"AC644*AD644","v":0},348.4,0,0,null,65.5,{"$f":"AI644*AJ644","v":0},348.4,0,0,null,65.5,{"$f":"AO644*AP644","v":0},348.4,0,0,null,65.5,{"$f":"AU644*AV644","v":0},348.4,0,0,null,65.5,{"$f":"BA644*BB644","v":0},348.4,0,0,null,0,65.5,{"$f":"BH644*BI644","v":0},348.4,0,0,10,65.5,{"$f":"BN644*BO644","v":655},348.4,3484,4139]
["1.17.57","Хомут трубный 1 1/2\" М8","шт.",6,0,null,61,366,366,null,null,0,null,61,0,0,null,0,null,61,0,0,null,0,null,61,0,0,null,0,null,61,0,0,null,0,null,61,0,0,null,0,null,61,0,0,null,0,null,61,0,0,null,0,null,61,0,0,null,0,0,null,61,0,0,6,0,null,61,366,366]
["1.17.58","Крепление универсальное для сэндвич-панелей КРСП","шт.",6,890,{"$f":"D646*E646","v":5340},344,2064,7404,null,null,890,{"$f":"K646*L646","v":0},344,0,0,null,890,{"$f":"Q646*R646","v":0},344,0,0,null,890,{"$f":"W646*X646","v":0},344,0,0,null,890,{"$f":"AC646*AD646","v":0},344,0,0,null,890,{"$f":"AI646*AJ646","v":0},344,0,0,null,890,{"$f":"AO646*AP646","v":0},344,0,0,null,890,{"$f":"AU646*AV646","v":0},344,0,0,null,890,{"$f":"BA646*BB646","v":0},344,0,0,null,0,890,{"$f":"BH646*BI646","v":0},344,0,0,6,890,{"$f":"BN646*BO646","v":5340},344,2064,7404]
["1.17.59","Шина N ноль на 15 присоединений медь 480А 500В","шт.",1,6500,{"$f":"D647*E647","v":6500},5234,5234,11734,null,null,6500,{"$f":"K647*L647","v":0},5234,0,0,null,6500,{"$f":"Q647*R647","v":0},5234,0,0,null,6500,{"$f":"W647*X647","v":0},5234,0,0,null,6500,{"$f":"AC647*AD647","v":0},5234,0,0,null,6500,{"$f":"AI647*AJ647","v":0},5234,0,0,null,6500,{"$f":"AO647*AP647","v":0},5234,0,0,null,6500,{"$f":"AU647*AV647","v":0},5234,0,0,null,6500,{"$f":"BA647*BB647","v":0},5234,0,0,null,0,6500,{"$f":"BH647*BI647","v":0},5234,0,0,1,6500,{"$f":"BN647*BO647","v":6500},5234,5234,11734]
["1.17.60","Держатель шины заземления ","шт.",400,132,{"$f":"D648*E648","v":52800},65,26000,78800,null,null,132,{"$f":"K648*L648","v":0},65,0,0,null,132,{"$f":"Q648*R648","v":0},65,0,0,null,132,{"$f":"W648*X648","v":0},65,0,0,null,132,{"$f":"AC648*AD648","v":0},65,0,0,null,132,{"$f":"AI648*AJ648","v":0},65,0,0,null,132,{"$f":"AO648*AP648","v":0},65,0,0,null,132,{"$f":"AU648*AV648","v":0},65,0,0,null,132,{"$f":"BA648*BB648","v":0},65,0,0,null,0,132,{"$f":"BH648*BI648","v":0},65,0,0,400,132,{"$f":"BN648*BO648","v":52800},65,26000,78800]
["1.17.61","Шпилька М8х2000","м",6,400,{"$f":"D649*E649","v":2400},220,1320,3720,null,null,400,{"$f":"K649*L649","v":0},220,0,0,null,400,{"$f":"Q649*R649","v":0},220,0,0,null,400,{"$f":"W649*X649","v":0},220,0,0,null,400,{"$f":"AC649*AD649","v":0},220,0,0,null,400,{"$f":"AI649*AJ649","v":0},220,0,0,null,400,{"$f":"AO649*AP649","v":0},220,0,0,null,400,{"$f":"AU649*AV649","v":0},220,0,0,null,400,{"$f":"BA649*BB649","v":0},220,0,0,null,0,400,{"$f":"BH649*BI649","v":0},220,0,0,6,400,{"$f":"BN649*BO649","v":2400},220,1320,3720]
["1.17.62","Устройство песчаной подушки","м3",1,1826.14,{"$f":"D650*E650","v":1826.14},1310.4000000000001,1310.4000000000001,3136.54,null,null,1826.14,{"$f":"K650*L650","v":0},1310.4000000000001,0,0,null,1826.14,{"$f":"Q650*R650","v":0},1310.4000000000001,0,0,null,1826.14,{"$f":"W650*X650","v":0},1310.4000000000001,0,0,null,1826.14,{"$f":"AC650*AD650","v":0},1310.4000000000001,0,0,null,1826.14,{"$f":"AI650*AJ650","v":0},1310.4000000000001,0,0,null,1826.14,{"$f":"AO650*AP650","v":0},1310.4000000000001,0,0,null,1826.14,{"$f":"AU650*AV650","v":0},1310.4000000000001,0,0,null,1826.14,{"$f":"BA650*BB650","v":0},1310.4000000000001,0,0,null,0,1826.14,{"$f":"BH650*BI650","v":0},1310.4000000000001,0,0,1,1826.14,{"$f":"BN650*BO650","v":1826.14},1310.4000000000001,1310.4000000000001,3136.54]
["1.17.63","Лак битумный","кг",40,0,null,342,13680,13680,null,null,0,null,342,0,0,null,0,null,342,0,0,null,0,null,342,0,0,null,0,null,342,0,0,null,0,null,342,0,0,null,0,null,342,0,0,null,0,null,342,0,0,null,0,null,342,0,0,null,0,0,null,342,0,0,40,0,null,342,13680,13680]
["1.17.64","Стержень заземления омедненный 16 мм х 1.5 метра","шт.",51,1390,{"$f":"D652*E652","v":70890},2278,116178,187068,null,null,1390,{"$f":"K652*L652","v":0},2278,0,0,null,1390,{"$f":"Q652*R652","v":0},2278,0,0,null,1390,{"$f":"W652*X652","v":0},2278,0,0,null,1390,{"$f":"AC652*AD652","v":0},2278,0,0,20,1390,{"$f":"AI652*AJ652","v":27800},2278,45560,73360,null,1390,{"$f":"AO652*AP652","v":0},2278,0,0,null,1390,{"$f":"AU652*AV652","v":0},2278,0,0,null,1390,{"$f":"BA652*BB652","v":0},2278,0,0,null,20,1390,{"$f":"BH652*BI652","v":27800},2278,45560,73360,31,1390,{"$f":"BN652*BO652","v":43090},2278,70618,113708]
["1.17.65","Муфта соединительная для стержня 16 мм, латунь ","шт.",34,490,16660,870,29580,{"$f":"E653*D653+G653*D653","v":46240},null,null,490,0,870,0,{"$f":"L653*K653+N653*K653","v":0},null,490,0,870,0,{"$f":"R653*Q653+T653*Q653","v":0},null,490,0,870,0,{"$f":"X653*W653+Z653*W653","v":0},null,490,0,870,0,{"$f":"AD653*AC653+AF653*AC653","v":0},10,490,4900,870,8700,{"$f":"AJ653*AI653+AL653*AI653","v":13600},null,490,0,870,0,{"$f":"AP653*AO653+AR653*AO653","v":0},null,490,0,870,0,{"$f":"AV653*AU653+AX653*AU653","v":0},null,490,0,870,0,{"$f":"BB653*BA653+BD653*BA653","v":0},null,10,490,4900,870,8700,{"$f":"BI653*BH653+BK653*BH653","v":13600},24,490,11760,870,20880,{"$f":"BO653*BN653+BQ653*BN653","v":32640}]
["1.17.66","Наконечник заземления для стержня 16 мм, сталь оцинк","шт.",17,490,8330,435,7395,15725,null,null,490,0,435,0,0,null,490,0,435,0,0,null,490,0,435,0,0,null,490,0,435,0,0,10,490,4900,435,4350,9250,null,490,0,435,0,0,null,490,0,435,0,0,null,490,0,435,0,0,null,10,490,4900,435,4350,9250,7,490,3430,435,3045,6475]
["1.17.67","Зажим стержень — полоса/пруток крестообразный, нержавеющая сталь","шт.",17,954,16218,928,15776,31994,null,null,954,0,928,0,0,null,954,0,928,0,0,null,954,0,928,0,0,null,954,0,928,0,0,10,954,9540,928,9280,18820,null,954,0,928,0,0,null,954,0,928,0,0,null,954,0,928,0,0,null,10,954,9540,928,9280,18820,7,954,6678,928,6496,13174]
["1.17.68","Смазка графитная 100 гр","шт.",5,590,2950,310,1550,4500,null,null,590,0,310,0,0,null,590,0,310,0,0,null,590,0,310,0,0,null,590,0,310,0,0,5,590,2950,310,1550,4500,null,590,0,310,0,0,null,590,0,310,0,0,null,590,0,310,0,0,null,5,590,2950,310,1550,4500,0,590,0,310,0,0]
["1.17.69","Лента антикоррозионная","шт.",4,1301,5204,2100,8400,13604,null,null,1301,0,2100,0,0,null,1301,0,2100,0,0,null,1301,0,2100,0,0,null,1301,0,2100,0,0,4,1301,5204,2100,8400,13604,null,1301,0,2100,0,0,null,1301,0,2100,0,0,null,1301,0,2100,0,0,null,4,1301,5204,2100,8400,13604,0,1301,0,2100,0,0]
["1.17.70","Головка удароприемная для стержня 16 мм, сталь","шт.",4,355,1420,293,1172,2592,null,null,355,0,293,0,0,null,355,0,293,0,0,null,355,0,293,0,0,null,355,0,293,0,0,4,355,1420,293,1172,2592,null,355,0,293,0,0,null,355,0,293,0,0,null,355,0,293,0,0,null,4,355,1420,293,1172,2592,0,355,0,293,0,0]
["1.17.71","Труба  водогазопроводная оцинкованная d наруж=80мм","м.",30,1283.8,38514,2241.1999999999998,{"$f":"D659*G659","v":67236},105750,null,null,1283.8,0,2241.1999999999998,{"$f":"K659*N659","v":0},0,null,1283.8,0,2241.1999999999998,{"$f":"Q659*T659","v":0},0,null,1283.8,0,2241.1999999999998,{"$f":"W659*Z659","v":0},0,null,1283.8,0,2241.1999999999998,{"$f":"AC659*AF659","v":0},0,null,1283.8,0,2241.1999999999998,{"$f":"AI659*AL659","v":0},0,null,1283.8,0,2241.1999999999998,{"$f":"AO659*AR659","v":0},0,null,1283.8,0,2241.1999999999998,{"$f":"AU659*AX659","v":0},0,null,1283.8,0,2241.1999999999998,{"$f":"BA659*BD659","v":0},0,null,0,1283.8,0,2241.1999999999998,{"$f":"BH659*BK659","v":0},0,30,1283.8,38514,2241.1999999999998,{"$f":"BN659*BQ659","v":67236},105750]
["1.17.72","Труба  водогазопроводная оцинкованная d наруж=50мм","м",50,1048,52400,845.74,{"$f":"D660*G660","v":42287},94687,null,null,1048,0,845.74,{"$f":"K660*N660","v":0},0,null,1048,0,845.74,{"$f":"Q660*T660","v":0},0,null,1048,0,845.74,{"$f":"W660*Z660","v":0},0,null,1048,0,845.74,{"$f":"AC660*AF660","v":0},0,null,1048,0,845.74,{"$f":"AI660*AL660","v":0},0,null,1048,0,845.74,{"$f":"AO660*AR660","v":0},0,null,1048,0,845.74,{"$f":"AU660*AX660","v":0},0,null,1048,0,845.74,{"$f":"BA660*BD660","v":0},0,null,0,1048,0,845.74,{"$f":"BH660*BK660","v":0},0,50,1048,52400,845.74,{"$f":"BN660*BQ660","v":42287},94687]
["1.17.73","Разработка грунта вручную","м3",32.299999999999997,1249.74,40366.601999999999,0,null,40366.601999999999,null,null,1249.74,0,0,null,0,null,1249.74,0,0,null,0,null,1249.74,0,0,null,0,null,1249.74,0,0,null,0,18,1249.74,22495.32,0,null,22495.32,null,1249.74,0,0,null,0,null,1249.74,0,0,null,0,null,1249.74,0,0,null,0,null,18,1249.74,22495.32,0,null,22495.32,14.299999999999997,1249.74,17871.281999999996,0,null,17871.281999999996]
["1.17.74","Устройство песчаной подушки","м3",18.3,1522.22,27856.626,1092,{"$f":"D662*G662","v":19983.600000000002},47840.226000000002,null,null,1522.22,0,1092,{"$f":"K662*N662","v":0},0,null,1522.22,0,1092,{"$f":"Q662*T662","v":0},0,null,1522.22,0,1092,{"$f":"W662*Z662","v":0},0,null,1522.22,0,1092,{"$f":"AC662*AF662","v":0},0,null,1522.22,0,1092,{"$f":"AI662*AL662","v":0},0,null,1522.22,0,1092,{"$f":"AO662*AR662","v":0},0,null,1522.22,0,1092,{"$f":"AU662*AX662","v":0},0,null,1522.22,0,1092,{"$f":"BA662*BD662","v":0},0,null,0,1522.22,0,1092,{"$f":"BH662*BK662","v":0},0,18.3,1522.22,27856.626,1092,{"$f":"BN662*BQ662","v":19983.600000000002},47840.226000000002]
["1.17.75","Обратная засыпка вручную","м3",14,1249.74,17496.36,0,null,17496.36,null,null,1249.74,0,0,null,0,null,1249.74,0,0,null,0,null,1249.74,0,0,null,0,null,1249.74,0,0,null,0,14,1249.74,17496.36,0,null,17496.36,null,1249.74,0,0,null,0,null,1249.74,0,0,null,0,null,1249.74,0,0,null,0,null,14,1249.74,17496.36,0,null,17496.36,0,1249.74,0,0,null,0]
["1.17.76","Вывоз лишнего грунта","м3",1.2,3144,3772.7999999999997,0,null,3772.7999999999997,null,null,3144,0,0,null,0,null,3144,0,0,null,0,null,3144,0,0,null,0,null,3144,0,0,null,0,null,3144,0,0,null,0,null,3144,0,0,null,0,null,3144,0,0,null,0,null,3144,0,0,null,0,null,0,3144,0,0,null,0,1.2,3144,3772.7999999999997,0,null,3772.7999999999997]
["1.17.77","Аксессуары (расходные материалы, крепеж)","компл.",1,0,null,28704,{"$f":"D665*G665","v":28704},28704,null,null,0,null,28704,{"$f":"K665*N665","v":0},0,null,0,null,28704,{"$f":"Q665*T665","v":0},0,null,0,null,28704,{"$f":"W665*Z665","v":0},0,null,0,null,28704,{"$f":"AC665*AF665","v":0},0,1,0,null,28704,{"$f":"AI665*AL665","v":28704},28704,null,0,null,28704,{"$f":"AO665*AR665","v":0},0,null,0,null,28704,{"$f":"AU665*AX665","v":0},0,null,0,null,28704,{"$f":"BA665*BD665","v":0},0,null,1,0,null,28704,{"$f":"BH665*BK665","v":28704},28704,0,0,null,28704,{"$f":"BN665*BQ665","v":0},0]
["1.17.78","Пуско-наладочные работы","компл.",1,76800,{"$f":"D666*E666","v":76800},0,null,76800,null,null,76800,{"$f":"K666*L666","v":0},0,null,0,null,76800,{"$f":"Q666*R666","v":0},0,null,0,null,76800,{"$f":"W666*X666","v":0},0,null,0,null,76800,{"$f":"AC666*AD666","v":0},0,null,0,1,76800,{"$f":"AI666*AJ666","v":76800},0,null,76800,null,76800,{"$f":"AO666*AP666","v":0},0,null,0,null,76800,{"$f":"AU666*AV666","v":0},0,null,0,null,76800,{"$f":"BA666*BB666","v":0},0,null,0,null,1,76800,{"$f":"BH666*BI666","v":76800},0,null,76800,0,76800,{"$f":"BN666*BO666","v":0},0,null,0]
["1.17.79","Подключение оборудования (компрессоры 2 шт., ворота 4 шт., ФВУ 12 шт","компл.",1,102000,102000,0,null,102000,null,null,102000,0,0,null,0,null,102000,0,0,null,0,null,102000,0,0,null,0,null,102000,0,0,null,0,1,102000,102000,0,null,102000,null,102000,0,0,null,0,null,102000,0,0,null,0,null,102000,0,0,null,0,null,1,102000,102000,0,null,102000,0,102000,0,0,null,0]
["1.17.80","Демонтаж силовых щитов","шт.",38,8646,328548,0,null,328548,null,null,8646,0,0,null,0,null,8646,0,0,null,0,36,8646,311256,0,null,311256,null,8646,0,0,null,0,null,8646,0,0,null,0,null,8646,0,0,null,0,null,8646,0,0,null,0,null,8646,0,0,null,0,null,36,8646,311256,0,null,311256,2,8646,17292,0,null,17292]
["1.17.81","Демонтаж труб ВГП по колоннам","м.",200,723.12,144624,0,null,144624,null,null,723.12,0,0,null,0,null,723.12,0,0,null,0,null,723.12,0,0,null,0,null,723.12,0,0,null,0,null,723.12,0,0,null,0,null,723.12,0,0,null,0,null,723.12,0,0,null,0,null,723.12,0,0,null,0,null,0,723.12,0,0,null,0,200,723.12,144624,0,null,144624]
["1.17.82","Демонтаж силовых кабелей от коммутационных боксов на шинопроводе до щитов","м.",200,276.67,55334,0,null,55334,null,null,276.67,0,0,null,0,null,276.67,0,0,null,0,null,276.67,0,0,null,0,null,276.67,0,0,null,0,null,276.67,0,0,null,0,null,276.67,0,0,null,0,null,276.67,0,0,null,0,null,276.67,0,0,null,0,null,0,276.67,0,0,null,0,200,276.67,55334,0,null,55334]
["1.17.83","Щит питания компрессоров ЩУК 2.1","шт.",1,6550,6550,30985.19,{"$f":"D671*G671","v":30985.19},37535.19,null,null,6550,0,30985.19,{"$f":"K671*N671","v":0},0,null,6550,0,30985.19,{"$f":"Q671*T671","v":0},0,null,6550,0,30985.19,{"$f":"W671*Z671","v":0},0,null,6550,0,30985.19,{"$f":"AC671*AF671","v":0},0,null,6550,0,30985.19,{"$f":"AI671*AL671","v":0},0,null,6550,0,30985.19,{"$f":"AO671*AR671","v":0},0,null,6550,0,30985.19,{"$f":"AU671*AX671","v":0},0,null,6550,0,30985.19,{"$f":"BA671*BD671","v":0},0,null,0,6550,0,30985.19,{"$f":"BH671*BK671","v":0},0,1,6550,6550,30985.19,{"$f":"BN671*BQ671","v":30985.19},37535.19]
["1.17.84","Щит питания светильников 12В ЩОС","шт.",1,6550,6550,43656.6,43656.6,50206.6,null,null,6550,0,43656.6,0,0,null,6550,0,43656.6,0,0,null,6550,0,43656.6,0,0,null,6550,0,43656.6,0,0,null,6550,0,43656.6,0,0,null,6550,0,43656.6,0,0,null,6550,0,43656.6,0,0,null,6550,0,43656.6,0,0,null,0,6550,0,43656.6,0,0,1,6550,6550,43656.6,43656.6,50206.6]
["1.17.85","Выключатель автоматический 3р, Iном=16 А, Icu=10 кА, хар. С","шт.",1,1257.5999999999999,1257.5999999999999,3736.2,3736.2,4993.7999999999993,null,null,1257.5999999999999,0,3736.2,0,0,null,1257.5999999999999,0,3736.2,0,0,null,1257.5999999999999,0,3736.2,0,0,null,1257.5999999999999,0,3736.2,0,0,null,1257.5999999999999,0,3736.2,0,0,null,1257.5999999999999,0,3736.2,0,0,null,1257.5999999999999,0,3736.2,0,0,null,1257.5999999999999,0,3736.2,0,0,null,0,1257.5999999999999,0,3736.2,0,0,1,1257.5999999999999,1257.5999999999999,3736.2,3736.2,4993.7999999999993]
["1.17.86","Выключатель автоматический трехполюсный 50А, хар. C","шт.",12,1257.5999999999999,15091.199999999999,3872.86,46474.32,61565.52,null,null,1257.5999999999999,0,3872.86,0,0,null,1257.5999999999999,0,3872.86,0,0,null,1257.5999999999999,0,3872.86,0,0,null,1257.5999999999999,0,3872.86,0,0,null,1257.5999999999999,0,3872.86,0,0,null,1257.5999999999999,0,3872.86,0,0,null,1257.5999999999999,0,3872.86,0,0,null,1257.5999999999999,0,3872.86,0,0,null,{"$f":"K674+Q674+W674+AC674+AI674+AO674+AU674+BA674","v":0},1257.5999999999999,0,3872.86,0,0,{"$f":"D674-BH674","v":12},1257.5999999999999,15091.199999999999,3872.86,46474.32,61565.52]
["1.17.87","Выключатель автоматический трехполюсный 200А, хар. C","шт.",2,1257.5999999999999,2515.1999999999998,8991.84,17983.68,20498.88,null,null,1257.5999999999999,0,8991.84,0,0,null,1257.5999999999999,0,8991.84,0,0,null,1257.5999999999999,0,8991.84,0,0,null,1257.5999999999999,0,8991.84,0,0,null,1257.5999999999999,0,8991.84,0,0,null,1257.5999999999999,0,8991.84,0,0,null,1257.5999999999999,0,8991.84,0,0,null,1257.5999999999999,0,8991.84,0,0,null,0,1257.5999999999999,0,8991.84,0,0,2,1257.5999999999999,2515.1999999999998,8991.84,17983.68,20498.88]
["1.17.88","Выключатель автоматический OptiMat 200 А, 690 В, 25 кА","шт.",2,1257.5999999999999,2515.1999999999998,36603.839999999997,73207.679999999993,75722.87999999999,null,null,1257.5999999999999,0,36603.839999999997,0,0,null,1257.5999999999999,0,36603.839999999997,0,0,null,1257.5999999999999,0,36603.839999999997,0,0,null,1257.5999999999999,0,36603.839999999997,0,0,null,1257.5999999999999,0,36603.839999999997,0,0,null,1257.5999999999999,0,36603.839999999997,0,0,null,1257.5999999999999,0,36603.839999999997,0,0,null,1257.5999999999999,0,36603.839999999997,0,0,null,0,1257.5999999999999,0,36603.839999999997,0,0,2,1257.5999999999999,2515.1999999999998,36603.839999999997,73207.679999999993,75722.87999999999]
["1.17.89","Выключатель автоматический 320 А, 690 В, 40 кА","шт.",1,1257.5999999999999,1257.5999999999999,28289.35,28289.35,29546.949999999997,null,null,1257.5999999999999,0,28289.35,0,0,null,1257.5999999999999,0,28289.35,0,0,null,1257.5999999999999,0,28289.35,0,0,null,1257.5999999999999,0,28289.35,0,0,null,1257.5999999999999,0,28289.35,0,0,null,1257.5999999999999,0,28289.35,0,0,null,1257.5999999999999,0,28289.35,0,0,null,1257.5999999999999,0,28289.35,0,0,null,0,1257.5999999999999,0,28289.35,0,0,1,1257.5999999999999,1257.5999999999999,28289.35,28289.35,29546.949999999997]
["1.17.90","Провод силовой желто-зеленый 1х95","м",20,314.39999999999998,6288,1610.14,32202.800000000003,38490.800000000003,null,null,314.39999999999998,0,1610.14,0,0,null,314.39999999999998,0,1610.14,0,0,null,314.39999999999998,0,1610.14,0,0,null,314.39999999999998,0,1610.14,0,0,5,314.39999999999998,1572,1610.14,8050.7000000000007,9622.7000000000007,null,314.39999999999998,0,1610.14,0,0,null,314.39999999999998,0,1610.14,0,0,null,314.39999999999998,0,1610.14,0,0,null,5,314.39999999999998,1572,1610.14,8050.7000000000007,9622.7000000000007,15,314.39999999999998,4716,1610.14,24152.100000000002,28868.100000000002]
["1.17.91","Провод силовой желто-зеленый 1х25","м",90,314.39999999999998,28295.999999999996,403.1,36279,64575,null,null,314.39999999999998,0,403.1,0,0,null,314.39999999999998,0,403.1,0,0,null,314.39999999999998,0,403.1,0,0,null,314.39999999999998,0,403.1,0,0,90,314.39999999999998,28295.999999999996,403.1,36279,64575,null,314.39999999999998,0,403.1,0,0,null,314.39999999999998,0,403.1,0,0,null,314.39999999999998,0,403.1,0,0,null,90,314.39999999999998,28295.999999999996,403.1,36279,64575,0,314.39999999999998,0,403.1,0,0]
["1.17.92","Провод силовой желто-зеленый 1х6","м",1400,162.44,227416,112.48,157472,384888,null,null,162.44,0,112.48,0,0,null,162.44,0,112.48,0,0,null,162.44,0,112.48,0,0,null,162.44,0,112.48,0,0,1000,162.44,162440,112.48,112480,274920,null,162.44,0,112.48,0,0,null,162.44,0,112.48,0,0,null,162.44,0,112.48,0,0,null,1000,162.44,162440,112.48,112480,274920,400,162.44,64976,112.48,44992,109968]
["1.17.93","Кабель силовой 3х1,5","м",600,182,109200,115.65,69390,178590,null,null,182,0,115.65,0,0,null,182,0,115.65,0,0,null,182,0,115.65,0,0,null,182,0,115.65,0,0,250,182,45500,115.65,28912.5,74412.5,null,182,0,115.65,0,0,null,182,0,115.65,0,0,null,182,0,115.65,0,0,null,250,182,45500,115.65,28912.5,74412.5,350,182,63700,115.65,40477.5,104177.5]
["1.17.94","Кабель силовой 3х6","м",420,182,76440,426.41,179092.2,255532.2,null,null,182,0,426.41,0,0,null,182,0,426.41,0,0,null,182,0,426.41,0,0,null,182,0,426.41,0,0,350,182,63700,426.41,149243.5,212943.5,null,182,0,426.41,0,0,null,182,0,426.41,0,0,null,182,0,426.41,0,0,null,350,182,63700,426.41,149243.5,212943.5,70,182,12740,426.41,29848.7,42588.7]
["1.17.95","Кабель силовой 1х35","м",2640,354,934560,577.65,1524996,2459556,null,null,354,0,577.65,0,0,null,354,0,577.65,0,0,null,354,0,577.65,0,0,null,354,0,577.65,0,0,1000,354,354000,577.65,577650,931650,null,354,0,577.65,0,0,null,354,0,577.65,0,0,null,354,0,577.65,0,0,null,1000,354,354000,577.65,577650,931650,1640,354,580560,577.65,947346,1527906]
["1.17.96","Кабель силовой 1х50","м",158,354,55932,1067.04,168592.32,224524.32,null,null,354,0,1067.04,0,0,null,354,0,1067.04,0,0,null,354,0,1067.04,0,0,null,354,0,1067.04,0,0,null,354,0,1067.04,0,0,null,354,0,1067.04,0,0,null,354,0,1067.04,0,0,null,354,0,1067.04,0,0,null,0,354,0,1067.04,0,0,158,354,55932,1067.04,168592.32,224524.32]
["1.17.97","Кабель силовой 1х120","м",360,354,127440,2099.5100000000002,755823.60000000009,883263.60000000009,null,null,354,0,2099.5100000000002,0,0,null,354,0,2099.5100000000002,0,0,null,354,0,2099.5100000000002,0,0,null,354,0,2099.5100000000002,0,0,240,354,84960,2099.5100000000002,503882.4,588842.4,null,354,0,2099.5100000000002,0,0,null,354,0,2099.5100000000002,0,0,null,354,0,2099.5100000000002,0,0,null,240,354,84960,2099.5100000000002,503882.4,588842.4,120,354,42480,2099.5100000000002,251941.2,294421.2]
["1.18","130-23-ЭМ3 Силовое электрооборудование",null,null,null,null,null,null,null,null,null,null,null,null,null,null,null,null,null,null,null,null,null,null,null,null,null,null,null,null,null,null,null,null,null,null,{"$f":"AK687+AK688+AK689+AK690+AK691+AK692+AK693+AK694+AK695+AK696+AK697+AK698+AK699+AK700+AK701+AK702+AK703+AK704+AK705+AK706+AK707+AK708","v":27510},null,{"$f":"AM687+AM688+AM689+AM690+AM691+AM692+AM693+AM694+AM695+AM696+AM697+AM698+AM699+AM700+AM701+AM702+AM703+AM704+AM705+AM706+AM707+AM708","v":279922},{"$f":"AN687+AN688+AN689+AN690+AN691+AN692+AN693+AN694+AN695+AN696+AN697+AN698+AN699+AN700+AN701+AN702+AN703+AN704+AN705+AN706+AN707+AN708","v":307432},null,null,{"$f":"AQ687+AQ688+AQ689+AQ690+AQ691+AQ692+AQ693+AQ694+AQ695+AQ696+AQ697+AQ698+AQ699+AQ700+AQ701+AQ702+AQ703+AQ704+AQ705+AQ706+AQ707+AQ708","v":0},null,{"$f":"AS687+AS688+AS689+AS690+AS691+AS692+AS693+AS694+AS695+AS696+AS697+AS698+AS699+AS700+AS701+AS702+AS703+AS704+AS705+AS706+AS707+AS708","v":0},{"$f":"AT687+AT688+AT689+AT690+AT691+AT692+AT693+AT694+AT695+AT696+AT697+AT698+AT699+AT700+AT701+AT702+AT703+AT704+AT705+AT706+AT707+AT708","v":0},null,null,{"$f":"AW687+AW688+AW689+AW690+AW691+AW692+AW693+AW694+AW695+AW696+AW697+AW698+AW699+AW700+AW701+AW702+AW703+AW704+AW705+AW706+AW707+AW708","v":0},null,{"$f":"AY687+AY688+AY689+AY690+AY691+AY692+AY693+AY694+AY695+AY696+AY697+AY698+AY699+AY700+AY701+AY702+AY703+AY704+AY705+AY706+AY707+AY708","v":0},{"$f":"AZ687+AZ688+AZ689+AZ690+AZ691+AZ692+AZ693+AZ694+AZ695+AZ696+AZ697+AZ698+AZ699+AZ700+AZ701+AZ702+AZ703+AZ704+AZ705+AZ706+AZ707+AZ708","v":0},null,null,{"$f":"BC687+BC688+BC689+BC690+BC691+BC692+BC693+BC694+BC695+BC696+BC697+BC698+BC699+BC700+BC701+BC702+BC703+BC704+BC705+BC706+BC707+BC708","v":0},null,{"$f":"BE687+BE688+BE689+BE690+BE691+BE692+BE693+BE694+BE695+BE696+BE697+BE698+BE699+BE700+BE701+BE702+BE703+BE704+BE705+BE706+BE707+BE708","v":0},{"$f":"BF687+BF688+BF689+BF690+BF691+BF692+BF693+BF694+BF695+BF696+BF697+BF698+BF699+BF700+BF701+BF702+BF703+BF704+BF705+BF706+BF707+BF708","v":0},null,0,null,{"$f":"BJ687+BJ688+BJ689+BJ690+BJ691+BJ692+BJ693+BJ694+BJ695+BJ696+BJ697+BJ698+BJ699+BJ700+BJ701+BJ702+BJ703+BJ704+BJ705+BJ706+BJ707+BJ708","v":27510},null,{"$f":"BL687+BL688+BL689+BL690+BL691+BL692+BL693+BL694+BL695+BL696+BL697+BL698+BL699+BL700+BL701+BL702+BL703+BL704+BL705+BL706+BL707+BL708","v":279922},{"$f":"BM687+BM688+BM689+BM690+BM691+BM692+BM693+BM694+BM695+BM696+BM697+BM698+BM699+BM700+BM701+BM702+BM703+BM704+BM705+BM706+BM707+BM708","v":307432},0,null,{"$f":"BP687+BP688+BP689+BP690+BP691+BP692+BP693+BP694+BP695+BP696+BP697+BP698+BP699+BP700+BP701+BP702+BP703+BP704+BP705+BP706+BP707+BP708","v":633412.80000000005},null,{"$f":"BR687+BR688+BR689+BR690+BR691+BR692+BR693+BR694+BR695+BR696+BR697+BR698+BR699+BR700+BR701+BR702+BR703+BR704+BR705+BR706+BR707+BR708","v":1137061.2999999998},{"$f":"BS687+BS688+BS689+BS690+BS691+BS692+BS693+BS694+BS695+BS696+BS697+BS698+BS699+BS700+BS701+BS702+BS703+BS704+BS705+BS706+BS707+BS708","v":1770474.0999999999}]
["1.18.1","Щит распределительный ШПВ АБК","шт.",1,5502,{"$f":"D687*E687","v":5502},87964,{"$f":"D687*G687","v":87964},{"$f":"E687*D687+G687*D687","v":93466},null,null,5502,{"$f":"K687*L687","v":0},87964,{"$f":"K687*N687","v":0},{"$f":"L687*K687+N687*K687","v":0},null,5502,{"$f":"Q687*R687","v":0},87964,{"$f":"Q687*T687","v":0},{"$f":"R687*Q687+T687*Q687","v":0},null,5502,{"$f":"W687*X687","v":0},87964,{"$f":"W687*Z687","v":0},{"$f":"X687*W687+Z687*W687","v":0},null,5502,{"$f":"AC687*AD687","v":0},87964,{"$f":"AC687*AF687","v":0},{"$f":"AD687*AC687+AF687*AC687","v":0},1,5502,{"$f":"AI687*AJ687","v":5502},87964,{"$f":"AI687*AL687","v":87964},{"$f":"AJ687*AI687+AL687*AI687","v":93466},null,5502,{"$f":"AO687*AP687","v":0},87964,{"$f":"AO687*AR687","v":0},{"$f":"AP687*AO687+AR687*AO687","v":0},null,5502,{"$f":"AU687*AV687","v":0},87964,{"$f":"AU687*AX687","v":0},{"$f":"AV687*AU687+AX687*AU687","v":0},null,5502,{"$f":"BA687*BB687","v":0},87964,{"$f":"BA687*BD687","v":0},{"$f":"BB687*BA687+BD687*BA687","v":0},null,1,5502,{"$f":"BH687*BI687","v":5502},87964,{"$f":"BH687*BK687","v":87964},{"$f":"BI687*BH687+BK687*BH687","v":93466},0,5502,{"$f":"BN687*BO687","v":0},87964,{"$f":"BN687*BQ687","v":0},{"$f":"BO687*BN687+BQ687*BN687","v":0}]
["1.18.2","Кабель силовой, не поддерживающий горение, безгалогенныйППГнг(А)-HF 5х25","м",70,314.39999999999998,{"$f":"D688*E688","v":22008},2519.4,{"$f":"D688*G688","v":176358},198366,null,null,314.39999999999998,{"$f":"K688*L688","v":0},2519.4,{"$f":"K688*N688","v":0},0,null,314.39999999999998,{"$f":"Q688*R688","v":0},2519.4,{"$f":"Q688*T688","v":0},0,null,314.39999999999998,{"$f":"W688*X688","v":0},2519.4,{"$f":"W688*Z688","v":0},0,null,314.39999999999998,{"$f":"AC688*AD688","v":0},2519.4,{"$f":"AC688*AF688","v":0},0,70,314.39999999999998,{"$f":"AI688*AJ688","v":22008},2519.4,{"$f":"AI688*AL688","v":176358},198366,null,314.39999999999998,{"$f":"AO688*AP688","v":0},2519.4,{"$f":"AO688*AR688","v":0},0,null,314.39999999999998,{"$f":"AU688*AV688","v":0},2519.4,{"$f":"AU688*AX688","v":0},0,null,314.39999999999998,{"$f":"BA688*BB688","v":0},2519.4,{"$f":"BA688*BD688","v":0},0,null,70,314.39999999999998,{"$f":"BH688*BI688","v":22008},2519.4,{"$f":"BH688*BK688","v":176358},198366,0,314.39999999999998,{"$f":"BN688*BO688","v":0},2519.4,{"$f":"BN688*BQ688","v":0},0]
["1.18.3","Кабель силовой, не поддерживающий горение, безгалогенный ППГнг(А)-HF 5х4","м",15,162.44,2436.6,496.6,7449,9885.6,null,null,162.44,0,496.6,0,0,null,162.44,0,496.6,0,0,null,162.44,0,496.6,0,0,null,162.44,0,496.6,0,0,null,162.44,0,496.6,0,0,null,162.44,0,496.6,0,0,null,162.44,0,496.6,0,0,null,162.44,0,496.6,0,0,null,0,162.44,0,496.6,0,0,15,162.44,2436.6,496.6,7449,9885.6]
["1.18.4","Кабель силовой, не поддерживающий горение, безгалогенный ППГнг(А)-HF 3х6 ","м",350,162.44,56854,434.2,151970,208824,null,null,162.44,0,434.2,0,0,null,162.44,0,434.2,0,0,null,162.44,0,434.2,0,0,null,162.44,0,434.2,0,0,null,162.44,0,434.2,0,0,null,162.44,0,434.2,0,0,null,162.44,0,434.2,0,0,null,162.44,0,434.2,0,0,null,0,162.44,0,434.2,0,0,350,162.44,56854,434.2,151970,208824]
["1.18.5","Кабель силовой, не поддерживающий горение, безгалогенныйППГнг(А)-HF 3х2.5 ","м",210,162.44,34112.400000000001,184.6,38766,72878.399999999994,null,null,162.44,0,184.6,0,0,null,162.44,0,184.6,0,0,null,162.44,0,184.6,0,0,null,162.44,0,184.6,0,0,null,162.44,0,184.6,0,0,null,162.44,0,184.6,0,0,null,162.44,0,184.6,0,0,null,162.44,0,184.6,0,0,null,0,162.44,0,184.6,0,0,210,162.44,34112.400000000001,184.6,38766,72878.399999999994]
["1.18.6","Кабель огнестойкий КПСЭнг(А)-FRHF 1х2х1.5","м.",270,162.44,43858.8,166.92,45068.399999999994,88927.2,null,null,162.44,0,166.92,0,0,null,162.44,0,166.92,0,0,null,162.44,0,166.92,0,0,null,162.44,0,166.92,0,0,null,162.44,0,166.92,0,0,null,162.44,0,166.92,0,0,null,162.44,0,166.92,0,0,null,162.44,0,166.92,0,0,null,0,162.44,0,166.92,0,0,270,162.44,43858.8,166.92,45068.399999999994,88927.2]
["1.18.7","Лоток 50х100 L=3000 перфорированный","м.",300,838.4,251520,1759,527700,779220,null,null,838.4,0,1759,0,0,null,838.4,0,1759,0,0,null,838.4,0,1759,0,0,null,838.4,0,1759,0,0,null,838.4,0,1759,0,0,null,838.4,0,1759,0,0,null,838.4,0,1759,0,0,null,838.4,0,1759,0,0,null,0,838.4,0,1759,0,0,300,838.4,251520,1759,527700,779220]
["1.18.8","Крышка L=3000 для лотков шириной 100мм","м",300,156,46800,273,81900,128700,null,null,156,0,273,0,0,null,156,0,273,0,0,null,156,0,273,0,0,null,156,0,273,0,0,null,156,0,273,0,0,null,156,0,273,0,0,null,156,0,273,0,0,null,156,0,273,0,0,null,0,156,0,273,0,0,300,156,46800,273,81900,128700]
["1.18.9","Анкер М8 латунный разрезной","шт.",800,0,null,84,67200,67200,null,null,0,null,84,0,0,null,0,null,84,0,0,null,0,null,84,0,0,null,0,null,84,0,0,null,0,null,84,0,0,null,0,null,84,0,0,null,0,null,84,0,0,null,0,null,84,0,0,null,0,0,null,84,0,0,800,0,null,84,67200,67200]
["1.18.10","Шпилька М8х2000","шт.",126,386,{"$f":"D696*E696","v":48636},243,30618,79254,null,null,386,{"$f":"K696*L696","v":0},243,0,0,null,386,{"$f":"Q696*R696","v":0},243,0,0,null,386,{"$f":"W696*X696","v":0},243,0,0,null,386,{"$f":"AC696*AD696","v":0},243,0,0,null,386,{"$f":"AI696*AJ696","v":0},243,0,0,null,386,{"$f":"AO696*AP696","v":0},243,0,0,null,386,{"$f":"AU696*AV696","v":0},243,0,0,null,386,{"$f":"BA696*BB696","v":0},243,0,0,null,0,386,{"$f":"BH696*BI696","v":0},243,0,0,126,386,{"$f":"BN696*BO696","v":48636},243,30618,79254]
["1.18.11","Шайба М8","шт.",400,0,null,12,4800,4800,null,null,0,null,12,0,0,null,0,null,12,0,0,null,0,null,12,0,0,null,0,null,12,0,0,null,0,null,12,0,0,null,0,null,12,0,0,null,0,null,12,0,0,null,0,null,12,0,0,null,0,0,null,12,0,0,400,0,null,12,4800,4800]
["1.18.12","Гайка М8","шт.",800,0,null,6,4800,4800,null,null,0,null,6,0,0,null,0,null,6,0,0,null,0,null,6,0,0,null,0,null,6,0,0,null,0,null,6,0,0,null,0,null,6,0,0,null,0,null,6,0,0,null,0,null,6,0,0,null,0,0,null,6,0,0,800,0,null,6,4800,4800]
["1.18.13","С-образный профиль 41х21, L2000, толщ. 2,0 мм","шт.",44,400,{"$f":"D699*E699","v":17600},2100,92400,110000,null,null,400,{"$f":"K699*L699","v":0},2100,0,0,null,400,{"$f":"Q699*R699","v":0},2100,0,0,null,400,{"$f":"W699*X699","v":0},2100,0,0,null,400,{"$f":"AC699*AD699","v":0},2100,0,0,null,400,{"$f":"AI699*AJ699","v":0},2100,0,0,null,400,{"$f":"AO699*AP699","v":0},2100,0,0,null,400,{"$f":"AU699*AV699","v":0},2100,0,0,null,400,{"$f":"BA699*BB699","v":0},2100,0,0,null,0,400,{"$f":"BH699*BI699","v":0},2100,0,0,44,400,{"$f":"BN699*BO699","v":17600},2100,92400,110000]
["1.18.14","Провод силовой желто-зеленый","м",25,185,4625,300,7500,12125,null,null,185,0,300,0,0,null,185,0,300,0,0,null,185,0,300,0,0,null,185,0,300,0,0,null,185,0,300,0,0,null,185,0,300,0,0,null,185,0,300,0,0,null,185,0,300,0,0,null,0,185,0,300,0,0,25,185,4625,300,7500,12125]
["1.18.15","Наконечник медный 16 мм2 ","шт.",220,150,33000,87,19140,52140,null,null,150,0,87,0,0,null,150,0,87,0,0,null,150,0,87,0,0,null,150,0,87,0,0,null,150,0,87,0,0,null,150,0,87,0,0,null,150,0,87,0,0,null,150,0,87,0,0,null,0,150,0,87,0,0,220,150,33000,87,19140,52140]
["1.18.16","Труба гофрированная ПВХ 50 мм с протяжкой","м.",100,52.4,5240,130,13000,18240,null,null,52.4,0,130,0,0,null,52.4,0,130,0,0,null,52.4,0,130,0,0,null,52.4,0,130,0,0,null,52.4,0,130,0,0,null,52.4,0,130,0,0,null,52.4,0,130,0,0,null,52.4,0,130,0,0,null,0,52.4,0,130,0,0,100,52.4,5240,130,13000,18240]
["1.18.17","Металлорукав герметичный в ПВХ изоляции РЗ-ЦП нг-LS-32","м",50,65.5,3275,166.71,8335.5,11610.5,null,null,65.5,0,166.71,0,0,null,65.5,0,166.71,0,0,null,65.5,0,166.71,0,0,null,65.5,0,166.71,0,0,null,65.5,0,166.71,0,0,null,65.5,0,166.71,0,0,null,65.5,0,166.71,0,0,null,65.5,0,166.71,0,0,null,0,65.5,0,166.71,0,0,50,65.5,3275,166.71,8335.5,11610.5]
["1.18.18","Скоба металлическая двухлапковая, d 38-40 мм","шт.",420,32.75,13755,36.82,15464.4,29219.4,null,null,32.75,0,36.82,0,0,null,32.75,0,36.82,0,0,null,32.75,0,36.82,0,0,null,32.75,0,36.82,0,0,null,32.75,0,36.82,0,0,null,32.75,0,36.82,0,0,null,32.75,0,36.82,0,0,null,32.75,0,36.82,0,0,null,0,32.75,0,36.82,0,0,420,32.75,13755,36.82,15464.4,29219.4]
["1.18.19","Коробка распределительная 70х70х40 мм IP55","шт.",15,260,3900,130,1950,5850,null,null,260,0,130,0,0,null,260,0,130,0,0,null,260,0,130,0,0,null,260,0,130,0,0,null,260,0,130,0,0,null,260,0,130,0,0,null,260,0,130,0,0,null,260,0,130,0,0,null,0,260,0,130,0,0,15,260,3900,130,1950,5850]
["1.18.20","Труба  водогазопроводная оцинкованная,  d наруж = 50мм","м",20,990,19800,950,19000,38800,null,null,990,0,950,0,0,null,990,0,950,0,0,null,990,0,950,0,0,null,990,0,950,0,0,null,990,0,950,0,0,null,990,0,950,0,0,null,990,0,950,0,0,null,990,0,950,0,0,null,0,990,0,950,0,0,20,990,19800,950,19000,38800]
["1.18.21","Аксессуары (расходные материалы, крепеж)","компл.",1,0,null,15600,15600,15600,null,null,0,null,15600,0,0,null,0,null,15600,0,0,null,0,null,15600,0,0,null,0,null,15600,0,0,1,0,null,15600,15600,15600,null,0,null,15600,0,0,null,0,null,15600,0,0,null,0,null,15600,0,0,null,1,0,null,15600,15600,15600,0,0,null,15600,0,0]
["1.18.22","Пуско-наладочные работы","компл.",1,48000,{"$f":"D708*E708","v":48000},0,null,48000,null,null,48000,{"$f":"K708*L708","v":0},0,null,0,null,48000,{"$f":"Q708*R708","v":0},0,null,0,null,48000,{"$f":"W708*X708","v":0},0,null,0,null,48000,{"$f":"AC708*AD708","v":0},0,null,0,null,48000,{"$f":"AI708*AJ708","v":0},0,null,0,null,48000,{"$f":"AO708*AP708","v":0},0,null,0,null,48000,{"$f":"AU708*AV708","v":0},0,null,0,null,48000,{"$f":"BA708*BB708","v":0},0,null,0,null,0,48000,{"$f":"BH708*BI708","v":0},0,null,0,1,48000,{"$f":"BN708*BO708","v":48000},0,null,48000]
["1.19","130-23-УА2 Устройства автоматики",null,null,null,{"$f":"F710+F711+F712+F713","v":2633600.52},null,{"$f":"H710+H711+H712+H713","v":6186996.46},{"$f":"I710+I711+I712+I713","v":8820596.9800000004},null,null,null,{"$f":"M710+M711+M712+M713","v":0},null,{"$f":"O710+O711+O712+O713","v":0},{"$f":"P710+P711+P712+P713","v":0},null,null,{"$f":"S710+S711+S712+S713","v":0},null,{"$f":"U710+U711+U712+U713","v":0},{"$f":"V710+V711+V712+V713","v":0},null,null,{"$f":"Y710+Y711+Y712+Y713","v":0},null,{"$f":"AA710+AA711+AA712+AA713","v":0},{"$f":"AB710+AB711+AB712+AB713","v":0},null,null,{"$f":"AE710+AE711+AE712+AE713","v":0},null,{"$f":"AG710+AG711+AG712+AG713","v":0},{"$f":"AH710+AH711+AH712+AH713","v":0},null,null,{"$f":"AK710+AK711+AK712+AK713","v":0},null,{"$f":"AM710+AM711+AM712+AM713","v":0},{"$f":"AN710+AN711+AN712+AN713","v":0},null,null,{"$f":"AQ710+AQ711+AQ712+AQ713","v":0},null,{"$f":"AS710+AS711+AS712+AS713","v":0},{"$f":"AT710+AT711+AT712+AT713","v":0},null,null,{"$f":"AW710+AW711+AW712+AW713","v":0},null,{"$f":"AY710+AY711+AY712+AY713","v":0},{"$f":"AZ710+AZ711+AZ712+AZ713","v":0},null,null,{"$f":"BC710+BC711+BC712+BC713","v":0},null,{"$f":"BE710+BE711+BE712+BE713","v":0},{"$f":"BF710+BF711+BF712+BF713","v":0},null,0,null,{"$f":"BJ710+BJ711+BJ712+BJ713","v":0},null,{"$f":"BL710+BL711+BL712+BL713","v":0},{"$f":"BM710+BM711+BM712+BM713","v":0},0,null,{"$f":"BP710+BP711+BP712+BP713","v":2633600.52},null,{"$f":"BR710+BR711+BR712+BR713","v":6186996.46},{"$f":"BS710+BS711+BS712+BS713","v":8820596.9800000004}]
["1.19.1","Монтаж комплектов автоматики","к-т",14,29532.639999999999,{"$f":"D710*E710","v":413456.95999999996},262311.77,{"$f":"D710*G710","v":3672364.7800000003},{"$f":"E710*D710+G710*D710","v":4085821.74},null,null,29532.639999999999,{"$f":"K710*L710","v":0},262311.77,{"$f":"K710*N710","v":0},{"$f":"L710*K710+N710*K710","v":0},null,29532.639999999999,{"$f":"Q710*R710","v":0},262311.77,{"$f":"Q710*T710","v":0},{"$f":"R710*Q710+T710*Q710","v":0},null,29532.639999999999,{"$f":"W710*X710","v":0},262311.77,{"$f":"W710*Z710","v":0},{"$f":"X710*W710+Z710*W710","v":0},null,29532.639999999999,{"$f":"AC710*AD710","v":0},262311.77,{"$f":"AC710*AF710","v":0},{"$f":"AD710*AC710+AF710*AC710","v":0},null,29532.639999999999,{"$f":"AI710*AJ710","v":0},262311.77,{"$f":"AI710*AL710","v":0},{"$f":"AJ710*AI710+AL710*AI710","v":0},null,29532.639999999999,{"$f":"AO710*AP710","v":0},262311.77,{"$f":"AO710*AR710","v":0},{"$f":"AP710*AO710+AR710*AO710","v":0},null,29532.639999999999,{"$f":"AU710*AV710","v":0},262311.77,{"$f":"AU710*AX710","v":0},{"$f":"AV710*AU710+AX710*AU710","v":0},null,29532.639999999999,{"$f":"BA710*BB710","v":0},262311.77,{"$f":"BA710*BD710","v":0},{"$f":"BB710*BA710+BD710*BA710","v":0},null,0,29532.639999999999,{"$f":"BH710*BI710","v":0},262311.77,{"$f":"BH710*BK710","v":0},{"$f":"BI710*BH710+BK710*BH710","v":0},14,29532.639999999999,{"$f":"BN710*BO710","v":413456.95999999996},262311.77,{"$f":"BN710*BQ710","v":3672364.7800000003},{"$f":"BO710*BN710+BQ710*BN710","v":4085821.74}]
["1.19.2","Прокладка кабелей системы автоматизации вентиляции","пм",3470,305,{"$f":"D711*E711","v":1058350},405,{"$f":"D711*G711","v":1405350},2463700,null,null,305,{"$f":"K711*L711","v":0},405,{"$f":"K711*N711","v":0},0,null,305,{"$f":"Q711*R711","v":0},405,{"$f":"Q711*T711","v":0},0,null,305,{"$f":"W711*X711","v":0},405,{"$f":"W711*Z711","v":0},0,null,305,{"$f":"AC711*AD711","v":0},405,{"$f":"AC711*AF711","v":0},0,null,305,{"$f":"AI711*AJ711","v":0},405,{"$f":"AI711*AL711","v":0},0,null,305,{"$f":"AO711*AP711","v":0},405,{"$f":"AO711*AR711","v":0},0,null,305,{"$f":"AU711*AV711","v":0},405,{"$f":"AU711*AX711","v":0},0,null,305,{"$f":"BA711*BB711","v":0},405,{"$f":"BA711*BD711","v":0},0,null,0,305,{"$f":"BH711*BI711","v":0},405,{"$f":"BH711*BK711","v":0},0,3470,305,{"$f":"BN711*BO711","v":1058350},405,{"$f":"BN711*BQ711","v":1405350},2463700]
["1.19.3","Монтаж узла терморегулирования","шт",6,55632.26,{"$f":"D712*E712","v":333793.56},184880.28,{"$f":"D712*G712","v":1109281.68},1443075.24,null,null,55632.26,{"$f":"K712*L712","v":0},184880.28,{"$f":"K712*N712","v":0},0,null,55632.26,{"$f":"Q712*R712","v":0},184880.28,{"$f":"Q712*T712","v":0},0,null,55632.26,{"$f":"W712*X712","v":0},184880.28,{"$f":"W712*Z712","v":0},0,null,55632.26,{"$f":"AC712*AD712","v":0},184880.28,{"$f":"AC712*AF712","v":0},0,null,55632.26,{"$f":"AI712*AJ712","v":0},184880.28,{"$f":"AI712*AL712","v":0},0,null,55632.26,{"$f":"AO712*AP712","v":0},184880.28,{"$f":"AO712*AR712","v":0},0,null,55632.26,{"$f":"AU712*AV712","v":0},184880.28,{"$f":"AU712*AX712","v":0},0,null,55632.26,{"$f":"BA712*BB712","v":0},184880.28,{"$f":"BA712*BD712","v":0},0,null,0,55632.26,{"$f":"BH712*BI712","v":0},184880.28,{"$f":"BH712*BK712","v":0},0,6,55632.26,{"$f":"BN712*BO712","v":333793.56},184880.28,{"$f":"BN712*BQ712","v":1109281.68},1443075.24]
["1.19.4","Пуско-наладочные работы ","к-т",1,828000,{"$f":"D713*E713","v":828000},0,null,828000,null,null,828000,{"$f":"K713*L713","v":0},0,null,0,null,828000,{"$f":"Q713*R713","v":0},0,null,0,null,828000,{"$f":"W713*X713","v":0},0,null,0,null,828000,{"$f":"AC713*AD713","v":0},0,null,0,null,828000,{"$f":"AI713*AJ713","v":0},0,null,0,null,828000,{"$f":"AO713*AP713","v":0},0,null,0,null,828000,{"$f":"AU713*AV713","v":0},0,null,0,null,828000,{"$f":"BA713*BB713","v":0},0,null,0,null,0,828000,{"$f":"BH713*BI713","v":0},0,null,0,1,828000,{"$f":"BN713*BO713","v":828000},0,null,828000]
["1.20","130-23-УА3 Устройства автоматики",null,null,null,{"$f":"SUM(F715:F717)","v":3391517.88},null,{"$f":"SUM(H715:H717)","v":4302757.8899999997},{"$f":"SUM(I715:I717)","v":7694275.7699999996},null,null,null,{"$f":"SUM(M715:M717)","v":0},null,{"$f":"SUM(O715:O717)","v":0},{"$f":"SUM(P715:P717)","v":0},null,null,{"$f":"SUM(S715:S717)","v":0},null,{"$f":"SUM(U715:U717)","v":0},{"$f":"SUM(V715:V717)","v":0},null,null,{"$f":"SUM(Y715:Y717)","v":0},null,{"$f":"SUM(AA715:AA717)","v":0},{"$f":"SUM(AB715:AB717)","v":0},null,null,{"$f":"SUM(AE715:AE717)","v":0},null,{"$f":"SUM(AG715:AG717)","v":0},{"$f":"SUM(AH715:AH717)","v":0},null,null,{"$f":"SUM(AK715:AK717)","v":0},null,{"$f":"SUM(AM715:AM717)","v":0},{"$f":"SUM(AN715:AN717)","v":0},null,null,{"$f":"SUM(AQ715:AQ717)","v":0},null,{"$f":"SUM(AS715:AS717)","v":0},{"$f":"SUM(AT715:AT717)","v":0},null,null,{"$f":"SUM(AW715:AW717)","v":0},null,{"$f":"SUM(AY715:AY717)","v":0},{"$f":"SUM(AZ715:AZ717)","v":0},null,null,{"$f":"SUM(BC715:BC717)","v":0},null,{"$f":"SUM(BE715:BE717)","v":0},{"$f":"SUM(BF715:BF717)","v":0},null,0,null,{"$f":"SUM(BJ715:BJ717)","v":0},null,{"$f":"SUM(BL715:BL717)","v":0},{"$f":"SUM(BM715:BM717)","v":0},0,null,{"$f":"SUM(BP715:BP717)","v":3391517.88},null,{"$f":"SUM(BR715:BR717)","v":4302757.8899999997},{"$f":"SUM(BS715:BS717)","v":7694275.7699999996}]
["1.20.1","Монтаж комплектов автоматики","к-т",3,44520.959999999999,{"$f":"D715*E715","v":133562.88},127629.13,{"$f":"D715*G715","v":382887.39},{"$f":"E715*D715+G715*D715","v":516450.27},null,null,44520.959999999999,{"$f":"K715*L715","v":0},127629.13,{"$f":"K715*N715","v":0},{"$f":"L715*K715+N715*K715","v":0},null,44520.959999999999,{"$f":"Q715*R715","v":0},127629.13,{"$f":"Q715*T715","v":0},{"$f":"R715*Q715+T715*Q715","v":0},null,44520.959999999999,{"$f":"W715*X715","v":0},127629.13,{"$f":"W715*Z715","v":0},{"$f":"X715*W715+Z715*W715","v":0},null,44520.959999999999,{"$f":"AC715*AD715","v":0},127629.13,{"$f":"AC715*AF715","v":0},{"$f":"AD715*AC715+AF715*AC715","v":0},null,44520.959999999999,{"$f":"AI715*AJ715","v":0},127629.13,{"$f":"AI715*AL715","v":0},{"$f":"AJ715*AI715+AL715*AI715","v":0},null,44520.959999999999,{"$f":"AO715*AP715","v":0},127629.13,{"$f":"AO715*AR715","v":0},{"$f":"AP715*AO715+AR715*AO715","v":0},null,44520.959999999999,{"$f":"AU715*AV715","v":0},127629.13,{"$f":"AU715*AX715","v":0},{"$f":"AV715*AU715+AX715*AU715","v":0},null,44520.959999999999,{"$f":"BA715*BB715","v":0},127629.13,{"$f":"BA715*BD715","v":0},{"$f":"BB715*BA715+BD715*BA715","v":0},null,0,44520.959999999999,{"$f":"BH715*BI715","v":0},127629.13,{"$f":"BH715*BK715","v":0},{"$f":"BI715*BH715+BK715*BH715","v":0},3,44520.959999999999,{"$f":"BN715*BO715","v":133562.88},127629.13,{"$f":"BN715*BQ715","v":382887.39},{"$f":"BO715*BN715+BQ715*BN715","v":516450.27}]
["1.20.2","Прокладка кабелей системы автоматизации вентиляции","пм",8450,323.7,{"$f":"D716*E716","v":2735265},463.89,{"$f":"D716*G716","v":3919870.5},{"$f":"E716*D716+G716*D716","v":6655135.5},null,null,323.7,{"$f":"K716*L716","v":0},463.89,{"$f":"K716*N716","v":0},{"$f":"L716*K716+N716*K716","v":0},null,323.7,{"$f":"Q716*R716","v":0},463.89,{"$f":"Q716*T716","v":0},{"$f":"R716*Q716+T716*Q716","v":0},null,323.7,{"$f":"W716*X716","v":0},463.89,{"$f":"W716*Z716","v":0},{"$f":"X716*W716+Z716*W716","v":0},null,323.7,{"$f":"AC716*AD716","v":0},463.89,{"$f":"AC716*AF716","v":0},{"$f":"AD716*AC716+AF716*AC716","v":0},null,323.7,{"$f":"AI716*AJ716","v":0},463.89,{"$f":"AI716*AL716","v":0},{"$f":"AJ716*AI716+AL716*AI716","v":0},null,323.7,{"$f":"AO716*AP716","v":0},463.89,{"$f":"AO716*AR716","v":0},{"$f":"AP716*AO716+AR716*AO716","v":0},null,323.7,{"$f":"AU716*AV716","v":0},463.89,{"$f":"AU716*AX716","v":0},{"$f":"AV716*AU716+AX716*AU716","v":0},null,323.7,{"$f":"BA716*BB716","v":0},463.89,{"$f":"BA716*BD716","v":0},{"$f":"BB716*BA716+BD716*BA716","v":0},null,0,323.7,{"$f":"BH716*BI716","v":0},463.89,{"$f":"BH716*BK716","v":0},{"$f":"BI716*BH716+BK716*BH716","v":0},8450,323.7,{"$f":"BN716*BO716","v":2735265},463.89,{"$f":"BN716*BQ716","v":3919870.5},{"$f":"BO716*BN716+BQ716*BN716","v":6655135.5}]
["1.20.3","Пуско-наладочные работы ","к-т",1,522690,{"$f":"D717*E717","v":522690},0,null,{"$f":"E717*D717+G717*D717","v":522690},null,null,522690,{"$f":"K717*L717","v":0},0,null,{"$f":"L717*K717+N717*K717","v":0},null,522690,{"$f":"Q717*R717","v":0},0,null,{"$f":"R717*Q717+T717*Q717","v":0},null,522690,{"$f":"W717*X717","v":0},0,null,{"$f":"X717*W717+Z717*W717","v":0},null,522690,{"$f":"AC717*AD717","v":0},0,null,{"$f":"AD717*AC717+AF717*AC717","v":0},null,522690,{"$f":"AI717*AJ717","v":0},0,null,{"$f":"AJ717*AI717+AL717*AI717","v":0},null,522690,{"$f":"AO717*AP717","v":0},0,null,{"$f":"AP717*AO717+AR717*AO717","v":0},null,522690,{"$f":"AU717*AV717","v":0},0,null,{"$f":"AV717*AU717+AX717*AU717","v":0},null,522690,{"$f":"BA717*BB717","v":0},0,null,{"$f":"BB717*BA717+BD717*BA717","v":0},null,0,522690,{"$f":"BH717*BI717","v":0},0,null,{"$f":"BI717*BH717+BK717*BH717","v":0},1,522690,{"$f":"BN717*BO717","v":522690},0,null,{"$f":"BO717*BN717+BQ717*BN717","v":522690}]
[2,"Объекты энергетического хозяйства",null,null,null,null,null,null,null,null,null,null,null,null,null,null,null,null,null,null,null,null,null,null,null,null,null,null,null,null,null,null,null,null,null,null,null,null,null,null,null,null,null,null,null,null,null,null,null,null,null,null,null,null,null,null,null,null,null,0,null,null,null,null,null,0]
["2.1","130-23-ЭН Наружное освещение",null,null,null,null,null,null,null,null,null,null,null,null,null,null,null,null,null,null,null,null,null,null,null,null,null,null,null,null,null,null,null,null,null,null,{"$f":"AK720+AK721+AK722+AK723+AK725+AK724+AK726+AK727+AK728+AK729+AK730+AK731","v":141081},null,{"$f":"AM720+AM721+AM722+AM723+AM725+AM724+AM726+AM727+AM728+AM729+AM730+AM731","v":126867.8},{"$f":"AN720+AN721+AN722+AN723+AN725+AN724+AN726+AN727+AN728+AN729+AN730+AN731","v":267948.79999999999},null,null,{"$f":"AQ720+AQ721+AQ722+AQ723+AQ725+AQ724+AQ726+AQ727+AQ728+AQ729+AQ730+AQ731","v":0},null,{"$f":"AS720+AS721+AS722+AS723+AS725+AS724+AS726+AS727+AS728+AS729+AS730+AS731","v":0},{"$f":"AT720+AT721+AT722+AT723+AT725+AT724+AT726+AT727+AT728+AT729+AT730+AT731","v":0},null,null,{"$f":"AW720+AW721+AW722+AW723+AW725+AW724+AW726+AW727+AW728+AW729+AW730+AW731","v":0},null,{"$f":"AY720+AY721+AY722+AY723+AY725+AY724+AY726+AY727+AY728+AY729+AY730+AY731","v":0},{"$f":"AZ720+AZ721+AZ722+AZ723+AZ725+AZ724+AZ726+AZ727+AZ728+AZ729+AZ730+AZ731","v":0},null,null,{"$f":"BC720+BC721+BC722+BC723+BC725+BC724+BC726+BC727+BC728+BC729+BC730+BC731","v":0},null,{"$f":"BE720+BE721+BE722+BE723+BE725+BE724+BE726+BE727+BE728+BE729+BE730+BE731","v":0},{"$f":"BF720+BF721+BF722+BF723+BF725+BF724+BF726+BF727+BF728+BF729+BF730+BF731","v":0},null,0,null,{"$f":"BJ720+BJ721+BJ722+BJ723+BJ725+BJ724+BJ726+BJ727+BJ728+BJ729+BJ730+BJ731","v":257540},null,{"$f":"BL720+BL721+BL722+BL723+BL725+BL724+BL726+BL727+BL728+BL729+BL730+BL731","v":696167.7},{"$f":"BM720+BM721+BM722+BM723+BM725+BM724+BM726+BM727+BM728+BM729+BM730+BM731","v":953707.7},0,null,{"$f":"BP720+BP721+BP722+BP723+BP725+BP724+BP726+BP727+BP728+BP729+BP730+BP731","v":52950.5},null,{"$f":"BR720+BR721+BR722+BR723+BR725+BR724+BR726+BR727+BR728+BR729+BR730+BR731","v":36659.019999999997},{"$f":"BS720+BS721+BS722+BS723+BS725+BS724+BS726+BS727+BS728+BS729+BS730+BS731","v":89609.51999999999}]
["2.1.1","Ящик управления освещением","шт.",2,5502,{"$f":"D720*E720","v":11004},32487,{"$f":"D720*G720","v":64974},{"$f":"E720*D720+G720*D720","v":75978},null,null,5502,{"$f":"K720*L720","v":0},32487,{"$f":"K720*N720","v":0},{"$f":"L720*K720+N720*K720","v":0},null,5502,{"$f":"Q720*R720","v":0},32487,{"$f":"Q720*T720","v":0},{"$f":"R720*Q720+T720*Q720","v":0},2,5502,{"$f":"W720*X720","v":11004},32487,{"$f":"W720*Z720","v":64974},{"$f":"X720*W720+Z720*W720","v":75978},null,5502,{"$f":"AC720*AD720","v":0},32487,{"$f":"AC720*AF720","v":0},{"$f":"AD720*AC720+AF720*AC720","v":0},null,5502,{"$f":"AI720*AJ720","v":0},32487,{"$f":"AI720*AL720","v":0},{"$f":"AJ720*AI720+AL720*AI720","v":0},null,5502,{"$f":"AO720*AP720","v":0},32487,{"$f":"AO720*AR720","v":0},{"$f":"AP720*AO720+AR720*AO720","v":0},null,5502,{"$f":"AU720*AV720","v":0},32487,{"$f":"AU720*AX720","v":0},{"$f":"AV720*AU720+AX720*AU720","v":0},null,5502,{"$f":"BA720*BB720","v":0},32487,{"$f":"BA720*BD720","v":0},{"$f":"BB720*BA720+BD720*BA720","v":0},null,2,5502,{"$f":"BH720*BI720","v":11004},32487,{"$f":"BH720*BK720","v":64974},{"$f":"BI720*BH720+BK720*BH720","v":75978},0,5502,{"$f":"BN720*BO720","v":0},32487,{"$f":"BN720*BQ720","v":0},{"$f":"BO720*BN720+BQ720*BN720","v":0}]
["2.1.2","Кабель силовой, не поддерживающий горение, безгалогенный 5х2.5","м.",350,182,63700,322.39999999999998,112839.99999999999,176540,null,null,182,0,322.39999999999998,0,0,null,182,0,322.39999999999998,0,0,null,182,0,322.39999999999998,0,0,null,182,0,322.39999999999998,0,0,280,182,50960,322.39999999999998,90272,141232,null,182,0,322.39999999999998,0,0,null,182,0,322.39999999999998,0,0,null,182,0,322.39999999999998,0,0,null,280,182,50960,322.39999999999998,90272,141232,70,182,12740,322.39999999999998,22568,35308]
["2.1.3","Кабель силовой, не поддерживающий горение, безгалогенный 3х1.5","м",150,182,27300,160,24000,51300,null,null,182,0,160,0,0,null,182,0,160,0,0,null,182,0,160,0,0,null,182,0,160,0,0,136,182,24752,160,21760,46512,null,182,0,160,0,0,null,182,0,160,0,0,null,182,0,160,0,0,null,136,182,24752,160,21760,46512,14,182,2548,160,2240,4788]
["2.1.4","Светильник светодиодный промышленный FL-Pro 60° 50 Вт 5000К Вартон","шт.",23,4585,105455,21362.9,491346.7,596801.69999999995,null,null,4585,0,21362.9,0,0,null,4585,0,21362.9,0,0,23,4585,105455,21362.9,491346.7,596801.69999999995,null,4585,0,21362.9,0,0,null,4585,0,21362.9,0,0,null,4585,0,21362.9,0,0,null,4585,0,21362.9,0,0,null,4585,0,21362.9,0,0,null,23,4585,105455,21362.9,491346.7,596801.69999999995,0,4585,0,21362.9,0,0]
["2.1.5","Коробка распределительная T25 влагозащищенная IP 65 80x51","шт.",24,655,15720,142.58000000000001,3421.92,19141.919999999998,null,null,655,0,142.58000000000001,0,0,null,655,0,142.58000000000001,0,0,null,655,0,142.58000000000001,0,0,null,655,0,142.58000000000001,0,0,null,655,0,142.58000000000001,0,0,null,655,0,142.58000000000001,0,0,null,655,0,142.58000000000001,0,0,null,655,0,142.58000000000001,0,0,null,0,655,0,142.58000000000001,0,0,24,655,15720,142.58000000000001,3421.92,19141.919999999998]
["2.1.6","Коробка распределительная T25 влагозащищенная IP 55 100x100","шт.",25,655,16375,142.58000000000001,3564.5000000000005,19939.5,null,null,655,0,142.58000000000001,0,0,null,655,0,142.58000000000001,0,0,null,655,0,142.58000000000001,0,0,null,655,0,142.58000000000001,0,0,null,655,0,142.58000000000001,0,0,null,655,0,142.58000000000001,0,0,null,655,0,142.58000000000001,0,0,null,655,0,142.58000000000001,0,0,null,0,655,0,142.58000000000001,0,0,25,655,16375,142.58000000000001,3564.5000000000005,19939.5]
["2.1.7","Зажим безвинтовой 3х(0,5-2,5) кв.мм прозрачный VSE-203","шт.",120,0,null,14.35,1722,1722,null,null,0,null,14.35,0,0,null,0,null,14.35,0,0,null,0,null,14.35,0,0,null,0,null,14.35,0,0,120,0,null,14.35,1722,1722,null,0,null,14.35,0,0,null,0,null,14.35,0,0,null,0,null,14.35,0,0,null,120,0,null,14.35,1722,1722,0,0,null,14.35,0,0]
["2.1.8","Стандартный анкер со шпилькой М8","шт.",46,65.5,{"$f":"D727*E727","v":3013},122.3,5625.8,8638.7999999999993,null,null,65.5,{"$f":"K727*L727","v":0},122.3,0,0,null,65.5,{"$f":"Q727*R727","v":0},122.3,0,0,null,65.5,{"$f":"W727*X727","v":0},122.3,0,0,null,65.5,{"$f":"AC727*AD727","v":0},122.3,0,0,46,65.5,{"$f":"AI727*AJ727","v":3013},122.3,5625.8,8638.7999999999993,null,65.5,{"$f":"AO727*AP727","v":0},122.3,0,0,null,65.5,{"$f":"AU727*AV727","v":0},122.3,0,0,null,65.5,{"$f":"BA727*BB727","v":0},122.3,0,0,null,46,65.5,{"$f":"BH727*BI727","v":3013},122.3,5625.8,8638.7999999999993,0,65.5,{"$f":"BN727*BO727","v":0},122.3,0,0]
["2.1.9","Анкер клиновой","шт.",23,65.5,{"$f":"D728*E728","v":1506.5},127.4,2930.2000000000003,4436.7000000000007,null,null,65.5,{"$f":"K728*L728","v":0},127.4,0,0,null,65.5,{"$f":"Q728*R728","v":0},127.4,0,0,null,65.5,{"$f":"W728*X728","v":0},127.4,0,0,null,65.5,{"$f":"AC728*AD728","v":0},127.4,0,0,null,65.5,{"$f":"AI728*AJ728","v":0},127.4,0,0,null,65.5,{"$f":"AO728*AP728","v":0},127.4,0,0,null,65.5,{"$f":"AU728*AV728","v":0},127.4,0,0,null,65.5,{"$f":"BA728*BB728","v":0},127.4,0,0,null,0,65.5,{"$f":"BH728*BI728","v":0},127.4,0,0,23,65.5,{"$f":"BN728*BO728","v":1506.5},127.4,2930.2000000000003,4436.7000000000007]
["2.1.10","Дюбель-гвоздь","шт.",396,32.75,{"$f":"D729*E729","v":12969},15.6,6177.5999999999995,19146.599999999999,null,null,32.75,{"$f":"K729*L729","v":0},15.6,0,0,null,32.75,{"$f":"Q729*R729","v":0},15.6,0,0,null,32.75,{"$f":"W729*X729","v":0},15.6,0,0,null,32.75,{"$f":"AC729*AD729","v":0},15.6,0,0,272,32.75,{"$f":"AI729*AJ729","v":8908},15.6,4243.2,13151.2,null,32.75,{"$f":"AO729*AP729","v":0},15.6,0,0,null,32.75,{"$f":"AU729*AV729","v":0},15.6,0,0,null,32.75,{"$f":"BA729*BB729","v":0},15.6,0,0,null,272,32.75,{"$f":"BH729*BI729","v":8908},15.6,4243.2,13151.2,124,32.75,{"$f":"BN729*BO729","v":4061},15.6,1934.3999999999999,5995.4]
["2.1.11","Аксессуары (расходные материалы, крепеж)","компл.",1,0,null,16224,16224,16224,null,null,0,null,16224,0,0,null,0,null,16224,0,0,0.8,0,null,16224,12979.2,12979.2,null,0,null,16224,0,0,0.2,0,null,16224,3244.8,3244.8,null,0,null,16224,0,0,null,0,null,16224,0,0,null,0,null,16224,0,0,null,1,0,null,16224,16224,16224,0,0,null,16224,0,0]
["2.1.12","Пуско-наладочные работы","компл.",1,53448,{"$f":"D731*E731","v":53448},0,null,53448,null,null,53448,{"$f":"K731*L731","v":0},0,null,0,null,53448,{"$f":"Q731*R731","v":0},0,null,0,null,53448,{"$f":"W731*X731","v":0},0,null,0,null,53448,{"$f":"AC731*AD731","v":0},0,null,0,1,53448,{"$f":"AI731*AJ731","v":53448},0,null,53448,null,53448,{"$f":"AO731*AP731","v":0},0,null,0,null,53448,{"$f":"AU731*AV731","v":0},0,null,0,null,53448,{"$f":"BA731*BB731","v":0},0,null,0,null,1,53448,{"$f":"BH731*BI731","v":53448},0,null,53448,0,53448,{"$f":"BN731*BO731","v":0},0,null,0]
[3,"Объекты транспортного хозяйства и связи",null,null,null,null,null,null,null,null,null,null,null,null,null,null,null,null,null,null,null,null,null,null,null,null,null,null,null,null,null,null,null,null,null,null,null,null,null,null,null,null,null,null,null,null,null,null,null,null,null,null,null,null,null,null,null,null,null,0,null,null,null,null,null,0]
["3.1","130-23-ПЖ Пути железнодорожные",null,null,null,null,null,null,null,null,null,null,null,null,null,null,null,null,null,null,null,null,null,null,null,null,null,null,null,null,null,null,null,null,null,null,{"$f":"AK734+AK753+AK773+AK794","v":0},null,{"$f":"AM734+AM753+AM773+AM794","v":0},{"$f":"AN734+AN753+AN773+AN794","v":0},null,null,{"$f":"AQ734+AQ753+AQ773+AQ794","v":0},null,{"$f":"AS734+AS753+AS773+AS794","v":0},{"$f":"AT734+AT753+AT773+AT794","v":0},null,null,{"$f":"AW734+AW753+AW773+AW794","v":0},null,{"$f":"AY734+AY753+AY773+AY794","v":0},{"$f":"AZ734+AZ753+AZ773+AZ794","v":0},null,null,{"$f":"BC734+BC753+BC773+BC794","v":0},null,{"$f":"BE734+BE753+BE773+BE794","v":0},{"$f":"BF734+BF753+BF773+BF794","v":0},null,0,null,{"$f":"BJ734+BJ753+BJ773+BJ794","v":19196092.828000002},null,{"$f":"BL734+BL753+BL773+BL794","v":32645531.873600002},{"$f":"BM734+BM753+BM773+BM794","v":51841624.721599996},0,null,{"$f":"BP734+BP753+BP773+BP794","v":4294042.7215999998},null,{"$f":"BR734+BR753+BR773+BR794","v":2383757.2120000003},{"$f":"BS734+BS753+BS773+BS794","v":6677799.933600001}]
["3.1.1","Железнодорожный путь №1",null,null,null,{"$f":"F737+F736+F738+F739+F741+F742+F743+F744+F745+F747+F748+F749+F750+F751+F752","v":3965572.8587999996},null,{"$f":"H737+H736+H738+H739+H741+H742+H743+H744+H745+H747+H748+H749+H750+H751+H752","v":6456905.0986000001},{"$f":"I737+I736+I738+I739+I741+I742+I743+I744+I745+I747+I748+I749+I750+I751+I752","v":10422477.9574},null,null,null,{"$f":"M737+M736+M738+M739+M741+M742+M743+M744+M745+M747+M748+M749+M750+M751+M752","v":0},null,{"$f":"O737+O736+O738+O739+O741+O742+O743+O744+O745+O747+O748+O749+O750+O751+O752","v":0},{"$f":"P737+P736+P738+P739+P741+P742+P743+P744+P745+P747+P748+P749+P750+P751+P752","v":0},null,null,{"$f":"S737+S736+S738+S739+S741+S742+S743+S744+S745+S747+S748+S749+S750+S751+S752","v":1280647.9400000002},null,{"$f":"U737+U736+U738+U739+U741+U742+U743+U744+U745+U747+U748+U749+U750+U751+U752","v":0},{"$f":"V737+V736+V738+V739+V741+V742+V743+V744+V745+V747+V748+V749+V750+V751+V752","v":1280647.9400000002},null,null,{"$f":"Y737+Y736+Y738+Y739+Y741+Y742+Y743+Y744+Y745+Y747+Y748+Y749+Y750+Y751+Y752","v":1728178.9083999998},null,{"$f":"AA737+AA736+AA738+AA739+AA741+AA742+AA743+AA744+AA745+AA747+AA748+AA749+AA750+AA751+AA752","v":6218377.6785999993},{"$f":"AB737+AB736+AB738+AB739+AB741+AB742+AB743+AB744+AB745+AB747+AB748+AB749+AB750+AB751+AB752","v":7946556.5869999994},null,null,{"$f":"AE737+AE736+AE738+AE739+AE741+AE742+AE743+AE744+AE745+AE747+AE748+AE749+AE750+AE751+AE752","v":271234.47039999999},null,{"$f":"AG737+AG736+AG738+AG739+AG741+AG742+AG743+AG744+AG745+AG747+AG748+AG749+AG750+AG751+AG752","v":199777.62},{"$f":"AH737+AH736+AH738+AH739+AH741+AH742+AH743+AH744+AH745+AH747+AH748+AH749+AH750+AH751+AH752","v":471012.09039999999},null,null,{"$f":"AK737+AK736+AK738+AK739+AK741+AK742+AK743+AK744+AK745+AK747+AK748+AK749+AK750+AK751+AK752","v":0},null,{"$f":"AM737+AM736+AM738+AM739+AM741+AM742+AM743+AM744+AM745+AM747+AM748+AM749+AM750+AM751+AM752","v":0},{"$f":"AN737+AN736+AN738+AN739+AN741+AN742+AN743+AN744+AN745+AN747+AN748+AN749+AN750+AN751+AN752","v":0},null,null,{"$f":"AQ737+AQ736+AQ738+AQ739+AQ741+AQ742+AQ743+AQ744+AQ745+AQ747+AQ748+AQ749+AQ750+AQ751+AQ752","v":0},null,{"$f":"AS737+AS736+AS738+AS739+AS741+AS742+AS743+AS744+AS745+AS747+AS748+AS749+AS750+AS751+AS752","v":0},{"$f":"AT737+AT736+AT738+AT739+AT741+AT742+AT743+AT744+AT745+AT747+AT748+AT749+AT750+AT751+AT752","v":0},null,null,{"$f":"AW737+AW736+AW738+AW739+AW741+AW742+AW743+AW744+AW745+AW747+AW748+AW749+AW750+AW751+AW752","v":0},null,{"$f":"AY737+AY736+AY738+AY739+AY741+AY742+AY743+AY744+AY745+AY747+AY748+AY749+AY750+AY751+AY752","v":0},{"$f":"AZ737+AZ736+AZ738+AZ739+AZ741+AZ742+AZ743+AZ744+AZ745+AZ747+AZ748+AZ749+AZ750+AZ751+AZ752","v":0},null,null,{"$f":"BC737+BC736+BC738+BC739+BC741+BC742+BC743+BC744+BC745+BC747+BC748+BC749+BC750+BC751+BC752","v":0},null,{"$f":"BE737+BE736+BE738+BE739+BE741+BE742+BE743+BE744+BE745+BE747+BE748+BE749+BE750+BE751+BE752","v":0},{"$f":"BF737+BF736+BF738+BF739+BF741+BF742+BF743+BF744+BF745+BF747+BF748+BF749+BF750+BF751+BF752","v":0},null,0,null,{"$f":"BJ737+BJ736+BJ738+BJ739+BJ741+BJ742+BJ743+BJ744+BJ745+BJ747+BJ748+BJ749+BJ750+BJ751+BJ752","v":3280061.3188},null,{"$f":"BL737+BL736+BL738+BL739+BL741+BL742+BL743+BL744+BL745+BL747+BL748+BL749+BL750+BL751+BL752","v":6418155.2985999994},{"$f":"BM737+BM736+BM738+BM739+BM741+BM742+BM743+BM744+BM745+BM747+BM748+BM749+BM750+BM751+BM752","v":9698216.6173999999},0,null,{"$f":"BP737+BP736+BP738+BP739+BP741+BP742+BP743+BP744+BP745+BP747+BP748+BP749+BP750+BP751+BP752","v":685511.53999999992},null,{"$f":"BR737+BR736+BR738+BR739+BR741+BR742+BR743+BR744+BR745+BR747+BR748+BR749+BR750+BR751+BR752","v":38749.800000000076},{"$f":"BS737+BS736+BS738+BS739+BS741+BS742+BS743+BS744+BS745+BS747+BS748+BS749+BS750+BS751+BS752","v":724261.34}]
["3.1.1.1","Сооружение земляного полотна",null,null,0,null,0,null,null,null,null,0,null,0,null,null,null,0,null,0,null,null,null,0,null,0,null,null,null,0,null,0,null,null,null,0,null,0,null,null,null,0,null,0,null,null,null,0,null,0,null,null,null,0,null,0,null,null,null,0,0,null,0,null,null,0,0,null,0]
["3.1.1.1.1","Вывоз и утилизация с К разрыхления 1,47","м3",{"$f":"D737*1.47","v":88.170599999999993},1590,{"$f":"D736*E736","v":140191.25399999999},0,null,{"$f":"E736*D736+G736*D736","v":140191.25399999999},null,null,1590,{"$f":"K736*L736","v":0},0,null,{"$f":"L736*K736+N736*K736","v":0},null,1590,{"$f":"Q736*R736","v":0},0,null,{"$f":"R736*Q736+T736*Q736","v":0},null,1590,{"$f":"W736*X736","v":0},0,null,{"$f":"X736*W736+Z736*W736","v":0},84.186999999999998,1590,{"$f":"AC736*AD736","v":133857.32999999999},0,null,{"$f":"AD736*AC736+AF736*AC736","v":133857.32999999999},null,1590,{"$f":"AI736*AJ736","v":0},0,null,{"$f":"AJ736*AI736+AL736*AI736","v":0},null,1590,{"$f":"AO736*AP736","v":0},0,null,{"$f":"AP736*AO736+AR736*AO736","v":0},null,1590,{"$f":"AU736*AV736","v":0},0,null,{"$f":"AV736*AU736+AX736*AU736","v":0},null,1590,{"$f":"BA736*BB736","v":0},0,null,{"$f":"BB736*BA736+BD736*BA736","v":0},null,84.186999999999998,1590,{"$f":"BH736*BI736","v":133857.32999999999},0,null,{"$f":"BI736*BH736+BK736*BH736","v":133857.32999999999},3.9835999999999956,1590,{"$f":"BN736*BO736","v":6333.9239999999927},0,null,{"$f":"BO736*BN736+BQ736*BN736","v":6333.9239999999927}]
["3.1.1.1.2","Вырезка существующего бетонного покрытия пола ","м3",59.98,19422,{"$f":"D737*E737","v":1164931.5599999998},0,null,1164931.5599999998,null,null,19422,{"$f":"K737*L737","v":0},0,null,0,57.27,19422,{"$f":"Q737*R737","v":1112297.9400000002},0,null,{"$f":"R737*Q737+T737*Q737","v":1112297.9400000002},null,19422,{"$f":"W737*X737","v":0},0,null,0,null,19422,{"$f":"AC737*AD737","v":0},0,null,0,null,19422,{"$f":"AI737*AJ737","v":0},0,null,0,null,19422,{"$f":"AO737*AP737","v":0},0,null,0,null,19422,{"$f":"AU737*AV737","v":0},0,null,0,null,19422,{"$f":"BA737*BB737","v":0},0,null,0,null,57.27,19422,{"$f":"BH737*BI737","v":1112297.9400000002},0,null,1112297.9400000002,2.7099999999999937,19422,{"$f":"BN737*BO737","v":52633.619999999879},0,null,52633.619999999879]
["3.1.1.1.3","Выемка техногенного грунта с перевозкой на 30 км и утилизацией","м3",112.87,2405,{"$f":"D738*E738","v":271452.35000000003},0,null,271452.35000000003,null,null,2405,{"$f":"K738*L738","v":0},0,null,0,70,2405,{"$f":"Q738*R738","v":168350},0,null,168350,null,2405,{"$f":"W738*X738","v":0},0,null,0,20.69,2405,{"$f":"AC738*AD738","v":49759.450000000004},0,null,49759.450000000004,null,2405,{"$f":"AI738*AJ738","v":0},0,null,0,null,2405,{"$f":"AO738*AP738","v":0},0,null,0,null,2405,{"$f":"AU738*AV738","v":0},0,null,0,null,2405,{"$f":"BA738*BB738","v":0},0,null,0,null,{"$f":"K738+Q738+W738+AC738+AI738+AO738+AU738+BA738","v":90.69},2405,{"$f":"BH738*BI738","v":218109.44999999998},0,null,218109.44999999998,{"$f":"D738-BH738","v":22.180000000000007},2405,{"$f":"BN738*BO738","v":53342.900000000016},0,null,53342.900000000016]
["3.1.1.1.4","Вывоз и утилизация с К разрыхления 1,6","м3",{"$f":"112.87*1.6-112.87","v":67.722000000000008},1590,{"$f":"D739*E739","v":107677.98000000001},0,null,107677.98000000001,null,null,1590,{"$f":"K739*L739","v":0},0,null,0,null,1590,{"$f":"Q739*R739","v":0},0,null,0,null,1590,{"$f":"W739*X739","v":0},0,null,0,54.41,1590,{"$f":"AC739*AD739","v":86511.9},0,null,86511.9,null,1590,{"$f":"AI739*AJ739","v":0},0,null,0,null,1590,{"$f":"AO739*AP739","v":0},0,null,0,null,1590,{"$f":"AU739*AV739","v":0},0,null,0,null,1590,{"$f":"BA739*BB739","v":0},0,null,0,null,54.41,1590,{"$f":"BH739*BI739","v":86511.9},0,null,86511.9,13.312000000000012,1590,{"$f":"BN739*BO739","v":21166.08000000002},0,null,21166.08000000002]
["3.1.1.2","Устройство балластного слоя ж/д пути под подошвой шпалы (h)20см",null,null,null,null,null,null,null,null,null,null,null,null,null,null,null,null,null,null,null,null,null,null,null,null,null,null,null,null,null,null,null,null,null,null,null,null,null,null,null,null,null,null,null,null,null,null,null,null,null,null,null,null,null,null,null,null,null,0,null,null,null,null,null,0]
["3.1.1.2.1"," - из щебня балластного фр.25-60 ","м3",103,2513.16,{"$f":"D741*E741","v":258855.47999999998},6681,{"$f":"D741*G741","v":688143},{"$f":"E741*D741+G741*D741","v":946998.48},null,null,2513.16,{"$f":"K741*L741","v":0},6681,{"$f":"K741*N741","v":0},{"$f":"L741*K741+N741*K741","v":0},null,2513.16,{"$f":"Q741*R741","v":0},6681,{"$f":"Q741*T741","v":0},{"$f":"R741*Q741+T741*Q741","v":0},97.96,2513.16,{"$f":"W741*X741","v":246189.15359999996},6681,{"$f":"W741*Z741","v":654470.76},{"$f":"X741*W741+Z741*W741","v":900659.91359999997},0.44,2513.16,{"$f":"AC741*AD741","v":1105.7903999999999},6681,{"$f":"AC741*AF741","v":2939.64},{"$f":"AD741*AC741+AF741*AC741","v":4045.4303999999997},null,2513.16,{"$f":"AI741*AJ741","v":0},6681,{"$f":"AI741*AL741","v":0},{"$f":"AJ741*AI741+AL741*AI741","v":0},null,2513.16,{"$f":"AO741*AP741","v":0},6681,{"$f":"AO741*AR741","v":0},{"$f":"AP741*AO741+AR741*AO741","v":0},null,2513.16,{"$f":"AU741*AV741","v":0},6681,{"$f":"AU741*AX741","v":0},{"$f":"AV741*AU741+AX741*AU741","v":0},null,2513.16,{"$f":"BA741*BB741","v":0},6681,{"$f":"BA741*BD741","v":0},{"$f":"BB741*BA741+BD741*BA741","v":0},null,98.399999999999991,2513.16,{"$f":"BH741*BI741","v":247294.94399999996},6681,{"$f":"BH741*BK741","v":657410.39999999991},{"$f":"BI741*BH741+BK741*BH741","v":904705.34399999981},4.6000000000000085,2513.16,{"$f":"BN741*BO741","v":11560.53600000002},6681,{"$f":"BN741*BQ741","v":30732.600000000057},{"$f":"BO741*BN741+BQ741*BN741","v":42293.136000000079}]
["3.1.1.2.2"," - из щебня балластного фр.25-60 (с Куплотнения)","м3",{"$f":"129.78-D741","v":26.78},0,null,6681,{"$f":"D742*G742","v":178917.18000000002},178917.18000000002,null,null,0,null,6681,{"$f":"K742*N742","v":0},0,null,0,null,6681,{"$f":"Q742*T742","v":0},0,null,0,null,6681,{"$f":"W742*Z742","v":0},0,25.58,0,null,6681,{"$f":"AC742*AF742","v":170899.97999999998},170899.97999999998,null,0,null,6681,{"$f":"AI742*AL742","v":0},0,null,0,null,6681,{"$f":"AO742*AR742","v":0},0,null,0,null,6681,{"$f":"AU742*AX742","v":0},0,null,0,null,6681,{"$f":"BA742*BD742","v":0},0,null,25.58,0,null,6681,{"$f":"BH742*BK742","v":170899.97999999998},170899.97999999998,1.2000000000000028,0,null,6681,{"$f":"BN742*BQ742","v":8017.2000000000189},8017.2000000000189]
["3.1.1.2.3"," - гравийно-песчаная подушка","м3",60,2333.7600000000002,{"$f":"D743*E743","v":140025.60000000001},2161.5,{"$f":"D743*G743","v":129690},269715.59999999998,null,null,2333.7600000000002,{"$f":"K743*L743","v":0},2161.5,{"$f":"K743*N743","v":0},0,null,2333.7600000000002,{"$f":"Q743*R743","v":0},2161.5,{"$f":"Q743*T743","v":0},0,60,2333.7600000000002,{"$f":"W743*X743","v":140025.60000000001},2161.5,{"$f":"W743*Z743","v":129690},269715.59999999998,null,2333.7600000000002,{"$f":"AC743*AD743","v":0},2161.5,{"$f":"AC743*AF743","v":0},0,null,2333.7600000000002,{"$f":"AI743*AJ743","v":0},2161.5,{"$f":"AI743*AL743","v":0},0,null,2333.7600000000002,{"$f":"AO743*AP743","v":0},2161.5,{"$f":"AO743*AR743","v":0},0,null,2333.7600000000002,{"$f":"AU743*AV743","v":0},2161.5,{"$f":"AU743*AX743","v":0},0,null,2333.7600000000002,{"$f":"BA743*BB743","v":0},2161.5,{"$f":"BA743*BD743","v":0},0,null,60,2333.7600000000002,{"$f":"BH743*BI743","v":140025.60000000001},2161.5,{"$f":"BH743*BK743","v":129690},269715.59999999998,0,2333.7600000000002,{"$f":"BN743*BO743","v":0},2161.5,{"$f":"BN743*BQ743","v":0},0]
["3.1.1.2.4"," - гравийно-песчаная подушка  (с Куплотнения)","м3",12,0,null,2161.5,{"$f":"D744*G744","v":25938},25938,null,null,0,null,2161.5,{"$f":"K744*N744","v":0},0,null,0,null,2161.5,{"$f":"Q744*T744","v":0},0,null,0,null,2161.5,{"$f":"W744*Z744","v":0},0,12,0,null,2161.5,{"$f":"AC744*AF744","v":25938},25938,null,0,null,2161.5,{"$f":"AI744*AL744","v":0},0,null,0,null,2161.5,{"$f":"AO744*AR744","v":0},0,null,0,null,2161.5,{"$f":"AU744*AX744","v":0},0,null,0,null,2161.5,{"$f":"BA744*BD744","v":0},0,null,12,0,null,2161.5,{"$f":"BH744*BK744","v":25938},25938,0,0,null,2161.5,{"$f":"BN744*BQ744","v":0},0]
["3.1.1.2.5"," - геотекстиль 5м 500г/м","м",82.49,46.8,{"$f":"D745*E745","v":3860.5319999999997},450,{"$f":"D745*G745","v":37120.5},40981.031999999999,null,null,46.8,{"$f":"K745*L745","v":0},450,{"$f":"K745*N745","v":0},0,null,46.8,{"$f":"Q745*R745","v":0},450,{"$f":"Q745*T745","v":0},0,82.49,46.8,{"$f":"W745*X745","v":3860.5319999999997},450,{"$f":"W745*Z745","v":37120.5},40981.031999999999,null,46.8,{"$f":"AC745*AD745","v":0},450,{"$f":"AC745*AF745","v":0},0,null,46.8,{"$f":"AI745*AJ745","v":0},450,{"$f":"AI745*AL745","v":0},0,null,46.8,{"$f":"AO745*AP745","v":0},450,{"$f":"AO745*AR745","v":0},0,null,46.8,{"$f":"AU745*AV745","v":0},450,{"$f":"AU745*AX745","v":0},0,null,46.8,{"$f":"BA745*BB745","v":0},450,{"$f":"BA745*BD745","v":0},0,null,82.49,46.8,{"$f":"BH745*BI745","v":3860.5319999999997},450,{"$f":"BH745*BK745","v":37120.5},40981.031999999999,0,46.8,{"$f":"BN745*BO745","v":0},450,{"$f":"BN745*BQ745","v":0},0]
["3.1.1.3","Верхнее строение пути №1",null,null,null,null,null,null,null,null,null,null,null,null,null,null,null,null,null,null,null,null,null,null,null,null,null,null,null,null,null,null,null,null,null,null,null,null,null,null,null,null,null,null,null,null,null,null,null,null,null,null,null,null,null,null,null,null,null,0,null,null,null,null,null,0]
["3.1.1.3.1","Укладка звеньевого пути в прямых и кривых новыми рельсами (рельсы типа Р65, длиной 12,5м на ж/б шпалах с эпюрой шпал 1840шт./км с разделанным промежуточным скреплением типа Р66","м",82.49,2475.7199999999998,{"$f":"D747*E747","v":204222.14279999997},60348.14,{"$f":"D747*G747","v":4978118.0685999999},{"$f":"E747*D747+G747*D747","v":5182340.2113999994},null,null,2475.7199999999998,{"$f":"K747*L747","v":0},60348.14,{"$f":"K747*N747","v":0},{"$f":"L747*K747+N747*K747","v":0},null,2475.7199999999998,{"$f":"Q747*R747","v":0},60348.14,{"$f":"Q747*T747","v":0},{"$f":"R747*Q747+T747*Q747","v":0},82.49,2475.7199999999998,{"$f":"W747*X747","v":204222.14279999997},60348.14,{"$f":"W747*Z747","v":4978118.0685999999},{"$f":"X747*W747+Z747*W747","v":5182340.2113999994},null,2475.7199999999998,{"$f":"AC747*AD747","v":0},60348.14,{"$f":"AC747*AF747","v":0},{"$f":"AD747*AC747+AF747*AC747","v":0},null,2475.7199999999998,{"$f":"AI747*AJ747","v":0},60348.14,{"$f":"AI747*AL747","v":0},{"$f":"AJ747*AI747+AL747*AI747","v":0},null,2475.7199999999998,{"$f":"AO747*AP747","v":0},60348.14,{"$f":"AO747*AR747","v":0},{"$f":"AP747*AO747+AR747*AO747","v":0},null,2475.7199999999998,{"$f":"AU747*AV747","v":0},60348.14,{"$f":"AU747*AX747","v":0},{"$f":"AV747*AU747+AX747*AU747","v":0},null,2475.7199999999998,{"$f":"BA747*BB747","v":0},60348.14,{"$f":"BA747*BD747","v":0},{"$f":"BB747*BA747+BD747*BA747","v":0},null,82.49,2475.7199999999998,{"$f":"BH747*BI747","v":204222.14279999997},60348.14,{"$f":"BH747*BK747","v":4978118.0685999999},{"$f":"BI747*BH747+BK747*BH747","v":5182340.2113999994},0,2475.7199999999998,{"$f":"BN747*BO747","v":0},60348.14,{"$f":"BN747*BQ747","v":0},{"$f":"BO747*BN747+BQ747*BN747","v":0}]
["3.1.1.3.2","Выправка пути в плане и в профиле (Р65, шпалы ж/б)","м",82.49,6552,540474.48,0,null,540474.48,null,null,6552,0,0,null,0,null,6552,0,0,null,0,82.49,6552,540474.48,0,{"$f":"W748*Z748","v":0},540474.48,null,6552,0,0,null,0,null,6552,0,0,null,0,null,6552,0,0,null,0,null,6552,0,0,null,0,null,6552,0,0,null,0,null,82.49,6552,540474.48,0,null,540474.48,0,6552,0,0,null,0]
["3.1.1.3.3","Послеосадочный ремонт (Р65, шпалы ж/б)","м",82.49,6552,540474.48,0,null,540474.48,null,null,6552,0,0,null,0,null,6552,0,0,null,0,null,6552,0,0,null,0,null,6552,0,0,null,0,null,6552,0,0,null,0,null,6552,0,0,null,0,null,6552,0,0,null,0,null,6552,0,0,null,0,null,0,6552,0,0,null,0,82.49,6552,540474.48,0,null,540474.48]
["3.1.1.3.4","Устройство тупикового рельсового упора колесных пар РУ-1","шт.",1,124845,124845,49408.35,{"$f":"D750*G750","v":49408.35},174253.35,null,null,124845,0,49408.35,{"$f":"K750*N750","v":0},0,null,124845,0,49408.35,{"$f":"Q750*T750","v":0},0,1,124845,124845,49408.35,{"$f":"W750*Z750","v":49408.35},174253.35,null,124845,0,49408.35,{"$f":"AC750*AF750","v":0},0,null,124845,0,49408.35,{"$f":"AI750*AL750","v":0},0,null,124845,0,49408.35,{"$f":"AO750*AR750","v":0},0,null,124845,0,49408.35,{"$f":"AU750*AX750","v":0},0,null,124845,0,49408.35,{"$f":"BA750*BD750","v":0},0,null,1,124845,124845,49408.35,{"$f":"BH750*BK750","v":49408.35},174253.35,0,124845,0,49408.35,{"$f":"BN750*BQ750","v":0},0]
["3.1.1.3.5","Изготовление и монтаж в построечных условиях конструкций закладных МС2 (68шт., L=150мм; 0,72кг/шт.) ","шт.",68,1664,113152,150,{"$f":"D751*G751","v":10200},123352,null,null,1664,0,150,{"$f":"K751*N751","v":0},0,null,1664,0,150,{"$f":"Q751*T751","v":0},0,68,1664,113152,150,{"$f":"W751*Z751","v":10200},123352,null,1664,0,150,{"$f":"AC751*AF751","v":0},0,null,1664,0,150,{"$f":"AI751*AL751","v":0},0,null,1664,0,150,{"$f":"AO751*AR751","v":0},0,null,1664,0,150,{"$f":"AU751*AX751","v":0},0,null,1664,0,150,{"$f":"BA751*BD751","v":0},0,null,68,1664,113152,150,{"$f":"BH751*BK751","v":10200},123352,0,1664,0,150,{"$f":"BN751*BQ751","v":0},0]
["3.1.1.3.6","Установка изделий МС-1 с огнезащитным покрытием штукатурным составом толщ. покрытия 1 мм","м",165,2154,355410,2178,{"$f":"D752*G752","v":359370},714780,null,null,2154,0,2178,{"$f":"K752*N752","v":0},0,null,2154,0,2178,{"$f":"Q752*T752","v":0},0,165,2154,355410,2178,{"$f":"W752*Z752","v":359370},714780,null,2154,0,2178,{"$f":"AC752*AF752","v":0},0,null,2154,0,2178,{"$f":"AI752*AL752","v":0},0,null,2154,0,2178,{"$f":"AO752*AR752","v":0},0,null,2154,0,2178,{"$f":"AU752*AX752","v":0},0,null,2154,0,2178,{"$f":"BA752*BD752","v":0},0,null,165,2154,355410,2178,{"$f":"BH752*BK752","v":359370},714780,0,2154,0,2178,{"$f":"BN752*BQ752","v":0},0]
["3.1.2","Железнодорожный путь №2",null,null,null,{"$f":"F756+F758+F757+F755+F760+F761+F762+F763+F764+F766+F767+F768+F769+F770+F771+F772","v":5741786.4299999997},null,{"$f":"H756+H758+H757+H755+H760+H761+H762+H763+H764+H766+H767+H768+H769+H770+H771+H772","v":8487014.6270000003},{"$f":"I756+I758+I757+I755+I760+I761+I762+I763+I764+I766+I767+I768+I769+I770+I771+I772","v":14228801.057},null,null,null,{"$f":"M756+M758+M757+M755+M760+M761+M762+M763+M764+M766+M767+M768+M769+M770+M771+M772","v":2134754.44},null,{"$f":"O756+O758+O757+O755+O760+O761+O762+O763+O764+O766+O767+O768+O769+O770+O771+O772","v":0},{"$f":"P756+P758+P757+P755+P760+P761+P762+P763+P764+P766+P767+P768+P769+P770+P771+P772","v":2134754.44},null,null,{"$f":"S756+S758+S757+S755+S760+S761+S762+S763+S764+S766+S767+S768+S769+S770+S771+S772","v":2166379.4099999997},null,{"$f":"U756+U758+U757+U755+U760+U761+U762+U763+U764+U766+U767+U768+U769+U770+U771+U772","v":0},{"$f":"V756+V758+V757+V755+V760+V761+V762+V763+V764+V766+V767+V768+V769+V770+V771+V772","v":2166379.4099999997},null,null,{"$f":"Y756+Y758+Y757+Y755+Y760+Y761+Y762+Y763+Y764+Y766+Y767+Y768+Y769+Y770+Y771+Y772","v":1776057.9523999998},null,{"$f":"AA756+AA758+AA757+AA755+AA760+AA761+AA762+AA763+AA764+AA766+AA767+AA768+AA769+AA770+AA771+AA772","v":5896490.5095999995},{"$f":"AB756+AB758+AB757+AB755+AB760+AB761+AB762+AB763+AB764+AB766+AB767+AB768+AB769+AB770+AB771+AB772","v":7672548.4620000003},null,null,{"$f":"AE756+AE758+AE757+AE755+AE760+AE761+AE762+AE763+AE764+AE766+AE767+AE768+AE769+AE770+AE771+AE772","v":-1577297.7588000007},null,{"$f":"AG756+AG758+AG757+AG755+AG760+AG761+AG762+AG763+AG764+AG766+AG767+AG768+AG769+AG770+AG771+AG772","v":556705.89540000004},{"$f":"AH756+AH758+AH757+AH755+AH760+AH761+AH762+AH763+AH764+AH766+AH767+AH768+AH769+AH770+AH771+AH772","v":-1020591.8634000001},null,null,{"$f":"AK756+AK758+AK757+AK755+AK760+AK761+AK762+AK763+AK764+AK766+AK767+AK768+AK769+AK770+AK771+AK772","v":0},null,{"$f":"AM756+AM758+AM757+AM755+AM760+AM761+AM762+AM763+AM764+AM766+AM767+AM768+AM769+AM770+AM771+AM772","v":0},{"$f":"AN756+AN758+AN757+AN755+AN760+AN761+AN762+AN763+AN764+AN766+AN767+AN768+AN769+AN770+AN771+AN772","v":0},null,null,{"$f":"AQ756+AQ758+AQ757+AQ755+AQ760+AQ761+AQ762+AQ763+AQ764+AQ766+AQ767+AQ768+AQ769+AQ770+AQ771+AQ772","v":0},null,{"$f":"AS756+AS758+AS757+AS755+AS760+AS761+AS762+AS763+AS764+AS766+AS767+AS768+AS769+AS770+AS771+AS772","v":0},{"$f":"AT756+AT758+AT757+AT755+AT760+AT761+AT762+AT763+AT764+AT766+AT767+AT768+AT769+AT770+AT771+AT772","v":0},null,null,{"$f":"AW756+AW758+AW757+AW755+AW760+AW761+AW762+AW763+AW764+AW766+AW767+AW768+AW769+AW770+AW771+AW772","v":0},null,{"$f":"AY756+AY758+AY757+AY755+AY760+AY761+AY762+AY763+AY764+AY766+AY767+AY768+AY769+AY770+AY771+AY772","v":0},{"$f":"AZ756+AZ758+AZ757+AZ755+AZ760+AZ761+AZ762+AZ763+AZ764+AZ766+AZ767+AZ768+AZ769+AZ770+AZ771+AZ772","v":0},null,null,{"$f":"BC756+BC758+BC757+BC755+BC760+BC761+BC762+BC763+BC764+BC766+BC767+BC768+BC769+BC770+BC771+BC772","v":0},null,{"$f":"BE756+BE758+BE757+BE755+BE760+BE761+BE762+BE763+BE764+BE766+BE767+BE768+BE769+BE770+BE771+BE772","v":0},{"$f":"BF756+BF758+BF757+BF755+BF760+BF761+BF762+BF763+BF764+BF766+BF767+BF768+BF769+BF770+BF771+BF772","v":0},null,0,null,{"$f":"BJ756+BJ758+BJ757+BJ755+BJ760+BJ761+BJ762+BJ763+BJ764+BJ766+BJ767+BJ768+BJ769+BJ770+BJ771+BJ772","v":4499894.0436000004},null,{"$f":"BL756+BL758+BL757+BL755+BL760+BL761+BL762+BL763+BL764+BL766+BL767+BL768+BL769+BL770+BL771+BL772","v":6453196.4049999993},{"$f":"BM756+BM758+BM757+BM755+BM760+BM761+BM762+BM763+BM764+BM766+BM767+BM768+BM769+BM770+BM771+BM772","v":10953090.4486},0,null,{"$f":"BP756+BP758+BP757+BP755+BP760+BP761+BP762+BP763+BP764+BP766+BP767+BP768+BP769+BP770+BP771+BP772","v":1241892.3864000004},null,{"$f":"BR756+BR758+BR757+BR755+BR760+BR761+BR762+BR763+BR764+BR766+BR767+BR768+BR769+BR770+BR771+BR772","v":2033818.2220000008},{"$f":"BS756+BS758+BS757+BS755+BS760+BS761+BS762+BS763+BS764+BS766+BS767+BS768+BS769+BS770+BS771+BS772","v":3275710.6084000012}]
["3.1.2.1","Сооружение земляного полотна",null,null,0,null,0,null,null,null,null,0,null,0,null,null,null,0,null,0,null,null,null,0,null,0,null,null,null,0,null,0,null,null,null,0,null,0,null,null,null,0,null,0,null,null,null,0,null,0,null,null,null,0,null,0,null,null,null,0,0,null,0,null,null,0,0,null,0]
["3.1.2.1.1","Вывоз и утилизация с К разрыхления 1,6","м3",{"$f":"149.9*1.6-149.9","v":89.940000000000026},1590,{"$f":"D755*E755","v":143004.60000000003},0,null,{"$f":"E755*D755+G755*D755","v":143004.60000000003},null,null,1590,{"$f":"K755*L755","v":0},0,null,{"$f":"L755*K755+N755*K755","v":0},null,1590,{"$f":"Q755*R755","v":0},0,null,{"$f":"R755*Q755+T755*Q755","v":0},null,1590,{"$f":"W755*X755","v":0},0,null,{"$f":"X755*W755+Z755*W755","v":0},83.46,1590,{"$f":"AC755*AD755","v":132701.4},0,null,{"$f":"AD755*AC755+AF755*AC755","v":132701.4},null,1590,{"$f":"AI755*AJ755","v":0},0,null,{"$f":"AJ755*AI755+AL755*AI755","v":0},null,1590,{"$f":"AO755*AP755","v":0},0,null,{"$f":"AP755*AO755+AR755*AO755","v":0},null,1590,{"$f":"AU755*AV755","v":0},0,null,{"$f":"AV755*AU755+AX755*AU755","v":0},null,1590,{"$f":"BA755*BB755","v":0},0,null,{"$f":"BB755*BA755+BD755*BA755","v":0},null,83.46,1590,{"$f":"BH755*BI755","v":132701.4},0,null,{"$f":"BI755*BH755+BK755*BH755","v":132701.4},6.4800000000000324,1590,{"$f":"BN755*BO755","v":10303.200000000052},0,null,{"$f":"BO755*BN755+BQ755*BN755","v":10303.200000000052}]
["3.1.2.1.2","Вырезка существующего бетонного покрытия пола ","м3",101.08,19422,{"$f":"D756*E756","v":1963175.76},0,null,1963175.76,null,96.62,19422,{"$f":"K756*L756","v":1876553.6400000001},0,null,1876553.6400000001,96.88,19422,{"$f":"Q756*R756","v":1881603.3599999999},0,null,1881603.3599999999,null,19422,{"$f":"W756*X756","v":0},0,null,0,-96.62,19422,{"$f":"AC756*AD756","v":-1876553.6400000001},0,null,-1876553.6400000001,null,19422,{"$f":"AI756*AJ756","v":0},0,null,0,null,19422,{"$f":"AO756*AP756","v":0},0,null,0,null,19422,{"$f":"AU756*AV756","v":0},0,null,0,null,19422,{"$f":"BA756*BB756","v":0},0,null,0,null,96.88,19422,{"$f":"BH756*BI756","v":1881603.3599999999},0,null,1881603.3599999999,4.2000000000000028,19422,{"$f":"BN756*BO756","v":81572.400000000052},0,null,81572.400000000052]
["3.1.2.1.3","Выемка техногенного грунта с перевозкой на 30 км и утилизацией","м3",149.9,2405,{"$f":"D757*E757","v":360509.5},0,null,360509.5,null,107.36,2405,{"$f":"K757*L757","v":258200.8},0,null,258200.8,118.41,2405,{"$f":"Q757*R757","v":284776.05},0,null,284776.05,null,2405,{"$f":"W757*X757","v":0},0,null,0,-86.67,2405,{"$f":"AC757*AD757","v":-208441.35},0,null,-208441.35,null,2405,{"$f":"AI757*AJ757","v":0},0,null,0,null,2405,{"$f":"AO757*AP757","v":0},0,null,0,null,2405,{"$f":"AU757*AV757","v":0},0,null,0,null,2405,{"$f":"BA757*BB757","v":0},0,null,0,null,139.09999999999997,2405,{"$f":"BH757*BI757","v":334535.49999999994},0,null,334535.49999999994,10.80000000000004,2405,{"$f":"BN757*BO757","v":25974.000000000095},0,null,25974.000000000095]
["3.1.2.1.4","Вывоз и утилизация с К разрыхления 1,47","м3",{"$f":"D756*1.47","v":148.58760000000001},1590,{"$f":"D758*E758","v":236254.28400000001},0,null,236254.28400000001,null,null,1590,{"$f":"K758*L758","v":0},0,null,0,null,1590,{"$f":"Q758*R758","v":0},0,null,0,null,1590,{"$f":"W758*X758","v":0},0,null,0,142.41399999999999,1590,{"$f":"AC758*AD758","v":226438.25999999998},0,null,226438.25999999998,null,1590,{"$f":"AI758*AJ758","v":0},0,null,0,null,1590,{"$f":"AO758*AP758","v":0},0,null,0,null,1590,{"$f":"AU758*AV758","v":0},0,null,0,null,1590,{"$f":"BA758*BB758","v":0},0,null,0,null,142.41399999999999,1590,{"$f":"BH758*BI758","v":226438.25999999998},0,null,226438.25999999998,6.1736000000000217,1590,{"$f":"BN758*BO758","v":9816.024000000034},0,null,9816.024000000034]
["3.1.2.2","Устройство балластного слоя ж/д пути под подошвой шпалы (h)20см",null,null,null,null,null,null,null,null,null,null,null,null,null,null,null,null,null,null,null,null,null,null,null,null,null,null,null,null,null,null,null,null,null,null,null,null,null,null,null,null,null,null,null,null,null,null,null,null,null,null,null,null,null,null,null,null,null,0,null,null,null,null,null,0]
["3.1.2.2.1"," - из щебня балластного фр.25-60 ","м3",{"$f":"54+86.6","v":140.6},2513.16,{"$f":"D760*E760","v":353350.29599999997},6681,{"$f":"D760*G760","v":939348.6},{"$f":"E760*D760+G760*D760","v":1292698.8959999999},null,null,2513.16,{"$f":"K760*L760","v":0},6681,{"$f":"K760*N760","v":0},{"$f":"L760*K760+N760*K760","v":0},null,2513.16,{"$f":"Q760*R760","v":0},6681,{"$f":"Q760*T760","v":0},{"$f":"R760*Q760+T760*Q760","v":0},91.31,2513.16,{"$f":"W760*X760","v":229476.63959999999},6681,{"$f":"W760*Z760","v":610042.11},{"$f":"X760*W760+Z760*W760","v":839518.74959999998},6.73,2513.16,{"$f":"AC760*AD760","v":16913.566800000001},6681,{"$f":"AC760*AF760","v":44963.130000000005},{"$f":"AD760*AC760+AF760*AC760","v":61876.696800000005},null,2513.16,{"$f":"AI760*AJ760","v":0},6681,{"$f":"AI760*AL760","v":0},{"$f":"AJ760*AI760+AL760*AI760","v":0},null,2513.16,{"$f":"AO760*AP760","v":0},6681,{"$f":"AO760*AR760","v":0},{"$f":"AP760*AO760+AR760*AO760","v":0},null,2513.16,{"$f":"AU760*AV760","v":0},6681,{"$f":"AU760*AX760","v":0},{"$f":"AV760*AU760+AX760*AU760","v":0},null,2513.16,{"$f":"BA760*BB760","v":0},6681,{"$f":"BA760*BD760","v":0},{"$f":"BB760*BA760+BD760*BA760","v":0},null,98.04,2513.16,{"$f":"BH760*BI760","v":246390.2064},6681,{"$f":"BH760*BK760","v":655005.24},{"$f":"BI760*BH760+BK760*BH760","v":901395.44640000002},42.559999999999988,2513.16,{"$f":"BN760*BO760","v":106960.08959999996},6681,{"$f":"BN760*BQ760","v":284343.35999999993},{"$f":"BO760*BN760+BQ760*BN760","v":391303.44959999988}]
["3.1.2.2.2"," - из щебня балластного фр.25-60 (с Куплотнения)","м3",36.520000000000003,0,null,6681,{"$f":"D761*G761","v":243990.12000000002},243990.12000000002,null,null,0,null,6681,{"$f":"K761*N761","v":0},0,null,0,null,6681,{"$f":"Q761*T761","v":0},0,null,0,null,6681,{"$f":"W761*Z761","v":0},0,25.49,0,null,6681,{"$f":"AC761*AF761","v":170298.69},170298.69,null,0,null,6681,{"$f":"AI761*AL761","v":0},0,null,0,null,6681,{"$f":"AO761*AR761","v":0},0,null,0,null,6681,{"$f":"AU761*AX761","v":0},0,null,0,null,6681,{"$f":"BA761*BD761","v":0},0,null,25.49,0,null,6681,{"$f":"BH761*BK761","v":170298.69},170298.69,11.030000000000005,0,null,6681,{"$f":"BN761*BQ761","v":73691.430000000037},73691.430000000037]
["3.1.2.2.3"," - гравийно-песчаная подушка","м3",{"$f":"31+47.9","v":78.900000000000006},2333.7600000000002,{"$f":"D762*E762","v":184133.66400000002},2161.5,{"$f":"D762*G762","v":170542.35},354676.01400000002,null,null,2333.7600000000002,{"$f":"K762*L762","v":0},2161.5,{"$f":"K762*N762","v":0},0,null,2333.7600000000002,{"$f":"Q762*R762","v":0},2161.5,{"$f":"Q762*T762","v":0},0,57.5,2333.7600000000002,{"$f":"W762*X762","v":134191.20000000001},2161.5,{"$f":"W762*Z762","v":124286.25},258477.45,3.72,2333.7600000000002,{"$f":"AC762*AD762","v":8681.5872000000018},2161.5,{"$f":"AC762*AF762","v":8040.7800000000007},16722.367200000001,null,2333.7600000000002,{"$f":"AI762*AJ762","v":0},2161.5,{"$f":"AI762*AL762","v":0},0,null,2333.7600000000002,{"$f":"AO762*AP762","v":0},2161.5,{"$f":"AO762*AR762","v":0},0,null,2333.7600000000002,{"$f":"AU762*AV762","v":0},2161.5,{"$f":"AU762*AX762","v":0},0,null,2333.7600000000002,{"$f":"BA762*BB762","v":0},2161.5,{"$f":"BA762*BD762","v":0},0,null,61.22,2333.7600000000002,{"$f":"BH762*BI762","v":142872.78720000002},2161.5,{"$f":"BH762*BK762","v":132327.03},275199.81720000005,17.680000000000007,2333.7600000000002,{"$f":"BN762*BO762","v":41260.87680000002},2161.5,{"$f":"BN762*BQ762","v":38215.320000000014},79476.196800000034]
["3.1.2.2.4"," - гравийно-песчаная подушка  (с Куплотнения)","м3",15.78,0,null,2161.5,{"$f":"D763*G763","v":34108.47},34108.47,null,null,0,null,2161.5,{"$f":"K763*N763","v":0},0,null,0,null,2161.5,{"$f":"Q763*T763","v":0},0,null,0,null,2161.5,{"$f":"W763*Z763","v":0},0,12.24,0,null,2161.5,{"$f":"AC763*AF763","v":26456.760000000002},26456.760000000002,null,0,null,2161.5,{"$f":"AI763*AL763","v":0},0,null,0,null,2161.5,{"$f":"AO763*AR763","v":0},0,null,0,null,2161.5,{"$f":"AU763*AX763","v":0},0,null,0,null,2161.5,{"$f":"BA763*BD763","v":0},0,null,12.24,0,null,2161.5,{"$f":"BH763*BK763","v":26456.760000000002},26456.760000000002,3.5399999999999991,0,null,2161.5,{"$f":"BN763*BQ763","v":7651.7099999999982},7651.7099999999982]
["3.1.2.2.5"," - геотекстиль 5м 500г/м","м",110,46.8,{"$f":"D764*E764","v":5148},445,{"$f":"D764*G764","v":48950},54098,null,null,46.8,{"$f":"K764*L764","v":0},445,{"$f":"K764*N764","v":0},0,null,46.8,{"$f":"Q764*R764","v":0},445,{"$f":"Q764*T764","v":0},0,78.14,46.8,{"$f":"W764*X764","v":3656.9519999999998},445,{"$f":"W764*Z764","v":34772.300000000003},38429.252,4.6100000000000003,46.8,{"$f":"AC764*AD764","v":215.74799999999999},445,{"$f":"AC764*AF764","v":2051.4500000000003},2267.1980000000003,null,46.8,{"$f":"AI764*AJ764","v":0},445,{"$f":"AI764*AL764","v":0},0,null,46.8,{"$f":"AO764*AP764","v":0},445,{"$f":"AO764*AR764","v":0},0,null,46.8,{"$f":"AU764*AV764","v":0},445,{"$f":"AU764*AX764","v":0},0,null,46.8,{"$f":"BA764*BB764","v":0},445,{"$f":"BA764*BD764","v":0},0,null,82.75,46.8,{"$f":"BH764*BI764","v":3872.7},445,{"$f":"BH764*BK764","v":36823.75},40696.449999999997,27.25,46.8,{"$f":"BN764*BO764","v":1275.3},445,{"$f":"BN764*BQ764","v":12126.25},13401.55]
["3.1.2.3","Верхнее строение пути №2",null,null,null,null,null,null,null,null,null,null,null,null,null,null,null,null,null,null,null,null,null,null,null,null,null,null,null,null,null,null,null,null,null,null,null,null,null,null,null,null,null,null,null,null,null,null,null,null,null,null,null,null,null,null,null,null,null,0,null,null,null,null,null,0]
["3.1.2.3.1","Укладка звеньевого пути в прямых и кривых новыми рельсами (рельсы типа Р65, длиной 12,5м на ж/б шпалах с эпюрой шпал 1840шт./км с разделанным промежуточным скреплением типа Р65 ","м",{"$f":"42.99+66.56","v":109.55000000000001},2475.7199999999998,{"$f":"D766*E766","v":271215.12599999999},60348.14,{"$f":"D766*G766","v":6611138.7370000007},{"$f":"E766*D766+G766*D766","v":6882353.8630000008},null,null,2475.7199999999998,{"$f":"K766*L766","v":0},60348.14,{"$f":"K766*N766","v":0},{"$f":"L766*K766+N766*K766","v":0},null,2475.7199999999998,{"$f":"Q766*R766","v":0},60348.14,{"$f":"Q766*T766","v":0},{"$f":"R766*Q766+T766*Q766","v":0},78.14,2475.7199999999998,{"$f":"W766*X766","v":193452.76079999999},60348.14,{"$f":"W766*Z766","v":4715603.6595999999},{"$f":"X766*W766+Z766*W766","v":4909056.4204000002},4.6100000000000003,2475.7199999999998,{"$f":"AC766*AD766","v":11413.0692},60348.14,{"$f":"AC766*AF766","v":278204.92540000001},{"$f":"AD766*AC766+AF766*AC766","v":289617.99460000003},null,2475.7199999999998,{"$f":"AI766*AJ766","v":0},60348.14,{"$f":"AI766*AL766","v":0},{"$f":"AJ766*AI766+AL766*AI766","v":0},null,2475.7199999999998,{"$f":"AO766*AP766","v":0},60348.14,{"$f":"AO766*AR766","v":0},{"$f":"AP766*AO766+AR766*AO766","v":0},null,2475.7199999999998,{"$f":"AU766*AV766","v":0},60348.14,{"$f":"AU766*AX766","v":0},{"$f":"AV766*AU766+AX766*AU766","v":0},null,2475.7199999999998,{"$f":"BA766*BB766","v":0},60348.14,{"$f":"BA766*BD766","v":0},{"$f":"BB766*BA766+BD766*BA766","v":0},null,82.75,2475.7199999999998,{"$f":"BH766*BI766","v":204865.83},60348.14,{"$f":"BH766*BK766","v":4993808.585},{"$f":"BI766*BH766+BK766*BH766","v":5198674.415},26.800000000000011,2475.7199999999998,{"$f":"BN766*BO766","v":66349.296000000017},60348.14,{"$f":"BN766*BQ766","v":1617330.1520000007},{"$f":"BO766*BN766+BQ766*BN766","v":1683679.4480000008}]
["3.1.2.3.2","Монтаж дюбеля полимерного, Сверление в ж/б конструкциях вертикальных отверстий Ф 35 мм","шт.",152,1254,190608,115,{"$f":"D767*G767","v":17480},208088,null,null,1254,0,115,{"$f":"K767*N767","v":0},0,null,1254,0,115,{"$f":"Q767*T767","v":0},0,100,1254,125400,115,{"$f":"W767*Z767","v":11500},136900,48,1254,60192,115,{"$f":"AC767*AF767","v":5520},65712,null,1254,0,115,{"$f":"AI767*AL767","v":0},0,null,1254,0,115,{"$f":"AO767*AR767","v":0},0,null,1254,0,115,{"$f":"AU767*AX767","v":0},0,null,1254,0,115,{"$f":"BA767*BD767","v":0},0,null,148,1254,185592,115,{"$f":"BH767*BK767","v":17020},202612,4,1254,5016,115,{"$f":"BN767*BQ767","v":460},5476]
["3.1.1.3.3","Выправка пути в плане и в профиле (Р65, шпалы ж/б)","м",{"$f":"42.99+66.56","v":109.55000000000001},6552,717771.60000000009,0,null,717771.60000000009,null,null,6552,0,0,null,0,null,6552,0,0,null,0,78.14,6552,511973.28,0,null,511973.28,4.6100000000000003,6552,30204.720000000001,0,null,30204.720000000001,null,6552,0,0,null,0,null,6552,0,0,null,0,null,6552,0,0,null,0,null,6552,0,0,null,0,null,82.75,6552,542178,0,null,542178,26.800000000000011,6552,175593.60000000006,0,null,175593.60000000006]
["3.1.1.3.4","Послеосадочный ремонт (Р65, шпалы ж/б)","м",{"$f":"42.99+66.56","v":109.55000000000001},6552,717771.60000000009,0,null,717771.60000000009,null,null,6552,0,0,null,0,null,6552,0,0,null,0,null,6552,0,0,null,0,null,6552,0,0,null,0,null,6552,0,0,null,0,null,6552,0,0,null,0,null,6552,0,0,null,0,null,6552,0,0,null,0,null,0,6552,0,0,null,0,109.55000000000001,6552,717771.60000000009,0,null,717771.60000000009]
["3.1.1.3.5","Устройство тупикового рельсового упора колесных пар","шт.",1,124800,124800,49408.35,{"$f":"D770*G770","v":49408.35},174208.35,null,null,124800,0,49408.35,{"$f":"K770*N770","v":0},0,null,124800,0,49408.35,{"$f":"Q770*T770","v":0},0,1,124800,124800,49408.35,{"$f":"W770*Z770","v":49408.35},174208.35,null,124800,0,49408.35,{"$f":"AC770*AF770","v":0},0,null,124800,0,49408.35,{"$f":"AI770*AL770","v":0},0,null,124800,0,49408.35,{"$f":"AO770*AR770","v":0},0,null,124800,0,49408.35,{"$f":"AU770*AX770","v":0},0,null,124800,0,49408.35,{"$f":"BA770*BD770","v":0},0,null,1,124800,124800,49408.35,{"$f":"BH770*BK770","v":49408.35},174208.35,0,124800,0,49408.35,{"$f":"BN770*BQ770","v":0},0]
["3.1.1.3.6","Изготовление и монтаж в построечных условиях конструкций закладных МС2 (68шт., L=150мм; 0,72кг/шт.) ","шт.",{"$f":"36+34","v":70},1664,116480,150,{"$f":"D771*G771","v":10500},126980,null,null,1664,0,150,{"$f":"K771*N771","v":0},0,null,1664,0,150,{"$f":"Q771*T771","v":0},0,70,1664,116480,150,{"$f":"W771*Z771","v":10500},126980,null,1664,0,150,{"$f":"AC771*AF771","v":0},0,null,1664,0,150,{"$f":"AI771*AL771","v":0},0,null,1664,0,150,{"$f":"AO771*AR771","v":0},0,null,1664,0,150,{"$f":"AU771*AX771","v":0},0,null,1664,0,150,{"$f":"BA771*BD771","v":0},0,null,70,1664,116480,150,{"$f":"BH771*BK771","v":10500},126980,0,1664,0,150,{"$f":"BN771*BQ771","v":0},0]
["3.1.1.3.7","Установка изделий МС-1 с огнезащитным покрытием штукатурным составом толщ. покрытия 1 мм","м",{"$f":"86+80","v":166},2154,357564,2178,{"$f":"D772*G772","v":361548},719112,null,null,2154,0,2178,{"$f":"K772*N772","v":0},0,null,2154,0,2178,{"$f":"Q772*T772","v":0},0,156.28,2154,336627.12,2178,{"$f":"W772*Z772","v":340377.84},677004.96,9.7200000000000006,2154,20936.88,2178,{"$f":"AC772*AF772","v":21170.16},42107.040000000001,null,2154,0,2178,{"$f":"AI772*AL772","v":0},0,null,2154,0,2178,{"$f":"AO772*AR772","v":0},0,null,2154,0,2178,{"$f":"AU772*AX772","v":0},0,null,2154,0,2178,{"$f":"BA772*BD772","v":0},0,null,166,2154,357564,2178,{"$f":"BH772*BK772","v":361548},719112,0,2154,0,2178,{"$f":"BN772*BQ772","v":0},0]
["3.1.3","Железнодорожный путь №3",null,null,null,{"$f":"F776+F785+F777+F775+F779+F784+F780+F782+F781+F783+F787+F789+F788+F791+F790+F792+F793","v":8866087.1569999997},null,{"$f":"H776+H785+H777+H775+H779+H784+H780+H782+H781+H783+H787+H789+H788+H791+H790+H792+H793","v":12283535.26},{"$f":"I776+I785+I777+I775+I779+I784+I780+I782+I781+I783+I787+I789+I788+I791+I790+I792+I793","v":21149622.416999999},null,null,null,{"$f":"M776+M785+M777+M775+M779+M784+M780+M782+M781+M783+M787+M789+M788+M791+M790+M792+M793","v":5344571.0156000005},null,{"$f":"O776+O785+O777+O775+O779+O784+O780+O782+O781+O783+O787+O789+O788+O791+O790+O792+O793","v":9404321.6899999995},{"$f":"P776+P785+P777+P775+P779+P784+P780+P782+P781+P783+P787+P789+P788+P791+P790+P792+P793","v":14748892.715599999},null,null,{"$f":"S776+S785+S777+S775+S779+S784+S780+S782+S781+S783+S787+S789+S788+S791+S790+S792+S793","v":0},null,{"$f":"U776+U785+U777+U775+U779+U784+U780+U782+U781+U783+U787+U789+U788+U791+U790+U792+U793","v":0},{"$f":"V776+V785+V777+V775+V779+V784+V780+V782+V781+V783+V787+V789+V788+V791+V790+V792+V793","v":0},null,null,{"$f":"Y776+Y785+Y777+Y775+Y779+Y784+Y780+Y782+Y781+Y783+Y787+Y789+Y788+Y791+Y790+Y792+Y793","v":1429474.3840000001},null,{"$f":"AA776+AA785+AA777+AA775+AA779+AA784+AA780+AA782+AA781+AA783+AA787+AA789+AA788+AA791+AA790+AA792+AA793","v":2308546.0999999996},{"$f":"AB776+AB785+AB777+AB775+AB779+AB784+AB780+AB782+AB781+AB783+AB787+AB789+AB788+AB791+AB790+AB792+AB793","v":3738020.4840000002},null,null,{"$f":"AE776+AE785+AE777+AE775+AE779+AE784+AE780+AE782+AE781+AE783+AE787+AE789+AE788+AE791+AE790+AE792+AE793","v":826504.77120000008},null,{"$f":"AG776+AG785+AG777+AG775+AG779+AG784+AG780+AG782+AG781+AG783+AG787+AG789+AG788+AG791+AG790+AG792+AG793","v":373978.82999999996},{"$f":"AH776+AH785+AH777+AH775+AH779+AH784+AH780+AH782+AH781+AH783+AH787+AH789+AH788+AH791+AH790+AH792+AH793","v":1200483.6012000002},null,null,{"$f":"AK776+AK785+AK777+AK775+AK779+AK784+AK780+AK782+AK781+AK783+AK787+AK789+AK788+AK791+AK790+AK792+AK793","v":0},null,{"$f":"AM776+AM785+AM777+AM775+AM779+AM784+AM780+AM782+AM781+AM783+AM787+AM789+AM788+AM791+AM790+AM792+AM793","v":0},{"$f":"AN776+AN785+AN777+AN775+AN779+AN784+AN780+AN782+AN781+AN783+AN787+AN789+AN788+AN791+AN790+AN792+AN793","v":0},null,null,{"$f":"AQ776+AQ785+AQ777+AQ775+AQ779+AQ784+AQ780+AQ782+AQ781+AQ783+AQ787+AQ789+AQ788+AQ791+AQ790+AQ792+AQ793","v":0},null,{"$f":"AS776+AS785+AS777+AS775+AS779+AS784+AS780+AS782+AS781+AS783+AS787+AS789+AS788+AS791+AS790+AS792+AS793","v":0},{"$f":"AT776+AT785+AT777+AT775+AT779+AT784+AT780+AT782+AT781+AT783+AT787+AT789+AT788+AT791+AT790+AT792+AT793","v":0},null,null,{"$f":"AW776+AW785+AW777+AW775+AW779+AW784+AW780+AW782+AW781+AW783+AW787+AW789+AW788+AW791+AW790+AW792+AW793","v":0},null,{"$f":"AY776+AY785+AY777+AY775+AY779+AY784+AY780+AY782+AY781+AY783+AY787+AY789+AY788+AY791+AY790+AY792+AY793","v":0},{"$f":"AZ776+AZ785+AZ777+AZ775+AZ779+AZ784+AZ780+AZ782+AZ781+AZ783+AZ787+AZ789+AZ788+AZ791+AZ790+AZ792+AZ793","v":0},null,null,{"$f":"BC776+BC785+BC777+BC775+BC779+BC784+BC780+BC782+BC781+BC783+BC787+BC789+BC788+BC791+BC790+BC792+BC793","v":0},null,{"$f":"BE776+BE785+BE777+BE775+BE779+BE784+BE780+BE782+BE781+BE783+BE787+BE789+BE788+BE791+BE790+BE792+BE793","v":0},{"$f":"BF776+BF785+BF777+BF775+BF779+BF784+BF780+BF782+BF781+BF783+BF787+BF789+BF788+BF791+BF790+BF792+BF793","v":0},null,0,null,{"$f":"BJ776+BJ785+BJ777+BJ775+BJ779+BJ784+BJ780+BJ782+BJ781+BJ783+BJ787+BJ789+BJ788+BJ791+BJ790+BJ792+BJ793","v":7600550.1708000004},null,{"$f":"BL776+BL785+BL777+BL775+BL779+BL784+BL780+BL782+BL781+BL783+BL787+BL789+BL788+BL791+BL790+BL792+BL793","v":12086846.620000001},{"$f":"BM776+BM785+BM777+BM775+BM779+BM784+BM780+BM782+BM781+BM783+BM787+BM789+BM788+BM791+BM790+BM792+BM793","v":19687396.800799999},0,null,{"$f":"BP776+BP785+BP777+BP775+BP779+BP784+BP780+BP782+BP781+BP783+BP787+BP789+BP788+BP791+BP790+BP792+BP793","v":1265536.9861999997},null,{"$f":"BR776+BR785+BR777+BR775+BR779+BR784+BR780+BR782+BR781+BR783+BR787+BR789+BR788+BR791+BR790+BR792+BR793","v":196688.63999999987},{"$f":"BS776+BS785+BS777+BS775+BS779+BS784+BS780+BS782+BS781+BS783+BS787+BS789+BS788+BS791+BS790+BS792+BS793","v":1462225.6261999996}]
["3.1.3.1","Сооружение земляного полотна",null,null,0,null,0,null,null,null,null,0,null,0,null,null,null,0,null,0,null,null,null,0,null,0,null,null,null,0,null,0,null,null,null,0,null,0,null,null,null,0,null,0,null,null,null,0,null,0,null,null,null,0,null,0,null,null,null,0,0,null,0,null,null,0,0,null,0]
["3.1.3.1.1","Вывоз и утилизация с К разрыхления 1,6","м3",{"$f":"213.8*1.6-213.8","v":128.28000000000003},1590,{"$f":"D775*E775","v":203965.20000000004},0,null,{"$f":"E775*D775+G775*D775","v":203965.20000000004},null,null,1590,{"$f":"K775*L775","v":0},0,null,{"$f":"L775*K775+N775*K775","v":0},null,1590,{"$f":"Q775*R775","v":0},0,null,{"$f":"R775*Q775+T775*Q775","v":0},null,1590,{"$f":"W775*X775","v":0},0,null,{"$f":"X775*W775+Z775*W775","v":0},128.28000000000003,1590,{"$f":"AC775*AD775","v":203965.20000000004},0,null,{"$f":"AD775*AC775+AF775*AC775","v":203965.20000000004},null,1590,{"$f":"AI775*AJ775","v":0},0,null,{"$f":"AJ775*AI775+AL775*AI775","v":0},null,1590,{"$f":"AO775*AP775","v":0},0,null,{"$f":"AP775*AO775+AR775*AO775","v":0},null,1590,{"$f":"AU775*AV775","v":0},0,null,{"$f":"AV775*AU775+AX775*AU775","v":0},null,1590,{"$f":"BA775*BB775","v":0},0,null,{"$f":"BB775*BA775+BD775*BA775","v":0},null,128.28000000000003,1590,{"$f":"BH775*BI775","v":203965.20000000004},0,null,{"$f":"BI775*BH775+BK775*BH775","v":203965.20000000004},0,1590,{"$f":"BN775*BO775","v":0},0,null,{"$f":"BO775*BN775+BQ775*BN775","v":0}]
["3.1.3.1.2","Вырезка существующего бетонного покрытия пола ","м3",172.01,19422,{"$f":"D776*E776","v":3340778.2199999997},0,null,{"$f":"E776*D776+G776*D776","v":3340778.2199999997},null,164.5,19422,{"$f":"K776*L776","v":3194919},0,null,{"$f":"L776*K776+N776*K776","v":3194919},null,19422,{"$f":"Q776*R776","v":0},0,null,{"$f":"R776*Q776+T776*Q776","v":0},null,19422,{"$f":"W776*X776","v":0},0,null,{"$f":"X776*W776+Z776*W776","v":0},null,19422,{"$f":"AC776*AD776","v":0},0,null,{"$f":"AD776*AC776+AF776*AC776","v":0},null,19422,{"$f":"AI776*AJ776","v":0},0,null,{"$f":"AJ776*AI776+AL776*AI776","v":0},null,19422,{"$f":"AO776*AP776","v":0},0,null,{"$f":"AP776*AO776+AR776*AO776","v":0},null,19422,{"$f":"AU776*AV776","v":0},0,null,{"$f":"AV776*AU776+AX776*AU776","v":0},null,19422,{"$f":"BA776*BB776","v":0},0,null,{"$f":"BB776*BA776+BD776*BA776","v":0},null,164.5,19422,{"$f":"BH776*BI776","v":3194919},0,null,{"$f":"BI776*BH776+BK776*BH776","v":3194919},7.5099999999999909,19422,{"$f":"BN776*BO776","v":145859.21999999983},0,null,{"$f":"BO776*BN776+BQ776*BN776","v":145859.21999999983}]
["3.1.3.1.3","Выемка техногенного грунта с перевозкой на 30 км и утилизацией","м3",213.8,2405,{"$f":"D777*E777","v":514189},0,null,{"$f":"E777*D777+G777*D777","v":514189},null,136,2405,{"$f":"K777*L777","v":327080},0,null,{"$f":"L777*K777+N777*K777","v":327080},null,2405,{"$f":"Q777*R777","v":0},0,null,{"$f":"R777*Q777+T777*Q777","v":0},null,2405,{"$f":"W777*X777","v":0},0,null,{"$f":"X777*W777+Z777*W777","v":0},77.8,2405,{"$f":"AC777*AD777","v":187109},0,null,{"$f":"AD777*AC777+AF777*AC777","v":187109},null,2405,{"$f":"AI777*AJ777","v":0},0,null,{"$f":"AJ777*AI777+AL777*AI777","v":0},null,2405,{"$f":"AO777*AP777","v":0},0,null,{"$f":"AP777*AO777+AR777*AO777","v":0},null,2405,{"$f":"AU777*AV777","v":0},0,null,{"$f":"AV777*AU777+AX777*AU777","v":0},null,2405,{"$f":"BA777*BB777","v":0},0,null,{"$f":"BB777*BA777+BD777*BA777","v":0},null,213.8,2405,{"$f":"BH777*BI777","v":514189},0,null,{"$f":"BI777*BH777+BK777*BH777","v":514189},0,2405,{"$f":"BN777*BO777","v":0},0,null,{"$f":"BO777*BN777+BQ777*BN777","v":0}]
["3.1.3.1.4","Устройство балластного слоя ж/д пути под подошвой шпалы (h)20см",null,null,null,null,null,null,null,null,null,null,null,null,null,null,null,null,null,null,null,null,null,null,null,null,null,null,null,null,null,null,null,null,null,null,null,null,null,null,null,null,null,null,null,null,null,null,null,null,null,null,null,null,null,null,null,null,null,0,null,null,null,null,null,0]
["3.1.3.1.4.1"," - из щебня балластного фр.25-60 ","м3",195,2513,{"$f":"D779*E779","v":490035},6681,{"$f":"D779*G779","v":1302795},{"$f":"E779*D779+G779*D779","v":1792830},null,84,2513,{"$f":"K779*L779","v":211092},6681,{"$f":"K779*N779","v":561204},{"$f":"L779*K779+N779*K779","v":772296},null,2513,{"$f":"Q779*R779","v":0},6681,{"$f":"Q779*T779","v":0},{"$f":"R779*Q779+T779*Q779","v":0},91.74,2513,{"$f":"W779*X779","v":230542.62},6681,{"$f":"W779*Z779","v":612914.93999999994},{"$f":"X779*W779+Z779*W779","v":843457.55999999994},null,2513,{"$f":"AC779*AD779","v":0},6681,{"$f":"AC779*AF779","v":0},{"$f":"AD779*AC779+AF779*AC779","v":0},null,2513,{"$f":"AI779*AJ779","v":0},6681,{"$f":"AI779*AL779","v":0},{"$f":"AJ779*AI779+AL779*AI779","v":0},null,2513,{"$f":"AO779*AP779","v":0},6681,{"$f":"AO779*AR779","v":0},{"$f":"AP779*AO779+AR779*AO779","v":0},null,2513,{"$f":"AU779*AV779","v":0},6681,{"$f":"AU779*AX779","v":0},{"$f":"AV779*AU779+AX779*AU779","v":0},null,2513,{"$f":"BA779*BB779","v":0},6681,{"$f":"BA779*BD779","v":0},{"$f":"BB779*BA779+BD779*BA779","v":0},null,175.74,2513,{"$f":"BH779*BI779","v":441634.62},6681,{"$f":"BH779*BK779","v":1174118.9400000002},{"$f":"BI779*BH779+BK779*BH779","v":1615753.56},19.259999999999991,2513,{"$f":"BN779*BO779","v":48400.379999999976},6681,{"$f":"BN779*BQ779","v":128676.05999999994},{"$f":"BO779*BN779+BQ779*BN779","v":177076.43999999992}]
["3.1.3.1.4.2"," - гравийно-песчаная подушка","м3",113,2333.7600000000002,{"$f":"D780*E780","v":263714.88},2161.5,244249.5,507964.38,null,90.06,2333.7600000000002,{"$f":"K780*L780","v":210178.42560000002},2161.5,194664.69,404843.11560000002,null,2333.7600000000002,{"$f":"Q780*R780","v":0},2161.5,0,0,null,2333.7600000000002,{"$f":"W780*X780","v":0},2161.5,0,0,9.6199999999999992,2333.7600000000002,{"$f":"AC780*AD780","v":22450.771199999999},2161.5,20793.629999999997,43244.401199999993,null,2333.7600000000002,{"$f":"AI780*AJ780","v":0},2161.5,0,0,null,2333.7600000000002,{"$f":"AO780*AP780","v":0},2161.5,0,0,null,2333.7600000000002,{"$f":"AU780*AV780","v":0},2161.5,0,0,null,2333.7600000000002,{"$f":"BA780*BB780","v":0},2161.5,0,0,null,99.68,2333.7600000000002,{"$f":"BH780*BI780","v":232629.19680000003},2161.5,215458.32,448087.51680000004,13.319999999999993,2333.7600000000002,{"$f":"BN780*BO780","v":31085.683199999989},2161.5,28791.179999999986,59876.863199999978]
["3.1.3.1.4.3"," - геотекстиль, 3м","м",156.38999999999999,46.8,{"$f":"D781*E781","v":7319.0519999999988},264,41286.959999999999,48606.011999999995,null,125,46.8,{"$f":"K781*L781","v":5850},264,33000,38850,null,46.8,{"$f":"Q781*R781","v":0},264,0,0,31.389999999999986,46.8,{"$f":"W781*X781","v":1469.0519999999992},264,8286.9599999999955,9756.0119999999952,null,46.8,{"$f":"AC781*AD781","v":0},264,0,0,null,46.8,{"$f":"AI781*AJ781","v":0},264,0,0,null,46.8,{"$f":"AO781*AP781","v":0},264,0,0,null,46.8,{"$f":"AU781*AV781","v":0},264,0,0,null,46.8,{"$f":"BA781*BB781","v":0},264,0,0,null,156.38999999999999,46.8,{"$f":"BH781*BI781","v":7319.0519999999988},264,41286.959999999999,48606.011999999995,0,46.8,{"$f":"BN781*BO781","v":0},264,0,0]
["3.1.3.1.4.4"," - гравийно-песчаная подушка (с К уплотнения)","м3",{"$f":"135.6-113","v":22.599999999999994},0,null,2161.5,48849.899999999987,48849.899999999987,null,null,0,null,2161.5,0,0,null,0,null,2161.5,0,0,null,0,null,2161.5,0,0,19.940000000000001,0,null,2161.5,43100.310000000005,43100.310000000005,null,0,null,2161.5,0,0,null,0,null,2161.5,0,0,null,0,null,2161.5,0,0,null,0,null,2161.5,0,0,null,19.940000000000001,0,null,2161.5,43100.310000000005,43100.310000000005,2.659999999999993,0,null,2161.5,5749.5899999999847,5749.5899999999847]
["3.1.3.1.4.5"," - геотекстиль 2м 500г/м","м",156.38999999999999,46.8,{"$f":"D783*E783","v":7319.0519999999988},180,28150.199999999997,35469.251999999993,null,null,46.8,{"$f":"K783*L783","v":0},180,0,0,null,46.8,{"$f":"Q783*R783","v":0},180,0,0,156.38999999999999,46.8,{"$f":"W783*X783","v":7319.0519999999988},180,28150.199999999997,35469.251999999993,null,46.8,{"$f":"AC783*AD783","v":0},180,0,0,null,46.8,{"$f":"AI783*AJ783","v":0},180,0,0,null,46.8,{"$f":"AO783*AP783","v":0},180,0,0,null,46.8,{"$f":"AU783*AV783","v":0},180,0,0,null,46.8,{"$f":"BA783*BB783","v":0},180,0,0,null,156.38999999999999,46.8,{"$f":"BH783*BI783","v":7319.0519999999988},180,28150.199999999997,35469.251999999993,0,46.8,{"$f":"BN783*BO783","v":0},180,0,0]
["3.1.3.1.4.6"," - из щебня балластного фр.25-60 (с К уплотнения)","м3",{"$f":"245.7-D779","v":50.699999999999989},0,null,6681,338726.6999999999,338726.6999999999,null,null,0,null,6681,0,0,null,0,null,6681,0,0,null,0,null,6681,0,0,45.69,0,null,6681,305254.88999999996,305254.88999999996,null,0,null,6681,0,0,null,0,null,6681,0,0,null,0,null,6681,0,0,null,0,null,6681,0,0,null,45.69,0,null,6681,305254.88999999996,305254.88999999996,5.0099999999999909,0,null,6681,33471.809999999939,33471.809999999939]
["3.1.3.1.4","Вывоз и утилизация с К разрыхления 1,47","м3",{"$f":"D776*1.47","v":252.85469999999998},1490,{"$f":"D785*E785","v":376753.50299999997},0,null,376753.50299999997,null,null,1490,{"$f":"K785*L785","v":0},0,null,0,null,1490,{"$f":"Q785*R785","v":0},0,null,0,null,1490,{"$f":"W785*X785","v":0},0,null,0,241.82,1490,{"$f":"AC785*AD785","v":360311.8},0,null,360311.8,null,1490,{"$f":"AI785*AJ785","v":0},0,null,0,null,1490,{"$f":"AO785*AP785","v":0},0,null,0,null,1490,{"$f":"AU785*AV785","v":0},0,null,0,null,1490,{"$f":"BA785*BB785","v":0},0,null,0,null,241.82,1490,{"$f":"BH785*BI785","v":360311.8},0,null,360311.8,11.034699999999987,1490,{"$f":"BN785*BO785","v":16441.70299999998},0,null,16441.70299999998]
["3.1.3.2","Верхнее строение пути №3",null,null,0,null,0,null,null,null,null,0,null,0,null,null,null,0,null,0,null,null,null,0,null,0,null,null,null,0,null,0,null,null,null,0,null,0,null,null,null,0,null,0,null,null,null,0,null,0,null,null,null,0,null,0,null,null,null,0,0,null,0,null,null,0,0,null,0]
["3.1.3.2.1","Укладка звеньевого пути в прямых и кривых новыми рельсами (рельсы типа Р65, длиной 12,5м на ж/б шпалах с эпюрой шпал 1840шт./км с разделанным промежуточным скреплением типа Р65 ","м",156.25,2475.7199999999998,{"$f":"D787*E787","v":386831.24999999994},60860,{"$f":"D787*G787","v":9509375},{"$f":"E787*D787+G787*D787","v":9896206.25},null,140.75,2475.7199999999998,{"$f":"K787*L787","v":348457.58999999997},60860,{"$f":"K787*N787","v":8566045},{"$f":"(L787*K787+N787*K787)+0.01","v":8914502.5999999996},null,2475.7199999999998,{"$f":"Q787*R787","v":0},60860,{"$f":"Q787*T787","v":0},{"$f":"R787*Q787+T787*Q787","v":0},15.5,2475.7199999999998,{"$f":"W787*X787","v":38373.659999999996},60860,{"$f":"W787*Z787","v":943330},{"$f":"X787*W787+Z787*W787","v":981703.66},null,2475.7199999999998,{"$f":"AC787*AD787","v":0},60860,{"$f":"AC787*AF787","v":0},{"$f":"AD787*AC787+AF787*AC787","v":0},null,2475.7199999999998,{"$f":"AI787*AJ787","v":0},60860,{"$f":"AI787*AL787","v":0},{"$f":"AJ787*AI787+AL787*AI787","v":0},null,2475.7199999999998,{"$f":"AO787*AP787","v":0},60860,{"$f":"AO787*AR787","v":0},{"$f":"AP787*AO787+AR787*AO787","v":0},null,2475.7199999999998,{"$f":"AU787*AV787","v":0},60860,{"$f":"AU787*AX787","v":0},{"$f":"AV787*AU787+AX787*AU787","v":0},null,2475.7199999999998,{"$f":"BA787*BB787","v":0},60860,{"$f":"BA787*BD787","v":0},{"$f":"BB787*BA787+BD787*BA787","v":0},null,156.25,2475.7199999999998,{"$f":"BH787*BI787","v":386831.24999999994},60860,{"$f":"BH787*BK787","v":9509375},{"$f":"BI787*BH787+BK787*BH787+0.01","v":9896206.2599999998},0,2475.7199999999998,{"$f":"BN787*BO787","v":0},60860,{"$f":"BN787*BQ787","v":0},{"$f":"BO787*BN787+BQ787*BN787","v":0}]
["3.1.3.2.2","Выправка пути в плане и в профиле (Р65, шпалы ж/б)","м",156.25,6552,1023750,0,null,1023750,null,140.75,6552,922194,0,null,{"$f":"L788*K788+N788*K788","v":922194},null,6552,0,0,null,0,15.5,6552,101556,0,null,101556,null,6552,0,0,null,0,null,6552,0,0,null,0,null,6552,0,0,null,0,null,6552,0,0,null,0,null,6552,0,0,null,0,null,156.25,6552,1023750,0,null,{"$f":"BI788*BH788+BK788*BH788","v":1023750},0,6552,0,0,null,0]
["3.1.3.2.3","Монтаж дюбеля полимерного, Сверление в ж/б конструкциях вертикальных отверстий Ф 35 мм","шт.",172,1254,215688,115,{"$f":"D789*G789","v":19780},235468,null,null,1254,0,115,{"$f":"K789*N789","v":0},0,null,1254,0,115,{"$f":"Q789*T789","v":0},0,130,1254,163020,115,{"$f":"W789*Z789","v":14950},177970,42,1254,52668,115,{"$f":"AC789*AF789","v":4830},57498,null,1254,0,115,{"$f":"AI789*AL789","v":0},0,null,1254,0,115,{"$f":"AO789*AR789","v":0},0,null,1254,0,115,{"$f":"AU789*AX789","v":0},0,null,1254,0,115,{"$f":"BA789*BD789","v":0},0,null,172,1254,215688,115,{"$f":"BH789*BK789","v":19780},235468,0,1254,0,115,{"$f":"BN789*BQ789","v":0},0]
["3.1.3.2.4","Устройство тупикового рельсового упора колесных пар","шт.",1,124800,124800,49408,{"$f":"D790*G790","v":49408},174208,null,1,124800,124800,49408,{"$f":"K790*N790","v":49408},174208,null,124800,0,49408,{"$f":"Q790*T790","v":0},0,null,124800,0,49408,{"$f":"W790*Z790","v":0},0,null,124800,0,49408,{"$f":"AC790*AF790","v":0},0,null,124800,0,49408,{"$f":"AI790*AL790","v":0},0,null,124800,0,49408,{"$f":"AO790*AR790","v":0},0,null,124800,0,49408,{"$f":"AU790*AX790","v":0},0,null,124800,0,49408,{"$f":"BA790*BD790","v":0},0,null,1,124800,124800,49408,{"$f":"BH790*BK790","v":49408},174208,0,124800,0,49408,{"$f":"BN790*BQ790","v":0},0]
["3.1.3.2.5","Послеосадочный ремонт (Р65, шпалы ж/б)","м",156.25,6552,1023750,0,null,1023750,null,null,6552,0,0,null,0,null,6552,0,0,null,0,null,6552,0,0,null,0,null,6552,0,0,null,0,null,6552,0,0,null,0,null,6552,0,0,null,0,null,6552,0,0,null,0,null,6552,0,0,null,0,null,0,6552,0,0,null,0,156.25,6552,1023750,0,null,1023750]
["3.1.3.2.6","Изготовление и монтаж в построечных условиях конструкций закладных МС2 (68шт., L=150мм; 0,72кг/шт.) ","шт.",128,1664,212992,150,{"$f":"D792*G792","v":19200},232192,null,null,1664,0,150,{"$f":"K792*N792","v":0},0,null,1664,0,150,{"$f":"Q792*T792","v":0},0,128,1664,212992,150,{"$f":"W792*Z792","v":19200},232192,null,1664,0,150,{"$f":"AC792*AF792","v":0},0,null,1664,0,150,{"$f":"AI792*AL792","v":0},0,null,1664,0,150,{"$f":"AO792*AR792","v":0},0,null,1664,0,150,{"$f":"AU792*AX792","v":0},0,null,1664,0,150,{"$f":"BA792*BD792","v":0},0,null,128,1664,212992,150,{"$f":"BH792*BK792","v":19200},232192,0,1664,0,150,{"$f":"BN792*BQ792","v":0},0]
["3.1.3.2.7","Установка изделий МС-1 с огнезащитным покрытием штукатурным составом толщ. покрытия 1 мм","м",313,2154,674202,2178,{"$f":"D793*G793","v":681714},1355916,null,null,2154,0,2178,{"$f":"K793*N793","v":0},0,null,2154,0,2178,{"$f":"Q793*T793","v":0},0,313,2154,674202,2178,{"$f":"W793*Z793","v":681714},1355916,null,2154,0,2178,{"$f":"AC793*AF793","v":0},0,null,2154,0,2178,{"$f":"AI793*AL793","v":0},0,null,2154,0,2178,{"$f":"AO793*AR793","v":0},0,null,2154,0,2178,{"$f":"AU793*AX793","v":0},0,null,2154,0,2178,{"$f":"BA793*BD793","v":0},0,null,313,2154,674202,2178,{"$f":"BH793*BK793","v":681714},1355916,0,2154,0,2178,{"$f":"BN793*BQ793","v":0},0]
["3.1.4","Железнодорожный путь №4",null,null,null,{"$f":"F804+F803+F805+F813+F807+F811+F808+F810+F809+F812+F796+F797+F798+F799+F800+F801","v":4916689.1037999997},null,{"$f":"H804+H803+H805+H813+H807+H811+H808+H810+H809+H812+H796+H797+H798+H799+H800+H801","v":7801834.1000000006},{"$f":"I804+I803+I805+I813+I807+I811+I808+I810+I809+I812+I796+I797+I798+I799+I800+I801","v":12718523.2038},null,null,null,{"$f":"M804+M803+M805+M813+M807+M811+M808+M810+M809+M812+M796+M797+M798+M799+M800+M801","v":2680259.1374000004},null,{"$f":"O804+O803+O805+O813+O807+O811+O808+O810+O809+O812+O796+O797+O798+O799+O800+O801","v":5987395.2349999994},{"$f":"P804+P803+P805+P813+P807+P811+P808+P810+P809+P812+P796+P797+P798+P799+P800+P801","v":8667654.3824000005},null,null,{"$f":"S804+S803+S805+S813+S807+S811+S808+S810+S809+S812+S796+S797+S798+S799+S800+S801","v":0},null,{"$f":"U804+U803+U805+U813+U807+U811+U808+U810+U809+U812+U796+U797+U798+U799+U800+U801","v":0},{"$f":"V804+V803+V805+V813+V807+V811+V808+V810+V809+V812+V796+V797+V798+V799+V800+V801","v":0},null,null,{"$f":"Y804+Y803+Y805+Y813+Y807+Y811+Y808+Y810+Y809+Y812+Y796+Y797+Y798+Y799+Y800+Y801","v":697021.73640000005},null,{"$f":"AA804+AA803+AA805+AA813+AA807+AA811+AA808+AA810+AA809+AA812+AA796+AA797+AA798+AA799+AA800+AA801","v":1409081.7000000002},{"$f":"AB804+AB803+AB805+AB813+AB807+AB811+AB808+AB810+AB809+AB812+AB796+AB797+AB798+AB799+AB800+AB801","v":2106103.4364},null,null,{"$f":"AE804+AE803+AE805+AE813+AE807+AE811+AE808+AE810+AE809+AE812+AE796+AE797+AE798+AE799+AE800+AE801","v":438306.42099999997},null,{"$f":"AG804+AG803+AG805+AG813+AG807+AG811+AG808+AG810+AG809+AG812+AG796+AG797+AG798+AG799+AG800+AG801","v":290856.61499999999},{"$f":"AH804+AH803+AH805+AH813+AH807+AH811+AH808+AH810+AH809+AH812+AH796+AH797+AH798+AH799+AH800+AH801","v":729163.03599999996},null,null,{"$f":"AK804+AK803+AK805+AK813+AK807+AK811+AK808+AK810+AK809+AK812+AK796+AK797+AK798+AK799+AK800+AK801","v":0},null,{"$f":"AM804+AM803+AM805+AM813+AM807+AM811+AM808+AM810+AM809+AM812+AM796+AM797+AM798+AM799+AM800+AM801","v":0},{"$f":"AN804+AN803+AN805+AN813+AN807+AN811+AN808+AN810+AN809+AN812+AN796+AN797+AN798+AN799+AN800+AN801","v":0},null,null,{"$f":"AQ804+AQ803+AQ805+AQ813+AQ807+AQ811+AQ808+AQ810+AQ809+AQ812+AQ796+AQ797+AQ798+AQ799+AQ800+AQ801","v":0},null,{"$f":"AS804+AS803+AS805+AS813+AS807+AS811+AS808+AS810+AS809+AS812+AS796+AS797+AS798+AS799+AS800+AS801","v":0},{"$f":"AT804+AT803+AT805+AT813+AT807+AT811+AT808+AT810+AT809+AT812+AT796+AT797+AT798+AT799+AT800+AT801","v":0},null,null,{"$f":"AW804+AW803+AW805+AW813+AW807+AW811+AW808+AW810+AW809+AW812+AW796+AW797+AW798+AW799+AW800+AW801","v":0},null,{"$f":"AY804+AY803+AY805+AY813+AY807+AY811+AY808+AY810+AY809+AY812+AY796+AY797+AY798+AY799+AY800+AY801","v":0},{"$f":"AZ804+AZ803+AZ805+AZ813+AZ807+AZ811+AZ808+AZ810+AZ809+AZ812+AZ796+AZ797+AZ798+AZ799+AZ800+AZ801","v":0},null,null,{"$f":"BC804+BC803+BC805+BC813+BC807+BC811+BC808+BC810+BC809+BC812+BC796+BC797+BC798+BC799+BC800+BC801","v":0},null,{"$f":"BE804+BE803+BE805+BE813+BE807+BE811+BE808+BE810+BE809+BE812+BE796+BE797+BE798+BE799+BE800+BE801","v":0},{"$f":"BF804+BF803+BF805+BF813+BF807+BF811+BF808+BF810+BF809+BF812+BF796+BF797+BF798+BF799+BF800+BF801","v":0},null,0,null,{"$f":"BJ804+BJ803+BJ805+BJ813+BJ807+BJ811+BJ808+BJ810+BJ809+BJ812+BJ796+BJ797+BJ798+BJ799+BJ800+BJ801","v":3815587.2948000003},null,{"$f":"BL804+BL803+BL805+BL813+BL807+BL811+BL808+BL810+BL809+BL812+BL796+BL797+BL798+BL799+BL800+BL801","v":7687333.5500000007},{"$f":"BM804+BM803+BM805+BM813+BM807+BM811+BM808+BM810+BM809+BM812+BM796+BM797+BM798+BM799+BM800+BM801","v":11502920.854800001},0,null,{"$f":"BP804+BP803+BP805+BP813+BP807+BP811+BP808+BP810+BP809+BP812+BP796+BP797+BP798+BP799+BP800+BP801","v":1101101.8089999999},null,{"$f":"BR804+BR803+BR805+BR813+BR807+BR811+BR808+BR810+BR809+BR812+BR796+BR797+BR798+BR799+BR800+BR801","v":114500.54999999999},{"$f":"BS804+BS803+BS805+BS813+BS807+BS811+BS808+BS810+BS809+BS812+BS796+BS797+BS798+BS799+BS800+BS801","v":1215602.3589999997}]
["3.1.4.2","Верхнее строение пути №4",null,null,0,null,0,null,null,null,null,0,null,0,null,null,null,0,null,0,null,null,null,0,null,0,null,null,null,0,null,0,null,null,null,0,null,0,null,null,null,0,null,0,null,null,null,0,null,0,null,null,null,0,null,0,null,null,null,0,0,null,0,null,null,0,0,null,0]
["3.1.4.2.1","Укладка звеньевого пути в прямых и кривых новыми рельсами (рельсы типа Р65, длиной 12,5м на ж/б шпалах с эпюрой шпал 1840шт./км с разделанным промежуточным скреплением типа Р65","м",97.34,2475.7199999999998,{"$f":"D796*E796","v":240986.58479999998},62297,{"$f":"D796*G796","v":6063989.9800000004},{"$f":"E796*D796+G796*D796","v":6304976.5648000007},null,87.47,2475.7199999999998,{"$f":"K796*L796","v":216551.22839999999},62297,{"$f":"K796*N796","v":5449118.5899999999},{"$f":"L796*K796+N796*K796","v":5665669.8184000002},null,2475.7199999999998,{"$f":"Q796*R796","v":0},62297,{"$f":"Q796*T796","v":0},{"$f":"R796*Q796+T796*Q796","v":0},9.8700000000000045,2475.7199999999998,{"$f":"W796*X796","v":24435.356400000008},62297,{"$f":"W796*Z796","v":614871.39000000025},{"$f":"X796*W796+Z796*W796","v":639306.74640000029},null,2475.7199999999998,{"$f":"AC796*AD796","v":0},62297,{"$f":"AC796*AF796","v":0},{"$f":"AD796*AC796+AF796*AC796","v":0},null,2475.7199999999998,{"$f":"AI796*AJ796","v":0},62297,{"$f":"AI796*AL796","v":0},{"$f":"AJ796*AI796+AL796*AI796","v":0},null,2475.7199999999998,{"$f":"AO796*AP796","v":0},62297,{"$f":"AO796*AR796","v":0},{"$f":"AP796*AO796+AR796*AO796","v":0},null,2475.7199999999998,{"$f":"AU796*AV796","v":0},62297,{"$f":"AU796*AX796","v":0},{"$f":"AV796*AU796+AX796*AU796","v":0},null,2475.7199999999998,{"$f":"BA796*BB796","v":0},62297,{"$f":"BA796*BD796","v":0},{"$f":"BB796*BA796+BD796*BA796","v":0},null,97.34,2475.7199999999998,{"$f":"BH796*BI796","v":240986.58479999998},62297,{"$f":"BH796*BK796","v":6063989.9800000004},{"$f":"BI796*BH796+BK796*BH796","v":6304976.5648000007},0,2475.7199999999998,{"$f":"BN796*BO796","v":0},62297,{"$f":"BN796*BQ796","v":0},{"$f":"BO796*BN796+BQ796*BN796","v":0}]
["3.1.4.2.2","Выправка пути в плане и в профиле (Р65, шпалы ж/б)","м",97.34,6552,637771.68000000005,0,null,637771.68000000005,null,87.48,6552,573168.96000000008,0,null,573168.96000000008,null,6552,0,0,null,0,9.86,6552,64602.719999999994,0,null,64602.719999999994,null,6552,0,0,null,0,null,6552,0,0,null,0,null,6552,0,0,null,0,null,6552,0,0,null,0,null,6552,0,0,null,0,null,97.34,6552,637771.68000000005,0,null,637771.68000000005,0,6552,0,0,null,0]
["3.1.4.2.3","Послеосадочный ремонт (Р65, шпалы ж/б)","м",97.34,6552,637771.68000000005,0,null,637771.68000000005,null,null,6552,0,0,null,0,null,6552,0,0,null,0,null,6552,0,0,null,0,null,6552,0,0,null,0,null,6552,0,0,null,0,null,6552,0,0,null,0,null,6552,0,0,null,0,null,6552,0,0,null,0,null,0,6552,0,0,null,0,97.34,6552,637771.68000000005,0,null,637771.68000000005]
["3.1.4.2.4","Устройство тупикового рельсового упора колесных пар","шт.",1,124800,124800,49408,{"$f":"D799*G799","v":49408},174208,null,1,124800,124800,49408,{"$f":"K799*N799","v":49408},174208,null,124800,0,49408,{"$f":"Q799*T799","v":0},0,null,124800,0,49408,{"$f":"W799*Z799","v":0},0,null,124800,0,49408,{"$f":"AC799*AF799","v":0},0,null,124800,0,49408,{"$f":"AI799*AL799","v":0},0,null,124800,0,49408,{"$f":"AO799*AR799","v":0},0,null,124800,0,49408,{"$f":"AU799*AX799","v":0},0,null,124800,0,49408,{"$f":"BA799*BD799","v":0},0,null,1,124800,124800,49408,{"$f":"BH799*BK799","v":49408},174208,0,124800,0,49408,{"$f":"BN799*BQ799","v":0},0]
["3.1.4.2.5","Изготовление и монтаж в построечных условиях конструкций закладных МС2 (68шт., L=150мм; 0,72кг/шт.) ","шт.",80,1664,133120,150,{"$f":"D800*G800","v":12000},145120,null,null,1664,0,150,{"$f":"K800*N800","v":0},0,null,1664,0,150,{"$f":"Q800*T800","v":0},0,80,1664,133120,150,{"$f":"W800*Z800","v":12000},145120,null,1664,0,150,{"$f":"AC800*AF800","v":0},0,null,1664,0,150,{"$f":"AI800*AL800","v":0},0,null,1664,0,150,{"$f":"AO800*AR800","v":0},0,null,1664,0,150,{"$f":"AU800*AX800","v":0},0,null,1664,0,150,{"$f":"BA800*BD800","v":0},0,null,80,1664,133120,150,{"$f":"BH800*BK800","v":12000},145120,0,1664,0,150,{"$f":"BN800*BQ800","v":0},0]
["3.1.4.2.6","Установка изделий МС-1 с огнезащитным покрытием штукатурным составом толщ. покрытия 1 мм","м",195,2154,420030,2178,{"$f":"D801*G801","v":424710},844740,null,null,2154,0,2178,{"$f":"K801*N801","v":0},0,null,2154,0,2178,{"$f":"Q801*T801","v":0},0,195,2154,420030,2178,{"$f":"W801*Z801","v":424710},844740,null,2154,0,2178,{"$f":"AC801*AF801","v":0},0,null,2154,0,2178,{"$f":"AI801*AL801","v":0},0,null,2154,0,2178,{"$f":"AO801*AR801","v":0},0,null,2154,0,2178,{"$f":"AU801*AX801","v":0},0,null,2154,0,2178,{"$f":"BA801*BD801","v":0},0,null,195,2154,420030,2178,{"$f":"BH801*BK801","v":424710},844740,0,2154,0,2178,{"$f":"BN801*BQ801","v":0},0]
["3.1.4.3","Сооружение земляного полотна",null,null,0,null,0,null,null,null,null,0,null,0,null,null,null,0,null,0,null,null,null,0,null,0,null,null,null,0,null,0,null,null,null,0,null,0,null,null,null,0,null,0,null,null,null,0,null,0,null,null,null,0,null,0,null,null,null,{"$f":"K802+Q802+W802+AC802+AI802+AO802+AU802+BA802","v":0},0,null,0,null,null,{"$f":"D802-BH802","v":0},0,null,0]
["3.1.4.3.1","Вывоз и утилизация с К разрыхления 1,47","м3",{"$f":"D804*1.47","v":121.31910000000001},1590,{"$f":"D803*E803","v":192897.36900000001},0,null,{"$f":"E803*D803+G803*D803","v":192897.36900000001},null,null,1590,{"$f":"K803*L803","v":0},0,null,{"$f":"L803*K803+N803*K803","v":0},null,1590,{"$f":"Q803*R803","v":0},0,null,{"$f":"R803*Q803+T803*Q803","v":0},null,1590,{"$f":"W803*X803","v":0},0,null,{"$f":"X803*W803+Z803*W803","v":0},99.86,1590,{"$f":"AC803*AD803","v":158777.4},0,null,{"$f":"AD803*AC803+AF803*AC803","v":158777.4},null,1590,{"$f":"AI803*AJ803","v":0},0,null,{"$f":"AJ803*AI803+AL803*AI803","v":0},null,1590,{"$f":"AO803*AP803","v":0},0,null,{"$f":"AP803*AO803+AR803*AO803","v":0},null,1590,{"$f":"AU803*AV803","v":0},0,null,{"$f":"AV803*AU803+AX803*AU803","v":0},null,1590,{"$f":"BA803*BB803","v":0},0,null,{"$f":"BB803*BA803+BD803*BA803","v":0},null,99.86,1590,{"$f":"BH803*BI803","v":158777.4},0,null,{"$f":"BI803*BH803+BK803*BH803","v":158777.4},21.459100000000007,1590,{"$f":"BN803*BO803","v":34119.969000000012},0,null,{"$f":"BO803*BN803+BQ803*BN803","v":34119.969000000012}]
["3.1.4.3.2","Вырезка существующего бетонного покрытия пола ","м3",82.53,19422,{"$f":"D804*E804","v":1602897.66},0,null,{"$f":"E804*D804+G804*D804","v":1602897.66},null,67.930000000000007,19422,{"$f":"K804*L804","v":1319336.4600000002},0,null,{"$f":"L804*K804+N804*K804","v":1319336.4600000002},null,19422,{"$f":"Q804*R804","v":0},0,null,{"$f":"R804*Q804+T804*Q804","v":0},null,19422,{"$f":"W804*X804","v":0},0,null,{"$f":"X804*W804+Z804*W804","v":0},null,19422,{"$f":"AC804*AD804","v":0},0,null,{"$f":"AD804*AC804+AF804*AC804","v":0},null,19422,{"$f":"AI804*AJ804","v":0},0,null,{"$f":"AJ804*AI804+AL804*AI804","v":0},null,19422,{"$f":"AO804*AP804","v":0},0,null,{"$f":"AP804*AO804+AR804*AO804","v":0},null,19422,{"$f":"AU804*AV804","v":0},0,null,{"$f":"AV804*AU804+AX804*AU804","v":0},null,19422,{"$f":"BA804*BB804","v":0},0,null,{"$f":"BB804*BA804+BD804*BA804","v":0},null,67.930000000000007,19422,{"$f":"BH804*BI804","v":1319336.4600000002},0,null,{"$f":"BI804*BH804+BK804*BH804","v":1319336.4600000002},14.599999999999994,19422,{"$f":"BN804*BO804","v":283561.1999999999},0,null,{"$f":"BO804*BN804+BQ804*BN804","v":283561.1999999999}]
["3.1.4.3.3","Выемка техногенного грунта с перевозкой на 30 км и утилизацией","м3",133.19,2405,{"$f":"D805*E805","v":320321.95},0,null,{"$f":"E805*D805+G805*D805","v":320321.95},null,75.48,2405,{"$f":"K805*L805","v":181529.40000000002},0,null,{"$f":"L805*K805+N805*K805","v":181529.40000000002},null,2405,{"$f":"Q805*R805","v":0},0,null,{"$f":"R805*Q805+T805*Q805","v":0},null,2405,{"$f":"W805*X805","v":0},0,null,{"$f":"X805*W805+Z805*W805","v":0},28.24,2405,{"$f":"AC805*AD805","v":67917.2},0,null,{"$f":"AD805*AC805+AF805*AC805","v":67917.2},null,2405,{"$f":"AI805*AJ805","v":0},0,null,{"$f":"AJ805*AI805+AL805*AI805","v":0},null,2405,{"$f":"AO805*AP805","v":0},0,null,{"$f":"AP805*AO805+AR805*AO805","v":0},null,2405,{"$f":"AU805*AV805","v":0},0,null,{"$f":"AV805*AU805+AX805*AU805","v":0},null,2405,{"$f":"BA805*BB805","v":0},0,null,{"$f":"BB805*BA805+BD805*BA805","v":0},null,103.72,2405,{"$f":"BH805*BI805","v":249446.6},0,null,{"$f":"BI805*BH805+BK805*BH805","v":249446.6},29.47,2405,{"$f":"BN805*BO805","v":70875.349999999991},0,null,{"$f":"BO805*BN805+BQ805*BN805","v":70875.349999999991}]
["3.1.4.3.4","Устройство балластного слоя ж/д пути под подошвой шпалы (h)20см",null,null,null,null,null,null,null,null,null,null,null,null,null,null,null,null,null,null,null,null,null,null,null,null,null,null,null,null,null,null,null,null,null,null,null,null,null,null,null,null,null,null,null,null,null,null,null,null,null,null,null,null,null,null,null,null,null,0,null,null,null,null,null,0]
["3.1.4.3.4.1"," - из щебня балластного фр.25-60 ","м3",122,2513,{"$f":"D807*E807","v":306586},6681,{"$f":"D807*G807","v":815082},{"$f":"E807*D807+G807*D807","v":1121668},null,52,2513,{"$f":"K807*L807","v":130676},6681,{"$f":"K807*N807","v":347412},{"$f":"L807*K807+N807*K807","v":478088},null,2513,{"$f":"Q807*R807","v":0},6681,{"$f":"Q807*T807","v":0},{"$f":"R807*Q807+T807*Q807","v":0},21.82,2513,{"$f":"W807*X807","v":54833.66},6681,{"$f":"W807*Z807","v":145779.42000000001},{"$f":"X807*W807+Z807*W807","v":200613.08000000002},32.119999999999997,2513,{"$f":"AC807*AD807","v":80717.56},6681,{"$f":"AC807*AF807","v":214593.71999999997},{"$f":"AD807*AC807+AF807*AC807","v":295311.27999999997},null,2513,{"$f":"AI807*AJ807","v":0},6681,{"$f":"AI807*AL807","v":0},{"$f":"AJ807*AI807+AL807*AI807","v":0},null,2513,{"$f":"AO807*AP807","v":0},6681,{"$f":"AO807*AR807","v":0},{"$f":"AP807*AO807+AR807*AO807","v":0},null,2513,{"$f":"AU807*AV807","v":0},6681,{"$f":"AU807*AX807","v":0},{"$f":"AV807*AU807+AX807*AU807","v":0},null,2513,{"$f":"BA807*BB807","v":0},6681,{"$f":"BA807*BD807","v":0},{"$f":"BB807*BA807+BD807*BA807","v":0},null,105.94,2513,{"$f":"BH807*BI807","v":266227.21999999997},6681,{"$f":"BH807*BK807","v":707785.14},{"$f":"BI807*BH807+BK807*BH807","v":974012.36},16.060000000000002,2513,{"$f":"BN807*BO807","v":40358.780000000006},6681,{"$f":"BN807*BQ807","v":107296.86000000002},{"$f":"BO807*BN807+BQ807*BN807","v":147655.64000000001}]
["3.1.4.3.4.2"," - гравийно-песчаная подушка","м3",70,2333.5,{"$f":"D808*E808","v":163345},2161.5,151305,314650,null,55.95,2333.5,{"$f":"K808*L808","v":130559.32500000001},2161.5,120935.925,{"$f":"(L808*K808+N808*K808)+0.01","v":251495.26},null,2333.5,{"$f":"Q808*R808","v":0},2161.5,0,0,null,2333.5,{"$f":"W808*X808","v":0},2161.5,0,0,11.35,2333.5,{"$f":"AC808*AD808","v":26485.224999999999},2161.5,24533.024999999998,51018.25,null,2333.5,{"$f":"AI808*AJ808","v":0},2161.5,0,0,null,2333.5,{"$f":"AO808*AP808","v":0},2161.5,0,0,null,2333.5,{"$f":"AU808*AV808","v":0},2161.5,0,0,null,2333.5,{"$f":"BA808*BB808","v":0},2161.5,0,0,null,67.3,2333.5,{"$f":"BH808*BI808","v":157044.54999999999},2161.5,145468.94999999998,{"$f":"BI808*BH808+BK808*BH808+0.01","v":302513.51},2.7000000000000028,2333.5,{"$f":"BN808*BO808","v":6300.4500000000062},2161.5,5836.0500000000065,12136.500000000013]
["3.1.4.3.4.3"," - геотекстиль, 3м","м",97.2,46.8,{"$f":"D809*E809","v":4548.96},264,25660.799999999999,30209.759999999998,null,77.73,46.8,{"$f":"K809*L809","v":3637.7640000000001},264,20520.72,24158.484,null,46.8,{"$f":"Q809*R809","v":0},264,0,0,null,46.8,{"$f":"W809*X809","v":0},264,0,0,19.47,46.8,{"$f":"AC809*AD809","v":911.19599999999991},264,5140.08,6051.2759999999998,null,46.8,{"$f":"AI809*AJ809","v":0},264,0,0,null,46.8,{"$f":"AO809*AP809","v":0},264,0,0,null,46.8,{"$f":"AU809*AV809","v":0},264,0,0,null,46.8,{"$f":"BA809*BB809","v":0},264,0,0,null,97.2,46.8,{"$f":"BH809*BI809","v":4548.96},264,25660.799999999999,30209.759999999998,0,46.8,{"$f":"BN809*BO809","v":0},264,0,0]
["3.1.4.3.4.4"," - гравийно-песчаная подушка (К уплотнения)","м3",{"$f":"84-70","v":14},0,null,2161.5,30261,30261,null,null,0,null,2161.5,0,0,null,0,null,2161.5,0,0,null,0,null,2161.5,0,0,13.46,0,null,2161.5,29093.79,29093.79,null,0,null,2161.5,0,0,null,0,null,2161.5,0,0,null,0,null,2161.5,0,0,null,0,null,2161.5,0,0,null,13.46,0,null,2161.5,29093.79,29093.79,0.53999999999999915,0,null,2161.5,1167.2099999999982,1167.2099999999982]
["3.1.4.3.4.5"," - из щебня балластного фр.25-60 ","м3",{"$f":"153.72-D807","v":31.72},0,null,6681,211921.31999999998,211921.31999999998,null,null,0,null,6681,0,0,null,0,null,6681,0,0,31.69,0,null,6681,211720.89,211720.89,null,0,null,6681,0,0,null,0,null,6681,0,0,null,0,null,6681,0,0,null,0,null,6681,0,0,null,0,null,6681,0,0,null,31.69,0,null,6681,211720.89,211720.89,2.9999999999997584E-2,0,null,6681,200.42999999998386,200.42999999998386]
["3.1.4.3.4.6"," - геотекстиль 2м 500г/м","м",97.2,46.8,{"$f":"D812*E812","v":4548.96},180,17496,22044.959999999999,null,null,46.8,{"$f":"K812*L812","v":0},180,0,0,null,46.8,{"$f":"Q812*R812","v":0},180,0,0,null,46.8,{"$f":"W812*X812","v":0},180,0,0,97.2,46.8,{"$f":"AC812*AD812","v":4548.96},180,17496,22044.959999999999,null,46.8,{"$f":"AI812*AJ812","v":0},180,0,0,null,46.8,{"$f":"AO812*AP812","v":0},180,0,0,null,46.8,{"$f":"AU812*AV812","v":0},180,0,0,null,46.8,{"$f":"BA812*BB812","v":0},180,0,0,null,97.2,46.8,{"$f":"BH812*BI812","v":4548.96},180,17496,22044.959999999999,0,46.8,{"$f":"BN812*BO812","v":0},180,0,0]
["3.1.4.3.5","Вывоз и утилизация с К разрыхления 1,6","м3",{"$f":"133.19*1.6-133.19","v":79.914000000000016},1590,{"$f":"D813*E813","v":127063.26000000002},0,null,127063.26000000002,null,null,1590,{"$f":"K813*L813","v":0},0,null,0,null,1590,{"$f":"Q813*R813","v":0},0,null,0,null,1590,{"$f":"W813*X813","v":0},0,null,0,62.231999999999999,1590,{"$f":"AC813*AD813","v":98948.88},0,null,98948.88,null,1590,{"$f":"AI813*AJ813","v":0},0,null,0,null,1590,{"$f":"AO813*AP813","v":0},0,null,0,null,1590,{"$f":"AU813*AV813","v":0},0,null,0,null,1590,{"$f":"BA813*BB813","v":0},0,null,0,null,62.231999999999999,1590,{"$f":"BH813*BI813","v":98948.88},0,null,98948.88,17.682000000000016,1590,{"$f":"BN813*BO813","v":28114.380000000026},0,null,28114.380000000026]
[4,"Наружные сети и сооружения водоснабжения, водоотведения, теплоснабжения и газоснабжения",null,null,null,null,null,null,null,null,null,null,null,null,null,null,null,null,null,null,null,null,null,null,null,null,null,null,null,null,null,null,null,null,null,null,null,null,null,null,null,null,null,null,null,null,null,null,null,null,null,null,null,null,null,null,null,null,null,0,null,null,null,null,null,0]
["4.1.","130-23-НВК Наружные сети канализации",null,null,null,null,null,null,null,null,null,null,null,null,null,null,null,null,null,null,null,null,null,null,null,null,null,null,null,null,null,null,null,null,null,null,{"$f":"AK816+AK817+AK818+AK821+AK822+AK825+AK826+AK827","v":0},null,{"$f":"AM816+AM817+AM818+AM821+AM822+AM825+AM826+AM827","v":0},{"$f":"AN816+AN817+AN818+AN821+AN822+AN825+AN826+AN827","v":0},null,null,{"$f":"AQ816+AQ817+AQ818+AQ821+AQ822+AQ825+AQ826+AQ827","v":0},null,{"$f":"AS816+AS817+AS818+AS821+AS822+AS825+AS826+AS827","v":0},{"$f":"AT816+AT817+AT818+AT821+AT822+AT825+AT826+AT827","v":0},null,null,{"$f":"AW816+AW817+AW818+AW821+AW822+AW825+AW826+AW827","v":0},null,{"$f":"AY816+AY817+AY818+AY821+AY822+AY825+AY826+AY827","v":0},{"$f":"AZ816+AZ817+AZ818+AZ821+AZ822+AZ825+AZ826+AZ827","v":0},null,null,{"$f":"BC816+BC817+BC818+BC821+BC822+BC825+BC826+BC827","v":0},null,{"$f":"BE816+BE817+BE818+BE821+BE822+BE825+BE826+BE827","v":0},{"$f":"BF816+BF817+BF818+BF821+BF822+BF825+BF826+BF827","v":0},null,0,null,{"$f":"BJ816+BJ817+BJ818+BJ821+BJ822+BJ825+BJ826+BJ827","v":1633051.8668},null,{"$f":"BL816+BL817+BL818+BL821+BL822+BL825+BL826+BL827","v":755727.39479999989},{"$f":"BM816+BM817+BM818+BM821+BM822+BM825+BM826+BM827","v":2388779.2615999999},0,null,{"$f":"BP816+BP817+BP818+BP821+BP822+BP825+BP826+BP827","v":908758.40049999999},null,{"$f":"BR816+BR817+BR818+BR821+BR822+BR825+BR826+BR827","v":266109.73240000004},{"$f":"BS816+BS817+BS818+BS821+BS822+BS825+BS826+BS827","v":1174868.1329000001}]
["4.1.1","Разборка дорожных покрытий","м3",92.84,7609.19,{"$f":"D816*E816","v":706437.19959999993},0,null,{"$f":"E816*D816+G816*D816","v":706437.19959999993},null,null,7609.19,{"$f":"K816*L816","v":0},0,null,{"$f":"L816*K816+N816*K816","v":0},null,7609.19,{"$f":"Q816*R816","v":0},0,null,{"$f":"R816*Q816+T816*Q816","v":0},null,7609.19,{"$f":"W816*X816","v":0},0,null,{"$f":"X816*W816+Z816*W816","v":0},45.38,7609.19,{"$f":"AC816*AD816","v":345305.04220000003},0,null,{"$f":"AD816*AC816+AF816*AC816","v":345305.04220000003},null,7609.19,{"$f":"AI816*AJ816","v":0},0,null,{"$f":"AJ816*AI816+AL816*AI816","v":0},null,7609.19,{"$f":"AO816*AP816","v":0},0,null,{"$f":"AP816*AO816+AR816*AO816","v":0},null,7609.19,{"$f":"AU816*AV816","v":0},0,null,{"$f":"AV816*AU816+AX816*AU816","v":0},null,7609.19,{"$f":"BA816*BB816","v":0},0,null,{"$f":"BB816*BA816+BD816*BA816","v":0},null,45.38,7609.19,{"$f":"BH816*BI816","v":345305.04220000003},0,null,{"$f":"BI816*BH816+BK816*BH816","v":345305.04220000003},47.46,7609.19,{"$f":"BN816*BO816","v":361132.15739999997},0,null,{"$f":"BO816*BN816+BQ816*BN816","v":361132.15739999997}]
["4.1.2","Демонтаж коллектора","м3",2.89,120911.25,{"$f":"D817*E817","v":349433.51250000001},0,null,{"$f":"E817*D817+G817*D817","v":349433.51250000001},null,null,120911.25,{"$f":"K817*L817","v":0},0,null,{"$f":"L817*K817+N817*K817","v":0},null,120911.25,{"$f":"Q817*R817","v":0},0,null,{"$f":"R817*Q817+T817*Q817","v":0},null,120911.25,{"$f":"W817*X817","v":0},0,null,{"$f":"X817*W817+Z817*W817","v":0},2.89,120911.25,{"$f":"AC817*AD817","v":349433.51250000001},0,null,{"$f":"AD817*AC817+AF817*AC817","v":349433.51250000001},null,120911.25,{"$f":"AI817*AJ817","v":0},0,null,{"$f":"AJ817*AI817+AL817*AI817","v":0},null,120911.25,{"$f":"AO817*AP817","v":0},0,null,{"$f":"AP817*AO817+AR817*AO817","v":0},null,120911.25,{"$f":"AU817*AV817","v":0},0,null,{"$f":"AV817*AU817+AX817*AU817","v":0},null,120911.25,{"$f":"BA817*BB817","v":0},0,null,{"$f":"BB817*BA817+BD817*BA817","v":0},null,2.89,120911.25,{"$f":"BH817*BI817","v":349433.51250000001},0,null,{"$f":"BI817*BH817+BK817*BH817","v":349433.51250000001},0,120911.25,{"$f":"BN817*BO817","v":0},0,null,{"$f":"BO817*BN817+BQ817*BN817","v":0}]
["4.1.3","Прочие работы. Погрузка, вывоз, утилизация",null,null,0,{"$f":"SUM(F819:F820)","v":320749.10880000005},0,null,{"$f":"SUM(I819:I820)","v":320749.10880000005},null,null,0,{"$f":"SUM(M819:M820)","v":0},0,null,{"$f":"SUM(P819:P820)","v":0},null,0,{"$f":"SUM(S819:S820)","v":0},0,null,{"$f":"SUM(V819:V820)","v":0},null,0,{"$f":"SUM(Y819:Y820)","v":0},0,null,{"$f":"SUM(AB819:AB820)","v":0},null,0,{"$f":"SUM(AE819:AE820)","v":161736.4602},0,null,{"$f":"SUM(AH819:AH820)","v":161736.4602},null,0,{"$f":"SUM(AK819:AK820)","v":0},0,null,{"$f":"SUM(AN819:AN820)","v":0},null,0,{"$f":"SUM(AQ819:AQ820)","v":0},0,null,{"$f":"SUM(AT819:AT820)","v":0},null,0,{"$f":"SUM(AW819:AW820)","v":0},0,null,{"$f":"SUM(AZ819:AZ820)","v":0},null,0,{"$f":"SUM(BC819:BC820)","v":0},0,null,{"$f":"SUM(BF819:BF820)","v":0},null,0,0,{"$f":"SUM(BJ819:BJ820)","v":161736.4602},0,null,{"$f":"SUM(BM819:BM820)","v":161736.4602},0,0,{"$f":"SUM(BP819:BP820)","v":159012.64860000004},0,null,{"$f":"SUM(BS819:BS820)","v":159012.64860000004}]
["4.1.3.1","Погрузка дорожного покрытия, щебня, жб мусора","м3",95.73,1013.26,{"$f":"D819*E819","v":96999.37980000001},0,null,{"$f":"E819*D819+G819*D819","v":96999.37980000001},null,null,1013.26,{"$f":"K819*L819","v":0},0,null,{"$f":"L819*K819+N819*K819","v":0},null,1013.26,{"$f":"Q819*R819","v":0},0,null,{"$f":"R819*Q819+T819*Q819","v":0},null,1013.26,{"$f":"W819*X819","v":0},0,null,{"$f":"X819*W819+Z819*W819","v":0},48.27,1013.26,{"$f":"AC819*AD819","v":48910.0602},0,null,{"$f":"AD819*AC819+AF819*AC819","v":48910.0602},null,1013.26,{"$f":"AI819*AJ819","v":0},0,null,{"$f":"AJ819*AI819+AL819*AI819","v":0},null,1013.26,{"$f":"AO819*AP819","v":0},0,null,{"$f":"AP819*AO819+AR819*AO819","v":0},null,1013.26,{"$f":"AU819*AV819","v":0},0,null,{"$f":"AV819*AU819+AX819*AU819","v":0},null,1013.26,{"$f":"BA819*BB819","v":0},0,null,{"$f":"BB819*BA819+BD819*BA819","v":0},null,48.27,1013.26,{"$f":"BH819*BI819","v":48910.0602},0,null,{"$f":"BI819*BH819+BK819*BH819","v":48910.0602},47.46,1013.26,{"$f":"BN819*BO819","v":48089.319600000003},0,null,{"$f":"BO819*BN819+BQ819*BN819","v":48089.319600000003}]
["4.1.3.2","Вывоз и утилизация с К разрыхления 1,47","м3",{"$f":"D819*1.47","v":140.72310000000002},1590,{"$f":"D820*E820","v":223749.72900000002},0,null,{"$f":"E820*D820+G820*D820","v":223749.72900000002},null,null,1590,{"$f":"K820*L820","v":0},0,null,{"$f":"L820*K820+N820*K820","v":0},null,1590,{"$f":"Q820*R820","v":0},0,null,{"$f":"R820*Q820+T820*Q820","v":0},null,1590,{"$f":"W820*X820","v":0},0,null,{"$f":"X820*W820+Z820*W820","v":0},70.959999999999994,1590,{"$f":"AC820*AD820","v":112826.4},0,null,{"$f":"AD820*AC820+AF820*AC820","v":112826.4},null,1590,{"$f":"AI820*AJ820","v":0},0,null,{"$f":"AJ820*AI820+AL820*AI820","v":0},null,1590,{"$f":"AO820*AP820","v":0},0,null,{"$f":"AP820*AO820+AR820*AO820","v":0},null,1590,{"$f":"AU820*AV820","v":0},0,null,{"$f":"AV820*AU820+AX820*AU820","v":0},null,1590,{"$f":"BA820*BB820","v":0},0,null,{"$f":"BB820*BA820+BD820*BA820","v":0},null,70.959999999999994,1590,{"$f":"BH820*BI820","v":112826.4},0,null,{"$f":"BI820*BH820+BK820*BH820","v":112826.4},69.763100000000023,1590,{"$f":"BN820*BO820","v":110923.32900000004},0,null,{"$f":"BO820*BN820+BQ820*BN820","v":110923.32900000004}]
["4.1.4","Земляные работы. Разработка грунта, обратная засыпка щебнем, песком, грунтом, уплотнение","м3",164.87,3171.81,{"$f":"D821*E821","v":522936.31469999999},2762.02,{"$f":"D821*G821","v":455374.23739999998},{"$f":"E821*D821+G821*D821","v":978310.55209999997},null,null,3171.81,{"$f":"K821*L821","v":0},2762.02,{"$f":"K821*N821","v":0},{"$f":"L821*K821+N821*K821","v":0},null,3171.81,{"$f":"Q821*R821","v":0},2762.02,{"$f":"Q821*T821","v":0},{"$f":"R821*Q821+T821*Q821","v":0},null,3171.81,{"$f":"W821*X821","v":0},2762.02,{"$f":"W821*Z821","v":0},{"$f":"X821*W821+Z821*W821","v":0},119.49,3171.81,{"$f":"AC821*AD821","v":378999.57689999999},2762.02,{"$f":"AC821*AF821","v":330033.76980000001},{"$f":"AD821*AC821+AF821*AC821","v":709033.34669999999},null,3171.81,{"$f":"AI821*AJ821","v":0},2762.02,{"$f":"AI821*AL821","v":0},{"$f":"AJ821*AI821+AL821*AI821","v":0},null,3171.81,{"$f":"AO821*AP821","v":0},2762.02,{"$f":"AO821*AR821","v":0},{"$f":"AP821*AO821+AR821*AO821","v":0},null,3171.81,{"$f":"AU821*AV821","v":0},2762.02,{"$f":"AU821*AX821","v":0},{"$f":"AV821*AU821+AX821*AU821","v":0},null,3171.81,{"$f":"BA821*BB821","v":0},2762.02,{"$f":"BA821*BD821","v":0},{"$f":"BB821*BA821+BD821*BA821","v":0},null,119.49,3171.81,{"$f":"BH821*BI821","v":378999.57689999999},2762.02,{"$f":"BH821*BK821","v":330033.76980000001},{"$f":"BI821*BH821+BK821*BH821","v":709033.34669999999},45.38000000000001,3171.81,{"$f":"BN821*BO821","v":143936.73780000003},2762.02,{"$f":"BN821*BQ821","v":125340.46760000003},{"$f":"BO821*BN821+BQ821*BN821","v":269277.20540000009}]
["4.1.5","Прочие работы. Лишний грунт. Погрузка, вывоз, утилизация",null,null,0,{"$f":"SUM(F823:F824)","v":82184.665500000003},0,null,{"$f":"SUM(I823:I824)","v":82184.665500000003},null,null,0,{"$f":"SUM(M823:M824)","v":0},0,null,{"$f":"SUM(P823:P824)","v":0},null,0,{"$f":"SUM(S823:S824)","v":0},0,null,{"$f":"SUM(V823:V824)","v":0},null,0,{"$f":"SUM(Y823:Y824)","v":0},0,null,{"$f":"SUM(AB823:AB824)","v":0},null,0,{"$f":"SUM(AE823:AE824)","v":0},0,null,{"$f":"SUM(AH823:AH824)","v":0},null,0,{"$f":"SUM(AK823:AK824)","v":0},0,null,{"$f":"SUM(AN823:AN824)","v":0},null,0,{"$f":"SUM(AQ823:AQ824)","v":0},0,null,{"$f":"SUM(AT823:AT824)","v":0},null,0,{"$f":"SUM(AW823:AW824)","v":0},0,null,{"$f":"SUM(AZ823:AZ824)","v":0},null,0,{"$f":"SUM(BC823:BC824)","v":0},0,null,{"$f":"SUM(BF823:BF824)","v":0},null,0,0,{"$f":"SUM(BJ823:BJ824)","v":0},0,null,{"$f":"SUM(BM823:BM824)","v":0},0,0,{"$f":"SUM(BP823:BP824)","v":82184.665500000003},0,null,{"$f":"SUM(BS823:BS824)","v":82184.665500000003}]
["4.1.5.1","Погрузка лишнего грунта","м3",24.85,915.23,{"$f":"D823*E823","v":22743.465500000002},0,null,{"$f":"E823*D823+G823*D823","v":22743.465500000002},null,null,915.23,{"$f":"K823*L823","v":0},0,null,{"$f":"L823*K823+N823*K823","v":0},null,915.23,{"$f":"Q823*R823","v":0},0,null,{"$f":"R823*Q823+T823*Q823","v":0},null,915.23,{"$f":"W823*X823","v":0},0,null,{"$f":"X823*W823+Z823*W823","v":0},null,915.23,{"$f":"AC823*AD823","v":0},0,null,{"$f":"AD823*AC823+AF823*AC823","v":0},null,915.23,{"$f":"AI823*AJ823","v":0},0,null,{"$f":"AJ823*AI823+AL823*AI823","v":0},null,915.23,{"$f":"AO823*AP823","v":0},0,null,{"$f":"AP823*AO823+AR823*AO823","v":0},null,915.23,{"$f":"AU823*AV823","v":0},0,null,{"$f":"AV823*AU823+AX823*AU823","v":0},null,915.23,{"$f":"BA823*BB823","v":0},0,null,{"$f":"BB823*BA823+BD823*BA823","v":0},null,0,915.23,{"$f":"BH823*BI823","v":0},0,null,{"$f":"BI823*BH823+BK823*BH823","v":0},24.85,915.23,{"$f":"BN823*BO823","v":22743.465500000002},0,null,{"$f":"BO823*BN823+BQ823*BN823","v":22743.465500000002}]
["4.1.5.2","Вывоз и утилизация с К разрыхления 1,6","м3",{"$f":"D823*1.6","v":39.760000000000005},1495,{"$f":"D824*E824","v":59441.200000000004},0,null,59441.200000000004,null,null,1495,{"$f":"K824*L824","v":0},0,null,0,null,1495,{"$f":"Q824*R824","v":0},0,null,0,null,1495,{"$f":"W824*X824","v":0},0,null,0,null,1495,{"$f":"AC824*AD824","v":0},0,null,0,null,1495,{"$f":"AI824*AJ824","v":0},0,null,0,null,1495,{"$f":"AO824*AP824","v":0},0,null,0,null,1495,{"$f":"AU824*AV824","v":0},0,null,0,null,1495,{"$f":"BA824*BB824","v":0},0,null,0,null,0,1495,{"$f":"BH824*BI824","v":0},0,null,0,39.760000000000005,1495,{"$f":"BN824*BO824","v":59441.200000000004},0,null,59441.200000000004]
["4.1.6","Прокладка ПВХ трубопровода Дн 160 в стальном футляре, с отводами в колодцы, бетонированием","м",106.18,4824.59,{"$f":"D825*E825","v":512274.96620000002},4179.6099999999997,{"$f":"D825*G825","v":443790.98979999998},956065.95600000001,null,null,4824.59,{"$f":"K825*L825","v":0},4179.6099999999997,{"$f":"K825*N825","v":0},0,null,4824.59,{"$f":"Q825*R825","v":0},4179.6099999999997,{"$f":"Q825*T825","v":0},0,null,4824.59,{"$f":"W825*X825","v":0},4179.6099999999997,{"$f":"W825*Z825","v":0},0,72.5,4824.59,{"$f":"AC825*AD825","v":349782.77500000002},4179.6099999999997,{"$f":"AC825*AF825","v":303021.72499999998},652804.5,null,4824.59,{"$f":"AI825*AJ825","v":0},4179.6099999999997,{"$f":"AI825*AL825","v":0},0,null,4824.59,{"$f":"AO825*AP825","v":0},4179.6099999999997,{"$f":"AO825*AR825","v":0},0,null,4824.59,{"$f":"AU825*AV825","v":0},4179.6099999999997,{"$f":"AU825*AX825","v":0},0,null,4824.59,{"$f":"BA825*BB825","v":0},4179.6099999999997,{"$f":"BA825*BD825","v":0},0,null,72.5,4824.59,{"$f":"BH825*BI825","v":349782.77500000002},4179.6099999999997,{"$f":"BH825*BK825","v":303021.72499999998},652804.5,33.680000000000007,4824.59,{"$f":"BN825*BO825","v":162492.19120000003},4179.6099999999997,{"$f":"BN825*BQ825","v":140769.2648},303261.45600000001]
["4.1.7","Установка ж/б колодцев К1-1 ","шт.",1,23112.7,{"$f":"D826*E826","v":23112.7},62314.2,{"$f":"D826*G826","v":62314.2},85426.9,null,null,23112.7,{"$f":"K826*L826","v":0},62314.2,{"$f":"K826*N826","v":0},0,null,23112.7,{"$f":"Q826*R826","v":0},62314.2,{"$f":"Q826*T826","v":0},0,null,23112.7,{"$f":"W826*X826","v":0},62314.2,{"$f":"W826*Z826","v":0},0,1,23112.7,{"$f":"AC826*AD826","v":23112.7},62314.2,{"$f":"AC826*AF826","v":62314.2},85426.9,null,23112.7,{"$f":"AI826*AJ826","v":0},62314.2,{"$f":"AI826*AL826","v":0},0,null,23112.7,{"$f":"AO826*AP826","v":0},62314.2,{"$f":"AO826*AR826","v":0},0,null,23112.7,{"$f":"AU826*AV826","v":0},62314.2,{"$f":"AU826*AX826","v":0},0,null,23112.7,{"$f":"BA826*BB826","v":0},62314.2,{"$f":"BA826*BD826","v":0},0,null,1,23112.7,{"$f":"BH826*BI826","v":23112.7},62314.2,{"$f":"BH826*BK826","v":62314.2},85426.9,0,23112.7,{"$f":"BN826*BO826","v":0},62314.2,{"$f":"BN826*BQ826","v":0},0]
["4.1.8","Установка ж/б колодцев К1-3","шт.",1,24681.8,{"$f":"D827*E827","v":24681.8},60357.7,{"$f":"D827*G827","v":60357.7},85039.5,null,null,24681.8,{"$f":"K827*L827","v":0},60357.7,{"$f":"K827*N827","v":0},0,null,24681.8,{"$f":"Q827*R827","v":0},60357.7,{"$f":"Q827*T827","v":0},0,null,24681.8,{"$f":"W827*X827","v":0},60357.7,{"$f":"W827*Z827","v":0},0,1,24681.8,{"$f":"AC827*AD827","v":24681.8},60357.7,{"$f":"AC827*AF827","v":60357.7},85039.5,null,24681.8,{"$f":"AI827*AJ827","v":0},60357.7,{"$f":"AI827*AL827","v":0},0,null,24681.8,{"$f":"AO827*AP827","v":0},60357.7,{"$f":"AO827*AR827","v":0},0,null,24681.8,{"$f":"AU827*AV827","v":0},60357.7,{"$f":"AU827*AX827","v":0},0,null,24681.8,{"$f":"BA827*BB827","v":0},60357.7,{"$f":"BA827*BD827","v":0},0,null,1,24681.8,{"$f":"BH827*BI827","v":24681.8},60357.7,{"$f":"BH827*BK827","v":60357.7},85039.5,0,24681.8,{"$f":"BN827*BO827","v":0},60357.7,{"$f":"BN827*BQ827","v":0},0]
["ИТОГО, руб. в т.ч. НДС 20%",null,null,null,null,null,null,null,null,null,null,null,null,null,null,null,null,null,null,null,null,null,null,null,null,null,null,null,null,null,null,null,null,null,null,null,{"$f":"AK32+AK94+AK109+AK114+AK198+AK212+AK234+AK289+AK307+AK310+AK333+AK341+AK376+AK514+AK538+AK571+AK588+AK686+AK709+AK714+AK719+AK733+AK815","v":4892298.0480000004},null,{"$f":"AM32+AM94+AM109+AM114+AM198+AM212+AM234+AM289+AM307+AM310+AM333+AM341+AM376+AM514+AM538+AM571+AM588+AM686+AM709+AM714+AM719+AM733+AM815","v":8313140.9360000007},{"$f":"AN32+AN94+AN109+AN114+AN198+AN212+AN234+AN289+AN307+AN310+AN333+AN341+AN376+AN514+AN538+AN571+AN588+AN686+AN709+AN714+AN719+AN733+AN815","v":13205438.984000001},null,null,{"$f":"AQ32+AQ94+AQ109+AQ114+AQ198+AQ212+AQ234+AQ289+AQ307+AQ310+AQ333+AQ341+AQ376+AQ514+AQ538+AQ571+AQ588+AQ686+AQ709+AQ714+AQ719+AQ733+AQ815","v":0},null,{"$f":"AS32+AS94+AS109+AS114+AS198+AS212+AS234+AS289+AS307+AS310+AS333+AS341+AS376+AS514+AS538+AS571+AS588+AS686+AS709+AS714+AS719+AS733+AS815","v":0},{"$f":"AT32+AT94+AT109+AT114+AT198+AT212+AT234+AT289+AT307+AT310+AT333+AT341+AT376+AT514+AT538+AT571+AT588+AT686+AT709+AT714+AT719+AT733+AT815","v":0},null,null,{"$f":"AW32+AW94+AW109+AW114+AW198+AW212+AW234+AW289+AW307+AW310+AW333+AW341+AW376+AW514+AW538+AW571+AW588+AW686+AW709+AW714+AW719+AW733+AW815","v":0},null,{"$f":"AY32+AY94+AY109+AY114+AY198+AY212+AY234+AY289+AY307+AY310+AY333+AY341+AY376+AY514+AY538+AY571+AY588+AY686+AY709+AY714+AY719+AY733+AY815","v":0},{"$f":"AZ32+AZ94+AZ109+AZ114+AZ198+AZ212+AZ234+AZ289+AZ307+AZ310+AZ333+AZ341+AZ376+AZ514+AZ538+AZ571+AZ588+AZ686+AZ709+AZ714+AZ719+AZ733+AZ815","v":0},null,null,{"$f":"BC32+BC94+BC109+BC114+BC198+BC212+BC234+BC289+BC307+BC310+BC333+BC341+BC376+BC514+BC538+BC571+BC588+BC686+BC709+BC714+BC719+BC733+BC815","v":0},null,{"$f":"BE32+BE94+BE109+BE114+BE198+BE212+BE234+BE289+BE307+BE310+BE333+BE341+BE376+BE514+BE538+BE571+BE588+BE686+BE709+BE714+BE719+BE733+BE815","v":0},{"$f":"BF32+BF94+BF109+BF114+BF198+BF212+BF234+BF289+BF307+BF310+BF333+BF341+BF376+BF514+BF538+BF571+BF588+BF686+BF709+BF714+BF719+BF733+BF815","v":0},null,0,null,{"$f":"BJ32+BJ94+BJ109+BJ114+BJ198+BJ212+BJ234+BJ289+BJ307+BJ310+BJ333+BJ341+BJ376+BJ514+BJ538+BJ571+BJ588+BJ686+BJ709+BJ714+BJ719+BJ733+BJ815","v":181854577.50359005},null,{"$f":"BL32+BL94+BL109+BL114+BL198+BL212+BL234+BL289+BL307+BL310+BL333+BL341+BL376+BL514+BL538+BL571+BL588+BL686+BL709+BL714+BL719+BL733+BL815","v":232222726.85434994},{"$f":"BM32+BM94+BM109+BM114+BM198+BM212+BM234+BM289+BM307+BM310+BM333+BM341+BM376+BM514+BM538+BM571+BM588+BM686+BM709+BM714+BM719+BM733+BM815","v":414077304.37794006},null,null,{"$f":"BP32+BP94+BP109+BP114+BP198+BP212+BP234+BP289+BP307+BP310+BP333+BP341+BP376+BP514+BP538+BP571+BP588+BP686+BP709+BP714+BP719+BP733+BP815","v":49352679.709040001},null,{"$f":"BR32+BR94+BR109+BR114+BR198+BR212+BR234+BR289+BR307+BR310+BR333+BR341+BR376+BR514+BR538+BR571+BR588+BR686+BR709+BR714+BR719+BR733+BR815","v":50050768.811489999},{"$f":"BS32+BS94+BS109+BS114+BS198+BS212+BS234+BS289+BS307+BS310+BS333+BS341+BS376+BS514+BS538+BS571+BS588+BS686+BS709+BS714+BS719+BS733+BS815","v":99403448.520529985},null,null,null,{"$f":"'кс-6а'!AN28","v":13205438.984000001}]
[null,null,null,null,null,null,null,null,null,null,null,null,null,null,null,null,null,null,null,null,null,null,null,null,null,null,null,null,null,null,null,null,null,null,null,null,null,null,null,null,null,null,null,null,null,null,null,null,null,null,null,null,null,null,null,null,null,null,null,null,null,null,null,null,null,null,null,null,null,null,null,null,null,null,{"$f":"AN828-BW828","v":0}]
["Сдал:","Генеральный директор ООО «КиКГЕОСТРОЙ»",null,null,null,null,null,null,null,null,null,null,null,null,null,{"$f":"'КС3 №5 июнь-2'!L33","v":162031847.33000001},null,null,null,null,null,{"$f":"'КС3 №5 июнь-2'!L34","v":38725655.5},null,null,null,null,null,{"$f":"'КС3 №5 июнь-2'!L35","v":169396138.74000001},null,null,null,null,null,{"$f":"'КС3 №5 июнь-2'!L36","v":30718223.815499999},null,null,null,null,"(Ю.Ф. Кесслер)"]
[null,"[должность, подпись (инициалы, фамилия)]",null,null,null,null,null,null,null,null,null,null,null,null,null,{"$f":"P828-P830","v":-162031847.33000001},null,null,null,null,null,{"$f":"V828-V830","v":-38725655.5},null,null,null,null,null,{"$f":"AB828-AB830","v":-169396138.74000001},null,null,null,null,null,{"$f":"AH828-AH830","v":-30718223.815499999}]
["Принял:","Генеральный директор АО «МЕТРОВАГОНМАШ» ",null,null,null,null,null,null,null,null,null,null,null,null,null,{"$f":"'КС3 №5 июнь-2'!L35","v":169396138.74000001},null,null,null,null,null,{"$f":"'КС3 №5 июнь-2'!L36","v":30718223.815499999},null,null,null,null,null,{"$f":"'КС3 №5 июнь-2'!L37","v":0},null,null,null,null,null,{"$f":"'КС3 №5 июнь-2'!L38","v":0},null,null,null,null,"(А.Б. Степнов)"]
[null,"[должность, подпись (инициалы, фамилия)]",null,null,null,null,null,null,null,null,null,null,null,null,null,{"$f":"P830-P832","v":-7364291.4099999964},null,null,null,null,null,{"$f":"V830-V832","v":8007431.6845000014},null,null,null,null,null,{"$f":"AB830-AB832","v":169396138.74000001},null,null,null,null,null,{"$f":"AH830-AH832","v":30718223.815499999}]

{"sheet":"кс-6а","index":5,"n_rows":832,"n_cols":72,"rows_kept":832,"cut":false,"hidden":false,"merged":[[832,4,832,5],[832,23,832,24],[832,29,832,30],[832,35,832,36],[830,53,830,54],[830,60,830,61],[830,66,830,67],[830,4,830,5],[830,23,830,24],[830,29,830,30],[830,35,830,36],[28,60,28,61],[28,62,28,63],[28,66,28,67],[832,41,832,42],[832,47,832,48],[832,53,832,54],[832,60,832,61],[832,66,832,67],[830,41,830,42],[830,47,830,48],[26,10,26,15],[26,16,26,21],[26,22,26,27],[27,59,27,64],[27,65,27,70],[28,4,28,5],[28,6,28,7],[28,11,28,12],[28,13,28,14],[28,17,28,18],[28,68,28,69],[28,49,28,50],[28,53,28,54],[28,37,28,38],[28,41,28,42],[28,43,28,44],[28,47,28,48],[28,19,28,20],[28,23,28,24],[28,25,28,26],[28,29,28,30],[28,31,28,32],[28,35,28,36],[28,55,28,56],[24,10,24,15],[24,16,24,21],[24,22,24,27],[25,10,25,15],[25,16,25,21],[25,22,25,27],[18,13,18,15],[18,19,18,21],[18,25,18,27],[20,12,21,12],[20,13,21,13],[20,14,20,15],[16,13,16,15],[16,19,16,21],[16,25,16,27],[17,13,17,15],[17,19,17,21],[17,25,17,27],[14,13,14,15],[14,19,14,21],[14,25,14,27],[15,13,15,15],[15,19,15,21],[15,25,15,27],[12,13,12,15],[12,19,12,21],[12,25,12,27],[13,13,13,15],[13,19,13,21],[13,25,13,27],[10,13,10,15],[10,19,10,21],[10,25,10,27],[11,13,11,15],[11,19,11,21],[11,25,11,27],[8,13,8,15],[8,19,8,21],[8,25,8,27],[9,13,9,15],[9,19,9,21],[9,25,9,27],[6,13,6,15],[6,19,6,21],[6,25,6,27],[7,13,7,15],[7,19,7,21],[7,25,7,27],[4,13,4,15],[4,19,4,21],[4,25,4,27],[5,13,5,15],[5,19,5,21],[5,25,5,27],[1,13,1,15],[2,13,2,15],[2,19,2,21],[2,25,2,27],[3,13,3,15],[3,19,3,21],[3,25,3,27]]}
[]
["Инвестор",null,null,null,null,null,null,null,null,null,null,null,null,"Код",null,null,null,null,null,"Код",null,null,null,null,null,"Код"]
[null,"(организация, адрес, телефон, факс)",null,null,null,null,null,null,null,null,null,null,"Форма по ОКУД","0322005",null,null,null,null,"Форма по ОКУД","0322005",null,null,null,null,"Форма по ОКУД","0322005"]
["Заказчик (Генподрядчик)","АО «МЕТРОВАГОНМАШ», 141009, Московская обл., г. о. Мытищи, г. Мытищи,  ул. Колонцова, 4, 8 (498) 687-45-55"]
[null,"(организация, адрес, телефон, факс)",null,null,null,null,null,null,null,null,null,null,"по ОКПО",null,null,null,null,null,"по ОКПО",null,null,null,null,null,"по ОКПО"]
["Подрядчик (Субподрядчик)","ООО «КиКГЕОСТРОЙ», 109004, г. Москва, ул. Земляной Вал, д.65, кв.59; +7 (495) 915-24-71"]
[null,"(организация, адрес, телефон, факс)",null,null,null,null,null,null,null,null,null,null,"по ОКПО","05804803",null,null,null,null,"по ОКПО","05804803",null,null,null,null,"по ОКПО","05804803"]
["Стройка","Цех №8, расположенный по адресу: Московская область, г.о. Мытищи, ул.Колонцова, д.4"]
[null,"(наименование, адрес)",null,null,null,null,null,null,null,null,null,null,"по ОКПО","16673706",null,null,null,null,"по ОКПО","16673706",null,null,null,null,"по ОКПО","16673706"]
["Объект","Ремонт цеха №8, расположенного по адресу: Московская область, г.о. Мытищи, ул.Колонцова, д.4"]
[null,"(наименование)"]
[]
[]
[null,null,null,null,null,null,null,null,null,null,null,null,"Вид деятельности по ОКДП",null,null,null,null,null,"Вид деятельности по ОКДП",null,null,null,null,null,"Вид деятельности по ОКДП"]
[null,null,null,null,null,null,null,null,null,null,null,"Договор подряда (контракт)","номер","МВМ/19-07",null,null,null,"Договор подряда (контракт)","номер","МВМ/19-07",null,null,null,"Договор подряда (контракт)","номер","МВМ/19-07"]
[null,null,null,null,null,null,null,null,null,null,null,null,"дата","19.07.2023",null,null,null,null,"дата","19.07.2023",null,null,null,null,"дата","19.07.2023"]
[null,null,null,null,null,null,null,null,null,null,null,"Дополнительное соглашение","номер","4",null,null,null,"Дополнительное соглашение","номер","4",null,null,null,"Дополнительное соглашение","номер","4"]
[null,null,null,null,null,null,null,null,null,null,null,null,"дата","08.02.2024",null,null,null,null,"дата","08.02.2024",null,null,null,null,"дата","08.02.2024"]
[null,null,null,null,null,null,null,null,null,null,null,null,"Вид операции",null,null,null,null,null,"Вид операции",null,null,null,null,null,"Вид операции"]
[]
[null,null,null,null,null,null,null,null,null,null,null,null,"Номер документа","Дата составления","Отчетный период",null,null,null,"Номер документа","Дата составления","Отчетный период",null,null,null,"Номер документа","Дата составления","Отчетный период"]
[null,null,null,null,null,null,null,null,null,null,null,null,null,null,"с","по",null,null,null,null,"с","по",null,null,null,null,"с","по"]
[null,null,null,null,null,null,null,null,null,null,null,null,"1",{"$f":"P23","v":"2024-03-20"},"2023-07-19","2024-03-20",null,null,2,{"$f":"V23","v":"2024-05-02"},"2024-03-21","2024-05-02",null,null,"3",{"$f":"AB23","v":"00:00:00"}]
[]
[null,null,null,null,null,null,null,null,null,null,"АКТ",null,null,null,null,null,"АКТ",null,null,null,null,null,"АКТ"]
[null,null,null,null,null,null,null,null,null,null,"О ПРИЕМКЕ ВЫПОЛНЕННЫХ РАБОТ ",null,null,null,null,null,"О ПРИЕМКЕ ВЫПОЛНЕННЫХ РАБОТ ",null,null,null,null,null,"О ПРИЕМКЕ ВЫПОЛНЕННЫХ РАБОТ "]
[null,null,null,null,null,null,null,null,null,null,"за МАРТ 2024 г.",null,null,null,null,null,"за МАЙ 2024 г.",null,null,null,null,null,"за  2024 г."]
[null,null,null,null,null,null,null,null,null,null,"кс-3 №1 от 20.03.24г.",null,null,null,null,{"$f":"P828","v":162031847.333},"кс-3 №2 от 02.05.24г.",null,null,null,null,{"$f":"V828","v":38725655.5},"кс-3 №3 от 23.05.24г.",null,null,null,null,{"$f":"AB828","v":169396138.73543996},"кс-3 №4 от 20.06.24г.",null,null,null,null,{"$f":"AH828","v":30718223.815499999},"кс-3 №5 от 25.06.24г.",null,null,null,null,{"$f":"AN828","v":13205438.984000001},"кс-3 №",null,null,null,null,null,"кс-3 №",null,null,null,null,null,"кс-3 №",null,null,null,null,null,null,"Выполнено ВСЕГО",null,null,null,null,null,"ОСТАТОК"]
[null,null,null,null,"Стоимость работ, руб. с НДС",null,"Стоимость материалов, руб. с НДС",null,null,null,null,"Стоимость работ, руб. с НДС",null,"Стоимость материалов, руб. с НДС",null,null,null,"Стоимость работ, руб. с НДС",null,"Стоимость материалов, руб. с НДС",null,null,null,"Стоимость работ, руб. с НДС",null,"Стоимость материалов, руб. с НДС",null,null,null,"Стоимость работ, руб. с НДС",null,"Стоимость материалов, руб. с НДС",null,null,null,"Стоимость работ, руб. с НДС",null,"Стоимость материалов, руб. с НДС",null,null,null,"Стоимость работ, руб. с НДС",null,"Стоимость материалов, руб. с НДС",null,null,null,"Стоимость работ, руб. с НДС",null,"Стоимость материалов, руб. с НДС",null,null,null,"Стоимость работ, руб. с НДС",null,"Стоимость материалов, руб. с НДС",null,null,null,null,"Стоимость работ, руб. с НДС",null,"Стоимость материалов, руб. с НДС",null,null,null,"Стоимость работ, руб. с НДС",null,"Стоимость материалов, руб. с НДС"]
["№","Наименовение","Ед.изм","Кол-во","за ед.","Итого","за ед.","Итого","Итого, руб. с НДС",null,"Кол-во","за ед.","Итого","за ед.","Итого","Итого, руб. с НДС","Кол-во","за ед.","Итого","за ед.","Итого","Итого, руб. с НДС","Кол-во","за ед.","Итого","за ед.","Итого","Итого, руб. с НДС","Кол-во","за ед.","Итого","за ед.","Итого","Итого, руб. с НДС","Кол-во","за ед.","Итого","за ед.","Итого","Итого, руб. с НДС","Кол-во","за ед.","Итого","за ед.","Итого","Итого, руб. с НДС","Кол-во","за ед.","Итого","за ед.","Итого","Итого, руб. с НДС","Кол-во","за ед.","Итого","за ед.","Итого","Итого, руб. с НДС",null,"Кол-во","за ед.","Итого","за ед.","Итого","Итого, руб. с НДС","Кол-во","за ед.","Итого","за ед.","Итого","Итого, руб. с НДС",{"$f":"BM828","v":414077304.37794006}]
[1,"Основные объекты строительства, реконструкции, капитального ремонта, в том числе:"]
["1.1","130-23-АС3 Архитектурно-строительные решения",null,null,null,{"$f":"F34+F35+F36+F37+F39+F40+F42+F43+F44+F45+F46+F47+F48+F49+F51+F52+F53+F54+F55+F56+F57+F58+F59+F60+F61+F62+F63+F64+F65+F66+F67+F68+F69+F70+F71+F72+F74+F75+F76+F77+F79+F80+F81+F82+F83+F84+F85+F86+F87+F88+F89+F90+F91+F92+F93","v":23834068.015500002},null,{"$f":"H34+H35+H36+H37+H39+H40+H42+H43+H44+H45+H46+H47+H48+H49+H51+H52+H53+H54+H55+H56+H57+H58+H59+H60+H61+H62+H63+H64+H65+H66+H67+H68+H69+H70+H71+H72+H74+H75+H76+H77+H79+H80+H81+H82+H83+H84+H85+H86+H87+H88+H89+H90+H91+H92+H93","v":21868543.3015},{"$f":"I34+I35+I36+I37+I39+I40+I42+I43+I44+I45+I46+I47+I48+I49+I51+I52+I53+I54+I55+I56+I57+I58+I59+I60+I61+I62+I63+I64+I65+I66+I67+I68+I69+I70+I71+I72+I74+I75+I76+I77+I79+I80+I81+I82+I83+I84+I85+I86+I87+I88+I89+I90+I91+I92+I93","v":45702611.317000002},null,null,null,{"$f":"M34+M35+M36+M37+M39+M40+M42+M43+M44+M45+M46+M47+M48+M49+M51+M52+M53+M54+M55+M56+M57+M58+M59+M60+M61+M62+M63+M64+M65+M66+M67+M68+M69+M70+M71+M72+M74+M75+M76+M77+M79+M80+M81+M82+M83+M84+M85+M86+M87+M88+M89+M90+M91+M92+M93","v":6476170},null,{"$f":"O34+O35+O36+O37+O39+O40+O42+O43+O44+O45+O46+O47+O48+O49+O51+O52+O53+O54+O55+O56+O57+O58+O59+O60+O61+O62+O63+O64+O65+O66+O67+O68+O69+O70+O71+O72+O74+O75+O76+O77+O79+O80+O81+O82+O83+O84+O85+O86+O87+O88+O89+O90+O91+O92+O93","v":6962719.6450000005},{"$f":"P34+P35+P36+P37+P39+P40+P42+P43+P44+P45+P46+P47+P48+P49+P51+P52+P53+P54+P55+P56+P57+P58+P59+P60+P61+P62+P63+P64+P65+P66+P67+P68+P69+P70+P71+P72+P74+P75+P76+P77+P79+P80+P81+P82+P83+P84+P85+P86+P87+P88+P89+P90+P91+P92+P93","v":13438889.645},null,null,{"$f":"S34+S35+S36+S37+S39+S40+S42+S43+S44+S45+S46+S47+S48+S49+S51+S52+S53+S54+S55+S56+S57+S58+S59+S60+S61+S62+S63+S64+S65+S66+S67+S68+S69+S70+S71+S72+S74+S75+S76+S77+S79+S80+S81+S82+S83+S84+S85+S86+S87+S88+S89+S90+S91+S92+S93","v":1864348.8},null,{"$f":"U34+U35+U36+U37+U39+U40+U42+U43+U44+U45+U46+U47+U48+U49+U51+U52+U53+U54+U55+U56+U57+U58+U59+U60+U61+U62+U63+U64+U65+U66+U67+U68+U69+U70+U71+U72+U74+U75+U76+U77+U79+U80+U81+U82+U83+U84+U85+U86+U87+U88+U89+U90+U91+U92+U93","v":1794786.96},{"$f":"V34+V35+V36+V37+V39+V40+V42+V43+V44+V45+V46+V47+V48+V49+V51+V52+V53+V54+V55+V56+V57+V58+V59+V60+V61+V62+V63+V64+V65+V66+V67+V68+V69+V70+V71+V72+V74+V75+V76+V77+V79+V80+V81+V82+V83+V84+V85+V86+V87+V88+V89+V90+V91+V92+V93","v":3659135.76},null,null,{"$f":"Y34+Y35+Y36+Y37+Y39+Y40+Y42+Y43+Y44+Y45+Y46+Y47+Y48+Y49+Y51+Y52+Y53+Y54+Y55+Y56+Y57+Y58+Y59+Y60+Y61+Y62+Y63+Y64+Y65+Y66+Y67+Y68+Y69+Y70+Y71+Y72+Y74+Y75+Y76+Y77+Y79+Y80+Y81+Y82+Y83+Y84+Y85+Y86+Y87+Y88+Y89+Y90+Y91+Y92+Y93","v":10720245.656000001},null,{"$f":"AA34+AA35+AA36+AA37+AA39+AA40+AA42+AA43+AA44+AA45+AA46+AA47+AA48+AA49+AA51+AA52+AA53+AA54+AA55+AA56+AA57+AA58+AA59+AA60+AA61+AA62+AA63+AA64+AA65+AA66+AA67+AA68+AA69+AA70+AA71+AA72+AA74+AA75+AA76+AA77+AA79+AA80+AA81+AA82+AA83+AA84+AA85+AA86+AA87+AA88+AA89+AA90+AA91+AA92+AA93","v":8589710.3900000006},{"$f":"AB34+AB35+AB36+AB37+AB39+AB40+AB42+AB43+AB44+AB45+AB46+AB47+AB48+AB49+AB51+AB52+AB53+AB54+AB55+AB56+AB57+AB58+AB59+AB60+AB61+AB62+AB63+AB64+AB65+AB66+AB67+AB68+AB69+AB70+AB71+AB72+AB74+AB75+AB76+AB77+AB79+AB80+AB81+AB82+AB83+AB84+AB85+AB86+AB87+AB88+AB89+AB90+AB91+AB92+AB93","v":19309956.046},null,null,{"$f":"AE34+AE35+AE36+AE37+AE39+AE40+AE42+AE43+AE44+AE45+AE46+AE47+AE48+AE49+AE51+AE52+AE53+AE54+AE55+AE56+AE57+AE58+AE59+AE60+AE61+AE62+AE63+AE64+AE65+AE66+AE67+AE68+AE69+AE70+AE71+AE72+AE74+AE75+AE76+AE77+AE79+AE80+AE81+AE82+AE83+AE84+AE85+AE86+AE87+AE88+AE89+AE90+AE91+AE92+AE93","v":2065667.773},null,{"$f":"AG34+AG35+AG36+AG37+AG39+AG40+AG42+AG43+AG44+AG45+AG46+AG47+AG48+AG49+AG51+AG52+AG53+AG54+AG55+AG56+AG57+AG58+AG59+AG60+AG61+AG62+AG63+AG64+AG65+AG66+AG67+AG68+AG69+AG70+AG71+AG72+AG74+AG75+AG76+AG77+AG79+AG80+AG81+AG82+AG83+AG84+AG85+AG86+AG87+AG88+AG89+AG90+AG91+AG92+AG93","v":1352131.925},{"$f":"AH34+AH35+AH36+AH37+AH39+AH40+AH42+AH43+AH44+AH45+AH46+AH47+AH48+AH49+AH51+AH52+AH53+AH54+AH55+AH56+AH57+AH58+AH59+AH60+AH61+AH62+AH63+AH64+AH65+AH66+AH67+AH68+AH69+AH70+AH71+AH72+AH74+AH75+AH76+AH77+AH79+AH80+AH81+AH82+AH83+AH84+AH85+AH86+AH87+AH88+AH89+AH90+AH91+AH92+AH93","v":3417799.6980000003},null,null,{"$f":"AK34+AK35+AK36+AK37+AK39+AK40+AK42+AK43+AK44+AK45+AK46+AK47+AK48+AK49+AK51+AK52+AK53+AK54+AK55+AK56+AK57+AK58+AK59+AK60+AK61+AK62+AK63+AK64+AK65+AK66+AK67+AK68+AK69+AK70+AK71+AK72+AK74+AK75+AK76+AK77+AK79+AK80+AK81+AK82+AK83+AK84+AK85+AK86+AK87+AK88+AK89+AK90+AK91+AK92+AK93","v":0},null,{"$f":"AM34+AM35+AM36+AM37+AM39+AM40+AM42+AM43+AM44+AM45+AM46+AM47+AM48+AM49+AM51+AM52+AM53+AM54+AM55+AM56+AM57+AM58+AM59+AM60+AM61+AM62+AM63+AM64+AM65+AM66+AM67+AM68+AM69+AM70+AM71+AM72+AM74+AM75+AM76+AM77+AM79+AM80+AM81+AM82+AM83+AM84+AM85+AM86+AM87+AM88+AM89+AM90+AM91+AM92+AM93","v":0},{"$f":"AN34+AN35+AN36+AN37+AN39+AN40+AN42+AN43+AN44+AN45+AN46+AN47+AN48+AN49+AN51+AN52+AN53+AN54+AN55+AN56+AN57+AN58+AN59+AN60+AN61+AN62+AN63+AN64+AN65+AN66+AN67+AN68+AN69+AN70+AN71+AN72+AN74+AN75+AN76+AN77+AN79+AN80+AN81+AN82+AN83+AN84+AN85+AN86+AN87+AN88+AN89+AN90+AN91+AN92+AN93","v":0},null,null,{"$f":"AQ34+AQ35+AQ36+AQ37+AQ39+AQ40+AQ42+AQ43+AQ44+AQ45+AQ46+AQ47+AQ48+AQ49+AQ51+AQ52+AQ53+AQ54+AQ55+AQ56+AQ57+AQ58+AQ59+AQ60+AQ61+AQ62+AQ63+AQ64+AQ65+AQ66+AQ67+AQ68+AQ69+AQ70+AQ71+AQ72+AQ74+AQ75+AQ76+AQ77+AQ79+AQ80+AQ81+AQ82+AQ83+AQ84+AQ85+AQ86+AQ87+AQ88+AQ89+AQ90+AQ91+AQ92+AQ93","v":0},null,{"$f":"AS34+AS35+AS36+AS37+AS39+AS40+AS42+AS43+AS44+AS45+AS46+AS47+AS48+AS49+AS51+AS52+AS53+AS54+AS55+AS56+AS57+AS58+AS59+AS60+AS61+AS62+AS63+AS64+AS65+AS66+AS67+AS68+AS69+AS70+AS71+AS72+AS74+AS75+AS76+AS77+AS79+AS80+AS81+AS82+AS83+AS84+AS85+AS86+AS87+AS88+AS89+AS90+AS91+AS92+AS93","v":0},{"$f":"AT34+AT35+AT36+AT37+AT39+AT40+AT42+AT43+AT44+AT45+AT46+AT47+AT48+AT49+AT51+AT52+AT53+AT54+AT55+AT56+AT57+AT58+AT59+AT60+AT61+AT62+AT63+AT64+AT65+AT66+AT67+AT68+AT69+AT70+AT71+AT72+AT74+AT75+AT76+AT77+AT79+AT80+AT81+AT82+AT83+AT84+AT85+AT86+AT87+AT88+AT89+AT90+AT91+AT92+AT93","v":0},null,null,{"$f":"AW34+AW35+AW36+AW37+AW39+AW40+AW42+AW43+AW44+AW45+AW46+AW47+AW48+AW49+AW51+AW52+AW53+AW54+AW55+AW56+AW57+AW58+AW59+AW60+AW61+AW62+AW63+AW64+AW65+AW66+AW67+AW68+AW69+AW70+AW71+AW72+AW74+AW75+AW76+AW77+AW79+AW80+AW81+AW82+AW83+AW84+AW85+AW86+AW87+AW88+AW89+AW90+AW91+AW92+AW93","v":0},null,{"$f":"AY34+AY35+AY36+AY37+AY39+AY40+AY42+AY43+AY44+AY45+AY46+AY47+AY48+AY49+AY51+AY52+AY53+AY54+AY55+AY56+AY57+AY58+AY59+AY60+AY61+AY62+AY63+AY64+AY65+AY66+AY67+AY68+AY69+AY70+AY71+AY72+AY74+AY75+AY76+AY77+AY79+AY80+AY81+AY82+AY83+AY84+AY85+AY86+AY87+AY88+AY89+AY90+AY91+AY92+AY93","v":0},{"$f":"AZ34+AZ35+AZ36+AZ37+AZ39+AZ40+AZ42+AZ43+AZ44+AZ45+AZ46+AZ47+AZ48+AZ49+AZ51+AZ52+AZ53+AZ54+AZ55+AZ56+AZ57+AZ58+AZ59+AZ60+AZ61+AZ62+AZ63+AZ64+AZ65+AZ66+AZ67+AZ68+AZ69+AZ70+AZ71+AZ72+AZ74+AZ75+AZ76+AZ77+AZ79+AZ80+AZ81+AZ82+AZ83+AZ84+AZ85+AZ86+AZ87+AZ88+AZ89+AZ90+AZ91+AZ92+AZ93","v":0},null,null,{"$f":"BC34+BC35+BC36+BC37+BC39+BC40+BC42+BC43+BC44+BC45+BC46+BC47+BC48+BC49+BC51+BC52+BC53+BC54+BC55+BC56+BC57+BC58+BC59+BC60+BC61+BC62+BC63+BC64+BC65+BC66+BC67+BC68+BC69+BC70+BC71+BC72+BC74+BC75+BC76+BC77+BC79+BC80+BC81+BC82+BC83+BC84+BC85+BC86+BC87+BC88+BC89+BC90+BC91+BC92+BC93","v":0},null,{"$f":"BE34+BE35+BE36+BE37+BE39+BE40+BE42+BE43+BE44+BE45+BE46+BE47+BE48+BE49+BE51+BE52+BE53+BE54+BE55+BE56+BE57+BE58+BE59+BE60+BE61+BE62+BE63+BE64+BE65+BE66+BE67+BE68+BE69+BE70+BE71+BE72+BE74+BE75+BE76+BE77+BE79+BE80+BE81+BE82+BE83+BE84+BE85+BE86+BE87+BE88+BE89+BE90+BE91+BE92+BE93","v":0},{"$f":"BF34+BF35+BF36+BF37+BF39+BF40+BF42+BF43+BF44+BF45+BF46+BF47+BF48+BF49+BF51+BF52+BF53+BF54+BF55+BF56+BF57+BF58+BF59+BF60+BF61+BF62+BF63+BF64+BF65+BF66+BF67+BF68+BF69+BF70+BF71+BF72+BF74+BF75+BF76+BF77+BF79+BF80+BF81+BF82+BF83+BF84+BF85+BF86+BF87+BF88+BF89+BF90+BF91+BF92+BF93","v":0},null,null,null,{"$f":"BJ34+BJ35+BJ36+BJ37+BJ39+BJ40+BJ42+BJ43+BJ44+BJ45+BJ46+BJ47+BJ48+BJ49+BJ51+BJ52+BJ53+BJ54+BJ55+BJ56+BJ57+BJ58+BJ59+BJ60+BJ61+BJ62+BJ63+BJ64+BJ65+BJ66+BJ67+BJ68+BJ69+BJ70+BJ71+BJ72+BJ74+BJ75+BJ76+BJ77+BJ79+BJ80+BJ81+BJ82+BJ83+BJ84+BJ85+BJ86+BJ87+BJ88+BJ89+BJ90+BJ91+BJ92+BJ93","v":21126432.228999998},null,{"$f":"BL34+BL35+BL36+BL37+BL39+BL40+BL42+BL43+BL44+BL45+BL46+BL47+BL48+BL49+BL51+BL52+BL53+BL54+BL55+BL56+BL57+BL58+BL59+BL60+BL61+BL62+BL63+BL64+BL65+BL66+BL67+BL68+BL69+BL70+BL71+BL72+BL74+BL75+BL76+BL77+BL79+BL80+BL81+BL82+BL83+BL84+BL85+BL86+BL87+BL88+BL89+BL90+BL91+BL92+BL93","v":18699348.919999994},{"$f":"BM34+BM35+BM36+BM37+BM39+BM40+BM42+BM43+BM44+BM45+BM46+BM47+BM48+BM49+BM51+BM52+BM53+BM54+BM55+BM56+BM57+BM58+BM59+BM60+BM61+BM62+BM63+BM64+BM65+BM66+BM67+BM68+BM69+BM70+BM71+BM72+BM74+BM75+BM76+BM77+BM79+BM80+BM81+BM82+BM83+BM84+BM85+BM86+BM87+BM88+BM89+BM90+BM91+BM92+BM93","v":39825781.148999996},null,null,{"$f":"BP34+BP35+BP36+BP37+BP39+BP40+BP42+BP43+BP44+BP45+BP46+BP47+BP48+BP49+BP51+BP52+BP53+BP54+BP55+BP56+BP57+BP58+BP59+BP60+BP61+BP62+BP63+BP64+BP65+BP66+BP67+BP68+BP69+BP70+BP71+BP72+BP74+BP75+BP76+BP77+BP79+BP80+BP81+BP82+BP83+BP84+BP85+BP86+BP87+BP88+BP89+BP90+BP91+BP92+BP93","v":2707635.7864999999},null,{"$f":"BR34+BR35+BR36+BR37+BR39+BR40+BR42+BR43+BR44+BR45+BR46+BR47+BR48+BR49+BR51+BR52+BR53+BR54+BR55+BR56+BR57+BR58+BR59+BR60+BR61+BR62+BR63+BR64+BR65+BR66+BR67+BR68+BR69+BR70+BR71+BR72+BR74+BR75+BR76+BR77+BR79+BR80+BR81+BR82+BR83+BR84+BR85+BR86+BR87+BR88+BR89+BR90+BR91+BR92+BR93","v":3169194.3814999992},{"$f":"BS34+BS35+BS36+BS37+BS39+BS40+BS42+BS43+BS44+BS45+BS46+BS47+BS48+BS49+BS51+BS52+BS53+BS54+BS55+BS56+BS57+BS58+BS59+BS60+BS61+BS62+BS63+BS64+BS65+BS66+BS67+BS68+BS69+BS70+BS71+BS72+BS74+BS75+BS76+BS77+BS79+BS80+BS81+BS82+BS83+BS84+BS85+BS86+BS87+BS88+BS89+BS90+BS91+BS92+BS93","v":5876830.1680000005}]
["1.1.1","Демонтажные работы",null,null,null,null,null,null,null,null,null,null,null,null,null,null,null,null,null,null,null,null,null,null,null,null,null,null,null,null,null,null,null,null,null,null,null,null,null,null,null,null,null,null,null,null,null,null,null,null,null,null,null,null,null,null,null,null,null,{"$f":"K33+Q33+W33+AC33+AI33+AO33+AU33+BA33","v":0},null,null,null,null,null,{"$f":"D33-BH33","v":0}]
["1.1.1.1","Частичный демонтаж крестовых связей","тн",0.44,49415,{"$f":"D34*E34","v":21742.6},0,null,{"$f":"E34*D34+G34*D34","v":21742.6},null,0.44,49415,{"$f":"K34*L34","v":21742.6},0,null,{"$f":"L34*K34+N34*K34","v":21742.6},null,49415,{"$f":"Q34*R34","v":0},0,null,{"$f":"R34*Q34+T34*Q34","v":0},null,49415,{"$f":"W34*X34","v":0},0,null,{"$f":"X34*W34+Z34*W34","v":0},null,49415,{"$f":"AC34*AD34","v":0},0,null,{"$f":"AD34*AC34+AF34*AC34","v":0},null,49415,{"$f":"AI34*AJ34","v":0},0,null,{"$f":"AJ34*AI34+AL34*AI34","v":0},null,49415,{"$f":"AO34*AP34","v":0},0,null,{"$f":"AP34*AO34+AR34*AO34","v":0},null,49415,{"$f":"AU34*AV34","v":0},0,null,{"$f":"AV34*AU34+AX34*AU34","v":0},null,49415,{"$f":"BA34*BB34","v":0},0,null,{"$f":"BB34*BA34+BD34*BA34","v":0},null,{"$f":"K34+Q34+W34+AC34+AI34+AO34+AU34+BA34","v":0.44},49415,{"$f":"BH34*BI34","v":21742.6},0,null,{"$f":"BI34*BH34+BK34*BH34","v":21742.6},{"$f":"D34-BH34","v":0},49415,{"$f":"BN34*BO34","v":0},0,null,{"$f":"BO34*BN34+BQ34*BN34","v":0}]
["1.1.1.2","Демонтаж сэндвич панелей","м2",389.4,990,{"$f":"D35*E35","v":385506},0,null,{"$f":"E35*D35+G35*D35","v":385506},null,389.4,990,{"$f":"K35*L35","v":385506},0,null,{"$f":"L35*K35+N35*K35","v":385506},null,990,{"$f":"Q35*R35","v":0},0,null,{"$f":"R35*Q35+T35*Q35","v":0},null,990,{"$f":"W35*X35","v":0},0,null,{"$f":"X35*W35+Z35*W35","v":0},null,990,{"$f":"AC35*AD35","v":0},0,null,{"$f":"AD35*AC35+AF35*AC35","v":0},null,990,{"$f":"AI35*AJ35","v":0},0,null,{"$f":"AJ35*AI35+AL35*AI35","v":0},null,990,{"$f":"AO35*AP35","v":0},0,null,{"$f":"AP35*AO35+AR35*AO35","v":0},null,990,{"$f":"AU35*AV35","v":0},0,null,{"$f":"AV35*AU35+AX35*AU35","v":0},null,990,{"$f":"BA35*BB35","v":0},0,null,{"$f":"BB35*BA35+BD35*BA35","v":0},null,389.4,990,{"$f":"BH35*BI35","v":385506},0,null,{"$f":"BI35*BH35+BK35*BH35","v":385506},0,990,{"$f":"BN35*BO35","v":0},0,null,{"$f":"BO35*BN35+BQ35*BN35","v":0}]
["1.1.2","Устройство фахверка","тн",0.34,95478,{"$f":"D36*E36","v":32462.520000000004},229000,{"$f":"D36*G36","v":77860},{"$f":"E36*D36+G36*D36","v":110322.52},null,null,95478,{"$f":"K36*L36","v":0},229000,{"$f":"K36*N36","v":0},{"$f":"L36*K36+N36*K36","v":0},null,95478,{"$f":"Q36*R36","v":0},229000,{"$f":"Q36*T36","v":0},{"$f":"R36*Q36+T36*Q36","v":0},null,95478,{"$f":"W36*X36","v":0},229000,{"$f":"W36*Z36","v":0},{"$f":"X36*W36+Z36*W36","v":0},null,95478,{"$f":"AC36*AD36","v":0},229000,{"$f":"AC36*AF36","v":0},{"$f":"AD36*AC36+AF36*AC36","v":0},null,95478,{"$f":"AI36*AJ36","v":0},229000,{"$f":"AI36*AL36","v":0},{"$f":"AJ36*AI36+AL36*AI36","v":0},null,95478,{"$f":"AO36*AP36","v":0},229000,{"$f":"AO36*AR36","v":0},{"$f":"AP36*AO36+AR36*AO36","v":0},null,95478,{"$f":"AU36*AV36","v":0},229000,{"$f":"AU36*AX36","v":0},{"$f":"AV36*AU36+AX36*AU36","v":0},null,95478,{"$f":"BA36*BB36","v":0},229000,{"$f":"BA36*BD36","v":0},{"$f":"BB36*BA36+BD36*BA36","v":0},null,0,95478,{"$f":"BH36*BI36","v":0},229000,{"$f":"BH36*BK36","v":0},{"$f":"BI36*BH36+BK36*BH36","v":0},0.34,95478,{"$f":"BN36*BO36","v":32462.520000000004},229000,{"$f":"BN36*BQ36","v":77860},{"$f":"BO36*BN36+BQ36*BN36","v":110322.52}]
["1.1.3","Устройство сэндвич панелей","м2",389.4,2711,{"$f":"D37*E37","v":1055663.3999999999},6573,{"$f":"D37*G37","v":2559526.1999999997},{"$f":"E37*D37+G37*D37","v":3615189.5999999996},null,389.4,2711,{"$f":"K37*L37","v":1055663.3999999999},6573,{"$f":"K37*N37","v":2559526.1999999997},{"$f":"L37*K37+N37*K37","v":3615189.5999999996},null,2711,{"$f":"Q37*R37","v":0},6573,{"$f":"Q37*T37","v":0},{"$f":"R37*Q37+T37*Q37","v":0},null,2711,{"$f":"W37*X37","v":0},6573,{"$f":"W37*Z37","v":0},{"$f":"X37*W37+Z37*W37","v":0},null,2711,{"$f":"AC37*AD37","v":0},6573,{"$f":"AC37*AF37","v":0},{"$f":"AD37*AC37+AF37*AC37","v":0},null,2711,{"$f":"AI37*AJ37","v":0},6573,{"$f":"AI37*AL37","v":0},{"$f":"AJ37*AI37+AL37*AI37","v":0},null,2711,{"$f":"AO37*AP37","v":0},6573,{"$f":"AO37*AR37","v":0},{"$f":"AP37*AO37+AR37*AO37","v":0},null,2711,{"$f":"AU37*AV37","v":0},6573,{"$f":"AU37*AX37","v":0},{"$f":"AV37*AU37+AX37*AU37","v":0},null,2711,{"$f":"BA37*BB37","v":0},6573,{"$f":"BA37*BD37","v":0},{"$f":"BB37*BA37+BD37*BA37","v":0},null,389.4,2711,{"$f":"BH37*BI37","v":1055663.3999999999},6573,{"$f":"BH37*BK37","v":2559526.1999999997},{"$f":"BI37*BH37+BK37*BH37","v":3615189.5999999996},0,2711,{"$f":"BN37*BO37","v":0},6573,{"$f":"BN37*BQ37","v":0},{"$f":"BO37*BN37+BQ37*BN37","v":0}]
["1.1.4","Устройство перегородок",null,null,0,null,0,null,null,null,null,0,null,0,null,null,null,0,null,0,null,null,null,0,null,0,null,null,null,0,null,0,null,null,null,0,null,0,null,null,null,0,null,0,null,null,null,0,null,0,null,null,null,0,null,0,null,null,null,0,0,null,0,null,null,0,0,null,0]
["1.1.4.1","Перегородки гипсокартонные типа С112 комплексной системы КНАУФ толщиной 100 мм с облицовкой 2мя листами ГКЛ (толщиной 12,5мм) со звукоизолирующим слоем из минераловатных плит Лайт Баттс толщиной 50 мм","м2",536,4955,{"$f":"D39*E39","v":2655880},4501,{"$f":"D39*G39","v":2412536},{"$f":"E39*D39+G39*D39","v":5068416},null,428.8,4955,{"$f":"K39*L39","v":2124704},4501,{"$f":"K39*N39","v":1930028.8},{"$f":"L39*K39+N39*K39","v":4054732.7999999998},96.96,4955,{"$f":"Q39*R39","v":480436.8},4501,{"$f":"Q39*T39","v":436416.95999999996},{"$f":"R39*Q39+T39*Q39","v":916853.76000000001},null,4955,{"$f":"W39*X39","v":0},4501,{"$f":"W39*Z39","v":0},{"$f":"X39*W39+Z39*W39","v":0},null,4955,{"$f":"AC39*AD39","v":0},4501,{"$f":"AC39*AF39","v":0},{"$f":"AD39*AC39+AF39*AC39","v":0},null,4955,{"$f":"AI39*AJ39","v":0},4501,{"$f":"AI39*AL39","v":0},{"$f":"AJ39*AI39+AL39*AI39","v":0},null,4955,{"$f":"AO39*AP39","v":0},4501,{"$f":"AO39*AR39","v":0},{"$f":"AP39*AO39+AR39*AO39","v":0},null,4955,{"$f":"AU39*AV39","v":0},4501,{"$f":"AU39*AX39","v":0},{"$f":"AV39*AU39+AX39*AU39","v":0},null,4955,{"$f":"BA39*BB39","v":0},4501,{"$f":"BA39*BD39","v":0},{"$f":"BB39*BA39+BD39*BA39","v":0},null,525.76,4955,{"$f":"BH39*BI39","v":2605140.7999999998},4501,{"$f":"BH39*BK39","v":2366445.7599999998},{"$f":"BI39*BH39+BK39*BH39","v":4971586.5599999996},10.240000000000009,4955,{"$f":"BN39*BO39","v":50739.200000000048},4501,{"$f":"BN39*BQ39","v":46090.240000000042},{"$f":"BO39*BN39+BQ39*BN39","v":96829.44000000009}]
["1.1.4.2","Устройство отверстий под воздуховоды","шт",2,8577.8799999999992,{"$f":"D40*E40","v":17155.759999999998},4657.25,{"$f":"D40*G40","v":9314.5},{"$f":"E40*D40+G40*D40","v":26470.26},null,null,8577.8799999999992,{"$f":"K40*L40","v":0},4657.25,{"$f":"K40*N40","v":0},{"$f":"L40*K40+N40*K40","v":0},null,8577.8799999999992,{"$f":"Q40*R40","v":0},4657.25,{"$f":"Q40*T40","v":0},{"$f":"R40*Q40+T40*Q40","v":0},null,8577.8799999999992,{"$f":"W40*X40","v":0},4657.25,{"$f":"W40*Z40","v":0},{"$f":"X40*W40+Z40*W40","v":0},null,8577.8799999999992,{"$f":"AC40*AD40","v":0},4657.25,{"$f":"AC40*AF40","v":0},{"$f":"AD40*AC40+AF40*AC40","v":0},null,8577.8799999999992,{"$f":"AI40*AJ40","v":0},4657.25,{"$f":"AI40*AL40","v":0},{"$f":"AJ40*AI40+AL40*AI40","v":0},null,8577.8799999999992,{"$f":"AO40*AP40","v":0},4657.25,{"$f":"AO40*AR40","v":0},{"$f":"AP40*AO40+AR40*AO40","v":0},null,8577.8799999999992,{"$f":"AU40*AV40","v":0},4657.25,{"$f":"AU40*AX40","v":0},{"$f":"AV40*AU40+AX40*AU40","v":0},null,8577.8799999999992,{"$f":"BA40*BB40","v":0},4657.25,{"$f":"BA40*BD40","v":0},{"$f":"BB40*BA40+BD40*BA40","v":0},null,0,8577.8799999999992,{"$f":"BH40*BI40","v":0},4657.25,{"$f":"BH40*BK40","v":0},{"$f":"BI40*BH40+BK40*BH40","v":0},2,8577.8799999999992,{"$f":"BN40*BO40","v":17155.759999999998},4657.25,{"$f":"BN40*BQ40","v":9314.5},{"$f":"BO40*BN40+BQ40*BN40","v":26470.26}]
["1.1.5","Отделка потолков помещений",null,null,0,null,0,null,null,null,null,0,null,0,null,null,null,0,null,0,null,null,null,0,null,0,null,null,null,0,null,0,null,null,null,0,null,0,null,null,null,0,null,0,null,null,null,0,null,0,null,null,null,0,null,0,null,null,null,0,0,null,0,null,null,0,0,null,0]
["1.1.5.1","Подвесной потолок системы \"Армстронг\"","м2",301.39999999999998,3957.07,{"$f":"D42*E42","v":1192660.898},0,null,{"$f":"E42*D42+G42*D42","v":1192660.898},null,null,3957.07,{"$f":"K42*L42","v":0},0,null,{"$f":"L42*K42+N42*K42","v":0},null,3957.07,{"$f":"Q42*R42","v":0},0,null,{"$f":"R42*Q42+T42*Q42","v":0},301.39999999999998,3957.07,{"$f":"W42*X42","v":1192660.898},0,null,{"$f":"X42*W42+Z42*W42","v":1192660.898},null,3957.07,{"$f":"AC42*AD42","v":0},0,null,{"$f":"AD42*AC42+AF42*AC42","v":0},null,3957.07,{"$f":"AI42*AJ42","v":0},0,null,{"$f":"AJ42*AI42+AL42*AI42","v":0},null,3957.07,{"$f":"AO42*AP42","v":0},0,null,{"$f":"AP42*AO42+AR42*AO42","v":0},null,3957.07,{"$f":"AU42*AV42","v":0},0,null,{"$f":"AV42*AU42+AX42*AU42","v":0},null,3957.07,{"$f":"BA42*BB42","v":0},0,null,{"$f":"BB42*BA42+BD42*BA42","v":0},null,301.39999999999998,3957.07,{"$f":"BH42*BI42","v":1192660.898},0,null,{"$f":"BI42*BH42+BK42*BH42","v":1192660.898},0,3957.07,{"$f":"BN42*BO42","v":0},0,null,{"$f":"BO42*BN42+BQ42*BN42","v":0}]
["1.1.5.2","Подвесной потолок системы с шумоглушением","м2",168.8,1131.76,191041.08800000002,3051.39,{"$f":"D43*G43","v":515074.63200000004},706115.72000000009,null,null,1131.76,0,3051.39,{"$f":"K43*N43","v":0},0,null,1131.76,0,3051.39,{"$f":"Q43*T43","v":0},0,168.8,1131.76,191041.08800000002,3051.39,{"$f":"W43*Z43","v":515074.63200000004},706115.72000000009,null,1131.76,0,3051.39,{"$f":"AC43*AF43","v":0},0,null,1131.76,0,3051.39,{"$f":"AI43*AL43","v":0},0,null,1131.76,0,3051.39,{"$f":"AO43*AR43","v":0},0,null,1131.76,0,3051.39,{"$f":"AU43*AX43","v":0},0,null,1131.76,0,3051.39,{"$f":"BA43*BD43","v":0},0,null,168.8,1131.76,191041.08800000002,3051.39,{"$f":"BH43*BK43","v":515074.63200000004},706115.72000000009,0,1131.76,0,3051.39,{"$f":"BN43*BQ43","v":0},0]
["1.1.5.3","Реечный алюминиевый потолок","м2",111.8,7888.98,881987.96399999992,0,null,881987.96399999992,null,null,7888.98,0,0,null,0,null,7888.98,0,0,null,0,111.8,7888.98,881987.96399999992,0,null,881987.96399999992,null,7888.98,0,0,null,0,null,7888.98,0,0,null,0,null,7888.98,0,0,null,0,null,7888.98,0,0,null,0,null,7888.98,0,0,null,0,null,111.8,7888.98,881987.96399999992,0,null,881987.96399999992,0,7888.98,0,0,null,0]
["1.1.5.4","Затирка бетонной поверхности перекрытия перед устройством потолка","м2",206.75,1134.79,234617.83249999999,719.09,{"$f":"D45*G45","v":148671.85750000001},383289.69,null,null,1134.79,0,719.09,{"$f":"K45*N45","v":0},0,null,1134.79,0,719.09,{"$f":"Q45*T45","v":0},0,null,1134.79,0,719.09,{"$f":"W45*Z45","v":0},0,null,1134.79,0,719.09,{"$f":"AC45*AF45","v":0},0,null,1134.79,0,719.09,{"$f":"AI45*AL45","v":0},0,null,1134.79,0,719.09,{"$f":"AO45*AR45","v":0},0,null,1134.79,0,719.09,{"$f":"AU45*AX45","v":0},0,null,1134.79,0,719.09,{"$f":"BA45*BD45","v":0},0,null,0,1134.79,0,719.09,{"$f":"BH45*BK45","v":0},0,206.75,1134.79,234617.83249999999,719.09,{"$f":"BN45*BQ45","v":148671.85750000001},383289.69]
["1.1.5.5","Устроиство базового слоя шпаклевки","м2",69.400000000000006,888.18,61639.692000000003,462.8,{"$f":"D46*G46","v":32118.320000000003},93758.012000000002,null,null,888.18,0,462.8,{"$f":"K46*N46","v":0},0,null,888.18,0,462.8,{"$f":"Q46*T46","v":0},0,null,888.18,0,462.8,{"$f":"W46*Z46","v":0},0,null,888.18,0,462.8,{"$f":"AC46*AF46","v":0},0,null,888.18,0,462.8,{"$f":"AI46*AL46","v":0},0,null,888.18,0,462.8,{"$f":"AO46*AR46","v":0},0,null,888.18,0,462.8,{"$f":"AU46*AX46","v":0},0,null,888.18,0,462.8,{"$f":"BA46*BD46","v":0},0,null,0,888.18,0,462.8,{"$f":"BH46*BK46","v":0},0,69.400000000000006,888.18,61639.692000000003,462.8,{"$f":"BN46*BQ46","v":32118.320000000003},93758.012000000002]
["1.1.5.6","Устроиство финишного слоя шпаклевки","м2",69.400000000000006,1277.25,88641.150000000009,397.79,{"$f":"D47*G47","v":27606.626000000004},116247.77600000001,null,null,1277.25,0,397.79,{"$f":"K47*N47","v":0},0,null,1277.25,0,397.79,{"$f":"Q47*T47","v":0},0,null,1277.25,0,397.79,{"$f":"W47*Z47","v":0},0,null,1277.25,0,397.79,{"$f":"AC47*AF47","v":0},0,null,1277.25,0,397.79,{"$f":"AI47*AL47","v":0},0,null,1277.25,0,397.79,{"$f":"AO47*AR47","v":0},0,null,1277.25,0,397.79,{"$f":"AU47*AX47","v":0},0,null,1277.25,0,397.79,{"$f":"BA47*BD47","v":0},0,null,0,1277.25,0,397.79,{"$f":"BH47*BK47","v":0},0,69.400000000000006,1277.25,88641.150000000009,397.79,{"$f":"BN47*BQ47","v":27606.626000000004},116247.77600000001]
["1.1.5.7","Окраска потолка силикатной краской за 2 раза ","м2",69.400000000000006,635.48,{"$f":"D48*E48","v":44102.312000000005},740.97,{"$f":"D48*G48","v":51423.318000000007},95525.63,null,null,635.48,{"$f":"K48*L48","v":0},740.97,{"$f":"K48*N48","v":0},0,null,635.48,{"$f":"Q48*R48","v":0},740.97,{"$f":"Q48*T48","v":0},0,null,635.48,{"$f":"W48*X48","v":0},740.97,{"$f":"W48*Z48","v":0},0,null,635.48,{"$f":"AC48*AD48","v":0},740.97,{"$f":"AC48*AF48","v":0},0,null,635.48,{"$f":"AI48*AJ48","v":0},740.97,{"$f":"AI48*AL48","v":0},0,null,635.48,{"$f":"AO48*AP48","v":0},740.97,{"$f":"AO48*AR48","v":0},0,null,635.48,{"$f":"AU48*AV48","v":0},740.97,{"$f":"AU48*AX48","v":0},0,null,635.48,{"$f":"BA48*BB48","v":0},740.97,{"$f":"BA48*BD48","v":0},0,null,0,635.48,{"$f":"BH48*BI48","v":0},740.97,{"$f":"BH48*BK48","v":0},0,69.400000000000006,635.48,{"$f":"BN48*BO48","v":44102.312000000005},740.97,{"$f":"BN48*BQ48","v":51423.318000000007},95525.63]
["1.1.5.8","Грунтовка поверхностей перед окрашиванием ","м2",69.400000000000006,75.650000000000006,{"$f":"D49*E49","v":5250.1100000000006},42.3,{"$f":"D49*G49","v":2935.62},8185.7300000000005,null,null,75.650000000000006,{"$f":"K49*L49","v":0},42.3,{"$f":"K49*N49","v":0},0,null,75.650000000000006,{"$f":"Q49*R49","v":0},42.3,{"$f":"Q49*T49","v":0},0,null,75.650000000000006,{"$f":"W49*X49","v":0},42.3,{"$f":"W49*Z49","v":0},0,null,75.650000000000006,{"$f":"AC49*AD49","v":0},42.3,{"$f":"AC49*AF49","v":0},0,null,75.650000000000006,{"$f":"AI49*AJ49","v":0},42.3,{"$f":"AI49*AL49","v":0},0,null,75.650000000000006,{"$f":"AO49*AP49","v":0},42.3,{"$f":"AO49*AR49","v":0},0,null,75.650000000000006,{"$f":"AU49*AV49","v":0},42.3,{"$f":"AU49*AX49","v":0},0,null,75.650000000000006,{"$f":"BA49*BB49","v":0},42.3,{"$f":"BA49*BD49","v":0},0,null,0,75.650000000000006,{"$f":"BH49*BI49","v":0},42.3,{"$f":"BH49*BK49","v":0},0,69.400000000000006,75.650000000000006,{"$f":"BN49*BO49","v":5250.1100000000006},42.3,{"$f":"BN49*BQ49","v":2935.62},8185.7300000000005]
["1.1.6","Полы помещений",null,null,0,null,0,null,null,null,null,0,null,0,null,null,null,0,null,0,null,null,null,0,null,0,null,null,null,0,null,0,null,null,null,0,null,0,null,null,null,0,null,0,null,null,null,0,null,0,null,null,null,0,null,0,null,null,null,0,0,null,0,null,null,0,0,null,0]
["1.1.6.1","Очистка поверхности от грязи и мусора","м2",352.5,378,{"$f":"D51*E51","v":133245},72.930000000000007,{"$f":"D51*G51","v":25707.825000000001},{"$f":"E51*D51+G51*D51","v":158952.82500000001},null,352.5,378,{"$f":"K51*L51","v":133245},72.930000000000007,{"$f":"K51*N51","v":25707.825000000001},{"$f":"L51*K51+N51*K51","v":158952.82500000001},null,378,{"$f":"Q51*R51","v":0},72.930000000000007,{"$f":"Q51*T51","v":0},{"$f":"R51*Q51+T51*Q51","v":0},null,378,{"$f":"W51*X51","v":0},72.930000000000007,{"$f":"W51*Z51","v":0},{"$f":"X51*W51+Z51*W51","v":0},null,378,{"$f":"AC51*AD51","v":0},72.930000000000007,{"$f":"AC51*AF51","v":0},{"$f":"AD51*AC51+AF51*AC51","v":0},null,378,{"$f":"AI51*AJ51","v":0},72.930000000000007,{"$f":"AI51*AL51","v":0},{"$f":"AJ51*AI51+AL51*AI51","v":0},null,378,{"$f":"AO51*AP51","v":0},72.930000000000007,{"$f":"AO51*AR51","v":0},{"$f":"AP51*AO51+AR51*AO51","v":0},null,378,{"$f":"AU51*AV51","v":0},72.930000000000007,{"$f":"AU51*AX51","v":0},{"$f":"AV51*AU51+AX51*AU51","v":0},null,378,{"$f":"BA51*BB51","v":0},72.930000000000007,{"$f":"BA51*BD51","v":0},{"$f":"BB51*BA51+BD51*BA51","v":0},null,352.5,378,{"$f":"BH51*BI51","v":133245},72.930000000000007,{"$f":"BH51*BK51","v":25707.825000000001},{"$f":"BI51*BH51+BK51*BH51","v":158952.82500000001},0,378,{"$f":"BN51*BO51","v":0},72.930000000000007,{"$f":"BN51*BQ51","v":0},{"$f":"BO51*BN51+BQ51*BN51","v":0}]
["1.1.6.2","Устройство пола из бетона кл. В25 толщиной до 100 мм","м3",7.87,13208,103946.96,14998,118034.26,221981.22,null,7.87,13208,103946.96,14998,118034.26,221981.22,null,13208,0,14998,0,0,null,13208,0,14998,0,0,null,13208,0,14998,0,0,null,13208,0,14998,0,0,null,13208,0,14998,0,0,null,13208,0,14998,0,0,null,13208,0,14998,0,0,null,7.87,13208,103946.96,14998,118034.26,221981.22,0,13208,0,14998,0,0]
["1.1.6.3","Керамогранитная плитка","м2",187.8,4772,896181.60000000009,2131,400201.80000000005,1296383.4000000001,null,null,4772,0,2131,0,0,null,4772,0,2131,0,0,187.8,4772,896181.60000000009,2131,400201.80000000005,1296383.4000000001,null,4772,0,2131,0,0,null,4772,0,2131,0,0,null,4772,0,2131,0,0,null,4772,0,2131,0,0,null,4772,0,2131,0,0,null,187.8,4772,896181.60000000009,2131,400201.80000000005,1296383.4000000001,0,4772,0,2131,0,0]
["1.1.6.4","Напольная керамическая плитка","м2",332.1,2629,873090.9,3034,1007591.4,1880682.3,null,null,2629,0,3034,0,0,null,2629,0,3034,0,0,null,2629,0,3034,0,0,null,2629,0,3034,0,0,null,2629,0,3034,0,0,null,2629,0,3034,0,0,null,2629,0,3034,0,0,null,2629,0,3034,0,0,null,0,2629,0,3034,0,0,332.1,2629,873090.9,3034,1007591.4,1880682.3]
["1.1.6.5","Коммерческий линолеум (33-34 кл.)","м2",121.8,708.11,86247.797999999995,2641.52,321737.136,407984.93400000001,null,null,708.11,0,2641.52,0,0,null,708.11,0,2641.52,0,0,121.8,708.11,86247.797999999995,2641.52,321737.136,407984.93400000001,null,708.11,0,2641.52,0,0,null,708.11,0,2641.52,0,0,null,708.11,0,2641.52,0,0,null,708.11,0,2641.52,0,0,null,708.11,0,2641.52,0,0,null,121.8,708.11,86247.797999999995,2641.52,321737.136,407984.93400000001,0,708.11,0,2641.52,0,0]
["1.1.6.6","Гидроизоляция Гидроизол","м2",141.30000000000001,680.87,96206.931000000011,1083.74,153132.462,249339.39300000001,null,null,680.87,0,1083.74,0,0,null,680.87,0,1083.74,0,0,141.30000000000001,680.87,96206.931000000011,1083.74,153132.462,249339.39300000001,null,680.87,0,1083.74,0,0,null,680.87,0,1083.74,0,0,null,680.87,0,1083.74,0,0,null,680.87,0,1083.74,0,0,null,680.87,0,1083.74,0,0,null,141.30000000000001,680.87,96206.931000000011,1083.74,153132.462,249339.39300000001,0,680.87,0,1083.74,0,0]
["1.1.6.7","Наливной пол толщиной до 50мм","м2",355.6,3576,1271625.6000000001,1630,579628,1851253.6,null,null,3576,0,1630,0,0,null,3576,0,1630,0,0,355.6,3576,1271625.6000000001,1630,579628,1851253.6,null,3576,0,1630,0,0,null,3576,0,1630,0,0,null,3576,0,1630,0,0,null,3576,0,1630,0,0,null,3576,0,1630,0,0,null,355.6,3576,1271625.6000000001,1630,579628,1851253.6,0,3576,0,1630,0,0]
["1.1.6.8","Керамогранитная плитка с шероховатой поверхностью","м2",2,4149,8298,2131,4262,12560,null,null,4149,0,2131,0,0,null,4149,0,2131,0,0,null,4149,0,2131,0,0,null,4149,0,2131,0,0,null,4149,0,2131,0,0,null,4149,0,2131,0,0,null,4149,0,2131,0,0,null,4149,0,2131,0,0,null,0,4149,0,2131,0,0,2,4149,8298,2131,4262,12560]
["1.1.6.9","Наливной пол толщиной до 45мм армированный сеткой d4 В500 100х100","м2",141.30000000000001,3470,490311.00000000006,1590,224667.00000000003,714978.00000000012,null,null,3470,0,1590,0,0,null,3470,0,1590,0,0,null,3470,0,1590,0,0,141.30000000000001,3470,490311.00000000006,1590,224667.00000000003,714978.00000000012,null,3470,0,1590,0,0,null,3470,0,1590,0,0,null,3470,0,1590,0,0,null,3470,0,1590,0,0,null,141.30000000000001,3470,490311.00000000006,1590,224667.00000000003,714978.00000000012,0,3470,0,1590,0,0]
["1.1.6.10","Грунтовка поверхностей перед финишным покрытием","м2",1140.5999999999999,75.650000000000006,86286.39,42.3,48247.37999999999,134533.76999999999,null,null,75.650000000000006,0,42.3,0,0,null,75.650000000000006,0,42.3,0,0,null,75.650000000000006,0,42.3,0,0,500,75.650000000000006,37825,42.3,21150,58975,null,75.650000000000006,0,42.3,0,0,null,75.650000000000006,0,42.3,0,0,null,75.650000000000006,0,42.3,0,0,null,75.650000000000006,0,42.3,0,0,null,500,75.650000000000006,37825,42.3,21150,58975,640.59999999999991,75.650000000000006,48461.39,42.3,27097.379999999994,75558.76999999999]
["1.1.7","Отделка стен помещений","м2",1194.52,4448,5313224.96,3702,4422113.04,9735338,null,98.58,4448,438483.83999999997,3702,364943.16,803427,null,4448,0,3702,0,0,1095.94,4448,4874741.12,3702,4057169.8800000004,8931911,null,4448,0,3702,0,0,null,4448,0,3702,0,0,null,4448,0,3702,0,0,null,4448,0,3702,0,0,null,4448,0,3702,0,0,null,1194.52,4448,5313224.96,3702,4422113.04,9735338,0,4448,0,3702,0,0]
["1.1.8","Установка потивопожарных окон","шт",11,34209,376299,89433,983763,1360062,null,null,34209,0,89433,0,0,null,34209,0,89433,0,0,11,34209,376299,89433,983763,1360062,null,34209,0,89433,0,0,null,34209,0,89433,0,0,null,34209,0,89433,0,0,null,34209,0,89433,0,0,null,34209,0,89433,0,0,null,11,34209,376299,89433,983763,1360062,0,34209,0,89433,0,0]
["1.1.9","Установка внутренних окон","шт",6,18204,109224,79865,479190,588414,null,null,18204,0,79865,0,0,null,18204,0,79865,0,0,6,18204,109224,79865,479190,588414,null,18204,0,79865,0,0,null,18204,0,79865,0,0,null,18204,0,79865,0,0,null,18204,0,79865,0,0,null,18204,0,79865,0,0,null,6,18204,109224,79865,479190,588414,0,18204,0,79865,0,0]
["1.1.10","Установка потивопожарных дверей","шт",42,14176,595392,34900,1465800,2061192,null,null,14176,0,34900,0,0,null,14176,0,34900,0,0,5,14176,70880,34900,174500,245380,null,14176,0,34900,0,0,null,14176,0,34900,0,0,null,14176,0,34900,0,0,null,14176,0,34900,0,0,null,14176,0,34900,0,0,null,5,14176,70880,34900,174500,245380,37,14176,524512,34900,1291300,1815812]
["1.1.11","Лестничная клетка","шт",1,504288.43,504288.43,855301.2,855301.2,1359589.63,null,null,504288.43,0,855301.2,0,0,null,504288.43,0,855301.2,0,0,0.9,504288.43,453859.587,855301.2,769771.08,1223630.6669999999,0.1,504288.43,50428.843000000001,855301.2,85530.12,135958.96299999999,null,504288.43,0,855301.2,0,0,null,504288.43,0,855301.2,0,0,null,504288.43,0,855301.2,0,0,null,504288.43,0,855301.2,0,0,null,1,504288.43,504288.43,855301.2,855301.2,1359589.63,0,504288.43,0,855301.2,0,0]
["1.1.12","Устройство перекрытия","м3",41.2,44343.5,1826952.2000000002,47372,1951726.4000000001,3778678.6000000006,null,41.2,44343.5,1826952.2000000002,47372,1951726.4000000001,3778678.6000000006,null,44343.5,0,47372,0,0,null,44343.5,0,47372,0,0,null,44343.5,0,47372,0,0,null,44343.5,0,47372,0,0,null,44343.5,0,47372,0,0,null,44343.5,0,47372,0,0,null,44343.5,0,47372,0,0,null,41.2,44343.5,1826952.2000000002,47372,1951726.4000000001,3778678.6000000006,0,44343.5,0,47372,0,0]
["1.1.13","Пол АБК","м2",387,3576,1383912,3510,1358370,2742282,null,null,3576,0,3510,0,0,387,3576,1383912,3510,1358370,2742282,null,3576,0,3510,0,0,null,3576,0,3510,0,0,null,3576,0,3510,0,0,null,3576,0,3510,0,0,null,3576,0,3510,0,0,null,3576,0,3510,0,0,null,387,3576,1383912,3510,1358370,2742282,0,3576,0,3510,0,0]
["1.1.14","Прорезка проёмов дверных и оконных","шт",15,25728.400000000001,385926,850.2,12753,398679,null,15,25728.400000000001,385926,850.2,12753,398679,null,25728.400000000001,0,850.2,0,0,null,25728.400000000001,0,850.2,0,0,null,25728.400000000001,0,850.2,0,0,null,25728.400000000001,0,850.2,0,0,null,25728.400000000001,0,850.2,0,0,null,25728.400000000001,0,850.2,0,0,null,25728.400000000001,0,850.2,0,0,null,15,25728.400000000001,385926,850.2,12753,398679,0,25728.400000000001,0,850.2,0,0]
["1.1.15","Устройство отверстия на кровле в осях В/32-34","шт",1,89509.68,89509.68,73184.800000000003,73184.800000000003,162694.47999999998,null,null,89509.68,0,73184.800000000003,0,0,null,89509.68,0,73184.800000000003,0,0,null,89509.68,0,73184.800000000003,0,0,null,89509.68,0,73184.800000000003,0,0,null,89509.68,0,73184.800000000003,0,0,null,89509.68,0,73184.800000000003,0,0,null,89509.68,0,73184.800000000003,0,0,null,89509.68,0,73184.800000000003,0,0,null,0,89509.68,0,73184.800000000003,0,0,1,89509.68,89509.68,73184.800000000003,73184.800000000003,162694.47999999998]
["1.1.16","Проходка воздуховодов сквозь кровлю АБК","шт",12,11909.97,142919.63999999998,4538.7299999999996,54464.759999999995,197384.39999999997,null,null,11909.97,0,4538.7299999999996,0,0,null,11909.97,0,4538.7299999999996,0,0,null,11909.97,0,4538.7299999999996,0,0,null,11909.97,0,4538.7299999999996,0,0,null,11909.97,0,4538.7299999999996,0,0,null,11909.97,0,4538.7299999999996,0,0,null,11909.97,0,4538.7299999999996,0,0,null,11909.97,0,4538.7299999999996,0,0,null,0,11909.97,0,4538.7299999999996,0,0,12,11909.97,142919.63999999998,4538.7299999999996,54464.759999999995,197384.39999999997]
["1.1.17","Устройство мк отверстий диам. 400 мм в покрытии здания","шт",5,43829.72,219148.6,26306.28,131531.4,350680,null,null,43829.72,0,26306.28,0,0,null,43829.72,0,26306.28,0,0,null,43829.72,0,26306.28,0,0,null,43829.72,0,26306.28,0,0,null,43829.72,0,26306.28,0,0,null,43829.72,0,26306.28,0,0,null,43829.72,0,26306.28,0,0,null,43829.72,0,26306.28,0,0,null,0,43829.72,0,26306.28,0,0,5,43829.72,219148.6,26306.28,131531.4,350680]
["1.1.18","Устройство дверного проёма в стене цеха (пож.выход)","шт",1,219290.07,219290.07,155542.39999999999,155542.39999999999,374832.47,null,null,219290.07,0,155542.39999999999,0,0,null,219290.07,0,155542.39999999999,0,0,1,219290.07,219290.07,155542.39999999999,155542.39999999999,374832.47,null,219290.07,0,155542.39999999999,0,0,null,219290.07,0,155542.39999999999,0,0,null,219290.07,0,155542.39999999999,0,0,null,219290.07,0,155542.39999999999,0,0,null,219290.07,0,155542.39999999999,0,0,null,1,219290.07,219290.07,155542.39999999999,155542.39999999999,374832.47,0,219290.07,0,155542.39999999999,0,0]
["1.1.19","Дополнительные работы",null,null,0,null,0,null,null,null,null,0,null,0,null,null,null,0,null,0,null,null,null,0,null,0,null,null,null,0,null,0,null,null,null,0,null,0,null,null,null,0,null,0,null,null,null,0,null,0,null,null,null,0,null,0,null,null,null,0,0,null,0,null,null,0,0,null,0]
["1.1.19.1","Обшивка стен Гипсокартон ГКЛ толщиной 12,5 мм в 2 слоя","м2",76,2955,{"$f":"D74*E74","v":224580},3501,{"$f":"D74*G74","v":266076},{"$f":"E74*D74+G74*D74","v":490656},null,null,2955,{"$f":"K74*L74","v":0},3501,{"$f":"K74*N74","v":0},{"$f":"L74*K74+N74*K74","v":0},null,2955,{"$f":"Q74*R74","v":0},3501,{"$f":"Q74*T74","v":0},{"$f":"R74*Q74+T74*Q74","v":0},null,2955,{"$f":"W74*X74","v":0},3501,{"$f":"W74*Z74","v":0},{"$f":"X74*W74+Z74*W74","v":0},65,2955,{"$f":"AC74*AD74","v":192075},3501,{"$f":"AC74*AF74","v":227565},{"$f":"AD74*AC74+AF74*AC74","v":419640},null,2955,{"$f":"AI74*AJ74","v":0},3501,{"$f":"AI74*AL74","v":0},{"$f":"AJ74*AI74+AL74*AI74","v":0},null,2955,{"$f":"AO74*AP74","v":0},3501,{"$f":"AO74*AR74","v":0},{"$f":"AP74*AO74+AR74*AO74","v":0},null,2955,{"$f":"AU74*AV74","v":0},3501,{"$f":"AU74*AX74","v":0},{"$f":"AV74*AU74+AX74*AU74","v":0},null,2955,{"$f":"BA74*BB74","v":0},3501,{"$f":"BA74*BD74","v":0},{"$f":"BB74*BA74+BD74*BA74","v":0},null,65,2955,{"$f":"BH74*BI74","v":192075},3501,{"$f":"BH74*BK74","v":227565},{"$f":"BI74*BH74+BK74*BH74","v":419640},11,2955,{"$f":"BN74*BO74","v":32505},3501,{"$f":"BN74*BQ74","v":38511},{"$f":"BO74*BN74+BQ74*BN74","v":71016}]
["1.1.19.2","Перенос дверных проёмов","шт",4,42024.27,{"$f":"D75*E75","v":168097.08},15381.6,{"$f":"D75*G75","v":61526.400000000001},{"$f":"E75*D75+G75*D75","v":229623.47999999998},null,null,42024.27,{"$f":"K75*L75","v":0},15381.6,{"$f":"K75*N75","v":0},{"$f":"L75*K75+N75*K75","v":0},null,42024.27,{"$f":"Q75*R75","v":0},15381.6,{"$f":"Q75*T75","v":0},{"$f":"R75*Q75+T75*Q75","v":0},null,42024.27,{"$f":"W75*X75","v":0},15381.6,{"$f":"W75*Z75","v":0},{"$f":"X75*W75+Z75*W75","v":0},4,42024.27,{"$f":"AC75*AD75","v":168097.08},15381.6,{"$f":"AC75*AF75","v":61526.400000000001},{"$f":"AD75*AC75+AF75*AC75","v":229623.47999999998},null,42024.27,{"$f":"AI75*AJ75","v":0},15381.6,{"$f":"AI75*AL75","v":0},{"$f":"AJ75*AI75+AL75*AI75","v":0},null,42024.27,{"$f":"AO75*AP75","v":0},15381.6,{"$f":"AO75*AR75","v":0},{"$f":"AP75*AO75+AR75*AO75","v":0},null,42024.27,{"$f":"AU75*AV75","v":0},15381.6,{"$f":"AU75*AX75","v":0},{"$f":"AV75*AU75+AX75*AU75","v":0},null,42024.27,{"$f":"BA75*BB75","v":0},15381.6,{"$f":"BA75*BD75","v":0},{"$f":"BB75*BA75+BD75*BA75","v":0},null,4,42024.27,{"$f":"BH75*BI75","v":168097.08},15381.6,{"$f":"BH75*BK75","v":61526.400000000001},{"$f":"BI75*BH75+BK75*BH75","v":229623.47999999998},0,42024.27,{"$f":"BN75*BO75","v":0},15381.6,{"$f":"BN75*BQ75","v":0},{"$f":"BO75*BN75+BQ75*BN75","v":0}]
["1.1.19.3","Обрамление оконных проёмов","шт",11,10938.3,{"$f":"D76*E76","v":120321.29999999999},8970,{"$f":"D76*G76","v":98670},{"$f":"E76*D76+G76*D76","v":218991.3},null,null,10938.3,{"$f":"K76*L76","v":0},8970,{"$f":"K76*N76","v":0},{"$f":"L76*K76+N76*K76","v":0},null,10938.3,{"$f":"Q76*R76","v":0},8970,{"$f":"Q76*T76","v":0},{"$f":"R76*Q76+T76*Q76","v":0},null,10938.3,{"$f":"W76*X76","v":0},8970,{"$f":"W76*Z76","v":0},{"$f":"X76*W76+Z76*W76","v":0},11,10938.3,{"$f":"AC76*AD76","v":120321.29999999999},8970,{"$f":"AC76*AF76","v":98670},{"$f":"AD76*AC76+AF76*AC76","v":218991.3},null,10938.3,{"$f":"AI76*AJ76","v":0},8970,{"$f":"AI76*AL76","v":0},{"$f":"AJ76*AI76+AL76*AI76","v":0},null,10938.3,{"$f":"AO76*AP76","v":0},8970,{"$f":"AO76*AR76","v":0},{"$f":"AP76*AO76+AR76*AO76","v":0},null,10938.3,{"$f":"AU76*AV76","v":0},8970,{"$f":"AU76*AX76","v":0},{"$f":"AV76*AU76+AX76*AU76","v":0},null,10938.3,{"$f":"BA76*BB76","v":0},8970,{"$f":"BA76*BD76","v":0},{"$f":"BB76*BA76+BD76*BA76","v":0},null,11,10938.3,{"$f":"BH76*BI76","v":120321.29999999999},8970,{"$f":"BH76*BK76","v":98670},{"$f":"BI76*BH76+BK76*BH76","v":218991.3},0,10938.3,{"$f":"BN76*BO76","v":0},8970,{"$f":"BN76*BQ76","v":0},{"$f":"BO76*BN76+BQ76*BN76","v":0}]
["1.1.19.4","Демонтаж и монтаж временных ворот","шт",1,73821.119999999995,{"$f":"D77*E77","v":73821.119999999995},4750.2,{"$f":"D77*G77","v":4750.2},{"$f":"E77*D77+G77*D77","v":78571.319999999992},null,null,73821.119999999995,{"$f":"K77*L77","v":0},4750.2,{"$f":"K77*N77","v":0},{"$f":"L77*K77+N77*K77","v":0},null,73821.119999999995,{"$f":"Q77*R77","v":0},4750.2,{"$f":"Q77*T77","v":0},{"$f":"R77*Q77+T77*Q77","v":0},null,73821.119999999995,{"$f":"W77*X77","v":0},4750.2,{"$f":"W77*Z77","v":0},{"$f":"X77*W77+Z77*W77","v":0},1,73821.119999999995,{"$f":"AC77*AD77","v":73821.119999999995},4750.2,{"$f":"AC77*AF77","v":4750.2},{"$f":"AD77*AC77+AF77*AC77","v":78571.319999999992},null,73821.119999999995,{"$f":"AI77*AJ77","v":0},4750.2,{"$f":"AI77*AL77","v":0},{"$f":"AJ77*AI77+AL77*AI77","v":0},null,73821.119999999995,{"$f":"AO77*AP77","v":0},4750.2,{"$f":"AO77*AR77","v":0},{"$f":"AP77*AO77+AR77*AO77","v":0},null,73821.119999999995,{"$f":"AU77*AV77","v":0},4750.2,{"$f":"AU77*AX77","v":0},{"$f":"AV77*AU77+AX77*AU77","v":0},null,73821.119999999995,{"$f":"BA77*BB77","v":0},4750.2,{"$f":"BA77*BD77","v":0},{"$f":"BB77*BA77+BD77*BA77","v":0},null,1,73821.119999999995,{"$f":"BH77*BI77","v":73821.119999999995},4750.2,{"$f":"BH77*BK77","v":4750.2},{"$f":"BI77*BH77+BK77*BH77","v":78571.319999999992},0,73821.119999999995,{"$f":"BN77*BO77","v":0},4750.2,{"$f":"BN77*BQ77","v":0},{"$f":"BO77*BN77+BQ77*BN77","v":0}]
["1.1.20","Монтаж фасоных элементов"," ",0,0,null,0,null,null,null,null,0,null,0,null,null,null,0,null,0,null,null,null,0,null,0,null,null,null,0,null,0,null,null,null,0,null,0,null,null,null,0,null,0,null,null,null,0,null,0,null,null,null,0,null,0,null,null,null,0,0,null,0,null,null,{"$f":"D78-BH78","v":0},0,null,0]
["1.1.20.1","Монтаж фасоного элемента Дз-1","м.п.",7.45,600,{"$f":"D79*E79","v":4470},1345.5,{"$f":"D79*G79","v":10023.975},{"$f":"E79*D79+G79*D79","v":14493.975},null,null,600,{"$f":"K79*L79","v":0},1345.5,{"$f":"K79*N79","v":0},{"$f":"L79*K79+N79*K79","v":0},null,600,{"$f":"Q79*R79","v":0},1345.5,{"$f":"Q79*T79","v":0},{"$f":"R79*Q79+T79*Q79","v":0},null,600,{"$f":"W79*X79","v":0},1345.5,{"$f":"W79*Z79","v":0},{"$f":"X79*W79+Z79*W79","v":0},3.73,600,{"$f":"AC79*AD79","v":2238},1345.5,{"$f":"AC79*AF79","v":5018.7150000000001},{"$f":"AD79*AC79+AF79*AC79","v":7256.7150000000001},null,600,{"$f":"AI79*AJ79","v":0},1345.5,{"$f":"AI79*AL79","v":0},{"$f":"AJ79*AI79+AL79*AI79","v":0},null,600,{"$f":"AO79*AP79","v":0},1345.5,{"$f":"AO79*AR79","v":0},{"$f":"AP79*AO79+AR79*AO79","v":0},null,600,{"$f":"AU79*AV79","v":0},1345.5,{"$f":"AU79*AX79","v":0},{"$f":"AV79*AU79+AX79*AU79","v":0},null,600,{"$f":"BA79*BB79","v":0},1345.5,{"$f":"BA79*BD79","v":0},{"$f":"BB79*BA79+BD79*BA79","v":0},null,3.73,600,{"$f":"BH79*BI79","v":2238},1345.5,{"$f":"BH79*BK79","v":5018.7150000000001},{"$f":"BI79*BH79+BK79*BH79","v":7256.7150000000001},3.72,600,{"$f":"BN79*BO79","v":2232},1345.5,{"$f":"BN79*BQ79","v":5005.26},{"$f":"BO79*BN79+BQ79*BN79","v":7237.26}]
["1.1.20.2","Монтаж фасоного элемента Дз-2","м.п.",15,600,9000,678.6,10179,19179,null,null,600,0,678.6,0,0,null,600,0,678.6,0,0,null,600,0,678.6,0,0,7.5,600,4500,678.6,5089.5,9589.5,null,600,0,678.6,0,0,null,600,0,678.6,0,0,null,600,0,678.6,0,0,null,600,0,678.6,0,0,null,7.5,600,4500,678.6,5089.5,9589.5,7.5,600,4500,678.6,5089.5,9589.5]
["1.1.20.3","Монтаж фасоного элемента Дз-3","м.п.",64,600,38400,508.3,32531.200000000001,70931.199999999997,null,null,600,0,508.3,0,0,null,600,0,508.3,0,0,null,600,0,508.3,0,0,32,600,19200,508.3,16265.6,35465.599999999999,null,600,0,508.3,0,0,null,600,0,508.3,0,0,null,600,0,508.3,0,0,null,600,0,508.3,0,0,null,32,600,19200,508.3,16265.6,35465.599999999999,32,600,19200,508.3,16265.6,35465.599999999999]
["1.1.20.4","Монтаж фасоного элемента Дз-4","м.п.",64,600,38400,491.4,31449.599999999999,69849.600000000006,null,null,600,0,491.4,0,0,null,600,0,491.4,0,0,null,600,0,491.4,0,0,32,600,19200,491.4,15724.8,34924.800000000003,null,600,0,491.4,0,0,null,600,0,491.4,0,0,null,600,0,491.4,0,0,null,600,0,491.4,0,0,null,32,600,19200,491.4,15724.8,34924.800000000003,32,600,19200,491.4,15724.8,34924.800000000003]
["1.1.20.5","Монтаж фасоного элемента Дз-5","м.п.",64,600,38400,565.5,36192,74592,null,null,600,0,565.5,0,0,null,600,0,565.5,0,0,null,600,0,565.5,0,0,32,600,19200,565.5,18096,37296,null,600,0,565.5,0,0,null,600,0,565.5,0,0,null,600,0,565.5,0,0,null,600,0,565.5,0,0,null,32,600,19200,565.5,18096,37296,32,600,19200,565.5,18096,37296]
["1.1.20.6","Монтаж колонн (усиление перегородок)","шт",7,36465,255255,8931,62517,317772,null,null,36465,0,8931,0,0,null,36465,0,8931,0,0,null,36465,0,8931,0,0,7,36465,255255,8931,62517,317772,null,36465,0,8931,0,0,null,36465,0,8931,0,0,null,36465,0,8931,0,0,null,36465,0,8931,0,0,null,7,36465,255255,8931,62517,317772,0,36465,0,8931,0,0]
["1.1.20.7","Демонтаж ГКЛ 2 слоя","м2",36,1166,41976,0,null,41976,null,null,1166,0,0,null,0,null,1166,0,0,null,0,null,1166,0,0,null,0,36,1166,41976,0,null,41976,null,1166,0,0,null,0,null,1166,0,0,null,0,null,1166,0,0,null,0,null,1166,0,0,null,0,null,36,1166,41976,0,null,41976,0,1166,0,0,null,0]
["1.1.20.8","Монтаж профильной трубы 40х40","м.п.",12,904,10848,453,{"$f":"D86*G86","v":5436},16284,null,null,904,0,453,{"$f":"K86*N86","v":0},0,null,904,0,453,{"$f":"Q86*T86","v":0},0,null,904,0,453,{"$f":"W86*Z86","v":0},0,12,904,10848,453,{"$f":"AC86*AF86","v":5436},16284,null,904,0,453,{"$f":"AI86*AL86","v":0},0,null,904,0,453,{"$f":"AO86*AR86","v":0},0,null,904,0,453,{"$f":"AU86*AX86","v":0},0,null,904,0,453,{"$f":"BA86*BD86","v":0},0,null,12,904,10848,453,{"$f":"BH86*BK86","v":5436},16284,0,904,0,453,{"$f":"BN86*BQ86","v":0},0]
["1.1.20.9","Монтаж ГКЛ 2 слоя","м2",36,1690,60840,1625,58500,119340,null,null,1690,0,1625,0,0,null,1690,0,1625,0,0,null,1690,0,1625,0,0,36,1690,60840,1625,58500,119340,null,1690,0,1625,0,0,null,1690,0,1625,0,0,null,1690,0,1625,0,0,null,1690,0,1625,0,0,null,36,1690,60840,1625,58500,119340,0,1690,0,1625,0,0]
["1.1.20.10","Увеличение дверных проёмов","шт",12,7585,91020,1716,20592,111612,null,null,7585,0,1716,0,0,null,7585,0,1716,0,0,null,7585,0,1716,0,0,12,7585,91020,1716,20592,111612,null,7585,0,1716,0,0,null,7585,0,1716,0,0,null,7585,0,1716,0,0,null,7585,0,1716,0,0,null,12,7585,91020,1716,20592,111612,0,7585,0,1716,0,0]
["1.1.20.11","Наливной пол толщиной до 50мм","м2",125.1,1286,160878.6,2430,303993,464871.6,null,null,1286,0,2430,0,0,null,1286,0,2430,0,0,null,1286,0,2430,0,0,125.1,1286,160878.6,2430,303993,464871.6,null,1286,0,2430,0,0,null,1286,0,2430,0,0,null,1286,0,2430,0,0,null,1286,0,2430,0,0,null,125.1,1286,160878.6,2430,303993,464871.6,0,1286,0,2430,0,0]
["1.1.20.12","Усиление площадки лестничного марша","шт",4,36465,145860,7524,30096,175956,null,null,36465,0,7524,0,0,null,36465,0,7524,0,0,null,36465,0,7524,0,0,4,36465,145860,7524,30096,175956,null,36465,0,7524,0,0,null,36465,0,7524,0,0,null,36465,0,7524,0,0,null,36465,0,7524,0,0,null,4,36465,145860,7524,30096,175956,0,36465,0,7524,0,0]
["1.1.20.13","Устройство стен из газобетонных блоков","м3",1.87,6809,12732.83,13857,25912.59,38645.42,null,null,6809,0,13857,0,0,null,6809,0,13857,0,0,null,6809,0,13857,0,0,1.87,6809,12732.83,13857,25912.59,38645.42,null,6809,0,13857,0,0,null,6809,0,13857,0,0,null,6809,0,13857,0,0,null,6809,0,13857,0,0,null,1.87,6809,12732.83,13857,25912.59,38645.42,0,6809,0,13857,0,0]
["1.1.20.14","Облицовка ступеней плиткой на лестнечной клетке","шт",24,3710,89040,2543,61032,150072,null,null,3710,0,2543,0,0,null,3710,0,2543,0,0,null,3710,0,2543,0,0,24,3710,89040,2543,61032,150072,null,3710,0,2543,0,0,null,3710,0,2543,0,0,null,3710,0,2543,0,0,null,3710,0,2543,0,0,null,24,3710,89040,2543,61032,150072,0,3710,0,2543,0,0]
["1.1.20.15","Штукатурка откосов Ролл ворот в цеху","м.п.",150,1135,170250,567,85050,255300,null,null,1135,0,567,0,0,null,1135,0,567,0,0,null,1135,0,567,0,0,null,1135,0,567,0,0,null,1135,0,567,0,0,null,1135,0,567,0,0,null,1135,0,567,0,0,null,1135,0,567,0,0,null,0,1135,0,567,0,0,150,1135,170250,567,85050,255300]
["1.2","130-23-АС1 Архитектурно-строительные решения",null,null,null,{"$f":"F96+F97+F99+F101+F102+F105+F106+F108","v":9370353.4800000004},null,{"$f":"H96+H97+H99+H101+H102+H105+H106+H108","v":19579106},{"$f":"I96+I97+I99+I101+I102+I105+I106+I108","v":28949459.48},null,null,null,{"$f":"M96+M97+M99+M101+M102+M105+M106+M108","v":4084784.62},null,{"$f":"O96+O97+O99+O101+O102+O105+O106+O108","v":10885660},{"$f":"P96+P97+P99+P101+P102+P105+P106+P108","v":14970444.620000001},null,null,{"$f":"S96+S97+S99+S101+S102+S105+S106+S108","v":813300},null,{"$f":"U96+U97+U99+U101+U102+U105+U106+U108","v":2211900},{"$f":"V96+V97+V99+V101+V102+V105+V106+V108","v":3025200},null,null,{"$f":"Y96+Y97+Y99+Y101+Y102+Y105+Y106+Y108","v":3109117.4},null,{"$f":"AA96+AA97+AA99+AA101+AA102+AA105+AA106+AA108","v":4828757},{"$f":"AB96+AB97+AB99+AB101+AB102+AB105+AB106+AB108","v":7937874.4000000004},null,null,{"$f":"AE96+AE97+AE99+AE101+AE102+AE105+AE106+AE108","v":688382.80999999994},null,{"$f":"AG96+AG97+AG99+AG101+AG102+AG105+AG106+AG108","v":910620.89999999991},{"$f":"AH96+AH97+AH99+AH101+AH102+AH105+AH106+AH108","v":1599003.71},null,null,{"$f":"AK96+AK97+AK99+AK101+AK102+AK105+AK106+AK108","v":0},null,{"$f":"AM96+AM97+AM99+AM101+AM102+AM105+AM106+AM108","v":0},{"$f":"AN96+AN97+AN99+AN101+AN102+AN105+AN106+AN108","v":0},null,null,{"$f":"AQ96+AQ97+AQ99+AQ101+AQ102+AQ105+AQ106+AQ108","v":0},null,{"$f":"AS96+AS97+AS99+AS101+AS102+AS105+AS106+AS108","v":0},{"$f":"AT96+AT97+AT99+AT101+AT102+AT105+AT106+AT108","v":0},null,null,{"$f":"AW96+AW97+AW99+AW101+AW102+AW105+AW106+AW108","v":0},null,{"$f":"AY96+AY97+AY99+AY101+AY102+AY105+AY106+AY108","v":0},{"$f":"AZ96+AZ97+AZ99+AZ101+AZ102+AZ105+AZ106+AZ108","v":0},null,null,{"$f":"BC96+BC97+BC99+BC101+BC102+BC105+BC106+BC108","v":0},null,{"$f":"BE96+BE97+BE99+BE101+BE102+BE105+BE106+BE108","v":0},{"$f":"BF96+BF97+BF99+BF101+BF102+BF105+BF106+BF108","v":0},null,0,null,{"$f":"BJ96+BJ97+BJ99+BJ101+BJ102+BJ105+BJ106+BJ108","v":8695584.8300000001},null,{"$f":"BL96+BL97+BL99+BL101+BL102+BL105+BL106+BL108","v":18836937.899999999},{"$f":"BM96+BM97+BM99+BM101+BM102+BM105+BM106+BM108","v":27532522.729999997},0,null,{"$f":"BP96+BP97+BP99+BP101+BP102+BP105+BP106+BP108","v":674768.65000000014},null,{"$f":"BR96+BR97+BR99+BR101+BR102+BR105+BR106+BR108","v":742168.10000000068},{"$f":"BS96+BS97+BS99+BS101+BS102+BS105+BS106+BS108","v":1416936.7500000007}]
["1.2.1","Металлоконструкции огрунтованные КМ",null,null,null,null,null,null,null,null,null,null,null,null,null,null,null,null,null,null,null,null,null,null,null,null,null,null,null,null,null,null,null,null,null,null,null,null,null,null,null,null,null,null,null,null,null,null,null,null,null,null,null,null,null,null,null,null,null,0,null,null,null,null,null,0]
["1.2.1.1","Монтаж фахверковых стоек массой до 1,0 т.","т.",10.5,95478,{"$f":"D96*E96","v":1002519},229000,{"$f":"D96*G96","v":2404500},{"$f":"E96*D96+G96*D96","v":3407019},null,6.95,95478,{"$f":"K96*L96","v":663572.1},229000,{"$f":"K96*N96","v":1591550},{"$f":"L96*K96+N96*K96","v":2255122.1},null,95478,{"$f":"Q96*R96","v":0},229000,{"$f":"Q96*T96","v":0},{"$f":"R96*Q96+T96*Q96","v":0},3.55,95478,{"$f":"W96*X96","v":338946.89999999997},229000,{"$f":"W96*Z96","v":812950},{"$f":"X96*W96+Z96*W96","v":1151896.8999999999},null,95478,{"$f":"AC96*AD96","v":0},229000,{"$f":"AC96*AF96","v":0},{"$f":"AD96*AC96+AF96*AC96","v":0},null,95478,{"$f":"AI96*AJ96","v":0},229000,{"$f":"AI96*AL96","v":0},{"$f":"AJ96*AI96+AL96*AI96","v":0},null,95478,{"$f":"AO96*AP96","v":0},229000,{"$f":"AO96*AR96","v":0},{"$f":"AP96*AO96+AR96*AO96","v":0},null,95478,{"$f":"AU96*AV96","v":0},229000,{"$f":"AU96*AX96","v":0},{"$f":"AV96*AU96+AX96*AU96","v":0},null,95478,{"$f":"BA96*BB96","v":0},229000,{"$f":"BA96*BD96","v":0},{"$f":"BB96*BA96+BD96*BA96","v":0},null,10.5,95478,{"$f":"BH96*BI96","v":1002519},229000,{"$f":"BH96*BK96","v":2404500},{"$f":"BI96*BH96+BK96*BH96","v":3407019},0,95478,{"$f":"BN96*BO96","v":0},229000,{"$f":"BN96*BQ96","v":0},{"$f":"BO96*BN96+BQ96*BN96","v":0}]
["1.2.1.2","Монтаж распорок, ригелей, в том числе: \nПрофили стальные гнутые замкнутые квадратные 100х4","т.",0.66,95478,{"$f":"D97*E97","v":63015.48},229000,{"$f":"D97*G97","v":151140},{"$f":"E97*D97+G97*D97","v":214155.48},null,0.34,95478,{"$f":"K97*L97","v":32462.520000000004},229000,{"$f":"K97*N97","v":77860},{"$f":"L97*K97+N97*K97","v":110322.52},null,95478,{"$f":"Q97*R97","v":0},229000,{"$f":"Q97*T97","v":0},{"$f":"R97*Q97+T97*Q97","v":0},null,95478,{"$f":"W97*X97","v":0},229000,{"$f":"W97*Z97","v":0},{"$f":"X97*W97+Z97*W97","v":0},0.32,95478,{"$f":"AC97*AD97","v":30552.959999999999},229000,{"$f":"AC97*AF97","v":73280},{"$f":"AD97*AC97+AF97*AC97","v":103832.95999999999},null,95478,{"$f":"AI97*AJ97","v":0},229000,{"$f":"AI97*AL97","v":0},{"$f":"AJ97*AI97+AL97*AI97","v":0},null,95478,{"$f":"AO97*AP97","v":0},229000,{"$f":"AO97*AR97","v":0},{"$f":"AP97*AO97+AR97*AO97","v":0},null,95478,{"$f":"AU97*AV97","v":0},229000,{"$f":"AU97*AX97","v":0},{"$f":"AV97*AU97+AX97*AU97","v":0},null,95478,{"$f":"BA97*BB97","v":0},229000,{"$f":"BA97*BD97","v":0},{"$f":"BB97*BA97+BD97*BA97","v":0},null,0.66,95478,{"$f":"BH97*BI97","v":63015.48},229000,{"$f":"BH97*BK97","v":151140},{"$f":"BI97*BH97+BK97*BH97","v":214155.48},0,95478,{"$f":"BN97*BO97","v":0},229000,{"$f":"BN97*BQ97","v":0},{"$f":"BO97*BN97+BQ97*BN97","v":0}]
["1.2.2","Окраска металлоконструкций",null,null,null,null,null,null,null,null,null,null,null,null,null,null,null,null,null,null,null,null,null,null,null,null,null,null,null,null,null,null,null,null,null,null,null,null,null,null,null,null,null,null,null,null,null,null,null,null,null,null,null,null,null,null,null,null,null,{"$f":"K98+Q98+W98+AC98+AI98+AO98+AU98+BA98","v":0},null,null,null,null,null,{"$f":"D98-BH98","v":0}]
["1.2.2.1","Устройство огнезащитной краски по металлу ","м2",384.2,4150,{"$f":"D99*E99","v":1594430},665,{"$f":"D99*G99","v":255493},{"$f":"E99*D99+G99*D99","v":1849923},null,null,4150,{"$f":"K99*L99","v":0},665,{"$f":"K99*N99","v":0},{"$f":"L99*K99+N99*K99","v":0},null,4150,{"$f":"Q99*R99","v":0},665,{"$f":"Q99*T99","v":0},{"$f":"R99*Q99+T99*Q99","v":0},300,4150,{"$f":"W99*X99","v":1245000},665,{"$f":"W99*Z99","v":199500},{"$f":"X99*W99+Z99*W99","v":1444500},49.59,4150,{"$f":"AC99*AD99","v":205798.5},665,{"$f":"AC99*AF99","v":32977.350000000006},{"$f":"AD99*AC99+AF99*AC99","v":238775.85},null,4150,{"$f":"AI99*AJ99","v":0},665,{"$f":"AI99*AL99","v":0},{"$f":"AJ99*AI99+AL99*AI99","v":0},null,4150,{"$f":"AO99*AP99","v":0},665,{"$f":"AO99*AR99","v":0},{"$f":"AP99*AO99+AR99*AO99","v":0},null,4150,{"$f":"AU99*AV99","v":0},665,{"$f":"AU99*AX99","v":0},{"$f":"AV99*AU99+AX99*AU99","v":0},null,4150,{"$f":"BA99*BB99","v":0},665,{"$f":"BA99*BD99","v":0},{"$f":"BB99*BA99+BD99*BA99","v":0},null,349.59000000000003,4150,{"$f":"BH99*BI99","v":1450798.5000000002},665,{"$f":"BH99*BK99","v":232477.35000000003},{"$f":"BI99*BH99+BK99*BH99","v":1683275.8500000003},34.609999999999957,4150,{"$f":"BN99*BO99","v":143631.49999999983},665,{"$f":"BN99*BQ99","v":23015.649999999972},{"$f":"BO99*BN99+BQ99*BN99","v":166647.14999999979}]
["1.2.3","Крепление металлоконструкций",null,null,null,null,null,null,null,null,null,null,null,null,null,null,null,null,null,null,null,null,null,null,null,null,null,null,null,null,null,null,null,null,null,null,null,null,null,null,null,null,null,null,null,null,null,null,null,null,null,null,null,null,null,null,null,null,null,0,null,null,null,null,null,0]
["1.2.3.1","Сверление отверстий в железобетонных конструкциях ","шт.",811,393,{"$f":"D101*E101","v":318723},0,null,{"$f":"E101*D101+G101*D101","v":318723},null,null,393,{"$f":"K101*L101","v":0},0,null,{"$f":"L101*K101+N101*K101","v":0},null,393,{"$f":"Q101*R101","v":0},0,null,{"$f":"R101*Q101+T101*Q101","v":0},100,393,{"$f":"W101*X101","v":39300},0,null,{"$f":"X101*W101+Z101*W101","v":39300},80,393,{"$f":"AC101*AD101","v":31440},0,null,{"$f":"AD101*AC101+AF101*AC101","v":31440},null,393,{"$f":"AI101*AJ101","v":0},0,null,{"$f":"AJ101*AI101+AL101*AI101","v":0},null,393,{"$f":"AO101*AP101","v":0},0,null,{"$f":"AP101*AO101+AR101*AO101","v":0},null,393,{"$f":"AU101*AV101","v":0},0,null,{"$f":"AV101*AU101+AX101*AU101","v":0},null,393,{"$f":"BA101*BB101","v":0},0,null,{"$f":"BB101*BA101+BD101*BA101","v":0},null,180,393,{"$f":"BH101*BI101","v":70740},0,null,{"$f":"BI101*BH101+BK101*BH101","v":70740},631,393,{"$f":"BN101*BO101","v":247983},0,null,{"$f":"BO101*BN101+BQ101*BN101","v":247983}]
["1.2.3.2","Устройство высокопрочных анкеров, закладных","компл.",1,260741,{"$f":"D102*E102","v":260741},259614,{"$f":"D102*G102","v":259614},520355,null,null,260741,{"$f":"K102*L102","v":0},259614,{"$f":"K102*N102","v":0},0,null,260741,{"$f":"Q102*R102","v":0},259614,{"$f":"Q102*T102","v":0},0,0.5,260741,{"$f":"W102*X102","v":130370.5},259614,{"$f":"W102*Z102","v":129807},260177.5,0.5,260741,{"$f":"AC102*AD102","v":130370.5},259614,{"$f":"AC102*AF102","v":129807},260177.5,null,260741,{"$f":"AI102*AJ102","v":0},259614,{"$f":"AI102*AL102","v":0},0,null,260741,{"$f":"AO102*AP102","v":0},259614,{"$f":"AO102*AR102","v":0},0,null,260741,{"$f":"AU102*AV102","v":0},259614,{"$f":"AU102*AX102","v":0},0,null,260741,{"$f":"BA102*BB102","v":0},259614,{"$f":"BA102*BD102","v":0},0,null,1,260741,{"$f":"BH102*BI102","v":260741},259614,{"$f":"BH102*BK102","v":259614},520355,0,260741,{"$f":"BN102*BO102","v":0},259614,{"$f":"BN102*BQ102","v":0},0]
["1.2.4","Демонтаж металлоконструкций",null,null,null,null,null,null,null,null,null,null,null,null,null,null,null,null,null,null,null,null,null,null,null,null,null,null,null,null,null,null,null,null,null,null,null,null,null,null,null,null,null,null,null,null,null,null,null,null,null,null,null,null,null,null,null,null,null,0,null,null,null,null,null,0]
["1.2.5","Устройство перегородки",null,null,null,null,null,null,null,null,null,null,null,null,null,null,null,null,null,null,null,null,null,null,null,null,null,null,null,null,null,null,null,null,null,null,null,null,null,null,null,null,null,null,null,null,null,null,null,null,null,null,null,null,null,null,null,null,null,0,null,null,null,null,null,0]
["1.2.5.1","Стеновые сэндвич-панели 100-1000-Г-Г","м2",2215,2711,{"$f":"D105*E105","v":6004865},7373,{"$f":"D105*G105","v":16331195},{"$f":"E105*D105+G105*D105","v":22336060},null,1250,2711,{"$f":"K105*L105","v":3388750},7373,{"$f":"K105*N105","v":9216250},{"$f":"L105*K105+N105*K105","v":12605000},300,2711,{"$f":"Q105*R105","v":813300},7373,{"$f":"Q105*T105","v":2211900},{"$f":"R105*Q105+T105*Q105","v":3025200},500,2711,{"$f":"W105*X105","v":1355500},7373,{"$f":"W105*Z105","v":3686500},{"$f":"X105*W105+Z105*W105","v":5042000},72.349999999999994,2711,{"$f":"AC105*AD105","v":196140.84999999998},7373,{"$f":"AC105*AF105","v":533436.54999999993},{"$f":"AD105*AC105+AF105*AC105","v":729577.39999999991},null,2711,{"$f":"AI105*AJ105","v":0},7373,{"$f":"AI105*AL105","v":0},{"$f":"AJ105*AI105+AL105*AI105","v":0},null,2711,{"$f":"AO105*AP105","v":0},7373,{"$f":"AO105*AR105","v":0},{"$f":"AP105*AO105+AR105*AO105","v":0},null,2711,{"$f":"AU105*AV105","v":0},7373,{"$f":"AU105*AX105","v":0},{"$f":"AV105*AU105+AX105*AU105","v":0},null,2711,{"$f":"BA105*BB105","v":0},7373,{"$f":"BA105*BD105","v":0},{"$f":"BB105*BA105+BD105*BA105","v":0},null,2122.35,2711,{"$f":"BH105*BI105","v":5753690.8499999996},7373,{"$f":"BH105*BK105","v":15648086.549999999},{"$f":"BI105*BH105+BK105*BH105","v":21401777.399999999},92.650000000000091,2711,{"$f":"BN105*BO105","v":251174.15000000026},7373,{"$f":"BN105*BQ105","v":683108.45000000065},{"$f":"BO105*BN105+BQ105*BN105","v":934282.60000000091}]
["1.2.5.2","Устройство противопожарной перегородки «Knauf» С112 с двухслойной обшивкой с каждой стороны","м2",4,5055,{"$f":"D106*E106","v":20220},4601,{"$f":"D106*G106","v":18404},{"$f":"E106*D106+G106*D106","v":38624},null,null,5055,{"$f":"K106*L106","v":0},4601,{"$f":"K106*N106","v":0},{"$f":"L106*K106+N106*K106","v":0},null,5055,{"$f":"Q106*R106","v":0},4601,{"$f":"Q106*T106","v":0},{"$f":"R106*Q106+T106*Q106","v":0},null,5055,{"$f":"W106*X106","v":0},4601,{"$f":"W106*Z106","v":0},{"$f":"X106*W106+Z106*W106","v":0},null,5055,{"$f":"AC106*AD106","v":0},4601,{"$f":"AC106*AF106","v":0},{"$f":"AD106*AC106+AF106*AC106","v":0},null,5055,{"$f":"AI106*AJ106","v":0},4601,{"$f":"AI106*AL106","v":0},{"$f":"AJ106*AI106+AL106*AI106","v":0},null,5055,{"$f":"AO106*AP106","v":0},4601,{"$f":"AO106*AR106","v":0},{"$f":"AP106*AO106+AR106*AO106","v":0},null,5055,{"$f":"AU106*AV106","v":0},4601,{"$f":"AU106*AX106","v":0},{"$f":"AV106*AU106+AX106*AU106","v":0},null,5055,{"$f":"BA106*BB106","v":0},4601,{"$f":"BA106*BD106","v":0},{"$f":"BB106*BA106+BD106*BA106","v":0},null,0,5055,{"$f":"BH106*BI106","v":0},4601,{"$f":"BH106*BK106","v":0},{"$f":"BI106*BH106+BK106*BH106","v":0},4,5055,{"$f":"BN106*BO106","v":20220},4601,{"$f":"BN106*BQ106","v":18404},{"$f":"BO106*BN106+BQ106*BN106","v":38624}]
["1.2.6","Устройство бетонного плинтуса",null,null,null,null,null,null,null,null,null,null,null,null,null,null,null,null,null,null,null,null,null,null,null,null,null,null,null,null,null,null,null,null,null,null,null,null,null,null,null,null,null,null,null,null,null,null,null,null,null,null,null,null,null,null,null,null,null,0,null,null,null,null,null,0]
["1.2.6.1","Устройство плинтуса из фасонного элемента ","м/п",378,280,{"$f":"D108*E108","v":105840},420,{"$f":"D108*G108","v":158760},{"$f":"E108*D108+G108*D108","v":264600},null,null,280,{"$f":"K108*L108","v":0},420,{"$f":"K108*N108","v":0},{"$f":"L108*K108+N108*K108","v":0},null,280,{"$f":"Q108*R108","v":0},420,{"$f":"Q108*T108","v":0},{"$f":"R108*Q108+T108*Q108","v":0},null,280,{"$f":"W108*X108","v":0},420,{"$f":"W108*Z108","v":0},{"$f":"X108*W108+Z108*W108","v":0},336,280,{"$f":"AC108*AD108","v":94080},420,{"$f":"AC108*AF108","v":141120},{"$f":"AD108*AC108+AF108*AC108","v":235200},null,280,{"$f":"AI108*AJ108","v":0},420,{"$f":"AI108*AL108","v":0},{"$f":"AJ108*AI108+AL108*AI108","v":0},null,280,{"$f":"AO108*AP108","v":0},420,{"$f":"AO108*AR108","v":0},{"$f":"AP108*AO108+AR108*AO108","v":0},null,280,{"$f":"AU108*AV108","v":0},420,{"$f":"AU108*AX108","v":0},{"$f":"AV108*AU108+AX108*AU108","v":0},null,280,{"$f":"BA108*BB108","v":0},420,{"$f":"BA108*BD108","v":0},{"$f":"BB108*BA108+BD108*BA108","v":0},null,336,280,{"$f":"BH108*BI108","v":94080},420,{"$f":"BH108*BK108","v":141120},{"$f":"BI108*BH108+BK108*BH108","v":235200},42,280,{"$f":"BN108*BO108","v":11760},420,{"$f":"BN108*BQ108","v":17640},{"$f":"BO108*BN108+BQ108*BN108","v":29400}]
["1.3","130-23-ВК Внутренние трубопроводы",null,null,null,{"$f":"SUM(F110:F113)","v":3943362},null,{"$f":"SUM(H110:H113)","v":7445174},{"$f":"SUM(I110:I113)","v":11388536},null,null,null,{"$f":"SUM(M110:M113)","v":0},null,{"$f":"SUM(O110:O113)","v":0},{"$f":"SUM(P110:P113)","v":0},null,null,{"$f":"SUM(S110:S113)","v":175081.5},null,{"$f":"SUM(U110:U113)","v":369598.5},{"$f":"SUM(V110:V113)","v":544680},null,null,{"$f":"SUM(Y110:Y113)","v":2979608.1},null,{"$f":"SUM(AA110:AA113)","v":5586540.6999999993},{"$f":"SUM(AB110:AB113)","v":8566148.8000000007},null,null,{"$f":"SUM(AE110:AE113)","v":394336.2},null,{"$f":"SUM(AG110:AG113)","v":744517.39999999991},{"$f":"SUM(AH110:AH113)","v":1138853.6000000001},null,null,{"$f":"SUM(AK110:AK113)","v":0},null,{"$f":"SUM(AM110:AM113)","v":0},{"$f":"SUM(AN110:AN113)","v":0},null,null,{"$f":"SUM(AQ110:AQ113)","v":0},null,{"$f":"SUM(AS110:AS113)","v":0},{"$f":"SUM(AT110:AT113)","v":0},null,null,{"$f":"SUM(AW110:AW113)","v":0},null,{"$f":"SUM(AY110:AY113)","v":0},{"$f":"SUM(AZ110:AZ113)","v":0},null,null,{"$f":"SUM(BC110:BC113)","v":0},null,{"$f":"SUM(BE110:BE113)","v":0},{"$f":"SUM(BF110:BF113)","v":0},null,0,null,{"$f":"SUM(BJ110:BJ113)","v":3549025.8000000007},null,{"$f":"SUM(BL110:BL113)","v":6700656.5999999996},{"$f":"SUM(BM110:BM113)","v":10249682.4},0,null,{"$f":"SUM(BP110:BP113)","v":394336.1999999999},null,{"$f":"SUM(BR110:BR113)","v":744517.39999999979},{"$f":"SUM(BS110:BS113)","v":1138853.5999999996}]
["1.3.1","Хозяйственно-питьевой водопровод В1.","сис",1,910581,{"$f":"D110*E110","v":910581},979867,{"$f":"D110*G110","v":979867},{"$f":"E110*D110+G110*D110","v":1890448},null,null,910581,{"$f":"K110*L110","v":0},979867,{"$f":"K110*N110","v":0},{"$f":"L110*K110+N110*K110","v":0},null,910581,{"$f":"Q110*R110","v":0},979867,{"$f":"Q110*T110","v":0},{"$f":"R110*Q110+T110*Q110","v":0},0.8,910581,{"$f":"W110*X110","v":728464.8},979867,{"$f":"W110*Z110","v":783893.60000000009},{"$f":"X110*W110+Z110*W110","v":1512358.4000000001},0.1,910581,{"$f":"AC110*AD110","v":91058.1},979867,{"$f":"AC110*AF110","v":97986.700000000012},{"$f":"AD110*AC110+AF110*AC110","v":189044.80000000002},null,910581,{"$f":"AI110*AJ110","v":0},979867,{"$f":"AI110*AL110","v":0},{"$f":"AJ110*AI110+AL110*AI110","v":0},null,910581,{"$f":"AO110*AP110","v":0},979867,{"$f":"AO110*AR110","v":0},{"$f":"AP110*AO110+AR110*AO110","v":0},null,910581,{"$f":"AU110*AV110","v":0},979867,{"$f":"AU110*AX110","v":0},{"$f":"AV110*AU110+AX110*AU110","v":0},null,910581,{"$f":"BA110*BB110","v":0},979867,{"$f":"BA110*BD110","v":0},{"$f":"BB110*BA110+BD110*BA110","v":0},null,0.9,910581,{"$f":"BH110*BI110","v":819522.9},979867,{"$f":"BH110*BK110","v":881880.3},{"$f":"BI110*BH110+BK110*BH110","v":1701403.2000000002},9.9999999999999978E-2,910581,{"$f":"BN110*BO110","v":91058.099999999977},979867,{"$f":"BN110*BQ110","v":97986.699999999983},{"$f":"BO110*BN110+BQ110*BN110","v":189044.79999999996}]
["1.3.2","Горячее водоснабжение (Т3, Т4)","сис",1,1137342,{"$f":"D111*E111","v":1137342},1607675,{"$f":"D111*G111","v":1607675},{"$f":"E111*D111+G111*D111","v":2745017},null,null,1137342,{"$f":"K111*L111","v":0},1607675,{"$f":"K111*N111","v":0},{"$f":"L111*K111+N111*K111","v":0},null,1137342,{"$f":"Q111*R111","v":0},1607675,{"$f":"Q111*T111","v":0},{"$f":"R111*Q111+T111*Q111","v":0},0.8,1137342,{"$f":"W111*X111","v":909873.60000000009},1607675,{"$f":"W111*Z111","v":1286140},{"$f":"X111*W111+Z111*W111","v":2196013.6},0.1,1137342,{"$f":"AC111*AD111","v":113734.20000000001},1607675,{"$f":"AC111*AF111","v":160767.5},{"$f":"AD111*AC111+AF111*AC111","v":274501.7},null,1137342,{"$f":"AI111*AJ111","v":0},1607675,{"$f":"AI111*AL111","v":0},{"$f":"AJ111*AI111+AL111*AI111","v":0},null,1137342,{"$f":"AO111*AP111","v":0},1607675,{"$f":"AO111*AR111","v":0},{"$f":"AP111*AO111+AR111*AO111","v":0},null,1137342,{"$f":"AU111*AV111","v":0},1607675,{"$f":"AU111*AX111","v":0},{"$f":"AV111*AU111+AX111*AU111","v":0},null,1137342,{"$f":"BA111*BB111","v":0},1607675,{"$f":"BA111*BD111","v":0},{"$f":"BB111*BA111+BD111*BA111","v":0},null,0.9,1137342,{"$f":"BH111*BI111","v":1023607.8},1607675,{"$f":"BH111*BK111","v":1446907.5},{"$f":"BI111*BH111+BK111*BH111","v":2470515.2999999998},9.9999999999999978E-2,1137342,{"$f":"BN111*BO111","v":113734.19999999997},1607675,{"$f":"BN111*BQ111","v":160767.49999999997},{"$f":"BO111*BN111+BQ111*BN111","v":274501.69999999995}]
["1.3.3","Противопожарный водопровод, В2","сис",1,1545276,{"$f":"D112*E112","v":1545276},4118435,{"$f":"D112*G112","v":4118435},{"$f":"E112*D112+G112*D112","v":5663711},null,null,1545276,{"$f":"K112*L112","v":0},4118435,{"$f":"K112*N112","v":0},{"$f":"L112*K112+N112*K112","v":0},null,1545276,{"$f":"Q112*R112","v":0},4118435,{"$f":"Q112*T112","v":0},{"$f":"R112*Q112+T112*Q112","v":0},0.8,1545276,{"$f":"W112*X112","v":1236220.8},4118435,{"$f":"W112*Z112","v":3294748},{"$f":"X112*W112+Z112*W112","v":4530968.8},0.1,1545276,{"$f":"AC112*AD112","v":154527.6},4118435,{"$f":"AC112*AF112","v":411843.5},{"$f":"AD112*AC112+AF112*AC112","v":566371.1},null,1545276,{"$f":"AI112*AJ112","v":0},4118435,{"$f":"AI112*AL112","v":0},{"$f":"AJ112*AI112+AL112*AI112","v":0},null,1545276,{"$f":"AO112*AP112","v":0},4118435,{"$f":"AO112*AR112","v":0},{"$f":"AP112*AO112+AR112*AO112","v":0},null,1545276,{"$f":"AU112*AV112","v":0},4118435,{"$f":"AU112*AX112","v":0},{"$f":"AV112*AU112+AX112*AU112","v":0},null,1545276,{"$f":"BA112*BB112","v":0},4118435,{"$f":"BA112*BD112","v":0},{"$f":"BB112*BA112+BD112*BA112","v":0},null,0.9,1545276,{"$f":"BH112*BI112","v":1390748.4000000001},4118435,{"$f":"BH112*BK112","v":3706591.5},{"$f":"BI112*BH112+BK112*BH112","v":5097339.9000000004},9.9999999999999978E-2,1545276,{"$f":"BN112*BO112","v":154527.59999999998},4118435,{"$f":"BN112*BQ112","v":411843.49999999988},{"$f":"BO112*BN112+BQ112*BN112","v":566371.09999999986}]
["1.3.4","Бытовая канализация К1","сис",1,350163,{"$f":"D113*E113","v":350163},739197,{"$f":"D113*G113","v":739197},{"$f":"E113*D113+G113*D113","v":1089360},null,null,350163,{"$f":"K113*L113","v":0},739197,{"$f":"K113*N113","v":0},{"$f":"L113*K113+N113*K113","v":0},0.5,350163,{"$f":"Q113*R113","v":175081.5},739197,{"$f":"Q113*T113","v":369598.5},{"$f":"R113*Q113+T113*Q113","v":544680},0.3,350163,{"$f":"W113*X113","v":105048.9},739197,{"$f":"W113*Z113","v":221759.1},{"$f":"X113*W113+Z113*W113","v":326808},0.1,350163,{"$f":"AC113*AD113","v":35016.300000000003},739197,{"$f":"AC113*AF113","v":73919.7},{"$f":"AD113*AC113+AF113*AC113","v":108936},null,350163,{"$f":"AI113*AJ113","v":0},739197,{"$f":"AI113*AL113","v":0},{"$f":"AJ113*AI113+AL113*AI113","v":0},null,350163,{"$f":"AO113*AP113","v":0},739197,{"$f":"AO113*AR113","v":0},{"$f":"AP113*AO113+AR113*AO113","v":0},null,350163,{"$f":"AU113*AV113","v":0},739197,{"$f":"AU113*AX113","v":0},{"$f":"AV113*AU113+AX113*AU113","v":0},null,350163,{"$f":"BA113*BB113","v":0},739197,{"$f":"BA113*BD113","v":0},{"$f":"BB113*BA113+BD113*BA113","v":0},null,0.9,350163,{"$f":"BH113*BI113","v":315146.7},739197,{"$f":"BH113*BK113","v":665277.30000000005},{"$f":"BI113*BH113+BK113*BH113","v":980424},9.9999999999999978E-2,350163,{"$f":"BN113*BO113","v":35016.299999999996},739197,{"$f":"BN113*BQ113","v":73919.699999999983},{"$f":"BO113*BN113+BQ113*BN113","v":108935.99999999997}]
["1.4","130-23-ПС Пожарная сигнализация",null,null,null,{"$f":"F115+F116+F117+F118+F119+F120+F121+F122+F123+F124+SUM(F125:F131)+F132+F133+F134+F135+F136+F137+F138+F139+F140+F141+F142+F143+F144+F145+F146+F147+F148+F149+F150+F151+F152+F153+F154+SUM(F155:F166)+F167+F168+F169+F170+F171+F172+F173+F174+F175+F176+F177+F178+F179+F180+F181+SUM(F183:F197)","v":5567925.5},null,{"$f":"H115+H116+H117+H118+H119+H120+H121+H122+H123+H124+SUM(H125:H131)+H132+H133+H134+H135+H136+H137+H138+H139+H140+H141+H142+H143+H144+H145+H146+H147+H148+H149+H150+H151+H152+H153+H154+SUM(H155:H166)+H167+H168+H169+H170+H171+H172+H173+H174+H175+H176+H177+H178+H179+H180+H181+SUM(H183:H197)","v":6146099.0999999996},{"$f":"I115+I116+I117+I118+I119+I120+I121+I122+I123+I124+SUM(I125:I131)+I132+I133+I134+I135+I136+I137+I138+I139+I140+I141+I142+I143+I144+I145+I146+I147+I148+I149+I150+I151+I152+I153+I154+SUM(I155:I166)+I167+I168+I169+I170+I171+I172+I173+I174+I175+I176+I177+I178+I179+I180+I181+SUM(I183:I197)","v":11714024.600000001},null,null,null,{"$f":"M115+M116+M117+M118+M119+M120+M121+M122+M123+M124+SUM(M125:M131)+M132+M133+M134+M135+M136+M137+M138+M139+M140+M141+M142+M143+M144+M145+M146+M147+M148+M149+M150+M151+M152+M153+M154+SUM(M155:M166)+M167+M168+M169+M170+M171+M172+M173+M174+M175+M176+M177+M178+M179+M180+M181+SUM(M183:M197)","v":0},null,{"$f":"O115+O116+O117+O118+O119+O120+O121+O122+O123+O124+SUM(O125:O131)+O132+O133+O134+O135+O136+O137+O138+O139+O140+O141+O142+O143+O144+O145+O146+O147+O148+O149+O150+O151+O152+O153+O154+SUM(O155:O166)+O167+O168+O169+O170+O171+O172+O173+O174+O175+O176+O177+O178+O179+O180+O181+SUM(O183:O197)","v":0},{"$f":"P115+P116+P117+P118+P119+P120+P121+P122+P123+P124+SUM(P125:P131)+P132+P133+P134+P135+P136+P137+P138+P139+P140+P141+P142+P143+P144+P145+P146+P147+P148+P149+P150+P151+P152+P153+P154+SUM(P155:P166)+P167+P168+P169+P170+P171+P172+P173+P174+P175+P176+P177+P178+P179+P180+P181+SUM(P183:P197)","v":0},null,null,{"$f":"S115+S116+S117+S118+S119+S120+S121+S122+S123+S124+SUM(S125:S131)+S132+S133+S134+S135+S136+S137+S138+S139+S140+S141+S142+S143+S144+S145+S146+S147+S148+S149+S150+S151+S152+S153+S154+SUM(S155:S166)+S167+S168+S169+S170+S171+S172+S173+S174+S175+S176+S177+S178+S179+S180+S181+SUM(S183:S197)","v":0},null,{"$f":"U115+U116+U117+U118+U119+U120+U121+U122+U123+U124+SUM(U125:U131)+U132+U133+U134+U135+U136+U137+U138+U139+U140+U141+U142+U143+U144+U145+U146+U147+U148+U149+U150+U151+U152+U153+U154+SUM(U155:U166)+U167+U168+U169+U170+U171+U172+U173+U174+U175+U176+U177+U178+U179+U180+U181+SUM(U183:U197)","v":0},{"$f":"V115+V116+V117+V118+V119+V120+V121+V122+V123+V124+SUM(V125:V131)+V132+V133+V134+V135+V136+V137+V138+V139+V140+V141+V142+V143+V144+V145+V146+V147+V148+V149+V150+V151+V152+V153+V154+SUM(V155:V166)+V167+V168+V169+V170+V171+V172+V173+V174+V175+V176+V177+V178+V179+V180+V181+SUM(V183:V197)","v":0},null,null,{"$f":"Y115+Y116+Y117+Y118+Y119+Y120+Y121+Y122+Y123+Y124+SUM(Y125:Y131)+Y132+Y133+Y134+Y135+Y136+Y137+Y138+Y139+Y140+Y141+Y142+Y143+Y144+Y145+Y146+Y147+Y148+Y149+Y150+Y151+Y152+Y153+Y154+SUM(Y155:Y166)+Y167+Y168+Y169+Y170+Y171+Y172+Y173+Y174+Y175+Y176+Y177+Y178+Y179+Y180+Y181+SUM(Y183:Y197)","v":460596},null,{"$f":"AA115+AA116+AA117+AA118+AA119+AA120+AA121+AA122+AA123+AA124+SUM(AA125:AA131)+AA132+AA133+AA134+AA135+AA136+AA137+AA138+AA139+AA140+AA141+AA142+AA143+AA144+AA145+AA146+AA147+AA148+AA149+AA150+AA151+AA152+AA153+AA154+SUM(AA155:AA166)+AA167+AA168+AA169+AA170+AA171+AA172+AA173+AA174+AA175+AA176+AA177+AA178+AA179+AA180+AA181+SUM(AA183:AA197)","v":1030533.9600000001},{"$f":"AB115+AB116+AB117+AB118+AB119+AB120+AB121+AB122+AB123+AB124+SUM(AB125:AB131)+AB132+AB133+AB134+AB135+AB136+AB137+AB138+AB139+AB140+AB141+AB142+AB143+AB144+AB145+AB146+AB147+AB148+AB149+AB150+AB151+AB152+AB153+AB154+SUM(AB155:AB166)+AB167+AB168+AB169+AB170+AB171+AB172+AB173+AB174+AB175+AB176+AB177+AB178+AB179+AB180+AB181+SUM(AB183:AB197)","v":1491129.96},null,null,{"$f":"AE115+AE116+AE117+AE118+AE119+AE120+AE121+AE122+AE123+AE124+SUM(AE125:AE131)+AE132+AE133+AE134+AE135+AE136+AE137+AE138+AE139+AE140+AE141+AE142+AE143+AE144+AE145+AE146+AE147+AE148+AE149+AE150+AE151+AE152+AE153+AE154+SUM(AE155:AE166)+AE167+AE168+AE169+AE170+AE171+AE172+AE173+AE174+AE175+AE176+AE177+AE178+AE179+AE180+AE181+SUM(AE183:AE197)","v":0},null,{"$f":"AG115+AG116+AG117+AG118+AG119+AG120+AG121+AG122+AG123+AG124+SUM(AG125:AG131)+AG132+AG133+AG134+AG135+AG136+AG137+AG138+AG139+AG140+AG141+AG142+AG143+AG144+AG145+AG146+AG147+AG148+AG149+AG150+AG151+AG152+AG153+AG154+SUM(AG155:AG166)+AG167+AG168+AG169+AG170+AG171+AG172+AG173+AG174+AG175+AG176+AG177+AG178+AG179+AG180+AG181+SUM(AG183:AG197)","v":0},{"$f":"AH115+AH116+AH117+AH118+AH119+AH120+AH121+AH122+AH123+AH124+SUM(AH125:AH131)+AH132+AH133+AH134+AH135+AH136+AH137+AH138+AH139+AH140+AH141+AH142+AH143+AH144+AH145+AH146+AH147+AH148+AH149+AH150+AH151+AH152+AH153+AH154+SUM(AH155:AH166)+AH167+AH168+AH169+AH170+AH171+AH172+AH173+AH174+AH175+AH176+AH177+AH178+AH179+AH180+AH181+SUM(AH183:AH197)","v":0},null,null,{"$f":"AK115+AK116+AK117+AK118+AK119+AK120+AK121+AK122+AK123+AK124+SUM(AK125:AK131)+AK132+AK133+AK134+AK135+AK136+AK137+AK138+AK139+AK140+AK141+AK142+AK143+AK144+AK145+AK146+AK147+AK148+AK149+AK150+AK151+AK152+AK153+AK154+SUM(AK155:AK166)+AK167+AK168+AK169+AK170+AK171+AK172+AK173+AK174+AK175+AK176+AK177+AK178+AK179+AK180+AK181+SUM(AK183:AK197)","v":2674187.2000000002},null,{"$f":"AM115+AM116+AM117+AM118+AM119+AM120+AM121+AM122+AM123+AM124+SUM(AM125:AM131)+AM132+AM133+AM134+AM135+AM136+AM137+AM138+AM139+AM140+AM141+AM142+AM143+AM144+AM145+AM146+AM147+AM148+AM149+AM150+AM151+AM152+AM153+AM154+SUM(AM155:AM166)+AM167+AM168+AM169+AM170+AM171+AM172+AM173+AM174+AM175+AM176+AM177+AM178+AM179+AM180+AM181+SUM(AM183:AM197)","v":3027383.1200000006},{"$f":"AN115+AN116+AN117+AN118+AN119+AN120+AN121+AN122+AN123+AN124+SUM(AN125:AN131)+AN132+AN133+AN134+AN135+AN136+AN137+AN138+AN139+AN140+AN141+AN142+AN143+AN144+AN145+AN146+AN147+AN148+AN149+AN150+AN151+AN152+AN153+AN154+SUM(AN155:AN166)+AN167+AN168+AN169+AN170+AN171+AN172+AN173+AN174+AN175+AN176+AN177+AN178+AN179+AN180+AN181+SUM(AN183:AN197)","v":5701570.3200000003},null,null,{"$f":"AQ115+AQ116+AQ117+AQ118+AQ119+AQ120+AQ121+AQ122+AQ123+AQ124+SUM(AQ125:AQ131)+AQ132+AQ133+AQ134+AQ135+AQ136+AQ137+AQ138+AQ139+AQ140+AQ141+AQ142+AQ143+AQ144+AQ145+AQ146+AQ147+AQ148+AQ149+AQ150+AQ151+AQ152+AQ153+AQ154+SUM(AQ155:AQ166)+AQ167+AQ168+AQ169+AQ170+AQ171+AQ172+AQ173+AQ174+AQ175+AQ176+AQ177+AQ178+AQ179+AQ180+AQ181+SUM(AQ183:AQ197)","v":0},null,{"$f":"AS115+AS116+AS117+AS118+AS119+AS120+AS121+AS122+AS123+AS124+SUM(AS125:AS131)+AS132+AS133+AS134+AS135+AS136+AS137+AS138+AS139+AS140+AS141+AS142+AS143+AS144+AS145+AS146+AS147+AS148+AS149+AS150+AS151+AS152+AS153+AS154+SUM(AS155:AS166)+AS167+AS168+AS169+AS170+AS171+AS172+AS173+AS174+AS175+AS176+AS177+AS178+AS179+AS180+AS181+SUM(AS183:AS197)","v":0},{"$f":"AT115+AT116+AT117+AT118+AT119+AT120+AT121+AT122+AT123+AT124+SUM(AT125:AT131)+AT132+AT133+AT134+AT135+AT136+AT137+AT138+AT139+AT140+AT141+AT142+AT143+AT144+AT145+AT146+AT147+AT148+AT149+AT150+AT151+AT152+AT153+AT154+SUM(AT155:AT166)+AT167+AT168+AT169+AT170+AT171+AT172+AT173+AT174+AT175+AT176+AT177+AT178+AT179+AT180+AT181+SUM(AT183:AT197)","v":0},null,null,{"$f":"AW115+AW116+AW117+AW118+AW119+AW120+AW121+AW122+AW123+AW124+SUM(AW125:AW131)+AW132+AW133+AW134+AW135+AW136+AW137+AW138+AW139+AW140+AW141+AW142+AW143+AW144+AW145+AW146+AW147+AW148+AW149+AW150+AW151+AW152+AW153+AW154+SUM(AW155:AW166)+AW167+AW168+AW169+AW170+AW171+AW172+AW173+AW174+AW175+AW176+AW177+AW178+AW179+AW180+AW181+SUM(AW183:AW197)","v":0},null,{"$f":"AY115+AY116+AY117+AY118+AY119+AY120+AY121+AY122+AY123+AY124+SUM(AY125:AY131)+AY132+AY133+AY134+AY135+AY136+AY137+AY138+AY139+AY140+AY141+AY142+AY143+AY144+AY145+AY146+AY147+AY148+AY149+AY150+AY151+AY152+AY153+AY154+SUM(AY155:AY166)+AY167+AY168+AY169+AY170+AY171+AY172+AY173+AY174+AY175+AY176+AY177+AY178+AY179+AY180+AY181+SUM(AY183:AY197)","v":0},{"$f":"AZ115+AZ116+AZ117+AZ118+AZ119+AZ120+AZ121+AZ122+AZ123+AZ124+SUM(AZ125:AZ131)+AZ132+AZ133+AZ134+AZ135+AZ136+AZ137+AZ138+AZ139+AZ140+AZ141+AZ142+AZ143+AZ144+AZ145+AZ146+AZ147+AZ148+AZ149+AZ150+AZ151+AZ152+AZ153+AZ154+SUM(AZ155:AZ166)+AZ167+AZ168+AZ169+AZ170+AZ171+AZ172+AZ173+AZ174+AZ175+AZ176+AZ177+AZ178+AZ179+AZ180+AZ181+SUM(AZ183:AZ197)","v":0},null,null,{"$f":"BC115+BC116+BC117+BC118+BC119+BC120+BC121+BC122+BC123+BC124+SUM(BC125:BC131)+BC132+BC133+BC134+BC135+BC136+BC137+BC138+BC139+BC140+BC141+BC142+BC143+BC144+BC145+BC146+BC147+BC148+BC149+BC150+BC151+BC152+BC153+BC154+SUM(BC155:BC166)+BC167+BC168+BC169+BC170+BC171+BC172+BC173+BC174+BC175+BC176+BC177+BC178+BC179+BC180+BC181+SUM(BC183:BC197)","v":0},null,{"$f":"BE115+BE116+BE117+BE118+BE119+BE120+BE121+BE122+BE123+BE124+SUM(BE125:BE131)+BE132+BE133+BE134+BE135+BE136+BE137+BE138+BE139+BE140+BE141+BE142+BE143+BE144+BE145+BE146+BE147+BE148+BE149+BE150+BE151+BE152+BE153+BE154+SUM(BE155:BE166)+BE167+BE168+BE169+BE170+BE171+BE172+BE173+BE174+BE175+BE176+BE177+BE178+BE179+BE180+BE181+SUM(BE183:BE197)","v":0},{"$f":"BF115+BF116+BF117+BF118+BF119+BF120+BF121+BF122+BF123+BF124+SUM(BF125:BF131)+BF132+BF133+BF134+BF135+BF136+BF137+BF138+BF139+BF140+BF141+BF142+BF143+BF144+BF145+BF146+BF147+BF148+BF149+BF150+BF151+BF152+BF153+BF154+SUM(BF155:BF166)+BF167+BF168+BF169+BF170+BF171+BF172+BF173+BF174+BF175+BF176+BF177+BF178+BF179+BF180+BF181+SUM(BF183:BF197)","v":0},null,0,null,{"$f":"BJ115+BJ116+BJ117+BJ118+BJ119+BJ120+BJ121+BJ122+BJ123+BJ124+SUM(BJ125:BJ131)+BJ132+BJ133+BJ134+BJ135+BJ136+BJ137+BJ138+BJ139+BJ140+BJ141+BJ142+BJ143+BJ144+BJ145+BJ146+BJ147+BJ148+BJ149+BJ150+BJ151+BJ152+BJ153+BJ154+SUM(BJ155:BJ166)+BJ167+BJ168+BJ169+BJ170+BJ171+BJ172+BJ173+BJ174+BJ175+BJ176+BJ177+BJ178+BJ179+BJ180+BJ181+SUM(BJ183:BJ197)","v":3134783.2},null,{"$f":"BL115+BL116+BL117+BL118+BL119+BL120+BL121+BL122+BL123+BL124+SUM(BL125:BL131)+BL132+BL133+BL134+BL135+BL136+BL137+BL138+BL139+BL140+BL141+BL142+BL143+BL144+BL145+BL146+BL147+BL148+BL149+BL150+BL151+BL152+BL153+BL154+SUM(BL155:BL166)+BL167+BL168+BL169+BL170+BL171+BL172+BL173+BL174+BL175+BL176+BL177+BL178+BL179+BL180+BL181+SUM(BL183:BL197)","v":4057917.0799999991},{"$f":"BM115+BM116+BM117+BM118+BM119+BM120+BM121+BM122+BM123+BM124+SUM(BM125:BM131)+BM132+BM133+BM134+BM135+BM136+BM137+BM138+BM139+BM140+BM141+BM142+BM143+BM144+BM145+BM146+BM147+BM148+BM149+BM150+BM151+BM152+BM153+BM154+SUM(BM155:BM166)+BM167+BM168+BM169+BM170+BM171+BM172+BM173+BM174+BM175+BM176+BM177+BM178+BM179+BM180+BM181+SUM(BM183:BM197)","v":7192700.2799999993},0,null,{"$f":"BP115+BP116+BP117+BP118+BP119+BP120+BP121+BP122+BP123+BP124+SUM(BP125:BP131)+BP132+BP133+BP134+BP135+BP136+BP137+BP138+BP139+BP140+BP141+BP142+BP143+BP144+BP145+BP146+BP147+BP148+BP149+BP150+BP151+BP152+BP153+BP154+SUM(BP155:BP166)+BP167+BP168+BP169+BP170+BP171+BP172+BP173+BP174+BP175+BP176+BP177+BP178+BP179+BP180+BP181+SUM(BP183:BP197)","v":2433142.2999999998},null,{"$f":"BR115+BR116+BR117+BR118+BR119+BR120+BR121+BR122+BR123+BR124+SUM(BR125:BR131)+BR132+BR133+BR134+BR135+BR136+BR137+BR138+BR139+BR140+BR141+BR142+BR143+BR144+BR145+BR146+BR147+BR148+BR149+BR150+BR151+BR152+BR153+BR154+SUM(BR155:BR166)+BR167+BR168+BR169+BR170+BR171+BR172+BR173+BR174+BR175+BR176+BR177+BR178+BR179+BR180+BR181+SUM(BR183:BR197)","v":2088182.0199999996},{"$f":"BS115+BS116+BS117+BS118+BS119+BS120+BS121+BS122+BS123+BS124+SUM(BS125:BS131)+BS132+BS133+BS134+BS135+BS136+BS137+BS138+BS139+BS140+BS141+BS142+BS143+BS144+BS145+BS146+BS147+BS148+BS149+BS150+BS151+BS152+BS153+BS154+SUM(BS155:BS166)+BS167+BS168+BS169+BS170+BS171+BS172+BS173+BS174+BS175+BS176+BS177+BS178+BS179+BS180+BS181+SUM(BS183:BS197)","v":4521324.3199999994}]
["1.4.1","Сервер \"Орион Про\"","компл.",1,50304,{"$f":"D115*E115","v":50304},0,null,{"$f":"E115*D115+G115*D115","v":50304},null,null,50304,{"$f":"K115*L115","v":0},0,null,{"$f":"L115*K115+N115*K115","v":0},null,50304,{"$f":"Q115*R115","v":0},0,null,{"$f":"R115*Q115+T115*Q115","v":0},null,50304,{"$f":"W115*X115","v":0},0,null,{"$f":"X115*W115+Z115*W115","v":0},null,50304,{"$f":"AC115*AD115","v":0},0,null,{"$f":"AD115*AC115+AF115*AC115","v":0},null,50304,{"$f":"AI115*AJ115","v":0},0,null,{"$f":"AJ115*AI115+AL115*AI115","v":0},null,50304,{"$f":"AO115*AP115","v":0},0,null,{"$f":"AP115*AO115+AR115*AO115","v":0},null,50304,{"$f":"AU115*AV115","v":0},0,null,{"$f":"AV115*AU115+AX115*AU115","v":0},null,50304,{"$f":"BA115*BB115","v":0},0,null,{"$f":"BB115*BA115+BD115*BA115","v":0},null,0,50304,{"$f":"BH115*BI115","v":0},0,null,{"$f":"BI115*BH115+BK115*BH115","v":0},1,50304,{"$f":"BN115*BO115","v":50304},0,null,{"$f":"BO115*BN115+BQ115*BN115","v":50304}]
["1.4.2","Шкаф пожарной сигнализации","шт.",4,5502,22008,36625.68,{"$f":"D116*G116","v":146502.72},168510.72,null,null,5502,0,36625.68,{"$f":"K116*N116","v":0},0,null,5502,0,36625.68,{"$f":"Q116*T116","v":0},0,3,5502,16506,36625.68,{"$f":"W116*Z116","v":109877.04000000001},126383.04000000001,null,5502,0,36625.68,{"$f":"AC116*AF116","v":0},0,null,5502,0,36625.68,{"$f":"AI116*AL116","v":0},0,null,5502,0,36625.68,{"$f":"AO116*AR116","v":0},0,null,5502,0,36625.68,{"$f":"AU116*AX116","v":0},0,null,5502,0,36625.68,{"$f":"BA116*BD116","v":0},0,null,3,5502,16506,36625.68,{"$f":"BH116*BK116","v":109877.04000000001},126383.04000000001,1,5502,5502,36625.68,{"$f":"BN116*BQ116","v":36625.68},42127.68]
["1.4.3","Монтажный комплект","шт.",4,2358,9432,1456,5824,15256,null,null,2358,0,1456,0,0,null,2358,0,1456,0,0,null,2358,0,1456,0,0,null,2358,0,1456,0,0,3,2358,7074,1456,4368,11442,null,2358,0,1456,0,0,null,2358,0,1456,0,0,null,2358,0,1456,0,0,null,3,2358,7074,1456,4368,11442,1,2358,2358,1456,1456,3814]
["1.4.5","Прибор приемно-контрольный и управления пожарный","шт.",1,5502,5502,42033.68,42033.68,47535.68,null,null,5502,0,42033.68,0,0,null,5502,0,42033.68,0,0,null,5502,0,42033.68,0,0,null,5502,0,42033.68,0,0,null,5502,0,42033.68,0,0,null,5502,0,42033.68,0,0,null,5502,0,42033.68,0,0,null,5502,0,42033.68,0,0,null,0,5502,0,42033.68,0,0,1,5502,5502,42033.68,42033.68,47535.68]
["1.4.6","Аккумулятор 12 В, 17 А/ч","шт.",10,524,5240,7368.4,73684,78924,null,null,524,0,7368.4,0,0,null,524,0,7368.4,0,0,null,524,0,7368.4,0,0,null,524,0,7368.4,0,0,null,524,0,7368.4,0,0,null,524,0,7368.4,0,0,null,524,0,7368.4,0,0,null,524,0,7368.4,0,0,null,0,524,0,7368.4,0,0,10,524,5240,7368.4,73684,78924]
["1.4.7","Пульт контроля и управления","шт.",1,3406,3406,14788.18,14788.18,18194.18,null,null,3406,0,14788.18,0,0,null,3406,0,14788.18,0,0,null,3406,0,14788.18,0,0,null,3406,0,14788.18,0,0,null,3406,0,14788.18,0,0,null,3406,0,14788.18,0,0,null,3406,0,14788.18,0,0,null,3406,0,14788.18,0,0,null,0,3406,0,14788.18,0,0,1,3406,3406,14788.18,14788.18,18194.18]
["1.4.8","Контроллер двухпроводной линиии связи","шт.",11,3406,37466,6507.85,71586.350000000006,109052.35,null,null,3406,0,6507.85,0,0,null,3406,0,6507.85,0,0,null,3406,0,6507.85,0,0,null,3406,0,6507.85,0,0,11,3406,37466,6507.85,71586.350000000006,109052.35,null,3406,0,6507.85,0,0,null,3406,0,6507.85,0,0,null,3406,0,6507.85,0,0,null,11,3406,37466,6507.85,71586.350000000006,109052.35,0,3406,0,6507.85,0,0]
["1.4.9","Блок контрольно-пусковой","шт.",4,3406,13624,5933.93,23735.72,37359.72,null,null,3406,0,5933.93,0,0,null,3406,0,5933.93,0,0,null,3406,0,5933.93,0,0,null,3406,0,5933.93,0,0,4,3406,13624,5933.93,23735.72,37359.72,null,3406,0,5933.93,0,0,null,3406,0,5933.93,0,0,null,3406,0,5933.93,0,0,null,4,3406,13624,5933.93,23735.72,37359.72,0,3406,0,5933.93,0,0]
["1.4.10","Извещатель пожарный дымовой оптико-электронный аналого-адресный","шт.",137,1572,215364,2472.34,338710.58,554074.58000000007,null,null,1572,0,2472.34,0,0,null,1572,0,2472.34,0,0,50,1572,78600,2472.34,123617,202217,null,1572,0,2472.34,0,0,null,1572,0,2472.34,0,0,null,1572,0,2472.34,0,0,null,1572,0,2472.34,0,0,null,1572,0,2472.34,0,0,null,50,1572,78600,2472.34,123617,202217,87,1572,136764,2472.34,215093.58000000002,351857.58]
["1.4.11","Извещатель пожарный линейный однопозиционный адресный","шт.",24,4454,106896,37518,900432,1007328,null,null,4454,0,37518,0,0,null,4454,0,37518,0,0,10,4454,44540,37518,375180,419720,null,4454,0,37518,0,0,12,4454,53448,37518,450216,503664,null,4454,0,37518,0,0,null,4454,0,37518,0,0,null,4454,0,37518,0,0,null,22,4454,97988,37518,825396,923384,2,4454,8908,37518,75036,83944]
["1.4.13","Извещатель пожарный ручной адресный","шт.",15,1572,23580,1458.34,21875.1,45455.1,null,null,1572,0,1458.34,0,0,null,1572,0,1458.34,0,0,5,1572,7860,1458.34,7291.7,15151.7,null,1572,0,1458.34,0,0,null,1572,0,1458.34,0,0,null,1572,0,1458.34,0,0,null,1572,0,1458.34,0,0,null,1572,0,1458.34,0,0,null,5,1572,7860,1458.34,7291.7,15151.7,10,1572,15720,1458.34,14583.4,30303.4]
["1.4.14","Аккумулятор 12 В, 40 А/ч","шт.",4,524,2096,8196.4,32785.599999999999,34881.599999999999,null,null,524,0,8196.4,0,0,null,524,0,8196.4,0,0,null,524,0,8196.4,0,0,null,524,0,8196.4,0,0,2,524,1048,8196.4,16392.8,17440.8,null,524,0,8196.4,0,0,null,524,0,8196.4,0,0,null,524,0,8196.4,0,0,null,2,524,1048,8196.4,16392.8,17440.8,2,524,1048,8196.4,16392.8,17440.8]
["1.4.15","Источник питания резервированный","шт.",4,3930,15720,16396.07,65584.28,81304.28,null,null,3930,0,16396.07,0,0,null,3930,0,16396.07,0,0,null,3930,0,16396.07,0,0,null,3930,0,16396.07,0,0,2,3930,7860,16396.07,32792.14,40652.14,null,3930,0,16396.07,0,0,null,3930,0,16396.07,0,0,null,3930,0,16396.07,0,0,null,2,3930,7860,16396.07,32792.14,40652.14,2,3930,7860,16396.07,32792.14,40652.14]
["1.4.16","Аккумулятор 12 В, 7 А/ч","шт.",4,524,2096,3129.1,12516.4,14612.4,null,null,524,0,3129.1,0,0,null,524,0,3129.1,0,0,null,524,0,3129.1,0,0,null,524,0,3129.1,0,0,null,524,0,3129.1,0,0,null,524,0,3129.1,0,0,null,524,0,3129.1,0,0,null,524,0,3129.1,0,0,null,0,524,0,3129.1,0,0,4,524,2096,3129.1,12516.4,14612.4]
["1.4.17","Блок контроля и индикации","шт.",2,3930,7860,11731.38,23462.76,31322.76,null,null,3930,0,11731.38,0,0,null,3930,0,11731.38,0,0,null,3930,0,11731.38,0,0,null,3930,0,11731.38,0,0,null,3930,0,11731.38,0,0,null,3930,0,11731.38,0,0,null,3930,0,11731.38,0,0,null,3930,0,11731.38,0,0,null,0,3930,0,11731.38,0,0,2,3930,7860,11731.38,23462.76,31322.76]
["1.4.18","Блок разветвительно-изолирующий","шт.",4,1310,5240,833.51,3334.04,8574.0400000000009,null,null,1310,0,833.51,0,0,null,1310,0,833.51,0,0,null,1310,0,833.51,0,0,null,1310,0,833.51,0,0,4,1310,5240,833.51,3334.04,8574.0400000000009,null,1310,0,833.51,0,0,null,1310,0,833.51,0,0,null,1310,0,833.51,0,0,null,4,1310,5240,833.51,3334.04,8574.0400000000009,0,1310,0,833.51,0,0]
["1.4.19","Преобразователь интерфейсов","шт.",4,4192,16768,15047.76,60191.040000000001,76959.040000000008,null,null,4192,0,15047.76,0,0,null,4192,0,15047.76,0,0,null,4192,0,15047.76,0,0,null,4192,0,15047.76,0,0,4,4192,16768,15047.76,60191.040000000001,76959.040000000008,null,4192,0,15047.76,0,0,null,4192,0,15047.76,0,0,null,4192,0,15047.76,0,0,null,4,4192,16768,15047.76,60191.040000000001,76959.040000000008,0,4192,0,15047.76,0,0]
["1.4.20","Патч-корд волоконно-оптический LC/UPC-LC/UPC 50 м","шт.",4,393,1572,3672.55,14690.2,16262.2,null,null,393,0,3672.55,0,0,null,393,0,3672.55,0,0,null,393,0,3672.55,0,0,null,393,0,3672.55,0,0,null,393,0,3672.55,0,0,null,393,0,3672.55,0,0,null,393,0,3672.55,0,0,null,393,0,3672.55,0,0,null,0,393,0,3672.55,0,0,4,393,1572,3672.55,14690.2,16262.2]
["1.4.21","Патч-корд волоконно-оптический LC/UPC-LC/UPC 1 м","шт.",4,393,1572,1027,4108,5680,null,null,393,0,1027,0,0,null,393,0,1027,0,0,null,393,0,1027,0,0,null,393,0,1027,0,0,4,393,1572,1027,4108,5680,null,393,0,1027,0,0,null,393,0,1027,0,0,null,393,0,1027,0,0,null,4,393,1572,1027,4108,5680,0,393,0,1027,0,0]
["1.4.22","Устройство коммутационное","шт.",24,3406,81744,1774.5,42588,124332,null,null,3406,0,1774.5,0,0,null,3406,0,1774.5,0,0,null,3406,0,1774.5,0,0,null,3406,0,1774.5,0,0,20,3406,68120,1774.5,35490,103610,null,3406,0,1774.5,0,0,null,3406,0,1774.5,0,0,null,3406,0,1774.5,0,0,null,20,3406,68120,1774.5,35490,103610,4,3406,13624,1774.5,7098,20722]
["1.4.23","Оповещатель охранно-пожарный световой (табло) ЛЮКС-24 \"Выход\"","шт.",10,1572,15720,478.4,4784,20504,null,null,1572,0,478.4,0,0,null,1572,0,478.4,0,0,null,1572,0,478.4,0,0,null,1572,0,478.4,0,0,1,1572,1572,478.4,478.4,2050.4,null,1572,0,478.4,0,0,null,1572,0,478.4,0,0,null,1572,0,478.4,0,0,null,1,1572,1572,478.4,478.4,2050.4,9,1572,14148,478.4,4305.5999999999995,18453.599999999999]
["1.4.24","Оповещатель охранно-пожарный световой (табло) ЛЮКС-24 \"Стрелка влево\"","шт.",9,1572,14148,478.4,4305.5999999999995,18453.599999999999,null,null,1572,0,478.4,0,0,null,1572,0,478.4,0,0,null,1572,0,478.4,0,0,null,1572,0,478.4,0,0,5,1572,7860,478.4,2392,10252,null,1572,0,478.4,0,0,null,1572,0,478.4,0,0,null,1572,0,478.4,0,0,null,5,1572,7860,478.4,2392,10252,4,1572,6288,478.4,1913.6,8201.6]
["1.4.25","Оповещатель охранно-пожарный световой (табло) ЛЮКС-24 \"Стрелка вправо\"","шт.",9,1572,14148,478.4,4305.5999999999995,18453.599999999999,null,null,1572,0,478.4,0,0,null,1572,0,478.4,0,0,null,1572,0,478.4,0,0,null,1572,0,478.4,0,0,5,1572,7860,478.4,2392,10252,null,1572,0,478.4,0,0,null,1572,0,478.4,0,0,null,1572,0,478.4,0,0,null,5,1572,7860,478.4,2392,10252,4,1572,6288,478.4,1913.6,8201.6]
["1.4.26","Оповещатель охранно-пожарный звуковой Маяк-24-ЗМ2","шт.",54,1572,84888,351,18954,103842,null,null,1572,0,351,0,0,null,1572,0,351,0,0,null,1572,0,351,0,0,null,1572,0,351,0,0,30,1572,47160,351,10530,57690,null,1572,0,351,0,0,null,1572,0,351,0,0,null,1572,0,351,0,0,null,30,1572,47160,351,10530,57690,24,1572,37728,351,8424,46152]
["1.4.27","Комбинированный оповещатель со стробовспышкой Г-24КПР","шт.",30,1572,47160,708.55,21256.5,68416.5,null,null,1572,0,708.55,0,0,null,1572,0,708.55,0,0,null,1572,0,708.55,0,0,null,1572,0,708.55,0,0,30,1572,47160,708.55,21256.5,68416.5,null,1572,0,708.55,0,0,null,1572,0,708.55,0,0,null,1572,0,708.55,0,0,null,30,1572,47160,708.55,21256.5,68416.5,0,1572,0,708.55,0,0]
["1.4.28","Оповещатель охранно-пожарный комбинированный свето-звуковой Маяк-24-КПМ2","шт.",39,1572,61308,852.8,33259.199999999997,94567.2,null,null,1572,0,852.8,0,0,null,1572,0,852.8,0,0,null,1572,0,852.8,0,0,null,1572,0,852.8,0,0,30,1572,47160,852.8,25584,72744,null,1572,0,852.8,0,0,null,1572,0,852.8,0,0,null,1572,0,852.8,0,0,null,30,1572,47160,852.8,25584,72744,9,1572,14148,852.8,7675.2,21823.200000000001]
["1.4.29","Полка 19\" перфорированная консольная 1U","шт.",1,2620,2620,1900.6,1900.6,4520.6000000000004,null,null,2620,0,1900.6,0,0,null,2620,0,1900.6,0,0,null,2620,0,1900.6,0,0,null,2620,0,1900.6,0,0,null,2620,0,1900.6,0,0,null,2620,0,1900.6,0,0,null,2620,0,1900.6,0,0,null,2620,0,1900.6,0,0,null,0,2620,0,1900.6,0,0,1,2620,2620,1900.6,1900.6,4520.6000000000004]
["1.4.30","Модуль подключения нагрузки","шт.",87,131,11397,93.29,8116.2300000000005,19513.23,null,null,131,0,93.29,0,0,null,131,0,93.29,0,0,null,131,0,93.29,0,0,null,131,0,93.29,0,0,80,131,10480,93.29,7463.2000000000007,17943.2,null,131,0,93.29,0,0,null,131,0,93.29,0,0,null,131,0,93.29,0,0,null,80,131,10480,93.29,7463.2000000000007,17943.2,7,131,917,93.29,653.03000000000009,1570.0300000000002]
["1.4.31","Блок сигнально-пусковой адресный","шт.",96,4192,402432,4800.12,460811.52000000002,863243.52,null,null,4192,0,4800.12,0,0,null,4192,0,4800.12,0,0,40,4192,167680,4800.12,192004.8,359684.8,null,4192,0,4800.12,0,0,null,4192,0,4800.12,0,0,null,4192,0,4800.12,0,0,null,4192,0,4800.12,0,0,null,4192,0,4800.12,0,0,null,40,4192,167680,4800.12,192004.8,359684.8,56,4192,234752,4800.12,268806.71999999997,503558.72]
["1.4.32","Кнопка \"ТЕСТ\"","шт.",96,1572,150912,1625,156000,306912,null,null,1572,0,1625,0,0,null,1572,0,1625,0,0,40,1572,62880,1625,65000,127880,null,1572,0,1625,0,0,10,1572,15720,1625,16250,31970,null,1572,0,1625,0,0,null,1572,0,1625,0,0,null,1572,0,1625,0,0,null,50,1572,78600,1625,81250,159850,46,1572,72312,1625,74750,147062]
["1.4.33","Шкаф контрольно пусковой ШКП-10RS (М)","шт.",1,5895,5895,40714.129999999997,40714.129999999997,46609.13,null,null,5895,0,40714.129999999997,0,0,null,5895,0,40714.129999999997,0,0,null,5895,0,40714.129999999997,0,0,null,5895,0,40714.129999999997,0,0,1,5895,5895,40714.129999999997,40714.129999999997,46609.13,null,5895,0,40714.129999999997,0,0,null,5895,0,40714.129999999997,0,0,null,5895,0,40714.129999999997,0,0,null,1,5895,5895,40714.129999999997,40714.129999999997,46609.13,0,5895,0,40714.129999999997,0,0]
["1.4.34","Шкаф контрольно пусковой ШКП-18RS (М)","шт.",1,5895,5895,42423.73,42423.73,48318.73,null,null,5895,0,42423.73,0,0,null,5895,0,42423.73,0,0,null,5895,0,42423.73,0,0,null,5895,0,42423.73,0,0,null,5895,0,42423.73,0,0,null,5895,0,42423.73,0,0,null,5895,0,42423.73,0,0,null,5895,0,42423.73,0,0,null,0,5895,0,42423.73,0,0,1,5895,5895,42423.73,42423.73,48318.73]
["1.4.35","Преобразователь интерфейса","шт.",1,3406,3406,4581.25,4581.25,7987.25,null,null,3406,0,4581.25,0,0,null,3406,0,4581.25,0,0,null,3406,0,4581.25,0,0,null,3406,0,4581.25,0,0,null,3406,0,4581.25,0,0,null,3406,0,4581.25,0,0,null,3406,0,4581.25,0,0,null,3406,0,4581.25,0,0,null,0,3406,0,4581.25,0,0,1,3406,3406,4581.25,4581.25,7987.25]
["1.4.36","Коммутатор сетевой гигабитный 6 портовый","шт.",1,3406,3406,11700,11700,15106,null,null,3406,0,11700,0,0,null,3406,0,11700,0,0,null,3406,0,11700,0,0,null,3406,0,11700,0,0,null,3406,0,11700,0,0,null,3406,0,11700,0,0,null,3406,0,11700,0,0,null,3406,0,11700,0,0,null,0,3406,0,11700,0,0,1,3406,3406,11700,11700,15106]
["1.4.37","Блок питания","шт.",1,3930,3930,3325.4,3325.4,7255.4,null,null,3930,0,3325.4,0,0,null,3930,0,3325.4,0,0,null,3930,0,3325.4,0,0,null,3930,0,3325.4,0,0,null,3930,0,3325.4,0,0,null,3930,0,3325.4,0,0,null,3930,0,3325.4,0,0,null,3930,0,3325.4,0,0,null,0,3930,0,3325.4,0,0,1,3930,3930,3325.4,3325.4,7255.4]
["1.4.38","Лоток перфорированный 100х50х3000","м",585,497.8,{"$f":"D150*E150","v":291213},699.4,{"$f":"D150*G150","v":409149},700362,null,null,497.8,{"$f":"K150*L150","v":0},699.4,{"$f":"K150*N150","v":0},0,null,497.8,{"$f":"Q150*R150","v":0},699.4,{"$f":"Q150*T150","v":0},0,null,497.8,{"$f":"W150*X150","v":0},699.4,{"$f":"W150*Z150","v":0},0,null,497.8,{"$f":"AC150*AD150","v":0},699.4,{"$f":"AC150*AF150","v":0},0,400,497.8,{"$f":"AI150*AJ150","v":199120},699.4,{"$f":"AI150*AL150","v":279760},478880,null,497.8,{"$f":"AO150*AP150","v":0},699.4,{"$f":"AO150*AR150","v":0},0,null,497.8,{"$f":"AU150*AV150","v":0},699.4,{"$f":"AU150*AX150","v":0},0,null,497.8,{"$f":"BA150*BB150","v":0},699.4,{"$f":"BA150*BD150","v":0},0,null,400,497.8,{"$f":"BH150*BI150","v":199120},699.4,{"$f":"BH150*BK150","v":279760},478880,185,497.8,{"$f":"BN150*BO150","v":92093},699.4,{"$f":"BN150*BQ150","v":129389},221482]
["1.4.39","Перегородка для лотка","м",585,131,{"$f":"D151*E151","v":76635},380.64,{"$f":"D151*G151","v":222674.4},299309.40000000002,null,null,131,{"$f":"K151*L151","v":0},380.64,{"$f":"K151*N151","v":0},0,null,131,{"$f":"Q151*R151","v":0},380.64,{"$f":"Q151*T151","v":0},0,null,131,{"$f":"W151*X151","v":0},380.64,{"$f":"W151*Z151","v":0},0,null,131,{"$f":"AC151*AD151","v":0},380.64,{"$f":"AC151*AF151","v":0},0,400,131,{"$f":"AI151*AJ151","v":52400},380.64,{"$f":"AI151*AL151","v":152256},204656,null,131,{"$f":"AO151*AP151","v":0},380.64,{"$f":"AO151*AR151","v":0},0,null,131,{"$f":"AU151*AV151","v":0},380.64,{"$f":"AU151*AX151","v":0},0,null,131,{"$f":"BA151*BB151","v":0},380.64,{"$f":"BA151*BD151","v":0},0,null,400,131,{"$f":"BH151*BI151","v":52400},380.64,{"$f":"BH151*BK151","v":152256},204656,185,131,{"$f":"BN151*BO151","v":24235},380.64,{"$f":"BN151*BQ151","v":70418.399999999994},94653.4]
["1.4.40","Крышка с заземлением на лоток основание 100 L3000","м",585,157.19999999999999,{"$f":"D152*E152","v":91962},271.99,{"$f":"D152*G152","v":159114.15},251076.15,null,null,157.19999999999999,{"$f":"K152*L152","v":0},271.99,{"$f":"K152*N152","v":0},0,null,157.19999999999999,{"$f":"Q152*R152","v":0},271.99,{"$f":"Q152*T152","v":0},0,null,157.19999999999999,{"$f":"W152*X152","v":0},271.99,{"$f":"W152*Z152","v":0},0,null,157.19999999999999,{"$f":"AC152*AD152","v":0},271.99,{"$f":"AC152*AF152","v":0},0,400,157.19999999999999,{"$f":"AI152*AJ152","v":62879.999999999993},271.99,{"$f":"AI152*AL152","v":108796},171676,null,157.19999999999999,{"$f":"AO152*AP152","v":0},271.99,{"$f":"AO152*AR152","v":0},0,null,157.19999999999999,{"$f":"AU152*AV152","v":0},271.99,{"$f":"AU152*AX152","v":0},0,null,157.19999999999999,{"$f":"BA152*BB152","v":0},271.99,{"$f":"BA152*BD152","v":0},0,null,400,157.19999999999999,{"$f":"BH152*BI152","v":62879.999999999993},271.99,{"$f":"BH152*BK152","v":108796},171676,185,157.19999999999999,{"$f":"BN152*BO152","v":29081.999999999996},271.99,{"$f":"BN152*BQ152","v":50318.15},79400.149999999994]
["1.4.41","Угол CPO 90 горизонтальный 90° 100х50","шт.",10,1572,{"$f":"D153*E153","v":15720},2107.04,{"$f":"D153*G153","v":21070.400000000001},36790.400000000001,null,null,1572,{"$f":"K153*L153","v":0},2107.04,{"$f":"K153*N153","v":0},0,null,1572,{"$f":"Q153*R153","v":0},2107.04,{"$f":"Q153*T153","v":0},0,null,1572,{"$f":"W153*X153","v":0},2107.04,{"$f":"W153*Z153","v":0},0,null,1572,{"$f":"AC153*AD153","v":0},2107.04,{"$f":"AC153*AF153","v":0},0,9,1572,{"$f":"AI153*AJ153","v":14148},2107.04,{"$f":"AI153*AL153","v":18963.36},33111.360000000001,null,1572,{"$f":"AO153*AP153","v":0},2107.04,{"$f":"AO153*AR153","v":0},0,null,1572,{"$f":"AU153*AV153","v":0},2107.04,{"$f":"AU153*AX153","v":0},0,null,1572,{"$f":"BA153*BB153","v":0},2107.04,{"$f":"BA153*BD153","v":0},0,null,9,1572,{"$f":"BH153*BI153","v":14148},2107.04,{"$f":"BH153*BK153","v":18963.36},33111.360000000001,1,1572,{"$f":"BN153*BO153","v":1572},2107.04,{"$f":"BN153*BQ153","v":2107.04},3679.04]
["1.4.42","Угол CS 90 вертикальный внутренний 90° 100х50","шт.",12,1572,{"$f":"D154*E154","v":18864},2459.6,{"$f":"D154*G154","v":29515.199999999997},48379.199999999997,null,null,1572,{"$f":"K154*L154","v":0},2459.6,{"$f":"K154*N154","v":0},0,null,1572,{"$f":"Q154*R154","v":0},2459.6,{"$f":"Q154*T154","v":0},0,null,1572,{"$f":"W154*X154","v":0},2459.6,{"$f":"W154*Z154","v":0},0,null,1572,{"$f":"AC154*AD154","v":0},2459.6,{"$f":"AC154*AF154","v":0},0,3,1572,{"$f":"AI154*AJ154","v":4716},2459.6,{"$f":"AI154*AL154","v":7378.7999999999993},12094.8,null,1572,{"$f":"AO154*AP154","v":0},2459.6,{"$f":"AO154*AR154","v":0},0,null,1572,{"$f":"AU154*AV154","v":0},2459.6,{"$f":"AU154*AX154","v":0},0,null,1572,{"$f":"BA154*BB154","v":0},2459.6,{"$f":"BA154*BD154","v":0},0,null,3,1572,{"$f":"BH154*BI154","v":4716},2459.6,{"$f":"BH154*BK154","v":7378.7999999999993},12094.8,9,1572,{"$f":"BN154*BO154","v":14148},2459.6,{"$f":"BN154*BQ154","v":22136.399999999998},36284.399999999994]
["1.4.43","Лоток 50х50 L=3000 перфорированный","м.",150,838.4,125760,487.5,73125,198885,null,null,838.4,0,487.5,0,0,null,838.4,0,487.5,0,0,null,838.4,0,487.5,0,0,null,838.4,0,487.5,0,0,null,838.4,0,487.5,0,0,null,838.4,0,487.5,0,0,null,838.4,0,487.5,0,0,null,838.4,0,487.5,0,0,null,0,838.4,0,487.5,0,0,150,838.4,125760,487.5,73125,198885]
["1.4.44","Крышка с заземлением на лоток основание 50 L3000","м.",150,157.19999999999999,23580,223.15,33472.5,57052.5,null,null,157.19999999999999,0,223.15,0,0,null,157.19999999999999,0,223.15,0,0,null,157.19999999999999,0,223.15,0,0,null,157.19999999999999,0,223.15,0,0,null,157.19999999999999,0,223.15,0,0,null,157.19999999999999,0,223.15,0,0,null,157.19999999999999,0,223.15,0,0,null,157.19999999999999,0,223.15,0,0,null,0,157.19999999999999,0,223.15,0,0,150,157.19999999999999,23580,223.15,33472.5,57052.5]
["1.4.45","Крышка S5 CPO90 90х100 угла горизонтального","шт.",10,157.19999999999999,1572,1091.22,10912.2,12484.2,null,null,157.19999999999999,0,1091.22,0,0,null,157.19999999999999,0,1091.22,0,0,null,157.19999999999999,0,1091.22,0,0,null,157.19999999999999,0,1091.22,0,0,null,157.19999999999999,0,1091.22,0,0,null,157.19999999999999,0,1091.22,0,0,null,157.19999999999999,0,1091.22,0,0,null,157.19999999999999,0,1091.22,0,0,null,0,157.19999999999999,0,1091.22,0,0,10,157.19999999999999,1572,1091.22,10912.2,12484.2]
["1.4.46","Крышка S5 CS90 90x100 угла вертикального внутреннего","шт.",12,157.19999999999999,1886.3999999999999,837.23,10046.76,11933.16,null,null,157.19999999999999,0,837.23,0,0,null,157.19999999999999,0,837.23,0,0,null,157.19999999999999,0,837.23,0,0,null,157.19999999999999,0,837.23,0,0,null,157.19999999999999,0,837.23,0,0,null,157.19999999999999,0,837.23,0,0,null,157.19999999999999,0,837.23,0,0,null,157.19999999999999,0,837.23,0,0,null,0,157.19999999999999,0,837.23,0,0,12,157.19999999999999,1886.3999999999999,837.23,10046.76,11933.16]
["1.4.47","Ответвитель S5 DL 100x50 горизонтальный","шт.",5,1572,7860,2626.01,13130.050000000001,20990.050000000003,null,null,1572,0,2626.01,0,0,null,1572,0,2626.01,0,0,null,1572,0,2626.01,0,0,null,1572,0,2626.01,0,0,null,1572,0,2626.01,0,0,null,1572,0,2626.01,0,0,null,1572,0,2626.01,0,0,null,1572,0,2626.01,0,0,null,0,1572,0,2626.01,0,0,5,1572,7860,2626.01,13130.050000000001,20990.050000000003]
["1.4.48","Крышка S5 DL 100х50 ответвителя горизонтального","шт.",5,157.19999999999999,786,1305.8499999999999,6529.25,7315.25,null,null,157.19999999999999,0,1305.8499999999999,0,0,null,157.19999999999999,0,1305.8499999999999,0,0,null,157.19999999999999,0,1305.8499999999999,0,0,null,157.19999999999999,0,1305.8499999999999,0,0,null,157.19999999999999,0,1305.8499999999999,0,0,null,157.19999999999999,0,1305.8499999999999,0,0,null,157.19999999999999,0,1305.8499999999999,0,0,null,157.19999999999999,0,1305.8499999999999,0,0,null,0,157.19999999999999,0,1305.8499999999999,0,0,5,157.19999999999999,786,1305.8499999999999,6529.25,7315.25]
["1.4.49","Угол S5 CD90 90x50x50 вертикальный внешний","шт.",16,1572,25152,2555.81,40892.959999999999,66044.959999999992,null,null,1572,0,2555.81,0,0,null,1572,0,2555.81,0,0,null,1572,0,2555.81,0,0,null,1572,0,2555.81,0,0,null,1572,0,2555.81,0,0,null,1572,0,2555.81,0,0,null,1572,0,2555.81,0,0,null,1572,0,2555.81,0,0,null,0,1572,0,2555.81,0,0,16,1572,25152,2555.81,40892.959999999999,66044.959999999992]
["1.4.50","Крышка S5 CD90 90x50 угла вертикального внешнего","шт.",16,157.19999999999999,2515.1999999999998,829.61,13273.76,15788.96,null,null,157.19999999999999,0,829.61,0,0,null,157.19999999999999,0,829.61,0,0,null,157.19999999999999,0,829.61,0,0,null,157.19999999999999,0,829.61,0,0,null,157.19999999999999,0,829.61,0,0,null,157.19999999999999,0,829.61,0,0,null,157.19999999999999,0,829.61,0,0,null,157.19999999999999,0,829.61,0,0,null,{"$f":"K162+Q162+W162+AC162+AI162+AO162+AU162+BA162","v":0},157.19999999999999,0,829.61,0,0,{"$f":"D162-BH162","v":16},157.19999999999999,2515.1999999999998,829.61,13273.76,15788.96]
["1.4.51","Ответвитель S5 DL 50x50 горизонтальный","шт.",16,1572,25152,2373.29,37972.639999999999,63124.639999999999,null,null,1572,0,2373.29,0,0,null,1572,0,2373.29,0,0,null,1572,0,2373.29,0,0,null,1572,0,2373.29,0,0,null,1572,0,2373.29,0,0,null,1572,0,2373.29,0,0,null,1572,0,2373.29,0,0,null,1572,0,2373.29,0,0,null,0,1572,0,2373.29,0,0,16,1572,25152,2373.29,37972.639999999999,63124.639999999999]
["1.4.52","Крышка S5 DL 50х50 ответвителя горизонтального","шт.",16,157.19999999999999,2515.1999999999998,1109.56,17752.96,20268.16,null,null,157.19999999999999,0,1109.56,0,0,null,157.19999999999999,0,1109.56,0,0,null,157.19999999999999,0,1109.56,0,0,null,157.19999999999999,0,1109.56,0,0,null,157.19999999999999,0,1109.56,0,0,null,157.19999999999999,0,1109.56,0,0,null,157.19999999999999,0,1109.56,0,0,null,157.19999999999999,0,1109.56,0,0,null,0,157.19999999999999,0,1109.56,0,0,16,157.19999999999999,2515.1999999999998,1109.56,17752.96,20268.16]
["1.4.53","Кронштейн индивидуального изготовления L=1250","шт.",210,540.77,113561.7,2018.64,423914.4,537476.1,null,null,540.77,0,2018.64,0,0,null,540.77,0,2018.64,0,0,null,540.77,0,2018.64,0,0,null,540.77,0,2018.64,0,0,180,540.77,97338.599999999991,2018.64,363355.2,460693.8,null,540.77,0,2018.64,0,0,null,540.77,0,2018.64,0,0,null,540.77,0,2018.64,0,0,null,180,540.77,97338.599999999991,2018.64,363355.2,460693.8,30,540.77,16223.099999999999,2018.64,60559.200000000004,76782.3]
["1.4.54","Кронштейн юстировочный для монтажа линейного извещателя","шт.",24,1572,37728,1560,37440,75168,null,null,1572,0,1560,0,0,null,1572,0,1560,0,0,null,1572,0,1560,0,0,null,1572,0,1560,0,0,null,1572,0,1560,0,0,null,1572,0,1560,0,0,null,1572,0,1560,0,0,null,1572,0,1560,0,0,null,0,1572,0,1560,0,0,24,1572,37728,1560,37440,75168]
["1.4.55","Стандартный анкер с болтом М8","шт.",800,32.75,26200,107.93,86344,112544,null,null,32.75,0,107.93,0,0,null,32.75,0,107.93,0,0,null,32.75,0,107.93,0,0,null,32.75,0,107.93,0,0,360,32.75,11790,107.93,38854.800000000003,50644.800000000003,null,32.75,0,107.93,0,0,null,32.75,0,107.93,0,0,null,32.75,0,107.93,0,0,null,360,32.75,11790,107.93,38854.800000000003,50644.800000000003,440,32.75,14410,107.93,47489.200000000004,61899.200000000004]
["1.4.56","Винт для электрического соединения М5х8","шт.",100,19.649999999999999,1964.9999999999998,13.26,1326,3291,null,null,19.649999999999999,0,13.26,0,0,null,19.649999999999999,0,13.26,0,0,null,19.649999999999999,0,13.26,0,0,null,19.649999999999999,0,13.26,0,0,100,19.649999999999999,1964.9999999999998,13.26,1326,3291,null,19.649999999999999,0,13.26,0,0,null,19.649999999999999,0,13.26,0,0,null,19.649999999999999,0,13.26,0,0,null,100,19.649999999999999,1964.9999999999998,13.26,1326,3291,0,19.649999999999999,0,13.26,0,0]
["1.4.57","Коробка огнестойкая 100х100х50мм","шт.",175,1048,183400,1383.16,242053,425453,null,null,1048,0,1383.16,0,0,null,1048,0,1383.16,0,0,null,1048,0,1383.16,0,0,null,1048,0,1383.16,0,0,100,1048,104800,1383.16,138316,243116,null,1048,0,1383.16,0,0,null,1048,0,1383.16,0,0,null,1048,0,1383.16,0,0,null,100,1048,104800,1383.16,138316,243116,75,1048,78600,1383.16,103737,182337]
["1.4.58","Кабель огнестойкий КПСЭнг(А)-FRHF 1х2х1,0","м",6400,162.44,1039616,53.35,341440,1381056,null,null,162.44,0,53.35,0,0,null,162.44,0,53.35,0,0,null,162.44,0,53.35,0,0,null,162.44,0,53.35,0,0,3500,162.44,568540,53.35,186725,755265,null,162.44,0,53.35,0,0,null,162.44,0,53.35,0,0,null,162.44,0,53.35,0,0,null,3500,162.44,568540,53.35,186725,755265,2900,162.44,471076,53.35,154715,625791]
["1.4.59","Кабель огнестойкий КПСЭнг(А)-FRHF 1х2х1,5","м",2500,162.44,406100,107.82,269550,675650,null,null,162.44,0,107.82,0,0,null,162.44,0,107.82,0,0,null,162.44,0,107.82,0,0,null,162.44,0,107.82,0,0,2500,162.44,406100,107.82,269550,675650,null,162.44,0,107.82,0,0,null,162.44,0,107.82,0,0,null,162.44,0,107.82,0,0,null,2500,162.44,406100,107.82,269550,675650,0,162.44,0,107.82,0,0]
["1.4.60","Кабель огнестойкий КПСЭнг(А)-FRHF 2х2х0,75","м",400,162.44,64976,101.09,40436,105412,null,null,162.44,0,101.09,0,0,null,162.44,0,101.09,0,0,null,162.44,0,101.09,0,0,null,162.44,0,101.09,0,0,250,162.44,40610,101.09,25272.5,65882.5,null,162.44,0,101.09,0,0,null,162.44,0,101.09,0,0,null,162.44,0,101.09,0,0,null,250,162.44,40610,101.09,25272.5,65882.5,150,162.44,24366,101.09,15163.5,39529.5]
["1.4.61","Кабель огнестойкий КПСЭнг(А)-FRHF 2х2х0,5","м",750,162.44,121830,111.72,83790,205620,null,null,162.44,0,111.72,0,0,null,162.44,0,111.72,0,0,null,162.44,0,111.72,0,0,null,162.44,0,111.72,0,0,500,162.44,81220,111.72,55860,137080,null,162.44,0,111.72,0,0,null,162.44,0,111.72,0,0,null,162.44,0,111.72,0,0,null,500,162.44,81220,111.72,55860,137080,250,162.44,40610,111.72,27930,68540]
["1.4.62","Кабель силовой огнестойкий ППГ нг(А)-FRHF 3х1.5","м",1300,162.44,211172,131.97999999999999,171574,382746,null,null,162.44,0,131.97999999999999,0,0,null,162.44,0,131.97999999999999,0,0,null,162.44,0,131.97999999999999,0,0,null,162.44,0,131.97999999999999,0,0,1100,162.44,178684,131.97999999999999,145178,323862,null,162.44,0,131.97999999999999,0,0,null,162.44,0,131.97999999999999,0,0,null,162.44,0,131.97999999999999,0,0,null,1100,162.44,178684,131.97999999999999,145178,323862,200,162.44,32488,131.97999999999999,26395.999999999996,58884]
["1.4.63","Труба гофрированная ПВХ легкая серая D20","м",4000,45.85,183400,28.08,112320,295720,null,null,45.85,0,28.08,0,0,null,45.85,0,28.08,0,0,null,45.85,0,28.08,0,0,null,45.85,0,28.08,0,0,4000,45.85,183400,28.08,112320,295720,null,45.85,0,28.08,0,0,null,45.85,0,28.08,0,0,null,45.85,0,28.08,0,0,null,4000,45.85,183400,28.08,112320,295720,0,45.85,0,28.08,0,0]
["1.4.64","Скоба металлическая однолапковая Д20","шт.",8000,6.55,52400,3.38,27040,79440,null,null,6.55,0,3.38,0,0,null,6.55,0,3.38,0,0,null,6.55,0,3.38,0,0,null,6.55,0,3.38,0,0,8000,6.55,52400,3.38,27040,79440,null,6.55,0,3.38,0,0,null,6.55,0,3.38,0,0,null,6.55,0,3.38,0,0,null,8000,6.55,52400,3.38,27040,79440,0,6.55,0,3.38,0,0]
["1.4.65","Металлический дюбель для газобетона 6х32","шт.",8000,6.55,52400,19.34,154720,207120,null,null,6.55,0,19.34,0,0,null,6.55,0,19.34,0,0,null,6.55,0,19.34,0,0,null,6.55,0,19.34,0,0,8000,6.55,52400,19.34,154720,207120,null,6.55,0,19.34,0,0,null,6.55,0,19.34,0,0,null,6.55,0,19.34,0,0,null,8000,6.55,52400,19.34,154720,207120,0,6.55,0,19.34,0,0]
["1.4.66","Саморез с пресс-шайбой 4.2х32","шт.",8000,6.55,52400,2.37,18960,71360,null,null,6.55,0,2.37,0,0,null,6.55,0,2.37,0,0,null,6.55,0,2.37,0,0,null,6.55,0,2.37,0,0,8000,6.55,52400,2.37,18960,71360,null,6.55,0,2.37,0,0,null,6.55,0,2.37,0,0,null,6.55,0,2.37,0,0,null,8000,6.55,52400,2.37,18960,71360,0,6.55,0,2.37,0,0]
["1.4.67","Аксессуары (расходные материалы, крепеж)","компл.",1,0,null,53352,53352,{"$f":"E179*D179+G179*D179","v":53352},null,null,0,null,53352,0,{"$f":"L179*K179+N179*K179","v":0},null,0,null,53352,0,{"$f":"R179*Q179+T179*Q179","v":0},null,0,0,53352,0,{"$f":"X179*W179+Z179*W179","v":0},null,0,null,53352,0,{"$f":"AD179*AC179+AF179*AC179","v":0},null,0,null,53352,0,{"$f":"AJ179*AI179+AL179*AI179","v":0},null,0,null,53352,0,{"$f":"AP179*AO179+AR179*AO179","v":0},null,0,null,53352,0,{"$f":"AV179*AU179+AX179*AU179","v":0},null,0,null,53352,0,{"$f":"BB179*BA179+BD179*BA179","v":0},null,0,0,null,53352,0,{"$f":"BI179*BH179+BK179*BH179","v":0},1,0,null,53352,53352,{"$f":"BO179*BN179+BQ179*BN179","v":53352}]
["1.4.68","Пуско-наладочные работы, приемо-сдаточные работы","компл.",1,515458.8,{"$f":"D180*E180","v":515458.8},0,null,515458.8,null,null,515458.8,{"$f":"K180*L180","v":0},0,null,0,null,515458.8,{"$f":"Q180*R180","v":0},0,null,0,null,515458.8,{"$f":"W180*X180","v":0},0,null,0,null,515458.8,{"$f":"AC180*AD180","v":0},0,null,0,null,515458.8,{"$f":"AI180*AJ180","v":0},0,null,0,null,515458.8,{"$f":"AO180*AP180","v":0},0,null,0,null,515458.8,{"$f":"AU180*AV180","v":0},0,null,0,null,515458.8,{"$f":"BA180*BB180","v":0},0,null,0,null,0,515458.8,{"$f":"BH180*BI180","v":0},0,null,0,1,515458.8,{"$f":"BN180*BO180","v":515458.8},0,null,515458.8]
["1.4.69","Аренда вышки 28 м","ч",152,0,null,0,null,null,null,null,0,null,0,null,null,null,0,null,0,null,null,null,0,null,0,null,null,null,0,null,0,null,null,null,0,null,0,null,null,null,0,null,0,null,null,null,0,null,0,null,null,null,0,null,0,null,null,null,0,0,null,0,null,null,152,0,null,0]
["1.4.70","Автоматизация управления воротами",null,null,0,null,0,null,null,null,null,0,null,0,null,null,null,0,null,0,null,null,null,0,null,0,null,null,null,0,null,0,null,null,null,0,null,0,null,null,null,0,null,0,null,null,null,0,null,0,null,null,null,0,null,0,null,null,null,0,0,null,0,null,null,0,0,null,0]
["1.4.70.1","Пульт контроля и управления","шт.",1,3406,{"$f":"D183*E183","v":3406},14788.18,{"$f":"D183*G183","v":14788.18},{"$f":"E183*D183+G183*D183","v":18194.18},null,null,3406,{"$f":"K183*L183","v":0},14788.18,{"$f":"K183*N183","v":0},{"$f":"L183*K183+N183*K183","v":0},null,3406,{"$f":"Q183*R183","v":0},14788.18,{"$f":"Q183*T183","v":0},{"$f":"R183*Q183+T183*Q183","v":0},1,3406,{"$f":"W183*X183","v":3406},14788.18,{"$f":"W183*Z183","v":14788.18},{"$f":"X183*W183+Z183*W183","v":18194.18},null,3406,{"$f":"AC183*AD183","v":0},14788.18,{"$f":"AC183*AF183","v":0},{"$f":"AD183*AC183+AF183*AC183","v":0},null,3406,{"$f":"AI183*AJ183","v":0},14788.18,{"$f":"AI183*AL183","v":0},{"$f":"AJ183*AI183+AL183*AI183","v":0},null,3406,{"$f":"AO183*AP183","v":0},14788.18,{"$f":"AO183*AR183","v":0},{"$f":"AP183*AO183+AR183*AO183","v":0},null,3406,{"$f":"AU183*AV183","v":0},14788.18,{"$f":"AU183*AX183","v":0},{"$f":"AV183*AU183+AX183*AU183","v":0},null,3406,{"$f":"BA183*BB183","v":0},14788.18,{"$f":"BA183*BD183","v":0},{"$f":"BB183*BA183+BD183*BA183","v":0},null,1,3406,{"$f":"BH183*BI183","v":3406},14788.18,{"$f":"BH183*BK183","v":14788.18},{"$f":"BI183*BH183+BK183*BH183","v":18194.18},0,3406,{"$f":"BN183*BO183","v":0},14788.18,{"$f":"BN183*BQ183","v":0},{"$f":"BO183*BN183+BQ183*BN183","v":0}]
["1.4.70.2","Прибор приемно-контрольный охранно-пожарный","шт.",2,3406,6812,4655.04,9310.08,16122.08,null,null,3406,0,4655.04,0,0,null,3406,0,4655.04,0,0,2,3406,6812,4655.04,9310.08,16122.08,null,3406,0,4655.04,0,0,null,3406,0,4655.04,0,0,null,3406,0,4655.04,0,0,null,3406,0,4655.04,0,0,null,3406,0,4655.04,0,0,null,2,3406,6812,4655.04,9310.08,16122.08,0,3406,0,4655.04,0,0]
["1.4.70.3","Щит с монтажной панелью 600х600х250 ЩМПг-60.60.25 IP54","шт.",2,6550,13100,19718.400000000001,39436.800000000003,52536.800000000003,null,null,6550,0,19718.400000000001,0,0,null,6550,0,19718.400000000001,0,0,2,6550,13100,19718.400000000001,39436.800000000003,52536.800000000003,null,6550,0,19718.400000000001,0,0,null,6550,0,19718.400000000001,0,0,null,6550,0,19718.400000000001,0,0,null,6550,0,19718.400000000001,0,0,null,6550,0,19718.400000000001,0,0,null,2,6550,13100,19718.400000000001,39436.800000000003,52536.800000000003,0,6550,0,19718.400000000001,0,0]
["1.4.70.4","Источник питания резервированный","шт.",2,3930,7860,10308.48,20616.96,28476.959999999999,null,null,3930,0,10308.48,0,0,null,3930,0,10308.48,0,0,null,3930,0,10308.48,0,0,null,3930,0,10308.48,0,0,2,3930,7860,10308.48,20616.96,28476.959999999999,null,3930,0,10308.48,0,0,null,3930,0,10308.48,0,0,null,3930,0,10308.48,0,0,null,2,3930,7860,10308.48,20616.96,28476.959999999999,0,3930,0,10308.48,0,0]
["1.4.70.5","Аккумулятор 12 В, 17 А/ч","шт.",2,524,1048,7368.4,14736.8,15784.8,null,null,524,0,7368.4,0,0,null,524,0,7368.4,0,0,null,524,0,7368.4,0,0,null,524,0,7368.4,0,0,2,524,1048,7368.4,14736.8,15784.8,null,524,0,7368.4,0,0,null,524,0,7368.4,0,0,null,524,0,7368.4,0,0,null,2,524,1048,7368.4,14736.8,15784.8,0,524,0,7368.4,0,0]
["1.4.70.6","Светофор двухцветный светодиодный ","шт.",4,5502,22008,19958.64,79834.559999999998,101842.56,null,null,5502,0,19958.64,0,0,null,5502,0,19958.64,0,0,4,5502,22008,19958.64,79834.559999999998,101842.56,null,5502,0,19958.64,0,0,null,5502,0,19958.64,0,0,null,5502,0,19958.64,0,0,null,5502,0,19958.64,0,0,null,5502,0,19958.64,0,0,null,4,5502,22008,19958.64,79834.559999999998,101842.56,0,5502,0,19958.64,0,0]
["1.4.70.7","Устройство коммутационное","шт.",6,3406,20436,1774.5,10647,31083,null,null,3406,0,1774.5,0,0,null,3406,0,1774.5,0,0,6,3406,20436,1774.5,10647,31083,null,3406,0,1774.5,0,0,null,3406,0,1774.5,0,0,null,3406,0,1774.5,0,0,null,3406,0,1774.5,0,0,null,3406,0,1774.5,0,0,null,6,3406,20436,1774.5,10647,31083,0,3406,0,1774.5,0,0]
["1.4.70.8","Извещатель охранный точечный магнитоконтактный","шт.",6,2358,14148,496.08,2976.48,17124.48,null,null,2358,0,496.08,0,0,null,2358,0,496.08,0,0,6,2358,14148,496.08,2976.48,17124.48,null,2358,0,496.08,0,0,null,2358,0,496.08,0,0,null,2358,0,496.08,0,0,null,2358,0,496.08,0,0,null,2358,0,496.08,0,0,null,6,2358,14148,496.08,2976.48,17124.48,0,2358,0,496.08,0,0]
["1.4.70.9","Кабель силовой ППГнг(А)-FRHF 3х1.5","м",80,162.44,12995.2,131.97999999999999,10558.4,23553.599999999999,null,null,162.44,0,131.97999999999999,0,0,null,162.44,0,131.97999999999999,0,0,null,162.44,0,131.97999999999999,0,0,null,162.44,0,131.97999999999999,0,0,80,162.44,12995.2,131.97999999999999,10558.4,23553.599999999999,null,162.44,0,131.97999999999999,0,0,null,162.44,0,131.97999999999999,0,0,null,162.44,0,131.97999999999999,0,0,null,80,162.44,12995.2,131.97999999999999,10558.4,23553.599999999999,0,162.44,0,131.97999999999999,0,0]
["1.4.70.10","Кабель огнестойкий КПСЭнг(А)-FRHF 2х2х0,75","м",350,162.44,56854,101.09,35381.5,92235.5,null,null,162.44,0,101.09,0,0,null,162.44,0,101.09,0,0,null,162.44,0,101.09,0,0,null,162.44,0,101.09,0,0,200,162.44,32488,101.09,20218,52706,null,162.44,0,101.09,0,0,null,162.44,0,101.09,0,0,null,162.44,0,101.09,0,0,null,200,162.44,32488,101.09,20218,52706,150,162.44,24366,101.09,15163.5,39529.5]
["1.4.70.11","Кабель огнестойкий КПСЭнг(А)-FRHF 1х2х1,0","м",250,162.44,40610,53.35,13337.5,53947.5,null,null,162.44,0,53.35,0,0,null,162.44,0,53.35,0,0,null,162.44,0,53.35,0,0,null,162.44,0,53.35,0,0,210,162.44,34112.400000000001,53.35,11203.5,45315.9,null,162.44,0,53.35,0,0,null,162.44,0,53.35,0,0,null,162.44,0,53.35,0,0,null,210,162.44,34112.400000000001,53.35,11203.5,45315.9,40,162.44,6497.6,53.35,2134,8631.6]
["1.4.70.12","Коробка ответвительная с кабельными вводами IP55, 100х100х50","шт.",10,655,6550,142.58000000000001,1425.8000000000002,7975.8,null,null,655,0,142.58000000000001,0,0,null,655,0,142.58000000000001,0,0,4,655,2620,142.58000000000001,570.32000000000005,3190.32,null,655,0,142.58000000000001,0,0,6,655,3930,142.58000000000001,855.48,4785.4799999999996,null,655,0,142.58000000000001,0,0,null,655,0,142.58000000000001,0,0,null,655,0,142.58000000000001,0,0,null,10,655,6550,142.58000000000001,1425.8000000000002,7975.8,0,655,0,142.58000000000001,0,0]
["1.4.70.13","Труба гофрированная ПВХ легкая серая D20","м",300,45.85,13755,28.08,8424,22179,null,null,45.85,0,28.08,0,0,null,45.85,0,28.08,0,0,null,45.85,0,28.08,0,0,null,45.85,0,28.08,0,0,300,45.85,13755,28.08,8424,22179,null,45.85,0,28.08,0,0,null,45.85,0,28.08,0,0,null,45.85,0,28.08,0,0,null,300,45.85,13755,28.08,8424,22179,0,45.85,0,28.08,0,0]
["1.4.70.14","Аксессуары (расходные материалы, крепеж)","компл",1,0,null,6864,6864,6864,null,null,0,null,6864,0,0,null,0,null,6864,0,0,null,0,null,6864,0,0,null,0,null,6864,0,0,1,0,null,6864,6864,6864,null,0,null,6864,0,0,null,0,null,6864,0,0,null,0,null,6864,0,0,null,1,0,null,6864,6864,6864,0,0,null,6864,0,0]
["1.4.70.15","Пуско-наладочные работы","компл",1,119808,{"$f":"D197*E197","v":119808},0,null,119808,null,null,119808,{"$f":"K197*L197","v":0},0,null,0,null,119808,{"$f":"Q197*R197","v":0},0,null,0,null,119808,{"$f":"W197*X197","v":0},0,null,0,null,119808,{"$f":"AC197*AD197","v":0},0,null,0,null,119808,{"$f":"AI197*AJ197","v":0},0,null,0,null,119808,{"$f":"AO197*AP197","v":0},0,null,0,null,119808,{"$f":"AU197*AV197","v":0},0,null,0,null,119808,{"$f":"BA197*BB197","v":0},0,null,0,null,0,119808,{"$f":"BH197*BI197","v":0},0,null,0,1,119808,{"$f":"BN197*BO197","v":119808},0,null,119808]
["1.5","130-23-ОВ2 Отопление и вентиляция",null,null,null,{"$f":"F199+F200+F201+F202+F203+F204+F205+F207+F206+F209+F210+F211","v":25059055.142000008},null,{"$f":"H199+H200+H201+H202+H203+H204+H205+H207+H206+H209+H210+H211","v":60268025.999999993},{"$f":"I199+I200+I201+I202+I203+I204+I205+I207+I206+I209+I210+I211","v":85327081.14199999},null,null,null,{"$f":"M199+M200+M201+M202+M203+M204+M205+M207+M206+M209+M210+M211","v":11107535.710000001},null,{"$f":"O199+O200+O201+O202+O203+O204+O205+O207+O206+O209+O210+O211","v":35088691},{"$f":"P199+P200+P201+P202+P203+P204+P205+P207+P206+P209+P210+P211","v":46196226.710000001},null,null,{"$f":"S199+S200+S201+S202+S203+S204+S205+S207+S206+S209+S210+S211","v":6724268.2599999998},null,{"$f":"U199+U200+U201+U202+U203+U204+U205+U207+U206+U209+U210+U211","v":10225419.800000001},{"$f":"V199+V200+V201+V202+V203+V204+V205+V207+V206+V209+V210+V211","v":16949688.059999999},null,null,{"$f":"Y199+Y200+Y201+Y202+Y203+Y204+Y205+Y207+Y206+Y209+Y210+Y211","v"